{"text_format":"2","workbook":"xlsx","n_sheets":11,"sheets":["PFP","PFP1.1_Topo","PFP1.2_Geo","PFP2.1_FatorKa","PFP2.2_FatorKb","PFP2.3_FatorKc","CRO-1 - INSUMO ETAPA.PRODUTO","CRO2_Crono Simplificado","Cron_Físico Financeiro","CPU VEICULO_Pequeno","Tabela Consultiva Julho 2024"],"not_rendered":{"charts":1,"images":14,"macros":0,"external_links":43,"defined_names":4924,"comments":1,"pivot_tables":0},"unopened":[],"bounds":{"document_bytes":16777216,"sheet_cells":100000,"run_cost":"one","rows_first":2000,"rows_last":500,"rows_between":2000,"halvings":0,"cell_chars":16384,"cell_head_chars":4096},"cells_cut":0,"cells_raw":0,"read":"whole","date_system":"1900"}

{"sheet":"PFP","index":0,"n_rows":46,"n_cols":11,"rows_kept":46,"cut":false,"hidden":false,"merged":[[30,7,30,10],[30,0,30,6],[28,7,28,10],[28,0,28,6],[36,0,36,10],[31,0,31,6],[31,7,31,10],[33,0,33,10],[29,0,29,6],[29,7,29,10],[45,0,45,10],[37,0,37,10],[39,0,39,10],[32,0,32,10],[38,0,38,10],[34,0,34,10],[40,0,40,10],[42,0,42,10],[43,0,43,10],[44,0,44,10],[35,0,35,10],[41,0,41,10],[10,0,10,4],[27,0,27,6],[27,7,27,10],[10,5,10,10],[5,0,6,8],[5,9,5,10],[6,9,6,10],[8,0,8,10],[9,0,9,4],[9,5,9,10]]}
[]
[]
[]
[]
[]
["PROPOSTA FINANCEIRA DO PROJETO",{"$nulls":8},"CODIGO:"]
[{"$nulls":9},"PFP"]
["NOME DA CONSULTORA:",{"$nulls":8},"Data:",{"$f":"TODAY()","v":"2025-01-06"}]
[]
["PROJETO:",{"$nulls":4},"CONTRATANTE:"]
["CONTRATAÇÃO DE EMPRESA PARA ESTUDO E ELABORAÇÃO DE PROJETO BÁSICO DE CONTENÇÃO E ESTABILIDADE DO DIQUE DE PROTEÇÃO NO PERÍMETRO IRRIGADO ITIÚBA",{"$nulls":4},"CODEVASF 5ªSR"]
["Base","Cod1","Cod2","Categoria / Insumo","Uni","Qde","CUD","PU","FatorK","CT","PT"]
["DNIT","P8061","C","Engenheiro Coordenados","mês",{"$f":"'CRO-1 - INSUMO ETAPA.PRODUTO'!D10","v":0.69},{"$f":"VLOOKUP(B13,'Tabela Consultiva Julho 2024'!$B$4:$Z$101,4,0)","v":18189.93},{"$f":"ROUND(I13*G13,2)","v":30837.39},{"$f":"PFP2.2_FatorKb!$E$39","v":1.6953},{"$f":"ROUND(F13*G13,2)","v":12551.05},{"$f":"ROUND(F13*H13,2)","v":21277.8}]
["DNIT","P8067","P0","Engenheiro de projetos senior","mês",{"$f":"'CRO-1 - INSUMO ETAPA.PRODUTO'!D11","v":0.7},{"$f":"VLOOKUP(B14,'Tabela Consultiva Julho 2024'!$B$4:$Z$101,4,0)","v":15877.29},{"$f":"ROUND(I14*G14,2)","v":26916.77},{"$f":"PFP2.2_FatorKb!$E$39","v":1.6953},{"$f":"ROUND(F14*G14,2)","v":11114.1},18841.740000000002]
["DNIT","P8066","P1","Engenheiro de projetos pleno (CUD = salário + encargos complementares)","mês",{"$f":"'CRO-1 - INSUMO ETAPA.PRODUTO'!D12","v":0.94000000000000006},{"$f":"VLOOKUP(B15,'Tabela Consultiva Julho 2024'!$B$4:$Z$102,4,0)+VLOOKUP(B15,'Tabela Consultiva Julho 2024'!$B$4:$Z$102,8,0)+VLOOKUP(B15,'Tabela Consultiva Julho 2024'!$B$4:$Z$102,10,0)+VLOOKUP(B15,'Tabela Consultiva Julho 2024'!$B$4:$Z$102,14,0)+VLOOKUP(B15,'Tabela Consultiva Julho 2024'!$B$4:$Z$102,16,0)","v":13395.84},{"$f":"ROUND(I15*G15,2)","v":31158.720000000001},{"$f":"PFP2.1_FatorKa!$F$39","v":2.3260000000000001},12592.09,29289.200000000001]
[]
["DNIT","P8057","P3","Engenheiro ambiental júnior (CUD = salário + encargos complementares)","mês",{"$f":"'CRO-1 - INSUMO ETAPA.PRODUTO'!D14","v":0.55000000000000004},{"$f":"VLOOKUP(B17,'Tabela Consultiva Julho 2024'!$B$4:$Z$102,4,0)+VLOOKUP(B17,'Tabela Consultiva Julho 2024'!$B$4:$Z$102,8,0)+VLOOKUP(B17,'Tabela Consultiva Julho 2024'!$B$4:$Z$102,10,0)+VLOOKUP(B17,'Tabela Consultiva Julho 2024'!$B$4:$Z$102,14,0)+VLOOKUP(B17,'Tabela Consultiva Julho 2024'!$B$4:$Z$102,16,0)","v":12768.6},29699.759999999998,{"$f":"PFP2.1_FatorKa!$F$39","v":2.3260000000000001},7022.73,16334.87]
["DNIT","P8098","T3","Laboratorista","mês",{"$f":"'CRO-1 - INSUMO ETAPA.PRODUTO'!D15","v":1},{"$f":"VLOOKUP(B18,'Tabela Consultiva Julho 2024'!$B$4:$Z$102,4,0)+VLOOKUP(B18,'Tabela Consultiva Julho 2024'!$B$4:$Z$102,8,0)+VLOOKUP(B18,'Tabela Consultiva Julho 2024'!$B$4:$Z$102,10,0)+VLOOKUP(B18,'Tabela Consultiva Julho 2024'!$B$4:$Z$102,14,0)+VLOOKUP(B18,'Tabela Consultiva Julho 2024'!$B$4:$Z$102,16,0)","v":3185.91},7410.43,{"$f":"PFP2.1_FatorKa!$F$39","v":2.3260000000000001},3185.91,7410.43]
["DNIT","P8027","T2","Auxiliar de laboratorio","mês",{"$f":"'CRO-1 - INSUMO ETAPA.PRODUTO'!D16","v":1},{"$f":"VLOOKUP(B19,'Tabela Consultiva Julho 2024'!$B$4:$Z$102,4,0)+VLOOKUP(B19,'Tabela Consultiva Julho 2024'!$B$4:$Z$102,8,0)+VLOOKUP(B19,'Tabela Consultiva Julho 2024'!$B$4:$Z$102,10,0)+VLOOKUP(B19,'Tabela Consultiva Julho 2024'!$B$4:$Z$102,14,0)+VLOOKUP(B19,'Tabela Consultiva Julho 2024'!$B$4:$Z$102,16,0)","v":2638.99},6138.29,{"$f":"PFP2.1_FatorKa!$F$39","v":2.3260000000000001},2638.99,6138.29]
["DNIT","P8163","T3","Topógrafo","mês",{"$f":"'CRO-1 - INSUMO ETAPA.PRODUTO'!D17","v":1},{"$f":"VLOOKUP(B20,'Tabela Consultiva Julho 2024'!$B$4:$Z$102,4,0)+VLOOKUP(B20,'Tabela Consultiva Julho 2024'!$B$4:$Z$102,8,0)+VLOOKUP(B20,'Tabela Consultiva Julho 2024'!$B$4:$Z$102,10,0)+VLOOKUP(B20,'Tabela Consultiva Julho 2024'!$B$4:$Z$102,14,0)+VLOOKUP(B20,'Tabela Consultiva Julho 2024'!$B$4:$Z$102,16,0)","v":3271.6200000000003},7609.79,{"$f":"PFP2.1_FatorKa!$F$39","v":2.3260000000000001},3271.62,7609.79]
["DNIT","P8027","T4","Auxiliar de topografo","mês",{"$f":"'CRO-1 - INSUMO ETAPA.PRODUTO'!D18","v":1},{"$f":"VLOOKUP(B21,'Tabela Consultiva Julho 2024'!$B$4:$Z$102,4,0)+VLOOKUP(B21,'Tabela Consultiva Julho 2024'!$B$4:$Z$102,8,0)+VLOOKUP(B21,'Tabela Consultiva Julho 2024'!$B$4:$Z$102,10,0)+VLOOKUP(B21,'Tabela Consultiva Julho 2024'!$B$4:$Z$102,14,0)+VLOOKUP(B21,'Tabela Consultiva Julho 2024'!$B$4:$Z$102,16,0)","v":2638.99},{"$f":"ROUND(I21*G21,2)","v":6138.29},{"$f":"PFP2.1_FatorKa!$F$39","v":2.3260000000000001},2638.99,6138.29]
["DNIT","P8038","T2","Chefe de escritório (CUD = salário + encargos complementares)","mês",{"$f":"'CRO-1 - INSUMO ETAPA.PRODUTO'!D19","v":1},{"$f":"VLOOKUP(B22,'Tabela Consultiva Julho 2024'!$B$4:$Z$102,4,0)+VLOOKUP(B22,'Tabela Consultiva Julho 2024'!$B$4:$Z$102,8,0)+VLOOKUP(B22,'Tabela Consultiva Julho 2024'!$B$4:$Z$102,10,0)+VLOOKUP(B22,'Tabela Consultiva Julho 2024'!$B$4:$Z$102,14,0)+VLOOKUP(B22,'Tabela Consultiva Julho 2024'!$B$4:$Z$102,16,0)","v":4096.08},9527.48,{"$f":"PFP2.1_FatorKa!$F$39","v":2.3260000000000001},4096.08,9527.48]
["DNIT","P8026","T3","Auxiliar administrativo (CUD = salário + encargos complementares)","mês",{"$f":"'CRO-1 - INSUMO ETAPA.PRODUTO'!D20","v":1},{"$f":"VLOOKUP(B23,'Tabela Consultiva Julho 2024'!$B$4:$Z$102,4,0)+VLOOKUP(B23,'Tabela Consultiva Julho 2024'!$B$4:$Z$102,8,0)+VLOOKUP(B23,'Tabela Consultiva Julho 2024'!$B$4:$Z$102,10,0)+VLOOKUP(B23,'Tabela Consultiva Julho 2024'!$B$4:$Z$102,14,0)+VLOOKUP(B23,'Tabela Consultiva Julho 2024'!$B$4:$Z$102,16,0)","v":2726.98},6342.96,{"$f":"PFP2.1_FatorKa!$F$39","v":2.3260000000000001},2726.98,6342.96]
["CODE","DP","V1","Diárias","dia",{"$f":"'CRO-1 - INSUMO ETAPA.PRODUTO'!D21","v":5},353.39,443.79,{"$f":"PFP2.3_FatorKc!$E$20","v":1.2558},1766.95,2218.9499999999998]
["CODE","B2","V3","Fornecimento de veículo leve  1.0 ou superior, com ar-condicionado, incluindo despasas com combustível, óleos, conservação e manutenção.","dias",{"$f":"'CRO-1 - INSUMO ETAPA.PRODUTO'!D22","v":5},{"$f":"'CPU VEICULO_Pequeno'!D8","v":156.04210438080241},195.96,{"$f":"PFP2.3_FatorKc!$E$20","v":1.2558},{"$f":"ROUND(F25*G25,2)","v":780.21},979.8]
["CODE","SU","TP","Total Serviços Topografia","un",{"$f":"'CRO-1 - INSUMO ETAPA.PRODUTO'!D23","v":1},"-",{"$f":"PFP1.1_Topo!G19","v":19251.870000000003},"-","-",19251.87]
["CODE","SU","GT","Total Serviços Geotécnicos","un",{"$f":"'CRO-1 - INSUMO ETAPA.PRODUTO'!D24","v":1},"-",{"$f":"PFP1.2_Geo!G27","v":102394.59999999999},"-","-",102394.6]
["TOTAL DOS CUSTOS DIRETOS",{"$nulls":6},{"$f":"ROUND(SUM(J13:J27),2)","v":64385.7}]
["TOTAL DA PROPOSTA A PREÇO GLOBAL",{"$nulls":6},{"$f":"ROUND(SUM(K13:K25),2)","v":132109.6}]
["TOTAL DOS ENCARGOS E DISPESAS DIVERSAS",{"$nulls":6},{"$f":"ROUND(H29-H28,2)","v":67723.899999999994}]
["TOTAL DA PROPOSTA A PREÇO UNITÁRIO",{"$nulls":6},{"$f":"ROUND(SUM(K26+K27),2)","v":121646.47}]
["TOTAL DA PROPOSTA",{"$nulls":6},{"$f":"TRUNC(ROUND(H29+H31,2),2)","v":253756.07}]
["OBSERVAÇÃO:"]
["Alocar os Insumos MO, com respectivo FatorK, dentro da categoria de vínculo contratual (com ou sem) de cada tipo de profissional"]
["Uni - unidade de medição do insumo;"]
["Qde - Quantidade do Insumo (não pode ocorrer alteração pela Licitante)"]
["CUD - Custo Unitário Direto do Insumo (com encargos compementares, sem encargos, taxas e impostos, valor não pode ser maior que o Orçado pela Codevasf)"]
["CT - Custo Total (sem encargos, taxas e impostos) - CT = Qde x CUD"]
["FatorK - Taxa de Ressarcimento de Despesas e Encargos (detalhar composição nas Planilhas \"PFP2.1\", \"PFP2.2\", \"PFP3\")"]
["PU - Preço Unitário do Insumo (incluído encargos, taxas e impostos) - PU = CUD x FatorK"]
["PT - Preço Total do Insumo (incluído encargos, taxas e impostos) - PT = Qde x PU"]
["EC-E1- Encargos sociais complementares e adicionais: Os valores foram retirados da planilha de Eng consultiva do DNIT"]
["P - Profissionais nível superior nas áreas de Engenharia, Química, Arquitetura, Agronomia e Veterinária, conforme disposições da Lei 4.950-A/66"]
["S - Profissionais de nível superior nas demais áreas de atuação, incluindo Arqueólogo, Biólogo, Geógrafo e Socioólogo"]
["T - Profissionais de nível médio técnico nas diversas áreas de atuação"]
["A - Profissionais de nível médio de apoio técnico-administrativo"]

{"sheet":"PFP1.1_Topo","index":1,"n_rows":24,"n_cols":7,"rows_kept":24,"cut":false,"hidden":false,"merged":[[23,0,23,6],[3,0,4,5],[5,0,5,6],[6,0,6,6],[7,0,7,3],[7,4,7,5],[8,0,8,3],[8,4,8,5],[18,0,18,5],[19,0,19,6],[20,0,20,6],[21,0,21,6],[22,0,22,6]]}
[]
[]
[]
["SERVIÇOS TOPOGRÁFICOS/CARTOGRÁFICOS",{"$nulls":5},"CODIGO:"]
[{"$nulls":6},"PFP-1.1"]
["NOME DA EMPRESA:"]
[]
["PROJETO:",null,null,null,"CONTRATANTE:",null,"BASE: "]
[{"$f":"PFP!A11","v":"CONTRATAÇÃO DE EMPRESA PARA ESTUDO E ELABORAÇÃO DE PROJETO BÁSICO DE CONTENÇÃO E ESTABILIDADE DO DIQUE DE PROTEÇÃO NO PERÍMETRO IRRIGADO ITIÚBA"},null,null,null,"CODEVASF  5ªSR",null,"Orse setembro/2024\n"]
["Cod.","Base","Insumos","Uni","Qde","Preço Unitário (PU)(R$)","Preço Total (PT)"]
[]
[9346,"ORSE","Levantamento topográfico planimétrico cadastral","m²",{"$f":"3000*10","v":30000},0.35,{"$f":"ROUND(F12*E12,2)","v":10500}]
[4314,"ORSE","Nivelamento e contranivelamento da poligonaL","km",3,307.69,{"$f":"ROUND(F13*E13,2)","v":923.07}]
[null,null,"Levantamento Topográfico Planimétrico de Perímetro com:"]
["TP16.1","CODE","Poligonal Classe IIP","km",3,1660.46,4981.38]
["TP19","CODE","Pontos GPS de dupla frequencia (L1/L2)","un ",3,807.34,2422.02]
[4707,"ORSE","Implantação de marco de concreto","un ",3,73,219]
[2549,"ORSE","Demarcação de lotes com piquetes/estacas de madeira seção 5x5cm, com altura de 50cm","un ",20,10.32,206.4]
["TOTAL SERVIÇOS TOPOGRÁFICOS",{"$nulls":5},{"$f":"SUM(G11:G18)","v":19251.870000000003}]
["OBSERVAÇÃO:"]
["Uni - unidade de medição do insumo;"]
["Qde - Quantidade do Insumo (não pode ocorrer alteração pela Licitante)"]
["PU - Preço Unitário (composições padrão da Codevasf, já incluso o FatorK)"]
["PT - Preço Total (incluído encargos, taxas e impostos) - PT = Qde x PU"]

{"sheet":"PFP1.2_Geo","index":2,"n_rows":45,"n_cols":7,"rows_kept":45,"cut":false,"hidden":false,"merged":[[43,1,44,1],[38,1,39,1],[31,0,31,6],[4,0,5,5],[6,0,6,6],[7,0,7,6],[8,0,8,3],[8,4,8,5],[9,0,9,3],[9,4,9,5],[26,0,26,5],[27,0,27,6],[28,0,28,6],[29,0,29,6],[30,0,30,6]]}
[]
[]
[]
[]
["SERVIÇOS GEOLÓGICOS/GEOTÉCNICOS",{"$nulls":5},"CODIGO:"]
[{"$nulls":6},"PFP-1.2"]
["NOME DA EMPRESA:"]
[]
["PROJETO:",null,null,null,"CONTRATANTE:",null,"BASE: "]
[{"$f":"PFP!A11","v":"CONTRATAÇÃO DE EMPRESA PARA ESTUDO E ELABORAÇÃO DE PROJETO BÁSICO DE CONTENÇÃO E ESTABILIDADE DO DIQUE DE PROTEÇÃO NO PERÍMETRO IRRIGADO ITIÚBA"},null,null,null,"CODEVASF (SEDE)",null,"COMPESA 07/2024\nORSE 09/2024\nEMBASA 05/2024"]
["Cod.","Base","Insumos","Und","Qde","Preço Unitário (PU)","Preço Total (PT)"]
[]
[null,null,"SONDAGEM A PERCUSSÃO"]
["01.02.02U","COMPESA","SONDAGEM A PERCUSSÃO SPT, INCLUSIVE LAUDO (PROFUNDIDADE MÍNIMA DE 8,00 M, POR FURO).","m",{"$f":"C45","v":1000},90.13,{"$f":"ROUND(F14*E14,2)","v":90130}]
["32.05.04","EMBASA","MOBILIZACAO E DESMOBILIZACAO DE EQUIPE E EQUIPAMENTOS (INTERIOR) PARA SONDAGEMA PERCUSSAO","und",1,1978.68,{"$f":"ROUND(F15*E15,2)","v":1978.68}]
[]
[null,null,"ENSAIOS EM SOLOS"]
["01.07.12U","COMPESA 07/2024","Ensaio de densidade real - solos","und",4,57.16,{"$f":"ROUND(F18*E18,2)","v":228.64}]
[4683,"ORSE","Ensaio - Limite de liquidez","und",4,165,{"$f":"ROUND(F19*E19,2)","v":660}]
[4684,"ORSE"," \tEnsaio - Limite de plasticidade","und",4,165,660]
[4682,"ORSE","Ensaio - Granulometria por peneiramento","und",4,165,660]
["01.07.07U","COMPESA","Ensaio de granulometria por peneiramento e sedimentação - solos","und",4,138.12,552.48]
["34.01.25","EMBASA","Ensaio compactação Proctor Normal (NBR 07182)","und",4,320,1280]
["01.07.10U","COMPESA","Ensaio de massa específica - In Situ - método frsco de areia - solos","und",4,50.88,203.52]
["34.01.72","EMBASA","Ensaio de cisalhamento direto ","und",4,1510.32,6041.28]
[]
["TOTAL SERVIÇOS GEOTÉCNICOS",{"$nulls":5},{"$f":"SUM(G12:G25)","v":102394.59999999999}]
["LEGENDA:"]
["Uni - unidade de medição do insumo;"]
["Qde - Quantidade do Insumo (não pode ocorrer alteração pela Licitante)"]
["PU - Preço Unitário (composições padrão da Codevasf, já incluso o FatorK)"]
["PT - Preço Total (incluído encargos, taxas e impostos) - PT = Qde x PU"]
[]
[]
["MEMÓRIA DE CÁLCULO PARA SONDAGEM SPT:"]
[]
[null,"COMPRIMENTO \nTOTAL DO DIQUE A SER ESTUDADO:",3000,null,"01 FURO A CADA:",30]
[]
[null,"QUANTIDADE DE FUROS:","COMPRIMENTO TOTAL DO DIQUE A SER ESTUDADO / 30 m"]
[null,null,{"$f":"C37/F37","v":100}]
[]
[null,"PROFUNDIDADE \nMÉDIA DOS FUROS",10]
[]
[null,"TOTAL DE SONDAGEM \nSPT ESTIMADA","QUANTIDADE DE FUROS  x PROFUNDIDADE MÉDIA DOS FUROS"]
[null,null,{"$f":"C40*C42","v":1000}]

{"sheet":"PFP2.1_FatorKa","index":3,"n_rows":44,"n_cols":7,"rows_kept":44,"cut":false,"hidden":false,"merged":[[43,1,43,6],[42,1,42,6],[41,1,41,6],[40,1,40,6],[25,2,25,4],[32,2,32,4],[33,2,33,4],[31,2,31,4],[28,2,28,4],[29,2,29,4],[30,2,30,4],[36,2,36,4],[34,2,34,4],[19,2,19,4],[12,2,12,4],[13,2,13,4],[14,2,14,4],[15,2,15,4],[3,1,4,5],[5,1,5,6],[8,1,8,2],[8,3,8,5],[7,3,7,5],[6,1,6,6],[9,2,9,4],[35,2,35,4],[37,2,37,4],[38,2,38,4],[21,2,21,4],[22,2,22,4],[23,2,23,4],[24,2,24,4],[26,2,26,4],[27,2,27,4],[10,2,10,4],[20,2,20,4],[11,2,11,4],[16,2,16,4],[17,2,17,4],[18,2,18,4]]}
[]
[]
[]
[null,"DETALHAMENTO DOS ENCARGOS SOCIAIS: Ka",{"$nulls":4},"CODIGO:"]
[{"$nulls":6},"PFP-2.1"]
[null,"NOME DA CONSULTORA:"]
[]
[null,"PROJETO:",null,"CONTRATANTE:",null,null,"BASE: "]
[null,{"$f":"PFP!A11","v":"CONTRATAÇÃO DE EMPRESA PARA ESTUDO E ELABORAÇÃO DE PROJETO BÁSICO DE CONTENÇÃO E ESTABILIDADE DO DIQUE DE PROTEÇÃO NO PERÍMETRO IRRIGADO ITIÚBA"},null,{"$f":"PFP!F11","v":"CODEVASF 5ªSR"},null,null,"SINAPI A APRTIR DE 12/2022"]
[null,"Cod","DESCRIÇÃO",null,null,"%","R$"]
[null,"A","ENCARGOS SOCIAIS BÁSICOS",null,null,{"$f":"ROUND(SUM(F12:F20),4)","v":0.36799999999999999},{"$f":"ROUND(F11*SUMIF(PFP!$B$13:$B$27,\"MO1\",PFP!$J$13:$J$27),2)","v":0}]
[null,"A1","INSS",null,null,0.2,{"$f":"ROUND(F12*SUMIF(PFP!$B$13:$B$27,\"MO1\",PFP!$J$13:$J$27),2)","v":0}]
[null,"A2","SESI",null,null,1.4999999999999999E-2,{"$f":"ROUND(F13*SUMIF(PFP!$B$13:$B$27,\"MO1\",PFP!$J$13:$J$27),2)","v":0}]
[null,"A3","SENAI",null,null,0.01,{"$f":"ROUND(F14*SUMIF(PFP!$B$13:$B$27,\"MO1\",PFP!$J$13:$J$27),2)","v":0}]
[null,"A4","INCRA",null,null,2E-3,{"$f":"ROUND(F15*SUMIF(PFP!$B$13:$B$27,\"MO1\",PFP!$J$13:$J$27),2)","v":0}]
[null,"A5","SEBRAE",null,null,6.0000000000000001E-3,{"$f":"ROUND(F16*SUMIF(PFP!$B$13:$B$27,\"MO1\",PFP!$J$13:$J$27),2)","v":0}]
[null,"A6","Salário Educação",null,null,2.5000000000000001E-2,{"$f":"ROUND(F17*SUMIF(PFP!$B$13:$B$27,\"MO1\",PFP!$J$13:$J$27),2)","v":0}]
[null,"A7","Seguro Contra Acidentes de Trabalho",null,null,0.03,{"$f":"ROUND(F18*SUMIF(PFP!$B$13:$B$27,\"MO1\",PFP!$J$13:$J$27),2)","v":0}]
[null,"A8","FGTS",null,null,0.08,{"$f":"ROUND(F19*SUMIF(PFP!$B$13:$B$27,\"MO1\",PFP!$J$13:$J$27),2)","v":0}]
[null,"A9","SECONCI",null,null,null,{"$f":"ROUND(F20*SUMIF(PFP!$B$13:$B$27,\"MO1\",PFP!$J$13:$J$27),2)","v":0}]
[null,"B"," ENCARGOS SOCIAIS QUE RECEBEM INCIDÊNCIA DE \"A\"",null,null,{"$f":"ROUND(SUM(F22:F28),4)","v":0.18110000000000001},{"$f":"ROUND(F21*SUMIF(PFP!$B$13:$B$27,\"MO1\",PFP!$J$13:$J$27),2)","v":0}]
[null,"B3","Auxílio Enfermidade",null,null,6.6E-3,{"$f":"ROUND(F22*SUMIF(PFP!$B$13:$B$27,\"MO1\",PFP!$J$13:$J$27),2)","v":0}]
[null,"B4","13º Salário",null,null,8.3299999999999999E-2,{"$f":"ROUND(F23*SUMIF(PFP!$B$13:$B$27,\"MO1\",PFP!$J$13:$J$27),2)","v":0}]
[null,"B5","Licença Paternidade",null,null,5.0000000000000001E-4,{"$f":"ROUND(F24*SUMIF(PFP!$B$13:$B$27,\"MO1\",PFP!$J$13:$J$27),2)","v":0}]
[null,"B6","Faltas Justificadas",null,null,5.5999999999999999E-3,{"$f":"ROUND(F25*SUMIF(PFP!$B$13:$B$27,\"MO1\",PFP!$J$13:$J$27),2)","v":0}]
[null,"B8","Auxílio Acidente de Trabalho",null,null,8.0000000000000004E-4,{"$f":"ROUND(F26*SUMIF(PFP!$B$13:$B$27,\"MO1\",PFP!$J$13:$J$27),2)","v":0}]
[null,"B9","Férias Gozadas",null,null,8.4000000000000005E-2,{"$f":"ROUND(F27*SUMIF(PFP!$B$13:$B$27,\"MO1\",PFP!$J$13:$J$27),2)","v":0}]
[null,"B10","Salário Maternidade",null,null,2.9999999999999997E-4,{"$f":"ROUND(F28*SUMIF(PFP!$B$13:$B$27,\"MO1\",PFP!$J$13:$J$27),2)","v":0}]
[null,"C"," ENCARGOS SOCIAIS QUE NÃO RECEBEM INCIDÊNCIA DE \"A\"",null,null,{"$f":"ROUND(SUM(F30:F34),4)","v":8.3400000000000002E-2},{"$f":"ROUND(F29*SUMIF(PFP!$B$13:$B$27,\"MO1\",PFP!$J$13:$J$27),2)","v":0}]
[null,"C1","Aviso Prévio Indenizado",null,null,3.6200000000000003E-2,{"$f":"ROUND(F30*SUMIF(PFP!$B$13:$B$27,\"MO1\",PFP!$J$13:$J$27),2)","v":0}]
[null,"C2","Aviso Prévio Trabalhado",null,null,8.9999999999999998E-4,{"$f":"ROUND(F31*SUMIF(PFP!$B$13:$B$27,\"MO1\",PFP!$J$13:$J$27),2)","v":0}]
[null,"C3","Férias Indenizadas",null,null,2.24E-2,{"$f":"ROUND(F32*SUMIF(PFP!$B$13:$B$27,\"MO1\",PFP!$J$13:$J$27),2)","v":0}]
[null,"C4","Depósito Rescisão Sem Justa Causa",null,null,2.0899999999999998E-2,{"$f":"ROUND(F33*SUMIF(PFP!$B$13:$B$27,\"MO1\",PFP!$J$13:$J$27),2)","v":0}]
[null,"C5","Indenização Adicional",null,null,3.0000000000000001E-3,{"$f":"ROUND(F34*SUMIF(PFP!$B$13:$B$27,\"MO1\",PFP!$J$13:$J$27),2)","v":0}]
[null,"D"," REINCIDÊNCIAS",null,null,{"$f":"ROUND(SUM(F36:F37),4)","v":6.9800000000000001E-2},{"$f":"ROUND(F35*SUMIF(PFP!$B$13:$B$27,\"MO1\",PFP!$J$13:$J$27),2)","v":0}]
[null,"D1","Reincidência de \"A\" sobre \"B\"",null,null,{"$f":"ROUND(F11*F21,4)","v":6.6600000000000006E-2},{"$f":"ROUND(F36*SUMIF(PFP!$B$13:$B$27,\"MO1\",PFP!$J$13:$J$27),2)","v":0}]
[null,"D2","Reincidência de \"A\" sobre Aviso Prévio Trabalhado e reincidência do FGTS sobre Aviso Prévio Indenizado",null,null,{"$f":"ROUND((F31*F11)+(F30*F19),4)","v":3.2000000000000002E-3},{"$f":"ROUND(F37*SUMIF(PFP!$B$13:$B$27,\"MO1\",PFP!$J$13:$J$27),2)","v":0}]
[null,"K1","ENCARGOS SOCIAIS",null,null,{"$f":"ROUND(F11+F21+F29+F35,4)","v":0.70230000000000004},{"$f":"ROUND(F38*SUMIF(PFP!$B$13:$B$27,\"MO1\",PFP!$J$13:$J$27),2)","v":0}]
[null,"Ka","TAXA DE RESSARCIMENTO DE DESPESAS E ENCARGOS SOBRE MO1",null,null,{"$f":"ROUND((1+F38+PFP2.3_FatorKc!E16)*(1+PFP2.3_FatorKc!E15)*(1+PFP2.3_FatorKc!E11),4)","v":2.3260000000000001}]
[null,"OBSERVAÇÃO:"]
[null,"1 - DISCRIMINAR OS ENCARGOS SOCIAIS COM SEUS RESPECTIVOS PERCENTUAS TOTALIZANDO OS MESMOS. "]
[null,"2 - APLICAR O  % TOTAL P/ CALCULAR OS E. SOCIAIS INCIDENTES NA MÃO-DE-OBRA COM VÍNCULO PERMANENTE"]
[null,"Ka - Taxa de Ressarcimento de Despesas e Encargos sobre a Mão de Obra COM VINCULO (incide apenas no Insumo Codigo M.O.)"]
[null,"Ka = (1 + K1 + K2) x (1 + K3) x (1 + K4)"]

{"sheet":"PFP2.2_FatorKb","index":4,"n_rows":44,"n_cols":6,"rows_kept":44,"cut":false,"hidden":false,"merged":[[16,1,16,3],[17,1,17,3],[18,1,18,3],[14,1,14,3],[34,1,34,3],[23,1,23,3],[24,1,24,3],[25,1,25,3],[26,1,26,3],[27,1,27,3],[28,1,28,3],[29,1,29,3],[30,1,30,3],[31,1,31,3],[32,1,32,3],[33,1,33,3],[43,0,43,5],[40,0,40,5],[41,0,41,5],[42,0,42,5],[35,1,35,3],[36,1,36,3],[37,1,37,3],[38,1,38,3],[22,1,22,3],[3,0,4,4],[5,0,5,5],[6,0,6,5],[7,2,7,4],[8,0,8,1],[8,2,8,4],[10,1,10,3],[20,1,20,3],[21,1,21,3],[11,1,11,3],[12,1,12,3],[13,1,13,3],[19,1,19,3],[9,1,9,3],[15,1,15,3]]}
[]
[]
[]
["DETALHAMENTO DOS ENCARGOS SOCIAIS: Kb",{"$nulls":4},"CODIGO:"]
[{"$nulls":5},"PFP-2.2"]
["NOME DA CONSULTORA:"]
[]
["PROJETO:",null,"CONTRATANTE:",null,null,"BASE: "]
[{"$f":"PFP!A11","v":"CONTRATAÇÃO DE EMPRESA PARA ESTUDO E ELABORAÇÃO DE PROJETO BÁSICO DE CONTENÇÃO E ESTABILIDADE DO DIQUE DE PROTEÇÃO NO PERÍMETRO IRRIGADO ITIÚBA"},null,{"$f":"PFP!F11","v":"CODEVASF 5ªSR"}]
["Cod","DESCRIÇÃO",null,null,"%","R$"]
["A","ENCARGOS SOCIAIS BÁSICOS",null,null,{"$f":"ROUND(SUM(E12:E20),4)","v":0.2},{"$f":"ROUND(E11*SUMIF(PFP!$B$13:$B$27,\"MO2\",PFP!$J$13:$J$27),2)","v":0}]
["A1","INSS",null,null,0,{"$f":"ROUND(E12*SUMIF(PFP!$B$13:$B$27,\"MO2\",PFP!$J$13:$J$27),2)","v":0}]
["A2","SESI",null,null,0,{"$f":"ROUND(E13*SUMIF(PFP!$B$13:$B$27,\"MO2\",PFP!$J$13:$J$27),2)","v":0}]
["A3","SENAI",null,null,0,{"$f":"ROUND(E14*SUMIF(PFP!$B$13:$B$27,\"MO2\",PFP!$J$13:$J$27),2)","v":0}]
["A4","INCRA",null,null,0,{"$f":"ROUND(E15*SUMIF(PFP!$B$13:$B$27,\"MO2\",PFP!$J$13:$J$27),2)","v":0}]
["A5","SEBRAE",null,null,0,{"$f":"ROUND(E16*SUMIF(PFP!$B$13:$B$27,\"MO2\",PFP!$J$13:$J$27),2)","v":0}]
["A6","Salário Educação",null,null,0,{"$f":"ROUND(E17*SUMIF(PFP!$B$13:$B$27,\"MO2\",PFP!$J$13:$J$27),2)","v":0}]
["A7","Seguro Contra Acidentes de Trabalho",null,null,0,{"$f":"ROUND(E18*SUMIF(PFP!$B$13:$B$27,\"MO2\",PFP!$J$13:$J$27),2)","v":0}]
["A8","FGTS",null,null,0.2,{"$f":"ROUND(E19*SUMIF(PFP!$B$13:$B$27,\"MO2\",PFP!$J$13:$J$27),2)","v":0}]
["A9","SECONCI",null,null,0,{"$f":"ROUND(E20*SUMIF(PFP!$B$13:$B$27,\"MO2\",PFP!$J$13:$J$27),2)","v":0}]
["B"," ENCARGOS SOCIAIS QUE RECEBEM INCIDÊNCIA DE \"A\"",null,null,{"$f":"ROUND(SUM(E22:E28),4)","v":0},{"$f":"ROUND(E21*SUMIF(PFP!$B$13:$B$27,\"MO2\",PFP!$J$13:$J$27),2)","v":0}]
["B3","Auxílio Enfermidade",null,null,0,{"$f":"ROUND(E22*SUMIF(PFP!$B$13:$B$27,\"MO2\",PFP!$J$13:$J$27),2)","v":0}]
["B4","13º Salário",null,null,0,{"$f":"ROUND(E23*SUMIF(PFP!$B$13:$B$27,\"MO2\",PFP!$J$13:$J$27),2)","v":0}]
["B5","Licença Paternidade",null,null,0,{"$f":"ROUND(E24*SUMIF(PFP!$B$13:$B$27,\"MO2\",PFP!$J$13:$J$27),2)","v":0}]
["B6","Faltas Justificadas",null,null,0,{"$f":"ROUND(E25*SUMIF(PFP!$B$13:$B$27,\"MO2\",PFP!$J$13:$J$27),2)","v":0}]
["B8","Auxílio Acidente de Trabalho",null,null,0,{"$f":"ROUND(E26*SUMIF(PFP!$B$13:$B$27,\"MO2\",PFP!$J$13:$J$27),2)","v":0}]
["B9","Férias Gozadas",null,null,0,{"$f":"ROUND(E27*SUMIF(PFP!$B$13:$B$27,\"MO2\",PFP!$J$13:$J$27),2)","v":0}]
["B10","Salário Maternidade",null,null,0,{"$f":"ROUND(E28*SUMIF(PFP!$B$13:$B$27,\"MO2\",PFP!$J$13:$J$27),2)","v":0}]
["C"," ENCARGOS SOCIAIS QUE NÃO RECEBEM INCIDÊNCIA DE \"A\"",null,null,{"$f":"ROUND(SUM(E30:E34),4)","v":0},{"$f":"ROUND(E29*SUMIF(PFP!$B$13:$B$27,\"MO2\",PFP!$J$13:$J$27),2)","v":0}]
["C1","Aviso Prévio Indenizado",null,null,0,{"$f":"ROUND(E30*SUMIF(PFP!$B$13:$B$27,\"MO2\",PFP!$J$13:$J$27),2)","v":0}]
["C2","Aviso Prévio Trabalhado",null,null,0,{"$f":"ROUND(E31*SUMIF(PFP!$B$13:$B$27,\"MO2\",PFP!$J$13:$J$27),2)","v":0}]
["C3","Férias Indenizadas",null,null,0,{"$f":"ROUND(E32*SUMIF(PFP!$B$13:$B$27,\"MO2\",PFP!$J$13:$J$27),2)","v":0}]
["C4","Depósito Rescisão Sem Justa Causa",null,null,0,{"$f":"ROUND(E33*SUMIF(PFP!$B$13:$B$27,\"MO2\",PFP!$J$13:$J$27),2)","v":0}]
["C5","Indenização Adicional",null,null,0,{"$f":"ROUND(E34*SUMIF(PFP!$B$13:$B$27,\"MO2\",PFP!$J$13:$J$27),2)","v":0}]
["D"," REINCIDÊNCIAS",null,null,{"$f":"ROUND(SUM(E36:E37),4)","v":0},{"$f":"ROUND(E35*SUMIF(PFP!$B$13:$B$27,\"MO2\",PFP!$J$13:$J$27),2)","v":0}]
["D1","Reincidência de \"A\" sobre \"B\"",null,null,{"$f":"ROUND(E11*E21,4)","v":0},{"$f":"ROUND(E36*SUMIF(PFP!$B$13:$B$27,\"MO2\",PFP!$J$13:$J$27),2)","v":0}]
["D2","Reincidência de \"A\" sobre Aviso Prévio Trabalhado e reincidência do FGTS sobre Aviso Prévio Indenizado",null,null,{"$f":"ROUND(E11*E31,4)+ROUND(E30*E14,4)","v":0},{"$f":"ROUND(E37*SUMIF(PFP!$B$13:$B$27,\"MO2\",PFP!$J$13:$J$27),2)","v":0}]
["K1","ENCARGOS SOCIAIS",null,null,{"$f":"ROUND(E11+E21+E29+E35,4)","v":0.2},{"$f":"ROUND(E38*SUMIF(PFP!$B$13:$B$27,\"MO2\",PFP!$J$13:$J$27),2)","v":0}]
["Kb","TAXA DE RESSARCIMENTO DE DESPESAS E ENCARGOS SOBRE MO2",null,null,{"$f":"ROUND((1+E38+PFP2.3_FatorKc!E16)*(1+PFP2.3_FatorKc!E15)*(1+PFP2.3_FatorKc!E11),4)","v":1.6953}]
["OBSERVAÇÃO:"]
["1 - DISCRIMINAR OS ENCARGOS SOCIAIS COM SEUS RESPECTIVOS PERCENTUAS TOTALIZANDO OS MESMOS. "]
["2 - APLICAR O % TOTAL P/ CALCULAR OS E. SOCIAIS INCIDENTES NA MÃO-DE-OBRA SEM VÍNCULO PERMANENTE"]
["Kb - Taxa de Ressarcimento de Despesas e Encargos sobre a Mão de Obra SEM VINCULO (incide apenas no Insumo Codigo M.O.)"]
["Kb = (1 + K1 + K2) x (1 + K3) x (1 + K4)"]

{"sheet":"PFP2.3_FatorKc","index":5,"n_rows":38,"n_cols":6,"rows_kept":38,"cut":false,"hidden":false,"merged":[[35,0,35,5],[15,1,15,3],[14,1,14,3],[11,1,11,2],[12,1,12,2],[13,1,13,2],[10,1,10,2],[28,0,28,5],[9,1,9,2],[3,0,4,4],[5,0,5,5],[8,0,8,1],[8,2,8,4],[7,2,7,4],[6,0,6,5],[36,0,36,5],[37,0,37,5],[19,1,19,3],[16,1,16,3],[17,1,17,3],[18,1,18,3],[24,0,24,5],[29,0,29,5],[30,0,30,5],[25,0,25,5],[26,0,26,5],[27,0,27,5],[31,0,31,5],[32,0,32,5],[33,0,33,5],[34,0,34,5]]}
[]
[]
[]
["DESPESAS FISCAIS E CUSTOS DIVERSOS: Kc",{"$nulls":4},"CODIGO:"]
[{"$nulls":5},"PFP-3"]
["NOME DA CONSULTORA:"]
[]
["PROJETO:",null,"CONTRATANTE:",null,null,"BASE:"]
[{"$f":"PFP!A11","v":"CONTRATAÇÃO DE EMPRESA PARA ESTUDO E ELABORAÇÃO DE PROJETO BÁSICO DE CONTENÇÃO E ESTABILIDADE DO DIQUE DE PROTEÇÃO NO PERÍMETRO IRRIGADO ITIÚBA"},null,{"$f":"PFP!F11","v":"CODEVASF 5ªSR"}]
["Cod","DESCRIÇÃO1",null,"% preço2","% custo4","R$"]
["K4","TAXAS E IMPOSTOS",null,{"$f":"ROUND(D12+D13+D14,4)","v":0.124},{"$f":"ROUND(E12+E13+E14,4)","v":0.1416},{"$f":"E11*SUM(SUMIF(PFP!$B$13:$B$27,\"MO1\",PFP!$J$13:$J$27)*(1+PFP2.1_FatorKa!$F$38)+SUMIF(PFP!$B$13:$B$27,\"MO2\",PFP!$J$13:$J$27)*(1+PFP2.2_FatorKb!$E$38)+SUMIF(PFP!$B$13:$B$27,\"<>MO*\",PFP!$J$13:$J$27)+$F$16+$F$15)","v":10028.716632000001}]
["K4.1","ISS",null,0.05,{"$f":"ROUND((1/(1-$D$11))*D12,4)","v":5.7099999999999998E-2},{"$f":"E12*SUM(SUMIF(PFP!$B$13:$B$27,\"MO1\",PFP!$J$13:$J$27)*(1+PFP2.1_FatorKa!$F$38)+SUMIF(PFP!$B$13:$B$27,\"MO2\",PFP!$J$13:$J$27)*(1+PFP2.2_FatorKb!$E$38)+SUMIF(PFP!$B$13:$B$27,\"<>MO*\",PFP!$J$13:$J$27)+$F$16+$F$15)","v":4044.0658170000002}]
["K4.2","PIS3 - aliquota efetiva com percentual-desconto",null,{"$f":"ROUND(1.65%*0.8,4)","v":1.32E-2},{"$f":"ROUND((1/(1-$D$11))*D13,4)","v":1.5100000000000001E-2},{"$f":"E13*SUM(SUMIF(PFP!$B$13:$B$27,\"MO1\",PFP!$J$13:$J$27)*(1+PFP2.1_FatorKa!$F$38)+SUMIF(PFP!$B$13:$B$27,\"MO2\",PFP!$J$13:$J$27)*(1+PFP2.2_FatorKb!$E$38)+SUMIF(PFP!$B$13:$B$27,\"<>MO*\",PFP!$J$13:$J$27)+$F$16+$F$15)","v":1069.4464770000002}]
["K4.3","COFINS3 - aliquota efetiva com percentual-desconto",null,{"$f":"ROUND(7.6%*0.8,4)","v":6.08E-2},{"$f":"ROUND((1/(1-$D$11))*D14,4)","v":6.9400000000000003E-2},{"$f":"E14*SUM(SUMIF(PFP!$B$13:$B$27,\"MO1\",PFP!$J$13:$J$27)*(1+PFP2.1_FatorKa!$F$38)+SUMIF(PFP!$B$13:$B$27,\"MO2\",PFP!$J$13:$J$27)*(1+PFP2.2_FatorKb!$E$38)+SUMIF(PFP!$B$13:$B$27,\"<>MO*\",PFP!$J$13:$J$27)+$F$16+$F$15)","v":4915.2043380000005}]
["K3","REMUNERAÇÃO DA EMPRESA (LUCRO)",null,null,0.1,{"$f":"E15*SUM(SUMIF(PFP!$B$13:$B$27,\"MO1\",PFP!$J$13:$J$27)*(1+PFP2.1_FatorKa!$F$38)+SUMIF(PFP!$B$13:$B$27,\"MO2\",PFP!$J$13:$J$27)*(1+PFP2.2_FatorKb!$E$38)+SUMIF(PFP!$B$13:$B$27,\"<>MO*\",PFP!$J$13:$J$27)+$F$16)","v":6438.5700000000006}]
["K2","CUSTOS DA ADMINISTRAÇÃO CENTRAL",null,null,{"$f":"ROUND(SUM(E17:E19),4)","v":0.15},{"$f":"ROUND(E16*SUMIF(PFP!$B$13:$B$27,\"MO*\",PFP!$J$13:$J$27),2)","v":0}]
["K2.1","Custos da administração central da empresa (diretoria, pessoal técnico de apoio e pessoal administrativo não diretamente vinculado à prestação dos serviços)",null,null,0.1,{"$f":"ROUND(E17*SUMIF(PFP!$B$13:$B$27,\"MO*\",PFP!$J$13:$J$27),2)","v":0}]
["K2.2","Outras despesas que afetam o custo de produção como treinamento, biblioteca, programa de qualidade, programa de benefícios, auditoria interna e externa",null,null,0.03,{"$f":"ROUND(E18*SUMIF(PFP!$B$13:$B$27,\"MO*\",PFP!$J$13:$J$27),2)","v":0}]
["K2.3","Despesas fixas e variaveis com patrimônio, aluguéis, comunicação, manutenção e transporte não diretamente relacionados com o custo direto dos serviços",null,null,0.02,{"$f":"ROUND(E19*SUMIF(PFP!$B$13:$B$27,\"MO*\",PFP!$J$13:$J$27),2)","v":0}]
["Kc","TAXA RESSARCIMENTO DE DESPESAS SOBRE CUSTOS DIVERSOS",null,null,{"$f":"ROUND((1+E15)*(1+E11),4)","v":1.2558}]
["NOME DO INFORMANTE:",null,null,null,"QUALIFICAÇÃO:"]
[]
["ASSINATURA:",null,null,null,"DATA:"]
[]
["Observação:"]
["1 - RELACIONAR OS CUSTOS DE ADMINISTRAÇÃO COM RESPECTIVOS PERCENTUAIS INCIDENTES NA MÃO -DE-OBRA"]
["1 - DISCRIMINAR OS TRIBUTOS QUE INCIDEM SOBRE OS CUSTOS DA PRESTAÇÃO DOS SERVIÇOS"]
["2 - K4 = INDICAR % DE CADA TRIBUTO E A SOMA DOS MESMOS (ex: ISS 5% + PIS 1,65% + COFINS 7,60% = 14,25%)"]
["3 - PIS e COFINS, Regime de Incidencia Acumulativa (0,65% e 3,00% - sem percentual de desconto) ou em Regime de Incidencia Não Acumulativa (1,65% e 7,60% - aplicável percentual de desconto) de acordo com a forma de apuração do lucro no IRPJ. APRESENTAR COMPROVANTES de aproveitamento de créditos tributários dos últimos 12 meses em caso de aplicação de \"percentual de desconto\"."]
["4 - AS DESPESAS FISCAIS (K4) INCIDEM SOBRE O TOTAL DA FATURA E NÃO SOBRE OS CUSTOS INCORRIDOS, "]
["     DEVENDO SER CALCULADO O K4' APLICANDO-SE A SEGUINTE FÓRMULA:"]
["     K4' = { [ 1 / ( 1 - K4) ] - 1 } x 100"]
[{"$f":"CONCATENATE(\"     K4' = { [ 1 / ( 1 - \",D11,\" ) ] - 1 } x 100\")","v":"     K4' = { [ 1 / ( 1 - 0,124 ) ] - 1 } x 100"}]
["Kc - Taxa de Ressarcimento de Despesas sobre Custos Diversos (incide sobre os Insumos Codigo DP e EM)"]
["Kc = (1 + K3) x (1 + K4)"]
["K2 - Incide sobre o Custo Total (CT) da Mão de Obra (MO* = MO1 + MO2)"]
["K3 - Incide sobre o Custo Total (CT) Mão de Obra com encargos (MO1 x Ka ou MO2 x Kb), demais Custos (DP e EM), e Custos da Administração Central (K2)"]
["K4 -  Incide sobre o Custo Total (CT) Mão de Obra com encargos (MO1 x Ka ou MO2 x Kb), demais Custos (DP e EM), e Custos da Administração Central (K2) e Lucro (K3)"]

{"sheet":"CRO-1 - INSUMO ETAPA.PRODUTO","index":6,"n_rows":31,"n_cols":16380,"rows_kept":31,"cut":false,"hidden":false,"merged":[[5,12,5,14],[6,12,6,14],[45,7,45,12],[45,13,45,14],[25,0,26,0],[25,1,26,1],[27,0,28,0],[5,0,6,11]]}
[]
[]
[]
[]
[]
["INSUMOS POR ETAPA/PRODUTO",{"$nulls":11},"CODIGO:"]
[{"$nulls":12},"CRO-1"]
["Cod.","Categoria / Insumo","Uni","Qde","CUD","PU","FatorK",{"$f":"'CRO2_Crono Simplificado'!A4","v":"E1"},{"$f":"'CRO2_Crono Simplificado'!A5","v":"E2"},{"$f":"'CRO2_Crono Simplificado'!A6","v":"E3"},{"$f":"'CRO2_Crono Simplificado'!A7","v":"E4"},{"$f":"'CRO2_Crono Simplificado'!A8","v":"E5"},{"$f":"'CRO2_Crono Simplificado'!A11","v":0},{"$f":"'CRO2_Crono Simplificado'!A12","v":0},{"$f":"'CRO2_Crono Simplificado'!A13","v":0}]
[{"$nulls":6},"Meses",{"$f":" 'CRO2_Crono Simplificado'!C4","v":1},{"$f":"'CRO2_Crono Simplificado'!C5","v":1},{"$f":"'CRO2_Crono Simplificado'!C6","v":1},{"$f":"'CRO2_Crono Simplificado'!C7","v":2},{"$f":"'CRO2_Crono Simplificado'!C8","v":3},{"$f":"'CRO2_Crono Simplificado'!C11","v":0},{"$f":"'CRO2_Crono Simplificado'!C12","v":0},{"$f":"'CRO2_Crono Simplificado'!C13","v":0},{"$f":"'CRO2_Crono Simplificado'!#REF!","v":{"$error":"#REF!"}},{"$f":"'CRO2_Crono Simplificado'!O4","v":0},{"$f":"'CRO2_Crono Simplificado'!#REF!","v":{"$error":"#REF!"}},{"$f":"'CRO2_Crono Simplificado'!Q4","v":0},{"$f":"'CRO2_Crono Simplificado'!#REF!","v":{"$error":"#REF!"}},{"$f":"'CRO2_Crono Simplificado'!S4","v":0},{"$f":"'CRO2_Crono Simplificado'!#REF!","v":{"$error":"#REF!"}},{"$f":"'CRO2_Crono Simplificado'!U4","v":0},{"$f":"'CRO2_Crono Simplificado'!#REF!","v":{"$error":"#REF!"}},{"$f":"'CRO2_Crono Simplificado'!W4","v":0},{"$f":"'CRO2_Crono Simplificado'!#REF!","v":{"$error":"#REF!"}},{"$f":"'CRO2_Crono Simplificado'!Y4","v":0},{"$f":"'CRO2_Crono Simplificado'!#REF!","v":{"$error":"#REF!"}},{"$f":"'CRO2_Crono Simplificado'!AA4","v":0},{"$f":"'CRO2_Crono Simplificado'!#REF!","v":{"$error":"#REF!"}},{"$f":"'CRO2_Crono Simplificado'!AC4","v":0},{"$f":"'CRO2_Crono Simplificado'!#REF!","v":{"$error":"#REF!"}},{"$f":"'CRO2_Crono Simplificado'!AE4","v":0},{"$f":"'CRO2_Crono Simplificado'!#REF!","v":{"$error":"#REF!"}},{"$f":"'CRO2_Crono Simplificado'!AG4","v":0},{"$f":"'CRO2_Crono Simplificado'!#REF!","v":{"$error":"#REF!"}},{"$f":"'CRO2_Crono Simplificado'!AI4","v":0},{"$f":"'CRO2_Crono Simplificado'!#REF!","v":{"$error":"#REF!"}},{"$f":"'CRO2_Crono Simplificado'!AK4","v":0},{"$f":"'CRO2_Crono Simplificado'!#REF!","v":{"$error":"#REF!"}},{"$f":"'CRO2_Crono Simplificado'!AM4","v":0},{"$f":"'CRO2_Crono Simplificado'!#REF!","v":{"$error":"#REF!"}},{"$f":"'CRO2_Crono Simplificado'!AO4","v":0},{"$f":"'CRO2_Crono Simplificado'!#REF!","v":{"$error":"#REF!"}},{"$f":"'CRO2_Crono Simplificado'!AQ4","v":0},{"$f":"'CRO2_Crono Simplificado'!#REF!","v":{"$error":"#REF!"}},{"$f":"'CRO2_Crono Simplificado'!AS4","v":0},{"$f":"'CRO2_Crono Simplificado'!#REF!","v":{"$error":"#REF!"}},{"$f":"'CRO2_Crono Simplificado'!AU4","v":0},{"$f":"'CRO2_Crono Simplificado'!#REF!","v":{"$error":"#REF!"}},{"$f":"'CRO2_Crono Simplificado'!AW4","v":0},{"$f":"'CRO2_Crono Simplificado'!#REF!","v":{"$error":"#REF!"}},{"$f":"'CRO2_Crono Simplificado'!AY4","v":0},{"$f":"'CRO2_Crono Simplificado'!#REF!","v":{"$error":"#REF!"}},{"$f":"'CRO2_Crono Simplificado'!BA4","v":0},{"$f":"'CRO2_Crono Simplificado'!#REF!","v":{"$error":"#REF!"}},{"$f":"'CRO2_Crono Simplificado'!BC4","v":0},{"$f":"'CRO2_Crono Simplificado'!#REF!","v":{"$error":"#REF!"}},{"$f":"'CRO2_Crono Simplificado'!BE4","v":0},{"$f":"'CRO2_Crono Simplificado'!#REF!","v":{"$error":"#REF!"}},{"$f":"'CRO2_Crono Simplificado'!BG4","v":0},{"$f":"'CRO2_Crono Simplificado'!#REF!","v":{"$error":"#REF!"}},{"$f":"'CRO2_Crono Simplificado'!BI4","v":0},{"$f":"'CRO2_Crono Simplificado'!#REF!","v":{"$error":"#REF!"}},{"$f":"'CRO2_Crono Simplificado'!BK4","v":0},{"$f":"'CRO2_Crono Simplificado'!#REF!","v":{"$error":"#REF!"}},{"$f":"'CRO2_Crono Simplificado'!BM4","v":0},{"$f":"'CRO2_Crono Simplificado'!#REF!","v":{"$error":"#REF!"}},{"$f":"'CRO2_Crono Simplificado'!BO4","v":0},{"$f":"'CRO2_Crono Simplificado'!#REF!","v":{"$error":"#REF!"}},{"$f":"'CRO2_Crono Simplificado'!BQ4","v":0},{"$f":"'CRO2_Crono Simplificado'!#REF!","v":{"$error":"#REF!"}},{"$f":"'CRO2_Crono Simplificado'!BS4","v":0},{"$f":"'CRO2_Crono Simplificado'!#REF!","v":{"$error":"#REF!"}},{"$f":"'CRO2_Crono Simplificado'!BU4","v":0},{"$f":"'CRO2_Crono Simplificado'!#REF!","v":{"$error":"#REF!"}},{"$f":"'CRO2_Crono Simplificado'!BW4","v":0},{"$f":"'CRO2_Crono Simplificado'!#REF!","v":{"$error":"#REF!"}},{"$f":"'CRO2_Crono Simplificado'!BY4","v":0},{"$f":"'CRO2_Crono Simplificado'!#REF!","v":{"$error":"#REF!"}},{"$f":"'CRO2_Crono Simplificado'!CA4","v":0},{"$f":"'CRO2_Crono Simplificado'!#REF!","v":{"$error":"#REF!"}},{"$f":"'CRO2_Crono Simplificado'!CC4","v":0},{"$f":"'CRO2_Crono Simplificado'!#REF!","v":{"$error":"#REF!"}},{"$f":"'CRO2_Crono Simplificado'!CE4","v":0},{"$f":"'CRO2_Crono Simplificado'!#REF!","v":{"$error":"#REF!"}},{"$f":"'CRO2_Crono Simplificado'!CG4","v":0},{"$f":"'CRO2_Crono Simplificado'!#REF!","v":{"$error":"#REF!"}},{"$f":"'CRO2_Crono Simplificado'!CI4","v":0},{"$f":"'CRO2_Crono Simplificado'!#REF!","v":{"$error":"#REF!"}},{"$f":"'CRO2_Crono Simplificado'!CK4","v":0},{"$f":"'CRO2_Crono Simplificado'!#REF!","v":{"$error":"#REF!"}},{"$f":"'CRO2_Crono Simplificado'!CM4","v":0},{"$f":"'CRO2_Crono Simplificado'!#REF!","v":{"$error":"#REF!"}},{"$f":"'CRO2_Crono Simplificado'!CO4","v":0},{"$f":"'CRO2_Crono Simplificado'!#REF!","v":{"$error":"#REF!"}},{"$f":"'CRO2_Crono Simplificado'!CQ4","v":0},{"$f":"'CRO2_Crono Simplificado'!#REF!","v":{"$error":"#REF!"}},{"$f":"'CRO2_Crono Simplificado'!CS4","v":0},{"$f":"'CRO2_Crono Simplificado'!#REF!","v":{"$error":"#REF!"}},{"$f":"'CRO2_Crono Simplificado'!CU4","v":0},{"$f":"'CRO2_Crono Simplificado'!#REF!","v":{"$error":"#REF!"}},{"$f":"'CRO2_Crono Simplificado'!CW4","v":0},{"$f":"'CRO2_Crono Simplificado'!#REF!","v":{"$error":"#REF!"}},{"$f":"'CRO2_Crono Simplificado'!CY4","v":0},{"$f":"'CRO2_Crono Simplificado'!#REF!","v":{"$error":"#REF!"}},{"$f":"'CRO2_Crono Simplificado'!DA4","v":0},{"$f":"'CRO2_Crono Simplificado'!#REF!","v":{"$error":"#REF!"}},{"$f":"'CRO2_Crono Simplificado'!DC4","v":0},{"$f":"'CRO2_Crono Simplificado'!#REF!","v":{"$error":"#REF!"}},{"$f":"'CRO2_Crono Simplificado'!DE4","v":0},{"$f":"'CRO2_Crono Simplificado'!#REF!","v":{"$error":"#REF!"}},{"$f":"'CRO2_Crono Simplificado'!DG4","v":0},{"$f":"'CRO2_Crono Simplificado'!#REF!","v":{"$error":"#REF!"}},{"$f":"'CRO2_Crono Simplificado'!DI4","v":0},{"$f":"'CRO2_Crono Simplificado'!#REF!","v":{"$error":"#REF!"}},{"$f":"'CRO2_Crono Simplificado'!DK4","v":0},{"$f":"'CRO2_Crono Simplificado'!#REF!","v":{"$error":"#REF!"}},{"$f":"'CRO2_Crono Simplificado'!DM4","v":0},{"$f":"'CRO2_Crono Simplificado'!#REF!","v":{"$error":"#REF!"}},{"$f":"'CRO2_Crono Simplificado'!DO4","v":0},{"$f":"'CRO2_Crono Simplificado'!#REF!","v":{"$error":"#REF!"}},{"$f":"'CRO2_Crono Simplificado'!DQ4","v":0},{"$f":"'CRO2_Crono Simplificado'!#REF!","v":{"$error":"#REF!"}},{"$f":"'CRO2_Crono Simplificado'!DS4","v":0},{"$f":"'CRO2_Crono Simplificado'!#REF!","v":{"$error":"#REF!"}},{"$f":"'CRO2_Crono Simplificado'!DU4","v":0},{"$f":"'CRO2_Crono Simplificado'!#REF!","v":{"$error":"#REF!"}},{"$f":"'CRO2_Crono Simplificado'!DW4","v":0},{"$f":"'CRO2_Crono Simplificado'!#REF!","v":{"$error":"#REF!"}},{"$f":"'CRO2_Crono Simplificado'!DY4","v":0},{"$f":"'CRO2_Crono Simplificado'!#REF!","v":{"$error":"#REF!"}},{"$f":"'CRO2_Crono Simplificado'!EA4","v":0},{"$f":"'CRO2_Crono Simplificado'!#REF!","v":{"$error":"#REF!"}},{"$f":"'CRO2_Crono Simplificado'!EC4","v":0},{"$f":"'CRO2_Crono Simplificado'!#REF!","v":{"$error":"#REF!"}},{"$f":"'CRO2_Crono Simplificado'!EE4","v":0},{"$f":"'CRO2_Crono Simplificado'!#REF!","v":{"$error":"#REF!"}},{"$f":"'CRO2_Crono Simplificado'!EG4","v":0},{"$f":"'CRO2_Crono Simplificado'!#REF!","v":{"$error":"#REF!"}},{"$f":"'CRO2_Crono Simplificado'!EI4","v":0},{"$f":"'CRO2_Crono Simplificado'!#REF!","v":{"$error":"#REF!"}},{"$f":"'CRO2_Crono Simplificado'!EK4","v":0},{"$f":"'CRO2_Crono Simplificado'!#REF!","v":{"$error":"#REF!"}},{"$f":"'CRO2_Crono Simplificado'!EM4","v":0},{"$f":"'CRO2_Crono Simplificado'!#REF!","v":{"$error":"#REF!"}},{"$f":"'CRO2_Crono Simplificado'!EO4","v":0},{"$f":"'CRO2_Crono Simplificado'!#REF!","v":{"$error":"#REF!"}},{"$f":"'CRO2_Crono Simplificado'!EQ4","v":0},{"$f":"'CRO2_Crono Simplificado'!#REF!","v":{"$error":"#REF!"}},{"$f":"'CRO2_Crono Simplificado'!ES4","v":0},{"$f":"'CRO2_Crono Simplificado'!#REF!","v":{"$error":"#REF!"}},{"$f":"'CRO2_Crono Simplificado'!EU4","v":0},{"$f":"'CRO2_Crono Simplificado'!#REF!","v":{"$error":"#REF!"}},{"$f":"'CRO2_Crono Simplificado'!EW4","v":0},{"$f":"'CRO2_Crono Simplificado'!#REF!","v":{"$error":"#REF!"}},{"$f":"'CRO2_Crono Simplificado'!EY4","v":0},{"$f":"'CRO2_Crono Simplificado'!#REF!","v":{"$error":"#REF!"}},{"$f":"'CRO2_Crono Simplificado'!FA4","v":0},{"$f":"'CRO2_Crono Simplificado'!#REF!","v":{"$error":"#REF!"}},{"$f":"'CRO2_Crono Simplificado'!FC4","v":0},{"$f":"'CRO2_Crono Simplificado'!#REF!","v":{"$error":"#REF!"}},{"$f":"'CRO2_Crono Simplificado'!FE4","v":0},{"$f":"'CRO2_Crono Simplificado'!#REF!","v":{"$error":"#REF!"}},{"$f":"'CRO2_Crono Simplificado'!FG4","v":0},{"$f":"'CRO2_Crono Simplificado'!#REF!","v":{"$error":"#REF!"}},{"$f":"'CRO2_Crono Simplificado'!FI4","v":0},{"$f":"'CRO2_Crono Simplificado'!#REF!","v":{"$error":"#REF!"}},{"$f":"'CRO2_Crono Simplificado'!FK4","v":0},{"$f":"'CRO2_Crono Simplificado'!#REF!","v":{"$error":"#REF!"}},{"$f":"'CRO2_Crono Simplificado'!FM4","v":0},{"$f":"'CRO2_Crono Simplificado'!#REF!","v":{"$error":"#REF!"}},{"$f":"'CRO2_Crono Simplificado'!FO4","v":0},{"$f":"'CRO2_Crono Simplificado'!#REF!","v":{"$error":"#REF!"}},{"$f":"'CRO2_Crono Simplificado'!FQ4","v":0},{"$f":"'CRO2_Crono Simplificado'!#REF!","v":{"$error":"#REF!"}},{"$f":"'CRO2_Crono Simplificado'!FS4","v":0},{"$f":"'CRO2_Crono Simplificado'!#REF!","v":{"$error":"#REF!"}},{"$f":"'CRO2_Crono Simplificado'!FU4","v":0},{"$f":"'CRO2_Crono Simplificado'!#REF!","v":{"$error":"#REF!"}},{"$f":"'CRO2_Crono Simplificado'!FW4","v":0},{"$f":"'CRO2_Crono Simplificado'!#REF!","v":{"$error":"#REF!"}},{"$f":"'CRO2_Crono Simplificado'!FY4","v":0},{"$f":"'CRO2_Crono Simplificado'!#REF!","v":{"$error":"#REF!"}},{"$f":"'CRO2_Crono Simplificado'!GA4","v":0},{"$f":"'CRO2_Crono Simplificado'!#REF!","v":{"$error":"#REF!"}},{"$f":"'CRO2_Crono Simplificado'!GC4","v":0},{"$f":"'CRO2_Crono Simplificado'!#REF!","v":{"$error":"#REF!"}},{"$f":"'CRO2_Crono Simplificado'!GE4","v":0},{"$f":"'CRO2_Crono Simplificado'!#REF!","v":{"$error":"#REF!"}},{"$f":"'CRO2_Crono Simplificado'!GG4","v":0},{"$f":"'CRO2_Crono Simplificado'!#REF!","v":{"$error":"#REF!"}},{"$f":"'CRO2_Crono Simplificado'!GI4","v":0},{"$f":"'CRO2_Crono Simplificado'!#REF!","v":{"$error":"#REF!"}},{"$f":"'CRO2_Crono Simplificado'!GK4","v":0},{"$f":"'CRO2_Crono Simplificado'!#REF!","v":{"$error":"#REF!"}},{"$f":"'CRO2_Crono Simplificado'!GM4","v":0},{"$f":"'CRO2_Crono Simplificado'!#REF!","v":{"$error":"#REF!"}},{"$f":"'CRO2_Crono Simplificado'!GO4","v":0},{"$f":"'CRO2_Crono Simplificado'!#REF!","v":{"$error":"#REF!"}},{"$f":"'CRO2_Crono Simplificado'!GQ4","v":0},{"$f":"'CRO2_Crono Simplificado'!#REF!","v":{"$error":"#REF!"}},{"$f":"'CRO2_Crono Simplificado'!GS4","v":0},{"$f":"'CRO2_Crono Simplificado'!#REF!","v":{"$error":"#REF!"}},{"$f":"'CRO2_Crono Simplificado'!GU4","v":0},{"$f":"'CRO2_Crono Simplificado'!#REF!","v":{"$error":"#REF!"}},{"$f":"'CRO2_Crono Simplificado'!GW4","v":0},{"$f":"'CRO2_Crono Simplificado'!#REF!","v":{"$error":"#REF!"}},{"$f":"'CRO2_Crono Simplificado'!GY4","v":0},{"$f":"'CRO2_Crono Simplificado'!#REF!","v":{"$error":"#REF!"}},{"$f":"'CRO2_Crono Simplificado'!HA4","v":0},{"$f":"'CRO2_Crono Simplificado'!#REF!","v":{"$error":"#REF!"}},{"$f":"'CRO2_Crono Simplificado'!HC4","v":0},{"$f":"'CRO2_Crono Simplificado'!#REF!","v":{"$error":"#REF!"}},{"$f":"'CRO2_Crono Simplificado'!HE4","v":0},{"$f":"'CRO2_Crono Simplificado'!#REF!","v":{"$error":"#REF!"}},{"$f":"'CRO2_Crono Simplificado'!HG4","v":0},{"$f":"'CRO2_Crono Simplificado'!#REF!","v":{"$error":"#REF!"}},{"$f":"'CRO2_Crono Simplificado'!HI4","v":0},{"$f":"'CRO2_Crono Simplificado'!#REF!","v":{"$error":"#REF!"}},{"$f":"'CRO2_Crono Simplificado'!HK4","v":0},{"$f":"'CRO2_Crono Simplificado'!#REF!","v":{"$error":"#REF!"}},{"$f":"'CRO2_Crono Simplificado'!HM4","v":0},{"$f":"'CRO2_Crono Simplificado'!#REF!","v":{"$error":"#REF!"}},{"$f":"'CRO2_Crono Simplificado'!HO4","v":0},{"$f":"'CRO2_Crono Simplificado'!#REF!","v":{"$error":"#REF!"}},{"$f":"'CRO2_Crono Simplificado'!HQ4","v":0},{"$f":"'CRO2_Crono Simplificado'!#REF!","v":{"$error":"#REF!"}},{"$f":"'CRO2_Crono Simplificado'!HS4","v":0},{"$f":"'CRO2_Crono Simplificado'!#REF!","v":{"$error":"#REF!"}},{"$f":"'CRO2_Crono Simplificado'!HU4","v":0},{"$f":"'CRO2_Crono Simplificado'!#REF!","v":{"$error":"#REF!"}},{"$f":"'CRO2_Crono Simplificado'!HW4","v":0},{"$f":"'CRO2_Crono Simplificado'!#REF!","v":{"$error":"#REF!"}},{"$f":"'CRO2_Crono Simplificado'!HY4","v":0},{"$f":"'CRO2_Crono Simplificado'!#REF!","v":{"$error":"#REF!"}},{"$f":"'CRO2_Crono Simplificado'!IA4","v":0},{"$f":"'CRO2_Crono Simplificado'!#REF!","v":{"$error":"#REF!"}},{"$f":"'CRO2_Crono Simplificado'!IC4","v":0},{"$f":"'CRO2_Crono Simplificado'!#REF!","v":{"$error":"#REF!"}},{"$f":"'CRO2_Crono Simplificado'!IE4","v":0},{"$f":"'CRO2_Crono Simplificado'!#REF!","v":{"$error":"#REF!"}},{"$f":"'CRO2_Crono Simplificado'!IG4","v":0},{"$f":"'CRO2_Crono Simplificado'!#REF!","v":{"$error":"#REF!"}},{"$f":"'CRO2_Crono Simplificado'!II4","v":0},{"$f":"'CRO2_Crono Simplificado'!#REF!","v":{"$error":"#REF!"}},{"$f":"'CRO2_Crono Simplificado'!IK4","v":0},{"$f":"'CRO2_Crono Simplificado'!#REF!","v":{"$error":"#REF!"}},{"$f":"'CRO2_Crono Simplificado'!IM4","v":0},{"$f":"'CRO2_Crono Simplificado'!#REF!","v":{"$error":"#REF!"}},{"$f":"'CRO2_Crono Simplificado'!IO4","v":0},{"$f":"'CRO2_Crono Simplificado'!#REF!","v":{"$error":"#REF!"}},{"$f":"'CRO2_Crono Simplificado'!IQ4","v":0},{"$f":"'CRO2_Crono Simplificado'!#REF!","v":{"$error":"#REF!"}},{"$f":"'CRO2_Crono Simplificado'!IS4","v":0},{"$f":"'CRO2_Crono Simplificado'!#REF!","v":{"$error":"#REF!"}},{"$f":"'CRO2_Crono Simplificado'!IU4","v":0},{"$f":"'CRO2_Crono Simplificado'!#REF!","v":{"$error":"#REF!"}},{"$f":"'CRO2_Crono Simplificado'!IW4","v":0},{"$f":"'CRO2_Crono Simplificado'!#REF!","v":{"$error":"#REF!"}},{"$f":"'CRO2_Crono Simplificado'!IY4","v":0},{"$f":"'CRO2_Crono Simplificado'!#REF!","v":{"$error":"#REF!"}},{"$f":"'CRO2_Crono Simplificado'!JA4","v":0},{"$f":"'CRO2_Crono Simplificado'!#REF!","v":{"$error":"#REF!"}},{"$f":"'CRO2_Crono Simplificado'!JC4","v":0},{"$f":"'CRO2_Crono Simplificado'!#REF!","v":{"$error":"#REF!"}},{"$f":"'CRO2_Crono Simplificado'!JE4","v":0},{"$f":"'CRO2_Crono Simplificado'!#REF!","v":{"$error":"#REF!"}},{"$f":"'CRO2_Crono Simplificado'!JG4","v":0},{"$f":"'CRO2_Crono Simplificado'!#REF!","v":{"$error":"#REF!"}},{"$f":"'CRO2_Crono Simplificado'!JI4","v":0},{"$f":"'CRO2_Crono Simplificado'!#REF!","v":{"$error":"#REF!"}},{"$f":"'CRO2_Crono Simplificado'!JK4","v":0},{"$f":"'CRO2_Crono Simplificado'!#REF!","v":{"$error":"#REF!"}},{"$f":"'CRO2_Crono Simplificado'!JM4","v":0},{"$f":"'CRO2_Crono Simplificado'!#REF!","v":{"$error":"#REF!"}},{"$f":"'CRO2_Crono Simplificado'!JO4","v":0},{"$f":"'CRO2_Crono Simplificado'!#REF!","v":{"$error":"#REF!"}},{"$f":"'CRO2_Crono Simplificado'!JQ4","v":0},{"$f":"'CRO2_Crono Simplificado'!#REF!","v":{"$error":"#REF!"}},{"$f":"'CRO2_Crono Simplificado'!JS4","v":0},{"$f":"'CRO2_Crono Simplificado'!#REF!","v":{"$error":"#REF!"}},{"$f":"'CRO2_Crono Simplificado'!JU4","v":0},{"$f":"'CRO2_Crono Simplificado'!#REF!","v":{"$error":"#REF!"}},{"$f":"'CRO2_Crono Simplificado'!JW4","v":0},{"$f":"'CRO2_Crono Simplificado'!#REF!","v":{"$error":"#REF!"}},{"$f":"'CRO2_Crono Simplificado'!JY4","v":0},{"$f":"'CRO2_Crono Simplificado'!#REF!","v":{"$error":"#REF!"}},{"$f":"'CRO2_Crono Simplificado'!KA4","v":0},{"$f":"'CRO2_Crono Simplificado'!#REF!","v":{"$error":"#REF!"}},{"$f":"'CRO2_Crono Simplificado'!KC4","v":0},{"$f":"'CRO2_Crono Simplificado'!#REF!","v":{"$error":"#REF!"}},{"$f":"'CRO2_Crono Simplificado'!KE4","v":0},{"$f":"'CRO2_Crono Simplificado'!#REF!","v":{"$error":"#REF!"}},{"$f":"'CRO2_Crono Simplificado'!KG4","v":0},{"$f":"'CRO2_Crono Simplificado'!#REF!","v":{"$error":"#REF!"}},{"$f":"'CRO2_Crono Simplificado'!KI4","v":0},{"$f":"'CRO2_Crono Simplificado'!#REF!","v":{"$error":"#REF!"}},{"$f":"'CRO2_Crono Simplificado'!KK4","v":0},{"$f":"'CRO2_Crono Simplificado'!#REF!","v":{"$error":"#REF!"}},{"$f":"'CRO2_Crono Simplificado'!KM4","v":0},{"$f":"'CRO2_Crono Simplificado'!#REF!","v":{"$error":"#REF!"}},{"$f":"'CRO2_Crono Simplificado'!KO4","v":0},{"$f":"'CRO2_Crono Simplificado'!#REF!","v":{"$error":"#REF!"}},{"$f":"'CRO2_Crono Simplificado'!KQ4","v":0},{"$f":"'CRO2_Crono Simplificado'!#REF!","v":{"$error":"#REF!"}},{"$f":"'CRO2_Crono Simplificado'!KS4","v":0},{"$f":"'CRO2_Crono Simplificado'!#REF!","v":{"$error":"#REF!"}},{"$f":"'CRO2_Crono Simplificado'!KU4","v":0},{"$f":"'CRO2_Crono Simplificado'!#REF!","v":{"$error":"#REF!"}},{"$f":"'CRO2_Crono Simplificado'!KW4","v":0},{"$f":"'CRO2_Crono Simplificado'!#REF!","v":{"$error":"#REF!"}},{"$f":"'CRO2_Crono Simplificado'!KY4","v":0},{"$f":"'CRO2_Crono Simplificado'!#REF!","v":{"$error":"#REF!"}},{"$f":"'CRO2_Crono Simplificado'!LA4","v":0},{"$f":"'CRO2_Crono Simplificado'!#REF!","v":{"$error":"#REF!"}},{"$f":"'CRO2_Crono Simplificado'!LC4","v":0},{"$f":"'CRO2_Crono Simplificado'!#REF!","v":{"$error":"#REF!"}},{"$f":"'CRO2_Crono Simplificado'!LE4","v":0},{"$f":"'CRO2_Crono Simplificado'!#REF!","v":{"$error":"#REF!"}},{"$f":"'CRO2_Crono Simplificado'!LG4","v":0},{"$f":"'CRO2_Crono Simplificado'!#REF!","v":{"$error":"#REF!"}},{"$f":"'CRO2_Crono Simplificado'!LI4","v":0},{"$f":"'CRO2_Crono Simplificado'!#REF!","v":{"$error":"#REF!"}},{"$f":"'CRO2_Crono Simplificado'!LK4","v":0},{"$f":"'CRO2_Crono Simplificado'!#REF!","v":{"$error":"#REF!"}},{"$f":"'CRO2_Crono Simplificado'!LM4","v":0},{"$f":"'CRO2_Crono Simplificado'!#REF!","v":{"$error":"#REF!"}},{"$f":"'CRO2_Crono Simplificado'!LO4","v":0},{"$f":"'CRO2_Crono Simplificado'!#REF!","v":{"$error":"#REF!"}},{"$f":"'CRO2_Crono Simplificado'!LQ4","v":0},{"$f":"'CRO2_Crono Simplificado'!#REF!","v":{"$error":"#REF!"}},{"$f":"'CRO2_Crono Simplificado'!LS4","v":0},{"$f":"'CRO2_Crono Simplificado'!#REF!","v":{"$error":"#REF!"}},{"$f":"'CRO2_Crono Simplificado'!LU4","v":0},{"$f":"'CRO2_Crono Simplificado'!#REF!","v":{"$error":"#REF!"}},{"$f":"'CRO2_Crono Simplificado'!LW4","v":0},{"$f":"'CRO2_Crono Simplificado'!#REF!","v":{"$error":"#REF!"}},{"$f":"'CRO2_Crono Simplificado'!LY4","v":0},{"$f":"'CRO2_Crono Simplificado'!#REF!","v":{"$error":"#REF!"}},{"$f":"'CRO2_Crono Simplificado'!MA4","v":0},{"$f":"'CRO2_Crono Simplificado'!#REF!","v":{"$error":"#REF!"}},{"$f":"'CRO2_Crono Simplificado'!MC4","v":0},{"$f":"'CRO2_Crono Simplificado'!#REF!","v":{"$error":"#REF!"}},{"$f":"'CRO2_Crono Simplificado'!ME4","v":0},{"$f":"'CRO2_Crono Simplificado'!#REF!","v":{"$error":"#REF!"}},{"$f":"'CRO2_Crono Simplificado'!MG4","v":0},{"$f":"'CRO2_Crono Simplificado'!#REF!","v":{"$error":"#REF!"}},{"$f":"'CRO2_Crono Simplificado'!MI4","v":0},{"$f":"'CRO2_Crono Simplificado'!#REF!","v":{"$error":"#REF!"}},{"$f":"'CRO2_Crono Simplificado'!MK4","v":0},{"$f":"'CRO2_Crono Simplificado'!#REF!","v":{"$error":"#REF!"}},{"$f":"'CRO2_Crono Simplificado'!MM4","v":0},{"$f":"'CRO2_Crono Simplificado'!#REF!","v":{"$error":"#REF!"}},{"$f":"'CRO2_Crono Simplificado'!MO4","v":0},{"$f":"'CRO2_Crono Simplificado'!#REF!","v":{"$error":"#REF!"}},{"$f":"'CRO2_Crono Simplificado'!MQ4","v":0},{"$f":"'CRO2_Crono Simplificado'!#REF!","v":{"$error":"#REF!"}},{"$f":"'CRO2_Crono Simplificado'!MS4","v":0},{"$f":"'CRO2_Crono Simplificado'!#REF!","v":{"$error":"#REF!"}},{"$f":"'CRO2_Crono Simplificado'!MU4","v":0},{"$f":"'CRO2_Crono Simplificado'!#REF!","v":{"$error":"#REF!"}},{"$f":"'CRO2_Crono Simplificado'!MW4","v":0},{"$f":"'CRO2_Crono Simplificado'!#REF!","v":{"$error":"#REF!"}},{"$f":"'CRO2_Crono Simplificado'!MY4","v":0},{"$f":"'CRO2_Crono Simplificado'!#REF!","v":{"$error":"#REF!"}},{"$f":"'CRO2_Crono Simplificado'!NA4","v":0},{"$f":"'CRO2_Crono Simplificado'!#REF!","v":{"$error":"#REF!"}},{"$f":"'CRO2_Crono Simplificado'!NC4","v":0},{"$f":"'CRO2_Crono Simplificado'!#REF!","v":{"$error":"#REF!"}},{"$f":"'CRO2_Crono Simplificado'!NE4","v":0},{"$f":"'CRO2_Crono Simplificado'!#REF!","v":{"$error":"#REF!"}},{"$f":"'CRO2_Crono Simplificado'!NG4","v":0},{"$f":"'CRO2_Crono Simplificado'!#REF!","v":{"$error":"#REF!"}},{"$f":"'CRO2_Crono Simplificado'!NI4","v":0},{"$f":"'CRO2_Crono Simplificado'!#REF!","v":{"$error":"#REF!"}},{"$f":"'CRO2_Crono Simplificado'!NK4","v":0},{"$f":"'CRO2_Crono Simplificado'!#REF!","v":{"$error":"#REF!"}},{"$f":"'CRO2_Crono Simplificado'!NM4","v":0},{"$f":"'CRO2_Crono Simplificado'!#REF!","v":{"$error":"#REF!"}},{"$f":"'CRO2_Crono Simplificado'!NO4","v":0},{"$f":"'CRO2_Crono Simplificado'!#REF!","v":{"$error":"#REF!"}},{"$f":"'CRO2_Crono Simplificado'!NQ4","v":0},{"$f":"'CRO2_Crono Simplificado'!#REF!","v":{"$error":"#REF!"}},{"$f":"'CRO2_Crono Simplificado'!NS4","v":0},{"$f":"'CRO2_Crono Simplificado'!#REF!","v":{"$error":"#REF!"}},{"$f":"'CRO2_Crono Simplificado'!NU4","v":0},{"$f":"'CRO2_Crono Simplificado'!#REF!","v":{"$error":"#REF!"}},{"$f":"'CRO2_Crono Simplificado'!NW4","v":0},{"$f":"'CRO2_Crono Simplificado'!#REF!","v":{"$error":"#REF!"}},{"$f":"'CRO2_Crono Simplificado'!NY4","v":0},{"$f":"'CRO2_Crono Simplificado'!#REF!","v":{"$error":"#REF!"}},{"$f":"'CRO2_Crono Simplificado'!OA4","v":0},{"$f":"'CRO2_Crono Simplificado'!#REF!","v":{"$error":"#REF!"}},{"$f":"'CRO2_Crono Simplificado'!OC4","v":0},{"$f":"'CRO2_Crono Simplificado'!#REF!","v":{"$error":"#REF!"}},{"$f":"'CRO2_Crono Simplificado'!OE4","v":0},{"$f":"'CRO2_Crono Simplificado'!#REF!","v":{"$error":"#REF!"}},{"$f":"'CRO2_Crono Simplificado'!OG4","v":0},{"$f":"'CRO2_Crono Simplificado'!#REF!","v":{"$error":"#REF!"}},{"$f":"'CRO2_Crono Simplificado'!OI4","v":0},{"$f":"'CRO2_Crono Simplificado'!#REF!","v":{"$error":"#REF!"}},{"$f":"'CRO2_Crono Simplificado'!OK4","v":0},{"$f":"'CRO2_Crono Simplificado'!#REF!","v":{"$error":"#REF!"}},{"$f":"'CRO2_Crono Simplificado'!OM4","v":0},{"$f":"'CRO2_Crono Simplificado'!#REF!","v":{"$error":"#REF!"}},{"$f":"'CRO2_Crono Simplificado'!OO4","v":0},{"$f":"'CRO2_Crono Simplificado'!#REF!","v":{"$error":"#REF!"}},{"$f":"'CRO2_Crono Simplificado'!OQ4","v":0},{"$f":"'CRO2_Crono Simplificado'!#REF!","v":{"$error":"#REF!"}},{"$f":"'CRO2_Crono Simplificado'!OS4","v":0},{"$f":"'CRO2_Crono Simplificado'!#REF!","v":{"$error":"#REF!"}},{"$f":"'CRO2_Crono Simplificado'!OU4","v":0},{"$f":"'CRO2_Crono Simplificado'!#REF!","v":{"$error":"#REF!"}},{"$f":"'CRO2_Crono Simplificado'!OW4","v":0},{"$f":"'CRO2_Crono Simplificado'!#REF!","v":{"$error":"#REF!"}},{"$f":"'CRO2_Crono Simplificado'!OY4","v":0},{"$f":"'CRO2_Crono Simplificado'!#REF!","v":{"$error":"#REF!"}},{"$f":"'CRO2_Crono Simplificado'!PA4","v":0},{"$f":"'CRO2_Crono Simplificado'!#REF!","v":{"$error":"#REF!"}},{"$f":"'CRO2_Crono Simplificado'!PC4","v":0},{"$f":"'CRO2_Crono Simplificado'!#REF!","v":{"$error":"#REF!"}},{"$f":"'CRO2_Crono Simplificado'!PE4","v":0},{"$f":"'CRO2_Crono Simplificado'!#REF!","v":{"$error":"#REF!"}},{"$f":"'CRO2_Crono Simplificado'!PG4","v":0},{"$f":"'CRO2_Crono Simplificado'!#REF!","v":{"$error":"#REF!"}},{"$f":"'CRO2_Crono Simplificado'!PI4","v":0},{"$f":"'CRO2_Crono Simplificado'!#REF!","v":{"$error":"#REF!"}},{"$f":"'CRO2_Crono Simplificado'!PK4","v":0},{"$f":"'CRO2_Crono Simplificado'!#REF!","v":{"$error":"#REF!"}},{"$f":"'CRO2_Crono Simplificado'!PM4","v":0},{"$f":"'CRO2_Crono Simplificado'!#REF!","v":{"$error":"#REF!"}},{"$f":"'CRO2_Crono Simplificado'!PO4","v":0},{"$f":"'CRO2_Crono Simplificado'!#REF!","v":{"$error":"#REF!"}},{"$f":"'CRO2_Crono Simplificado'!PQ4","v":0},{"$f":"'CRO2_Crono Simplificado'!#REF!","v":{"$error":"#REF!"}},{"$f":"'CRO2_Crono Simplificado'!PS4","v":0},{"$f":"'CRO2_Crono Simplificado'!#REF!","v":{"$error":"#REF!"}},{"$f":"'CRO2_Crono Simplificado'!PU4","v":0},{"$f":"'CRO2_Crono Simplificado'!#REF!","v":{"$error":"#REF!"}},{"$f":"'CRO2_Crono Simplificado'!PW4","v":0},{"$f":"'CRO2_Crono Simplificado'!#REF!","v":{"$error":"#REF!"}},{"$f":"'CRO2_Crono Simplificado'!PY4","v":0},{"$f":"'CRO2_Crono Simplificado'!#REF!","v":{"$error":"#REF!"}},{"$f":"'CRO2_Crono Simplificado'!QA4","v":0},{"$f":"'CRO2_Crono Simplificado'!#REF!","v":{"$error":"#REF!"}},{"$f":"'CRO2_Crono Simplificado'!QC4","v":0},{"$f":"'CRO2_Crono Simplificado'!#REF!","v":{"$error":"#REF!"}},{"$f":"'CRO2_Crono Simplificado'!QE4","v":0},{"$f":"'CRO2_Crono Simplificado'!#REF!","v":{"$error":"#REF!"}},{"$f":"'CRO2_Crono Simplificado'!QG4","v":0},{"$f":"'CRO2_Crono Simplificado'!#REF!","v":{"$error":"#REF!"}},{"$f":"'CRO2_Crono Simplificado'!QI4","v":0},{"$f":"'CRO2_Crono Simplificado'!#REF!","v":{"$error":"#REF!"}},{"$f":"'CRO2_Crono Simplificado'!QK4","v":0},{"$f":"'CRO2_Crono Simplificado'!#REF!","v":{"$error":"#REF!"}},{"$f":"'CRO2_Crono Simplificado'!QM4","v":0},{"$f":"'CRO2_Crono Simplificado'!#REF!","v":{"$error":"#REF!"}},{"$f":"'CRO2_Crono Simplificado'!QO4","v":0},{"$f":"'CRO2_Crono Simplificado'!#REF!","v":{"$error":"#REF!"}},{"$f":"'CRO2_Crono Simplificado'!QQ4","v":0},{"$f":"'CRO2_Crono Simplificado'!#REF!","v":{"$error":"#REF!"}},{"$f":"'CRO2_Crono Simplificado'!QS4","v":0},{"$f":"'CRO2_Crono Simplificado'!#REF!","v":{"$error":"#REF!"}},{"$f":"'CRO2_Crono Simplificado'!QU4","v":0},{"$f":"'CRO2_Crono Simplificado'!#REF!","v":{"$error":"#REF!"}},{"$f":"'CRO2_Crono Simplificado'!QW4","v":0},{"$f":"'CRO2_Crono Simplificado'!#REF!","v":{"$error":"#REF!"}},{"$f":"'CRO2_Crono Simplificado'!QY4","v":0},{"$f":"'CRO2_Crono Simplificado'!#REF!","v":{"$error":"#REF!"}},{"$f":"'CRO2_Crono Simplificado'!RA4","v":0},{"$f":"'CRO2_Crono Simplificado'!#REF!","v":{"$error":"#REF!"}},{"$f":"'CRO2_Crono Simplificado'!RC4","v":0},{"$f":"'CRO2_Crono Simplificado'!#REF!","v":{"$error":"#REF!"}},{"$f":"'CRO2_Crono Simplificado'!RE4","v":0},{"$f":"'CRO2_Crono Simplificado'!#REF!","v":{"$error":"#REF!"}},{"$f":"'CRO2_Crono Simplificado'!RG4","v":0},{"$f":"'CRO2_Crono Simplificado'!#REF!","v":{"$error":"#REF!"}},{"$f":"'CRO2_Crono Simplificado'!RI4","v":0},{"$f":"'CRO2_Crono Simplificado'!#REF!","v":{"$error":"#REF!"}},{"$f":"'CRO2_Crono Simplificado'!RK4","v":0},{"$f":"'CRO2_Crono Simplificado'!#REF!","v":{"$error":"#REF!"}},{"$f":"'CRO2_Crono Simplificado'!RM4","v":0},{"$f":"'CRO2_Crono Simplificado'!#REF!","v":{"$error":"#REF!"}},{"$f":"'CRO2_Crono Simplificado'!RO4","v":0},{"$f":"'CRO2_Crono Simplificado'!#REF!","v":{"$error":"#REF!"}},{"$f":"'CRO2_Crono Simplificado'!RQ4","v":0},{"$f":"'CRO2_Crono Simplificado'!#REF!","v":{"$error":"#REF!"}},{"$f":"'CRO2_Crono Simplificado'!RS4","v":0},{"$f":"'CRO2_Crono Simplificado'!#REF!","v":{"$error":"#REF!"}},{"$f":"'CRO2_Crono Simplificado'!RU4","v":0},{"$f":"'CRO2_Crono Simplificado'!#REF!","v":{"$error":"#REF!"}},{"$f":"'CRO2_Crono Simplificado'!RW4","v":0},{"$f":"'CRO2_Crono Simplificado'!#REF!","v":{"$error":"#REF!"}},{"$f":"'CRO2_Crono Simplificado'!RY4","v":0},{"$f":"'CRO2_Crono Simplificado'!#REF!","v":{"$error":"#REF!"}},{"$f":"'CRO2_Crono Simplificado'!SA4","v":0},{"$f":"'CRO2_Crono Simplificado'!#REF!","v":{"$error":"#REF!"}},{"$f":"'CRO2_Crono Simplificado'!SC4","v":0},{"$f":"'CRO2_Crono Simplificado'!#REF!","v":{"$error":"#REF!"}},{"$f":"'CRO2_Crono Simplificado'!SE4","v":0},{"$f":"'CRO2_Crono Simplificado'!#REF!","v":{"$error":"#REF!"}},{"$f":"'CRO2_Crono Simplificado'!SG4","v":0},{"$f":"'CRO2_Crono Simplificado'!#REF!","v":{"$error":"#REF!"}},{"$f":"'CRO2_Crono Simplificado'!SI4","v":0},{"$f":"'CRO2_Crono Simplificado'!#REF!","v":{"$error":"#REF!"}},{"$f":"'CRO2_Crono Simplificado'!SK4","v":0},{"$f":"'CRO2_Crono Simplificado'!#REF!","v":{"$error":"#REF!"}},{"$f":"'CRO2_Crono Simplificado'!SM4","v":0},{"$f":"'CRO2_Crono Simplificado'!#REF!","v":{"$error":"#REF!"}},{"$f":"'CRO2_Crono Simplificado'!SO4","v":0},{"$f":"'CRO2_Crono Simplificado'!#REF!","v":{"$error":"#REF!"}},{"$f":"'CRO2_Crono Simplificado'!SQ4","v":0},{"$f":"'CRO2_Crono Simplificado'!#REF!","v":{"$error":"#REF!"}},{"$f":"'CRO2_Crono Simplificado'!SS4","v":0},{"$f":"'CRO2_Crono Simplificado'!#REF!","v":{"$error":"#REF!"}},{"$f":"'CRO2_Crono Simplificado'!SU4","v":0},{"$f":"'CRO2_Crono Simplificado'!#REF!","v":{"$error":"#REF!"}},{"$f":"'CRO2_Crono Simplificado'!SW4","v":0},{"$f":"'CRO2_Crono Simplificado'!#REF!","v":{"$error":"#REF!"}},{"$f":"'CRO2_Crono Simplificado'!SY4","v":0},{"$f":"'CRO2_Crono Simplificado'!#REF!","v":{"$error":"#REF!"}},{"$f":"'CRO2_Crono Simplificado'!TA4","v":0},{"$f":"'CRO2_Crono Simplificado'!#REF!","v":{"$error":"#REF!"}},{"$f":"'CRO2_Crono Simplificado'!TC4","v":0},{"$f":"'CRO2_Crono Simplificado'!#REF!","v":{"$error":"#REF!"}},{"$f":"'CRO2_Crono Simplificado'!TE4","v":0},{"$f":"'CRO2_Crono Simplificado'!#REF!","v":{"$error":"#REF!"}},{"$f":"'CRO2_Crono Simplificado'!TG4","v":0},{"$f":"'CRO2_Crono Simplificado'!#REF!","v":{"$error":"#REF!"}},{"$f":"'CRO2_Crono Simplificado'!TI4","v":0},{"$f":"'CRO2_Crono Simplificado'!#REF!","v":{"$error":"#REF!"}},{"$f":"'CRO2_Crono Simplificado'!TK4","v":0},{"$f":"'CRO2_Crono Simplificado'!#REF!","v":{"$error":"#REF!"}},{"$f":"'CRO2_Crono Simplificado'!TM4","v":0},{"$f":"'CRO2_Crono Simplificado'!#REF!","v":{"$error":"#REF!"}},{"$f":"'CRO2_Crono Simplificado'!TO4","v":0},{"$f":"'CRO2_Crono Simplificado'!#REF!","v":{"$error":"#REF!"}},{"$f":"'CRO2_Crono Simplificado'!TQ4","v":0},{"$f":"'CRO2_Crono Simplificado'!#REF!","v":{"$error":"#REF!"}},{"$f":"'CRO2_Crono Simplificado'!TS4","v":0},{"$f":"'CRO2_Crono Simplificado'!#REF!","v":{"$error":"#REF!"}},{"$f":"'CRO2_Crono Simplificado'!TU4","v":0},{"$f":"'CRO2_Crono Simplificado'!#REF!","v":{"$error":"#REF!"}},{"$f":"'CRO2_Crono Simplificado'!TW4","v":0},{"$f":"'CRO2_Crono Simplificado'!#REF!","v":{"$error":"#REF!"}},{"$f":"'CRO2_Crono Simplificado'!TY4","v":0},{"$f":"'CRO2_Crono Simplificado'!#REF!","v":{"$error":"#REF!"}},{"$f":"'CRO2_Crono Simplificado'!UA4","v":0},{"$f":"'CRO2_Crono Simplificado'!#REF!","v":{"$error":"#REF!"}},{"$f":"'CRO2_Crono Simplificado'!UC4","v":0},{"$f":"'CRO2_Crono Simplificado'!#REF!","v":{"$error":"#REF!"}},{"$f":"'CRO2_Crono Simplificado'!UE4","v":0},{"$f":"'CRO2_Crono Simplificado'!#REF!","v":{"$error":"#REF!"}},{"$f":"'CRO2_Crono Simplificado'!UG4","v":0},{"$f":"'CRO2_Crono Simplificado'!#REF!","v":{"$error":"#REF!"}},{"$f":"'CRO2_Crono Simplificado'!UI4","v":0},{"$f":"'CRO2_Crono Simplificado'!#REF!","v":{"$error":"#REF!"}},{"$f":"'CRO2_Crono Simplificado'!UK4","v":0},{"$f":"'CRO2_Crono Simplificado'!#REF!","v":{"$error":"#REF!"}},{"$f":"'CRO2_Crono Simplificado'!UM4","v":0},{"$f":"'CRO2_Crono Simplificado'!#REF!","v":{"$error":"#REF!"}},{"$f":"'CRO2_Crono Simplificado'!UO4","v":0},{"$f":"'CRO2_Crono Simplificado'!#REF!","v":{"$error":"#REF!"}},{"$f":"'CRO2_Crono Simplificado'!UQ4","v":0},{"$f":"'CRO2_Crono Simplificado'!#REF!","v":{"$error":"#REF!"}},{"$f":"'CRO2_Crono Simplificado'!US4","v":0},{"$f":"'CRO2_Crono Simplificado'!#REF!","v":{"$error":"#REF!"}},{"$f":"'CRO2_Crono Simplificado'!UU4","v":0},{"$f":"'CRO2_Crono Simplificado'!#REF!","v":{"$error":"#REF!"}},{"$f":"'CRO2_Crono Simplificado'!UW4","v":0},{"$f":"'CRO2_Crono Simplificado'!#REF!","v":{"$error":"#REF!"}},{"$f":"'CRO2_Crono Simplificado'!UY4","v":0},{"$f":"'CRO2_Crono Simplificado'!#REF!","v":{"$error":"#REF!"}},{"$f":"'CRO2_Crono Simplificado'!VA4","v":0},{"$f":"'CRO2_Crono Simplificado'!#REF!","v":{"$error":"#REF!"}},{"$f":"'CRO2_Crono Simplificado'!VC4","v":0},{"$f":"'CRO2_Crono Simplificado'!#REF!","v":{"$error":"#REF!"}},{"$f":"'CRO2_Crono Simplificado'!VE4","v":0},{"$f":"'CRO2_Crono Simplificado'!#REF!","v":{"$error":"#REF!"}},{"$f":"'CRO2_Crono Simplificado'!VG4","v":0},{"$f":"'CRO2_Crono Simplificado'!#REF!","v":{"$error":"#REF!"}},{"$f":"'CRO2_Crono Simplificado'!VI4","v":0},{"$f":"'CRO2_Crono Simplificado'!#REF!","v":{"$error":"#REF!"}},{"$f":"'CRO2_Crono Simplificado'!VK4","v":0},{"$f":"'CRO2_Crono Simplificado'!#REF!","v":{"$error":"#REF!"}},{"$f":"'CRO2_Crono Simplificado'!VM4","v":0},{"$f":"'CRO2_Crono Simplificado'!#REF!","v":{"$error":"#REF!"}},{"$f":"'CRO2_Crono Simplificado'!VO4","v":0},{"$f":"'CRO2_Crono Simplificado'!#REF!","v":{"$error":"#REF!"}},{"$f":"'CRO2_Crono Simplificado'!VQ4","v":0},{"$f":"'CRO2_Crono Simplificado'!#REF!","v":{"$error":"#REF!"}},{"$f":"'CRO2_Crono Simplificado'!VS4","v":0},{"$f":"'CRO2_Crono Simplificado'!#REF!","v":{"$error":"#REF!"}},{"$f":"'CRO2_Crono Simplificado'!VU4","v":0},{"$f":"'CRO2_Crono Simplificado'!#REF!","v":{"$error":"#REF!"}},{"$f":"'CRO2_Crono Simplificado'!VW4","v":0},{"$f":"'CRO2_Crono Simplificado'!#REF!","v":{"$error":"#REF!"}},{"$f":"'CRO2_Crono Simplificado'!VY4","v":0},{"$f":"'CRO2_Crono Simplificado'!#REF!","v":{"$error":"#REF!"}},{"$f":"'CRO2_Crono Simplificado'!WA4","v":0},{"$f":"'CRO2_Crono Simplificado'!#REF!","v":{"$error":"#REF!"}},{"$f":"'CRO2_Crono Simplificado'!WC4","v":0},{"$f":"'CRO2_Crono Simplificado'!#REF!","v":{"$error":"#REF!"}},{"$f":"'CRO2_Crono Simplificado'!WE4","v":0},{"$f":"'CRO2_Crono Simplificado'!#REF!","v":{"$error":"#REF!"}},{"$f":"'CRO2_Crono Simplificado'!WG4","v":0},{"$f":"'CRO2_Crono Simplificado'!#REF!","v":{"$error":"#REF!"}},{"$f":"'CRO2_Crono Simplificado'!WI4","v":0},{"$f":"'CRO2_Crono Simplificado'!#REF!","v":{"$error":"#REF!"}},{"$f":"'CRO2_Crono Simplificado'!WK4","v":0},{"$f":"'CRO2_Crono Simplificado'!#REF!","v":{"$error":"#REF!"}},{"$f":"'CRO2_Crono Simplificado'!WM4","v":0},{"$f":"'CRO2_Crono Simplificado'!#REF!","v":{"$error":"#REF!"}},{"$f":"'CRO2_Crono Simplificado'!WO4","v":0},{"$f":"'CRO2_Crono Simplificado'!#REF!","v":{"$error":"#REF!"}},{"$f":"'CRO2_Crono Simplificado'!WQ4","v":0},{"$f":"'CRO2_Crono Simplificado'!#REF!","v":{"$error":"#REF!"}},{"$f":"'CRO2_Crono Simplificado'!WS4","v":0},{"$f":"'CRO2_Crono Simplificado'!#REF!","v":{"$error":"#REF!"}},{"$f":"'CRO2_Crono Simplificado'!WU4","v":0},{"$f":"'CRO2_Crono Simplificado'!#REF!","v":{"$error":"#REF!"}},{"$f":"'CRO2_Crono Simplificado'!WW4","v":0},{"$f":"'CRO2_Crono Simplificado'!#REF!","v":{"$error":"#REF!"}},{"$f":"'CRO2_Crono Simplificado'!WY4","v":0},{"$f":"'CRO2_Crono Simplificado'!#REF!","v":{"$error":"#REF!"}},{"$f":"'CRO2_Crono Simplificado'!XA4","v":0},{"$f":"'CRO2_Crono Simplificado'!#REF!","v":{"$error":"#REF!"}},{"$f":"'CRO2_Crono Simplificado'!XC4","v":0},{"$f":"'CRO2_Crono Simplificado'!#REF!","v":{"$error":"#REF!"}},{"$f":"'CRO2_Crono Simplificado'!XE4","v":0},{"$f":"'CRO2_Crono Simplificado'!#REF!","v":{"$error":"#REF!"}},{"$f":"'CRO2_Crono Simplificado'!XG4","v":0},{"$f":"'CRO2_Crono Simplificado'!#REF!","v":{"$error":"#REF!"}},{"$f":"'CRO2_Crono Simplificado'!XI4","v":0},{"$f":"'CRO2_Crono Simplificado'!#REF!","v":{"$error":"#REF!"}},{"$f":"'CRO2_Crono Simplificado'!XK4","v":0},{"$f":"'CRO2_Crono Simplificado'!#REF!","v":{"$error":"#REF!"}},{"$f":"'CRO2_Crono Simplificado'!XM4","v":0},{"$f":"'CRO2_Crono Simplificado'!#REF!","v":{"$error":"#REF!"}},{"$f":"'CRO2_Crono Simplificado'!XO4","v":0},{"$f":"'CRO2_Crono Simplificado'!#REF!","v":{"$error":"#REF!"}},{"$f":"'CRO2_Crono Simplificado'!XQ4","v":0},{"$f":"'CRO2_Crono Simplificado'!#REF!","v":{"$error":"#REF!"}},{"$f":"'CRO2_Crono Simplificado'!XS4","v":0},{"$f":"'CRO2_Crono Simplificado'!#REF!","v":{"$error":"#REF!"}},{"$f":"'CRO2_Crono Simplificado'!XU4","v":0},{"$f":"'CRO2_Crono Simplificado'!#REF!","v":{"$error":"#REF!"}},{"$f":"'CRO2_Crono Simplificado'!XW4","v":0},{"$f":"'CRO2_Crono Simplificado'!#REF!","v":{"$error":"#REF!"}},{"$f":"'CRO2_Crono Simplificado'!XY4","v":0},{"$f":"'CRO2_Crono Simplificado'!#REF!","v":{"$error":"#REF!"}},{"$f":"'CRO2_Crono Simplificado'!YA4","v":0},{"$f":"'CRO2_Crono Simplificado'!#REF!","v":{"$error":"#REF!"}},{"$f":"'CRO2_Crono Simplificado'!YC4","v":0},{"$f":"'CRO2_Crono Simplificado'!#REF!","v":{"$error":"#REF!"}},{"$f":"'CRO2_Crono Simplificado'!YE4","v":0},{"$f":"'CRO2_Crono Simplificado'!#REF!","v":{"$error":"#REF!"}},{"$f":"'CRO2_Crono Simplificado'!YG4","v":0},{"$f":"'CRO2_Crono Simplificado'!#REF!","v":{"$error":"#REF!"}},{"$f":"'CRO2_Crono Simplificado'!YI4","v":0},{"$f":"'CRO2_Crono Simplificado'!#REF!","v":{"$error":"#REF!"}},{"$f":"'CRO2_Crono Simplificado'!YK4","v":0},{"$f":"'CRO2_Crono Simplificado'!#REF!","v":{"$error":"#REF!"}},{"$f":"'CRO2_Crono Simplificado'!YM4","v":0},{"$f":"'CRO2_Crono Simplificado'!#REF!","v":{"$error":"#REF!"}},{"$f":"'CRO2_Crono Simplificado'!YO4","v":0},{"$f":"'CRO2_Crono Simplificado'!#REF!","v":{"$error":"#REF!"}},{"$f":"'CRO2_Crono Simplificado'!YQ4","v":0},{"$f":"'CRO2_Crono Simplificado'!#REF!","v":{"$error":"#REF!"}},{"$f":"'CRO2_Crono Simplificado'!YS4","v":0},{"$f":"'CRO2_Crono Simplificado'!#REF!","v":{"$error":"#REF!"}},{"$f":"'CRO2_Crono Simplificado'!YU4","v":0},{"$f":"'CRO2_Crono Simplificado'!#REF!","v":{"$error":"#REF!"}},{"$f":"'CRO2_Crono Simplificado'!YW4","v":0},{"$f":"'CRO2_Crono Simplificado'!#REF!","v":{"$error":"#REF!"}},{"$f":"'CRO2_Crono Simplificado'!YY4","v":0},{"$f":"'CRO2_Crono Simplificado'!#REF!","v":{"$error":"#REF!"}},{"$f":"'CRO2_Crono Simplificado'!ZA4","v":0},{"$f":"'CRO2_Crono Simplificado'!#REF!","v":{"$error":"#REF!"}},{"$f":"'CRO2_Crono Simplificado'!ZC4","v":0},{"$f":"'CRO2_Crono Simplificado'!#REF!","v":{"$error":"#REF!"}},{"$f":"'CRO2_Crono Simplificado'!ZE4","v":0},{"$f":"'CRO2_Crono Simplificado'!#REF!","v":{"$error":"#REF!"}},{"$f":"'CRO2_Crono Simplificado'!ZG4","v":0},{"$f":"'CRO2_Crono Simplificado'!#REF!","v":{"$error":"#REF!"}},{"$f":"'CRO2_Crono Simplificado'!ZI4","v":0},{"$f":"'CRO2_Crono Simplificado'!#REF!","v":{"$error":"#REF!"}},{"$f":"'CRO2_Crono Simplificado'!ZK4","v":0},{"$f":"'CRO2_Crono Simplificado'!#REF!","v":{"$error":"#REF!"}},{"$f":"'CRO2_Crono Simplificado'!ZM4","v":0},{"$f":"'CRO2_Crono Simplificado'!#REF!","v":{"$error":"#REF!"}},{"$f":"'CRO2_Crono Simplificado'!ZO4","v":0},{"$f":"'CRO2_Crono Simplificado'!#REF!","v":{"$error":"#REF!"}},{"$f":"'CRO2_Crono Simplificado'!ZQ4","v":0},{"$f":"'CRO2_Crono Simplificado'!#REF!","v":{"$error":"#REF!"}},{"$f":"'CRO2_Crono Simplificado'!ZS4","v":0},{"$f":"'CRO2_Crono Simplificado'!#REF!","v":{"$error":"#REF!"}},{"$f":"'CRO2_Crono Simplificado'!ZU4","v":0},{"$f":"'CRO2_Crono Simplificado'!#REF!","v":{"$error":"#REF!"}},{"$f":"'CRO2_Crono Simplificado'!ZW4","v":0},{"$f":"'CRO2_Crono Simplificado'!#REF!","v":{"$error":"#REF!"}},{"$f":"'CRO2_Crono Simplificado'!ZY4","v":0},{"$f":"'CRO2_Crono Simplificado'!#REF!","v":{"$error":"#REF!"}},{"$f":"'CRO2_Crono Simplificado'!AAA4","v":0},{"$f":"'CRO2_Crono Simplificado'!#REF!","v":{"$error":"#REF!"}},{"$f":"'CRO2_Crono Simplificado'!AAC4","v":0},{"$f":"'CRO2_Crono Simplificado'!#REF!","v":{"$error":"#REF!"}},{"$f":"'CRO2_Crono Simplificado'!AAE4","v":0},{"$f":"'CRO2_Crono Simplificado'!#REF!","v":{"$error":"#REF!"}},{"$f":"'CRO2_Crono Simplificado'!AAG4","v":0},{"$f":"'CRO2_Crono Simplificado'!#REF!","v":{"$error":"#REF!"}},{"$f":"'CRO2_Crono Simplificado'!AAI4","v":0},{"$f":"'CRO2_Crono Simplificado'!#REF!","v":{"$error":"#REF!"}},{"$f":"'CRO2_Crono Simplificado'!AAK4","v":0},{"$f":"'CRO2_Crono Simplificado'!#REF!","v":{"$error":"#REF!"}},{"$f":"'CRO2_Crono Simplificado'!AAM4","v":0},{"$f":"'CRO2_Crono Simplificado'!#REF!","v":{"$error":"#REF!"}},{"$f":"'CRO2_Crono Simplificado'!AAO4","v":0},{"$f":"'CRO2_Crono Simplificado'!#REF!","v":{"$error":"#REF!"}},{"$f":"'CRO2_Crono Simplificado'!AAQ4","v":0},{"$f":"'CRO2_Crono Simplificado'!#REF!","v":{"$error":"#REF!"}},{"$f":"'CRO2_Crono Simplificado'!AAS4","v":0},{"$f":"'CRO2_Crono Simplificado'!#REF!","v":{"$error":"#REF!"}},{"$f":"'CRO2_Crono Simplificado'!AAU4","v":0},{"$f":"'CRO2_Crono Simplificado'!#REF!","v":{"$error":"#REF!"}},{"$f":"'CRO2_Crono Simplificado'!AAW4","v":0},{"$f":"'CRO2_Crono Simplificado'!#REF!","v":{"$error":"#REF!"}},{"$f":"'CRO2_Crono Simplificado'!AAY4","v":0},{"$f":"'CRO2_Crono Simplificado'!#REF!","v":{"$error":"#REF!"}},{"$f":"'CRO2_Crono Simplificado'!ABA4","v":0},{"$f":"'CRO2_Crono Simplificado'!#REF!","v":{"$error":"#REF!"}},{"$f":"'CRO2_Crono Simplificado'!ABC4","v":0},{"$f":"'CRO2_Crono Simplificado'!#REF!","v":{"$error":"#REF!"}},{"$f":"'CRO2_Crono Simplificado'!ABE4","v":0},{"$f":"'CRO2_Crono Simplificado'!#REF!","v":{"$error":"#REF!"}},{"$f":"'CRO2_Crono Simplificado'!ABG4","v":0},{"$f":"'CRO2_Crono Simplificado'!#REF!","v":{"$error":"#REF!"}},{"$f":"'CRO2_Crono Simplificado'!ABI4","v":0},{"$f":"'CRO2_Crono Simplificado'!#REF!","v":{"$error":"#REF!"}},{"$f":"'CRO2_Crono Simplificado'!ABK4","v":0},{"$f":"'CRO2_Crono Simplificado'!#REF!","v":{"$error":"#REF!"}},{"$f":"'CRO2_Crono Simplificado'!ABM4","v":0},{"$f":"'CRO2_Crono Simplificado'!#REF!","v":{"$error":"#REF!"}},{"$f":"'CRO2_Crono Simplificado'!ABO4","v":0},{"$f":"'CRO2_Crono Simplificado'!#REF!","v":{"$error":"#REF!"}},{"$f":"'CRO2_Crono Simplificado'!ABQ4","v":0},{"$f":"'CRO2_Crono Simplificado'!#REF!","v":{"$error":"#REF!"}},{"$f":"'CRO2_Crono Simplificado'!ABS4","v":0},{"$f":"'CRO2_Crono Simplificado'!#REF!","v":{"$error":"#REF!"}},{"$f":"'CRO2_Crono Simplificado'!ABU4","v":0},{"$f":"'CRO2_Crono Simplificado'!#REF!","v":{"$error":"#REF!"}},{"$f":"'CRO2_Crono Simplificado'!ABW4","v":0},{"$f":"'CRO2_Crono Simplificado'!#REF!","v":{"$error":"#REF!"}},{"$f":"'CRO2_Crono Simplificado'!ABY4","v":0},{"$f":"'CRO2_Crono Simplificado'!#REF!","v":{"$error":"#REF!"}},{"$f":"'CRO2_Crono Simplificado'!ACA4","v":0},{"$f":"'CRO2_Crono Simplificado'!#REF!","v":{"$error":"#REF!"}},{"$f":"'CRO2_Crono Simplificado'!ACC4","v":0},{"$f":"'CRO2_Crono Simplificado'!#REF!","v":{"$error":"#REF!"}},{"$f":"'CRO2_Crono Simplificado'!ACE4","v":0},{"$f":"'CRO2_Crono Simplificado'!#REF!","v":{"$error":"#REF!"}},{"$f":"'CRO2_Crono Simplificado'!ACG4","v":0},{"$f":"'CRO2_Crono Simplificado'!#REF!","v":{"$error":"#REF!"}},{"$f":"'CRO2_Crono Simplificado'!ACI4","v":0},{"$f":"'CRO2_Crono Simplificado'!#REF!","v":{"$error":"#REF!"}},{"$f":"'CRO2_Crono Simplificado'!ACK4","v":0},{"$f":"'CRO2_Crono Simplificado'!#REF!","v":{"$error":"#REF!"}},{"$f":"'CRO2_Crono Simplificado'!ACM4","v":0},{"$f":"'CRO2_Crono Simplificado'!#REF!","v":{"$error":"#REF!"}},{"$f":"'CRO2_Crono Simplificado'!ACO4","v":0},{"$f":"'CRO2_Crono Simplificado'!#REF!","v":{"$error":"#REF!"}},{"$f":"'CRO2_Crono Simplificado'!ACQ4","v":0},{"$f":"'CRO2_Crono Simplificado'!#REF!","v":{"$error":"#REF!"}},{"$f":"'CRO2_Crono Simplificado'!ACS4","v":0},{"$f":"'CRO2_Crono Simplificado'!#REF!","v":{"$error":"#REF!"}},{"$f":"'CRO2_Crono Simplificado'!ACU4","v":0},{"$f":"'CRO2_Crono Simplificado'!#REF!","v":{"$error":"#REF!"}},{"$f":"'CRO2_Crono Simplificado'!ACW4","v":0},{"$f":"'CRO2_Crono Simplificado'!#REF!","v":{"$error":"#REF!"}},{"$f":"'CRO2_Crono Simplificado'!ACY4","v":0},{"$f":"'CRO2_Crono Simplificado'!#REF!","v":{"$error":"#REF!"}},{"$f":"'CRO2_Crono Simplificado'!ADA4","v":0},{"$f":"'CRO2_Crono Simplificado'!#REF!","v":{"$error":"#REF!"}},{"$f":"'CRO2_Crono Simplificado'!ADC4","v":0},{"$f":"'CRO2_Crono Simplificado'!#REF!","v":{"$error":"#REF!"}},{"$f":"'CRO2_Crono Simplificado'!ADE4","v":0},{"$f":"'CRO2_Crono Simplificado'!#REF!","v":{"$error":"#REF!"}},{"$f":"'CRO2_Crono Simplificado'!ADG4","v":0},{"$f":"'CRO2_Crono Simplificado'!#REF!","v":{"$error":"#REF!"}},{"$f":"'CRO2_Crono Simplificado'!ADI4","v":0},{"$f":"'CRO2_Crono Simplificado'!#REF!","v":{"$error":"#REF!"}},{"$f":"'CRO2_Crono Simplificado'!ADK4","v":0},{"$f":"'CRO2_Crono Simplificado'!#REF!","v":{"$error":"#REF!"}},{"$f":"'CRO2_Crono Simplificado'!ADM4","v":0},{"$f":"'CRO2_Crono Simplificado'!#REF!","v":{"$error":"#REF!"}},{"$f":"'CRO2_Crono Simplificado'!ADO4","v":0},{"$f":"'CRO2_Crono Simplificado'!#REF!","v":{"$error":"#REF!"}},{"$f":"'CRO2_Crono Simplificado'!ADQ4","v":0},{"$f":"'CRO2_Crono Simplificado'!#REF!","v":{"$error":"#REF!"}},{"$f":"'CRO2_Crono Simplificado'!ADS4","v":0},{"$f":"'CRO2_Crono Simplificado'!#REF!","v":{"$error":"#REF!"}},{"$f":"'CRO2_Crono Simplificado'!ADU4","v":0},{"$f":"'CRO2_Crono Simplificado'!#REF!","v":{"$error":"#REF!"}},{"$f":"'CRO2_Crono Simplificado'!ADW4","v":0},{"$f":"'CRO2_Crono Simplificado'!#REF!","v":{"$error":"#REF!"}},{"$f":"'CRO2_Crono Simplificado'!ADY4","v":0},{"$f":"'CRO2_Crono Simplificado'!#REF!","v":{"$error":"#REF!"}},{"$f":"'CRO2_Crono Simplificado'!AEA4","v":0},{"$f":"'CRO2_Crono Simplificado'!#REF!","v":{"$error":"#REF!"}},{"$f":"'CRO2_Crono Simplificado'!AEC4","v":0},{"$f":"'CRO2_Crono Simplificado'!#REF!","v":{"$error":"#REF!"}},{"$f":"'CRO2_Crono Simplificado'!AEE4","v":0},{"$f":"'CRO2_Crono Simplificado'!#REF!","v":{"$error":"#REF!"}},{"$f":"'CRO2_Crono Simplificado'!AEG4","v":0},{"$f":"'CRO2_Crono Simplificado'!#REF!","v":{"$error":"#REF!"}},{"$f":"'CRO2_Crono Simplificado'!AEI4","v":0},{"$f":"'CRO2_Crono Simplificado'!#REF!","v":{"$error":"#REF!"}},{"$f":"'CRO2_Crono Simplificado'!AEK4","v":0},{"$f":"'CRO2_Crono Simplificado'!#REF!","v":{"$error":"#REF!"}},{"$f":"'CRO2_Crono Simplificado'!AEM4","v":0},{"$f":"'CRO2_Crono Simplificado'!#REF!","v":{"$error":"#REF!"}},{"$f":"'CRO2_Crono Simplificado'!AEO4","v":0},{"$f":"'CRO2_Crono Simplificado'!#REF!","v":{"$error":"#REF!"}},{"$f":"'CRO2_Crono Simplificado'!AEQ4","v":0},{"$f":"'CRO2_Crono Simplificado'!#REF!","v":{"$error":"#REF!"}},{"$f":"'CRO2_Crono Simplificado'!AES4","v":0},{"$f":"'CRO2_Crono Simplificado'!#REF!","v":{"$error":"#REF!"}},{"$f":"'CRO2_Crono Simplificado'!AEU4","v":0},{"$f":"'CRO2_Crono Simplificado'!#REF!","v":{"$error":"#REF!"}},{"$f":"'CRO2_Crono Simplificado'!AEW4","v":0},{"$f":"'CRO2_Crono Simplificado'!#REF!","v":{"$error":"#REF!"}},{"$f":"'CRO2_Crono Simplificado'!AEY4","v":0},{"$f":"'CRO2_Crono Simplificado'!#REF!","v":{"$error":"#REF!"}},{"$f":"'CRO2_Crono Simplificado'!AFA4","v":0},{"$f":"'CRO2_Crono Simplificado'!#REF!","v":{"$error":"#REF!"}},{"$f":"'CRO2_Crono Simplificado'!AFC4","v":0},{"$f":"'CRO2_Crono Simplificado'!#REF!","v":{"$error":"#REF!"}},{"$f":"'CRO2_Crono Simplificado'!AFE4","v":0},{"$f":"'CRO2_Crono Simplificado'!#REF!","v":{"$error":"#REF!"}},{"$f":"'CRO2_Crono Simplificado'!AFG4","v":0},{"$f":"'CRO2_Crono Simplificado'!#REF!","v":{"$error":"#REF!"}},{"$f":"'CRO2_Crono Simplificado'!AFI4","v":0},{"$f":"'CRO2_Crono Simplificado'!#REF!","v":{"$error":"#REF!"}},{"$f":"'CRO2_Crono Simplificado'!AFK4","v":0},{"$f":"'CRO2_Crono Simplificado'!#REF!","v":{"$error":"#REF!"}},{"$f":"'CRO2_Crono Simplificado'!AFM4","v":0},{"$f":"'CRO2_Crono Simplificado'!#REF!","v":{"$error":"#REF!"}},{"$f":"'CRO2_Crono Simplificado'!AFO4","v":0},{"$f":"'CRO2_Crono Simplificado'!#REF!","v":{"$error":"#REF!"}},{"$f":"'CRO2_Crono Simplificado'!AFQ4","v":0},{"$f":"'CRO2_Crono Simplificado'!#REF!","v":{"$error":"#REF!"}},{"$f":"'CRO2_Crono Simplificado'!AFS4","v":0},{"$f":"'CRO2_Crono Simplificado'!#REF!","v":{"$error":"#REF!"}},{"$f":"'CRO2_Crono Simplificado'!AFU4","v":0},{"$f":"'CRO2_Crono Simplificado'!#REF!","v":{"$error":"#REF!"}},{"$f":"'CRO2_Crono Simplificado'!AFW4","v":0},{"$f":"'CRO2_Crono Simplificado'!#REF!","v":{"$error":"#REF!"}},{"$f":"'CRO2_Crono Simplificado'!AFY4","v":0},{"$f":"'CRO2_Crono Simplificado'!#REF!","v":{"$error":"#REF!"}},{"$f":"'CRO2_Crono Simplificado'!AGA4","v":0},{"$f":"'CRO2_Crono Simplificado'!#REF!","v":{"$error":"#REF!"}},{"$f":"'CRO2_Crono Simplificado'!AGC4","v":0},{"$f":"'CRO2_Crono Simplificado'!#REF!","v":{"$error":"#REF!"}},{"$f":"'CRO2_Crono Simplificado'!AGE4","v":0},{"$f":"'CRO2_Crono Simplificado'!#REF!","v":{"$error":"#REF!"}},{"$f":"'CRO2_Crono Simplificado'!AGG4","v":0},{"$f":"'CRO2_Crono Simplificado'!#REF!","v":{"$error":"#REF!"}},{"$f":"'CRO2_Crono Simplificado'!AGI4","v":0},{"$f":"'CRO2_Crono Simplificado'!#REF!","v":{"$error":"#REF!"}},{"$f":"'CRO2_Crono Simplificado'!AGK4","v":0},{"$f":"'CRO2_Crono Simplificado'!#REF!","v":{"$error":"#REF!"}},{"$f":"'CRO2_Crono Simplificado'!AGM4","v":0},{"$f":"'CRO2_Crono Simplificado'!#REF!","v":{"$error":"#REF!"}},{"$f":"'CRO2_Crono Simplificado'!AGO4","v":0},{"$f":"'CRO2_Crono Simplificado'!#REF!","v":{"$error":"#REF!"}},{"$f":"'CRO2_Crono Simplificado'!AGQ4","v":0},{"$f":"'CRO2_Crono Simplificado'!#REF!","v":{"$error":"#REF!"}},{"$f":"'CRO2_Crono Simplificado'!AGS4","v":0},{"$f":"'CRO2_Crono Simplificado'!#REF!","v":{"$error":"#REF!"}},{"$f":"'CRO2_Crono Simplificado'!AGU4","v":0},{"$f":"'CRO2_Crono Simplificado'!#REF!","v":{"$error":"#REF!"}},{"$f":"'CRO2_Crono Simplificado'!AGW4","v":0},{"$f":"'CRO2_Crono Simplificado'!#REF!","v":{"$error":"#REF!"}},{"$f":"'CRO2_Crono Simplificado'!AGY4","v":0},{"$f":"'CRO2_Crono Simplificado'!#REF!","v":{"$error":"#REF!"}},{"$f":"'CRO2_Crono Simplificado'!AHA4","v":0},{"$f":"'CRO2_Crono Simplificado'!#REF!","v":{"$error":"#REF!"}},{"$f":"'CRO2_Crono Simplificado'!AHC4","v":0},{"$f":"'CRO2_Crono Simplificado'!#REF!","v":{"$error":"#REF!"}},{"$f":"'CRO2_Crono Simplificado'!AHE4","v":0},{"$f":"'CRO2_Crono Simplificado'!#REF!","v":{"$error":"#REF!"}},{"$f":"'CRO2_Crono Simplificado'!AHG4","v":0},{"$f":"'CRO2_Crono Simplificado'!#REF!","v":{"$error":"#REF!"}},{"$f":"'CRO2_Crono Simplificado'!AHI4","v":0},{"$f":"'CRO2_Crono Simplificado'!#REF!","v":{"$error":"#REF!"}},{"$f":"'CRO2_Crono Simplificado'!AHK4","v":0},{"$f":"'CRO2_Crono Simplificado'!#REF!","v":{"$error":"#REF!"}},{"$f":"'CRO2_Crono Simplificado'!AHM4","v":0},{"$f":"'CRO2_Crono Simplificado'!#REF!","v":{"$error":"#REF!"}},{"$f":"'CRO2_Crono Simplificado'!AHO4","v":0},{"$f":"'CRO2_Crono Simplificado'!#REF!","v":{"$error":"#REF!"}},{"$f":"'CRO2_Crono Simplificado'!AHQ4","v":0},{"$f":"'CRO2_Crono Simplificado'!#REF!","v":{"$error":"#REF!"}},{"$f":"'CRO2_Crono Simplificado'!AHS4","v":0},{"$f":"'CRO2_Crono Simplificado'!#REF!","v":{"$error":"#REF!"}},{"$f":"'CRO2_Crono Simplificado'!AHU4","v":0},{"$f":"'CRO2_Crono Simplificado'!#REF!","v":{"$error":"#REF!"}},{"$f":"'CRO2_Crono Simplificado'!AHW4","v":0},{"$f":"'CRO2_Crono Simplificado'!#REF!","v":{"$error":"#REF!"}},{"$f":"'CRO2_Crono Simplificado'!AHY4","v":0},{"$f":"'CRO2_Crono Simplificado'!#REF!","v":{"$error":"#REF!"}},{"$f":"'CRO2_Crono Simplificado'!AIA4","v":0},{"$f":"'CRO2_Crono Simplificado'!#REF!","v":{"$error":"#REF!"}},{"$f":"'CRO2_Crono Simplificado'!AIC4","v":0},{"$f":"'CRO2_Crono Simplificado'!#REF!","v":{"$error":"#REF!"}},{"$f":"'CRO2_Crono Simplificado'!AIE4","v":0},{"$f":"'CRO2_Crono Simplificado'!#REF!","v":{"$error":"#REF!"}},{"$f":"'CRO2_Crono Simplificado'!AIG4","v":0},{"$f":"'CRO2_Crono Simplificado'!#REF!","v":{"$error":"#REF!"}},{"$f":"'CRO2_Crono Simplificado'!AII4","v":0},{"$f":"'CRO2_Crono Simplificado'!#REF!","v":{"$error":"#REF!"}},{"$f":"'CRO2_Crono Simplificado'!AIK4","v":0},{"$f":"'CRO2_Crono Simplificado'!#REF!","v":{"$error":"#REF!"}},{"$f":"'CRO2_Crono Simplificado'!AIM4","v":0},{"$f":"'CRO2_Crono Simplificado'!#REF!","v":{"$error":"#REF!"}},{"$f":"'CRO2_Crono Simplificado'!AIO4","v":0},{"$f":"'CRO2_Crono Simplificado'!#REF!","v":{"$error":"#REF!"}},{"$f":"'CRO2_Crono Simplificado'!AIQ4","v":0},{"$f":"'CRO2_Crono Simplificado'!#REF!","v":{"$error":"#REF!"}},{"$f":"'CRO2_Crono Simplificado'!AIS4","v":0},{"$f":"'CRO2_Crono Simplificado'!#REF!","v":{"$error":"#REF!"}},{"$f":"'CRO2_Crono Simplificado'!AIU4","v":0},{"$f":"'CRO2_Crono Simplificado'!#REF!","v":{"$error":"#REF!"}},{"$f":"'CRO2_Crono Simplificado'!AIW4","v":0},{"$f":"'CRO2_Crono Simplificado'!#REF!","v":{"$error":"#REF!"}},{"$f":"'CRO2_Crono Simplificado'!AIY4","v":0},{"$f":"'CRO2_Crono Simplificado'!#REF!","v":{"$error":"#REF!"}},{"$f":"'CRO2_Crono Simplificado'!AJA4","v":0},{"$f":"'CRO2_Crono Simplificado'!#REF!","v":{"$error":"#REF!"}},{"$f":"'CRO2_Crono Simplificado'!AJC4","v":0},{"$f":"'CRO2_Crono Simplificado'!#REF!","v":{"$error":"#REF!"}},{"$f":"'CRO2_Crono Simplificado'!AJE4","v":0},{"$f":"'CRO2_Crono Simplificado'!#REF!","v":{"$error":"#REF!"}},{"$f":"'CRO2_Crono Simplificado'!AJG4","v":0},{"$f":"'CRO2_Crono Simplificado'!#REF!","v":{"$error":"#REF!"}},{"$f":"'CRO2_Crono Simplificado'!AJI4","v":0},{"$f":"'CRO2_Crono Simplificado'!#REF!","v":{"$error":"#REF!"}},{"$f":"'CRO2_Crono Simplificado'!AJK4","v":0},{"$f":"'CRO2_Crono Simplificado'!#REF!","v":{"$error":"#REF!"}},{"$f":"'CRO2_Crono Simplificado'!AJM4","v":0},{"$f":"'CRO2_Crono Simplificado'!#REF!","v":{"$error":"#REF!"}},{"$f":"'CRO2_Crono Simplificado'!AJO4","v":0},{"$f":"'CRO2_Crono Simplificado'!#REF!","v":{"$error":"#REF!"}},{"$f":"'CRO2_Crono Simplificado'!AJQ4","v":0},{"$f":"'CRO2_Crono Simplificado'!#REF!","v":{"$error":"#REF!"}},{"$f":"'CRO2_Crono Simplificado'!AJS4","v":0},{"$f":"'CRO2_Crono Simplificado'!#REF!","v":{"$error":"#REF!"}},{"$f":"'CRO2_Crono Simplificado'!AJU4","v":0},{"$f":"'CRO2_Crono Simplificado'!#REF!","v":{"$error":"#REF!"}},{"$f":"'CRO2_Crono Simplificado'!AJW4","v":0},{"$f":"'CRO2_Crono Simplificado'!#REF!","v":{"$error":"#REF!"}},{"$f":"'CRO2_Crono Simplificado'!AJY4","v":0},{"$f":"'CRO2_Crono Simplificado'!#REF!","v":{"$error":"#REF!"}},{"$f":"'CRO2_Crono Simplificado'!AKA4","v":0},{"$f":"'CRO2_Crono Simplificado'!#REF!","v":{"$error":"#REF!"}},{"$f":"'CRO2_Crono Simplificado'!AKC4","v":0},{"$f":"'CRO2_Crono Simplificado'!#REF!","v":{"$error":"#REF!"}},{"$f":"'CRO2_Crono Simplificado'!AKE4","v":0},{"$f":"'CRO2_Crono Simplificado'!#REF!","v":{"$error":"#REF!"}},{"$f":"'CRO2_Crono Simplificado'!AKG4","v":0},{"$f":"'CRO2_Crono Simplificado'!#REF!","v":{"$error":"#REF!"}},{"$f":"'CRO2_Crono Simplificado'!AKI4","v":0},{"$f":"'CRO2_Crono Simplificado'!#REF!","v":{"$error":"#REF!"}},{"$f":"'CRO2_Crono Simplificado'!AKK4","v":0},{"$f":"'CRO2_Crono Simplificado'!#REF!","v":{"$error":"#REF!"}},{"$f":"'CRO2_Crono Simplificado'!AKM4","v":0},{"$f":"'CRO2_Crono Simplificado'!#REF!","v":{"$error":"#REF!"}},{"$f":"'CRO2_Crono Simplificado'!AKO4","v":0},{"$f":"'CRO2_Crono Simplificado'!#REF!","v":{"$error":"#REF!"}},{"$f":"'CRO2_Crono Simplificado'!AKQ4","v":0},{"$f":"'CRO2_Crono Simplificado'!#REF!","v":{"$error":"#REF!"}},{"$f":"'CRO2_Crono Simplificado'!AKS4","v":0},{"$f":"'CRO2_Crono Simplificado'!#REF!","v":{"$error":"#REF!"}},{"$f":"'CRO2_Crono Simplificado'!AKU4","v":0},{"$f":"'CRO2_Crono Simplificado'!#REF!","v":{"$error":"#REF!"}},{"$f":"'CRO2_Crono Simplificado'!AKW4","v":0},{"$f":"'CRO2_Crono Simplificado'!#REF!","v":{"$error":"#REF!"}},{"$f":"'CRO2_Crono Simplificado'!AKY4","v":0},{"$f":"'CRO2_Crono Simplificado'!#REF!","v":{"$error":"#REF!"}},{"$f":"'CRO2_Crono Simplificado'!ALA4","v":0},{"$f":"'CRO2_Crono Simplificado'!#REF!","v":{"$error":"#REF!"}},{"$f":"'CRO2_Crono Simplificado'!ALC4","v":0},{"$f":"'CRO2_Crono Simplificado'!#REF!","v":{"$error":"#REF!"}},{"$f":"'CRO2_Crono Simplificado'!ALE4","v":0},{"$f":"'CRO2_Crono Simplificado'!#REF!","v":{"$error":"#REF!"}},{"$f":"'CRO2_Crono Simplificado'!ALG4","v":0},{"$f":"'CRO2_Crono Simplificado'!#REF!","v":{"$error":"#REF!"}},{"$f":"'CRO2_Crono Simplificado'!ALI4","v":0},{"$f":"'CRO2_Crono Simplificado'!#REF!","v":{"$error":"#REF!"}},{"$f":"'CRO2_Crono Simplificado'!ALK4","v":0},{"$f":"'CRO2_Crono Simplificado'!#REF!","v":{"$error":"#REF!"}},{"$f":"'CRO2_Crono Simplificado'!ALM4","v":0},{"$f":"'CRO2_Crono Simplificado'!#REF!","v":{"$error":"#REF!"}},{"$f":"'CRO2_Crono Simplificado'!ALO4","v":0},{"$f":"'CRO2_Crono Simplificado'!#REF!","v":{"$error":"#REF!"}},{"$f":"'CRO2_Crono Simplificado'!ALQ4","v":0},{"$f":"'CRO2_Crono Simplificado'!#REF!","v":{"$error":"#REF!"}},{"$f":"'CRO2_Crono Simplificado'!ALS4","v":0},{"$f":"'CRO2_Crono Simplificado'!#REF!","v":{"$error":"#REF!"}},{"$f":"'CRO2_Crono Simplificado'!ALU4","v":0},{"$f":"'CRO2_Crono Simplificado'!#REF!","v":{"$error":"#REF!"}},{"$f":"'CRO2_Crono Simplificado'!ALW4","v":0},{"$f":"'CRO2_Crono Simplificado'!#REF!","v":{"$error":"#REF!"}},{"$f":"'CRO2_Crono Simplificado'!ALY4","v":0},{"$f":"'CRO2_Crono Simplificado'!#REF!","v":{"$error":"#REF!"}},{"$f":"'CRO2_Crono Simplificado'!AMA4","v":0},{"$f":"'CRO2_Crono Simplificado'!#REF!","v":{"$error":"#REF!"}},{"$f":"'CRO2_Crono Simplificado'!AMC4","v":0},{"$f":"'CRO2_Crono Simplificado'!#REF!","v":{"$error":"#REF!"}},{"$f":"'CRO2_Crono Simplificado'!AME4","v":0},{"$f":"'CRO2_Crono Simplificado'!#REF!","v":{"$error":"#REF!"}},{"$f":"'CRO2_Crono Simplificado'!AMG4","v":0},{"$f":"'CRO2_Crono Simplificado'!#REF!","v":{"$error":"#REF!"}},{"$f":"'CRO2_Crono Simplificado'!AMI4","v":0},{"$f":"'CRO2_Crono Simplificado'!#REF!","v":{"$error":"#REF!"}},{"$f":"'CRO2_Crono Simplificado'!AMK4","v":0},{"$f":"'CRO2_Crono Simplificado'!#REF!","v":{"$error":"#REF!"}},{"$f":"'CRO2_Crono Simplificado'!AMM4","v":0},{"$f":"'CRO2_Crono Simplificado'!#REF!","v":{"$error":"#REF!"}},{"$f":"'CRO2_Crono Simplificado'!AMO4","v":0},{"$f":"'CRO2_Crono Simplificado'!#REF!","v":{"$error":"#REF!"}},{"$f":"'CRO2_Crono Simplificado'!AMQ4","v":0},{"$f":"'CRO2_Crono Simplificado'!#REF!","v":{"$error":"#REF!"}},{"$f":"'CRO2_Crono Simplificado'!AMS4","v":0},{"$f":"'CRO2_Crono Simplificado'!#REF!","v":{"$error":"#REF!"}},{"$f":"'CRO2_Crono Simplificado'!AMU4","v":0},{"$f":"'CRO2_Crono Simplificado'!#REF!","v":{"$error":"#REF!"}},{"$f":"'CRO2_Crono Simplificado'!AMW4","v":0},{"$f":"'CRO2_Crono Simplificado'!#REF!","v":{"$error":"#REF!"}},{"$f":"'CRO2_Crono Simplificado'!AMY4","v":0},{"$f":"'CRO2_Crono Simplificado'!#REF!","v":{"$error":"#REF!"}},{"$f":"'CRO2_Crono Simplificado'!ANA4","v":0},{"$f":"'CRO2_Crono Simplificado'!#REF!","v":{"$error":"#REF!"}},{"$f":"'CRO2_Crono Simplificado'!ANC4","v":0},{"$f":"'CRO2_Crono Simplificado'!#REF!","v":{"$error":"#REF!"}},{"$f":"'CRO2_Crono Simplificado'!ANE4","v":0},{"$f":"'CRO2_Crono Simplificado'!#REF!","v":{"$error":"#REF!"}},{"$f":"'CRO2_Crono Simplificado'!ANG4","v":0},{"$f":"'CRO2_Crono Simplificado'!#REF!","v":{"$error":"#REF!"}},{"$f":"'CRO2_Crono Simplificado'!ANI4","v":0},{"$f":"'CRO2_Crono Simplificado'!#REF!","v":{"$error":"#REF!"}},{"$f":"'CRO2_Crono Simplificado'!ANK4","v":0},{"$f":"'CRO2_Crono Simplificado'!#REF!","v":{"$error":"#REF!"}},{"$f":"'CRO2_Crono Simplificado'!ANM4","v":0},{"$f":"'CRO2_Crono Simplificado'!#REF!","v":{"$error":"#REF!"}},{"$f":"'CRO2_Crono Simplificado'!ANO4","v":0},{"$f":"'CRO2_Crono Simplificado'!#REF!","v":{"$error":"#REF!"}},{"$f":"'CRO2_Crono Simplificado'!ANQ4","v":0},{"$f":"'CRO2_Crono Simplificado'!#REF!","v":{"$error":"#REF!"}},{"$f":"'CRO2_Crono Simplificado'!ANS4","v":0},{"$f":"'CRO2_Crono Simplificado'!#REF!","v":{"$error":"#REF!"}},{"$f":"'CRO2_Crono Simplificado'!ANU4","v":0},{"$f":"'CRO2_Crono Simplificado'!#REF!","v":{"$error":"#REF!"}},{"$f":"'CRO2_Crono Simplificado'!ANW4","v":0},{"$f":"'CRO2_Crono Simplificado'!#REF!","v":{"$error":"#REF!"}},{"$f":"'CRO2_Crono Simplificado'!ANY4","v":0},{"$f":"'CRO2_Crono Simplificado'!#REF!","v":{"$error":"#REF!"}},{"$f":"'CRO2_Crono Simplificado'!AOA4","v":0},{"$f":"'CRO2_Crono Simplificado'!#REF!","v":{"$error":"#REF!"}},{"$f":"'CRO2_Crono Simplificado'!AOC4","v":0},{"$f":"'CRO2_Crono Simplificado'!#REF!","v":{"$error":"#REF!"}},{"$f":"'CRO2_Crono Simplificado'!AOE4","v":0},{"$f":"'CRO2_Crono Simplificado'!#REF!","v":{"$error":"#REF!"}},{"$f":"'CRO2_Crono Simplificado'!AOG4","v":0},{"$f":"'CRO2_Crono Simplificado'!#REF!","v":{"$error":"#REF!"}},{"$f":"'CRO2_Crono Simplificado'!AOI4","v":0},{"$f":"'CRO2_Crono Simplificado'!#REF!","v":{"$error":"#REF!"}},{"$f":"'CRO2_Crono Simplificado'!AOK4","v":0},{"$f":"'CRO2_Crono Simplificado'!#REF!","v":{"$error":"#REF!"}},{"$f":"'CRO2_Crono Simplificado'!AOM4","v":0},{"$f":"'CRO2_Crono Simplificado'!#REF!","v":{"$error":"#REF!"}},{"$f":"'CRO2_Crono Simplificado'!AOO4","v":0},{"$f":"'CRO2_Crono Simplificado'!#REF!","v":{"$error":"#REF!"}},{"$f":"'CRO2_Crono Simplificado'!AOQ4","v":0},{"$f":"'CRO2_Crono Simplificado'!#REF!","v":{"$error":"#REF!"}},{"$f":"'CRO2_Crono Simplificado'!AOS4","v":0},{"$f":"'CRO2_Crono Simplificado'!#REF!","v":{"$error":"#REF!"}},{"$f":"'CRO2_Crono Simplificado'!AOU4","v":0},{"$f":"'CRO2_Crono Simplificado'!#REF!","v":{"$error":"#REF!"}},{"$f":"'CRO2_Crono Simplificado'!AOW4","v":0},{"$f":"'CRO2_Crono Simplificado'!#REF!","v":{"$error":"#REF!"}},{"$f":"'CRO2_Crono Simplificado'!AOY4","v":0},{"$f":"'CRO2_Crono Simplificado'!#REF!","v":{"$error":"#REF!"}},{"$f":"'CRO2_Crono Simplificado'!APA4","v":0},{"$f":"'CRO2_Crono Simplificado'!#REF!","v":{"$error":"#REF!"}},{"$f":"'CRO2_Crono Simplificado'!APC4","v":0},{"$f":"'CRO2_Crono Simplificado'!#REF!","v":{"$error":"#REF!"}},{"$f":"'CRO2_Crono Simplificado'!APE4","v":0},{"$f":"'CRO2_Crono Simplificado'!#REF!","v":{"$error":"#REF!"}},{"$f":"'CRO2_Crono Simplificado'!APG4","v":0},{"$f":"'CRO2_Crono Simplificado'!#REF!","v":{"$error":"#REF!"}},{"$f":"'CRO2_Crono Simplificado'!API4","v":0},{"$f":"'CRO2_Crono Simplificado'!#REF!","v":{"$error":"#REF!"}},{"$f":"'CRO2_Crono Simplificado'!APK4","v":0},{"$f":"'CRO2_Crono Simplificado'!#REF!","v":{"$error":"#REF!"}},{"$f":"'CRO2_Crono Simplificado'!APM4","v":0},{"$f":"'CRO2_Crono Simplificado'!#REF!","v":{"$error":"#REF!"}},{"$f":"'CRO2_Crono Simplificado'!APO4","v":0},{"$f":"'CRO2_Crono Simplificado'!#REF!","v":{"$error":"#REF!"}},{"$f":"'CRO2_Crono Simplificado'!APQ4","v":0},{"$f":"'CRO2_Crono Simplificado'!#REF!","v":{"$error":"#REF!"}},{"$f":"'CRO2_Crono Simplificado'!APS4","v":0},{"$f":"'CRO2_Crono Simplificado'!#REF!","v":{"$error":"#REF!"}},{"$f":"'CRO2_Crono Simplificado'!APU4","v":0},{"$f":"'CRO2_Crono Simplificado'!#REF!","v":{"$error":"#REF!"}},{"$f":"'CRO2_Crono Simplificado'!APW4","v":0},{"$f":"'CRO2_Crono Simplificado'!#REF!","v":{"$error":"#REF!"}},{"$f":"'CRO2_Crono Simplificado'!APY4","v":0},{"$f":"'CRO2_Crono Simplificado'!#REF!","v":{"$error":"#REF!"}},{"$f":"'CRO2_Crono Simplificado'!AQA4","v":0},{"$f":"'CRO2_Crono Simplificado'!#REF!","v":{"$error":"#REF!"}},{"$f":"'CRO2_Crono Simplificado'!AQC4","v":0},{"$f":"'CRO2_Crono Simplificado'!#REF!","v":{"$error":"#REF!"}},{"$f":"'CRO2_Crono Simplificado'!AQE4","v":0},{"$f":"'CRO2_Crono Simplificado'!#REF!","v":{"$error":"#REF!"}},{"$f":"'CRO2_Crono Simplificado'!AQG4","v":0},{"$f":"'CRO2_Crono Simplificado'!#REF!","v":{"$error":"#REF!"}},{"$f":"'CRO2_Crono Simplificado'!AQI4","v":0},{"$f":"'CRO2_Crono Simplificado'!#REF!","v":{"$error":"#REF!"}},{"$f":"'CRO2_Crono Simplificado'!AQK4","v":0},{"$f":"'CRO2_Crono Simplificado'!#REF!","v":{"$error":"#REF!"}},{"$f":"'CRO2_Crono Simplificado'!AQM4","v":0},{"$f":"'CRO2_Crono Simplificado'!#REF!","v":{"$error":"#REF!"}},{"$f":"'CRO2_Crono Simplificado'!AQO4","v":0},{"$f":"'CRO2_Crono Simplificado'!#REF!","v":{"$error":"#REF!"}},{"$f":"'CRO2_Crono Simplificado'!AQQ4","v":0},{"$f":"'CRO2_Crono Simplificado'!#REF!","v":{"$error":"#REF!"}},{"$f":"'CRO2_Crono Simplificado'!AQS4","v":0},{"$f":"'CRO2_Crono Simplificado'!#REF!","v":{"$error":"#REF!"}},{"$f":"'CRO2_Crono Simplificado'!AQU4","v":0},{"$f":"'CRO2_Crono Simplificado'!#REF!","v":{"$error":"#REF!"}},{"$f":"'CRO2_Crono Simplificado'!AQW4","v":0},{"$f":"'CRO2_Crono Simplificado'!#REF!","v":{"$error":"#REF!"}},{"$f":"'CRO2_Crono Simplificado'!AQY4","v":0},{"$f":"'CRO2_Crono Simplificado'!#REF!","v":{"$error":"#REF!"}},{"$f":"'CRO2_Crono Simplificado'!ARA4","v":0},{"$f":"'CRO2_Crono Simplificado'!#REF!","v":{"$error":"#REF!"}},{"$f":"'CRO2_Crono Simplificado'!ARC4","v":0},{"$f":"'CRO2_Crono Simplificado'!#REF!","v":{"$error":"#REF!"}},{"$f":"'CRO2_Crono Simplificado'!ARE4","v":0},{"$f":"'CRO2_Crono Simplificado'!#REF!","v":{"$error":"#REF!"}},{"$f":"'CRO2_Crono Simplificado'!ARG4","v":0},{"$f":"'CRO2_Crono Simplificado'!#REF!","v":{"$error":"#REF!"}},{"$f":"'CRO2_Crono Simplificado'!ARI4","v":0},{"$f":"'CRO2_Crono Simplificado'!#REF!","v":{"$error":"#REF!"}},{"$f":"'CRO2_Crono Simplificado'!ARK4","v":0},{"$f":"'CRO2_Crono Simplificado'!#REF!","v":{"$error":"#REF!"}},{"$f":"'CRO2_Crono Simplificado'!ARM4","v":0},{"$f":"'CRO2_Crono Simplificado'!#REF!","v":{"$error":"#REF!"}},{"$f":"'CRO2_Crono Simplificado'!ARO4","v":0},{"$f":"'CRO2_Crono Simplificado'!#REF!","v":{"$error":"#REF!"}},{"$f":"'CRO2_Crono Simplificado'!ARQ4","v":0},{"$f":"'CRO2_Crono Simplificado'!#REF!","v":{"$error":"#REF!"}},{"$f":"'CRO2_Crono Simplificado'!ARS4","v":0},{"$f":"'CRO2_Crono Simplificado'!#REF!","v":{"$error":"#REF!"}},{"$f":"'CRO2_Crono Simplificado'!ARU4","v":0},{"$f":"'CRO2_Crono Simplificado'!#REF!","v":{"$error":"#REF!"}},{"$f":"'CRO2_Crono Simplificado'!ARW4","v":0},{"$f":"'CRO2_Crono Simplificado'!#REF!","v":{"$error":"#REF!"}},{"$f":"'CRO2_Crono Simplificado'!ARY4","v":0},{"$f":"'CRO2_Crono Simplificado'!#REF!","v":{"$error":"#REF!"}},{"$f":"'CRO2_Crono Simplificado'!ASA4","v":0},{"$f":"'CRO2_Crono Simplificado'!#REF!","v":{"$error":"#REF!"}},{"$f":"'CRO2_Crono Simplificado'!ASC4","v":0},{"$f":"'CRO2_Crono Simplificado'!#REF!","v":{"$error":"#REF!"}},{"$f":"'CRO2_Crono Simplificado'!ASE4","v":0},{"$f":"'CRO2_Crono Simplificado'!#REF!","v":{"$error":"#REF!"}},{"$f":"'CRO2_Crono Simplificado'!ASG4","v":0},{"$f":"'CRO2_Crono Simplificado'!#REF!","v":{"$error":"#REF!"}},{"$f":"'CRO2_Crono Simplificado'!ASI4","v":0},{"$f":"'CRO2_Crono Simplificado'!#REF!","v":{"$error":"#REF!"}},{"$f":"'CRO2_Crono Simplificado'!ASK4","v":0},{"$f":"'CRO2_Crono Simplificado'!#REF!","v":{"$error":"#REF!"}},{"$f":"'CRO2_Crono Simplificado'!ASM4","v":0},{"$f":"'CRO2_Crono Simplificado'!#REF!","v":{"$error":"#REF!"}},{"$f":"'CRO2_Crono Simplificado'!ASO4","v":0},{"$f":"'CRO2_Crono Simplificado'!#REF!","v":{"$error":"#REF!"}},{"$f":"'CRO2_Crono Simplificado'!ASQ4","v":0},{"$f":"'CRO2_Crono Simplificado'!#REF!","v":{"$error":"#REF!"}},{"$f":"'CRO2_Crono Simplificado'!ASS4","v":0},{"$f":"'CRO2_Crono Simplificado'!#REF!","v":{"$error":"#REF!"}},{"$f":"'CRO2_Crono Simplificado'!ASU4","v":0},{"$f":"'CRO2_Crono Simplificado'!#REF!","v":{"$error":"#REF!"}},{"$f":"'CRO2_Crono Simplificado'!ASW4","v":0},{"$f":"'CRO2_Crono Simplificado'!#REF!","v":{"$error":"#REF!"}},{"$f":"'CRO2_Crono Simplificado'!ASY4","v":0},{"$f":"'CRO2_Crono Simplificado'!#REF!","v":{"$error":"#REF!"}},{"$f":"'CRO2_Crono Simplificado'!ATA4","v":0},{"$f":"'CRO2_Crono Simplificado'!#REF!","v":{"$error":"#REF!"}},{"$f":"'CRO2_Crono Simplificado'!ATC4","v":0},{"$f":"'CRO2_Crono Simplificado'!#REF!","v":{"$error":"#REF!"}},{"$f":"'CRO2_Crono Simplificado'!ATE4","v":0},{"$f":"'CRO2_Crono Simplificado'!#REF!","v":{"$error":"#REF!"}},{"$f":"'CRO2_Crono Simplificado'!ATG4","v":0},{"$f":"'CRO2_Crono Simplificado'!#REF!","v":{"$error":"#REF!"}},{"$f":"'CRO2_Crono Simplificado'!ATI4","v":0},{"$f":"'CRO2_Crono Simplificado'!#REF!","v":{"$error":"#REF!"}},{"$f":"'CRO2_Crono Simplificado'!ATK4","v":0},{"$f":"'CRO2_Crono Simplificado'!#REF!","v":{"$error":"#REF!"}},{"$f":"'CRO2_Crono Simplificado'!ATM4","v":0},{"$f":"'CRO2_Crono Simplificado'!#REF!","v":{"$error":"#REF!"}},{"$f":"'CRO2_Crono Simplificado'!ATO4","v":0},{"$f":"'CRO2_Crono Simplificado'!#REF!","v":{"$error":"#REF!"}},{"$f":"'CRO2_Crono Simplificado'!ATQ4","v":0},{"$f":"'CRO2_Crono Simplificado'!#REF!","v":{"$error":"#REF!"}},{"$f":"'CRO2_Crono Simplificado'!ATS4","v":0},{"$f":"'CRO2_Crono Simplificado'!#REF!","v":{"$error":"#REF!"}},{"$f":"'CRO2_Crono Simplificado'!ATU4","v":0},{"$f":"'CRO2_Crono Simplificado'!#REF!","v":{"$error":"#REF!"}},{"$f":"'CRO2_Crono Simplificado'!ATW4","v":0},{"$f":"'CRO2_Crono Simplificado'!#REF!","v":{"$error":"#REF!"}},{"$f":"'CRO2_Crono Simplificado'!ATY4","v":0},{"$f":"'CRO2_Crono Simplificado'!#REF!","v":{"$error":"#REF!"}},{"$f":"'CRO2_Crono Simplificado'!AUA4","v":0},{"$f":"'CRO2_Crono Simplificado'!#REF!","v":{"$error":"#REF!"}},{"$f":"'CRO2_Crono Simplificado'!AUC4","v":0},{"$f":"'CRO2_Crono Simplificado'!#REF!","v":{"$error":"#REF!"}},{"$f":"'CRO2_Crono Simplificado'!AUE4","v":0},{"$f":"'CRO2_Crono Simplificado'!#REF!","v":{"$error":"#REF!"}},{"$f":"'CRO2_Crono Simplificado'!AUG4","v":0},{"$f":"'CRO2_Crono Simplificado'!#REF!","v":{"$error":"#REF!"}},{"$f":"'CRO2_Crono Simplificado'!AUI4","v":0},{"$f":"'CRO2_Crono Simplificado'!#REF!","v":{"$error":"#REF!"}},{"$f":"'CRO2_Crono Simplificado'!AUK4","v":0},{"$f":"'CRO2_Crono Simplificado'!#REF!","v":{"$error":"#REF!"}},{"$f":"'CRO2_Crono Simplificado'!AUM4","v":0},{"$f":"'CRO2_Crono Simplificado'!#REF!","v":{"$error":"#REF!"}},{"$f":"'CRO2_Crono Simplificado'!AUO4","v":0},{"$f":"'CRO2_Crono Simplificado'!#REF!","v":{"$error":"#REF!"}},{"$f":"'CRO2_Crono Simplificado'!AUQ4","v":0},{"$f":"'CRO2_Crono Simplificado'!#REF!","v":{"$error":"#REF!"}},{"$f":"'CRO2_Crono Simplificado'!AUS4","v":0},{"$f":"'CRO2_Crono Simplificado'!#REF!","v":{"$error":"#REF!"}},{"$f":"'CRO2_Crono Simplificado'!AUU4","v":0},{"$f":"'CRO2_Crono Simplificado'!#REF!","v":{"$error":"#REF!"}},{"$f":"'CRO2_Crono Simplificado'!AUW4","v":0},{"$f":"'CRO2_Crono Simplificado'!#REF!","v":{"$error":"#REF!"}},{"$f":"'CRO2_Crono Simplificado'!AUY4","v":0},{"$f":"'CRO2_Crono Simplificado'!#REF!","v":{"$error":"#REF!"}},{"$f":"'CRO2_Crono Simplificado'!AVA4","v":0},{"$f":"'CRO2_Crono Simplificado'!#REF!","v":{"$error":"#REF!"}},{"$f":"'CRO2_Crono Simplificado'!AVC4","v":0},{"$f":"'CRO2_Crono Simplificado'!#REF!","v":{"$error":"#REF!"}},{"$f":"'CRO2_Crono Simplificado'!AVE4","v":0},{"$f":"'CRO2_Crono Simplificado'!#REF!","v":{"$error":"#REF!"}},{"$f":"'CRO2_Crono Simplificado'!AVG4","v":0},{"$f":"'CRO2_Crono Simplificado'!#REF!","v":{"$error":"#REF!"}},{"$f":"'CRO2_Crono Simplificado'!AVI4","v":0},{"$f":"'CRO2_Crono Simplificado'!#REF!","v":{"$error":"#REF!"}},{"$f":"'CRO2_Crono Simplificado'!AVK4","v":0},{"$f":"'CRO2_Crono Simplificado'!#REF!","v":{"$error":"#REF!"}},{"$f":"'CRO2_Crono Simplificado'!AVM4","v":0},{"$f":"'CRO2_Crono Simplificado'!#REF!","v":{"$error":"#REF!"}},{"$f":"'CRO2_Crono Simplificado'!AVO4","v":0},{"$f":"'CRO2_Crono Simplificado'!#REF!","v":{"$error":"#REF!"}},{"$f":"'CRO2_Crono Simplificado'!AVQ4","v":0},{"$f":"'CRO2_Crono Simplificado'!#REF!","v":{"$error":"#REF!"}},{"$f":"'CRO2_Crono Simplificado'!AVS4","v":0},{"$f":"'CRO2_Crono Simplificado'!#REF!","v":{"$error":"#REF!"}},{"$f":"'CRO2_Crono Simplificado'!AVU4","v":0},{"$f":"'CRO2_Crono Simplificado'!#REF!","v":{"$error":"#REF!"}},{"$f":"'CRO2_Crono Simplificado'!AVW4","v":0},{"$f":"'CRO2_Crono Simplificado'!#REF!","v":{"$error":"#REF!"}},{"$f":"'CRO2_Crono Simplificado'!AVY4","v":0},{"$f":"'CRO2_Crono Simplificado'!#REF!","v":{"$error":"#REF!"}},{"$f":"'CRO2_Crono Simplificado'!AWA4","v":0},{"$f":"'CRO2_Crono Simplificado'!#REF!","v":{"$error":"#REF!"}},{"$f":"'CRO2_Crono Simplificado'!AWC4","v":0},{"$f":"'CRO2_Crono Simplificado'!#REF!","v":{"$error":"#REF!"}},{"$f":"'CRO2_Crono Simplificado'!AWE4","v":0},{"$f":"'CRO2_Crono Simplificado'!#REF!","v":{"$error":"#REF!"}},{"$f":"'CRO2_Crono Simplificado'!AWG4","v":0},{"$f":"'CRO2_Crono Simplificado'!#REF!","v":{"$error":"#REF!"}},{"$f":"'CRO2_Crono Simplificado'!AWI4","v":0},{"$f":"'CRO2_Crono Simplificado'!#REF!","v":{"$error":"#REF!"}},{"$f":"'CRO2_Crono Simplificado'!AWK4","v":0},{"$f":"'CRO2_Crono Simplificado'!#REF!","v":{"$error":"#REF!"}},{"$f":"'CRO2_Crono Simplificado'!AWM4","v":0},{"$f":"'CRO2_Crono Simplificado'!#REF!","v":{"$error":"#REF!"}},{"$f":"'CRO2_Crono Simplificado'!AWO4","v":0},{"$f":"'CRO2_Crono Simplificado'!#REF!","v":{"$error":"#REF!"}},{"$f":"'CRO2_Crono Simplificado'!AWQ4","v":0},{"$f":"'CRO2_Crono Simplificado'!#REF!","v":{"$error":"#REF!"}},{"$f":"'CRO2_Crono Simplificado'!AWS4","v":0},{"$f":"'CRO2_Crono Simplificado'!#REF!","v":{"$error":"#REF!"}},{"$f":"'CRO2_Crono Simplificado'!AWU4","v":0},{"$f":"'CRO2_Crono Simplificado'!#REF!","v":{"$error":"#REF!"}},{"$f":"'CRO2_Crono Simplificado'!AWW4","v":0},{"$f":"'CRO2_Crono Simplificado'!#REF!","v":{"$error":"#REF!"}},{"$f":"'CRO2_Crono Simplificado'!AWY4","v":0},{"$f":"'CRO2_Crono Simplificado'!#REF!","v":{"$error":"#REF!"}},{"$f":"'CRO2_Crono Simplificado'!AXA4","v":0},{"$f":"'CRO2_Crono Simplificado'!#REF!","v":{"$error":"#REF!"}},{"$f":"'CRO2_Crono Simplificado'!AXC4","v":0},{"$f":"'CRO2_Crono Simplificado'!#REF!","v":{"$error":"#REF!"}},{"$f":"'CRO2_Crono Simplificado'!AXE4","v":0},{"$f":"'CRO2_Crono Simplificado'!#REF!","v":{"$error":"#REF!"}},{"$f":"'CRO2_Crono Simplificado'!AXG4","v":0},{"$f":"'CRO2_Crono Simplificado'!#REF!","v":{"$error":"#REF!"}},{"$f":"'CRO2_Crono Simplificado'!AXI4","v":0},{"$f":"'CRO2_Crono Simplificado'!#REF!","v":{"$error":"#REF!"}},{"$f":"'CRO2_Crono Simplificado'!AXK4","v":0},{"$f":"'CRO2_Crono Simplificado'!#REF!","v":{"$error":"#REF!"}},{"$f":"'CRO2_Crono Simplificado'!AXM4","v":0},{"$f":"'CRO2_Crono Simplificado'!#REF!","v":{"$error":"#REF!"}},{"$f":"'CRO2_Crono Simplificado'!AXO4","v":0},{"$f":"'CRO2_Crono Simplificado'!#REF!","v":{"$error":"#REF!"}},{"$f":"'CRO2_Crono Simplificado'!AXQ4","v":0},{"$f":"'CRO2_Crono Simplificado'!#REF!","v":{"$error":"#REF!"}},{"$f":"'CRO2_Crono Simplificado'!AXS4","v":0},{"$f":"'CRO2_Crono Simplificado'!#REF!","v":{"$error":"#REF!"}},{"$f":"'CRO2_Crono Simplificado'!AXU4","v":0},{"$f":"'CRO2_Crono Simplificado'!#REF!","v":{"$error":"#REF!"}},{"$f":"'CRO2_Crono Simplificado'!AXW4","v":0},{"$f":"'CRO2_Crono Simplificado'!#REF!","v":{"$error":"#REF!"}},{"$f":"'CRO2_Crono Simplificado'!AXY4","v":0},{"$f":"'CRO2_Crono Simplificado'!#REF!","v":{"$error":"#REF!"}},{"$f":"'CRO2_Crono Simplificado'!AYA4","v":0},{"$f":"'CRO2_Crono Simplificado'!#REF!","v":{"$error":"#REF!"}},{"$f":"'CRO2_Crono Simplificado'!AYC4","v":0},{"$f":"'CRO2_Crono Simplificado'!#REF!","v":{"$error":"#REF!"}},{"$f":"'CRO2_Crono Simplificado'!AYE4","v":0},{"$f":"'CRO2_Crono Simplificado'!#REF!","v":{"$error":"#REF!"}},{"$f":"'CRO2_Crono Simplificado'!AYG4","v":0},{"$f":"'CRO2_Crono Simplificado'!#REF!","v":{"$error":"#REF!"}},{"$f":"'CRO2_Crono Simplificado'!AYI4","v":0},{"$f":"'CRO2_Crono Simplificado'!#REF!","v":{"$error":"#REF!"}},{"$f":"'CRO2_Crono Simplificado'!AYK4","v":0},{"$f":"'CRO2_Crono Simplificado'!#REF!","v":{"$error":"#REF!"}},{"$f":"'CRO2_Crono Simplificado'!AYM4","v":0},{"$f":"'CRO2_Crono Simplificado'!#REF!","v":{"$error":"#REF!"}},{"$f":"'CRO2_Crono Simplificado'!AYO4","v":0},{"$f":"'CRO2_Crono Simplificado'!#REF!","v":{"$error":"#REF!"}},{"$f":"'CRO2_Crono Simplificado'!AYQ4","v":0},{"$f":"'CRO2_Crono Simplificado'!#REF!","v":{"$error":"#REF!"}},{"$f":"'CRO2_Crono Simplificado'!AYS4","v":0},{"$f":"'CRO2_Crono Simplificado'!#REF!","v":{"$error":"#REF!"}},{"$f":"'CRO2_Crono Simplificado'!AYU4","v":0},{"$f":"'CRO2_Crono Simplificado'!#REF!","v":{"$error":"#REF!"}},{"$f":"'CRO2_Crono Simplificado'!AYW4","v":0},{"$f":"'CRO2_Crono Simplificado'!#REF!","v":{"$error":"#REF!"}},{"$f":"'CRO2_Crono Simplificado'!AYY4","v":0},{"$f":"'CRO2_Crono Simplificado'!#REF!","v":{"$error":"#REF!"}},{"$f":"'CRO2_Crono Simplificado'!AZA4","v":0},{"$f":"'CRO2_Crono Simplificado'!#REF!","v":{"$error":"#REF!"}},{"$f":"'CRO2_Crono Simplificado'!AZC4","v":0},{"$f":"'CRO2_Crono Simplificado'!#REF!","v":{"$error":"#REF!"}},{"$f":"'CRO2_Crono Simplificado'!AZE4","v":0},{"$f":"'CRO2_Crono Simplificado'!#REF!","v":{"$error":"#REF!"}},{"$f":"'CRO2_Crono Simplificado'!AZG4","v":0},{"$f":"'CRO2_Crono Simplificado'!#REF!","v":{"$error":"#REF!"}},{"$f":"'CRO2_Crono Simplificado'!AZI4","v":0},{"$f":"'CRO2_Crono Simplificado'!#REF!","v":{"$error":"#REF!"}},{"$f":"'CRO2_Crono Simplificado'!AZK4","v":0},{"$f":"'CRO2_Crono Simplificado'!#REF!","v":{"$error":"#REF!"}},{"$f":"'CRO2_Crono Simplificado'!AZM4","v":0},{"$f":"'CRO2_Crono Simplificado'!#REF!","v":{"$error":"#REF!"}},{"$f":"'CRO2_Crono Simplificado'!AZO4","v":0},{"$f":"'CRO2_Crono Simplificado'!#REF!","v":{"$error":"#REF!"}},{"$f":"'CRO2_Crono Simplificado'!AZQ4","v":0},{"$f":"'CRO2_Crono Simplificado'!#REF!","v":{"$error":"#REF!"}},{"$f":"'CRO2_Crono Simplificado'!AZS4","v":0},{"$f":"'CRO2_Crono Simplificado'!#REF!","v":{"$error":"#REF!"}},{"$f":"'CRO2_Crono Simplificado'!AZU4","v":0},{"$f":"'CRO2_Crono Simplificado'!#REF!","v":{"$error":"#REF!"}},{"$f":"'CRO2_Crono Simplificado'!AZW4","v":0},{"$f":"'CRO2_Crono Simplificado'!#REF!","v":{"$error":"#REF!"}},{"$f":"'CRO2_Crono Simplificado'!AZY4","v":0},{"$f":"'CRO2_Crono Simplificado'!#REF!","v":{"$error":"#REF!"}},{"$f":"'CRO2_Crono Simplificado'!BAA4","v":0},{"$f":"'CRO2_Crono Simplificado'!#REF!","v":{"$error":"#REF!"}},{"$f":"'CRO2_Crono Simplificado'!BAC4","v":0},{"$f":"'CRO2_Crono Simplificado'!#REF!","v":{"$error":"#REF!"}},{"$f":"'CRO2_Crono Simplificado'!BAE4","v":0},{"$f":"'CRO2_Crono Simplificado'!#REF!","v":{"$error":"#REF!"}},{"$f":"'CRO2_Crono Simplificado'!BAG4","v":0},{"$f":"'CRO2_Crono Simplificado'!#REF!","v":{"$error":"#REF!"}},{"$f":"'CRO2_Crono Simplificado'!BAI4","v":0},{"$f":"'CRO2_Crono Simplificado'!#REF!","v":{"$error":"#REF!"}},{"$f":"'CRO2_Crono Simplificado'!BAK4","v":0},{"$f":"'CRO2_Crono Simplificado'!#REF!","v":{"$error":"#REF!"}},{"$f":"'CRO2_Crono Simplificado'!BAM4","v":0},{"$f":"'CRO2_Crono Simplificado'!#REF!","v":{"$error":"#REF!"}},{"$f":"'CRO2_Crono Simplificado'!BAO4","v":0},{"$f":"'CRO2_Crono Simplificado'!#REF!","v":{"$error":"#REF!"}},{"$f":"'CRO2_Crono Simplificado'!BAQ4","v":0},{"$f":"'CRO2_Crono Simplificado'!#REF!","v":{"$error":"#REF!"}},{"$f":"'CRO2_Crono Simplificado'!BAS4","v":0},{"$f":"'CRO2_Crono Simplificado'!#REF!","v":{"$error":"#REF!"}},{"$f":"'CRO2_Crono Simplificado'!BAU4","v":0},{"$f":"'CRO2_Crono Simplificado'!#REF!","v":{"$error":"#REF!"}},{"$f":"'CRO2_Crono Simplificado'!BAW4","v":0},{"$f":"'CRO2_Crono Simplificado'!#REF!","v":{"$error":"#REF!"}},{"$f":"'CRO2_Crono Simplificado'!BAY4","v":0},{"$f":"'CRO2_Crono Simplificado'!#REF!","v":{"$error":"#REF!"}},{"$f":"'CRO2_Crono Simplificado'!BBA4","v":0},{"$f":"'CRO2_Crono Simplificado'!#REF!","v":{"$error":"#REF!"}},{"$f":"'CRO2_Crono Simplificado'!BBC4","v":0},{"$f":"'CRO2_Crono Simplificado'!#REF!","v":{"$error":"#REF!"}},{"$f":"'CRO2_Crono Simplificado'!BBE4","v":0},{"$f":"'CRO2_Crono Simplificado'!#REF!","v":{"$error":"#REF!"}},{"$f":"'CRO2_Crono Simplificado'!BBG4","v":0},{"$f":"'CRO2_Crono Simplificado'!#REF!","v":{"$error":"#REF!"}},{"$f":"'CRO2_Crono Simplificado'!BBI4","v":0},{"$f":"'CRO2_Crono Simplificado'!#REF!","v":{"$error":"#REF!"}},{"$f":"'CRO2_Crono Simplificado'!BBK4","v":0},{"$f":"'CRO2_Crono Simplificado'!#REF!","v":{"$error":"#REF!"}},{"$f":"'CRO2_Crono Simplificado'!BBM4","v":0},{"$f":"'CRO2_Crono Simplificado'!#REF!","v":{"$error":"#REF!"}},{"$f":"'CRO2_Crono Simplificado'!BBO4","v":0},{"$f":"'CRO2_Crono Simplificado'!#REF!","v":{"$error":"#REF!"}},{"$f":"'CRO2_Crono Simplificado'!BBQ4","v":0},{"$f":"'CRO2_Crono Simplificado'!#REF!","v":{"$error":"#REF!"}},{"$f":"'CRO2_Crono Simplificado'!BBS4","v":0},{"$f":"'CRO2_Crono Simplificado'!#REF!","v":{"$error":"#REF!"}},{"$f":"'CRO2_Crono Simplificado'!BBU4","v":0},{"$f":"'CRO2_Crono Simplificado'!#REF!","v":{"$error":"#REF!"}},{"$f":"'CRO2_Crono Simplificado'!BBW4","v":0},{"$f":"'CRO2_Crono Simplificado'!#REF!","v":{"$error":"#REF!"}},{"$f":"'CRO2_Crono Simplificado'!BBY4","v":0},{"$f":"'CRO2_Crono Simplificado'!#REF!","v":{"$error":"#REF!"}},{"$f":"'CRO2_Crono Simplificado'!BCA4","v":0},{"$f":"'CRO2_Crono Simplificado'!#REF!","v":{"$error":"#REF!"}},{"$f":"'CRO2_Crono Simplificado'!BCC4","v":0},{"$f":"'CRO2_Crono Simplificado'!#REF!","v":{"$error":"#REF!"}},{"$f":"'CRO2_Crono Simplificado'!BCE4","v":0},{"$f":"'CRO2_Crono Simplificado'!#REF!","v":{"$error":"#REF!"}},{"$f":"'CRO2_Crono Simplificado'!BCG4","v":0},{"$f":"'CRO2_Crono Simplificado'!#REF!","v":{"$error":"#REF!"}},{"$f":"'CRO2_Crono Simplificado'!BCI4","v":0},{"$f":"'CRO2_Crono Simplificado'!#REF!","v":{"$error":"#REF!"}},{"$f":"'CRO2_Crono Simplificado'!BCK4","v":0},{"$f":"'CRO2_Crono Simplificado'!#REF!","v":{"$error":"#REF!"}},{"$f":"'CRO2_Crono Simplificado'!BCM4","v":0},{"$f":"'CRO2_Crono Simplificado'!#REF!","v":{"$error":"#REF!"}},{"$f":"'CRO2_Crono Simplificado'!BCO4","v":0},{"$f":"'CRO2_Crono Simplificado'!#REF!","v":{"$error":"#REF!"}},{"$f":"'CRO2_Crono Simplificado'!BCQ4","v":0},{"$f":"'CRO2_Crono Simplificado'!#REF!","v":{"$error":"#REF!"}},{"$f":"'CRO2_Crono Simplificado'!BCS4","v":0},{"$f":"'CRO2_Crono Simplificado'!#REF!","v":{"$error":"#REF!"}},{"$f":"'CRO2_Crono Simplificado'!BCU4","v":0},{"$f":"'CRO2_Crono Simplificado'!#REF!","v":{"$error":"#REF!"}},{"$f":"'CRO2_Crono Simplificado'!BCW4","v":0},{"$f":"'CRO2_Crono Simplificado'!#REF!","v":{"$error":"#REF!"}},{"$f":"'CRO2_Crono Simplificado'!BCY4","v":0},{"$f":"'CRO2_Crono Simplificado'!#REF!","v":{"$error":"#REF!"}},{"$f":"'CRO2_Crono Simplificado'!BDA4","v":0},{"$f":"'CRO2_Crono Simplificado'!#REF!","v":{"$error":"#REF!"}},{"$f":"'CRO2_Crono Simplificado'!BDC4","v":0},{"$f":"'CRO2_Crono Simplificado'!#REF!","v":{"$error":"#REF!"}},{"$f":"'CRO2_Crono Simplificado'!BDE4","v":0},{"$f":"'CRO2_Crono Simplificado'!#REF!","v":{"$error":"#REF!"}},{"$f":"'CRO2_Crono Simplificado'!BDG4","v":0},{"$f":"'CRO2_Crono Simplificado'!#REF!","v":{"$error":"#REF!"}},{"$f":"'CRO2_Crono Simplificado'!BDI4","v":0},{"$f":"'CRO2_Crono Simplificado'!#REF!","v":{"$error":"#REF!"}},{"$f":"'CRO2_Crono Simplificado'!BDK4","v":0},{"$f":"'CRO2_Crono Simplificado'!#REF!","v":{"$error":"#REF!"}},{"$f":"'CRO2_Crono Simplificado'!BDM4","v":0},{"$f":"'CRO2_Crono Simplificado'!#REF!","v":{"$error":"#REF!"}},{"$f":"'CRO2_Crono Simplificado'!BDO4","v":0},{"$f":"'CRO2_Crono Simplificado'!#REF!","v":{"$error":"#REF!"}},{"$f":"'CRO2_Crono Simplificado'!BDQ4","v":0},{"$f":"'CRO2_Crono Simplificado'!#REF!","v":{"$error":"#REF!"}},{"$f":"'CRO2_Crono Simplificado'!BDS4","v":0},{"$f":"'CRO2_Crono Simplificado'!#REF!","v":{"$error":"#REF!"}},{"$f":"'CRO2_Crono Simplificado'!BDU4","v":0},{"$f":"'CRO2_Crono Simplificado'!#REF!","v":{"$error":"#REF!"}},{"$f":"'CRO2_Crono Simplificado'!BDW4","v":0},{"$f":"'CRO2_Crono Simplificado'!#REF!","v":{"$error":"#REF!"}},{"$f":"'CRO2_Crono Simplificado'!BDY4","v":0},{"$f":"'CRO2_Crono Simplificado'!#REF!","v":{"$error":"#REF!"}},{"$f":"'CRO2_Crono Simplificado'!BEA4","v":0},{"$f":"'CRO2_Crono Simplificado'!#REF!","v":{"$error":"#REF!"}},{"$f":"'CRO2_Crono Simplificado'!BEC4","v":0},{"$f":"'CRO2_Crono Simplificado'!#REF!","v":{"$error":"#REF!"}},{"$f":"'CRO2_Crono Simplificado'!BEE4","v":0},{"$f":"'CRO2_Crono Simplificado'!#REF!","v":{"$error":"#REF!"}},{"$f":"'CRO2_Crono Simplificado'!BEG4","v":0},{"$f":"'CRO2_Crono Simplificado'!#REF!","v":{"$error":"#REF!"}},{"$f":"'CRO2_Crono Simplificado'!BEI4","v":0},{"$f":"'CRO2_Crono Simplificado'!#REF!","v":{"$error":"#REF!"}},{"$f":"'CRO2_Crono Simplificado'!BEK4","v":0},{"$f":"'CRO2_Crono Simplificado'!#REF!","v":{"$error":"#REF!"}},{"$f":"'CRO2_Crono Simplificado'!BEM4","v":0},{"$f":"'CRO2_Crono Simplificado'!#REF!","v":{"$error":"#REF!"}},{"$f":"'CRO2_Crono Simplificado'!BEO4","v":0},{"$f":"'CRO2_Crono Simplificado'!#REF!","v":{"$error":"#REF!"}},{"$f":"'CRO2_Crono Simplificado'!BEQ4","v":0},{"$f":"'CRO2_Crono Simplificado'!#REF!","v":{"$error":"#REF!"}},{"$f":"'CRO2_Crono Simplificado'!BES4","v":0},{"$f":"'CRO2_Crono Simplificado'!#REF!","v":{"$error":"#REF!"}},{"$f":"'CRO2_Crono Simplificado'!BEU4","v":0},{"$f":"'CRO2_Crono Simplificado'!#REF!","v":{"$error":"#REF!"}},{"$f":"'CRO2_Crono Simplificado'!BEW4","v":0},{"$f":"'CRO2_Crono Simplificado'!#REF!","v":{"$error":"#REF!"}},{"$f":"'CRO2_Crono Simplificado'!BEY4","v":0},{"$f":"'CRO2_Crono Simplificado'!#REF!","v":{"$error":"#REF!"}},{"$f":"'CRO2_Crono Simplificado'!BFA4","v":0},{"$f":"'CRO2_Crono Simplificado'!#REF!","v":{"$error":"#REF!"}},{"$f":"'CRO2_Crono Simplificado'!BFC4","v":0},{"$f":"'CRO2_Crono Simplificado'!#REF!","v":{"$error":"#REF!"}},{"$f":"'CRO2_Crono Simplificado'!BFE4","v":0},{"$f":"'CRO2_Crono Simplificado'!#REF!","v":{"$error":"#REF!"}},{"$f":"'CRO2_Crono Simplificado'!BFG4","v":0},{"$f":"'CRO2_Crono Simplificado'!#REF!","v":{"$error":"#REF!"}},{"$f":"'CRO2_Crono Simplificado'!BFI4","v":0},{"$f":"'CRO2_Crono Simplificado'!#REF!","v":{"$error":"#REF!"}},{"$f":"'CRO2_Crono Simplificado'!BFK4","v":0},{"$f":"'CRO2_Crono Simplificado'!#REF!","v":{"$error":"#REF!"}},{"$f":"'CRO2_Crono Simplificado'!BFM4","v":0},{"$f":"'CRO2_Crono Simplificado'!#REF!","v":{"$error":"#REF!"}},{"$f":"'CRO2_Crono Simplificado'!BFO4","v":0},{"$f":"'CRO2_Crono Simplificado'!#REF!","v":{"$error":"#REF!"}},{"$f":"'CRO2_Crono Simplificado'!BFQ4","v":0},{"$f":"'CRO2_Crono Simplificado'!#REF!","v":{"$error":"#REF!"}},{"$f":"'CRO2_Crono Simplificado'!BFS4","v":0},{"$f":"'CRO2_Crono Simplificado'!#REF!","v":{"$error":"#REF!"}},{"$f":"'CRO2_Crono Simplificado'!BFU4","v":0},{"$f":"'CRO2_Crono Simplificado'!#REF!","v":{"$error":"#REF!"}},{"$f":"'CRO2_Crono Simplificado'!BFW4","v":0},{"$f":"'CRO2_Crono Simplificado'!#REF!","v":{"$error":"#REF!"}},{"$f":"'CRO2_Crono Simplificado'!BFY4","v":0},{"$f":"'CRO2_Crono Simplificado'!#REF!","v":{"$error":"#REF!"}},{"$f":"'CRO2_Crono Simplificado'!BGA4","v":0},{"$f":"'CRO2_Crono Simplificado'!#REF!","v":{"$error":"#REF!"}},{"$f":"'CRO2_Crono Simplificado'!BGC4","v":0},{"$f":"'CRO2_Crono Simplificado'!#REF!","v":{"$error":"#REF!"}},{"$f":"'CRO2_Crono Simplificado'!BGE4","v":0},{"$f":"'CRO2_Crono Simplificado'!#REF!","v":{"$error":"#REF!"}},{"$f":"'CRO2_Crono Simplificado'!BGG4","v":0},{"$f":"'CRO2_Crono Simplificado'!#REF!","v":{"$error":"#REF!"}},{"$f":"'CRO2_Crono Simplificado'!BGI4","v":0},{"$f":"'CRO2_Crono Simplificado'!#REF!","v":{"$error":"#REF!"}},{"$f":"'CRO2_Crono Simplificado'!BGK4","v":0},{"$f":"'CRO2_Crono Simplificado'!#REF!","v":{"$error":"#REF!"}},{"$f":"'CRO2_Crono Simplificado'!BGM4","v":0},{"$f":"'CRO2_Crono Simplificado'!#REF!","v":{"$error":"#REF!"}},{"$f":"'CRO2_Crono Simplificado'!BGO4","v":0},{"$f":"'CRO2_Crono Simplificado'!#REF!","v":{"$error":"#REF!"}},{"$f":"'CRO2_Crono Simplificado'!BGQ4","v":0},{"$f":"'CRO2_Crono Simplificado'!#REF!","v":{"$error":"#REF!"}},{"$f":"'CRO2_Crono Simplificado'!BGS4","v":0},{"$f":"'CRO2_Crono Simplificado'!#REF!","v":{"$error":"#REF!"}},{"$f":"'CRO2_Crono Simplificado'!BGU4","v":0},{"$f":"'CRO2_Crono Simplificado'!#REF!","v":{"$error":"#REF!"}},{"$f":"'CRO2_Crono Simplificado'!BGW4","v":0},{"$f":"'CRO2_Crono Simplificado'!#REF!","v":{"$error":"#REF!"}},{"$f":"'CRO2_Crono Simplificado'!BGY4","v":0},{"$f":"'CRO2_Crono Simplificado'!#REF!","v":{"$error":"#REF!"}},{"$f":"'CRO2_Crono Simplificado'!BHA4","v":0},{"$f":"'CRO2_Crono Simplificado'!#REF!","v":{"$error":"#REF!"}},{"$f":"'CRO2_Crono Simplificado'!BHC4","v":0},{"$f":"'CRO2_Crono Simplificado'!#REF!","v":{"$error":"#REF!"}},{"$f":"'CRO2_Crono Simplificado'!BHE4","v":0},{"$f":"'CRO2_Crono Simplificado'!#REF!","v":{"$error":"#REF!"}},{"$f":"'CRO2_Crono Simplificado'!BHG4","v":0},{"$f":"'CRO2_Crono Simplificado'!#REF!","v":{"$error":"#REF!"}},{"$f":"'CRO2_Crono Simplificado'!BHI4","v":0},{"$f":"'CRO2_Crono Simplificado'!#REF!","v":{"$error":"#REF!"}},{"$f":"'CRO2_Crono Simplificado'!BHK4","v":0},{"$f":"'CRO2_Crono Simplificado'!#REF!","v":{"$error":"#REF!"}},{"$f":"'CRO2_Crono Simplificado'!BHM4","v":0},{"$f":"'CRO2_Crono Simplificado'!#REF!","v":{"$error":"#REF!"}},{"$f":"'CRO2_Crono Simplificado'!BHO4","v":0},{"$f":"'CRO2_Crono Simplificado'!#REF!","v":{"$error":"#REF!"}},{"$f":"'CRO2_Crono Simplificado'!BHQ4","v":0},{"$f":"'CRO2_Crono Simplificado'!#REF!","v":{"$error":"#REF!"}},{"$f":"'CRO2_Crono Simplificado'!BHS4","v":0},{"$f":"'CRO2_Crono Simplificado'!#REF!","v":{"$error":"#REF!"}},{"$f":"'CRO2_Crono Simplificado'!BHU4","v":0},{"$f":"'CRO2_Crono Simplificado'!#REF!","v":{"$error":"#REF!"}},{"$f":"'CRO2_Crono Simplificado'!BHW4","v":0},{"$f":"'CRO2_Crono Simplificado'!#REF!","v":{"$error":"#REF!"}},{"$f":"'CRO2_Crono Simplificado'!BHY4","v":0},{"$f":"'CRO2_Crono Simplificado'!#REF!","v":{"$error":"#REF!"}},{"$f":"'CRO2_Crono Simplificado'!BIA4","v":0},{"$f":"'CRO2_Crono Simplificado'!#REF!","v":{"$error":"#REF!"}},{"$f":"'CRO2_Crono Simplificado'!BIC4","v":0},{"$f":"'CRO2_Crono Simplificado'!#REF!","v":{"$error":"#REF!"}},{"$f":"'CRO2_Crono Simplificado'!BIE4","v":0},{"$f":"'CRO2_Crono Simplificado'!#REF!","v":{"$error":"#REF!"}},{"$f":"'CRO2_Crono Simplificado'!BIG4","v":0},{"$f":"'CRO2_Crono Simplificado'!#REF!","v":{"$error":"#REF!"}},{"$f":"'CRO2_Crono Simplificado'!BII4","v":0},{"$f":"'CRO2_Crono Simplificado'!#REF!","v":{"$error":"#REF!"}},{"$f":"'CRO2_Crono Simplificado'!BIK4","v":0},{"$f":"'CRO2_Crono Simplificado'!#REF!","v":{"$error":"#REF!"}},{"$f":"'CRO2_Crono Simplificado'!BIM4","v":0},{"$f":"'CRO2_Crono Simplificado'!#REF!","v":{"$error":"#REF!"}},{"$f":"'CRO2_Crono Simplificado'!BIO4","v":0},{"$f":"'CRO2_Crono Simplificado'!#REF!","v":{"$error":"#REF!"}},{"$f":"'CRO2_Crono Simplificado'!BIQ4","v":0},{"$f":"'CRO2_Crono Simplificado'!#REF!","v":{"$error":"#REF!"}},{"$f":"'CRO2_Crono Simplificado'!BIS4","v":0},{"$f":"'CRO2_Crono Simplificado'!#REF!","v":{"$error":"#REF!"}},{"$f":"'CRO2_Crono Simplificado'!BIU4","v":0},{"$f":"'CRO2_Crono Simplificado'!#REF!","v":{"$error":"#REF!"}},{"$f":"'CRO2_Crono Simplificado'!BIW4","v":0},{"$f":"'CRO2_Crono Simplificado'!#REF!","v":{"$error":"#REF!"}},{"$f":"'CRO2_Crono Simplificado'!BIY4","v":0},{"$f":"'CRO2_Crono Simplificado'!#REF!","v":{"$error":"#REF!"}},{"$f":"'CRO2_Crono Simplificado'!BJA4","v":0},{"$f":"'CRO2_Crono Simplificado'!#REF!","v":{"$error":"#REF!"}},{"$f":"'CRO2_Crono Simplificado'!BJC4","v":0},{"$f":"'CRO2_Crono Simplificado'!#REF!","v":{"$error":"#REF!"}},{"$f":"'CRO2_Crono Simplificado'!BJE4","v":0},{"$f":"'CRO2_Crono Simplificado'!#REF!","v":{"$error":"#REF!"}},{"$f":"'CRO2_Crono Simplificado'!BJG4","v":0},{"$f":"'CRO2_Crono Simplificado'!#REF!","v":{"$error":"#REF!"}},{"$f":"'CRO2_Crono Simplificado'!BJI4","v":0},{"$f":"'CRO2_Crono Simplificado'!#REF!","v":{"$error":"#REF!"}},{"$f":"'CRO2_Crono Simplificado'!BJK4","v":0},{"$f":"'CRO2_Crono Simplificado'!#REF!","v":{"$error":"#REF!"}},{"$f":"'CRO2_Crono Simplificado'!BJM4","v":0},{"$f":"'CRO2_Crono Simplificado'!#REF!","v":{"$error":"#REF!"}},{"$f":"'CRO2_Crono Simplificado'!BJO4","v":0},{"$f":"'CRO2_Crono Simplificado'!#REF!","v":{"$error":"#REF!"}},{"$f":"'CRO2_Crono Simplificado'!BJQ4","v":0},{"$f":"'CRO2_Crono Simplificado'!#REF!","v":{"$error":"#REF!"}},{"$f":"'CRO2_Crono Simplificado'!BJS4","v":0},{"$f":"'CRO2_Crono Simplificado'!#REF!","v":{"$error":"#REF!"}},{"$f":"'CRO2_Crono Simplificado'!BJU4","v":0},{"$f":"'CRO2_Crono Simplificado'!#REF!","v":{"$error":"#REF!"}},{"$f":"'CRO2_Crono Simplificado'!BJW4","v":0},{"$f":"'CRO2_Crono Simplificado'!#REF!","v":{"$error":"#REF!"}},{"$f":"'CRO2_Crono Simplificado'!BJY4","v":0},{"$f":"'CRO2_Crono Simplificado'!#REF!","v":{"$error":"#REF!"}},{"$f":"'CRO2_Crono Simplificado'!BKA4","v":0},{"$f":"'CRO2_Crono Simplificado'!#REF!","v":{"$error":"#REF!"}},{"$f":"'CRO2_Crono Simplificado'!BKC4","v":0},{"$f":"'CRO2_Crono Simplificado'!#REF!","v":{"$error":"#REF!"}},{"$f":"'CRO2_Crono Simplificado'!BKE4","v":0},{"$f":"'CRO2_Crono Simplificado'!#REF!","v":{"$error":"#REF!"}},{"$f":"'CRO2_Crono Simplificado'!BKG4","v":0},{"$f":"'CRO2_Crono Simplificado'!#REF!","v":{"$error":"#REF!"}},{"$f":"'CRO2_Crono Simplificado'!BKI4","v":0},{"$f":"'CRO2_Crono Simplificado'!#REF!","v":{"$error":"#REF!"}},{"$f":"'CRO2_Crono Simplificado'!BKK4","v":0},{"$f":"'CRO2_Crono Simplificado'!#REF!","v":{"$error":"#REF!"}},{"$f":"'CRO2_Crono Simplificado'!BKM4","v":0},{"$f":"'CRO2_Crono Simplificado'!#REF!","v":{"$error":"#REF!"}},{"$f":"'CRO2_Crono Simplificado'!BKO4","v":0},{"$f":"'CRO2_Crono Simplificado'!#REF!","v":{"$error":"#REF!"}},{"$f":"'CRO2_Crono Simplificado'!BKQ4","v":0},{"$f":"'CRO2_Crono Simplificado'!#REF!","v":{"$error":"#REF!"}},{"$f":"'CRO2_Crono Simplificado'!BKS4","v":0},{"$f":"'CRO2_Crono Simplificado'!#REF!","v":{"$error":"#REF!"}},{"$f":"'CRO2_Crono Simplificado'!BKU4","v":0},{"$f":"'CRO2_Crono Simplificado'!#REF!","v":{"$error":"#REF!"}},{"$f":"'CRO2_Crono Simplificado'!BKW4","v":0},{"$f":"'CRO2_Crono Simplificado'!#REF!","v":{"$error":"#REF!"}},{"$f":"'CRO2_Crono Simplificado'!BKY4","v":0},{"$f":"'CRO2_Crono Simplificado'!#REF!","v":{"$error":"#REF!"}},{"$f":"'CRO2_Crono Simplificado'!BLA4","v":0},{"$f":"'CRO2_Crono Simplificado'!#REF!","v":{"$error":"#REF!"}},{"$f":"'CRO2_Crono Simplificado'!BLC4","v":0},{"$f":"'CRO2_Crono Simplificado'!#REF!","v":{"$error":"#REF!"}},{"$f":"'CRO2_Crono Simplificado'!BLE4","v":0},{"$f":"'CRO2_Crono Simplificado'!#REF!","v":{"$error":"#REF!"}},{"$f":"'CRO2_Crono Simplificado'!BLG4","v":0},{"$f":"'CRO2_Crono Simplificado'!#REF!","v":{"$error":"#REF!"}},{"$f":"'CRO2_Crono Simplificado'!BLI4","v":0},{"$f":"'CRO2_Crono Simplificado'!#REF!","v":{"$error":"#REF!"}},{"$f":"'CRO2_Crono Simplificado'!BLK4","v":0},{"$f":"'CRO2_Crono Simplificado'!#REF!","v":{"$error":"#REF!"}},{"$f":"'CRO2_Crono Simplificado'!BLM4","v":0},{"$f":"'CRO2_Crono Simplificado'!#REF!","v":{"$error":"#REF!"}},{"$f":"'CRO2_Crono Simplificado'!BLO4","v":0},{"$f":"'CRO2_Crono Simplificado'!#REF!","v":{"$error":"#REF!"}},{"$f":"'CRO2_Crono Simplificado'!BLQ4","v":0},{"$f":"'CRO2_Crono Simplificado'!#REF!","v":{"$error":"#REF!"}},{"$f":"'CRO2_Crono Simplificado'!BLS4","v":0},{"$f":"'CRO2_Crono Simplificado'!#REF!","v":{"$error":"#REF!"}},{"$f":"'CRO2_Crono Simplificado'!BLU4","v":0},{"$f":"'CRO2_Crono Simplificado'!#REF!","v":{"$error":"#REF!"}},{"$f":"'CRO2_Crono Simplificado'!BLW4","v":0},{"$f":"'CRO2_Crono Simplificado'!#REF!","v":{"$error":"#REF!"}},{"$f":"'CRO2_Crono Simplificado'!BLY4","v":0},{"$f":"'CRO2_Crono Simplificado'!#REF!","v":{"$error":"#REF!"}},{"$f":"'CRO2_Crono Simplificado'!BMA4","v":0},{"$f":"'CRO2_Crono Simplificado'!#REF!","v":{"$error":"#REF!"}},{"$f":"'CRO2_Crono Simplificado'!BMC4","v":0},{"$f":"'CRO2_Crono Simplificado'!#REF!","v":{"$error":"#REF!"}},{"$f":"'CRO2_Crono Simplificado'!BME4","v":0},{"$f":"'CRO2_Crono Simplificado'!#REF!","v":{"$error":"#REF!"}},{"$f":"'CRO2_Crono Simplificado'!BMG4","v":0},{"$f":"'CRO2_Crono Simplificado'!#REF!","v":{"$error":"#REF!"}},{"$f":"'CRO2_Crono Simplificado'!BMI4","v":0},{"$f":"'CRO2_Crono Simplificado'!#REF!","v":{"$error":"#REF!"}},{"$f":"'CRO2_Crono Simplificado'!BMK4","v":0},{"$f":"'CRO2_Crono Simplificado'!#REF!","v":{"$error":"#REF!"}},{"$f":"'CRO2_Crono Simplificado'!BMM4","v":0},{"$f":"'CRO2_Crono Simplificado'!#REF!","v":{"$error":"#REF!"}},{"$f":"'CRO2_Crono Simplificado'!BMO4","v":0},{"$f":"'CRO2_Crono Simplificado'!#REF!","v":{"$error":"#REF!"}},{"$f":"'CRO2_Crono Simplificado'!BMQ4","v":0},{"$f":"'CRO2_Crono Simplificado'!#REF!","v":{"$error":"#REF!"}},{"$f":"'CRO2_Crono Simplificado'!BMS4","v":0},{"$f":"'CRO2_Crono Simplificado'!#REF!","v":{"$error":"#REF!"}},{"$f":"'CRO2_Crono Simplificado'!BMU4","v":0},{"$f":"'CRO2_Crono Simplificado'!#REF!","v":{"$error":"#REF!"}},{"$f":"'CRO2_Crono Simplificado'!BMW4","v":0},{"$f":"'CRO2_Crono Simplificado'!#REF!","v":{"$error":"#REF!"}},{"$f":"'CRO2_Crono Simplificado'!BMY4","v":0},{"$f":"'CRO2_Crono Simplificado'!#REF!","v":{"$error":"#REF!"}},{"$f":"'CRO2_Crono Simplificado'!BNA4","v":0},{"$f":"'CRO2_Crono Simplificado'!#REF!","v":{"$error":"#REF!"}},{"$f":"'CRO2_Crono Simplificado'!BNC4","v":0},{"$f":"'CRO2_Crono Simplificado'!#REF!","v":{"$error":"#REF!"}},{"$f":"'CRO2_Crono Simplificado'!BNE4","v":0},{"$f":"'CRO2_Crono Simplificado'!#REF!","v":{"$error":"#REF!"}},{"$f":"'CRO2_Crono Simplificado'!BNG4","v":0},{"$f":"'CRO2_Crono Simplificado'!#REF!","v":{"$error":"#REF!"}},{"$f":"'CRO2_Crono Simplificado'!BNI4","v":0},{"$f":"'CRO2_Crono Simplificado'!#REF!","v":{"$error":"#REF!"}},{"$f":"'CRO2_Crono Simplificado'!BNK4","v":0},{"$f":"'CRO2_Crono Simplificado'!#REF!","v":{"$error":"#REF!"}},{"$f":"'CRO2_Crono Simplificado'!BNM4","v":0},{"$f":"'CRO2_Crono Simplificado'!#REF!","v":{"$error":"#REF!"}},{"$f":"'CRO2_Crono Simplificado'!BNO4","v":0},{"$f":"'CRO2_Crono Simplificado'!#REF!","v":{"$error":"#REF!"}},{"$f":"'CRO2_Crono Simplificado'!BNQ4","v":0},{"$f":"'CRO2_Crono Simplificado'!#REF!","v":{"$error":"#REF!"}},{"$f":"'CRO2_Crono Simplificado'!BNS4","v":0},{"$f":"'CRO2_Crono Simplificado'!#REF!","v":{"$error":"#REF!"}},{"$f":"'CRO2_Crono Simplificado'!BNU4","v":0},{"$f":"'CRO2_Crono Simplificado'!#REF!","v":{"$error":"#REF!"}},{"$f":"'CRO2_Crono Simplificado'!BNW4","v":0},{"$f":"'CRO2_Crono Simplificado'!#REF!","v":{"$error":"#REF!"}},{"$f":"'CRO2_Crono Simplificado'!BNY4","v":0},{"$f":"'CRO2_Crono Simplificado'!#REF!","v":{"$error":"#REF!"}},{"$f":"'CRO2_Crono Simplificado'!BOA4","v":0},{"$f":"'CRO2_Crono Simplificado'!#REF!","v":{"$error":"#REF!"}},{"$f":"'CRO2_Crono Simplificado'!BOC4","v":0},{"$f":"'CRO2_Crono Simplificado'!#REF!","v":{"$error":"#REF!"}},{"$f":"'CRO2_Crono Simplificado'!BOE4","v":0},{"$f":"'CRO2_Crono Simplificado'!#REF!","v":{"$error":"#REF!"}},{"$f":"'CRO2_Crono Simplificado'!BOG4","v":0},{"$f":"'CRO2_Crono Simplificado'!#REF!","v":{"$error":"#REF!"}},{"$f":"'CRO2_Crono Simplificado'!BOI4","v":0},{"$f":"'CRO2_Crono Simplificado'!#REF!","v":{"$error":"#REF!"}},{"$f":"'CRO2_Crono Simplificado'!BOK4","v":0},{"$f":"'CRO2_Crono Simplificado'!#REF!","v":{"$error":"#REF!"}},{"$f":"'CRO2_Crono Simplificado'!BOM4","v":0},{"$f":"'CRO2_Crono Simplificado'!#REF!","v":{"$error":"#REF!"}},{"$f":"'CRO2_Crono Simplificado'!BOO4","v":0},{"$f":"'CRO2_Crono Simplificado'!#REF!","v":{"$error":"#REF!"}},{"$f":"'CRO2_Crono Simplificado'!BOQ4","v":0},{"$f":"'CRO2_Crono Simplificado'!#REF!","v":{"$error":"#REF!"}},{"$f":"'CRO2_Crono Simplificado'!BOS4","v":0},{"$f":"'CRO2_Crono Simplificado'!#REF!","v":{"$error":"#REF!"}},{"$f":"'CRO2_Crono Simplificado'!BOU4","v":0},{"$f":"'CRO2_Crono Simplificado'!#REF!","v":{"$error":"#REF!"}},{"$f":"'CRO2_Crono Simplificado'!BOW4","v":0},{"$f":"'CRO2_Crono Simplificado'!#REF!","v":{"$error":"#REF!"}},{"$f":"'CRO2_Crono Simplificado'!BOY4","v":0},{"$f":"'CRO2_Crono Simplificado'!#REF!","v":{"$error":"#REF!"}},{"$f":"'CRO2_Crono Simplificado'!BPA4","v":0},{"$f":"'CRO2_Crono Simplificado'!#REF!","v":{"$error":"#REF!"}},{"$f":"'CRO2_Crono Simplificado'!BPC4","v":0},{"$f":"'CRO2_Crono Simplificado'!#REF!","v":{"$error":"#REF!"}},{"$f":"'CRO2_Crono Simplificado'!BPE4","v":0},{"$f":"'CRO2_Crono Simplificado'!#REF!","v":{"$error":"#REF!"}},{"$f":"'CRO2_Crono Simplificado'!BPG4","v":0},{"$f":"'CRO2_Crono Simplificado'!#REF!","v":{"$error":"#REF!"}},{"$f":"'CRO2_Crono Simplificado'!BPI4","v":0},{"$f":"'CRO2_Crono Simplificado'!#REF!","v":{"$error":"#REF!"}},{"$f":"'CRO2_Crono Simplificado'!BPK4","v":0},{"$f":"'CRO2_Crono Simplificado'!#REF!","v":{"$error":"#REF!"}},{"$f":"'CRO2_Crono Simplificado'!BPM4","v":0},{"$f":"'CRO2_Crono Simplificado'!#REF!","v":{"$error":"#REF!"}},{"$f":"'CRO2_Crono Simplificado'!BPO4","v":0},{"$f":"'CRO2_Crono Simplificado'!#REF!","v":{"$error":"#REF!"}},{"$f":"'CRO2_Crono Simplificado'!BPQ4","v":0},{"$f":"'CRO2_Crono Simplificado'!#REF!","v":{"$error":"#REF!"}},{"$f":"'CRO2_Crono Simplificado'!BPS4","v":0},{"$f":"'CRO2_Crono Simplificado'!#REF!","v":{"$error":"#REF!"}},{"$f":"'CRO2_Crono Simplificado'!BPU4","v":0},{"$f":"'CRO2_Crono Simplificado'!#REF!","v":{"$error":"#REF!"}},{"$f":"'CRO2_Crono Simplificado'!BPW4","v":0},{"$f":"'CRO2_Crono Simplificado'!#REF!","v":{"$error":"#REF!"}},{"$f":"'CRO2_Crono Simplificado'!BPY4","v":0},{"$f":"'CRO2_Crono Simplificado'!#REF!","v":{"$error":"#REF!"}},{"$f":"'CRO2_Crono Simplificado'!BQA4","v":0},{"$f":"'CRO2_Crono Simplificado'!#REF!","v":{"$error":"#REF!"}},{"$f":"'CRO2_Crono Simplificado'!BQC4","v":0},{"$f":"'CRO2_Crono Simplificado'!#REF!","v":{"$error":"#REF!"}},{"$f":"'CRO2_Crono Simplificado'!BQE4","v":0},{"$f":"'CRO2_Crono Simplificado'!#REF!","v":{"$error":"#REF!"}},{"$f":"'CRO2_Crono Simplificado'!BQG4","v":0},{"$f":"'CRO2_Crono Simplificado'!#REF!","v":{"$error":"#REF!"}},{"$f":"'CRO2_Crono Simplificado'!BQI4","v":0},{"$f":"'CRO2_Crono Simplificado'!#REF!","v":{"$error":"#REF!"}},{"$f":"'CRO2_Crono Simplificado'!BQK4","v":0},{"$f":"'CRO2_Crono Simplificado'!#REF!","v":{"$error":"#REF!"}},{"$f":"'CRO2_Crono Simplificado'!BQM4","v":0},{"$f":"'CRO2_Crono Simplificado'!#REF!","v":{"$error":"#REF!"}},{"$f":"'CRO2_Crono Simplificado'!BQO4","v":0},{"$f":"'CRO2_Crono Simplificado'!#REF!","v":{"$error":"#REF!"}},{"$f":"'CRO2_Crono Simplificado'!BQQ4","v":0},{"$f":"'CRO2_Crono Simplificado'!#REF!","v":{"$error":"#REF!"}},{"$f":"'CRO2_Crono Simplificado'!BQS4","v":0},{"$f":"'CRO2_Crono Simplificado'!#REF!","v":{"$error":"#REF!"}},{"$f":"'CRO2_Crono Simplificado'!BQU4","v":0},{"$f":"'CRO2_Crono Simplificado'!#REF!","v":{"$error":"#REF!"}},{"$f":"'CRO2_Crono Simplificado'!BQW4","v":0},{"$f":"'CRO2_Crono Simplificado'!#REF!","v":{"$error":"#REF!"}},{"$f":"'CRO2_Crono Simplificado'!BQY4","v":0},{"$f":"'CRO2_Crono Simplificado'!#REF!","v":{"$error":"#REF!"}},{"$f":"'CRO2_Crono Simplificado'!BRA4","v":0},{"$f":"'CRO2_Crono Simplificado'!#REF!","v":{"$error":"#REF!"}},{"$f":"'CRO2_Crono Simplificado'!BRC4","v":0},{"$f":"'CRO2_Crono Simplificado'!#REF!","v":{"$error":"#REF!"}},{"$f":"'CRO2_Crono Simplificado'!BRE4","v":0},{"$f":"'CRO2_Crono Simplificado'!#REF!","v":{"$error":"#REF!"}},{"$f":"'CRO2_Crono Simplificado'!BRG4","v":0},{"$f":"'CRO2_Crono Simplificado'!#REF!","v":{"$error":"#REF!"}},{"$f":"'CRO2_Crono Simplificado'!BRI4","v":0},{"$f":"'CRO2_Crono Simplificado'!#REF!","v":{"$error":"#REF!"}},{"$f":"'CRO2_Crono Simplificado'!BRK4","v":0},{"$f":"'CRO2_Crono Simplificado'!#REF!","v":{"$error":"#REF!"}},{"$f":"'CRO2_Crono Simplificado'!BRM4","v":0},{"$f":"'CRO2_Crono Simplificado'!#REF!","v":{"$error":"#REF!"}},{"$f":"'CRO2_Crono Simplificado'!BRO4","v":0},{"$f":"'CRO2_Crono Simplificado'!#REF!","v":{"$error":"#REF!"}},{"$f":"'CRO2_Crono Simplificado'!BRQ4","v":0},{"$f":"'CRO2_Crono Simplificado'!#REF!","v":{"$error":"#REF!"}},{"$f":"'CRO2_Crono Simplificado'!BRS4","v":0},{"$f":"'CRO2_Crono Simplificado'!#REF!","v":{"$error":"#REF!"}},{"$f":"'CRO2_Crono Simplificado'!BRU4","v":0},{"$f":"'CRO2_Crono Simplificado'!#REF!","v":{"$error":"#REF!"}},{"$f":"'CRO2_Crono Simplificado'!BRW4","v":0},{"$f":"'CRO2_Crono Simplificado'!#REF!","v":{"$error":"#REF!"}},{"$f":"'CRO2_Crono Simplificado'!BRY4","v":0},{"$f":"'CRO2_Crono Simplificado'!#REF!","v":{"$error":"#REF!"}},{"$f":"'CRO2_Crono Simplificado'!BSA4","v":0},{"$f":"'CRO2_Crono Simplificado'!#REF!","v":{"$error":"#REF!"}},{"$f":"'CRO2_Crono Simplificado'!BSC4","v":0},{"$f":"'CRO2_Crono Simplificado'!#REF!","v":{"$error":"#REF!"}},{"$f":"'CRO2_Crono Simplificado'!BSE4","v":0},{"$f":"'CRO2_Crono Simplificado'!#REF!","v":{"$error":"#REF!"}},{"$f":"'CRO2_Crono Simplificado'!BSG4","v":0},{"$f":"'CRO2_Crono Simplificado'!#REF!","v":{"$error":"#REF!"}},{"$f":"'CRO2_Crono Simplificado'!BSI4","v":0},{"$f":"'CRO2_Crono Simplificado'!#REF!","v":{"$error":"#REF!"}},{"$f":"'CRO2_Crono Simplificado'!BSK4","v":0},{"$f":"'CRO2_Crono Simplificado'!#REF!","v":{"$error":"#REF!"}},{"$f":"'CRO2_Crono Simplificado'!BSM4","v":0},{"$f":"'CRO2_Crono Simplificado'!#REF!","v":{"$error":"#REF!"}},{"$f":"'CRO2_Crono Simplificado'!BSO4","v":0},{"$f":"'CRO2_Crono Simplificado'!#REF!","v":{"$error":"#REF!"}},{"$f":"'CRO2_Crono Simplificado'!BSQ4","v":0},{"$f":"'CRO2_Crono Simplificado'!#REF!","v":{"$error":"#REF!"}},{"$f":"'CRO2_Crono Simplificado'!BSS4","v":0},{"$f":"'CRO2_Crono Simplificado'!#REF!","v":{"$error":"#REF!"}},{"$f":"'CRO2_Crono Simplificado'!BSU4","v":0},{"$f":"'CRO2_Crono Simplificado'!#REF!","v":{"$error":"#REF!"}},{"$f":"'CRO2_Crono Simplificado'!BSW4","v":0},{"$f":"'CRO2_Crono Simplificado'!#REF!","v":{"$error":"#REF!"}},{"$f":"'CRO2_Crono Simplificado'!BSY4","v":0},{"$f":"'CRO2_Crono Simplificado'!#REF!","v":{"$error":"#REF!"}},{"$f":"'CRO2_Crono Simplificado'!BTA4","v":0},{"$f":"'CRO2_Crono Simplificado'!#REF!","v":{"$error":"#REF!"}},{"$f":"'CRO2_Crono Simplificado'!BTC4","v":0},{"$f":"'CRO2_Crono Simplificado'!#REF!","v":{"$error":"#REF!"}},{"$f":"'CRO2_Crono Simplificado'!BTE4","v":0},{"$f":"'CRO2_Crono Simplificado'!#REF!","v":{"$error":"#REF!"}},{"$f":"'CRO2_Crono Simplificado'!BTG4","v":0},{"$f":"'CRO2_Crono Simplificado'!#REF!","v":{"$error":"#REF!"}},{"$f":"'CRO2_Crono Simplificado'!BTI4","v":0},{"$f":"'CRO2_Crono Simplificado'!#REF!","v":{"$error":"#REF!"}},{"$f":"'CRO2_Crono Simplificado'!BTK4","v":0},{"$f":"'CRO2_Crono Simplificado'!#REF!","v":{"$error":"#REF!"}},{"$f":"'CRO2_Crono Simplificado'!BTM4","v":0},{"$f":"'CRO2_Crono Simplificado'!#REF!","v":{"$error":"#REF!"}},{"$f":"'CRO2_Crono Simplificado'!BTO4","v":0},{"$f":"'CRO2_Crono Simplificado'!#REF!","v":{"$error":"#REF!"}},{"$f":"'CRO2_Crono Simplificado'!BTQ4","v":0},{"$f":"'CRO2_Crono Simplificado'!#REF!","v":{"$error":"#REF!"}},{"$f":"'CRO2_Crono Simplificado'!BTS4","v":0},{"$f":"'CRO2_Crono Simplificado'!#REF!","v":{"$error":"#REF!"}},{"$f":"'CRO2_Crono Simplificado'!BTU4","v":0},{"$f":"'CRO2_Crono Simplificado'!#REF!","v":{"$error":"#REF!"}},{"$f":"'CRO2_Crono Simplificado'!BTW4","v":0},{"$f":"'CRO2_Crono Simplificado'!#REF!","v":{"$error":"#REF!"}},{"$f":"'CRO2_Crono Simplificado'!BTY4","v":0},{"$f":"'CRO2_Crono Simplificado'!#REF!","v":{"$error":"#REF!"}},{"$f":"'CRO2_Crono Simplificado'!BUA4","v":0},{"$f":"'CRO2_Crono Simplificado'!#REF!","v":{"$error":"#REF!"}},{"$f":"'CRO2_Crono Simplificado'!BUC4","v":0},{"$f":"'CRO2_Crono Simplificado'!#REF!","v":{"$error":"#REF!"}},{"$f":"'CRO2_Crono Simplificado'!BUE4","v":0},{"$f":"'CRO2_Crono Simplificado'!#REF!","v":{"$error":"#REF!"}},{"$f":"'CRO2_Crono Simplificado'!BUG4","v":0},{"$f":"'CRO2_Crono Simplificado'!#REF!","v":{"$error":"#REF!"}},{"$f":"'CRO2_Crono Simplificado'!BUI4","v":0},{"$f":"'CRO2_Crono Simplificado'!#REF!","v":{"$error":"#REF!"}},{"$f":"'CRO2_Crono Simplificado'!BUK4","v":0},{"$f":"'CRO2_Crono Simplificado'!#REF!","v":{"$error":"#REF!"}},{"$f":"'CRO2_Crono Simplificado'!BUM4","v":0},{"$f":"'CRO2_Crono Simplificado'!#REF!","v":{"$error":"#REF!"}},{"$f":"'CRO2_Crono Simplificado'!BUO4","v":0},{"$f":"'CRO2_Crono Simplificado'!#REF!","v":{"$error":"#REF!"}},{"$f":"'CRO2_Crono Simplificado'!BUQ4","v":0},{"$f":"'CRO2_Crono Simplificado'!#REF!","v":{"$error":"#REF!"}},{"$f":"'CRO2_Crono Simplificado'!BUS4","v":0},{"$f":"'CRO2_Crono Simplificado'!#REF!","v":{"$error":"#REF!"}},{"$f":"'CRO2_Crono Simplificado'!BUU4","v":0},{"$f":"'CRO2_Crono Simplificado'!#REF!","v":{"$error":"#REF!"}},{"$f":"'CRO2_Crono Simplificado'!BUW4","v":0},{"$f":"'CRO2_Crono Simplificado'!#REF!","v":{"$error":"#REF!"}},{"$f":"'CRO2_Crono Simplificado'!BUY4","v":0},{"$f":"'CRO2_Crono Simplificado'!#REF!","v":{"$error":"#REF!"}},{"$f":"'CRO2_Crono Simplificado'!BVA4","v":0},{"$f":"'CRO2_Crono Simplificado'!#REF!","v":{"$error":"#REF!"}},{"$f":"'CRO2_Crono Simplificado'!BVC4","v":0},{"$f":"'CRO2_Crono Simplificado'!#REF!","v":{"$error":"#REF!"}},{"$f":"'CRO2_Crono Simplificado'!BVE4","v":0},{"$f":"'CRO2_Crono Simplificado'!#REF!","v":{"$error":"#REF!"}},{"$f":"'CRO2_Crono Simplificado'!BVG4","v":0},{"$f":"'CRO2_Crono Simplificado'!#REF!","v":{"$error":"#REF!"}},{"$f":"'CRO2_Crono Simplificado'!BVI4","v":0},{"$f":"'CRO2_Crono Simplificado'!#REF!","v":{"$error":"#REF!"}},{"$f":"'CRO2_Crono Simplificado'!BVK4","v":0},{"$f":"'CRO2_Crono Simplificado'!#REF!","v":{"$error":"#REF!"}},{"$f":"'CRO2_Crono Simplificado'!BVM4","v":0},{"$f":"'CRO2_Crono Simplificado'!#REF!","v":{"$error":"#REF!"}},{"$f":"'CRO2_Crono Simplificado'!BVO4","v":0},{"$f":"'CRO2_Crono Simplificado'!#REF!","v":{"$error":"#REF!"}},{"$f":"'CRO2_Crono Simplificado'!BVQ4","v":0},{"$f":"'CRO2_Crono Simplificado'!#REF!","v":{"$error":"#REF!"}},{"$f":"'CRO2_Crono Simplificado'!BVS4","v":0},{"$f":"'CRO2_Crono Simplificado'!#REF!","v":{"$error":"#REF!"}},{"$f":"'CRO2_Crono Simplificado'!BVU4","v":0},{"$f":"'CRO2_Crono Simplificado'!#REF!","v":{"$error":"#REF!"}},{"$f":"'CRO2_Crono Simplificado'!BVW4","v":0},{"$f":"'CRO2_Crono Simplificado'!#REF!","v":{"$error":"#REF!"}},{"$f":"'CRO2_Crono Simplificado'!BVY4","v":0},{"$f":"'CRO2_Crono Simplificado'!#REF!","v":{"$error":"#REF!"}},{"$f":"'CRO2_Crono Simplificado'!BWA4","v":0},{"$f":"'CRO2_Crono Simplificado'!#REF!","v":{"$error":"#REF!"}},{"$f":"'CRO2_Crono Simplificado'!BWC4","v":0},{"$f":"'CRO2_Crono Simplificado'!#REF!","v":{"$error":"#REF!"}},{"$f":"'CRO2_Crono Simplificado'!BWE4","v":0},{"$f":"'CRO2_Crono Simplificado'!#REF!","v":{"$error":"#REF!"}},{"$f":"'CRO2_Crono Simplificado'!BWG4","v":0},{"$f":"'CRO2_Crono Simplificado'!#REF!","v":{"$error":"#REF!"}},{"$f":"'CRO2_Crono Simplificado'!BWI4","v":0},{"$f":"'CRO2_Crono Simplificado'!#REF!","v":{"$error":"#REF!"}},{"$f":"'CRO2_Crono Simplificado'!BWK4","v":0},{"$f":"'CRO2_Crono Simplificado'!#REF!","v":{"$error":"#REF!"}},{"$f":"'CRO2_Crono Simplificado'!BWM4","v":0},{"$f":"'CRO2_Crono Simplificado'!#REF!","v":{"$error":"#REF!"}},{"$f":"'CRO2_Crono Simplificado'!BWO4","v":0},{"$f":"'CRO2_Crono Simplificado'!#REF!","v":{"$error":"#REF!"}},{"$f":"'CRO2_Crono Simplificado'!BWQ4","v":0},{"$f":"'CRO2_Crono Simplificado'!#REF!","v":{"$error":"#REF!"}},{"$f":"'CRO2_Crono Simplificado'!BWS4","v":0},{"$f":"'CRO2_Crono Simplificado'!#REF!","v":{"$error":"#REF!"}},{"$f":"'CRO2_Crono Simplificado'!BWU4","v":0},{"$f":"'CRO2_Crono Simplificado'!#REF!","v":{"$error":"#REF!"}},{"$f":"'CRO2_Crono Simplificado'!BWW4","v":0},{"$f":"'CRO2_Crono Simplificado'!#REF!","v":{"$error":"#REF!"}},{"$f":"'CRO2_Crono Simplificado'!BWY4","v":0},{"$f":"'CRO2_Crono Simplificado'!#REF!","v":{"$error":"#REF!"}},{"$f":"'CRO2_Crono Simplificado'!BXA4","v":0},{"$f":"'CRO2_Crono Simplificado'!#REF!","v":{"$error":"#REF!"}},{"$f":"'CRO2_Crono Simplificado'!BXC4","v":0},{"$f":"'CRO2_Crono Simplificado'!#REF!","v":{"$error":"#REF!"}},{"$f":"'CRO2_Crono Simplificado'!BXE4","v":0},{"$f":"'CRO2_Crono Simplificado'!#REF!","v":{"$error":"#REF!"}},{"$f":"'CRO2_Crono Simplificado'!BXG4","v":0},{"$f":"'CRO2_Crono Simplificado'!#REF!","v":{"$error":"#REF!"}},{"$f":"'CRO2_Crono Simplificado'!BXI4","v":0},{"$f":"'CRO2_Crono Simplificado'!#REF!","v":{"$error":"#REF!"}},{"$f":"'CRO2_Crono Simplificado'!BXK4","v":0},{"$f":"'CRO2_Crono Simplificado'!#REF!","v":{"$error":"#REF!"}},{"$f":"'CRO2_Crono Simplificado'!BXM4","v":0},{"$f":"'CRO2_Crono Simplificado'!#REF!","v":{"$error":"#REF!"}},{"$f":"'CRO2_Crono Simplificado'!BXO4","v":0},{"$f":"'CRO2_Crono Simplificado'!#REF!","v":{"$error":"#REF!"}},{"$f":"'CRO2_Crono Simplificado'!BXQ4","v":0},{"$f":"'CRO2_Crono Simplificado'!#REF!","v":{"$error":"#REF!"}},{"$f":"'CRO2_Crono Simplificado'!BXS4","v":0},{"$f":"'CRO2_Crono Simplificado'!#REF!","v":{"$error":"#REF!"}},{"$f":"'CRO2_Crono Simplificado'!BXU4","v":0},{"$f":"'CRO2_Crono Simplificado'!#REF!","v":{"$error":"#REF!"}},{"$f":"'CRO2_Crono Simplificado'!BXW4","v":0},{"$f":"'CRO2_Crono Simplificado'!#REF!","v":{"$error":"#REF!"}},{"$f":"'CRO2_Crono Simplificado'!BXY4","v":0},{"$f":"'CRO2_Crono Simplificado'!#REF!","v":{"$error":"#REF!"}},{"$f":"'CRO2_Crono Simplificado'!BYA4","v":0},{"$f":"'CRO2_Crono Simplificado'!#REF!","v":{"$error":"#REF!"}},{"$f":"'CRO2_Crono Simplificado'!BYC4","v":0},{"$f":"'CRO2_Crono Simplificado'!#REF!","v":{"$error":"#REF!"}},{"$f":"'CRO2_Crono Simplificado'!BYE4","v":0},{"$f":"'CRO2_Crono Simplificado'!#REF!","v":{"$error":"#REF!"}},{"$f":"'CRO2_Crono Simplificado'!BYG4","v":0},{"$f":"'CRO2_Crono Simplificado'!#REF!","v":{"$error":"#REF!"}},{"$f":"'CRO2_Crono Simplificado'!BYI4","v":0},{"$f":"'CRO2_Crono Simplificado'!#REF!","v":{"$error":"#REF!"}},{"$f":"'CRO2_Crono Simplificado'!BYK4","v":0},{"$f":"'CRO2_Crono Simplificado'!#REF!","v":{"$error":"#REF!"}},{"$f":"'CRO2_Crono Simplificado'!BYM4","v":0},{"$f":"'CRO2_Crono Simplificado'!#REF!","v":{"$error":"#REF!"}},{"$f":"'CRO2_Crono Simplificado'!BYO4","v":0},{"$f":"'CRO2_Crono Simplificado'!#REF!","v":{"$error":"#REF!"}},{"$f":"'CRO2_Crono Simplificado'!BYQ4","v":0},{"$f":"'CRO2_Crono Simplificado'!#REF!","v":{"$error":"#REF!"}},{"$f":"'CRO2_Crono Simplificado'!BYS4","v":0},{"$f":"'CRO2_Crono Simplificado'!#REF!","v":{"$error":"#REF!"}},{"$f":"'CRO2_Crono Simplificado'!BYU4","v":0},{"$f":"'CRO2_Crono Simplificado'!#REF!","v":{"$error":"#REF!"}},{"$f":"'CRO2_Crono Simplificado'!BYW4","v":0},{"$f":"'CRO2_Crono Simplificado'!#REF!","v":{"$error":"#REF!"}},{"$f":"'CRO2_Crono Simplificado'!BYY4","v":0},{"$f":"'CRO2_Crono Simplificado'!#REF!","v":{"$error":"#REF!"}},{"$f":"'CRO2_Crono Simplificado'!BZA4","v":0},{"$f":"'CRO2_Crono Simplificado'!#REF!","v":{"$error":"#REF!"}},{"$f":"'CRO2_Crono Simplificado'!BZC4","v":0},{"$f":"'CRO2_Crono Simplificado'!#REF!","v":{"$error":"#REF!"}},{"$f":"'CRO2_Crono Simplificado'!BZE4","v":0},{"$f":"'CRO2_Crono Simplificado'!#REF!","v":{"$error":"#REF!"}},{"$f":"'CRO2_Crono Simplificado'!BZG4","v":0},{"$f":"'CRO2_Crono Simplificado'!#REF!","v":{"$error":"#REF!"}},{"$f":"'CRO2_Crono Simplificado'!BZI4","v":0},{"$f":"'CRO2_Crono Simplificado'!#REF!","v":{"$error":"#REF!"}},{"$f":"'CRO2_Crono Simplificado'!BZK4","v":0},{"$f":"'CRO2_Crono Simplificado'!#REF!","v":{"$error":"#REF!"}},{"$f":"'CRO2_Crono Simplificado'!BZM4","v":0},{"$f":"'CRO2_Crono Simplificado'!#REF!","v":{"$error":"#REF!"}},{"$f":"'CRO2_Crono Simplificado'!BZO4","v":0},{"$f":"'CRO2_Crono Simplificado'!#REF!","v":{"$error":"#REF!"}},{"$f":"'CRO2_Crono Simplificado'!BZQ4","v":0},{"$f":"'CRO2_Crono Simplificado'!#REF!","v":{"$error":"#REF!"}},{"$f":"'CRO2_Crono Simplificado'!BZS4","v":0},{"$f":"'CRO2_Crono Simplificado'!#REF!","v":{"$error":"#REF!"}},{"$f":"'CRO2_Crono Simplificado'!BZU4","v":0},{"$f":"'CRO2_Crono Simplificado'!#REF!","v":{"$error":"#REF!"}},{"$f":"'CRO2_Crono Simplificado'!BZW4","v":0},{"$f":"'CRO2_Crono Simplificado'!#REF!","v":{"$error":"#REF!"}},{"$f":"'CRO2_Crono Simplificado'!BZY4","v":0},{"$f":"'CRO2_Crono Simplificado'!#REF!","v":{"$error":"#REF!"}},{"$f":"'CRO2_Crono Simplificado'!CAA4","v":0},{"$f":"'CRO2_Crono Simplificado'!#REF!","v":{"$error":"#REF!"}},{"$f":"'CRO2_Crono Simplificado'!CAC4","v":0},{"$f":"'CRO2_Crono Simplificado'!#REF!","v":{"$error":"#REF!"}},{"$f":"'CRO2_Crono Simplificado'!CAE4","v":0},{"$f":"'CRO2_Crono Simplificado'!#REF!","v":{"$error":"#REF!"}},{"$f":"'CRO2_Crono Simplificado'!CAG4","v":0},{"$f":"'CRO2_Crono Simplificado'!#REF!","v":{"$error":"#REF!"}},{"$f":"'CRO2_Crono Simplificado'!CAI4","v":0},{"$f":"'CRO2_Crono Simplificado'!#REF!","v":{"$error":"#REF!"}},{"$f":"'CRO2_Crono Simplificado'!CAK4","v":0},{"$f":"'CRO2_Crono Simplificado'!#REF!","v":{"$error":"#REF!"}},{"$f":"'CRO2_Crono Simplificado'!CAM4","v":0},{"$f":"'CRO2_Crono Simplificado'!#REF!","v":{"$error":"#REF!"}},{"$f":"'CRO2_Crono Simplificado'!CAO4","v":0},{"$f":"'CRO2_Crono Simplificado'!#REF!","v":{"$error":"#REF!"}},{"$f":"'CRO2_Crono Simplificado'!CAQ4","v":0},{"$f":"'CRO2_Crono Simplificado'!#REF!","v":{"$error":"#REF!"}},{"$f":"'CRO2_Crono Simplificado'!CAS4","v":0},{"$f":"'CRO2_Crono Simplificado'!#REF!","v":{"$error":"#REF!"}},{"$f":"'CRO2_Crono Simplificado'!CAU4","v":0},{"$f":"'CRO2_Crono Simplificado'!#REF!","v":{"$error":"#REF!"}},{"$f":"'CRO2_Crono Simplificado'!CAW4","v":0},{"$f":"'CRO2_Crono Simplificado'!#REF!","v":{"$error":"#REF!"}},{"$f":"'CRO2_Crono Simplificado'!CAY4","v":0},{"$f":"'CRO2_Crono Simplificado'!#REF!","v":{"$error":"#REF!"}},{"$f":"'CRO2_Crono Simplificado'!CBA4","v":0},{"$f":"'CRO2_Crono Simplificado'!#REF!","v":{"$error":"#REF!"}},{"$f":"'CRO2_Crono Simplificado'!CBC4","v":0},{"$f":"'CRO2_Crono Simplificado'!#REF!","v":{"$error":"#REF!"}},{"$f":"'CRO2_Crono Simplificado'!CBE4","v":0},{"$f":"'CRO2_Crono Simplificado'!#REF!","v":{"$error":"#REF!"}},{"$f":"'CRO2_Crono Simplificado'!CBG4","v":0},{"$f":"'CRO2_Crono Simplificado'!#REF!","v":{"$error":"#REF!"}},{"$f":"'CRO2_Crono Simplificado'!CBI4","v":0},{"$f":"'CRO2_Crono Simplificado'!#REF!","v":{"$error":"#REF!"}},{"$f":"'CRO2_Crono Simplificado'!CBK4","v":0},{"$f":"'CRO2_Crono Simplificado'!#REF!","v":{"$error":"#REF!"}},{"$f":"'CRO2_Crono Simplificado'!CBM4","v":0},{"$f":"'CRO2_Crono Simplificado'!#REF!","v":{"$error":"#REF!"}},{"$f":"'CRO2_Crono Simplificado'!CBO4","v":0},{"$f":"'CRO2_Crono Simplificado'!#REF!","v":{"$error":"#REF!"}},{"$f":"'CRO2_Crono Simplificado'!CBQ4","v":0},{"$f":"'CRO2_Crono Simplificado'!#REF!","v":{"$error":"#REF!"}},{"$f":"'CRO2_Crono Simplificado'!CBS4","v":0},{"$f":"'CRO2_Crono Simplificado'!#REF!","v":{"$error":"#REF!"}},{"$f":"'CRO2_Crono Simplificado'!CBU4","v":0},{"$f":"'CRO2_Crono Simplificado'!#REF!","v":{"$error":"#REF!"}},{"$f":"'CRO2_Crono Simplificado'!CBW4","v":0},{"$f":"'CRO2_Crono Simplificado'!#REF!","v":{"$error":"#REF!"}},{"$f":"'CRO2_Crono Simplificado'!CBY4","v":0},{"$f":"'CRO2_Crono Simplificado'!#REF!","v":{"$error":"#REF!"}},{"$f":"'CRO2_Crono Simplificado'!CCA4","v":0},{"$f":"'CRO2_Crono Simplificado'!#REF!","v":{"$error":"#REF!"}},{"$f":"'CRO2_Crono Simplificado'!CCC4","v":0},{"$f":"'CRO2_Crono Simplificado'!#REF!","v":{"$error":"#REF!"}},{"$f":"'CRO2_Crono Simplificado'!CCE4","v":0},{"$f":"'CRO2_Crono Simplificado'!#REF!","v":{"$error":"#REF!"}},{"$f":"'CRO2_Crono Simplificado'!CCG4","v":0},{"$f":"'CRO2_Crono Simplificado'!#REF!","v":{"$error":"#REF!"}},{"$f":"'CRO2_Crono Simplificado'!CCI4","v":0},{"$f":"'CRO2_Crono Simplificado'!#REF!","v":{"$error":"#REF!"}},{"$f":"'CRO2_Crono Simplificado'!CCK4","v":0},{"$f":"'CRO2_Crono Simplificado'!#REF!","v":{"$error":"#REF!"}},{"$f":"'CRO2_Crono Simplificado'!CCM4","v":0},{"$f":"'CRO2_Crono Simplificado'!#REF!","v":{"$error":"#REF!"}},{"$f":"'CRO2_Crono Simplificado'!CCO4","v":0},{"$f":"'CRO2_Crono Simplificado'!#REF!","v":{"$error":"#REF!"}},{"$f":"'CRO2_Crono Simplificado'!CCQ4","v":0},{"$f":"'CRO2_Crono Simplificado'!#REF!","v":{"$error":"#REF!"}},{"$f":"'CRO2_Crono Simplificado'!CCS4","v":0},{"$f":"'CRO2_Crono Simplificado'!#REF!","v":{"$error":"#REF!"}},{"$f":"'CRO2_Crono Simplificado'!CCU4","v":0},{"$f":"'CRO2_Crono Simplificado'!#REF!","v":{"$error":"#REF!"}},{"$f":"'CRO2_Crono Simplificado'!CCW4","v":0},{"$f":"'CRO2_Crono Simplificado'!#REF!","v":{"$error":"#REF!"}},{"$f":"'CRO2_Crono Simplificado'!CCY4","v":0},{"$f":"'CRO2_Crono Simplificado'!#REF!","v":{"$error":"#REF!"}},{"$f":"'CRO2_Crono Simplificado'!CDA4","v":0},{"$f":"'CRO2_Crono Simplificado'!#REF!","v":{"$error":"#REF!"}},{"$f":"'CRO2_Crono Simplificado'!CDC4","v":0},{"$f":"'CRO2_Crono Simplificado'!#REF!","v":{"$error":"#REF!"}},{"$f":"'CRO2_Crono Simplificado'!CDE4","v":0},{"$f":"'CRO2_Crono Simplificado'!#REF!","v":{"$error":"#REF!"}},{"$f":"'CRO2_Crono Simplificado'!CDG4","v":0},{"$f":"'CRO2_Crono Simplificado'!#REF!","v":{"$error":"#REF!"}},{"$f":"'CRO2_Crono Simplificado'!CDI4","v":0},{"$f":"'CRO2_Crono Simplificado'!#REF!","v":{"$error":"#REF!"}},{"$f":"'CRO2_Crono Simplificado'!CDK4","v":0},{"$f":"'CRO2_Crono Simplificado'!#REF!","v":{"$error":"#REF!"}},{"$f":"'CRO2_Crono Simplificado'!CDM4","v":0},{"$f":"'CRO2_Crono Simplificado'!#REF!","v":{"$error":"#REF!"}},{"$f":"'CRO2_Crono Simplificado'!CDO4","v":0},{"$f":"'CRO2_Crono Simplificado'!#REF!","v":{"$error":"#REF!"}},{"$f":"'CRO2_Crono Simplificado'!CDQ4","v":0},{"$f":"'CRO2_Crono Simplificado'!#REF!","v":{"$error":"#REF!"}},{"$f":"'CRO2_Crono Simplificado'!CDS4","v":0},{"$f":"'CRO2_Crono Simplificado'!#REF!","v":{"$error":"#REF!"}},{"$f":"'CRO2_Crono Simplificado'!CDU4","v":0},{"$f":"'CRO2_Crono Simplificado'!#REF!","v":{"$error":"#REF!"}},{"$f":"'CRO2_Crono Simplificado'!CDW4","v":0},{"$f":"'CRO2_Crono Simplificado'!#REF!","v":{"$error":"#REF!"}},{"$f":"'CRO2_Crono Simplificado'!CDY4","v":0},{"$f":"'CRO2_Crono Simplificado'!#REF!","v":{"$error":"#REF!"}},{"$f":"'CRO2_Crono Simplificado'!CEA4","v":0},{"$f":"'CRO2_Crono Simplificado'!#REF!","v":{"$error":"#REF!"}},{"$f":"'CRO2_Crono Simplificado'!CEC4","v":0},{"$f":"'CRO2_Crono Simplificado'!#REF!","v":{"$error":"#REF!"}},{"$f":"'CRO2_Crono Simplificado'!CEE4","v":0},{"$f":"'CRO2_Crono Simplificado'!#REF!","v":{"$error":"#REF!"}},{"$f":"'CRO2_Crono Simplificado'!CEG4","v":0},{"$f":"'CRO2_Crono Simplificado'!#REF!","v":{"$error":"#REF!"}},{"$f":"'CRO2_Crono Simplificado'!CEI4","v":0},{"$f":"'CRO2_Crono Simplificado'!#REF!","v":{"$error":"#REF!"}},{"$f":"'CRO2_Crono Simplificado'!CEK4","v":0},{"$f":"'CRO2_Crono Simplificado'!#REF!","v":{"$error":"#REF!"}},{"$f":"'CRO2_Crono Simplificado'!CEM4","v":0},{"$f":"'CRO2_Crono Simplificado'!#REF!","v":{"$error":"#REF!"}},{"$f":"'CRO2_Crono Simplificado'!CEO4","v":0},{"$f":"'CRO2_Crono Simplificado'!#REF!","v":{"$error":"#REF!"}},{"$f":"'CRO2_Crono Simplificado'!CEQ4","v":0},{"$f":"'CRO2_Crono Simplificado'!#REF!","v":{"$error":"#REF!"}},{"$f":"'CRO2_Crono Simplificado'!CES4","v":0},{"$f":"'CRO2_Crono Simplificado'!#REF!","v":{"$error":"#REF!"}},{"$f":"'CRO2_Crono Simplificado'!CEU4","v":0},{"$f":"'CRO2_Crono Simplificado'!#REF!","v":{"$error":"#REF!"}},{"$f":"'CRO2_Crono Simplificado'!CEW4","v":0},{"$f":"'CRO2_Crono Simplificado'!#REF!","v":{"$error":"#REF!"}},{"$f":"'CRO2_Crono Simplificado'!CEY4","v":0},{"$f":"'CRO2_Crono Simplificado'!#REF!","v":{"$error":"#REF!"}},{"$f":"'CRO2_Crono Simplificado'!CFA4","v":0},{"$f":"'CRO2_Crono Simplificado'!#REF!","v":{"$error":"#REF!"}},{"$f":"'CRO2_Crono Simplificado'!CFC4","v":0},{"$f":"'CRO2_Crono Simplificado'!#REF!","v":{"$error":"#REF!"}},{"$f":"'CRO2_Crono Simplificado'!CFE4","v":0},{"$f":"'CRO2_Crono Simplificado'!#REF!","v":{"$error":"#REF!"}},{"$f":"'CRO2_Crono Simplificado'!CFG4","v":0},{"$f":"'CRO2_Crono Simplificado'!#REF!","v":{"$error":"#REF!"}},{"$f":"'CRO2_Crono Simplificado'!CFI4","v":0},{"$f":"'CRO2_Crono Simplificado'!#REF!","v":{"$error":"#REF!"}},{"$f":"'CRO2_Crono Simplificado'!CFK4","v":0},{"$f":"'CRO2_Crono Simplificado'!#REF!","v":{"$error":"#REF!"}},{"$f":"'CRO2_Crono Simplificado'!CFM4","v":0},{"$f":"'CRO2_Crono Simplificado'!#REF!","v":{"$error":"#REF!"}},{"$f":"'CRO2_Crono Simplificado'!CFO4","v":0},{"$f":"'CRO2_Crono Simplificado'!#REF!","v":{"$error":"#REF!"}},{"$f":"'CRO2_Crono Simplificado'!CFQ4","v":0},{"$f":"'CRO2_Crono Simplificado'!#REF!","v":{"$error":"#REF!"}},{"$f":"'CRO2_Crono Simplificado'!CFS4","v":0},{"$f":"'CRO2_Crono Simplificado'!#REF!","v":{"$error":"#REF!"}},{"$f":"'CRO2_Crono Simplificado'!CFU4","v":0},{"$f":"'CRO2_Crono Simplificado'!#REF!","v":{"$error":"#REF!"}},{"$f":"'CRO2_Crono Simplificado'!CFW4","v":0},{"$f":"'CRO2_Crono Simplificado'!#REF!","v":{"$error":"#REF!"}},{"$f":"'CRO2_Crono Simplificado'!CFY4","v":0},{"$f":"'CRO2_Crono Simplificado'!#REF!","v":{"$error":"#REF!"}},{"$f":"'CRO2_Crono Simplificado'!CGA4","v":0},{"$f":"'CRO2_Crono Simplificado'!#REF!","v":{"$error":"#REF!"}},{"$f":"'CRO2_Crono Simplificado'!CGC4","v":0},{"$f":"'CRO2_Crono Simplificado'!#REF!","v":{"$error":"#REF!"}},{"$f":"'CRO2_Crono Simplificado'!CGE4","v":0},{"$f":"'CRO2_Crono Simplificado'!#REF!","v":{"$error":"#REF!"}},{"$f":"'CRO2_Crono Simplificado'!CGG4","v":0},{"$f":"'CRO2_Crono Simplificado'!#REF!","v":{"$error":"#REF!"}},{"$f":"'CRO2_Crono Simplificado'!CGI4","v":0},{"$f":"'CRO2_Crono Simplificado'!#REF!","v":{"$error":"#REF!"}},{"$f":"'CRO2_Crono Simplificado'!CGK4","v":0},{"$f":"'CRO2_Crono Simplificado'!#REF!","v":{"$error":"#REF!"}},{"$f":"'CRO2_Crono Simplificado'!CGM4","v":0},{"$f":"'CRO2_Crono Simplificado'!#REF!","v":{"$error":"#REF!"}},{"$f":"'CRO2_Crono Simplificado'!CGO4","v":0},{"$f":"'CRO2_Crono Simplificado'!#REF!","v":{"$error":"#REF!"}},{"$f":"'CRO2_Crono Simplificado'!CGQ4","v":0},{"$f":"'CRO2_Crono Simplificado'!#REF!","v":{"$error":"#REF!"}},{"$f":"'CRO2_Crono Simplificado'!CGS4","v":0},{"$f":"'CRO2_Crono Simplificado'!#REF!","v":{"$error":"#REF!"}},{"$f":"'CRO2_Crono Simplificado'!CGU4","v":0},{"$f":"'CRO2_Crono Simplificado'!#REF!","v":{"$error":"#REF!"}},{"$f":"'CRO2_Crono Simplificado'!CGW4","v":0},{"$f":"'CRO2_Crono Simplificado'!#REF!","v":{"$error":"#REF!"}},{"$f":"'CRO2_Crono Simplificado'!CGY4","v":0},{"$f":"'CRO2_Crono Simplificado'!#REF!","v":{"$error":"#REF!"}},{"$f":"'CRO2_Crono Simplificado'!CHA4","v":0},{"$f":"'CRO2_Crono Simplificado'!#REF!","v":{"$error":"#REF!"}},{"$f":"'CRO2_Crono Simplificado'!CHC4","v":0},{"$f":"'CRO2_Crono Simplificado'!#REF!","v":{"$error":"#REF!"}},{"$f":"'CRO2_Crono Simplificado'!CHE4","v":0},{"$f":"'CRO2_Crono Simplificado'!#REF!","v":{"$error":"#REF!"}},{"$f":"'CRO2_Crono Simplificado'!CHG4","v":0},{"$f":"'CRO2_Crono Simplificado'!#REF!","v":{"$error":"#REF!"}},{"$f":"'CRO2_Crono Simplificado'!CHI4","v":0},{"$f":"'CRO2_Crono Simplificado'!#REF!","v":{"$error":"#REF!"}},{"$f":"'CRO2_Crono Simplificado'!CHK4","v":0},{"$f":"'CRO2_Crono Simplificado'!#REF!","v":{"$error":"#REF!"}},{"$f":"'CRO2_Crono Simplificado'!CHM4","v":0},{"$f":"'CRO2_Crono Simplificado'!#REF!","v":{"$error":"#REF!"}},{"$f":"'CRO2_Crono Simplificado'!CHO4","v":0},{"$f":"'CRO2_Crono Simplificado'!#REF!","v":{"$error":"#REF!"}},{"$f":"'CRO2_Crono Simplificado'!CHQ4","v":0},{"$f":"'CRO2_Crono Simplificado'!#REF!","v":{"$error":"#REF!"}},{"$f":"'CRO2_Crono Simplificado'!CHS4","v":0},{"$f":"'CRO2_Crono Simplificado'!#REF!","v":{"$error":"#REF!"}},{"$f":"'CRO2_Crono Simplificado'!CHU4","v":0},{"$f":"'CRO2_Crono Simplificado'!#REF!","v":{"$error":"#REF!"}},{"$f":"'CRO2_Crono Simplificado'!CHW4","v":0},{"$f":"'CRO2_Crono Simplificado'!#REF!","v":{"$error":"#REF!"}},{"$f":"'CRO2_Crono Simplificado'!CHY4","v":0},{"$f":"'CRO2_Crono Simplificado'!#REF!","v":{"$error":"#REF!"}},{"$f":"'CRO2_Crono Simplificado'!CIA4","v":0},{"$f":"'CRO2_Crono Simplificado'!#REF!","v":{"$error":"#REF!"}},{"$f":"'CRO2_Crono Simplificado'!CIC4","v":0},{"$f":"'CRO2_Crono Simplificado'!#REF!","v":{"$error":"#REF!"}},{"$f":"'CRO2_Crono Simplificado'!CIE4","v":0},{"$f":"'CRO2_Crono Simplificado'!#REF!","v":{"$error":"#REF!"}},{"$f":"'CRO2_Crono Simplificado'!CIG4","v":0},{"$f":"'CRO2_Crono Simplificado'!#REF!","v":{"$error":"#REF!"}},{"$f":"'CRO2_Crono Simplificado'!CII4","v":0},{"$f":"'CRO2_Crono Simplificado'!#REF!","v":{"$error":"#REF!"}},{"$f":"'CRO2_Crono Simplificado'!CIK4","v":0},{"$f":"'CRO2_Crono Simplificado'!#REF!","v":{"$error":"#REF!"}},{"$f":"'CRO2_Crono Simplificado'!CIM4","v":0},{"$f":"'CRO2_Crono Simplificado'!#REF!","v":{"$error":"#REF!"}},{"$f":"'CRO2_Crono Simplificado'!CIO4","v":0},{"$f":"'CRO2_Crono Simplificado'!#REF!","v":{"$error":"#REF!"}},{"$f":"'CRO2_Crono Simplificado'!CIQ4","v":0},{"$f":"'CRO2_Crono Simplificado'!#REF!","v":{"$error":"#REF!"}},{"$f":"'CRO2_Crono Simplificado'!CIS4","v":0},{"$f":"'CRO2_Crono Simplificado'!#REF!","v":{"$error":"#REF!"}},{"$f":"'CRO2_Crono Simplificado'!CIU4","v":0},{"$f":"'CRO2_Crono Simplificado'!#REF!","v":{"$error":"#REF!"}},{"$f":"'CRO2_Crono Simplificado'!CIW4","v":0},{"$f":"'CRO2_Crono Simplificado'!#REF!","v":{"$error":"#REF!"}},{"$f":"'CRO2_Crono Simplificado'!CIY4","v":0},{"$f":"'CRO2_Crono Simplificado'!#REF!","v":{"$error":"#REF!"}},{"$f":"'CRO2_Crono Simplificado'!CJA4","v":0},{"$f":"'CRO2_Crono Simplificado'!#REF!","v":{"$error":"#REF!"}},{"$f":"'CRO2_Crono Simplificado'!CJC4","v":0},{"$f":"'CRO2_Crono Simplificado'!#REF!","v":{"$error":"#REF!"}},{"$f":"'CRO2_Crono Simplificado'!CJE4","v":0},{"$f":"'CRO2_Crono Simplificado'!#REF!","v":{"$error":"#REF!"}},{"$f":"'CRO2_Crono Simplificado'!CJG4","v":0},{"$f":"'CRO2_Crono Simplificado'!#REF!","v":{"$error":"#REF!"}},{"$f":"'CRO2_Crono Simplificado'!CJI4","v":0},{"$f":"'CRO2_Crono Simplificado'!#REF!","v":{"$error":"#REF!"}},{"$f":"'CRO2_Crono Simplificado'!CJK4","v":0},{"$f":"'CRO2_Crono Simplificado'!#REF!","v":{"$error":"#REF!"}},{"$f":"'CRO2_Crono Simplificado'!CJM4","v":0},{"$f":"'CRO2_Crono Simplificado'!#REF!","v":{"$error":"#REF!"}},{"$f":"'CRO2_Crono Simplificado'!CJO4","v":0},{"$f":"'CRO2_Crono Simplificado'!#REF!","v":{"$error":"#REF!"}},{"$f":"'CRO2_Crono Simplificado'!CJQ4","v":0},{"$f":"'CRO2_Crono Simplificado'!#REF!","v":{"$error":"#REF!"}},{"$f":"'CRO2_Crono Simplificado'!CJS4","v":0},{"$f":"'CRO2_Crono Simplificado'!#REF!","v":{"$error":"#REF!"}},{"$f":"'CRO2_Crono Simplificado'!CJU4","v":0},{"$f":"'CRO2_Crono Simplificado'!#REF!","v":{"$error":"#REF!"}},{"$f":"'CRO2_Crono Simplificado'!CJW4","v":0},{"$f":"'CRO2_Crono Simplificado'!#REF!","v":{"$error":"#REF!"}},{"$f":"'CRO2_Crono Simplificado'!CJY4","v":0},{"$f":"'CRO2_Crono Simplificado'!#REF!","v":{"$error":"#REF!"}},{"$f":"'CRO2_Crono Simplificado'!CKA4","v":0},{"$f":"'CRO2_Crono Simplificado'!#REF!","v":{"$error":"#REF!"}},{"$f":"'CRO2_Crono Simplificado'!CKC4","v":0},{"$f":"'CRO2_Crono Simplificado'!#REF!","v":{"$error":"#REF!"}},{"$f":"'CRO2_Crono Simplificado'!CKE4","v":0},{"$f":"'CRO2_Crono Simplificado'!#REF!","v":{"$error":"#REF!"}},{"$f":"'CRO2_Crono Simplificado'!CKG4","v":0},{"$f":"'CRO2_Crono Simplificado'!#REF!","v":{"$error":"#REF!"}},{"$f":"'CRO2_Crono Simplificado'!CKI4","v":0},{"$f":"'CRO2_Crono Simplificado'!#REF!","v":{"$error":"#REF!"}},{"$f":"'CRO2_Crono Simplificado'!CKK4","v":0},{"$f":"'CRO2_Crono Simplificado'!#REF!","v":{"$error":"#REF!"}},{"$f":"'CRO2_Crono Simplificado'!CKM4","v":0},{"$f":"'CRO2_Crono Simplificado'!#REF!","v":{"$error":"#REF!"}},{"$f":"'CRO2_Crono Simplificado'!CKO4","v":0},{"$f":"'CRO2_Crono Simplificado'!#REF!","v":{"$error":"#REF!"}},{"$f":"'CRO2_Crono Simplificado'!CKQ4","v":0},{"$f":"'CRO2_Crono Simplificado'!#REF!","v":{"$error":"#REF!"}},{"$f":"'CRO2_Crono Simplificado'!CKS4","v":0},{"$f":"'CRO2_Crono Simplificado'!#REF!","v":{"$error":"#REF!"}},{"$f":"'CRO2_Crono Simplificado'!CKU4","v":0},{"$f":"'CRO2_Crono Simplificado'!#REF!","v":{"$error":"#REF!"}},{"$f":"'CRO2_Crono Simplificado'!CKW4","v":0},{"$f":"'CRO2_Crono Simplificado'!#REF!","v":{"$error":"#REF!"}},{"$f":"'CRO2_Crono Simplificado'!CKY4","v":0},{"$f":"'CRO2_Crono Simplificado'!#REF!","v":{"$error":"#REF!"}},{"$f":"'CRO2_Crono Simplificado'!CLA4","v":0},{"$f":"'CRO2_Crono Simplificado'!#REF!","v":{"$error":"#REF!"}},{"$f":"'CRO2_Crono Simplificado'!CLC4","v":0},{"$f":"'CRO2_Crono Simplificado'!#REF!","v":{"$error":"#REF!"}},{"$f":"'CRO2_Crono Simplificado'!CLE4","v":0},{"$f":"'CRO2_Crono Simplificado'!#REF!","v":{"$error":"#REF!"}},{"$f":"'CRO2_Crono Simplificado'!CLG4","v":0},{"$f":"'CRO2_Crono Simplificado'!#REF!","v":{"$error":"#REF!"}},{"$f":"'CRO2_Crono Simplificado'!CLI4","v":0},{"$f":"'CRO2_Crono Simplificado'!#REF!","v":{"$error":"#REF!"}},{"$f":"'CRO2_Crono Simplificado'!CLK4","v":0},{"$f":"'CRO2_Crono Simplificado'!#REF!","v":{"$error":"#REF!"}},{"$f":"'CRO2_Crono Simplificado'!CLM4","v":0},{"$f":"'CRO2_Crono Simplificado'!#REF!","v":{"$error":"#REF!"}},{"$f":"'CRO2_Crono Simplificado'!CLO4","v":0},{"$f":"'CRO2_Crono Simplificado'!#REF!","v":{"$error":"#REF!"}},{"$f":"'CRO2_Crono Simplificado'!CLQ4","v":0},{"$f":"'CRO2_Crono Simplificado'!#REF!","v":{"$error":"#REF!"}},{"$f":"'CRO2_Crono Simplificado'!CLS4","v":0},{"$f":"'CRO2_Crono Simplificado'!#REF!","v":{"$error":"#REF!"}},{"$f":"'CRO2_Crono Simplificado'!CLU4","v":0},{"$f":"'CRO2_Crono Simplificado'!#REF!","v":{"$error":"#REF!"}},{"$f":"'CRO2_Crono Simplificado'!CLW4","v":0},{"$f":"'CRO2_Crono Simplificado'!#REF!","v":{"$error":"#REF!"}},{"$f":"'CRO2_Crono Simplificado'!CLY4","v":0},{"$f":"'CRO2_Crono Simplificado'!#REF!","v":{"$error":"#REF!"}},{"$f":"'CRO2_Crono Simplificado'!CMA4","v":0},{"$f":"'CRO2_Crono Simplificado'!#REF!","v":{"$error":"#REF!"}},{"$f":"'CRO2_Crono Simplificado'!CMC4","v":0},{"$f":"'CRO2_Crono Simplificado'!#REF!","v":{"$error":"#REF!"}},{"$f":"'CRO2_Crono Simplificado'!CME4","v":0},{"$f":"'CRO2_Crono Simplificado'!#REF!","v":{"$error":"#REF!"}},{"$f":"'CRO2_Crono Simplificado'!CMG4","v":0},{"$f":"'CRO2_Crono Simplificado'!#REF!","v":{"$error":"#REF!"}},{"$f":"'CRO2_Crono Simplificado'!CMI4","v":0},{"$f":"'CRO2_Crono Simplificado'!#REF!","v":{"$error":"#REF!"}},{"$f":"'CRO2_Crono Simplificado'!CMK4","v":0},{"$f":"'CRO2_Crono Simplificado'!#REF!","v":{"$error":"#REF!"}},{"$f":"'CRO2_Crono Simplificado'!CMM4","v":0},{"$f":"'CRO2_Crono Simplificado'!#REF!","v":{"$error":"#REF!"}},{"$f":"'CRO2_Crono Simplificado'!CMO4","v":0},{"$f":"'CRO2_Crono Simplificado'!#REF!","v":{"$error":"#REF!"}},{"$f":"'CRO2_Crono Simplificado'!CMQ4","v":0},{"$f":"'CRO2_Crono Simplificado'!#REF!","v":{"$error":"#REF!"}},{"$f":"'CRO2_Crono Simplificado'!CMS4","v":0},{"$f":"'CRO2_Crono Simplificado'!#REF!","v":{"$error":"#REF!"}},{"$f":"'CRO2_Crono Simplificado'!CMU4","v":0},{"$f":"'CRO2_Crono Simplificado'!#REF!","v":{"$error":"#REF!"}},{"$f":"'CRO2_Crono Simplificado'!CMW4","v":0},{"$f":"'CRO2_Crono Simplificado'!#REF!","v":{"$error":"#REF!"}},{"$f":"'CRO2_Crono Simplificado'!CMY4","v":0},{"$f":"'CRO2_Crono Simplificado'!#REF!","v":{"$error":"#REF!"}},{"$f":"'CRO2_Crono Simplificado'!CNA4","v":0},{"$f":"'CRO2_Crono Simplificado'!#REF!","v":{"$error":"#REF!"}},{"$f":"'CRO2_Crono Simplificado'!CNC4","v":0},{"$f":"'CRO2_Crono Simplificado'!#REF!","v":{"$error":"#REF!"}},{"$f":"'CRO2_Crono Simplificado'!CNE4","v":0},{"$f":"'CRO2_Crono Simplificado'!#REF!","v":{"$error":"#REF!"}},{"$f":"'CRO2_Crono Simplificado'!CNG4","v":0},{"$f":"'CRO2_Crono Simplificado'!#REF!","v":{"$error":"#REF!"}},{"$f":"'CRO2_Crono Simplificado'!CNI4","v":0},{"$f":"'CRO2_Crono Simplificado'!#REF!","v":{"$error":"#REF!"}},{"$f":"'CRO2_Crono Simplificado'!CNK4","v":0},{"$f":"'CRO2_Crono Simplificado'!#REF!","v":{"$error":"#REF!"}},{"$f":"'CRO2_Crono Simplificado'!CNM4","v":0},{"$f":"'CRO2_Crono Simplificado'!#REF!","v":{"$error":"#REF!"}},{"$f":"'CRO2_Crono Simplificado'!CNO4","v":0},{"$f":"'CRO2_Crono Simplificado'!#REF!","v":{"$error":"#REF!"}},{"$f":"'CRO2_Crono Simplificado'!CNQ4","v":0},{"$f":"'CRO2_Crono Simplificado'!#REF!","v":{"$error":"#REF!"}},{"$f":"'CRO2_Crono Simplificado'!CNS4","v":0},{"$f":"'CRO2_Crono Simplificado'!#REF!","v":{"$error":"#REF!"}},{"$f":"'CRO2_Crono Simplificado'!CNU4","v":0},{"$f":"'CRO2_Crono Simplificado'!#REF!","v":{"$error":"#REF!"}},{"$f":"'CRO2_Crono Simplificado'!CNW4","v":0},{"$f":"'CRO2_Crono Simplificado'!#REF!","v":{"$error":"#REF!"}},{"$f":"'CRO2_Crono Simplificado'!CNY4","v":0},{"$f":"'CRO2_Crono Simplificado'!#REF!","v":{"$error":"#REF!"}},{"$f":"'CRO2_Crono Simplificado'!COA4","v":0},{"$f":"'CRO2_Crono Simplificado'!#REF!","v":{"$error":"#REF!"}},{"$f":"'CRO2_Crono Simplificado'!COC4","v":0},{"$f":"'CRO2_Crono Simplificado'!#REF!","v":{"$error":"#REF!"}},{"$f":"'CRO2_Crono Simplificado'!COE4","v":0},{"$f":"'CRO2_Crono Simplificado'!#REF!","v":{"$error":"#REF!"}},{"$f":"'CRO2_Crono Simplificado'!COG4","v":0},{"$f":"'CRO2_Crono Simplificado'!#REF!","v":{"$error":"#REF!"}},{"$f":"'CRO2_Crono Simplificado'!COI4","v":0},{"$f":"'CRO2_Crono Simplificado'!#REF!","v":{"$error":"#REF!"}},{"$f":"'CRO2_Crono Simplificado'!COK4","v":0},{"$f":"'CRO2_Crono Simplificado'!#REF!","v":{"$error":"#REF!"}},{"$f":"'CRO2_Crono Simplificado'!COM4","v":0},{"$f":"'CRO2_Crono Simplificado'!#REF!","v":{"$error":"#REF!"}},{"$f":"'CRO2_Crono Simplificado'!COO4","v":0},{"$f":"'CRO2_Crono Simplificado'!#REF!","v":{"$error":"#REF!"}},{"$f":"'CRO2_Crono Simplificado'!COQ4","v":0},{"$f":"'CRO2_Crono Simplificado'!#REF!","v":{"$error":"#REF!"}},{"$f":"'CRO2_Crono Simplificado'!COS4","v":0},{"$f":"'CRO2_Crono Simplificado'!#REF!","v":{"$error":"#REF!"}},{"$f":"'CRO2_Crono Simplificado'!COU4","v":0},{"$f":"'CRO2_Crono Simplificado'!#REF!","v":{"$error":"#REF!"}},{"$f":"'CRO2_Crono Simplificado'!COW4","v":0},{"$f":"'CRO2_Crono Simplificado'!#REF!","v":{"$error":"#REF!"}},{"$f":"'CRO2_Crono Simplificado'!COY4","v":0},{"$f":"'CRO2_Crono Simplificado'!#REF!","v":{"$error":"#REF!"}},{"$f":"'CRO2_Crono Simplificado'!CPA4","v":0},{"$f":"'CRO2_Crono Simplificado'!#REF!","v":{"$error":"#REF!"}},{"$f":"'CRO2_Crono Simplificado'!CPC4","v":0},{"$f":"'CRO2_Crono Simplificado'!#REF!","v":{"$error":"#REF!"}},{"$f":"'CRO2_Crono Simplificado'!CPE4","v":0},{"$f":"'CRO2_Crono Simplificado'!#REF!","v":{"$error":"#REF!"}},{"$f":"'CRO2_Crono Simplificado'!CPG4","v":0},{"$f":"'CRO2_Crono Simplificado'!#REF!","v":{"$error":"#REF!"}},{"$f":"'CRO2_Crono Simplificado'!CPI4","v":0},{"$f":"'CRO2_Crono Simplificado'!#REF!","v":{"$error":"#REF!"}},{"$f":"'CRO2_Crono Simplificado'!CPK4","v":0},{"$f":"'CRO2_Crono Simplificado'!#REF!","v":{"$error":"#REF!"}},{"$f":"'CRO2_Crono Simplificado'!CPM4","v":0},{"$f":"'CRO2_Crono Simplificado'!#REF!","v":{"$error":"#REF!"}},{"$f":"'CRO2_Crono Simplificado'!CPO4","v":0},{"$f":"'CRO2_Crono Simplificado'!#REF!","v":{"$error":"#REF!"}},{"$f":"'CRO2_Crono Simplificado'!CPQ4","v":0},{"$f":"'CRO2_Crono Simplificado'!#REF!","v":{"$error":"#REF!"}},{"$f":"'CRO2_Crono Simplificado'!CPS4","v":0},{"$f":"'CRO2_Crono Simplificado'!#REF!","v":{"$error":"#REF!"}},{"$f":"'CRO2_Crono Simplificado'!CPU4","v":0},{"$f":"'CRO2_Crono Simplificado'!#REF!","v":{"$error":"#REF!"}},{"$f":"'CRO2_Crono Simplificado'!CPW4","v":0},{"$f":"'CRO2_Crono Simplificado'!#REF!","v":{"$error":"#REF!"}},{"$f":"'CRO2_Crono Simplificado'!CPY4","v":0},{"$f":"'CRO2_Crono Simplificado'!#REF!","v":{"$error":"#REF!"}},{"$f":"'CRO2_Crono Simplificado'!CQA4","v":0},{"$f":"'CRO2_Crono Simplificado'!#REF!","v":{"$error":"#REF!"}},{"$f":"'CRO2_Crono Simplificado'!CQC4","v":0},{"$f":"'CRO2_Crono Simplificado'!#REF!","v":{"$error":"#REF!"}},{"$f":"'CRO2_Crono Simplificado'!CQE4","v":0},{"$f":"'CRO2_Crono Simplificado'!#REF!","v":{"$error":"#REF!"}},{"$f":"'CRO2_Crono Simplificado'!CQG4","v":0},{"$f":"'CRO2_Crono Simplificado'!#REF!","v":{"$error":"#REF!"}},{"$f":"'CRO2_Crono Simplificado'!CQI4","v":0},{"$f":"'CRO2_Crono Simplificado'!#REF!","v":{"$error":"#REF!"}},{"$f":"'CRO2_Crono Simplificado'!CQK4","v":0},{"$f":"'CRO2_Crono Simplificado'!#REF!","v":{"$error":"#REF!"}},{"$f":"'CRO2_Crono Simplificado'!CQM4","v":0},{"$f":"'CRO2_Crono Simplificado'!#REF!","v":{"$error":"#REF!"}},{"$f":"'CRO2_Crono Simplificado'!CQO4","v":0},{"$f":"'CRO2_Crono Simplificado'!#REF!","v":{"$error":"#REF!"}},{"$f":"'CRO2_Crono Simplificado'!CQQ4","v":0},{"$f":"'CRO2_Crono Simplificado'!#REF!","v":{"$error":"#REF!"}},{"$f":"'CRO2_Crono Simplificado'!CQS4","v":0},{"$f":"'CRO2_Crono Simplificado'!#REF!","v":{"$error":"#REF!"}},{"$f":"'CRO2_Crono Simplificado'!CQU4","v":0},{"$f":"'CRO2_Crono Simplificado'!#REF!","v":{"$error":"#REF!"}},{"$f":"'CRO2_Crono Simplificado'!CQW4","v":0},{"$f":"'CRO2_Crono Simplificado'!#REF!","v":{"$error":"#REF!"}},{"$f":"'CRO2_Crono Simplificado'!CQY4","v":0},{"$f":"'CRO2_Crono Simplificado'!#REF!","v":{"$error":"#REF!"}},{"$f":"'CRO2_Crono Simplificado'!CRA4","v":0},{"$f":"'CRO2_Crono Simplificado'!#REF!","v":{"$error":"#REF!"}},{"$f":"'CRO2_Crono Simplificado'!CRC4","v":0},{"$f":"'CRO2_Crono Simplificado'!#REF!","v":{"$error":"#REF!"}},{"$f":"'CRO2_Crono Simplificado'!CRE4","v":0},{"$f":"'CRO2_Crono Simplificado'!#REF!","v":{"$error":"#REF!"}},{"$f":"'CRO2_Crono Simplificado'!CRG4","v":0},{"$f":"'CRO2_Crono Simplificado'!#REF!","v":{"$error":"#REF!"}},{"$f":"'CRO2_Crono Simplificado'!CRI4","v":0},{"$f":"'CRO2_Crono Simplificado'!#REF!","v":{"$error":"#REF!"}},{"$f":"'CRO2_Crono Simplificado'!CRK4","v":0},{"$f":"'CRO2_Crono Simplificado'!#REF!","v":{"$error":"#REF!"}},{"$f":"'CRO2_Crono Simplificado'!CRM4","v":0},{"$f":"'CRO2_Crono Simplificado'!#REF!","v":{"$error":"#REF!"}},{"$f":"'CRO2_Crono Simplificado'!CRO4","v":0},{"$f":"'CRO2_Crono Simplificado'!#REF!","v":{"$error":"#REF!"}},{"$f":"'CRO2_Crono Simplificado'!CRQ4","v":0},{"$f":"'CRO2_Crono Simplificado'!#REF!","v":{"$error":"#REF!"}},{"$f":"'CRO2_Crono Simplificado'!CRS4","v":0},{"$f":"'CRO2_Crono Simplificado'!#REF!","v":{"$error":"#REF!"}},{"$f":"'CRO2_Crono Simplificado'!CRU4","v":0},{"$f":"'CRO2_Crono Simplificado'!#REF!","v":{"$error":"#REF!"}},{"$f":"'CRO2_Crono Simplificado'!CRW4","v":0},{"$f":"'CRO2_Crono Simplificado'!#REF!","v":{"$error":"#REF!"}},{"$f":"'CRO2_Crono Simplificado'!CRY4","v":0},{"$f":"'CRO2_Crono Simplificado'!#REF!","v":{"$error":"#REF!"}},{"$f":"'CRO2_Crono Simplificado'!CSA4","v":0},{"$f":"'CRO2_Crono Simplificado'!#REF!","v":{"$error":"#REF!"}},{"$f":"'CRO2_Crono Simplificado'!CSC4","v":0},{"$f":"'CRO2_Crono Simplificado'!#REF!","v":{"$error":"#REF!"}},{"$f":"'CRO2_Crono Simplificado'!CSE4","v":0},{"$f":"'CRO2_Crono Simplificado'!#REF!","v":{"$error":"#REF!"}},{"$f":"'CRO2_Crono Simplificado'!CSG4","v":0},{"$f":"'CRO2_Crono Simplificado'!#REF!","v":{"$error":"#REF!"}},{"$f":"'CRO2_Crono Simplificado'!CSI4","v":0},{"$f":"'CRO2_Crono Simplificado'!#REF!","v":{"$error":"#REF!"}},{"$f":"'CRO2_Crono Simplificado'!CSK4","v":0},{"$f":"'CRO2_Crono Simplificado'!#REF!","v":{"$error":"#REF!"}},{"$f":"'CRO2_Crono Simplificado'!CSM4","v":0},{"$f":"'CRO2_Crono Simplificado'!#REF!","v":{"$error":"#REF!"}},{"$f":"'CRO2_Crono Simplificado'!CSO4","v":0},{"$f":"'CRO2_Crono Simplificado'!#REF!","v":{"$error":"#REF!"}},{"$f":"'CRO2_Crono Simplificado'!CSQ4","v":0},{"$f":"'CRO2_Crono Simplificado'!#REF!","v":{"$error":"#REF!"}},{"$f":"'CRO2_Crono Simplificado'!CSS4","v":0},{"$f":"'CRO2_Crono Simplificado'!#REF!","v":{"$error":"#REF!"}},{"$f":"'CRO2_Crono Simplificado'!CSU4","v":0},{"$f":"'CRO2_Crono Simplificado'!#REF!","v":{"$error":"#REF!"}},{"$f":"'CRO2_Crono Simplificado'!CSW4","v":0},{"$f":"'CRO2_Crono Simplificado'!#REF!","v":{"$error":"#REF!"}},{"$f":"'CRO2_Crono Simplificado'!CSY4","v":0},{"$f":"'CRO2_Crono Simplificado'!#REF!","v":{"$error":"#REF!"}},{"$f":"'CRO2_Crono Simplificado'!CTA4","v":0},{"$f":"'CRO2_Crono Simplificado'!#REF!","v":{"$error":"#REF!"}},{"$f":"'CRO2_Crono Simplificado'!CTC4","v":0},{"$f":"'CRO2_Crono Simplificado'!#REF!","v":{"$error":"#REF!"}},{"$f":"'CRO2_Crono Simplificado'!CTE4","v":0},{"$f":"'CRO2_Crono Simplificado'!#REF!","v":{"$error":"#REF!"}},{"$f":"'CRO2_Crono Simplificado'!CTG4","v":0},{"$f":"'CRO2_Crono Simplificado'!#REF!","v":{"$error":"#REF!"}},{"$f":"'CRO2_Crono Simplificado'!CTI4","v":0},{"$f":"'CRO2_Crono Simplificado'!#REF!","v":{"$error":"#REF!"}},{"$f":"'CRO2_Crono Simplificado'!CTK4","v":0},{"$f":"'CRO2_Crono Simplificado'!#REF!","v":{"$error":"#REF!"}},{"$f":"'CRO2_Crono Simplificado'!CTM4","v":0},{"$f":"'CRO2_Crono Simplificado'!#REF!","v":{"$error":"#REF!"}},{"$f":"'CRO2_Crono Simplificado'!CTO4","v":0},{"$f":"'CRO2_Crono Simplificado'!#REF!","v":{"$error":"#REF!"}},{"$f":"'CRO2_Crono Simplificado'!CTQ4","v":0},{"$f":"'CRO2_Crono Simplificado'!#REF!","v":{"$error":"#REF!"}},{"$f":"'CRO2_Crono Simplificado'!CTS4","v":0},{"$f":"'CRO2_Crono Simplificado'!#REF!","v":{"$error":"#REF!"}},{"$f":"'CRO2_Crono Simplificado'!CTU4","v":0},{"$f":"'CRO2_Crono Simplificado'!#REF!","v":{"$error":"#REF!"}},{"$f":"'CRO2_Crono Simplificado'!CTW4","v":0},{"$f":"'CRO2_Crono Simplificado'!#REF!","v":{"$error":"#REF!"}},{"$f":"'CRO2_Crono Simplificado'!CTY4","v":0},{"$f":"'CRO2_Crono Simplificado'!#REF!","v":{"$error":"#REF!"}},{"$f":"'CRO2_Crono Simplificado'!CUA4","v":0},{"$f":"'CRO2_Crono Simplificado'!#REF!","v":{"$error":"#REF!"}},{"$f":"'CRO2_Crono Simplificado'!CUC4","v":0},{"$f":"'CRO2_Crono Simplificado'!#REF!","v":{"$error":"#REF!"}},{"$f":"'CRO2_Crono Simplificado'!CUE4","v":0},{"$f":"'CRO2_Crono Simplificado'!#REF!","v":{"$error":"#REF!"}},{"$f":"'CRO2_Crono Simplificado'!CUG4","v":0},{"$f":"'CRO2_Crono Simplificado'!#REF!","v":{"$error":"#REF!"}},{"$f":"'CRO2_Crono Simplificado'!CUI4","v":0},{"$f":"'CRO2_Crono Simplificado'!#REF!","v":{"$error":"#REF!"}},{"$f":"'CRO2_Crono Simplificado'!CUK4","v":0},{"$f":"'CRO2_Crono Simplificado'!#REF!","v":{"$error":"#REF!"}},{"$f":"'CRO2_Crono Simplificado'!CUM4","v":0},{"$f":"'CRO2_Crono Simplificado'!#REF!","v":{"$error":"#REF!"}},{"$f":"'CRO2_Crono Simplificado'!CUO4","v":0},{"$f":"'CRO2_Crono Simplificado'!#REF!","v":{"$error":"#REF!"}},{"$f":"'CRO2_Crono Simplificado'!CUQ4","v":0},{"$f":"'CRO2_Crono Simplificado'!#REF!","v":{"$error":"#REF!"}},{"$f":"'CRO2_Crono Simplificado'!CUS4","v":0},{"$f":"'CRO2_Crono Simplificado'!#REF!","v":{"$error":"#REF!"}},{"$f":"'CRO2_Crono Simplificado'!CUU4","v":0},{"$f":"'CRO2_Crono Simplificado'!#REF!","v":{"$error":"#REF!"}},{"$f":"'CRO2_Crono Simplificado'!CUW4","v":0},{"$f":"'CRO2_Crono Simplificado'!#REF!","v":{"$error":"#REF!"}},{"$f":"'CRO2_Crono Simplificado'!CUY4","v":0},{"$f":"'CRO2_Crono Simplificado'!#REF!","v":{"$error":"#REF!"}},{"$f":"'CRO2_Crono Simplificado'!CVA4","v":0},{"$f":"'CRO2_Crono Simplificado'!#REF!","v":{"$error":"#REF!"}},{"$f":"'CRO2_Crono Simplificado'!CVC4","v":0},{"$f":"'CRO2_Crono Simplificado'!#REF!","v":{"$error":"#REF!"}},{"$f":"'CRO2_Crono Simplificado'!CVE4","v":0},{"$f":"'CRO2_Crono Simplificado'!#REF!","v":{"$error":"#REF!"}},{"$f":"'CRO2_Crono Simplificado'!CVG4","v":0},{"$f":"'CRO2_Crono Simplificado'!#REF!","v":{"$error":"#REF!"}},{"$f":"'CRO2_Crono Simplificado'!CVI4","v":0},{"$f":"'CRO2_Crono Simplificado'!#REF!","v":{"$error":"#REF!"}},{"$f":"'CRO2_Crono Simplificado'!CVK4","v":0},{"$f":"'CRO2_Crono Simplificado'!#REF!","v":{"$error":"#REF!"}},{"$f":"'CRO2_Crono Simplificado'!CVM4","v":0},{"$f":"'CRO2_Crono Simplificado'!#REF!","v":{"$error":"#REF!"}},{"$f":"'CRO2_Crono Simplificado'!CVO4","v":0},{"$f":"'CRO2_Crono Simplificado'!#REF!","v":{"$error":"#REF!"}},{"$f":"'CRO2_Crono Simplificado'!CVQ4","v":0},{"$f":"'CRO2_Crono Simplificado'!#REF!","v":{"$error":"#REF!"}},{"$f":"'CRO2_Crono Simplificado'!CVS4","v":0},{"$f":"'CRO2_Crono Simplificado'!#REF!","v":{"$error":"#REF!"}},{"$f":"'CRO2_Crono Simplificado'!CVU4","v":0},{"$f":"'CRO2_Crono Simplificado'!#REF!","v":{"$error":"#REF!"}},{"$f":"'CRO2_Crono Simplificado'!CVW4","v":0},{"$f":"'CRO2_Crono Simplificado'!#REF!","v":{"$error":"#REF!"}},{"$f":"'CRO2_Crono Simplificado'!CVY4","v":0},{"$f":"'CRO2_Crono Simplificado'!#REF!","v":{"$error":"#REF!"}},{"$f":"'CRO2_Crono Simplificado'!CWA4","v":0},{"$f":"'CRO2_Crono Simplificado'!#REF!","v":{"$error":"#REF!"}},{"$f":"'CRO2_Crono Simplificado'!CWC4","v":0},{"$f":"'CRO2_Crono Simplificado'!#REF!","v":{"$error":"#REF!"}},{"$f":"'CRO2_Crono Simplificado'!CWE4","v":0},{"$f":"'CRO2_Crono Simplificado'!#REF!","v":{"$error":"#REF!"}},{"$f":"'CRO2_Crono Simplificado'!CWG4","v":0},{"$f":"'CRO2_Crono Simplificado'!#REF!","v":{"$error":"#REF!"}},{"$f":"'CRO2_Crono Simplificado'!CWI4","v":0},{"$f":"'CRO2_Crono Simplificado'!#REF!","v":{"$error":"#REF!"}},{"$f":"'CRO2_Crono Simplificado'!CWK4","v":0},{"$f":"'CRO2_Crono Simplificado'!#REF!","v":{"$error":"#REF!"}},{"$f":"'CRO2_Crono Simplificado'!CWM4","v":0},{"$f":"'CRO2_Crono Simplificado'!#REF!","v":{"$error":"#REF!"}},{"$f":"'CRO2_Crono Simplificado'!CWO4","v":0},{"$f":"'CRO2_Crono Simplificado'!#REF!","v":{"$error":"#REF!"}},{"$f":"'CRO2_Crono Simplificado'!CWQ4","v":0},{"$f":"'CRO2_Crono Simplificado'!#REF!","v":{"$error":"#REF!"}},{"$f":"'CRO2_Crono Simplificado'!CWS4","v":0},{"$f":"'CRO2_Crono Simplificado'!#REF!","v":{"$error":"#REF!"}},{"$f":"'CRO2_Crono Simplificado'!CWU4","v":0},{"$f":"'CRO2_Crono Simplificado'!#REF!","v":{"$error":"#REF!"}},{"$f":"'CRO2_Crono Simplificado'!CWW4","v":0},{"$f":"'CRO2_Crono Simplificado'!#REF!","v":{"$error":"#REF!"}},{"$f":"'CRO2_Crono Simplificado'!CWY4","v":0},{"$f":"'CRO2_Crono Simplificado'!#REF!","v":{"$error":"#REF!"}},{"$f":"'CRO2_Crono Simplificado'!CXA4","v":0},{"$f":"'CRO2_Crono Simplificado'!#REF!","v":{"$error":"#REF!"}},{"$f":"'CRO2_Crono Simplificado'!CXC4","v":0},{"$f":"'CRO2_Crono Simplificado'!#REF!","v":{"$error":"#REF!"}},{"$f":"'CRO2_Crono Simplificado'!CXE4","v":0},{"$f":"'CRO2_Crono Simplificado'!#REF!","v":{"$error":"#REF!"}},{"$f":"'CRO2_Crono Simplificado'!CXG4","v":0},{"$f":"'CRO2_Crono Simplificado'!#REF!","v":{"$error":"#REF!"}},{"$f":"'CRO2_Crono Simplificado'!CXI4","v":0},{"$f":"'CRO2_Crono Simplificado'!#REF!","v":{"$error":"#REF!"}},{"$f":"'CRO2_Crono Simplificado'!CXK4","v":0},{"$f":"'CRO2_Crono Simplificado'!#REF!","v":{"$error":"#REF!"}},{"$f":"'CRO2_Crono Simplificado'!CXM4","v":0},{"$f":"'CRO2_Crono Simplificado'!#REF!","v":{"$error":"#REF!"}},{"$f":"'CRO2_Crono Simplificado'!CXO4","v":0},{"$f":"'CRO2_Crono Simplificado'!#REF!","v":{"$error":"#REF!"}},{"$f":"'CRO2_Crono Simplificado'!CXQ4","v":0},{"$f":"'CRO2_Crono Simplificado'!#REF!","v":{"$error":"#REF!"}},{"$f":"'CRO2_Crono Simplificado'!CXS4","v":0},{"$f":"'CRO2_Crono Simplificado'!#REF!","v":{"$error":"#REF!"}},{"$f":"'CRO2_Crono Simplificado'!CXU4","v":0},{"$f":"'CRO2_Crono Simplificado'!#REF!","v":{"$error":"#REF!"}},{"$f":"'CRO2_Crono Simplificado'!CXW4","v":0},{"$f":"'CRO2_Crono Simplificado'!#REF!","v":{"$error":"#REF!"}},{"$f":"'CRO2_Crono Simplificado'!CXY4","v":0},{"$f":"'CRO2_Crono Simplificado'!#REF!","v":{"$error":"#REF!"}},{"$f":"'CRO2_Crono Simplificado'!CYA4","v":0},{"$f":"'CRO2_Crono Simplificado'!#REF!","v":{"$error":"#REF!"}},{"$f":"'CRO2_Crono Simplificado'!CYC4","v":0},{"$f":"'CRO2_Crono Simplificado'!#REF!","v":{"$error":"#REF!"}},{"$f":"'CRO2_Crono Simplificado'!CYE4","v":0},{"$f":"'CRO2_Crono Simplificado'!#REF!","v":{"$error":"#REF!"}},{"$f":"'CRO2_Crono Simplificado'!CYG4","v":0},{"$f":"'CRO2_Crono Simplificado'!#REF!","v":{"$error":"#REF!"}},{"$f":"'CRO2_Crono Simplificado'!CYI4","v":0},{"$f":"'CRO2_Crono Simplificado'!#REF!","v":{"$error":"#REF!"}},{"$f":"'CRO2_Crono Simplificado'!CYK4","v":0},{"$f":"'CRO2_Crono Simplificado'!#REF!","v":{"$error":"#REF!"}},{"$f":"'CRO2_Crono Simplificado'!CYM4","v":0},{"$f":"'CRO2_Crono Simplificado'!#REF!","v":{"$error":"#REF!"}},{"$f":"'CRO2_Crono Simplificado'!CYO4","v":0},{"$f":"'CRO2_Crono Simplificado'!#REF!","v":{"$error":"#REF!"}},{"$f":"'CRO2_Crono Simplificado'!CYQ4","v":0},{"$f":"'CRO2_Crono Simplificado'!#REF!","v":{"$error":"#REF!"}},{"$f":"'CRO2_Crono Simplificado'!CYS4","v":0},{"$f":"'CRO2_Crono Simplificado'!#REF!","v":{"$error":"#REF!"}},{"$f":"'CRO2_Crono Simplificado'!CYU4","v":0},{"$f":"'CRO2_Crono Simplificado'!#REF!","v":{"$error":"#REF!"}},{"$f":"'CRO2_Crono Simplificado'!CYW4","v":0},{"$f":"'CRO2_Crono Simplificado'!#REF!","v":{"$error":"#REF!"}},{"$f":"'CRO2_Crono Simplificado'!CYY4","v":0},{"$f":"'CRO2_Crono Simplificado'!#REF!","v":{"$error":"#REF!"}},{"$f":"'CRO2_Crono Simplificado'!CZA4","v":0},{"$f":"'CRO2_Crono Simplificado'!#REF!","v":{"$error":"#REF!"}},{"$f":"'CRO2_Crono Simplificado'!CZC4","v":0},{"$f":"'CRO2_Crono Simplificado'!#REF!","v":{"$error":"#REF!"}},{"$f":"'CRO2_Crono Simplificado'!CZE4","v":0},{"$f":"'CRO2_Crono Simplificado'!#REF!","v":{"$error":"#REF!"}},{"$f":"'CRO2_Crono Simplificado'!CZG4","v":0},{"$f":"'CRO2_Crono Simplificado'!#REF!","v":{"$error":"#REF!"}},{"$f":"'CRO2_Crono Simplificado'!CZI4","v":0},{"$f":"'CRO2_Crono Simplificado'!#REF!","v":{"$error":"#REF!"}},{"$f":"'CRO2_Crono Simplificado'!CZK4","v":0},{"$f":"'CRO2_Crono Simplificado'!#REF!","v":{"$error":"#REF!"}},{"$f":"'CRO2_Crono Simplificado'!CZM4","v":0},{"$f":"'CRO2_Crono Simplificado'!#REF!","v":{"$error":"#REF!"}},{"$f":"'CRO2_Crono Simplificado'!CZO4","v":0},{"$f":"'CRO2_Crono Simplificado'!#REF!","v":{"$error":"#REF!"}},{"$f":"'CRO2_Crono Simplificado'!CZQ4","v":0},{"$f":"'CRO2_Crono Simplificado'!#REF!","v":{"$error":"#REF!"}},{"$f":"'CRO2_Crono Simplificado'!CZS4","v":0},{"$f":"'CRO2_Crono Simplificado'!#REF!","v":{"$error":"#REF!"}},{"$f":"'CRO2_Crono Simplificado'!CZU4","v":0},{"$f":"'CRO2_Crono Simplificado'!#REF!","v":{"$error":"#REF!"}},{"$f":"'CRO2_Crono Simplificado'!CZW4","v":0},{"$f":"'CRO2_Crono Simplificado'!#REF!","v":{"$error":"#REF!"}},{"$f":"'CRO2_Crono Simplificado'!CZY4","v":0},{"$f":"'CRO2_Crono Simplificado'!#REF!","v":{"$error":"#REF!"}},{"$f":"'CRO2_Crono Simplificado'!DAA4","v":0},{"$f":"'CRO2_Crono Simplificado'!#REF!","v":{"$error":"#REF!"}},{"$f":"'CRO2_Crono Simplificado'!DAC4","v":0},{"$f":"'CRO2_Crono Simplificado'!#REF!","v":{"$error":"#REF!"}},{"$f":"'CRO2_Crono Simplificado'!DAE4","v":0},{"$f":"'CRO2_Crono Simplificado'!#REF!","v":{"$error":"#REF!"}},{"$f":"'CRO2_Crono Simplificado'!DAG4","v":0},{"$f":"'CRO2_Crono Simplificado'!#REF!","v":{"$error":"#REF!"}},{"$f":"'CRO2_Crono Simplificado'!DAI4","v":0},{"$f":"'CRO2_Crono Simplificado'!#REF!","v":{"$error":"#REF!"}},{"$f":"'CRO2_Crono Simplificado'!DAK4","v":0},{"$f":"'CRO2_Crono Simplificado'!#REF!","v":{"$error":"#REF!"}},{"$f":"'CRO2_Crono Simplificado'!DAM4","v":0},{"$f":"'CRO2_Crono Simplificado'!#REF!","v":{"$error":"#REF!"}},{"$f":"'CRO2_Crono Simplificado'!DAO4","v":0},{"$f":"'CRO2_Crono Simplificado'!#REF!","v":{"$error":"#REF!"}},{"$f":"'CRO2_Crono Simplificado'!DAQ4","v":0},{"$f":"'CRO2_Crono Simplificado'!#REF!","v":{"$error":"#REF!"}},{"$f":"'CRO2_Crono Simplificado'!DAS4","v":0},{"$f":"'CRO2_Crono Simplificado'!#REF!","v":{"$error":"#REF!"}},{"$f":"'CRO2_Crono Simplificado'!DAU4","v":0},{"$f":"'CRO2_Crono Simplificado'!#REF!","v":{"$error":"#REF!"}},{"$f":"'CRO2_Crono Simplificado'!DAW4","v":0},{"$f":"'CRO2_Crono Simplificado'!#REF!","v":{"$error":"#REF!"}},{"$f":"'CRO2_Crono Simplificado'!DAY4","v":0},{"$f":"'CRO2_Crono Simplificado'!#REF!","v":{"$error":"#REF!"}},{"$f":"'CRO2_Crono Simplificado'!DBA4","v":0},{"$f":"'CRO2_Crono Simplificado'!#REF!","v":{"$error":"#REF!"}},{"$f":"'CRO2_Crono Simplificado'!DBC4","v":0},{"$f":"'CRO2_Crono Simplificado'!#REF!","v":{"$error":"#REF!"}},{"$f":"'CRO2_Crono Simplificado'!DBE4","v":0},{"$f":"'CRO2_Crono Simplificado'!#REF!","v":{"$error":"#REF!"}},{"$f":"'CRO2_Crono Simplificado'!DBG4","v":0},{"$f":"'CRO2_Crono Simplificado'!#REF!","v":{"$error":"#REF!"}},{"$f":"'CRO2_Crono Simplificado'!DBI4","v":0},{"$f":"'CRO2_Crono Simplificado'!#REF!","v":{"$error":"#REF!"}},{"$f":"'CRO2_Crono Simplificado'!DBK4","v":0},{"$f":"'CRO2_Crono Simplificado'!#REF!","v":{"$error":"#REF!"}},{"$f":"'CRO2_Crono Simplificado'!DBM4","v":0},{"$f":"'CRO2_Crono Simplificado'!#REF!","v":{"$error":"#REF!"}},{"$f":"'CRO2_Crono Simplificado'!DBO4","v":0},{"$f":"'CRO2_Crono Simplificado'!#REF!","v":{"$error":"#REF!"}},{"$f":"'CRO2_Crono Simplificado'!DBQ4","v":0},{"$f":"'CRO2_Crono Simplificado'!#REF!","v":{"$error":"#REF!"}},{"$f":"'CRO2_Crono Simplificado'!DBS4","v":0},{"$f":"'CRO2_Crono Simplificado'!#REF!","v":{"$error":"#REF!"}},{"$f":"'CRO2_Crono Simplificado'!DBU4","v":0},{"$f":"'CRO2_Crono Simplificado'!#REF!","v":{"$error":"#REF!"}},{"$f":"'CRO2_Crono Simplificado'!DBW4","v":0},{"$f":"'CRO2_Crono Simplificado'!#REF!","v":{"$error":"#REF!"}},{"$f":"'CRO2_Crono Simplificado'!DBY4","v":0},{"$f":"'CRO2_Crono Simplificado'!#REF!","v":{"$error":"#REF!"}},{"$f":"'CRO2_Crono Simplificado'!DCA4","v":0},{"$f":"'CRO2_Crono Simplificado'!#REF!","v":{"$error":"#REF!"}},{"$f":"'CRO2_Crono Simplificado'!DCC4","v":0},{"$f":"'CRO2_Crono Simplificado'!#REF!","v":{"$error":"#REF!"}},{"$f":"'CRO2_Crono Simplificado'!DCE4","v":0},{"$f":"'CRO2_Crono Simplificado'!#REF!","v":{"$error":"#REF!"}},{"$f":"'CRO2_Crono Simplificado'!DCG4","v":0},{"$f":"'CRO2_Crono Simplificado'!#REF!","v":{"$error":"#REF!"}},{"$f":"'CRO2_Crono Simplificado'!DCI4","v":0},{"$f":"'CRO2_Crono Simplificado'!#REF!","v":{"$error":"#REF!"}},{"$f":"'CRO2_Crono Simplificado'!DCK4","v":0},{"$f":"'CRO2_Crono Simplificado'!#REF!","v":{"$error":"#REF!"}},{"$f":"'CRO2_Crono Simplificado'!DCM4","v":0},{"$f":"'CRO2_Crono Simplificado'!#REF!","v":{"$error":"#REF!"}},{"$f":"'CRO2_Crono Simplificado'!DCO4","v":0},{"$f":"'CRO2_Crono Simplificado'!#REF!","v":{"$error":"#REF!"}},{"$f":"'CRO2_Crono Simplificado'!DCQ4","v":0},{"$f":"'CRO2_Crono Simplificado'!#REF!","v":{"$error":"#REF!"}},{"$f":"'CRO2_Crono Simplificado'!DCS4","v":0},{"$f":"'CRO2_Crono Simplificado'!#REF!","v":{"$error":"#REF!"}},{"$f":"'CRO2_Crono Simplificado'!DCU4","v":0},{"$f":"'CRO2_Crono Simplificado'!#REF!","v":{"$error":"#REF!"}},{"$f":"'CRO2_Crono Simplificado'!DCW4","v":0},{"$f":"'CRO2_Crono Simplificado'!#REF!","v":{"$error":"#REF!"}},{"$f":"'CRO2_Crono Simplificado'!DCY4","v":0},{"$f":"'CRO2_Crono Simplificado'!#REF!","v":{"$error":"#REF!"}},{"$f":"'CRO2_Crono Simplificado'!DDA4","v":0},{"$f":"'CRO2_Crono Simplificado'!#REF!","v":{"$error":"#REF!"}},{"$f":"'CRO2_Crono Simplificado'!DDC4","v":0},{"$f":"'CRO2_Crono Simplificado'!#REF!","v":{"$error":"#REF!"}},{"$f":"'CRO2_Crono Simplificado'!DDE4","v":0},{"$f":"'CRO2_Crono Simplificado'!#REF!","v":{"$error":"#REF!"}},{"$f":"'CRO2_Crono Simplificado'!DDG4","v":0},{"$f":"'CRO2_Crono Simplificado'!#REF!","v":{"$error":"#REF!"}},{"$f":"'CRO2_Crono Simplificado'!DDI4","v":0},{"$f":"'CRO2_Crono Simplificado'!#REF!","v":{"$error":"#REF!"}},{"$f":"'CRO2_Crono Simplificado'!DDK4","v":0},{"$f":"'CRO2_Crono Simplificado'!#REF!","v":{"$error":"#REF!"}},{"$f":"'CRO2_Crono Simplificado'!DDM4","v":0},{"$f":"'CRO2_Crono Simplificado'!#REF!","v":{"$error":"#REF!"}},{"$f":"'CRO2_Crono Simplificado'!DDO4","v":0},{"$f":"'CRO2_Crono Simplificado'!#REF!","v":{"$error":"#REF!"}},{"$f":"'CRO2_Crono Simplificado'!DDQ4","v":0},{"$f":"'CRO2_Crono Simplificado'!#REF!","v":{"$error":"#REF!"}},{"$f":"'CRO2_Crono Simplificado'!DDS4","v":0},{"$f":"'CRO2_Crono Simplificado'!#REF!","v":{"$error":"#REF!"}},{"$f":"'CRO2_Crono Simplificado'!DDU4","v":0},{"$f":"'CRO2_Crono Simplificado'!#REF!","v":{"$error":"#REF!"}},{"$f":"'CRO2_Crono Simplificado'!DDW4","v":0},{"$f":"'CRO2_Crono Simplificado'!#REF!","v":{"$error":"#REF!"}},{"$f":"'CRO2_Crono Simplificado'!DDY4","v":0},{"$f":"'CRO2_Crono Simplificado'!#REF!","v":{"$error":"#REF!"}},{"$f":"'CRO2_Crono Simplificado'!DEA4","v":0},{"$f":"'CRO2_Crono Simplificado'!#REF!","v":{"$error":"#REF!"}},{"$f":"'CRO2_Crono Simplificado'!DEC4","v":0},{"$f":"'CRO2_Crono Simplificado'!#REF!","v":{"$error":"#REF!"}},{"$f":"'CRO2_Crono Simplificado'!DEE4","v":0},{"$f":"'CRO2_Crono Simplificado'!#REF!","v":{"$error":"#REF!"}},{"$f":"'CRO2_Crono Simplificado'!DEG4","v":0},{"$f":"'CRO2_Crono Simplificado'!#REF!","v":{"$error":"#REF!"}},{"$f":"'CRO2_Crono Simplificado'!DEI4","v":0},{"$f":"'CRO2_Crono Simplificado'!#REF!","v":{"$error":"#REF!"}},{"$f":"'CRO2_Crono Simplificado'!DEK4","v":0},{"$f":"'CRO2_Crono Simplificado'!#REF!","v":{"$error":"#REF!"}},{"$f":"'CRO2_Crono Simplificado'!DEM4","v":0},{"$f":"'CRO2_Crono Simplificado'!#REF!","v":{"$error":"#REF!"}},{"$f":"'CRO2_Crono Simplificado'!DEO4","v":0},{"$f":"'CRO2_Crono Simplificado'!#REF!","v":{"$error":"#REF!"}},{"$f":"'CRO2_Crono Simplificado'!DEQ4","v":0},{"$f":"'CRO2_Crono Simplificado'!#REF!","v":{"$error":"#REF!"}},{"$f":"'CRO2_Crono Simplificado'!DES4","v":0},{"$f":"'CRO2_Crono Simplificado'!#REF!","v":{"$error":"#REF!"}},{"$f":"'CRO2_Crono Simplificado'!DEU4","v":0},{"$f":"'CRO2_Crono Simplificado'!#REF!","v":{"$error":"#REF!"}},{"$f":"'CRO2_Crono Simplificado'!DEW4","v":0},{"$f":"'CRO2_Crono Simplificado'!#REF!","v":{"$error":"#REF!"}},{"$f":"'CRO2_Crono Simplificado'!DEY4","v":0},{"$f":"'CRO2_Crono Simplificado'!#REF!","v":{"$error":"#REF!"}},{"$f":"'CRO2_Crono Simplificado'!DFA4","v":0},{"$f":"'CRO2_Crono Simplificado'!#REF!","v":{"$error":"#REF!"}},{"$f":"'CRO2_Crono Simplificado'!DFC4","v":0},{"$f":"'CRO2_Crono Simplificado'!#REF!","v":{"$error":"#REF!"}},{"$f":"'CRO2_Crono Simplificado'!DFE4","v":0},{"$f":"'CRO2_Crono Simplificado'!#REF!","v":{"$error":"#REF!"}},{"$f":"'CRO2_Crono Simplificado'!DFG4","v":0},{"$f":"'CRO2_Crono Simplificado'!#REF!","v":{"$error":"#REF!"}},{"$f":"'CRO2_Crono Simplificado'!DFI4","v":0},{"$f":"'CRO2_Crono Simplificado'!#REF!","v":{"$error":"#REF!"}},{"$f":"'CRO2_Crono Simplificado'!DFK4","v":0},{"$f":"'CRO2_Crono Simplificado'!#REF!","v":{"$error":"#REF!"}},{"$f":"'CRO2_Crono Simplificado'!DFM4","v":0},{"$f":"'CRO2_Crono Simplificado'!#REF!","v":{"$error":"#REF!"}},{"$f":"'CRO2_Crono Simplificado'!DFO4","v":0},{"$f":"'CRO2_Crono Simplificado'!#REF!","v":{"$error":"#REF!"}},{"$f":"'CRO2_Crono Simplificado'!DFQ4","v":0},{"$f":"'CRO2_Crono Simplificado'!#REF!","v":{"$error":"#REF!"}},{"$f":"'CRO2_Crono Simplificado'!DFS4","v":0},{"$f":"'CRO2_Crono Simplificado'!#REF!","v":{"$error":"#REF!"}},{"$f":"'CRO2_Crono Simplificado'!DFU4","v":0},{"$f":"'CRO2_Crono Simplificado'!#REF!","v":{"$error":"#REF!"}},{"$f":"'CRO2_Crono Simplificado'!DFW4","v":0},{"$f":"'CRO2_Crono Simplificado'!#REF!","v":{"$error":"#REF!"}},{"$f":"'CRO2_Crono Simplificado'!DFY4","v":0},{"$f":"'CRO2_Crono Simplificado'!#REF!","v":{"$error":"#REF!"}},{"$f":"'CRO2_Crono Simplificado'!DGA4","v":0},{"$f":"'CRO2_Crono Simplificado'!#REF!","v":{"$error":"#REF!"}},{"$f":"'CRO2_Crono Simplificado'!DGC4","v":0},{"$f":"'CRO2_Crono Simplificado'!#REF!","v":{"$error":"#REF!"}},{"$f":"'CRO2_Crono Simplificado'!DGE4","v":0},{"$f":"'CRO2_Crono Simplificado'!#REF!","v":{"$error":"#REF!"}},{"$f":"'CRO2_Crono Simplificado'!DGG4","v":0},{"$f":"'CRO2_Crono Simplificado'!#REF!","v":{"$error":"#REF!"}},{"$f":"'CRO2_Crono Simplificado'!DGI4","v":0},{"$f":"'CRO2_Crono Simplificado'!#REF!","v":{"$error":"#REF!"}},{"$f":"'CRO2_Crono Simplificado'!DGK4","v":0},{"$f":"'CRO2_Crono Simplificado'!#REF!","v":{"$error":"#REF!"}},{"$f":"'CRO2_Crono Simplificado'!DGM4","v":0},{"$f":"'CRO2_Crono Simplificado'!#REF!","v":{"$error":"#REF!"}},{"$f":"'CRO2_Crono Simplificado'!DGO4","v":0},{"$f":"'CRO2_Crono Simplificado'!#REF!","v":{"$error":"#REF!"}},{"$f":"'CRO2_Crono Simplificado'!DGQ4","v":0},{"$f":"'CRO2_Crono Simplificado'!#REF!","v":{"$error":"#REF!"}},{"$f":"'CRO2_Crono Simplificado'!DGS4","v":0},{"$f":"'CRO2_Crono Simplificado'!#REF!","v":{"$error":"#REF!"}},{"$f":"'CRO2_Crono Simplificado'!DGU4","v":0},{"$f":"'CRO2_Crono Simplificado'!#REF!","v":{"$error":"#REF!"}},{"$f":"'CRO2_Crono Simplificado'!DGW4","v":0},{"$f":"'CRO2_Crono Simplificado'!#REF!","v":{"$error":"#REF!"}},{"$f":"'CRO2_Crono Simplificado'!DGY4","v":0},{"$f":"'CRO2_Crono Simplificado'!#REF!","v":{"$error":"#REF!"}},{"$f":"'CRO2_Crono Simplificado'!DHA4","v":0},{"$f":"'CRO2_Crono Simplificado'!#REF!","v":{"$error":"#REF!"}},{"$f":"'CRO2_Crono Simplificado'!DHC4","v":0},{"$f":"'CRO2_Crono Simplificado'!#REF!","v":{"$error":"#REF!"}},{"$f":"'CRO2_Crono Simplificado'!DHE4","v":0},{"$f":"'CRO2_Crono Simplificado'!#REF!","v":{"$error":"#REF!"}},{"$f":"'CRO2_Crono Simplificado'!DHG4","v":0},{"$f":"'CRO2_Crono Simplificado'!#REF!","v":{"$error":"#REF!"}},{"$f":"'CRO2_Crono Simplificado'!DHI4","v":0},{"$f":"'CRO2_Crono Simplificado'!#REF!","v":{"$error":"#REF!"}},{"$f":"'CRO2_Crono Simplificado'!DHK4","v":0},{"$f":"'CRO2_Crono Simplificado'!#REF!","v":{"$error":"#REF!"}},{"$f":"'CRO2_Crono Simplificado'!DHM4","v":0},{"$f":"'CRO2_Crono Simplificado'!#REF!","v":{"$error":"#REF!"}},{"$f":"'CRO2_Crono Simplificado'!DHO4","v":0},{"$f":"'CRO2_Crono Simplificado'!#REF!","v":{"$error":"#REF!"}},{"$f":"'CRO2_Crono Simplificado'!DHQ4","v":0},{"$f":"'CRO2_Crono Simplificado'!#REF!","v":{"$error":"#REF!"}},{"$f":"'CRO2_Crono Simplificado'!DHS4","v":0},{"$f":"'CRO2_Crono Simplificado'!#REF!","v":{"$error":"#REF!"}},{"$f":"'CRO2_Crono Simplificado'!DHU4","v":0},{"$f":"'CRO2_Crono Simplificado'!#REF!","v":{"$error":"#REF!"}},{"$f":"'CRO2_Crono Simplificado'!DHW4","v":0},{"$f":"'CRO2_Crono Simplificado'!#REF!","v":{"$error":"#REF!"}},{"$f":"'CRO2_Crono Simplificado'!DHY4","v":0},{"$f":"'CRO2_Crono Simplificado'!#REF!","v":{"$error":"#REF!"}},{"$f":"'CRO2_Crono Simplificado'!DIA4","v":0},{"$f":"'CRO2_Crono Simplificado'!#REF!","v":{"$error":"#REF!"}},{"$f":"'CRO2_Crono Simplificado'!DIC4","v":0},{"$f":"'CRO2_Crono Simplificado'!#REF!","v":{"$error":"#REF!"}},{"$f":"'CRO2_Crono Simplificado'!DIE4","v":0},{"$f":"'CRO2_Crono Simplificado'!#REF!","v":{"$error":"#REF!"}},{"$f":"'CRO2_Crono Simplificado'!DIG4","v":0},{"$f":"'CRO2_Crono Simplificado'!#REF!","v":{"$error":"#REF!"}},{"$f":"'CRO2_Crono Simplificado'!DII4","v":0},{"$f":"'CRO2_Crono Simplificado'!#REF!","v":{"$error":"#REF!"}},{"$f":"'CRO2_Crono Simplificado'!DIK4","v":0},{"$f":"'CRO2_Crono Simplificado'!#REF!","v":{"$error":"#REF!"}},{"$f":"'CRO2_Crono Simplificado'!DIM4","v":0},{"$f":"'CRO2_Crono Simplificado'!#REF!","v":{"$error":"#REF!"}},{"$f":"'CRO2_Crono Simplificado'!DIO4","v":0},{"$f":"'CRO2_Crono Simplificado'!#REF!","v":{"$error":"#REF!"}},{"$f":"'CRO2_Crono Simplificado'!DIQ4","v":0},{"$f":"'CRO2_Crono Simplificado'!#REF!","v":{"$error":"#REF!"}},{"$f":"'CRO2_Crono Simplificado'!DIS4","v":0},{"$f":"'CRO2_Crono Simplificado'!#REF!","v":{"$error":"#REF!"}},{"$f":"'CRO2_Crono Simplificado'!DIU4","v":0},{"$f":"'CRO2_Crono Simplificado'!#REF!","v":{"$error":"#REF!"}},{"$f":"'CRO2_Crono Simplificado'!DIW4","v":0},{"$f":"'CRO2_Crono Simplificado'!#REF!","v":{"$error":"#REF!"}},{"$f":"'CRO2_Crono Simplificado'!DIY4","v":0},{"$f":"'CRO2_Crono Simplificado'!#REF!","v":{"$error":"#REF!"}},{"$f":"'CRO2_Crono Simplificado'!DJA4","v":0},{"$f":"'CRO2_Crono Simplificado'!#REF!","v":{"$error":"#REF!"}},{"$f":"'CRO2_Crono Simplificado'!DJC4","v":0},{"$f":"'CRO2_Crono Simplificado'!#REF!","v":{"$error":"#REF!"}},{"$f":"'CRO2_Crono Simplificado'!DJE4","v":0},{"$f":"'CRO2_Crono Simplificado'!#REF!","v":{"$error":"#REF!"}},{"$f":"'CRO2_Crono Simplificado'!DJG4","v":0},{"$f":"'CRO2_Crono Simplificado'!#REF!","v":{"$error":"#REF!"}},{"$f":"'CRO2_Crono Simplificado'!DJI4","v":0},{"$f":"'CRO2_Crono Simplificado'!#REF!","v":{"$error":"#REF!"}},{"$f":"'CRO2_Crono Simplificado'!DJK4","v":0},{"$f":"'CRO2_Crono Simplificado'!#REF!","v":{"$error":"#REF!"}},{"$f":"'CRO2_Crono Simplificado'!DJM4","v":0},{"$f":"'CRO2_Crono Simplificado'!#REF!","v":{"$error":"#REF!"}},{"$f":"'CRO2_Crono Simplificado'!DJO4","v":0},{"$f":"'CRO2_Crono Simplificado'!#REF!","v":{"$error":"#REF!"}},{"$f":"'CRO2_Crono Simplificado'!DJQ4","v":0},{"$f":"'CRO2_Crono Simplificado'!#REF!","v":{"$error":"#REF!"}},{"$f":"'CRO2_Crono Simplificado'!DJS4","v":0},{"$f":"'CRO2_Crono Simplificado'!#REF!","v":{"$error":"#REF!"}},{"$f":"'CRO2_Crono Simplificado'!DJU4","v":0},{"$f":"'CRO2_Crono Simplificado'!#REF!","v":{"$error":"#REF!"}},{"$f":"'CRO2_Crono Simplificado'!DJW4","v":0},{"$f":"'CRO2_Crono Simplificado'!#REF!","v":{"$error":"#REF!"}},{"$f":"'CRO2_Crono Simplificado'!DJY4","v":0},{"$f":"'CRO2_Crono Simplificado'!#REF!","v":{"$error":"#REF!"}},{"$f":"'CRO2_Crono Simplificado'!DKA4","v":0},{"$f":"'CRO2_Crono Simplificado'!#REF!","v":{"$error":"#REF!"}},{"$f":"'CRO2_Crono Simplificado'!DKC4","v":0},{"$f":"'CRO2_Crono Simplificado'!#REF!","v":{"$error":"#REF!"}},{"$f":"'CRO2_Crono Simplificado'!DKE4","v":0},{"$f":"'CRO2_Crono Simplificado'!#REF!","v":{"$error":"#REF!"}},{"$f":"'CRO2_Crono Simplificado'!DKG4","v":0},{"$f":"'CRO2_Crono Simplificado'!#REF!","v":{"$error":"#REF!"}},{"$f":"'CRO2_Crono Simplificado'!DKI4","v":0},{"$f":"'CRO2_Crono Simplificado'!#REF!","v":{"$error":"#REF!"}},{"$f":"'CRO2_Crono Simplificado'!DKK4","v":0},{"$f":"'CRO2_Crono Simplificado'!#REF!","v":{"$error":"#REF!"}},{"$f":"'CRO2_Crono Simplificado'!DKM4","v":0},{"$f":"'CRO2_Crono Simplificado'!#REF!","v":{"$error":"#REF!"}},{"$f":"'CRO2_Crono Simplificado'!DKO4","v":0},{"$f":"'CRO2_Crono Simplificado'!#REF!","v":{"$error":"#REF!"}},{"$f":"'CRO2_Crono Simplificado'!DKQ4","v":0},{"$f":"'CRO2_Crono Simplificado'!#REF!","v":{"$error":"#REF!"}},{"$f":"'CRO2_Crono Simplificado'!DKS4","v":0},{"$f":"'CRO2_Crono Simplificado'!#REF!","v":{"$error":"#REF!"}},{"$f":"'CRO2_Crono Simplificado'!DKU4","v":0},{"$f":"'CRO2_Crono Simplificado'!#REF!","v":{"$error":"#REF!"}},{"$f":"'CRO2_Crono Simplificado'!DKW4","v":0},{"$f":"'CRO2_Crono Simplificado'!#REF!","v":{"$error":"#REF!"}},{"$f":"'CRO2_Crono Simplificado'!DKY4","v":0},{"$f":"'CRO2_Crono Simplificado'!#REF!","v":{"$error":"#REF!"}},{"$f":"'CRO2_Crono Simplificado'!DLA4","v":0},{"$f":"'CRO2_Crono Simplificado'!#REF!","v":{"$error":"#REF!"}},{"$f":"'CRO2_Crono Simplificado'!DLC4","v":0},{"$f":"'CRO2_Crono Simplificado'!#REF!","v":{"$error":"#REF!"}},{"$f":"'CRO2_Crono Simplificado'!DLE4","v":0},{"$f":"'CRO2_Crono Simplificado'!#REF!","v":{"$error":"#REF!"}},{"$f":"'CRO2_Crono Simplificado'!DLG4","v":0},{"$f":"'CRO2_Crono Simplificado'!#REF!","v":{"$error":"#REF!"}},{"$f":"'CRO2_Crono Simplificado'!DLI4","v":0},{"$f":"'CRO2_Crono Simplificado'!#REF!","v":{"$error":"#REF!"}},{"$f":"'CRO2_Crono Simplificado'!DLK4","v":0},{"$f":"'CRO2_Crono Simplificado'!#REF!","v":{"$error":"#REF!"}},{"$f":"'CRO2_Crono Simplificado'!DLM4","v":0},{"$f":"'CRO2_Crono Simplificado'!#REF!","v":{"$error":"#REF!"}},{"$f":"'CRO2_Crono Simplificado'!DLO4","v":0},{"$f":"'CRO2_Crono Simplificado'!#REF!","v":{"$error":"#REF!"}},{"$f":"'CRO2_Crono Simplificado'!DLQ4","v":0},{"$f":"'CRO2_Crono Simplificado'!#REF!","v":{"$error":"#REF!"}},{"$f":"'CRO2_Crono Simplificado'!DLS4","v":0},{"$f":"'CRO2_Crono Simplificado'!#REF!","v":{"$error":"#REF!"}},{"$f":"'CRO2_Crono Simplificado'!DLU4","v":0},{"$f":"'CRO2_Crono Simplificado'!#REF!","v":{"$error":"#REF!"}},{"$f":"'CRO2_Crono Simplificado'!DLW4","v":0},{"$f":"'CRO2_Crono Simplificado'!#REF!","v":{"$error":"#REF!"}},{"$f":"'CRO2_Crono Simplificado'!DLY4","v":0},{"$f":"'CRO2_Crono Simplificado'!#REF!","v":{"$error":"#REF!"}},{"$f":"'CRO2_Crono Simplificado'!DMA4","v":0},{"$f":"'CRO2_Crono Simplificado'!#REF!","v":{"$error":"#REF!"}},{"$f":"'CRO2_Crono Simplificado'!DMC4","v":0},{"$f":"'CRO2_Crono Simplificado'!#REF!","v":{"$error":"#REF!"}},{"$f":"'CRO2_Crono Simplificado'!DME4","v":0},{"$f":"'CRO2_Crono Simplificado'!#REF!","v":{"$error":"#REF!"}},{"$f":"'CRO2_Crono Simplificado'!DMG4","v":0},{"$f":"'CRO2_Crono Simplificado'!#REF!","v":{"$error":"#REF!"}},{"$f":"'CRO2_Crono Simplificado'!DMI4","v":0},{"$f":"'CRO2_Crono Simplificado'!#REF!","v":{"$error":"#REF!"}},{"$f":"'CRO2_Crono Simplificado'!DMK4","v":0},{"$f":"'CRO2_Crono Simplificado'!#REF!","v":{"$error":"#REF!"}},{"$f":"'CRO2_Crono Simplificado'!DMM4","v":0},{"$f":"'CRO2_Crono Simplificado'!#REF!","v":{"$error":"#REF!"}},{"$f":"'CRO2_Crono Simplificado'!DMO4","v":0},{"$f":"'CRO2_Crono Simplificado'!#REF!","v":{"$error":"#REF!"}},{"$f":"'CRO2_Crono Simplificado'!DMQ4","v":0},{"$f":"'CRO2_Crono Simplificado'!#REF!","v":{"$error":"#REF!"}},{"$f":"'CRO2_Crono Simplificado'!DMS4","v":0},{"$f":"'CRO2_Crono Simplificado'!#REF!","v":{"$error":"#REF!"}},{"$f":"'CRO2_Crono Simplificado'!DMU4","v":0},{"$f":"'CRO2_Crono Simplificado'!#REF!","v":{"$error":"#REF!"}},{"$f":"'CRO2_Crono Simplificado'!DMW4","v":0},{"$f":"'CRO2_Crono Simplificado'!#REF!","v":{"$error":"#REF!"}},{"$f":"'CRO2_Crono Simplificado'!DMY4","v":0},{"$f":"'CRO2_Crono Simplificado'!#REF!","v":{"$error":"#REF!"}},{"$f":"'CRO2_Crono Simplificado'!DNA4","v":0},{"$f":"'CRO2_Crono Simplificado'!#REF!","v":{"$error":"#REF!"}},{"$f":"'CRO2_Crono Simplificado'!DNC4","v":0},{"$f":"'CRO2_Crono Simplificado'!#REF!","v":{"$error":"#REF!"}},{"$f":"'CRO2_Crono Simplificado'!DNE4","v":0},{"$f":"'CRO2_Crono Simplificado'!#REF!","v":{"$error":"#REF!"}},{"$f":"'CRO2_Crono Simplificado'!DNG4","v":0},{"$f":"'CRO2_Crono Simplificado'!#REF!","v":{"$error":"#REF!"}},{"$f":"'CRO2_Crono Simplificado'!DNI4","v":0},{"$f":"'CRO2_Crono Simplificado'!#REF!","v":{"$error":"#REF!"}},{"$f":"'CRO2_Crono Simplificado'!DNK4","v":0},{"$f":"'CRO2_Crono Simplificado'!#REF!","v":{"$error":"#REF!"}},{"$f":"'CRO2_Crono Simplificado'!DNM4","v":0},{"$f":"'CRO2_Crono Simplificado'!#REF!","v":{"$error":"#REF!"}},{"$f":"'CRO2_Crono Simplificado'!DNO4","v":0},{"$f":"'CRO2_Crono Simplificado'!#REF!","v":{"$error":"#REF!"}},{"$f":"'CRO2_Crono Simplificado'!DNQ4","v":0},{"$f":"'CRO2_Crono Simplificado'!#REF!","v":{"$error":"#REF!"}},{"$f":"'CRO2_Crono Simplificado'!DNS4","v":0},{"$f":"'CRO2_Crono Simplificado'!#REF!","v":{"$error":"#REF!"}},{"$f":"'CRO2_Crono Simplificado'!DNU4","v":0},{"$f":"'CRO2_Crono Simplificado'!#REF!","v":{"$error":"#REF!"}},{"$f":"'CRO2_Crono Simplificado'!DNW4","v":0},{"$f":"'CRO2_Crono Simplificado'!#REF!","v":{"$error":"#REF!"}},{"$f":"'CRO2_Crono Simplificado'!DNY4","v":0},{"$f":"'CRO2_Crono Simplificado'!#REF!","v":{"$error":"#REF!"}},{"$f":"'CRO2_Crono Simplificado'!DOA4","v":0},{"$f":"'CRO2_Crono Simplificado'!#REF!","v":{"$error":"#REF!"}},{"$f":"'CRO2_Crono Simplificado'!DOC4","v":0},{"$f":"'CRO2_Crono Simplificado'!#REF!","v":{"$error":"#REF!"}},{"$f":"'CRO2_Crono Simplificado'!DOE4","v":0},{"$f":"'CRO2_Crono Simplificado'!#REF!","v":{"$error":"#REF!"}},{"$f":"'CRO2_Crono Simplificado'!DOG4","v":0},{"$f":"'CRO2_Crono Simplificado'!#REF!","v":{"$error":"#REF!"}},{"$f":"'CRO2_Crono Simplificado'!DOI4","v":0},{"$f":"'CRO2_Crono Simplificado'!#REF!","v":{"$error":"#REF!"}},{"$f":"'CRO2_Crono Simplificado'!DOK4","v":0},{"$f":"'CRO2_Crono Simplificado'!#REF!","v":{"$error":"#REF!"}},{"$f":"'CRO2_Crono Simplificado'!DOM4","v":0},{"$f":"'CRO2_Crono Simplificado'!#REF!","v":{"$error":"#REF!"}},{"$f":"'CRO2_Crono Simplificado'!DOO4","v":0},{"$f":"'CRO2_Crono Simplificado'!#REF!","v":{"$error":"#REF!"}},{"$f":"'CRO2_Crono Simplificado'!DOQ4","v":0},{"$f":"'CRO2_Crono Simplificado'!#REF!","v":{"$error":"#REF!"}},{"$f":"'CRO2_Crono Simplificado'!DOS4","v":0},{"$f":"'CRO2_Crono Simplificado'!#REF!","v":{"$error":"#REF!"}},{"$f":"'CRO2_Crono Simplificado'!DOU4","v":0},{"$f":"'CRO2_Crono Simplificado'!#REF!","v":{"$error":"#REF!"}},{"$f":"'CRO2_Crono Simplificado'!DOW4","v":0},{"$f":"'CRO2_Crono Simplificado'!#REF!","v":{"$error":"#REF!"}},{"$f":"'CRO2_Crono Simplificado'!DOY4","v":0},{"$f":"'CRO2_Crono Simplificado'!#REF!","v":{"$error":"#REF!"}},{"$f":"'CRO2_Crono Simplificado'!DPA4","v":0},{"$f":"'CRO2_Crono Simplificado'!#REF!","v":{"$error":"#REF!"}},{"$f":"'CRO2_Crono Simplificado'!DPC4","v":0},{"$f":"'CRO2_Crono Simplificado'!#REF!","v":{"$error":"#REF!"}},{"$f":"'CRO2_Crono Simplificado'!DPE4","v":0},{"$f":"'CRO2_Crono Simplificado'!#REF!","v":{"$error":"#REF!"}},{"$f":"'CRO2_Crono Simplificado'!DPG4","v":0},{"$f":"'CRO2_Crono Simplificado'!#REF!","v":{"$error":"#REF!"}},{"$f":"'CRO2_Crono Simplificado'!DPI4","v":0},{"$f":"'CRO2_Crono Simplificado'!#REF!","v":{"$error":"#REF!"}},{"$f":"'CRO2_Crono Simplificado'!DPK4","v":0},{"$f":"'CRO2_Crono Simplificado'!#REF!","v":{"$error":"#REF!"}},{"$f":"'CRO2_Crono Simplificado'!DPM4","v":0},{"$f":"'CRO2_Crono Simplificado'!#REF!","v":{"$error":"#REF!"}},{"$f":"'CRO2_Crono Simplificado'!DPO4","v":0},{"$f":"'CRO2_Crono Simplificado'!#REF!","v":{"$error":"#REF!"}},{"$f":"'CRO2_Crono Simplificado'!DPQ4","v":0},{"$f":"'CRO2_Crono Simplificado'!#REF!","v":{"$error":"#REF!"}},{"$f":"'CRO2_Crono Simplificado'!DPS4","v":0},{"$f":"'CRO2_Crono Simplificado'!#REF!","v":{"$error":"#REF!"}},{"$f":"'CRO2_Crono Simplificado'!DPU4","v":0},{"$f":"'CRO2_Crono Simplificado'!#REF!","v":{"$error":"#REF!"}},{"$f":"'CRO2_Crono Simplificado'!DPW4","v":0},{"$f":"'CRO2_Crono Simplificado'!#REF!","v":{"$error":"#REF!"}},{"$f":"'CRO2_Crono Simplificado'!DPY4","v":0},{"$f":"'CRO2_Crono Simplificado'!#REF!","v":{"$error":"#REF!"}},{"$f":"'CRO2_Crono Simplificado'!DQA4","v":0},{"$f":"'CRO2_Crono Simplificado'!#REF!","v":{"$error":"#REF!"}},{"$f":"'CRO2_Crono Simplificado'!DQC4","v":0},{"$f":"'CRO2_Crono Simplificado'!#REF!","v":{"$error":"#REF!"}},{"$f":"'CRO2_Crono Simplificado'!DQE4","v":0},{"$f":"'CRO2_Crono Simplificado'!#REF!","v":{"$error":"#REF!"}},{"$f":"'CRO2_Crono Simplificado'!DQG4","v":0},{"$f":"'CRO2_Crono Simplificado'!#REF!","v":{"$error":"#REF!"}},{"$f":"'CRO2_Crono Simplificado'!DQI4","v":0},{"$f":"'CRO2_Crono Simplificado'!#REF!","v":{"$error":"#REF!"}},{"$f":"'CRO2_Crono Simplificado'!DQK4","v":0},{"$f":"'CRO2_Crono Simplificado'!#REF!","v":{"$error":"#REF!"}},{"$f":"'CRO2_Crono Simplificado'!DQM4","v":0},{"$f":"'CRO2_Crono Simplificado'!#REF!","v":{"$error":"#REF!"}},{"$f":"'CRO2_Crono Simplificado'!DQO4","v":0},{"$f":"'CRO2_Crono Simplificado'!#REF!","v":{"$error":"#REF!"}},{"$f":"'CRO2_Crono Simplificado'!DQQ4","v":0},{"$f":"'CRO2_Crono Simplificado'!#REF!","v":{"$error":"#REF!"}},{"$f":"'CRO2_Crono Simplificado'!DQS4","v":0},{"$f":"'CRO2_Crono Simplificado'!#REF!","v":{"$error":"#REF!"}},{"$f":"'CRO2_Crono Simplificado'!DQU4","v":0},{"$f":"'CRO2_Crono Simplificado'!#REF!","v":{"$error":"#REF!"}},{"$f":"'CRO2_Crono Simplificado'!DQW4","v":0},{"$f":"'CRO2_Crono Simplificado'!#REF!","v":{"$error":"#REF!"}},{"$f":"'CRO2_Crono Simplificado'!DQY4","v":0},{"$f":"'CRO2_Crono Simplificado'!#REF!","v":{"$error":"#REF!"}},{"$f":"'CRO2_Crono Simplificado'!DRA4","v":0},{"$f":"'CRO2_Crono Simplificado'!#REF!","v":{"$error":"#REF!"}},{"$f":"'CRO2_Crono Simplificado'!DRC4","v":0},{"$f":"'CRO2_Crono Simplificado'!#REF!","v":{"$error":"#REF!"}},{"$f":"'CRO2_Crono Simplificado'!DRE4","v":0},{"$f":"'CRO2_Crono Simplificado'!#REF!","v":{"$error":"#REF!"}},{"$f":"'CRO2_Crono Simplificado'!DRG4","v":0},{"$f":"'CRO2_Crono Simplificado'!#REF!","v":{"$error":"#REF!"}},{"$f":"'CRO2_Crono Simplificado'!DRI4","v":0},{"$f":"'CRO2_Crono Simplificado'!#REF!","v":{"$error":"#REF!"}},{"$f":"'CRO2_Crono Simplificado'!DRK4","v":0},{"$f":"'CRO2_Crono Simplificado'!#REF!","v":{"$error":"#REF!"}},{"$f":"'CRO2_Crono Simplificado'!DRM4","v":0},{"$f":"'CRO2_Crono Simplificado'!#REF!","v":{"$error":"#REF!"}},{"$f":"'CRO2_Crono Simplificado'!DRO4","v":0},{"$f":"'CRO2_Crono Simplificado'!#REF!","v":{"$error":"#REF!"}},{"$f":"'CRO2_Crono Simplificado'!DRQ4","v":0},{"$f":"'CRO2_Crono Simplificado'!#REF!","v":{"$error":"#REF!"}},{"$f":"'CRO2_Crono Simplificado'!DRS4","v":0},{"$f":"'CRO2_Crono Simplificado'!#REF!","v":{"$error":"#REF!"}},{"$f":"'CRO2_Crono Simplificado'!DRU4","v":0},{"$f":"'CRO2_Crono Simplificado'!#REF!","v":{"$error":"#REF!"}},{"$f":"'CRO2_Crono Simplificado'!DRW4","v":0},{"$f":"'CRO2_Crono Simplificado'!#REF!","v":{"$error":"#REF!"}},{"$f":"'CRO2_Crono Simplificado'!DRY4","v":0},{"$f":"'CRO2_Crono Simplificado'!#REF!","v":{"$error":"#REF!"}},{"$f":"'CRO2_Crono Simplificado'!DSA4","v":0},{"$f":"'CRO2_Crono Simplificado'!#REF!","v":{"$error":"#REF!"}},{"$f":"'CRO2_Crono Simplificado'!DSC4","v":0},{"$f":"'CRO2_Crono Simplificado'!#REF!","v":{"$error":"#REF!"}},{"$f":"'CRO2_Crono Simplificado'!DSE4","v":0},{"$f":"'CRO2_Crono Simplificado'!#REF!","v":{"$error":"#REF!"}},{"$f":"'CRO2_Crono Simplificado'!DSG4","v":0},{"$f":"'CRO2_Crono Simplificado'!#REF!","v":{"$error":"#REF!"}},{"$f":"'CRO2_Crono Simplificado'!DSI4","v":0},{"$f":"'CRO2_Crono Simplificado'!#REF!","v":{"$error":"#REF!"}},{"$f":"'CRO2_Crono Simplificado'!DSK4","v":0},{"$f":"'CRO2_Crono Simplificado'!#REF!","v":{"$error":"#REF!"}},{"$f":"'CRO2_Crono Simplificado'!DSM4","v":0},{"$f":"'CRO2_Crono Simplificado'!#REF!","v":{"$error":"#REF!"}},{"$f":"'CRO2_Crono Simplificado'!DSO4","v":0},{"$f":"'CRO2_Crono Simplificado'!#REF!","v":{"$error":"#REF!"}},{"$f":"'CRO2_Crono Simplificado'!DSQ4","v":0},{"$f":"'CRO2_Crono Simplificado'!#REF!","v":{"$error":"#REF!"}},{"$f":"'CRO2_Crono Simplificado'!DSS4","v":0},{"$f":"'CRO2_Crono Simplificado'!#REF!","v":{"$error":"#REF!"}},{"$f":"'CRO2_Crono Simplificado'!DSU4","v":0},{"$f":"'CRO2_Crono Simplificado'!#REF!","v":{"$error":"#REF!"}},{"$f":"'CRO2_Crono Simplificado'!DSW4","v":0},{"$f":"'CRO2_Crono Simplificado'!#REF!","v":{"$error":"#REF!"}},{"$f":"'CRO2_Crono Simplificado'!DSY4","v":0},{"$f":"'CRO2_Crono Simplificado'!#REF!","v":{"$error":"#REF!"}},{"$f":"'CRO2_Crono Simplificado'!DTA4","v":0},{"$f":"'CRO2_Crono Simplificado'!#REF!","v":{"$error":"#REF!"}},{"$f":"'CRO2_Crono Simplificado'!DTC4","v":0},{"$f":"'CRO2_Crono Simplificado'!#REF!","v":{"$error":"#REF!"}},{"$f":"'CRO2_Crono Simplificado'!DTE4","v":0},{"$f":"'CRO2_Crono Simplificado'!#REF!","v":{"$error":"#REF!"}},{"$f":"'CRO2_Crono Simplificado'!DTG4","v":0},{"$f":"'CRO2_Crono Simplificado'!#REF!","v":{"$error":"#REF!"}},{"$f":"'CRO2_Crono Simplificado'!DTI4","v":0},{"$f":"'CRO2_Crono Simplificado'!#REF!","v":{"$error":"#REF!"}},{"$f":"'CRO2_Crono Simplificado'!DTK4","v":0},{"$f":"'CRO2_Crono Simplificado'!#REF!","v":{"$error":"#REF!"}},{"$f":"'CRO2_Crono Simplificado'!DTM4","v":0},{"$f":"'CRO2_Crono Simplificado'!#REF!","v":{"$error":"#REF!"}},{"$f":"'CRO2_Crono Simplificado'!DTO4","v":0},{"$f":"'CRO2_Crono Simplificado'!#REF!","v":{"$error":"#REF!"}},{"$f":"'CRO2_Crono Simplificado'!DTQ4","v":0},{"$f":"'CRO2_Crono Simplificado'!#REF!","v":{"$error":"#REF!"}},{"$f":"'CRO2_Crono Simplificado'!DTS4","v":0},{"$f":"'CRO2_Crono Simplificado'!#REF!","v":{"$error":"#REF!"}},{"$f":"'CRO2_Crono Simplificado'!DTU4","v":0},{"$f":"'CRO2_Crono Simplificado'!#REF!","v":{"$error":"#REF!"}},{"$f":"'CRO2_Crono Simplificado'!DTW4","v":0},{"$f":"'CRO2_Crono Simplificado'!#REF!","v":{"$error":"#REF!"}},{"$f":"'CRO2_Crono Simplificado'!DTY4","v":0},{"$f":"'CRO2_Crono Simplificado'!#REF!","v":{"$error":"#REF!"}},{"$f":"'CRO2_Crono Simplificado'!DUA4","v":0},{"$f":"'CRO2_Crono Simplificado'!#REF!","v":{"$error":"#REF!"}},{"$f":"'CRO2_Crono Simplificado'!DUC4","v":0},{"$f":"'CRO2_Crono Simplificado'!#REF!","v":{"$error":"#REF!"}},{"$f":"'CRO2_Crono Simplificado'!DUE4","v":0},{"$f":"'CRO2_Crono Simplificado'!#REF!","v":{"$error":"#REF!"}},{"$f":"'CRO2_Crono Simplificado'!DUG4","v":0},{"$f":"'CRO2_Crono Simplificado'!#REF!","v":{"$error":"#REF!"}},{"$f":"'CRO2_Crono Simplificado'!DUI4","v":0},{"$f":"'CRO2_Crono Simplificado'!#REF!","v":{"$error":"#REF!"}},{"$f":"'CRO2_Crono Simplificado'!DUK4","v":0},{"$f":"'CRO2_Crono Simplificado'!#REF!","v":{"$error":"#REF!"}},{"$f":"'CRO2_Crono Simplificado'!DUM4","v":0},{"$f":"'CRO2_Crono Simplificado'!#REF!","v":{"$error":"#REF!"}},{"$f":"'CRO2_Crono Simplificado'!DUO4","v":0},{"$f":"'CRO2_Crono Simplificado'!#REF!","v":{"$error":"#REF!"}},{"$f":"'CRO2_Crono Simplificado'!DUQ4","v":0},{"$f":"'CRO2_Crono Simplificado'!#REF!","v":{"$error":"#REF!"}},{"$f":"'CRO2_Crono Simplificado'!DUS4","v":0},{"$f":"'CRO2_Crono Simplificado'!#REF!","v":{"$error":"#REF!"}},{"$f":"'CRO2_Crono Simplificado'!DUU4","v":0},{"$f":"'CRO2_Crono Simplificado'!#REF!","v":{"$error":"#REF!"}},{"$f":"'CRO2_Crono Simplificado'!DUW4","v":0},{"$f":"'CRO2_Crono Simplificado'!#REF!","v":{"$error":"#REF!"}},{"$f":"'CRO2_Crono Simplificado'!DUY4","v":0},{"$f":"'CRO2_Crono Simplificado'!#REF!","v":{"$error":"#REF!"}},{"$f":"'CRO2_Crono Simplificado'!DVA4","v":0},{"$f":"'CRO2_Crono Simplificado'!#REF!","v":{"$error":"#REF!"}},{"$f":"'CRO2_Crono Simplificado'!DVC4","v":0},{"$f":"'CRO2_Crono Simplificado'!#REF!","v":{"$error":"#REF!"}},{"$f":"'CRO2_Crono Simplificado'!DVE4","v":0},{"$f":"'CRO2_Crono Simplificado'!#REF!","v":{"$error":"#REF!"}},{"$f":"'CRO2_Crono Simplificado'!DVG4","v":0},{"$f":"'CRO2_Crono Simplificado'!#REF!","v":{"$error":"#REF!"}},{"$f":"'CRO2_Crono Simplificado'!DVI4","v":0},{"$f":"'CRO2_Crono Simplificado'!#REF!","v":{"$error":"#REF!"}},{"$f":"'CRO2_Crono Simplificado'!DVK4","v":0},{"$f":"'CRO2_Crono Simplificado'!#REF!","v":{"$error":"#REF!"}},{"$f":"'CRO2_Crono Simplificado'!DVM4","v":0},{"$f":"'CRO2_Crono Simplificado'!#REF!","v":{"$error":"#REF!"}},{"$f":"'CRO2_Crono Simplificado'!DVO4","v":0},{"$f":"'CRO2_Crono Simplificado'!#REF!","v":{"$error":"#REF!"}},{"$f":"'CRO2_Crono Simplificado'!DVQ4","v":0},{"$f":"'CRO2_Crono Simplificado'!#REF!","v":{"$error":"#REF!"}},{"$f":"'CRO2_Crono Simplificado'!DVS4","v":0},{"$f":"'CRO2_Crono Simplificado'!#REF!","v":{"$error":"#REF!"}},{"$f":"'CRO2_Crono Simplificado'!DVU4","v":0},{"$f":"'CRO2_Crono Simplificado'!#REF!","v":{"$error":"#REF!"}},{"$f":"'CRO2_Crono Simplificado'!DVW4","v":0},{"$f":"'CRO2_Crono Simplificado'!#REF!","v":{"$error":"#REF!"}},{"$f":"'CRO2_Crono Simplificado'!DVY4","v":0},{"$f":"'CRO2_Crono Simplificado'!#REF!","v":{"$error":"#REF!"}},{"$f":"'CRO2_Crono Simplificado'!DWA4","v":0},{"$f":"'CRO2_Crono Simplificado'!#REF!","v":{"$error":"#REF!"}},{"$f":"'CRO2_Crono Simplificado'!DWC4","v":0},{"$f":"'CRO2_Crono Simplificado'!#REF!","v":{"$error":"#REF!"}},{"$f":"'CRO2_Crono Simplificado'!DWE4","v":0},{"$f":"'CRO2_Crono Simplificado'!#REF!","v":{"$error":"#REF!"}},{"$f":"'CRO2_Crono Simplificado'!DWG4","v":0},{"$f":"'CRO2_Crono Simplificado'!#REF!","v":{"$error":"#REF!"}},{"$f":"'CRO2_Crono Simplificado'!DWI4","v":0},{"$f":"'CRO2_Crono Simplificado'!#REF!","v":{"$error":"#REF!"}},{"$f":"'CRO2_Crono Simplificado'!DWK4","v":0},{"$f":"'CRO2_Crono Simplificado'!#REF!","v":{"$error":"#REF!"}},{"$f":"'CRO2_Crono Simplificado'!DWM4","v":0},{"$f":"'CRO2_Crono Simplificado'!#REF!","v":{"$error":"#REF!"}},{"$f":"'CRO2_Crono Simplificado'!DWO4","v":0},{"$f":"'CRO2_Crono Simplificado'!#REF!","v":{"$error":"#REF!"}},{"$f":"'CRO2_Crono Simplificado'!DWQ4","v":0},{"$f":"'CRO2_Crono Simplificado'!#REF!","v":{"$error":"#REF!"}},{"$f":"'CRO2_Crono Simplificado'!DWS4","v":0},{"$f":"'CRO2_Crono Simplificado'!#REF!","v":{"$error":"#REF!"}},{"$f":"'CRO2_Crono Simplificado'!DWU4","v":0},{"$f":"'CRO2_Crono Simplificado'!#REF!","v":{"$error":"#REF!"}},{"$f":"'CRO2_Crono Simplificado'!DWW4","v":0},{"$f":"'CRO2_Crono Simplificado'!#REF!","v":{"$error":"#REF!"}},{"$f":"'CRO2_Crono Simplificado'!DWY4","v":0},{"$f":"'CRO2_Crono Simplificado'!#REF!","v":{"$error":"#REF!"}},{"$f":"'CRO2_Crono Simplificado'!DXA4","v":0},{"$f":"'CRO2_Crono Simplificado'!#REF!","v":{"$error":"#REF!"}},{"$f":"'CRO2_Crono Simplificado'!DXC4","v":0},{"$f":"'CRO2_Crono Simplificado'!#REF!","v":{"$error":"#REF!"}},{"$f":"'CRO2_Crono Simplificado'!DXE4","v":0},{"$f":"'CRO2_Crono Simplificado'!#REF!","v":{"$error":"#REF!"}},{"$f":"'CRO2_Crono Simplificado'!DXG4","v":0},{"$f":"'CRO2_Crono Simplificado'!#REF!","v":{"$error":"#REF!"}},{"$f":"'CRO2_Crono Simplificado'!DXI4","v":0},{"$f":"'CRO2_Crono Simplificado'!#REF!","v":{"$error":"#REF!"}},{"$f":"'CRO2_Crono Simplificado'!DXK4","v":0},{"$f":"'CRO2_Crono Simplificado'!#REF!","v":{"$error":"#REF!"}},{"$f":"'CRO2_Crono Simplificado'!DXM4","v":0},{"$f":"'CRO2_Crono Simplificado'!#REF!","v":{"$error":"#REF!"}},{"$f":"'CRO2_Crono Simplificado'!DXO4","v":0},{"$f":"'CRO2_Crono Simplificado'!#REF!","v":{"$error":"#REF!"}},{"$f":"'CRO2_Crono Simplificado'!DXQ4","v":0},{"$f":"'CRO2_Crono Simplificado'!#REF!","v":{"$error":"#REF!"}},{"$f":"'CRO2_Crono Simplificado'!DXS4","v":0},{"$f":"'CRO2_Crono Simplificado'!#REF!","v":{"$error":"#REF!"}},{"$f":"'CRO2_Crono Simplificado'!DXU4","v":0},{"$f":"'CRO2_Crono Simplificado'!#REF!","v":{"$error":"#REF!"}},{"$f":"'CRO2_Crono Simplificado'!DXW4","v":0},{"$f":"'CRO2_Crono Simplificado'!#REF!","v":{"$error":"#REF!"}},{"$f":"'CRO2_Crono Simplificado'!DXY4","v":0},{"$f":"'CRO2_Crono Simplificado'!#REF!","v":{"$error":"#REF!"}},{"$f":"'CRO2_Crono Simplificado'!DYA4","v":0},{"$f":"'CRO2_Crono Simplificado'!#REF!","v":{"$error":"#REF!"}},{"$f":"'CRO2_Crono Simplificado'!DYC4","v":0},{"$f":"'CRO2_Crono Simplificado'!#REF!","v":{"$error":"#REF!"}},{"$f":"'CRO2_Crono Simplificado'!DYE4","v":0},{"$f":"'CRO2_Crono Simplificado'!#REF!","v":{"$error":"#REF!"}},{"$f":"'CRO2_Crono Simplificado'!DYG4","v":0},{"$f":"'CRO2_Crono Simplificado'!#REF!","v":{"$error":"#REF!"}},{"$f":"'CRO2_Crono Simplificado'!DYI4","v":0},{"$f":"'CRO2_Crono Simplificado'!#REF!","v":{"$error":"#REF!"}},{"$f":"'CRO2_Crono Simplificado'!DYK4","v":0},{"$f":"'CRO2_Crono Simplificado'!#REF!","v":{"$error":"#REF!"}},{"$f":"'CRO2_Crono Simplificado'!DYM4","v":0},{"$f":"'CRO2_Crono Simplificado'!#REF!","v":{"$error":"#REF!"}},{"$f":"'CRO2_Crono Simplificado'!DYO4","v":0},{"$f":"'CRO2_Crono Simplificado'!#REF!","v":{"$error":"#REF!"}},{"$f":"'CRO2_Crono Simplificado'!DYQ4","v":0},{"$f":"'CRO2_Crono Simplificado'!#REF!","v":{"$error":"#REF!"}},{"$f":"'CRO2_Crono Simplificado'!DYS4","v":0},{"$f":"'CRO2_Crono Simplificado'!#REF!","v":{"$error":"#REF!"}},{"$f":"'CRO2_Crono Simplificado'!DYU4","v":0},{"$f":"'CRO2_Crono Simplificado'!#REF!","v":{"$error":"#REF!"}},{"$f":"'CRO2_Crono Simplificado'!DYW4","v":0},{"$f":"'CRO2_Crono Simplificado'!#REF!","v":{"$error":"#REF!"}},{"$f":"'CRO2_Crono Simplificado'!DYY4","v":0},{"$f":"'CRO2_Crono Simplificado'!#REF!","v":{"$error":"#REF!"}},{"$f":"'CRO2_Crono Simplificado'!DZA4","v":0},{"$f":"'CRO2_Crono Simplificado'!#REF!","v":{"$error":"#REF!"}},{"$f":"'CRO2_Crono Simplificado'!DZC4","v":0},{"$f":"'CRO2_Crono Simplificado'!#REF!","v":{"$error":"#REF!"}},{"$f":"'CRO2_Crono Simplificado'!DZE4","v":0},{"$f":"'CRO2_Crono Simplificado'!#REF!","v":{"$error":"#REF!"}},{"$f":"'CRO2_Crono Simplificado'!DZG4","v":0},{"$f":"'CRO2_Crono Simplificado'!#REF!","v":{"$error":"#REF!"}},{"$f":"'CRO2_Crono Simplificado'!DZI4","v":0},{"$f":"'CRO2_Crono Simplificado'!#REF!","v":{"$error":"#REF!"}},{"$f":"'CRO2_Crono Simplificado'!DZK4","v":0},{"$f":"'CRO2_Crono Simplificado'!#REF!","v":{"$error":"#REF!"}},{"$f":"'CRO2_Crono Simplificado'!DZM4","v":0},{"$f":"'CRO2_Crono Simplificado'!#REF!","v":{"$error":"#REF!"}},{"$f":"'CRO2_Crono Simplificado'!DZO4","v":0},{"$f":"'CRO2_Crono Simplificado'!#REF!","v":{"$error":"#REF!"}},{"$f":"'CRO2_Crono Simplificado'!DZQ4","v":0},{"$f":"'CRO2_Crono Simplificado'!#REF!","v":{"$error":"#REF!"}},{"$f":"'CRO2_Crono Simplificado'!DZS4","v":0},{"$f":"'CRO2_Crono Simplificado'!#REF!","v":{"$error":"#REF!"}},{"$f":"'CRO2_Crono Simplificado'!DZU4","v":0},{"$f":"'CRO2_Crono Simplificado'!#REF!","v":{"$error":"#REF!"}},{"$f":"'CRO2_Crono Simplificado'!DZW4","v":0},{"$f":"'CRO2_Crono Simplificado'!#REF!","v":{"$error":"#REF!"}},{"$f":"'CRO2_Crono Simplificado'!DZY4","v":0},{"$f":"'CRO2_Crono Simplificado'!#REF!","v":{"$error":"#REF!"}},{"$f":"'CRO2_Crono Simplificado'!EAA4","v":0},{"$f":"'CRO2_Crono Simplificado'!#REF!","v":{"$error":"#REF!"}},{"$f":"'CRO2_Crono Simplificado'!EAC4","v":0},{"$f":"'CRO2_Crono Simplificado'!#REF!","v":{"$error":"#REF!"}},{"$f":"'CRO2_Crono Simplificado'!EAE4","v":0},{"$f":"'CRO2_Crono Simplificado'!#REF!","v":{"$error":"#REF!"}},{"$f":"'CRO2_Crono Simplificado'!EAG4","v":0},{"$f":"'CRO2_Crono Simplificado'!#REF!","v":{"$error":"#REF!"}},{"$f":"'CRO2_Crono Simplificado'!EAI4","v":0},{"$f":"'CRO2_Crono Simplificado'!#REF!","v":{"$error":"#REF!"}},{"$f":"'CRO2_Crono Simplificado'!EAK4","v":0},{"$f":"'CRO2_Crono Simplificado'!#REF!","v":{"$error":"#REF!"}},{"$f":"'CRO2_Crono Simplificado'!EAM4","v":0},{"$f":"'CRO2_Crono Simplificado'!#REF!","v":{"$error":"#REF!"}},{"$f":"'CRO2_Crono Simplificado'!EAO4","v":0},{"$f":"'CRO2_Crono Simplificado'!#REF!","v":{"$error":"#REF!"}},{"$f":"'CRO2_Crono Simplificado'!EAQ4","v":0},{"$f":"'CRO2_Crono Simplificado'!#REF!","v":{"$error":"#REF!"}},{"$f":"'CRO2_Crono Simplificado'!EAS4","v":0},{"$f":"'CRO2_Crono Simplificado'!#REF!","v":{"$error":"#REF!"}},{"$f":"'CRO2_Crono Simplificado'!EAU4","v":0},{"$f":"'CRO2_Crono Simplificado'!#REF!","v":{"$error":"#REF!"}},{"$f":"'CRO2_Crono Simplificado'!EAW4","v":0},{"$f":"'CRO2_Crono Simplificado'!#REF!","v":{"$error":"#REF!"}},{"$f":"'CRO2_Crono Simplificado'!EAY4","v":0},{"$f":"'CRO2_Crono Simplificado'!#REF!","v":{"$error":"#REF!"}},{"$f":"'CRO2_Crono Simplificado'!EBA4","v":0},{"$f":"'CRO2_Crono Simplificado'!#REF!","v":{"$error":"#REF!"}},{"$f":"'CRO2_Crono Simplificado'!EBC4","v":0},{"$f":"'CRO2_Crono Simplificado'!#REF!","v":{"$error":"#REF!"}},{"$f":"'CRO2_Crono Simplificado'!EBE4","v":0},{"$f":"'CRO2_Crono Simplificado'!#REF!","v":{"$error":"#REF!"}},{"$f":"'CRO2_Crono Simplificado'!EBG4","v":0},{"$f":"'CRO2_Crono Simplificado'!#REF!","v":{"$error":"#REF!"}},{"$f":"'CRO2_Crono Simplificado'!EBI4","v":0},{"$f":"'CRO2_Crono Simplificado'!#REF!","v":{"$error":"#REF!"}},{"$f":"'CRO2_Crono Simplificado'!EBK4","v":0},{"$f":"'CRO2_Crono Simplificado'!#REF!","v":{"$error":"#REF!"}},{"$f":"'CRO2_Crono Simplificado'!EBM4","v":0},{"$f":"'CRO2_Crono Simplificado'!#REF!","v":{"$error":"#REF!"}},{"$f":"'CRO2_Crono Simplificado'!EBO4","v":0},{"$f":"'CRO2_Crono Simplificado'!#REF!","v":{"$error":"#REF!"}},{"$f":"'CRO2_Crono Simplificado'!EBQ4","v":0},{"$f":"'CRO2_Crono Simplificado'!#REF!","v":{"$error":"#REF!"}},{"$f":"'CRO2_Crono Simplificado'!EBS4","v":0},{"$f":"'CRO2_Crono Simplificado'!#REF!","v":{"$error":"#REF!"}},{"$f":"'CRO2_Crono Simplificado'!EBU4","v":0},{"$f":"'CRO2_Crono Simplificado'!#REF!","v":{"$error":"#REF!"}},{"$f":"'CRO2_Crono Simplificado'!EBW4","v":0},{"$f":"'CRO2_Crono Simplificado'!#REF!","v":{"$error":"#REF!"}},{"$f":"'CRO2_Crono Simplificado'!EBY4","v":0},{"$f":"'CRO2_Crono Simplificado'!#REF!","v":{"$error":"#REF!"}},{"$f":"'CRO2_Crono Simplificado'!ECA4","v":0},{"$f":"'CRO2_Crono Simplificado'!#REF!","v":{"$error":"#REF!"}},{"$f":"'CRO2_Crono Simplificado'!ECC4","v":0},{"$f":"'CRO2_Crono Simplificado'!#REF!","v":{"$error":"#REF!"}},{"$f":"'CRO2_Crono Simplificado'!ECE4","v":0},{"$f":"'CRO2_Crono Simplificado'!#REF!","v":{"$error":"#REF!"}},{"$f":"'CRO2_Crono Simplificado'!ECG4","v":0},{"$f":"'CRO2_Crono Simplificado'!#REF!","v":{"$error":"#REF!"}},{"$f":"'CRO2_Crono Simplificado'!ECI4","v":0},{"$f":"'CRO2_Crono Simplificado'!#REF!","v":{"$error":"#REF!"}},{"$f":"'CRO2_Crono Simplificado'!ECK4","v":0},{"$f":"'CRO2_Crono Simplificado'!#REF!","v":{"$error":"#REF!"}},{"$f":"'CRO2_Crono Simplificado'!ECM4","v":0},{"$f":"'CRO2_Crono Simplificado'!#REF!","v":{"$error":"#REF!"}},{"$f":"'CRO2_Crono Simplificado'!ECO4","v":0},{"$f":"'CRO2_Crono Simplificado'!#REF!","v":{"$error":"#REF!"}},{"$f":"'CRO2_Crono Simplificado'!ECQ4","v":0},{"$f":"'CRO2_Crono Simplificado'!#REF!","v":{"$error":"#REF!"}},{"$f":"'CRO2_Crono Simplificado'!ECS4","v":0},{"$f":"'CRO2_Crono Simplificado'!#REF!","v":{"$error":"#REF!"}},{"$f":"'CRO2_Crono Simplificado'!ECU4","v":0},{"$f":"'CRO2_Crono Simplificado'!#REF!","v":{"$error":"#REF!"}},{"$f":"'CRO2_Crono Simplificado'!ECW4","v":0},{"$f":"'CRO2_Crono Simplificado'!#REF!","v":{"$error":"#REF!"}},{"$f":"'CRO2_Crono Simplificado'!ECY4","v":0},{"$f":"'CRO2_Crono Simplificado'!#REF!","v":{"$error":"#REF!"}},{"$f":"'CRO2_Crono Simplificado'!EDA4","v":0},{"$f":"'CRO2_Crono Simplificado'!#REF!","v":{"$error":"#REF!"}},{"$f":"'CRO2_Crono Simplificado'!EDC4","v":0},{"$f":"'CRO2_Crono Simplificado'!#REF!","v":{"$error":"#REF!"}},{"$f":"'CRO2_Crono Simplificado'!EDE4","v":0},{"$f":"'CRO2_Crono Simplificado'!#REF!","v":{"$error":"#REF!"}},{"$f":"'CRO2_Crono Simplificado'!EDG4","v":0},{"$f":"'CRO2_Crono Simplificado'!#REF!","v":{"$error":"#REF!"}},{"$f":"'CRO2_Crono Simplificado'!EDI4","v":0},{"$f":"'CRO2_Crono Simplificado'!#REF!","v":{"$error":"#REF!"}},{"$f":"'CRO2_Crono Simplificado'!EDK4","v":0},{"$f":"'CRO2_Crono Simplificado'!#REF!","v":{"$error":"#REF!"}},{"$f":"'CRO2_Crono Simplificado'!EDM4","v":0},{"$f":"'CRO2_Crono Simplificado'!#REF!","v":{"$error":"#REF!"}},{"$f":"'CRO2_Crono Simplificado'!EDO4","v":0},{"$f":"'CRO2_Crono Simplificado'!#REF!","v":{"$error":"#REF!"}},{"$f":"'CRO2_Crono Simplificado'!EDQ4","v":0},{"$f":"'CRO2_Crono Simplificado'!#REF!","v":{"$error":"#REF!"}},{"$f":"'CRO2_Crono Simplificado'!EDS4","v":0},{"$f":"'CRO2_Crono Simplificado'!#REF!","v":{"$error":"#REF!"}},{"$f":"'CRO2_Crono Simplificado'!EDU4","v":0},{"$f":"'CRO2_Crono Simplificado'!#REF!","v":{"$error":"#REF!"}},{"$f":"'CRO2_Crono Simplificado'!EDW4","v":0},{"$f":"'CRO2_Crono Simplificado'!#REF!","v":{"$error":"#REF!"}},{"$f":"'CRO2_Crono Simplificado'!EDY4","v":0},{"$f":"'CRO2_Crono Simplificado'!#REF!","v":{"$error":"#REF!"}},{"$f":"'CRO2_Crono Simplificado'!EEA4","v":0},{"$f":"'CRO2_Crono Simplificado'!#REF!","v":{"$error":"#REF!"}},{"$f":"'CRO2_Crono Simplificado'!EEC4","v":0},{"$f":"'CRO2_Crono Simplificado'!#REF!","v":{"$error":"#REF!"}},{"$f":"'CRO2_Crono Simplificado'!EEE4","v":0},{"$f":"'CRO2_Crono Simplificado'!#REF!","v":{"$error":"#REF!"}},{"$f":"'CRO2_Crono Simplificado'!EEG4","v":0},{"$f":"'CRO2_Crono Simplificado'!#REF!","v":{"$error":"#REF!"}},{"$f":"'CRO2_Crono Simplificado'!EEI4","v":0},{"$f":"'CRO2_Crono Simplificado'!#REF!","v":{"$error":"#REF!"}},{"$f":"'CRO2_Crono Simplificado'!EEK4","v":0},{"$f":"'CRO2_Crono Simplificado'!#REF!","v":{"$error":"#REF!"}},{"$f":"'CRO2_Crono Simplificado'!EEM4","v":0},{"$f":"'CRO2_Crono Simplificado'!#REF!","v":{"$error":"#REF!"}},{"$f":"'CRO2_Crono Simplificado'!EEO4","v":0},{"$f":"'CRO2_Crono Simplificado'!#REF!","v":{"$error":"#REF!"}},{"$f":"'CRO2_Crono Simplificado'!EEQ4","v":0},{"$f":"'CRO2_Crono Simplificado'!#REF!","v":{"$error":"#REF!"}},{"$f":"'CRO2_Crono Simplificado'!EES4","v":0},{"$f":"'CRO2_Crono Simplificado'!#REF!","v":{"$error":"#REF!"}},{"$f":"'CRO2_Crono Simplificado'!EEU4","v":0},{"$f":"'CRO2_Crono Simplificado'!#REF!","v":{"$error":"#REF!"}},{"$f":"'CRO2_Crono Simplificado'!EEW4","v":0},{"$f":"'CRO2_Crono Simplificado'!#REF!","v":{"$error":"#REF!"}},{"$f":"'CRO2_Crono Simplificado'!EEY4","v":0},{"$f":"'CRO2_Crono Simplificado'!#REF!","v":{"$error":"#REF!"}},{"$f":"'CRO2_Crono Simplificado'!EFA4","v":0},{"$f":"'CRO2_Crono Simplificado'!#REF!","v":{"$error":"#REF!"}},{"$f":"'CRO2_Crono Simplificado'!EFC4","v":0},{"$f":"'CRO2_Crono Simplificado'!#REF!","v":{"$error":"#REF!"}},{"$f":"'CRO2_Crono Simplificado'!EFE4","v":0},{"$f":"'CRO2_Crono Simplificado'!#REF!","v":{"$error":"#REF!"}},{"$f":"'CRO2_Crono Simplificado'!EFG4","v":0},{"$f":"'CRO2_Crono Simplificado'!#REF!","v":{"$error":"#REF!"}},{"$f":"'CRO2_Crono Simplificado'!EFI4","v":0},{"$f":"'CRO2_Crono Simplificado'!#REF!","v":{"$error":"#REF!"}},{"$f":"'CRO2_Crono Simplificado'!EFK4","v":0},{"$f":"'CRO2_Crono Simplificado'!#REF!","v":{"$error":"#REF!"}},{"$f":"'CRO2_Crono Simplificado'!EFM4","v":0},{"$f":"'CRO2_Crono Simplificado'!#REF!","v":{"$error":"#REF!"}},{"$f":"'CRO2_Crono Simplificado'!EFO4","v":0},{"$f":"'CRO2_Crono Simplificado'!#REF!","v":{"$error":"#REF!"}},{"$f":"'CRO2_Crono Simplificado'!EFQ4","v":0},{"$f":"'CRO2_Crono Simplificado'!#REF!","v":{"$error":"#REF!"}},{"$f":"'CRO2_Crono Simplificado'!EFS4","v":0},{"$f":"'CRO2_Crono Simplificado'!#REF!","v":{"$error":"#REF!"}},{"$f":"'CRO2_Crono Simplificado'!EFU4","v":0},{"$f":"'CRO2_Crono Simplificado'!#REF!","v":{"$error":"#REF!"}},{"$f":"'CRO2_Crono Simplificado'!EFW4","v":0},{"$f":"'CRO2_Crono Simplificado'!#REF!","v":{"$error":"#REF!"}},{"$f":"'CRO2_Crono Simplificado'!EFY4","v":0},{"$f":"'CRO2_Crono Simplificado'!#REF!","v":{"$error":"#REF!"}},{"$f":"'CRO2_Crono Simplificado'!EGA4","v":0},{"$f":"'CRO2_Crono Simplificado'!#REF!","v":{"$error":"#REF!"}},{"$f":"'CRO2_Crono Simplificado'!EGC4","v":0},{"$f":"'CRO2_Crono Simplificado'!#REF!","v":{"$error":"#REF!"}},{"$f":"'CRO2_Crono Simplificado'!EGE4","v":0},{"$f":"'CRO2_Crono Simplificado'!#REF!","v":{"$error":"#REF!"}},{"$f":"'CRO2_Crono Simplificado'!EGG4","v":0},{"$f":"'CRO2_Crono Simplificado'!#REF!","v":{"$error":"#REF!"}},{"$f":"'CRO2_Crono Simplificado'!EGI4","v":0},{"$f":"'CRO2_Crono Simplificado'!#REF!","v":{"$error":"#REF!"}},{"$f":"'CRO2_Crono Simplificado'!EGK4","v":0},{"$f":"'CRO2_Crono Simplificado'!#REF!","v":{"$error":"#REF!"}},{"$f":"'CRO2_Crono Simplificado'!EGM4","v":0},{"$f":"'CRO2_Crono Simplificado'!#REF!","v":{"$error":"#REF!"}},{"$f":"'CRO2_Crono Simplificado'!EGO4","v":0},{"$f":"'CRO2_Crono Simplificado'!#REF!","v":{"$error":"#REF!"}},{"$f":"'CRO2_Crono Simplificado'!EGQ4","v":0},{"$f":"'CRO2_Crono Simplificado'!#REF!","v":{"$error":"#REF!"}},{"$f":"'CRO2_Crono Simplificado'!EGS4","v":0},{"$f":"'CRO2_Crono Simplificado'!#REF!","v":{"$error":"#REF!"}},{"$f":"'CRO2_Crono Simplificado'!EGU4","v":0},{"$f":"'CRO2_Crono Simplificado'!#REF!","v":{"$error":"#REF!"}},{"$f":"'CRO2_Crono Simplificado'!EGW4","v":0},{"$f":"'CRO2_Crono Simplificado'!#REF!","v":{"$error":"#REF!"}},{"$f":"'CRO2_Crono Simplificado'!EGY4","v":0},{"$f":"'CRO2_Crono Simplificado'!#REF!","v":{"$error":"#REF!"}},{"$f":"'CRO2_Crono Simplificado'!EHA4","v":0},{"$f":"'CRO2_Crono Simplificado'!#REF!","v":{"$error":"#REF!"}},{"$f":"'CRO2_Crono Simplificado'!EHC4","v":0},{"$f":"'CRO2_Crono Simplificado'!#REF!","v":{"$error":"#REF!"}},{"$f":"'CRO2_Crono Simplificado'!EHE4","v":0},{"$f":"'CRO2_Crono Simplificado'!#REF!","v":{"$error":"#REF!"}},{"$f":"'CRO2_Crono Simplificado'!EHG4","v":0},{"$f":"'CRO2_Crono Simplificado'!#REF!","v":{"$error":"#REF!"}},{"$f":"'CRO2_Crono Simplificado'!EHI4","v":0},{"$f":"'CRO2_Crono Simplificado'!#REF!","v":{"$error":"#REF!"}},{"$f":"'CRO2_Crono Simplificado'!EHK4","v":0},{"$f":"'CRO2_Crono Simplificado'!#REF!","v":{"$error":"#REF!"}},{"$f":"'CRO2_Crono Simplificado'!EHM4","v":0},{"$f":"'CRO2_Crono Simplificado'!#REF!","v":{"$error":"#REF!"}},{"$f":"'CRO2_Crono Simplificado'!EHO4","v":0},{"$f":"'CRO2_Crono Simplificado'!#REF!","v":{"$error":"#REF!"}},{"$f":"'CRO2_Crono Simplificado'!EHQ4","v":0},{"$f":"'CRO2_Crono Simplificado'!#REF!","v":{"$error":"#REF!"}},{"$f":"'CRO2_Crono Simplificado'!EHS4","v":0},{"$f":"'CRO2_Crono Simplificado'!#REF!","v":{"$error":"#REF!"}},{"$f":"'CRO2_Crono Simplificado'!EHU4","v":0},{"$f":"'CRO2_Crono Simplificado'!#REF!","v":{"$error":"#REF!"}},{"$f":"'CRO2_Crono Simplificado'!EHW4","v":0},{"$f":"'CRO2_Crono Simplificado'!#REF!","v":{"$error":"#REF!"}},{"$f":"'CRO2_Crono Simplificado'!EHY4","v":0},{"$f":"'CRO2_Crono Simplificado'!#REF!","v":{"$error":"#REF!"}},{"$f":"'CRO2_Crono Simplificado'!EIA4","v":0},{"$f":"'CRO2_Crono Simplificado'!#REF!","v":{"$error":"#REF!"}},{"$f":"'CRO2_Crono Simplificado'!EIC4","v":0},{"$f":"'CRO2_Crono Simplificado'!#REF!","v":{"$error":"#REF!"}},{"$f":"'CRO2_Crono Simplificado'!EIE4","v":0},{"$f":"'CRO2_Crono Simplificado'!#REF!","v":{"$error":"#REF!"}},{"$f":"'CRO2_Crono Simplificado'!EIG4","v":0},{"$f":"'CRO2_Crono Simplificado'!#REF!","v":{"$error":"#REF!"}},{"$f":"'CRO2_Crono Simplificado'!EII4","v":0},{"$f":"'CRO2_Crono Simplificado'!#REF!","v":{"$error":"#REF!"}},{"$f":"'CRO2_Crono Simplificado'!EIK4","v":0},{"$f":"'CRO2_Crono Simplificado'!#REF!","v":{"$error":"#REF!"}},{"$f":"'CRO2_Crono Simplificado'!EIM4","v":0},{"$f":"'CRO2_Crono Simplificado'!#REF!","v":{"$error":"#REF!"}},{"$f":"'CRO2_Crono Simplificado'!EIO4","v":0},{"$f":"'CRO2_Crono Simplificado'!#REF!","v":{"$error":"#REF!"}},{"$f":"'CRO2_Crono Simplificado'!EIQ4","v":0},{"$f":"'CRO2_Crono Simplificado'!#REF!","v":{"$error":"#REF!"}},{"$f":"'CRO2_Crono Simplificado'!EIS4","v":0},{"$f":"'CRO2_Crono Simplificado'!#REF!","v":{"$error":"#REF!"}},{"$f":"'CRO2_Crono Simplificado'!EIU4","v":0},{"$f":"'CRO2_Crono Simplificado'!#REF!","v":{"$error":"#REF!"}},{"$f":"'CRO2_Crono Simplificado'!EIW4","v":0},{"$f":"'CRO2_Crono Simplificado'!#REF!","v":{"$error":"#REF!"}},{"$f":"'CRO2_Crono Simplificado'!EIY4","v":0},{"$f":"'CRO2_Crono Simplificado'!#REF!","v":{"$error":"#REF!"}},{"$f":"'CRO2_Crono Simplificado'!EJA4","v":0},{"$f":"'CRO2_Crono Simplificado'!#REF!","v":{"$error":"#REF!"}},{"$f":"'CRO2_Crono Simplificado'!EJC4","v":0},{"$f":"'CRO2_Crono Simplificado'!#REF!","v":{"$error":"#REF!"}},{"$f":"'CRO2_Crono Simplificado'!EJE4","v":0},{"$f":"'CRO2_Crono Simplificado'!#REF!","v":{"$error":"#REF!"}},{"$f":"'CRO2_Crono Simplificado'!EJG4","v":0},{"$f":"'CRO2_Crono Simplificado'!#REF!","v":{"$error":"#REF!"}},{"$f":"'CRO2_Crono Simplificado'!EJI4","v":0},{"$f":"'CRO2_Crono Simplificado'!#REF!","v":{"$error":"#REF!"}},{"$f":"'CRO2_Crono Simplificado'!EJK4","v":0},{"$f":"'CRO2_Crono Simplificado'!#REF!","v":{"$error":"#REF!"}},{"$f":"'CRO2_Crono Simplificado'!EJM4","v":0},{"$f":"'CRO2_Crono Simplificado'!#REF!","v":{"$error":"#REF!"}},{"$f":"'CRO2_Crono Simplificado'!EJO4","v":0},{"$f":"'CRO2_Crono Simplificado'!#REF!","v":{"$error":"#REF!"}},{"$f":"'CRO2_Crono Simplificado'!EJQ4","v":0},{"$f":"'CRO2_Crono Simplificado'!#REF!","v":{"$error":"#REF!"}},{"$f":"'CRO2_Crono Simplificado'!EJS4","v":0},{"$f":"'CRO2_Crono Simplificado'!#REF!","v":{"$error":"#REF!"}},{"$f":"'CRO2_Crono Simplificado'!EJU4","v":0},{"$f":"'CRO2_Crono Simplificado'!#REF!","v":{"$error":"#REF!"}},{"$f":"'CRO2_Crono Simplificado'!EJW4","v":0},{"$f":"'CRO2_Crono Simplificado'!#REF!","v":{"$error":"#REF!"}},{"$f":"'CRO2_Crono Simplificado'!EJY4","v":0},{"$f":"'CRO2_Crono Simplificado'!#REF!","v":{"$error":"#REF!"}},{"$f":"'CRO2_Crono Simplificado'!EKA4","v":0},{"$f":"'CRO2_Crono Simplificado'!#REF!","v":{"$error":"#REF!"}},{"$f":"'CRO2_Crono Simplificado'!EKC4","v":0},{"$f":"'CRO2_Crono Simplificado'!#REF!","v":{"$error":"#REF!"}},{"$f":"'CRO2_Crono Simplificado'!EKE4","v":0},{"$f":"'CRO2_Crono Simplificado'!#REF!","v":{"$error":"#REF!"}},{"$f":"'CRO2_Crono Simplificado'!EKG4","v":0},{"$f":"'CRO2_Crono Simplificado'!#REF!","v":{"$error":"#REF!"}},{"$f":"'CRO2_Crono Simplificado'!EKI4","v":0},{"$f":"'CRO2_Crono Simplificado'!#REF!","v":{"$error":"#REF!"}},{"$f":"'CRO2_Crono Simplificado'!EKK4","v":0},{"$f":"'CRO2_Crono Simplificado'!#REF!","v":{"$error":"#REF!"}},{"$f":"'CRO2_Crono Simplificado'!EKM4","v":0},{"$f":"'CRO2_Crono Simplificado'!#REF!","v":{"$error":"#REF!"}},{"$f":"'CRO2_Crono Simplificado'!EKO4","v":0},{"$f":"'CRO2_Crono Simplificado'!#REF!","v":{"$error":"#REF!"}},{"$f":"'CRO2_Crono Simplificado'!EKQ4","v":0},{"$f":"'CRO2_Crono Simplificado'!#REF!","v":{"$error":"#REF!"}},{"$f":"'CRO2_Crono Simplificado'!EKS4","v":0},{"$f":"'CRO2_Crono Simplificado'!#REF!","v":{"$error":"#REF!"}},{"$f":"'CRO2_Crono Simplificado'!EKU4","v":0},{"$f":"'CRO2_Crono Simplificado'!#REF!","v":{"$error":"#REF!"}},{"$f":"'CRO2_Crono Simplificado'!EKW4","v":0},{"$f":"'CRO2_Crono Simplificado'!#REF!","v":{"$error":"#REF!"}},{"$f":"'CRO2_Crono Simplificado'!EKY4","v":0},{"$f":"'CRO2_Crono Simplificado'!#REF!","v":{"$error":"#REF!"}},{"$f":"'CRO2_Crono Simplificado'!ELA4","v":0},{"$f":"'CRO2_Crono Simplificado'!#REF!","v":{"$error":"#REF!"}},{"$f":"'CRO2_Crono Simplificado'!ELC4","v":0},{"$f":"'CRO2_Crono Simplificado'!#REF!","v":{"$error":"#REF!"}},{"$f":"'CRO2_Crono Simplificado'!ELE4","v":0},{"$f":"'CRO2_Crono Simplificado'!#REF!","v":{"$error":"#REF!"}},{"$f":"'CRO2_Crono Simplificado'!ELG4","v":0},{"$f":"'CRO2_Crono Simplificado'!#REF!","v":{"$error":"#REF!"}},{"$f":"'CRO2_Crono Simplificado'!ELI4","v":0},{"$f":"'CRO2_Crono Simplificado'!#REF!","v":{"$error":"#REF!"}},{"$f":"'CRO2_Crono Simplificado'!ELK4","v":0},{"$f":"'CRO2_Crono Simplificado'!#REF!","v":{"$error":"#REF!"}},{"$f":"'CRO2_Crono Simplificado'!ELM4","v":0},{"$f":"'CRO2_Crono Simplificado'!#REF!","v":{"$error":"#REF!"}},{"$f":"'CRO2_Crono Simplificado'!ELO4","v":0},{"$f":"'CRO2_Crono Simplificado'!#REF!","v":{"$error":"#REF!"}},{"$f":"'CRO2_Crono Simplificado'!ELQ4","v":0},{"$f":"'CRO2_Crono Simplificado'!#REF!","v":{"$error":"#REF!"}},{"$f":"'CRO2_Crono Simplificado'!ELS4","v":0},{"$f":"'CRO2_Crono Simplificado'!#REF!","v":{"$error":"#REF!"}},{"$f":"'CRO2_Crono Simplificado'!ELU4","v":0},{"$f":"'CRO2_Crono Simplificado'!#REF!","v":{"$error":"#REF!"}},{"$f":"'CRO2_Crono Simplificado'!ELW4","v":0},{"$f":"'CRO2_Crono Simplificado'!#REF!","v":{"$error":"#REF!"}},{"$f":"'CRO2_Crono Simplificado'!ELY4","v":0},{"$f":"'CRO2_Crono Simplificado'!#REF!","v":{"$error":"#REF!"}},{"$f":"'CRO2_Crono Simplificado'!EMA4","v":0},{"$f":"'CRO2_Crono Simplificado'!#REF!","v":{"$error":"#REF!"}},{"$f":"'CRO2_Crono Simplificado'!EMC4","v":0},{"$f":"'CRO2_Crono Simplificado'!#REF!","v":{"$error":"#REF!"}},{"$f":"'CRO2_Crono Simplificado'!EME4","v":0},{"$f":"'CRO2_Crono Simplificado'!#REF!","v":{"$error":"#REF!"}},{"$f":"'CRO2_Crono Simplificado'!EMG4","v":0},{"$f":"'CRO2_Crono Simplificado'!#REF!","v":{"$error":"#REF!"}},{"$f":"'CRO2_Crono Simplificado'!EMI4","v":0},{"$f":"'CRO2_Crono Simplificado'!#REF!","v":{"$error":"#REF!"}},{"$f":"'CRO2_Crono Simplificado'!EMK4","v":0},{"$f":"'CRO2_Crono Simplificado'!#REF!","v":{"$error":"#REF!"}},{"$f":"'CRO2_Crono Simplificado'!EMM4","v":0},{"$f":"'CRO2_Crono Simplificado'!#REF!","v":{"$error":"#REF!"}},{"$f":"'CRO2_Crono Simplificado'!EMO4","v":0},{"$f":"'CRO2_Crono Simplificado'!#REF!","v":{"$error":"#REF!"}},{"$f":"'CRO2_Crono Simplificado'!EMQ4","v":0},{"$f":"'CRO2_Crono Simplificado'!#REF!","v":{"$error":"#REF!"}},{"$f":"'CRO2_Crono Simplificado'!EMS4","v":0},{"$f":"'CRO2_Crono Simplificado'!#REF!","v":{"$error":"#REF!"}},{"$f":"'CRO2_Crono Simplificado'!EMU4","v":0},{"$f":"'CRO2_Crono Simplificado'!#REF!","v":{"$error":"#REF!"}},{"$f":"'CRO2_Crono Simplificado'!EMW4","v":0},{"$f":"'CRO2_Crono Simplificado'!#REF!","v":{"$error":"#REF!"}},{"$f":"'CRO2_Crono Simplificado'!EMY4","v":0},{"$f":"'CRO2_Crono Simplificado'!#REF!","v":{"$error":"#REF!"}},{"$f":"'CRO2_Crono Simplificado'!ENA4","v":0},{"$f":"'CRO2_Crono Simplificado'!#REF!","v":{"$error":"#REF!"}},{"$f":"'CRO2_Crono Simplificado'!ENC4","v":0},{"$f":"'CRO2_Crono Simplificado'!#REF!","v":{"$error":"#REF!"}},{"$f":"'CRO2_Crono Simplificado'!ENE4","v":0},{"$f":"'CRO2_Crono Simplificado'!#REF!","v":{"$error":"#REF!"}},{"$f":"'CRO2_Crono Simplificado'!ENG4","v":0},{"$f":"'CRO2_Crono Simplificado'!#REF!","v":{"$error":"#REF!"}},{"$f":"'CRO2_Crono Simplificado'!ENI4","v":0},{"$f":"'CRO2_Crono Simplificado'!#REF!","v":{"$error":"#REF!"}},{"$f":"'CRO2_Crono Simplificado'!ENK4","v":0},{"$f":"'CRO2_Crono Simplificado'!#REF!","v":{"$error":"#REF!"}},{"$f":"'CRO2_Crono Simplificado'!ENM4","v":0},{"$f":"'CRO2_Crono Simplificado'!#REF!","v":{"$error":"#REF!"}},{"$f":"'CRO2_Crono Simplificado'!ENO4","v":0},{"$f":"'CRO2_Crono Simplificado'!#REF!","v":{"$error":"#REF!"}},{"$f":"'CRO2_Crono Simplificado'!ENQ4","v":0},{"$f":"'CRO2_Crono Simplificado'!#REF!","v":{"$error":"#REF!"}},{"$f":"'CRO2_Crono Simplificado'!ENS4","v":0},{"$f":"'CRO2_Crono Simplificado'!#REF!","v":{"$error":"#REF!"}},{"$f":"'CRO2_Crono Simplificado'!ENU4","v":0},{"$f":"'CRO2_Crono Simplificado'!#REF!","v":{"$error":"#REF!"}},{"$f":"'CRO2_Crono Simplificado'!ENW4","v":0},{"$f":"'CRO2_Crono Simplificado'!#REF!","v":{"$error":"#REF!"}},{"$f":"'CRO2_Crono Simplificado'!ENY4","v":0},{"$f":"'CRO2_Crono Simplificado'!#REF!","v":{"$error":"#REF!"}},{"$f":"'CRO2_Crono Simplificado'!EOA4","v":0},{"$f":"'CRO2_Crono Simplificado'!#REF!","v":{"$error":"#REF!"}},{"$f":"'CRO2_Crono Simplificado'!EOC4","v":0},{"$f":"'CRO2_Crono Simplificado'!#REF!","v":{"$error":"#REF!"}},{"$f":"'CRO2_Crono Simplificado'!EOE4","v":0},{"$f":"'CRO2_Crono Simplificado'!#REF!","v":{"$error":"#REF!"}},{"$f":"'CRO2_Crono Simplificado'!EOG4","v":0},{"$f":"'CRO2_Crono Simplificado'!#REF!","v":{"$error":"#REF!"}},{"$f":"'CRO2_Crono Simplificado'!EOI4","v":0},{"$f":"'CRO2_Crono Simplificado'!#REF!","v":{"$error":"#REF!"}},{"$f":"'CRO2_Crono Simplificado'!EOK4","v":0},{"$f":"'CRO2_Crono Simplificado'!#REF!","v":{"$error":"#REF!"}},{"$f":"'CRO2_Crono Simplificado'!EOM4","v":0},{"$f":"'CRO2_Crono Simplificado'!#REF!","v":{"$error":"#REF!"}},{"$f":"'CRO2_Crono Simplificado'!EOO4","v":0},{"$f":"'CRO2_Crono Simplificado'!#REF!","v":{"$error":"#REF!"}},{"$f":"'CRO2_Crono Simplificado'!EOQ4","v":0},{"$f":"'CRO2_Crono Simplificado'!#REF!","v":{"$error":"#REF!"}},{"$f":"'CRO2_Crono Simplificado'!EOS4","v":0},{"$f":"'CRO2_Crono Simplificado'!#REF!","v":{"$error":"#REF!"}},{"$f":"'CRO2_Crono Simplificado'!EOU4","v":0},{"$f":"'CRO2_Crono Simplificado'!#REF!","v":{"$error":"#REF!"}},{"$f":"'CRO2_Crono Simplificado'!EOW4","v":0},{"$f":"'CRO2_Crono Simplificado'!#REF!","v":{"$error":"#REF!"}},{"$f":"'CRO2_Crono Simplificado'!EOY4","v":0},{"$f":"'CRO2_Crono Simplificado'!#REF!","v":{"$error":"#REF!"}},{"$f":"'CRO2_Crono Simplificado'!EPA4","v":0},{"$f":"'CRO2_Crono Simplificado'!#REF!","v":{"$error":"#REF!"}},{"$f":"'CRO2_Crono Simplificado'!EPC4","v":0},{"$f":"'CRO2_Crono Simplificado'!#REF!","v":{"$error":"#REF!"}},{"$f":"'CRO2_Crono Simplificado'!EPE4","v":0},{"$f":"'CRO2_Crono Simplificado'!#REF!","v":{"$error":"#REF!"}},{"$f":"'CRO2_Crono Simplificado'!EPG4","v":0},{"$f":"'CRO2_Crono Simplificado'!#REF!","v":{"$error":"#REF!"}},{"$f":"'CRO2_Crono Simplificado'!EPI4","v":0},{"$f":"'CRO2_Crono Simplificado'!#REF!","v":{"$error":"#REF!"}},{"$f":"'CRO2_Crono Simplificado'!EPK4","v":0},{"$f":"'CRO2_Crono Simplificado'!#REF!","v":{"$error":"#REF!"}},{"$f":"'CRO2_Crono Simplificado'!EPM4","v":0},{"$f":"'CRO2_Crono Simplificado'!#REF!","v":{"$error":"#REF!"}},{"$f":"'CRO2_Crono Simplificado'!EPO4","v":0},{"$f":"'CRO2_Crono Simplificado'!#REF!","v":{"$error":"#REF!"}},{"$f":"'CRO2_Crono Simplificado'!EPQ4","v":0},{"$f":"'CRO2_Crono Simplificado'!#REF!","v":{"$error":"#REF!"}},{"$f":"'CRO2_Crono Simplificado'!EPS4","v":0},{"$f":"'CRO2_Crono Simplificado'!#REF!","v":{"$error":"#REF!"}},{"$f":"'CRO2_Crono Simplificado'!EPU4","v":0},{"$f":"'CRO2_Crono Simplificado'!#REF!","v":{"$error":"#REF!"}},{"$f":"'CRO2_Crono Simplificado'!EPW4","v":0},{"$f":"'CRO2_Crono Simplificado'!#REF!","v":{"$error":"#REF!"}},{"$f":"'CRO2_Crono Simplificado'!EPY4","v":0},{"$f":"'CRO2_Crono Simplificado'!#REF!","v":{"$error":"#REF!"}},{"$f":"'CRO2_Crono Simplificado'!EQA4","v":0},{"$f":"'CRO2_Crono Simplificado'!#REF!","v":{"$error":"#REF!"}},{"$f":"'CRO2_Crono Simplificado'!EQC4","v":0},{"$f":"'CRO2_Crono Simplificado'!#REF!","v":{"$error":"#REF!"}},{"$f":"'CRO2_Crono Simplificado'!EQE4","v":0},{"$f":"'CRO2_Crono Simplificado'!#REF!","v":{"$error":"#REF!"}},{"$f":"'CRO2_Crono Simplificado'!EQG4","v":0},{"$f":"'CRO2_Crono Simplificado'!#REF!","v":{"$error":"#REF!"}},{"$f":"'CRO2_Crono Simplificado'!EQI4","v":0},{"$f":"'CRO2_Crono Simplificado'!#REF!","v":{"$error":"#REF!"}},{"$f":"'CRO2_Crono Simplificado'!EQK4","v":0},{"$f":"'CRO2_Crono Simplificado'!#REF!","v":{"$error":"#REF!"}},{"$f":"'CRO2_Crono Simplificado'!EQM4","v":0},{"$f":"'CRO2_Crono Simplificado'!#REF!","v":{"$error":"#REF!"}},{"$f":"'CRO2_Crono Simplificado'!EQO4","v":0},{"$f":"'CRO2_Crono Simplificado'!#REF!","v":{"$error":"#REF!"}},{"$f":"'CRO2_Crono Simplificado'!EQQ4","v":0},{"$f":"'CRO2_Crono Simplificado'!#REF!","v":{"$error":"#REF!"}},{"$f":"'CRO2_Crono Simplificado'!EQS4","v":0},{"$f":"'CRO2_Crono Simplificado'!#REF!","v":{"$error":"#REF!"}},{"$f":"'CRO2_Crono Simplificado'!EQU4","v":0},{"$f":"'CRO2_Crono Simplificado'!#REF!","v":{"$error":"#REF!"}},{"$f":"'CRO2_Crono Simplificado'!EQW4","v":0},{"$f":"'CRO2_Crono Simplificado'!#REF!","v":{"$error":"#REF!"}},{"$f":"'CRO2_Crono Simplificado'!EQY4","v":0},{"$f":"'CRO2_Crono Simplificado'!#REF!","v":{"$error":"#REF!"}},{"$f":"'CRO2_Crono Simplificado'!ERA4","v":0},{"$f":"'CRO2_Crono Simplificado'!#REF!","v":{"$error":"#REF!"}},{"$f":"'CRO2_Crono Simplificado'!ERC4","v":0},{"$f":"'CRO2_Crono Simplificado'!#REF!","v":{"$error":"#REF!"}},{"$f":"'CRO2_Crono Simplificado'!ERE4","v":0},{"$f":"'CRO2_Crono Simplificado'!#REF!","v":{"$error":"#REF!"}},{"$f":"'CRO2_Crono Simplificado'!ERG4","v":0},{"$f":"'CRO2_Crono Simplificado'!#REF!","v":{"$error":"#REF!"}},{"$f":"'CRO2_Crono Simplificado'!ERI4","v":0},{"$f":"'CRO2_Crono Simplificado'!#REF!","v":{"$error":"#REF!"}},{"$f":"'CRO2_Crono Simplificado'!ERK4","v":0},{"$f":"'CRO2_Crono Simplificado'!#REF!","v":{"$error":"#REF!"}},{"$f":"'CRO2_Crono Simplificado'!ERM4","v":0},{"$f":"'CRO2_Crono Simplificado'!#REF!","v":{"$error":"#REF!"}},{"$f":"'CRO2_Crono Simplificado'!ERO4","v":0},{"$f":"'CRO2_Crono Simplificado'!#REF!","v":{"$error":"#REF!"}},{"$f":"'CRO2_Crono Simplificado'!ERQ4","v":0},{"$f":"'CRO2_Crono Simplificado'!#REF!","v":{"$error":"#REF!"}},{"$f":"'CRO2_Crono Simplificado'!ERS4","v":0},{"$f":"'CRO2_Crono Simplificado'!#REF!","v":{"$error":"#REF!"}},{"$f":"'CRO2_Crono Simplificado'!ERU4","v":0},{"$f":"'CRO2_Crono Simplificado'!#REF!","v":{"$error":"#REF!"}},{"$f":"'CRO2_Crono Simplificado'!ERW4","v":0},{"$f":"'CRO2_Crono Simplificado'!#REF!","v":{"$error":"#REF!"}},{"$f":"'CRO2_Crono Simplificado'!ERY4","v":0},{"$f":"'CRO2_Crono Simplificado'!#REF!","v":{"$error":"#REF!"}},{"$f":"'CRO2_Crono Simplificado'!ESA4","v":0},{"$f":"'CRO2_Crono Simplificado'!#REF!","v":{"$error":"#REF!"}},{"$f":"'CRO2_Crono Simplificado'!ESC4","v":0},{"$f":"'CRO2_Crono Simplificado'!#REF!","v":{"$error":"#REF!"}},{"$f":"'CRO2_Crono Simplificado'!ESE4","v":0},{"$f":"'CRO2_Crono Simplificado'!#REF!","v":{"$error":"#REF!"}},{"$f":"'CRO2_Crono Simplificado'!ESG4","v":0},{"$f":"'CRO2_Crono Simplificado'!#REF!","v":{"$error":"#REF!"}},{"$f":"'CRO2_Crono Simplificado'!ESI4","v":0},{"$f":"'CRO2_Crono Simplificado'!#REF!","v":{"$error":"#REF!"}},{"$f":"'CRO2_Crono Simplificado'!ESK4","v":0},{"$f":"'CRO2_Crono Simplificado'!#REF!","v":{"$error":"#REF!"}},{"$f":"'CRO2_Crono Simplificado'!ESM4","v":0},{"$f":"'CRO2_Crono Simplificado'!#REF!","v":{"$error":"#REF!"}},{"$f":"'CRO2_Crono Simplificado'!ESO4","v":0},{"$f":"'CRO2_Crono Simplificado'!#REF!","v":{"$error":"#REF!"}},{"$f":"'CRO2_Crono Simplificado'!ESQ4","v":0},{"$f":"'CRO2_Crono Simplificado'!#REF!","v":{"$error":"#REF!"}},{"$f":"'CRO2_Crono Simplificado'!ESS4","v":0},{"$f":"'CRO2_Crono Simplificado'!#REF!","v":{"$error":"#REF!"}},{"$f":"'CRO2_Crono Simplificado'!ESU4","v":0},{"$f":"'CRO2_Crono Simplificado'!#REF!","v":{"$error":"#REF!"}},{"$f":"'CRO2_Crono Simplificado'!ESW4","v":0},{"$f":"'CRO2_Crono Simplificado'!#REF!","v":{"$error":"#REF!"}},{"$f":"'CRO2_Crono Simplificado'!ESY4","v":0},{"$f":"'CRO2_Crono Simplificado'!#REF!","v":{"$error":"#REF!"}},{"$f":"'CRO2_Crono Simplificado'!ETA4","v":0},{"$f":"'CRO2_Crono Simplificado'!#REF!","v":{"$error":"#REF!"}},{"$f":"'CRO2_Crono Simplificado'!ETC4","v":0},{"$f":"'CRO2_Crono Simplificado'!#REF!","v":{"$error":"#REF!"}},{"$f":"'CRO2_Crono Simplificado'!ETE4","v":0},{"$f":"'CRO2_Crono Simplificado'!#REF!","v":{"$error":"#REF!"}},{"$f":"'CRO2_Crono Simplificado'!ETG4","v":0},{"$f":"'CRO2_Crono Simplificado'!#REF!","v":{"$error":"#REF!"}},{"$f":"'CRO2_Crono Simplificado'!ETI4","v":0},{"$f":"'CRO2_Crono Simplificado'!#REF!","v":{"$error":"#REF!"}},{"$f":"'CRO2_Crono Simplificado'!ETK4","v":0},{"$f":"'CRO2_Crono Simplificado'!#REF!","v":{"$error":"#REF!"}},{"$f":"'CRO2_Crono Simplificado'!ETM4","v":0},{"$f":"'CRO2_Crono Simplificado'!#REF!","v":{"$error":"#REF!"}},{"$f":"'CRO2_Crono Simplificado'!ETO4","v":0},{"$f":"'CRO2_Crono Simplificado'!#REF!","v":{"$error":"#REF!"}},{"$f":"'CRO2_Crono Simplificado'!ETQ4","v":0},{"$f":"'CRO2_Crono Simplificado'!#REF!","v":{"$error":"#REF!"}},{"$f":"'CRO2_Crono Simplificado'!ETS4","v":0},{"$f":"'CRO2_Crono Simplificado'!#REF!","v":{"$error":"#REF!"}},{"$f":"'CRO2_Crono Simplificado'!ETU4","v":0},{"$f":"'CRO2_Crono Simplificado'!#REF!","v":{"$error":"#REF!"}},{"$f":"'CRO2_Crono Simplificado'!ETW4","v":0},{"$f":"'CRO2_Crono Simplificado'!#REF!","v":{"$error":"#REF!"}},{"$f":"'CRO2_Crono Simplificado'!ETY4","v":0},{"$f":"'CRO2_Crono Simplificado'!#REF!","v":{"$error":"#REF!"}},{"$f":"'CRO2_Crono Simplificado'!EUA4","v":0},{"$f":"'CRO2_Crono Simplificado'!#REF!","v":{"$error":"#REF!"}},{"$f":"'CRO2_Crono Simplificado'!EUC4","v":0},{"$f":"'CRO2_Crono Simplificado'!#REF!","v":{"$error":"#REF!"}},{"$f":"'CRO2_Crono Simplificado'!EUE4","v":0},{"$f":"'CRO2_Crono Simplificado'!#REF!","v":{"$error":"#REF!"}},{"$f":"'CRO2_Crono Simplificado'!EUG4","v":0},{"$f":"'CRO2_Crono Simplificado'!#REF!","v":{"$error":"#REF!"}},{"$f":"'CRO2_Crono Simplificado'!EUI4","v":0},{"$f":"'CRO2_Crono Simplificado'!#REF!","v":{"$error":"#REF!"}},{"$f":"'CRO2_Crono Simplificado'!EUK4","v":0},{"$f":"'CRO2_Crono Simplificado'!#REF!","v":{"$error":"#REF!"}},{"$f":"'CRO2_Crono Simplificado'!EUM4","v":0},{"$f":"'CRO2_Crono Simplificado'!#REF!","v":{"$error":"#REF!"}},{"$f":"'CRO2_Crono Simplificado'!EUO4","v":0},{"$f":"'CRO2_Crono Simplificado'!#REF!","v":{"$error":"#REF!"}},{"$f":"'CRO2_Crono Simplificado'!EUQ4","v":0},{"$f":"'CRO2_Crono Simplificado'!#REF!","v":{"$error":"#REF!"}},{"$f":"'CRO2_Crono Simplificado'!EUS4","v":0},{"$f":"'CRO2_Crono Simplificado'!#REF!","v":{"$error":"#REF!"}},{"$f":"'CRO2_Crono Simplificado'!EUU4","v":0},{"$f":"'CRO2_Crono Simplificado'!#REF!","v":{"$error":"#REF!"}},{"$f":"'CRO2_Crono Simplificado'!EUW4","v":0},{"$f":"'CRO2_Crono Simplificado'!#REF!","v":{"$error":"#REF!"}},{"$f":"'CRO2_Crono Simplificado'!EUY4","v":0},{"$f":"'CRO2_Crono Simplificado'!#REF!","v":{"$error":"#REF!"}},{"$f":"'CRO2_Crono Simplificado'!EVA4","v":0},{"$f":"'CRO2_Crono Simplificado'!#REF!","v":{"$error":"#REF!"}},{"$f":"'CRO2_Crono Simplificado'!EVC4","v":0},{"$f":"'CRO2_Crono Simplificado'!#REF!","v":{"$error":"#REF!"}},{"$f":"'CRO2_Crono Simplificado'!EVE4","v":0},{"$f":"'CRO2_Crono Simplificado'!#REF!","v":{"$error":"#REF!"}},{"$f":"'CRO2_Crono Simplificado'!EVG4","v":0},{"$f":"'CRO2_Crono Simplificado'!#REF!","v":{"$error":"#REF!"}},{"$f":"'CRO2_Crono Simplificado'!EVI4","v":0},{"$f":"'CRO2_Crono Simplificado'!#REF!","v":{"$error":"#REF!"}},{"$f":"'CRO2_Crono Simplificado'!EVK4","v":0},{"$f":"'CRO2_Crono Simplificado'!#REF!","v":{"$error":"#REF!"}},{"$f":"'CRO2_Crono Simplificado'!EVM4","v":0},{"$f":"'CRO2_Crono Simplificado'!#REF!","v":{"$error":"#REF!"}},{"$f":"'CRO2_Crono Simplificado'!EVO4","v":0},{"$f":"'CRO2_Crono Simplificado'!#REF!","v":{"$error":"#REF!"}},{"$f":"'CRO2_Crono Simplificado'!EVQ4","v":0},{"$f":"'CRO2_Crono Simplificado'!#REF!","v":{"$error":"#REF!"}},{"$f":"'CRO2_Crono Simplificado'!EVS4","v":0},{"$f":"'CRO2_Crono Simplificado'!#REF!","v":{"$error":"#REF!"}},{"$f":"'CRO2_Crono Simplificado'!EVU4","v":0},{"$f":"'CRO2_Crono Simplificado'!#REF!","v":{"$error":"#REF!"}},{"$f":"'CRO2_Crono Simplificado'!EVW4","v":0},{"$f":"'CRO2_Crono Simplificado'!#REF!","v":{"$error":"#REF!"}},{"$f":"'CRO2_Crono Simplificado'!EVY4","v":0},{"$f":"'CRO2_Crono Simplificado'!#REF!","v":{"$error":"#REF!"}},{"$f":"'CRO2_Crono Simplificado'!EWA4","v":0},{"$f":"'CRO2_Crono Simplificado'!#REF!","v":{"$error":"#REF!"}},{"$f":"'CRO2_Crono Simplificado'!EWC4","v":0},{"$f":"'CRO2_Crono Simplificado'!#REF!","v":{"$error":"#REF!"}},{"$f":"'CRO2_Crono Simplificado'!EWE4","v":0},{"$f":"'CRO2_Crono Simplificado'!#REF!","v":{"$error":"#REF!"}},{"$f":"'CRO2_Crono Simplificado'!EWG4","v":0},{"$f":"'CRO2_Crono Simplificado'!#REF!","v":{"$error":"#REF!"}},{"$f":"'CRO2_Crono Simplificado'!EWI4","v":0},{"$f":"'CRO2_Crono Simplificado'!#REF!","v":{"$error":"#REF!"}},{"$f":"'CRO2_Crono Simplificado'!EWK4","v":0},{"$f":"'CRO2_Crono Simplificado'!#REF!","v":{"$error":"#REF!"}},{"$f":"'CRO2_Crono Simplificado'!EWM4","v":0},{"$f":"'CRO2_Crono Simplificado'!#REF!","v":{"$error":"#REF!"}},{"$f":"'CRO2_Crono Simplificado'!EWO4","v":0},{"$f":"'CRO2_Crono Simplificado'!#REF!","v":{"$error":"#REF!"}},{"$f":"'CRO2_Crono Simplificado'!EWQ4","v":0},{"$f":"'CRO2_Crono Simplificado'!#REF!","v":{"$error":"#REF!"}},{"$f":"'CRO2_Crono Simplificado'!EWS4","v":0},{"$f":"'CRO2_Crono Simplificado'!#REF!","v":{"$error":"#REF!"}},{"$f":"'CRO2_Crono Simplificado'!EWU4","v":0},{"$f":"'CRO2_Crono Simplificado'!#REF!","v":{"$error":"#REF!"}},{"$f":"'CRO2_Crono Simplificado'!EWW4","v":0},{"$f":"'CRO2_Crono Simplificado'!#REF!","v":{"$error":"#REF!"}},{"$f":"'CRO2_Crono Simplificado'!EWY4","v":0},{"$f":"'CRO2_Crono Simplificado'!#REF!","v":{"$error":"#REF!"}},{"$f":"'CRO2_Crono Simplificado'!EXA4","v":0},{"$f":"'CRO2_Crono Simplificado'!#REF!","v":{"$error":"#REF!"}},{"$f":"'CRO2_Crono Simplificado'!EXC4","v":0},{"$f":"'CRO2_Crono Simplificado'!#REF!","v":{"$error":"#REF!"}},{"$f":"'CRO2_Crono Simplificado'!EXE4","v":0},{"$f":"'CRO2_Crono Simplificado'!#REF!","v":{"$error":"#REF!"}},{"$f":"'CRO2_Crono Simplificado'!EXG4","v":0},{"$f":"'CRO2_Crono Simplificado'!#REF!","v":{"$error":"#REF!"}},{"$f":"'CRO2_Crono Simplificado'!EXI4","v":0},{"$f":"'CRO2_Crono Simplificado'!#REF!","v":{"$error":"#REF!"}},{"$f":"'CRO2_Crono Simplificado'!EXK4","v":0},{"$f":"'CRO2_Crono Simplificado'!#REF!","v":{"$error":"#REF!"}},{"$f":"'CRO2_Crono Simplificado'!EXM4","v":0},{"$f":"'CRO2_Crono Simplificado'!#REF!","v":{"$error":"#REF!"}},{"$f":"'CRO2_Crono Simplificado'!EXO4","v":0},{"$f":"'CRO2_Crono Simplificado'!#REF!","v":{"$error":"#REF!"}},{"$f":"'CRO2_Crono Simplificado'!EXQ4","v":0},{"$f":"'CRO2_Crono Simplificado'!#REF!","v":{"$error":"#REF!"}},{"$f":"'CRO2_Crono Simplificado'!EXS4","v":0},{"$f":"'CRO2_Crono Simplificado'!#REF!","v":{"$error":"#REF!"}},{"$f":"'CRO2_Crono Simplificado'!EXU4","v":0},{"$f":"'CRO2_Crono Simplificado'!#REF!","v":{"$error":"#REF!"}},{"$f":"'CRO2_Crono Simplificado'!EXW4","v":0},{"$f":"'CRO2_Crono Simplificado'!#REF!","v":{"$error":"#REF!"}},{"$f":"'CRO2_Crono Simplificado'!EXY4","v":0},{"$f":"'CRO2_Crono Simplificado'!#REF!","v":{"$error":"#REF!"}},{"$f":"'CRO2_Crono Simplificado'!EYA4","v":0},{"$f":"'CRO2_Crono Simplificado'!#REF!","v":{"$error":"#REF!"}},{"$f":"'CRO2_Crono Simplificado'!EYC4","v":0},{"$f":"'CRO2_Crono Simplificado'!#REF!","v":{"$error":"#REF!"}},{"$f":"'CRO2_Crono Simplificado'!EYE4","v":0},{"$f":"'CRO2_Crono Simplificado'!#REF!","v":{"$error":"#REF!"}},{"$f":"'CRO2_Crono Simplificado'!EYG4","v":0},{"$f":"'CRO2_Crono Simplificado'!#REF!","v":{"$error":"#REF!"}},{"$f":"'CRO2_Crono Simplificado'!EYI4","v":0},{"$f":"'CRO2_Crono Simplificado'!#REF!","v":{"$error":"#REF!"}},{"$f":"'CRO2_Crono Simplificado'!EYK4","v":0},{"$f":"'CRO2_Crono Simplificado'!#REF!","v":{"$error":"#REF!"}},{"$f":"'CRO2_Crono Simplificado'!EYM4","v":0},{"$f":"'CRO2_Crono Simplificado'!#REF!","v":{"$error":"#REF!"}},{"$f":"'CRO2_Crono Simplificado'!EYO4","v":0},{"$f":"'CRO2_Crono Simplificado'!#REF!","v":{"$error":"#REF!"}},{"$f":"'CRO2_Crono Simplificado'!EYQ4","v":0},{"$f":"'CRO2_Crono Simplificado'!#REF!","v":{"$error":"#REF!"}},{"$f":"'CRO2_Crono Simplificado'!EYS4","v":0},{"$f":"'CRO2_Crono Simplificado'!#REF!","v":{"$error":"#REF!"}},{"$f":"'CRO2_Crono Simplificado'!EYU4","v":0},{"$f":"'CRO2_Crono Simplificado'!#REF!","v":{"$error":"#REF!"}},{"$f":"'CRO2_Crono Simplificado'!EYW4","v":0},{"$f":"'CRO2_Crono Simplificado'!#REF!","v":{"$error":"#REF!"}},{"$f":"'CRO2_Crono Simplificado'!EYY4","v":0},{"$f":"'CRO2_Crono Simplificado'!#REF!","v":{"$error":"#REF!"}},{"$f":"'CRO2_Crono Simplificado'!EZA4","v":0},{"$f":"'CRO2_Crono Simplificado'!#REF!","v":{"$error":"#REF!"}},{"$f":"'CRO2_Crono Simplificado'!EZC4","v":0},{"$f":"'CRO2_Crono Simplificado'!#REF!","v":{"$error":"#REF!"}},{"$f":"'CRO2_Crono Simplificado'!EZE4","v":0},{"$f":"'CRO2_Crono Simplificado'!#REF!","v":{"$error":"#REF!"}},{"$f":"'CRO2_Crono Simplificado'!EZG4","v":0},{"$f":"'CRO2_Crono Simplificado'!#REF!","v":{"$error":"#REF!"}},{"$f":"'CRO2_Crono Simplificado'!EZI4","v":0},{"$f":"'CRO2_Crono Simplificado'!#REF!","v":{"$error":"#REF!"}},{"$f":"'CRO2_Crono Simplificado'!EZK4","v":0},{"$f":"'CRO2_Crono Simplificado'!#REF!","v":{"$error":"#REF!"}},{"$f":"'CRO2_Crono Simplificado'!EZM4","v":0},{"$f":"'CRO2_Crono Simplificado'!#REF!","v":{"$error":"#REF!"}},{"$f":"'CRO2_Crono Simplificado'!EZO4","v":0},{"$f":"'CRO2_Crono Simplificado'!#REF!","v":{"$error":"#REF!"}},{"$f":"'CRO2_Crono Simplificado'!EZQ4","v":0},{"$f":"'CRO2_Crono Simplificado'!#REF!","v":{"$error":"#REF!"}},{"$f":"'CRO2_Crono Simplificado'!EZS4","v":0},{"$f":"'CRO2_Crono Simplificado'!#REF!","v":{"$error":"#REF!"}},{"$f":"'CRO2_Crono Simplificado'!EZU4","v":0},{"$f":"'CRO2_Crono Simplificado'!#REF!","v":{"$error":"#REF!"}},{"$f":"'CRO2_Crono Simplificado'!EZW4","v":0},{"$f":"'CRO2_Crono Simplificado'!#REF!","v":{"$error":"#REF!"}},{"$f":"'CRO2_Crono Simplificado'!EZY4","v":0},{"$f":"'CRO2_Crono Simplificado'!#REF!","v":{"$error":"#REF!"}},{"$f":"'CRO2_Crono Simplificado'!FAA4","v":0},{"$f":"'CRO2_Crono Simplificado'!#REF!","v":{"$error":"#REF!"}},{"$f":"'CRO2_Crono Simplificado'!FAC4","v":0},{"$f":"'CRO2_Crono Simplificado'!#REF!","v":{"$error":"#REF!"}},{"$f":"'CRO2_Crono Simplificado'!FAE4","v":0},{"$f":"'CRO2_Crono Simplificado'!#REF!","v":{"$error":"#REF!"}},{"$f":"'CRO2_Crono Simplificado'!FAG4","v":0},{"$f":"'CRO2_Crono Simplificado'!#REF!","v":{"$error":"#REF!"}},{"$f":"'CRO2_Crono Simplificado'!FAI4","v":0},{"$f":"'CRO2_Crono Simplificado'!#REF!","v":{"$error":"#REF!"}},{"$f":"'CRO2_Crono Simplificado'!FAK4","v":0},{"$f":"'CRO2_Crono Simplificado'!#REF!","v":{"$error":"#REF!"}},{"$f":"'CRO2_Crono Simplificado'!FAM4","v":0},{"$f":"'CRO2_Crono Simplificado'!#REF!","v":{"$error":"#REF!"}},{"$f":"'CRO2_Crono Simplificado'!FAO4","v":0},{"$f":"'CRO2_Crono Simplificado'!#REF!","v":{"$error":"#REF!"}},{"$f":"'CRO2_Crono Simplificado'!FAQ4","v":0},{"$f":"'CRO2_Crono Simplificado'!#REF!","v":{"$error":"#REF!"}},{"$f":"'CRO2_Crono Simplificado'!FAS4","v":0},{"$f":"'CRO2_Crono Simplificado'!#REF!","v":{"$error":"#REF!"}},{"$f":"'CRO2_Crono Simplificado'!FAU4","v":0},{"$f":"'CRO2_Crono Simplificado'!#REF!","v":{"$error":"#REF!"}},{"$f":"'CRO2_Crono Simplificado'!FAW4","v":0},{"$f":"'CRO2_Crono Simplificado'!#REF!","v":{"$error":"#REF!"}},{"$f":"'CRO2_Crono Simplificado'!FAY4","v":0},{"$f":"'CRO2_Crono Simplificado'!#REF!","v":{"$error":"#REF!"}},{"$f":"'CRO2_Crono Simplificado'!FBA4","v":0},{"$f":"'CRO2_Crono Simplificado'!#REF!","v":{"$error":"#REF!"}},{"$f":"'CRO2_Crono Simplificado'!FBC4","v":0},{"$f":"'CRO2_Crono Simplificado'!#REF!","v":{"$error":"#REF!"}},{"$f":"'CRO2_Crono Simplificado'!FBE4","v":0},{"$f":"'CRO2_Crono Simplificado'!#REF!","v":{"$error":"#REF!"}},{"$f":"'CRO2_Crono Simplificado'!FBG4","v":0},{"$f":"'CRO2_Crono Simplificado'!#REF!","v":{"$error":"#REF!"}},{"$f":"'CRO2_Crono Simplificado'!FBI4","v":0},{"$f":"'CRO2_Crono Simplificado'!#REF!","v":{"$error":"#REF!"}},{"$f":"'CRO2_Crono Simplificado'!FBK4","v":0},{"$f":"'CRO2_Crono Simplificado'!#REF!","v":{"$error":"#REF!"}},{"$f":"'CRO2_Crono Simplificado'!FBM4","v":0},{"$f":"'CRO2_Crono Simplificado'!#REF!","v":{"$error":"#REF!"}},{"$f":"'CRO2_Crono Simplificado'!FBO4","v":0},{"$f":"'CRO2_Crono Simplificado'!#REF!","v":{"$error":"#REF!"}},{"$f":"'CRO2_Crono Simplificado'!FBQ4","v":0},{"$f":"'CRO2_Crono Simplificado'!#REF!","v":{"$error":"#REF!"}},{"$f":"'CRO2_Crono Simplificado'!FBS4","v":0},{"$f":"'CRO2_Crono Simplificado'!#REF!","v":{"$error":"#REF!"}},{"$f":"'CRO2_Crono Simplificado'!FBU4","v":0},{"$f":"'CRO2_Crono Simplificado'!#REF!","v":{"$error":"#REF!"}},{"$f":"'CRO2_Crono Simplificado'!FBW4","v":0},{"$f":"'CRO2_Crono Simplificado'!#REF!","v":{"$error":"#REF!"}},{"$f":"'CRO2_Crono Simplificado'!FBY4","v":0},{"$f":"'CRO2_Crono Simplificado'!#REF!","v":{"$error":"#REF!"}},{"$f":"'CRO2_Crono Simplificado'!FCA4","v":0},{"$f":"'CRO2_Crono Simplificado'!#REF!","v":{"$error":"#REF!"}},{"$f":"'CRO2_Crono Simplificado'!FCC4","v":0},{"$f":"'CRO2_Crono Simplificado'!#REF!","v":{"$error":"#REF!"}},{"$f":"'CRO2_Crono Simplificado'!FCE4","v":0},{"$f":"'CRO2_Crono Simplificado'!#REF!","v":{"$error":"#REF!"}},{"$f":"'CRO2_Crono Simplificado'!FCG4","v":0},{"$f":"'CRO2_Crono Simplificado'!#REF!","v":{"$error":"#REF!"}},{"$f":"'CRO2_Crono Simplificado'!FCI4","v":0},{"$f":"'CRO2_Crono Simplificado'!#REF!","v":{"$error":"#REF!"}},{"$f":"'CRO2_Crono Simplificado'!FCK4","v":0},{"$f":"'CRO2_Crono Simplificado'!#REF!","v":{"$error":"#REF!"}},{"$f":"'CRO2_Crono Simplificado'!FCM4","v":0},{"$f":"'CRO2_Crono Simplificado'!#REF!","v":{"$error":"#REF!"}},{"$f":"'CRO2_Crono Simplificado'!FCO4","v":0},{"$f":"'CRO2_Crono Simplificado'!#REF!","v":{"$error":"#REF!"}},{"$f":"'CRO2_Crono Simplificado'!FCQ4","v":0},{"$f":"'CRO2_Crono Simplificado'!#REF!","v":{"$error":"#REF!"}},{"$f":"'CRO2_Crono Simplificado'!FCS4","v":0},{"$f":"'CRO2_Crono Simplificado'!#REF!","v":{"$error":"#REF!"}},{"$f":"'CRO2_Crono Simplificado'!FCU4","v":0},{"$f":"'CRO2_Crono Simplificado'!#REF!","v":{"$error":"#REF!"}},{"$f":"'CRO2_Crono Simplificado'!FCW4","v":0},{"$f":"'CRO2_Crono Simplificado'!#REF!","v":{"$error":"#REF!"}},{"$f":"'CRO2_Crono Simplificado'!FCY4","v":0},{"$f":"'CRO2_Crono Simplificado'!#REF!","v":{"$error":"#REF!"}},{"$f":"'CRO2_Crono Simplificado'!FDA4","v":0},{"$f":"'CRO2_Crono Simplificado'!#REF!","v":{"$error":"#REF!"}},{"$f":"'CRO2_Crono Simplificado'!FDC4","v":0},{"$f":"'CRO2_Crono Simplificado'!#REF!","v":{"$error":"#REF!"}},{"$f":"'CRO2_Crono Simplificado'!FDE4","v":0},{"$f":"'CRO2_Crono Simplificado'!#REF!","v":{"$error":"#REF!"}},{"$f":"'CRO2_Crono Simplificado'!FDG4","v":0},{"$f":"'CRO2_Crono Simplificado'!#REF!","v":{"$error":"#REF!"}},{"$f":"'CRO2_Crono Simplificado'!FDI4","v":0},{"$f":"'CRO2_Crono Simplificado'!#REF!","v":{"$error":"#REF!"}},{"$f":"'CRO2_Crono Simplificado'!FDK4","v":0},{"$f":"'CRO2_Crono Simplificado'!#REF!","v":{"$error":"#REF!"}},{"$f":"'CRO2_Crono Simplificado'!FDM4","v":0},{"$f":"'CRO2_Crono Simplificado'!#REF!","v":{"$error":"#REF!"}},{"$f":"'CRO2_Crono Simplificado'!FDO4","v":0},{"$f":"'CRO2_Crono Simplificado'!#REF!","v":{"$error":"#REF!"}},{"$f":"'CRO2_Crono Simplificado'!FDQ4","v":0},{"$f":"'CRO2_Crono Simplificado'!#REF!","v":{"$error":"#REF!"}},{"$f":"'CRO2_Crono Simplificado'!FDS4","v":0},{"$f":"'CRO2_Crono Simplificado'!#REF!","v":{"$error":"#REF!"}},{"$f":"'CRO2_Crono Simplificado'!FDU4","v":0},{"$f":"'CRO2_Crono Simplificado'!#REF!","v":{"$error":"#REF!"}},{"$f":"'CRO2_Crono Simplificado'!FDW4","v":0},{"$f":"'CRO2_Crono Simplificado'!#REF!","v":{"$error":"#REF!"}},{"$f":"'CRO2_Crono Simplificado'!FDY4","v":0},{"$f":"'CRO2_Crono Simplificado'!#REF!","v":{"$error":"#REF!"}},{"$f":"'CRO2_Crono Simplificado'!FEA4","v":0},{"$f":"'CRO2_Crono Simplificado'!#REF!","v":{"$error":"#REF!"}},{"$f":"'CRO2_Crono Simplificado'!FEC4","v":0},{"$f":"'CRO2_Crono Simplificado'!#REF!","v":{"$error":"#REF!"}},{"$f":"'CRO2_Crono Simplificado'!FEE4","v":0},{"$f":"'CRO2_Crono Simplificado'!#REF!","v":{"$error":"#REF!"}},{"$f":"'CRO2_Crono Simplificado'!FEG4","v":0},{"$f":"'CRO2_Crono Simplificado'!#REF!","v":{"$error":"#REF!"}},{"$f":"'CRO2_Crono Simplificado'!FEI4","v":0},{"$f":"'CRO2_Crono Simplificado'!#REF!","v":{"$error":"#REF!"}},{"$f":"'CRO2_Crono Simplificado'!FEK4","v":0},{"$f":"'CRO2_Crono Simplificado'!#REF!","v":{"$error":"#REF!"}},{"$f":"'CRO2_Crono Simplificado'!FEM4","v":0},{"$f":"'CRO2_Crono Simplificado'!#REF!","v":{"$error":"#REF!"}},{"$f":"'CRO2_Crono Simplificado'!FEO4","v":0},{"$f":"'CRO2_Crono Simplificado'!#REF!","v":{"$error":"#REF!"}},{"$f":"'CRO2_Crono Simplificado'!FEQ4","v":0},{"$f":"'CRO2_Crono Simplificado'!#REF!","v":{"$error":"#REF!"}},{"$f":"'CRO2_Crono Simplificado'!FES4","v":0},{"$f":"'CRO2_Crono Simplificado'!#REF!","v":{"$error":"#REF!"}},{"$f":"'CRO2_Crono Simplificado'!FEU4","v":0},{"$f":"'CRO2_Crono Simplificado'!#REF!","v":{"$error":"#REF!"}},{"$f":"'CRO2_Crono Simplificado'!FEW4","v":0},{"$f":"'CRO2_Crono Simplificado'!#REF!","v":{"$error":"#REF!"}},{"$f":"'CRO2_Crono Simplificado'!FEY4","v":0},{"$f":"'CRO2_Crono Simplificado'!#REF!","v":{"$error":"#REF!"}},{"$f":"'CRO2_Crono Simplificado'!FFA4","v":0},{"$f":"'CRO2_Crono Simplificado'!#REF!","v":{"$error":"#REF!"}},{"$f":"'CRO2_Crono Simplificado'!FFC4","v":0},{"$f":"'CRO2_Crono Simplificado'!#REF!","v":{"$error":"#REF!"}},{"$f":"'CRO2_Crono Simplificado'!FFE4","v":0},{"$f":"'CRO2_Crono Simplificado'!#REF!","v":{"$error":"#REF!"}},{"$f":"'CRO2_Crono Simplificado'!FFG4","v":0},{"$f":"'CRO2_Crono Simplificado'!#REF!","v":{"$error":"#REF!"}},{"$f":"'CRO2_Crono Simplificado'!FFI4","v":0},{"$f":"'CRO2_Crono Simplificado'!#REF!","v":{"$error":"#REF!"}},{"$f":"'CRO2_Crono Simplificado'!FFK4","v":0},{"$f":"'CRO2_Crono Simplificado'!#REF!","v":{"$error":"#REF!"}},{"$f":"'CRO2_Crono Simplificado'!FFM4","v":0},{"$f":"'CRO2_Crono Simplificado'!#REF!","v":{"$error":"#REF!"}},{"$f":"'CRO2_Crono Simplificado'!FFO4","v":0},{"$f":"'CRO2_Crono Simplificado'!#REF!","v":{"$error":"#REF!"}},{"$f":"'CRO2_Crono Simplificado'!FFQ4","v":0},{"$f":"'CRO2_Crono Simplificado'!#REF!","v":{"$error":"#REF!"}},{"$f":"'CRO2_Crono Simplificado'!FFS4","v":0},{"$f":"'CRO2_Crono Simplificado'!#REF!","v":{"$error":"#REF!"}},{"$f":"'CRO2_Crono Simplificado'!FFU4","v":0},{"$f":"'CRO2_Crono Simplificado'!#REF!","v":{"$error":"#REF!"}},{"$f":"'CRO2_Crono Simplificado'!FFW4","v":0},{"$f":"'CRO2_Crono Simplificado'!#REF!","v":{"$error":"#REF!"}},{"$f":"'CRO2_Crono Simplificado'!FFY4","v":0},{"$f":"'CRO2_Crono Simplificado'!#REF!","v":{"$error":"#REF!"}},{"$f":"'CRO2_Crono Simplificado'!FGA4","v":0},{"$f":"'CRO2_Crono Simplificado'!#REF!","v":{"$error":"#REF!"}},{"$f":"'CRO2_Crono Simplificado'!FGC4","v":0},{"$f":"'CRO2_Crono Simplificado'!#REF!","v":{"$error":"#REF!"}},{"$f":"'CRO2_Crono Simplificado'!FGE4","v":0},{"$f":"'CRO2_Crono Simplificado'!#REF!","v":{"$error":"#REF!"}},{"$f":"'CRO2_Crono Simplificado'!FGG4","v":0},{"$f":"'CRO2_Crono Simplificado'!#REF!","v":{"$error":"#REF!"}},{"$f":"'CRO2_Crono Simplificado'!FGI4","v":0},{"$f":"'CRO2_Crono Simplificado'!#REF!","v":{"$error":"#REF!"}},{"$f":"'CRO2_Crono Simplificado'!FGK4","v":0},{"$f":"'CRO2_Crono Simplificado'!#REF!","v":{"$error":"#REF!"}},{"$f":"'CRO2_Crono Simplificado'!FGM4","v":0},{"$f":"'CRO2_Crono Simplificado'!#REF!","v":{"$error":"#REF!"}},{"$f":"'CRO2_Crono Simplificado'!FGO4","v":0},{"$f":"'CRO2_Crono Simplificado'!#REF!","v":{"$error":"#REF!"}},{"$f":"'CRO2_Crono Simplificado'!FGQ4","v":0},{"$f":"'CRO2_Crono Simplificado'!#REF!","v":{"$error":"#REF!"}},{"$f":"'CRO2_Crono Simplificado'!FGS4","v":0},{"$f":"'CRO2_Crono Simplificado'!#REF!","v":{"$error":"#REF!"}},{"$f":"'CRO2_Crono Simplificado'!FGU4","v":0},{"$f":"'CRO2_Crono Simplificado'!#REF!","v":{"$error":"#REF!"}},{"$f":"'CRO2_Crono Simplificado'!FGW4","v":0},{"$f":"'CRO2_Crono Simplificado'!#REF!","v":{"$error":"#REF!"}},{"$f":"'CRO2_Crono Simplificado'!FGY4","v":0},{"$f":"'CRO2_Crono Simplificado'!#REF!","v":{"$error":"#REF!"}},{"$f":"'CRO2_Crono Simplificado'!FHA4","v":0},{"$f":"'CRO2_Crono Simplificado'!#REF!","v":{"$error":"#REF!"}},{"$f":"'CRO2_Crono Simplificado'!FHC4","v":0},{"$f":"'CRO2_Crono Simplificado'!#REF!","v":{"$error":"#REF!"}},{"$f":"'CRO2_Crono Simplificado'!FHE4","v":0},{"$f":"'CRO2_Crono Simplificado'!#REF!","v":{"$error":"#REF!"}},{"$f":"'CRO2_Crono Simplificado'!FHG4","v":0},{"$f":"'CRO2_Crono Simplificado'!#REF!","v":{"$error":"#REF!"}},{"$f":"'CRO2_Crono Simplificado'!FHI4","v":0},{"$f":"'CRO2_Crono Simplificado'!#REF!","v":{"$error":"#REF!"}},{"$f":"'CRO2_Crono Simplificado'!FHK4","v":0},{"$f":"'CRO2_Crono Simplificado'!#REF!","v":{"$error":"#REF!"}},{"$f":"'CRO2_Crono Simplificado'!FHM4","v":0},{"$f":"'CRO2_Crono Simplificado'!#REF!","v":{"$error":"#REF!"}},{"$f":"'CRO2_Crono Simplificado'!FHO4","v":0},{"$f":"'CRO2_Crono Simplificado'!#REF!","v":{"$error":"#REF!"}},{"$f":"'CRO2_Crono Simplificado'!FHQ4","v":0},{"$f":"'CRO2_Crono Simplificado'!#REF!","v":{"$error":"#REF!"}},{"$f":"'CRO2_Crono Simplificado'!FHS4","v":0},{"$f":"'CRO2_Crono Simplificado'!#REF!","v":{"$error":"#REF!"}},{"$f":"'CRO2_Crono Simplificado'!FHU4","v":0},{"$f":"'CRO2_Crono Simplificado'!#REF!","v":{"$error":"#REF!"}},{"$f":"'CRO2_Crono Simplificado'!FHW4","v":0},{"$f":"'CRO2_Crono Simplificado'!#REF!","v":{"$error":"#REF!"}},{"$f":"'CRO2_Crono Simplificado'!FHY4","v":0},{"$f":"'CRO2_Crono Simplificado'!#REF!","v":{"$error":"#REF!"}},{"$f":"'CRO2_Crono Simplificado'!FIA4","v":0},{"$f":"'CRO2_Crono Simplificado'!#REF!","v":{"$error":"#REF!"}},{"$f":"'CRO2_Crono Simplificado'!FIC4","v":0},{"$f":"'CRO2_Crono Simplificado'!#REF!","v":{"$error":"#REF!"}},{"$f":"'CRO2_Crono Simplificado'!FIE4","v":0},{"$f":"'CRO2_Crono Simplificado'!#REF!","v":{"$error":"#REF!"}},{"$f":"'CRO2_Crono Simplificado'!FIG4","v":0},{"$f":"'CRO2_Crono Simplificado'!#REF!","v":{"$error":"#REF!"}},{"$f":"'CRO2_Crono Simplificado'!FII4","v":0},{"$f":"'CRO2_Crono Simplificado'!#REF!","v":{"$error":"#REF!"}},{"$f":"'CRO2_Crono Simplificado'!FIK4","v":0},{"$f":"'CRO2_Crono Simplificado'!#REF!","v":{"$error":"#REF!"}},{"$f":"'CRO2_Crono Simplificado'!FIM4","v":0},{"$f":"'CRO2_Crono Simplificado'!#REF!","v":{"$error":"#REF!"}},{"$f":"'CRO2_Crono Simplificado'!FIO4","v":0},{"$f":"'CRO2_Crono Simplificado'!#REF!","v":{"$error":"#REF!"}},{"$f":"'CRO2_Crono Simplificado'!FIQ4","v":0},{"$f":"'CRO2_Crono Simplificado'!#REF!","v":{"$error":"#REF!"}},{"$f":"'CRO2_Crono Simplificado'!FIS4","v":0},{"$f":"'CRO2_Crono Simplificado'!#REF!","v":{"$error":"#REF!"}},{"$f":"'CRO2_Crono Simplificado'!FIU4","v":0},{"$f":"'CRO2_Crono Simplificado'!#REF!","v":{"$error":"#REF!"}},{"$f":"'CRO2_Crono Simplificado'!FIW4","v":0},{"$f":"'CRO2_Crono Simplificado'!#REF!","v":{"$error":"#REF!"}},{"$f":"'CRO2_Crono Simplificado'!FIY4","v":0},{"$f":"'CRO2_Crono Simplificado'!#REF!","v":{"$error":"#REF!"}},{"$f":"'CRO2_Crono Simplificado'!FJA4","v":0},{"$f":"'CRO2_Crono Simplificado'!#REF!","v":{"$error":"#REF!"}},{"$f":"'CRO2_Crono Simplificado'!FJC4","v":0},{"$f":"'CRO2_Crono Simplificado'!#REF!","v":{"$error":"#REF!"}},{"$f":"'CRO2_Crono Simplificado'!FJE4","v":0},{"$f":"'CRO2_Crono Simplificado'!#REF!","v":{"$error":"#REF!"}},{"$f":"'CRO2_Crono Simplificado'!FJG4","v":0},{"$f":"'CRO2_Crono Simplificado'!#REF!","v":{"$error":"#REF!"}},{"$f":"'CRO2_Crono Simplificado'!FJI4","v":0},{"$f":"'CRO2_Crono Simplificado'!#REF!","v":{"$error":"#REF!"}},{"$f":"'CRO2_Crono Simplificado'!FJK4","v":0},{"$f":"'CRO2_Crono Simplificado'!#REF!","v":{"$error":"#REF!"}},{"$f":"'CRO2_Crono Simplificado'!FJM4","v":0},{"$f":"'CRO2_Crono Simplificado'!#REF!","v":{"$error":"#REF!"}},{"$f":"'CRO2_Crono Simplificado'!FJO4","v":0},{"$f":"'CRO2_Crono Simplificado'!#REF!","v":{"$error":"#REF!"}},{"$f":"'CRO2_Crono Simplificado'!FJQ4","v":0},{"$f":"'CRO2_Crono Simplificado'!#REF!","v":{"$error":"#REF!"}},{"$f":"'CRO2_Crono Simplificado'!FJS4","v":0},{"$f":"'CRO2_Crono Simplificado'!#REF!","v":{"$error":"#REF!"}},{"$f":"'CRO2_Crono Simplificado'!FJU4","v":0},{"$f":"'CRO2_Crono Simplificado'!#REF!","v":{"$error":"#REF!"}},{"$f":"'CRO2_Crono Simplificado'!FJW4","v":0},{"$f":"'CRO2_Crono Simplificado'!#REF!","v":{"$error":"#REF!"}},{"$f":"'CRO2_Crono Simplificado'!FJY4","v":0},{"$f":"'CRO2_Crono Simplificado'!#REF!","v":{"$error":"#REF!"}},{"$f":"'CRO2_Crono Simplificado'!FKA4","v":0},{"$f":"'CRO2_Crono Simplificado'!#REF!","v":{"$error":"#REF!"}},{"$f":"'CRO2_Crono Simplificado'!FKC4","v":0},{"$f":"'CRO2_Crono Simplificado'!#REF!","v":{"$error":"#REF!"}},{"$f":"'CRO2_Crono Simplificado'!FKE4","v":0},{"$f":"'CRO2_Crono Simplificado'!#REF!","v":{"$error":"#REF!"}},{"$f":"'CRO2_Crono Simplificado'!FKG4","v":0},{"$f":"'CRO2_Crono Simplificado'!#REF!","v":{"$error":"#REF!"}},{"$f":"'CRO2_Crono Simplificado'!FKI4","v":0},{"$f":"'CRO2_Crono Simplificado'!#REF!","v":{"$error":"#REF!"}},{"$f":"'CRO2_Crono Simplificado'!FKK4","v":0},{"$f":"'CRO2_Crono Simplificado'!#REF!","v":{"$error":"#REF!"}},{"$f":"'CRO2_Crono Simplificado'!FKM4","v":0},{"$f":"'CRO2_Crono Simplificado'!#REF!","v":{"$error":"#REF!"}},{"$f":"'CRO2_Crono Simplificado'!FKO4","v":0},{"$f":"'CRO2_Crono Simplificado'!#REF!","v":{"$error":"#REF!"}},{"$f":"'CRO2_Crono Simplificado'!FKQ4","v":0},{"$f":"'CRO2_Crono Simplificado'!#REF!","v":{"$error":"#REF!"}},{"$f":"'CRO2_Crono Simplificado'!FKS4","v":0},{"$f":"'CRO2_Crono Simplificado'!#REF!","v":{"$error":"#REF!"}},{"$f":"'CRO2_Crono Simplificado'!FKU4","v":0},{"$f":"'CRO2_Crono Simplificado'!#REF!","v":{"$error":"#REF!"}},{"$f":"'CRO2_Crono Simplificado'!FKW4","v":0},{"$f":"'CRO2_Crono Simplificado'!#REF!","v":{"$error":"#REF!"}},{"$f":"'CRO2_Crono Simplificado'!FKY4","v":0},{"$f":"'CRO2_Crono Simplificado'!#REF!","v":{"$error":"#REF!"}},{"$f":"'CRO2_Crono Simplificado'!FLA4","v":0},{"$f":"'CRO2_Crono Simplificado'!#REF!","v":{"$error":"#REF!"}},{"$f":"'CRO2_Crono Simplificado'!FLC4","v":0},{"$f":"'CRO2_Crono Simplificado'!#REF!","v":{"$error":"#REF!"}},{"$f":"'CRO2_Crono Simplificado'!FLE4","v":0},{"$f":"'CRO2_Crono Simplificado'!#REF!","v":{"$error":"#REF!"}},{"$f":"'CRO2_Crono Simplificado'!FLG4","v":0},{"$f":"'CRO2_Crono Simplificado'!#REF!","v":{"$error":"#REF!"}},{"$f":"'CRO2_Crono Simplificado'!FLI4","v":0},{"$f":"'CRO2_Crono Simplificado'!#REF!","v":{"$error":"#REF!"}},{"$f":"'CRO2_Crono Simplificado'!FLK4","v":0},{"$f":"'CRO2_Crono Simplificado'!#REF!","v":{"$error":"#REF!"}},{"$f":"'CRO2_Crono Simplificado'!FLM4","v":0},{"$f":"'CRO2_Crono Simplificado'!#REF!","v":{"$error":"#REF!"}},{"$f":"'CRO2_Crono Simplificado'!FLO4","v":0},{"$f":"'CRO2_Crono Simplificado'!#REF!","v":{"$error":"#REF!"}},{"$f":"'CRO2_Crono Simplificado'!FLQ4","v":0},{"$f":"'CRO2_Crono Simplificado'!#REF!","v":{"$error":"#REF!"}},{"$f":"'CRO2_Crono Simplificado'!FLS4","v":0},{"$f":"'CRO2_Crono Simplificado'!#REF!","v":{"$error":"#REF!"}},{"$f":"'CRO2_Crono Simplificado'!FLU4","v":0},{"$f":"'CRO2_Crono Simplificado'!#REF!","v":{"$error":"#REF!"}},{"$f":"'CRO2_Crono Simplificado'!FLW4","v":0},{"$f":"'CRO2_Crono Simplificado'!#REF!","v":{"$error":"#REF!"}},{"$f":"'CRO2_Crono Simplificado'!FLY4","v":0},{"$f":"'CRO2_Crono Simplificado'!#REF!","v":{"$error":"#REF!"}},{"$f":"'CRO2_Crono Simplificado'!FMA4","v":0},{"$f":"'CRO2_Crono Simplificado'!#REF!","v":{"$error":"#REF!"}},{"$f":"'CRO2_Crono Simplificado'!FMC4","v":0},{"$f":"'CRO2_Crono Simplificado'!#REF!","v":{"$error":"#REF!"}},{"$f":"'CRO2_Crono Simplificado'!FME4","v":0},{"$f":"'CRO2_Crono Simplificado'!#REF!","v":{"$error":"#REF!"}},{"$f":"'CRO2_Crono Simplificado'!FMG4","v":0},{"$f":"'CRO2_Crono Simplificado'!#REF!","v":{"$error":"#REF!"}},{"$f":"'CRO2_Crono Simplificado'!FMI4","v":0},{"$f":"'CRO2_Crono Simplificado'!#REF!","v":{"$error":"#REF!"}},{"$f":"'CRO2_Crono Simplificado'!FMK4","v":0},{"$f":"'CRO2_Crono Simplificado'!#REF!","v":{"$error":"#REF!"}},{"$f":"'CRO2_Crono Simplificado'!FMM4","v":0},{"$f":"'CRO2_Crono Simplificado'!#REF!","v":{"$error":"#REF!"}},{"$f":"'CRO2_Crono Simplificado'!FMO4","v":0},{"$f":"'CRO2_Crono Simplificado'!#REF!","v":{"$error":"#REF!"}},{"$f":"'CRO2_Crono Simplificado'!FMQ4","v":0},{"$f":"'CRO2_Crono Simplificado'!#REF!","v":{"$error":"#REF!"}},{"$f":"'CRO2_Crono Simplificado'!FMS4","v":0},{"$f":"'CRO2_Crono Simplificado'!#REF!","v":{"$error":"#REF!"}},{"$f":"'CRO2_Crono Simplificado'!FMU4","v":0},{"$f":"'CRO2_Crono Simplificado'!#REF!","v":{"$error":"#REF!"}},{"$f":"'CRO2_Crono Simplificado'!FMW4","v":0},{"$f":"'CRO2_Crono Simplificado'!#REF!","v":{"$error":"#REF!"}},{"$f":"'CRO2_Crono Simplificado'!FMY4","v":0},{"$f":"'CRO2_Crono Simplificado'!#REF!","v":{"$error":"#REF!"}},{"$f":"'CRO2_Crono Simplificado'!FNA4","v":0},{"$f":"'CRO2_Crono Simplificado'!#REF!","v":{"$error":"#REF!"}},{"$f":"'CRO2_Crono Simplificado'!FNC4","v":0},{"$f":"'CRO2_Crono Simplificado'!#REF!","v":{"$error":"#REF!"}},{"$f":"'CRO2_Crono Simplificado'!FNE4","v":0},{"$f":"'CRO2_Crono Simplificado'!#REF!","v":{"$error":"#REF!"}},{"$f":"'CRO2_Crono Simplificado'!FNG4","v":0},{"$f":"'CRO2_Crono Simplificado'!#REF!","v":{"$error":"#REF!"}},{"$f":"'CRO2_Crono Simplificado'!FNI4","v":0},{"$f":"'CRO2_Crono Simplificado'!#REF!","v":{"$error":"#REF!"}},{"$f":"'CRO2_Crono Simplificado'!FNK4","v":0},{"$f":"'CRO2_Crono Simplificado'!#REF!","v":{"$error":"#REF!"}},{"$f":"'CRO2_Crono Simplificado'!FNM4","v":0},{"$f":"'CRO2_Crono Simplificado'!#REF!","v":{"$error":"#REF!"}},{"$f":"'CRO2_Crono Simplificado'!FNO4","v":0},{"$f":"'CRO2_Crono Simplificado'!#REF!","v":{"$error":"#REF!"}},{"$f":"'CRO2_Crono Simplificado'!FNQ4","v":0},{"$f":"'CRO2_Crono Simplificado'!#REF!","v":{"$error":"#REF!"}},{"$f":"'CRO2_Crono Simplificado'!FNS4","v":0},{"$f":"'CRO2_Crono Simplificado'!#REF!","v":{"$error":"#REF!"}},{"$f":"'CRO2_Crono Simplificado'!FNU4","v":0},{"$f":"'CRO2_Crono Simplificado'!#REF!","v":{"$error":"#REF!"}},{"$f":"'CRO2_Crono Simplificado'!FNW4","v":0},{"$f":"'CRO2_Crono Simplificado'!#REF!","v":{"$error":"#REF!"}},{"$f":"'CRO2_Crono Simplificado'!FNY4","v":0},{"$f":"'CRO2_Crono Simplificado'!#REF!","v":{"$error":"#REF!"}},{"$f":"'CRO2_Crono Simplificado'!FOA4","v":0},{"$f":"'CRO2_Crono Simplificado'!#REF!","v":{"$error":"#REF!"}},{"$f":"'CRO2_Crono Simplificado'!FOC4","v":0},{"$f":"'CRO2_Crono Simplificado'!#REF!","v":{"$error":"#REF!"}},{"$f":"'CRO2_Crono Simplificado'!FOE4","v":0},{"$f":"'CRO2_Crono Simplificado'!#REF!","v":{"$error":"#REF!"}},{"$f":"'CRO2_Crono Simplificado'!FOG4","v":0},{"$f":"'CRO2_Crono Simplificado'!#REF!","v":{"$error":"#REF!"}},{"$f":"'CRO2_Crono Simplificado'!FOI4","v":0},{"$f":"'CRO2_Crono Simplificado'!#REF!","v":{"$error":"#REF!"}},{"$f":"'CRO2_Crono Simplificado'!FOK4","v":0},{"$f":"'CRO2_Crono Simplificado'!#REF!","v":{"$error":"#REF!"}},{"$f":"'CRO2_Crono Simplificado'!FOM4","v":0},{"$f":"'CRO2_Crono Simplificado'!#REF!","v":{"$error":"#REF!"}},{"$f":"'CRO2_Crono Simplificado'!FOO4","v":0},{"$f":"'CRO2_Crono Simplificado'!#REF!","v":{"$error":"#REF!"}},{"$f":"'CRO2_Crono Simplificado'!FOQ4","v":0},{"$f":"'CRO2_Crono Simplificado'!#REF!","v":{"$error":"#REF!"}},{"$f":"'CRO2_Crono Simplificado'!FOS4","v":0},{"$f":"'CRO2_Crono Simplificado'!#REF!","v":{"$error":"#REF!"}},{"$f":"'CRO2_Crono Simplificado'!FOU4","v":0},{"$f":"'CRO2_Crono Simplificado'!#REF!","v":{"$error":"#REF!"}},{"$f":"'CRO2_Crono Simplificado'!FOW4","v":0},{"$f":"'CRO2_Crono Simplificado'!#REF!","v":{"$error":"#REF!"}},{"$f":"'CRO2_Crono Simplificado'!FOY4","v":0},{"$f":"'CRO2_Crono Simplificado'!#REF!","v":{"$error":"#REF!"}},{"$f":"'CRO2_Crono Simplificado'!FPA4","v":0},{"$f":"'CRO2_Crono Simplificado'!#REF!","v":{"$error":"#REF!"}},{"$f":"'CRO2_Crono Simplificado'!FPC4","v":0},{"$f":"'CRO2_Crono Simplificado'!#REF!","v":{"$error":"#REF!"}},{"$f":"'CRO2_Crono Simplificado'!FPE4","v":0},{"$f":"'CRO2_Crono Simplificado'!#REF!","v":{"$error":"#REF!"}},{"$f":"'CRO2_Crono Simplificado'!FPG4","v":0},{"$f":"'CRO2_Crono Simplificado'!#REF!","v":{"$error":"#REF!"}},{"$f":"'CRO2_Crono Simplificado'!FPI4","v":0},{"$f":"'CRO2_Crono Simplificado'!#REF!","v":{"$error":"#REF!"}},{"$f":"'CRO2_Crono Simplificado'!FPK4","v":0},{"$f":"'CRO2_Crono Simplificado'!#REF!","v":{"$error":"#REF!"}},{"$f":"'CRO2_Crono Simplificado'!FPM4","v":0},{"$f":"'CRO2_Crono Simplificado'!#REF!","v":{"$error":"#REF!"}},{"$f":"'CRO2_Crono Simplificado'!FPO4","v":0},{"$f":"'CRO2_Crono Simplificado'!#REF!","v":{"$error":"#REF!"}},{"$f":"'CRO2_Crono Simplificado'!FPQ4","v":0},{"$f":"'CRO2_Crono Simplificado'!#REF!","v":{"$error":"#REF!"}},{"$f":"'CRO2_Crono Simplificado'!FPS4","v":0},{"$f":"'CRO2_Crono Simplificado'!#REF!","v":{"$error":"#REF!"}},{"$f":"'CRO2_Crono Simplificado'!FPU4","v":0},{"$f":"'CRO2_Crono Simplificado'!#REF!","v":{"$error":"#REF!"}},{"$f":"'CRO2_Crono Simplificado'!FPW4","v":0},{"$f":"'CRO2_Crono Simplificado'!#REF!","v":{"$error":"#REF!"}},{"$f":"'CRO2_Crono Simplificado'!FPY4","v":0},{"$f":"'CRO2_Crono Simplificado'!#REF!","v":{"$error":"#REF!"}},{"$f":"'CRO2_Crono Simplificado'!FQA4","v":0},{"$f":"'CRO2_Crono Simplificado'!#REF!","v":{"$error":"#REF!"}},{"$f":"'CRO2_Crono Simplificado'!FQC4","v":0},{"$f":"'CRO2_Crono Simplificado'!#REF!","v":{"$error":"#REF!"}},{"$f":"'CRO2_Crono Simplificado'!FQE4","v":0},{"$f":"'CRO2_Crono Simplificado'!#REF!","v":{"$error":"#REF!"}},{"$f":"'CRO2_Crono Simplificado'!FQG4","v":0},{"$f":"'CRO2_Crono Simplificado'!#REF!","v":{"$error":"#REF!"}},{"$f":"'CRO2_Crono Simplificado'!FQI4","v":0},{"$f":"'CRO2_Crono Simplificado'!#REF!","v":{"$error":"#REF!"}},{"$f":"'CRO2_Crono Simplificado'!FQK4","v":0},{"$f":"'CRO2_Crono Simplificado'!#REF!","v":{"$error":"#REF!"}},{"$f":"'CRO2_Crono Simplificado'!FQM4","v":0},{"$f":"'CRO2_Crono Simplificado'!#REF!","v":{"$error":"#REF!"}},{"$f":"'CRO2_Crono Simplificado'!FQO4","v":0},{"$f":"'CRO2_Crono Simplificado'!#REF!","v":{"$error":"#REF!"}},{"$f":"'CRO2_Crono Simplificado'!FQQ4","v":0},{"$f":"'CRO2_Crono Simplificado'!#REF!","v":{"$error":"#REF!"}},{"$f":"'CRO2_Crono Simplificado'!FQS4","v":0},{"$f":"'CRO2_Crono Simplificado'!#REF!","v":{"$error":"#REF!"}},{"$f":"'CRO2_Crono Simplificado'!FQU4","v":0},{"$f":"'CRO2_Crono Simplificado'!#REF!","v":{"$error":"#REF!"}},{"$f":"'CRO2_Crono Simplificado'!FQW4","v":0},{"$f":"'CRO2_Crono Simplificado'!#REF!","v":{"$error":"#REF!"}},{"$f":"'CRO2_Crono Simplificado'!FQY4","v":0},{"$f":"'CRO2_Crono Simplificado'!#REF!","v":{"$error":"#REF!"}},{"$f":"'CRO2_Crono Simplificado'!FRA4","v":0},{"$f":"'CRO2_Crono Simplificado'!#REF!","v":{"$error":"#REF!"}},{"$f":"'CRO2_Crono Simplificado'!FRC4","v":0},{"$f":"'CRO2_Crono Simplificado'!#REF!","v":{"$error":"#REF!"}},{"$f":"'CRO2_Crono Simplificado'!FRE4","v":0},{"$f":"'CRO2_Crono Simplificado'!#REF!","v":{"$error":"#REF!"}},{"$f":"'CRO2_Crono Simplificado'!FRG4","v":0},{"$f":"'CRO2_Crono Simplificado'!#REF!","v":{"$error":"#REF!"}},{"$f":"'CRO2_Crono Simplificado'!FRI4","v":0},{"$f":"'CRO2_Crono Simplificado'!#REF!","v":{"$error":"#REF!"}},{"$f":"'CRO2_Crono Simplificado'!FRK4","v":0},{"$f":"'CRO2_Crono Simplificado'!#REF!","v":{"$error":"#REF!"}},{"$f":"'CRO2_Crono Simplificado'!FRM4","v":0},{"$f":"'CRO2_Crono Simplificado'!#REF!","v":{"$error":"#REF!"}},{"$f":"'CRO2_Crono Simplificado'!FRO4","v":0},{"$f":"'CRO2_Crono Simplificado'!#REF!","v":{"$error":"#REF!"}},{"$f":"'CRO2_Crono Simplificado'!FRQ4","v":0},{"$f":"'CRO2_Crono Simplificado'!#REF!","v":{"$error":"#REF!"}},{"$f":"'CRO2_Crono Simplificado'!FRS4","v":0},{"$f":"'CRO2_Crono Simplificado'!#REF!","v":{"$error":"#REF!"}},{"$f":"'CRO2_Crono Simplificado'!FRU4","v":0},{"$f":"'CRO2_Crono Simplificado'!#REF!","v":{"$error":"#REF!"}},{"$f":"'CRO2_Crono Simplificado'!FRW4","v":0},{"$f":"'CRO2_Crono Simplificado'!#REF!","v":{"$error":"#REF!"}},{"$f":"'CRO2_Crono Simplificado'!FRY4","v":0},{"$f":"'CRO2_Crono Simplificado'!#REF!","v":{"$error":"#REF!"}},{"$f":"'CRO2_Crono Simplificado'!FSA4","v":0},{"$f":"'CRO2_Crono Simplificado'!#REF!","v":{"$error":"#REF!"}},{"$f":"'CRO2_Crono Simplificado'!FSC4","v":0},{"$f":"'CRO2_Crono Simplificado'!#REF!","v":{"$error":"#REF!"}},{"$f":"'CRO2_Crono Simplificado'!FSE4","v":0},{"$f":"'CRO2_Crono Simplificado'!#REF!","v":{"$error":"#REF!"}},{"$f":"'CRO2_Crono Simplificado'!FSG4","v":0},{"$f":"'CRO2_Crono Simplificado'!#REF!","v":{"$error":"#REF!"}},{"$f":"'CRO2_Crono Simplificado'!FSI4","v":0},{"$f":"'CRO2_Crono Simplificado'!#REF!","v":{"$error":"#REF!"}},{"$f":"'CRO2_Crono Simplificado'!FSK4","v":0},{"$f":"'CRO2_Crono Simplificado'!#REF!","v":{"$error":"#REF!"}},{"$f":"'CRO2_Crono Simplificado'!FSM4","v":0},{"$f":"'CRO2_Crono Simplificado'!#REF!","v":{"$error":"#REF!"}},{"$f":"'CRO2_Crono Simplificado'!FSO4","v":0},{"$f":"'CRO2_Crono Simplificado'!#REF!","v":{"$error":"#REF!"}},{"$f":"'CRO2_Crono Simplificado'!FSQ4","v":0},{"$f":"'CRO2_Crono Simplificado'!#REF!","v":{"$error":"#REF!"}},{"$f":"'CRO2_Crono Simplificado'!FSS4","v":0},{"$f":"'CRO2_Crono Simplificado'!#REF!","v":{"$error":"#REF!"}},{"$f":"'CRO2_Crono Simplificado'!FSU4","v":0},{"$f":"'CRO2_Crono Simplificado'!#REF!","v":{"$error":"#REF!"}},{"$f":"'CRO2_Crono Simplificado'!FSW4","v":0},{"$f":"'CRO2_Crono Simplificado'!#REF!","v":{"$error":"#REF!"}},{"$f":"'CRO2_Crono Simplificado'!FSY4","v":0},{"$f":"'CRO2_Crono Simplificado'!#REF!","v":{"$error":"#REF!"}},{"$f":"'CRO2_Crono Simplificado'!FTA4","v":0},{"$f":"'CRO2_Crono Simplificado'!#REF!","v":{"$error":"#REF!"}},{"$f":"'CRO2_Crono Simplificado'!FTC4","v":0},{"$f":"'CRO2_Crono Simplificado'!#REF!","v":{"$error":"#REF!"}},{"$f":"'CRO2_Crono Simplificado'!FTE4","v":0},{"$f":"'CRO2_Crono Simplificado'!#REF!","v":{"$error":"#REF!"}},{"$f":"'CRO2_Crono Simplificado'!FTG4","v":0},{"$f":"'CRO2_Crono Simplificado'!#REF!","v":{"$error":"#REF!"}},{"$f":"'CRO2_Crono Simplificado'!FTI4","v":0},{"$f":"'CRO2_Crono Simplificado'!#REF!","v":{"$error":"#REF!"}},{"$f":"'CRO2_Crono Simplificado'!FTK4","v":0},{"$f":"'CRO2_Crono Simplificado'!#REF!","v":{"$error":"#REF!"}},{"$f":"'CRO2_Crono Simplificado'!FTM4","v":0},{"$f":"'CRO2_Crono Simplificado'!#REF!","v":{"$error":"#REF!"}},{"$f":"'CRO2_Crono Simplificado'!FTO4","v":0},{"$f":"'CRO2_Crono Simplificado'!#REF!","v":{"$error":"#REF!"}},{"$f":"'CRO2_Crono Simplificado'!FTQ4","v":0},{"$f":"'CRO2_Crono Simplificado'!#REF!","v":{"$error":"#REF!"}},{"$f":"'CRO2_Crono Simplificado'!FTS4","v":0},{"$f":"'CRO2_Crono Simplificado'!#REF!","v":{"$error":"#REF!"}},{"$f":"'CRO2_Crono Simplificado'!FTU4","v":0},{"$f":"'CRO2_Crono Simplificado'!#REF!","v":{"$error":"#REF!"}},{"$f":"'CRO2_Crono Simplificado'!FTW4","v":0},{"$f":"'CRO2_Crono Simplificado'!#REF!","v":{"$error":"#REF!"}},{"$f":"'CRO2_Crono Simplificado'!FTY4","v":0},{"$f":"'CRO2_Crono Simplificado'!#REF!","v":{"$error":"#REF!"}},{"$f":"'CRO2_Crono Simplificado'!FUA4","v":0},{"$f":"'CRO2_Crono Simplificado'!#REF!","v":{"$error":"#REF!"}},{"$f":"'CRO2_Crono Simplificado'!FUC4","v":0},{"$f":"'CRO2_Crono Simplificado'!#REF!","v":{"$error":"#REF!"}},{"$f":"'CRO2_Crono Simplificado'!FUE4","v":0},{"$f":"'CRO2_Crono Simplificado'!#REF!","v":{"$error":"#REF!"}},{"$f":"'CRO2_Crono Simplificado'!FUG4","v":0},{"$f":"'CRO2_Crono Simplificado'!#REF!","v":{"$error":"#REF!"}},{"$f":"'CRO2_Crono Simplificado'!FUI4","v":0},{"$f":"'CRO2_Crono Simplificado'!#REF!","v":{"$error":"#REF!"}},{"$f":"'CRO2_Crono Simplificado'!FUK4","v":0},{"$f":"'CRO2_Crono Simplificado'!#REF!","v":{"$error":"#REF!"}},{"$f":"'CRO2_Crono Simplificado'!FUM4","v":0},{"$f":"'CRO2_Crono Simplificado'!#REF!","v":{"$error":"#REF!"}},{"$f":"'CRO2_Crono Simplificado'!FUO4","v":0},{"$f":"'CRO2_Crono Simplificado'!#REF!","v":{"$error":"#REF!"}},{"$f":"'CRO2_Crono Simplificado'!FUQ4","v":0},{"$f":"'CRO2_Crono Simplificado'!#REF!","v":{"$error":"#REF!"}},{"$f":"'CRO2_Crono Simplificado'!FUS4","v":0},{"$f":"'CRO2_Crono Simplificado'!#REF!","v":{"$error":"#REF!"}},{"$f":"'CRO2_Crono Simplificado'!FUU4","v":0},{"$f":"'CRO2_Crono Simplificado'!#REF!","v":{"$error":"#REF!"}},{"$f":"'CRO2_Crono Simplificado'!FUW4","v":0},{"$f":"'CRO2_Crono Simplificado'!#REF!","v":{"$error":"#REF!"}},{"$f":"'CRO2_Crono Simplificado'!FUY4","v":0},{"$f":"'CRO2_Crono Simplificado'!#REF!","v":{"$error":"#REF!"}},{"$f":"'CRO2_Crono Simplificado'!FVA4","v":0},{"$f":"'CRO2_Crono Simplificado'!#REF!","v":{"$error":"#REF!"}},{"$f":"'CRO2_Crono Simplificado'!FVC4","v":0},{"$f":"'CRO2_Crono Simplificado'!#REF!","v":{"$error":"#REF!"}},{"$f":"'CRO2_Crono Simplificado'!FVE4","v":0},{"$f":"'CRO2_Crono Simplificado'!#REF!","v":{"$error":"#REF!"}},{"$f":"'CRO2_Crono Simplificado'!FVG4","v":0},{"$f":"'CRO2_Crono Simplificado'!#REF!","v":{"$error":"#REF!"}},{"$f":"'CRO2_Crono Simplificado'!FVI4","v":0},{"$f":"'CRO2_Crono Simplificado'!#REF!","v":{"$error":"#REF!"}},{"$f":"'CRO2_Crono Simplificado'!FVK4","v":0},{"$f":"'CRO2_Crono Simplificado'!#REF!","v":{"$error":"#REF!"}},{"$f":"'CRO2_Crono Simplificado'!FVM4","v":0},{"$f":"'CRO2_Crono Simplificado'!#REF!","v":{"$error":"#REF!"}},{"$f":"'CRO2_Crono Simplificado'!FVO4","v":0},{"$f":"'CRO2_Crono Simplificado'!#REF!","v":{"$error":"#REF!"}},{"$f":"'CRO2_Crono Simplificado'!FVQ4","v":0},{"$f":"'CRO2_Crono Simplificado'!#REF!","v":{"$error":"#REF!"}},{"$f":"'CRO2_Crono Simplificado'!FVS4","v":0},{"$f":"'CRO2_Crono Simplificado'!#REF!","v":{"$error":"#REF!"}},{"$f":"'CRO2_Crono Simplificado'!FVU4","v":0},{"$f":"'CRO2_Crono Simplificado'!#REF!","v":{"$error":"#REF!"}},{"$f":"'CRO2_Crono Simplificado'!FVW4","v":0},{"$f":"'CRO2_Crono Simplificado'!#REF!","v":{"$error":"#REF!"}},{"$f":"'CRO2_Crono Simplificado'!FVY4","v":0},{"$f":"'CRO2_Crono Simplificado'!#REF!","v":{"$error":"#REF!"}},{"$f":"'CRO2_Crono Simplificado'!FWA4","v":0},{"$f":"'CRO2_Crono Simplificado'!#REF!","v":{"$error":"#REF!"}},{"$f":"'CRO2_Crono Simplificado'!FWC4","v":0},{"$f":"'CRO2_Crono Simplificado'!#REF!","v":{"$error":"#REF!"}},{"$f":"'CRO2_Crono Simplificado'!FWE4","v":0},{"$f":"'CRO2_Crono Simplificado'!#REF!","v":{"$error":"#REF!"}},{"$f":"'CRO2_Crono Simplificado'!FWG4","v":0},{"$f":"'CRO2_Crono Simplificado'!#REF!","v":{"$error":"#REF!"}},{"$f":"'CRO2_Crono Simplificado'!FWI4","v":0},{"$f":"'CRO2_Crono Simplificado'!#REF!","v":{"$error":"#REF!"}},{"$f":"'CRO2_Crono Simplificado'!FWK4","v":0},{"$f":"'CRO2_Crono Simplificado'!#REF!","v":{"$error":"#REF!"}},{"$f":"'CRO2_Crono Simplificado'!FWM4","v":0},{"$f":"'CRO2_Crono Simplificado'!#REF!","v":{"$error":"#REF!"}},{"$f":"'CRO2_Crono Simplificado'!FWO4","v":0},{"$f":"'CRO2_Crono Simplificado'!#REF!","v":{"$error":"#REF!"}},{"$f":"'CRO2_Crono Simplificado'!FWQ4","v":0},{"$f":"'CRO2_Crono Simplificado'!#REF!","v":{"$error":"#REF!"}},{"$f":"'CRO2_Crono Simplificado'!FWS4","v":0},{"$f":"'CRO2_Crono Simplificado'!#REF!","v":{"$error":"#REF!"}},{"$f":"'CRO2_Crono Simplificado'!FWU4","v":0},{"$f":"'CRO2_Crono Simplificado'!#REF!","v":{"$error":"#REF!"}},{"$f":"'CRO2_Crono Simplificado'!FWW4","v":0},{"$f":"'CRO2_Crono Simplificado'!#REF!","v":{"$error":"#REF!"}},{"$f":"'CRO2_Crono Simplificado'!FWY4","v":0},{"$f":"'CRO2_Crono Simplificado'!#REF!","v":{"$error":"#REF!"}},{"$f":"'CRO2_Crono Simplificado'!FXA4","v":0},{"$f":"'CRO2_Crono Simplificado'!#REF!","v":{"$error":"#REF!"}},{"$f":"'CRO2_Crono Simplificado'!FXC4","v":0},{"$f":"'CRO2_Crono Simplificado'!#REF!","v":{"$error":"#REF!"}},{"$f":"'CRO2_Crono Simplificado'!FXE4","v":0},{"$f":"'CRO2_Crono Simplificado'!#REF!","v":{"$error":"#REF!"}},{"$f":"'CRO2_Crono Simplificado'!FXG4","v":0},{"$f":"'CRO2_Crono Simplificado'!#REF!","v":{"$error":"#REF!"}},{"$f":"'CRO2_Crono Simplificado'!FXI4","v":0},{"$f":"'CRO2_Crono Simplificado'!#REF!","v":{"$error":"#REF!"}},{"$f":"'CRO2_Crono Simplificado'!FXK4","v":0},{"$f":"'CRO2_Crono Simplificado'!#REF!","v":{"$error":"#REF!"}},{"$f":"'CRO2_Crono Simplificado'!FXM4","v":0},{"$f":"'CRO2_Crono Simplificado'!#REF!","v":{"$error":"#REF!"}},{"$f":"'CRO2_Crono Simplificado'!FXO4","v":0},{"$f":"'CRO2_Crono Simplificado'!#REF!","v":{"$error":"#REF!"}},{"$f":"'CRO2_Crono Simplificado'!FXQ4","v":0},{"$f":"'CRO2_Crono Simplificado'!#REF!","v":{"$error":"#REF!"}},{"$f":"'CRO2_Crono Simplificado'!FXS4","v":0},{"$f":"'CRO2_Crono Simplificado'!#REF!","v":{"$error":"#REF!"}},{"$f":"'CRO2_Crono Simplificado'!FXU4","v":0},{"$f":"'CRO2_Crono Simplificado'!#REF!","v":{"$error":"#REF!"}},{"$f":"'CRO2_Crono Simplificado'!FXW4","v":0},{"$f":"'CRO2_Crono Simplificado'!#REF!","v":{"$error":"#REF!"}},{"$f":"'CRO2_Crono Simplificado'!FXY4","v":0},{"$f":"'CRO2_Crono Simplificado'!#REF!","v":{"$error":"#REF!"}},{"$f":"'CRO2_Crono Simplificado'!FYA4","v":0},{"$f":"'CRO2_Crono Simplificado'!#REF!","v":{"$error":"#REF!"}},{"$f":"'CRO2_Crono Simplificado'!FYC4","v":0},{"$f":"'CRO2_Crono Simplificado'!#REF!","v":{"$error":"#REF!"}},{"$f":"'CRO2_Crono Simplificado'!FYE4","v":0},{"$f":"'CRO2_Crono Simplificado'!#REF!","v":{"$error":"#REF!"}},{"$f":"'CRO2_Crono Simplificado'!FYG4","v":0},{"$f":"'CRO2_Crono Simplificado'!#REF!","v":{"$error":"#REF!"}},{"$f":"'CRO2_Crono Simplificado'!FYI4","v":0},{"$f":"'CRO2_Crono Simplificado'!#REF!","v":{"$error":"#REF!"}},{"$f":"'CRO2_Crono Simplificado'!FYK4","v":0},{"$f":"'CRO2_Crono Simplificado'!#REF!","v":{"$error":"#REF!"}},{"$f":"'CRO2_Crono Simplificado'!FYM4","v":0},{"$f":"'CRO2_Crono Simplificado'!#REF!","v":{"$error":"#REF!"}},{"$f":"'CRO2_Crono Simplificado'!FYO4","v":0},{"$f":"'CRO2_Crono Simplificado'!#REF!","v":{"$error":"#REF!"}},{"$f":"'CRO2_Crono Simplificado'!FYQ4","v":0},{"$f":"'CRO2_Crono Simplificado'!#REF!","v":{"$error":"#REF!"}},{"$f":"'CRO2_Crono Simplificado'!FYS4","v":0},{"$f":"'CRO2_Crono Simplificado'!#REF!","v":{"$error":"#REF!"}},{"$f":"'CRO2_Crono Simplificado'!FYU4","v":0},{"$f":"'CRO2_Crono Simplificado'!#REF!","v":{"$error":"#REF!"}},{"$f":"'CRO2_Crono Simplificado'!FYW4","v":0},{"$f":"'CRO2_Crono Simplificado'!#REF!","v":{"$error":"#REF!"}},{"$f":"'CRO2_Crono Simplificado'!FYY4","v":0},{"$f":"'CRO2_Crono Simplificado'!#REF!","v":{"$error":"#REF!"}},{"$f":"'CRO2_Crono Simplificado'!FZA4","v":0},{"$f":"'CRO2_Crono Simplificado'!#REF!","v":{"$error":"#REF!"}},{"$f":"'CRO2_Crono Simplificado'!FZC4","v":0},{"$f":"'CRO2_Crono Simplificado'!#REF!","v":{"$error":"#REF!"}},{"$f":"'CRO2_Crono Simplificado'!FZE4","v":0},{"$f":"'CRO2_Crono Simplificado'!#REF!","v":{"$error":"#REF!"}},{"$f":"'CRO2_Crono Simplificado'!FZG4","v":0},{"$f":"'CRO2_Crono Simplificado'!#REF!","v":{"$error":"#REF!"}},{"$f":"'CRO2_Crono Simplificado'!FZI4","v":0},{"$f":"'CRO2_Crono Simplificado'!#REF!","v":{"$error":"#REF!"}},{"$f":"'CRO2_Crono Simplificado'!FZK4","v":0},{"$f":"'CRO2_Crono Simplificado'!#REF!","v":{"$error":"#REF!"}},{"$f":"'CRO2_Crono Simplificado'!FZM4","v":0},{"$f":"'CRO2_Crono Simplificado'!#REF!","v":{"$error":"#REF!"}},{"$f":"'CRO2_Crono Simplificado'!FZO4","v":0},{"$f":"'CRO2_Crono Simplificado'!#REF!","v":{"$error":"#REF!"}},{"$f":"'CRO2_Crono Simplificado'!FZQ4","v":0},{"$f":"'CRO2_Crono Simplificado'!#REF!","v":{"$error":"#REF!"}},{"$f":"'CRO2_Crono Simplificado'!FZS4","v":0},{"$f":"'CRO2_Crono Simplificado'!#REF!","v":{"$error":"#REF!"}},{"$f":"'CRO2_Crono Simplificado'!FZU4","v":0},{"$f":"'CRO2_Crono Simplificado'!#REF!","v":{"$error":"#REF!"}},{"$f":"'CRO2_Crono Simplificado'!FZW4","v":0},{"$f":"'CRO2_Crono Simplificado'!#REF!","v":{"$error":"#REF!"}},{"$f":"'CRO2_Crono Simplificado'!FZY4","v":0},{"$f":"'CRO2_Crono Simplificado'!#REF!","v":{"$error":"#REF!"}},{"$f":"'CRO2_Crono Simplificado'!GAA4","v":0},{"$f":"'CRO2_Crono Simplificado'!#REF!","v":{"$error":"#REF!"}},{"$f":"'CRO2_Crono Simplificado'!GAC4","v":0},{"$f":"'CRO2_Crono Simplificado'!#REF!","v":{"$error":"#REF!"}},{"$f":"'CRO2_Crono Simplificado'!GAE4","v":0},{"$f":"'CRO2_Crono Simplificado'!#REF!","v":{"$error":"#REF!"}},{"$f":"'CRO2_Crono Simplificado'!GAG4","v":0},{"$f":"'CRO2_Crono Simplificado'!#REF!","v":{"$error":"#REF!"}},{"$f":"'CRO2_Crono Simplificado'!GAI4","v":0},{"$f":"'CRO2_Crono Simplificado'!#REF!","v":{"$error":"#REF!"}},{"$f":"'CRO2_Crono Simplificado'!GAK4","v":0},{"$f":"'CRO2_Crono Simplificado'!#REF!","v":{"$error":"#REF!"}},{"$f":"'CRO2_Crono Simplificado'!GAM4","v":0},{"$f":"'CRO2_Crono Simplificado'!#REF!","v":{"$error":"#REF!"}},{"$f":"'CRO2_Crono Simplificado'!GAO4","v":0},{"$f":"'CRO2_Crono Simplificado'!#REF!","v":{"$error":"#REF!"}},{"$f":"'CRO2_Crono Simplificado'!GAQ4","v":0},{"$f":"'CRO2_Crono Simplificado'!#REF!","v":{"$error":"#REF!"}},{"$f":"'CRO2_Crono Simplificado'!GAS4","v":0},{"$f":"'CRO2_Crono Simplificado'!#REF!","v":{"$error":"#REF!"}},{"$f":"'CRO2_Crono Simplificado'!GAU4","v":0},{"$f":"'CRO2_Crono Simplificado'!#REF!","v":{"$error":"#REF!"}},{"$f":"'CRO2_Crono Simplificado'!GAW4","v":0},{"$f":"'CRO2_Crono Simplificado'!#REF!","v":{"$error":"#REF!"}},{"$f":"'CRO2_Crono Simplificado'!GAY4","v":0},{"$f":"'CRO2_Crono Simplificado'!#REF!","v":{"$error":"#REF!"}},{"$f":"'CRO2_Crono Simplificado'!GBA4","v":0},{"$f":"'CRO2_Crono Simplificado'!#REF!","v":{"$error":"#REF!"}},{"$f":"'CRO2_Crono Simplificado'!GBC4","v":0},{"$f":"'CRO2_Crono Simplificado'!#REF!","v":{"$error":"#REF!"}},{"$f":"'CRO2_Crono Simplificado'!GBE4","v":0},{"$f":"'CRO2_Crono Simplificado'!#REF!","v":{"$error":"#REF!"}},{"$f":"'CRO2_Crono Simplificado'!GBG4","v":0},{"$f":"'CRO2_Crono Simplificado'!#REF!","v":{"$error":"#REF!"}},{"$f":"'CRO2_Crono Simplificado'!GBI4","v":0},{"$f":"'CRO2_Crono Simplificado'!#REF!","v":{"$error":"#REF!"}},{"$f":"'CRO2_Crono Simplificado'!GBK4","v":0},{"$f":"'CRO2_Crono Simplificado'!#REF!","v":{"$error":"#REF!"}},{"$f":"'CRO2_Crono Simplificado'!GBM4","v":0},{"$f":"'CRO2_Crono Simplificado'!#REF!","v":{"$error":"#REF!"}},{"$f":"'CRO2_Crono Simplificado'!GBO4","v":0},{"$f":"'CRO2_Crono Simplificado'!#REF!","v":{"$error":"#REF!"}},{"$f":"'CRO2_Crono Simplificado'!GBQ4","v":0},{"$f":"'CRO2_Crono Simplificado'!#REF!","v":{"$error":"#REF!"}},{"$f":"'CRO2_Crono Simplificado'!GBS4","v":0},{"$f":"'CRO2_Crono Simplificado'!#REF!","v":{"$error":"#REF!"}},{"$f":"'CRO2_Crono Simplificado'!GBU4","v":0},{"$f":"'CRO2_Crono Simplificado'!#REF!","v":{"$error":"#REF!"}},{"$f":"'CRO2_Crono Simplificado'!GBW4","v":0},{"$f":"'CRO2_Crono Simplificado'!#REF!","v":{"$error":"#REF!"}},{"$f":"'CRO2_Crono Simplificado'!GBY4","v":0},{"$f":"'CRO2_Crono Simplificado'!#REF!","v":{"$error":"#REF!"}},{"$f":"'CRO2_Crono Simplificado'!GCA4","v":0},{"$f":"'CRO2_Crono Simplificado'!#REF!","v":{"$error":"#REF!"}},{"$f":"'CRO2_Crono Simplificado'!GCC4","v":0},{"$f":"'CRO2_Crono Simplificado'!#REF!","v":{"$error":"#REF!"}},{"$f":"'CRO2_Crono Simplificado'!GCE4","v":0},{"$f":"'CRO2_Crono Simplificado'!#REF!","v":{"$error":"#REF!"}},{"$f":"'CRO2_Crono Simplificado'!GCG4","v":0},{"$f":"'CRO2_Crono Simplificado'!#REF!","v":{"$error":"#REF!"}},{"$f":"'CRO2_Crono Simplificado'!GCI4","v":0},{"$f":"'CRO2_Crono Simplificado'!#REF!","v":{"$error":"#REF!"}},{"$f":"'CRO2_Crono Simplificado'!GCK4","v":0},{"$f":"'CRO2_Crono Simplificado'!#REF!","v":{"$error":"#REF!"}},{"$f":"'CRO2_Crono Simplificado'!GCM4","v":0},{"$f":"'CRO2_Crono Simplificado'!#REF!","v":{"$error":"#REF!"}},{"$f":"'CRO2_Crono Simplificado'!GCO4","v":0},{"$f":"'CRO2_Crono Simplificado'!#REF!","v":{"$error":"#REF!"}},{"$f":"'CRO2_Crono Simplificado'!GCQ4","v":0},{"$f":"'CRO2_Crono Simplificado'!#REF!","v":{"$error":"#REF!"}},{"$f":"'CRO2_Crono Simplificado'!GCS4","v":0},{"$f":"'CRO2_Crono Simplificado'!#REF!","v":{"$error":"#REF!"}},{"$f":"'CRO2_Crono Simplificado'!GCU4","v":0},{"$f":"'CRO2_Crono Simplificado'!#REF!","v":{"$error":"#REF!"}},{"$f":"'CRO2_Crono Simplificado'!GCW4","v":0},{"$f":"'CRO2_Crono Simplificado'!#REF!","v":{"$error":"#REF!"}},{"$f":"'CRO2_Crono Simplificado'!GCY4","v":0},{"$f":"'CRO2_Crono Simplificado'!#REF!","v":{"$error":"#REF!"}},{"$f":"'CRO2_Crono Simplificado'!GDA4","v":0},{"$f":"'CRO2_Crono Simplificado'!#REF!","v":{"$error":"#REF!"}},{"$f":"'CRO2_Crono Simplificado'!GDC4","v":0},{"$f":"'CRO2_Crono Simplificado'!#REF!","v":{"$error":"#REF!"}},{"$f":"'CRO2_Crono Simplificado'!GDE4","v":0},{"$f":"'CRO2_Crono Simplificado'!#REF!","v":{"$error":"#REF!"}},{"$f":"'CRO2_Crono Simplificado'!GDG4","v":0},{"$f":"'CRO2_Crono Simplificado'!#REF!","v":{"$error":"#REF!"}},{"$f":"'CRO2_Crono Simplificado'!GDI4","v":0},{"$f":"'CRO2_Crono Simplificado'!#REF!","v":{"$error":"#REF!"}},{"$f":"'CRO2_Crono Simplificado'!GDK4","v":0},{"$f":"'CRO2_Crono Simplificado'!#REF!","v":{"$error":"#REF!"}},{"$f":"'CRO2_Crono Simplificado'!GDM4","v":0},{"$f":"'CRO2_Crono Simplificado'!#REF!","v":{"$error":"#REF!"}},{"$f":"'CRO2_Crono Simplificado'!GDO4","v":0},{"$f":"'CRO2_Crono Simplificado'!#REF!","v":{"$error":"#REF!"}},{"$f":"'CRO2_Crono Simplificado'!GDQ4","v":0},{"$f":"'CRO2_Crono Simplificado'!#REF!","v":{"$error":"#REF!"}},{"$f":"'CRO2_Crono Simplificado'!GDS4","v":0},{"$f":"'CRO2_Crono Simplificado'!#REF!","v":{"$error":"#REF!"}},{"$f":"'CRO2_Crono Simplificado'!GDU4","v":0},{"$f":"'CRO2_Crono Simplificado'!#REF!","v":{"$error":"#REF!"}},{"$f":"'CRO2_Crono Simplificado'!GDW4","v":0},{"$f":"'CRO2_Crono Simplificado'!#REF!","v":{"$error":"#REF!"}},{"$f":"'CRO2_Crono Simplificado'!GDY4","v":0},{"$f":"'CRO2_Crono Simplificado'!#REF!","v":{"$error":"#REF!"}},{"$f":"'CRO2_Crono Simplificado'!GEA4","v":0},{"$f":"'CRO2_Crono Simplificado'!#REF!","v":{"$error":"#REF!"}},{"$f":"'CRO2_Crono Simplificado'!GEC4","v":0},{"$f":"'CRO2_Crono Simplificado'!#REF!","v":{"$error":"#REF!"}},{"$f":"'CRO2_Crono Simplificado'!GEE4","v":0},{"$f":"'CRO2_Crono Simplificado'!#REF!","v":{"$error":"#REF!"}},{"$f":"'CRO2_Crono Simplificado'!GEG4","v":0},{"$f":"'CRO2_Crono Simplificado'!#REF!","v":{"$error":"#REF!"}},{"$f":"'CRO2_Crono Simplificado'!GEI4","v":0},{"$f":"'CRO2_Crono Simplificado'!#REF!","v":{"$error":"#REF!"}},{"$f":"'CRO2_Crono Simplificado'!GEK4","v":0},{"$f":"'CRO2_Crono Simplificado'!#REF!","v":{"$error":"#REF!"}},{"$f":"'CRO2_Crono Simplificado'!GEM4","v":0},{"$f":"'CRO2_Crono Simplificado'!#REF!","v":{"$error":"#REF!"}},{"$f":"'CRO2_Crono Simplificado'!GEO4","v":0},{"$f":"'CRO2_Crono Simplificado'!#REF!","v":{"$error":"#REF!"}},{"$f":"'CRO2_Crono Simplificado'!GEQ4","v":0},{"$f":"'CRO2_Crono Simplificado'!#REF!","v":{"$error":"#REF!"}},{"$f":"'CRO2_Crono Simplificado'!GES4","v":0},{"$f":"'CRO2_Crono Simplificado'!#REF!","v":{"$error":"#REF!"}},{"$f":"'CRO2_Crono Simplificado'!GEU4","v":0},{"$f":"'CRO2_Crono Simplificado'!#REF!","v":{"$error":"#REF!"}},{"$f":"'CRO2_Crono Simplificado'!GEW4","v":0},{"$f":"'CRO2_Crono Simplificado'!#REF!","v":{"$error":"#REF!"}},{"$f":"'CRO2_Crono Simplificado'!GEY4","v":0},{"$f":"'CRO2_Crono Simplificado'!#REF!","v":{"$error":"#REF!"}},{"$f":"'CRO2_Crono Simplificado'!GFA4","v":0},{"$f":"'CRO2_Crono Simplificado'!#REF!","v":{"$error":"#REF!"}},{"$f":"'CRO2_Crono Simplificado'!GFC4","v":0},{"$f":"'CRO2_Crono Simplificado'!#REF!","v":{"$error":"#REF!"}},{"$f":"'CRO2_Crono Simplificado'!GFE4","v":0},{"$f":"'CRO2_Crono Simplificado'!#REF!","v":{"$error":"#REF!"}},{"$f":"'CRO2_Crono Simplificado'!GFG4","v":0},{"$f":"'CRO2_Crono Simplificado'!#REF!","v":{"$error":"#REF!"}},{"$f":"'CRO2_Crono Simplificado'!GFI4","v":0},{"$f":"'CRO2_Crono Simplificado'!#REF!","v":{"$error":"#REF!"}},{"$f":"'CRO2_Crono Simplificado'!GFK4","v":0},{"$f":"'CRO2_Crono Simplificado'!#REF!","v":{"$error":"#REF!"}},{"$f":"'CRO2_Crono Simplificado'!GFM4","v":0},{"$f":"'CRO2_Crono Simplificado'!#REF!","v":{"$error":"#REF!"}},{"$f":"'CRO2_Crono Simplificado'!GFO4","v":0},{"$f":"'CRO2_Crono Simplificado'!#REF!","v":{"$error":"#REF!"}},{"$f":"'CRO2_Crono Simplificado'!GFQ4","v":0},{"$f":"'CRO2_Crono Simplificado'!#REF!","v":{"$error":"#REF!"}},{"$f":"'CRO2_Crono Simplificado'!GFS4","v":0},{"$f":"'CRO2_Crono Simplificado'!#REF!","v":{"$error":"#REF!"}},{"$f":"'CRO2_Crono Simplificado'!GFU4","v":0},{"$f":"'CRO2_Crono Simplificado'!#REF!","v":{"$error":"#REF!"}},{"$f":"'CRO2_Crono Simplificado'!GFW4","v":0},{"$f":"'CRO2_Crono Simplificado'!#REF!","v":{"$error":"#REF!"}},{"$f":"'CRO2_Crono Simplificado'!GFY4","v":0},{"$f":"'CRO2_Crono Simplificado'!#REF!","v":{"$error":"#REF!"}},{"$f":"'CRO2_Crono Simplificado'!GGA4","v":0},{"$f":"'CRO2_Crono Simplificado'!#REF!","v":{"$error":"#REF!"}},{"$f":"'CRO2_Crono Simplificado'!GGC4","v":0},{"$f":"'CRO2_Crono Simplificado'!#REF!","v":{"$error":"#REF!"}},{"$f":"'CRO2_Crono Simplificado'!GGE4","v":0},{"$f":"'CRO2_Crono Simplificado'!#REF!","v":{"$error":"#REF!"}},{"$f":"'CRO2_Crono Simplificado'!GGG4","v":0},{"$f":"'CRO2_Crono Simplificado'!#REF!","v":{"$error":"#REF!"}},{"$f":"'CRO2_Crono Simplificado'!GGI4","v":0},{"$f":"'CRO2_Crono Simplificado'!#REF!","v":{"$error":"#REF!"}},{"$f":"'CRO2_Crono Simplificado'!GGK4","v":0},{"$f":"'CRO2_Crono Simplificado'!#REF!","v":{"$error":"#REF!"}},{"$f":"'CRO2_Crono Simplificado'!GGM4","v":0},{"$f":"'CRO2_Crono Simplificado'!#REF!","v":{"$error":"#REF!"}},{"$f":"'CRO2_Crono Simplificado'!GGO4","v":0},{"$f":"'CRO2_Crono Simplificado'!#REF!","v":{"$error":"#REF!"}},{"$f":"'CRO2_Crono Simplificado'!GGQ4","v":0},{"$f":"'CRO2_Crono Simplificado'!#REF!","v":{"$error":"#REF!"}},{"$f":"'CRO2_Crono Simplificado'!GGS4","v":0},{"$f":"'CRO2_Crono Simplificado'!#REF!","v":{"$error":"#REF!"}},{"$f":"'CRO2_Crono Simplificado'!GGU4","v":0},{"$f":"'CRO2_Crono Simplificado'!#REF!","v":{"$error":"#REF!"}},{"$f":"'CRO2_Crono Simplificado'!GGW4","v":0},{"$f":"'CRO2_Crono Simplificado'!#REF!","v":{"$error":"#REF!"}},{"$f":"'CRO2_Crono Simplificado'!GGY4","v":0},{"$f":"'CRO2_Crono Simplificado'!#REF!","v":{"$error":"#REF!"}},{"$f":"'CRO2_Crono Simplificado'!GHA4","v":0},{"$f":"'CRO2_Crono Simplificado'!#REF!","v":{"$error":"#REF!"}},{"$f":"'CRO2_Crono Simplificado'!GHC4","v":0},{"$f":"'CRO2_Crono Simplificado'!#REF!","v":{"$error":"#REF!"}},{"$f":"'CRO2_Crono Simplificado'!GHE4","v":0},{"$f":"'CRO2_Crono Simplificado'!#REF!","v":{"$error":"#REF!"}},{"$f":"'CRO2_Crono Simplificado'!GHG4","v":0},{"$f":"'CRO2_Crono Simplificado'!#REF!","v":{"$error":"#REF!"}},{"$f":"'CRO2_Crono Simplificado'!GHI4","v":0},{"$f":"'CRO2_Crono Simplificado'!#REF!","v":{"$error":"#REF!"}},{"$f":"'CRO2_Crono Simplificado'!GHK4","v":0},{"$f":"'CRO2_Crono Simplificado'!#REF!","v":{"$error":"#REF!"}},{"$f":"'CRO2_Crono Simplificado'!GHM4","v":0},{"$f":"'CRO2_Crono Simplificado'!#REF!","v":{"$error":"#REF!"}},{"$f":"'CRO2_Crono Simplificado'!GHO4","v":0},{"$f":"'CRO2_Crono Simplificado'!#REF!","v":{"$error":"#REF!"}},{"$f":"'CRO2_Crono Simplificado'!GHQ4","v":0},{"$f":"'CRO2_Crono Simplificado'!#REF!","v":{"$error":"#REF!"}},{"$f":"'CRO2_Crono Simplificado'!GHS4","v":0},{"$f":"'CRO2_Crono Simplificado'!#REF!","v":{"$error":"#REF!"}},{"$f":"'CRO2_Crono Simplificado'!GHU4","v":0},{"$f":"'CRO2_Crono Simplificado'!#REF!","v":{"$error":"#REF!"}},{"$f":"'CRO2_Crono Simplificado'!GHW4","v":0},{"$f":"'CRO2_Crono Simplificado'!#REF!","v":{"$error":"#REF!"}},{"$f":"'CRO2_Crono Simplificado'!GHY4","v":0},{"$f":"'CRO2_Crono Simplificado'!#REF!","v":{"$error":"#REF!"}},{"$f":"'CRO2_Crono Simplificado'!GIA4","v":0},{"$f":"'CRO2_Crono Simplificado'!#REF!","v":{"$error":"#REF!"}},{"$f":"'CRO2_Crono Simplificado'!GIC4","v":0},{"$f":"'CRO2_Crono Simplificado'!#REF!","v":{"$error":"#REF!"}},{"$f":"'CRO2_Crono Simplificado'!GIE4","v":0},{"$f":"'CRO2_Crono Simplificado'!#REF!","v":{"$error":"#REF!"}},{"$f":"'CRO2_Crono Simplificado'!GIG4","v":0},{"$f":"'CRO2_Crono Simplificado'!#REF!","v":{"$error":"#REF!"}},{"$f":"'CRO2_Crono Simplificado'!GII4","v":0},{"$f":"'CRO2_Crono Simplificado'!#REF!","v":{"$error":"#REF!"}},{"$f":"'CRO2_Crono Simplificado'!GIK4","v":0},{"$f":"'CRO2_Crono Simplificado'!#REF!","v":{"$error":"#REF!"}},{"$f":"'CRO2_Crono Simplificado'!GIM4","v":0},{"$f":"'CRO2_Crono Simplificado'!#REF!","v":{"$error":"#REF!"}},{"$f":"'CRO2_Crono Simplificado'!GIO4","v":0},{"$f":"'CRO2_Crono Simplificado'!#REF!","v":{"$error":"#REF!"}},{"$f":"'CRO2_Crono Simplificado'!GIQ4","v":0},{"$f":"'CRO2_Crono Simplificado'!#REF!","v":{"$error":"#REF!"}},{"$f":"'CRO2_Crono Simplificado'!GIS4","v":0},{"$f":"'CRO2_Crono Simplificado'!#REF!","v":{"$error":"#REF!"}},{"$f":"'CRO2_Crono Simplificado'!GIU4","v":0},{"$f":"'CRO2_Crono Simplificado'!#REF!","v":{"$error":"#REF!"}},{"$f":"'CRO2_Crono Simplificado'!GIW4","v":0},{"$f":"'CRO2_Crono Simplificado'!#REF!","v":{"$error":"#REF!"}},{"$f":"'CRO2_Crono Simplificado'!GIY4","v":0},{"$f":"'CRO2_Crono Simplificado'!#REF!","v":{"$error":"#REF!"}},{"$f":"'CRO2_Crono Simplificado'!GJA4","v":0},{"$f":"'CRO2_Crono Simplificado'!#REF!","v":{"$error":"#REF!"}},{"$f":"'CRO2_Crono Simplificado'!GJC4","v":0},{"$f":"'CRO2_Crono Simplificado'!#REF!","v":{"$error":"#REF!"}},{"$f":"'CRO2_Crono Simplificado'!GJE4","v":0},{"$f":"'CRO2_Crono Simplificado'!#REF!","v":{"$error":"#REF!"}},{"$f":"'CRO2_Crono Simplificado'!GJG4","v":0},{"$f":"'CRO2_Crono Simplificado'!#REF!","v":{"$error":"#REF!"}},{"$f":"'CRO2_Crono Simplificado'!GJI4","v":0},{"$f":"'CRO2_Crono Simplificado'!#REF!","v":{"$error":"#REF!"}},{"$f":"'CRO2_Crono Simplificado'!GJK4","v":0},{"$f":"'CRO2_Crono Simplificado'!#REF!","v":{"$error":"#REF!"}},{"$f":"'CRO2_Crono Simplificado'!GJM4","v":0},{"$f":"'CRO2_Crono Simplificado'!#REF!","v":{"$error":"#REF!"}},{"$f":"'CRO2_Crono Simplificado'!GJO4","v":0},{"$f":"'CRO2_Crono Simplificado'!#REF!","v":{"$error":"#REF!"}},{"$f":"'CRO2_Crono Simplificado'!GJQ4","v":0},{"$f":"'CRO2_Crono Simplificado'!#REF!","v":{"$error":"#REF!"}},{"$f":"'CRO2_Crono Simplificado'!GJS4","v":0},{"$f":"'CRO2_Crono Simplificado'!#REF!","v":{"$error":"#REF!"}},{"$f":"'CRO2_Crono Simplificado'!GJU4","v":0},{"$f":"'CRO2_Crono Simplificado'!#REF!","v":{"$error":"#REF!"}},{"$f":"'CRO2_Crono Simplificado'!GJW4","v":0},{"$f":"'CRO2_Crono Simplificado'!#REF!","v":{"$error":"#REF!"}},{"$f":"'CRO2_Crono Simplificado'!GJY4","v":0},{"$f":"'CRO2_Crono Simplificado'!#REF!","v":{"$error":"#REF!"}},{"$f":"'CRO2_Crono Simplificado'!GKA4","v":0},{"$f":"'CRO2_Crono Simplificado'!#REF!","v":{"$error":"#REF!"}},{"$f":"'CRO2_Crono Simplificado'!GKC4","v":0},{"$f":"'CRO2_Crono Simplificado'!#REF!","v":{"$error":"#REF!"}},{"$f":"'CRO2_Crono Simplificado'!GKE4","v":0},{"$f":"'CRO2_Crono Simplificado'!#REF!","v":{"$error":"#REF!"}},{"$f":"'CRO2_Crono Simplificado'!GKG4","v":0},{"$f":"'CRO2_Crono Simplificado'!#REF!","v":{"$error":"#REF!"}},{"$f":"'CRO2_Crono Simplificado'!GKI4","v":0},{"$f":"'CRO2_Crono Simplificado'!#REF!","v":{"$error":"#REF!"}},{"$f":"'CRO2_Crono Simplificado'!GKK4","v":0},{"$f":"'CRO2_Crono Simplificado'!#REF!","v":{"$error":"#REF!"}},{"$f":"'CRO2_Crono Simplificado'!GKM4","v":0},{"$f":"'CRO2_Crono Simplificado'!#REF!","v":{"$error":"#REF!"}},{"$f":"'CRO2_Crono Simplificado'!GKO4","v":0},{"$f":"'CRO2_Crono Simplificado'!#REF!","v":{"$error":"#REF!"}},{"$f":"'CRO2_Crono Simplificado'!GKQ4","v":0},{"$f":"'CRO2_Crono Simplificado'!#REF!","v":{"$error":"#REF!"}},{"$f":"'CRO2_Crono Simplificado'!GKS4","v":0},{"$f":"'CRO2_Crono Simplificado'!#REF!","v":{"$error":"#REF!"}},{"$f":"'CRO2_Crono Simplificado'!GKU4","v":0},{"$f":"'CRO2_Crono Simplificado'!#REF!","v":{"$error":"#REF!"}},{"$f":"'CRO2_Crono Simplificado'!GKW4","v":0},{"$f":"'CRO2_Crono Simplificado'!#REF!","v":{"$error":"#REF!"}},{"$f":"'CRO2_Crono Simplificado'!GKY4","v":0},{"$f":"'CRO2_Crono Simplificado'!#REF!","v":{"$error":"#REF!"}},{"$f":"'CRO2_Crono Simplificado'!GLA4","v":0},{"$f":"'CRO2_Crono Simplificado'!#REF!","v":{"$error":"#REF!"}},{"$f":"'CRO2_Crono Simplificado'!GLC4","v":0},{"$f":"'CRO2_Crono Simplificado'!#REF!","v":{"$error":"#REF!"}},{"$f":"'CRO2_Crono Simplificado'!GLE4","v":0},{"$f":"'CRO2_Crono Simplificado'!#REF!","v":{"$error":"#REF!"}},{"$f":"'CRO2_Crono Simplificado'!GLG4","v":0},{"$f":"'CRO2_Crono Simplificado'!#REF!","v":{"$error":"#REF!"}},{"$f":"'CRO2_Crono Simplificado'!GLI4","v":0},{"$f":"'CRO2_Crono Simplificado'!#REF!","v":{"$error":"#REF!"}},{"$f":"'CRO2_Crono Simplificado'!GLK4","v":0},{"$f":"'CRO2_Crono Simplificado'!#REF!","v":{"$error":"#REF!"}},{"$f":"'CRO2_Crono Simplificado'!GLM4","v":0},{"$f":"'CRO2_Crono Simplificado'!#REF!","v":{"$error":"#REF!"}},{"$f":"'CRO2_Crono Simplificado'!GLO4","v":0},{"$f":"'CRO2_Crono Simplificado'!#REF!","v":{"$error":"#REF!"}},{"$f":"'CRO2_Crono Simplificado'!GLQ4","v":0},{"$f":"'CRO2_Crono Simplificado'!#REF!","v":{"$error":"#REF!"}},{"$f":"'CRO2_Crono Simplificado'!GLS4","v":0},{"$f":"'CRO2_Crono Simplificado'!#REF!","v":{"$error":"#REF!"}},{"$f":"'CRO2_Crono Simplificado'!GLU4","v":0},{"$f":"'CRO2_Crono Simplificado'!#REF!","v":{"$error":"#REF!"}},{"$f":"'CRO2_Crono Simplificado'!GLW4","v":0},{"$f":"'CRO2_Crono Simplificado'!#REF!","v":{"$error":"#REF!"}},{"$f":"'CRO2_Crono Simplificado'!GLY4","v":0},{"$f":"'CRO2_Crono Simplificado'!#REF!","v":{"$error":"#REF!"}},{"$f":"'CRO2_Crono Simplificado'!GMA4","v":0},{"$f":"'CRO2_Crono Simplificado'!#REF!","v":{"$error":"#REF!"}},{"$f":"'CRO2_Crono Simplificado'!GMC4","v":0},{"$f":"'CRO2_Crono Simplificado'!#REF!","v":{"$error":"#REF!"}},{"$f":"'CRO2_Crono Simplificado'!GME4","v":0},{"$f":"'CRO2_Crono Simplificado'!#REF!","v":{"$error":"#REF!"}},{"$f":"'CRO2_Crono Simplificado'!GMG4","v":0},{"$f":"'CRO2_Crono Simplificado'!#REF!","v":{"$error":"#REF!"}},{"$f":"'CRO2_Crono Simplificado'!GMI4","v":0},{"$f":"'CRO2_Crono Simplificado'!#REF!","v":{"$error":"#REF!"}},{"$f":"'CRO2_Crono Simplificado'!GMK4","v":0},{"$f":"'CRO2_Crono Simplificado'!#REF!","v":{"$error":"#REF!"}},{"$f":"'CRO2_Crono Simplificado'!GMM4","v":0},{"$f":"'CRO2_Crono Simplificado'!#REF!","v":{"$error":"#REF!"}},{"$f":"'CRO2_Crono Simplificado'!GMO4","v":0},{"$f":"'CRO2_Crono Simplificado'!#REF!","v":{"$error":"#REF!"}},{"$f":"'CRO2_Crono Simplificado'!GMQ4","v":0},{"$f":"'CRO2_Crono Simplificado'!#REF!","v":{"$error":"#REF!"}},{"$f":"'CRO2_Crono Simplificado'!GMS4","v":0},{"$f":"'CRO2_Crono Simplificado'!#REF!","v":{"$error":"#REF!"}},{"$f":"'CRO2_Crono Simplificado'!GMU4","v":0},{"$f":"'CRO2_Crono Simplificado'!#REF!","v":{"$error":"#REF!"}},{"$f":"'CRO2_Crono Simplificado'!GMW4","v":0},{"$f":"'CRO2_Crono Simplificado'!#REF!","v":{"$error":"#REF!"}},{"$f":"'CRO2_Crono Simplificado'!GMY4","v":0},{"$f":"'CRO2_Crono Simplificado'!#REF!","v":{"$error":"#REF!"}},{"$f":"'CRO2_Crono Simplificado'!GNA4","v":0},{"$f":"'CRO2_Crono Simplificado'!#REF!","v":{"$error":"#REF!"}},{"$f":"'CRO2_Crono Simplificado'!GNC4","v":0},{"$f":"'CRO2_Crono Simplificado'!#REF!","v":{"$error":"#REF!"}},{"$f":"'CRO2_Crono Simplificado'!GNE4","v":0},{"$f":"'CRO2_Crono Simplificado'!#REF!","v":{"$error":"#REF!"}},{"$f":"'CRO2_Crono Simplificado'!GNG4","v":0},{"$f":"'CRO2_Crono Simplificado'!#REF!","v":{"$error":"#REF!"}},{"$f":"'CRO2_Crono Simplificado'!GNI4","v":0},{"$f":"'CRO2_Crono Simplificado'!#REF!","v":{"$error":"#REF!"}},{"$f":"'CRO2_Crono Simplificado'!GNK4","v":0},{"$f":"'CRO2_Crono Simplificado'!#REF!","v":{"$error":"#REF!"}},{"$f":"'CRO2_Crono Simplificado'!GNM4","v":0},{"$f":"'CRO2_Crono Simplificado'!#REF!","v":{"$error":"#REF!"}},{"$f":"'CRO2_Crono Simplificado'!GNO4","v":0},{"$f":"'CRO2_Crono Simplificado'!#REF!","v":{"$error":"#REF!"}},{"$f":"'CRO2_Crono Simplificado'!GNQ4","v":0},{"$f":"'CRO2_Crono Simplificado'!#REF!","v":{"$error":"#REF!"}},{"$f":"'CRO2_Crono Simplificado'!GNS4","v":0},{"$f":"'CRO2_Crono Simplificado'!#REF!","v":{"$error":"#REF!"}},{"$f":"'CRO2_Crono Simplificado'!GNU4","v":0},{"$f":"'CRO2_Crono Simplificado'!#REF!","v":{"$error":"#REF!"}},{"$f":"'CRO2_Crono Simplificado'!GNW4","v":0},{"$f":"'CRO2_Crono Simplificado'!#REF!","v":{"$error":"#REF!"}},{"$f":"'CRO2_Crono Simplificado'!GNY4","v":0},{"$f":"'CRO2_Crono Simplificado'!#REF!","v":{"$error":"#REF!"}},{"$f":"'CRO2_Crono Simplificado'!GOA4","v":0},{"$f":"'CRO2_Crono Simplificado'!#REF!","v":{"$error":"#REF!"}},{"$f":"'CRO2_Crono Simplificado'!GOC4","v":0},{"$f":"'CRO2_Crono Simplificado'!#REF!","v":{"$error":"#REF!"}},{"$f":"'CRO2_Crono Simplificado'!GOE4","v":0},{"$f":"'CRO2_Crono Simplificado'!#REF!","v":{"$error":"#REF!"}},{"$f":"'CRO2_Crono Simplificado'!GOG4","v":0},{"$f":"'CRO2_Crono Simplificado'!#REF!","v":{"$error":"#REF!"}},{"$f":"'CRO2_Crono Simplificado'!GOI4","v":0},{"$f":"'CRO2_Crono Simplificado'!#REF!","v":{"$error":"#REF!"}},{"$f":"'CRO2_Crono Simplificado'!GOK4","v":0},{"$f":"'CRO2_Crono Simplificado'!#REF!","v":{"$error":"#REF!"}},{"$f":"'CRO2_Crono Simplificado'!GOM4","v":0},{"$f":"'CRO2_Crono Simplificado'!#REF!","v":{"$error":"#REF!"}},{"$f":"'CRO2_Crono Simplificado'!GOO4","v":0},{"$f":"'CRO2_Crono Simplificado'!#REF!","v":{"$error":"#REF!"}},{"$f":"'CRO2_Crono Simplificado'!GOQ4","v":0},{"$f":"'CRO2_Crono Simplificado'!#REF!","v":{"$error":"#REF!"}},{"$f":"'CRO2_Crono Simplificado'!GOS4","v":0},{"$f":"'CRO2_Crono Simplificado'!#REF!","v":{"$error":"#REF!"}},{"$f":"'CRO2_Crono Simplificado'!GOU4","v":0},{"$f":"'CRO2_Crono Simplificado'!#REF!","v":{"$error":"#REF!"}},{"$f":"'CRO2_Crono Simplificado'!GOW4","v":0},{"$f":"'CRO2_Crono Simplificado'!#REF!","v":{"$error":"#REF!"}},{"$f":"'CRO2_Crono Simplificado'!GOY4","v":0},{"$f":"'CRO2_Crono Simplificado'!#REF!","v":{"$error":"#REF!"}},{"$f":"'CRO2_Crono Simplificado'!GPA4","v":0},{"$f":"'CRO2_Crono Simplificado'!#REF!","v":{"$error":"#REF!"}},{"$f":"'CRO2_Crono Simplificado'!GPC4","v":0},{"$f":"'CRO2_Crono Simplificado'!#REF!","v":{"$error":"#REF!"}},{"$f":"'CRO2_Crono Simplificado'!GPE4","v":0},{"$f":"'CRO2_Crono Simplificado'!#REF!","v":{"$error":"#REF!"}},{"$f":"'CRO2_Crono Simplificado'!GPG4","v":0},{"$f":"'CRO2_Crono Simplificado'!#REF!","v":{"$error":"#REF!"}},{"$f":"'CRO2_Crono Simplificado'!GPI4","v":0},{"$f":"'CRO2_Crono Simplificado'!#REF!","v":{"$error":"#REF!"}},{"$f":"'CRO2_Crono Simplificado'!GPK4","v":0},{"$f":"'CRO2_Crono Simplificado'!#REF!","v":{"$error":"#REF!"}},{"$f":"'CRO2_Crono Simplificado'!GPM4","v":0},{"$f":"'CRO2_Crono Simplificado'!#REF!","v":{"$error":"#REF!"}},{"$f":"'CRO2_Crono Simplificado'!GPO4","v":0},{"$f":"'CRO2_Crono Simplificado'!#REF!","v":{"$error":"#REF!"}},{"$f":"'CRO2_Crono Simplificado'!GPQ4","v":0},{"$f":"'CRO2_Crono Simplificado'!#REF!","v":{"$error":"#REF!"}},{"$f":"'CRO2_Crono Simplificado'!GPS4","v":0},{"$f":"'CRO2_Crono Simplificado'!#REF!","v":{"$error":"#REF!"}},{"$f":"'CRO2_Crono Simplificado'!GPU4","v":0},{"$f":"'CRO2_Crono Simplificado'!#REF!","v":{"$error":"#REF!"}},{"$f":"'CRO2_Crono Simplificado'!GPW4","v":0},{"$f":"'CRO2_Crono Simplificado'!#REF!","v":{"$error":"#REF!"}},{"$f":"'CRO2_Crono Simplificado'!GPY4","v":0},{"$f":"'CRO2_Crono Simplificado'!#REF!","v":{"$error":"#REF!"}},{"$f":"'CRO2_Crono Simplificado'!GQA4","v":0},{"$f":"'CRO2_Crono Simplificado'!#REF!","v":{"$error":"#REF!"}},{"$f":"'CRO2_Crono Simplificado'!GQC4","v":0},{"$f":"'CRO2_Crono Simplificado'!#REF!","v":{"$error":"#REF!"}},{"$f":"'CRO2_Crono Simplificado'!GQE4","v":0},{"$f":"'CRO2_Crono Simplificado'!#REF!","v":{"$error":"#REF!"}},{"$f":"'CRO2_Crono Simplificado'!GQG4","v":0},{"$f":"'CRO2_Crono Simplificado'!#REF!","v":{"$error":"#REF!"}},{"$f":"'CRO2_Crono Simplificado'!GQI4","v":0},{"$f":"'CRO2_Crono Simplificado'!#REF!","v":{"$error":"#REF!"}},{"$f":"'CRO2_Crono Simplificado'!GQK4","v":0},{"$f":"'CRO2_Crono Simplificado'!#REF!","v":{"$error":"#REF!"}},{"$f":"'CRO2_Crono Simplificado'!GQM4","v":0},{"$f":"'CRO2_Crono Simplificado'!#REF!","v":{"$error":"#REF!"}},{"$f":"'CRO2_Crono Simplificado'!GQO4","v":0},{"$f":"'CRO2_Crono Simplificado'!#REF!","v":{"$error":"#REF!"}},{"$f":"'CRO2_Crono Simplificado'!GQQ4","v":0},{"$f":"'CRO2_Crono Simplificado'!#REF!","v":{"$error":"#REF!"}},{"$f":"'CRO2_Crono Simplificado'!GQS4","v":0},{"$f":"'CRO2_Crono Simplificado'!#REF!","v":{"$error":"#REF!"}},{"$f":"'CRO2_Crono Simplificado'!GQU4","v":0},{"$f":"'CRO2_Crono Simplificado'!#REF!","v":{"$error":"#REF!"}},{"$f":"'CRO2_Crono Simplificado'!GQW4","v":0},{"$f":"'CRO2_Crono Simplificado'!#REF!","v":{"$error":"#REF!"}},{"$f":"'CRO2_Crono Simplificado'!GQY4","v":0},{"$f":"'CRO2_Crono Simplificado'!#REF!","v":{"$error":"#REF!"}},{"$f":"'CRO2_Crono Simplificado'!GRA4","v":0},{"$f":"'CRO2_Crono Simplificado'!#REF!","v":{"$error":"#REF!"}},{"$f":"'CRO2_Crono Simplificado'!GRC4","v":0},{"$f":"'CRO2_Crono Simplificado'!#REF!","v":{"$error":"#REF!"}},{"$f":"'CRO2_Crono Simplificado'!GRE4","v":0},{"$f":"'CRO2_Crono Simplificado'!#REF!","v":{"$error":"#REF!"}},{"$f":"'CRO2_Crono Simplificado'!GRG4","v":0},{"$f":"'CRO2_Crono Simplificado'!#REF!","v":{"$error":"#REF!"}},{"$f":"'CRO2_Crono Simplificado'!GRI4","v":0},{"$f":"'CRO2_Crono Simplificado'!#REF!","v":{"$error":"#REF!"}},{"$f":"'CRO2_Crono Simplificado'!GRK4","v":0},{"$f":"'CRO2_Crono Simplificado'!#REF!","v":{"$error":"#REF!"}},{"$f":"'CRO2_Crono Simplificado'!GRM4","v":0},{"$f":"'CRO2_Crono Simplificado'!#REF!","v":{"$error":"#REF!"}},{"$f":"'CRO2_Crono Simplificado'!GRO4","v":0},{"$f":"'CRO2_Crono Simplificado'!#REF!","v":{"$error":"#REF!"}},{"$f":"'CRO2_Crono Simplificado'!GRQ4","v":0},{"$f":"'CRO2_Crono Simplificado'!#REF!","v":{"$error":"#REF!"}},{"$f":"'CRO2_Crono Simplificado'!GRS4","v":0},{"$f":"'CRO2_Crono Simplificado'!#REF!","v":{"$error":"#REF!"}},{"$f":"'CRO2_Crono Simplificado'!GRU4","v":0},{"$f":"'CRO2_Crono Simplificado'!#REF!","v":{"$error":"#REF!"}},{"$f":"'CRO2_Crono Simplificado'!GRW4","v":0},{"$f":"'CRO2_Crono Simplificado'!#REF!","v":{"$error":"#REF!"}},{"$f":"'CRO2_Crono Simplificado'!GRY4","v":0},{"$f":"'CRO2_Crono Simplificado'!#REF!","v":{"$error":"#REF!"}},{"$f":"'CRO2_Crono Simplificado'!GSA4","v":0},{"$f":"'CRO2_Crono Simplificado'!#REF!","v":{"$error":"#REF!"}},{"$f":"'CRO2_Crono Simplificado'!GSC4","v":0},{"$f":"'CRO2_Crono Simplificado'!#REF!","v":{"$error":"#REF!"}},{"$f":"'CRO2_Crono Simplificado'!GSE4","v":0},{"$f":"'CRO2_Crono Simplificado'!#REF!","v":{"$error":"#REF!"}},{"$f":"'CRO2_Crono Simplificado'!GSG4","v":0},{"$f":"'CRO2_Crono Simplificado'!#REF!","v":{"$error":"#REF!"}},{"$f":"'CRO2_Crono Simplificado'!GSI4","v":0},{"$f":"'CRO2_Crono Simplificado'!#REF!","v":{"$error":"#REF!"}},{"$f":"'CRO2_Crono Simplificado'!GSK4","v":0},{"$f":"'CRO2_Crono Simplificado'!#REF!","v":{"$error":"#REF!"}},{"$f":"'CRO2_Crono Simplificado'!GSM4","v":0},{"$f":"'CRO2_Crono Simplificado'!#REF!","v":{"$error":"#REF!"}},{"$f":"'CRO2_Crono Simplificado'!GSO4","v":0},{"$f":"'CRO2_Crono Simplificado'!#REF!","v":{"$error":"#REF!"}},{"$f":"'CRO2_Crono Simplificado'!GSQ4","v":0},{"$f":"'CRO2_Crono Simplificado'!#REF!","v":{"$error":"#REF!"}},{"$f":"'CRO2_Crono Simplificado'!GSS4","v":0},{"$f":"'CRO2_Crono Simplificado'!#REF!","v":{"$error":"#REF!"}},{"$f":"'CRO2_Crono Simplificado'!GSU4","v":0},{"$f":"'CRO2_Crono Simplificado'!#REF!","v":{"$error":"#REF!"}},{"$f":"'CRO2_Crono Simplificado'!GSW4","v":0},{"$f":"'CRO2_Crono Simplificado'!#REF!","v":{"$error":"#REF!"}},{"$f":"'CRO2_Crono Simplificado'!GSY4","v":0},{"$f":"'CRO2_Crono Simplificado'!#REF!","v":{"$error":"#REF!"}},{"$f":"'CRO2_Crono Simplificado'!GTA4","v":0},{"$f":"'CRO2_Crono Simplificado'!#REF!","v":{"$error":"#REF!"}},{"$f":"'CRO2_Crono Simplificado'!GTC4","v":0},{"$f":"'CRO2_Crono Simplificado'!#REF!","v":{"$error":"#REF!"}},{"$f":"'CRO2_Crono Simplificado'!GTE4","v":0},{"$f":"'CRO2_Crono Simplificado'!#REF!","v":{"$error":"#REF!"}},{"$f":"'CRO2_Crono Simplificado'!GTG4","v":0},{"$f":"'CRO2_Crono Simplificado'!#REF!","v":{"$error":"#REF!"}},{"$f":"'CRO2_Crono Simplificado'!GTI4","v":0},{"$f":"'CRO2_Crono Simplificado'!#REF!","v":{"$error":"#REF!"}},{"$f":"'CRO2_Crono Simplificado'!GTK4","v":0},{"$f":"'CRO2_Crono Simplificado'!#REF!","v":{"$error":"#REF!"}},{"$f":"'CRO2_Crono Simplificado'!GTM4","v":0},{"$f":"'CRO2_Crono Simplificado'!#REF!","v":{"$error":"#REF!"}},{"$f":"'CRO2_Crono Simplificado'!GTO4","v":0},{"$f":"'CRO2_Crono Simplificado'!#REF!","v":{"$error":"#REF!"}},{"$f":"'CRO2_Crono Simplificado'!GTQ4","v":0},{"$f":"'CRO2_Crono Simplificado'!#REF!","v":{"$error":"#REF!"}},{"$f":"'CRO2_Crono Simplificado'!GTS4","v":0},{"$f":"'CRO2_Crono Simplificado'!#REF!","v":{"$error":"#REF!"}},{"$f":"'CRO2_Crono Simplificado'!GTU4","v":0},{"$f":"'CRO2_Crono Simplificado'!#REF!","v":{"$error":"#REF!"}},{"$f":"'CRO2_Crono Simplificado'!GTW4","v":0},{"$f":"'CRO2_Crono Simplificado'!#REF!","v":{"$error":"#REF!"}},{"$f":"'CRO2_Crono Simplificado'!GTY4","v":0},{"$f":"'CRO2_Crono Simplificado'!#REF!","v":{"$error":"#REF!"}},{"$f":"'CRO2_Crono Simplificado'!GUA4","v":0},{"$f":"'CRO2_Crono Simplificado'!#REF!","v":{"$error":"#REF!"}},{"$f":"'CRO2_Crono Simplificado'!GUC4","v":0},{"$f":"'CRO2_Crono Simplificado'!#REF!","v":{"$error":"#REF!"}},{"$f":"'CRO2_Crono Simplificado'!GUE4","v":0},{"$f":"'CRO2_Crono Simplificado'!#REF!","v":{"$error":"#REF!"}},{"$f":"'CRO2_Crono Simplificado'!GUG4","v":0},{"$f":"'CRO2_Crono Simplificado'!#REF!","v":{"$error":"#REF!"}},{"$f":"'CRO2_Crono Simplificado'!GUI4","v":0},{"$f":"'CRO2_Crono Simplificado'!#REF!","v":{"$error":"#REF!"}},{"$f":"'CRO2_Crono Simplificado'!GUK4","v":0},{"$f":"'CRO2_Crono Simplificado'!#REF!","v":{"$error":"#REF!"}},{"$f":"'CRO2_Crono Simplificado'!GUM4","v":0},{"$f":"'CRO2_Crono Simplificado'!#REF!","v":{"$error":"#REF!"}},{"$f":"'CRO2_Crono Simplificado'!GUO4","v":0},{"$f":"'CRO2_Crono Simplificado'!#REF!","v":{"$error":"#REF!"}},{"$f":"'CRO2_Crono Simplificado'!GUQ4","v":0},{"$f":"'CRO2_Crono Simplificado'!#REF!","v":{"$error":"#REF!"}},{"$f":"'CRO2_Crono Simplificado'!GUS4","v":0},{"$f":"'CRO2_Crono Simplificado'!#REF!","v":{"$error":"#REF!"}},{"$f":"'CRO2_Crono Simplificado'!GUU4","v":0},{"$f":"'CRO2_Crono Simplificado'!#REF!","v":{"$error":"#REF!"}},{"$f":"'CRO2_Crono Simplificado'!GUW4","v":0},{"$f":"'CRO2_Crono Simplificado'!#REF!","v":{"$error":"#REF!"}},{"$f":"'CRO2_Crono Simplificado'!GUY4","v":0},{"$f":"'CRO2_Crono Simplificado'!#REF!","v":{"$error":"#REF!"}},{"$f":"'CRO2_Crono Simplificado'!GVA4","v":0},{"$f":"'CRO2_Crono Simplificado'!#REF!","v":{"$error":"#REF!"}},{"$f":"'CRO2_Crono Simplificado'!GVC4","v":0},{"$f":"'CRO2_Crono Simplificado'!#REF!","v":{"$error":"#REF!"}},{"$f":"'CRO2_Crono Simplificado'!GVE4","v":0},{"$f":"'CRO2_Crono Simplificado'!#REF!","v":{"$error":"#REF!"}},{"$f":"'CRO2_Crono Simplificado'!GVG4","v":0},{"$f":"'CRO2_Crono Simplificado'!#REF!","v":{"$error":"#REF!"}},{"$f":"'CRO2_Crono Simplificado'!GVI4","v":0},{"$f":"'CRO2_Crono Simplificado'!#REF!","v":{"$error":"#REF!"}},{"$f":"'CRO2_Crono Simplificado'!GVK4","v":0},{"$f":"'CRO2_Crono Simplificado'!#REF!","v":{"$error":"#REF!"}},{"$f":"'CRO2_Crono Simplificado'!GVM4","v":0},{"$f":"'CRO2_Crono Simplificado'!#REF!","v":{"$error":"#REF!"}},{"$f":"'CRO2_Crono Simplificado'!GVO4","v":0},{"$f":"'CRO2_Crono Simplificado'!#REF!","v":{"$error":"#REF!"}},{"$f":"'CRO2_Crono Simplificado'!GVQ4","v":0},{"$f":"'CRO2_Crono Simplificado'!#REF!","v":{"$error":"#REF!"}},{"$f":"'CRO2_Crono Simplificado'!GVS4","v":0},{"$f":"'CRO2_Crono Simplificado'!#REF!","v":{"$error":"#REF!"}},{"$f":"'CRO2_Crono Simplificado'!GVU4","v":0},{"$f":"'CRO2_Crono Simplificado'!#REF!","v":{"$error":"#REF!"}},{"$f":"'CRO2_Crono Simplificado'!GVW4","v":0},{"$f":"'CRO2_Crono Simplificado'!#REF!","v":{"$error":"#REF!"}},{"$f":"'CRO2_Crono Simplificado'!GVY4","v":0},{"$f":"'CRO2_Crono Simplificado'!#REF!","v":{"$error":"#REF!"}},{"$f":"'CRO2_Crono Simplificado'!GWA4","v":0},{"$f":"'CRO2_Crono Simplificado'!#REF!","v":{"$error":"#REF!"}},{"$f":"'CRO2_Crono Simplificado'!GWC4","v":0},{"$f":"'CRO2_Crono Simplificado'!#REF!","v":{"$error":"#REF!"}},{"$f":"'CRO2_Crono Simplificado'!GWE4","v":0},{"$f":"'CRO2_Crono Simplificado'!#REF!","v":{"$error":"#REF!"}},{"$f":"'CRO2_Crono Simplificado'!GWG4","v":0},{"$f":"'CRO2_Crono Simplificado'!#REF!","v":{"$error":"#REF!"}},{"$f":"'CRO2_Crono Simplificado'!GWI4","v":0},{"$f":"'CRO2_Crono Simplificado'!#REF!","v":{"$error":"#REF!"}},{"$f":"'CRO2_Crono Simplificado'!GWK4","v":0},{"$f":"'CRO2_Crono Simplificado'!#REF!","v":{"$error":"#REF!"}},{"$f":"'CRO2_Crono Simplificado'!GWM4","v":0},{"$f":"'CRO2_Crono Simplificado'!#REF!","v":{"$error":"#REF!"}},{"$f":"'CRO2_Crono Simplificado'!GWO4","v":0},{"$f":"'CRO2_Crono Simplificado'!#REF!","v":{"$error":"#REF!"}},{"$f":"'CRO2_Crono Simplificado'!GWQ4","v":0},{"$f":"'CRO2_Crono Simplificado'!#REF!","v":{"$error":"#REF!"}},{"$f":"'CRO2_Crono Simplificado'!GWS4","v":0},{"$f":"'CRO2_Crono Simplificado'!#REF!","v":{"$error":"#REF!"}},{"$f":"'CRO2_Crono Simplificado'!GWU4","v":0},{"$f":"'CRO2_Crono Simplificado'!#REF!","v":{"$error":"#REF!"}},{"$f":"'CRO2_Crono Simplificado'!GWW4","v":0},{"$f":"'CRO2_Crono Simplificado'!#REF!","v":{"$error":"#REF!"}},{"$f":"'CRO2_Crono Simplificado'!GWY4","v":0},{"$f":"'CRO2_Crono Simplificado'!#REF!","v":{"$error":"#REF!"}},{"$f":"'CRO2_Crono Simplificado'!GXA4","v":0},{"$f":"'CRO2_Crono Simplificado'!#REF!","v":{"$error":"#REF!"}},{"$f":"'CRO2_Crono Simplificado'!GXC4","v":0},{"$f":"'CRO2_Crono Simplificado'!#REF!","v":{"$error":"#REF!"}},{"$f":"'CRO2_Crono Simplificado'!GXE4","v":0},{"$f":"'CRO2_Crono Simplificado'!#REF!","v":{"$error":"#REF!"}},{"$f":"'CRO2_Crono Simplificado'!GXG4","v":0},{"$f":"'CRO2_Crono Simplificado'!#REF!","v":{"$error":"#REF!"}},{"$f":"'CRO2_Crono Simplificado'!GXI4","v":0},{"$f":"'CRO2_Crono Simplificado'!#REF!","v":{"$error":"#REF!"}},{"$f":"'CRO2_Crono Simplificado'!GXK4","v":0},{"$f":"'CRO2_Crono Simplificado'!#REF!","v":{"$error":"#REF!"}},{"$f":"'CRO2_Crono Simplificado'!GXM4","v":0},{"$f":"'CRO2_Crono Simplificado'!#REF!","v":{"$error":"#REF!"}},{"$f":"'CRO2_Crono Simplificado'!GXO4","v":0},{"$f":"'CRO2_Crono Simplificado'!#REF!","v":{"$error":"#REF!"}},{"$f":"'CRO2_Crono Simplificado'!GXQ4","v":0},{"$f":"'CRO2_Crono Simplificado'!#REF!","v":{"$error":"#REF!"}},{"$f":"'CRO2_Crono Simplificado'!GXS4","v":0},{"$f":"'CRO2_Crono Simplificado'!#REF!","v":{"$error":"#REF!"}},{"$f":"'CRO2_Crono Simplificado'!GXU4","v":0},{"$f":"'CRO2_Crono Simplificado'!#REF!","v":{"$error":"#REF!"}},{"$f":"'CRO2_Crono Simplificado'!GXW4","v":0},{"$f":"'CRO2_Crono Simplificado'!#REF!","v":{"$error":"#REF!"}},{"$f":"'CRO2_Crono Simplificado'!GXY4","v":0},{"$f":"'CRO2_Crono Simplificado'!#REF!","v":{"$error":"#REF!"}},{"$f":"'CRO2_Crono Simplificado'!GYA4","v":0},{"$f":"'CRO2_Crono Simplificado'!#REF!","v":{"$error":"#REF!"}},{"$f":"'CRO2_Crono Simplificado'!GYC4","v":0},{"$f":"'CRO2_Crono Simplificado'!#REF!","v":{"$error":"#REF!"}},{"$f":"'CRO2_Crono Simplificado'!GYE4","v":0},{"$f":"'CRO2_Crono Simplificado'!#REF!","v":{"$error":"#REF!"}},{"$f":"'CRO2_Crono Simplificado'!GYG4","v":0},{"$f":"'CRO2_Crono Simplificado'!#REF!","v":{"$error":"#REF!"}},{"$f":"'CRO2_Crono Simplificado'!GYI4","v":0},{"$f":"'CRO2_Crono Simplificado'!#REF!","v":{"$error":"#REF!"}},{"$f":"'CRO2_Crono Simplificado'!GYK4","v":0},{"$f":"'CRO2_Crono Simplificado'!#REF!","v":{"$error":"#REF!"}},{"$f":"'CRO2_Crono Simplificado'!GYM4","v":0},{"$f":"'CRO2_Crono Simplificado'!#REF!","v":{"$error":"#REF!"}},{"$f":"'CRO2_Crono Simplificado'!GYO4","v":0},{"$f":"'CRO2_Crono Simplificado'!#REF!","v":{"$error":"#REF!"}},{"$f":"'CRO2_Crono Simplificado'!GYQ4","v":0},{"$f":"'CRO2_Crono Simplificado'!#REF!","v":{"$error":"#REF!"}},{"$f":"'CRO2_Crono Simplificado'!GYS4","v":0},{"$f":"'CRO2_Crono Simplificado'!#REF!","v":{"$error":"#REF!"}},{"$f":"'CRO2_Crono Simplificado'!GYU4","v":0},{"$f":"'CRO2_Crono Simplificado'!#REF!","v":{"$error":"#REF!"}},{"$f":"'CRO2_Crono Simplificado'!GYW4","v":0},{"$f":"'CRO2_Crono Simplificado'!#REF!","v":{"$error":"#REF!"}},{"$f":"'CRO2_Crono Simplificado'!GYY4","v":0},{"$f":"'CRO2_Crono Simplificado'!#REF!","v":{"$error":"#REF!"}},{"$f":"'CRO2_Crono Simplificado'!GZA4","v":0},{"$f":"'CRO2_Crono Simplificado'!#REF!","v":{"$error":"#REF!"}},{"$f":"'CRO2_Crono Simplificado'!GZC4","v":0},{"$f":"'CRO2_Crono Simplificado'!#REF!","v":{"$error":"#REF!"}},{"$f":"'CRO2_Crono Simplificado'!GZE4","v":0},{"$f":"'CRO2_Crono Simplificado'!#REF!","v":{"$error":"#REF!"}},{"$f":"'CRO2_Crono Simplificado'!GZG4","v":0},{"$f":"'CRO2_Crono Simplificado'!#REF!","v":{"$error":"#REF!"}},{"$f":"'CRO2_Crono Simplificado'!GZI4","v":0},{"$f":"'CRO2_Crono Simplificado'!#REF!","v":{"$error":"#REF!"}},{"$f":"'CRO2_Crono Simplificado'!GZK4","v":0},{"$f":"'CRO2_Crono Simplificado'!#REF!","v":{"$error":"#REF!"}},{"$f":"'CRO2_Crono Simplificado'!GZM4","v":0},{"$f":"'CRO2_Crono Simplificado'!#REF!","v":{"$error":"#REF!"}},{"$f":"'CRO2_Crono Simplificado'!GZO4","v":0},{"$f":"'CRO2_Crono Simplificado'!#REF!","v":{"$error":"#REF!"}},{"$f":"'CRO2_Crono Simplificado'!GZQ4","v":0},{"$f":"'CRO2_Crono Simplificado'!#REF!","v":{"$error":"#REF!"}},{"$f":"'CRO2_Crono Simplificado'!GZS4","v":0},{"$f":"'CRO2_Crono Simplificado'!#REF!","v":{"$error":"#REF!"}},{"$f":"'CRO2_Crono Simplificado'!GZU4","v":0},{"$f":"'CRO2_Crono Simplificado'!#REF!","v":{"$error":"#REF!"}},{"$f":"'CRO2_Crono Simplificado'!GZW4","v":0},{"$f":"'CRO2_Crono Simplificado'!#REF!","v":{"$error":"#REF!"}},{"$f":"'CRO2_Crono Simplificado'!GZY4","v":0},{"$f":"'CRO2_Crono Simplificado'!#REF!","v":{"$error":"#REF!"}},{"$f":"'CRO2_Crono Simplificado'!HAA4","v":0},{"$f":"'CRO2_Crono Simplificado'!#REF!","v":{"$error":"#REF!"}},{"$f":"'CRO2_Crono Simplificado'!HAC4","v":0},{"$f":"'CRO2_Crono Simplificado'!#REF!","v":{"$error":"#REF!"}},{"$f":"'CRO2_Crono Simplificado'!HAE4","v":0},{"$f":"'CRO2_Crono Simplificado'!#REF!","v":{"$error":"#REF!"}},{"$f":"'CRO2_Crono Simplificado'!HAG4","v":0},{"$f":"'CRO2_Crono Simplificado'!#REF!","v":{"$error":"#REF!"}},{"$f":"'CRO2_Crono Simplificado'!HAI4","v":0},{"$f":"'CRO2_Crono Simplificado'!#REF!","v":{"$error":"#REF!"}},{"$f":"'CRO2_Crono Simplificado'!HAK4","v":0},{"$f":"'CRO2_Crono Simplificado'!#REF!","v":{"$error":"#REF!"}},{"$f":"'CRO2_Crono Simplificado'!HAM4","v":0},{"$f":"'CRO2_Crono Simplificado'!#REF!","v":{"$error":"#REF!"}},{"$f":"'CRO2_Crono Simplificado'!HAO4","v":0},{"$f":"'CRO2_Crono Simplificado'!#REF!","v":{"$error":"#REF!"}},{"$f":"'CRO2_Crono Simplificado'!HAQ4","v":0},{"$f":"'CRO2_Crono Simplificado'!#REF!","v":{"$error":"#REF!"}},{"$f":"'CRO2_Crono Simplificado'!HAS4","v":0},{"$f":"'CRO2_Crono Simplificado'!#REF!","v":{"$error":"#REF!"}},{"$f":"'CRO2_Crono Simplificado'!HAU4","v":0},{"$f":"'CRO2_Crono Simplificado'!#REF!","v":{"$error":"#REF!"}},{"$f":"'CRO2_Crono Simplificado'!HAW4","v":0},{"$f":"'CRO2_Crono Simplificado'!#REF!","v":{"$error":"#REF!"}},{"$f":"'CRO2_Crono Simplificado'!HAY4","v":0},{"$f":"'CRO2_Crono Simplificado'!#REF!","v":{"$error":"#REF!"}},{"$f":"'CRO2_Crono Simplificado'!HBA4","v":0},{"$f":"'CRO2_Crono Simplificado'!#REF!","v":{"$error":"#REF!"}},{"$f":"'CRO2_Crono Simplificado'!HBC4","v":0},{"$f":"'CRO2_Crono Simplificado'!#REF!","v":{"$error":"#REF!"}},{"$f":"'CRO2_Crono Simplificado'!HBE4","v":0},{"$f":"'CRO2_Crono Simplificado'!#REF!","v":{"$error":"#REF!"}},{"$f":"'CRO2_Crono Simplificado'!HBG4","v":0},{"$f":"'CRO2_Crono Simplificado'!#REF!","v":{"$error":"#REF!"}},{"$f":"'CRO2_Crono Simplificado'!HBI4","v":0},{"$f":"'CRO2_Crono Simplificado'!#REF!","v":{"$error":"#REF!"}},{"$f":"'CRO2_Crono Simplificado'!HBK4","v":0},{"$f":"'CRO2_Crono Simplificado'!#REF!","v":{"$error":"#REF!"}},{"$f":"'CRO2_Crono Simplificado'!HBM4","v":0},{"$f":"'CRO2_Crono Simplificado'!#REF!","v":{"$error":"#REF!"}},{"$f":"'CRO2_Crono Simplificado'!HBO4","v":0},{"$f":"'CRO2_Crono Simplificado'!#REF!","v":{"$error":"#REF!"}},{"$f":"'CRO2_Crono Simplificado'!HBQ4","v":0},{"$f":"'CRO2_Crono Simplificado'!#REF!","v":{"$error":"#REF!"}},{"$f":"'CRO2_Crono Simplificado'!HBS4","v":0},{"$f":"'CRO2_Crono Simplificado'!#REF!","v":{"$error":"#REF!"}},{"$f":"'CRO2_Crono Simplificado'!HBU4","v":0},{"$f":"'CRO2_Crono Simplificado'!#REF!","v":{"$error":"#REF!"}},{"$f":"'CRO2_Crono Simplificado'!HBW4","v":0},{"$f":"'CRO2_Crono Simplificado'!#REF!","v":{"$error":"#REF!"}},{"$f":"'CRO2_Crono Simplificado'!HBY4","v":0},{"$f":"'CRO2_Crono Simplificado'!#REF!","v":{"$error":"#REF!"}},{"$f":"'CRO2_Crono Simplificado'!HCA4","v":0},{"$f":"'CRO2_Crono Simplificado'!#REF!","v":{"$error":"#REF!"}},{"$f":"'CRO2_Crono Simplificado'!HCC4","v":0},{"$f":"'CRO2_Crono Simplificado'!#REF!","v":{"$error":"#REF!"}},{"$f":"'CRO2_Crono Simplificado'!HCE4","v":0},{"$f":"'CRO2_Crono Simplificado'!#REF!","v":{"$error":"#REF!"}},{"$f":"'CRO2_Crono Simplificado'!HCG4","v":0},{"$f":"'CRO2_Crono Simplificado'!#REF!","v":{"$error":"#REF!"}},{"$f":"'CRO2_Crono Simplificado'!HCI4","v":0},{"$f":"'CRO2_Crono Simplificado'!#REF!","v":{"$error":"#REF!"}},{"$f":"'CRO2_Crono Simplificado'!HCK4","v":0},{"$f":"'CRO2_Crono Simplificado'!#REF!","v":{"$error":"#REF!"}},{"$f":"'CRO2_Crono Simplificado'!HCM4","v":0},{"$f":"'CRO2_Crono Simplificado'!#REF!","v":{"$error":"#REF!"}},{"$f":"'CRO2_Crono Simplificado'!HCO4","v":0},{"$f":"'CRO2_Crono Simplificado'!#REF!","v":{"$error":"#REF!"}},{"$f":"'CRO2_Crono Simplificado'!HCQ4","v":0},{"$f":"'CRO2_Crono Simplificado'!#REF!","v":{"$error":"#REF!"}},{"$f":"'CRO2_Crono Simplificado'!HCS4","v":0},{"$f":"'CRO2_Crono Simplificado'!#REF!","v":{"$error":"#REF!"}},{"$f":"'CRO2_Crono Simplificado'!HCU4","v":0},{"$f":"'CRO2_Crono Simplificado'!#REF!","v":{"$error":"#REF!"}},{"$f":"'CRO2_Crono Simplificado'!HCW4","v":0},{"$f":"'CRO2_Crono Simplificado'!#REF!","v":{"$error":"#REF!"}},{"$f":"'CRO2_Crono Simplificado'!HCY4","v":0},{"$f":"'CRO2_Crono Simplificado'!#REF!","v":{"$error":"#REF!"}},{"$f":"'CRO2_Crono Simplificado'!HDA4","v":0},{"$f":"'CRO2_Crono Simplificado'!#REF!","v":{"$error":"#REF!"}},{"$f":"'CRO2_Crono Simplificado'!HDC4","v":0},{"$f":"'CRO2_Crono Simplificado'!#REF!","v":{"$error":"#REF!"}},{"$f":"'CRO2_Crono Simplificado'!HDE4","v":0},{"$f":"'CRO2_Crono Simplificado'!#REF!","v":{"$error":"#REF!"}},{"$f":"'CRO2_Crono Simplificado'!HDG4","v":0},{"$f":"'CRO2_Crono Simplificado'!#REF!","v":{"$error":"#REF!"}},{"$f":"'CRO2_Crono Simplificado'!HDI4","v":0},{"$f":"'CRO2_Crono Simplificado'!#REF!","v":{"$error":"#REF!"}},{"$f":"'CRO2_Crono Simplificado'!HDK4","v":0},{"$f":"'CRO2_Crono Simplificado'!#REF!","v":{"$error":"#REF!"}},{"$f":"'CRO2_Crono Simplificado'!HDM4","v":0},{"$f":"'CRO2_Crono Simplificado'!#REF!","v":{"$error":"#REF!"}},{"$f":"'CRO2_Crono Simplificado'!HDO4","v":0},{"$f":"'CRO2_Crono Simplificado'!#REF!","v":{"$error":"#REF!"}},{"$f":"'CRO2_Crono Simplificado'!HDQ4","v":0},{"$f":"'CRO2_Crono Simplificado'!#REF!","v":{"$error":"#REF!"}},{"$f":"'CRO2_Crono Simplificado'!HDS4","v":0},{"$f":"'CRO2_Crono Simplificado'!#REF!","v":{"$error":"#REF!"}},{"$f":"'CRO2_Crono Simplificado'!HDU4","v":0},{"$f":"'CRO2_Crono Simplificado'!#REF!","v":{"$error":"#REF!"}},{"$f":"'CRO2_Crono Simplificado'!HDW4","v":0},{"$f":"'CRO2_Crono Simplificado'!#REF!","v":{"$error":"#REF!"}},{"$f":"'CRO2_Crono Simplificado'!HDY4","v":0},{"$f":"'CRO2_Crono Simplificado'!#REF!","v":{"$error":"#REF!"}},{"$f":"'CRO2_Crono Simplificado'!HEA4","v":0},{"$f":"'CRO2_Crono Simplificado'!#REF!","v":{"$error":"#REF!"}},{"$f":"'CRO2_Crono Simplificado'!HEC4","v":0},{"$f":"'CRO2_Crono Simplificado'!#REF!","v":{"$error":"#REF!"}},{"$f":"'CRO2_Crono Simplificado'!HEE4","v":0},{"$f":"'CRO2_Crono Simplificado'!#REF!","v":{"$error":"#REF!"}},{"$f":"'CRO2_Crono Simplificado'!HEG4","v":0},{"$f":"'CRO2_Crono Simplificado'!#REF!","v":{"$error":"#REF!"}},{"$f":"'CRO2_Crono Simplificado'!HEI4","v":0},{"$f":"'CRO2_Crono Simplificado'!#REF!","v":{"$error":"#REF!"}},{"$f":"'CRO2_Crono Simplificado'!HEK4","v":0},{"$f":"'CRO2_Crono Simplificado'!#REF!","v":{"$error":"#REF!"}},{"$f":"'CRO2_Crono Simplificado'!HEM4","v":0},{"$f":"'CRO2_Crono Simplificado'!#REF!","v":{"$error":"#REF!"}},{"$f":"'CRO2_Crono Simplificado'!HEO4","v":0},{"$f":"'CRO2_Crono Simplificado'!#REF!","v":{"$error":"#REF!"}},{"$f":"'CRO2_Crono Simplificado'!HEQ4","v":0},{"$f":"'CRO2_Crono Simplificado'!#REF!","v":{"$error":"#REF!"}},{"$f":"'CRO2_Crono Simplificado'!HES4","v":0},{"$f":"'CRO2_Crono Simplificado'!#REF!","v":{"$error":"#REF!"}},{"$f":"'CRO2_Crono Simplificado'!HEU4","v":0},{"$f":"'CRO2_Crono Simplificado'!#REF!","v":{"$error":"#REF!"}},{"$f":"'CRO2_Crono Simplificado'!HEW4","v":0},{"$f":"'CRO2_Crono Simplificado'!#REF!","v":{"$error":"#REF!"}},{"$f":"'CRO2_Crono Simplificado'!HEY4","v":0},{"$f":"'CRO2_Crono Simplificado'!#REF!","v":{"$error":"#REF!"}},{"$f":"'CRO2_Crono Simplificado'!HFA4","v":0},{"$f":"'CRO2_Crono Simplificado'!#REF!","v":{"$error":"#REF!"}},{"$f":"'CRO2_Crono Simplificado'!HFC4","v":0},{"$f":"'CRO2_Crono Simplificado'!#REF!","v":{"$error":"#REF!"}},{"$f":"'CRO2_Crono Simplificado'!HFE4","v":0},{"$f":"'CRO2_Crono Simplificado'!#REF!","v":{"$error":"#REF!"}},{"$f":"'CRO2_Crono Simplificado'!HFG4","v":0},{"$f":"'CRO2_Crono Simplificado'!#REF!","v":{"$error":"#REF!"}},{"$f":"'CRO2_Crono Simplificado'!HFI4","v":0},{"$f":"'CRO2_Crono Simplificado'!#REF!","v":{"$error":"#REF!"}},{"$f":"'CRO2_Crono Simplificado'!HFK4","v":0},{"$f":"'CRO2_Crono Simplificado'!#REF!","v":{"$error":"#REF!"}},{"$f":"'CRO2_Crono Simplificado'!HFM4","v":0},{"$f":"'CRO2_Crono Simplificado'!#REF!","v":{"$error":"#REF!"}},{"$f":"'CRO2_Crono Simplificado'!HFO4","v":0},{"$f":"'CRO2_Crono Simplificado'!#REF!","v":{"$error":"#REF!"}},{"$f":"'CRO2_Crono Simplificado'!HFQ4","v":0},{"$f":"'CRO2_Crono Simplificado'!#REF!","v":{"$error":"#REF!"}},{"$f":"'CRO2_Crono Simplificado'!HFS4","v":0},{"$f":"'CRO2_Crono Simplificado'!#REF!","v":{"$error":"#REF!"}},{"$f":"'CRO2_Crono Simplificado'!HFU4","v":0},{"$f":"'CRO2_Crono Simplificado'!#REF!","v":{"$error":"#REF!"}},{"$f":"'CRO2_Crono Simplificado'!HFW4","v":0},{"$f":"'CRO2_Crono Simplificado'!#REF!","v":{"$error":"#REF!"}},{"$f":"'CRO2_Crono Simplificado'!HFY4","v":0},{"$f":"'CRO2_Crono Simplificado'!#REF!","v":{"$error":"#REF!"}},{"$f":"'CRO2_Crono Simplificado'!HGA4","v":0},{"$f":"'CRO2_Crono Simplificado'!#REF!","v":{"$error":"#REF!"}},{"$f":"'CRO2_Crono Simplificado'!HGC4","v":0},{"$f":"'CRO2_Crono Simplificado'!#REF!","v":{"$error":"#REF!"}},{"$f":"'CRO2_Crono Simplificado'!HGE4","v":0},{"$f":"'CRO2_Crono Simplificado'!#REF!","v":{"$error":"#REF!"}},{"$f":"'CRO2_Crono Simplificado'!HGG4","v":0},{"$f":"'CRO2_Crono Simplificado'!#REF!","v":{"$error":"#REF!"}},{"$f":"'CRO2_Crono Simplificado'!HGI4","v":0},{"$f":"'CRO2_Crono Simplificado'!#REF!","v":{"$error":"#REF!"}},{"$f":"'CRO2_Crono Simplificado'!HGK4","v":0},{"$f":"'CRO2_Crono Simplificado'!#REF!","v":{"$error":"#REF!"}},{"$f":"'CRO2_Crono Simplificado'!HGM4","v":0},{"$f":"'CRO2_Crono Simplificado'!#REF!","v":{"$error":"#REF!"}},{"$f":"'CRO2_Crono Simplificado'!HGO4","v":0},{"$f":"'CRO2_Crono Simplificado'!#REF!","v":{"$error":"#REF!"}},{"$f":"'CRO2_Crono Simplificado'!HGQ4","v":0},{"$f":"'CRO2_Crono Simplificado'!#REF!","v":{"$error":"#REF!"}},{"$f":"'CRO2_Crono Simplificado'!HGS4","v":0},{"$f":"'CRO2_Crono Simplificado'!#REF!","v":{"$error":"#REF!"}},{"$f":"'CRO2_Crono Simplificado'!HGU4","v":0},{"$f":"'CRO2_Crono Simplificado'!#REF!","v":{"$error":"#REF!"}},{"$f":"'CRO2_Crono Simplificado'!HGW4","v":0},{"$f":"'CRO2_Crono Simplificado'!#REF!","v":{"$error":"#REF!"}},{"$f":"'CRO2_Crono Simplificado'!HGY4","v":0},{"$f":"'CRO2_Crono Simplificado'!#REF!","v":{"$error":"#REF!"}},{"$f":"'CRO2_Crono Simplificado'!HHA4","v":0},{"$f":"'CRO2_Crono Simplificado'!#REF!","v":{"$error":"#REF!"}},{"$f":"'CRO2_Crono Simplificado'!HHC4","v":0},{"$f":"'CRO2_Crono Simplificado'!#REF!","v":{"$error":"#REF!"}},{"$f":"'CRO2_Crono Simplificado'!HHE4","v":0},{"$f":"'CRO2_Crono Simplificado'!#REF!","v":{"$error":"#REF!"}},{"$f":"'CRO2_Crono Simplificado'!HHG4","v":0},{"$f":"'CRO2_Crono Simplificado'!#REF!","v":{"$error":"#REF!"}},{"$f":"'CRO2_Crono Simplificado'!HHI4","v":0},{"$f":"'CRO2_Crono Simplificado'!#REF!","v":{"$error":"#REF!"}},{"$f":"'CRO2_Crono Simplificado'!HHK4","v":0},{"$f":"'CRO2_Crono Simplificado'!#REF!","v":{"$error":"#REF!"}},{"$f":"'CRO2_Crono Simplificado'!HHM4","v":0},{"$f":"'CRO2_Crono Simplificado'!#REF!","v":{"$error":"#REF!"}},{"$f":"'CRO2_Crono Simplificado'!HHO4","v":0},{"$f":"'CRO2_Crono Simplificado'!#REF!","v":{"$error":"#REF!"}},{"$f":"'CRO2_Crono Simplificado'!HHQ4","v":0},{"$f":"'CRO2_Crono Simplificado'!#REF!","v":{"$error":"#REF!"}},{"$f":"'CRO2_Crono Simplificado'!HHS4","v":0},{"$f":"'CRO2_Crono Simplificado'!#REF!","v":{"$error":"#REF!"}},{"$f":"'CRO2_Crono Simplificado'!HHU4","v":0},{"$f":"'CRO2_Crono Simplificado'!#REF!","v":{"$error":"#REF!"}},{"$f":"'CRO2_Crono Simplificado'!HHW4","v":0},{"$f":"'CRO2_Crono Simplificado'!#REF!","v":{"$error":"#REF!"}},{"$f":"'CRO2_Crono Simplificado'!HHY4","v":0},{"$f":"'CRO2_Crono Simplificado'!#REF!","v":{"$error":"#REF!"}},{"$f":"'CRO2_Crono Simplificado'!HIA4","v":0},{"$f":"'CRO2_Crono Simplificado'!#REF!","v":{"$error":"#REF!"}},{"$f":"'CRO2_Crono Simplificado'!HIC4","v":0},{"$f":"'CRO2_Crono Simplificado'!#REF!","v":{"$error":"#REF!"}},{"$f":"'CRO2_Crono Simplificado'!HIE4","v":0},{"$f":"'CRO2_Crono Simplificado'!#REF!","v":{"$error":"#REF!"}},{"$f":"'CRO2_Crono Simplificado'!HIG4","v":0},{"$f":"'CRO2_Crono Simplificado'!#REF!","v":{"$error":"#REF!"}},{"$f":"'CRO2_Crono Simplificado'!HII4","v":0},{"$f":"'CRO2_Crono Simplificado'!#REF!","v":{"$error":"#REF!"}},{"$f":"'CRO2_Crono Simplificado'!HIK4","v":0},{"$f":"'CRO2_Crono Simplificado'!#REF!","v":{"$error":"#REF!"}},{"$f":"'CRO2_Crono Simplificado'!HIM4","v":0},{"$f":"'CRO2_Crono Simplificado'!#REF!","v":{"$error":"#REF!"}},{"$f":"'CRO2_Crono Simplificado'!HIO4","v":0},{"$f":"'CRO2_Crono Simplificado'!#REF!","v":{"$error":"#REF!"}},{"$f":"'CRO2_Crono Simplificado'!HIQ4","v":0},{"$f":"'CRO2_Crono Simplificado'!#REF!","v":{"$error":"#REF!"}},{"$f":"'CRO2_Crono Simplificado'!HIS4","v":0},{"$f":"'CRO2_Crono Simplificado'!#REF!","v":{"$error":"#REF!"}},{"$f":"'CRO2_Crono Simplificado'!HIU4","v":0},{"$f":"'CRO2_Crono Simplificado'!#REF!","v":{"$error":"#REF!"}},{"$f":"'CRO2_Crono Simplificado'!HIW4","v":0},{"$f":"'CRO2_Crono Simplificado'!#REF!","v":{"$error":"#REF!"}},{"$f":"'CRO2_Crono Simplificado'!HIY4","v":0},{"$f":"'CRO2_Crono Simplificado'!#REF!","v":{"$error":"#REF!"}},{"$f":"'CRO2_Crono Simplificado'!HJA4","v":0},{"$f":"'CRO2_Crono Simplificado'!#REF!","v":{"$error":"#REF!"}},{"$f":"'CRO2_Crono Simplificado'!HJC4","v":0},{"$f":"'CRO2_Crono Simplificado'!#REF!","v":{"$error":"#REF!"}},{"$f":"'CRO2_Crono Simplificado'!HJE4","v":0},{"$f":"'CRO2_Crono Simplificado'!#REF!","v":{"$error":"#REF!"}},{"$f":"'CRO2_Crono Simplificado'!HJG4","v":0},{"$f":"'CRO2_Crono Simplificado'!#REF!","v":{"$error":"#REF!"}},{"$f":"'CRO2_Crono Simplificado'!HJI4","v":0},{"$f":"'CRO2_Crono Simplificado'!#REF!","v":{"$error":"#REF!"}},{"$f":"'CRO2_Crono Simplificado'!HJK4","v":0},{"$f":"'CRO2_Crono Simplificado'!#REF!","v":{"$error":"#REF!"}},{"$f":"'CRO2_Crono Simplificado'!HJM4","v":0},{"$f":"'CRO2_Crono Simplificado'!#REF!","v":{"$error":"#REF!"}},{"$f":"'CRO2_Crono Simplificado'!HJO4","v":0},{"$f":"'CRO2_Crono Simplificado'!#REF!","v":{"$error":"#REF!"}},{"$f":"'CRO2_Crono Simplificado'!HJQ4","v":0},{"$f":"'CRO2_Crono Simplificado'!#REF!","v":{"$error":"#REF!"}},{"$f":"'CRO2_Crono Simplificado'!HJS4","v":0},{"$f":"'CRO2_Crono Simplificado'!#REF!","v":{"$error":"#REF!"}},{"$f":"'CRO2_Crono Simplificado'!HJU4","v":0},{"$f":"'CRO2_Crono Simplificado'!#REF!","v":{"$error":"#REF!"}},{"$f":"'CRO2_Crono Simplificado'!HJW4","v":0},{"$f":"'CRO2_Crono Simplificado'!#REF!","v":{"$error":"#REF!"}},{"$f":"'CRO2_Crono Simplificado'!HJY4","v":0},{"$f":"'CRO2_Crono Simplificado'!#REF!","v":{"$error":"#REF!"}},{"$f":"'CRO2_Crono Simplificado'!HKA4","v":0},{"$f":"'CRO2_Crono Simplificado'!#REF!","v":{"$error":"#REF!"}},{"$f":"'CRO2_Crono Simplificado'!HKC4","v":0},{"$f":"'CRO2_Crono Simplificado'!#REF!","v":{"$error":"#REF!"}},{"$f":"'CRO2_Crono Simplificado'!HKE4","v":0},{"$f":"'CRO2_Crono Simplificado'!#REF!","v":{"$error":"#REF!"}},{"$f":"'CRO2_Crono Simplificado'!HKG4","v":0},{"$f":"'CRO2_Crono Simplificado'!#REF!","v":{"$error":"#REF!"}},{"$f":"'CRO2_Crono Simplificado'!HKI4","v":0},{"$f":"'CRO2_Crono Simplificado'!#REF!","v":{"$error":"#REF!"}},{"$f":"'CRO2_Crono Simplificado'!HKK4","v":0},{"$f":"'CRO2_Crono Simplificado'!#REF!","v":{"$error":"#REF!"}},{"$f":"'CRO2_Crono Simplificado'!HKM4","v":0},{"$f":"'CRO2_Crono Simplificado'!#REF!","v":{"$error":"#REF!"}},{"$f":"'CRO2_Crono Simplificado'!HKO4","v":0},{"$f":"'CRO2_Crono Simplificado'!#REF!","v":{"$error":"#REF!"}},{"$f":"'CRO2_Crono Simplificado'!HKQ4","v":0},{"$f":"'CRO2_Crono Simplificado'!#REF!","v":{"$error":"#REF!"}},{"$f":"'CRO2_Crono Simplificado'!HKS4","v":0},{"$f":"'CRO2_Crono Simplificado'!#REF!","v":{"$error":"#REF!"}},{"$f":"'CRO2_Crono Simplificado'!HKU4","v":0},{"$f":"'CRO2_Crono Simplificado'!#REF!","v":{"$error":"#REF!"}},{"$f":"'CRO2_Crono Simplificado'!HKW4","v":0},{"$f":"'CRO2_Crono Simplificado'!#REF!","v":{"$error":"#REF!"}},{"$f":"'CRO2_Crono Simplificado'!HKY4","v":0},{"$f":"'CRO2_Crono Simplificado'!#REF!","v":{"$error":"#REF!"}},{"$f":"'CRO2_Crono Simplificado'!HLA4","v":0},{"$f":"'CRO2_Crono Simplificado'!#REF!","v":{"$error":"#REF!"}},{"$f":"'CRO2_Crono Simplificado'!HLC4","v":0},{"$f":"'CRO2_Crono Simplificado'!#REF!","v":{"$error":"#REF!"}},{"$f":"'CRO2_Crono Simplificado'!HLE4","v":0},{"$f":"'CRO2_Crono Simplificado'!#REF!","v":{"$error":"#REF!"}},{"$f":"'CRO2_Crono Simplificado'!HLG4","v":0},{"$f":"'CRO2_Crono Simplificado'!#REF!","v":{"$error":"#REF!"}},{"$f":"'CRO2_Crono Simplificado'!HLI4","v":0},{"$f":"'CRO2_Crono Simplificado'!#REF!","v":{"$error":"#REF!"}},{"$f":"'CRO2_Crono Simplificado'!HLK4","v":0},{"$f":"'CRO2_Crono Simplificado'!#REF!","v":{"$error":"#REF!"}},{"$f":"'CRO2_Crono Simplificado'!HLM4","v":0},{"$f":"'CRO2_Crono Simplificado'!#REF!","v":{"$error":"#REF!"}},{"$f":"'CRO2_Crono Simplificado'!HLO4","v":0},{"$f":"'CRO2_Crono Simplificado'!#REF!","v":{"$error":"#REF!"}},{"$f":"'CRO2_Crono Simplificado'!HLQ4","v":0},{"$f":"'CRO2_Crono Simplificado'!#REF!","v":{"$error":"#REF!"}},{"$f":"'CRO2_Crono Simplificado'!HLS4","v":0},{"$f":"'CRO2_Crono Simplificado'!#REF!","v":{"$error":"#REF!"}},{"$f":"'CRO2_Crono Simplificado'!HLU4","v":0},{"$f":"'CRO2_Crono Simplificado'!#REF!","v":{"$error":"#REF!"}},{"$f":"'CRO2_Crono Simplificado'!HLW4","v":0},{"$f":"'CRO2_Crono Simplificado'!#REF!","v":{"$error":"#REF!"}},{"$f":"'CRO2_Crono Simplificado'!HLY4","v":0},{"$f":"'CRO2_Crono Simplificado'!#REF!","v":{"$error":"#REF!"}},{"$f":"'CRO2_Crono Simplificado'!HMA4","v":0},{"$f":"'CRO2_Crono Simplificado'!#REF!","v":{"$error":"#REF!"}},{"$f":"'CRO2_Crono Simplificado'!HMC4","v":0},{"$f":"'CRO2_Crono Simplificado'!#REF!","v":{"$error":"#REF!"}},{"$f":"'CRO2_Crono Simplificado'!HME4","v":0},{"$f":"'CRO2_Crono Simplificado'!#REF!","v":{"$error":"#REF!"}},{"$f":"'CRO2_Crono Simplificado'!HMG4","v":0},{"$f":"'CRO2_Crono Simplificado'!#REF!","v":{"$error":"#REF!"}},{"$f":"'CRO2_Crono Simplificado'!HMI4","v":0},{"$f":"'CRO2_Crono Simplificado'!#REF!","v":{"$error":"#REF!"}},{"$f":"'CRO2_Crono Simplificado'!HMK4","v":0},{"$f":"'CRO2_Crono Simplificado'!#REF!","v":{"$error":"#REF!"}},{"$f":"'CRO2_Crono Simplificado'!HMM4","v":0},{"$f":"'CRO2_Crono Simplificado'!#REF!","v":{"$error":"#REF!"}},{"$f":"'CRO2_Crono Simplificado'!HMO4","v":0},{"$f":"'CRO2_Crono Simplificado'!#REF!","v":{"$error":"#REF!"}},{"$f":"'CRO2_Crono Simplificado'!HMQ4","v":0},{"$f":"'CRO2_Crono Simplificado'!#REF!","v":{"$error":"#REF!"}},{"$f":"'CRO2_Crono Simplificado'!HMS4","v":0},{"$f":"'CRO2_Crono Simplificado'!#REF!","v":{"$error":"#REF!"}},{"$f":"'CRO2_Crono Simplificado'!HMU4","v":0},{"$f":"'CRO2_Crono Simplificado'!#REF!","v":{"$error":"#REF!"}},{"$f":"'CRO2_Crono Simplificado'!HMW4","v":0},{"$f":"'CRO2_Crono Simplificado'!#REF!","v":{"$error":"#REF!"}},{"$f":"'CRO2_Crono Simplificado'!HMY4","v":0},{"$f":"'CRO2_Crono Simplificado'!#REF!","v":{"$error":"#REF!"}},{"$f":"'CRO2_Crono Simplificado'!HNA4","v":0},{"$f":"'CRO2_Crono Simplificado'!#REF!","v":{"$error":"#REF!"}},{"$f":"'CRO2_Crono Simplificado'!HNC4","v":0},{"$f":"'CRO2_Crono Simplificado'!#REF!","v":{"$error":"#REF!"}},{"$f":"'CRO2_Crono Simplificado'!HNE4","v":0},{"$f":"'CRO2_Crono Simplificado'!#REF!","v":{"$error":"#REF!"}},{"$f":"'CRO2_Crono Simplificado'!HNG4","v":0},{"$f":"'CRO2_Crono Simplificado'!#REF!","v":{"$error":"#REF!"}},{"$f":"'CRO2_Crono Simplificado'!HNI4","v":0},{"$f":"'CRO2_Crono Simplificado'!#REF!","v":{"$error":"#REF!"}},{"$f":"'CRO2_Crono Simplificado'!HNK4","v":0},{"$f":"'CRO2_Crono Simplificado'!#REF!","v":{"$error":"#REF!"}},{"$f":"'CRO2_Crono Simplificado'!HNM4","v":0},{"$f":"'CRO2_Crono Simplificado'!#REF!","v":{"$error":"#REF!"}},{"$f":"'CRO2_Crono Simplificado'!HNO4","v":0},{"$f":"'CRO2_Crono Simplificado'!#REF!","v":{"$error":"#REF!"}},{"$f":"'CRO2_Crono Simplificado'!HNQ4","v":0},{"$f":"'CRO2_Crono Simplificado'!#REF!","v":{"$error":"#REF!"}},{"$f":"'CRO2_Crono Simplificado'!HNS4","v":0},{"$f":"'CRO2_Crono Simplificado'!#REF!","v":{"$error":"#REF!"}},{"$f":"'CRO2_Crono Simplificado'!HNU4","v":0},{"$f":"'CRO2_Crono Simplificado'!#REF!","v":{"$error":"#REF!"}},{"$f":"'CRO2_Crono Simplificado'!HNW4","v":0},{"$f":"'CRO2_Crono Simplificado'!#REF!","v":{"$error":"#REF!"}},{"$f":"'CRO2_Crono Simplificado'!HNY4","v":0},{"$f":"'CRO2_Crono Simplificado'!#REF!","v":{"$error":"#REF!"}},{"$f":"'CRO2_Crono Simplificado'!HOA4","v":0},{"$f":"'CRO2_Crono Simplificado'!#REF!","v":{"$error":"#REF!"}},{"$f":"'CRO2_Crono Simplificado'!HOC4","v":0},{"$f":"'CRO2_Crono Simplificado'!#REF!","v":{"$error":"#REF!"}},{"$f":"'CRO2_Crono Simplificado'!HOE4","v":0},{"$f":"'CRO2_Crono Simplificado'!#REF!","v":{"$error":"#REF!"}},{"$f":"'CRO2_Crono Simplificado'!HOG4","v":0},{"$f":"'CRO2_Crono Simplificado'!#REF!","v":{"$error":"#REF!"}},{"$f":"'CRO2_Crono Simplificado'!HOI4","v":0},{"$f":"'CRO2_Crono Simplificado'!#REF!","v":{"$error":"#REF!"}},{"$f":"'CRO2_Crono Simplificado'!HOK4","v":0},{"$f":"'CRO2_Crono Simplificado'!#REF!","v":{"$error":"#REF!"}},{"$f":"'CRO2_Crono Simplificado'!HOM4","v":0},{"$f":"'CRO2_Crono Simplificado'!#REF!","v":{"$error":"#REF!"}},{"$f":"'CRO2_Crono Simplificado'!HOO4","v":0},{"$f":"'CRO2_Crono Simplificado'!#REF!","v":{"$error":"#REF!"}},{"$f":"'CRO2_Crono Simplificado'!HOQ4","v":0},{"$f":"'CRO2_Crono Simplificado'!#REF!","v":{"$error":"#REF!"}},{"$f":"'CRO2_Crono Simplificado'!HOS4","v":0},{"$f":"'CRO2_Crono Simplificado'!#REF!","v":{"$error":"#REF!"}},{"$f":"'CRO2_Crono Simplificado'!HOU4","v":0},{"$f":"'CRO2_Crono Simplificado'!#REF!","v":{"$error":"#REF!"}},{"$f":"'CRO2_Crono Simplificado'!HOW4","v":0},{"$f":"'CRO2_Crono Simplificado'!#REF!","v":{"$error":"#REF!"}},{"$f":"'CRO2_Crono Simplificado'!HOY4","v":0},{"$f":"'CRO2_Crono Simplificado'!#REF!","v":{"$error":"#REF!"}},{"$f":"'CRO2_Crono Simplificado'!HPA4","v":0},{"$f":"'CRO2_Crono Simplificado'!#REF!","v":{"$error":"#REF!"}},{"$f":"'CRO2_Crono Simplificado'!HPC4","v":0},{"$f":"'CRO2_Crono Simplificado'!#REF!","v":{"$error":"#REF!"}},{"$f":"'CRO2_Crono Simplificado'!HPE4","v":0},{"$f":"'CRO2_Crono Simplificado'!#REF!","v":{"$error":"#REF!"}},{"$f":"'CRO2_Crono Simplificado'!HPG4","v":0},{"$f":"'CRO2_Crono Simplificado'!#REF!","v":{"$error":"#REF!"}},{"$f":"'CRO2_Crono Simplificado'!HPI4","v":0},{"$f":"'CRO2_Crono Simplificado'!#REF!","v":{"$error":"#REF!"}},{"$f":"'CRO2_Crono Simplificado'!HPK4","v":0},{"$f":"'CRO2_Crono Simplificado'!#REF!","v":{"$error":"#REF!"}},{"$f":"'CRO2_Crono Simplificado'!HPM4","v":0},{"$f":"'CRO2_Crono Simplificado'!#REF!","v":{"$error":"#REF!"}},{"$f":"'CRO2_Crono Simplificado'!HPO4","v":0},{"$f":"'CRO2_Crono Simplificado'!#REF!","v":{"$error":"#REF!"}},{"$f":"'CRO2_Crono Simplificado'!HPQ4","v":0},{"$f":"'CRO2_Crono Simplificado'!#REF!","v":{"$error":"#REF!"}},{"$f":"'CRO2_Crono Simplificado'!HPS4","v":0},{"$f":"'CRO2_Crono Simplificado'!#REF!","v":{"$error":"#REF!"}},{"$f":"'CRO2_Crono Simplificado'!HPU4","v":0},{"$f":"'CRO2_Crono Simplificado'!#REF!","v":{"$error":"#REF!"}},{"$f":"'CRO2_Crono Simplificado'!HPW4","v":0},{"$f":"'CRO2_Crono Simplificado'!#REF!","v":{"$error":"#REF!"}},{"$f":"'CRO2_Crono Simplificado'!HPY4","v":0},{"$f":"'CRO2_Crono Simplificado'!#REF!","v":{"$error":"#REF!"}},{"$f":"'CRO2_Crono Simplificado'!HQA4","v":0},{"$f":"'CRO2_Crono Simplificado'!#REF!","v":{"$error":"#REF!"}},{"$f":"'CRO2_Crono Simplificado'!HQC4","v":0},{"$f":"'CRO2_Crono Simplificado'!#REF!","v":{"$error":"#REF!"}},{"$f":"'CRO2_Crono Simplificado'!HQE4","v":0},{"$f":"'CRO2_Crono Simplificado'!#REF!","v":{"$error":"#REF!"}},{"$f":"'CRO2_Crono Simplificado'!HQG4","v":0},{"$f":"'CRO2_Crono Simplificado'!#REF!","v":{"$error":"#REF!"}},{"$f":"'CRO2_Crono Simplificado'!HQI4","v":0},{"$f":"'CRO2_Crono Simplificado'!#REF!","v":{"$error":"#REF!"}},{"$f":"'CRO2_Crono Simplificado'!HQK4","v":0},{"$f":"'CRO2_Crono Simplificado'!#REF!","v":{"$error":"#REF!"}},{"$f":"'CRO2_Crono Simplificado'!HQM4","v":0},{"$f":"'CRO2_Crono Simplificado'!#REF!","v":{"$error":"#REF!"}},{"$f":"'CRO2_Crono Simplificado'!HQO4","v":0},{"$f":"'CRO2_Crono Simplificado'!#REF!","v":{"$error":"#REF!"}},{"$f":"'CRO2_Crono Simplificado'!HQQ4","v":0},{"$f":"'CRO2_Crono Simplificado'!#REF!","v":{"$error":"#REF!"}},{"$f":"'CRO2_Crono Simplificado'!HQS4","v":0},{"$f":"'CRO2_Crono Simplificado'!#REF!","v":{"$error":"#REF!"}},{"$f":"'CRO2_Crono Simplificado'!HQU4","v":0},{"$f":"'CRO2_Crono Simplificado'!#REF!","v":{"$error":"#REF!"}},{"$f":"'CRO2_Crono Simplificado'!HQW4","v":0},{"$f":"'CRO2_Crono Simplificado'!#REF!","v":{"$error":"#REF!"}},{"$f":"'CRO2_Crono Simplificado'!HQY4","v":0},{"$f":"'CRO2_Crono Simplificado'!#REF!","v":{"$error":"#REF!"}},{"$f":"'CRO2_Crono Simplificado'!HRA4","v":0},{"$f":"'CRO2_Crono Simplificado'!#REF!","v":{"$error":"#REF!"}},{"$f":"'CRO2_Crono Simplificado'!HRC4","v":0},{"$f":"'CRO2_Crono Simplificado'!#REF!","v":{"$error":"#REF!"}},{"$f":"'CRO2_Crono Simplificado'!HRE4","v":0},{"$f":"'CRO2_Crono Simplificado'!#REF!","v":{"$error":"#REF!"}},{"$f":"'CRO2_Crono Simplificado'!HRG4","v":0},{"$f":"'CRO2_Crono Simplificado'!#REF!","v":{"$error":"#REF!"}},{"$f":"'CRO2_Crono Simplificado'!HRI4","v":0},{"$f":"'CRO2_Crono Simplificado'!#REF!","v":{"$error":"#REF!"}},{"$f":"'CRO2_Crono Simplificado'!HRK4","v":0},{"$f":"'CRO2_Crono Simplificado'!#REF!","v":{"$error":"#REF!"}},{"$f":"'CRO2_Crono Simplificado'!HRM4","v":0},{"$f":"'CRO2_Crono Simplificado'!#REF!","v":{"$error":"#REF!"}},{"$f":"'CRO2_Crono Simplificado'!HRO4","v":0},{"$f":"'CRO2_Crono Simplificado'!#REF!","v":{"$error":"#REF!"}},{"$f":"'CRO2_Crono Simplificado'!HRQ4","v":0},{"$f":"'CRO2_Crono Simplificado'!#REF!","v":{"$error":"#REF!"}},{"$f":"'CRO2_Crono Simplificado'!HRS4","v":0},{"$f":"'CRO2_Crono Simplificado'!#REF!","v":{"$error":"#REF!"}},{"$f":"'CRO2_Crono Simplificado'!HRU4","v":0},{"$f":"'CRO2_Crono Simplificado'!#REF!","v":{"$error":"#REF!"}},{"$f":"'CRO2_Crono Simplificado'!HRW4","v":0},{"$f":"'CRO2_Crono Simplificado'!#REF!","v":{"$error":"#REF!"}},{"$f":"'CRO2_Crono Simplificado'!HRY4","v":0},{"$f":"'CRO2_Crono Simplificado'!#REF!","v":{"$error":"#REF!"}},{"$f":"'CRO2_Crono Simplificado'!HSA4","v":0},{"$f":"'CRO2_Crono Simplificado'!#REF!","v":{"$error":"#REF!"}},{"$f":"'CRO2_Crono Simplificado'!HSC4","v":0},{"$f":"'CRO2_Crono Simplificado'!#REF!","v":{"$error":"#REF!"}},{"$f":"'CRO2_Crono Simplificado'!HSE4","v":0},{"$f":"'CRO2_Crono Simplificado'!#REF!","v":{"$error":"#REF!"}},{"$f":"'CRO2_Crono Simplificado'!HSG4","v":0},{"$f":"'CRO2_Crono Simplificado'!#REF!","v":{"$error":"#REF!"}},{"$f":"'CRO2_Crono Simplificado'!HSI4","v":0},{"$f":"'CRO2_Crono Simplificado'!#REF!","v":{"$error":"#REF!"}},{"$f":"'CRO2_Crono Simplificado'!HSK4","v":0},{"$f":"'CRO2_Crono Simplificado'!#REF!","v":{"$error":"#REF!"}},{"$f":"'CRO2_Crono Simplificado'!HSM4","v":0},{"$f":"'CRO2_Crono Simplificado'!#REF!","v":{"$error":"#REF!"}},{"$f":"'CRO2_Crono Simplificado'!HSO4","v":0},{"$f":"'CRO2_Crono Simplificado'!#REF!","v":{"$error":"#REF!"}},{"$f":"'CRO2_Crono Simplificado'!HSQ4","v":0},{"$f":"'CRO2_Crono Simplificado'!#REF!","v":{"$error":"#REF!"}},{"$f":"'CRO2_Crono Simplificado'!HSS4","v":0},{"$f":"'CRO2_Crono Simplificado'!#REF!","v":{"$error":"#REF!"}},{"$f":"'CRO2_Crono Simplificado'!HSU4","v":0},{"$f":"'CRO2_Crono Simplificado'!#REF!","v":{"$error":"#REF!"}},{"$f":"'CRO2_Crono Simplificado'!HSW4","v":0},{"$f":"'CRO2_Crono Simplificado'!#REF!","v":{"$error":"#REF!"}},{"$f":"'CRO2_Crono Simplificado'!HSY4","v":0},{"$f":"'CRO2_Crono Simplificado'!#REF!","v":{"$error":"#REF!"}},{"$f":"'CRO2_Crono Simplificado'!HTA4","v":0},{"$f":"'CRO2_Crono Simplificado'!#REF!","v":{"$error":"#REF!"}},{"$f":"'CRO2_Crono Simplificado'!HTC4","v":0},{"$f":"'CRO2_Crono Simplificado'!#REF!","v":{"$error":"#REF!"}},{"$f":"'CRO2_Crono Simplificado'!HTE4","v":0},{"$f":"'CRO2_Crono Simplificado'!#REF!","v":{"$error":"#REF!"}},{"$f":"'CRO2_Crono Simplificado'!HTG4","v":0},{"$f":"'CRO2_Crono Simplificado'!#REF!","v":{"$error":"#REF!"}},{"$f":"'CRO2_Crono Simplificado'!HTI4","v":0},{"$f":"'CRO2_Crono Simplificado'!#REF!","v":{"$error":"#REF!"}},{"$f":"'CRO2_Crono Simplificado'!HTK4","v":0},{"$f":"'CRO2_Crono Simplificado'!#REF!","v":{"$error":"#REF!"}},{"$f":"'CRO2_Crono Simplificado'!HTM4","v":0},{"$f":"'CRO2_Crono Simplificado'!#REF!","v":{"$error":"#REF!"}},{"$f":"'CRO2_Crono Simplificado'!HTO4","v":0},{"$f":"'CRO2_Crono Simplificado'!#REF!","v":{"$error":"#REF!"}},{"$f":"'CRO2_Crono Simplificado'!HTQ4","v":0},{"$f":"'CRO2_Crono Simplificado'!#REF!","v":{"$error":"#REF!"}},{"$f":"'CRO2_Crono Simplificado'!HTS4","v":0},{"$f":"'CRO2_Crono Simplificado'!#REF!","v":{"$error":"#REF!"}},{"$f":"'CRO2_Crono Simplificado'!HTU4","v":0},{"$f":"'CRO2_Crono Simplificado'!#REF!","v":{"$error":"#REF!"}},{"$f":"'CRO2_Crono Simplificado'!HTW4","v":0},{"$f":"'CRO2_Crono Simplificado'!#REF!","v":{"$error":"#REF!"}},{"$f":"'CRO2_Crono Simplificado'!HTY4","v":0},{"$f":"'CRO2_Crono Simplificado'!#REF!","v":{"$error":"#REF!"}},{"$f":"'CRO2_Crono Simplificado'!HUA4","v":0},{"$f":"'CRO2_Crono Simplificado'!#REF!","v":{"$error":"#REF!"}},{"$f":"'CRO2_Crono Simplificado'!HUC4","v":0},{"$f":"'CRO2_Crono Simplificado'!#REF!","v":{"$error":"#REF!"}},{"$f":"'CRO2_Crono Simplificado'!HUE4","v":0},{"$f":"'CRO2_Crono Simplificado'!#REF!","v":{"$error":"#REF!"}},{"$f":"'CRO2_Crono Simplificado'!HUG4","v":0},{"$f":"'CRO2_Crono Simplificado'!#REF!","v":{"$error":"#REF!"}},{"$f":"'CRO2_Crono Simplificado'!HUI4","v":0},{"$f":"'CRO2_Crono Simplificado'!#REF!","v":{"$error":"#REF!"}},{"$f":"'CRO2_Crono Simplificado'!HUK4","v":0},{"$f":"'CRO2_Crono Simplificado'!#REF!","v":{"$error":"#REF!"}},{"$f":"'CRO2_Crono Simplificado'!HUM4","v":0},{"$f":"'CRO2_Crono Simplificado'!#REF!","v":{"$error":"#REF!"}},{"$f":"'CRO2_Crono Simplificado'!HUO4","v":0},{"$f":"'CRO2_Crono Simplificado'!#REF!","v":{"$error":"#REF!"}},{"$f":"'CRO2_Crono Simplificado'!HUQ4","v":0},{"$f":"'CRO2_Crono Simplificado'!#REF!","v":{"$error":"#REF!"}},{"$f":"'CRO2_Crono Simplificado'!HUS4","v":0},{"$f":"'CRO2_Crono Simplificado'!#REF!","v":{"$error":"#REF!"}},{"$f":"'CRO2_Crono Simplificado'!HUU4","v":0},{"$f":"'CRO2_Crono Simplificado'!#REF!","v":{"$error":"#REF!"}},{"$f":"'CRO2_Crono Simplificado'!HUW4","v":0},{"$f":"'CRO2_Crono Simplificado'!#REF!","v":{"$error":"#REF!"}},{"$f":"'CRO2_Crono Simplificado'!HUY4","v":0},{"$f":"'CRO2_Crono Simplificado'!#REF!","v":{"$error":"#REF!"}},{"$f":"'CRO2_Crono Simplificado'!HVA4","v":0},{"$f":"'CRO2_Crono Simplificado'!#REF!","v":{"$error":"#REF!"}},{"$f":"'CRO2_Crono Simplificado'!HVC4","v":0},{"$f":"'CRO2_Crono Simplificado'!#REF!","v":{"$error":"#REF!"}},{"$f":"'CRO2_Crono Simplificado'!HVE4","v":0},{"$f":"'CRO2_Crono Simplificado'!#REF!","v":{"$error":"#REF!"}},{"$f":"'CRO2_Crono Simplificado'!HVG4","v":0},{"$f":"'CRO2_Crono Simplificado'!#REF!","v":{"$error":"#REF!"}},{"$f":"'CRO2_Crono Simplificado'!HVI4","v":0},{"$f":"'CRO2_Crono Simplificado'!#REF!","v":{"$error":"#REF!"}},{"$f":"'CRO2_Crono Simplificado'!HVK4","v":0},{"$f":"'CRO2_Crono Simplificado'!#REF!","v":{"$error":"#REF!"}},{"$f":"'CRO2_Crono Simplificado'!HVM4","v":0},{"$f":"'CRO2_Crono Simplificado'!#REF!","v":{"$error":"#REF!"}},{"$f":"'CRO2_Crono Simplificado'!HVO4","v":0},{"$f":"'CRO2_Crono Simplificado'!#REF!","v":{"$error":"#REF!"}},{"$f":"'CRO2_Crono Simplificado'!HVQ4","v":0},{"$f":"'CRO2_Crono Simplificado'!#REF!","v":{"$error":"#REF!"}},{"$f":"'CRO2_Crono Simplificado'!HVS4","v":0},{"$f":"'CRO2_Crono Simplificado'!#REF!","v":{"$error":"#REF!"}},{"$f":"'CRO2_Crono Simplificado'!HVU4","v":0},{"$f":"'CRO2_Crono Simplificado'!#REF!","v":{"$error":"#REF!"}},{"$f":"'CRO2_Crono Simplificado'!HVW4","v":0},{"$f":"'CRO2_Crono Simplificado'!#REF!","v":{"$error":"#REF!"}},{"$f":"'CRO2_Crono Simplificado'!HVY4","v":0},{"$f":"'CRO2_Crono Simplificado'!#REF!","v":{"$error":"#REF!"}},{"$f":"'CRO2_Crono Simplificado'!HWA4","v":0},{"$f":"'CRO2_Crono Simplificado'!#REF!","v":{"$error":"#REF!"}},{"$f":"'CRO2_Crono Simplificado'!HWC4","v":0},{"$f":"'CRO2_Crono Simplificado'!#REF!","v":{"$error":"#REF!"}},{"$f":"'CRO2_Crono Simplificado'!HWE4","v":0},{"$f":"'CRO2_Crono Simplificado'!#REF!","v":{"$error":"#REF!"}},{"$f":"'CRO2_Crono Simplificado'!HWG4","v":0},{"$f":"'CRO2_Crono Simplificado'!#REF!","v":{"$error":"#REF!"}},{"$f":"'CRO2_Crono Simplificado'!HWI4","v":0},{"$f":"'CRO2_Crono Simplificado'!#REF!","v":{"$error":"#REF!"}},{"$f":"'CRO2_Crono Simplificado'!HWK4","v":0},{"$f":"'CRO2_Crono Simplificado'!#REF!","v":{"$error":"#REF!"}},{"$f":"'CRO2_Crono Simplificado'!HWM4","v":0},{"$f":"'CRO2_Crono Simplificado'!#REF!","v":{"$error":"#REF!"}},{"$f":"'CRO2_Crono Simplificado'!HWO4","v":0},{"$f":"'CRO2_Crono Simplificado'!#REF!","v":{"$error":"#REF!"}},{"$f":"'CRO2_Crono Simplificado'!HWQ4","v":0},{"$f":"'CRO2_Crono Simplificado'!#REF!","v":{"$error":"#REF!"}},{"$f":"'CRO2_Crono Simplificado'!HWS4","v":0},{"$f":"'CRO2_Crono Simplificado'!#REF!","v":{"$error":"#REF!"}},{"$f":"'CRO2_Crono Simplificado'!HWU4","v":0},{"$f":"'CRO2_Crono Simplificado'!#REF!","v":{"$error":"#REF!"}},{"$f":"'CRO2_Crono Simplificado'!HWW4","v":0},{"$f":"'CRO2_Crono Simplificado'!#REF!","v":{"$error":"#REF!"}},{"$f":"'CRO2_Crono Simplificado'!HWY4","v":0},{"$f":"'CRO2_Crono Simplificado'!#REF!","v":{"$error":"#REF!"}},{"$f":"'CRO2_Crono Simplificado'!HXA4","v":0},{"$f":"'CRO2_Crono Simplificado'!#REF!","v":{"$error":"#REF!"}},{"$f":"'CRO2_Crono Simplificado'!HXC4","v":0},{"$f":"'CRO2_Crono Simplificado'!#REF!","v":{"$error":"#REF!"}},{"$f":"'CRO2_Crono Simplificado'!HXE4","v":0},{"$f":"'CRO2_Crono Simplificado'!#REF!","v":{"$error":"#REF!"}},{"$f":"'CRO2_Crono Simplificado'!HXG4","v":0},{"$f":"'CRO2_Crono Simplificado'!#REF!","v":{"$error":"#REF!"}},{"$f":"'CRO2_Crono Simplificado'!HXI4","v":0},{"$f":"'CRO2_Crono Simplificado'!#REF!","v":{"$error":"#REF!"}},{"$f":"'CRO2_Crono Simplificado'!HXK4","v":0},{"$f":"'CRO2_Crono Simplificado'!#REF!","v":{"$error":"#REF!"}},{"$f":"'CRO2_Crono Simplificado'!HXM4","v":0},{"$f":"'CRO2_Crono Simplificado'!#REF!","v":{"$error":"#REF!"}},{"$f":"'CRO2_Crono Simplificado'!HXO4","v":0},{"$f":"'CRO2_Crono Simplificado'!#REF!","v":{"$error":"#REF!"}},{"$f":"'CRO2_Crono Simplificado'!HXQ4","v":0},{"$f":"'CRO2_Crono Simplificado'!#REF!","v":{"$error":"#REF!"}},{"$f":"'CRO2_Crono Simplificado'!HXS4","v":0},{"$f":"'CRO2_Crono Simplificado'!#REF!","v":{"$error":"#REF!"}},{"$f":"'CRO2_Crono Simplificado'!HXU4","v":0},{"$f":"'CRO2_Crono Simplificado'!#REF!","v":{"$error":"#REF!"}},{"$f":"'CRO2_Crono Simplificado'!HXW4","v":0},{"$f":"'CRO2_Crono Simplificado'!#REF!","v":{"$error":"#REF!"}},{"$f":"'CRO2_Crono Simplificado'!HXY4","v":0},{"$f":"'CRO2_Crono Simplificado'!#REF!","v":{"$error":"#REF!"}},{"$f":"'CRO2_Crono Simplificado'!HYA4","v":0},{"$f":"'CRO2_Crono Simplificado'!#REF!","v":{"$error":"#REF!"}},{"$f":"'CRO2_Crono Simplificado'!HYC4","v":0},{"$f":"'CRO2_Crono Simplificado'!#REF!","v":{"$error":"#REF!"}},{"$f":"'CRO2_Crono Simplificado'!HYE4","v":0},{"$f":"'CRO2_Crono Simplificado'!#REF!","v":{"$error":"#REF!"}},{"$f":"'CRO2_Crono Simplificado'!HYG4","v":0},{"$f":"'CRO2_Crono Simplificado'!#REF!","v":{"$error":"#REF!"}},{"$f":"'CRO2_Crono Simplificado'!HYI4","v":0},{"$f":"'CRO2_Crono Simplificado'!#REF!","v":{"$error":"#REF!"}},{"$f":"'CRO2_Crono Simplificado'!HYK4","v":0},{"$f":"'CRO2_Crono Simplificado'!#REF!","v":{"$error":"#REF!"}},{"$f":"'CRO2_Crono Simplificado'!HYM4","v":0},{"$f":"'CRO2_Crono Simplificado'!#REF!","v":{"$error":"#REF!"}},{"$f":"'CRO2_Crono Simplificado'!HYO4","v":0},{"$f":"'CRO2_Crono Simplificado'!#REF!","v":{"$error":"#REF!"}},{"$f":"'CRO2_Crono Simplificado'!HYQ4","v":0},{"$f":"'CRO2_Crono Simplificado'!#REF!","v":{"$error":"#REF!"}},{"$f":"'CRO2_Crono Simplificado'!HYS4","v":0},{"$f":"'CRO2_Crono Simplificado'!#REF!","v":{"$error":"#REF!"}},{"$f":"'CRO2_Crono Simplificado'!HYU4","v":0},{"$f":"'CRO2_Crono Simplificado'!#REF!","v":{"$error":"#REF!"}},{"$f":"'CRO2_Crono Simplificado'!HYW4","v":0},{"$f":"'CRO2_Crono Simplificado'!#REF!","v":{"$error":"#REF!"}},{"$f":"'CRO2_Crono Simplificado'!HYY4","v":0},{"$f":"'CRO2_Crono Simplificado'!#REF!","v":{"$error":"#REF!"}},{"$f":"'CRO2_Crono Simplificado'!HZA4","v":0},{"$f":"'CRO2_Crono Simplificado'!#REF!","v":{"$error":"#REF!"}},{"$f":"'CRO2_Crono Simplificado'!HZC4","v":0},{"$f":"'CRO2_Crono Simplificado'!#REF!","v":{"$error":"#REF!"}},{"$f":"'CRO2_Crono Simplificado'!HZE4","v":0},{"$f":"'CRO2_Crono Simplificado'!#REF!","v":{"$error":"#REF!"}},{"$f":"'CRO2_Crono Simplificado'!HZG4","v":0},{"$f":"'CRO2_Crono Simplificado'!#REF!","v":{"$error":"#REF!"}},{"$f":"'CRO2_Crono Simplificado'!HZI4","v":0},{"$f":"'CRO2_Crono Simplificado'!#REF!","v":{"$error":"#REF!"}},{"$f":"'CRO2_Crono Simplificado'!HZK4","v":0},{"$f":"'CRO2_Crono Simplificado'!#REF!","v":{"$error":"#REF!"}},{"$f":"'CRO2_Crono Simplificado'!HZM4","v":0},{"$f":"'CRO2_Crono Simplificado'!#REF!","v":{"$error":"#REF!"}},{"$f":"'CRO2_Crono Simplificado'!HZO4","v":0},{"$f":"'CRO2_Crono Simplificado'!#REF!","v":{"$error":"#REF!"}},{"$f":"'CRO2_Crono Simplificado'!HZQ4","v":0},{"$f":"'CRO2_Crono Simplificado'!#REF!","v":{"$error":"#REF!"}},{"$f":"'CRO2_Crono Simplificado'!HZS4","v":0},{"$f":"'CRO2_Crono Simplificado'!#REF!","v":{"$error":"#REF!"}},{"$f":"'CRO2_Crono Simplificado'!HZU4","v":0},{"$f":"'CRO2_Crono Simplificado'!#REF!","v":{"$error":"#REF!"}},{"$f":"'CRO2_Crono Simplificado'!HZW4","v":0},{"$f":"'CRO2_Crono Simplificado'!#REF!","v":{"$error":"#REF!"}},{"$f":"'CRO2_Crono Simplificado'!HZY4","v":0},{"$f":"'CRO2_Crono Simplificado'!#REF!","v":{"$error":"#REF!"}},{"$f":"'CRO2_Crono Simplificado'!IAA4","v":0},{"$f":"'CRO2_Crono Simplificado'!#REF!","v":{"$error":"#REF!"}},{"$f":"'CRO2_Crono Simplificado'!IAC4","v":0},{"$f":"'CRO2_Crono Simplificado'!#REF!","v":{"$error":"#REF!"}},{"$f":"'CRO2_Crono Simplificado'!IAE4","v":0},{"$f":"'CRO2_Crono Simplificado'!#REF!","v":{"$error":"#REF!"}},{"$f":"'CRO2_Crono Simplificado'!IAG4","v":0},{"$f":"'CRO2_Crono Simplificado'!#REF!","v":{"$error":"#REF!"}},{"$f":"'CRO2_Crono Simplificado'!IAI4","v":0},{"$f":"'CRO2_Crono Simplificado'!#REF!","v":{"$error":"#REF!"}},{"$f":"'CRO2_Crono Simplificado'!IAK4","v":0},{"$f":"'CRO2_Crono Simplificado'!#REF!","v":{"$error":"#REF!"}},{"$f":"'CRO2_Crono Simplificado'!IAM4","v":0},{"$f":"'CRO2_Crono Simplificado'!#REF!","v":{"$error":"#REF!"}},{"$f":"'CRO2_Crono Simplificado'!IAO4","v":0},{"$f":"'CRO2_Crono Simplificado'!#REF!","v":{"$error":"#REF!"}},{"$f":"'CRO2_Crono Simplificado'!IAQ4","v":0},{"$f":"'CRO2_Crono Simplificado'!#REF!","v":{"$error":"#REF!"}},{"$f":"'CRO2_Crono Simplificado'!IAS4","v":0},{"$f":"'CRO2_Crono Simplificado'!#REF!","v":{"$error":"#REF!"}},{"$f":"'CRO2_Crono Simplificado'!IAU4","v":0},{"$f":"'CRO2_Crono Simplificado'!#REF!","v":{"$error":"#REF!"}},{"$f":"'CRO2_Crono Simplificado'!IAW4","v":0},{"$f":"'CRO2_Crono Simplificado'!#REF!","v":{"$error":"#REF!"}},{"$f":"'CRO2_Crono Simplificado'!IAY4","v":0},{"$f":"'CRO2_Crono Simplificado'!#REF!","v":{"$error":"#REF!"}},{"$f":"'CRO2_Crono Simplificado'!IBA4","v":0},{"$f":"'CRO2_Crono Simplificado'!#REF!","v":{"$error":"#REF!"}},{"$f":"'CRO2_Crono Simplificado'!IBC4","v":0},{"$f":"'CRO2_Crono Simplificado'!#REF!","v":{"$error":"#REF!"}},{"$f":"'CRO2_Crono Simplificado'!IBE4","v":0},{"$f":"'CRO2_Crono Simplificado'!#REF!","v":{"$error":"#REF!"}},{"$f":"'CRO2_Crono Simplificado'!IBG4","v":0},{"$f":"'CRO2_Crono Simplificado'!#REF!","v":{"$error":"#REF!"}},{"$f":"'CRO2_Crono Simplificado'!IBI4","v":0},{"$f":"'CRO2_Crono Simplificado'!#REF!","v":{"$error":"#REF!"}},{"$f":"'CRO2_Crono Simplificado'!IBK4","v":0},{"$f":"'CRO2_Crono Simplificado'!#REF!","v":{"$error":"#REF!"}},{"$f":"'CRO2_Crono Simplificado'!IBM4","v":0},{"$f":"'CRO2_Crono Simplificado'!#REF!","v":{"$error":"#REF!"}},{"$f":"'CRO2_Crono Simplificado'!IBO4","v":0},{"$f":"'CRO2_Crono Simplificado'!#REF!","v":{"$error":"#REF!"}},{"$f":"'CRO2_Crono Simplificado'!IBQ4","v":0},{"$f":"'CRO2_Crono Simplificado'!#REF!","v":{"$error":"#REF!"}},{"$f":"'CRO2_Crono Simplificado'!IBS4","v":0},{"$f":"'CRO2_Crono Simplificado'!#REF!","v":{"$error":"#REF!"}},{"$f":"'CRO2_Crono Simplificado'!IBU4","v":0},{"$f":"'CRO2_Crono Simplificado'!#REF!","v":{"$error":"#REF!"}},{"$f":"'CRO2_Crono Simplificado'!IBW4","v":0},{"$f":"'CRO2_Crono Simplificado'!#REF!","v":{"$error":"#REF!"}},{"$f":"'CRO2_Crono Simplificado'!IBY4","v":0},{"$f":"'CRO2_Crono Simplificado'!#REF!","v":{"$error":"#REF!"}},{"$f":"'CRO2_Crono Simplificado'!ICA4","v":0},{"$f":"'CRO2_Crono Simplificado'!#REF!","v":{"$error":"#REF!"}},{"$f":"'CRO2_Crono Simplificado'!ICC4","v":0},{"$f":"'CRO2_Crono Simplificado'!#REF!","v":{"$error":"#REF!"}},{"$f":"'CRO2_Crono Simplificado'!ICE4","v":0},{"$f":"'CRO2_Crono Simplificado'!#REF!","v":{"$error":"#REF!"}},{"$f":"'CRO2_Crono Simplificado'!ICG4","v":0},{"$f":"'CRO2_Crono Simplificado'!#REF!","v":{"$error":"#REF!"}},{"$f":"'CRO2_Crono Simplificado'!ICI4","v":0},{"$f":"'CRO2_Crono Simplificado'!#REF!","v":{"$error":"#REF!"}},{"$f":"'CRO2_Crono Simplificado'!ICK4","v":0},{"$f":"'CRO2_Crono Simplificado'!#REF!","v":{"$error":"#REF!"}},{"$f":"'CRO2_Crono Simplificado'!ICM4","v":0},{"$f":"'CRO2_Crono Simplificado'!#REF!","v":{"$error":"#REF!"}},{"$f":"'CRO2_Crono Simplificado'!ICO4","v":0},{"$f":"'CRO2_Crono Simplificado'!#REF!","v":{"$error":"#REF!"}},{"$f":"'CRO2_Crono Simplificado'!ICQ4","v":0},{"$f":"'CRO2_Crono Simplificado'!#REF!","v":{"$error":"#REF!"}},{"$f":"'CRO2_Crono Simplificado'!ICS4","v":0},{"$f":"'CRO2_Crono Simplificado'!#REF!","v":{"$error":"#REF!"}},{"$f":"'CRO2_Crono Simplificado'!ICU4","v":0},{"$f":"'CRO2_Crono Simplificado'!#REF!","v":{"$error":"#REF!"}},{"$f":"'CRO2_Crono Simplificado'!ICW4","v":0},{"$f":"'CRO2_Crono Simplificado'!#REF!","v":{"$error":"#REF!"}},{"$f":"'CRO2_Crono Simplificado'!ICY4","v":0},{"$f":"'CRO2_Crono Simplificado'!#REF!","v":{"$error":"#REF!"}},{"$f":"'CRO2_Crono Simplificado'!IDA4","v":0},{"$f":"'CRO2_Crono Simplificado'!#REF!","v":{"$error":"#REF!"}},{"$f":"'CRO2_Crono Simplificado'!IDC4","v":0},{"$f":"'CRO2_Crono Simplificado'!#REF!","v":{"$error":"#REF!"}},{"$f":"'CRO2_Crono Simplificado'!IDE4","v":0},{"$f":"'CRO2_Crono Simplificado'!#REF!","v":{"$error":"#REF!"}},{"$f":"'CRO2_Crono Simplificado'!IDG4","v":0},{"$f":"'CRO2_Crono Simplificado'!#REF!","v":{"$error":"#REF!"}},{"$f":"'CRO2_Crono Simplificado'!IDI4","v":0},{"$f":"'CRO2_Crono Simplificado'!#REF!","v":{"$error":"#REF!"}},{"$f":"'CRO2_Crono Simplificado'!IDK4","v":0},{"$f":"'CRO2_Crono Simplificado'!#REF!","v":{"$error":"#REF!"}},{"$f":"'CRO2_Crono Simplificado'!IDM4","v":0},{"$f":"'CRO2_Crono Simplificado'!#REF!","v":{"$error":"#REF!"}},{"$f":"'CRO2_Crono Simplificado'!IDO4","v":0},{"$f":"'CRO2_Crono Simplificado'!#REF!","v":{"$error":"#REF!"}},{"$f":"'CRO2_Crono Simplificado'!IDQ4","v":0},{"$f":"'CRO2_Crono Simplificado'!#REF!","v":{"$error":"#REF!"}},{"$f":"'CRO2_Crono Simplificado'!IDS4","v":0},{"$f":"'CRO2_Crono Simplificado'!#REF!","v":{"$error":"#REF!"}},{"$f":"'CRO2_Crono Simplificado'!IDU4","v":0},{"$f":"'CRO2_Crono Simplificado'!#REF!","v":{"$error":"#REF!"}},{"$f":"'CRO2_Crono Simplificado'!IDW4","v":0},{"$f":"'CRO2_Crono Simplificado'!#REF!","v":{"$error":"#REF!"}},{"$f":"'CRO2_Crono Simplificado'!IDY4","v":0},{"$f":"'CRO2_Crono Simplificado'!#REF!","v":{"$error":"#REF!"}},{"$f":"'CRO2_Crono Simplificado'!IEA4","v":0},{"$f":"'CRO2_Crono Simplificado'!#REF!","v":{"$error":"#REF!"}},{"$f":"'CRO2_Crono Simplificado'!IEC4","v":0},{"$f":"'CRO2_Crono Simplificado'!#REF!","v":{"$error":"#REF!"}},{"$f":"'CRO2_Crono Simplificado'!IEE4","v":0},{"$f":"'CRO2_Crono Simplificado'!#REF!","v":{"$error":"#REF!"}},{"$f":"'CRO2_Crono Simplificado'!IEG4","v":0},{"$f":"'CRO2_Crono Simplificado'!#REF!","v":{"$error":"#REF!"}},{"$f":"'CRO2_Crono Simplificado'!IEI4","v":0},{"$f":"'CRO2_Crono Simplificado'!#REF!","v":{"$error":"#REF!"}},{"$f":"'CRO2_Crono Simplificado'!IEK4","v":0},{"$f":"'CRO2_Crono Simplificado'!#REF!","v":{"$error":"#REF!"}},{"$f":"'CRO2_Crono Simplificado'!IEM4","v":0},{"$f":"'CRO2_Crono Simplificado'!#REF!","v":{"$error":"#REF!"}},{"$f":"'CRO2_Crono Simplificado'!IEO4","v":0},{"$f":"'CRO2_Crono Simplificado'!#REF!","v":{"$error":"#REF!"}},{"$f":"'CRO2_Crono Simplificado'!IEQ4","v":0},{"$f":"'CRO2_Crono Simplificado'!#REF!","v":{"$error":"#REF!"}},{"$f":"'CRO2_Crono Simplificado'!IES4","v":0},{"$f":"'CRO2_Crono Simplificado'!#REF!","v":{"$error":"#REF!"}},{"$f":"'CRO2_Crono Simplificado'!IEU4","v":0},{"$f":"'CRO2_Crono Simplificado'!#REF!","v":{"$error":"#REF!"}},{"$f":"'CRO2_Crono Simplificado'!IEW4","v":0},{"$f":"'CRO2_Crono Simplificado'!#REF!","v":{"$error":"#REF!"}},{"$f":"'CRO2_Crono Simplificado'!IEY4","v":0},{"$f":"'CRO2_Crono Simplificado'!#REF!","v":{"$error":"#REF!"}},{"$f":"'CRO2_Crono Simplificado'!IFA4","v":0},{"$f":"'CRO2_Crono Simplificado'!#REF!","v":{"$error":"#REF!"}},{"$f":"'CRO2_Crono Simplificado'!IFC4","v":0},{"$f":"'CRO2_Crono Simplificado'!#REF!","v":{"$error":"#REF!"}},{"$f":"'CRO2_Crono Simplificado'!IFE4","v":0},{"$f":"'CRO2_Crono Simplificado'!#REF!","v":{"$error":"#REF!"}},{"$f":"'CRO2_Crono Simplificado'!IFG4","v":0},{"$f":"'CRO2_Crono Simplificado'!#REF!","v":{"$error":"#REF!"}},{"$f":"'CRO2_Crono Simplificado'!IFI4","v":0},{"$f":"'CRO2_Crono Simplificado'!#REF!","v":{"$error":"#REF!"}},{"$f":"'CRO2_Crono Simplificado'!IFK4","v":0},{"$f":"'CRO2_Crono Simplificado'!#REF!","v":{"$error":"#REF!"}},{"$f":"'CRO2_Crono Simplificado'!IFM4","v":0},{"$f":"'CRO2_Crono Simplificado'!#REF!","v":{"$error":"#REF!"}},{"$f":"'CRO2_Crono Simplificado'!IFO4","v":0},{"$f":"'CRO2_Crono Simplificado'!#REF!","v":{"$error":"#REF!"}},{"$f":"'CRO2_Crono Simplificado'!IFQ4","v":0},{"$f":"'CRO2_Crono Simplificado'!#REF!","v":{"$error":"#REF!"}},{"$f":"'CRO2_Crono Simplificado'!IFS4","v":0},{"$f":"'CRO2_Crono Simplificado'!#REF!","v":{"$error":"#REF!"}},{"$f":"'CRO2_Crono Simplificado'!IFU4","v":0},{"$f":"'CRO2_Crono Simplificado'!#REF!","v":{"$error":"#REF!"}},{"$f":"'CRO2_Crono Simplificado'!IFW4","v":0},{"$f":"'CRO2_Crono Simplificado'!#REF!","v":{"$error":"#REF!"}},{"$f":"'CRO2_Crono Simplificado'!IFY4","v":0},{"$f":"'CRO2_Crono Simplificado'!#REF!","v":{"$error":"#REF!"}},{"$f":"'CRO2_Crono Simplificado'!IGA4","v":0},{"$f":"'CRO2_Crono Simplificado'!#REF!","v":{"$error":"#REF!"}},{"$f":"'CRO2_Crono Simplificado'!IGC4","v":0},{"$f":"'CRO2_Crono Simplificado'!#REF!","v":{"$error":"#REF!"}},{"$f":"'CRO2_Crono Simplificado'!IGE4","v":0},{"$f":"'CRO2_Crono Simplificado'!#REF!","v":{"$error":"#REF!"}},{"$f":"'CRO2_Crono Simplificado'!IGG4","v":0},{"$f":"'CRO2_Crono Simplificado'!#REF!","v":{"$error":"#REF!"}},{"$f":"'CRO2_Crono Simplificado'!IGI4","v":0},{"$f":"'CRO2_Crono Simplificado'!#REF!","v":{"$error":"#REF!"}},{"$f":"'CRO2_Crono Simplificado'!IGK4","v":0},{"$f":"'CRO2_Crono Simplificado'!#REF!","v":{"$error":"#REF!"}},{"$f":"'CRO2_Crono Simplificado'!IGM4","v":0},{"$f":"'CRO2_Crono Simplificado'!#REF!","v":{"$error":"#REF!"}},{"$f":"'CRO2_Crono Simplificado'!IGO4","v":0},{"$f":"'CRO2_Crono Simplificado'!#REF!","v":{"$error":"#REF!"}},{"$f":"'CRO2_Crono Simplificado'!IGQ4","v":0},{"$f":"'CRO2_Crono Simplificado'!#REF!","v":{"$error":"#REF!"}},{"$f":"'CRO2_Crono Simplificado'!IGS4","v":0},{"$f":"'CRO2_Crono Simplificado'!#REF!","v":{"$error":"#REF!"}},{"$f":"'CRO2_Crono Simplificado'!IGU4","v":0},{"$f":"'CRO2_Crono Simplificado'!#REF!","v":{"$error":"#REF!"}},{"$f":"'CRO2_Crono Simplificado'!IGW4","v":0},{"$f":"'CRO2_Crono Simplificado'!#REF!","v":{"$error":"#REF!"}},{"$f":"'CRO2_Crono Simplificado'!IGY4","v":0},{"$f":"'CRO2_Crono Simplificado'!#REF!","v":{"$error":"#REF!"}},{"$f":"'CRO2_Crono Simplificado'!IHA4","v":0},{"$f":"'CRO2_Crono Simplificado'!#REF!","v":{"$error":"#REF!"}},{"$f":"'CRO2_Crono Simplificado'!IHC4","v":0},{"$f":"'CRO2_Crono Simplificado'!#REF!","v":{"$error":"#REF!"}},{"$f":"'CRO2_Crono Simplificado'!IHE4","v":0},{"$f":"'CRO2_Crono Simplificado'!#REF!","v":{"$error":"#REF!"}},{"$f":"'CRO2_Crono Simplificado'!IHG4","v":0},{"$f":"'CRO2_Crono Simplificado'!#REF!","v":{"$error":"#REF!"}},{"$f":"'CRO2_Crono Simplificado'!IHI4","v":0},{"$f":"'CRO2_Crono Simplificado'!#REF!","v":{"$error":"#REF!"}},{"$f":"'CRO2_Crono Simplificado'!IHK4","v":0},{"$f":"'CRO2_Crono Simplificado'!#REF!","v":{"$error":"#REF!"}},{"$f":"'CRO2_Crono Simplificado'!IHM4","v":0},{"$f":"'CRO2_Crono Simplificado'!#REF!","v":{"$error":"#REF!"}},{"$f":"'CRO2_Crono Simplificado'!IHO4","v":0},{"$f":"'CRO2_Crono Simplificado'!#REF!","v":{"$error":"#REF!"}},{"$f":"'CRO2_Crono Simplificado'!IHQ4","v":0},{"$f":"'CRO2_Crono Simplificado'!#REF!","v":{"$error":"#REF!"}},{"$f":"'CRO2_Crono Simplificado'!IHS4","v":0},{"$f":"'CRO2_Crono Simplificado'!#REF!","v":{"$error":"#REF!"}},{"$f":"'CRO2_Crono Simplificado'!IHU4","v":0},{"$f":"'CRO2_Crono Simplificado'!#REF!","v":{"$error":"#REF!"}},{"$f":"'CRO2_Crono Simplificado'!IHW4","v":0},{"$f":"'CRO2_Crono Simplificado'!#REF!","v":{"$error":"#REF!"}},{"$f":"'CRO2_Crono Simplificado'!IHY4","v":0},{"$f":"'CRO2_Crono Simplificado'!#REF!","v":{"$error":"#REF!"}},{"$f":"'CRO2_Crono Simplificado'!IIA4","v":0},{"$f":"'CRO2_Crono Simplificado'!#REF!","v":{"$error":"#REF!"}},{"$f":"'CRO2_Crono Simplificado'!IIC4","v":0},{"$f":"'CRO2_Crono Simplificado'!#REF!","v":{"$error":"#REF!"}},{"$f":"'CRO2_Crono Simplificado'!IIE4","v":0},{"$f":"'CRO2_Crono Simplificado'!#REF!","v":{"$error":"#REF!"}},{"$f":"'CRO2_Crono Simplificado'!IIG4","v":0},{"$f":"'CRO2_Crono Simplificado'!#REF!","v":{"$error":"#REF!"}},{"$f":"'CRO2_Crono Simplificado'!III4","v":0},{"$f":"'CRO2_Crono Simplificado'!#REF!","v":{"$error":"#REF!"}},{"$f":"'CRO2_Crono Simplificado'!IIK4","v":0},{"$f":"'CRO2_Crono Simplificado'!#REF!","v":{"$error":"#REF!"}},{"$f":"'CRO2_Crono Simplificado'!IIM4","v":0},{"$f":"'CRO2_Crono Simplificado'!#REF!","v":{"$error":"#REF!"}},{"$f":"'CRO2_Crono Simplificado'!IIO4","v":0},{"$f":"'CRO2_Crono Simplificado'!#REF!","v":{"$error":"#REF!"}},{"$f":"'CRO2_Crono Simplificado'!IIQ4","v":0},{"$f":"'CRO2_Crono Simplificado'!#REF!","v":{"$error":"#REF!"}},{"$f":"'CRO2_Crono Simplificado'!IIS4","v":0},{"$f":"'CRO2_Crono Simplificado'!#REF!","v":{"$error":"#REF!"}},{"$f":"'CRO2_Crono Simplificado'!IIU4","v":0},{"$f":"'CRO2_Crono Simplificado'!#REF!","v":{"$error":"#REF!"}},{"$f":"'CRO2_Crono Simplificado'!IIW4","v":0},{"$f":"'CRO2_Crono Simplificado'!#REF!","v":{"$error":"#REF!"}},{"$f":"'CRO2_Crono Simplificado'!IIY4","v":0},{"$f":"'CRO2_Crono Simplificado'!#REF!","v":{"$error":"#REF!"}},{"$f":"'CRO2_Crono Simplificado'!IJA4","v":0},{"$f":"'CRO2_Crono Simplificado'!#REF!","v":{"$error":"#REF!"}},{"$f":"'CRO2_Crono Simplificado'!IJC4","v":0},{"$f":"'CRO2_Crono Simplificado'!#REF!","v":{"$error":"#REF!"}},{"$f":"'CRO2_Crono Simplificado'!IJE4","v":0},{"$f":"'CRO2_Crono Simplificado'!#REF!","v":{"$error":"#REF!"}},{"$f":"'CRO2_Crono Simplificado'!IJG4","v":0},{"$f":"'CRO2_Crono Simplificado'!#REF!","v":{"$error":"#REF!"}},{"$f":"'CRO2_Crono Simplificado'!IJI4","v":0},{"$f":"'CRO2_Crono Simplificado'!#REF!","v":{"$error":"#REF!"}},{"$f":"'CRO2_Crono Simplificado'!IJK4","v":0},{"$f":"'CRO2_Crono Simplificado'!#REF!","v":{"$error":"#REF!"}},{"$f":"'CRO2_Crono Simplificado'!IJM4","v":0},{"$f":"'CRO2_Crono Simplificado'!#REF!","v":{"$error":"#REF!"}},{"$f":"'CRO2_Crono Simplificado'!IJO4","v":0},{"$f":"'CRO2_Crono Simplificado'!#REF!","v":{"$error":"#REF!"}},{"$f":"'CRO2_Crono Simplificado'!IJQ4","v":0},{"$f":"'CRO2_Crono Simplificado'!#REF!","v":{"$error":"#REF!"}},{"$f":"'CRO2_Crono Simplificado'!IJS4","v":0},{"$f":"'CRO2_Crono Simplificado'!#REF!","v":{"$error":"#REF!"}},{"$f":"'CRO2_Crono Simplificado'!IJU4","v":0},{"$f":"'CRO2_Crono Simplificado'!#REF!","v":{"$error":"#REF!"}},{"$f":"'CRO2_Crono Simplificado'!IJW4","v":0},{"$f":"'CRO2_Crono Simplificado'!#REF!","v":{"$error":"#REF!"}},{"$f":"'CRO2_Crono Simplificado'!IJY4","v":0},{"$f":"'CRO2_Crono Simplificado'!#REF!","v":{"$error":"#REF!"}},{"$f":"'CRO2_Crono Simplificado'!IKA4","v":0},{"$f":"'CRO2_Crono Simplificado'!#REF!","v":{"$error":"#REF!"}},{"$f":"'CRO2_Crono Simplificado'!IKC4","v":0},{"$f":"'CRO2_Crono Simplificado'!#REF!","v":{"$error":"#REF!"}},{"$f":"'CRO2_Crono Simplificado'!IKE4","v":0},{"$f":"'CRO2_Crono Simplificado'!#REF!","v":{"$error":"#REF!"}},{"$f":"'CRO2_Crono Simplificado'!IKG4","v":0},{"$f":"'CRO2_Crono Simplificado'!#REF!","v":{"$error":"#REF!"}},{"$f":"'CRO2_Crono Simplificado'!IKI4","v":0},{"$f":"'CRO2_Crono Simplificado'!#REF!","v":{"$error":"#REF!"}},{"$f":"'CRO2_Crono Simplificado'!IKK4","v":0},{"$f":"'CRO2_Crono Simplificado'!#REF!","v":{"$error":"#REF!"}},{"$f":"'CRO2_Crono Simplificado'!IKM4","v":0},{"$f":"'CRO2_Crono Simplificado'!#REF!","v":{"$error":"#REF!"}},{"$f":"'CRO2_Crono Simplificado'!IKO4","v":0},{"$f":"'CRO2_Crono Simplificado'!#REF!","v":{"$error":"#REF!"}},{"$f":"'CRO2_Crono Simplificado'!IKQ4","v":0},{"$f":"'CRO2_Crono Simplificado'!#REF!","v":{"$error":"#REF!"}},{"$f":"'CRO2_Crono Simplificado'!IKS4","v":0},{"$f":"'CRO2_Crono Simplificado'!#REF!","v":{"$error":"#REF!"}},{"$f":"'CRO2_Crono Simplificado'!IKU4","v":0},{"$f":"'CRO2_Crono Simplificado'!#REF!","v":{"$error":"#REF!"}},{"$f":"'CRO2_Crono Simplificado'!IKW4","v":0},{"$f":"'CRO2_Crono Simplificado'!#REF!","v":{"$error":"#REF!"}},{"$f":"'CRO2_Crono Simplificado'!IKY4","v":0},{"$f":"'CRO2_Crono Simplificado'!#REF!","v":{"$error":"#REF!"}},{"$f":"'CRO2_Crono Simplificado'!ILA4","v":0},{"$f":"'CRO2_Crono Simplificado'!#REF!","v":{"$error":"#REF!"}},{"$f":"'CRO2_Crono Simplificado'!ILC4","v":0},{"$f":"'CRO2_Crono Simplificado'!#REF!","v":{"$error":"#REF!"}},{"$f":"'CRO2_Crono Simplificado'!ILE4","v":0},{"$f":"'CRO2_Crono Simplificado'!#REF!","v":{"$error":"#REF!"}},{"$f":"'CRO2_Crono Simplificado'!ILG4","v":0},{"$f":"'CRO2_Crono Simplificado'!#REF!","v":{"$error":"#REF!"}},{"$f":"'CRO2_Crono Simplificado'!ILI4","v":0},{"$f":"'CRO2_Crono Simplificado'!#REF!","v":{"$error":"#REF!"}},{"$f":"'CRO2_Crono Simplificado'!ILK4","v":0},{"$f":"'CRO2_Crono Simplificado'!#REF!","v":{"$error":"#REF!"}},{"$f":"'CRO2_Crono Simplificado'!ILM4","v":0},{"$f":"'CRO2_Crono Simplificado'!#REF!","v":{"$error":"#REF!"}},{"$f":"'CRO2_Crono Simplificado'!ILO4","v":0},{"$f":"'CRO2_Crono Simplificado'!#REF!","v":{"$error":"#REF!"}},{"$f":"'CRO2_Crono Simplificado'!ILQ4","v":0},{"$f":"'CRO2_Crono Simplificado'!#REF!","v":{"$error":"#REF!"}},{"$f":"'CRO2_Crono Simplificado'!ILS4","v":0},{"$f":"'CRO2_Crono Simplificado'!#REF!","v":{"$error":"#REF!"}},{"$f":"'CRO2_Crono Simplificado'!ILU4","v":0},{"$f":"'CRO2_Crono Simplificado'!#REF!","v":{"$error":"#REF!"}},{"$f":"'CRO2_Crono Simplificado'!ILW4","v":0},{"$f":"'CRO2_Crono Simplificado'!#REF!","v":{"$error":"#REF!"}},{"$f":"'CRO2_Crono Simplificado'!ILY4","v":0},{"$f":"'CRO2_Crono Simplificado'!#REF!","v":{"$error":"#REF!"}},{"$f":"'CRO2_Crono Simplificado'!IMA4","v":0},{"$f":"'CRO2_Crono Simplificado'!#REF!","v":{"$error":"#REF!"}},{"$f":"'CRO2_Crono Simplificado'!IMC4","v":0},{"$f":"'CRO2_Crono Simplificado'!#REF!","v":{"$error":"#REF!"}},{"$f":"'CRO2_Crono Simplificado'!IME4","v":0},{"$f":"'CRO2_Crono Simplificado'!#REF!","v":{"$error":"#REF!"}},{"$f":"'CRO2_Crono Simplificado'!IMG4","v":0},{"$f":"'CRO2_Crono Simplificado'!#REF!","v":{"$error":"#REF!"}},{"$f":"'CRO2_Crono Simplificado'!IMI4","v":0},{"$f":"'CRO2_Crono Simplificado'!#REF!","v":{"$error":"#REF!"}},{"$f":"'CRO2_Crono Simplificado'!IMK4","v":0},{"$f":"'CRO2_Crono Simplificado'!#REF!","v":{"$error":"#REF!"}},{"$f":"'CRO2_Crono Simplificado'!IMM4","v":0},{"$f":"'CRO2_Crono Simplificado'!#REF!","v":{"$error":"#REF!"}},{"$f":"'CRO2_Crono Simplificado'!IMO4","v":0},{"$f":"'CRO2_Crono Simplificado'!#REF!","v":{"$error":"#REF!"}},{"$f":"'CRO2_Crono Simplificado'!IMQ4","v":0},{"$f":"'CRO2_Crono Simplificado'!#REF!","v":{"$error":"#REF!"}},{"$f":"'CRO2_Crono Simplificado'!IMS4","v":0},{"$f":"'CRO2_Crono Simplificado'!#REF!","v":{"$error":"#REF!"}},{"$f":"'CRO2_Crono Simplificado'!IMU4","v":0},{"$f":"'CRO2_Crono Simplificado'!#REF!","v":{"$error":"#REF!"}},{"$f":"'CRO2_Crono Simplificado'!IMW4","v":0},{"$f":"'CRO2_Crono Simplificado'!#REF!","v":{"$error":"#REF!"}},{"$f":"'CRO2_Crono Simplificado'!IMY4","v":0},{"$f":"'CRO2_Crono Simplificado'!#REF!","v":{"$error":"#REF!"}},{"$f":"'CRO2_Crono Simplificado'!INA4","v":0},{"$f":"'CRO2_Crono Simplificado'!#REF!","v":{"$error":"#REF!"}},{"$f":"'CRO2_Crono Simplificado'!INC4","v":0},{"$f":"'CRO2_Crono Simplificado'!#REF!","v":{"$error":"#REF!"}},{"$f":"'CRO2_Crono Simplificado'!INE4","v":0},{"$f":"'CRO2_Crono Simplificado'!#REF!","v":{"$error":"#REF!"}},{"$f":"'CRO2_Crono Simplificado'!ING4","v":0},{"$f":"'CRO2_Crono Simplificado'!#REF!","v":{"$error":"#REF!"}},{"$f":"'CRO2_Crono Simplificado'!INI4","v":0},{"$f":"'CRO2_Crono Simplificado'!#REF!","v":{"$error":"#REF!"}},{"$f":"'CRO2_Crono Simplificado'!INK4","v":0},{"$f":"'CRO2_Crono Simplificado'!#REF!","v":{"$error":"#REF!"}},{"$f":"'CRO2_Crono Simplificado'!INM4","v":0},{"$f":"'CRO2_Crono Simplificado'!#REF!","v":{"$error":"#REF!"}},{"$f":"'CRO2_Crono Simplificado'!INO4","v":0},{"$f":"'CRO2_Crono Simplificado'!#REF!","v":{"$error":"#REF!"}},{"$f":"'CRO2_Crono Simplificado'!INQ4","v":0},{"$f":"'CRO2_Crono Simplificado'!#REF!","v":{"$error":"#REF!"}},{"$f":"'CRO2_Crono Simplificado'!INS4","v":0},{"$f":"'CRO2_Crono Simplificado'!#REF!","v":{"$error":"#REF!"}},{"$f":"'CRO2_Crono Simplificado'!INU4","v":0},{"$f":"'CRO2_Crono Simplificado'!#REF!","v":{"$error":"#REF!"}},{"$f":"'CRO2_Crono Simplificado'!INW4","v":0},{"$f":"'CRO2_Crono Simplificado'!#REF!","v":{"$error":"#REF!"}},{"$f":"'CRO2_Crono Simplificado'!INY4","v":0},{"$f":"'CRO2_Crono Simplificado'!#REF!","v":{"$error":"#REF!"}},{"$f":"'CRO2_Crono Simplificado'!IOA4","v":0},{"$f":"'CRO2_Crono Simplificado'!#REF!","v":{"$error":"#REF!"}},{"$f":"'CRO2_Crono Simplificado'!IOC4","v":0},{"$f":"'CRO2_Crono Simplificado'!#REF!","v":{"$error":"#REF!"}},{"$f":"'CRO2_Crono Simplificado'!IOE4","v":0},{"$f":"'CRO2_Crono Simplificado'!#REF!","v":{"$error":"#REF!"}},{"$f":"'CRO2_Crono Simplificado'!IOG4","v":0},{"$f":"'CRO2_Crono Simplificado'!#REF!","v":{"$error":"#REF!"}},{"$f":"'CRO2_Crono Simplificado'!IOI4","v":0},{"$f":"'CRO2_Crono Simplificado'!#REF!","v":{"$error":"#REF!"}},{"$f":"'CRO2_Crono Simplificado'!IOK4","v":0},{"$f":"'CRO2_Crono Simplificado'!#REF!","v":{"$error":"#REF!"}},{"$f":"'CRO2_Crono Simplificado'!IOM4","v":0},{"$f":"'CRO2_Crono Simplificado'!#REF!","v":{"$error":"#REF!"}},{"$f":"'CRO2_Crono Simplificado'!IOO4","v":0},{"$f":"'CRO2_Crono Simplificado'!#REF!","v":{"$error":"#REF!"}},{"$f":"'CRO2_Crono Simplificado'!IOQ4","v":0},{"$f":"'CRO2_Crono Simplificado'!#REF!","v":{"$error":"#REF!"}},{"$f":"'CRO2_Crono Simplificado'!IOS4","v":0},{"$f":"'CRO2_Crono Simplificado'!#REF!","v":{"$error":"#REF!"}},{"$f":"'CRO2_Crono Simplificado'!IOU4","v":0},{"$f":"'CRO2_Crono Simplificado'!#REF!","v":{"$error":"#REF!"}},{"$f":"'CRO2_Crono Simplificado'!IOW4","v":0},{"$f":"'CRO2_Crono Simplificado'!#REF!","v":{"$error":"#REF!"}},{"$f":"'CRO2_Crono Simplificado'!IOY4","v":0},{"$f":"'CRO2_Crono Simplificado'!#REF!","v":{"$error":"#REF!"}},{"$f":"'CRO2_Crono Simplificado'!IPA4","v":0},{"$f":"'CRO2_Crono Simplificado'!#REF!","v":{"$error":"#REF!"}},{"$f":"'CRO2_Crono Simplificado'!IPC4","v":0},{"$f":"'CRO2_Crono Simplificado'!#REF!","v":{"$error":"#REF!"}},{"$f":"'CRO2_Crono Simplificado'!IPE4","v":0},{"$f":"'CRO2_Crono Simplificado'!#REF!","v":{"$error":"#REF!"}},{"$f":"'CRO2_Crono Simplificado'!IPG4","v":0},{"$f":"'CRO2_Crono Simplificado'!#REF!","v":{"$error":"#REF!"}},{"$f":"'CRO2_Crono Simplificado'!IPI4","v":0},{"$f":"'CRO2_Crono Simplificado'!#REF!","v":{"$error":"#REF!"}},{"$f":"'CRO2_Crono Simplificado'!IPK4","v":0},{"$f":"'CRO2_Crono Simplificado'!#REF!","v":{"$error":"#REF!"}},{"$f":"'CRO2_Crono Simplificado'!IPM4","v":0},{"$f":"'CRO2_Crono Simplificado'!#REF!","v":{"$error":"#REF!"}},{"$f":"'CRO2_Crono Simplificado'!IPO4","v":0},{"$f":"'CRO2_Crono Simplificado'!#REF!","v":{"$error":"#REF!"}},{"$f":"'CRO2_Crono Simplificado'!IPQ4","v":0},{"$f":"'CRO2_Crono Simplificado'!#REF!","v":{"$error":"#REF!"}},{"$f":"'CRO2_Crono Simplificado'!IPS4","v":0},{"$f":"'CRO2_Crono Simplificado'!#REF!","v":{"$error":"#REF!"}},{"$f":"'CRO2_Crono Simplificado'!IPU4","v":0},{"$f":"'CRO2_Crono Simplificado'!#REF!","v":{"$error":"#REF!"}},{"$f":"'CRO2_Crono Simplificado'!IPW4","v":0},{"$f":"'CRO2_Crono Simplificado'!#REF!","v":{"$error":"#REF!"}},{"$f":"'CRO2_Crono Simplificado'!IPY4","v":0},{"$f":"'CRO2_Crono Simplificado'!#REF!","v":{"$error":"#REF!"}},{"$f":"'CRO2_Crono Simplificado'!IQA4","v":0},{"$f":"'CRO2_Crono Simplificado'!#REF!","v":{"$error":"#REF!"}},{"$f":"'CRO2_Crono Simplificado'!IQC4","v":0},{"$f":"'CRO2_Crono Simplificado'!#REF!","v":{"$error":"#REF!"}},{"$f":"'CRO2_Crono Simplificado'!IQE4","v":0},{"$f":"'CRO2_Crono Simplificado'!#REF!","v":{"$error":"#REF!"}},{"$f":"'CRO2_Crono Simplificado'!IQG4","v":0},{"$f":"'CRO2_Crono Simplificado'!#REF!","v":{"$error":"#REF!"}},{"$f":"'CRO2_Crono Simplificado'!IQI4","v":0},{"$f":"'CRO2_Crono Simplificado'!#REF!","v":{"$error":"#REF!"}},{"$f":"'CRO2_Crono Simplificado'!IQK4","v":0},{"$f":"'CRO2_Crono Simplificado'!#REF!","v":{"$error":"#REF!"}},{"$f":"'CRO2_Crono Simplificado'!IQM4","v":0},{"$f":"'CRO2_Crono Simplificado'!#REF!","v":{"$error":"#REF!"}},{"$f":"'CRO2_Crono Simplificado'!IQO4","v":0},{"$f":"'CRO2_Crono Simplificado'!#REF!","v":{"$error":"#REF!"}},{"$f":"'CRO2_Crono Simplificado'!IQQ4","v":0},{"$f":"'CRO2_Crono Simplificado'!#REF!","v":{"$error":"#REF!"}},{"$f":"'CRO2_Crono Simplificado'!IQS4","v":0},{"$f":"'CRO2_Crono Simplificado'!#REF!","v":{"$error":"#REF!"}},{"$f":"'CRO2_Crono Simplificado'!IQU4","v":0},{"$f":"'CRO2_Crono Simplificado'!#REF!","v":{"$error":"#REF!"}},{"$f":"'CRO2_Crono Simplificado'!IQW4","v":0},{"$f":"'CRO2_Crono Simplificado'!#REF!","v":{"$error":"#REF!"}},{"$f":"'CRO2_Crono Simplificado'!IQY4","v":0},{"$f":"'CRO2_Crono Simplificado'!#REF!","v":{"$error":"#REF!"}},{"$f":"'CRO2_Crono Simplificado'!IRA4","v":0},{"$f":"'CRO2_Crono Simplificado'!#REF!","v":{"$error":"#REF!"}},{"$f":"'CRO2_Crono Simplificado'!IRC4","v":0},{"$f":"'CRO2_Crono Simplificado'!#REF!","v":{"$error":"#REF!"}},{"$f":"'CRO2_Crono Simplificado'!IRE4","v":0},{"$f":"'CRO2_Crono Simplificado'!#REF!","v":{"$error":"#REF!"}},{"$f":"'CRO2_Crono Simplificado'!IRG4","v":0},{"$f":"'CRO2_Crono Simplificado'!#REF!","v":{"$error":"#REF!"}},{"$f":"'CRO2_Crono Simplificado'!IRI4","v":0},{"$f":"'CRO2_Crono Simplificado'!#REF!","v":{"$error":"#REF!"}},{"$f":"'CRO2_Crono Simplificado'!IRK4","v":0},{"$f":"'CRO2_Crono Simplificado'!#REF!","v":{"$error":"#REF!"}},{"$f":"'CRO2_Crono Simplificado'!IRM4","v":0},{"$f":"'CRO2_Crono Simplificado'!#REF!","v":{"$error":"#REF!"}},{"$f":"'CRO2_Crono Simplificado'!IRO4","v":0},{"$f":"'CRO2_Crono Simplificado'!#REF!","v":{"$error":"#REF!"}},{"$f":"'CRO2_Crono Simplificado'!IRQ4","v":0},{"$f":"'CRO2_Crono Simplificado'!#REF!","v":{"$error":"#REF!"}},{"$f":"'CRO2_Crono Simplificado'!IRS4","v":0},{"$f":"'CRO2_Crono Simplificado'!#REF!","v":{"$error":"#REF!"}},{"$f":"'CRO2_Crono Simplificado'!IRU4","v":0},{"$f":"'CRO2_Crono Simplificado'!#REF!","v":{"$error":"#REF!"}},{"$f":"'CRO2_Crono Simplificado'!IRW4","v":0},{"$f":"'CRO2_Crono Simplificado'!#REF!","v":{"$error":"#REF!"}},{"$f":"'CRO2_Crono Simplificado'!IRY4","v":0},{"$f":"'CRO2_Crono Simplificado'!#REF!","v":{"$error":"#REF!"}},{"$f":"'CRO2_Crono Simplificado'!ISA4","v":0},{"$f":"'CRO2_Crono Simplificado'!#REF!","v":{"$error":"#REF!"}},{"$f":"'CRO2_Crono Simplificado'!ISC4","v":0},{"$f":"'CRO2_Crono Simplificado'!#REF!","v":{"$error":"#REF!"}},{"$f":"'CRO2_Crono Simplificado'!ISE4","v":0},{"$f":"'CRO2_Crono Simplificado'!#REF!","v":{"$error":"#REF!"}},{"$f":"'CRO2_Crono Simplificado'!ISG4","v":0},{"$f":"'CRO2_Crono Simplificado'!#REF!","v":{"$error":"#REF!"}},{"$f":"'CRO2_Crono Simplificado'!ISI4","v":0},{"$f":"'CRO2_Crono Simplificado'!#REF!","v":{"$error":"#REF!"}},{"$f":"'CRO2_Crono Simplificado'!ISK4","v":0},{"$f":"'CRO2_Crono Simplificado'!#REF!","v":{"$error":"#REF!"}},{"$f":"'CRO2_Crono Simplificado'!ISM4","v":0},{"$f":"'CRO2_Crono Simplificado'!#REF!","v":{"$error":"#REF!"}},{"$f":"'CRO2_Crono Simplificado'!ISO4","v":0},{"$f":"'CRO2_Crono Simplificado'!#REF!","v":{"$error":"#REF!"}},{"$f":"'CRO2_Crono Simplificado'!ISQ4","v":0},{"$f":"'CRO2_Crono Simplificado'!#REF!","v":{"$error":"#REF!"}},{"$f":"'CRO2_Crono Simplificado'!ISS4","v":0},{"$f":"'CRO2_Crono Simplificado'!#REF!","v":{"$error":"#REF!"}},{"$f":"'CRO2_Crono Simplificado'!ISU4","v":0},{"$f":"'CRO2_Crono Simplificado'!#REF!","v":{"$error":"#REF!"}},{"$f":"'CRO2_Crono Simplificado'!ISW4","v":0},{"$f":"'CRO2_Crono Simplificado'!#REF!","v":{"$error":"#REF!"}},{"$f":"'CRO2_Crono Simplificado'!ISY4","v":0},{"$f":"'CRO2_Crono Simplificado'!#REF!","v":{"$error":"#REF!"}},{"$f":"'CRO2_Crono Simplificado'!ITA4","v":0},{"$f":"'CRO2_Crono Simplificado'!#REF!","v":{"$error":"#REF!"}},{"$f":"'CRO2_Crono Simplificado'!ITC4","v":0},{"$f":"'CRO2_Crono Simplificado'!#REF!","v":{"$error":"#REF!"}},{"$f":"'CRO2_Crono Simplificado'!ITE4","v":0},{"$f":"'CRO2_Crono Simplificado'!#REF!","v":{"$error":"#REF!"}},{"$f":"'CRO2_Crono Simplificado'!ITG4","v":0},{"$f":"'CRO2_Crono Simplificado'!#REF!","v":{"$error":"#REF!"}},{"$f":"'CRO2_Crono Simplificado'!ITI4","v":0},{"$f":"'CRO2_Crono Simplificado'!#REF!","v":{"$error":"#REF!"}},{"$f":"'CRO2_Crono Simplificado'!ITK4","v":0},{"$f":"'CRO2_Crono Simplificado'!#REF!","v":{"$error":"#REF!"}},{"$f":"'CRO2_Crono Simplificado'!ITM4","v":0},{"$f":"'CRO2_Crono Simplificado'!#REF!","v":{"$error":"#REF!"}},{"$f":"'CRO2_Crono Simplificado'!ITO4","v":0},{"$f":"'CRO2_Crono Simplificado'!#REF!","v":{"$error":"#REF!"}},{"$f":"'CRO2_Crono Simplificado'!ITQ4","v":0},{"$f":"'CRO2_Crono Simplificado'!#REF!","v":{"$error":"#REF!"}},{"$f":"'CRO2_Crono Simplificado'!ITS4","v":0},{"$f":"'CRO2_Crono Simplificado'!#REF!","v":{"$error":"#REF!"}},{"$f":"'CRO2_Crono Simplificado'!ITU4","v":0},{"$f":"'CRO2_Crono Simplificado'!#REF!","v":{"$error":"#REF!"}},{"$f":"'CRO2_Crono Simplificado'!ITW4","v":0},{"$f":"'CRO2_Crono Simplificado'!#REF!","v":{"$error":"#REF!"}},{"$f":"'CRO2_Crono Simplificado'!ITY4","v":0},{"$f":"'CRO2_Crono Simplificado'!#REF!","v":{"$error":"#REF!"}},{"$f":"'CRO2_Crono Simplificado'!IUA4","v":0},{"$f":"'CRO2_Crono Simplificado'!#REF!","v":{"$error":"#REF!"}},{"$f":"'CRO2_Crono Simplificado'!IUC4","v":0},{"$f":"'CRO2_Crono Simplificado'!#REF!","v":{"$error":"#REF!"}},{"$f":"'CRO2_Crono Simplificado'!IUE4","v":0},{"$f":"'CRO2_Crono Simplificado'!#REF!","v":{"$error":"#REF!"}},{"$f":"'CRO2_Crono Simplificado'!IUG4","v":0},{"$f":"'CRO2_Crono Simplificado'!#REF!","v":{"$error":"#REF!"}},{"$f":"'CRO2_Crono Simplificado'!IUI4","v":0},{"$f":"'CRO2_Crono Simplificado'!#REF!","v":{"$error":"#REF!"}},{"$f":"'CRO2_Crono Simplificado'!IUK4","v":0},{"$f":"'CRO2_Crono Simplificado'!#REF!","v":{"$error":"#REF!"}},{"$f":"'CRO2_Crono Simplificado'!IUM4","v":0},{"$f":"'CRO2_Crono Simplificado'!#REF!","v":{"$error":"#REF!"}},{"$f":"'CRO2_Crono Simplificado'!IUO4","v":0},{"$f":"'CRO2_Crono Simplificado'!#REF!","v":{"$error":"#REF!"}},{"$f":"'CRO2_Crono Simplificado'!IUQ4","v":0},{"$f":"'CRO2_Crono Simplificado'!#REF!","v":{"$error":"#REF!"}},{"$f":"'CRO2_Crono Simplificado'!IUS4","v":0},{"$f":"'CRO2_Crono Simplificado'!#REF!","v":{"$error":"#REF!"}},{"$f":"'CRO2_Crono Simplificado'!IUU4","v":0},{"$f":"'CRO2_Crono Simplificado'!#REF!","v":{"$error":"#REF!"}},{"$f":"'CRO2_Crono Simplificado'!IUW4","v":0},{"$f":"'CRO2_Crono Simplificado'!#REF!","v":{"$error":"#REF!"}},{"$f":"'CRO2_Crono Simplificado'!IUY4","v":0},{"$f":"'CRO2_Crono Simplificado'!#REF!","v":{"$error":"#REF!"}},{"$f":"'CRO2_Crono Simplificado'!IVA4","v":0},{"$f":"'CRO2_Crono Simplificado'!#REF!","v":{"$error":"#REF!"}},{"$f":"'CRO2_Crono Simplificado'!IVC4","v":0},{"$f":"'CRO2_Crono Simplificado'!#REF!","v":{"$error":"#REF!"}},{"$f":"'CRO2_Crono Simplificado'!IVE4","v":0},{"$f":"'CRO2_Crono Simplificado'!#REF!","v":{"$error":"#REF!"}},{"$f":"'CRO2_Crono Simplificado'!IVG4","v":0},{"$f":"'CRO2_Crono Simplificado'!#REF!","v":{"$error":"#REF!"}},{"$f":"'CRO2_Crono Simplificado'!IVI4","v":0},{"$f":"'CRO2_Crono Simplificado'!#REF!","v":{"$error":"#REF!"}},{"$f":"'CRO2_Crono Simplificado'!IVK4","v":0},{"$f":"'CRO2_Crono Simplificado'!#REF!","v":{"$error":"#REF!"}},{"$f":"'CRO2_Crono Simplificado'!IVM4","v":0},{"$f":"'CRO2_Crono Simplificado'!#REF!","v":{"$error":"#REF!"}},{"$f":"'CRO2_Crono Simplificado'!IVO4","v":0},{"$f":"'CRO2_Crono Simplificado'!#REF!","v":{"$error":"#REF!"}},{"$f":"'CRO2_Crono Simplificado'!IVQ4","v":0},{"$f":"'CRO2_Crono Simplificado'!#REF!","v":{"$error":"#REF!"}},{"$f":"'CRO2_Crono Simplificado'!IVS4","v":0},{"$f":"'CRO2_Crono Simplificado'!#REF!","v":{"$error":"#REF!"}},{"$f":"'CRO2_Crono Simplificado'!IVU4","v":0},{"$f":"'CRO2_Crono Simplificado'!#REF!","v":{"$error":"#REF!"}},{"$f":"'CRO2_Crono Simplificado'!IVW4","v":0},{"$f":"'CRO2_Crono Simplificado'!#REF!","v":{"$error":"#REF!"}},{"$f":"'CRO2_Crono Simplificado'!IVY4","v":0},{"$f":"'CRO2_Crono Simplificado'!#REF!","v":{"$error":"#REF!"}},{"$f":"'CRO2_Crono Simplificado'!IWA4","v":0},{"$f":"'CRO2_Crono Simplificado'!#REF!","v":{"$error":"#REF!"}},{"$f":"'CRO2_Crono Simplificado'!IWC4","v":0},{"$f":"'CRO2_Crono Simplificado'!#REF!","v":{"$error":"#REF!"}},{"$f":"'CRO2_Crono Simplificado'!IWE4","v":0},{"$f":"'CRO2_Crono Simplificado'!#REF!","v":{"$error":"#REF!"}},{"$f":"'CRO2_Crono Simplificado'!IWG4","v":0},{"$f":"'CRO2_Crono Simplificado'!#REF!","v":{"$error":"#REF!"}},{"$f":"'CRO2_Crono Simplificado'!IWI4","v":0},{"$f":"'CRO2_Crono Simplificado'!#REF!","v":{"$error":"#REF!"}},{"$f":"'CRO2_Crono Simplificado'!IWK4","v":0},{"$f":"'CRO2_Crono Simplificado'!#REF!","v":{"$error":"#REF!"}},{"$f":"'CRO2_Crono Simplificado'!IWM4","v":0},{"$f":"'CRO2_Crono Simplificado'!#REF!","v":{"$error":"#REF!"}},{"$f":"'CRO2_Crono Simplificado'!IWO4","v":0},{"$f":"'CRO2_Crono Simplificado'!#REF!","v":{"$error":"#REF!"}},{"$f":"'CRO2_Crono Simplificado'!IWQ4","v":0},{"$f":"'CRO2_Crono Simplificado'!#REF!","v":{"$error":"#REF!"}},{"$f":"'CRO2_Crono Simplificado'!IWS4","v":0},{"$f":"'CRO2_Crono Simplificado'!#REF!","v":{"$error":"#REF!"}},{"$f":"'CRO2_Crono Simplificado'!IWU4","v":0},{"$f":"'CRO2_Crono Simplificado'!#REF!","v":{"$error":"#REF!"}},{"$f":"'CRO2_Crono Simplificado'!IWW4","v":0},{"$f":"'CRO2_Crono Simplificado'!#REF!","v":{"$error":"#REF!"}},{"$f":"'CRO2_Crono Simplificado'!IWY4","v":0},{"$f":"'CRO2_Crono Simplificado'!#REF!","v":{"$error":"#REF!"}},{"$f":"'CRO2_Crono Simplificado'!IXA4","v":0},{"$f":"'CRO2_Crono Simplificado'!#REF!","v":{"$error":"#REF!"}},{"$f":"'CRO2_Crono Simplificado'!IXC4","v":0},{"$f":"'CRO2_Crono Simplificado'!#REF!","v":{"$error":"#REF!"}},{"$f":"'CRO2_Crono Simplificado'!IXE4","v":0},{"$f":"'CRO2_Crono Simplificado'!#REF!","v":{"$error":"#REF!"}},{"$f":"'CRO2_Crono Simplificado'!IXG4","v":0},{"$f":"'CRO2_Crono Simplificado'!#REF!","v":{"$error":"#REF!"}},{"$f":"'CRO2_Crono Simplificado'!IXI4","v":0},{"$f":"'CRO2_Crono Simplificado'!#REF!","v":{"$error":"#REF!"}},{"$f":"'CRO2_Crono Simplificado'!IXK4","v":0},{"$f":"'CRO2_Crono Simplificado'!#REF!","v":{"$error":"#REF!"}},{"$f":"'CRO2_Crono Simplificado'!IXM4","v":0},{"$f":"'CRO2_Crono Simplificado'!#REF!","v":{"$error":"#REF!"}},{"$f":"'CRO2_Crono Simplificado'!IXO4","v":0},{"$f":"'CRO2_Crono Simplificado'!#REF!","v":{"$error":"#REF!"}},{"$f":"'CRO2_Crono Simplificado'!IXQ4","v":0},{"$f":"'CRO2_Crono Simplificado'!#REF!","v":{"$error":"#REF!"}},{"$f":"'CRO2_Crono Simplificado'!IXS4","v":0},{"$f":"'CRO2_Crono Simplificado'!#REF!","v":{"$error":"#REF!"}},{"$f":"'CRO2_Crono Simplificado'!IXU4","v":0},{"$f":"'CRO2_Crono Simplificado'!#REF!","v":{"$error":"#REF!"}},{"$f":"'CRO2_Crono Simplificado'!IXW4","v":0},{"$f":"'CRO2_Crono Simplificado'!#REF!","v":{"$error":"#REF!"}},{"$f":"'CRO2_Crono Simplificado'!IXY4","v":0},{"$f":"'CRO2_Crono Simplificado'!#REF!","v":{"$error":"#REF!"}},{"$f":"'CRO2_Crono Simplificado'!IYA4","v":0},{"$f":"'CRO2_Crono Simplificado'!#REF!","v":{"$error":"#REF!"}},{"$f":"'CRO2_Crono Simplificado'!IYC4","v":0},{"$f":"'CRO2_Crono Simplificado'!#REF!","v":{"$error":"#REF!"}},{"$f":"'CRO2_Crono Simplificado'!IYE4","v":0},{"$f":"'CRO2_Crono Simplificado'!#REF!","v":{"$error":"#REF!"}},{"$f":"'CRO2_Crono Simplificado'!IYG4","v":0},{"$f":"'CRO2_Crono Simplificado'!#REF!","v":{"$error":"#REF!"}},{"$f":"'CRO2_Crono Simplificado'!IYI4","v":0},{"$f":"'CRO2_Crono Simplificado'!#REF!","v":{"$error":"#REF!"}},{"$f":"'CRO2_Crono Simplificado'!IYK4","v":0},{"$f":"'CRO2_Crono Simplificado'!#REF!","v":{"$error":"#REF!"}},{"$f":"'CRO2_Crono Simplificado'!IYM4","v":0},{"$f":"'CRO2_Crono Simplificado'!#REF!","v":{"$error":"#REF!"}},{"$f":"'CRO2_Crono Simplificado'!IYO4","v":0},{"$f":"'CRO2_Crono Simplificado'!#REF!","v":{"$error":"#REF!"}},{"$f":"'CRO2_Crono Simplificado'!IYQ4","v":0},{"$f":"'CRO2_Crono Simplificado'!#REF!","v":{"$error":"#REF!"}},{"$f":"'CRO2_Crono Simplificado'!IYS4","v":0},{"$f":"'CRO2_Crono Simplificado'!#REF!","v":{"$error":"#REF!"}},{"$f":"'CRO2_Crono Simplificado'!IYU4","v":0},{"$f":"'CRO2_Crono Simplificado'!#REF!","v":{"$error":"#REF!"}},{"$f":"'CRO2_Crono Simplificado'!IYW4","v":0},{"$f":"'CRO2_Crono Simplificado'!#REF!","v":{"$error":"#REF!"}},{"$f":"'CRO2_Crono Simplificado'!IYY4","v":0},{"$f":"'CRO2_Crono Simplificado'!#REF!","v":{"$error":"#REF!"}},{"$f":"'CRO2_Crono Simplificado'!IZA4","v":0},{"$f":"'CRO2_Crono Simplificado'!#REF!","v":{"$error":"#REF!"}},{"$f":"'CRO2_Crono Simplificado'!IZC4","v":0},{"$f":"'CRO2_Crono Simplificado'!#REF!","v":{"$error":"#REF!"}},{"$f":"'CRO2_Crono Simplificado'!IZE4","v":0},{"$f":"'CRO2_Crono Simplificado'!#REF!","v":{"$error":"#REF!"}},{"$f":"'CRO2_Crono Simplificado'!IZG4","v":0},{"$f":"'CRO2_Crono Simplificado'!#REF!","v":{"$error":"#REF!"}},{"$f":"'CRO2_Crono Simplificado'!IZI4","v":0},{"$f":"'CRO2_Crono Simplificado'!#REF!","v":{"$error":"#REF!"}},{"$f":"'CRO2_Crono Simplificado'!IZK4","v":0},{"$f":"'CRO2_Crono Simplificado'!#REF!","v":{"$error":"#REF!"}},{"$f":"'CRO2_Crono Simplificado'!IZM4","v":0},{"$f":"'CRO2_Crono Simplificado'!#REF!","v":{"$error":"#REF!"}},{"$f":"'CRO2_Crono Simplificado'!IZO4","v":0},{"$f":"'CRO2_Crono Simplificado'!#REF!","v":{"$error":"#REF!"}},{"$f":"'CRO2_Crono Simplificado'!IZQ4","v":0},{"$f":"'CRO2_Crono Simplificado'!#REF!","v":{"$error":"#REF!"}},{"$f":"'CRO2_Crono Simplificado'!IZS4","v":0},{"$f":"'CRO2_Crono Simplificado'!#REF!","v":{"$error":"#REF!"}},{"$f":"'CRO2_Crono Simplificado'!IZU4","v":0},{"$f":"'CRO2_Crono Simplificado'!#REF!","v":{"$error":"#REF!"}},{"$f":"'CRO2_Crono Simplificado'!IZW4","v":0},{"$f":"'CRO2_Crono Simplificado'!#REF!","v":{"$error":"#REF!"}},{"$f":"'CRO2_Crono Simplificado'!IZY4","v":0},{"$f":"'CRO2_Crono Simplificado'!#REF!","v":{"$error":"#REF!"}},{"$f":"'CRO2_Crono Simplificado'!JAA4","v":0},{"$f":"'CRO2_Crono Simplificado'!#REF!","v":{"$error":"#REF!"}},{"$f":"'CRO2_Crono Simplificado'!JAC4","v":0},{"$f":"'CRO2_Crono Simplificado'!#REF!","v":{"$error":"#REF!"}},{"$f":"'CRO2_Crono Simplificado'!JAE4","v":0},{"$f":"'CRO2_Crono Simplificado'!#REF!","v":{"$error":"#REF!"}},{"$f":"'CRO2_Crono Simplificado'!JAG4","v":0},{"$f":"'CRO2_Crono Simplificado'!#REF!","v":{"$error":"#REF!"}},{"$f":"'CRO2_Crono Simplificado'!JAI4","v":0},{"$f":"'CRO2_Crono Simplificado'!#REF!","v":{"$error":"#REF!"}},{"$f":"'CRO2_Crono Simplificado'!JAK4","v":0},{"$f":"'CRO2_Crono Simplificado'!#REF!","v":{"$error":"#REF!"}},{"$f":"'CRO2_Crono Simplificado'!JAM4","v":0},{"$f":"'CRO2_Crono Simplificado'!#REF!","v":{"$error":"#REF!"}},{"$f":"'CRO2_Crono Simplificado'!JAO4","v":0},{"$f":"'CRO2_Crono Simplificado'!#REF!","v":{"$error":"#REF!"}},{"$f":"'CRO2_Crono Simplificado'!JAQ4","v":0},{"$f":"'CRO2_Crono Simplificado'!#REF!","v":{"$error":"#REF!"}},{"$f":"'CRO2_Crono Simplificado'!JAS4","v":0},{"$f":"'CRO2_Crono Simplificado'!#REF!","v":{"$error":"#REF!"}},{"$f":"'CRO2_Crono Simplificado'!JAU4","v":0},{"$f":"'CRO2_Crono Simplificado'!#REF!","v":{"$error":"#REF!"}},{"$f":"'CRO2_Crono Simplificado'!JAW4","v":0},{"$f":"'CRO2_Crono Simplificado'!#REF!","v":{"$error":"#REF!"}},{"$f":"'CRO2_Crono Simplificado'!JAY4","v":0},{"$f":"'CRO2_Crono Simplificado'!#REF!","v":{"$error":"#REF!"}},{"$f":"'CRO2_Crono Simplificado'!JBA4","v":0},{"$f":"'CRO2_Crono Simplificado'!#REF!","v":{"$error":"#REF!"}},{"$f":"'CRO2_Crono Simplificado'!JBC4","v":0},{"$f":"'CRO2_Crono Simplificado'!#REF!","v":{"$error":"#REF!"}},{"$f":"'CRO2_Crono Simplificado'!JBE4","v":0},{"$f":"'CRO2_Crono Simplificado'!#REF!","v":{"$error":"#REF!"}},{"$f":"'CRO2_Crono Simplificado'!JBG4","v":0},{"$f":"'CRO2_Crono Simplificado'!#REF!","v":{"$error":"#REF!"}},{"$f":"'CRO2_Crono Simplificado'!JBI4","v":0},{"$f":"'CRO2_Crono Simplificado'!#REF!","v":{"$error":"#REF!"}},{"$f":"'CRO2_Crono Simplificado'!JBK4","v":0},{"$f":"'CRO2_Crono Simplificado'!#REF!","v":{"$error":"#REF!"}},{"$f":"'CRO2_Crono Simplificado'!JBM4","v":0},{"$f":"'CRO2_Crono Simplificado'!#REF!","v":{"$error":"#REF!"}},{"$f":"'CRO2_Crono Simplificado'!JBO4","v":0},{"$f":"'CRO2_Crono Simplificado'!#REF!","v":{"$error":"#REF!"}},{"$f":"'CRO2_Crono Simplificado'!JBQ4","v":0},{"$f":"'CRO2_Crono Simplificado'!#REF!","v":{"$error":"#REF!"}},{"$f":"'CRO2_Crono Simplificado'!JBS4","v":0},{"$f":"'CRO2_Crono Simplificado'!#REF!","v":{"$error":"#REF!"}},{"$f":"'CRO2_Crono Simplificado'!JBU4","v":0},{"$f":"'CRO2_Crono Simplificado'!#REF!","v":{"$error":"#REF!"}},{"$f":"'CRO2_Crono Simplificado'!JBW4","v":0},{"$f":"'CRO2_Crono Simplificado'!#REF!","v":{"$error":"#REF!"}},{"$f":"'CRO2_Crono Simplificado'!JBY4","v":0},{"$f":"'CRO2_Crono Simplificado'!#REF!","v":{"$error":"#REF!"}},{"$f":"'CRO2_Crono Simplificado'!JCA4","v":0},{"$f":"'CRO2_Crono Simplificado'!#REF!","v":{"$error":"#REF!"}},{"$f":"'CRO2_Crono Simplificado'!JCC4","v":0},{"$f":"'CRO2_Crono Simplificado'!#REF!","v":{"$error":"#REF!"}},{"$f":"'CRO2_Crono Simplificado'!JCE4","v":0},{"$f":"'CRO2_Crono Simplificado'!#REF!","v":{"$error":"#REF!"}},{"$f":"'CRO2_Crono Simplificado'!JCG4","v":0},{"$f":"'CRO2_Crono Simplificado'!#REF!","v":{"$error":"#REF!"}},{"$f":"'CRO2_Crono Simplificado'!JCI4","v":0},{"$f":"'CRO2_Crono Simplificado'!#REF!","v":{"$error":"#REF!"}},{"$f":"'CRO2_Crono Simplificado'!JCK4","v":0},{"$f":"'CRO2_Crono Simplificado'!#REF!","v":{"$error":"#REF!"}},{"$f":"'CRO2_Crono Simplificado'!JCM4","v":0},{"$f":"'CRO2_Crono Simplificado'!#REF!","v":{"$error":"#REF!"}},{"$f":"'CRO2_Crono Simplificado'!JCO4","v":0},{"$f":"'CRO2_Crono Simplificado'!#REF!","v":{"$error":"#REF!"}},{"$f":"'CRO2_Crono Simplificado'!JCQ4","v":0},{"$f":"'CRO2_Crono Simplificado'!#REF!","v":{"$error":"#REF!"}},{"$f":"'CRO2_Crono Simplificado'!JCS4","v":0},{"$f":"'CRO2_Crono Simplificado'!#REF!","v":{"$error":"#REF!"}},{"$f":"'CRO2_Crono Simplificado'!JCU4","v":0},{"$f":"'CRO2_Crono Simplificado'!#REF!","v":{"$error":"#REF!"}},{"$f":"'CRO2_Crono Simplificado'!JCW4","v":0},{"$f":"'CRO2_Crono Simplificado'!#REF!","v":{"$error":"#REF!"}},{"$f":"'CRO2_Crono Simplificado'!JCY4","v":0},{"$f":"'CRO2_Crono Simplificado'!#REF!","v":{"$error":"#REF!"}},{"$f":"'CRO2_Crono Simplificado'!JDA4","v":0},{"$f":"'CRO2_Crono Simplificado'!#REF!","v":{"$error":"#REF!"}},{"$f":"'CRO2_Crono Simplificado'!JDC4","v":0},{"$f":"'CRO2_Crono Simplificado'!#REF!","v":{"$error":"#REF!"}},{"$f":"'CRO2_Crono Simplificado'!JDE4","v":0},{"$f":"'CRO2_Crono Simplificado'!#REF!","v":{"$error":"#REF!"}},{"$f":"'CRO2_Crono Simplificado'!JDG4","v":0},{"$f":"'CRO2_Crono Simplificado'!#REF!","v":{"$error":"#REF!"}},{"$f":"'CRO2_Crono Simplificado'!JDI4","v":0},{"$f":"'CRO2_Crono Simplificado'!#REF!","v":{"$error":"#REF!"}},{"$f":"'CRO2_Crono Simplificado'!JDK4","v":0},{"$f":"'CRO2_Crono Simplificado'!#REF!","v":{"$error":"#REF!"}},{"$f":"'CRO2_Crono Simplificado'!JDM4","v":0},{"$f":"'CRO2_Crono Simplificado'!#REF!","v":{"$error":"#REF!"}},{"$f":"'CRO2_Crono Simplificado'!JDO4","v":0},{"$f":"'CRO2_Crono Simplificado'!#REF!","v":{"$error":"#REF!"}},{"$f":"'CRO2_Crono Simplificado'!JDQ4","v":0},{"$f":"'CRO2_Crono Simplificado'!#REF!","v":{"$error":"#REF!"}},{"$f":"'CRO2_Crono Simplificado'!JDS4","v":0},{"$f":"'CRO2_Crono Simplificado'!#REF!","v":{"$error":"#REF!"}},{"$f":"'CRO2_Crono Simplificado'!JDU4","v":0},{"$f":"'CRO2_Crono Simplificado'!#REF!","v":{"$error":"#REF!"}},{"$f":"'CRO2_Crono Simplificado'!JDW4","v":0},{"$f":"'CRO2_Crono Simplificado'!#REF!","v":{"$error":"#REF!"}},{"$f":"'CRO2_Crono Simplificado'!JDY4","v":0},{"$f":"'CRO2_Crono Simplificado'!#REF!","v":{"$error":"#REF!"}},{"$f":"'CRO2_Crono Simplificado'!JEA4","v":0},{"$f":"'CRO2_Crono Simplificado'!#REF!","v":{"$error":"#REF!"}},{"$f":"'CRO2_Crono Simplificado'!JEC4","v":0},{"$f":"'CRO2_Crono Simplificado'!#REF!","v":{"$error":"#REF!"}},{"$f":"'CRO2_Crono Simplificado'!JEE4","v":0},{"$f":"'CRO2_Crono Simplificado'!#REF!","v":{"$error":"#REF!"}},{"$f":"'CRO2_Crono Simplificado'!JEG4","v":0},{"$f":"'CRO2_Crono Simplificado'!#REF!","v":{"$error":"#REF!"}},{"$f":"'CRO2_Crono Simplificado'!JEI4","v":0},{"$f":"'CRO2_Crono Simplificado'!#REF!","v":{"$error":"#REF!"}},{"$f":"'CRO2_Crono Simplificado'!JEK4","v":0},{"$f":"'CRO2_Crono Simplificado'!#REF!","v":{"$error":"#REF!"}},{"$f":"'CRO2_Crono Simplificado'!JEM4","v":0},{"$f":"'CRO2_Crono Simplificado'!#REF!","v":{"$error":"#REF!"}},{"$f":"'CRO2_Crono Simplificado'!JEO4","v":0},{"$f":"'CRO2_Crono Simplificado'!#REF!","v":{"$error":"#REF!"}},{"$f":"'CRO2_Crono Simplificado'!JEQ4","v":0},{"$f":"'CRO2_Crono Simplificado'!#REF!","v":{"$error":"#REF!"}},{"$f":"'CRO2_Crono Simplificado'!JES4","v":0},{"$f":"'CRO2_Crono Simplificado'!#REF!","v":{"$error":"#REF!"}},{"$f":"'CRO2_Crono Simplificado'!JEU4","v":0},{"$f":"'CRO2_Crono Simplificado'!#REF!","v":{"$error":"#REF!"}},{"$f":"'CRO2_Crono Simplificado'!JEW4","v":0},{"$f":"'CRO2_Crono Simplificado'!#REF!","v":{"$error":"#REF!"}},{"$f":"'CRO2_Crono Simplificado'!JEY4","v":0},{"$f":"'CRO2_Crono Simplificado'!#REF!","v":{"$error":"#REF!"}},{"$f":"'CRO2_Crono Simplificado'!JFA4","v":0},{"$f":"'CRO2_Crono Simplificado'!#REF!","v":{"$error":"#REF!"}},{"$f":"'CRO2_Crono Simplificado'!JFC4","v":0},{"$f":"'CRO2_Crono Simplificado'!#REF!","v":{"$error":"#REF!"}},{"$f":"'CRO2_Crono Simplificado'!JFE4","v":0},{"$f":"'CRO2_Crono Simplificado'!#REF!","v":{"$error":"#REF!"}},{"$f":"'CRO2_Crono Simplificado'!JFG4","v":0},{"$f":"'CRO2_Crono Simplificado'!#REF!","v":{"$error":"#REF!"}},{"$f":"'CRO2_Crono Simplificado'!JFI4","v":0},{"$f":"'CRO2_Crono Simplificado'!#REF!","v":{"$error":"#REF!"}},{"$f":"'CRO2_Crono Simplificado'!JFK4","v":0},{"$f":"'CRO2_Crono Simplificado'!#REF!","v":{"$error":"#REF!"}},{"$f":"'CRO2_Crono Simplificado'!JFM4","v":0},{"$f":"'CRO2_Crono Simplificado'!#REF!","v":{"$error":"#REF!"}},{"$f":"'CRO2_Crono Simplificado'!JFO4","v":0},{"$f":"'CRO2_Crono Simplificado'!#REF!","v":{"$error":"#REF!"}},{"$f":"'CRO2_Crono Simplificado'!JFQ4","v":0},{"$f":"'CRO2_Crono Simplificado'!#REF!","v":{"$error":"#REF!"}},{"$f":"'CRO2_Crono Simplificado'!JFS4","v":0},{"$f":"'CRO2_Crono Simplificado'!#REF!","v":{"$error":"#REF!"}},{"$f":"'CRO2_Crono Simplificado'!JFU4","v":0},{"$f":"'CRO2_Crono Simplificado'!#REF!","v":{"$error":"#REF!"}},{"$f":"'CRO2_Crono Simplificado'!JFW4","v":0},{"$f":"'CRO2_Crono Simplificado'!#REF!","v":{"$error":"#REF!"}},{"$f":"'CRO2_Crono Simplificado'!JFY4","v":0},{"$f":"'CRO2_Crono Simplificado'!#REF!","v":{"$error":"#REF!"}},{"$f":"'CRO2_Crono Simplificado'!JGA4","v":0},{"$f":"'CRO2_Crono Simplificado'!#REF!","v":{"$error":"#REF!"}},{"$f":"'CRO2_Crono Simplificado'!JGC4","v":0},{"$f":"'CRO2_Crono Simplificado'!#REF!","v":{"$error":"#REF!"}},{"$f":"'CRO2_Crono Simplificado'!JGE4","v":0},{"$f":"'CRO2_Crono Simplificado'!#REF!","v":{"$error":"#REF!"}},{"$f":"'CRO2_Crono Simplificado'!JGG4","v":0},{"$f":"'CRO2_Crono Simplificado'!#REF!","v":{"$error":"#REF!"}},{"$f":"'CRO2_Crono Simplificado'!JGI4","v":0},{"$f":"'CRO2_Crono Simplificado'!#REF!","v":{"$error":"#REF!"}},{"$f":"'CRO2_Crono Simplificado'!JGK4","v":0},{"$f":"'CRO2_Crono Simplificado'!#REF!","v":{"$error":"#REF!"}},{"$f":"'CRO2_Crono Simplificado'!JGM4","v":0},{"$f":"'CRO2_Crono Simplificado'!#REF!","v":{"$error":"#REF!"}},{"$f":"'CRO2_Crono Simplificado'!JGO4","v":0},{"$f":"'CRO2_Crono Simplificado'!#REF!","v":{"$error":"#REF!"}},{"$f":"'CRO2_Crono Simplificado'!JGQ4","v":0},{"$f":"'CRO2_Crono Simplificado'!#REF!","v":{"$error":"#REF!"}},{"$f":"'CRO2_Crono Simplificado'!JGS4","v":0},{"$f":"'CRO2_Crono Simplificado'!#REF!","v":{"$error":"#REF!"}},{"$f":"'CRO2_Crono Simplificado'!JGU4","v":0},{"$f":"'CRO2_Crono Simplificado'!#REF!","v":{"$error":"#REF!"}},{"$f":"'CRO2_Crono Simplificado'!JGW4","v":0},{"$f":"'CRO2_Crono Simplificado'!#REF!","v":{"$error":"#REF!"}},{"$f":"'CRO2_Crono Simplificado'!JGY4","v":0},{"$f":"'CRO2_Crono Simplificado'!#REF!","v":{"$error":"#REF!"}},{"$f":"'CRO2_Crono Simplificado'!JHA4","v":0},{"$f":"'CRO2_Crono Simplificado'!#REF!","v":{"$error":"#REF!"}},{"$f":"'CRO2_Crono Simplificado'!JHC4","v":0},{"$f":"'CRO2_Crono Simplificado'!#REF!","v":{"$error":"#REF!"}},{"$f":"'CRO2_Crono Simplificado'!JHE4","v":0},{"$f":"'CRO2_Crono Simplificado'!#REF!","v":{"$error":"#REF!"}},{"$f":"'CRO2_Crono Simplificado'!JHG4","v":0},{"$f":"'CRO2_Crono Simplificado'!#REF!","v":{"$error":"#REF!"}},{"$f":"'CRO2_Crono Simplificado'!JHI4","v":0},{"$f":"'CRO2_Crono Simplificado'!#REF!","v":{"$error":"#REF!"}},{"$f":"'CRO2_Crono Simplificado'!JHK4","v":0},{"$f":"'CRO2_Crono Simplificado'!#REF!","v":{"$error":"#REF!"}},{"$f":"'CRO2_Crono Simplificado'!JHM4","v":0},{"$f":"'CRO2_Crono Simplificado'!#REF!","v":{"$error":"#REF!"}},{"$f":"'CRO2_Crono Simplificado'!JHO4","v":0},{"$f":"'CRO2_Crono Simplificado'!#REF!","v":{"$error":"#REF!"}},{"$f":"'CRO2_Crono Simplificado'!JHQ4","v":0},{"$f":"'CRO2_Crono Simplificado'!#REF!","v":{"$error":"#REF!"}},{"$f":"'CRO2_Crono Simplificado'!JHS4","v":0},{"$f":"'CRO2_Crono Simplificado'!#REF!","v":{"$error":"#REF!"}},{"$f":"'CRO2_Crono Simplificado'!JHU4","v":0},{"$f":"'CRO2_Crono Simplificado'!#REF!","v":{"$error":"#REF!"}},{"$f":"'CRO2_Crono Simplificado'!JHW4","v":0},{"$f":"'CRO2_Crono Simplificado'!#REF!","v":{"$error":"#REF!"}},{"$f":"'CRO2_Crono Simplificado'!JHY4","v":0},{"$f":"'CRO2_Crono Simplificado'!#REF!","v":{"$error":"#REF!"}},{"$f":"'CRO2_Crono Simplificado'!JIA4","v":0},{"$f":"'CRO2_Crono Simplificado'!#REF!","v":{"$error":"#REF!"}},{"$f":"'CRO2_Crono Simplificado'!JIC4","v":0},{"$f":"'CRO2_Crono Simplificado'!#REF!","v":{"$error":"#REF!"}},{"$f":"'CRO2_Crono Simplificado'!JIE4","v":0},{"$f":"'CRO2_Crono Simplificado'!#REF!","v":{"$error":"#REF!"}},{"$f":"'CRO2_Crono Simplificado'!JIG4","v":0},{"$f":"'CRO2_Crono Simplificado'!#REF!","v":{"$error":"#REF!"}},{"$f":"'CRO2_Crono Simplificado'!JII4","v":0},{"$f":"'CRO2_Crono Simplificado'!#REF!","v":{"$error":"#REF!"}},{"$f":"'CRO2_Crono Simplificado'!JIK4","v":0},{"$f":"'CRO2_Crono Simplificado'!#REF!","v":{"$error":"#REF!"}},{"$f":"'CRO2_Crono Simplificado'!JIM4","v":0},{"$f":"'CRO2_Crono Simplificado'!#REF!","v":{"$error":"#REF!"}},{"$f":"'CRO2_Crono Simplificado'!JIO4","v":0},{"$f":"'CRO2_Crono Simplificado'!#REF!","v":{"$error":"#REF!"}},{"$f":"'CRO2_Crono Simplificado'!JIQ4","v":0},{"$f":"'CRO2_Crono Simplificado'!#REF!","v":{"$error":"#REF!"}},{"$f":"'CRO2_Crono Simplificado'!JIS4","v":0},{"$f":"'CRO2_Crono Simplificado'!#REF!","v":{"$error":"#REF!"}},{"$f":"'CRO2_Crono Simplificado'!JIU4","v":0},{"$f":"'CRO2_Crono Simplificado'!#REF!","v":{"$error":"#REF!"}},{"$f":"'CRO2_Crono Simplificado'!JIW4","v":0},{"$f":"'CRO2_Crono Simplificado'!#REF!","v":{"$error":"#REF!"}},{"$f":"'CRO2_Crono Simplificado'!JIY4","v":0},{"$f":"'CRO2_Crono Simplificado'!#REF!","v":{"$error":"#REF!"}},{"$f":"'CRO2_Crono Simplificado'!JJA4","v":0},{"$f":"'CRO2_Crono Simplificado'!#REF!","v":{"$error":"#REF!"}},{"$f":"'CRO2_Crono Simplificado'!JJC4","v":0},{"$f":"'CRO2_Crono Simplificado'!#REF!","v":{"$error":"#REF!"}},{"$f":"'CRO2_Crono Simplificado'!JJE4","v":0},{"$f":"'CRO2_Crono Simplificado'!#REF!","v":{"$error":"#REF!"}},{"$f":"'CRO2_Crono Simplificado'!JJG4","v":0},{"$f":"'CRO2_Crono Simplificado'!#REF!","v":{"$error":"#REF!"}},{"$f":"'CRO2_Crono Simplificado'!JJI4","v":0},{"$f":"'CRO2_Crono Simplificado'!#REF!","v":{"$error":"#REF!"}},{"$f":"'CRO2_Crono Simplificado'!JJK4","v":0},{"$f":"'CRO2_Crono Simplificado'!#REF!","v":{"$error":"#REF!"}},{"$f":"'CRO2_Crono Simplificado'!JJM4","v":0},{"$f":"'CRO2_Crono Simplificado'!#REF!","v":{"$error":"#REF!"}},{"$f":"'CRO2_Crono Simplificado'!JJO4","v":0},{"$f":"'CRO2_Crono Simplificado'!#REF!","v":{"$error":"#REF!"}},{"$f":"'CRO2_Crono Simplificado'!JJQ4","v":0},{"$f":"'CRO2_Crono Simplificado'!#REF!","v":{"$error":"#REF!"}},{"$f":"'CRO2_Crono Simplificado'!JJS4","v":0},{"$f":"'CRO2_Crono Simplificado'!#REF!","v":{"$error":"#REF!"}},{"$f":"'CRO2_Crono Simplificado'!JJU4","v":0},{"$f":"'CRO2_Crono Simplificado'!#REF!","v":{"$error":"#REF!"}},{"$f":"'CRO2_Crono Simplificado'!JJW4","v":0},{"$f":"'CRO2_Crono Simplificado'!#REF!","v":{"$error":"#REF!"}},{"$f":"'CRO2_Crono Simplificado'!JJY4","v":0},{"$f":"'CRO2_Crono Simplificado'!#REF!","v":{"$error":"#REF!"}},{"$f":"'CRO2_Crono Simplificado'!JKA4","v":0},{"$f":"'CRO2_Crono Simplificado'!#REF!","v":{"$error":"#REF!"}},{"$f":"'CRO2_Crono Simplificado'!JKC4","v":0},{"$f":"'CRO2_Crono Simplificado'!#REF!","v":{"$error":"#REF!"}},{"$f":"'CRO2_Crono Simplificado'!JKE4","v":0},{"$f":"'CRO2_Crono Simplificado'!#REF!","v":{"$error":"#REF!"}},{"$f":"'CRO2_Crono Simplificado'!JKG4","v":0},{"$f":"'CRO2_Crono Simplificado'!#REF!","v":{"$error":"#REF!"}},{"$f":"'CRO2_Crono Simplificado'!JKI4","v":0},{"$f":"'CRO2_Crono Simplificado'!#REF!","v":{"$error":"#REF!"}},{"$f":"'CRO2_Crono Simplificado'!JKK4","v":0},{"$f":"'CRO2_Crono Simplificado'!#REF!","v":{"$error":"#REF!"}},{"$f":"'CRO2_Crono Simplificado'!JKM4","v":0},{"$f":"'CRO2_Crono Simplificado'!#REF!","v":{"$error":"#REF!"}},{"$f":"'CRO2_Crono Simplificado'!JKO4","v":0},{"$f":"'CRO2_Crono Simplificado'!#REF!","v":{"$error":"#REF!"}},{"$f":"'CRO2_Crono Simplificado'!JKQ4","v":0},{"$f":"'CRO2_Crono Simplificado'!#REF!","v":{"$error":"#REF!"}},{"$f":"'CRO2_Crono Simplificado'!JKS4","v":0},{"$f":"'CRO2_Crono Simplificado'!#REF!","v":{"$error":"#REF!"}},{"$f":"'CRO2_Crono Simplificado'!JKU4","v":0},{"$f":"'CRO2_Crono Simplificado'!#REF!","v":{"$error":"#REF!"}},{"$f":"'CRO2_Crono Simplificado'!JKW4","v":0},{"$f":"'CRO2_Crono Simplificado'!#REF!","v":{"$error":"#REF!"}},{"$f":"'CRO2_Crono Simplificado'!JKY4","v":0},{"$f":"'CRO2_Crono Simplificado'!#REF!","v":{"$error":"#REF!"}},{"$f":"'CRO2_Crono Simplificado'!JLA4","v":0},{"$f":"'CRO2_Crono Simplificado'!#REF!","v":{"$error":"#REF!"}},{"$f":"'CRO2_Crono Simplificado'!JLC4","v":0},{"$f":"'CRO2_Crono Simplificado'!#REF!","v":{"$error":"#REF!"}},{"$f":"'CRO2_Crono Simplificado'!JLE4","v":0},{"$f":"'CRO2_Crono Simplificado'!#REF!","v":{"$error":"#REF!"}},{"$f":"'CRO2_Crono Simplificado'!JLG4","v":0},{"$f":"'CRO2_Crono Simplificado'!#REF!","v":{"$error":"#REF!"}},{"$f":"'CRO2_Crono Simplificado'!JLI4","v":0},{"$f":"'CRO2_Crono Simplificado'!#REF!","v":{"$error":"#REF!"}},{"$f":"'CRO2_Crono Simplificado'!JLK4","v":0},{"$f":"'CRO2_Crono Simplificado'!#REF!","v":{"$error":"#REF!"}},{"$f":"'CRO2_Crono Simplificado'!JLM4","v":0},{"$f":"'CRO2_Crono Simplificado'!#REF!","v":{"$error":"#REF!"}},{"$f":"'CRO2_Crono Simplificado'!JLO4","v":0},{"$f":"'CRO2_Crono Simplificado'!#REF!","v":{"$error":"#REF!"}},{"$f":"'CRO2_Crono Simplificado'!JLQ4","v":0},{"$f":"'CRO2_Crono Simplificado'!#REF!","v":{"$error":"#REF!"}},{"$f":"'CRO2_Crono Simplificado'!JLS4","v":0},{"$f":"'CRO2_Crono Simplificado'!#REF!","v":{"$error":"#REF!"}},{"$f":"'CRO2_Crono Simplificado'!JLU4","v":0},{"$f":"'CRO2_Crono Simplificado'!#REF!","v":{"$error":"#REF!"}},{"$f":"'CRO2_Crono Simplificado'!JLW4","v":0},{"$f":"'CRO2_Crono Simplificado'!#REF!","v":{"$error":"#REF!"}},{"$f":"'CRO2_Crono Simplificado'!JLY4","v":0},{"$f":"'CRO2_Crono Simplificado'!#REF!","v":{"$error":"#REF!"}},{"$f":"'CRO2_Crono Simplificado'!JMA4","v":0},{"$f":"'CRO2_Crono Simplificado'!#REF!","v":{"$error":"#REF!"}},{"$f":"'CRO2_Crono Simplificado'!JMC4","v":0},{"$f":"'CRO2_Crono Simplificado'!#REF!","v":{"$error":"#REF!"}},{"$f":"'CRO2_Crono Simplificado'!JME4","v":0},{"$f":"'CRO2_Crono Simplificado'!#REF!","v":{"$error":"#REF!"}},{"$f":"'CRO2_Crono Simplificado'!JMG4","v":0},{"$f":"'CRO2_Crono Simplificado'!#REF!","v":{"$error":"#REF!"}},{"$f":"'CRO2_Crono Simplificado'!JMI4","v":0},{"$f":"'CRO2_Crono Simplificado'!#REF!","v":{"$error":"#REF!"}},{"$f":"'CRO2_Crono Simplificado'!JMK4","v":0},{"$f":"'CRO2_Crono Simplificado'!#REF!","v":{"$error":"#REF!"}},{"$f":"'CRO2_Crono Simplificado'!JMM4","v":0},{"$f":"'CRO2_Crono Simplificado'!#REF!","v":{"$error":"#REF!"}},{"$f":"'CRO2_Crono Simplificado'!JMO4","v":0},{"$f":"'CRO2_Crono Simplificado'!#REF!","v":{"$error":"#REF!"}},{"$f":"'CRO2_Crono Simplificado'!JMQ4","v":0},{"$f":"'CRO2_Crono Simplificado'!#REF!","v":{"$error":"#REF!"}},{"$f":"'CRO2_Crono Simplificado'!JMS4","v":0},{"$f":"'CRO2_Crono Simplificado'!#REF!","v":{"$error":"#REF!"}},{"$f":"'CRO2_Crono Simplificado'!JMU4","v":0},{"$f":"'CRO2_Crono Simplificado'!#REF!","v":{"$error":"#REF!"}},{"$f":"'CRO2_Crono Simplificado'!JMW4","v":0},{"$f":"'CRO2_Crono Simplificado'!#REF!","v":{"$error":"#REF!"}},{"$f":"'CRO2_Crono Simplificado'!JMY4","v":0},{"$f":"'CRO2_Crono Simplificado'!#REF!","v":{"$error":"#REF!"}},{"$f":"'CRO2_Crono Simplificado'!JNA4","v":0},{"$f":"'CRO2_Crono Simplificado'!#REF!","v":{"$error":"#REF!"}},{"$f":"'CRO2_Crono Simplificado'!JNC4","v":0},{"$f":"'CRO2_Crono Simplificado'!#REF!","v":{"$error":"#REF!"}},{"$f":"'CRO2_Crono Simplificado'!JNE4","v":0},{"$f":"'CRO2_Crono Simplificado'!#REF!","v":{"$error":"#REF!"}},{"$f":"'CRO2_Crono Simplificado'!JNG4","v":0},{"$f":"'CRO2_Crono Simplificado'!#REF!","v":{"$error":"#REF!"}},{"$f":"'CRO2_Crono Simplificado'!JNI4","v":0},{"$f":"'CRO2_Crono Simplificado'!#REF!","v":{"$error":"#REF!"}},{"$f":"'CRO2_Crono Simplificado'!JNK4","v":0},{"$f":"'CRO2_Crono Simplificado'!#REF!","v":{"$error":"#REF!"}},{"$f":"'CRO2_Crono Simplificado'!JNM4","v":0},{"$f":"'CRO2_Crono Simplificado'!#REF!","v":{"$error":"#REF!"}},{"$f":"'CRO2_Crono Simplificado'!JNO4","v":0},{"$f":"'CRO2_Crono Simplificado'!#REF!","v":{"$error":"#REF!"}},{"$f":"'CRO2_Crono Simplificado'!JNQ4","v":0},{"$f":"'CRO2_Crono Simplificado'!#REF!","v":{"$error":"#REF!"}},{"$f":"'CRO2_Crono Simplificado'!JNS4","v":0},{"$f":"'CRO2_Crono Simplificado'!#REF!","v":{"$error":"#REF!"}},{"$f":"'CRO2_Crono Simplificado'!JNU4","v":0},{"$f":"'CRO2_Crono Simplificado'!#REF!","v":{"$error":"#REF!"}},{"$f":"'CRO2_Crono Simplificado'!JNW4","v":0},{"$f":"'CRO2_Crono Simplificado'!#REF!","v":{"$error":"#REF!"}},{"$f":"'CRO2_Crono Simplificado'!JNY4","v":0},{"$f":"'CRO2_Crono Simplificado'!#REF!","v":{"$error":"#REF!"}},{"$f":"'CRO2_Crono Simplificado'!JOA4","v":0},{"$f":"'CRO2_Crono Simplificado'!#REF!","v":{"$error":"#REF!"}},{"$f":"'CRO2_Crono Simplificado'!JOC4","v":0},{"$f":"'CRO2_Crono Simplificado'!#REF!","v":{"$error":"#REF!"}},{"$f":"'CRO2_Crono Simplificado'!JOE4","v":0},{"$f":"'CRO2_Crono Simplificado'!#REF!","v":{"$error":"#REF!"}},{"$f":"'CRO2_Crono Simplificado'!JOG4","v":0},{"$f":"'CRO2_Crono Simplificado'!#REF!","v":{"$error":"#REF!"}},{"$f":"'CRO2_Crono Simplificado'!JOI4","v":0},{"$f":"'CRO2_Crono Simplificado'!#REF!","v":{"$error":"#REF!"}},{"$f":"'CRO2_Crono Simplificado'!JOK4","v":0},{"$f":"'CRO2_Crono Simplificado'!#REF!","v":{"$error":"#REF!"}},{"$f":"'CRO2_Crono Simplificado'!JOM4","v":0},{"$f":"'CRO2_Crono Simplificado'!#REF!","v":{"$error":"#REF!"}},{"$f":"'CRO2_Crono Simplificado'!JOO4","v":0},{"$f":"'CRO2_Crono Simplificado'!#REF!","v":{"$error":"#REF!"}},{"$f":"'CRO2_Crono Simplificado'!JOQ4","v":0},{"$f":"'CRO2_Crono Simplificado'!#REF!","v":{"$error":"#REF!"}},{"$f":"'CRO2_Crono Simplificado'!JOS4","v":0},{"$f":"'CRO2_Crono Simplificado'!#REF!","v":{"$error":"#REF!"}},{"$f":"'CRO2_Crono Simplificado'!JOU4","v":0},{"$f":"'CRO2_Crono Simplificado'!#REF!","v":{"$error":"#REF!"}},{"$f":"'CRO2_Crono Simplificado'!JOW4","v":0},{"$f":"'CRO2_Crono Simplificado'!#REF!","v":{"$error":"#REF!"}},{"$f":"'CRO2_Crono Simplificado'!JOY4","v":0},{"$f":"'CRO2_Crono Simplificado'!#REF!","v":{"$error":"#REF!"}},{"$f":"'CRO2_Crono Simplificado'!JPA4","v":0},{"$f":"'CRO2_Crono Simplificado'!#REF!","v":{"$error":"#REF!"}},{"$f":"'CRO2_Crono Simplificado'!JPC4","v":0},{"$f":"'CRO2_Crono Simplificado'!#REF!","v":{"$error":"#REF!"}},{"$f":"'CRO2_Crono Simplificado'!JPE4","v":0},{"$f":"'CRO2_Crono Simplificado'!#REF!","v":{"$error":"#REF!"}},{"$f":"'CRO2_Crono Simplificado'!JPG4","v":0},{"$f":"'CRO2_Crono Simplificado'!#REF!","v":{"$error":"#REF!"}},{"$f":"'CRO2_Crono Simplificado'!JPI4","v":0},{"$f":"'CRO2_Crono Simplificado'!#REF!","v":{"$error":"#REF!"}},{"$f":"'CRO2_Crono Simplificado'!JPK4","v":0},{"$f":"'CRO2_Crono Simplificado'!#REF!","v":{"$error":"#REF!"}},{"$f":"'CRO2_Crono Simplificado'!JPM4","v":0},{"$f":"'CRO2_Crono Simplificado'!#REF!","v":{"$error":"#REF!"}},{"$f":"'CRO2_Crono Simplificado'!JPO4","v":0},{"$f":"'CRO2_Crono Simplificado'!#REF!","v":{"$error":"#REF!"}},{"$f":"'CRO2_Crono Simplificado'!JPQ4","v":0},{"$f":"'CRO2_Crono Simplificado'!#REF!","v":{"$error":"#REF!"}},{"$f":"'CRO2_Crono Simplificado'!JPS4","v":0},{"$f":"'CRO2_Crono Simplificado'!#REF!","v":{"$error":"#REF!"}},{"$f":"'CRO2_Crono Simplificado'!JPU4","v":0},{"$f":"'CRO2_Crono Simplificado'!#REF!","v":{"$error":"#REF!"}},{"$f":"'CRO2_Crono Simplificado'!JPW4","v":0},{"$f":"'CRO2_Crono Simplificado'!#REF!","v":{"$error":"#REF!"}},{"$f":"'CRO2_Crono Simplificado'!JPY4","v":0},{"$f":"'CRO2_Crono Simplificado'!#REF!","v":{"$error":"#REF!"}},{"$f":"'CRO2_Crono Simplificado'!JQA4","v":0},{"$f":"'CRO2_Crono Simplificado'!#REF!","v":{"$error":"#REF!"}},{"$f":"'CRO2_Crono Simplificado'!JQC4","v":0},{"$f":"'CRO2_Crono Simplificado'!#REF!","v":{"$error":"#REF!"}},{"$f":"'CRO2_Crono Simplificado'!JQE4","v":0},{"$f":"'CRO2_Crono Simplificado'!#REF!","v":{"$error":"#REF!"}},{"$f":"'CRO2_Crono Simplificado'!JQG4","v":0},{"$f":"'CRO2_Crono Simplificado'!#REF!","v":{"$error":"#REF!"}},{"$f":"'CRO2_Crono Simplificado'!JQI4","v":0},{"$f":"'CRO2_Crono Simplificado'!#REF!","v":{"$error":"#REF!"}},{"$f":"'CRO2_Crono Simplificado'!JQK4","v":0},{"$f":"'CRO2_Crono Simplificado'!#REF!","v":{"$error":"#REF!"}},{"$f":"'CRO2_Crono Simplificado'!JQM4","v":0},{"$f":"'CRO2_Crono Simplificado'!#REF!","v":{"$error":"#REF!"}},{"$f":"'CRO2_Crono Simplificado'!JQO4","v":0},{"$f":"'CRO2_Crono Simplificado'!#REF!","v":{"$error":"#REF!"}},{"$f":"'CRO2_Crono Simplificado'!JQQ4","v":0},{"$f":"'CRO2_Crono Simplificado'!#REF!","v":{"$error":"#REF!"}},{"$f":"'CRO2_Crono Simplificado'!JQS4","v":0},{"$f":"'CRO2_Crono Simplificado'!#REF!","v":{"$error":"#REF!"}},{"$f":"'CRO2_Crono Simplificado'!JQU4","v":0},{"$f":"'CRO2_Crono Simplificado'!#REF!","v":{"$error":"#REF!"}},{"$f":"'CRO2_Crono Simplificado'!JQW4","v":0},{"$f":"'CRO2_Crono Simplificado'!#REF!","v":{"$error":"#REF!"}},{"$f":"'CRO2_Crono Simplificado'!JQY4","v":0},{"$f":"'CRO2_Crono Simplificado'!#REF!","v":{"$error":"#REF!"}},{"$f":"'CRO2_Crono Simplificado'!JRA4","v":0},{"$f":"'CRO2_Crono Simplificado'!#REF!","v":{"$error":"#REF!"}},{"$f":"'CRO2_Crono Simplificado'!JRC4","v":0},{"$f":"'CRO2_Crono Simplificado'!#REF!","v":{"$error":"#REF!"}},{"$f":"'CRO2_Crono Simplificado'!JRE4","v":0},{"$f":"'CRO2_Crono Simplificado'!#REF!","v":{"$error":"#REF!"}},{"$f":"'CRO2_Crono Simplificado'!JRG4","v":0},{"$f":"'CRO2_Crono Simplificado'!#REF!","v":{"$error":"#REF!"}},{"$f":"'CRO2_Crono Simplificado'!JRI4","v":0},{"$f":"'CRO2_Crono Simplificado'!#REF!","v":{"$error":"#REF!"}},{"$f":"'CRO2_Crono Simplificado'!JRK4","v":0},{"$f":"'CRO2_Crono Simplificado'!#REF!","v":{"$error":"#REF!"}},{"$f":"'CRO2_Crono Simplificado'!JRM4","v":0},{"$f":"'CRO2_Crono Simplificado'!#REF!","v":{"$error":"#REF!"}},{"$f":"'CRO2_Crono Simplificado'!JRO4","v":0},{"$f":"'CRO2_Crono Simplificado'!#REF!","v":{"$error":"#REF!"}},{"$f":"'CRO2_Crono Simplificado'!JRQ4","v":0},{"$f":"'CRO2_Crono Simplificado'!#REF!","v":{"$error":"#REF!"}},{"$f":"'CRO2_Crono Simplificado'!JRS4","v":0},{"$f":"'CRO2_Crono Simplificado'!#REF!","v":{"$error":"#REF!"}},{"$f":"'CRO2_Crono Simplificado'!JRU4","v":0},{"$f":"'CRO2_Crono Simplificado'!#REF!","v":{"$error":"#REF!"}},{"$f":"'CRO2_Crono Simplificado'!JRW4","v":0},{"$f":"'CRO2_Crono Simplificado'!#REF!","v":{"$error":"#REF!"}},{"$f":"'CRO2_Crono Simplificado'!JRY4","v":0},{"$f":"'CRO2_Crono Simplificado'!#REF!","v":{"$error":"#REF!"}},{"$f":"'CRO2_Crono Simplificado'!JSA4","v":0},{"$f":"'CRO2_Crono Simplificado'!#REF!","v":{"$error":"#REF!"}},{"$f":"'CRO2_Crono Simplificado'!JSC4","v":0},{"$f":"'CRO2_Crono Simplificado'!#REF!","v":{"$error":"#REF!"}},{"$f":"'CRO2_Crono Simplificado'!JSE4","v":0},{"$f":"'CRO2_Crono Simplificado'!#REF!","v":{"$error":"#REF!"}},{"$f":"'CRO2_Crono Simplificado'!JSG4","v":0},{"$f":"'CRO2_Crono Simplificado'!#REF!","v":{"$error":"#REF!"}},{"$f":"'CRO2_Crono Simplificado'!JSI4","v":0},{"$f":"'CRO2_Crono Simplificado'!#REF!","v":{"$error":"#REF!"}},{"$f":"'CRO2_Crono Simplificado'!JSK4","v":0},{"$f":"'CRO2_Crono Simplificado'!#REF!","v":{"$error":"#REF!"}},{"$f":"'CRO2_Crono Simplificado'!JSM4","v":0},{"$f":"'CRO2_Crono Simplificado'!#REF!","v":{"$error":"#REF!"}},{"$f":"'CRO2_Crono Simplificado'!JSO4","v":0},{"$f":"'CRO2_Crono Simplificado'!#REF!","v":{"$error":"#REF!"}},{"$f":"'CRO2_Crono Simplificado'!JSQ4","v":0},{"$f":"'CRO2_Crono Simplificado'!#REF!","v":{"$error":"#REF!"}},{"$f":"'CRO2_Crono Simplificado'!JSS4","v":0},{"$f":"'CRO2_Crono Simplificado'!#REF!","v":{"$error":"#REF!"}},{"$f":"'CRO2_Crono Simplificado'!JSU4","v":0},{"$f":"'CRO2_Crono Simplificado'!#REF!","v":{"$error":"#REF!"}},{"$f":"'CRO2_Crono Simplificado'!JSW4","v":0},{"$f":"'CRO2_Crono Simplificado'!#REF!","v":{"$error":"#REF!"}},{"$f":"'CRO2_Crono Simplificado'!JSY4","v":0},{"$f":"'CRO2_Crono Simplificado'!#REF!","v":{"$error":"#REF!"}},{"$f":"'CRO2_Crono Simplificado'!JTA4","v":0},{"$f":"'CRO2_Crono Simplificado'!#REF!","v":{"$error":"#REF!"}},{"$f":"'CRO2_Crono Simplificado'!JTC4","v":0},{"$f":"'CRO2_Crono Simplificado'!#REF!","v":{"$error":"#REF!"}},{"$f":"'CRO2_Crono Simplificado'!JTE4","v":0},{"$f":"'CRO2_Crono Simplificado'!#REF!","v":{"$error":"#REF!"}},{"$f":"'CRO2_Crono Simplificado'!JTG4","v":0},{"$f":"'CRO2_Crono Simplificado'!#REF!","v":{"$error":"#REF!"}},{"$f":"'CRO2_Crono Simplificado'!JTI4","v":0},{"$f":"'CRO2_Crono Simplificado'!#REF!","v":{"$error":"#REF!"}},{"$f":"'CRO2_Crono Simplificado'!JTK4","v":0},{"$f":"'CRO2_Crono Simplificado'!#REF!","v":{"$error":"#REF!"}},{"$f":"'CRO2_Crono Simplificado'!JTM4","v":0},{"$f":"'CRO2_Crono Simplificado'!#REF!","v":{"$error":"#REF!"}},{"$f":"'CRO2_Crono Simplificado'!JTO4","v":0},{"$f":"'CRO2_Crono Simplificado'!#REF!","v":{"$error":"#REF!"}},{"$f":"'CRO2_Crono Simplificado'!JTQ4","v":0},{"$f":"'CRO2_Crono Simplificado'!#REF!","v":{"$error":"#REF!"}},{"$f":"'CRO2_Crono Simplificado'!JTS4","v":0},{"$f":"'CRO2_Crono Simplificado'!#REF!","v":{"$error":"#REF!"}},{"$f":"'CRO2_Crono Simplificado'!JTU4","v":0},{"$f":"'CRO2_Crono Simplificado'!#REF!","v":{"$error":"#REF!"}},{"$f":"'CRO2_Crono Simplificado'!JTW4","v":0},{"$f":"'CRO2_Crono Simplificado'!#REF!","v":{"$error":"#REF!"}},{"$f":"'CRO2_Crono Simplificado'!JTY4","v":0},{"$f":"'CRO2_Crono Simplificado'!#REF!","v":{"$error":"#REF!"}},{"$f":"'CRO2_Crono Simplificado'!JUA4","v":0},{"$f":"'CRO2_Crono Simplificado'!#REF!","v":{"$error":"#REF!"}},{"$f":"'CRO2_Crono Simplificado'!JUC4","v":0},{"$f":"'CRO2_Crono Simplificado'!#REF!","v":{"$error":"#REF!"}},{"$f":"'CRO2_Crono Simplificado'!JUE4","v":0},{"$f":"'CRO2_Crono Simplificado'!#REF!","v":{"$error":"#REF!"}},{"$f":"'CRO2_Crono Simplificado'!JUG4","v":0},{"$f":"'CRO2_Crono Simplificado'!#REF!","v":{"$error":"#REF!"}},{"$f":"'CRO2_Crono Simplificado'!JUI4","v":0},{"$f":"'CRO2_Crono Simplificado'!#REF!","v":{"$error":"#REF!"}},{"$f":"'CRO2_Crono Simplificado'!JUK4","v":0},{"$f":"'CRO2_Crono Simplificado'!#REF!","v":{"$error":"#REF!"}},{"$f":"'CRO2_Crono Simplificado'!JUM4","v":0},{"$f":"'CRO2_Crono Simplificado'!#REF!","v":{"$error":"#REF!"}},{"$f":"'CRO2_Crono Simplificado'!JUO4","v":0},{"$f":"'CRO2_Crono Simplificado'!#REF!","v":{"$error":"#REF!"}},{"$f":"'CRO2_Crono Simplificado'!JUQ4","v":0},{"$f":"'CRO2_Crono Simplificado'!#REF!","v":{"$error":"#REF!"}},{"$f":"'CRO2_Crono Simplificado'!JUS4","v":0},{"$f":"'CRO2_Crono Simplificado'!#REF!","v":{"$error":"#REF!"}},{"$f":"'CRO2_Crono Simplificado'!JUU4","v":0},{"$f":"'CRO2_Crono Simplificado'!#REF!","v":{"$error":"#REF!"}},{"$f":"'CRO2_Crono Simplificado'!JUW4","v":0},{"$f":"'CRO2_Crono Simplificado'!#REF!","v":{"$error":"#REF!"}},{"$f":"'CRO2_Crono Simplificado'!JUY4","v":0},{"$f":"'CRO2_Crono Simplificado'!#REF!","v":{"$error":"#REF!"}},{"$f":"'CRO2_Crono Simplificado'!JVA4","v":0},{"$f":"'CRO2_Crono Simplificado'!#REF!","v":{"$error":"#REF!"}},{"$f":"'CRO2_Crono Simplificado'!JVC4","v":0},{"$f":"'CRO2_Crono Simplificado'!#REF!","v":{"$error":"#REF!"}},{"$f":"'CRO2_Crono Simplificado'!JVE4","v":0},{"$f":"'CRO2_Crono Simplificado'!#REF!","v":{"$error":"#REF!"}},{"$f":"'CRO2_Crono Simplificado'!JVG4","v":0},{"$f":"'CRO2_Crono Simplificado'!#REF!","v":{"$error":"#REF!"}},{"$f":"'CRO2_Crono Simplificado'!JVI4","v":0},{"$f":"'CRO2_Crono Simplificado'!#REF!","v":{"$error":"#REF!"}},{"$f":"'CRO2_Crono Simplificado'!JVK4","v":0},{"$f":"'CRO2_Crono Simplificado'!#REF!","v":{"$error":"#REF!"}},{"$f":"'CRO2_Crono Simplificado'!JVM4","v":0},{"$f":"'CRO2_Crono Simplificado'!#REF!","v":{"$error":"#REF!"}},{"$f":"'CRO2_Crono Simplificado'!JVO4","v":0},{"$f":"'CRO2_Crono Simplificado'!#REF!","v":{"$error":"#REF!"}},{"$f":"'CRO2_Crono Simplificado'!JVQ4","v":0},{"$f":"'CRO2_Crono Simplificado'!#REF!","v":{"$error":"#REF!"}},{"$f":"'CRO2_Crono Simplificado'!JVS4","v":0},{"$f":"'CRO2_Crono Simplificado'!#REF!","v":{"$error":"#REF!"}},{"$f":"'CRO2_Crono Simplificado'!JVU4","v":0},{"$f":"'CRO2_Crono Simplificado'!#REF!","v":{"$error":"#REF!"}},{"$f":"'CRO2_Crono Simplificado'!JVW4","v":0},{"$f":"'CRO2_Crono Simplificado'!#REF!","v":{"$error":"#REF!"}},{"$f":"'CRO2_Crono Simplificado'!JVY4","v":0},{"$f":"'CRO2_Crono Simplificado'!#REF!","v":{"$error":"#REF!"}},{"$f":"'CRO2_Crono Simplificado'!JWA4","v":0},{"$f":"'CRO2_Crono Simplificado'!#REF!","v":{"$error":"#REF!"}},{"$f":"'CRO2_Crono Simplificado'!JWC4","v":0},{"$f":"'CRO2_Crono Simplificado'!#REF!","v":{"$error":"#REF!"}},{"$f":"'CRO2_Crono Simplificado'!JWE4","v":0},{"$f":"'CRO2_Crono Simplificado'!#REF!","v":{"$error":"#REF!"}},{"$f":"'CRO2_Crono Simplificado'!JWG4","v":0},{"$f":"'CRO2_Crono Simplificado'!#REF!","v":{"$error":"#REF!"}},{"$f":"'CRO2_Crono Simplificado'!JWI4","v":0},{"$f":"'CRO2_Crono Simplificado'!#REF!","v":{"$error":"#REF!"}},{"$f":"'CRO2_Crono Simplificado'!JWK4","v":0},{"$f":"'CRO2_Crono Simplificado'!#REF!","v":{"$error":"#REF!"}},{"$f":"'CRO2_Crono Simplificado'!JWM4","v":0},{"$f":"'CRO2_Crono Simplificado'!#REF!","v":{"$error":"#REF!"}},{"$f":"'CRO2_Crono Simplificado'!JWO4","v":0},{"$f":"'CRO2_Crono Simplificado'!#REF!","v":{"$error":"#REF!"}},{"$f":"'CRO2_Crono Simplificado'!JWQ4","v":0},{"$f":"'CRO2_Crono Simplificado'!#REF!","v":{"$error":"#REF!"}},{"$f":"'CRO2_Crono Simplificado'!JWS4","v":0},{"$f":"'CRO2_Crono Simplificado'!#REF!","v":{"$error":"#REF!"}},{"$f":"'CRO2_Crono Simplificado'!JWU4","v":0},{"$f":"'CRO2_Crono Simplificado'!#REF!","v":{"$error":"#REF!"}},{"$f":"'CRO2_Crono Simplificado'!JWW4","v":0},{"$f":"'CRO2_Crono Simplificado'!#REF!","v":{"$error":"#REF!"}},{"$f":"'CRO2_Crono Simplificado'!JWY4","v":0},{"$f":"'CRO2_Crono Simplificado'!#REF!","v":{"$error":"#REF!"}},{"$f":"'CRO2_Crono Simplificado'!JXA4","v":0},{"$f":"'CRO2_Crono Simplificado'!#REF!","v":{"$error":"#REF!"}},{"$f":"'CRO2_Crono Simplificado'!JXC4","v":0},{"$f":"'CRO2_Crono Simplificado'!#REF!","v":{"$error":"#REF!"}},{"$f":"'CRO2_Crono Simplificado'!JXE4","v":0},{"$f":"'CRO2_Crono Simplificado'!#REF!","v":{"$error":"#REF!"}},{"$f":"'CRO2_Crono Simplificado'!JXG4","v":0},{"$f":"'CRO2_Crono Simplificado'!#REF!","v":{"$error":"#REF!"}},{"$f":"'CRO2_Crono Simplificado'!JXI4","v":0},{"$f":"'CRO2_Crono Simplificado'!#REF!","v":{"$error":"#REF!"}},{"$f":"'CRO2_Crono Simplificado'!JXK4","v":0},{"$f":"'CRO2_Crono Simplificado'!#REF!","v":{"$error":"#REF!"}},{"$f":"'CRO2_Crono Simplificado'!JXM4","v":0},{"$f":"'CRO2_Crono Simplificado'!#REF!","v":{"$error":"#REF!"}},{"$f":"'CRO2_Crono Simplificado'!JXO4","v":0},{"$f":"'CRO2_Crono Simplificado'!#REF!","v":{"$error":"#REF!"}},{"$f":"'CRO2_Crono Simplificado'!JXQ4","v":0},{"$f":"'CRO2_Crono Simplificado'!#REF!","v":{"$error":"#REF!"}},{"$f":"'CRO2_Crono Simplificado'!JXS4","v":0},{"$f":"'CRO2_Crono Simplificado'!#REF!","v":{"$error":"#REF!"}},{"$f":"'CRO2_Crono Simplificado'!JXU4","v":0},{"$f":"'CRO2_Crono Simplificado'!#REF!","v":{"$error":"#REF!"}},{"$f":"'CRO2_Crono Simplificado'!JXW4","v":0},{"$f":"'CRO2_Crono Simplificado'!#REF!","v":{"$error":"#REF!"}},{"$f":"'CRO2_Crono Simplificado'!JXY4","v":0},{"$f":"'CRO2_Crono Simplificado'!#REF!","v":{"$error":"#REF!"}},{"$f":"'CRO2_Crono Simplificado'!JYA4","v":0},{"$f":"'CRO2_Crono Simplificado'!#REF!","v":{"$error":"#REF!"}},{"$f":"'CRO2_Crono Simplificado'!JYC4","v":0},{"$f":"'CRO2_Crono Simplificado'!#REF!","v":{"$error":"#REF!"}},{"$f":"'CRO2_Crono Simplificado'!JYE4","v":0},{"$f":"'CRO2_Crono Simplificado'!#REF!","v":{"$error":"#REF!"}},{"$f":"'CRO2_Crono Simplificado'!JYG4","v":0},{"$f":"'CRO2_Crono Simplificado'!#REF!","v":{"$error":"#REF!"}},{"$f":"'CRO2_Crono Simplificado'!JYI4","v":0},{"$f":"'CRO2_Crono Simplificado'!#REF!","v":{"$error":"#REF!"}},{"$f":"'CRO2_Crono Simplificado'!JYK4","v":0},{"$f":"'CRO2_Crono Simplificado'!#REF!","v":{"$error":"#REF!"}},{"$f":"'CRO2_Crono Simplificado'!JYM4","v":0},{"$f":"'CRO2_Crono Simplificado'!#REF!","v":{"$error":"#REF!"}},{"$f":"'CRO2_Crono Simplificado'!JYO4","v":0},{"$f":"'CRO2_Crono Simplificado'!#REF!","v":{"$error":"#REF!"}},{"$f":"'CRO2_Crono Simplificado'!JYQ4","v":0},{"$f":"'CRO2_Crono Simplificado'!#REF!","v":{"$error":"#REF!"}},{"$f":"'CRO2_Crono Simplificado'!JYS4","v":0},{"$f":"'CRO2_Crono Simplificado'!#REF!","v":{"$error":"#REF!"}},{"$f":"'CRO2_Crono Simplificado'!JYU4","v":0},{"$f":"'CRO2_Crono Simplificado'!#REF!","v":{"$error":"#REF!"}},{"$f":"'CRO2_Crono Simplificado'!JYW4","v":0},{"$f":"'CRO2_Crono Simplificado'!#REF!","v":{"$error":"#REF!"}},{"$f":"'CRO2_Crono Simplificado'!JYY4","v":0},{"$f":"'CRO2_Crono Simplificado'!#REF!","v":{"$error":"#REF!"}},{"$f":"'CRO2_Crono Simplificado'!JZA4","v":0},{"$f":"'CRO2_Crono Simplificado'!#REF!","v":{"$error":"#REF!"}},{"$f":"'CRO2_Crono Simplificado'!JZC4","v":0},{"$f":"'CRO2_Crono Simplificado'!#REF!","v":{"$error":"#REF!"}},{"$f":"'CRO2_Crono Simplificado'!JZE4","v":0},{"$f":"'CRO2_Crono Simplificado'!#REF!","v":{"$error":"#REF!"}},{"$f":"'CRO2_Crono Simplificado'!JZG4","v":0},{"$f":"'CRO2_Crono Simplificado'!#REF!","v":{"$error":"#REF!"}},{"$f":"'CRO2_Crono Simplificado'!JZI4","v":0},{"$f":"'CRO2_Crono Simplificado'!#REF!","v":{"$error":"#REF!"}},{"$f":"'CRO2_Crono Simplificado'!JZK4","v":0},{"$f":"'CRO2_Crono Simplificado'!#REF!","v":{"$error":"#REF!"}},{"$f":"'CRO2_Crono Simplificado'!JZM4","v":0},{"$f":"'CRO2_Crono Simplificado'!#REF!","v":{"$error":"#REF!"}},{"$f":"'CRO2_Crono Simplificado'!JZO4","v":0},{"$f":"'CRO2_Crono Simplificado'!#REF!","v":{"$error":"#REF!"}},{"$f":"'CRO2_Crono Simplificado'!JZQ4","v":0},{"$f":"'CRO2_Crono Simplificado'!#REF!","v":{"$error":"#REF!"}},{"$f":"'CRO2_Crono Simplificado'!JZS4","v":0},{"$f":"'CRO2_Crono Simplificado'!#REF!","v":{"$error":"#REF!"}},{"$f":"'CRO2_Crono Simplificado'!JZU4","v":0},{"$f":"'CRO2_Crono Simplificado'!#REF!","v":{"$error":"#REF!"}},{"$f":"'CRO2_Crono Simplificado'!JZW4","v":0},{"$f":"'CRO2_Crono Simplificado'!#REF!","v":{"$error":"#REF!"}},{"$f":"'CRO2_Crono Simplificado'!JZY4","v":0},{"$f":"'CRO2_Crono Simplificado'!#REF!","v":{"$error":"#REF!"}},{"$f":"'CRO2_Crono Simplificado'!KAA4","v":0},{"$f":"'CRO2_Crono Simplificado'!#REF!","v":{"$error":"#REF!"}},{"$f":"'CRO2_Crono Simplificado'!KAC4","v":0},{"$f":"'CRO2_Crono Simplificado'!#REF!","v":{"$error":"#REF!"}},{"$f":"'CRO2_Crono Simplificado'!KAE4","v":0},{"$f":"'CRO2_Crono Simplificado'!#REF!","v":{"$error":"#REF!"}},{"$f":"'CRO2_Crono Simplificado'!KAG4","v":0},{"$f":"'CRO2_Crono Simplificado'!#REF!","v":{"$error":"#REF!"}},{"$f":"'CRO2_Crono Simplificado'!KAI4","v":0},{"$f":"'CRO2_Crono Simplificado'!#REF!","v":{"$error":"#REF!"}},{"$f":"'CRO2_Crono Simplificado'!KAK4","v":0},{"$f":"'CRO2_Crono Simplificado'!#REF!","v":{"$error":"#REF!"}},{"$f":"'CRO2_Crono Simplificado'!KAM4","v":0},{"$f":"'CRO2_Crono Simplificado'!#REF!","v":{"$error":"#REF!"}},{"$f":"'CRO2_Crono Simplificado'!KAO4","v":0},{"$f":"'CRO2_Crono Simplificado'!#REF!","v":{"$error":"#REF!"}},{"$f":"'CRO2_Crono Simplificado'!KAQ4","v":0},{"$f":"'CRO2_Crono Simplificado'!#REF!","v":{"$error":"#REF!"}},{"$f":"'CRO2_Crono Simplificado'!KAS4","v":0},{"$f":"'CRO2_Crono Simplificado'!#REF!","v":{"$error":"#REF!"}},{"$f":"'CRO2_Crono Simplificado'!KAU4","v":0},{"$f":"'CRO2_Crono Simplificado'!#REF!","v":{"$error":"#REF!"}},{"$f":"'CRO2_Crono Simplificado'!KAW4","v":0},{"$f":"'CRO2_Crono Simplificado'!#REF!","v":{"$error":"#REF!"}},{"$f":"'CRO2_Crono Simplificado'!KAY4","v":0},{"$f":"'CRO2_Crono Simplificado'!#REF!","v":{"$error":"#REF!"}},{"$f":"'CRO2_Crono Simplificado'!KBA4","v":0},{"$f":"'CRO2_Crono Simplificado'!#REF!","v":{"$error":"#REF!"}},{"$f":"'CRO2_Crono Simplificado'!KBC4","v":0},{"$f":"'CRO2_Crono Simplificado'!#REF!","v":{"$error":"#REF!"}},{"$f":"'CRO2_Crono Simplificado'!KBE4","v":0},{"$f":"'CRO2_Crono Simplificado'!#REF!","v":{"$error":"#REF!"}},{"$f":"'CRO2_Crono Simplificado'!KBG4","v":0},{"$f":"'CRO2_Crono Simplificado'!#REF!","v":{"$error":"#REF!"}},{"$f":"'CRO2_Crono Simplificado'!KBI4","v":0},{"$f":"'CRO2_Crono Simplificado'!#REF!","v":{"$error":"#REF!"}},{"$f":"'CRO2_Crono Simplificado'!KBK4","v":0},{"$f":"'CRO2_Crono Simplificado'!#REF!","v":{"$error":"#REF!"}},{"$f":"'CRO2_Crono Simplificado'!KBM4","v":0},{"$f":"'CRO2_Crono Simplificado'!#REF!","v":{"$error":"#REF!"}},{"$f":"'CRO2_Crono Simplificado'!KBO4","v":0},{"$f":"'CRO2_Crono Simplificado'!#REF!","v":{"$error":"#REF!"}},{"$f":"'CRO2_Crono Simplificado'!KBQ4","v":0},{"$f":"'CRO2_Crono Simplificado'!#REF!","v":{"$error":"#REF!"}},{"$f":"'CRO2_Crono Simplificado'!KBS4","v":0},{"$f":"'CRO2_Crono Simplificado'!#REF!","v":{"$error":"#REF!"}},{"$f":"'CRO2_Crono Simplificado'!KBU4","v":0},{"$f":"'CRO2_Crono Simplificado'!#REF!","v":{"$error":"#REF!"}},{"$f":"'CRO2_Crono Simplificado'!KBW4","v":0},{"$f":"'CRO2_Crono Simplificado'!#REF!","v":{"$error":"#REF!"}},{"$f":"'CRO2_Crono Simplificado'!KBY4","v":0},{"$f":"'CRO2_Crono Simplificado'!#REF!","v":{"$error":"#REF!"}},{"$f":"'CRO2_Crono Simplificado'!KCA4","v":0},{"$f":"'CRO2_Crono Simplificado'!#REF!","v":{"$error":"#REF!"}},{"$f":"'CRO2_Crono Simplificado'!KCC4","v":0},{"$f":"'CRO2_Crono Simplificado'!#REF!","v":{"$error":"#REF!"}},{"$f":"'CRO2_Crono Simplificado'!KCE4","v":0},{"$f":"'CRO2_Crono Simplificado'!#REF!","v":{"$error":"#REF!"}},{"$f":"'CRO2_Crono Simplificado'!KCG4","v":0},{"$f":"'CRO2_Crono Simplificado'!#REF!","v":{"$error":"#REF!"}},{"$f":"'CRO2_Crono Simplificado'!KCI4","v":0},{"$f":"'CRO2_Crono Simplificado'!#REF!","v":{"$error":"#REF!"}},{"$f":"'CRO2_Crono Simplificado'!KCK4","v":0},{"$f":"'CRO2_Crono Simplificado'!#REF!","v":{"$error":"#REF!"}},{"$f":"'CRO2_Crono Simplificado'!KCM4","v":0},{"$f":"'CRO2_Crono Simplificado'!#REF!","v":{"$error":"#REF!"}},{"$f":"'CRO2_Crono Simplificado'!KCO4","v":0},{"$f":"'CRO2_Crono Simplificado'!#REF!","v":{"$error":"#REF!"}},{"$f":"'CRO2_Crono Simplificado'!KCQ4","v":0},{"$f":"'CRO2_Crono Simplificado'!#REF!","v":{"$error":"#REF!"}},{"$f":"'CRO2_Crono Simplificado'!KCS4","v":0},{"$f":"'CRO2_Crono Simplificado'!#REF!","v":{"$error":"#REF!"}},{"$f":"'CRO2_Crono Simplificado'!KCU4","v":0},{"$f":"'CRO2_Crono Simplificado'!#REF!","v":{"$error":"#REF!"}},{"$f":"'CRO2_Crono Simplificado'!KCW4","v":0},{"$f":"'CRO2_Crono Simplificado'!#REF!","v":{"$error":"#REF!"}},{"$f":"'CRO2_Crono Simplificado'!KCY4","v":0},{"$f":"'CRO2_Crono Simplificado'!#REF!","v":{"$error":"#REF!"}},{"$f":"'CRO2_Crono Simplificado'!KDA4","v":0},{"$f":"'CRO2_Crono Simplificado'!#REF!","v":{"$error":"#REF!"}},{"$f":"'CRO2_Crono Simplificado'!KDC4","v":0},{"$f":"'CRO2_Crono Simplificado'!#REF!","v":{"$error":"#REF!"}},{"$f":"'CRO2_Crono Simplificado'!KDE4","v":0},{"$f":"'CRO2_Crono Simplificado'!#REF!","v":{"$error":"#REF!"}},{"$f":"'CRO2_Crono Simplificado'!KDG4","v":0},{"$f":"'CRO2_Crono Simplificado'!#REF!","v":{"$error":"#REF!"}},{"$f":"'CRO2_Crono Simplificado'!KDI4","v":0},{"$f":"'CRO2_Crono Simplificado'!#REF!","v":{"$error":"#REF!"}},{"$f":"'CRO2_Crono Simplificado'!KDK4","v":0},{"$f":"'CRO2_Crono Simplificado'!#REF!","v":{"$error":"#REF!"}},{"$f":"'CRO2_Crono Simplificado'!KDM4","v":0},{"$f":"'CRO2_Crono Simplificado'!#REF!","v":{"$error":"#REF!"}},{"$f":"'CRO2_Crono Simplificado'!KDO4","v":0},{"$f":"'CRO2_Crono Simplificado'!#REF!","v":{"$error":"#REF!"}},{"$f":"'CRO2_Crono Simplificado'!KDQ4","v":0},{"$f":"'CRO2_Crono Simplificado'!#REF!","v":{"$error":"#REF!"}},{"$f":"'CRO2_Crono Simplificado'!KDS4","v":0},{"$f":"'CRO2_Crono Simplificado'!#REF!","v":{"$error":"#REF!"}},{"$f":"'CRO2_Crono Simplificado'!KDU4","v":0},{"$f":"'CRO2_Crono Simplificado'!#REF!","v":{"$error":"#REF!"}},{"$f":"'CRO2_Crono Simplificado'!KDW4","v":0},{"$f":"'CRO2_Crono Simplificado'!#REF!","v":{"$error":"#REF!"}},{"$f":"'CRO2_Crono Simplificado'!KDY4","v":0},{"$f":"'CRO2_Crono Simplificado'!#REF!","v":{"$error":"#REF!"}},{"$f":"'CRO2_Crono Simplificado'!KEA4","v":0},{"$f":"'CRO2_Crono Simplificado'!#REF!","v":{"$error":"#REF!"}},{"$f":"'CRO2_Crono Simplificado'!KEC4","v":0},{"$f":"'CRO2_Crono Simplificado'!#REF!","v":{"$error":"#REF!"}},{"$f":"'CRO2_Crono Simplificado'!KEE4","v":0},{"$f":"'CRO2_Crono Simplificado'!#REF!","v":{"$error":"#REF!"}},{"$f":"'CRO2_Crono Simplificado'!KEG4","v":0},{"$f":"'CRO2_Crono Simplificado'!#REF!","v":{"$error":"#REF!"}},{"$f":"'CRO2_Crono Simplificado'!KEI4","v":0},{"$f":"'CRO2_Crono Simplificado'!#REF!","v":{"$error":"#REF!"}},{"$f":"'CRO2_Crono Simplificado'!KEK4","v":0},{"$f":"'CRO2_Crono Simplificado'!#REF!","v":{"$error":"#REF!"}},{"$f":"'CRO2_Crono Simplificado'!KEM4","v":0},{"$f":"'CRO2_Crono Simplificado'!#REF!","v":{"$error":"#REF!"}},{"$f":"'CRO2_Crono Simplificado'!KEO4","v":0},{"$f":"'CRO2_Crono Simplificado'!#REF!","v":{"$error":"#REF!"}},{"$f":"'CRO2_Crono Simplificado'!KEQ4","v":0},{"$f":"'CRO2_Crono Simplificado'!#REF!","v":{"$error":"#REF!"}},{"$f":"'CRO2_Crono Simplificado'!KES4","v":0},{"$f":"'CRO2_Crono Simplificado'!#REF!","v":{"$error":"#REF!"}},{"$f":"'CRO2_Crono Simplificado'!KEU4","v":0},{"$f":"'CRO2_Crono Simplificado'!#REF!","v":{"$error":"#REF!"}},{"$f":"'CRO2_Crono Simplificado'!KEW4","v":0},{"$f":"'CRO2_Crono Simplificado'!#REF!","v":{"$error":"#REF!"}},{"$f":"'CRO2_Crono Simplificado'!KEY4","v":0},{"$f":"'CRO2_Crono Simplificado'!#REF!","v":{"$error":"#REF!"}},{"$f":"'CRO2_Crono Simplificado'!KFA4","v":0},{"$f":"'CRO2_Crono Simplificado'!#REF!","v":{"$error":"#REF!"}},{"$f":"'CRO2_Crono Simplificado'!KFC4","v":0},{"$f":"'CRO2_Crono Simplificado'!#REF!","v":{"$error":"#REF!"}},{"$f":"'CRO2_Crono Simplificado'!KFE4","v":0},{"$f":"'CRO2_Crono Simplificado'!#REF!","v":{"$error":"#REF!"}},{"$f":"'CRO2_Crono Simplificado'!KFG4","v":0},{"$f":"'CRO2_Crono Simplificado'!#REF!","v":{"$error":"#REF!"}},{"$f":"'CRO2_Crono Simplificado'!KFI4","v":0},{"$f":"'CRO2_Crono Simplificado'!#REF!","v":{"$error":"#REF!"}},{"$f":"'CRO2_Crono Simplificado'!KFK4","v":0},{"$f":"'CRO2_Crono Simplificado'!#REF!","v":{"$error":"#REF!"}},{"$f":"'CRO2_Crono Simplificado'!KFM4","v":0},{"$f":"'CRO2_Crono Simplificado'!#REF!","v":{"$error":"#REF!"}},{"$f":"'CRO2_Crono Simplificado'!KFO4","v":0},{"$f":"'CRO2_Crono Simplificado'!#REF!","v":{"$error":"#REF!"}},{"$f":"'CRO2_Crono Simplificado'!KFQ4","v":0},{"$f":"'CRO2_Crono Simplificado'!#REF!","v":{"$error":"#REF!"}},{"$f":"'CRO2_Crono Simplificado'!KFS4","v":0},{"$f":"'CRO2_Crono Simplificado'!#REF!","v":{"$error":"#REF!"}},{"$f":"'CRO2_Crono Simplificado'!KFU4","v":0},{"$f":"'CRO2_Crono Simplificado'!#REF!","v":{"$error":"#REF!"}},{"$f":"'CRO2_Crono Simplificado'!KFW4","v":0},{"$f":"'CRO2_Crono Simplificado'!#REF!","v":{"$error":"#REF!"}},{"$f":"'CRO2_Crono Simplificado'!KFY4","v":0},{"$f":"'CRO2_Crono Simplificado'!#REF!","v":{"$error":"#REF!"}},{"$f":"'CRO2_Crono Simplificado'!KGA4","v":0},{"$f":"'CRO2_Crono Simplificado'!#REF!","v":{"$error":"#REF!"}},{"$f":"'CRO2_Crono Simplificado'!KGC4","v":0},{"$f":"'CRO2_Crono Simplificado'!#REF!","v":{"$error":"#REF!"}},{"$f":"'CRO2_Crono Simplificado'!KGE4","v":0},{"$f":"'CRO2_Crono Simplificado'!#REF!","v":{"$error":"#REF!"}},{"$f":"'CRO2_Crono Simplificado'!KGG4","v":0},{"$f":"'CRO2_Crono Simplificado'!#REF!","v":{"$error":"#REF!"}},{"$f":"'CRO2_Crono Simplificado'!KGI4","v":0},{"$f":"'CRO2_Crono Simplificado'!#REF!","v":{"$error":"#REF!"}},{"$f":"'CRO2_Crono Simplificado'!KGK4","v":0},{"$f":"'CRO2_Crono Simplificado'!#REF!","v":{"$error":"#REF!"}},{"$f":"'CRO2_Crono Simplificado'!KGM4","v":0},{"$f":"'CRO2_Crono Simplificado'!#REF!","v":{"$error":"#REF!"}},{"$f":"'CRO2_Crono Simplificado'!KGO4","v":0},{"$f":"'CRO2_Crono Simplificado'!#REF!","v":{"$error":"#REF!"}},{"$f":"'CRO2_Crono Simplificado'!KGQ4","v":0},{"$f":"'CRO2_Crono Simplificado'!#REF!","v":{"$error":"#REF!"}},{"$f":"'CRO2_Crono Simplificado'!KGS4","v":0},{"$f":"'CRO2_Crono Simplificado'!#REF!","v":{"$error":"#REF!"}},{"$f":"'CRO2_Crono Simplificado'!KGU4","v":0},{"$f":"'CRO2_Crono Simplificado'!#REF!","v":{"$error":"#REF!"}},{"$f":"'CRO2_Crono Simplificado'!KGW4","v":0},{"$f":"'CRO2_Crono Simplificado'!#REF!","v":{"$error":"#REF!"}},{"$f":"'CRO2_Crono Simplificado'!KGY4","v":0},{"$f":"'CRO2_Crono Simplificado'!#REF!","v":{"$error":"#REF!"}},{"$f":"'CRO2_Crono Simplificado'!KHA4","v":0},{"$f":"'CRO2_Crono Simplificado'!#REF!","v":{"$error":"#REF!"}},{"$f":"'CRO2_Crono Simplificado'!KHC4","v":0},{"$f":"'CRO2_Crono Simplificado'!#REF!","v":{"$error":"#REF!"}},{"$f":"'CRO2_Crono Simplificado'!KHE4","v":0},{"$f":"'CRO2_Crono Simplificado'!#REF!","v":{"$error":"#REF!"}},{"$f":"'CRO2_Crono Simplificado'!KHG4","v":0},{"$f":"'CRO2_Crono Simplificado'!#REF!","v":{"$error":"#REF!"}},{"$f":"'CRO2_Crono Simplificado'!KHI4","v":0},{"$f":"'CRO2_Crono Simplificado'!#REF!","v":{"$error":"#REF!"}},{"$f":"'CRO2_Crono Simplificado'!KHK4","v":0},{"$f":"'CRO2_Crono Simplificado'!#REF!","v":{"$error":"#REF!"}},{"$f":"'CRO2_Crono Simplificado'!KHM4","v":0},{"$f":"'CRO2_Crono Simplificado'!#REF!","v":{"$error":"#REF!"}},{"$f":"'CRO2_Crono Simplificado'!KHO4","v":0},{"$f":"'CRO2_Crono Simplificado'!#REF!","v":{"$error":"#REF!"}},{"$f":"'CRO2_Crono Simplificado'!KHQ4","v":0},{"$f":"'CRO2_Crono Simplificado'!#REF!","v":{"$error":"#REF!"}},{"$f":"'CRO2_Crono Simplificado'!KHS4","v":0},{"$f":"'CRO2_Crono Simplificado'!#REF!","v":{"$error":"#REF!"}},{"$f":"'CRO2_Crono Simplificado'!KHU4","v":0},{"$f":"'CRO2_Crono Simplificado'!#REF!","v":{"$error":"#REF!"}},{"$f":"'CRO2_Crono Simplificado'!KHW4","v":0},{"$f":"'CRO2_Crono Simplificado'!#REF!","v":{"$error":"#REF!"}},{"$f":"'CRO2_Crono Simplificado'!KHY4","v":0},{"$f":"'CRO2_Crono Simplificado'!#REF!","v":{"$error":"#REF!"}},{"$f":"'CRO2_Crono Simplificado'!KIA4","v":0},{"$f":"'CRO2_Crono Simplificado'!#REF!","v":{"$error":"#REF!"}},{"$f":"'CRO2_Crono Simplificado'!KIC4","v":0},{"$f":"'CRO2_Crono Simplificado'!#REF!","v":{"$error":"#REF!"}},{"$f":"'CRO2_Crono Simplificado'!KIE4","v":0},{"$f":"'CRO2_Crono Simplificado'!#REF!","v":{"$error":"#REF!"}},{"$f":"'CRO2_Crono Simplificado'!KIG4","v":0},{"$f":"'CRO2_Crono Simplificado'!#REF!","v":{"$error":"#REF!"}},{"$f":"'CRO2_Crono Simplificado'!KII4","v":0},{"$f":"'CRO2_Crono Simplificado'!#REF!","v":{"$error":"#REF!"}},{"$f":"'CRO2_Crono Simplificado'!KIK4","v":0},{"$f":"'CRO2_Crono Simplificado'!#REF!","v":{"$error":"#REF!"}},{"$f":"'CRO2_Crono Simplificado'!KIM4","v":0},{"$f":"'CRO2_Crono Simplificado'!#REF!","v":{"$error":"#REF!"}},{"$f":"'CRO2_Crono Simplificado'!KIO4","v":0},{"$f":"'CRO2_Crono Simplificado'!#REF!","v":{"$error":"#REF!"}},{"$f":"'CRO2_Crono Simplificado'!KIQ4","v":0},{"$f":"'CRO2_Crono Simplificado'!#REF!","v":{"$error":"#REF!"}},{"$f":"'CRO2_Crono Simplificado'!KIS4","v":0},{"$f":"'CRO2_Crono Simplificado'!#REF!","v":{"$error":"#REF!"}},{"$f":"'CRO2_Crono Simplificado'!KIU4","v":0},{"$f":"'CRO2_Crono Simplificado'!#REF!","v":{"$error":"#REF!"}},{"$f":"'CRO2_Crono Simplificado'!KIW4","v":0},{"$f":"'CRO2_Crono Simplificado'!#REF!","v":{"$error":"#REF!"}},{"$f":"'CRO2_Crono Simplificado'!KIY4","v":0},{"$f":"'CRO2_Crono Simplificado'!#REF!","v":{"$error":"#REF!"}},{"$f":"'CRO2_Crono Simplificado'!KJA4","v":0},{"$f":"'CRO2_Crono Simplificado'!#REF!","v":{"$error":"#REF!"}},{"$f":"'CRO2_Crono Simplificado'!KJC4","v":0},{"$f":"'CRO2_Crono Simplificado'!#REF!","v":{"$error":"#REF!"}},{"$f":"'CRO2_Crono Simplificado'!KJE4","v":0},{"$f":"'CRO2_Crono Simplificado'!#REF!","v":{"$error":"#REF!"}},{"$f":"'CRO2_Crono Simplificado'!KJG4","v":0},{"$f":"'CRO2_Crono Simplificado'!#REF!","v":{"$error":"#REF!"}},{"$f":"'CRO2_Crono Simplificado'!KJI4","v":0},{"$f":"'CRO2_Crono Simplificado'!#REF!","v":{"$error":"#REF!"}},{"$f":"'CRO2_Crono Simplificado'!KJK4","v":0},{"$f":"'CRO2_Crono Simplificado'!#REF!","v":{"$error":"#REF!"}},{"$f":"'CRO2_Crono Simplificado'!KJM4","v":0},{"$f":"'CRO2_Crono Simplificado'!#REF!","v":{"$error":"#REF!"}},{"$f":"'CRO2_Crono Simplificado'!KJO4","v":0},{"$f":"'CRO2_Crono Simplificado'!#REF!","v":{"$error":"#REF!"}},{"$f":"'CRO2_Crono Simplificado'!KJQ4","v":0},{"$f":"'CRO2_Crono Simplificado'!#REF!","v":{"$error":"#REF!"}},{"$f":"'CRO2_Crono Simplificado'!KJS4","v":0},{"$f":"'CRO2_Crono Simplificado'!#REF!","v":{"$error":"#REF!"}},{"$f":"'CRO2_Crono Simplificado'!KJU4","v":0},{"$f":"'CRO2_Crono Simplificado'!#REF!","v":{"$error":"#REF!"}},{"$f":"'CRO2_Crono Simplificado'!KJW4","v":0},{"$f":"'CRO2_Crono Simplificado'!#REF!","v":{"$error":"#REF!"}},{"$f":"'CRO2_Crono Simplificado'!KJY4","v":0},{"$f":"'CRO2_Crono Simplificado'!#REF!","v":{"$error":"#REF!"}},{"$f":"'CRO2_Crono Simplificado'!KKA4","v":0},{"$f":"'CRO2_Crono Simplificado'!#REF!","v":{"$error":"#REF!"}},{"$f":"'CRO2_Crono Simplificado'!KKC4","v":0},{"$f":"'CRO2_Crono Simplificado'!#REF!","v":{"$error":"#REF!"}},{"$f":"'CRO2_Crono Simplificado'!KKE4","v":0},{"$f":"'CRO2_Crono Simplificado'!#REF!","v":{"$error":"#REF!"}},{"$f":"'CRO2_Crono Simplificado'!KKG4","v":0},{"$f":"'CRO2_Crono Simplificado'!#REF!","v":{"$error":"#REF!"}},{"$f":"'CRO2_Crono Simplificado'!KKI4","v":0},{"$f":"'CRO2_Crono Simplificado'!#REF!","v":{"$error":"#REF!"}},{"$f":"'CRO2_Crono Simplificado'!KKK4","v":0},{"$f":"'CRO2_Crono Simplificado'!#REF!","v":{"$error":"#REF!"}},{"$f":"'CRO2_Crono Simplificado'!KKM4","v":0},{"$f":"'CRO2_Crono Simplificado'!#REF!","v":{"$error":"#REF!"}},{"$f":"'CRO2_Crono Simplificado'!KKO4","v":0},{"$f":"'CRO2_Crono Simplificado'!#REF!","v":{"$error":"#REF!"}},{"$f":"'CRO2_Crono Simplificado'!KKQ4","v":0},{"$f":"'CRO2_Crono Simplificado'!#REF!","v":{"$error":"#REF!"}},{"$f":"'CRO2_Crono Simplificado'!KKS4","v":0},{"$f":"'CRO2_Crono Simplificado'!#REF!","v":{"$error":"#REF!"}},{"$f":"'CRO2_Crono Simplificado'!KKU4","v":0},{"$f":"'CRO2_Crono Simplificado'!#REF!","v":{"$error":"#REF!"}},{"$f":"'CRO2_Crono Simplificado'!KKW4","v":0},{"$f":"'CRO2_Crono Simplificado'!#REF!","v":{"$error":"#REF!"}},{"$f":"'CRO2_Crono Simplificado'!KKY4","v":0},{"$f":"'CRO2_Crono Simplificado'!#REF!","v":{"$error":"#REF!"}},{"$f":"'CRO2_Crono Simplificado'!KLA4","v":0},{"$f":"'CRO2_Crono Simplificado'!#REF!","v":{"$error":"#REF!"}},{"$f":"'CRO2_Crono Simplificado'!KLC4","v":0},{"$f":"'CRO2_Crono Simplificado'!#REF!","v":{"$error":"#REF!"}},{"$f":"'CRO2_Crono Simplificado'!KLE4","v":0},{"$f":"'CRO2_Crono Simplificado'!#REF!","v":{"$error":"#REF!"}},{"$f":"'CRO2_Crono Simplificado'!KLG4","v":0},{"$f":"'CRO2_Crono Simplificado'!#REF!","v":{"$error":"#REF!"}},{"$f":"'CRO2_Crono Simplificado'!KLI4","v":0},{"$f":"'CRO2_Crono Simplificado'!#REF!","v":{"$error":"#REF!"}},{"$f":"'CRO2_Crono Simplificado'!KLK4","v":0},{"$f":"'CRO2_Crono Simplificado'!#REF!","v":{"$error":"#REF!"}},{"$f":"'CRO2_Crono Simplificado'!KLM4","v":0},{"$f":"'CRO2_Crono Simplificado'!#REF!","v":{"$error":"#REF!"}},{"$f":"'CRO2_Crono Simplificado'!KLO4","v":0},{"$f":"'CRO2_Crono Simplificado'!#REF!","v":{"$error":"#REF!"}},{"$f":"'CRO2_Crono Simplificado'!KLQ4","v":0},{"$f":"'CRO2_Crono Simplificado'!#REF!","v":{"$error":"#REF!"}},{"$f":"'CRO2_Crono Simplificado'!KLS4","v":0},{"$f":"'CRO2_Crono Simplificado'!#REF!","v":{"$error":"#REF!"}},{"$f":"'CRO2_Crono Simplificado'!KLU4","v":0},{"$f":"'CRO2_Crono Simplificado'!#REF!","v":{"$error":"#REF!"}},{"$f":"'CRO2_Crono Simplificado'!KLW4","v":0},{"$f":"'CRO2_Crono Simplificado'!#REF!","v":{"$error":"#REF!"}},{"$f":"'CRO2_Crono Simplificado'!KLY4","v":0},{"$f":"'CRO2_Crono Simplificado'!#REF!","v":{"$error":"#REF!"}},{"$f":"'CRO2_Crono Simplificado'!KMA4","v":0},{"$f":"'CRO2_Crono Simplificado'!#REF!","v":{"$error":"#REF!"}},{"$f":"'CRO2_Crono Simplificado'!KMC4","v":0},{"$f":"'CRO2_Crono Simplificado'!#REF!","v":{"$error":"#REF!"}},{"$f":"'CRO2_Crono Simplificado'!KME4","v":0},{"$f":"'CRO2_Crono Simplificado'!#REF!","v":{"$error":"#REF!"}},{"$f":"'CRO2_Crono Simplificado'!KMG4","v":0},{"$f":"'CRO2_Crono Simplificado'!#REF!","v":{"$error":"#REF!"}},{"$f":"'CRO2_Crono Simplificado'!KMI4","v":0},{"$f":"'CRO2_Crono Simplificado'!#REF!","v":{"$error":"#REF!"}},{"$f":"'CRO2_Crono Simplificado'!KMK4","v":0},{"$f":"'CRO2_Crono Simplificado'!#REF!","v":{"$error":"#REF!"}},{"$f":"'CRO2_Crono Simplificado'!KMM4","v":0},{"$f":"'CRO2_Crono Simplificado'!#REF!","v":{"$error":"#REF!"}},{"$f":"'CRO2_Crono Simplificado'!KMO4","v":0},{"$f":"'CRO2_Crono Simplificado'!#REF!","v":{"$error":"#REF!"}},{"$f":"'CRO2_Crono Simplificado'!KMQ4","v":0},{"$f":"'CRO2_Crono Simplificado'!#REF!","v":{"$error":"#REF!"}},{"$f":"'CRO2_Crono Simplificado'!KMS4","v":0},{"$f":"'CRO2_Crono Simplificado'!#REF!","v":{"$error":"#REF!"}},{"$f":"'CRO2_Crono Simplificado'!KMU4","v":0},{"$f":"'CRO2_Crono Simplificado'!#REF!","v":{"$error":"#REF!"}},{"$f":"'CRO2_Crono Simplificado'!KMW4","v":0},{"$f":"'CRO2_Crono Simplificado'!#REF!","v":{"$error":"#REF!"}},{"$f":"'CRO2_Crono Simplificado'!KMY4","v":0},{"$f":"'CRO2_Crono Simplificado'!#REF!","v":{"$error":"#REF!"}},{"$f":"'CRO2_Crono Simplificado'!KNA4","v":0},{"$f":"'CRO2_Crono Simplificado'!#REF!","v":{"$error":"#REF!"}},{"$f":"'CRO2_Crono Simplificado'!KNC4","v":0},{"$f":"'CRO2_Crono Simplificado'!#REF!","v":{"$error":"#REF!"}},{"$f":"'CRO2_Crono Simplificado'!KNE4","v":0},{"$f":"'CRO2_Crono Simplificado'!#REF!","v":{"$error":"#REF!"}},{"$f":"'CRO2_Crono Simplificado'!KNG4","v":0},{"$f":"'CRO2_Crono Simplificado'!#REF!","v":{"$error":"#REF!"}},{"$f":"'CRO2_Crono Simplificado'!KNI4","v":0},{"$f":"'CRO2_Crono Simplificado'!#REF!","v":{"$error":"#REF!"}},{"$f":"'CRO2_Crono Simplificado'!KNK4","v":0},{"$f":"'CRO2_Crono Simplificado'!#REF!","v":{"$error":"#REF!"}},{"$f":"'CRO2_Crono Simplificado'!KNM4","v":0},{"$f":"'CRO2_Crono Simplificado'!#REF!","v":{"$error":"#REF!"}},{"$f":"'CRO2_Crono Simplificado'!KNO4","v":0},{"$f":"'CRO2_Crono Simplificado'!#REF!","v":{"$error":"#REF!"}},{"$f":"'CRO2_Crono Simplificado'!KNQ4","v":0},{"$f":"'CRO2_Crono Simplificado'!#REF!","v":{"$error":"#REF!"}},{"$f":"'CRO2_Crono Simplificado'!KNS4","v":0},{"$f":"'CRO2_Crono Simplificado'!#REF!","v":{"$error":"#REF!"}},{"$f":"'CRO2_Crono Simplificado'!KNU4","v":0},{"$f":"'CRO2_Crono Simplificado'!#REF!","v":{"$error":"#REF!"}},{"$f":"'CRO2_Crono Simplificado'!KNW4","v":0},{"$f":"'CRO2_Crono Simplificado'!#REF!","v":{"$error":"#REF!"}},{"$f":"'CRO2_Crono Simplificado'!KNY4","v":0},{"$f":"'CRO2_Crono Simplificado'!#REF!","v":{"$error":"#REF!"}},{"$f":"'CRO2_Crono Simplificado'!KOA4","v":0},{"$f":"'CRO2_Crono Simplificado'!#REF!","v":{"$error":"#REF!"}},{"$f":"'CRO2_Crono Simplificado'!KOC4","v":0},{"$f":"'CRO2_Crono Simplificado'!#REF!","v":{"$error":"#REF!"}},{"$f":"'CRO2_Crono Simplificado'!KOE4","v":0},{"$f":"'CRO2_Crono Simplificado'!#REF!","v":{"$error":"#REF!"}},{"$f":"'CRO2_Crono Simplificado'!KOG4","v":0},{"$f":"'CRO2_Crono Simplificado'!#REF!","v":{"$error":"#REF!"}},{"$f":"'CRO2_Crono Simplificado'!KOI4","v":0},{"$f":"'CRO2_Crono Simplificado'!#REF!","v":{"$error":"#REF!"}},{"$f":"'CRO2_Crono Simplificado'!KOK4","v":0},{"$f":"'CRO2_Crono Simplificado'!#REF!","v":{"$error":"#REF!"}},{"$f":"'CRO2_Crono Simplificado'!KOM4","v":0},{"$f":"'CRO2_Crono Simplificado'!#REF!","v":{"$error":"#REF!"}},{"$f":"'CRO2_Crono Simplificado'!KOO4","v":0},{"$f":"'CRO2_Crono Simplificado'!#REF!","v":{"$error":"#REF!"}},{"$f":"'CRO2_Crono Simplificado'!KOQ4","v":0},{"$f":"'CRO2_Crono Simplificado'!#REF!","v":{"$error":"#REF!"}},{"$f":"'CRO2_Crono Simplificado'!KOS4","v":0},{"$f":"'CRO2_Crono Simplificado'!#REF!","v":{"$error":"#REF!"}},{"$f":"'CRO2_Crono Simplificado'!KOU4","v":0},{"$f":"'CRO2_Crono Simplificado'!#REF!","v":{"$error":"#REF!"}},{"$f":"'CRO2_Crono Simplificado'!KOW4","v":0},{"$f":"'CRO2_Crono Simplificado'!#REF!","v":{"$error":"#REF!"}},{"$f":"'CRO2_Crono Simplificado'!KOY4","v":0},{"$f":"'CRO2_Crono Simplificado'!#REF!","v":{"$error":"#REF!"}},{"$f":"'CRO2_Crono Simplificado'!KPA4","v":0},{"$f":"'CRO2_Crono Simplificado'!#REF!","v":{"$error":"#REF!"}},{"$f":"'CRO2_Crono Simplificado'!KPC4","v":0},{"$f":"'CRO2_Crono Simplificado'!#REF!","v":{"$error":"#REF!"}},{"$f":"'CRO2_Crono Simplificado'!KPE4","v":0},{"$f":"'CRO2_Crono Simplificado'!#REF!","v":{"$error":"#REF!"}},{"$f":"'CRO2_Crono Simplificado'!KPG4","v":0},{"$f":"'CRO2_Crono Simplificado'!#REF!","v":{"$error":"#REF!"}},{"$f":"'CRO2_Crono Simplificado'!KPI4","v":0},{"$f":"'CRO2_Crono Simplificado'!#REF!","v":{"$error":"#REF!"}},{"$f":"'CRO2_Crono Simplificado'!KPK4","v":0},{"$f":"'CRO2_Crono Simplificado'!#REF!","v":{"$error":"#REF!"}},{"$f":"'CRO2_Crono Simplificado'!KPM4","v":0},{"$f":"'CRO2_Crono Simplificado'!#REF!","v":{"$error":"#REF!"}},{"$f":"'CRO2_Crono Simplificado'!KPO4","v":0},{"$f":"'CRO2_Crono Simplificado'!#REF!","v":{"$error":"#REF!"}},{"$f":"'CRO2_Crono Simplificado'!KPQ4","v":0},{"$f":"'CRO2_Crono Simplificado'!#REF!","v":{"$error":"#REF!"}},{"$f":"'CRO2_Crono Simplificado'!KPS4","v":0},{"$f":"'CRO2_Crono Simplificado'!#REF!","v":{"$error":"#REF!"}},{"$f":"'CRO2_Crono Simplificado'!KPU4","v":0},{"$f":"'CRO2_Crono Simplificado'!#REF!","v":{"$error":"#REF!"}},{"$f":"'CRO2_Crono Simplificado'!KPW4","v":0},{"$f":"'CRO2_Crono Simplificado'!#REF!","v":{"$error":"#REF!"}},{"$f":"'CRO2_Crono Simplificado'!KPY4","v":0},{"$f":"'CRO2_Crono Simplificado'!#REF!","v":{"$error":"#REF!"}},{"$f":"'CRO2_Crono Simplificado'!KQA4","v":0},{"$f":"'CRO2_Crono Simplificado'!#REF!","v":{"$error":"#REF!"}},{"$f":"'CRO2_Crono Simplificado'!KQC4","v":0},{"$f":"'CRO2_Crono Simplificado'!#REF!","v":{"$error":"#REF!"}},{"$f":"'CRO2_Crono Simplificado'!KQE4","v":0},{"$f":"'CRO2_Crono Simplificado'!#REF!","v":{"$error":"#REF!"}},{"$f":"'CRO2_Crono Simplificado'!KQG4","v":0},{"$f":"'CRO2_Crono Simplificado'!#REF!","v":{"$error":"#REF!"}},{"$f":"'CRO2_Crono Simplificado'!KQI4","v":0},{"$f":"'CRO2_Crono Simplificado'!#REF!","v":{"$error":"#REF!"}},{"$f":"'CRO2_Crono Simplificado'!KQK4","v":0},{"$f":"'CRO2_Crono Simplificado'!#REF!","v":{"$error":"#REF!"}},{"$f":"'CRO2_Crono Simplificado'!KQM4","v":0},{"$f":"'CRO2_Crono Simplificado'!#REF!","v":{"$error":"#REF!"}},{"$f":"'CRO2_Crono Simplificado'!KQO4","v":0},{"$f":"'CRO2_Crono Simplificado'!#REF!","v":{"$error":"#REF!"}},{"$f":"'CRO2_Crono Simplificado'!KQQ4","v":0},{"$f":"'CRO2_Crono Simplificado'!#REF!","v":{"$error":"#REF!"}},{"$f":"'CRO2_Crono Simplificado'!KQS4","v":0},{"$f":"'CRO2_Crono Simplificado'!#REF!","v":{"$error":"#REF!"}},{"$f":"'CRO2_Crono Simplificado'!KQU4","v":0},{"$f":"'CRO2_Crono Simplificado'!#REF!","v":{"$error":"#REF!"}},{"$f":"'CRO2_Crono Simplificado'!KQW4","v":0},{"$f":"'CRO2_Crono Simplificado'!#REF!","v":{"$error":"#REF!"}},{"$f":"'CRO2_Crono Simplificado'!KQY4","v":0},{"$f":"'CRO2_Crono Simplificado'!#REF!","v":{"$error":"#REF!"}},{"$f":"'CRO2_Crono Simplificado'!KRA4","v":0},{"$f":"'CRO2_Crono Simplificado'!#REF!","v":{"$error":"#REF!"}},{"$f":"'CRO2_Crono Simplificado'!KRC4","v":0},{"$f":"'CRO2_Crono Simplificado'!#REF!","v":{"$error":"#REF!"}},{"$f":"'CRO2_Crono Simplificado'!KRE4","v":0},{"$f":"'CRO2_Crono Simplificado'!#REF!","v":{"$error":"#REF!"}},{"$f":"'CRO2_Crono Simplificado'!KRG4","v":0},{"$f":"'CRO2_Crono Simplificado'!#REF!","v":{"$error":"#REF!"}},{"$f":"'CRO2_Crono Simplificado'!KRI4","v":0},{"$f":"'CRO2_Crono Simplificado'!#REF!","v":{"$error":"#REF!"}},{"$f":"'CRO2_Crono Simplificado'!KRK4","v":0},{"$f":"'CRO2_Crono Simplificado'!#REF!","v":{"$error":"#REF!"}},{"$f":"'CRO2_Crono Simplificado'!KRM4","v":0},{"$f":"'CRO2_Crono Simplificado'!#REF!","v":{"$error":"#REF!"}},{"$f":"'CRO2_Crono Simplificado'!KRO4","v":0},{"$f":"'CRO2_Crono Simplificado'!#REF!","v":{"$error":"#REF!"}},{"$f":"'CRO2_Crono Simplificado'!KRQ4","v":0},{"$f":"'CRO2_Crono Simplificado'!#REF!","v":{"$error":"#REF!"}},{"$f":"'CRO2_Crono Simplificado'!KRS4","v":0},{"$f":"'CRO2_Crono Simplificado'!#REF!","v":{"$error":"#REF!"}},{"$f":"'CRO2_Crono Simplificado'!KRU4","v":0},{"$f":"'CRO2_Crono Simplificado'!#REF!","v":{"$error":"#REF!"}},{"$f":"'CRO2_Crono Simplificado'!KRW4","v":0},{"$f":"'CRO2_Crono Simplificado'!#REF!","v":{"$error":"#REF!"}},{"$f":"'CRO2_Crono Simplificado'!KRY4","v":0},{"$f":"'CRO2_Crono Simplificado'!#REF!","v":{"$error":"#REF!"}},{"$f":"'CRO2_Crono Simplificado'!KSA4","v":0},{"$f":"'CRO2_Crono Simplificado'!#REF!","v":{"$error":"#REF!"}},{"$f":"'CRO2_Crono Simplificado'!KSC4","v":0},{"$f":"'CRO2_Crono Simplificado'!#REF!","v":{"$error":"#REF!"}},{"$f":"'CRO2_Crono Simplificado'!KSE4","v":0},{"$f":"'CRO2_Crono Simplificado'!#REF!","v":{"$error":"#REF!"}},{"$f":"'CRO2_Crono Simplificado'!KSG4","v":0},{"$f":"'CRO2_Crono Simplificado'!#REF!","v":{"$error":"#REF!"}},{"$f":"'CRO2_Crono Simplificado'!KSI4","v":0},{"$f":"'CRO2_Crono Simplificado'!#REF!","v":{"$error":"#REF!"}},{"$f":"'CRO2_Crono Simplificado'!KSK4","v":0},{"$f":"'CRO2_Crono Simplificado'!#REF!","v":{"$error":"#REF!"}},{"$f":"'CRO2_Crono Simplificado'!KSM4","v":0},{"$f":"'CRO2_Crono Simplificado'!#REF!","v":{"$error":"#REF!"}},{"$f":"'CRO2_Crono Simplificado'!KSO4","v":0},{"$f":"'CRO2_Crono Simplificado'!#REF!","v":{"$error":"#REF!"}},{"$f":"'CRO2_Crono Simplificado'!KSQ4","v":0},{"$f":"'CRO2_Crono Simplificado'!#REF!","v":{"$error":"#REF!"}},{"$f":"'CRO2_Crono Simplificado'!KSS4","v":0},{"$f":"'CRO2_Crono Simplificado'!#REF!","v":{"$error":"#REF!"}},{"$f":"'CRO2_Crono Simplificado'!KSU4","v":0},{"$f":"'CRO2_Crono Simplificado'!#REF!","v":{"$error":"#REF!"}},{"$f":"'CRO2_Crono Simplificado'!KSW4","v":0},{"$f":"'CRO2_Crono Simplificado'!#REF!","v":{"$error":"#REF!"}},{"$f":"'CRO2_Crono Simplificado'!KSY4","v":0},{"$f":"'CRO2_Crono Simplificado'!#REF!","v":{"$error":"#REF!"}},{"$f":"'CRO2_Crono Simplificado'!KTA4","v":0},{"$f":"'CRO2_Crono Simplificado'!#REF!","v":{"$error":"#REF!"}},{"$f":"'CRO2_Crono Simplificado'!KTC4","v":0},{"$f":"'CRO2_Crono Simplificado'!#REF!","v":{"$error":"#REF!"}},{"$f":"'CRO2_Crono Simplificado'!KTE4","v":0},{"$f":"'CRO2_Crono Simplificado'!#REF!","v":{"$error":"#REF!"}},{"$f":"'CRO2_Crono Simplificado'!KTG4","v":0},{"$f":"'CRO2_Crono Simplificado'!#REF!","v":{"$error":"#REF!"}},{"$f":"'CRO2_Crono Simplificado'!KTI4","v":0},{"$f":"'CRO2_Crono Simplificado'!#REF!","v":{"$error":"#REF!"}},{"$f":"'CRO2_Crono Simplificado'!KTK4","v":0},{"$f":"'CRO2_Crono Simplificado'!#REF!","v":{"$error":"#REF!"}},{"$f":"'CRO2_Crono Simplificado'!KTM4","v":0},{"$f":"'CRO2_Crono Simplificado'!#REF!","v":{"$error":"#REF!"}},{"$f":"'CRO2_Crono Simplificado'!KTO4","v":0},{"$f":"'CRO2_Crono Simplificado'!#REF!","v":{"$error":"#REF!"}},{"$f":"'CRO2_Crono Simplificado'!KTQ4","v":0},{"$f":"'CRO2_Crono Simplificado'!#REF!","v":{"$error":"#REF!"}},{"$f":"'CRO2_Crono Simplificado'!KTS4","v":0},{"$f":"'CRO2_Crono Simplificado'!#REF!","v":{"$error":"#REF!"}},{"$f":"'CRO2_Crono Simplificado'!KTU4","v":0},{"$f":"'CRO2_Crono Simplificado'!#REF!","v":{"$error":"#REF!"}},{"$f":"'CRO2_Crono Simplificado'!KTW4","v":0},{"$f":"'CRO2_Crono Simplificado'!#REF!","v":{"$error":"#REF!"}},{"$f":"'CRO2_Crono Simplificado'!KTY4","v":0},{"$f":"'CRO2_Crono Simplificado'!#REF!","v":{"$error":"#REF!"}},{"$f":"'CRO2_Crono Simplificado'!KUA4","v":0},{"$f":"'CRO2_Crono Simplificado'!#REF!","v":{"$error":"#REF!"}},{"$f":"'CRO2_Crono Simplificado'!KUC4","v":0},{"$f":"'CRO2_Crono Simplificado'!#REF!","v":{"$error":"#REF!"}},{"$f":"'CRO2_Crono Simplificado'!KUE4","v":0},{"$f":"'CRO2_Crono Simplificado'!#REF!","v":{"$error":"#REF!"}},{"$f":"'CRO2_Crono Simplificado'!KUG4","v":0},{"$f":"'CRO2_Crono Simplificado'!#REF!","v":{"$error":"#REF!"}},{"$f":"'CRO2_Crono Simplificado'!KUI4","v":0},{"$f":"'CRO2_Crono Simplificado'!#REF!","v":{"$error":"#REF!"}},{"$f":"'CRO2_Crono Simplificado'!KUK4","v":0},{"$f":"'CRO2_Crono Simplificado'!#REF!","v":{"$error":"#REF!"}},{"$f":"'CRO2_Crono Simplificado'!KUM4","v":0},{"$f":"'CRO2_Crono Simplificado'!#REF!","v":{"$error":"#REF!"}},{"$f":"'CRO2_Crono Simplificado'!KUO4","v":0},{"$f":"'CRO2_Crono Simplificado'!#REF!","v":{"$error":"#REF!"}},{"$f":"'CRO2_Crono Simplificado'!KUQ4","v":0},{"$f":"'CRO2_Crono Simplificado'!#REF!","v":{"$error":"#REF!"}},{"$f":"'CRO2_Crono Simplificado'!KUS4","v":0},{"$f":"'CRO2_Crono Simplificado'!#REF!","v":{"$error":"#REF!"}},{"$f":"'CRO2_Crono Simplificado'!KUU4","v":0},{"$f":"'CRO2_Crono Simplificado'!#REF!","v":{"$error":"#REF!"}},{"$f":"'CRO2_Crono Simplificado'!KUW4","v":0},{"$f":"'CRO2_Crono Simplificado'!#REF!","v":{"$error":"#REF!"}},{"$f":"'CRO2_Crono Simplificado'!KUY4","v":0},{"$f":"'CRO2_Crono Simplificado'!#REF!","v":{"$error":"#REF!"}},{"$f":"'CRO2_Crono Simplificado'!KVA4","v":0},{"$f":"'CRO2_Crono Simplificado'!#REF!","v":{"$error":"#REF!"}},{"$f":"'CRO2_Crono Simplificado'!KVC4","v":0},{"$f":"'CRO2_Crono Simplificado'!#REF!","v":{"$error":"#REF!"}},{"$f":"'CRO2_Crono Simplificado'!KVE4","v":0},{"$f":"'CRO2_Crono Simplificado'!#REF!","v":{"$error":"#REF!"}},{"$f":"'CRO2_Crono Simplificado'!KVG4","v":0},{"$f":"'CRO2_Crono Simplificado'!#REF!","v":{"$error":"#REF!"}},{"$f":"'CRO2_Crono Simplificado'!KVI4","v":0},{"$f":"'CRO2_Crono Simplificado'!#REF!","v":{"$error":"#REF!"}},{"$f":"'CRO2_Crono Simplificado'!KVK4","v":0},{"$f":"'CRO2_Crono Simplificado'!#REF!","v":{"$error":"#REF!"}},{"$f":"'CRO2_Crono Simplificado'!KVM4","v":0},{"$f":"'CRO2_Crono Simplificado'!#REF!","v":{"$error":"#REF!"}},{"$f":"'CRO2_Crono Simplificado'!KVO4","v":0},{"$f":"'CRO2_Crono Simplificado'!#REF!","v":{"$error":"#REF!"}},{"$f":"'CRO2_Crono Simplificado'!KVQ4","v":0},{"$f":"'CRO2_Crono Simplificado'!#REF!","v":{"$error":"#REF!"}},{"$f":"'CRO2_Crono Simplificado'!KVS4","v":0},{"$f":"'CRO2_Crono Simplificado'!#REF!","v":{"$error":"#REF!"}},{"$f":"'CRO2_Crono Simplificado'!KVU4","v":0},{"$f":"'CRO2_Crono Simplificado'!#REF!","v":{"$error":"#REF!"}},{"$f":"'CRO2_Crono Simplificado'!KVW4","v":0},{"$f":"'CRO2_Crono Simplificado'!#REF!","v":{"$error":"#REF!"}},{"$f":"'CRO2_Crono Simplificado'!KVY4","v":0},{"$f":"'CRO2_Crono Simplificado'!#REF!","v":{"$error":"#REF!"}},{"$f":"'CRO2_Crono Simplificado'!KWA4","v":0},{"$f":"'CRO2_Crono Simplificado'!#REF!","v":{"$error":"#REF!"}},{"$f":"'CRO2_Crono Simplificado'!KWC4","v":0},{"$f":"'CRO2_Crono Simplificado'!#REF!","v":{"$error":"#REF!"}},{"$f":"'CRO2_Crono Simplificado'!KWE4","v":0},{"$f":"'CRO2_Crono Simplificado'!#REF!","v":{"$error":"#REF!"}},{"$f":"'CRO2_Crono Simplificado'!KWG4","v":0},{"$f":"'CRO2_Crono Simplificado'!#REF!","v":{"$error":"#REF!"}},{"$f":"'CRO2_Crono Simplificado'!KWI4","v":0},{"$f":"'CRO2_Crono Simplificado'!#REF!","v":{"$error":"#REF!"}},{"$f":"'CRO2_Crono Simplificado'!KWK4","v":0},{"$f":"'CRO2_Crono Simplificado'!#REF!","v":{"$error":"#REF!"}},{"$f":"'CRO2_Crono Simplificado'!KWM4","v":0},{"$f":"'CRO2_Crono Simplificado'!#REF!","v":{"$error":"#REF!"}},{"$f":"'CRO2_Crono Simplificado'!KWO4","v":0},{"$f":"'CRO2_Crono Simplificado'!#REF!","v":{"$error":"#REF!"}},{"$f":"'CRO2_Crono Simplificado'!KWQ4","v":0},{"$f":"'CRO2_Crono Simplificado'!#REF!","v":{"$error":"#REF!"}},{"$f":"'CRO2_Crono Simplificado'!KWS4","v":0},{"$f":"'CRO2_Crono Simplificado'!#REF!","v":{"$error":"#REF!"}},{"$f":"'CRO2_Crono Simplificado'!KWU4","v":0},{"$f":"'CRO2_Crono Simplificado'!#REF!","v":{"$error":"#REF!"}},{"$f":"'CRO2_Crono Simplificado'!KWW4","v":0},{"$f":"'CRO2_Crono Simplificado'!#REF!","v":{"$error":"#REF!"}},{"$f":"'CRO2_Crono Simplificado'!KWY4","v":0},{"$f":"'CRO2_Crono Simplificado'!#REF!","v":{"$error":"#REF!"}},{"$f":"'CRO2_Crono Simplificado'!KXA4","v":0},{"$f":"'CRO2_Crono Simplificado'!#REF!","v":{"$error":"#REF!"}},{"$f":"'CRO2_Crono Simplificado'!KXC4","v":0},{"$f":"'CRO2_Crono Simplificado'!#REF!","v":{"$error":"#REF!"}},{"$f":"'CRO2_Crono Simplificado'!KXE4","v":0},{"$f":"'CRO2_Crono Simplificado'!#REF!","v":{"$error":"#REF!"}},{"$f":"'CRO2_Crono Simplificado'!KXG4","v":0},{"$f":"'CRO2_Crono Simplificado'!#REF!","v":{"$error":"#REF!"}},{"$f":"'CRO2_Crono Simplificado'!KXI4","v":0},{"$f":"'CRO2_Crono Simplificado'!#REF!","v":{"$error":"#REF!"}},{"$f":"'CRO2_Crono Simplificado'!KXK4","v":0},{"$f":"'CRO2_Crono Simplificado'!#REF!","v":{"$error":"#REF!"}},{"$f":"'CRO2_Crono Simplificado'!KXM4","v":0},{"$f":"'CRO2_Crono Simplificado'!#REF!","v":{"$error":"#REF!"}},{"$f":"'CRO2_Crono Simplificado'!KXO4","v":0},{"$f":"'CRO2_Crono Simplificado'!#REF!","v":{"$error":"#REF!"}},{"$f":"'CRO2_Crono Simplificado'!KXQ4","v":0},{"$f":"'CRO2_Crono Simplificado'!#REF!","v":{"$error":"#REF!"}},{"$f":"'CRO2_Crono Simplificado'!KXS4","v":0},{"$f":"'CRO2_Crono Simplificado'!#REF!","v":{"$error":"#REF!"}},{"$f":"'CRO2_Crono Simplificado'!KXU4","v":0},{"$f":"'CRO2_Crono Simplificado'!#REF!","v":{"$error":"#REF!"}},{"$f":"'CRO2_Crono Simplificado'!KXW4","v":0},{"$f":"'CRO2_Crono Simplificado'!#REF!","v":{"$error":"#REF!"}},{"$f":"'CRO2_Crono Simplificado'!KXY4","v":0},{"$f":"'CRO2_Crono Simplificado'!#REF!","v":{"$error":"#REF!"}},{"$f":"'CRO2_Crono Simplificado'!KYA4","v":0},{"$f":"'CRO2_Crono Simplificado'!#REF!","v":{"$error":"#REF!"}},{"$f":"'CRO2_Crono Simplificado'!KYC4","v":0},{"$f":"'CRO2_Crono Simplificado'!#REF!","v":{"$error":"#REF!"}},{"$f":"'CRO2_Crono Simplificado'!KYE4","v":0},{"$f":"'CRO2_Crono Simplificado'!#REF!","v":{"$error":"#REF!"}},{"$f":"'CRO2_Crono Simplificado'!KYG4","v":0},{"$f":"'CRO2_Crono Simplificado'!#REF!","v":{"$error":"#REF!"}},{"$f":"'CRO2_Crono Simplificado'!KYI4","v":0},{"$f":"'CRO2_Crono Simplificado'!#REF!","v":{"$error":"#REF!"}},{"$f":"'CRO2_Crono Simplificado'!KYK4","v":0},{"$f":"'CRO2_Crono Simplificado'!#REF!","v":{"$error":"#REF!"}},{"$f":"'CRO2_Crono Simplificado'!KYM4","v":0},{"$f":"'CRO2_Crono Simplificado'!#REF!","v":{"$error":"#REF!"}},{"$f":"'CRO2_Crono Simplificado'!KYO4","v":0},{"$f":"'CRO2_Crono Simplificado'!#REF!","v":{"$error":"#REF!"}},{"$f":"'CRO2_Crono Simplificado'!KYQ4","v":0},{"$f":"'CRO2_Crono Simplificado'!#REF!","v":{"$error":"#REF!"}},{"$f":"'CRO2_Crono Simplificado'!KYS4","v":0},{"$f":"'CRO2_Crono Simplificado'!#REF!","v":{"$error":"#REF!"}},{"$f":"'CRO2_Crono Simplificado'!KYU4","v":0},{"$f":"'CRO2_Crono Simplificado'!#REF!","v":{"$error":"#REF!"}},{"$f":"'CRO2_Crono Simplificado'!KYW4","v":0},{"$f":"'CRO2_Crono Simplificado'!#REF!","v":{"$error":"#REF!"}},{"$f":"'CRO2_Crono Simplificado'!KYY4","v":0},{"$f":"'CRO2_Crono Simplificado'!#REF!","v":{"$error":"#REF!"}},{"$f":"'CRO2_Crono Simplificado'!KZA4","v":0},{"$f":"'CRO2_Crono Simplificado'!#REF!","v":{"$error":"#REF!"}},{"$f":"'CRO2_Crono Simplificado'!KZC4","v":0},{"$f":"'CRO2_Crono Simplificado'!#REF!","v":{"$error":"#REF!"}},{"$f":"'CRO2_Crono Simplificado'!KZE4","v":0},{"$f":"'CRO2_Crono Simplificado'!#REF!","v":{"$error":"#REF!"}},{"$f":"'CRO2_Crono Simplificado'!KZG4","v":0},{"$f":"'CRO2_Crono Simplificado'!#REF!","v":{"$error":"#REF!"}},{"$f":"'CRO2_Crono Simplificado'!KZI4","v":0},{"$f":"'CRO2_Crono Simplificado'!#REF!","v":{"$error":"#REF!"}},{"$f":"'CRO2_Crono Simplificado'!KZK4","v":0},{"$f":"'CRO2_Crono Simplificado'!#REF!","v":{"$error":"#REF!"}},{"$f":"'CRO2_Crono Simplificado'!KZM4","v":0},{"$f":"'CRO2_Crono Simplificado'!#REF!","v":{"$error":"#REF!"}},{"$f":"'CRO2_Crono Simplificado'!KZO4","v":0},{"$f":"'CRO2_Crono Simplificado'!#REF!","v":{"$error":"#REF!"}},{"$f":"'CRO2_Crono Simplificado'!KZQ4","v":0},{"$f":"'CRO2_Crono Simplificado'!#REF!","v":{"$error":"#REF!"}},{"$f":"'CRO2_Crono Simplificado'!KZS4","v":0},{"$f":"'CRO2_Crono Simplificado'!#REF!","v":{"$error":"#REF!"}},{"$f":"'CRO2_Crono Simplificado'!KZU4","v":0},{"$f":"'CRO2_Crono Simplificado'!#REF!","v":{"$error":"#REF!"}},{"$f":"'CRO2_Crono Simplificado'!KZW4","v":0},{"$f":"'CRO2_Crono Simplificado'!#REF!","v":{"$error":"#REF!"}},{"$f":"'CRO2_Crono Simplificado'!KZY4","v":0},{"$f":"'CRO2_Crono Simplificado'!#REF!","v":{"$error":"#REF!"}},{"$f":"'CRO2_Crono Simplificado'!LAA4","v":0},{"$f":"'CRO2_Crono Simplificado'!#REF!","v":{"$error":"#REF!"}},{"$f":"'CRO2_Crono Simplificado'!LAC4","v":0},{"$f":"'CRO2_Crono Simplificado'!#REF!","v":{"$error":"#REF!"}},{"$f":"'CRO2_Crono Simplificado'!LAE4","v":0},{"$f":"'CRO2_Crono Simplificado'!#REF!","v":{"$error":"#REF!"}},{"$f":"'CRO2_Crono Simplificado'!LAG4","v":0},{"$f":"'CRO2_Crono Simplificado'!#REF!","v":{"$error":"#REF!"}},{"$f":"'CRO2_Crono Simplificado'!LAI4","v":0},{"$f":"'CRO2_Crono Simplificado'!#REF!","v":{"$error":"#REF!"}},{"$f":"'CRO2_Crono Simplificado'!LAK4","v":0},{"$f":"'CRO2_Crono Simplificado'!#REF!","v":{"$error":"#REF!"}},{"$f":"'CRO2_Crono Simplificado'!LAM4","v":0},{"$f":"'CRO2_Crono Simplificado'!#REF!","v":{"$error":"#REF!"}},{"$f":"'CRO2_Crono Simplificado'!LAO4","v":0},{"$f":"'CRO2_Crono Simplificado'!#REF!","v":{"$error":"#REF!"}},{"$f":"'CRO2_Crono Simplificado'!LAQ4","v":0},{"$f":"'CRO2_Crono Simplificado'!#REF!","v":{"$error":"#REF!"}},{"$f":"'CRO2_Crono Simplificado'!LAS4","v":0},{"$f":"'CRO2_Crono Simplificado'!#REF!","v":{"$error":"#REF!"}},{"$f":"'CRO2_Crono Simplificado'!LAU4","v":0},{"$f":"'CRO2_Crono Simplificado'!#REF!","v":{"$error":"#REF!"}},{"$f":"'CRO2_Crono Simplificado'!LAW4","v":0},{"$f":"'CRO2_Crono Simplificado'!#REF!","v":{"$error":"#REF!"}},{"$f":"'CRO2_Crono Simplificado'!LAY4","v":0},{"$f":"'CRO2_Crono Simplificado'!#REF!","v":{"$error":"#REF!"}},{"$f":"'CRO2_Crono Simplificado'!LBA4","v":0},{"$f":"'CRO2_Crono Simplificado'!#REF!","v":{"$error":"#REF!"}},{"$f":"'CRO2_Crono Simplificado'!LBC4","v":0},{"$f":"'CRO2_Crono Simplificado'!#REF!","v":{"$error":"#REF!"}},{"$f":"'CRO2_Crono Simplificado'!LBE4","v":0},{"$f":"'CRO2_Crono Simplificado'!#REF!","v":{"$error":"#REF!"}},{"$f":"'CRO2_Crono Simplificado'!LBG4","v":0},{"$f":"'CRO2_Crono Simplificado'!#REF!","v":{"$error":"#REF!"}},{"$f":"'CRO2_Crono Simplificado'!LBI4","v":0},{"$f":"'CRO2_Crono Simplificado'!#REF!","v":{"$error":"#REF!"}},{"$f":"'CRO2_Crono Simplificado'!LBK4","v":0},{"$f":"'CRO2_Crono Simplificado'!#REF!","v":{"$error":"#REF!"}},{"$f":"'CRO2_Crono Simplificado'!LBM4","v":0},{"$f":"'CRO2_Crono Simplificado'!#REF!","v":{"$error":"#REF!"}},{"$f":"'CRO2_Crono Simplificado'!LBO4","v":0},{"$f":"'CRO2_Crono Simplificado'!#REF!","v":{"$error":"#REF!"}},{"$f":"'CRO2_Crono Simplificado'!LBQ4","v":0},{"$f":"'CRO2_Crono Simplificado'!#REF!","v":{"$error":"#REF!"}},{"$f":"'CRO2_Crono Simplificado'!LBS4","v":0},{"$f":"'CRO2_Crono Simplificado'!#REF!","v":{"$error":"#REF!"}},{"$f":"'CRO2_Crono Simplificado'!LBU4","v":0},{"$f":"'CRO2_Crono Simplificado'!#REF!","v":{"$error":"#REF!"}},{"$f":"'CRO2_Crono Simplificado'!LBW4","v":0},{"$f":"'CRO2_Crono Simplificado'!#REF!","v":{"$error":"#REF!"}},{"$f":"'CRO2_Crono Simplificado'!LBY4","v":0},{"$f":"'CRO2_Crono Simplificado'!#REF!","v":{"$error":"#REF!"}},{"$f":"'CRO2_Crono Simplificado'!LCA4","v":0},{"$f":"'CRO2_Crono Simplificado'!#REF!","v":{"$error":"#REF!"}},{"$f":"'CRO2_Crono Simplificado'!LCC4","v":0},{"$f":"'CRO2_Crono Simplificado'!#REF!","v":{"$error":"#REF!"}},{"$f":"'CRO2_Crono Simplificado'!LCE4","v":0},{"$f":"'CRO2_Crono Simplificado'!#REF!","v":{"$error":"#REF!"}},{"$f":"'CRO2_Crono Simplificado'!LCG4","v":0},{"$f":"'CRO2_Crono Simplificado'!#REF!","v":{"$error":"#REF!"}},{"$f":"'CRO2_Crono Simplificado'!LCI4","v":0},{"$f":"'CRO2_Crono Simplificado'!#REF!","v":{"$error":"#REF!"}},{"$f":"'CRO2_Crono Simplificado'!LCK4","v":0},{"$f":"'CRO2_Crono Simplificado'!#REF!","v":{"$error":"#REF!"}},{"$f":"'CRO2_Crono Simplificado'!LCM4","v":0},{"$f":"'CRO2_Crono Simplificado'!#REF!","v":{"$error":"#REF!"}},{"$f":"'CRO2_Crono Simplificado'!LCO4","v":0},{"$f":"'CRO2_Crono Simplificado'!#REF!","v":{"$error":"#REF!"}},{"$f":"'CRO2_Crono Simplificado'!LCQ4","v":0},{"$f":"'CRO2_Crono Simplificado'!#REF!","v":{"$error":"#REF!"}},{"$f":"'CRO2_Crono Simplificado'!LCS4","v":0},{"$f":"'CRO2_Crono Simplificado'!#REF!","v":{"$error":"#REF!"}},{"$f":"'CRO2_Crono Simplificado'!LCU4","v":0},{"$f":"'CRO2_Crono Simplificado'!#REF!","v":{"$error":"#REF!"}},{"$f":"'CRO2_Crono Simplificado'!LCW4","v":0},{"$f":"'CRO2_Crono Simplificado'!#REF!","v":{"$error":"#REF!"}},{"$f":"'CRO2_Crono Simplificado'!LCY4","v":0},{"$f":"'CRO2_Crono Simplificado'!#REF!","v":{"$error":"#REF!"}},{"$f":"'CRO2_Crono Simplificado'!LDA4","v":0},{"$f":"'CRO2_Crono Simplificado'!#REF!","v":{"$error":"#REF!"}},{"$f":"'CRO2_Crono Simplificado'!LDC4","v":0},{"$f":"'CRO2_Crono Simplificado'!#REF!","v":{"$error":"#REF!"}},{"$f":"'CRO2_Crono Simplificado'!LDE4","v":0},{"$f":"'CRO2_Crono Simplificado'!#REF!","v":{"$error":"#REF!"}},{"$f":"'CRO2_Crono Simplificado'!LDG4","v":0},{"$f":"'CRO2_Crono Simplificado'!#REF!","v":{"$error":"#REF!"}},{"$f":"'CRO2_Crono Simplificado'!LDI4","v":0},{"$f":"'CRO2_Crono Simplificado'!#REF!","v":{"$error":"#REF!"}},{"$f":"'CRO2_Crono Simplificado'!LDK4","v":0},{"$f":"'CRO2_Crono Simplificado'!#REF!","v":{"$error":"#REF!"}},{"$f":"'CRO2_Crono Simplificado'!LDM4","v":0},{"$f":"'CRO2_Crono Simplificado'!#REF!","v":{"$error":"#REF!"}},{"$f":"'CRO2_Crono Simplificado'!LDO4","v":0},{"$f":"'CRO2_Crono Simplificado'!#REF!","v":{"$error":"#REF!"}},{"$f":"'CRO2_Crono Simplificado'!LDQ4","v":0},{"$f":"'CRO2_Crono Simplificado'!#REF!","v":{"$error":"#REF!"}},{"$f":"'CRO2_Crono Simplificado'!LDS4","v":0},{"$f":"'CRO2_Crono Simplificado'!#REF!","v":{"$error":"#REF!"}},{"$f":"'CRO2_Crono Simplificado'!LDU4","v":0},{"$f":"'CRO2_Crono Simplificado'!#REF!","v":{"$error":"#REF!"}},{"$f":"'CRO2_Crono Simplificado'!LDW4","v":0},{"$f":"'CRO2_Crono Simplificado'!#REF!","v":{"$error":"#REF!"}},{"$f":"'CRO2_Crono Simplificado'!LDY4","v":0},{"$f":"'CRO2_Crono Simplificado'!#REF!","v":{"$error":"#REF!"}},{"$f":"'CRO2_Crono Simplificado'!LEA4","v":0},{"$f":"'CRO2_Crono Simplificado'!#REF!","v":{"$error":"#REF!"}},{"$f":"'CRO2_Crono Simplificado'!LEC4","v":0},{"$f":"'CRO2_Crono Simplificado'!#REF!","v":{"$error":"#REF!"}},{"$f":"'CRO2_Crono Simplificado'!LEE4","v":0},{"$f":"'CRO2_Crono Simplificado'!#REF!","v":{"$error":"#REF!"}},{"$f":"'CRO2_Crono Simplificado'!LEG4","v":0},{"$f":"'CRO2_Crono Simplificado'!#REF!","v":{"$error":"#REF!"}},{"$f":"'CRO2_Crono Simplificado'!LEI4","v":0},{"$f":"'CRO2_Crono Simplificado'!#REF!","v":{"$error":"#REF!"}},{"$f":"'CRO2_Crono Simplificado'!LEK4","v":0},{"$f":"'CRO2_Crono Simplificado'!#REF!","v":{"$error":"#REF!"}},{"$f":"'CRO2_Crono Simplificado'!LEM4","v":0},{"$f":"'CRO2_Crono Simplificado'!#REF!","v":{"$error":"#REF!"}},{"$f":"'CRO2_Crono Simplificado'!LEO4","v":0},{"$f":"'CRO2_Crono Simplificado'!#REF!","v":{"$error":"#REF!"}},{"$f":"'CRO2_Crono Simplificado'!LEQ4","v":0},{"$f":"'CRO2_Crono Simplificado'!#REF!","v":{"$error":"#REF!"}},{"$f":"'CRO2_Crono Simplificado'!LES4","v":0},{"$f":"'CRO2_Crono Simplificado'!#REF!","v":{"$error":"#REF!"}},{"$f":"'CRO2_Crono Simplificado'!LEU4","v":0},{"$f":"'CRO2_Crono Simplificado'!#REF!","v":{"$error":"#REF!"}},{"$f":"'CRO2_Crono Simplificado'!LEW4","v":0},{"$f":"'CRO2_Crono Simplificado'!#REF!","v":{"$error":"#REF!"}},{"$f":"'CRO2_Crono Simplificado'!LEY4","v":0},{"$f":"'CRO2_Crono Simplificado'!#REF!","v":{"$error":"#REF!"}},{"$f":"'CRO2_Crono Simplificado'!LFA4","v":0},{"$f":"'CRO2_Crono Simplificado'!#REF!","v":{"$error":"#REF!"}},{"$f":"'CRO2_Crono Simplificado'!LFC4","v":0},{"$f":"'CRO2_Crono Simplificado'!#REF!","v":{"$error":"#REF!"}},{"$f":"'CRO2_Crono Simplificado'!LFE4","v":0},{"$f":"'CRO2_Crono Simplificado'!#REF!","v":{"$error":"#REF!"}},{"$f":"'CRO2_Crono Simplificado'!LFG4","v":0},{"$f":"'CRO2_Crono Simplificado'!#REF!","v":{"$error":"#REF!"}},{"$f":"'CRO2_Crono Simplificado'!LFI4","v":0},{"$f":"'CRO2_Crono Simplificado'!#REF!","v":{"$error":"#REF!"}},{"$f":"'CRO2_Crono Simplificado'!LFK4","v":0},{"$f":"'CRO2_Crono Simplificado'!#REF!","v":{"$error":"#REF!"}},{"$f":"'CRO2_Crono Simplificado'!LFM4","v":0},{"$f":"'CRO2_Crono Simplificado'!#REF!","v":{"$error":"#REF!"}},{"$f":"'CRO2_Crono Simplificado'!LFO4","v":0},{"$f":"'CRO2_Crono Simplificado'!#REF!","v":{"$error":"#REF!"}},{"$f":"'CRO2_Crono Simplificado'!LFQ4","v":0},{"$f":"'CRO2_Crono Simplificado'!#REF!","v":{"$error":"#REF!"}},{"$f":"'CRO2_Crono Simplificado'!LFS4","v":0},{"$f":"'CRO2_Crono Simplificado'!#REF!","v":{"$error":"#REF!"}},{"$f":"'CRO2_Crono Simplificado'!LFU4","v":0},{"$f":"'CRO2_Crono Simplificado'!#REF!","v":{"$error":"#REF!"}},{"$f":"'CRO2_Crono Simplificado'!LFW4","v":0},{"$f":"'CRO2_Crono Simplificado'!#REF!","v":{"$error":"#REF!"}},{"$f":"'CRO2_Crono Simplificado'!LFY4","v":0},{"$f":"'CRO2_Crono Simplificado'!#REF!","v":{"$error":"#REF!"}},{"$f":"'CRO2_Crono Simplificado'!LGA4","v":0},{"$f":"'CRO2_Crono Simplificado'!#REF!","v":{"$error":"#REF!"}},{"$f":"'CRO2_Crono Simplificado'!LGC4","v":0},{"$f":"'CRO2_Crono Simplificado'!#REF!","v":{"$error":"#REF!"}},{"$f":"'CRO2_Crono Simplificado'!LGE4","v":0},{"$f":"'CRO2_Crono Simplificado'!#REF!","v":{"$error":"#REF!"}},{"$f":"'CRO2_Crono Simplificado'!LGG4","v":0},{"$f":"'CRO2_Crono Simplificado'!#REF!","v":{"$error":"#REF!"}},{"$f":"'CRO2_Crono Simplificado'!LGI4","v":0},{"$f":"'CRO2_Crono Simplificado'!#REF!","v":{"$error":"#REF!"}},{"$f":"'CRO2_Crono Simplificado'!LGK4","v":0},{"$f":"'CRO2_Crono Simplificado'!#REF!","v":{"$error":"#REF!"}},{"$f":"'CRO2_Crono Simplificado'!LGM4","v":0},{"$f":"'CRO2_Crono Simplificado'!#REF!","v":{"$error":"#REF!"}},{"$f":"'CRO2_Crono Simplificado'!LGO4","v":0},{"$f":"'CRO2_Crono Simplificado'!#REF!","v":{"$error":"#REF!"}},{"$f":"'CRO2_Crono Simplificado'!LGQ4","v":0},{"$f":"'CRO2_Crono Simplificado'!#REF!","v":{"$error":"#REF!"}},{"$f":"'CRO2_Crono Simplificado'!LGS4","v":0},{"$f":"'CRO2_Crono Simplificado'!#REF!","v":{"$error":"#REF!"}},{"$f":"'CRO2_Crono Simplificado'!LGU4","v":0},{"$f":"'CRO2_Crono Simplificado'!#REF!","v":{"$error":"#REF!"}},{"$f":"'CRO2_Crono Simplificado'!LGW4","v":0},{"$f":"'CRO2_Crono Simplificado'!#REF!","v":{"$error":"#REF!"}},{"$f":"'CRO2_Crono Simplificado'!LGY4","v":0},{"$f":"'CRO2_Crono Simplificado'!#REF!","v":{"$error":"#REF!"}},{"$f":"'CRO2_Crono Simplificado'!LHA4","v":0},{"$f":"'CRO2_Crono Simplificado'!#REF!","v":{"$error":"#REF!"}},{"$f":"'CRO2_Crono Simplificado'!LHC4","v":0},{"$f":"'CRO2_Crono Simplificado'!#REF!","v":{"$error":"#REF!"}},{"$f":"'CRO2_Crono Simplificado'!LHE4","v":0},{"$f":"'CRO2_Crono Simplificado'!#REF!","v":{"$error":"#REF!"}},{"$f":"'CRO2_Crono Simplificado'!LHG4","v":0},{"$f":"'CRO2_Crono Simplificado'!#REF!","v":{"$error":"#REF!"}},{"$f":"'CRO2_Crono Simplificado'!LHI4","v":0},{"$f":"'CRO2_Crono Simplificado'!#REF!","v":{"$error":"#REF!"}},{"$f":"'CRO2_Crono Simplificado'!LHK4","v":0},{"$f":"'CRO2_Crono Simplificado'!#REF!","v":{"$error":"#REF!"}},{"$f":"'CRO2_Crono Simplificado'!LHM4","v":0},{"$f":"'CRO2_Crono Simplificado'!#REF!","v":{"$error":"#REF!"}},{"$f":"'CRO2_Crono Simplificado'!LHO4","v":0},{"$f":"'CRO2_Crono Simplificado'!#REF!","v":{"$error":"#REF!"}},{"$f":"'CRO2_Crono Simplificado'!LHQ4","v":0},{"$f":"'CRO2_Crono Simplificado'!#REF!","v":{"$error":"#REF!"}},{"$f":"'CRO2_Crono Simplificado'!LHS4","v":0},{"$f":"'CRO2_Crono Simplificado'!#REF!","v":{"$error":"#REF!"}},{"$f":"'CRO2_Crono Simplificado'!LHU4","v":0},{"$f":"'CRO2_Crono Simplificado'!#REF!","v":{"$error":"#REF!"}},{"$f":"'CRO2_Crono Simplificado'!LHW4","v":0},{"$f":"'CRO2_Crono Simplificado'!#REF!","v":{"$error":"#REF!"}},{"$f":"'CRO2_Crono Simplificado'!LHY4","v":0},{"$f":"'CRO2_Crono Simplificado'!#REF!","v":{"$error":"#REF!"}},{"$f":"'CRO2_Crono Simplificado'!LIA4","v":0},{"$f":"'CRO2_Crono Simplificado'!#REF!","v":{"$error":"#REF!"}},{"$f":"'CRO2_Crono Simplificado'!LIC4","v":0},{"$f":"'CRO2_Crono Simplificado'!#REF!","v":{"$error":"#REF!"}},{"$f":"'CRO2_Crono Simplificado'!LIE4","v":0},{"$f":"'CRO2_Crono Simplificado'!#REF!","v":{"$error":"#REF!"}},{"$f":"'CRO2_Crono Simplificado'!LIG4","v":0},{"$f":"'CRO2_Crono Simplificado'!#REF!","v":{"$error":"#REF!"}},{"$f":"'CRO2_Crono Simplificado'!LII4","v":0},{"$f":"'CRO2_Crono Simplificado'!#REF!","v":{"$error":"#REF!"}},{"$f":"'CRO2_Crono Simplificado'!LIK4","v":0},{"$f":"'CRO2_Crono Simplificado'!#REF!","v":{"$error":"#REF!"}},{"$f":"'CRO2_Crono Simplificado'!LIM4","v":0},{"$f":"'CRO2_Crono Simplificado'!#REF!","v":{"$error":"#REF!"}},{"$f":"'CRO2_Crono Simplificado'!LIO4","v":0},{"$f":"'CRO2_Crono Simplificado'!#REF!","v":{"$error":"#REF!"}},{"$f":"'CRO2_Crono Simplificado'!LIQ4","v":0},{"$f":"'CRO2_Crono Simplificado'!#REF!","v":{"$error":"#REF!"}},{"$f":"'CRO2_Crono Simplificado'!LIS4","v":0},{"$f":"'CRO2_Crono Simplificado'!#REF!","v":{"$error":"#REF!"}},{"$f":"'CRO2_Crono Simplificado'!LIU4","v":0},{"$f":"'CRO2_Crono Simplificado'!#REF!","v":{"$error":"#REF!"}},{"$f":"'CRO2_Crono Simplificado'!LIW4","v":0},{"$f":"'CRO2_Crono Simplificado'!#REF!","v":{"$error":"#REF!"}},{"$f":"'CRO2_Crono Simplificado'!LIY4","v":0},{"$f":"'CRO2_Crono Simplificado'!#REF!","v":{"$error":"#REF!"}},{"$f":"'CRO2_Crono Simplificado'!LJA4","v":0},{"$f":"'CRO2_Crono Simplificado'!#REF!","v":{"$error":"#REF!"}},{"$f":"'CRO2_Crono Simplificado'!LJC4","v":0},{"$f":"'CRO2_Crono Simplificado'!#REF!","v":{"$error":"#REF!"}},{"$f":"'CRO2_Crono Simplificado'!LJE4","v":0},{"$f":"'CRO2_Crono Simplificado'!#REF!","v":{"$error":"#REF!"}},{"$f":"'CRO2_Crono Simplificado'!LJG4","v":0},{"$f":"'CRO2_Crono Simplificado'!#REF!","v":{"$error":"#REF!"}},{"$f":"'CRO2_Crono Simplificado'!LJI4","v":0},{"$f":"'CRO2_Crono Simplificado'!#REF!","v":{"$error":"#REF!"}},{"$f":"'CRO2_Crono Simplificado'!LJK4","v":0},{"$f":"'CRO2_Crono Simplificado'!#REF!","v":{"$error":"#REF!"}},{"$f":"'CRO2_Crono Simplificado'!LJM4","v":0},{"$f":"'CRO2_Crono Simplificado'!#REF!","v":{"$error":"#REF!"}},{"$f":"'CRO2_Crono Simplificado'!LJO4","v":0},{"$f":"'CRO2_Crono Simplificado'!#REF!","v":{"$error":"#REF!"}},{"$f":"'CRO2_Crono Simplificado'!LJQ4","v":0},{"$f":"'CRO2_Crono Simplificado'!#REF!","v":{"$error":"#REF!"}},{"$f":"'CRO2_Crono Simplificado'!LJS4","v":0},{"$f":"'CRO2_Crono Simplificado'!#REF!","v":{"$error":"#REF!"}},{"$f":"'CRO2_Crono Simplificado'!LJU4","v":0},{"$f":"'CRO2_Crono Simplificado'!#REF!","v":{"$error":"#REF!"}},{"$f":"'CRO2_Crono Simplificado'!LJW4","v":0},{"$f":"'CRO2_Crono Simplificado'!#REF!","v":{"$error":"#REF!"}},{"$f":"'CRO2_Crono Simplificado'!LJY4","v":0},{"$f":"'CRO2_Crono Simplificado'!#REF!","v":{"$error":"#REF!"}},{"$f":"'CRO2_Crono Simplificado'!LKA4","v":0},{"$f":"'CRO2_Crono Simplificado'!#REF!","v":{"$error":"#REF!"}},{"$f":"'CRO2_Crono Simplificado'!LKC4","v":0},{"$f":"'CRO2_Crono Simplificado'!#REF!","v":{"$error":"#REF!"}},{"$f":"'CRO2_Crono Simplificado'!LKE4","v":0},{"$f":"'CRO2_Crono Simplificado'!#REF!","v":{"$error":"#REF!"}},{"$f":"'CRO2_Crono Simplificado'!LKG4","v":0},{"$f":"'CRO2_Crono Simplificado'!#REF!","v":{"$error":"#REF!"}},{"$f":"'CRO2_Crono Simplificado'!LKI4","v":0},{"$f":"'CRO2_Crono Simplificado'!#REF!","v":{"$error":"#REF!"}},{"$f":"'CRO2_Crono Simplificado'!LKK4","v":0},{"$f":"'CRO2_Crono Simplificado'!#REF!","v":{"$error":"#REF!"}},{"$f":"'CRO2_Crono Simplificado'!LKM4","v":0},{"$f":"'CRO2_Crono Simplificado'!#REF!","v":{"$error":"#REF!"}},{"$f":"'CRO2_Crono Simplificado'!LKO4","v":0},{"$f":"'CRO2_Crono Simplificado'!#REF!","v":{"$error":"#REF!"}},{"$f":"'CRO2_Crono Simplificado'!LKQ4","v":0},{"$f":"'CRO2_Crono Simplificado'!#REF!","v":{"$error":"#REF!"}},{"$f":"'CRO2_Crono Simplificado'!LKS4","v":0},{"$f":"'CRO2_Crono Simplificado'!#REF!","v":{"$error":"#REF!"}},{"$f":"'CRO2_Crono Simplificado'!LKU4","v":0},{"$f":"'CRO2_Crono Simplificado'!#REF!","v":{"$error":"#REF!"}},{"$f":"'CRO2_Crono Simplificado'!LKW4","v":0},{"$f":"'CRO2_Crono Simplificado'!#REF!","v":{"$error":"#REF!"}},{"$f":"'CRO2_Crono Simplificado'!LKY4","v":0},{"$f":"'CRO2_Crono Simplificado'!#REF!","v":{"$error":"#REF!"}},{"$f":"'CRO2_Crono Simplificado'!LLA4","v":0},{"$f":"'CRO2_Crono Simplificado'!#REF!","v":{"$error":"#REF!"}},{"$f":"'CRO2_Crono Simplificado'!LLC4","v":0},{"$f":"'CRO2_Crono Simplificado'!#REF!","v":{"$error":"#REF!"}},{"$f":"'CRO2_Crono Simplificado'!LLE4","v":0},{"$f":"'CRO2_Crono Simplificado'!#REF!","v":{"$error":"#REF!"}},{"$f":"'CRO2_Crono Simplificado'!LLG4","v":0},{"$f":"'CRO2_Crono Simplificado'!#REF!","v":{"$error":"#REF!"}},{"$f":"'CRO2_Crono Simplificado'!LLI4","v":0},{"$f":"'CRO2_Crono Simplificado'!#REF!","v":{"$error":"#REF!"}},{"$f":"'CRO2_Crono Simplificado'!LLK4","v":0},{"$f":"'CRO2_Crono Simplificado'!#REF!","v":{"$error":"#REF!"}},{"$f":"'CRO2_Crono Simplificado'!LLM4","v":0},{"$f":"'CRO2_Crono Simplificado'!#REF!","v":{"$error":"#REF!"}},{"$f":"'CRO2_Crono Simplificado'!LLO4","v":0},{"$f":"'CRO2_Crono Simplificado'!#REF!","v":{"$error":"#REF!"}},{"$f":"'CRO2_Crono Simplificado'!LLQ4","v":0},{"$f":"'CRO2_Crono Simplificado'!#REF!","v":{"$error":"#REF!"}},{"$f":"'CRO2_Crono Simplificado'!LLS4","v":0},{"$f":"'CRO2_Crono Simplificado'!#REF!","v":{"$error":"#REF!"}},{"$f":"'CRO2_Crono Simplificado'!LLU4","v":0},{"$f":"'CRO2_Crono Simplificado'!#REF!","v":{"$error":"#REF!"}},{"$f":"'CRO2_Crono Simplificado'!LLW4","v":0},{"$f":"'CRO2_Crono Simplificado'!#REF!","v":{"$error":"#REF!"}},{"$f":"'CRO2_Crono Simplificado'!LLY4","v":0},{"$f":"'CRO2_Crono Simplificado'!#REF!","v":{"$error":"#REF!"}},{"$f":"'CRO2_Crono Simplificado'!LMA4","v":0},{"$f":"'CRO2_Crono Simplificado'!#REF!","v":{"$error":"#REF!"}},{"$f":"'CRO2_Crono Simplificado'!LMC4","v":0},{"$f":"'CRO2_Crono Simplificado'!#REF!","v":{"$error":"#REF!"}},{"$f":"'CRO2_Crono Simplificado'!LME4","v":0},{"$f":"'CRO2_Crono Simplificado'!#REF!","v":{"$error":"#REF!"}},{"$f":"'CRO2_Crono Simplificado'!LMG4","v":0},{"$f":"'CRO2_Crono Simplificado'!#REF!","v":{"$error":"#REF!"}},{"$f":"'CRO2_Crono Simplificado'!LMI4","v":0},{"$f":"'CRO2_Crono Simplificado'!#REF!","v":{"$error":"#REF!"}},{"$f":"'CRO2_Crono Simplificado'!LMK4","v":0},{"$f":"'CRO2_Crono Simplificado'!#REF!","v":{"$error":"#REF!"}},{"$f":"'CRO2_Crono Simplificado'!LMM4","v":0},{"$f":"'CRO2_Crono Simplificado'!#REF!","v":{"$error":"#REF!"}},{"$f":"'CRO2_Crono Simplificado'!LMO4","v":0},{"$f":"'CRO2_Crono Simplificado'!#REF!","v":{"$error":"#REF!"}},{"$f":"'CRO2_Crono Simplificado'!LMQ4","v":0},{"$f":"'CRO2_Crono Simplificado'!#REF!","v":{"$error":"#REF!"}},{"$f":"'CRO2_Crono Simplificado'!LMS4","v":0},{"$f":"'CRO2_Crono Simplificado'!#REF!","v":{"$error":"#REF!"}},{"$f":"'CRO2_Crono Simplificado'!LMU4","v":0},{"$f":"'CRO2_Crono Simplificado'!#REF!","v":{"$error":"#REF!"}},{"$f":"'CRO2_Crono Simplificado'!LMW4","v":0},{"$f":"'CRO2_Crono Simplificado'!#REF!","v":{"$error":"#REF!"}},{"$f":"'CRO2_Crono Simplificado'!LMY4","v":0},{"$f":"'CRO2_Crono Simplificado'!#REF!","v":{"$error":"#REF!"}},{"$f":"'CRO2_Crono Simplificado'!LNA4","v":0},{"$f":"'CRO2_Crono Simplificado'!#REF!","v":{"$error":"#REF!"}},{"$f":"'CRO2_Crono Simplificado'!LNC4","v":0},{"$f":"'CRO2_Crono Simplificado'!#REF!","v":{"$error":"#REF!"}},{"$f":"'CRO2_Crono Simplificado'!LNE4","v":0},{"$f":"'CRO2_Crono Simplificado'!#REF!","v":{"$error":"#REF!"}},{"$f":"'CRO2_Crono Simplificado'!LNG4","v":0},{"$f":"'CRO2_Crono Simplificado'!#REF!","v":{"$error":"#REF!"}},{"$f":"'CRO2_Crono Simplificado'!LNI4","v":0},{"$f":"'CRO2_Crono Simplificado'!#REF!","v":{"$error":"#REF!"}},{"$f":"'CRO2_Crono Simplificado'!LNK4","v":0},{"$f":"'CRO2_Crono Simplificado'!#REF!","v":{"$error":"#REF!"}},{"$f":"'CRO2_Crono Simplificado'!LNM4","v":0},{"$f":"'CRO2_Crono Simplificado'!#REF!","v":{"$error":"#REF!"}},{"$f":"'CRO2_Crono Simplificado'!LNO4","v":0},{"$f":"'CRO2_Crono Simplificado'!#REF!","v":{"$error":"#REF!"}},{"$f":"'CRO2_Crono Simplificado'!LNQ4","v":0},{"$f":"'CRO2_Crono Simplificado'!#REF!","v":{"$error":"#REF!"}},{"$f":"'CRO2_Crono Simplificado'!LNS4","v":0},{"$f":"'CRO2_Crono Simplificado'!#REF!","v":{"$error":"#REF!"}},{"$f":"'CRO2_Crono Simplificado'!LNU4","v":0},{"$f":"'CRO2_Crono Simplificado'!#REF!","v":{"$error":"#REF!"}},{"$f":"'CRO2_Crono Simplificado'!LNW4","v":0},{"$f":"'CRO2_Crono Simplificado'!#REF!","v":{"$error":"#REF!"}},{"$f":"'CRO2_Crono Simplificado'!LNY4","v":0},{"$f":"'CRO2_Crono Simplificado'!#REF!","v":{"$error":"#REF!"}},{"$f":"'CRO2_Crono Simplificado'!LOA4","v":0},{"$f":"'CRO2_Crono Simplificado'!#REF!","v":{"$error":"#REF!"}},{"$f":"'CRO2_Crono Simplificado'!LOC4","v":0},{"$f":"'CRO2_Crono Simplificado'!#REF!","v":{"$error":"#REF!"}},{"$f":"'CRO2_Crono Simplificado'!LOE4","v":0},{"$f":"'CRO2_Crono Simplificado'!#REF!","v":{"$error":"#REF!"}},{"$f":"'CRO2_Crono Simplificado'!LOG4","v":0},{"$f":"'CRO2_Crono Simplificado'!#REF!","v":{"$error":"#REF!"}},{"$f":"'CRO2_Crono Simplificado'!LOI4","v":0},{"$f":"'CRO2_Crono Simplificado'!#REF!","v":{"$error":"#REF!"}},{"$f":"'CRO2_Crono Simplificado'!LOK4","v":0},{"$f":"'CRO2_Crono Simplificado'!#REF!","v":{"$error":"#REF!"}},{"$f":"'CRO2_Crono Simplificado'!LOM4","v":0},{"$f":"'CRO2_Crono Simplificado'!#REF!","v":{"$error":"#REF!"}},{"$f":"'CRO2_Crono Simplificado'!LOO4","v":0},{"$f":"'CRO2_Crono Simplificado'!#REF!","v":{"$error":"#REF!"}},{"$f":"'CRO2_Crono Simplificado'!LOQ4","v":0},{"$f":"'CRO2_Crono Simplificado'!#REF!","v":{"$error":"#REF!"}},{"$f":"'CRO2_Crono Simplificado'!LOS4","v":0},{"$f":"'CRO2_Crono Simplificado'!#REF!","v":{"$error":"#REF!"}},{"$f":"'CRO2_Crono Simplificado'!LOU4","v":0},{"$f":"'CRO2_Crono Simplificado'!#REF!","v":{"$error":"#REF!"}},{"$f":"'CRO2_Crono Simplificado'!LOW4","v":0},{"$f":"'CRO2_Crono Simplificado'!#REF!","v":{"$error":"#REF!"}},{"$f":"'CRO2_Crono Simplificado'!LOY4","v":0},{"$f":"'CRO2_Crono Simplificado'!#REF!","v":{"$error":"#REF!"}},{"$f":"'CRO2_Crono Simplificado'!LPA4","v":0},{"$f":"'CRO2_Crono Simplificado'!#REF!","v":{"$error":"#REF!"}},{"$f":"'CRO2_Crono Simplificado'!LPC4","v":0},{"$f":"'CRO2_Crono Simplificado'!#REF!","v":{"$error":"#REF!"}},{"$f":"'CRO2_Crono Simplificado'!LPE4","v":0},{"$f":"'CRO2_Crono Simplificado'!#REF!","v":{"$error":"#REF!"}},{"$f":"'CRO2_Crono Simplificado'!LPG4","v":0},{"$f":"'CRO2_Crono Simplificado'!#REF!","v":{"$error":"#REF!"}},{"$f":"'CRO2_Crono Simplificado'!LPI4","v":0},{"$f":"'CRO2_Crono Simplificado'!#REF!","v":{"$error":"#REF!"}},{"$f":"'CRO2_Crono Simplificado'!LPK4","v":0},{"$f":"'CRO2_Crono Simplificado'!#REF!","v":{"$error":"#REF!"}},{"$f":"'CRO2_Crono Simplificado'!LPM4","v":0},{"$f":"'CRO2_Crono Simplificado'!#REF!","v":{"$error":"#REF!"}},{"$f":"'CRO2_Crono Simplificado'!LPO4","v":0},{"$f":"'CRO2_Crono Simplificado'!#REF!","v":{"$error":"#REF!"}},{"$f":"'CRO2_Crono Simplificado'!LPQ4","v":0},{"$f":"'CRO2_Crono Simplificado'!#REF!","v":{"$error":"#REF!"}},{"$f":"'CRO2_Crono Simplificado'!LPS4","v":0},{"$f":"'CRO2_Crono Simplificado'!#REF!","v":{"$error":"#REF!"}},{"$f":"'CRO2_Crono Simplificado'!LPU4","v":0},{"$f":"'CRO2_Crono Simplificado'!#REF!","v":{"$error":"#REF!"}},{"$f":"'CRO2_Crono Simplificado'!LPW4","v":0},{"$f":"'CRO2_Crono Simplificado'!#REF!","v":{"$error":"#REF!"}},{"$f":"'CRO2_Crono Simplificado'!LPY4","v":0},{"$f":"'CRO2_Crono Simplificado'!#REF!","v":{"$error":"#REF!"}},{"$f":"'CRO2_Crono Simplificado'!LQA4","v":0},{"$f":"'CRO2_Crono Simplificado'!#REF!","v":{"$error":"#REF!"}},{"$f":"'CRO2_Crono Simplificado'!LQC4","v":0},{"$f":"'CRO2_Crono Simplificado'!#REF!","v":{"$error":"#REF!"}},{"$f":"'CRO2_Crono Simplificado'!LQE4","v":0},{"$f":"'CRO2_Crono Simplificado'!#REF!","v":{"$error":"#REF!"}},{"$f":"'CRO2_Crono Simplificado'!LQG4","v":0},{"$f":"'CRO2_Crono Simplificado'!#REF!","v":{"$error":"#REF!"}},{"$f":"'CRO2_Crono Simplificado'!LQI4","v":0},{"$f":"'CRO2_Crono Simplificado'!#REF!","v":{"$error":"#REF!"}},{"$f":"'CRO2_Crono Simplificado'!LQK4","v":0},{"$f":"'CRO2_Crono Simplificado'!#REF!","v":{"$error":"#REF!"}},{"$f":"'CRO2_Crono Simplificado'!LQM4","v":0},{"$f":"'CRO2_Crono Simplificado'!#REF!","v":{"$error":"#REF!"}},{"$f":"'CRO2_Crono Simplificado'!LQO4","v":0},{"$f":"'CRO2_Crono Simplificado'!#REF!","v":{"$error":"#REF!"}},{"$f":"'CRO2_Crono Simplificado'!LQQ4","v":0},{"$f":"'CRO2_Crono Simplificado'!#REF!","v":{"$error":"#REF!"}},{"$f":"'CRO2_Crono Simplificado'!LQS4","v":0},{"$f":"'CRO2_Crono Simplificado'!#REF!","v":{"$error":"#REF!"}},{"$f":"'CRO2_Crono Simplificado'!LQU4","v":0},{"$f":"'CRO2_Crono Simplificado'!#REF!","v":{"$error":"#REF!"}},{"$f":"'CRO2_Crono Simplificado'!LQW4","v":0},{"$f":"'CRO2_Crono Simplificado'!#REF!","v":{"$error":"#REF!"}},{"$f":"'CRO2_Crono Simplificado'!LQY4","v":0},{"$f":"'CRO2_Crono Simplificado'!#REF!","v":{"$error":"#REF!"}},{"$f":"'CRO2_Crono Simplificado'!LRA4","v":0},{"$f":"'CRO2_Crono Simplificado'!#REF!","v":{"$error":"#REF!"}},{"$f":"'CRO2_Crono Simplificado'!LRC4","v":0},{"$f":"'CRO2_Crono Simplificado'!#REF!","v":{"$error":"#REF!"}},{"$f":"'CRO2_Crono Simplificado'!LRE4","v":0},{"$f":"'CRO2_Crono Simplificado'!#REF!","v":{"$error":"#REF!"}},{"$f":"'CRO2_Crono Simplificado'!LRG4","v":0},{"$f":"'CRO2_Crono Simplificado'!#REF!","v":{"$error":"#REF!"}},{"$f":"'CRO2_Crono Simplificado'!LRI4","v":0},{"$f":"'CRO2_Crono Simplificado'!#REF!","v":{"$error":"#REF!"}},{"$f":"'CRO2_Crono Simplificado'!LRK4","v":0},{"$f":"'CRO2_Crono Simplificado'!#REF!","v":{"$error":"#REF!"}},{"$f":"'CRO2_Crono Simplificado'!LRM4","v":0},{"$f":"'CRO2_Crono Simplificado'!#REF!","v":{"$error":"#REF!"}},{"$f":"'CRO2_Crono Simplificado'!LRO4","v":0},{"$f":"'CRO2_Crono Simplificado'!#REF!","v":{"$error":"#REF!"}},{"$f":"'CRO2_Crono Simplificado'!LRQ4","v":0},{"$f":"'CRO2_Crono Simplificado'!#REF!","v":{"$error":"#REF!"}},{"$f":"'CRO2_Crono Simplificado'!LRS4","v":0},{"$f":"'CRO2_Crono Simplificado'!#REF!","v":{"$error":"#REF!"}},{"$f":"'CRO2_Crono Simplificado'!LRU4","v":0},{"$f":"'CRO2_Crono Simplificado'!#REF!","v":{"$error":"#REF!"}},{"$f":"'CRO2_Crono Simplificado'!LRW4","v":0},{"$f":"'CRO2_Crono Simplificado'!#REF!","v":{"$error":"#REF!"}},{"$f":"'CRO2_Crono Simplificado'!LRY4","v":0},{"$f":"'CRO2_Crono Simplificado'!#REF!","v":{"$error":"#REF!"}},{"$f":"'CRO2_Crono Simplificado'!LSA4","v":0},{"$f":"'CRO2_Crono Simplificado'!#REF!","v":{"$error":"#REF!"}},{"$f":"'CRO2_Crono Simplificado'!LSC4","v":0},{"$f":"'CRO2_Crono Simplificado'!#REF!","v":{"$error":"#REF!"}},{"$f":"'CRO2_Crono Simplificado'!LSE4","v":0},{"$f":"'CRO2_Crono Simplificado'!#REF!","v":{"$error":"#REF!"}},{"$f":"'CRO2_Crono Simplificado'!LSG4","v":0},{"$f":"'CRO2_Crono Simplificado'!#REF!","v":{"$error":"#REF!"}},{"$f":"'CRO2_Crono Simplificado'!LSI4","v":0},{"$f":"'CRO2_Crono Simplificado'!#REF!","v":{"$error":"#REF!"}},{"$f":"'CRO2_Crono Simplificado'!LSK4","v":0},{"$f":"'CRO2_Crono Simplificado'!#REF!","v":{"$error":"#REF!"}},{"$f":"'CRO2_Crono Simplificado'!LSM4","v":0},{"$f":"'CRO2_Crono Simplificado'!#REF!","v":{"$error":"#REF!"}},{"$f":"'CRO2_Crono Simplificado'!LSO4","v":0},{"$f":"'CRO2_Crono Simplificado'!#REF!","v":{"$error":"#REF!"}},{"$f":"'CRO2_Crono Simplificado'!LSQ4","v":0},{"$f":"'CRO2_Crono Simplificado'!#REF!","v":{"$error":"#REF!"}},{"$f":"'CRO2_Crono Simplificado'!LSS4","v":0},{"$f":"'CRO2_Crono Simplificado'!#REF!","v":{"$error":"#REF!"}},{"$f":"'CRO2_Crono Simplificado'!LSU4","v":0},{"$f":"'CRO2_Crono Simplificado'!#REF!","v":{"$error":"#REF!"}},{"$f":"'CRO2_Crono Simplificado'!LSW4","v":0},{"$f":"'CRO2_Crono Simplificado'!#REF!","v":{"$error":"#REF!"}},{"$f":"'CRO2_Crono Simplificado'!LSY4","v":0},{"$f":"'CRO2_Crono Simplificado'!#REF!","v":{"$error":"#REF!"}},{"$f":"'CRO2_Crono Simplificado'!LTA4","v":0},{"$f":"'CRO2_Crono Simplificado'!#REF!","v":{"$error":"#REF!"}},{"$f":"'CRO2_Crono Simplificado'!LTC4","v":0},{"$f":"'CRO2_Crono Simplificado'!#REF!","v":{"$error":"#REF!"}},{"$f":"'CRO2_Crono Simplificado'!LTE4","v":0},{"$f":"'CRO2_Crono Simplificado'!#REF!","v":{"$error":"#REF!"}},{"$f":"'CRO2_Crono Simplificado'!LTG4","v":0},{"$f":"'CRO2_Crono Simplificado'!#REF!","v":{"$error":"#REF!"}},{"$f":"'CRO2_Crono Simplificado'!LTI4","v":0},{"$f":"'CRO2_Crono Simplificado'!#REF!","v":{"$error":"#REF!"}},{"$f":"'CRO2_Crono Simplificado'!LTK4","v":0},{"$f":"'CRO2_Crono Simplificado'!#REF!","v":{"$error":"#REF!"}},{"$f":"'CRO2_Crono Simplificado'!LTM4","v":0},{"$f":"'CRO2_Crono Simplificado'!#REF!","v":{"$error":"#REF!"}},{"$f":"'CRO2_Crono Simplificado'!LTO4","v":0},{"$f":"'CRO2_Crono Simplificado'!#REF!","v":{"$error":"#REF!"}},{"$f":"'CRO2_Crono Simplificado'!LTQ4","v":0},{"$f":"'CRO2_Crono Simplificado'!#REF!","v":{"$error":"#REF!"}},{"$f":"'CRO2_Crono Simplificado'!LTS4","v":0},{"$f":"'CRO2_Crono Simplificado'!#REF!","v":{"$error":"#REF!"}},{"$f":"'CRO2_Crono Simplificado'!LTU4","v":0},{"$f":"'CRO2_Crono Simplificado'!#REF!","v":{"$error":"#REF!"}},{"$f":"'CRO2_Crono Simplificado'!LTW4","v":0},{"$f":"'CRO2_Crono Simplificado'!#REF!","v":{"$error":"#REF!"}},{"$f":"'CRO2_Crono Simplificado'!LTY4","v":0},{"$f":"'CRO2_Crono Simplificado'!#REF!","v":{"$error":"#REF!"}},{"$f":"'CRO2_Crono Simplificado'!LUA4","v":0},{"$f":"'CRO2_Crono Simplificado'!#REF!","v":{"$error":"#REF!"}},{"$f":"'CRO2_Crono Simplificado'!LUC4","v":0},{"$f":"'CRO2_Crono Simplificado'!#REF!","v":{"$error":"#REF!"}},{"$f":"'CRO2_Crono Simplificado'!LUE4","v":0},{"$f":"'CRO2_Crono Simplificado'!#REF!","v":{"$error":"#REF!"}},{"$f":"'CRO2_Crono Simplificado'!LUG4","v":0},{"$f":"'CRO2_Crono Simplificado'!#REF!","v":{"$error":"#REF!"}},{"$f":"'CRO2_Crono Simplificado'!LUI4","v":0},{"$f":"'CRO2_Crono Simplificado'!#REF!","v":{"$error":"#REF!"}},{"$f":"'CRO2_Crono Simplificado'!LUK4","v":0},{"$f":"'CRO2_Crono Simplificado'!#REF!","v":{"$error":"#REF!"}},{"$f":"'CRO2_Crono Simplificado'!LUM4","v":0},{"$f":"'CRO2_Crono Simplificado'!#REF!","v":{"$error":"#REF!"}},{"$f":"'CRO2_Crono Simplificado'!LUO4","v":0},{"$f":"'CRO2_Crono Simplificado'!#REF!","v":{"$error":"#REF!"}},{"$f":"'CRO2_Crono Simplificado'!LUQ4","v":0},{"$f":"'CRO2_Crono Simplificado'!#REF!","v":{"$error":"#REF!"}},{"$f":"'CRO2_Crono Simplificado'!LUS4","v":0},{"$f":"'CRO2_Crono Simplificado'!#REF!","v":{"$error":"#REF!"}},{"$f":"'CRO2_Crono Simplificado'!LUU4","v":0},{"$f":"'CRO2_Crono Simplificado'!#REF!","v":{"$error":"#REF!"}},{"$f":"'CRO2_Crono Simplificado'!LUW4","v":0},{"$f":"'CRO2_Crono Simplificado'!#REF!","v":{"$error":"#REF!"}},{"$f":"'CRO2_Crono Simplificado'!LUY4","v":0},{"$f":"'CRO2_Crono Simplificado'!#REF!","v":{"$error":"#REF!"}},{"$f":"'CRO2_Crono Simplificado'!LVA4","v":0},{"$f":"'CRO2_Crono Simplificado'!#REF!","v":{"$error":"#REF!"}},{"$f":"'CRO2_Crono Simplificado'!LVC4","v":0},{"$f":"'CRO2_Crono Simplificado'!#REF!","v":{"$error":"#REF!"}},{"$f":"'CRO2_Crono Simplificado'!LVE4","v":0},{"$f":"'CRO2_Crono Simplificado'!#REF!","v":{"$error":"#REF!"}},{"$f":"'CRO2_Crono Simplificado'!LVG4","v":0},{"$f":"'CRO2_Crono Simplificado'!#REF!","v":{"$error":"#REF!"}},{"$f":"'CRO2_Crono Simplificado'!LVI4","v":0},{"$f":"'CRO2_Crono Simplificado'!#REF!","v":{"$error":"#REF!"}},{"$f":"'CRO2_Crono Simplificado'!LVK4","v":0},{"$f":"'CRO2_Crono Simplificado'!#REF!","v":{"$error":"#REF!"}},{"$f":"'CRO2_Crono Simplificado'!LVM4","v":0},{"$f":"'CRO2_Crono Simplificado'!#REF!","v":{"$error":"#REF!"}},{"$f":"'CRO2_Crono Simplificado'!LVO4","v":0},{"$f":"'CRO2_Crono Simplificado'!#REF!","v":{"$error":"#REF!"}},{"$f":"'CRO2_Crono Simplificado'!LVQ4","v":0},{"$f":"'CRO2_Crono Simplificado'!#REF!","v":{"$error":"#REF!"}},{"$f":"'CRO2_Crono Simplificado'!LVS4","v":0},{"$f":"'CRO2_Crono Simplificado'!#REF!","v":{"$error":"#REF!"}},{"$f":"'CRO2_Crono Simplificado'!LVU4","v":0},{"$f":"'CRO2_Crono Simplificado'!#REF!","v":{"$error":"#REF!"}},{"$f":"'CRO2_Crono Simplificado'!LVW4","v":0},{"$f":"'CRO2_Crono Simplificado'!#REF!","v":{"$error":"#REF!"}},{"$f":"'CRO2_Crono Simplificado'!LVY4","v":0},{"$f":"'CRO2_Crono Simplificado'!#REF!","v":{"$error":"#REF!"}},{"$f":"'CRO2_Crono Simplificado'!LWA4","v":0},{"$f":"'CRO2_Crono Simplificado'!#REF!","v":{"$error":"#REF!"}},{"$f":"'CRO2_Crono Simplificado'!LWC4","v":0},{"$f":"'CRO2_Crono Simplificado'!#REF!","v":{"$error":"#REF!"}},{"$f":"'CRO2_Crono Simplificado'!LWE4","v":0},{"$f":"'CRO2_Crono Simplificado'!#REF!","v":{"$error":"#REF!"}},{"$f":"'CRO2_Crono Simplificado'!LWG4","v":0},{"$f":"'CRO2_Crono Simplificado'!#REF!","v":{"$error":"#REF!"}},{"$f":"'CRO2_Crono Simplificado'!LWI4","v":0},{"$f":"'CRO2_Crono Simplificado'!#REF!","v":{"$error":"#REF!"}},{"$f":"'CRO2_Crono Simplificado'!LWK4","v":0},{"$f":"'CRO2_Crono Simplificado'!#REF!","v":{"$error":"#REF!"}},{"$f":"'CRO2_Crono Simplificado'!LWM4","v":0},{"$f":"'CRO2_Crono Simplificado'!#REF!","v":{"$error":"#REF!"}},{"$f":"'CRO2_Crono Simplificado'!LWO4","v":0},{"$f":"'CRO2_Crono Simplificado'!#REF!","v":{"$error":"#REF!"}},{"$f":"'CRO2_Crono Simplificado'!LWQ4","v":0},{"$f":"'CRO2_Crono Simplificado'!#REF!","v":{"$error":"#REF!"}},{"$f":"'CRO2_Crono Simplificado'!LWS4","v":0},{"$f":"'CRO2_Crono Simplificado'!#REF!","v":{"$error":"#REF!"}},{"$f":"'CRO2_Crono Simplificado'!LWU4","v":0},{"$f":"'CRO2_Crono Simplificado'!#REF!","v":{"$error":"#REF!"}},{"$f":"'CRO2_Crono Simplificado'!LWW4","v":0},{"$f":"'CRO2_Crono Simplificado'!#REF!","v":{"$error":"#REF!"}},{"$f":"'CRO2_Crono Simplificado'!LWY4","v":0},{"$f":"'CRO2_Crono Simplificado'!#REF!","v":{"$error":"#REF!"}},{"$f":"'CRO2_Crono Simplificado'!LXA4","v":0},{"$f":"'CRO2_Crono Simplificado'!#REF!","v":{"$error":"#REF!"}},{"$f":"'CRO2_Crono Simplificado'!LXC4","v":0},{"$f":"'CRO2_Crono Simplificado'!#REF!","v":{"$error":"#REF!"}},{"$f":"'CRO2_Crono Simplificado'!LXE4","v":0},{"$f":"'CRO2_Crono Simplificado'!#REF!","v":{"$error":"#REF!"}},{"$f":"'CRO2_Crono Simplificado'!LXG4","v":0},{"$f":"'CRO2_Crono Simplificado'!#REF!","v":{"$error":"#REF!"}},{"$f":"'CRO2_Crono Simplificado'!LXI4","v":0},{"$f":"'CRO2_Crono Simplificado'!#REF!","v":{"$error":"#REF!"}},{"$f":"'CRO2_Crono Simplificado'!LXK4","v":0},{"$f":"'CRO2_Crono Simplificado'!#REF!","v":{"$error":"#REF!"}},{"$f":"'CRO2_Crono Simplificado'!LXM4","v":0},{"$f":"'CRO2_Crono Simplificado'!#REF!","v":{"$error":"#REF!"}},{"$f":"'CRO2_Crono Simplificado'!LXO4","v":0},{"$f":"'CRO2_Crono Simplificado'!#REF!","v":{"$error":"#REF!"}},{"$f":"'CRO2_Crono Simplificado'!LXQ4","v":0},{"$f":"'CRO2_Crono Simplificado'!#REF!","v":{"$error":"#REF!"}},{"$f":"'CRO2_Crono Simplificado'!LXS4","v":0},{"$f":"'CRO2_Crono Simplificado'!#REF!","v":{"$error":"#REF!"}},{"$f":"'CRO2_Crono Simplificado'!LXU4","v":0},{"$f":"'CRO2_Crono Simplificado'!#REF!","v":{"$error":"#REF!"}},{"$f":"'CRO2_Crono Simplificado'!LXW4","v":0},{"$f":"'CRO2_Crono Simplificado'!#REF!","v":{"$error":"#REF!"}},{"$f":"'CRO2_Crono Simplificado'!LXY4","v":0},{"$f":"'CRO2_Crono Simplificado'!#REF!","v":{"$error":"#REF!"}},{"$f":"'CRO2_Crono Simplificado'!LYA4","v":0},{"$f":"'CRO2_Crono Simplificado'!#REF!","v":{"$error":"#REF!"}},{"$f":"'CRO2_Crono Simplificado'!LYC4","v":0},{"$f":"'CRO2_Crono Simplificado'!#REF!","v":{"$error":"#REF!"}},{"$f":"'CRO2_Crono Simplificado'!LYE4","v":0},{"$f":"'CRO2_Crono Simplificado'!#REF!","v":{"$error":"#REF!"}},{"$f":"'CRO2_Crono Simplificado'!LYG4","v":0},{"$f":"'CRO2_Crono Simplificado'!#REF!","v":{"$error":"#REF!"}},{"$f":"'CRO2_Crono Simplificado'!LYI4","v":0},{"$f":"'CRO2_Crono Simplificado'!#REF!","v":{"$error":"#REF!"}},{"$f":"'CRO2_Crono Simplificado'!LYK4","v":0},{"$f":"'CRO2_Crono Simplificado'!#REF!","v":{"$error":"#REF!"}},{"$f":"'CRO2_Crono Simplificado'!LYM4","v":0},{"$f":"'CRO2_Crono Simplificado'!#REF!","v":{"$error":"#REF!"}},{"$f":"'CRO2_Crono Simplificado'!LYO4","v":0},{"$f":"'CRO2_Crono Simplificado'!#REF!","v":{"$error":"#REF!"}},{"$f":"'CRO2_Crono Simplificado'!LYQ4","v":0},{"$f":"'CRO2_Crono Simplificado'!#REF!","v":{"$error":"#REF!"}},{"$f":"'CRO2_Crono Simplificado'!LYS4","v":0},{"$f":"'CRO2_Crono Simplificado'!#REF!","v":{"$error":"#REF!"}},{"$f":"'CRO2_Crono Simplificado'!LYU4","v":0},{"$f":"'CRO2_Crono Simplificado'!#REF!","v":{"$error":"#REF!"}},{"$f":"'CRO2_Crono Simplificado'!LYW4","v":0},{"$f":"'CRO2_Crono Simplificado'!#REF!","v":{"$error":"#REF!"}},{"$f":"'CRO2_Crono Simplificado'!LYY4","v":0},{"$f":"'CRO2_Crono Simplificado'!#REF!","v":{"$error":"#REF!"}},{"$f":"'CRO2_Crono Simplificado'!LZA4","v":0},{"$f":"'CRO2_Crono Simplificado'!#REF!","v":{"$error":"#REF!"}},{"$f":"'CRO2_Crono Simplificado'!LZC4","v":0},{"$f":"'CRO2_Crono Simplificado'!#REF!","v":{"$error":"#REF!"}},{"$f":"'CRO2_Crono Simplificado'!LZE4","v":0},{"$f":"'CRO2_Crono Simplificado'!#REF!","v":{"$error":"#REF!"}},{"$f":"'CRO2_Crono Simplificado'!LZG4","v":0},{"$f":"'CRO2_Crono Simplificado'!#REF!","v":{"$error":"#REF!"}},{"$f":"'CRO2_Crono Simplificado'!LZI4","v":0},{"$f":"'CRO2_Crono Simplificado'!#REF!","v":{"$error":"#REF!"}},{"$f":"'CRO2_Crono Simplificado'!LZK4","v":0},{"$f":"'CRO2_Crono Simplificado'!#REF!","v":{"$error":"#REF!"}},{"$f":"'CRO2_Crono Simplificado'!LZM4","v":0},{"$f":"'CRO2_Crono Simplificado'!#REF!","v":{"$error":"#REF!"}},{"$f":"'CRO2_Crono Simplificado'!LZO4","v":0},{"$f":"'CRO2_Crono Simplificado'!#REF!","v":{"$error":"#REF!"}},{"$f":"'CRO2_Crono Simplificado'!LZQ4","v":0},{"$f":"'CRO2_Crono Simplificado'!#REF!","v":{"$error":"#REF!"}},{"$f":"'CRO2_Crono Simplificado'!LZS4","v":0},{"$f":"'CRO2_Crono Simplificado'!#REF!","v":{"$error":"#REF!"}},{"$f":"'CRO2_Crono Simplificado'!LZU4","v":0},{"$f":"'CRO2_Crono Simplificado'!#REF!","v":{"$error":"#REF!"}},{"$f":"'CRO2_Crono Simplificado'!LZW4","v":0},{"$f":"'CRO2_Crono Simplificado'!#REF!","v":{"$error":"#REF!"}},{"$f":"'CRO2_Crono Simplificado'!LZY4","v":0},{"$f":"'CRO2_Crono Simplificado'!#REF!","v":{"$error":"#REF!"}},{"$f":"'CRO2_Crono Simplificado'!MAA4","v":0},{"$f":"'CRO2_Crono Simplificado'!#REF!","v":{"$error":"#REF!"}},{"$f":"'CRO2_Crono Simplificado'!MAC4","v":0},{"$f":"'CRO2_Crono Simplificado'!#REF!","v":{"$error":"#REF!"}},{"$f":"'CRO2_Crono Simplificado'!MAE4","v":0},{"$f":"'CRO2_Crono Simplificado'!#REF!","v":{"$error":"#REF!"}},{"$f":"'CRO2_Crono Simplificado'!MAG4","v":0},{"$f":"'CRO2_Crono Simplificado'!#REF!","v":{"$error":"#REF!"}},{"$f":"'CRO2_Crono Simplificado'!MAI4","v":0},{"$f":"'CRO2_Crono Simplificado'!#REF!","v":{"$error":"#REF!"}},{"$f":"'CRO2_Crono Simplificado'!MAK4","v":0},{"$f":"'CRO2_Crono Simplificado'!#REF!","v":{"$error":"#REF!"}},{"$f":"'CRO2_Crono Simplificado'!MAM4","v":0},{"$f":"'CRO2_Crono Simplificado'!#REF!","v":{"$error":"#REF!"}},{"$f":"'CRO2_Crono Simplificado'!MAO4","v":0},{"$f":"'CRO2_Crono Simplificado'!#REF!","v":{"$error":"#REF!"}},{"$f":"'CRO2_Crono Simplificado'!MAQ4","v":0},{"$f":"'CRO2_Crono Simplificado'!#REF!","v":{"$error":"#REF!"}},{"$f":"'CRO2_Crono Simplificado'!MAS4","v":0},{"$f":"'CRO2_Crono Simplificado'!#REF!","v":{"$error":"#REF!"}},{"$f":"'CRO2_Crono Simplificado'!MAU4","v":0},{"$f":"'CRO2_Crono Simplificado'!#REF!","v":{"$error":"#REF!"}},{"$f":"'CRO2_Crono Simplificado'!MAW4","v":0},{"$f":"'CRO2_Crono Simplificado'!#REF!","v":{"$error":"#REF!"}},{"$f":"'CRO2_Crono Simplificado'!MAY4","v":0},{"$f":"'CRO2_Crono Simplificado'!#REF!","v":{"$error":"#REF!"}},{"$f":"'CRO2_Crono Simplificado'!MBA4","v":0},{"$f":"'CRO2_Crono Simplificado'!#REF!","v":{"$error":"#REF!"}},{"$f":"'CRO2_Crono Simplificado'!MBC4","v":0},{"$f":"'CRO2_Crono Simplificado'!#REF!","v":{"$error":"#REF!"}},{"$f":"'CRO2_Crono Simplificado'!MBE4","v":0},{"$f":"'CRO2_Crono Simplificado'!#REF!","v":{"$error":"#REF!"}},{"$f":"'CRO2_Crono Simplificado'!MBG4","v":0},{"$f":"'CRO2_Crono Simplificado'!#REF!","v":{"$error":"#REF!"}},{"$f":"'CRO2_Crono Simplificado'!MBI4","v":0},{"$f":"'CRO2_Crono Simplificado'!#REF!","v":{"$error":"#REF!"}},{"$f":"'CRO2_Crono Simplificado'!MBK4","v":0},{"$f":"'CRO2_Crono Simplificado'!#REF!","v":{"$error":"#REF!"}},{"$f":"'CRO2_Crono Simplificado'!MBM4","v":0},{"$f":"'CRO2_Crono Simplificado'!#REF!","v":{"$error":"#REF!"}},{"$f":"'CRO2_Crono Simplificado'!MBO4","v":0},{"$f":"'CRO2_Crono Simplificado'!#REF!","v":{"$error":"#REF!"}},{"$f":"'CRO2_Crono Simplificado'!MBQ4","v":0},{"$f":"'CRO2_Crono Simplificado'!#REF!","v":{"$error":"#REF!"}},{"$f":"'CRO2_Crono Simplificado'!MBS4","v":0},{"$f":"'CRO2_Crono Simplificado'!#REF!","v":{"$error":"#REF!"}},{"$f":"'CRO2_Crono Simplificado'!MBU4","v":0},{"$f":"'CRO2_Crono Simplificado'!#REF!","v":{"$error":"#REF!"}},{"$f":"'CRO2_Crono Simplificado'!MBW4","v":0},{"$f":"'CRO2_Crono Simplificado'!#REF!","v":{"$error":"#REF!"}},{"$f":"'CRO2_Crono Simplificado'!MBY4","v":0},{"$f":"'CRO2_Crono Simplificado'!#REF!","v":{"$error":"#REF!"}},{"$f":"'CRO2_Crono Simplificado'!MCA4","v":0},{"$f":"'CRO2_Crono Simplificado'!#REF!","v":{"$error":"#REF!"}},{"$f":"'CRO2_Crono Simplificado'!MCC4","v":0},{"$f":"'CRO2_Crono Simplificado'!#REF!","v":{"$error":"#REF!"}},{"$f":"'CRO2_Crono Simplificado'!MCE4","v":0},{"$f":"'CRO2_Crono Simplificado'!#REF!","v":{"$error":"#REF!"}},{"$f":"'CRO2_Crono Simplificado'!MCG4","v":0},{"$f":"'CRO2_Crono Simplificado'!#REF!","v":{"$error":"#REF!"}},{"$f":"'CRO2_Crono Simplificado'!MCI4","v":0},{"$f":"'CRO2_Crono Simplificado'!#REF!","v":{"$error":"#REF!"}},{"$f":"'CRO2_Crono Simplificado'!MCK4","v":0},{"$f":"'CRO2_Crono Simplificado'!#REF!","v":{"$error":"#REF!"}},{"$f":"'CRO2_Crono Simplificado'!MCM4","v":0},{"$f":"'CRO2_Crono Simplificado'!#REF!","v":{"$error":"#REF!"}},{"$f":"'CRO2_Crono Simplificado'!MCO4","v":0},{"$f":"'CRO2_Crono Simplificado'!#REF!","v":{"$error":"#REF!"}},{"$f":"'CRO2_Crono Simplificado'!MCQ4","v":0},{"$f":"'CRO2_Crono Simplificado'!#REF!","v":{"$error":"#REF!"}},{"$f":"'CRO2_Crono Simplificado'!MCS4","v":0},{"$f":"'CRO2_Crono Simplificado'!#REF!","v":{"$error":"#REF!"}},{"$f":"'CRO2_Crono Simplificado'!MCU4","v":0},{"$f":"'CRO2_Crono Simplificado'!#REF!","v":{"$error":"#REF!"}},{"$f":"'CRO2_Crono Simplificado'!MCW4","v":0},{"$f":"'CRO2_Crono Simplificado'!#REF!","v":{"$error":"#REF!"}},{"$f":"'CRO2_Crono Simplificado'!MCY4","v":0},{"$f":"'CRO2_Crono Simplificado'!#REF!","v":{"$error":"#REF!"}},{"$f":"'CRO2_Crono Simplificado'!MDA4","v":0},{"$f":"'CRO2_Crono Simplificado'!#REF!","v":{"$error":"#REF!"}},{"$f":"'CRO2_Crono Simplificado'!MDC4","v":0},{"$f":"'CRO2_Crono Simplificado'!#REF!","v":{"$error":"#REF!"}},{"$f":"'CRO2_Crono Simplificado'!MDE4","v":0},{"$f":"'CRO2_Crono Simplificado'!#REF!","v":{"$error":"#REF!"}},{"$f":"'CRO2_Crono Simplificado'!MDG4","v":0},{"$f":"'CRO2_Crono Simplificado'!#REF!","v":{"$error":"#REF!"}},{"$f":"'CRO2_Crono Simplificado'!MDI4","v":0},{"$f":"'CRO2_Crono Simplificado'!#REF!","v":{"$error":"#REF!"}},{"$f":"'CRO2_Crono Simplificado'!MDK4","v":0},{"$f":"'CRO2_Crono Simplificado'!#REF!","v":{"$error":"#REF!"}},{"$f":"'CRO2_Crono Simplificado'!MDM4","v":0},{"$f":"'CRO2_Crono Simplificado'!#REF!","v":{"$error":"#REF!"}},{"$f":"'CRO2_Crono Simplificado'!MDO4","v":0},{"$f":"'CRO2_Crono Simplificado'!#REF!","v":{"$error":"#REF!"}},{"$f":"'CRO2_Crono Simplificado'!MDQ4","v":0},{"$f":"'CRO2_Crono Simplificado'!#REF!","v":{"$error":"#REF!"}},{"$f":"'CRO2_Crono Simplificado'!MDS4","v":0},{"$f":"'CRO2_Crono Simplificado'!#REF!","v":{"$error":"#REF!"}},{"$f":"'CRO2_Crono Simplificado'!MDU4","v":0},{"$f":"'CRO2_Crono Simplificado'!#REF!","v":{"$error":"#REF!"}},{"$f":"'CRO2_Crono Simplificado'!MDW4","v":0},{"$f":"'CRO2_Crono Simplificado'!#REF!","v":{"$error":"#REF!"}},{"$f":"'CRO2_Crono Simplificado'!MDY4","v":0},{"$f":"'CRO2_Crono Simplificado'!#REF!","v":{"$error":"#REF!"}},{"$f":"'CRO2_Crono Simplificado'!MEA4","v":0},{"$f":"'CRO2_Crono Simplificado'!#REF!","v":{"$error":"#REF!"}},{"$f":"'CRO2_Crono Simplificado'!MEC4","v":0},{"$f":"'CRO2_Crono Simplificado'!#REF!","v":{"$error":"#REF!"}},{"$f":"'CRO2_Crono Simplificado'!MEE4","v":0},{"$f":"'CRO2_Crono Simplificado'!#REF!","v":{"$error":"#REF!"}},{"$f":"'CRO2_Crono Simplificado'!MEG4","v":0},{"$f":"'CRO2_Crono Simplificado'!#REF!","v":{"$error":"#REF!"}},{"$f":"'CRO2_Crono Simplificado'!MEI4","v":0},{"$f":"'CRO2_Crono Simplificado'!#REF!","v":{"$error":"#REF!"}},{"$f":"'CRO2_Crono Simplificado'!MEK4","v":0},{"$f":"'CRO2_Crono Simplificado'!#REF!","v":{"$error":"#REF!"}},{"$f":"'CRO2_Crono Simplificado'!MEM4","v":0},{"$f":"'CRO2_Crono Simplificado'!#REF!","v":{"$error":"#REF!"}},{"$f":"'CRO2_Crono Simplificado'!MEO4","v":0},{"$f":"'CRO2_Crono Simplificado'!#REF!","v":{"$error":"#REF!"}},{"$f":"'CRO2_Crono Simplificado'!MEQ4","v":0},{"$f":"'CRO2_Crono Simplificado'!#REF!","v":{"$error":"#REF!"}},{"$f":"'CRO2_Crono Simplificado'!MES4","v":0},{"$f":"'CRO2_Crono Simplificado'!#REF!","v":{"$error":"#REF!"}},{"$f":"'CRO2_Crono Simplificado'!MEU4","v":0},{"$f":"'CRO2_Crono Simplificado'!#REF!","v":{"$error":"#REF!"}},{"$f":"'CRO2_Crono Simplificado'!MEW4","v":0},{"$f":"'CRO2_Crono Simplificado'!#REF!","v":{"$error":"#REF!"}},{"$f":"'CRO2_Crono Simplificado'!MEY4","v":0},{"$f":"'CRO2_Crono Simplificado'!#REF!","v":{"$error":"#REF!"}},{"$f":"'CRO2_Crono Simplificado'!MFA4","v":0},{"$f":"'CRO2_Crono Simplificado'!#REF!","v":{"$error":"#REF!"}},{"$f":"'CRO2_Crono Simplificado'!MFC4","v":0},{"$f":"'CRO2_Crono Simplificado'!#REF!","v":{"$error":"#REF!"}},{"$f":"'CRO2_Crono Simplificado'!MFE4","v":0},{"$f":"'CRO2_Crono Simplificado'!#REF!","v":{"$error":"#REF!"}},{"$f":"'CRO2_Crono Simplificado'!MFG4","v":0},{"$f":"'CRO2_Crono Simplificado'!#REF!","v":{"$error":"#REF!"}},{"$f":"'CRO2_Crono Simplificado'!MFI4","v":0},{"$f":"'CRO2_Crono Simplificado'!#REF!","v":{"$error":"#REF!"}},{"$f":"'CRO2_Crono Simplificado'!MFK4","v":0},{"$f":"'CRO2_Crono Simplificado'!#REF!","v":{"$error":"#REF!"}},{"$f":"'CRO2_Crono Simplificado'!MFM4","v":0},{"$f":"'CRO2_Crono Simplificado'!#REF!","v":{"$error":"#REF!"}},{"$f":"'CRO2_Crono Simplificado'!MFO4","v":0},{"$f":"'CRO2_Crono Simplificado'!#REF!","v":{"$error":"#REF!"}},{"$f":"'CRO2_Crono Simplificado'!MFQ4","v":0},{"$f":"'CRO2_Crono Simplificado'!#REF!","v":{"$error":"#REF!"}},{"$f":"'CRO2_Crono Simplificado'!MFS4","v":0},{"$f":"'CRO2_Crono Simplificado'!#REF!","v":{"$error":"#REF!"}},{"$f":"'CRO2_Crono Simplificado'!MFU4","v":0},{"$f":"'CRO2_Crono Simplificado'!#REF!","v":{"$error":"#REF!"}},{"$f":"'CRO2_Crono Simplificado'!MFW4","v":0},{"$f":"'CRO2_Crono Simplificado'!#REF!","v":{"$error":"#REF!"}},{"$f":"'CRO2_Crono Simplificado'!MFY4","v":0},{"$f":"'CRO2_Crono Simplificado'!#REF!","v":{"$error":"#REF!"}},{"$f":"'CRO2_Crono Simplificado'!MGA4","v":0},{"$f":"'CRO2_Crono Simplificado'!#REF!","v":{"$error":"#REF!"}},{"$f":"'CRO2_Crono Simplificado'!MGC4","v":0},{"$f":"'CRO2_Crono Simplificado'!#REF!","v":{"$error":"#REF!"}},{"$f":"'CRO2_Crono Simplificado'!MGE4","v":0},{"$f":"'CRO2_Crono Simplificado'!#REF!","v":{"$error":"#REF!"}},{"$f":"'CRO2_Crono Simplificado'!MGG4","v":0},{"$f":"'CRO2_Crono Simplificado'!#REF!","v":{"$error":"#REF!"}},{"$f":"'CRO2_Crono Simplificado'!MGI4","v":0},{"$f":"'CRO2_Crono Simplificado'!#REF!","v":{"$error":"#REF!"}},{"$f":"'CRO2_Crono Simplificado'!MGK4","v":0},{"$f":"'CRO2_Crono Simplificado'!#REF!","v":{"$error":"#REF!"}},{"$f":"'CRO2_Crono Simplificado'!MGM4","v":0},{"$f":"'CRO2_Crono Simplificado'!#REF!","v":{"$error":"#REF!"}},{"$f":"'CRO2_Crono Simplificado'!MGO4","v":0},{"$f":"'CRO2_Crono Simplificado'!#REF!","v":{"$error":"#REF!"}},{"$f":"'CRO2_Crono Simplificado'!MGQ4","v":0},{"$f":"'CRO2_Crono Simplificado'!#REF!","v":{"$error":"#REF!"}},{"$f":"'CRO2_Crono Simplificado'!MGS4","v":0},{"$f":"'CRO2_Crono Simplificado'!#REF!","v":{"$error":"#REF!"}},{"$f":"'CRO2_Crono Simplificado'!MGU4","v":0},{"$f":"'CRO2_Crono Simplificado'!#REF!","v":{"$error":"#REF!"}},{"$f":"'CRO2_Crono Simplificado'!MGW4","v":0},{"$f":"'CRO2_Crono Simplificado'!#REF!","v":{"$error":"#REF!"}},{"$f":"'CRO2_Crono Simplificado'!MGY4","v":0},{"$f":"'CRO2_Crono Simplificado'!#REF!","v":{"$error":"#REF!"}},{"$f":"'CRO2_Crono Simplificado'!MHA4","v":0},{"$f":"'CRO2_Crono Simplificado'!#REF!","v":{"$error":"#REF!"}},{"$f":"'CRO2_Crono Simplificado'!MHC4","v":0},{"$f":"'CRO2_Crono Simplificado'!#REF!","v":{"$error":"#REF!"}},{"$f":"'CRO2_Crono Simplificado'!MHE4","v":0},{"$f":"'CRO2_Crono Simplificado'!#REF!","v":{"$error":"#REF!"}},{"$f":"'CRO2_Crono Simplificado'!MHG4","v":0},{"$f":"'CRO2_Crono Simplificado'!#REF!","v":{"$error":"#REF!"}},{"$f":"'CRO2_Crono Simplificado'!MHI4","v":0},{"$f":"'CRO2_Crono Simplificado'!#REF!","v":{"$error":"#REF!"}},{"$f":"'CRO2_Crono Simplificado'!MHK4","v":0},{"$f":"'CRO2_Crono Simplificado'!#REF!","v":{"$error":"#REF!"}},{"$f":"'CRO2_Crono Simplificado'!MHM4","v":0},{"$f":"'CRO2_Crono Simplificado'!#REF!","v":{"$error":"#REF!"}},{"$f":"'CRO2_Crono Simplificado'!MHO4","v":0},{"$f":"'CRO2_Crono Simplificado'!#REF!","v":{"$error":"#REF!"}},{"$f":"'CRO2_Crono Simplificado'!MHQ4","v":0},{"$f":"'CRO2_Crono Simplificado'!#REF!","v":{"$error":"#REF!"}},{"$f":"'CRO2_Crono Simplificado'!MHS4","v":0},{"$f":"'CRO2_Crono Simplificado'!#REF!","v":{"$error":"#REF!"}},{"$f":"'CRO2_Crono Simplificado'!MHU4","v":0},{"$f":"'CRO2_Crono Simplificado'!#REF!","v":{"$error":"#REF!"}},{"$f":"'CRO2_Crono Simplificado'!MHW4","v":0},{"$f":"'CRO2_Crono Simplificado'!#REF!","v":{"$error":"#REF!"}},{"$f":"'CRO2_Crono Simplificado'!MHY4","v":0},{"$f":"'CRO2_Crono Simplificado'!#REF!","v":{"$error":"#REF!"}},{"$f":"'CRO2_Crono Simplificado'!MIA4","v":0},{"$f":"'CRO2_Crono Simplificado'!#REF!","v":{"$error":"#REF!"}},{"$f":"'CRO2_Crono Simplificado'!MIC4","v":0},{"$f":"'CRO2_Crono Simplificado'!#REF!","v":{"$error":"#REF!"}},{"$f":"'CRO2_Crono Simplificado'!MIE4","v":0},{"$f":"'CRO2_Crono Simplificado'!#REF!","v":{"$error":"#REF!"}},{"$f":"'CRO2_Crono Simplificado'!MIG4","v":0},{"$f":"'CRO2_Crono Simplificado'!#REF!","v":{"$error":"#REF!"}},{"$f":"'CRO2_Crono Simplificado'!MII4","v":0},{"$f":"'CRO2_Crono Simplificado'!#REF!","v":{"$error":"#REF!"}},{"$f":"'CRO2_Crono Simplificado'!MIK4","v":0},{"$f":"'CRO2_Crono Simplificado'!#REF!","v":{"$error":"#REF!"}},{"$f":"'CRO2_Crono Simplificado'!MIM4","v":0},{"$f":"'CRO2_Crono Simplificado'!#REF!","v":{"$error":"#REF!"}},{"$f":"'CRO2_Crono Simplificado'!MIO4","v":0},{"$f":"'CRO2_Crono Simplificado'!#REF!","v":{"$error":"#REF!"}},{"$f":"'CRO2_Crono Simplificado'!MIQ4","v":0},{"$f":"'CRO2_Crono Simplificado'!#REF!","v":{"$error":"#REF!"}},{"$f":"'CRO2_Crono Simplificado'!MIS4","v":0},{"$f":"'CRO2_Crono Simplificado'!#REF!","v":{"$error":"#REF!"}},{"$f":"'CRO2_Crono Simplificado'!MIU4","v":0},{"$f":"'CRO2_Crono Simplificado'!#REF!","v":{"$error":"#REF!"}},{"$f":"'CRO2_Crono Simplificado'!MIW4","v":0},{"$f":"'CRO2_Crono Simplificado'!#REF!","v":{"$error":"#REF!"}},{"$f":"'CRO2_Crono Simplificado'!MIY4","v":0},{"$f":"'CRO2_Crono Simplificado'!#REF!","v":{"$error":"#REF!"}},{"$f":"'CRO2_Crono Simplificado'!MJA4","v":0},{"$f":"'CRO2_Crono Simplificado'!#REF!","v":{"$error":"#REF!"}},{"$f":"'CRO2_Crono Simplificado'!MJC4","v":0},{"$f":"'CRO2_Crono Simplificado'!#REF!","v":{"$error":"#REF!"}},{"$f":"'CRO2_Crono Simplificado'!MJE4","v":0},{"$f":"'CRO2_Crono Simplificado'!#REF!","v":{"$error":"#REF!"}},{"$f":"'CRO2_Crono Simplificado'!MJG4","v":0},{"$f":"'CRO2_Crono Simplificado'!#REF!","v":{"$error":"#REF!"}},{"$f":"'CRO2_Crono Simplificado'!MJI4","v":0},{"$f":"'CRO2_Crono Simplificado'!#REF!","v":{"$error":"#REF!"}},{"$f":"'CRO2_Crono Simplificado'!MJK4","v":0},{"$f":"'CRO2_Crono Simplificado'!#REF!","v":{"$error":"#REF!"}},{"$f":"'CRO2_Crono Simplificado'!MJM4","v":0},{"$f":"'CRO2_Crono Simplificado'!#REF!","v":{"$error":"#REF!"}},{"$f":"'CRO2_Crono Simplificado'!MJO4","v":0},{"$f":"'CRO2_Crono Simplificado'!#REF!","v":{"$error":"#REF!"}},{"$f":"'CRO2_Crono Simplificado'!MJQ4","v":0},{"$f":"'CRO2_Crono Simplificado'!#REF!","v":{"$error":"#REF!"}},{"$f":"'CRO2_Crono Simplificado'!MJS4","v":0},{"$f":"'CRO2_Crono Simplificado'!#REF!","v":{"$error":"#REF!"}},{"$f":"'CRO2_Crono Simplificado'!MJU4","v":0},{"$f":"'CRO2_Crono Simplificado'!#REF!","v":{"$error":"#REF!"}},{"$f":"'CRO2_Crono Simplificado'!MJW4","v":0},{"$f":"'CRO2_Crono Simplificado'!#REF!","v":{"$error":"#REF!"}},{"$f":"'CRO2_Crono Simplificado'!MJY4","v":0},{"$f":"'CRO2_Crono Simplificado'!#REF!","v":{"$error":"#REF!"}},{"$f":"'CRO2_Crono Simplificado'!MKA4","v":0},{"$f":"'CRO2_Crono Simplificado'!#REF!","v":{"$error":"#REF!"}},{"$f":"'CRO2_Crono Simplificado'!MKC4","v":0},{"$f":"'CRO2_Crono Simplificado'!#REF!","v":{"$error":"#REF!"}},{"$f":"'CRO2_Crono Simplificado'!MKE4","v":0},{"$f":"'CRO2_Crono Simplificado'!#REF!","v":{"$error":"#REF!"}},{"$f":"'CRO2_Crono Simplificado'!MKG4","v":0},{"$f":"'CRO2_Crono Simplificado'!#REF!","v":{"$error":"#REF!"}},{"$f":"'CRO2_Crono Simplificado'!MKI4","v":0},{"$f":"'CRO2_Crono Simplificado'!#REF!","v":{"$error":"#REF!"}},{"$f":"'CRO2_Crono Simplificado'!MKK4","v":0},{"$f":"'CRO2_Crono Simplificado'!#REF!","v":{"$error":"#REF!"}},{"$f":"'CRO2_Crono Simplificado'!MKM4","v":0},{"$f":"'CRO2_Crono Simplificado'!#REF!","v":{"$error":"#REF!"}},{"$f":"'CRO2_Crono Simplificado'!MKO4","v":0},{"$f":"'CRO2_Crono Simplificado'!#REF!","v":{"$error":"#REF!"}},{"$f":"'CRO2_Crono Simplificado'!MKQ4","v":0},{"$f":"'CRO2_Crono Simplificado'!#REF!","v":{"$error":"#REF!"}},{"$f":"'CRO2_Crono Simplificado'!MKS4","v":0},{"$f":"'CRO2_Crono Simplificado'!#REF!","v":{"$error":"#REF!"}},{"$f":"'CRO2_Crono Simplificado'!MKU4","v":0},{"$f":"'CRO2_Crono Simplificado'!#REF!","v":{"$error":"#REF!"}},{"$f":"'CRO2_Crono Simplificado'!MKW4","v":0},{"$f":"'CRO2_Crono Simplificado'!#REF!","v":{"$error":"#REF!"}},{"$f":"'CRO2_Crono Simplificado'!MKY4","v":0},{"$f":"'CRO2_Crono Simplificado'!#REF!","v":{"$error":"#REF!"}},{"$f":"'CRO2_Crono Simplificado'!MLA4","v":0},{"$f":"'CRO2_Crono Simplificado'!#REF!","v":{"$error":"#REF!"}},{"$f":"'CRO2_Crono Simplificado'!MLC4","v":0},{"$f":"'CRO2_Crono Simplificado'!#REF!","v":{"$error":"#REF!"}},{"$f":"'CRO2_Crono Simplificado'!MLE4","v":0},{"$f":"'CRO2_Crono Simplificado'!#REF!","v":{"$error":"#REF!"}},{"$f":"'CRO2_Crono Simplificado'!MLG4","v":0},{"$f":"'CRO2_Crono Simplificado'!#REF!","v":{"$error":"#REF!"}},{"$f":"'CRO2_Crono Simplificado'!MLI4","v":0},{"$f":"'CRO2_Crono Simplificado'!#REF!","v":{"$error":"#REF!"}},{"$f":"'CRO2_Crono Simplificado'!MLK4","v":0},{"$f":"'CRO2_Crono Simplificado'!#REF!","v":{"$error":"#REF!"}},{"$f":"'CRO2_Crono Simplificado'!MLM4","v":0},{"$f":"'CRO2_Crono Simplificado'!#REF!","v":{"$error":"#REF!"}},{"$f":"'CRO2_Crono Simplificado'!MLO4","v":0},{"$f":"'CRO2_Crono Simplificado'!#REF!","v":{"$error":"#REF!"}},{"$f":"'CRO2_Crono Simplificado'!MLQ4","v":0},{"$f":"'CRO2_Crono Simplificado'!#REF!","v":{"$error":"#REF!"}},{"$f":"'CRO2_Crono Simplificado'!MLS4","v":0},{"$f":"'CRO2_Crono Simplificado'!#REF!","v":{"$error":"#REF!"}},{"$f":"'CRO2_Crono Simplificado'!MLU4","v":0},{"$f":"'CRO2_Crono Simplificado'!#REF!","v":{"$error":"#REF!"}},{"$f":"'CRO2_Crono Simplificado'!MLW4","v":0},{"$f":"'CRO2_Crono Simplificado'!#REF!","v":{"$error":"#REF!"}},{"$f":"'CRO2_Crono Simplificado'!MLY4","v":0},{"$f":"'CRO2_Crono Simplificado'!#REF!","v":{"$error":"#REF!"}},{"$f":"'CRO2_Crono Simplificado'!MMA4","v":0},{"$f":"'CRO2_Crono Simplificado'!#REF!","v":{"$error":"#REF!"}},{"$f":"'CRO2_Crono Simplificado'!MMC4","v":0},{"$f":"'CRO2_Crono Simplificado'!#REF!","v":{"$error":"#REF!"}},{"$f":"'CRO2_Crono Simplificado'!MME4","v":0},{"$f":"'CRO2_Crono Simplificado'!#REF!","v":{"$error":"#REF!"}},{"$f":"'CRO2_Crono Simplificado'!MMG4","v":0},{"$f":"'CRO2_Crono Simplificado'!#REF!","v":{"$error":"#REF!"}},{"$f":"'CRO2_Crono Simplificado'!MMI4","v":0},{"$f":"'CRO2_Crono Simplificado'!#REF!","v":{"$error":"#REF!"}},{"$f":"'CRO2_Crono Simplificado'!MMK4","v":0},{"$f":"'CRO2_Crono Simplificado'!#REF!","v":{"$error":"#REF!"}},{"$f":"'CRO2_Crono Simplificado'!MMM4","v":0},{"$f":"'CRO2_Crono Simplificado'!#REF!","v":{"$error":"#REF!"}},{"$f":"'CRO2_Crono Simplificado'!MMO4","v":0},{"$f":"'CRO2_Crono Simplificado'!#REF!","v":{"$error":"#REF!"}},{"$f":"'CRO2_Crono Simplificado'!MMQ4","v":0},{"$f":"'CRO2_Crono Simplificado'!#REF!","v":{"$error":"#REF!"}},{"$f":"'CRO2_Crono Simplificado'!MMS4","v":0},{"$f":"'CRO2_Crono Simplificado'!#REF!","v":{"$error":"#REF!"}},{"$f":"'CRO2_Crono Simplificado'!MMU4","v":0},{"$f":"'CRO2_Crono Simplificado'!#REF!","v":{"$error":"#REF!"}},{"$f":"'CRO2_Crono Simplificado'!MMW4","v":0},{"$f":"'CRO2_Crono Simplificado'!#REF!","v":{"$error":"#REF!"}},{"$f":"'CRO2_Crono Simplificado'!MMY4","v":0},{"$f":"'CRO2_Crono Simplificado'!#REF!","v":{"$error":"#REF!"}},{"$f":"'CRO2_Crono Simplificado'!MNA4","v":0},{"$f":"'CRO2_Crono Simplificado'!#REF!","v":{"$error":"#REF!"}},{"$f":"'CRO2_Crono Simplificado'!MNC4","v":0},{"$f":"'CRO2_Crono Simplificado'!#REF!","v":{"$error":"#REF!"}},{"$f":"'CRO2_Crono Simplificado'!MNE4","v":0},{"$f":"'CRO2_Crono Simplificado'!#REF!","v":{"$error":"#REF!"}},{"$f":"'CRO2_Crono Simplificado'!MNG4","v":0},{"$f":"'CRO2_Crono Simplificado'!#REF!","v":{"$error":"#REF!"}},{"$f":"'CRO2_Crono Simplificado'!MNI4","v":0},{"$f":"'CRO2_Crono Simplificado'!#REF!","v":{"$error":"#REF!"}},{"$f":"'CRO2_Crono Simplificado'!MNK4","v":0},{"$f":"'CRO2_Crono Simplificado'!#REF!","v":{"$error":"#REF!"}},{"$f":"'CRO2_Crono Simplificado'!MNM4","v":0},{"$f":"'CRO2_Crono Simplificado'!#REF!","v":{"$error":"#REF!"}},{"$f":"'CRO2_Crono Simplificado'!MNO4","v":0},{"$f":"'CRO2_Crono Simplificado'!#REF!","v":{"$error":"#REF!"}},{"$f":"'CRO2_Crono Simplificado'!MNQ4","v":0},{"$f":"'CRO2_Crono Simplificado'!#REF!","v":{"$error":"#REF!"}},{"$f":"'CRO2_Crono Simplificado'!MNS4","v":0},{"$f":"'CRO2_Crono Simplificado'!#REF!","v":{"$error":"#REF!"}},{"$f":"'CRO2_Crono Simplificado'!MNU4","v":0},{"$f":"'CRO2_Crono Simplificado'!#REF!","v":{"$error":"#REF!"}},{"$f":"'CRO2_Crono Simplificado'!MNW4","v":0},{"$f":"'CRO2_Crono Simplificado'!#REF!","v":{"$error":"#REF!"}},{"$f":"'CRO2_Crono Simplificado'!MNY4","v":0},{"$f":"'CRO2_Crono Simplificado'!#REF!","v":{"$error":"#REF!"}},{"$f":"'CRO2_Crono Simplificado'!MOA4","v":0},{"$f":"'CRO2_Crono Simplificado'!#REF!","v":{"$error":"#REF!"}},{"$f":"'CRO2_Crono Simplificado'!MOC4","v":0},{"$f":"'CRO2_Crono Simplificado'!#REF!","v":{"$error":"#REF!"}},{"$f":"'CRO2_Crono Simplificado'!MOE4","v":0},{"$f":"'CRO2_Crono Simplificado'!#REF!","v":{"$error":"#REF!"}},{"$f":"'CRO2_Crono Simplificado'!MOG4","v":0},{"$f":"'CRO2_Crono Simplificado'!#REF!","v":{"$error":"#REF!"}},{"$f":"'CRO2_Crono Simplificado'!MOI4","v":0},{"$f":"'CRO2_Crono Simplificado'!#REF!","v":{"$error":"#REF!"}},{"$f":"'CRO2_Crono Simplificado'!MOK4","v":0},{"$f":"'CRO2_Crono Simplificado'!#REF!","v":{"$error":"#REF!"}},{"$f":"'CRO2_Crono Simplificado'!MOM4","v":0},{"$f":"'CRO2_Crono Simplificado'!#REF!","v":{"$error":"#REF!"}},{"$f":"'CRO2_Crono Simplificado'!MOO4","v":0},{"$f":"'CRO2_Crono Simplificado'!#REF!","v":{"$error":"#REF!"}},{"$f":"'CRO2_Crono Simplificado'!MOQ4","v":0},{"$f":"'CRO2_Crono Simplificado'!#REF!","v":{"$error":"#REF!"}},{"$f":"'CRO2_Crono Simplificado'!MOS4","v":0},{"$f":"'CRO2_Crono Simplificado'!#REF!","v":{"$error":"#REF!"}},{"$f":"'CRO2_Crono Simplificado'!MOU4","v":0},{"$f":"'CRO2_Crono Simplificado'!#REF!","v":{"$error":"#REF!"}},{"$f":"'CRO2_Crono Simplificado'!MOW4","v":0},{"$f":"'CRO2_Crono Simplificado'!#REF!","v":{"$error":"#REF!"}},{"$f":"'CRO2_Crono Simplificado'!MOY4","v":0},{"$f":"'CRO2_Crono Simplificado'!#REF!","v":{"$error":"#REF!"}},{"$f":"'CRO2_Crono Simplificado'!MPA4","v":0},{"$f":"'CRO2_Crono Simplificado'!#REF!","v":{"$error":"#REF!"}},{"$f":"'CRO2_Crono Simplificado'!MPC4","v":0},{"$f":"'CRO2_Crono Simplificado'!#REF!","v":{"$error":"#REF!"}},{"$f":"'CRO2_Crono Simplificado'!MPE4","v":0},{"$f":"'CRO2_Crono Simplificado'!#REF!","v":{"$error":"#REF!"}},{"$f":"'CRO2_Crono Simplificado'!MPG4","v":0},{"$f":"'CRO2_Crono Simplificado'!#REF!","v":{"$error":"#REF!"}},{"$f":"'CRO2_Crono Simplificado'!MPI4","v":0},{"$f":"'CRO2_Crono Simplificado'!#REF!","v":{"$error":"#REF!"}},{"$f":"'CRO2_Crono Simplificado'!MPK4","v":0},{"$f":"'CRO2_Crono Simplificado'!#REF!","v":{"$error":"#REF!"}},{"$f":"'CRO2_Crono Simplificado'!MPM4","v":0},{"$f":"'CRO2_Crono Simplificado'!#REF!","v":{"$error":"#REF!"}},{"$f":"'CRO2_Crono Simplificado'!MPO4","v":0},{"$f":"'CRO2_Crono Simplificado'!#REF!","v":{"$error":"#REF!"}},{"$f":"'CRO2_Crono Simplificado'!MPQ4","v":0},{"$f":"'CRO2_Crono Simplificado'!#REF!","v":{"$error":"#REF!"}},{"$f":"'CRO2_Crono Simplificado'!MPS4","v":0},{"$f":"'CRO2_Crono Simplificado'!#REF!","v":{"$error":"#REF!"}},{"$f":"'CRO2_Crono Simplificado'!MPU4","v":0},{"$f":"'CRO2_Crono Simplificado'!#REF!","v":{"$error":"#REF!"}},{"$f":"'CRO2_Crono Simplificado'!MPW4","v":0},{"$f":"'CRO2_Crono Simplificado'!#REF!","v":{"$error":"#REF!"}},{"$f":"'CRO2_Crono Simplificado'!MPY4","v":0},{"$f":"'CRO2_Crono Simplificado'!#REF!","v":{"$error":"#REF!"}},{"$f":"'CRO2_Crono Simplificado'!MQA4","v":0},{"$f":"'CRO2_Crono Simplificado'!#REF!","v":{"$error":"#REF!"}},{"$f":"'CRO2_Crono Simplificado'!MQC4","v":0},{"$f":"'CRO2_Crono Simplificado'!#REF!","v":{"$error":"#REF!"}},{"$f":"'CRO2_Crono Simplificado'!MQE4","v":0},{"$f":"'CRO2_Crono Simplificado'!#REF!","v":{"$error":"#REF!"}},{"$f":"'CRO2_Crono Simplificado'!MQG4","v":0},{"$f":"'CRO2_Crono Simplificado'!#REF!","v":{"$error":"#REF!"}},{"$f":"'CRO2_Crono Simplificado'!MQI4","v":0},{"$f":"'CRO2_Crono Simplificado'!#REF!","v":{"$error":"#REF!"}},{"$f":"'CRO2_Crono Simplificado'!MQK4","v":0},{"$f":"'CRO2_Crono Simplificado'!#REF!","v":{"$error":"#REF!"}},{"$f":"'CRO2_Crono Simplificado'!MQM4","v":0},{"$f":"'CRO2_Crono Simplificado'!#REF!","v":{"$error":"#REF!"}},{"$f":"'CRO2_Crono Simplificado'!MQO4","v":0},{"$f":"'CRO2_Crono Simplificado'!#REF!","v":{"$error":"#REF!"}},{"$f":"'CRO2_Crono Simplificado'!MQQ4","v":0},{"$f":"'CRO2_Crono Simplificado'!#REF!","v":{"$error":"#REF!"}},{"$f":"'CRO2_Crono Simplificado'!MQS4","v":0},{"$f":"'CRO2_Crono Simplificado'!#REF!","v":{"$error":"#REF!"}},{"$f":"'CRO2_Crono Simplificado'!MQU4","v":0},{"$f":"'CRO2_Crono Simplificado'!#REF!","v":{"$error":"#REF!"}},{"$f":"'CRO2_Crono Simplificado'!MQW4","v":0},{"$f":"'CRO2_Crono Simplificado'!#REF!","v":{"$error":"#REF!"}},{"$f":"'CRO2_Crono Simplificado'!MQY4","v":0},{"$f":"'CRO2_Crono Simplificado'!#REF!","v":{"$error":"#REF!"}},{"$f":"'CRO2_Crono Simplificado'!MRA4","v":0},{"$f":"'CRO2_Crono Simplificado'!#REF!","v":{"$error":"#REF!"}},{"$f":"'CRO2_Crono Simplificado'!MRC4","v":0},{"$f":"'CRO2_Crono Simplificado'!#REF!","v":{"$error":"#REF!"}},{"$f":"'CRO2_Crono Simplificado'!MRE4","v":0},{"$f":"'CRO2_Crono Simplificado'!#REF!","v":{"$error":"#REF!"}},{"$f":"'CRO2_Crono Simplificado'!MRG4","v":0},{"$f":"'CRO2_Crono Simplificado'!#REF!","v":{"$error":"#REF!"}},{"$f":"'CRO2_Crono Simplificado'!MRI4","v":0},{"$f":"'CRO2_Crono Simplificado'!#REF!","v":{"$error":"#REF!"}},{"$f":"'CRO2_Crono Simplificado'!MRK4","v":0},{"$f":"'CRO2_Crono Simplificado'!#REF!","v":{"$error":"#REF!"}},{"$f":"'CRO2_Crono Simplificado'!MRM4","v":0},{"$f":"'CRO2_Crono Simplificado'!#REF!","v":{"$error":"#REF!"}},{"$f":"'CRO2_Crono Simplificado'!MRO4","v":0},{"$f":"'CRO2_Crono Simplificado'!#REF!","v":{"$error":"#REF!"}},{"$f":"'CRO2_Crono Simplificado'!MRQ4","v":0},{"$f":"'CRO2_Crono Simplificado'!#REF!","v":{"$error":"#REF!"}},{"$f":"'CRO2_Crono Simplificado'!MRS4","v":0},{"$f":"'CRO2_Crono Simplificado'!#REF!","v":{"$error":"#REF!"}},{"$f":"'CRO2_Crono Simplificado'!MRU4","v":0},{"$f":"'CRO2_Crono Simplificado'!#REF!","v":{"$error":"#REF!"}},{"$f":"'CRO2_Crono Simplificado'!MRW4","v":0},{"$f":"'CRO2_Crono Simplificado'!#REF!","v":{"$error":"#REF!"}},{"$f":"'CRO2_Crono Simplificado'!MRY4","v":0},{"$f":"'CRO2_Crono Simplificado'!#REF!","v":{"$error":"#REF!"}},{"$f":"'CRO2_Crono Simplificado'!MSA4","v":0},{"$f":"'CRO2_Crono Simplificado'!#REF!","v":{"$error":"#REF!"}},{"$f":"'CRO2_Crono Simplificado'!MSC4","v":0},{"$f":"'CRO2_Crono Simplificado'!#REF!","v":{"$error":"#REF!"}},{"$f":"'CRO2_Crono Simplificado'!MSE4","v":0},{"$f":"'CRO2_Crono Simplificado'!#REF!","v":{"$error":"#REF!"}},{"$f":"'CRO2_Crono Simplificado'!MSG4","v":0},{"$f":"'CRO2_Crono Simplificado'!#REF!","v":{"$error":"#REF!"}},{"$f":"'CRO2_Crono Simplificado'!MSI4","v":0},{"$f":"'CRO2_Crono Simplificado'!#REF!","v":{"$error":"#REF!"}},{"$f":"'CRO2_Crono Simplificado'!MSK4","v":0},{"$f":"'CRO2_Crono Simplificado'!#REF!","v":{"$error":"#REF!"}},{"$f":"'CRO2_Crono Simplificado'!MSM4","v":0},{"$f":"'CRO2_Crono Simplificado'!#REF!","v":{"$error":"#REF!"}},{"$f":"'CRO2_Crono Simplificado'!MSO4","v":0},{"$f":"'CRO2_Crono Simplificado'!#REF!","v":{"$error":"#REF!"}},{"$f":"'CRO2_Crono Simplificado'!MSQ4","v":0},{"$f":"'CRO2_Crono Simplificado'!#REF!","v":{"$error":"#REF!"}},{"$f":"'CRO2_Crono Simplificado'!MSS4","v":0},{"$f":"'CRO2_Crono Simplificado'!#REF!","v":{"$error":"#REF!"}},{"$f":"'CRO2_Crono Simplificado'!MSU4","v":0},{"$f":"'CRO2_Crono Simplificado'!#REF!","v":{"$error":"#REF!"}},{"$f":"'CRO2_Crono Simplificado'!MSW4","v":0},{"$f":"'CRO2_Crono Simplificado'!#REF!","v":{"$error":"#REF!"}},{"$f":"'CRO2_Crono Simplificado'!MSY4","v":0},{"$f":"'CRO2_Crono Simplificado'!#REF!","v":{"$error":"#REF!"}},{"$f":"'CRO2_Crono Simplificado'!MTA4","v":0},{"$f":"'CRO2_Crono Simplificado'!#REF!","v":{"$error":"#REF!"}},{"$f":"'CRO2_Crono Simplificado'!MTC4","v":0},{"$f":"'CRO2_Crono Simplificado'!#REF!","v":{"$error":"#REF!"}},{"$f":"'CRO2_Crono Simplificado'!MTE4","v":0},{"$f":"'CRO2_Crono Simplificado'!#REF!","v":{"$error":"#REF!"}},{"$f":"'CRO2_Crono Simplificado'!MTG4","v":0},{"$f":"'CRO2_Crono Simplificado'!#REF!","v":{"$error":"#REF!"}},{"$f":"'CRO2_Crono Simplificado'!MTI4","v":0},{"$f":"'CRO2_Crono Simplificado'!#REF!","v":{"$error":"#REF!"}},{"$f":"'CRO2_Crono Simplificado'!MTK4","v":0},{"$f":"'CRO2_Crono Simplificado'!#REF!","v":{"$error":"#REF!"}},{"$f":"'CRO2_Crono Simplificado'!MTM4","v":0},{"$f":"'CRO2_Crono Simplificado'!#REF!","v":{"$error":"#REF!"}},{"$f":"'CRO2_Crono Simplificado'!MTO4","v":0},{"$f":"'CRO2_Crono Simplificado'!#REF!","v":{"$error":"#REF!"}},{"$f":"'CRO2_Crono Simplificado'!MTQ4","v":0},{"$f":"'CRO2_Crono Simplificado'!#REF!","v":{"$error":"#REF!"}},{"$f":"'CRO2_Crono Simplificado'!MTS4","v":0},{"$f":"'CRO2_Crono Simplificado'!#REF!","v":{"$error":"#REF!"}},{"$f":"'CRO2_Crono Simplificado'!MTU4","v":0},{"$f":"'CRO2_Crono Simplificado'!#REF!","v":{"$error":"#REF!"}},{"$f":"'CRO2_Crono Simplificado'!MTW4","v":0},{"$f":"'CRO2_Crono Simplificado'!#REF!","v":{"$error":"#REF!"}},{"$f":"'CRO2_Crono Simplificado'!MTY4","v":0},{"$f":"'CRO2_Crono Simplificado'!#REF!","v":{"$error":"#REF!"}},{"$f":"'CRO2_Crono Simplificado'!MUA4","v":0},{"$f":"'CRO2_Crono Simplificado'!#REF!","v":{"$error":"#REF!"}},{"$f":"'CRO2_Crono Simplificado'!MUC4","v":0},{"$f":"'CRO2_Crono Simplificado'!#REF!","v":{"$error":"#REF!"}},{"$f":"'CRO2_Crono Simplificado'!MUE4","v":0},{"$f":"'CRO2_Crono Simplificado'!#REF!","v":{"$error":"#REF!"}},{"$f":"'CRO2_Crono Simplificado'!MUG4","v":0},{"$f":"'CRO2_Crono Simplificado'!#REF!","v":{"$error":"#REF!"}},{"$f":"'CRO2_Crono Simplificado'!MUI4","v":0},{"$f":"'CRO2_Crono Simplificado'!#REF!","v":{"$error":"#REF!"}},{"$f":"'CRO2_Crono Simplificado'!MUK4","v":0},{"$f":"'CRO2_Crono Simplificado'!#REF!","v":{"$error":"#REF!"}},{"$f":"'CRO2_Crono Simplificado'!MUM4","v":0},{"$f":"'CRO2_Crono Simplificado'!#REF!","v":{"$error":"#REF!"}},{"$f":"'CRO2_Crono Simplificado'!MUO4","v":0},{"$f":"'CRO2_Crono Simplificado'!#REF!","v":{"$error":"#REF!"}},{"$f":"'CRO2_Crono Simplificado'!MUQ4","v":0},{"$f":"'CRO2_Crono Simplificado'!#REF!","v":{"$error":"#REF!"}},{"$f":"'CRO2_Crono Simplificado'!MUS4","v":0},{"$f":"'CRO2_Crono Simplificado'!#REF!","v":{"$error":"#REF!"}},{"$f":"'CRO2_Crono Simplificado'!MUU4","v":0},{"$f":"'CRO2_Crono Simplificado'!#REF!","v":{"$error":"#REF!"}},{"$f":"'CRO2_Crono Simplificado'!MUW4","v":0},{"$f":"'CRO2_Crono Simplificado'!#REF!","v":{"$error":"#REF!"}},{"$f":"'CRO2_Crono Simplificado'!MUY4","v":0},{"$f":"'CRO2_Crono Simplificado'!#REF!","v":{"$error":"#REF!"}},{"$f":"'CRO2_Crono Simplificado'!MVA4","v":0},{"$f":"'CRO2_Crono Simplificado'!#REF!","v":{"$error":"#REF!"}},{"$f":"'CRO2_Crono Simplificado'!MVC4","v":0},{"$f":"'CRO2_Crono Simplificado'!#REF!","v":{"$error":"#REF!"}},{"$f":"'CRO2_Crono Simplificado'!MVE4","v":0},{"$f":"'CRO2_Crono Simplificado'!#REF!","v":{"$error":"#REF!"}},{"$f":"'CRO2_Crono Simplificado'!MVG4","v":0},{"$f":"'CRO2_Crono Simplificado'!#REF!","v":{"$error":"#REF!"}},{"$f":"'CRO2_Crono Simplificado'!MVI4","v":0},{"$f":"'CRO2_Crono Simplificado'!#REF!","v":{"$error":"#REF!"}},{"$f":"'CRO2_Crono Simplificado'!MVK4","v":0},{"$f":"'CRO2_Crono Simplificado'!#REF!","v":{"$error":"#REF!"}},{"$f":"'CRO2_Crono Simplificado'!MVM4","v":0},{"$f":"'CRO2_Crono Simplificado'!#REF!","v":{"$error":"#REF!"}},{"$f":"'CRO2_Crono Simplificado'!MVO4","v":0},{"$f":"'CRO2_Crono Simplificado'!#REF!","v":{"$error":"#REF!"}},{"$f":"'CRO2_Crono Simplificado'!MVQ4","v":0},{"$f":"'CRO2_Crono Simplificado'!#REF!","v":{"$error":"#REF!"}},{"$f":"'CRO2_Crono Simplificado'!MVS4","v":0},{"$f":"'CRO2_Crono Simplificado'!#REF!","v":{"$error":"#REF!"}},{"$f":"'CRO2_Crono Simplificado'!MVU4","v":0},{"$f":"'CRO2_Crono Simplificado'!#REF!","v":{"$error":"#REF!"}},{"$f":"'CRO2_Crono Simplificado'!MVW4","v":0},{"$f":"'CRO2_Crono Simplificado'!#REF!","v":{"$error":"#REF!"}},{"$f":"'CRO2_Crono Simplificado'!MVY4","v":0},{"$f":"'CRO2_Crono Simplificado'!#REF!","v":{"$error":"#REF!"}},{"$f":"'CRO2_Crono Simplificado'!MWA4","v":0},{"$f":"'CRO2_Crono Simplificado'!#REF!","v":{"$error":"#REF!"}},{"$f":"'CRO2_Crono Simplificado'!MWC4","v":0},{"$f":"'CRO2_Crono Simplificado'!#REF!","v":{"$error":"#REF!"}},{"$f":"'CRO2_Crono Simplificado'!MWE4","v":0},{"$f":"'CRO2_Crono Simplificado'!#REF!","v":{"$error":"#REF!"}},{"$f":"'CRO2_Crono Simplificado'!MWG4","v":0},{"$f":"'CRO2_Crono Simplificado'!#REF!","v":{"$error":"#REF!"}},{"$f":"'CRO2_Crono Simplificado'!MWI4","v":0},{"$f":"'CRO2_Crono Simplificado'!#REF!","v":{"$error":"#REF!"}},{"$f":"'CRO2_Crono Simplificado'!MWK4","v":0},{"$f":"'CRO2_Crono Simplificado'!#REF!","v":{"$error":"#REF!"}},{"$f":"'CRO2_Crono Simplificado'!MWM4","v":0},{"$f":"'CRO2_Crono Simplificado'!#REF!","v":{"$error":"#REF!"}},{"$f":"'CRO2_Crono Simplificado'!MWO4","v":0},{"$f":"'CRO2_Crono Simplificado'!#REF!","v":{"$error":"#REF!"}},{"$f":"'CRO2_Crono Simplificado'!MWQ4","v":0},{"$f":"'CRO2_Crono Simplificado'!#REF!","v":{"$error":"#REF!"}},{"$f":"'CRO2_Crono Simplificado'!MWS4","v":0},{"$f":"'CRO2_Crono Simplificado'!#REF!","v":{"$error":"#REF!"}},{"$f":"'CRO2_Crono Simplificado'!MWU4","v":0},{"$f":"'CRO2_Crono Simplificado'!#REF!","v":{"$error":"#REF!"}},{"$f":"'CRO2_Crono Simplificado'!MWW4","v":0},{"$f":"'CRO2_Crono Simplificado'!#REF!","v":{"$error":"#REF!"}},{"$f":"'CRO2_Crono Simplificado'!MWY4","v":0},{"$f":"'CRO2_Crono Simplificado'!#REF!","v":{"$error":"#REF!"}},{"$f":"'CRO2_Crono Simplificado'!MXA4","v":0},{"$f":"'CRO2_Crono Simplificado'!#REF!","v":{"$error":"#REF!"}},{"$f":"'CRO2_Crono Simplificado'!MXC4","v":0},{"$f":"'CRO2_Crono Simplificado'!#REF!","v":{"$error":"#REF!"}},{"$f":"'CRO2_Crono Simplificado'!MXE4","v":0},{"$f":"'CRO2_Crono Simplificado'!#REF!","v":{"$error":"#REF!"}},{"$f":"'CRO2_Crono Simplificado'!MXG4","v":0},{"$f":"'CRO2_Crono Simplificado'!#REF!","v":{"$error":"#REF!"}},{"$f":"'CRO2_Crono Simplificado'!MXI4","v":0},{"$f":"'CRO2_Crono Simplificado'!#REF!","v":{"$error":"#REF!"}},{"$f":"'CRO2_Crono Simplificado'!MXK4","v":0},{"$f":"'CRO2_Crono Simplificado'!#REF!","v":{"$error":"#REF!"}},{"$f":"'CRO2_Crono Simplificado'!MXM4","v":0},{"$f":"'CRO2_Crono Simplificado'!#REF!","v":{"$error":"#REF!"}},{"$f":"'CRO2_Crono Simplificado'!MXO4","v":0},{"$f":"'CRO2_Crono Simplificado'!#REF!","v":{"$error":"#REF!"}},{"$f":"'CRO2_Crono Simplificado'!MXQ4","v":0},{"$f":"'CRO2_Crono Simplificado'!#REF!","v":{"$error":"#REF!"}},{"$f":"'CRO2_Crono Simplificado'!MXS4","v":0},{"$f":"'CRO2_Crono Simplificado'!#REF!","v":{"$error":"#REF!"}},{"$f":"'CRO2_Crono Simplificado'!MXU4","v":0},{"$f":"'CRO2_Crono Simplificado'!#REF!","v":{"$error":"#REF!"}},{"$f":"'CRO2_Crono Simplificado'!MXW4","v":0},{"$f":"'CRO2_Crono Simplificado'!#REF!","v":{"$error":"#REF!"}},{"$f":"'CRO2_Crono Simplificado'!MXY4","v":0},{"$f":"'CRO2_Crono Simplificado'!#REF!","v":{"$error":"#REF!"}},{"$f":"'CRO2_Crono Simplificado'!MYA4","v":0},{"$f":"'CRO2_Crono Simplificado'!#REF!","v":{"$error":"#REF!"}},{"$f":"'CRO2_Crono Simplificado'!MYC4","v":0},{"$f":"'CRO2_Crono Simplificado'!#REF!","v":{"$error":"#REF!"}},{"$f":"'CRO2_Crono Simplificado'!MYE4","v":0},{"$f":"'CRO2_Crono Simplificado'!#REF!","v":{"$error":"#REF!"}},{"$f":"'CRO2_Crono Simplificado'!MYG4","v":0},{"$f":"'CRO2_Crono Simplificado'!#REF!","v":{"$error":"#REF!"}},{"$f":"'CRO2_Crono Simplificado'!MYI4","v":0},{"$f":"'CRO2_Crono Simplificado'!#REF!","v":{"$error":"#REF!"}},{"$f":"'CRO2_Crono Simplificado'!MYK4","v":0},{"$f":"'CRO2_Crono Simplificado'!#REF!","v":{"$error":"#REF!"}},{"$f":"'CRO2_Crono Simplificado'!MYM4","v":0},{"$f":"'CRO2_Crono Simplificado'!#REF!","v":{"$error":"#REF!"}},{"$f":"'CRO2_Crono Simplificado'!MYO4","v":0},{"$f":"'CRO2_Crono Simplificado'!#REF!","v":{"$error":"#REF!"}},{"$f":"'CRO2_Crono Simplificado'!MYQ4","v":0},{"$f":"'CRO2_Crono Simplificado'!#REF!","v":{"$error":"#REF!"}},{"$f":"'CRO2_Crono Simplificado'!MYS4","v":0},{"$f":"'CRO2_Crono Simplificado'!#REF!","v":{"$error":"#REF!"}},{"$f":"'CRO2_Crono Simplificado'!MYU4","v":0},{"$f":"'CRO2_Crono Simplificado'!#REF!","v":{"$error":"#REF!"}},{"$f":"'CRO2_Crono Simplificado'!MYW4","v":0},{"$f":"'CRO2_Crono Simplificado'!#REF!","v":{"$error":"#REF!"}},{"$f":"'CRO2_Crono Simplificado'!MYY4","v":0},{"$f":"'CRO2_Crono Simplificado'!#REF!","v":{"$error":"#REF!"}},{"$f":"'CRO2_Crono Simplificado'!MZA4","v":0},{"$f":"'CRO2_Crono Simplificado'!#REF!","v":{"$error":"#REF!"}},{"$f":"'CRO2_Crono Simplificado'!MZC4","v":0},{"$f":"'CRO2_Crono Simplificado'!#REF!","v":{"$error":"#REF!"}},{"$f":"'CRO2_Crono Simplificado'!MZE4","v":0},{"$f":"'CRO2_Crono Simplificado'!#REF!","v":{"$error":"#REF!"}},{"$f":"'CRO2_Crono Simplificado'!MZG4","v":0},{"$f":"'CRO2_Crono Simplificado'!#REF!","v":{"$error":"#REF!"}},{"$f":"'CRO2_Crono Simplificado'!MZI4","v":0},{"$f":"'CRO2_Crono Simplificado'!#REF!","v":{"$error":"#REF!"}},{"$f":"'CRO2_Crono Simplificado'!MZK4","v":0},{"$f":"'CRO2_Crono Simplificado'!#REF!","v":{"$error":"#REF!"}},{"$f":"'CRO2_Crono Simplificado'!MZM4","v":0},{"$f":"'CRO2_Crono Simplificado'!#REF!","v":{"$error":"#REF!"}},{"$f":"'CRO2_Crono Simplificado'!MZO4","v":0},{"$f":"'CRO2_Crono Simplificado'!#REF!","v":{"$error":"#REF!"}},{"$f":"'CRO2_Crono Simplificado'!MZQ4","v":0},{"$f":"'CRO2_Crono Simplificado'!#REF!","v":{"$error":"#REF!"}},{"$f":"'CRO2_Crono Simplificado'!MZS4","v":0},{"$f":"'CRO2_Crono Simplificado'!#REF!","v":{"$error":"#REF!"}},{"$f":"'CRO2_Crono Simplificado'!MZU4","v":0},{"$f":"'CRO2_Crono Simplificado'!#REF!","v":{"$error":"#REF!"}},{"$f":"'CRO2_Crono Simplificado'!MZW4","v":0},{"$f":"'CRO2_Crono Simplificado'!#REF!","v":{"$error":"#REF!"}},{"$f":"'CRO2_Crono Simplificado'!MZY4","v":0},{"$f":"'CRO2_Crono Simplificado'!#REF!","v":{"$error":"#REF!"}},{"$f":"'CRO2_Crono Simplificado'!NAA4","v":0},{"$f":"'CRO2_Crono Simplificado'!#REF!","v":{"$error":"#REF!"}},{"$f":"'CRO2_Crono Simplificado'!NAC4","v":0},{"$f":"'CRO2_Crono Simplificado'!#REF!","v":{"$error":"#REF!"}},{"$f":"'CRO2_Crono Simplificado'!NAE4","v":0},{"$f":"'CRO2_Crono Simplificado'!#REF!","v":{"$error":"#REF!"}},{"$f":"'CRO2_Crono Simplificado'!NAG4","v":0},{"$f":"'CRO2_Crono Simplificado'!#REF!","v":{"$error":"#REF!"}},{"$f":"'CRO2_Crono Simplificado'!NAI4","v":0},{"$f":"'CRO2_Crono Simplificado'!#REF!","v":{"$error":"#REF!"}},{"$f":"'CRO2_Crono Simplificado'!NAK4","v":0},{"$f":"'CRO2_Crono Simplificado'!#REF!","v":{"$error":"#REF!"}},{"$f":"'CRO2_Crono Simplificado'!NAM4","v":0},{"$f":"'CRO2_Crono Simplificado'!#REF!","v":{"$error":"#REF!"}},{"$f":"'CRO2_Crono Simplificado'!NAO4","v":0},{"$f":"'CRO2_Crono Simplificado'!#REF!","v":{"$error":"#REF!"}},{"$f":"'CRO2_Crono Simplificado'!NAQ4","v":0},{"$f":"'CRO2_Crono Simplificado'!#REF!","v":{"$error":"#REF!"}},{"$f":"'CRO2_Crono Simplificado'!NAS4","v":0},{"$f":"'CRO2_Crono Simplificado'!#REF!","v":{"$error":"#REF!"}},{"$f":"'CRO2_Crono Simplificado'!NAU4","v":0},{"$f":"'CRO2_Crono Simplificado'!#REF!","v":{"$error":"#REF!"}},{"$f":"'CRO2_Crono Simplificado'!NAW4","v":0},{"$f":"'CRO2_Crono Simplificado'!#REF!","v":{"$error":"#REF!"}},{"$f":"'CRO2_Crono Simplificado'!NAY4","v":0},{"$f":"'CRO2_Crono Simplificado'!#REF!","v":{"$error":"#REF!"}},{"$f":"'CRO2_Crono Simplificado'!NBA4","v":0},{"$f":"'CRO2_Crono Simplificado'!#REF!","v":{"$error":"#REF!"}},{"$f":"'CRO2_Crono Simplificado'!NBC4","v":0},{"$f":"'CRO2_Crono Simplificado'!#REF!","v":{"$error":"#REF!"}},{"$f":"'CRO2_Crono Simplificado'!NBE4","v":0},{"$f":"'CRO2_Crono Simplificado'!#REF!","v":{"$error":"#REF!"}},{"$f":"'CRO2_Crono Simplificado'!NBG4","v":0},{"$f":"'CRO2_Crono Simplificado'!#REF!","v":{"$error":"#REF!"}},{"$f":"'CRO2_Crono Simplificado'!NBI4","v":0},{"$f":"'CRO2_Crono Simplificado'!#REF!","v":{"$error":"#REF!"}},{"$f":"'CRO2_Crono Simplificado'!NBK4","v":0},{"$f":"'CRO2_Crono Simplificado'!#REF!","v":{"$error":"#REF!"}},{"$f":"'CRO2_Crono Simplificado'!NBM4","v":0},{"$f":"'CRO2_Crono Simplificado'!#REF!","v":{"$error":"#REF!"}},{"$f":"'CRO2_Crono Simplificado'!NBO4","v":0},{"$f":"'CRO2_Crono Simplificado'!#REF!","v":{"$error":"#REF!"}},{"$f":"'CRO2_Crono Simplificado'!NBQ4","v":0},{"$f":"'CRO2_Crono Simplificado'!#REF!","v":{"$error":"#REF!"}},{"$f":"'CRO2_Crono Simplificado'!NBS4","v":0},{"$f":"'CRO2_Crono Simplificado'!#REF!","v":{"$error":"#REF!"}},{"$f":"'CRO2_Crono Simplificado'!NBU4","v":0},{"$f":"'CRO2_Crono Simplificado'!#REF!","v":{"$error":"#REF!"}},{"$f":"'CRO2_Crono Simplificado'!NBW4","v":0},{"$f":"'CRO2_Crono Simplificado'!#REF!","v":{"$error":"#REF!"}},{"$f":"'CRO2_Crono Simplificado'!NBY4","v":0},{"$f":"'CRO2_Crono Simplificado'!#REF!","v":{"$error":"#REF!"}},{"$f":"'CRO2_Crono Simplificado'!NCA4","v":0},{"$f":"'CRO2_Crono Simplificado'!#REF!","v":{"$error":"#REF!"}},{"$f":"'CRO2_Crono Simplificado'!NCC4","v":0},{"$f":"'CRO2_Crono Simplificado'!#REF!","v":{"$error":"#REF!"}},{"$f":"'CRO2_Crono Simplificado'!NCE4","v":0},{"$f":"'CRO2_Crono Simplificado'!#REF!","v":{"$error":"#REF!"}},{"$f":"'CRO2_Crono Simplificado'!NCG4","v":0},{"$f":"'CRO2_Crono Simplificado'!#REF!","v":{"$error":"#REF!"}},{"$f":"'CRO2_Crono Simplificado'!NCI4","v":0},{"$f":"'CRO2_Crono Simplificado'!#REF!","v":{"$error":"#REF!"}},{"$f":"'CRO2_Crono Simplificado'!NCK4","v":0},{"$f":"'CRO2_Crono Simplificado'!#REF!","v":{"$error":"#REF!"}},{"$f":"'CRO2_Crono Simplificado'!NCM4","v":0},{"$f":"'CRO2_Crono Simplificado'!#REF!","v":{"$error":"#REF!"}},{"$f":"'CRO2_Crono Simplificado'!NCO4","v":0},{"$f":"'CRO2_Crono Simplificado'!#REF!","v":{"$error":"#REF!"}},{"$f":"'CRO2_Crono Simplificado'!NCQ4","v":0},{"$f":"'CRO2_Crono Simplificado'!#REF!","v":{"$error":"#REF!"}},{"$f":"'CRO2_Crono Simplificado'!NCS4","v":0},{"$f":"'CRO2_Crono Simplificado'!#REF!","v":{"$error":"#REF!"}},{"$f":"'CRO2_Crono Simplificado'!NCU4","v":0},{"$f":"'CRO2_Crono Simplificado'!#REF!","v":{"$error":"#REF!"}},{"$f":"'CRO2_Crono Simplificado'!NCW4","v":0},{"$f":"'CRO2_Crono Simplificado'!#REF!","v":{"$error":"#REF!"}},{"$f":"'CRO2_Crono Simplificado'!NCY4","v":0},{"$f":"'CRO2_Crono Simplificado'!#REF!","v":{"$error":"#REF!"}},{"$f":"'CRO2_Crono Simplificado'!NDA4","v":0},{"$f":"'CRO2_Crono Simplificado'!#REF!","v":{"$error":"#REF!"}},{"$f":"'CRO2_Crono Simplificado'!NDC4","v":0},{"$f":"'CRO2_Crono Simplificado'!#REF!","v":{"$error":"#REF!"}},{"$f":"'CRO2_Crono Simplificado'!NDE4","v":0},{"$f":"'CRO2_Crono Simplificado'!#REF!","v":{"$error":"#REF!"}},{"$f":"'CRO2_Crono Simplificado'!NDG4","v":0},{"$f":"'CRO2_Crono Simplificado'!#REF!","v":{"$error":"#REF!"}},{"$f":"'CRO2_Crono Simplificado'!NDI4","v":0},{"$f":"'CRO2_Crono Simplificado'!#REF!","v":{"$error":"#REF!"}},{"$f":"'CRO2_Crono Simplificado'!NDK4","v":0},{"$f":"'CRO2_Crono Simplificado'!#REF!","v":{"$error":"#REF!"}},{"$f":"'CRO2_Crono Simplificado'!NDM4","v":0},{"$f":"'CRO2_Crono Simplificado'!#REF!","v":{"$error":"#REF!"}},{"$f":"'CRO2_Crono Simplificado'!NDO4","v":0},{"$f":"'CRO2_Crono Simplificado'!#REF!","v":{"$error":"#REF!"}},{"$f":"'CRO2_Crono Simplificado'!NDQ4","v":0},{"$f":"'CRO2_Crono Simplificado'!#REF!","v":{"$error":"#REF!"}},{"$f":"'CRO2_Crono Simplificado'!NDS4","v":0},{"$f":"'CRO2_Crono Simplificado'!#REF!","v":{"$error":"#REF!"}},{"$f":"'CRO2_Crono Simplificado'!NDU4","v":0},{"$f":"'CRO2_Crono Simplificado'!#REF!","v":{"$error":"#REF!"}},{"$f":"'CRO2_Crono Simplificado'!NDW4","v":0},{"$f":"'CRO2_Crono Simplificado'!#REF!","v":{"$error":"#REF!"}},{"$f":"'CRO2_Crono Simplificado'!NDY4","v":0},{"$f":"'CRO2_Crono Simplificado'!#REF!","v":{"$error":"#REF!"}},{"$f":"'CRO2_Crono Simplificado'!NEA4","v":0},{"$f":"'CRO2_Crono Simplificado'!#REF!","v":{"$error":"#REF!"}},{"$f":"'CRO2_Crono Simplificado'!NEC4","v":0},{"$f":"'CRO2_Crono Simplificado'!#REF!","v":{"$error":"#REF!"}},{"$f":"'CRO2_Crono Simplificado'!NEE4","v":0},{"$f":"'CRO2_Crono Simplificado'!#REF!","v":{"$error":"#REF!"}},{"$f":"'CRO2_Crono Simplificado'!NEG4","v":0},{"$f":"'CRO2_Crono Simplificado'!#REF!","v":{"$error":"#REF!"}},{"$f":"'CRO2_Crono Simplificado'!NEI4","v":0},{"$f":"'CRO2_Crono Simplificado'!#REF!","v":{"$error":"#REF!"}},{"$f":"'CRO2_Crono Simplificado'!NEK4","v":0},{"$f":"'CRO2_Crono Simplificado'!#REF!","v":{"$error":"#REF!"}},{"$f":"'CRO2_Crono Simplificado'!NEM4","v":0},{"$f":"'CRO2_Crono Simplificado'!#REF!","v":{"$error":"#REF!"}},{"$f":"'CRO2_Crono Simplificado'!NEO4","v":0},{"$f":"'CRO2_Crono Simplificado'!#REF!","v":{"$error":"#REF!"}},{"$f":"'CRO2_Crono Simplificado'!NEQ4","v":0},{"$f":"'CRO2_Crono Simplificado'!#REF!","v":{"$error":"#REF!"}},{"$f":"'CRO2_Crono Simplificado'!NES4","v":0},{"$f":"'CRO2_Crono Simplificado'!#REF!","v":{"$error":"#REF!"}},{"$f":"'CRO2_Crono Simplificado'!NEU4","v":0},{"$f":"'CRO2_Crono Simplificado'!#REF!","v":{"$error":"#REF!"}},{"$f":"'CRO2_Crono Simplificado'!NEW4","v":0},{"$f":"'CRO2_Crono Simplificado'!#REF!","v":{"$error":"#REF!"}},{"$f":"'CRO2_Crono Simplificado'!NEY4","v":0},{"$f":"'CRO2_Crono Simplificado'!#REF!","v":{"$error":"#REF!"}},{"$f":"'CRO2_Crono Simplificado'!NFA4","v":0},{"$f":"'CRO2_Crono Simplificado'!#REF!","v":{"$error":"#REF!"}},{"$f":"'CRO2_Crono Simplificado'!NFC4","v":0},{"$f":"'CRO2_Crono Simplificado'!#REF!","v":{"$error":"#REF!"}},{"$f":"'CRO2_Crono Simplificado'!NFE4","v":0},{"$f":"'CRO2_Crono Simplificado'!#REF!","v":{"$error":"#REF!"}},{"$f":"'CRO2_Crono Simplificado'!NFG4","v":0},{"$f":"'CRO2_Crono Simplificado'!#REF!","v":{"$error":"#REF!"}},{"$f":"'CRO2_Crono Simplificado'!NFI4","v":0},{"$f":"'CRO2_Crono Simplificado'!#REF!","v":{"$error":"#REF!"}},{"$f":"'CRO2_Crono Simplificado'!NFK4","v":0},{"$f":"'CRO2_Crono Simplificado'!#REF!","v":{"$error":"#REF!"}},{"$f":"'CRO2_Crono Simplificado'!NFM4","v":0},{"$f":"'CRO2_Crono Simplificado'!#REF!","v":{"$error":"#REF!"}},{"$f":"'CRO2_Crono Simplificado'!NFO4","v":0},{"$f":"'CRO2_Crono Simplificado'!#REF!","v":{"$error":"#REF!"}},{"$f":"'CRO2_Crono Simplificado'!NFQ4","v":0},{"$f":"'CRO2_Crono Simplificado'!#REF!","v":{"$error":"#REF!"}},{"$f":"'CRO2_Crono Simplificado'!NFS4","v":0},{"$f":"'CRO2_Crono Simplificado'!#REF!","v":{"$error":"#REF!"}},{"$f":"'CRO2_Crono Simplificado'!NFU4","v":0},{"$f":"'CRO2_Crono Simplificado'!#REF!","v":{"$error":"#REF!"}},{"$f":"'CRO2_Crono Simplificado'!NFW4","v":0},{"$f":"'CRO2_Crono Simplificado'!#REF!","v":{"$error":"#REF!"}},{"$f":"'CRO2_Crono Simplificado'!NFY4","v":0},{"$f":"'CRO2_Crono Simplificado'!#REF!","v":{"$error":"#REF!"}},{"$f":"'CRO2_Crono Simplificado'!NGA4","v":0},{"$f":"'CRO2_Crono Simplificado'!#REF!","v":{"$error":"#REF!"}},{"$f":"'CRO2_Crono Simplificado'!NGC4","v":0},{"$f":"'CRO2_Crono Simplificado'!#REF!","v":{"$error":"#REF!"}},{"$f":"'CRO2_Crono Simplificado'!NGE4","v":0},{"$f":"'CRO2_Crono Simplificado'!#REF!","v":{"$error":"#REF!"}},{"$f":"'CRO2_Crono Simplificado'!NGG4","v":0},{"$f":"'CRO2_Crono Simplificado'!#REF!","v":{"$error":"#REF!"}},{"$f":"'CRO2_Crono Simplificado'!NGI4","v":0},{"$f":"'CRO2_Crono Simplificado'!#REF!","v":{"$error":"#REF!"}},{"$f":"'CRO2_Crono Simplificado'!NGK4","v":0},{"$f":"'CRO2_Crono Simplificado'!#REF!","v":{"$error":"#REF!"}},{"$f":"'CRO2_Crono Simplificado'!NGM4","v":0},{"$f":"'CRO2_Crono Simplificado'!#REF!","v":{"$error":"#REF!"}},{"$f":"'CRO2_Crono Simplificado'!NGO4","v":0},{"$f":"'CRO2_Crono Simplificado'!#REF!","v":{"$error":"#REF!"}},{"$f":"'CRO2_Crono Simplificado'!NGQ4","v":0},{"$f":"'CRO2_Crono Simplificado'!#REF!","v":{"$error":"#REF!"}},{"$f":"'CRO2_Crono Simplificado'!NGS4","v":0},{"$f":"'CRO2_Crono Simplificado'!#REF!","v":{"$error":"#REF!"}},{"$f":"'CRO2_Crono Simplificado'!NGU4","v":0},{"$f":"'CRO2_Crono Simplificado'!#REF!","v":{"$error":"#REF!"}},{"$f":"'CRO2_Crono Simplificado'!NGW4","v":0},{"$f":"'CRO2_Crono Simplificado'!#REF!","v":{"$error":"#REF!"}},{"$f":"'CRO2_Crono Simplificado'!NGY4","v":0},{"$f":"'CRO2_Crono Simplificado'!#REF!","v":{"$error":"#REF!"}},{"$f":"'CRO2_Crono Simplificado'!NHA4","v":0},{"$f":"'CRO2_Crono Simplificado'!#REF!","v":{"$error":"#REF!"}},{"$f":"'CRO2_Crono Simplificado'!NHC4","v":0},{"$f":"'CRO2_Crono Simplificado'!#REF!","v":{"$error":"#REF!"}},{"$f":"'CRO2_Crono Simplificado'!NHE4","v":0},{"$f":"'CRO2_Crono Simplificado'!#REF!","v":{"$error":"#REF!"}},{"$f":"'CRO2_Crono Simplificado'!NHG4","v":0},{"$f":"'CRO2_Crono Simplificado'!#REF!","v":{"$error":"#REF!"}},{"$f":"'CRO2_Crono Simplificado'!NHI4","v":0},{"$f":"'CRO2_Crono Simplificado'!#REF!","v":{"$error":"#REF!"}},{"$f":"'CRO2_Crono Simplificado'!NHK4","v":0},{"$f":"'CRO2_Crono Simplificado'!#REF!","v":{"$error":"#REF!"}},{"$f":"'CRO2_Crono Simplificado'!NHM4","v":0},{"$f":"'CRO2_Crono Simplificado'!#REF!","v":{"$error":"#REF!"}},{"$f":"'CRO2_Crono Simplificado'!NHO4","v":0},{"$f":"'CRO2_Crono Simplificado'!#REF!","v":{"$error":"#REF!"}},{"$f":"'CRO2_Crono Simplificado'!NHQ4","v":0},{"$f":"'CRO2_Crono Simplificado'!#REF!","v":{"$error":"#REF!"}},{"$f":"'CRO2_Crono Simplificado'!NHS4","v":0},{"$f":"'CRO2_Crono Simplificado'!#REF!","v":{"$error":"#REF!"}},{"$f":"'CRO2_Crono Simplificado'!NHU4","v":0},{"$f":"'CRO2_Crono Simplificado'!#REF!","v":{"$error":"#REF!"}},{"$f":"'CRO2_Crono Simplificado'!NHW4","v":0},{"$f":"'CRO2_Crono Simplificado'!#REF!","v":{"$error":"#REF!"}},{"$f":"'CRO2_Crono Simplificado'!NHY4","v":0},{"$f":"'CRO2_Crono Simplificado'!#REF!","v":{"$error":"#REF!"}},{"$f":"'CRO2_Crono Simplificado'!NIA4","v":0},{"$f":"'CRO2_Crono Simplificado'!#REF!","v":{"$error":"#REF!"}},{"$f":"'CRO2_Crono Simplificado'!NIC4","v":0},{"$f":"'CRO2_Crono Simplificado'!#REF!","v":{"$error":"#REF!"}},{"$f":"'CRO2_Crono Simplificado'!NIE4","v":0},{"$f":"'CRO2_Crono Simplificado'!#REF!","v":{"$error":"#REF!"}},{"$f":"'CRO2_Crono Simplificado'!NIG4","v":0},{"$f":"'CRO2_Crono Simplificado'!#REF!","v":{"$error":"#REF!"}},{"$f":"'CRO2_Crono Simplificado'!NII4","v":0},{"$f":"'CRO2_Crono Simplificado'!#REF!","v":{"$error":"#REF!"}},{"$f":"'CRO2_Crono Simplificado'!NIK4","v":0},{"$f":"'CRO2_Crono Simplificado'!#REF!","v":{"$error":"#REF!"}},{"$f":"'CRO2_Crono Simplificado'!NIM4","v":0},{"$f":"'CRO2_Crono Simplificado'!#REF!","v":{"$error":"#REF!"}},{"$f":"'CRO2_Crono Simplificado'!NIO4","v":0},{"$f":"'CRO2_Crono Simplificado'!#REF!","v":{"$error":"#REF!"}},{"$f":"'CRO2_Crono Simplificado'!NIQ4","v":0},{"$f":"'CRO2_Crono Simplificado'!#REF!","v":{"$error":"#REF!"}},{"$f":"'CRO2_Crono Simplificado'!NIS4","v":0},{"$f":"'CRO2_Crono Simplificado'!#REF!","v":{"$error":"#REF!"}},{"$f":"'CRO2_Crono Simplificado'!NIU4","v":0},{"$f":"'CRO2_Crono Simplificado'!#REF!","v":{"$error":"#REF!"}},{"$f":"'CRO2_Crono Simplificado'!NIW4","v":0},{"$f":"'CRO2_Crono Simplificado'!#REF!","v":{"$error":"#REF!"}},{"$f":"'CRO2_Crono Simplificado'!NIY4","v":0},{"$f":"'CRO2_Crono Simplificado'!#REF!","v":{"$error":"#REF!"}},{"$f":"'CRO2_Crono Simplificado'!NJA4","v":0},{"$f":"'CRO2_Crono Simplificado'!#REF!","v":{"$error":"#REF!"}},{"$f":"'CRO2_Crono Simplificado'!NJC4","v":0},{"$f":"'CRO2_Crono Simplificado'!#REF!","v":{"$error":"#REF!"}},{"$f":"'CRO2_Crono Simplificado'!NJE4","v":0},{"$f":"'CRO2_Crono Simplificado'!#REF!","v":{"$error":"#REF!"}},{"$f":"'CRO2_Crono Simplificado'!NJG4","v":0},{"$f":"'CRO2_Crono Simplificado'!#REF!","v":{"$error":"#REF!"}},{"$f":"'CRO2_Crono Simplificado'!NJI4","v":0},{"$f":"'CRO2_Crono Simplificado'!#REF!","v":{"$error":"#REF!"}},{"$f":"'CRO2_Crono Simplificado'!NJK4","v":0},{"$f":"'CRO2_Crono Simplificado'!#REF!","v":{"$error":"#REF!"}},{"$f":"'CRO2_Crono Simplificado'!NJM4","v":0},{"$f":"'CRO2_Crono Simplificado'!#REF!","v":{"$error":"#REF!"}},{"$f":"'CRO2_Crono Simplificado'!NJO4","v":0},{"$f":"'CRO2_Crono Simplificado'!#REF!","v":{"$error":"#REF!"}},{"$f":"'CRO2_Crono Simplificado'!NJQ4","v":0},{"$f":"'CRO2_Crono Simplificado'!#REF!","v":{"$error":"#REF!"}},{"$f":"'CRO2_Crono Simplificado'!NJS4","v":0},{"$f":"'CRO2_Crono Simplificado'!#REF!","v":{"$error":"#REF!"}},{"$f":"'CRO2_Crono Simplificado'!NJU4","v":0},{"$f":"'CRO2_Crono Simplificado'!#REF!","v":{"$error":"#REF!"}},{"$f":"'CRO2_Crono Simplificado'!NJW4","v":0},{"$f":"'CRO2_Crono Simplificado'!#REF!","v":{"$error":"#REF!"}},{"$f":"'CRO2_Crono Simplificado'!NJY4","v":0},{"$f":"'CRO2_Crono Simplificado'!#REF!","v":{"$error":"#REF!"}},{"$f":"'CRO2_Crono Simplificado'!NKA4","v":0},{"$f":"'CRO2_Crono Simplificado'!#REF!","v":{"$error":"#REF!"}},{"$f":"'CRO2_Crono Simplificado'!NKC4","v":0},{"$f":"'CRO2_Crono Simplificado'!#REF!","v":{"$error":"#REF!"}},{"$f":"'CRO2_Crono Simplificado'!NKE4","v":0},{"$f":"'CRO2_Crono Simplificado'!#REF!","v":{"$error":"#REF!"}},{"$f":"'CRO2_Crono Simplificado'!NKG4","v":0},{"$f":"'CRO2_Crono Simplificado'!#REF!","v":{"$error":"#REF!"}},{"$f":"'CRO2_Crono Simplificado'!NKI4","v":0},{"$f":"'CRO2_Crono Simplificado'!#REF!","v":{"$error":"#REF!"}},{"$f":"'CRO2_Crono Simplificado'!NKK4","v":0},{"$f":"'CRO2_Crono Simplificado'!#REF!","v":{"$error":"#REF!"}},{"$f":"'CRO2_Crono Simplificado'!NKM4","v":0},{"$f":"'CRO2_Crono Simplificado'!#REF!","v":{"$error":"#REF!"}},{"$f":"'CRO2_Crono Simplificado'!NKO4","v":0},{"$f":"'CRO2_Crono Simplificado'!#REF!","v":{"$error":"#REF!"}},{"$f":"'CRO2_Crono Simplificado'!NKQ4","v":0},{"$f":"'CRO2_Crono Simplificado'!#REF!","v":{"$error":"#REF!"}},{"$f":"'CRO2_Crono Simplificado'!NKS4","v":0},{"$f":"'CRO2_Crono Simplificado'!#REF!","v":{"$error":"#REF!"}},{"$f":"'CRO2_Crono Simplificado'!NKU4","v":0},{"$f":"'CRO2_Crono Simplificado'!#REF!","v":{"$error":"#REF!"}},{"$f":"'CRO2_Crono Simplificado'!NKW4","v":0},{"$f":"'CRO2_Crono Simplificado'!#REF!","v":{"$error":"#REF!"}},{"$f":"'CRO2_Crono Simplificado'!NKY4","v":0},{"$f":"'CRO2_Crono Simplificado'!#REF!","v":{"$error":"#REF!"}},{"$f":"'CRO2_Crono Simplificado'!NLA4","v":0},{"$f":"'CRO2_Crono Simplificado'!#REF!","v":{"$error":"#REF!"}},{"$f":"'CRO2_Crono Simplificado'!NLC4","v":0},{"$f":"'CRO2_Crono Simplificado'!#REF!","v":{"$error":"#REF!"}},{"$f":"'CRO2_Crono Simplificado'!NLE4","v":0},{"$f":"'CRO2_Crono Simplificado'!#REF!","v":{"$error":"#REF!"}},{"$f":"'CRO2_Crono Simplificado'!NLG4","v":0},{"$f":"'CRO2_Crono Simplificado'!#REF!","v":{"$error":"#REF!"}},{"$f":"'CRO2_Crono Simplificado'!NLI4","v":0},{"$f":"'CRO2_Crono Simplificado'!#REF!","v":{"$error":"#REF!"}},{"$f":"'CRO2_Crono Simplificado'!NLK4","v":0},{"$f":"'CRO2_Crono Simplificado'!#REF!","v":{"$error":"#REF!"}},{"$f":"'CRO2_Crono Simplificado'!NLM4","v":0},{"$f":"'CRO2_Crono Simplificado'!#REF!","v":{"$error":"#REF!"}},{"$f":"'CRO2_Crono Simplificado'!NLO4","v":0},{"$f":"'CRO2_Crono Simplificado'!#REF!","v":{"$error":"#REF!"}},{"$f":"'CRO2_Crono Simplificado'!NLQ4","v":0},{"$f":"'CRO2_Crono Simplificado'!#REF!","v":{"$error":"#REF!"}},{"$f":"'CRO2_Crono Simplificado'!NLS4","v":0},{"$f":"'CRO2_Crono Simplificado'!#REF!","v":{"$error":"#REF!"}},{"$f":"'CRO2_Crono Simplificado'!NLU4","v":0},{"$f":"'CRO2_Crono Simplificado'!#REF!","v":{"$error":"#REF!"}},{"$f":"'CRO2_Crono Simplificado'!NLW4","v":0},{"$f":"'CRO2_Crono Simplificado'!#REF!","v":{"$error":"#REF!"}},{"$f":"'CRO2_Crono Simplificado'!NLY4","v":0},{"$f":"'CRO2_Crono Simplificado'!#REF!","v":{"$error":"#REF!"}},{"$f":"'CRO2_Crono Simplificado'!NMA4","v":0},{"$f":"'CRO2_Crono Simplificado'!#REF!","v":{"$error":"#REF!"}},{"$f":"'CRO2_Crono Simplificado'!NMC4","v":0},{"$f":"'CRO2_Crono Simplificado'!#REF!","v":{"$error":"#REF!"}},{"$f":"'CRO2_Crono Simplificado'!NME4","v":0},{"$f":"'CRO2_Crono Simplificado'!#REF!","v":{"$error":"#REF!"}},{"$f":"'CRO2_Crono Simplificado'!NMG4","v":0},{"$f":"'CRO2_Crono Simplificado'!#REF!","v":{"$error":"#REF!"}},{"$f":"'CRO2_Crono Simplificado'!NMI4","v":0},{"$f":"'CRO2_Crono Simplificado'!#REF!","v":{"$error":"#REF!"}},{"$f":"'CRO2_Crono Simplificado'!NMK4","v":0},{"$f":"'CRO2_Crono Simplificado'!#REF!","v":{"$error":"#REF!"}},{"$f":"'CRO2_Crono Simplificado'!NMM4","v":0},{"$f":"'CRO2_Crono Simplificado'!#REF!","v":{"$error":"#REF!"}},{"$f":"'CRO2_Crono Simplificado'!NMO4","v":0},{"$f":"'CRO2_Crono Simplificado'!#REF!","v":{"$error":"#REF!"}},{"$f":"'CRO2_Crono Simplificado'!NMQ4","v":0},{"$f":"'CRO2_Crono Simplificado'!#REF!","v":{"$error":"#REF!"}},{"$f":"'CRO2_Crono Simplificado'!NMS4","v":0},{"$f":"'CRO2_Crono Simplificado'!#REF!","v":{"$error":"#REF!"}},{"$f":"'CRO2_Crono Simplificado'!NMU4","v":0},{"$f":"'CRO2_Crono Simplificado'!#REF!","v":{"$error":"#REF!"}},{"$f":"'CRO2_Crono Simplificado'!NMW4","v":0},{"$f":"'CRO2_Crono Simplificado'!#REF!","v":{"$error":"#REF!"}},{"$f":"'CRO2_Crono Simplificado'!NMY4","v":0},{"$f":"'CRO2_Crono Simplificado'!#REF!","v":{"$error":"#REF!"}},{"$f":"'CRO2_Crono Simplificado'!NNA4","v":0},{"$f":"'CRO2_Crono Simplificado'!#REF!","v":{"$error":"#REF!"}},{"$f":"'CRO2_Crono Simplificado'!NNC4","v":0},{"$f":"'CRO2_Crono Simplificado'!#REF!","v":{"$error":"#REF!"}},{"$f":"'CRO2_Crono Simplificado'!NNE4","v":0},{"$f":"'CRO2_Crono Simplificado'!#REF!","v":{"$error":"#REF!"}},{"$f":"'CRO2_Crono Simplificado'!NNG4","v":0},{"$f":"'CRO2_Crono Simplificado'!#REF!","v":{"$error":"#REF!"}},{"$f":"'CRO2_Crono Simplificado'!NNI4","v":0},{"$f":"'CRO2_Crono Simplificado'!#REF!","v":{"$error":"#REF!"}},{"$f":"'CRO2_Crono Simplificado'!NNK4","v":0},{"$f":"'CRO2_Crono Simplificado'!#REF!","v":{"$error":"#REF!"}},{"$f":"'CRO2_Crono Simplificado'!NNM4","v":0},{"$f":"'CRO2_Crono Simplificado'!#REF!","v":{"$error":"#REF!"}},{"$f":"'CRO2_Crono Simplificado'!NNO4","v":0},{"$f":"'CRO2_Crono Simplificado'!#REF!","v":{"$error":"#REF!"}},{"$f":"'CRO2_Crono Simplificado'!NNQ4","v":0},{"$f":"'CRO2_Crono Simplificado'!#REF!","v":{"$error":"#REF!"}},{"$f":"'CRO2_Crono Simplificado'!NNS4","v":0},{"$f":"'CRO2_Crono Simplificado'!#REF!","v":{"$error":"#REF!"}},{"$f":"'CRO2_Crono Simplificado'!NNU4","v":0},{"$f":"'CRO2_Crono Simplificado'!#REF!","v":{"$error":"#REF!"}},{"$f":"'CRO2_Crono Simplificado'!NNW4","v":0},{"$f":"'CRO2_Crono Simplificado'!#REF!","v":{"$error":"#REF!"}},{"$f":"'CRO2_Crono Simplificado'!NNY4","v":0},{"$f":"'CRO2_Crono Simplificado'!#REF!","v":{"$error":"#REF!"}},{"$f":"'CRO2_Crono Simplificado'!NOA4","v":0},{"$f":"'CRO2_Crono Simplificado'!#REF!","v":{"$error":"#REF!"}},{"$f":"'CRO2_Crono Simplificado'!NOC4","v":0},{"$f":"'CRO2_Crono Simplificado'!#REF!","v":{"$error":"#REF!"}},{"$f":"'CRO2_Crono Simplificado'!NOE4","v":0},{"$f":"'CRO2_Crono Simplificado'!#REF!","v":{"$error":"#REF!"}},{"$f":"'CRO2_Crono Simplificado'!NOG4","v":0},{"$f":"'CRO2_Crono Simplificado'!#REF!","v":{"$error":"#REF!"}},{"$f":"'CRO2_Crono Simplificado'!NOI4","v":0},{"$f":"'CRO2_Crono Simplificado'!#REF!","v":{"$error":"#REF!"}},{"$f":"'CRO2_Crono Simplificado'!NOK4","v":0},{"$f":"'CRO2_Crono Simplificado'!#REF!","v":{"$error":"#REF!"}},{"$f":"'CRO2_Crono Simplificado'!NOM4","v":0},{"$f":"'CRO2_Crono Simplificado'!#REF!","v":{"$error":"#REF!"}},{"$f":"'CRO2_Crono Simplificado'!NOO4","v":0},{"$f":"'CRO2_Crono Simplificado'!#REF!","v":{"$error":"#REF!"}},{"$f":"'CRO2_Crono Simplificado'!NOQ4","v":0},{"$f":"'CRO2_Crono Simplificado'!#REF!","v":{"$error":"#REF!"}},{"$f":"'CRO2_Crono Simplificado'!NOS4","v":0},{"$f":"'CRO2_Crono Simplificado'!#REF!","v":{"$error":"#REF!"}},{"$f":"'CRO2_Crono Simplificado'!NOU4","v":0},{"$f":"'CRO2_Crono Simplificado'!#REF!","v":{"$error":"#REF!"}},{"$f":"'CRO2_Crono Simplificado'!NOW4","v":0},{"$f":"'CRO2_Crono Simplificado'!#REF!","v":{"$error":"#REF!"}},{"$f":"'CRO2_Crono Simplificado'!NOY4","v":0},{"$f":"'CRO2_Crono Simplificado'!#REF!","v":{"$error":"#REF!"}},{"$f":"'CRO2_Crono Simplificado'!NPA4","v":0},{"$f":"'CRO2_Crono Simplificado'!#REF!","v":{"$error":"#REF!"}},{"$f":"'CRO2_Crono Simplificado'!NPC4","v":0},{"$f":"'CRO2_Crono Simplificado'!#REF!","v":{"$error":"#REF!"}},{"$f":"'CRO2_Crono Simplificado'!NPE4","v":0},{"$f":"'CRO2_Crono Simplificado'!#REF!","v":{"$error":"#REF!"}},{"$f":"'CRO2_Crono Simplificado'!NPG4","v":0},{"$f":"'CRO2_Crono Simplificado'!#REF!","v":{"$error":"#REF!"}},{"$f":"'CRO2_Crono Simplificado'!NPI4","v":0},{"$f":"'CRO2_Crono Simplificado'!#REF!","v":{"$error":"#REF!"}},{"$f":"'CRO2_Crono Simplificado'!NPK4","v":0},{"$f":"'CRO2_Crono Simplificado'!#REF!","v":{"$error":"#REF!"}},{"$f":"'CRO2_Crono Simplificado'!NPM4","v":0},{"$f":"'CRO2_Crono Simplificado'!#REF!","v":{"$error":"#REF!"}},{"$f":"'CRO2_Crono Simplificado'!NPO4","v":0},{"$f":"'CRO2_Crono Simplificado'!#REF!","v":{"$error":"#REF!"}},{"$f":"'CRO2_Crono Simplificado'!NPQ4","v":0},{"$f":"'CRO2_Crono Simplificado'!#REF!","v":{"$error":"#REF!"}},{"$f":"'CRO2_Crono Simplificado'!NPS4","v":0},{"$f":"'CRO2_Crono Simplificado'!#REF!","v":{"$error":"#REF!"}},{"$f":"'CRO2_Crono Simplificado'!NPU4","v":0},{"$f":"'CRO2_Crono Simplificado'!#REF!","v":{"$error":"#REF!"}},{"$f":"'CRO2_Crono Simplificado'!NPW4","v":0},{"$f":"'CRO2_Crono Simplificado'!#REF!","v":{"$error":"#REF!"}},{"$f":"'CRO2_Crono Simplificado'!NPY4","v":0},{"$f":"'CRO2_Crono Simplificado'!#REF!","v":{"$error":"#REF!"}},{"$f":"'CRO2_Crono Simplificado'!NQA4","v":0},{"$f":"'CRO2_Crono Simplificado'!#REF!","v":{"$error":"#REF!"}},{"$f":"'CRO2_Crono Simplificado'!NQC4","v":0},{"$f":"'CRO2_Crono Simplificado'!#REF!","v":{"$error":"#REF!"}},{"$f":"'CRO2_Crono Simplificado'!NQE4","v":0},{"$f":"'CRO2_Crono Simplificado'!#REF!","v":{"$error":"#REF!"}},{"$f":"'CRO2_Crono Simplificado'!NQG4","v":0},{"$f":"'CRO2_Crono Simplificado'!#REF!","v":{"$error":"#REF!"}},{"$f":"'CRO2_Crono Simplificado'!NQI4","v":0},{"$f":"'CRO2_Crono Simplificado'!#REF!","v":{"$error":"#REF!"}},{"$f":"'CRO2_Crono Simplificado'!NQK4","v":0},{"$f":"'CRO2_Crono Simplificado'!#REF!","v":{"$error":"#REF!"}},{"$f":"'CRO2_Crono Simplificado'!NQM4","v":0},{"$f":"'CRO2_Crono Simplificado'!#REF!","v":{"$error":"#REF!"}},{"$f":"'CRO2_Crono Simplificado'!NQO4","v":0},{"$f":"'CRO2_Crono Simplificado'!#REF!","v":{"$error":"#REF!"}},{"$f":"'CRO2_Crono Simplificado'!NQQ4","v":0},{"$f":"'CRO2_Crono Simplificado'!#REF!","v":{"$error":"#REF!"}},{"$f":"'CRO2_Crono Simplificado'!NQS4","v":0},{"$f":"'CRO2_Crono Simplificado'!#REF!","v":{"$error":"#REF!"}},{"$f":"'CRO2_Crono Simplificado'!NQU4","v":0},{"$f":"'CRO2_Crono Simplificado'!#REF!","v":{"$error":"#REF!"}},{"$f":"'CRO2_Crono Simplificado'!NQW4","v":0},{"$f":"'CRO2_Crono Simplificado'!#REF!","v":{"$error":"#REF!"}},{"$f":"'CRO2_Crono Simplificado'!NQY4","v":0},{"$f":"'CRO2_Crono Simplificado'!#REF!","v":{"$error":"#REF!"}},{"$f":"'CRO2_Crono Simplificado'!NRA4","v":0},{"$f":"'CRO2_Crono Simplificado'!#REF!","v":{"$error":"#REF!"}},{"$f":"'CRO2_Crono Simplificado'!NRC4","v":0},{"$f":"'CRO2_Crono Simplificado'!#REF!","v":{"$error":"#REF!"}},{"$f":"'CRO2_Crono Simplificado'!NRE4","v":0},{"$f":"'CRO2_Crono Simplificado'!#REF!","v":{"$error":"#REF!"}},{"$f":"'CRO2_Crono Simplificado'!NRG4","v":0},{"$f":"'CRO2_Crono Simplificado'!#REF!","v":{"$error":"#REF!"}},{"$f":"'CRO2_Crono Simplificado'!NRI4","v":0},{"$f":"'CRO2_Crono Simplificado'!#REF!","v":{"$error":"#REF!"}},{"$f":"'CRO2_Crono Simplificado'!NRK4","v":0},{"$f":"'CRO2_Crono Simplificado'!#REF!","v":{"$error":"#REF!"}},{"$f":"'CRO2_Crono Simplificado'!NRM4","v":0},{"$f":"'CRO2_Crono Simplificado'!#REF!","v":{"$error":"#REF!"}},{"$f":"'CRO2_Crono Simplificado'!NRO4","v":0},{"$f":"'CRO2_Crono Simplificado'!#REF!","v":{"$error":"#REF!"}},{"$f":"'CRO2_Crono Simplificado'!NRQ4","v":0},{"$f":"'CRO2_Crono Simplificado'!#REF!","v":{"$error":"#REF!"}},{"$f":"'CRO2_Crono Simplificado'!NRS4","v":0},{"$f":"'CRO2_Crono Simplificado'!#REF!","v":{"$error":"#REF!"}},{"$f":"'CRO2_Crono Simplificado'!NRU4","v":0},{"$f":"'CRO2_Crono Simplificado'!#REF!","v":{"$error":"#REF!"}},{"$f":"'CRO2_Crono Simplificado'!NRW4","v":0},{"$f":"'CRO2_Crono Simplificado'!#REF!","v":{"$error":"#REF!"}},{"$f":"'CRO2_Crono Simplificado'!NRY4","v":0},{"$f":"'CRO2_Crono Simplificado'!#REF!","v":{"$error":"#REF!"}},{"$f":"'CRO2_Crono Simplificado'!NSA4","v":0},{"$f":"'CRO2_Crono Simplificado'!#REF!","v":{"$error":"#REF!"}},{"$f":"'CRO2_Crono Simplificado'!NSC4","v":0},{"$f":"'CRO2_Crono Simplificado'!#REF!","v":{"$error":"#REF!"}},{"$f":"'CRO2_Crono Simplificado'!NSE4","v":0},{"$f":"'CRO2_Crono Simplificado'!#REF!","v":{"$error":"#REF!"}},{"$f":"'CRO2_Crono Simplificado'!NSG4","v":0},{"$f":"'CRO2_Crono Simplificado'!#REF!","v":{"$error":"#REF!"}},{"$f":"'CRO2_Crono Simplificado'!NSI4","v":0},{"$f":"'CRO2_Crono Simplificado'!#REF!","v":{"$error":"#REF!"}},{"$f":"'CRO2_Crono Simplificado'!NSK4","v":0},{"$f":"'CRO2_Crono Simplificado'!#REF!","v":{"$error":"#REF!"}},{"$f":"'CRO2_Crono Simplificado'!NSM4","v":0},{"$f":"'CRO2_Crono Simplificado'!#REF!","v":{"$error":"#REF!"}},{"$f":"'CRO2_Crono Simplificado'!NSO4","v":0},{"$f":"'CRO2_Crono Simplificado'!#REF!","v":{"$error":"#REF!"}},{"$f":"'CRO2_Crono Simplificado'!NSQ4","v":0},{"$f":"'CRO2_Crono Simplificado'!#REF!","v":{"$error":"#REF!"}},{"$f":"'CRO2_Crono Simplificado'!NSS4","v":0},{"$f":"'CRO2_Crono Simplificado'!#REF!","v":{"$error":"#REF!"}},{"$f":"'CRO2_Crono Simplificado'!NSU4","v":0},{"$f":"'CRO2_Crono Simplificado'!#REF!","v":{"$error":"#REF!"}},{"$f":"'CRO2_Crono Simplificado'!NSW4","v":0},{"$f":"'CRO2_Crono Simplificado'!#REF!","v":{"$error":"#REF!"}},{"$f":"'CRO2_Crono Simplificado'!NSY4","v":0},{"$f":"'CRO2_Crono Simplificado'!#REF!","v":{"$error":"#REF!"}},{"$f":"'CRO2_Crono Simplificado'!NTA4","v":0},{"$f":"'CRO2_Crono Simplificado'!#REF!","v":{"$error":"#REF!"}},{"$f":"'CRO2_Crono Simplificado'!NTC4","v":0},{"$f":"'CRO2_Crono Simplificado'!#REF!","v":{"$error":"#REF!"}},{"$f":"'CRO2_Crono Simplificado'!NTE4","v":0},{"$f":"'CRO2_Crono Simplificado'!#REF!","v":{"$error":"#REF!"}},{"$f":"'CRO2_Crono Simplificado'!NTG4","v":0},{"$f":"'CRO2_Crono Simplificado'!#REF!","v":{"$error":"#REF!"}},{"$f":"'CRO2_Crono Simplificado'!NTI4","v":0},{"$f":"'CRO2_Crono Simplificado'!#REF!","v":{"$error":"#REF!"}},{"$f":"'CRO2_Crono Simplificado'!NTK4","v":0},{"$f":"'CRO2_Crono Simplificado'!#REF!","v":{"$error":"#REF!"}},{"$f":"'CRO2_Crono Simplificado'!NTM4","v":0},{"$f":"'CRO2_Crono Simplificado'!#REF!","v":{"$error":"#REF!"}},{"$f":"'CRO2_Crono Simplificado'!NTO4","v":0},{"$f":"'CRO2_Crono Simplificado'!#REF!","v":{"$error":"#REF!"}},{"$f":"'CRO2_Crono Simplificado'!NTQ4","v":0},{"$f":"'CRO2_Crono Simplificado'!#REF!","v":{"$error":"#REF!"}},{"$f":"'CRO2_Crono Simplificado'!NTS4","v":0},{"$f":"'CRO2_Crono Simplificado'!#REF!","v":{"$error":"#REF!"}},{"$f":"'CRO2_Crono Simplificado'!NTU4","v":0},{"$f":"'CRO2_Crono Simplificado'!#REF!","v":{"$error":"#REF!"}},{"$f":"'CRO2_Crono Simplificado'!NTW4","v":0},{"$f":"'CRO2_Crono Simplificado'!#REF!","v":{"$error":"#REF!"}},{"$f":"'CRO2_Crono Simplificado'!NTY4","v":0},{"$f":"'CRO2_Crono Simplificado'!#REF!","v":{"$error":"#REF!"}},{"$f":"'CRO2_Crono Simplificado'!NUA4","v":0},{"$f":"'CRO2_Crono Simplificado'!#REF!","v":{"$error":"#REF!"}},{"$f":"'CRO2_Crono Simplificado'!NUC4","v":0},{"$f":"'CRO2_Crono Simplificado'!#REF!","v":{"$error":"#REF!"}},{"$f":"'CRO2_Crono Simplificado'!NUE4","v":0},{"$f":"'CRO2_Crono Simplificado'!#REF!","v":{"$error":"#REF!"}},{"$f":"'CRO2_Crono Simplificado'!NUG4","v":0},{"$f":"'CRO2_Crono Simplificado'!#REF!","v":{"$error":"#REF!"}},{"$f":"'CRO2_Crono Simplificado'!NUI4","v":0},{"$f":"'CRO2_Crono Simplificado'!#REF!","v":{"$error":"#REF!"}},{"$f":"'CRO2_Crono Simplificado'!NUK4","v":0},{"$f":"'CRO2_Crono Simplificado'!#REF!","v":{"$error":"#REF!"}},{"$f":"'CRO2_Crono Simplificado'!NUM4","v":0},{"$f":"'CRO2_Crono Simplificado'!#REF!","v":{"$error":"#REF!"}},{"$f":"'CRO2_Crono Simplificado'!NUO4","v":0},{"$f":"'CRO2_Crono Simplificado'!#REF!","v":{"$error":"#REF!"}},{"$f":"'CRO2_Crono Simplificado'!NUQ4","v":0},{"$f":"'CRO2_Crono Simplificado'!#REF!","v":{"$error":"#REF!"}},{"$f":"'CRO2_Crono Simplificado'!NUS4","v":0},{"$f":"'CRO2_Crono Simplificado'!#REF!","v":{"$error":"#REF!"}},{"$f":"'CRO2_Crono Simplificado'!NUU4","v":0},{"$f":"'CRO2_Crono Simplificado'!#REF!","v":{"$error":"#REF!"}},{"$f":"'CRO2_Crono Simplificado'!NUW4","v":0},{"$f":"'CRO2_Crono Simplificado'!#REF!","v":{"$error":"#REF!"}},{"$f":"'CRO2_Crono Simplificado'!NUY4","v":0},{"$f":"'CRO2_Crono Simplificado'!#REF!","v":{"$error":"#REF!"}},{"$f":"'CRO2_Crono Simplificado'!NVA4","v":0},{"$f":"'CRO2_Crono Simplificado'!#REF!","v":{"$error":"#REF!"}},{"$f":"'CRO2_Crono Simplificado'!NVC4","v":0},{"$f":"'CRO2_Crono Simplificado'!#REF!","v":{"$error":"#REF!"}},{"$f":"'CRO2_Crono Simplificado'!NVE4","v":0},{"$f":"'CRO2_Crono Simplificado'!#REF!","v":{"$error":"#REF!"}},{"$f":"'CRO2_Crono Simplificado'!NVG4","v":0},{"$f":"'CRO2_Crono Simplificado'!#REF!","v":{"$error":"#REF!"}},{"$f":"'CRO2_Crono Simplificado'!NVI4","v":0},{"$f":"'CRO2_Crono Simplificado'!#REF!","v":{"$error":"#REF!"}},{"$f":"'CRO2_Crono Simplificado'!NVK4","v":0},{"$f":"'CRO2_Crono Simplificado'!#REF!","v":{"$error":"#REF!"}},{"$f":"'CRO2_Crono Simplificado'!NVM4","v":0},{"$f":"'CRO2_Crono Simplificado'!#REF!","v":{"$error":"#REF!"}},{"$f":"'CRO2_Crono Simplificado'!NVO4","v":0},{"$f":"'CRO2_Crono Simplificado'!#REF!","v":{"$error":"#REF!"}},{"$f":"'CRO2_Crono Simplificado'!NVQ4","v":0},{"$f":"'CRO2_Crono Simplificado'!#REF!","v":{"$error":"#REF!"}},{"$f":"'CRO2_Crono Simplificado'!NVS4","v":0},{"$f":"'CRO2_Crono Simplificado'!#REF!","v":{"$error":"#REF!"}},{"$f":"'CRO2_Crono Simplificado'!NVU4","v":0},{"$f":"'CRO2_Crono Simplificado'!#REF!","v":{"$error":"#REF!"}},{"$f":"'CRO2_Crono Simplificado'!NVW4","v":0},{"$f":"'CRO2_Crono Simplificado'!#REF!","v":{"$error":"#REF!"}},{"$f":"'CRO2_Crono Simplificado'!NVY4","v":0},{"$f":"'CRO2_Crono Simplificado'!#REF!","v":{"$error":"#REF!"}},{"$f":"'CRO2_Crono Simplificado'!NWA4","v":0},{"$f":"'CRO2_Crono Simplificado'!#REF!","v":{"$error":"#REF!"}},{"$f":"'CRO2_Crono Simplificado'!NWC4","v":0},{"$f":"'CRO2_Crono Simplificado'!#REF!","v":{"$error":"#REF!"}},{"$f":"'CRO2_Crono Simplificado'!NWE4","v":0},{"$f":"'CRO2_Crono Simplificado'!#REF!","v":{"$error":"#REF!"}},{"$f":"'CRO2_Crono Simplificado'!NWG4","v":0},{"$f":"'CRO2_Crono Simplificado'!#REF!","v":{"$error":"#REF!"}},{"$f":"'CRO2_Crono Simplificado'!NWI4","v":0},{"$f":"'CRO2_Crono Simplificado'!#REF!","v":{"$error":"#REF!"}},{"$f":"'CRO2_Crono Simplificado'!NWK4","v":0},{"$f":"'CRO2_Crono Simplificado'!#REF!","v":{"$error":"#REF!"}},{"$f":"'CRO2_Crono Simplificado'!NWM4","v":0},{"$f":"'CRO2_Crono Simplificado'!#REF!","v":{"$error":"#REF!"}},{"$f":"'CRO2_Crono Simplificado'!NWO4","v":0},{"$f":"'CRO2_Crono Simplificado'!#REF!","v":{"$error":"#REF!"}},{"$f":"'CRO2_Crono Simplificado'!NWQ4","v":0},{"$f":"'CRO2_Crono Simplificado'!#REF!","v":{"$error":"#REF!"}},{"$f":"'CRO2_Crono Simplificado'!NWS4","v":0},{"$f":"'CRO2_Crono Simplificado'!#REF!","v":{"$error":"#REF!"}},{"$f":"'CRO2_Crono Simplificado'!NWU4","v":0},{"$f":"'CRO2_Crono Simplificado'!#REF!","v":{"$error":"#REF!"}},{"$f":"'CRO2_Crono Simplificado'!NWW4","v":0},{"$f":"'CRO2_Crono Simplificado'!#REF!","v":{"$error":"#REF!"}},{"$f":"'CRO2_Crono Simplificado'!NWY4","v":0},{"$f":"'CRO2_Crono Simplificado'!#REF!","v":{"$error":"#REF!"}},{"$f":"'CRO2_Crono Simplificado'!NXA4","v":0},{"$f":"'CRO2_Crono Simplificado'!#REF!","v":{"$error":"#REF!"}},{"$f":"'CRO2_Crono Simplificado'!NXC4","v":0},{"$f":"'CRO2_Crono Simplificado'!#REF!","v":{"$error":"#REF!"}},{"$f":"'CRO2_Crono Simplificado'!NXE4","v":0},{"$f":"'CRO2_Crono Simplificado'!#REF!","v":{"$error":"#REF!"}},{"$f":"'CRO2_Crono Simplificado'!NXG4","v":0},{"$f":"'CRO2_Crono Simplificado'!#REF!","v":{"$error":"#REF!"}},{"$f":"'CRO2_Crono Simplificado'!NXI4","v":0},{"$f":"'CRO2_Crono Simplificado'!#REF!","v":{"$error":"#REF!"}},{"$f":"'CRO2_Crono Simplificado'!NXK4","v":0},{"$f":"'CRO2_Crono Simplificado'!#REF!","v":{"$error":"#REF!"}},{"$f":"'CRO2_Crono Simplificado'!NXM4","v":0},{"$f":"'CRO2_Crono Simplificado'!#REF!","v":{"$error":"#REF!"}},{"$f":"'CRO2_Crono Simplificado'!NXO4","v":0},{"$f":"'CRO2_Crono Simplificado'!#REF!","v":{"$error":"#REF!"}},{"$f":"'CRO2_Crono Simplificado'!NXQ4","v":0},{"$f":"'CRO2_Crono Simplificado'!#REF!","v":{"$error":"#REF!"}},{"$f":"'CRO2_Crono Simplificado'!NXS4","v":0},{"$f":"'CRO2_Crono Simplificado'!#REF!","v":{"$error":"#REF!"}},{"$f":"'CRO2_Crono Simplificado'!NXU4","v":0},{"$f":"'CRO2_Crono Simplificado'!#REF!","v":{"$error":"#REF!"}},{"$f":"'CRO2_Crono Simplificado'!NXW4","v":0},{"$f":"'CRO2_Crono Simplificado'!#REF!","v":{"$error":"#REF!"}},{"$f":"'CRO2_Crono Simplificado'!NXY4","v":0},{"$f":"'CRO2_Crono Simplificado'!#REF!","v":{"$error":"#REF!"}},{"$f":"'CRO2_Crono Simplificado'!NYA4","v":0},{"$f":"'CRO2_Crono Simplificado'!#REF!","v":{"$error":"#REF!"}},{"$f":"'CRO2_Crono Simplificado'!NYC4","v":0},{"$f":"'CRO2_Crono Simplificado'!#REF!","v":{"$error":"#REF!"}},{"$f":"'CRO2_Crono Simplificado'!NYE4","v":0},{"$f":"'CRO2_Crono Simplificado'!#REF!","v":{"$error":"#REF!"}},{"$f":"'CRO2_Crono Simplificado'!NYG4","v":0},{"$f":"'CRO2_Crono Simplificado'!#REF!","v":{"$error":"#REF!"}},{"$f":"'CRO2_Crono Simplificado'!NYI4","v":0},{"$f":"'CRO2_Crono Simplificado'!#REF!","v":{"$error":"#REF!"}},{"$f":"'CRO2_Crono Simplificado'!NYK4","v":0},{"$f":"'CRO2_Crono Simplificado'!#REF!","v":{"$error":"#REF!"}},{"$f":"'CRO2_Crono Simplificado'!NYM4","v":0},{"$f":"'CRO2_Crono Simplificado'!#REF!","v":{"$error":"#REF!"}},{"$f":"'CRO2_Crono Simplificado'!NYO4","v":0},{"$f":"'CRO2_Crono Simplificado'!#REF!","v":{"$error":"#REF!"}},{"$f":"'CRO2_Crono Simplificado'!NYQ4","v":0},{"$f":"'CRO2_Crono Simplificado'!#REF!","v":{"$error":"#REF!"}},{"$f":"'CRO2_Crono Simplificado'!NYS4","v":0},{"$f":"'CRO2_Crono Simplificado'!#REF!","v":{"$error":"#REF!"}},{"$f":"'CRO2_Crono Simplificado'!NYU4","v":0},{"$f":"'CRO2_Crono Simplificado'!#REF!","v":{"$error":"#REF!"}},{"$f":"'CRO2_Crono Simplificado'!NYW4","v":0},{"$f":"'CRO2_Crono Simplificado'!#REF!","v":{"$error":"#REF!"}},{"$f":"'CRO2_Crono Simplificado'!NYY4","v":0},{"$f":"'CRO2_Crono Simplificado'!#REF!","v":{"$error":"#REF!"}},{"$f":"'CRO2_Crono Simplificado'!NZA4","v":0},{"$f":"'CRO2_Crono Simplificado'!#REF!","v":{"$error":"#REF!"}},{"$f":"'CRO2_Crono Simplificado'!NZC4","v":0},{"$f":"'CRO2_Crono Simplificado'!#REF!","v":{"$error":"#REF!"}},{"$f":"'CRO2_Crono Simplificado'!NZE4","v":0},{"$f":"'CRO2_Crono Simplificado'!#REF!","v":{"$error":"#REF!"}},{"$f":"'CRO2_Crono Simplificado'!NZG4","v":0},{"$f":"'CRO2_Crono Simplificado'!#REF!","v":{"$error":"#REF!"}},{"$f":"'CRO2_Crono Simplificado'!NZI4","v":0},{"$f":"'CRO2_Crono Simplificado'!#REF!","v":{"$error":"#REF!"}},{"$f":"'CRO2_Crono Simplificado'!NZK4","v":0},{"$f":"'CRO2_Crono Simplificado'!#REF!","v":{"$error":"#REF!"}},{"$f":"'CRO2_Crono Simplificado'!NZM4","v":0},{"$f":"'CRO2_Crono Simplificado'!#REF!","v":{"$error":"#REF!"}},{"$f":"'CRO2_Crono Simplificado'!NZO4","v":0},{"$f":"'CRO2_Crono Simplificado'!#REF!","v":{"$error":"#REF!"}},{"$f":"'CRO2_Crono Simplificado'!NZQ4","v":0},{"$f":"'CRO2_Crono Simplificado'!#REF!","v":{"$error":"#REF!"}},{"$f":"'CRO2_Crono Simplificado'!NZS4","v":0},{"$f":"'CRO2_Crono Simplificado'!#REF!","v":{"$error":"#REF!"}},{"$f":"'CRO2_Crono Simplificado'!NZU4","v":0},{"$f":"'CRO2_Crono Simplificado'!#REF!","v":{"$error":"#REF!"}},{"$f":"'CRO2_Crono Simplificado'!NZW4","v":0},{"$f":"'CRO2_Crono Simplificado'!#REF!","v":{"$error":"#REF!"}},{"$f":"'CRO2_Crono Simplificado'!NZY4","v":0},{"$f":"'CRO2_Crono Simplificado'!#REF!","v":{"$error":"#REF!"}},{"$f":"'CRO2_Crono Simplificado'!OAA4","v":0},{"$f":"'CRO2_Crono Simplificado'!#REF!","v":{"$error":"#REF!"}},{"$f":"'CRO2_Crono Simplificado'!OAC4","v":0},{"$f":"'CRO2_Crono Simplificado'!#REF!","v":{"$error":"#REF!"}},{"$f":"'CRO2_Crono Simplificado'!OAE4","v":0},{"$f":"'CRO2_Crono Simplificado'!#REF!","v":{"$error":"#REF!"}},{"$f":"'CRO2_Crono Simplificado'!OAG4","v":0},{"$f":"'CRO2_Crono Simplificado'!#REF!","v":{"$error":"#REF!"}},{"$f":"'CRO2_Crono Simplificado'!OAI4","v":0},{"$f":"'CRO2_Crono Simplificado'!#REF!","v":{"$error":"#REF!"}},{"$f":"'CRO2_Crono Simplificado'!OAK4","v":0},{"$f":"'CRO2_Crono Simplificado'!#REF!","v":{"$error":"#REF!"}},{"$f":"'CRO2_Crono Simplificado'!OAM4","v":0},{"$f":"'CRO2_Crono Simplificado'!#REF!","v":{"$error":"#REF!"}},{"$f":"'CRO2_Crono Simplificado'!OAO4","v":0},{"$f":"'CRO2_Crono Simplificado'!#REF!","v":{"$error":"#REF!"}},{"$f":"'CRO2_Crono Simplificado'!OAQ4","v":0},{"$f":"'CRO2_Crono Simplificado'!#REF!","v":{"$error":"#REF!"}},{"$f":"'CRO2_Crono Simplificado'!OAS4","v":0},{"$f":"'CRO2_Crono Simplificado'!#REF!","v":{"$error":"#REF!"}},{"$f":"'CRO2_Crono Simplificado'!OAU4","v":0},{"$f":"'CRO2_Crono Simplificado'!#REF!","v":{"$error":"#REF!"}},{"$f":"'CRO2_Crono Simplificado'!OAW4","v":0},{"$f":"'CRO2_Crono Simplificado'!#REF!","v":{"$error":"#REF!"}},{"$f":"'CRO2_Crono Simplificado'!OAY4","v":0},{"$f":"'CRO2_Crono Simplificado'!#REF!","v":{"$error":"#REF!"}},{"$f":"'CRO2_Crono Simplificado'!OBA4","v":0},{"$f":"'CRO2_Crono Simplificado'!#REF!","v":{"$error":"#REF!"}},{"$f":"'CRO2_Crono Simplificado'!OBC4","v":0},{"$f":"'CRO2_Crono Simplificado'!#REF!","v":{"$error":"#REF!"}},{"$f":"'CRO2_Crono Simplificado'!OBE4","v":0},{"$f":"'CRO2_Crono Simplificado'!#REF!","v":{"$error":"#REF!"}},{"$f":"'CRO2_Crono Simplificado'!OBG4","v":0},{"$f":"'CRO2_Crono Simplificado'!#REF!","v":{"$error":"#REF!"}},{"$f":"'CRO2_Crono Simplificado'!OBI4","v":0},{"$f":"'CRO2_Crono Simplificado'!#REF!","v":{"$error":"#REF!"}},{"$f":"'CRO2_Crono Simplificado'!OBK4","v":0},{"$f":"'CRO2_Crono Simplificado'!#REF!","v":{"$error":"#REF!"}},{"$f":"'CRO2_Crono Simplificado'!OBM4","v":0},{"$f":"'CRO2_Crono Simplificado'!#REF!","v":{"$error":"#REF!"}},{"$f":"'CRO2_Crono Simplificado'!OBO4","v":0},{"$f":"'CRO2_Crono Simplificado'!#REF!","v":{"$error":"#REF!"}},{"$f":"'CRO2_Crono Simplificado'!OBQ4","v":0},{"$f":"'CRO2_Crono Simplificado'!#REF!","v":{"$error":"#REF!"}},{"$f":"'CRO2_Crono Simplificado'!OBS4","v":0},{"$f":"'CRO2_Crono Simplificado'!#REF!","v":{"$error":"#REF!"}},{"$f":"'CRO2_Crono Simplificado'!OBU4","v":0},{"$f":"'CRO2_Crono Simplificado'!#REF!","v":{"$error":"#REF!"}},{"$f":"'CRO2_Crono Simplificado'!OBW4","v":0},{"$f":"'CRO2_Crono Simplificado'!#REF!","v":{"$error":"#REF!"}},{"$f":"'CRO2_Crono Simplificado'!OBY4","v":0},{"$f":"'CRO2_Crono Simplificado'!#REF!","v":{"$error":"#REF!"}},{"$f":"'CRO2_Crono Simplificado'!OCA4","v":0},{"$f":"'CRO2_Crono Simplificado'!#REF!","v":{"$error":"#REF!"}},{"$f":"'CRO2_Crono Simplificado'!OCC4","v":0},{"$f":"'CRO2_Crono Simplificado'!#REF!","v":{"$error":"#REF!"}},{"$f":"'CRO2_Crono Simplificado'!OCE4","v":0},{"$f":"'CRO2_Crono Simplificado'!#REF!","v":{"$error":"#REF!"}},{"$f":"'CRO2_Crono Simplificado'!OCG4","v":0},{"$f":"'CRO2_Crono Simplificado'!#REF!","v":{"$error":"#REF!"}},{"$f":"'CRO2_Crono Simplificado'!OCI4","v":0},{"$f":"'CRO2_Crono Simplificado'!#REF!","v":{"$error":"#REF!"}},{"$f":"'CRO2_Crono Simplificado'!OCK4","v":0},{"$f":"'CRO2_Crono Simplificado'!#REF!","v":{"$error":"#REF!"}},{"$f":"'CRO2_Crono Simplificado'!OCM4","v":0},{"$f":"'CRO2_Crono Simplificado'!#REF!","v":{"$error":"#REF!"}},{"$f":"'CRO2_Crono Simplificado'!OCO4","v":0},{"$f":"'CRO2_Crono Simplificado'!#REF!","v":{"$error":"#REF!"}},{"$f":"'CRO2_Crono Simplificado'!OCQ4","v":0},{"$f":"'CRO2_Crono Simplificado'!#REF!","v":{"$error":"#REF!"}},{"$f":"'CRO2_Crono Simplificado'!OCS4","v":0},{"$f":"'CRO2_Crono Simplificado'!#REF!","v":{"$error":"#REF!"}},{"$f":"'CRO2_Crono Simplificado'!OCU4","v":0},{"$f":"'CRO2_Crono Simplificado'!#REF!","v":{"$error":"#REF!"}},{"$f":"'CRO2_Crono Simplificado'!OCW4","v":0},{"$f":"'CRO2_Crono Simplificado'!#REF!","v":{"$error":"#REF!"}},{"$f":"'CRO2_Crono Simplificado'!OCY4","v":0},{"$f":"'CRO2_Crono Simplificado'!#REF!","v":{"$error":"#REF!"}},{"$f":"'CRO2_Crono Simplificado'!ODA4","v":0},{"$f":"'CRO2_Crono Simplificado'!#REF!","v":{"$error":"#REF!"}},{"$f":"'CRO2_Crono Simplificado'!ODC4","v":0},{"$f":"'CRO2_Crono Simplificado'!#REF!","v":{"$error":"#REF!"}},{"$f":"'CRO2_Crono Simplificado'!ODE4","v":0},{"$f":"'CRO2_Crono Simplificado'!#REF!","v":{"$error":"#REF!"}},{"$f":"'CRO2_Crono Simplificado'!ODG4","v":0},{"$f":"'CRO2_Crono Simplificado'!#REF!","v":{"$error":"#REF!"}},{"$f":"'CRO2_Crono Simplificado'!ODI4","v":0},{"$f":"'CRO2_Crono Simplificado'!#REF!","v":{"$error":"#REF!"}},{"$f":"'CRO2_Crono Simplificado'!ODK4","v":0},{"$f":"'CRO2_Crono Simplificado'!#REF!","v":{"$error":"#REF!"}},{"$f":"'CRO2_Crono Simplificado'!ODM4","v":0},{"$f":"'CRO2_Crono Simplificado'!#REF!","v":{"$error":"#REF!"}},{"$f":"'CRO2_Crono Simplificado'!ODO4","v":0},{"$f":"'CRO2_Crono Simplificado'!#REF!","v":{"$error":"#REF!"}},{"$f":"'CRO2_Crono Simplificado'!ODQ4","v":0},{"$f":"'CRO2_Crono Simplificado'!#REF!","v":{"$error":"#REF!"}},{"$f":"'CRO2_Crono Simplificado'!ODS4","v":0},{"$f":"'CRO2_Crono Simplificado'!#REF!","v":{"$error":"#REF!"}},{"$f":"'CRO2_Crono Simplificado'!ODU4","v":0},{"$f":"'CRO2_Crono Simplificado'!#REF!","v":{"$error":"#REF!"}},{"$f":"'CRO2_Crono Simplificado'!ODW4","v":0},{"$f":"'CRO2_Crono Simplificado'!#REF!","v":{"$error":"#REF!"}},{"$f":"'CRO2_Crono Simplificado'!ODY4","v":0},{"$f":"'CRO2_Crono Simplificado'!#REF!","v":{"$error":"#REF!"}},{"$f":"'CRO2_Crono Simplificado'!OEA4","v":0},{"$f":"'CRO2_Crono Simplificado'!#REF!","v":{"$error":"#REF!"}},{"$f":"'CRO2_Crono Simplificado'!OEC4","v":0},{"$f":"'CRO2_Crono Simplificado'!#REF!","v":{"$error":"#REF!"}},{"$f":"'CRO2_Crono Simplificado'!OEE4","v":0},{"$f":"'CRO2_Crono Simplificado'!#REF!","v":{"$error":"#REF!"}},{"$f":"'CRO2_Crono Simplificado'!OEG4","v":0},{"$f":"'CRO2_Crono Simplificado'!#REF!","v":{"$error":"#REF!"}},{"$f":"'CRO2_Crono Simplificado'!OEI4","v":0},{"$f":"'CRO2_Crono Simplificado'!#REF!","v":{"$error":"#REF!"}},{"$f":"'CRO2_Crono Simplificado'!OEK4","v":0},{"$f":"'CRO2_Crono Simplificado'!#REF!","v":{"$error":"#REF!"}},{"$f":"'CRO2_Crono Simplificado'!OEM4","v":0},{"$f":"'CRO2_Crono Simplificado'!#REF!","v":{"$error":"#REF!"}},{"$f":"'CRO2_Crono Simplificado'!OEO4","v":0},{"$f":"'CRO2_Crono Simplificado'!#REF!","v":{"$error":"#REF!"}},{"$f":"'CRO2_Crono Simplificado'!OEQ4","v":0},{"$f":"'CRO2_Crono Simplificado'!#REF!","v":{"$error":"#REF!"}},{"$f":"'CRO2_Crono Simplificado'!OES4","v":0},{"$f":"'CRO2_Crono Simplificado'!#REF!","v":{"$error":"#REF!"}},{"$f":"'CRO2_Crono Simplificado'!OEU4","v":0},{"$f":"'CRO2_Crono Simplificado'!#REF!","v":{"$error":"#REF!"}},{"$f":"'CRO2_Crono Simplificado'!OEW4","v":0},{"$f":"'CRO2_Crono Simplificado'!#REF!","v":{"$error":"#REF!"}},{"$f":"'CRO2_Crono Simplificado'!OEY4","v":0},{"$f":"'CRO2_Crono Simplificado'!#REF!","v":{"$error":"#REF!"}},{"$f":"'CRO2_Crono Simplificado'!OFA4","v":0},{"$f":"'CRO2_Crono Simplificado'!#REF!","v":{"$error":"#REF!"}},{"$f":"'CRO2_Crono Simplificado'!OFC4","v":0},{"$f":"'CRO2_Crono Simplificado'!#REF!","v":{"$error":"#REF!"}},{"$f":"'CRO2_Crono Simplificado'!OFE4","v":0},{"$f":"'CRO2_Crono Simplificado'!#REF!","v":{"$error":"#REF!"}},{"$f":"'CRO2_Crono Simplificado'!OFG4","v":0},{"$f":"'CRO2_Crono Simplificado'!#REF!","v":{"$error":"#REF!"}},{"$f":"'CRO2_Crono Simplificado'!OFI4","v":0},{"$f":"'CRO2_Crono Simplificado'!#REF!","v":{"$error":"#REF!"}},{"$f":"'CRO2_Crono Simplificado'!OFK4","v":0},{"$f":"'CRO2_Crono Simplificado'!#REF!","v":{"$error":"#REF!"}},{"$f":"'CRO2_Crono Simplificado'!OFM4","v":0},{"$f":"'CRO2_Crono Simplificado'!#REF!","v":{"$error":"#REF!"}},{"$f":"'CRO2_Crono Simplificado'!OFO4","v":0},{"$f":"'CRO2_Crono Simplificado'!#REF!","v":{"$error":"#REF!"}},{"$f":"'CRO2_Crono Simplificado'!OFQ4","v":0},{"$f":"'CRO2_Crono Simplificado'!#REF!","v":{"$error":"#REF!"}},{"$f":"'CRO2_Crono Simplificado'!OFS4","v":0},{"$f":"'CRO2_Crono Simplificado'!#REF!","v":{"$error":"#REF!"}},{"$f":"'CRO2_Crono Simplificado'!OFU4","v":0},{"$f":"'CRO2_Crono Simplificado'!#REF!","v":{"$error":"#REF!"}},{"$f":"'CRO2_Crono Simplificado'!OFW4","v":0},{"$f":"'CRO2_Crono Simplificado'!#REF!","v":{"$error":"#REF!"}},{"$f":"'CRO2_Crono Simplificado'!OFY4","v":0},{"$f":"'CRO2_Crono Simplificado'!#REF!","v":{"$error":"#REF!"}},{"$f":"'CRO2_Crono Simplificado'!OGA4","v":0},{"$f":"'CRO2_Crono Simplificado'!#REF!","v":{"$error":"#REF!"}},{"$f":"'CRO2_Crono Simplificado'!OGC4","v":0},{"$f":"'CRO2_Crono Simplificado'!#REF!","v":{"$error":"#REF!"}},{"$f":"'CRO2_Crono Simplificado'!OGE4","v":0},{"$f":"'CRO2_Crono Simplificado'!#REF!","v":{"$error":"#REF!"}},{"$f":"'CRO2_Crono Simplificado'!OGG4","v":0},{"$f":"'CRO2_Crono Simplificado'!#REF!","v":{"$error":"#REF!"}},{"$f":"'CRO2_Crono Simplificado'!OGI4","v":0},{"$f":"'CRO2_Crono Simplificado'!#REF!","v":{"$error":"#REF!"}},{"$f":"'CRO2_Crono Simplificado'!OGK4","v":0},{"$f":"'CRO2_Crono Simplificado'!#REF!","v":{"$error":"#REF!"}},{"$f":"'CRO2_Crono Simplificado'!OGM4","v":0},{"$f":"'CRO2_Crono Simplificado'!#REF!","v":{"$error":"#REF!"}},{"$f":"'CRO2_Crono Simplificado'!OGO4","v":0},{"$f":"'CRO2_Crono Simplificado'!#REF!","v":{"$error":"#REF!"}},{"$f":"'CRO2_Crono Simplificado'!OGQ4","v":0},{"$f":"'CRO2_Crono Simplificado'!#REF!","v":{"$error":"#REF!"}},{"$f":"'CRO2_Crono Simplificado'!OGS4","v":0},{"$f":"'CRO2_Crono Simplificado'!#REF!","v":{"$error":"#REF!"}},{"$f":"'CRO2_Crono Simplificado'!OGU4","v":0},{"$f":"'CRO2_Crono Simplificado'!#REF!","v":{"$error":"#REF!"}},{"$f":"'CRO2_Crono Simplificado'!OGW4","v":0},{"$f":"'CRO2_Crono Simplificado'!#REF!","v":{"$error":"#REF!"}},{"$f":"'CRO2_Crono Simplificado'!OGY4","v":0},{"$f":"'CRO2_Crono Simplificado'!#REF!","v":{"$error":"#REF!"}},{"$f":"'CRO2_Crono Simplificado'!OHA4","v":0},{"$f":"'CRO2_Crono Simplificado'!#REF!","v":{"$error":"#REF!"}},{"$f":"'CRO2_Crono Simplificado'!OHC4","v":0},{"$f":"'CRO2_Crono Simplificado'!#REF!","v":{"$error":"#REF!"}},{"$f":"'CRO2_Crono Simplificado'!OHE4","v":0},{"$f":"'CRO2_Crono Simplificado'!#REF!","v":{"$error":"#REF!"}},{"$f":"'CRO2_Crono Simplificado'!OHG4","v":0},{"$f":"'CRO2_Crono Simplificado'!#REF!","v":{"$error":"#REF!"}},{"$f":"'CRO2_Crono Simplificado'!OHI4","v":0},{"$f":"'CRO2_Crono Simplificado'!#REF!","v":{"$error":"#REF!"}},{"$f":"'CRO2_Crono Simplificado'!OHK4","v":0},{"$f":"'CRO2_Crono Simplificado'!#REF!","v":{"$error":"#REF!"}},{"$f":"'CRO2_Crono Simplificado'!OHM4","v":0},{"$f":"'CRO2_Crono Simplificado'!#REF!","v":{"$error":"#REF!"}},{"$f":"'CRO2_Crono Simplificado'!OHO4","v":0},{"$f":"'CRO2_Crono Simplificado'!#REF!","v":{"$error":"#REF!"}},{"$f":"'CRO2_Crono Simplificado'!OHQ4","v":0},{"$f":"'CRO2_Crono Simplificado'!#REF!","v":{"$error":"#REF!"}},{"$f":"'CRO2_Crono Simplificado'!OHS4","v":0},{"$f":"'CRO2_Crono Simplificado'!#REF!","v":{"$error":"#REF!"}},{"$f":"'CRO2_Crono Simplificado'!OHU4","v":0},{"$f":"'CRO2_Crono Simplificado'!#REF!","v":{"$error":"#REF!"}},{"$f":"'CRO2_Crono Simplificado'!OHW4","v":0},{"$f":"'CRO2_Crono Simplificado'!#REF!","v":{"$error":"#REF!"}},{"$f":"'CRO2_Crono Simplificado'!OHY4","v":0},{"$f":"'CRO2_Crono Simplificado'!#REF!","v":{"$error":"#REF!"}},{"$f":"'CRO2_Crono Simplificado'!OIA4","v":0},{"$f":"'CRO2_Crono Simplificado'!#REF!","v":{"$error":"#REF!"}},{"$f":"'CRO2_Crono Simplificado'!OIC4","v":0},{"$f":"'CRO2_Crono Simplificado'!#REF!","v":{"$error":"#REF!"}},{"$f":"'CRO2_Crono Simplificado'!OIE4","v":0},{"$f":"'CRO2_Crono Simplificado'!#REF!","v":{"$error":"#REF!"}},{"$f":"'CRO2_Crono Simplificado'!OIG4","v":0},{"$f":"'CRO2_Crono Simplificado'!#REF!","v":{"$error":"#REF!"}},{"$f":"'CRO2_Crono Simplificado'!OII4","v":0},{"$f":"'CRO2_Crono Simplificado'!#REF!","v":{"$error":"#REF!"}},{"$f":"'CRO2_Crono Simplificado'!OIK4","v":0},{"$f":"'CRO2_Crono Simplificado'!#REF!","v":{"$error":"#REF!"}},{"$f":"'CRO2_Crono Simplificado'!OIM4","v":0},{"$f":"'CRO2_Crono Simplificado'!#REF!","v":{"$error":"#REF!"}},{"$f":"'CRO2_Crono Simplificado'!OIO4","v":0},{"$f":"'CRO2_Crono Simplificado'!#REF!","v":{"$error":"#REF!"}},{"$f":"'CRO2_Crono Simplificado'!OIQ4","v":0},{"$f":"'CRO2_Crono Simplificado'!#REF!","v":{"$error":"#REF!"}},{"$f":"'CRO2_Crono Simplificado'!OIS4","v":0},{"$f":"'CRO2_Crono Simplificado'!#REF!","v":{"$error":"#REF!"}},{"$f":"'CRO2_Crono Simplificado'!OIU4","v":0},{"$f":"'CRO2_Crono Simplificado'!#REF!","v":{"$error":"#REF!"}},{"$f":"'CRO2_Crono Simplificado'!OIW4","v":0},{"$f":"'CRO2_Crono Simplificado'!#REF!","v":{"$error":"#REF!"}},{"$f":"'CRO2_Crono Simplificado'!OIY4","v":0},{"$f":"'CRO2_Crono Simplificado'!#REF!","v":{"$error":"#REF!"}},{"$f":"'CRO2_Crono Simplificado'!OJA4","v":0},{"$f":"'CRO2_Crono Simplificado'!#REF!","v":{"$error":"#REF!"}},{"$f":"'CRO2_Crono Simplificado'!OJC4","v":0},{"$f":"'CRO2_Crono Simplificado'!#REF!","v":{"$error":"#REF!"}},{"$f":"'CRO2_Crono Simplificado'!OJE4","v":0},{"$f":"'CRO2_Crono Simplificado'!#REF!","v":{"$error":"#REF!"}},{"$f":"'CRO2_Crono Simplificado'!OJG4","v":0},{"$f":"'CRO2_Crono Simplificado'!#REF!","v":{"$error":"#REF!"}},{"$f":"'CRO2_Crono Simplificado'!OJI4","v":0},{"$f":"'CRO2_Crono Simplificado'!#REF!","v":{"$error":"#REF!"}},{"$f":"'CRO2_Crono Simplificado'!OJK4","v":0},{"$f":"'CRO2_Crono Simplificado'!#REF!","v":{"$error":"#REF!"}},{"$f":"'CRO2_Crono Simplificado'!OJM4","v":0},{"$f":"'CRO2_Crono Simplificado'!#REF!","v":{"$error":"#REF!"}},{"$f":"'CRO2_Crono Simplificado'!OJO4","v":0},{"$f":"'CRO2_Crono Simplificado'!#REF!","v":{"$error":"#REF!"}},{"$f":"'CRO2_Crono Simplificado'!OJQ4","v":0},{"$f":"'CRO2_Crono Simplificado'!#REF!","v":{"$error":"#REF!"}},{"$f":"'CRO2_Crono Simplificado'!OJS4","v":0},{"$f":"'CRO2_Crono Simplificado'!#REF!","v":{"$error":"#REF!"}},{"$f":"'CRO2_Crono Simplificado'!OJU4","v":0},{"$f":"'CRO2_Crono Simplificado'!#REF!","v":{"$error":"#REF!"}},{"$f":"'CRO2_Crono Simplificado'!OJW4","v":0},{"$f":"'CRO2_Crono Simplificado'!#REF!","v":{"$error":"#REF!"}},{"$f":"'CRO2_Crono Simplificado'!OJY4","v":0},{"$f":"'CRO2_Crono Simplificado'!#REF!","v":{"$error":"#REF!"}},{"$f":"'CRO2_Crono Simplificado'!OKA4","v":0},{"$f":"'CRO2_Crono Simplificado'!#REF!","v":{"$error":"#REF!"}},{"$f":"'CRO2_Crono Simplificado'!OKC4","v":0},{"$f":"'CRO2_Crono Simplificado'!#REF!","v":{"$error":"#REF!"}},{"$f":"'CRO2_Crono Simplificado'!OKE4","v":0},{"$f":"'CRO2_Crono Simplificado'!#REF!","v":{"$error":"#REF!"}},{"$f":"'CRO2_Crono Simplificado'!OKG4","v":0},{"$f":"'CRO2_Crono Simplificado'!#REF!","v":{"$error":"#REF!"}},{"$f":"'CRO2_Crono Simplificado'!OKI4","v":0},{"$f":"'CRO2_Crono Simplificado'!#REF!","v":{"$error":"#REF!"}},{"$f":"'CRO2_Crono Simplificado'!OKK4","v":0},{"$f":"'CRO2_Crono Simplificado'!#REF!","v":{"$error":"#REF!"}},{"$f":"'CRO2_Crono Simplificado'!OKM4","v":0},{"$f":"'CRO2_Crono Simplificado'!#REF!","v":{"$error":"#REF!"}},{"$f":"'CRO2_Crono Simplificado'!OKO4","v":0},{"$f":"'CRO2_Crono Simplificado'!#REF!","v":{"$error":"#REF!"}},{"$f":"'CRO2_Crono Simplificado'!OKQ4","v":0},{"$f":"'CRO2_Crono Simplificado'!#REF!","v":{"$error":"#REF!"}},{"$f":"'CRO2_Crono Simplificado'!OKS4","v":0},{"$f":"'CRO2_Crono Simplificado'!#REF!","v":{"$error":"#REF!"}},{"$f":"'CRO2_Crono Simplificado'!OKU4","v":0},{"$f":"'CRO2_Crono Simplificado'!#REF!","v":{"$error":"#REF!"}},{"$f":"'CRO2_Crono Simplificado'!OKW4","v":0},{"$f":"'CRO2_Crono Simplificado'!#REF!","v":{"$error":"#REF!"}},{"$f":"'CRO2_Crono Simplificado'!OKY4","v":0},{"$f":"'CRO2_Crono Simplificado'!#REF!","v":{"$error":"#REF!"}},{"$f":"'CRO2_Crono Simplificado'!OLA4","v":0},{"$f":"'CRO2_Crono Simplificado'!#REF!","v":{"$error":"#REF!"}},{"$f":"'CRO2_Crono Simplificado'!OLC4","v":0},{"$f":"'CRO2_Crono Simplificado'!#REF!","v":{"$error":"#REF!"}},{"$f":"'CRO2_Crono Simplificado'!OLE4","v":0},{"$f":"'CRO2_Crono Simplificado'!#REF!","v":{"$error":"#REF!"}},{"$f":"'CRO2_Crono Simplificado'!OLG4","v":0},{"$f":"'CRO2_Crono Simplificado'!#REF!","v":{"$error":"#REF!"}},{"$f":"'CRO2_Crono Simplificado'!OLI4","v":0},{"$f":"'CRO2_Crono Simplificado'!#REF!","v":{"$error":"#REF!"}},{"$f":"'CRO2_Crono Simplificado'!OLK4","v":0},{"$f":"'CRO2_Crono Simplificado'!#REF!","v":{"$error":"#REF!"}},{"$f":"'CRO2_Crono Simplificado'!OLM4","v":0},{"$f":"'CRO2_Crono Simplificado'!#REF!","v":{"$error":"#REF!"}},{"$f":"'CRO2_Crono Simplificado'!OLO4","v":0},{"$f":"'CRO2_Crono Simplificado'!#REF!","v":{"$error":"#REF!"}},{"$f":"'CRO2_Crono Simplificado'!OLQ4","v":0},{"$f":"'CRO2_Crono Simplificado'!#REF!","v":{"$error":"#REF!"}},{"$f":"'CRO2_Crono Simplificado'!OLS4","v":0},{"$f":"'CRO2_Crono Simplificado'!#REF!","v":{"$error":"#REF!"}},{"$f":"'CRO2_Crono Simplificado'!OLU4","v":0},{"$f":"'CRO2_Crono Simplificado'!#REF!","v":{"$error":"#REF!"}},{"$f":"'CRO2_Crono Simplificado'!OLW4","v":0},{"$f":"'CRO2_Crono Simplificado'!#REF!","v":{"$error":"#REF!"}},{"$f":"'CRO2_Crono Simplificado'!OLY4","v":0},{"$f":"'CRO2_Crono Simplificado'!#REF!","v":{"$error":"#REF!"}},{"$f":"'CRO2_Crono Simplificado'!OMA4","v":0},{"$f":"'CRO2_Crono Simplificado'!#REF!","v":{"$error":"#REF!"}},{"$f":"'CRO2_Crono Simplificado'!OMC4","v":0},{"$f":"'CRO2_Crono Simplificado'!#REF!","v":{"$error":"#REF!"}},{"$f":"'CRO2_Crono Simplificado'!OME4","v":0},{"$f":"'CRO2_Crono Simplificado'!#REF!","v":{"$error":"#REF!"}},{"$f":"'CRO2_Crono Simplificado'!OMG4","v":0},{"$f":"'CRO2_Crono Simplificado'!#REF!","v":{"$error":"#REF!"}},{"$f":"'CRO2_Crono Simplificado'!OMI4","v":0},{"$f":"'CRO2_Crono Simplificado'!#REF!","v":{"$error":"#REF!"}},{"$f":"'CRO2_Crono Simplificado'!OMK4","v":0},{"$f":"'CRO2_Crono Simplificado'!#REF!","v":{"$error":"#REF!"}},{"$f":"'CRO2_Crono Simplificado'!OMM4","v":0},{"$f":"'CRO2_Crono Simplificado'!#REF!","v":{"$error":"#REF!"}},{"$f":"'CRO2_Crono Simplificado'!OMO4","v":0},{"$f":"'CRO2_Crono Simplificado'!#REF!","v":{"$error":"#REF!"}},{"$f":"'CRO2_Crono Simplificado'!OMQ4","v":0},{"$f":"'CRO2_Crono Simplificado'!#REF!","v":{"$error":"#REF!"}},{"$f":"'CRO2_Crono Simplificado'!OMS4","v":0},{"$f":"'CRO2_Crono Simplificado'!#REF!","v":{"$error":"#REF!"}},{"$f":"'CRO2_Crono Simplificado'!OMU4","v":0},{"$f":"'CRO2_Crono Simplificado'!#REF!","v":{"$error":"#REF!"}},{"$f":"'CRO2_Crono Simplificado'!OMW4","v":0},{"$f":"'CRO2_Crono Simplificado'!#REF!","v":{"$error":"#REF!"}},{"$f":"'CRO2_Crono Simplificado'!OMY4","v":0},{"$f":"'CRO2_Crono Simplificado'!#REF!","v":{"$error":"#REF!"}},{"$f":"'CRO2_Crono Simplificado'!ONA4","v":0},{"$f":"'CRO2_Crono Simplificado'!#REF!","v":{"$error":"#REF!"}},{"$f":"'CRO2_Crono Simplificado'!ONC4","v":0},{"$f":"'CRO2_Crono Simplificado'!#REF!","v":{"$error":"#REF!"}},{"$f":"'CRO2_Crono Simplificado'!ONE4","v":0},{"$f":"'CRO2_Crono Simplificado'!#REF!","v":{"$error":"#REF!"}},{"$f":"'CRO2_Crono Simplificado'!ONG4","v":0},{"$f":"'CRO2_Crono Simplificado'!#REF!","v":{"$error":"#REF!"}},{"$f":"'CRO2_Crono Simplificado'!ONI4","v":0},{"$f":"'CRO2_Crono Simplificado'!#REF!","v":{"$error":"#REF!"}},{"$f":"'CRO2_Crono Simplificado'!ONK4","v":0},{"$f":"'CRO2_Crono Simplificado'!#REF!","v":{"$error":"#REF!"}},{"$f":"'CRO2_Crono Simplificado'!ONM4","v":0},{"$f":"'CRO2_Crono Simplificado'!#REF!","v":{"$error":"#REF!"}},{"$f":"'CRO2_Crono Simplificado'!ONO4","v":0},{"$f":"'CRO2_Crono Simplificado'!#REF!","v":{"$error":"#REF!"}},{"$f":"'CRO2_Crono Simplificado'!ONQ4","v":0},{"$f":"'CRO2_Crono Simplificado'!#REF!","v":{"$error":"#REF!"}},{"$f":"'CRO2_Crono Simplificado'!ONS4","v":0},{"$f":"'CRO2_Crono Simplificado'!#REF!","v":{"$error":"#REF!"}},{"$f":"'CRO2_Crono Simplificado'!ONU4","v":0},{"$f":"'CRO2_Crono Simplificado'!#REF!","v":{"$error":"#REF!"}},{"$f":"'CRO2_Crono Simplificado'!ONW4","v":0},{"$f":"'CRO2_Crono Simplificado'!#REF!","v":{"$error":"#REF!"}},{"$f":"'CRO2_Crono Simplificado'!ONY4","v":0},{"$f":"'CRO2_Crono Simplificado'!#REF!","v":{"$error":"#REF!"}},{"$f":"'CRO2_Crono Simplificado'!OOA4","v":0},{"$f":"'CRO2_Crono Simplificado'!#REF!","v":{"$error":"#REF!"}},{"$f":"'CRO2_Crono Simplificado'!OOC4","v":0},{"$f":"'CRO2_Crono Simplificado'!#REF!","v":{"$error":"#REF!"}},{"$f":"'CRO2_Crono Simplificado'!OOE4","v":0},{"$f":"'CRO2_Crono Simplificado'!#REF!","v":{"$error":"#REF!"}},{"$f":"'CRO2_Crono Simplificado'!OOG4","v":0},{"$f":"'CRO2_Crono Simplificado'!#REF!","v":{"$error":"#REF!"}},{"$f":"'CRO2_Crono Simplificado'!OOI4","v":0},{"$f":"'CRO2_Crono Simplificado'!#REF!","v":{"$error":"#REF!"}},{"$f":"'CRO2_Crono Simplificado'!OOK4","v":0},{"$f":"'CRO2_Crono Simplificado'!#REF!","v":{"$error":"#REF!"}},{"$f":"'CRO2_Crono Simplificado'!OOM4","v":0},{"$f":"'CRO2_Crono Simplificado'!#REF!","v":{"$error":"#REF!"}},{"$f":"'CRO2_Crono Simplificado'!OOO4","v":0},{"$f":"'CRO2_Crono Simplificado'!#REF!","v":{"$error":"#REF!"}},{"$f":"'CRO2_Crono Simplificado'!OOQ4","v":0},{"$f":"'CRO2_Crono Simplificado'!#REF!","v":{"$error":"#REF!"}},{"$f":"'CRO2_Crono Simplificado'!OOS4","v":0},{"$f":"'CRO2_Crono Simplificado'!#REF!","v":{"$error":"#REF!"}},{"$f":"'CRO2_Crono Simplificado'!OOU4","v":0},{"$f":"'CRO2_Crono Simplificado'!#REF!","v":{"$error":"#REF!"}},{"$f":"'CRO2_Crono Simplificado'!OOW4","v":0},{"$f":"'CRO2_Crono Simplificado'!#REF!","v":{"$error":"#REF!"}},{"$f":"'CRO2_Crono Simplificado'!OOY4","v":0},{"$f":"'CRO2_Crono Simplificado'!#REF!","v":{"$error":"#REF!"}},{"$f":"'CRO2_Crono Simplificado'!OPA4","v":0},{"$f":"'CRO2_Crono Simplificado'!#REF!","v":{"$error":"#REF!"}},{"$f":"'CRO2_Crono Simplificado'!OPC4","v":0},{"$f":"'CRO2_Crono Simplificado'!#REF!","v":{"$error":"#REF!"}},{"$f":"'CRO2_Crono Simplificado'!OPE4","v":0},{"$f":"'CRO2_Crono Simplificado'!#REF!","v":{"$error":"#REF!"}},{"$f":"'CRO2_Crono Simplificado'!OPG4","v":0},{"$f":"'CRO2_Crono Simplificado'!#REF!","v":{"$error":"#REF!"}},{"$f":"'CRO2_Crono Simplificado'!OPI4","v":0},{"$f":"'CRO2_Crono Simplificado'!#REF!","v":{"$error":"#REF!"}},{"$f":"'CRO2_Crono Simplificado'!OPK4","v":0},{"$f":"'CRO2_Crono Simplificado'!#REF!","v":{"$error":"#REF!"}},{"$f":"'CRO2_Crono Simplificado'!OPM4","v":0},{"$f":"'CRO2_Crono Simplificado'!#REF!","v":{"$error":"#REF!"}},{"$f":"'CRO2_Crono Simplificado'!OPO4","v":0},{"$f":"'CRO2_Crono Simplificado'!#REF!","v":{"$error":"#REF!"}},{"$f":"'CRO2_Crono Simplificado'!OPQ4","v":0},{"$f":"'CRO2_Crono Simplificado'!#REF!","v":{"$error":"#REF!"}},{"$f":"'CRO2_Crono Simplificado'!OPS4","v":0},{"$f":"'CRO2_Crono Simplificado'!#REF!","v":{"$error":"#REF!"}},{"$f":"'CRO2_Crono Simplificado'!OPU4","v":0},{"$f":"'CRO2_Crono Simplificado'!#REF!","v":{"$error":"#REF!"}},{"$f":"'CRO2_Crono Simplificado'!OPW4","v":0},{"$f":"'CRO2_Crono Simplificado'!#REF!","v":{"$error":"#REF!"}},{"$f":"'CRO2_Crono Simplificado'!OPY4","v":0},{"$f":"'CRO2_Crono Simplificado'!#REF!","v":{"$error":"#REF!"}},{"$f":"'CRO2_Crono Simplificado'!OQA4","v":0},{"$f":"'CRO2_Crono Simplificado'!#REF!","v":{"$error":"#REF!"}},{"$f":"'CRO2_Crono Simplificado'!OQC4","v":0},{"$f":"'CRO2_Crono Simplificado'!#REF!","v":{"$error":"#REF!"}},{"$f":"'CRO2_Crono Simplificado'!OQE4","v":0},{"$f":"'CRO2_Crono Simplificado'!#REF!","v":{"$error":"#REF!"}},{"$f":"'CRO2_Crono Simplificado'!OQG4","v":0},{"$f":"'CRO2_Crono Simplificado'!#REF!","v":{"$error":"#REF!"}},{"$f":"'CRO2_Crono Simplificado'!OQI4","v":0},{"$f":"'CRO2_Crono Simplificado'!#REF!","v":{"$error":"#REF!"}},{"$f":"'CRO2_Crono Simplificado'!OQK4","v":0},{"$f":"'CRO2_Crono Simplificado'!#REF!","v":{"$error":"#REF!"}},{"$f":"'CRO2_Crono Simplificado'!OQM4","v":0},{"$f":"'CRO2_Crono Simplificado'!#REF!","v":{"$error":"#REF!"}},{"$f":"'CRO2_Crono Simplificado'!OQO4","v":0},{"$f":"'CRO2_Crono Simplificado'!#REF!","v":{"$error":"#REF!"}},{"$f":"'CRO2_Crono Simplificado'!OQQ4","v":0},{"$f":"'CRO2_Crono Simplificado'!#REF!","v":{"$error":"#REF!"}},{"$f":"'CRO2_Crono Simplificado'!OQS4","v":0},{"$f":"'CRO2_Crono Simplificado'!#REF!","v":{"$error":"#REF!"}},{"$f":"'CRO2_Crono Simplificado'!OQU4","v":0},{"$f":"'CRO2_Crono Simplificado'!#REF!","v":{"$error":"#REF!"}},{"$f":"'CRO2_Crono Simplificado'!OQW4","v":0},{"$f":"'CRO2_Crono Simplificado'!#REF!","v":{"$error":"#REF!"}},{"$f":"'CRO2_Crono Simplificado'!OQY4","v":0},{"$f":"'CRO2_Crono Simplificado'!#REF!","v":{"$error":"#REF!"}},{"$f":"'CRO2_Crono Simplificado'!ORA4","v":0},{"$f":"'CRO2_Crono Simplificado'!#REF!","v":{"$error":"#REF!"}},{"$f":"'CRO2_Crono Simplificado'!ORC4","v":0},{"$f":"'CRO2_Crono Simplificado'!#REF!","v":{"$error":"#REF!"}},{"$f":"'CRO2_Crono Simplificado'!ORE4","v":0},{"$f":"'CRO2_Crono Simplificado'!#REF!","v":{"$error":"#REF!"}},{"$f":"'CRO2_Crono Simplificado'!ORG4","v":0},{"$f":"'CRO2_Crono Simplificado'!#REF!","v":{"$error":"#REF!"}},{"$f":"'CRO2_Crono Simplificado'!ORI4","v":0},{"$f":"'CRO2_Crono Simplificado'!#REF!","v":{"$error":"#REF!"}},{"$f":"'CRO2_Crono Simplificado'!ORK4","v":0},{"$f":"'CRO2_Crono Simplificado'!#REF!","v":{"$error":"#REF!"}},{"$f":"'CRO2_Crono Simplificado'!ORM4","v":0},{"$f":"'CRO2_Crono Simplificado'!#REF!","v":{"$error":"#REF!"}},{"$f":"'CRO2_Crono Simplificado'!ORO4","v":0},{"$f":"'CRO2_Crono Simplificado'!#REF!","v":{"$error":"#REF!"}},{"$f":"'CRO2_Crono Simplificado'!ORQ4","v":0},{"$f":"'CRO2_Crono Simplificado'!#REF!","v":{"$error":"#REF!"}},{"$f":"'CRO2_Crono Simplificado'!ORS4","v":0},{"$f":"'CRO2_Crono Simplificado'!#REF!","v":{"$error":"#REF!"}},{"$f":"'CRO2_Crono Simplificado'!ORU4","v":0},{"$f":"'CRO2_Crono Simplificado'!#REF!","v":{"$error":"#REF!"}},{"$f":"'CRO2_Crono Simplificado'!ORW4","v":0},{"$f":"'CRO2_Crono Simplificado'!#REF!","v":{"$error":"#REF!"}},{"$f":"'CRO2_Crono Simplificado'!ORY4","v":0},{"$f":"'CRO2_Crono Simplificado'!#REF!","v":{"$error":"#REF!"}},{"$f":"'CRO2_Crono Simplificado'!OSA4","v":0},{"$f":"'CRO2_Crono Simplificado'!#REF!","v":{"$error":"#REF!"}},{"$f":"'CRO2_Crono Simplificado'!OSC4","v":0},{"$f":"'CRO2_Crono Simplificado'!#REF!","v":{"$error":"#REF!"}},{"$f":"'CRO2_Crono Simplificado'!OSE4","v":0},{"$f":"'CRO2_Crono Simplificado'!#REF!","v":{"$error":"#REF!"}},{"$f":"'CRO2_Crono Simplificado'!OSG4","v":0},{"$f":"'CRO2_Crono Simplificado'!#REF!","v":{"$error":"#REF!"}},{"$f":"'CRO2_Crono Simplificado'!OSI4","v":0},{"$f":"'CRO2_Crono Simplificado'!#REF!","v":{"$error":"#REF!"}},{"$f":"'CRO2_Crono Simplificado'!OSK4","v":0},{"$f":"'CRO2_Crono Simplificado'!#REF!","v":{"$error":"#REF!"}},{"$f":"'CRO2_Crono Simplificado'!OSM4","v":0},{"$f":"'CRO2_Crono Simplificado'!#REF!","v":{"$error":"#REF!"}},{"$f":"'CRO2_Crono Simplificado'!OSO4","v":0},{"$f":"'CRO2_Crono Simplificado'!#REF!","v":{"$error":"#REF!"}},{"$f":"'CRO2_Crono Simplificado'!OSQ4","v":0},{"$f":"'CRO2_Crono Simplificado'!#REF!","v":{"$error":"#REF!"}},{"$f":"'CRO2_Crono Simplificado'!OSS4","v":0},{"$f":"'CRO2_Crono Simplificado'!#REF!","v":{"$error":"#REF!"}},{"$f":"'CRO2_Crono Simplificado'!OSU4","v":0},{"$f":"'CRO2_Crono Simplificado'!#REF!","v":{"$error":"#REF!"}},{"$f":"'CRO2_Crono Simplificado'!OSW4","v":0},{"$f":"'CRO2_Crono Simplificado'!#REF!","v":{"$error":"#REF!"}},{"$f":"'CRO2_Crono Simplificado'!OSY4","v":0},{"$f":"'CRO2_Crono Simplificado'!#REF!","v":{"$error":"#REF!"}},{"$f":"'CRO2_Crono Simplificado'!OTA4","v":0},{"$f":"'CRO2_Crono Simplificado'!#REF!","v":{"$error":"#REF!"}},{"$f":"'CRO2_Crono Simplificado'!OTC4","v":0},{"$f":"'CRO2_Crono Simplificado'!#REF!","v":{"$error":"#REF!"}},{"$f":"'CRO2_Crono Simplificado'!OTE4","v":0},{"$f":"'CRO2_Crono Simplificado'!#REF!","v":{"$error":"#REF!"}},{"$f":"'CRO2_Crono Simplificado'!OTG4","v":0},{"$f":"'CRO2_Crono Simplificado'!#REF!","v":{"$error":"#REF!"}},{"$f":"'CRO2_Crono Simplificado'!OTI4","v":0},{"$f":"'CRO2_Crono Simplificado'!#REF!","v":{"$error":"#REF!"}},{"$f":"'CRO2_Crono Simplificado'!OTK4","v":0},{"$f":"'CRO2_Crono Simplificado'!#REF!","v":{"$error":"#REF!"}},{"$f":"'CRO2_Crono Simplificado'!OTM4","v":0},{"$f":"'CRO2_Crono Simplificado'!#REF!","v":{"$error":"#REF!"}},{"$f":"'CRO2_Crono Simplificado'!OTO4","v":0},{"$f":"'CRO2_Crono Simplificado'!#REF!","v":{"$error":"#REF!"}},{"$f":"'CRO2_Crono Simplificado'!OTQ4","v":0},{"$f":"'CRO2_Crono Simplificado'!#REF!","v":{"$error":"#REF!"}},{"$f":"'CRO2_Crono Simplificado'!OTS4","v":0},{"$f":"'CRO2_Crono Simplificado'!#REF!","v":{"$error":"#REF!"}},{"$f":"'CRO2_Crono Simplificado'!OTU4","v":0},{"$f":"'CRO2_Crono Simplificado'!#REF!","v":{"$error":"#REF!"}},{"$f":"'CRO2_Crono Simplificado'!OTW4","v":0},{"$f":"'CRO2_Crono Simplificado'!#REF!","v":{"$error":"#REF!"}},{"$f":"'CRO2_Crono Simplificado'!OTY4","v":0},{"$f":"'CRO2_Crono Simplificado'!#REF!","v":{"$error":"#REF!"}},{"$f":"'CRO2_Crono Simplificado'!OUA4","v":0},{"$f":"'CRO2_Crono Simplificado'!#REF!","v":{"$error":"#REF!"}},{"$f":"'CRO2_Crono Simplificado'!OUC4","v":0},{"$f":"'CRO2_Crono Simplificado'!#REF!","v":{"$error":"#REF!"}},{"$f":"'CRO2_Crono Simplificado'!OUE4","v":0},{"$f":"'CRO2_Crono Simplificado'!#REF!","v":{"$error":"#REF!"}},{"$f":"'CRO2_Crono Simplificado'!OUG4","v":0},{"$f":"'CRO2_Crono Simplificado'!#REF!","v":{"$error":"#REF!"}},{"$f":"'CRO2_Crono Simplificado'!OUI4","v":0},{"$f":"'CRO2_Crono Simplificado'!#REF!","v":{"$error":"#REF!"}},{"$f":"'CRO2_Crono Simplificado'!OUK4","v":0},{"$f":"'CRO2_Crono Simplificado'!#REF!","v":{"$error":"#REF!"}},{"$f":"'CRO2_Crono Simplificado'!OUM4","v":0},{"$f":"'CRO2_Crono Simplificado'!#REF!","v":{"$error":"#REF!"}},{"$f":"'CRO2_Crono Simplificado'!OUO4","v":0},{"$f":"'CRO2_Crono Simplificado'!#REF!","v":{"$error":"#REF!"}},{"$f":"'CRO2_Crono Simplificado'!OUQ4","v":0},{"$f":"'CRO2_Crono Simplificado'!#REF!","v":{"$error":"#REF!"}},{"$f":"'CRO2_Crono Simplificado'!OUS4","v":0},{"$f":"'CRO2_Crono Simplificado'!#REF!","v":{"$error":"#REF!"}},{"$f":"'CRO2_Crono Simplificado'!OUU4","v":0},{"$f":"'CRO2_Crono Simplificado'!#REF!","v":{"$error":"#REF!"}},{"$f":"'CRO2_Crono Simplificado'!OUW4","v":0},{"$f":"'CRO2_Crono Simplificado'!#REF!","v":{"$error":"#REF!"}},{"$f":"'CRO2_Crono Simplificado'!OUY4","v":0},{"$f":"'CRO2_Crono Simplificado'!#REF!","v":{"$error":"#REF!"}},{"$f":"'CRO2_Crono Simplificado'!OVA4","v":0},{"$f":"'CRO2_Crono Simplificado'!#REF!","v":{"$error":"#REF!"}},{"$f":"'CRO2_Crono Simplificado'!OVC4","v":0},{"$f":"'CRO2_Crono Simplificado'!#REF!","v":{"$error":"#REF!"}},{"$f":"'CRO2_Crono Simplificado'!OVE4","v":0},{"$f":"'CRO2_Crono Simplificado'!#REF!","v":{"$error":"#REF!"}},{"$f":"'CRO2_Crono Simplificado'!OVG4","v":0},{"$f":"'CRO2_Crono Simplificado'!#REF!","v":{"$error":"#REF!"}},{"$f":"'CRO2_Crono Simplificado'!OVI4","v":0},{"$f":"'CRO2_Crono Simplificado'!#REF!","v":{"$error":"#REF!"}},{"$f":"'CRO2_Crono Simplificado'!OVK4","v":0},{"$f":"'CRO2_Crono Simplificado'!#REF!","v":{"$error":"#REF!"}},{"$f":"'CRO2_Crono Simplificado'!OVM4","v":0},{"$f":"'CRO2_Crono Simplificado'!#REF!","v":{"$error":"#REF!"}},{"$f":"'CRO2_Crono Simplificado'!OVO4","v":0},{"$f":"'CRO2_Crono Simplificado'!#REF!","v":{"$error":"#REF!"}},{"$f":"'CRO2_Crono Simplificado'!OVQ4","v":0},{"$f":"'CRO2_Crono Simplificado'!#REF!","v":{"$error":"#REF!"}},{"$f":"'CRO2_Crono Simplificado'!OVS4","v":0},{"$f":"'CRO2_Crono Simplificado'!#REF!","v":{"$error":"#REF!"}},{"$f":"'CRO2_Crono Simplificado'!OVU4","v":0},{"$f":"'CRO2_Crono Simplificado'!#REF!","v":{"$error":"#REF!"}},{"$f":"'CRO2_Crono Simplificado'!OVW4","v":0},{"$f":"'CRO2_Crono Simplificado'!#REF!","v":{"$error":"#REF!"}},{"$f":"'CRO2_Crono Simplificado'!OVY4","v":0},{"$f":"'CRO2_Crono Simplificado'!#REF!","v":{"$error":"#REF!"}},{"$f":"'CRO2_Crono Simplificado'!OWA4","v":0},{"$f":"'CRO2_Crono Simplificado'!#REF!","v":{"$error":"#REF!"}},{"$f":"'CRO2_Crono Simplificado'!OWC4","v":0},{"$f":"'CRO2_Crono Simplificado'!#REF!","v":{"$error":"#REF!"}},{"$f":"'CRO2_Crono Simplificado'!OWE4","v":0},{"$f":"'CRO2_Crono Simplificado'!#REF!","v":{"$error":"#REF!"}},{"$f":"'CRO2_Crono Simplificado'!OWG4","v":0},{"$f":"'CRO2_Crono Simplificado'!#REF!","v":{"$error":"#REF!"}},{"$f":"'CRO2_Crono Simplificado'!OWI4","v":0},{"$f":"'CRO2_Crono Simplificado'!#REF!","v":{"$error":"#REF!"}},{"$f":"'CRO2_Crono Simplificado'!OWK4","v":0},{"$f":"'CRO2_Crono Simplificado'!#REF!","v":{"$error":"#REF!"}},{"$f":"'CRO2_Crono Simplificado'!OWM4","v":0},{"$f":"'CRO2_Crono Simplificado'!#REF!","v":{"$error":"#REF!"}},{"$f":"'CRO2_Crono Simplificado'!OWO4","v":0},{"$f":"'CRO2_Crono Simplificado'!#REF!","v":{"$error":"#REF!"}},{"$f":"'CRO2_Crono Simplificado'!OWQ4","v":0},{"$f":"'CRO2_Crono Simplificado'!#REF!","v":{"$error":"#REF!"}},{"$f":"'CRO2_Crono Simplificado'!OWS4","v":0},{"$f":"'CRO2_Crono Simplificado'!#REF!","v":{"$error":"#REF!"}},{"$f":"'CRO2_Crono Simplificado'!OWU4","v":0},{"$f":"'CRO2_Crono Simplificado'!#REF!","v":{"$error":"#REF!"}},{"$f":"'CRO2_Crono Simplificado'!OWW4","v":0},{"$f":"'CRO2_Crono Simplificado'!#REF!","v":{"$error":"#REF!"}},{"$f":"'CRO2_Crono Simplificado'!OWY4","v":0},{"$f":"'CRO2_Crono Simplificado'!#REF!","v":{"$error":"#REF!"}},{"$f":"'CRO2_Crono Simplificado'!OXA4","v":0},{"$f":"'CRO2_Crono Simplificado'!#REF!","v":{"$error":"#REF!"}},{"$f":"'CRO2_Crono Simplificado'!OXC4","v":0},{"$f":"'CRO2_Crono Simplificado'!#REF!","v":{"$error":"#REF!"}},{"$f":"'CRO2_Crono Simplificado'!OXE4","v":0},{"$f":"'CRO2_Crono Simplificado'!#REF!","v":{"$error":"#REF!"}},{"$f":"'CRO2_Crono Simplificado'!OXG4","v":0},{"$f":"'CRO2_Crono Simplificado'!#REF!","v":{"$error":"#REF!"}},{"$f":"'CRO2_Crono Simplificado'!OXI4","v":0},{"$f":"'CRO2_Crono Simplificado'!#REF!","v":{"$error":"#REF!"}},{"$f":"'CRO2_Crono Simplificado'!OXK4","v":0},{"$f":"'CRO2_Crono Simplificado'!#REF!","v":{"$error":"#REF!"}},{"$f":"'CRO2_Crono Simplificado'!OXM4","v":0},{"$f":"'CRO2_Crono Simplificado'!#REF!","v":{"$error":"#REF!"}},{"$f":"'CRO2_Crono Simplificado'!OXO4","v":0},{"$f":"'CRO2_Crono Simplificado'!#REF!","v":{"$error":"#REF!"}},{"$f":"'CRO2_Crono Simplificado'!OXQ4","v":0},{"$f":"'CRO2_Crono Simplificado'!#REF!","v":{"$error":"#REF!"}},{"$f":"'CRO2_Crono Simplificado'!OXS4","v":0},{"$f":"'CRO2_Crono Simplificado'!#REF!","v":{"$error":"#REF!"}},{"$f":"'CRO2_Crono Simplificado'!OXU4","v":0},{"$f":"'CRO2_Crono Simplificado'!#REF!","v":{"$error":"#REF!"}},{"$f":"'CRO2_Crono Simplificado'!OXW4","v":0},{"$f":"'CRO2_Crono Simplificado'!#REF!","v":{"$error":"#REF!"}},{"$f":"'CRO2_Crono Simplificado'!OXY4","v":0},{"$f":"'CRO2_Crono Simplificado'!#REF!","v":{"$error":"#REF!"}},{"$f":"'CRO2_Crono Simplificado'!OYA4","v":0},{"$f":"'CRO2_Crono Simplificado'!#REF!","v":{"$error":"#REF!"}},{"$f":"'CRO2_Crono Simplificado'!OYC4","v":0},{"$f":"'CRO2_Crono Simplificado'!#REF!","v":{"$error":"#REF!"}},{"$f":"'CRO2_Crono Simplificado'!OYE4","v":0},{"$f":"'CRO2_Crono Simplificado'!#REF!","v":{"$error":"#REF!"}},{"$f":"'CRO2_Crono Simplificado'!OYG4","v":0},{"$f":"'CRO2_Crono Simplificado'!#REF!","v":{"$error":"#REF!"}},{"$f":"'CRO2_Crono Simplificado'!OYI4","v":0},{"$f":"'CRO2_Crono Simplificado'!#REF!","v":{"$error":"#REF!"}},{"$f":"'CRO2_Crono Simplificado'!OYK4","v":0},{"$f":"'CRO2_Crono Simplificado'!#REF!","v":{"$error":"#REF!"}},{"$f":"'CRO2_Crono Simplificado'!OYM4","v":0},{"$f":"'CRO2_Crono Simplificado'!#REF!","v":{"$error":"#REF!"}},{"$f":"'CRO2_Crono Simplificado'!OYO4","v":0},{"$f":"'CRO2_Crono Simplificado'!#REF!","v":{"$error":"#REF!"}},{"$f":"'CRO2_Crono Simplificado'!OYQ4","v":0},{"$f":"'CRO2_Crono Simplificado'!#REF!","v":{"$error":"#REF!"}},{"$f":"'CRO2_Crono Simplificado'!OYS4","v":0},{"$f":"'CRO2_Crono Simplificado'!#REF!","v":{"$error":"#REF!"}},{"$f":"'CRO2_Crono Simplificado'!OYU4","v":0},{"$f":"'CRO2_Crono Simplificado'!#REF!","v":{"$error":"#REF!"}},{"$f":"'CRO2_Crono Simplificado'!OYW4","v":0},{"$f":"'CRO2_Crono Simplificado'!#REF!","v":{"$error":"#REF!"}},{"$f":"'CRO2_Crono Simplificado'!OYY4","v":0},{"$f":"'CRO2_Crono Simplificado'!#REF!","v":{"$error":"#REF!"}},{"$f":"'CRO2_Crono Simplificado'!OZA4","v":0},{"$f":"'CRO2_Crono Simplificado'!#REF!","v":{"$error":"#REF!"}},{"$f":"'CRO2_Crono Simplificado'!OZC4","v":0},{"$f":"'CRO2_Crono Simplificado'!#REF!","v":{"$error":"#REF!"}},{"$f":"'CRO2_Crono Simplificado'!OZE4","v":0},{"$f":"'CRO2_Crono Simplificado'!#REF!","v":{"$error":"#REF!"}},{"$f":"'CRO2_Crono Simplificado'!OZG4","v":0},{"$f":"'CRO2_Crono Simplificado'!#REF!","v":{"$error":"#REF!"}},{"$f":"'CRO2_Crono Simplificado'!OZI4","v":0},{"$f":"'CRO2_Crono Simplificado'!#REF!","v":{"$error":"#REF!"}},{"$f":"'CRO2_Crono Simplificado'!OZK4","v":0},{"$f":"'CRO2_Crono Simplificado'!#REF!","v":{"$error":"#REF!"}},{"$f":"'CRO2_Crono Simplificado'!OZM4","v":0},{"$f":"'CRO2_Crono Simplificado'!#REF!","v":{"$error":"#REF!"}},{"$f":"'CRO2_Crono Simplificado'!OZO4","v":0},{"$f":"'CRO2_Crono Simplificado'!#REF!","v":{"$error":"#REF!"}},{"$f":"'CRO2_Crono Simplificado'!OZQ4","v":0},{"$f":"'CRO2_Crono Simplificado'!#REF!","v":{"$error":"#REF!"}},{"$f":"'CRO2_Crono Simplificado'!OZS4","v":0},{"$f":"'CRO2_Crono Simplificado'!#REF!","v":{"$error":"#REF!"}},{"$f":"'CRO2_Crono Simplificado'!OZU4","v":0},{"$f":"'CRO2_Crono Simplificado'!#REF!","v":{"$error":"#REF!"}},{"$f":"'CRO2_Crono Simplificado'!OZW4","v":0},{"$f":"'CRO2_Crono Simplificado'!#REF!","v":{"$error":"#REF!"}},{"$f":"'CRO2_Crono Simplificado'!OZY4","v":0},{"$f":"'CRO2_Crono Simplificado'!#REF!","v":{"$error":"#REF!"}},{"$f":"'CRO2_Crono Simplificado'!PAA4","v":0},{"$f":"'CRO2_Crono Simplificado'!#REF!","v":{"$error":"#REF!"}},{"$f":"'CRO2_Crono Simplificado'!PAC4","v":0},{"$f":"'CRO2_Crono Simplificado'!#REF!","v":{"$error":"#REF!"}},{"$f":"'CRO2_Crono Simplificado'!PAE4","v":0},{"$f":"'CRO2_Crono Simplificado'!#REF!","v":{"$error":"#REF!"}},{"$f":"'CRO2_Crono Simplificado'!PAG4","v":0},{"$f":"'CRO2_Crono Simplificado'!#REF!","v":{"$error":"#REF!"}},{"$f":"'CRO2_Crono Simplificado'!PAI4","v":0},{"$f":"'CRO2_Crono Simplificado'!#REF!","v":{"$error":"#REF!"}},{"$f":"'CRO2_Crono Simplificado'!PAK4","v":0},{"$f":"'CRO2_Crono Simplificado'!#REF!","v":{"$error":"#REF!"}},{"$f":"'CRO2_Crono Simplificado'!PAM4","v":0},{"$f":"'CRO2_Crono Simplificado'!#REF!","v":{"$error":"#REF!"}},{"$f":"'CRO2_Crono Simplificado'!PAO4","v":0},{"$f":"'CRO2_Crono Simplificado'!#REF!","v":{"$error":"#REF!"}},{"$f":"'CRO2_Crono Simplificado'!PAQ4","v":0},{"$f":"'CRO2_Crono Simplificado'!#REF!","v":{"$error":"#REF!"}},{"$f":"'CRO2_Crono Simplificado'!PAS4","v":0},{"$f":"'CRO2_Crono Simplificado'!#REF!","v":{"$error":"#REF!"}},{"$f":"'CRO2_Crono Simplificado'!PAU4","v":0},{"$f":"'CRO2_Crono Simplificado'!#REF!","v":{"$error":"#REF!"}},{"$f":"'CRO2_Crono Simplificado'!PAW4","v":0},{"$f":"'CRO2_Crono Simplificado'!#REF!","v":{"$error":"#REF!"}},{"$f":"'CRO2_Crono Simplificado'!PAY4","v":0},{"$f":"'CRO2_Crono Simplificado'!#REF!","v":{"$error":"#REF!"}},{"$f":"'CRO2_Crono Simplificado'!PBA4","v":0},{"$f":"'CRO2_Crono Simplificado'!#REF!","v":{"$error":"#REF!"}},{"$f":"'CRO2_Crono Simplificado'!PBC4","v":0},{"$f":"'CRO2_Crono Simplificado'!#REF!","v":{"$error":"#REF!"}},{"$f":"'CRO2_Crono Simplificado'!PBE4","v":0},{"$f":"'CRO2_Crono Simplificado'!#REF!","v":{"$error":"#REF!"}},{"$f":"'CRO2_Crono Simplificado'!PBG4","v":0},{"$f":"'CRO2_Crono Simplificado'!#REF!","v":{"$error":"#REF!"}},{"$f":"'CRO2_Crono Simplificado'!PBI4","v":0},{"$f":"'CRO2_Crono Simplificado'!#REF!","v":{"$error":"#REF!"}},{"$f":"'CRO2_Crono Simplificado'!PBK4","v":0},{"$f":"'CRO2_Crono Simplificado'!#REF!","v":{"$error":"#REF!"}},{"$f":"'CRO2_Crono Simplificado'!PBM4","v":0},{"$f":"'CRO2_Crono Simplificado'!#REF!","v":{"$error":"#REF!"}},{"$f":"'CRO2_Crono Simplificado'!PBO4","v":0},{"$f":"'CRO2_Crono Simplificado'!#REF!","v":{"$error":"#REF!"}},{"$f":"'CRO2_Crono Simplificado'!PBQ4","v":0},{"$f":"'CRO2_Crono Simplificado'!#REF!","v":{"$error":"#REF!"}},{"$f":"'CRO2_Crono Simplificado'!PBS4","v":0},{"$f":"'CRO2_Crono Simplificado'!#REF!","v":{"$error":"#REF!"}},{"$f":"'CRO2_Crono Simplificado'!PBU4","v":0},{"$f":"'CRO2_Crono Simplificado'!#REF!","v":{"$error":"#REF!"}},{"$f":"'CRO2_Crono Simplificado'!PBW4","v":0},{"$f":"'CRO2_Crono Simplificado'!#REF!","v":{"$error":"#REF!"}},{"$f":"'CRO2_Crono Simplificado'!PBY4","v":0},{"$f":"'CRO2_Crono Simplificado'!#REF!","v":{"$error":"#REF!"}},{"$f":"'CRO2_Crono Simplificado'!PCA4","v":0},{"$f":"'CRO2_Crono Simplificado'!#REF!","v":{"$error":"#REF!"}},{"$f":"'CRO2_Crono Simplificado'!PCC4","v":0},{"$f":"'CRO2_Crono Simplificado'!#REF!","v":{"$error":"#REF!"}},{"$f":"'CRO2_Crono Simplificado'!PCE4","v":0},{"$f":"'CRO2_Crono Simplificado'!#REF!","v":{"$error":"#REF!"}},{"$f":"'CRO2_Crono Simplificado'!PCG4","v":0},{"$f":"'CRO2_Crono Simplificado'!#REF!","v":{"$error":"#REF!"}},{"$f":"'CRO2_Crono Simplificado'!PCI4","v":0},{"$f":"'CRO2_Crono Simplificado'!#REF!","v":{"$error":"#REF!"}},{"$f":"'CRO2_Crono Simplificado'!PCK4","v":0},{"$f":"'CRO2_Crono Simplificado'!#REF!","v":{"$error":"#REF!"}},{"$f":"'CRO2_Crono Simplificado'!PCM4","v":0},{"$f":"'CRO2_Crono Simplificado'!#REF!","v":{"$error":"#REF!"}},{"$f":"'CRO2_Crono Simplificado'!PCO4","v":0},{"$f":"'CRO2_Crono Simplificado'!#REF!","v":{"$error":"#REF!"}},{"$f":"'CRO2_Crono Simplificado'!PCQ4","v":0},{"$f":"'CRO2_Crono Simplificado'!#REF!","v":{"$error":"#REF!"}},{"$f":"'CRO2_Crono Simplificado'!PCS4","v":0},{"$f":"'CRO2_Crono Simplificado'!#REF!","v":{"$error":"#REF!"}},{"$f":"'CRO2_Crono Simplificado'!PCU4","v":0},{"$f":"'CRO2_Crono Simplificado'!#REF!","v":{"$error":"#REF!"}},{"$f":"'CRO2_Crono Simplificado'!PCW4","v":0},{"$f":"'CRO2_Crono Simplificado'!#REF!","v":{"$error":"#REF!"}},{"$f":"'CRO2_Crono Simplificado'!PCY4","v":0},{"$f":"'CRO2_Crono Simplificado'!#REF!","v":{"$error":"#REF!"}},{"$f":"'CRO2_Crono Simplificado'!PDA4","v":0},{"$f":"'CRO2_Crono Simplificado'!#REF!","v":{"$error":"#REF!"}},{"$f":"'CRO2_Crono Simplificado'!PDC4","v":0},{"$f":"'CRO2_Crono Simplificado'!#REF!","v":{"$error":"#REF!"}},{"$f":"'CRO2_Crono Simplificado'!PDE4","v":0},{"$f":"'CRO2_Crono Simplificado'!#REF!","v":{"$error":"#REF!"}},{"$f":"'CRO2_Crono Simplificado'!PDG4","v":0},{"$f":"'CRO2_Crono Simplificado'!#REF!","v":{"$error":"#REF!"}},{"$f":"'CRO2_Crono Simplificado'!PDI4","v":0},{"$f":"'CRO2_Crono Simplificado'!#REF!","v":{"$error":"#REF!"}},{"$f":"'CRO2_Crono Simplificado'!PDK4","v":0},{"$f":"'CRO2_Crono Simplificado'!#REF!","v":{"$error":"#REF!"}},{"$f":"'CRO2_Crono Simplificado'!PDM4","v":0},{"$f":"'CRO2_Crono Simplificado'!#REF!","v":{"$error":"#REF!"}},{"$f":"'CRO2_Crono Simplificado'!PDO4","v":0},{"$f":"'CRO2_Crono Simplificado'!#REF!","v":{"$error":"#REF!"}},{"$f":"'CRO2_Crono Simplificado'!PDQ4","v":0},{"$f":"'CRO2_Crono Simplificado'!#REF!","v":{"$error":"#REF!"}},{"$f":"'CRO2_Crono Simplificado'!PDS4","v":0},{"$f":"'CRO2_Crono Simplificado'!#REF!","v":{"$error":"#REF!"}},{"$f":"'CRO2_Crono Simplificado'!PDU4","v":0},{"$f":"'CRO2_Crono Simplificado'!#REF!","v":{"$error":"#REF!"}},{"$f":"'CRO2_Crono Simplificado'!PDW4","v":0},{"$f":"'CRO2_Crono Simplificado'!#REF!","v":{"$error":"#REF!"}},{"$f":"'CRO2_Crono Simplificado'!PDY4","v":0},{"$f":"'CRO2_Crono Simplificado'!#REF!","v":{"$error":"#REF!"}},{"$f":"'CRO2_Crono Simplificado'!PEA4","v":0},{"$f":"'CRO2_Crono Simplificado'!#REF!","v":{"$error":"#REF!"}},{"$f":"'CRO2_Crono Simplificado'!PEC4","v":0},{"$f":"'CRO2_Crono Simplificado'!#REF!","v":{"$error":"#REF!"}},{"$f":"'CRO2_Crono Simplificado'!PEE4","v":0},{"$f":"'CRO2_Crono Simplificado'!#REF!","v":{"$error":"#REF!"}},{"$f":"'CRO2_Crono Simplificado'!PEG4","v":0},{"$f":"'CRO2_Crono Simplificado'!#REF!","v":{"$error":"#REF!"}},{"$f":"'CRO2_Crono Simplificado'!PEI4","v":0},{"$f":"'CRO2_Crono Simplificado'!#REF!","v":{"$error":"#REF!"}},{"$f":"'CRO2_Crono Simplificado'!PEK4","v":0},{"$f":"'CRO2_Crono Simplificado'!#REF!","v":{"$error":"#REF!"}},{"$f":"'CRO2_Crono Simplificado'!PEM4","v":0},{"$f":"'CRO2_Crono Simplificado'!#REF!","v":{"$error":"#REF!"}},{"$f":"'CRO2_Crono Simplificado'!PEO4","v":0},{"$f":"'CRO2_Crono Simplificado'!#REF!","v":{"$error":"#REF!"}},{"$f":"'CRO2_Crono Simplificado'!PEQ4","v":0},{"$f":"'CRO2_Crono Simplificado'!#REF!","v":{"$error":"#REF!"}},{"$f":"'CRO2_Crono Simplificado'!PES4","v":0},{"$f":"'CRO2_Crono Simplificado'!#REF!","v":{"$error":"#REF!"}},{"$f":"'CRO2_Crono Simplificado'!PEU4","v":0},{"$f":"'CRO2_Crono Simplificado'!#REF!","v":{"$error":"#REF!"}},{"$f":"'CRO2_Crono Simplificado'!PEW4","v":0},{"$f":"'CRO2_Crono Simplificado'!#REF!","v":{"$error":"#REF!"}},{"$f":"'CRO2_Crono Simplificado'!PEY4","v":0},{"$f":"'CRO2_Crono Simplificado'!#REF!","v":{"$error":"#REF!"}},{"$f":"'CRO2_Crono Simplificado'!PFA4","v":0},{"$f":"'CRO2_Crono Simplificado'!#REF!","v":{"$error":"#REF!"}},{"$f":"'CRO2_Crono Simplificado'!PFC4","v":0},{"$f":"'CRO2_Crono Simplificado'!#REF!","v":{"$error":"#REF!"}},{"$f":"'CRO2_Crono Simplificado'!PFE4","v":0},{"$f":"'CRO2_Crono Simplificado'!#REF!","v":{"$error":"#REF!"}},{"$f":"'CRO2_Crono Simplificado'!PFG4","v":0},{"$f":"'CRO2_Crono Simplificado'!#REF!","v":{"$error":"#REF!"}},{"$f":"'CRO2_Crono Simplificado'!PFI4","v":0},{"$f":"'CRO2_Crono Simplificado'!#REF!","v":{"$error":"#REF!"}},{"$f":"'CRO2_Crono Simplificado'!PFK4","v":0},{"$f":"'CRO2_Crono Simplificado'!#REF!","v":{"$error":"#REF!"}},{"$f":"'CRO2_Crono Simplificado'!PFM4","v":0},{"$f":"'CRO2_Crono Simplificado'!#REF!","v":{"$error":"#REF!"}},{"$f":"'CRO2_Crono Simplificado'!PFO4","v":0},{"$f":"'CRO2_Crono Simplificado'!#REF!","v":{"$error":"#REF!"}},{"$f":"'CRO2_Crono Simplificado'!PFQ4","v":0},{"$f":"'CRO2_Crono Simplificado'!#REF!","v":{"$error":"#REF!"}},{"$f":"'CRO2_Crono Simplificado'!PFS4","v":0},{"$f":"'CRO2_Crono Simplificado'!#REF!","v":{"$error":"#REF!"}},{"$f":"'CRO2_Crono Simplificado'!PFU4","v":0},{"$f":"'CRO2_Crono Simplificado'!#REF!","v":{"$error":"#REF!"}},{"$f":"'CRO2_Crono Simplificado'!PFW4","v":0},{"$f":"'CRO2_Crono Simplificado'!#REF!","v":{"$error":"#REF!"}},{"$f":"'CRO2_Crono Simplificado'!PFY4","v":0},{"$f":"'CRO2_Crono Simplificado'!#REF!","v":{"$error":"#REF!"}},{"$f":"'CRO2_Crono Simplificado'!PGA4","v":0},{"$f":"'CRO2_Crono Simplificado'!#REF!","v":{"$error":"#REF!"}},{"$f":"'CRO2_Crono Simplificado'!PGC4","v":0},{"$f":"'CRO2_Crono Simplificado'!#REF!","v":{"$error":"#REF!"}},{"$f":"'CRO2_Crono Simplificado'!PGE4","v":0},{"$f":"'CRO2_Crono Simplificado'!#REF!","v":{"$error":"#REF!"}},{"$f":"'CRO2_Crono Simplificado'!PGG4","v":0},{"$f":"'CRO2_Crono Simplificado'!#REF!","v":{"$error":"#REF!"}},{"$f":"'CRO2_Crono Simplificado'!PGI4","v":0},{"$f":"'CRO2_Crono Simplificado'!#REF!","v":{"$error":"#REF!"}},{"$f":"'CRO2_Crono Simplificado'!PGK4","v":0},{"$f":"'CRO2_Crono Simplificado'!#REF!","v":{"$error":"#REF!"}},{"$f":"'CRO2_Crono Simplificado'!PGM4","v":0},{"$f":"'CRO2_Crono Simplificado'!#REF!","v":{"$error":"#REF!"}},{"$f":"'CRO2_Crono Simplificado'!PGO4","v":0},{"$f":"'CRO2_Crono Simplificado'!#REF!","v":{"$error":"#REF!"}},{"$f":"'CRO2_Crono Simplificado'!PGQ4","v":0},{"$f":"'CRO2_Crono Simplificado'!#REF!","v":{"$error":"#REF!"}},{"$f":"'CRO2_Crono Simplificado'!PGS4","v":0},{"$f":"'CRO2_Crono Simplificado'!#REF!","v":{"$error":"#REF!"}},{"$f":"'CRO2_Crono Simplificado'!PGU4","v":0},{"$f":"'CRO2_Crono Simplificado'!#REF!","v":{"$error":"#REF!"}},{"$f":"'CRO2_Crono Simplificado'!PGW4","v":0},{"$f":"'CRO2_Crono Simplificado'!#REF!","v":{"$error":"#REF!"}},{"$f":"'CRO2_Crono Simplificado'!PGY4","v":0},{"$f":"'CRO2_Crono Simplificado'!#REF!","v":{"$error":"#REF!"}},{"$f":"'CRO2_Crono Simplificado'!PHA4","v":0},{"$f":"'CRO2_Crono Simplificado'!#REF!","v":{"$error":"#REF!"}},{"$f":"'CRO2_Crono Simplificado'!PHC4","v":0},{"$f":"'CRO2_Crono Simplificado'!#REF!","v":{"$error":"#REF!"}},{"$f":"'CRO2_Crono Simplificado'!PHE4","v":0},{"$f":"'CRO2_Crono Simplificado'!#REF!","v":{"$error":"#REF!"}},{"$f":"'CRO2_Crono Simplificado'!PHG4","v":0},{"$f":"'CRO2_Crono Simplificado'!#REF!","v":{"$error":"#REF!"}},{"$f":"'CRO2_Crono Simplificado'!PHI4","v":0},{"$f":"'CRO2_Crono Simplificado'!#REF!","v":{"$error":"#REF!"}},{"$f":"'CRO2_Crono Simplificado'!PHK4","v":0},{"$f":"'CRO2_Crono Simplificado'!#REF!","v":{"$error":"#REF!"}},{"$f":"'CRO2_Crono Simplificado'!PHM4","v":0},{"$f":"'CRO2_Crono Simplificado'!#REF!","v":{"$error":"#REF!"}},{"$f":"'CRO2_Crono Simplificado'!PHO4","v":0},{"$f":"'CRO2_Crono Simplificado'!#REF!","v":{"$error":"#REF!"}},{"$f":"'CRO2_Crono Simplificado'!PHQ4","v":0},{"$f":"'CRO2_Crono Simplificado'!#REF!","v":{"$error":"#REF!"}},{"$f":"'CRO2_Crono Simplificado'!PHS4","v":0},{"$f":"'CRO2_Crono Simplificado'!#REF!","v":{"$error":"#REF!"}},{"$f":"'CRO2_Crono Simplificado'!PHU4","v":0},{"$f":"'CRO2_Crono Simplificado'!#REF!","v":{"$error":"#REF!"}},{"$f":"'CRO2_Crono Simplificado'!PHW4","v":0},{"$f":"'CRO2_Crono Simplificado'!#REF!","v":{"$error":"#REF!"}},{"$f":"'CRO2_Crono Simplificado'!PHY4","v":0},{"$f":"'CRO2_Crono Simplificado'!#REF!","v":{"$error":"#REF!"}},{"$f":"'CRO2_Crono Simplificado'!PIA4","v":0},{"$f":"'CRO2_Crono Simplificado'!#REF!","v":{"$error":"#REF!"}},{"$f":"'CRO2_Crono Simplificado'!PIC4","v":0},{"$f":"'CRO2_Crono Simplificado'!#REF!","v":{"$error":"#REF!"}},{"$f":"'CRO2_Crono Simplificado'!PIE4","v":0},{"$f":"'CRO2_Crono Simplificado'!#REF!","v":{"$error":"#REF!"}},{"$f":"'CRO2_Crono Simplificado'!PIG4","v":0},{"$f":"'CRO2_Crono Simplificado'!#REF!","v":{"$error":"#REF!"}},{"$f":"'CRO2_Crono Simplificado'!PII4","v":0},{"$f":"'CRO2_Crono Simplificado'!#REF!","v":{"$error":"#REF!"}},{"$f":"'CRO2_Crono Simplificado'!PIK4","v":0},{"$f":"'CRO2_Crono Simplificado'!#REF!","v":{"$error":"#REF!"}},{"$f":"'CRO2_Crono Simplificado'!PIM4","v":0},{"$f":"'CRO2_Crono Simplificado'!#REF!","v":{"$error":"#REF!"}},{"$f":"'CRO2_Crono Simplificado'!PIO4","v":0},{"$f":"'CRO2_Crono Simplificado'!#REF!","v":{"$error":"#REF!"}},{"$f":"'CRO2_Crono Simplificado'!PIQ4","v":0},{"$f":"'CRO2_Crono Simplificado'!#REF!","v":{"$error":"#REF!"}},{"$f":"'CRO2_Crono Simplificado'!PIS4","v":0},{"$f":"'CRO2_Crono Simplificado'!#REF!","v":{"$error":"#REF!"}},{"$f":"'CRO2_Crono Simplificado'!PIU4","v":0},{"$f":"'CRO2_Crono Simplificado'!#REF!","v":{"$error":"#REF!"}},{"$f":"'CRO2_Crono Simplificado'!PIW4","v":0},{"$f":"'CRO2_Crono Simplificado'!#REF!","v":{"$error":"#REF!"}},{"$f":"'CRO2_Crono Simplificado'!PIY4","v":0},{"$f":"'CRO2_Crono Simplificado'!#REF!","v":{"$error":"#REF!"}},{"$f":"'CRO2_Crono Simplificado'!PJA4","v":0},{"$f":"'CRO2_Crono Simplificado'!#REF!","v":{"$error":"#REF!"}},{"$f":"'CRO2_Crono Simplificado'!PJC4","v":0},{"$f":"'CRO2_Crono Simplificado'!#REF!","v":{"$error":"#REF!"}},{"$f":"'CRO2_Crono Simplificado'!PJE4","v":0},{"$f":"'CRO2_Crono Simplificado'!#REF!","v":{"$error":"#REF!"}},{"$f":"'CRO2_Crono Simplificado'!PJG4","v":0},{"$f":"'CRO2_Crono Simplificado'!#REF!","v":{"$error":"#REF!"}},{"$f":"'CRO2_Crono Simplificado'!PJI4","v":0},{"$f":"'CRO2_Crono Simplificado'!#REF!","v":{"$error":"#REF!"}},{"$f":"'CRO2_Crono Simplificado'!PJK4","v":0},{"$f":"'CRO2_Crono Simplificado'!#REF!","v":{"$error":"#REF!"}},{"$f":"'CRO2_Crono Simplificado'!PJM4","v":0},{"$f":"'CRO2_Crono Simplificado'!#REF!","v":{"$error":"#REF!"}},{"$f":"'CRO2_Crono Simplificado'!PJO4","v":0},{"$f":"'CRO2_Crono Simplificado'!#REF!","v":{"$error":"#REF!"}},{"$f":"'CRO2_Crono Simplificado'!PJQ4","v":0},{"$f":"'CRO2_Crono Simplificado'!#REF!","v":{"$error":"#REF!"}},{"$f":"'CRO2_Crono Simplificado'!PJS4","v":0},{"$f":"'CRO2_Crono Simplificado'!#REF!","v":{"$error":"#REF!"}},{"$f":"'CRO2_Crono Simplificado'!PJU4","v":0},{"$f":"'CRO2_Crono Simplificado'!#REF!","v":{"$error":"#REF!"}},{"$f":"'CRO2_Crono Simplificado'!PJW4","v":0},{"$f":"'CRO2_Crono Simplificado'!#REF!","v":{"$error":"#REF!"}},{"$f":"'CRO2_Crono Simplificado'!PJY4","v":0},{"$f":"'CRO2_Crono Simplificado'!#REF!","v":{"$error":"#REF!"}},{"$f":"'CRO2_Crono Simplificado'!PKA4","v":0},{"$f":"'CRO2_Crono Simplificado'!#REF!","v":{"$error":"#REF!"}},{"$f":"'CRO2_Crono Simplificado'!PKC4","v":0},{"$f":"'CRO2_Crono Simplificado'!#REF!","v":{"$error":"#REF!"}},{"$f":"'CRO2_Crono Simplificado'!PKE4","v":0},{"$f":"'CRO2_Crono Simplificado'!#REF!","v":{"$error":"#REF!"}},{"$f":"'CRO2_Crono Simplificado'!PKG4","v":0},{"$f":"'CRO2_Crono Simplificado'!#REF!","v":{"$error":"#REF!"}},{"$f":"'CRO2_Crono Simplificado'!PKI4","v":0},{"$f":"'CRO2_Crono Simplificado'!#REF!","v":{"$error":"#REF!"}},{"$f":"'CRO2_Crono Simplificado'!PKK4","v":0},{"$f":"'CRO2_Crono Simplificado'!#REF!","v":{"$error":"#REF!"}},{"$f":"'CRO2_Crono Simplificado'!PKM4","v":0},{"$f":"'CRO2_Crono Simplificado'!#REF!","v":{"$error":"#REF!"}},{"$f":"'CRO2_Crono Simplificado'!PKO4","v":0},{"$f":"'CRO2_Crono Simplificado'!#REF!","v":{"$error":"#REF!"}},{"$f":"'CRO2_Crono Simplificado'!PKQ4","v":0},{"$f":"'CRO2_Crono Simplificado'!#REF!","v":{"$error":"#REF!"}},{"$f":"'CRO2_Crono Simplificado'!PKS4","v":0},{"$f":"'CRO2_Crono Simplificado'!#REF!","v":{"$error":"#REF!"}},{"$f":"'CRO2_Crono Simplificado'!PKU4","v":0},{"$f":"'CRO2_Crono Simplificado'!#REF!","v":{"$error":"#REF!"}},{"$f":"'CRO2_Crono Simplificado'!PKW4","v":0},{"$f":"'CRO2_Crono Simplificado'!#REF!","v":{"$error":"#REF!"}},{"$f":"'CRO2_Crono Simplificado'!PKY4","v":0},{"$f":"'CRO2_Crono Simplificado'!#REF!","v":{"$error":"#REF!"}},{"$f":"'CRO2_Crono Simplificado'!PLA4","v":0},{"$f":"'CRO2_Crono Simplificado'!#REF!","v":{"$error":"#REF!"}},{"$f":"'CRO2_Crono Simplificado'!PLC4","v":0},{"$f":"'CRO2_Crono Simplificado'!#REF!","v":{"$error":"#REF!"}},{"$f":"'CRO2_Crono Simplificado'!PLE4","v":0},{"$f":"'CRO2_Crono Simplificado'!#REF!","v":{"$error":"#REF!"}},{"$f":"'CRO2_Crono Simplificado'!PLG4","v":0},{"$f":"'CRO2_Crono Simplificado'!#REF!","v":{"$error":"#REF!"}},{"$f":"'CRO2_Crono Simplificado'!PLI4","v":0},{"$f":"'CRO2_Crono Simplificado'!#REF!","v":{"$error":"#REF!"}},{"$f":"'CRO2_Crono Simplificado'!PLK4","v":0},{"$f":"'CRO2_Crono Simplificado'!#REF!","v":{"$error":"#REF!"}},{"$f":"'CRO2_Crono Simplificado'!PLM4","v":0},{"$f":"'CRO2_Crono Simplificado'!#REF!","v":{"$error":"#REF!"}},{"$f":"'CRO2_Crono Simplificado'!PLO4","v":0},{"$f":"'CRO2_Crono Simplificado'!#REF!","v":{"$error":"#REF!"}},{"$f":"'CRO2_Crono Simplificado'!PLQ4","v":0},{"$f":"'CRO2_Crono Simplificado'!#REF!","v":{"$error":"#REF!"}},{"$f":"'CRO2_Crono Simplificado'!PLS4","v":0},{"$f":"'CRO2_Crono Simplificado'!#REF!","v":{"$error":"#REF!"}},{"$f":"'CRO2_Crono Simplificado'!PLU4","v":0},{"$f":"'CRO2_Crono Simplificado'!#REF!","v":{"$error":"#REF!"}},{"$f":"'CRO2_Crono Simplificado'!PLW4","v":0},{"$f":"'CRO2_Crono Simplificado'!#REF!","v":{"$error":"#REF!"}},{"$f":"'CRO2_Crono Simplificado'!PLY4","v":0},{"$f":"'CRO2_Crono Simplificado'!#REF!","v":{"$error":"#REF!"}},{"$f":"'CRO2_Crono Simplificado'!PMA4","v":0},{"$f":"'CRO2_Crono Simplificado'!#REF!","v":{"$error":"#REF!"}},{"$f":"'CRO2_Crono Simplificado'!PMC4","v":0},{"$f":"'CRO2_Crono Simplificado'!#REF!","v":{"$error":"#REF!"}},{"$f":"'CRO2_Crono Simplificado'!PME4","v":0},{"$f":"'CRO2_Crono Simplificado'!#REF!","v":{"$error":"#REF!"}},{"$f":"'CRO2_Crono Simplificado'!PMG4","v":0},{"$f":"'CRO2_Crono Simplificado'!#REF!","v":{"$error":"#REF!"}},{"$f":"'CRO2_Crono Simplificado'!PMI4","v":0},{"$f":"'CRO2_Crono Simplificado'!#REF!","v":{"$error":"#REF!"}},{"$f":"'CRO2_Crono Simplificado'!PMK4","v":0},{"$f":"'CRO2_Crono Simplificado'!#REF!","v":{"$error":"#REF!"}},{"$f":"'CRO2_Crono Simplificado'!PMM4","v":0},{"$f":"'CRO2_Crono Simplificado'!#REF!","v":{"$error":"#REF!"}},{"$f":"'CRO2_Crono Simplificado'!PMO4","v":0},{"$f":"'CRO2_Crono Simplificado'!#REF!","v":{"$error":"#REF!"}},{"$f":"'CRO2_Crono Simplificado'!PMQ4","v":0},{"$f":"'CRO2_Crono Simplificado'!#REF!","v":{"$error":"#REF!"}},{"$f":"'CRO2_Crono Simplificado'!PMS4","v":0},{"$f":"'CRO2_Crono Simplificado'!#REF!","v":{"$error":"#REF!"}},{"$f":"'CRO2_Crono Simplificado'!PMU4","v":0},{"$f":"'CRO2_Crono Simplificado'!#REF!","v":{"$error":"#REF!"}},{"$f":"'CRO2_Crono Simplificado'!PMW4","v":0},{"$f":"'CRO2_Crono Simplificado'!#REF!","v":{"$error":"#REF!"}},{"$f":"'CRO2_Crono Simplificado'!PMY4","v":0},{"$f":"'CRO2_Crono Simplificado'!#REF!","v":{"$error":"#REF!"}},{"$f":"'CRO2_Crono Simplificado'!PNA4","v":0},{"$f":"'CRO2_Crono Simplificado'!#REF!","v":{"$error":"#REF!"}},{"$f":"'CRO2_Crono Simplificado'!PNC4","v":0},{"$f":"'CRO2_Crono Simplificado'!#REF!","v":{"$error":"#REF!"}},{"$f":"'CRO2_Crono Simplificado'!PNE4","v":0},{"$f":"'CRO2_Crono Simplificado'!#REF!","v":{"$error":"#REF!"}},{"$f":"'CRO2_Crono Simplificado'!PNG4","v":0},{"$f":"'CRO2_Crono Simplificado'!#REF!","v":{"$error":"#REF!"}},{"$f":"'CRO2_Crono Simplificado'!PNI4","v":0},{"$f":"'CRO2_Crono Simplificado'!#REF!","v":{"$error":"#REF!"}},{"$f":"'CRO2_Crono Simplificado'!PNK4","v":0},{"$f":"'CRO2_Crono Simplificado'!#REF!","v":{"$error":"#REF!"}},{"$f":"'CRO2_Crono Simplificado'!PNM4","v":0},{"$f":"'CRO2_Crono Simplificado'!#REF!","v":{"$error":"#REF!"}},{"$f":"'CRO2_Crono Simplificado'!PNO4","v":0},{"$f":"'CRO2_Crono Simplificado'!#REF!","v":{"$error":"#REF!"}},{"$f":"'CRO2_Crono Simplificado'!PNQ4","v":0},{"$f":"'CRO2_Crono Simplificado'!#REF!","v":{"$error":"#REF!"}},{"$f":"'CRO2_Crono Simplificado'!PNS4","v":0},{"$f":"'CRO2_Crono Simplificado'!#REF!","v":{"$error":"#REF!"}},{"$f":"'CRO2_Crono Simplificado'!PNU4","v":0},{"$f":"'CRO2_Crono Simplificado'!#REF!","v":{"$error":"#REF!"}},{"$f":"'CRO2_Crono Simplificado'!PNW4","v":0},{"$f":"'CRO2_Crono Simplificado'!#REF!","v":{"$error":"#REF!"}},{"$f":"'CRO2_Crono Simplificado'!PNY4","v":0},{"$f":"'CRO2_Crono Simplificado'!#REF!","v":{"$error":"#REF!"}},{"$f":"'CRO2_Crono Simplificado'!POA4","v":0},{"$f":"'CRO2_Crono Simplificado'!#REF!","v":{"$error":"#REF!"}},{"$f":"'CRO2_Crono Simplificado'!POC4","v":0},{"$f":"'CRO2_Crono Simplificado'!#REF!","v":{"$error":"#REF!"}},{"$f":"'CRO2_Crono Simplificado'!POE4","v":0},{"$f":"'CRO2_Crono Simplificado'!#REF!","v":{"$error":"#REF!"}},{"$f":"'CRO2_Crono Simplificado'!POG4","v":0},{"$f":"'CRO2_Crono Simplificado'!#REF!","v":{"$error":"#REF!"}},{"$f":"'CRO2_Crono Simplificado'!POI4","v":0},{"$f":"'CRO2_Crono Simplificado'!#REF!","v":{"$error":"#REF!"}},{"$f":"'CRO2_Crono Simplificado'!POK4","v":0},{"$f":"'CRO2_Crono Simplificado'!#REF!","v":{"$error":"#REF!"}},{"$f":"'CRO2_Crono Simplificado'!POM4","v":0},{"$f":"'CRO2_Crono Simplificado'!#REF!","v":{"$error":"#REF!"}},{"$f":"'CRO2_Crono Simplificado'!POO4","v":0},{"$f":"'CRO2_Crono Simplificado'!#REF!","v":{"$error":"#REF!"}},{"$f":"'CRO2_Crono Simplificado'!POQ4","v":0},{"$f":"'CRO2_Crono Simplificado'!#REF!","v":{"$error":"#REF!"}},{"$f":"'CRO2_Crono Simplificado'!POS4","v":0},{"$f":"'CRO2_Crono Simplificado'!#REF!","v":{"$error":"#REF!"}},{"$f":"'CRO2_Crono Simplificado'!POU4","v":0},{"$f":"'CRO2_Crono Simplificado'!#REF!","v":{"$error":"#REF!"}},{"$f":"'CRO2_Crono Simplificado'!POW4","v":0},{"$f":"'CRO2_Crono Simplificado'!#REF!","v":{"$error":"#REF!"}},{"$f":"'CRO2_Crono Simplificado'!POY4","v":0},{"$f":"'CRO2_Crono Simplificado'!#REF!","v":{"$error":"#REF!"}},{"$f":"'CRO2_Crono Simplificado'!PPA4","v":0},{"$f":"'CRO2_Crono Simplificado'!#REF!","v":{"$error":"#REF!"}},{"$f":"'CRO2_Crono Simplificado'!PPC4","v":0},{"$f":"'CRO2_Crono Simplificado'!#REF!","v":{"$error":"#REF!"}},{"$f":"'CRO2_Crono Simplificado'!PPE4","v":0},{"$f":"'CRO2_Crono Simplificado'!#REF!","v":{"$error":"#REF!"}},{"$f":"'CRO2_Crono Simplificado'!PPG4","v":0},{"$f":"'CRO2_Crono Simplificado'!#REF!","v":{"$error":"#REF!"}},{"$f":"'CRO2_Crono Simplificado'!PPI4","v":0},{"$f":"'CRO2_Crono Simplificado'!#REF!","v":{"$error":"#REF!"}},{"$f":"'CRO2_Crono Simplificado'!PPK4","v":0},{"$f":"'CRO2_Crono Simplificado'!#REF!","v":{"$error":"#REF!"}},{"$f":"'CRO2_Crono Simplificado'!PPM4","v":0},{"$f":"'CRO2_Crono Simplificado'!#REF!","v":{"$error":"#REF!"}},{"$f":"'CRO2_Crono Simplificado'!PPO4","v":0},{"$f":"'CRO2_Crono Simplificado'!#REF!","v":{"$error":"#REF!"}},{"$f":"'CRO2_Crono Simplificado'!PPQ4","v":0},{"$f":"'CRO2_Crono Simplificado'!#REF!","v":{"$error":"#REF!"}},{"$f":"'CRO2_Crono Simplificado'!PPS4","v":0},{"$f":"'CRO2_Crono Simplificado'!#REF!","v":{"$error":"#REF!"}},{"$f":"'CRO2_Crono Simplificado'!PPU4","v":0},{"$f":"'CRO2_Crono Simplificado'!#REF!","v":{"$error":"#REF!"}},{"$f":"'CRO2_Crono Simplificado'!PPW4","v":0},{"$f":"'CRO2_Crono Simplificado'!#REF!","v":{"$error":"#REF!"}},{"$f":"'CRO2_Crono Simplificado'!PPY4","v":0},{"$f":"'CRO2_Crono Simplificado'!#REF!","v":{"$error":"#REF!"}},{"$f":"'CRO2_Crono Simplificado'!PQA4","v":0},{"$f":"'CRO2_Crono Simplificado'!#REF!","v":{"$error":"#REF!"}},{"$f":"'CRO2_Crono Simplificado'!PQC4","v":0},{"$f":"'CRO2_Crono Simplificado'!#REF!","v":{"$error":"#REF!"}},{"$f":"'CRO2_Crono Simplificado'!PQE4","v":0},{"$f":"'CRO2_Crono Simplificado'!#REF!","v":{"$error":"#REF!"}},{"$f":"'CRO2_Crono Simplificado'!PQG4","v":0},{"$f":"'CRO2_Crono Simplificado'!#REF!","v":{"$error":"#REF!"}},{"$f":"'CRO2_Crono Simplificado'!PQI4","v":0},{"$f":"'CRO2_Crono Simplificado'!#REF!","v":{"$error":"#REF!"}},{"$f":"'CRO2_Crono Simplificado'!PQK4","v":0},{"$f":"'CRO2_Crono Simplificado'!#REF!","v":{"$error":"#REF!"}},{"$f":"'CRO2_Crono Simplificado'!PQM4","v":0},{"$f":"'CRO2_Crono Simplificado'!#REF!","v":{"$error":"#REF!"}},{"$f":"'CRO2_Crono Simplificado'!PQO4","v":0},{"$f":"'CRO2_Crono Simplificado'!#REF!","v":{"$error":"#REF!"}},{"$f":"'CRO2_Crono Simplificado'!PQQ4","v":0},{"$f":"'CRO2_Crono Simplificado'!#REF!","v":{"$error":"#REF!"}},{"$f":"'CRO2_Crono Simplificado'!PQS4","v":0},{"$f":"'CRO2_Crono Simplificado'!#REF!","v":{"$error":"#REF!"}},{"$f":"'CRO2_Crono Simplificado'!PQU4","v":0},{"$f":"'CRO2_Crono Simplificado'!#REF!","v":{"$error":"#REF!"}},{"$f":"'CRO2_Crono Simplificado'!PQW4","v":0},{"$f":"'CRO2_Crono Simplificado'!#REF!","v":{"$error":"#REF!"}},{"$f":"'CRO2_Crono Simplificado'!PQY4","v":0},{"$f":"'CRO2_Crono Simplificado'!#REF!","v":{"$error":"#REF!"}},{"$f":"'CRO2_Crono Simplificado'!PRA4","v":0},{"$f":"'CRO2_Crono Simplificado'!#REF!","v":{"$error":"#REF!"}},{"$f":"'CRO2_Crono Simplificado'!PRC4","v":0},{"$f":"'CRO2_Crono Simplificado'!#REF!","v":{"$error":"#REF!"}},{"$f":"'CRO2_Crono Simplificado'!PRE4","v":0},{"$f":"'CRO2_Crono Simplificado'!#REF!","v":{"$error":"#REF!"}},{"$f":"'CRO2_Crono Simplificado'!PRG4","v":0},{"$f":"'CRO2_Crono Simplificado'!#REF!","v":{"$error":"#REF!"}},{"$f":"'CRO2_Crono Simplificado'!PRI4","v":0},{"$f":"'CRO2_Crono Simplificado'!#REF!","v":{"$error":"#REF!"}},{"$f":"'CRO2_Crono Simplificado'!PRK4","v":0},{"$f":"'CRO2_Crono Simplificado'!#REF!","v":{"$error":"#REF!"}},{"$f":"'CRO2_Crono Simplificado'!PRM4","v":0},{"$f":"'CRO2_Crono Simplificado'!#REF!","v":{"$error":"#REF!"}},{"$f":"'CRO2_Crono Simplificado'!PRO4","v":0},{"$f":"'CRO2_Crono Simplificado'!#REF!","v":{"$error":"#REF!"}},{"$f":"'CRO2_Crono Simplificado'!PRQ4","v":0},{"$f":"'CRO2_Crono Simplificado'!#REF!","v":{"$error":"#REF!"}},{"$f":"'CRO2_Crono Simplificado'!PRS4","v":0},{"$f":"'CRO2_Crono Simplificado'!#REF!","v":{"$error":"#REF!"}},{"$f":"'CRO2_Crono Simplificado'!PRU4","v":0},{"$f":"'CRO2_Crono Simplificado'!#REF!","v":{"$error":"#REF!"}},{"$f":"'CRO2_Crono Simplificado'!PRW4","v":0},{"$f":"'CRO2_Crono Simplificado'!#REF!","v":{"$error":"#REF!"}},{"$f":"'CRO2_Crono Simplificado'!PRY4","v":0},{"$f":"'CRO2_Crono Simplificado'!#REF!","v":{"$error":"#REF!"}},{"$f":"'CRO2_Crono Simplificado'!PSA4","v":0},{"$f":"'CRO2_Crono Simplificado'!#REF!","v":{"$error":"#REF!"}},{"$f":"'CRO2_Crono Simplificado'!PSC4","v":0},{"$f":"'CRO2_Crono Simplificado'!#REF!","v":{"$error":"#REF!"}},{"$f":"'CRO2_Crono Simplificado'!PSE4","v":0},{"$f":"'CRO2_Crono Simplificado'!#REF!","v":{"$error":"#REF!"}},{"$f":"'CRO2_Crono Simplificado'!PSG4","v":0},{"$f":"'CRO2_Crono Simplificado'!#REF!","v":{"$error":"#REF!"}},{"$f":"'CRO2_Crono Simplificado'!PSI4","v":0},{"$f":"'CRO2_Crono Simplificado'!#REF!","v":{"$error":"#REF!"}},{"$f":"'CRO2_Crono Simplificado'!PSK4","v":0},{"$f":"'CRO2_Crono Simplificado'!#REF!","v":{"$error":"#REF!"}},{"$f":"'CRO2_Crono Simplificado'!PSM4","v":0},{"$f":"'CRO2_Crono Simplificado'!#REF!","v":{"$error":"#REF!"}},{"$f":"'CRO2_Crono Simplificado'!PSO4","v":0},{"$f":"'CRO2_Crono Simplificado'!#REF!","v":{"$error":"#REF!"}},{"$f":"'CRO2_Crono Simplificado'!PSQ4","v":0},{"$f":"'CRO2_Crono Simplificado'!#REF!","v":{"$error":"#REF!"}},{"$f":"'CRO2_Crono Simplificado'!PSS4","v":0},{"$f":"'CRO2_Crono Simplificado'!#REF!","v":{"$error":"#REF!"}},{"$f":"'CRO2_Crono Simplificado'!PSU4","v":0},{"$f":"'CRO2_Crono Simplificado'!#REF!","v":{"$error":"#REF!"}},{"$f":"'CRO2_Crono Simplificado'!PSW4","v":0},{"$f":"'CRO2_Crono Simplificado'!#REF!","v":{"$error":"#REF!"}},{"$f":"'CRO2_Crono Simplificado'!PSY4","v":0},{"$f":"'CRO2_Crono Simplificado'!#REF!","v":{"$error":"#REF!"}},{"$f":"'CRO2_Crono Simplificado'!PTA4","v":0},{"$f":"'CRO2_Crono Simplificado'!#REF!","v":{"$error":"#REF!"}},{"$f":"'CRO2_Crono Simplificado'!PTC4","v":0},{"$f":"'CRO2_Crono Simplificado'!#REF!","v":{"$error":"#REF!"}},{"$f":"'CRO2_Crono Simplificado'!PTE4","v":0},{"$f":"'CRO2_Crono Simplificado'!#REF!","v":{"$error":"#REF!"}},{"$f":"'CRO2_Crono Simplificado'!PTG4","v":0},{"$f":"'CRO2_Crono Simplificado'!#REF!","v":{"$error":"#REF!"}},{"$f":"'CRO2_Crono Simplificado'!PTI4","v":0},{"$f":"'CRO2_Crono Simplificado'!#REF!","v":{"$error":"#REF!"}},{"$f":"'CRO2_Crono Simplificado'!PTK4","v":0},{"$f":"'CRO2_Crono Simplificado'!#REF!","v":{"$error":"#REF!"}},{"$f":"'CRO2_Crono Simplificado'!PTM4","v":0},{"$f":"'CRO2_Crono Simplificado'!#REF!","v":{"$error":"#REF!"}},{"$f":"'CRO2_Crono Simplificado'!PTO4","v":0},{"$f":"'CRO2_Crono Simplificado'!#REF!","v":{"$error":"#REF!"}},{"$f":"'CRO2_Crono Simplificado'!PTQ4","v":0},{"$f":"'CRO2_Crono Simplificado'!#REF!","v":{"$error":"#REF!"}},{"$f":"'CRO2_Crono Simplificado'!PTS4","v":0},{"$f":"'CRO2_Crono Simplificado'!#REF!","v":{"$error":"#REF!"}},{"$f":"'CRO2_Crono Simplificado'!PTU4","v":0},{"$f":"'CRO2_Crono Simplificado'!#REF!","v":{"$error":"#REF!"}},{"$f":"'CRO2_Crono Simplificado'!PTW4","v":0},{"$f":"'CRO2_Crono Simplificado'!#REF!","v":{"$error":"#REF!"}},{"$f":"'CRO2_Crono Simplificado'!PTY4","v":0},{"$f":"'CRO2_Crono Simplificado'!#REF!","v":{"$error":"#REF!"}},{"$f":"'CRO2_Crono Simplificado'!PUA4","v":0},{"$f":"'CRO2_Crono Simplificado'!#REF!","v":{"$error":"#REF!"}},{"$f":"'CRO2_Crono Simplificado'!PUC4","v":0},{"$f":"'CRO2_Crono Simplificado'!#REF!","v":{"$error":"#REF!"}},{"$f":"'CRO2_Crono Simplificado'!PUE4","v":0},{"$f":"'CRO2_Crono Simplificado'!#REF!","v":{"$error":"#REF!"}},{"$f":"'CRO2_Crono Simplificado'!PUG4","v":0},{"$f":"'CRO2_Crono Simplificado'!#REF!","v":{"$error":"#REF!"}},{"$f":"'CRO2_Crono Simplificado'!PUI4","v":0},{"$f":"'CRO2_Crono Simplificado'!#REF!","v":{"$error":"#REF!"}},{"$f":"'CRO2_Crono Simplificado'!PUK4","v":0},{"$f":"'CRO2_Crono Simplificado'!#REF!","v":{"$error":"#REF!"}},{"$f":"'CRO2_Crono Simplificado'!PUM4","v":0},{"$f":"'CRO2_Crono Simplificado'!#REF!","v":{"$error":"#REF!"}},{"$f":"'CRO2_Crono Simplificado'!PUO4","v":0},{"$f":"'CRO2_Crono Simplificado'!#REF!","v":{"$error":"#REF!"}},{"$f":"'CRO2_Crono Simplificado'!PUQ4","v":0},{"$f":"'CRO2_Crono Simplificado'!#REF!","v":{"$error":"#REF!"}},{"$f":"'CRO2_Crono Simplificado'!PUS4","v":0},{"$f":"'CRO2_Crono Simplificado'!#REF!","v":{"$error":"#REF!"}},{"$f":"'CRO2_Crono Simplificado'!PUU4","v":0},{"$f":"'CRO2_Crono Simplificado'!#REF!","v":{"$error":"#REF!"}},{"$f":"'CRO2_Crono Simplificado'!PUW4","v":0},{"$f":"'CRO2_Crono Simplificado'!#REF!","v":{"$error":"#REF!"}},{"$f":"'CRO2_Crono Simplificado'!PUY4","v":0},{"$f":"'CRO2_Crono Simplificado'!#REF!","v":{"$error":"#REF!"}},{"$f":"'CRO2_Crono Simplificado'!PVA4","v":0},{"$f":"'CRO2_Crono Simplificado'!#REF!","v":{"$error":"#REF!"}},{"$f":"'CRO2_Crono Simplificado'!PVC4","v":0},{"$f":"'CRO2_Crono Simplificado'!#REF!","v":{"$error":"#REF!"}},{"$f":"'CRO2_Crono Simplificado'!PVE4","v":0},{"$f":"'CRO2_Crono Simplificado'!#REF!","v":{"$error":"#REF!"}},{"$f":"'CRO2_Crono Simplificado'!PVG4","v":0},{"$f":"'CRO2_Crono Simplificado'!#REF!","v":{"$error":"#REF!"}},{"$f":"'CRO2_Crono Simplificado'!PVI4","v":0},{"$f":"'CRO2_Crono Simplificado'!#REF!","v":{"$error":"#REF!"}},{"$f":"'CRO2_Crono Simplificado'!PVK4","v":0},{"$f":"'CRO2_Crono Simplificado'!#REF!","v":{"$error":"#REF!"}},{"$f":"'CRO2_Crono Simplificado'!PVM4","v":0},{"$f":"'CRO2_Crono Simplificado'!#REF!","v":{"$error":"#REF!"}},{"$f":"'CRO2_Crono Simplificado'!PVO4","v":0},{"$f":"'CRO2_Crono Simplificado'!#REF!","v":{"$error":"#REF!"}},{"$f":"'CRO2_Crono Simplificado'!PVQ4","v":0},{"$f":"'CRO2_Crono Simplificado'!#REF!","v":{"$error":"#REF!"}},{"$f":"'CRO2_Crono Simplificado'!PVS4","v":0},{"$f":"'CRO2_Crono Simplificado'!#REF!","v":{"$error":"#REF!"}},{"$f":"'CRO2_Crono Simplificado'!PVU4","v":0},{"$f":"'CRO2_Crono Simplificado'!#REF!","v":{"$error":"#REF!"}},{"$f":"'CRO2_Crono Simplificado'!PVW4","v":0},{"$f":"'CRO2_Crono Simplificado'!#REF!","v":{"$error":"#REF!"}},{"$f":"'CRO2_Crono Simplificado'!PVY4","v":0},{"$f":"'CRO2_Crono Simplificado'!#REF!","v":{"$error":"#REF!"}},{"$f":"'CRO2_Crono Simplificado'!PWA4","v":0},{"$f":"'CRO2_Crono Simplificado'!#REF!","v":{"$error":"#REF!"}},{"$f":"'CRO2_Crono Simplificado'!PWC4","v":0},{"$f":"'CRO2_Crono Simplificado'!#REF!","v":{"$error":"#REF!"}},{"$f":"'CRO2_Crono Simplificado'!PWE4","v":0},{"$f":"'CRO2_Crono Simplificado'!#REF!","v":{"$error":"#REF!"}},{"$f":"'CRO2_Crono Simplificado'!PWG4","v":0},{"$f":"'CRO2_Crono Simplificado'!#REF!","v":{"$error":"#REF!"}},{"$f":"'CRO2_Crono Simplificado'!PWI4","v":0},{"$f":"'CRO2_Crono Simplificado'!#REF!","v":{"$error":"#REF!"}},{"$f":"'CRO2_Crono Simplificado'!PWK4","v":0},{"$f":"'CRO2_Crono Simplificado'!#REF!","v":{"$error":"#REF!"}},{"$f":"'CRO2_Crono Simplificado'!PWM4","v":0},{"$f":"'CRO2_Crono Simplificado'!#REF!","v":{"$error":"#REF!"}},{"$f":"'CRO2_Crono Simplificado'!PWO4","v":0},{"$f":"'CRO2_Crono Simplificado'!#REF!","v":{"$error":"#REF!"}},{"$f":"'CRO2_Crono Simplificado'!PWQ4","v":0},{"$f":"'CRO2_Crono Simplificado'!#REF!","v":{"$error":"#REF!"}},{"$f":"'CRO2_Crono Simplificado'!PWS4","v":0},{"$f":"'CRO2_Crono Simplificado'!#REF!","v":{"$error":"#REF!"}},{"$f":"'CRO2_Crono Simplificado'!PWU4","v":0},{"$f":"'CRO2_Crono Simplificado'!#REF!","v":{"$error":"#REF!"}},{"$f":"'CRO2_Crono Simplificado'!PWW4","v":0},{"$f":"'CRO2_Crono Simplificado'!#REF!","v":{"$error":"#REF!"}},{"$f":"'CRO2_Crono Simplificado'!PWY4","v":0},{"$f":"'CRO2_Crono Simplificado'!#REF!","v":{"$error":"#REF!"}},{"$f":"'CRO2_Crono Simplificado'!PXA4","v":0},{"$f":"'CRO2_Crono Simplificado'!#REF!","v":{"$error":"#REF!"}},{"$f":"'CRO2_Crono Simplificado'!PXC4","v":0},{"$f":"'CRO2_Crono Simplificado'!#REF!","v":{"$error":"#REF!"}},{"$f":"'CRO2_Crono Simplificado'!PXE4","v":0},{"$f":"'CRO2_Crono Simplificado'!#REF!","v":{"$error":"#REF!"}},{"$f":"'CRO2_Crono Simplificado'!PXG4","v":0},{"$f":"'CRO2_Crono Simplificado'!#REF!","v":{"$error":"#REF!"}},{"$f":"'CRO2_Crono Simplificado'!PXI4","v":0},{"$f":"'CRO2_Crono Simplificado'!#REF!","v":{"$error":"#REF!"}},{"$f":"'CRO2_Crono Simplificado'!PXK4","v":0},{"$f":"'CRO2_Crono Simplificado'!#REF!","v":{"$error":"#REF!"}},{"$f":"'CRO2_Crono Simplificado'!PXM4","v":0},{"$f":"'CRO2_Crono Simplificado'!#REF!","v":{"$error":"#REF!"}},{"$f":"'CRO2_Crono Simplificado'!PXO4","v":0},{"$f":"'CRO2_Crono Simplificado'!#REF!","v":{"$error":"#REF!"}},{"$f":"'CRO2_Crono Simplificado'!PXQ4","v":0},{"$f":"'CRO2_Crono Simplificado'!#REF!","v":{"$error":"#REF!"}},{"$f":"'CRO2_Crono Simplificado'!PXS4","v":0},{"$f":"'CRO2_Crono Simplificado'!#REF!","v":{"$error":"#REF!"}},{"$f":"'CRO2_Crono Simplificado'!PXU4","v":0},{"$f":"'CRO2_Crono Simplificado'!#REF!","v":{"$error":"#REF!"}},{"$f":"'CRO2_Crono Simplificado'!PXW4","v":0},{"$f":"'CRO2_Crono Simplificado'!#REF!","v":{"$error":"#REF!"}},{"$f":"'CRO2_Crono Simplificado'!PXY4","v":0},{"$f":"'CRO2_Crono Simplificado'!#REF!","v":{"$error":"#REF!"}},{"$f":"'CRO2_Crono Simplificado'!PYA4","v":0},{"$f":"'CRO2_Crono Simplificado'!#REF!","v":{"$error":"#REF!"}},{"$f":"'CRO2_Crono Simplificado'!PYC4","v":0},{"$f":"'CRO2_Crono Simplificado'!#REF!","v":{"$error":"#REF!"}},{"$f":"'CRO2_Crono Simplificado'!PYE4","v":0},{"$f":"'CRO2_Crono Simplificado'!#REF!","v":{"$error":"#REF!"}},{"$f":"'CRO2_Crono Simplificado'!PYG4","v":0},{"$f":"'CRO2_Crono Simplificado'!#REF!","v":{"$error":"#REF!"}},{"$f":"'CRO2_Crono Simplificado'!PYI4","v":0},{"$f":"'CRO2_Crono Simplificado'!#REF!","v":{"$error":"#REF!"}},{"$f":"'CRO2_Crono Simplificado'!PYK4","v":0},{"$f":"'CRO2_Crono Simplificado'!#REF!","v":{"$error":"#REF!"}},{"$f":"'CRO2_Crono Simplificado'!PYM4","v":0},{"$f":"'CRO2_Crono Simplificado'!#REF!","v":{"$error":"#REF!"}},{"$f":"'CRO2_Crono Simplificado'!PYO4","v":0},{"$f":"'CRO2_Crono Simplificado'!#REF!","v":{"$error":"#REF!"}},{"$f":"'CRO2_Crono Simplificado'!PYQ4","v":0},{"$f":"'CRO2_Crono Simplificado'!#REF!","v":{"$error":"#REF!"}},{"$f":"'CRO2_Crono Simplificado'!PYS4","v":0},{"$f":"'CRO2_Crono Simplificado'!#REF!","v":{"$error":"#REF!"}},{"$f":"'CRO2_Crono Simplificado'!PYU4","v":0},{"$f":"'CRO2_Crono Simplificado'!#REF!","v":{"$error":"#REF!"}},{"$f":"'CRO2_Crono Simplificado'!PYW4","v":0},{"$f":"'CRO2_Crono Simplificado'!#REF!","v":{"$error":"#REF!"}},{"$f":"'CRO2_Crono Simplificado'!PYY4","v":0},{"$f":"'CRO2_Crono Simplificado'!#REF!","v":{"$error":"#REF!"}},{"$f":"'CRO2_Crono Simplificado'!PZA4","v":0},{"$f":"'CRO2_Crono Simplificado'!#REF!","v":{"$error":"#REF!"}},{"$f":"'CRO2_Crono Simplificado'!PZC4","v":0},{"$f":"'CRO2_Crono Simplificado'!#REF!","v":{"$error":"#REF!"}},{"$f":"'CRO2_Crono Simplificado'!PZE4","v":0},{"$f":"'CRO2_Crono Simplificado'!#REF!","v":{"$error":"#REF!"}},{"$f":"'CRO2_Crono Simplificado'!PZG4","v":0},{"$f":"'CRO2_Crono Simplificado'!#REF!","v":{"$error":"#REF!"}},{"$f":"'CRO2_Crono Simplificado'!PZI4","v":0},{"$f":"'CRO2_Crono Simplificado'!#REF!","v":{"$error":"#REF!"}},{"$f":"'CRO2_Crono Simplificado'!PZK4","v":0},{"$f":"'CRO2_Crono Simplificado'!#REF!","v":{"$error":"#REF!"}},{"$f":"'CRO2_Crono Simplificado'!PZM4","v":0},{"$f":"'CRO2_Crono Simplificado'!#REF!","v":{"$error":"#REF!"}},{"$f":"'CRO2_Crono Simplificado'!PZO4","v":0},{"$f":"'CRO2_Crono Simplificado'!#REF!","v":{"$error":"#REF!"}},{"$f":"'CRO2_Crono Simplificado'!PZQ4","v":0},{"$f":"'CRO2_Crono Simplificado'!#REF!","v":{"$error":"#REF!"}},{"$f":"'CRO2_Crono Simplificado'!PZS4","v":0},{"$f":"'CRO2_Crono Simplificado'!#REF!","v":{"$error":"#REF!"}},{"$f":"'CRO2_Crono Simplificado'!PZU4","v":0},{"$f":"'CRO2_Crono Simplificado'!#REF!","v":{"$error":"#REF!"}},{"$f":"'CRO2_Crono Simplificado'!PZW4","v":0},{"$f":"'CRO2_Crono Simplificado'!#REF!","v":{"$error":"#REF!"}},{"$f":"'CRO2_Crono Simplificado'!PZY4","v":0},{"$f":"'CRO2_Crono Simplificado'!#REF!","v":{"$error":"#REF!"}},{"$f":"'CRO2_Crono Simplificado'!QAA4","v":0},{"$f":"'CRO2_Crono Simplificado'!#REF!","v":{"$error":"#REF!"}},{"$f":"'CRO2_Crono Simplificado'!QAC4","v":0},{"$f":"'CRO2_Crono Simplificado'!#REF!","v":{"$error":"#REF!"}},{"$f":"'CRO2_Crono Simplificado'!QAE4","v":0},{"$f":"'CRO2_Crono Simplificado'!#REF!","v":{"$error":"#REF!"}},{"$f":"'CRO2_Crono Simplificado'!QAG4","v":0},{"$f":"'CRO2_Crono Simplificado'!#REF!","v":{"$error":"#REF!"}},{"$f":"'CRO2_Crono Simplificado'!QAI4","v":0},{"$f":"'CRO2_Crono Simplificado'!#REF!","v":{"$error":"#REF!"}},{"$f":"'CRO2_Crono Simplificado'!QAK4","v":0},{"$f":"'CRO2_Crono Simplificado'!#REF!","v":{"$error":"#REF!"}},{"$f":"'CRO2_Crono Simplificado'!QAM4","v":0},{"$f":"'CRO2_Crono Simplificado'!#REF!","v":{"$error":"#REF!"}},{"$f":"'CRO2_Crono Simplificado'!QAO4","v":0},{"$f":"'CRO2_Crono Simplificado'!#REF!","v":{"$error":"#REF!"}},{"$f":"'CRO2_Crono Simplificado'!QAQ4","v":0},{"$f":"'CRO2_Crono Simplificado'!#REF!","v":{"$error":"#REF!"}},{"$f":"'CRO2_Crono Simplificado'!QAS4","v":0},{"$f":"'CRO2_Crono Simplificado'!#REF!","v":{"$error":"#REF!"}},{"$f":"'CRO2_Crono Simplificado'!QAU4","v":0},{"$f":"'CRO2_Crono Simplificado'!#REF!","v":{"$error":"#REF!"}},{"$f":"'CRO2_Crono Simplificado'!QAW4","v":0},{"$f":"'CRO2_Crono Simplificado'!#REF!","v":{"$error":"#REF!"}},{"$f":"'CRO2_Crono Simplificado'!QAY4","v":0},{"$f":"'CRO2_Crono Simplificado'!#REF!","v":{"$error":"#REF!"}},{"$f":"'CRO2_Crono Simplificado'!QBA4","v":0},{"$f":"'CRO2_Crono Simplificado'!#REF!","v":{"$error":"#REF!"}},{"$f":"'CRO2_Crono Simplificado'!QBC4","v":0},{"$f":"'CRO2_Crono Simplificado'!#REF!","v":{"$error":"#REF!"}},{"$f":"'CRO2_Crono Simplificado'!QBE4","v":0},{"$f":"'CRO2_Crono Simplificado'!#REF!","v":{"$error":"#REF!"}},{"$f":"'CRO2_Crono Simplificado'!QBG4","v":0},{"$f":"'CRO2_Crono Simplificado'!#REF!","v":{"$error":"#REF!"}},{"$f":"'CRO2_Crono Simplificado'!QBI4","v":0},{"$f":"'CRO2_Crono Simplificado'!#REF!","v":{"$error":"#REF!"}},{"$f":"'CRO2_Crono Simplificado'!QBK4","v":0},{"$f":"'CRO2_Crono Simplificado'!#REF!","v":{"$error":"#REF!"}},{"$f":"'CRO2_Crono Simplificado'!QBM4","v":0},{"$f":"'CRO2_Crono Simplificado'!#REF!","v":{"$error":"#REF!"}},{"$f":"'CRO2_Crono Simplificado'!QBO4","v":0},{"$f":"'CRO2_Crono Simplificado'!#REF!","v":{"$error":"#REF!"}},{"$f":"'CRO2_Crono Simplificado'!QBQ4","v":0},{"$f":"'CRO2_Crono Simplificado'!#REF!","v":{"$error":"#REF!"}},{"$f":"'CRO2_Crono Simplificado'!QBS4","v":0},{"$f":"'CRO2_Crono Simplificado'!#REF!","v":{"$error":"#REF!"}},{"$f":"'CRO2_Crono Simplificado'!QBU4","v":0},{"$f":"'CRO2_Crono Simplificado'!#REF!","v":{"$error":"#REF!"}},{"$f":"'CRO2_Crono Simplificado'!QBW4","v":0},{"$f":"'CRO2_Crono Simplificado'!#REF!","v":{"$error":"#REF!"}},{"$f":"'CRO2_Crono Simplificado'!QBY4","v":0},{"$f":"'CRO2_Crono Simplificado'!#REF!","v":{"$error":"#REF!"}},{"$f":"'CRO2_Crono Simplificado'!QCA4","v":0},{"$f":"'CRO2_Crono Simplificado'!#REF!","v":{"$error":"#REF!"}},{"$f":"'CRO2_Crono Simplificado'!QCC4","v":0},{"$f":"'CRO2_Crono Simplificado'!#REF!","v":{"$error":"#REF!"}},{"$f":"'CRO2_Crono Simplificado'!QCE4","v":0},{"$f":"'CRO2_Crono Simplificado'!#REF!","v":{"$error":"#REF!"}},{"$f":"'CRO2_Crono Simplificado'!QCG4","v":0},{"$f":"'CRO2_Crono Simplificado'!#REF!","v":{"$error":"#REF!"}},{"$f":"'CRO2_Crono Simplificado'!QCI4","v":0},{"$f":"'CRO2_Crono Simplificado'!#REF!","v":{"$error":"#REF!"}},{"$f":"'CRO2_Crono Simplificado'!QCK4","v":0},{"$f":"'CRO2_Crono Simplificado'!#REF!","v":{"$error":"#REF!"}},{"$f":"'CRO2_Crono Simplificado'!QCM4","v":0},{"$f":"'CRO2_Crono Simplificado'!#REF!","v":{"$error":"#REF!"}},{"$f":"'CRO2_Crono Simplificado'!QCO4","v":0},{"$f":"'CRO2_Crono Simplificado'!#REF!","v":{"$error":"#REF!"}},{"$f":"'CRO2_Crono Simplificado'!QCQ4","v":0},{"$f":"'CRO2_Crono Simplificado'!#REF!","v":{"$error":"#REF!"}},{"$f":"'CRO2_Crono Simplificado'!QCS4","v":0},{"$f":"'CRO2_Crono Simplificado'!#REF!","v":{"$error":"#REF!"}},{"$f":"'CRO2_Crono Simplificado'!QCU4","v":0},{"$f":"'CRO2_Crono Simplificado'!#REF!","v":{"$error":"#REF!"}},{"$f":"'CRO2_Crono Simplificado'!QCW4","v":0},{"$f":"'CRO2_Crono Simplificado'!#REF!","v":{"$error":"#REF!"}},{"$f":"'CRO2_Crono Simplificado'!QCY4","v":0},{"$f":"'CRO2_Crono Simplificado'!#REF!","v":{"$error":"#REF!"}},{"$f":"'CRO2_Crono Simplificado'!QDA4","v":0},{"$f":"'CRO2_Crono Simplificado'!#REF!","v":{"$error":"#REF!"}},{"$f":"'CRO2_Crono Simplificado'!QDC4","v":0},{"$f":"'CRO2_Crono Simplificado'!#REF!","v":{"$error":"#REF!"}},{"$f":"'CRO2_Crono Simplificado'!QDE4","v":0},{"$f":"'CRO2_Crono Simplificado'!#REF!","v":{"$error":"#REF!"}},{"$f":"'CRO2_Crono Simplificado'!QDG4","v":0},{"$f":"'CRO2_Crono Simplificado'!#REF!","v":{"$error":"#REF!"}},{"$f":"'CRO2_Crono Simplificado'!QDI4","v":0},{"$f":"'CRO2_Crono Simplificado'!#REF!","v":{"$error":"#REF!"}},{"$f":"'CRO2_Crono Simplificado'!QDK4","v":0},{"$f":"'CRO2_Crono Simplificado'!#REF!","v":{"$error":"#REF!"}},{"$f":"'CRO2_Crono Simplificado'!QDM4","v":0},{"$f":"'CRO2_Crono Simplificado'!#REF!","v":{"$error":"#REF!"}},{"$f":"'CRO2_Crono Simplificado'!QDO4","v":0},{"$f":"'CRO2_Crono Simplificado'!#REF!","v":{"$error":"#REF!"}},{"$f":"'CRO2_Crono Simplificado'!QDQ4","v":0},{"$f":"'CRO2_Crono Simplificado'!#REF!","v":{"$error":"#REF!"}},{"$f":"'CRO2_Crono Simplificado'!QDS4","v":0},{"$f":"'CRO2_Crono Simplificado'!#REF!","v":{"$error":"#REF!"}},{"$f":"'CRO2_Crono Simplificado'!QDU4","v":0},{"$f":"'CRO2_Crono Simplificado'!#REF!","v":{"$error":"#REF!"}},{"$f":"'CRO2_Crono Simplificado'!QDW4","v":0},{"$f":"'CRO2_Crono Simplificado'!#REF!","v":{"$error":"#REF!"}},{"$f":"'CRO2_Crono Simplificado'!QDY4","v":0},{"$f":"'CRO2_Crono Simplificado'!#REF!","v":{"$error":"#REF!"}},{"$f":"'CRO2_Crono Simplificado'!QEA4","v":0},{"$f":"'CRO2_Crono Simplificado'!#REF!","v":{"$error":"#REF!"}},{"$f":"'CRO2_Crono Simplificado'!QEC4","v":0},{"$f":"'CRO2_Crono Simplificado'!#REF!","v":{"$error":"#REF!"}},{"$f":"'CRO2_Crono Simplificado'!QEE4","v":0},{"$f":"'CRO2_Crono Simplificado'!#REF!","v":{"$error":"#REF!"}},{"$f":"'CRO2_Crono Simplificado'!QEG4","v":0},{"$f":"'CRO2_Crono Simplificado'!#REF!","v":{"$error":"#REF!"}},{"$f":"'CRO2_Crono Simplificado'!QEI4","v":0},{"$f":"'CRO2_Crono Simplificado'!#REF!","v":{"$error":"#REF!"}},{"$f":"'CRO2_Crono Simplificado'!QEK4","v":0},{"$f":"'CRO2_Crono Simplificado'!#REF!","v":{"$error":"#REF!"}},{"$f":"'CRO2_Crono Simplificado'!QEM4","v":0},{"$f":"'CRO2_Crono Simplificado'!#REF!","v":{"$error":"#REF!"}},{"$f":"'CRO2_Crono Simplificado'!QEO4","v":0},{"$f":"'CRO2_Crono Simplificado'!#REF!","v":{"$error":"#REF!"}},{"$f":"'CRO2_Crono Simplificado'!QEQ4","v":0},{"$f":"'CRO2_Crono Simplificado'!#REF!","v":{"$error":"#REF!"}},{"$f":"'CRO2_Crono Simplificado'!QES4","v":0},{"$f":"'CRO2_Crono Simplificado'!#REF!","v":{"$error":"#REF!"}},{"$f":"'CRO2_Crono Simplificado'!QEU4","v":0},{"$f":"'CRO2_Crono Simplificado'!#REF!","v":{"$error":"#REF!"}},{"$f":"'CRO2_Crono Simplificado'!QEW4","v":0},{"$f":"'CRO2_Crono Simplificado'!#REF!","v":{"$error":"#REF!"}},{"$f":"'CRO2_Crono Simplificado'!QEY4","v":0},{"$f":"'CRO2_Crono Simplificado'!#REF!","v":{"$error":"#REF!"}},{"$f":"'CRO2_Crono Simplificado'!QFA4","v":0},{"$f":"'CRO2_Crono Simplificado'!#REF!","v":{"$error":"#REF!"}},{"$f":"'CRO2_Crono Simplificado'!QFC4","v":0},{"$f":"'CRO2_Crono Simplificado'!#REF!","v":{"$error":"#REF!"}},{"$f":"'CRO2_Crono Simplificado'!QFE4","v":0},{"$f":"'CRO2_Crono Simplificado'!#REF!","v":{"$error":"#REF!"}},{"$f":"'CRO2_Crono Simplificado'!QFG4","v":0},{"$f":"'CRO2_Crono Simplificado'!#REF!","v":{"$error":"#REF!"}},{"$f":"'CRO2_Crono Simplificado'!QFI4","v":0},{"$f":"'CRO2_Crono Simplificado'!#REF!","v":{"$error":"#REF!"}},{"$f":"'CRO2_Crono Simplificado'!QFK4","v":0},{"$f":"'CRO2_Crono Simplificado'!#REF!","v":{"$error":"#REF!"}},{"$f":"'CRO2_Crono Simplificado'!QFM4","v":0},{"$f":"'CRO2_Crono Simplificado'!#REF!","v":{"$error":"#REF!"}},{"$f":"'CRO2_Crono Simplificado'!QFO4","v":0},{"$f":"'CRO2_Crono Simplificado'!#REF!","v":{"$error":"#REF!"}},{"$f":"'CRO2_Crono Simplificado'!QFQ4","v":0},{"$f":"'CRO2_Crono Simplificado'!#REF!","v":{"$error":"#REF!"}},{"$f":"'CRO2_Crono Simplificado'!QFS4","v":0},{"$f":"'CRO2_Crono Simplificado'!#REF!","v":{"$error":"#REF!"}},{"$f":"'CRO2_Crono Simplificado'!QFU4","v":0},{"$f":"'CRO2_Crono Simplificado'!#REF!","v":{"$error":"#REF!"}},{"$f":"'CRO2_Crono Simplificado'!QFW4","v":0},{"$f":"'CRO2_Crono Simplificado'!#REF!","v":{"$error":"#REF!"}},{"$f":"'CRO2_Crono Simplificado'!QFY4","v":0},{"$f":"'CRO2_Crono Simplificado'!#REF!","v":{"$error":"#REF!"}},{"$f":"'CRO2_Crono Simplificado'!QGA4","v":0},{"$f":"'CRO2_Crono Simplificado'!#REF!","v":{"$error":"#REF!"}},{"$f":"'CRO2_Crono Simplificado'!QGC4","v":0},{"$f":"'CRO2_Crono Simplificado'!#REF!","v":{"$error":"#REF!"}},{"$f":"'CRO2_Crono Simplificado'!QGE4","v":0},{"$f":"'CRO2_Crono Simplificado'!#REF!","v":{"$error":"#REF!"}},{"$f":"'CRO2_Crono Simplificado'!QGG4","v":0},{"$f":"'CRO2_Crono Simplificado'!#REF!","v":{"$error":"#REF!"}},{"$f":"'CRO2_Crono Simplificado'!QGI4","v":0},{"$f":"'CRO2_Crono Simplificado'!#REF!","v":{"$error":"#REF!"}},{"$f":"'CRO2_Crono Simplificado'!QGK4","v":0},{"$f":"'CRO2_Crono Simplificado'!#REF!","v":{"$error":"#REF!"}},{"$f":"'CRO2_Crono Simplificado'!QGM4","v":0},{"$f":"'CRO2_Crono Simplificado'!#REF!","v":{"$error":"#REF!"}},{"$f":"'CRO2_Crono Simplificado'!QGO4","v":0},{"$f":"'CRO2_Crono Simplificado'!#REF!","v":{"$error":"#REF!"}},{"$f":"'CRO2_Crono Simplificado'!QGQ4","v":0},{"$f":"'CRO2_Crono Simplificado'!#REF!","v":{"$error":"#REF!"}},{"$f":"'CRO2_Crono Simplificado'!QGS4","v":0},{"$f":"'CRO2_Crono Simplificado'!#REF!","v":{"$error":"#REF!"}},{"$f":"'CRO2_Crono Simplificado'!QGU4","v":0},{"$f":"'CRO2_Crono Simplificado'!#REF!","v":{"$error":"#REF!"}},{"$f":"'CRO2_Crono Simplificado'!QGW4","v":0},{"$f":"'CRO2_Crono Simplificado'!#REF!","v":{"$error":"#REF!"}},{"$f":"'CRO2_Crono Simplificado'!QGY4","v":0},{"$f":"'CRO2_Crono Simplificado'!#REF!","v":{"$error":"#REF!"}},{"$f":"'CRO2_Crono Simplificado'!QHA4","v":0},{"$f":"'CRO2_Crono Simplificado'!#REF!","v":{"$error":"#REF!"}},{"$f":"'CRO2_Crono Simplificado'!QHC4","v":0},{"$f":"'CRO2_Crono Simplificado'!#REF!","v":{"$error":"#REF!"}},{"$f":"'CRO2_Crono Simplificado'!QHE4","v":0},{"$f":"'CRO2_Crono Simplificado'!#REF!","v":{"$error":"#REF!"}},{"$f":"'CRO2_Crono Simplificado'!QHG4","v":0},{"$f":"'CRO2_Crono Simplificado'!#REF!","v":{"$error":"#REF!"}},{"$f":"'CRO2_Crono Simplificado'!QHI4","v":0},{"$f":"'CRO2_Crono Simplificado'!#REF!","v":{"$error":"#REF!"}},{"$f":"'CRO2_Crono Simplificado'!QHK4","v":0},{"$f":"'CRO2_Crono Simplificado'!#REF!","v":{"$error":"#REF!"}},{"$f":"'CRO2_Crono Simplificado'!QHM4","v":0},{"$f":"'CRO2_Crono Simplificado'!#REF!","v":{"$error":"#REF!"}},{"$f":"'CRO2_Crono Simplificado'!QHO4","v":0},{"$f":"'CRO2_Crono Simplificado'!#REF!","v":{"$error":"#REF!"}},{"$f":"'CRO2_Crono Simplificado'!QHQ4","v":0},{"$f":"'CRO2_Crono Simplificado'!#REF!","v":{"$error":"#REF!"}},{"$f":"'CRO2_Crono Simplificado'!QHS4","v":0},{"$f":"'CRO2_Crono Simplificado'!#REF!","v":{"$error":"#REF!"}},{"$f":"'CRO2_Crono Simplificado'!QHU4","v":0},{"$f":"'CRO2_Crono Simplificado'!#REF!","v":{"$error":"#REF!"}},{"$f":"'CRO2_Crono Simplificado'!QHW4","v":0},{"$f":"'CRO2_Crono Simplificado'!#REF!","v":{"$error":"#REF!"}},{"$f":"'CRO2_Crono Simplificado'!QHY4","v":0},{"$f":"'CRO2_Crono Simplificado'!#REF!","v":{"$error":"#REF!"}},{"$f":"'CRO2_Crono Simplificado'!QIA4","v":0},{"$f":"'CRO2_Crono Simplificado'!#REF!","v":{"$error":"#REF!"}},{"$f":"'CRO2_Crono Simplificado'!QIC4","v":0},{"$f":"'CRO2_Crono Simplificado'!#REF!","v":{"$error":"#REF!"}},{"$f":"'CRO2_Crono Simplificado'!QIE4","v":0},{"$f":"'CRO2_Crono Simplificado'!#REF!","v":{"$error":"#REF!"}},{"$f":"'CRO2_Crono Simplificado'!QIG4","v":0},{"$f":"'CRO2_Crono Simplificado'!#REF!","v":{"$error":"#REF!"}},{"$f":"'CRO2_Crono Simplificado'!QII4","v":0},{"$f":"'CRO2_Crono Simplificado'!#REF!","v":{"$error":"#REF!"}},{"$f":"'CRO2_Crono Simplificado'!QIK4","v":0},{"$f":"'CRO2_Crono Simplificado'!#REF!","v":{"$error":"#REF!"}},{"$f":"'CRO2_Crono Simplificado'!QIM4","v":0},{"$f":"'CRO2_Crono Simplificado'!#REF!","v":{"$error":"#REF!"}},{"$f":"'CRO2_Crono Simplificado'!QIO4","v":0},{"$f":"'CRO2_Crono Simplificado'!#REF!","v":{"$error":"#REF!"}},{"$f":"'CRO2_Crono Simplificado'!QIQ4","v":0},{"$f":"'CRO2_Crono Simplificado'!#REF!","v":{"$error":"#REF!"}},{"$f":"'CRO2_Crono Simplificado'!QIS4","v":0},{"$f":"'CRO2_Crono Simplificado'!#REF!","v":{"$error":"#REF!"}},{"$f":"'CRO2_Crono Simplificado'!QIU4","v":0},{"$f":"'CRO2_Crono Simplificado'!#REF!","v":{"$error":"#REF!"}},{"$f":"'CRO2_Crono Simplificado'!QIW4","v":0},{"$f":"'CRO2_Crono Simplificado'!#REF!","v":{"$error":"#REF!"}},{"$f":"'CRO2_Crono Simplificado'!QIY4","v":0},{"$f":"'CRO2_Crono Simplificado'!#REF!","v":{"$error":"#REF!"}},{"$f":"'CRO2_Crono Simplificado'!QJA4","v":0},{"$f":"'CRO2_Crono Simplificado'!#REF!","v":{"$error":"#REF!"}},{"$f":"'CRO2_Crono Simplificado'!QJC4","v":0},{"$f":"'CRO2_Crono Simplificado'!#REF!","v":{"$error":"#REF!"}},{"$f":"'CRO2_Crono Simplificado'!QJE4","v":0},{"$f":"'CRO2_Crono Simplificado'!#REF!","v":{"$error":"#REF!"}},{"$f":"'CRO2_Crono Simplificado'!QJG4","v":0},{"$f":"'CRO2_Crono Simplificado'!#REF!","v":{"$error":"#REF!"}},{"$f":"'CRO2_Crono Simplificado'!QJI4","v":0},{"$f":"'CRO2_Crono Simplificado'!#REF!","v":{"$error":"#REF!"}},{"$f":"'CRO2_Crono Simplificado'!QJK4","v":0},{"$f":"'CRO2_Crono Simplificado'!#REF!","v":{"$error":"#REF!"}},{"$f":"'CRO2_Crono Simplificado'!QJM4","v":0},{"$f":"'CRO2_Crono Simplificado'!#REF!","v":{"$error":"#REF!"}},{"$f":"'CRO2_Crono Simplificado'!QJO4","v":0},{"$f":"'CRO2_Crono Simplificado'!#REF!","v":{"$error":"#REF!"}},{"$f":"'CRO2_Crono Simplificado'!QJQ4","v":0},{"$f":"'CRO2_Crono Simplificado'!#REF!","v":{"$error":"#REF!"}},{"$f":"'CRO2_Crono Simplificado'!QJS4","v":0},{"$f":"'CRO2_Crono Simplificado'!#REF!","v":{"$error":"#REF!"}},{"$f":"'CRO2_Crono Simplificado'!QJU4","v":0},{"$f":"'CRO2_Crono Simplificado'!#REF!","v":{"$error":"#REF!"}},{"$f":"'CRO2_Crono Simplificado'!QJW4","v":0},{"$f":"'CRO2_Crono Simplificado'!#REF!","v":{"$error":"#REF!"}},{"$f":"'CRO2_Crono Simplificado'!QJY4","v":0},{"$f":"'CRO2_Crono Simplificado'!#REF!","v":{"$error":"#REF!"}},{"$f":"'CRO2_Crono Simplificado'!QKA4","v":0},{"$f":"'CRO2_Crono Simplificado'!#REF!","v":{"$error":"#REF!"}},{"$f":"'CRO2_Crono Simplificado'!QKC4","v":0},{"$f":"'CRO2_Crono Simplificado'!#REF!","v":{"$error":"#REF!"}},{"$f":"'CRO2_Crono Simplificado'!QKE4","v":0},{"$f":"'CRO2_Crono Simplificado'!#REF!","v":{"$error":"#REF!"}},{"$f":"'CRO2_Crono Simplificado'!QKG4","v":0},{"$f":"'CRO2_Crono Simplificado'!#REF!","v":{"$error":"#REF!"}},{"$f":"'CRO2_Crono Simplificado'!QKI4","v":0},{"$f":"'CRO2_Crono Simplificado'!#REF!","v":{"$error":"#REF!"}},{"$f":"'CRO2_Crono Simplificado'!QKK4","v":0},{"$f":"'CRO2_Crono Simplificado'!#REF!","v":{"$error":"#REF!"}},{"$f":"'CRO2_Crono Simplificado'!QKM4","v":0},{"$f":"'CRO2_Crono Simplificado'!#REF!","v":{"$error":"#REF!"}},{"$f":"'CRO2_Crono Simplificado'!QKO4","v":0},{"$f":"'CRO2_Crono Simplificado'!#REF!","v":{"$error":"#REF!"}},{"$f":"'CRO2_Crono Simplificado'!QKQ4","v":0},{"$f":"'CRO2_Crono Simplificado'!#REF!","v":{"$error":"#REF!"}},{"$f":"'CRO2_Crono Simplificado'!QKS4","v":0},{"$f":"'CRO2_Crono Simplificado'!#REF!","v":{"$error":"#REF!"}},{"$f":"'CRO2_Crono Simplificado'!QKU4","v":0},{"$f":"'CRO2_Crono Simplificado'!#REF!","v":{"$error":"#REF!"}},{"$f":"'CRO2_Crono Simplificado'!QKW4","v":0},{"$f":"'CRO2_Crono Simplificado'!#REF!","v":{"$error":"#REF!"}},{"$f":"'CRO2_Crono Simplificado'!QKY4","v":0},{"$f":"'CRO2_Crono Simplificado'!#REF!","v":{"$error":"#REF!"}},{"$f":"'CRO2_Crono Simplificado'!QLA4","v":0},{"$f":"'CRO2_Crono Simplificado'!#REF!","v":{"$error":"#REF!"}},{"$f":"'CRO2_Crono Simplificado'!QLC4","v":0},{"$f":"'CRO2_Crono Simplificado'!#REF!","v":{"$error":"#REF!"}},{"$f":"'CRO2_Crono Simplificado'!QLE4","v":0},{"$f":"'CRO2_Crono Simplificado'!#REF!","v":{"$error":"#REF!"}},{"$f":"'CRO2_Crono Simplificado'!QLG4","v":0},{"$f":"'CRO2_Crono Simplificado'!#REF!","v":{"$error":"#REF!"}},{"$f":"'CRO2_Crono Simplificado'!QLI4","v":0},{"$f":"'CRO2_Crono Simplificado'!#REF!","v":{"$error":"#REF!"}},{"$f":"'CRO2_Crono Simplificado'!QLK4","v":0},{"$f":"'CRO2_Crono Simplificado'!#REF!","v":{"$error":"#REF!"}},{"$f":"'CRO2_Crono Simplificado'!QLM4","v":0},{"$f":"'CRO2_Crono Simplificado'!#REF!","v":{"$error":"#REF!"}},{"$f":"'CRO2_Crono Simplificado'!QLO4","v":0},{"$f":"'CRO2_Crono Simplificado'!#REF!","v":{"$error":"#REF!"}},{"$f":"'CRO2_Crono Simplificado'!QLQ4","v":0},{"$f":"'CRO2_Crono Simplificado'!#REF!","v":{"$error":"#REF!"}},{"$f":"'CRO2_Crono Simplificado'!QLS4","v":0},{"$f":"'CRO2_Crono Simplificado'!#REF!","v":{"$error":"#REF!"}},{"$f":"'CRO2_Crono Simplificado'!QLU4","v":0},{"$f":"'CRO2_Crono Simplificado'!#REF!","v":{"$error":"#REF!"}},{"$f":"'CRO2_Crono Simplificado'!QLW4","v":0},{"$f":"'CRO2_Crono Simplificado'!#REF!","v":{"$error":"#REF!"}},{"$f":"'CRO2_Crono Simplificado'!QLY4","v":0},{"$f":"'CRO2_Crono Simplificado'!#REF!","v":{"$error":"#REF!"}},{"$f":"'CRO2_Crono Simplificado'!QMA4","v":0},{"$f":"'CRO2_Crono Simplificado'!#REF!","v":{"$error":"#REF!"}},{"$f":"'CRO2_Crono Simplificado'!QMC4","v":0},{"$f":"'CRO2_Crono Simplificado'!#REF!","v":{"$error":"#REF!"}},{"$f":"'CRO2_Crono Simplificado'!QME4","v":0},{"$f":"'CRO2_Crono Simplificado'!#REF!","v":{"$error":"#REF!"}},{"$f":"'CRO2_Crono Simplificado'!QMG4","v":0},{"$f":"'CRO2_Crono Simplificado'!#REF!","v":{"$error":"#REF!"}},{"$f":"'CRO2_Crono Simplificado'!QMI4","v":0},{"$f":"'CRO2_Crono Simplificado'!#REF!","v":{"$error":"#REF!"}},{"$f":"'CRO2_Crono Simplificado'!QMK4","v":0},{"$f":"'CRO2_Crono Simplificado'!#REF!","v":{"$error":"#REF!"}},{"$f":"'CRO2_Crono Simplificado'!QMM4","v":0},{"$f":"'CRO2_Crono Simplificado'!#REF!","v":{"$error":"#REF!"}},{"$f":"'CRO2_Crono Simplificado'!QMO4","v":0},{"$f":"'CRO2_Crono Simplificado'!#REF!","v":{"$error":"#REF!"}},{"$f":"'CRO2_Crono Simplificado'!QMQ4","v":0},{"$f":"'CRO2_Crono Simplificado'!#REF!","v":{"$error":"#REF!"}},{"$f":"'CRO2_Crono Simplificado'!QMS4","v":0},{"$f":"'CRO2_Crono Simplificado'!#REF!","v":{"$error":"#REF!"}},{"$f":"'CRO2_Crono Simplificado'!QMU4","v":0},{"$f":"'CRO2_Crono Simplificado'!#REF!","v":{"$error":"#REF!"}},{"$f":"'CRO2_Crono Simplificado'!QMW4","v":0},{"$f":"'CRO2_Crono Simplificado'!#REF!","v":{"$error":"#REF!"}},{"$f":"'CRO2_Crono Simplificado'!QMY4","v":0},{"$f":"'CRO2_Crono Simplificado'!#REF!","v":{"$error":"#REF!"}},{"$f":"'CRO2_Crono Simplificado'!QNA4","v":0},{"$f":"'CRO2_Crono Simplificado'!#REF!","v":{"$error":"#REF!"}},{"$f":"'CRO2_Crono Simplificado'!QNC4","v":0},{"$f":"'CRO2_Crono Simplificado'!#REF!","v":{"$error":"#REF!"}},{"$f":"'CRO2_Crono Simplificado'!QNE4","v":0},{"$f":"'CRO2_Crono Simplificado'!#REF!","v":{"$error":"#REF!"}},{"$f":"'CRO2_Crono Simplificado'!QNG4","v":0},{"$f":"'CRO2_Crono Simplificado'!#REF!","v":{"$error":"#REF!"}},{"$f":"'CRO2_Crono Simplificado'!QNI4","v":0},{"$f":"'CRO2_Crono Simplificado'!#REF!","v":{"$error":"#REF!"}},{"$f":"'CRO2_Crono Simplificado'!QNK4","v":0},{"$f":"'CRO2_Crono Simplificado'!#REF!","v":{"$error":"#REF!"}},{"$f":"'CRO2_Crono Simplificado'!QNM4","v":0},{"$f":"'CRO2_Crono Simplificado'!#REF!","v":{"$error":"#REF!"}},{"$f":"'CRO2_Crono Simplificado'!QNO4","v":0},{"$f":"'CRO2_Crono Simplificado'!#REF!","v":{"$error":"#REF!"}},{"$f":"'CRO2_Crono Simplificado'!QNQ4","v":0},{"$f":"'CRO2_Crono Simplificado'!#REF!","v":{"$error":"#REF!"}},{"$f":"'CRO2_Crono Simplificado'!QNS4","v":0},{"$f":"'CRO2_Crono Simplificado'!#REF!","v":{"$error":"#REF!"}},{"$f":"'CRO2_Crono Simplificado'!QNU4","v":0},{"$f":"'CRO2_Crono Simplificado'!#REF!","v":{"$error":"#REF!"}},{"$f":"'CRO2_Crono Simplificado'!QNW4","v":0},{"$f":"'CRO2_Crono Simplificado'!#REF!","v":{"$error":"#REF!"}},{"$f":"'CRO2_Crono Simplificado'!QNY4","v":0},{"$f":"'CRO2_Crono Simplificado'!#REF!","v":{"$error":"#REF!"}},{"$f":"'CRO2_Crono Simplificado'!QOA4","v":0},{"$f":"'CRO2_Crono Simplificado'!#REF!","v":{"$error":"#REF!"}},{"$f":"'CRO2_Crono Simplificado'!QOC4","v":0},{"$f":"'CRO2_Crono Simplificado'!#REF!","v":{"$error":"#REF!"}},{"$f":"'CRO2_Crono Simplificado'!QOE4","v":0},{"$f":"'CRO2_Crono Simplificado'!#REF!","v":{"$error":"#REF!"}},{"$f":"'CRO2_Crono Simplificado'!QOG4","v":0},{"$f":"'CRO2_Crono Simplificado'!#REF!","v":{"$error":"#REF!"}},{"$f":"'CRO2_Crono Simplificado'!QOI4","v":0},{"$f":"'CRO2_Crono Simplificado'!#REF!","v":{"$error":"#REF!"}},{"$f":"'CRO2_Crono Simplificado'!QOK4","v":0},{"$f":"'CRO2_Crono Simplificado'!#REF!","v":{"$error":"#REF!"}},{"$f":"'CRO2_Crono Simplificado'!QOM4","v":0},{"$f":"'CRO2_Crono Simplificado'!#REF!","v":{"$error":"#REF!"}},{"$f":"'CRO2_Crono Simplificado'!QOO4","v":0},{"$f":"'CRO2_Crono Simplificado'!#REF!","v":{"$error":"#REF!"}},{"$f":"'CRO2_Crono Simplificado'!QOQ4","v":0},{"$f":"'CRO2_Crono Simplificado'!#REF!","v":{"$error":"#REF!"}},{"$f":"'CRO2_Crono Simplificado'!QOS4","v":0},{"$f":"'CRO2_Crono Simplificado'!#REF!","v":{"$error":"#REF!"}},{"$f":"'CRO2_Crono Simplificado'!QOU4","v":0},{"$f":"'CRO2_Crono Simplificado'!#REF!","v":{"$error":"#REF!"}},{"$f":"'CRO2_Crono Simplificado'!QOW4","v":0},{"$f":"'CRO2_Crono Simplificado'!#REF!","v":{"$error":"#REF!"}},{"$f":"'CRO2_Crono Simplificado'!QOY4","v":0},{"$f":"'CRO2_Crono Simplificado'!#REF!","v":{"$error":"#REF!"}},{"$f":"'CRO2_Crono Simplificado'!QPA4","v":0},{"$f":"'CRO2_Crono Simplificado'!#REF!","v":{"$error":"#REF!"}},{"$f":"'CRO2_Crono Simplificado'!QPC4","v":0},{"$f":"'CRO2_Crono Simplificado'!#REF!","v":{"$error":"#REF!"}},{"$f":"'CRO2_Crono Simplificado'!QPE4","v":0},{"$f":"'CRO2_Crono Simplificado'!#REF!","v":{"$error":"#REF!"}},{"$f":"'CRO2_Crono Simplificado'!QPG4","v":0},{"$f":"'CRO2_Crono Simplificado'!#REF!","v":{"$error":"#REF!"}},{"$f":"'CRO2_Crono Simplificado'!QPI4","v":0},{"$f":"'CRO2_Crono Simplificado'!#REF!","v":{"$error":"#REF!"}},{"$f":"'CRO2_Crono Simplificado'!QPK4","v":0},{"$f":"'CRO2_Crono Simplificado'!#REF!","v":{"$error":"#REF!"}},{"$f":"'CRO2_Crono Simplificado'!QPM4","v":0},{"$f":"'CRO2_Crono Simplificado'!#REF!","v":{"$error":"#REF!"}},{"$f":"'CRO2_Crono Simplificado'!QPO4","v":0},{"$f":"'CRO2_Crono Simplificado'!#REF!","v":{"$error":"#REF!"}},{"$f":"'CRO2_Crono Simplificado'!QPQ4","v":0},{"$f":"'CRO2_Crono Simplificado'!#REF!","v":{"$error":"#REF!"}},{"$f":"'CRO2_Crono Simplificado'!QPS4","v":0},{"$f":"'CRO2_Crono Simplificado'!#REF!","v":{"$error":"#REF!"}},{"$f":"'CRO2_Crono Simplificado'!QPU4","v":0},{"$f":"'CRO2_Crono Simplificado'!#REF!","v":{"$error":"#REF!"}},{"$f":"'CRO2_Crono Simplificado'!QPW4","v":0},{"$f":"'CRO2_Crono Simplificado'!#REF!","v":{"$error":"#REF!"}},{"$f":"'CRO2_Crono Simplificado'!QPY4","v":0},{"$f":"'CRO2_Crono Simplificado'!#REF!","v":{"$error":"#REF!"}},{"$f":"'CRO2_Crono Simplificado'!QQA4","v":0},{"$f":"'CRO2_Crono Simplificado'!#REF!","v":{"$error":"#REF!"}},{"$f":"'CRO2_Crono Simplificado'!QQC4","v":0},{"$f":"'CRO2_Crono Simplificado'!#REF!","v":{"$error":"#REF!"}},{"$f":"'CRO2_Crono Simplificado'!QQE4","v":0},{"$f":"'CRO2_Crono Simplificado'!#REF!","v":{"$error":"#REF!"}},{"$f":"'CRO2_Crono Simplificado'!QQG4","v":0},{"$f":"'CRO2_Crono Simplificado'!#REF!","v":{"$error":"#REF!"}},{"$f":"'CRO2_Crono Simplificado'!QQI4","v":0},{"$f":"'CRO2_Crono Simplificado'!#REF!","v":{"$error":"#REF!"}},{"$f":"'CRO2_Crono Simplificado'!QQK4","v":0},{"$f":"'CRO2_Crono Simplificado'!#REF!","v":{"$error":"#REF!"}},{"$f":"'CRO2_Crono Simplificado'!QQM4","v":0},{"$f":"'CRO2_Crono Simplificado'!#REF!","v":{"$error":"#REF!"}},{"$f":"'CRO2_Crono Simplificado'!QQO4","v":0},{"$f":"'CRO2_Crono Simplificado'!#REF!","v":{"$error":"#REF!"}},{"$f":"'CRO2_Crono Simplificado'!QQQ4","v":0},{"$f":"'CRO2_Crono Simplificado'!#REF!","v":{"$error":"#REF!"}},{"$f":"'CRO2_Crono Simplificado'!QQS4","v":0},{"$f":"'CRO2_Crono Simplificado'!#REF!","v":{"$error":"#REF!"}},{"$f":"'CRO2_Crono Simplificado'!QQU4","v":0},{"$f":"'CRO2_Crono Simplificado'!#REF!","v":{"$error":"#REF!"}},{"$f":"'CRO2_Crono Simplificado'!QQW4","v":0},{"$f":"'CRO2_Crono Simplificado'!#REF!","v":{"$error":"#REF!"}},{"$f":"'CRO2_Crono Simplificado'!QQY4","v":0},{"$f":"'CRO2_Crono Simplificado'!#REF!","v":{"$error":"#REF!"}},{"$f":"'CRO2_Crono Simplificado'!QRA4","v":0},{"$f":"'CRO2_Crono Simplificado'!#REF!","v":{"$error":"#REF!"}},{"$f":"'CRO2_Crono Simplificado'!QRC4","v":0},{"$f":"'CRO2_Crono Simplificado'!#REF!","v":{"$error":"#REF!"}},{"$f":"'CRO2_Crono Simplificado'!QRE4","v":0},{"$f":"'CRO2_Crono Simplificado'!#REF!","v":{"$error":"#REF!"}},{"$f":"'CRO2_Crono Simplificado'!QRG4","v":0},{"$f":"'CRO2_Crono Simplificado'!#REF!","v":{"$error":"#REF!"}},{"$f":"'CRO2_Crono Simplificado'!QRI4","v":0},{"$f":"'CRO2_Crono Simplificado'!#REF!","v":{"$error":"#REF!"}},{"$f":"'CRO2_Crono Simplificado'!QRK4","v":0},{"$f":"'CRO2_Crono Simplificado'!#REF!","v":{"$error":"#REF!"}},{"$f":"'CRO2_Crono Simplificado'!QRM4","v":0},{"$f":"'CRO2_Crono Simplificado'!#REF!","v":{"$error":"#REF!"}},{"$f":"'CRO2_Crono Simplificado'!QRO4","v":0},{"$f":"'CRO2_Crono Simplificado'!#REF!","v":{"$error":"#REF!"}},{"$f":"'CRO2_Crono Simplificado'!QRQ4","v":0},{"$f":"'CRO2_Crono Simplificado'!#REF!","v":{"$error":"#REF!"}},{"$f":"'CRO2_Crono Simplificado'!QRS4","v":0},{"$f":"'CRO2_Crono Simplificado'!#REF!","v":{"$error":"#REF!"}},{"$f":"'CRO2_Crono Simplificado'!QRU4","v":0},{"$f":"'CRO2_Crono Simplificado'!#REF!","v":{"$error":"#REF!"}},{"$f":"'CRO2_Crono Simplificado'!QRW4","v":0},{"$f":"'CRO2_Crono Simplificado'!#REF!","v":{"$error":"#REF!"}},{"$f":"'CRO2_Crono Simplificado'!QRY4","v":0},{"$f":"'CRO2_Crono Simplificado'!#REF!","v":{"$error":"#REF!"}},{"$f":"'CRO2_Crono Simplificado'!QSA4","v":0},{"$f":"'CRO2_Crono Simplificado'!#REF!","v":{"$error":"#REF!"}},{"$f":"'CRO2_Crono Simplificado'!QSC4","v":0},{"$f":"'CRO2_Crono Simplificado'!#REF!","v":{"$error":"#REF!"}},{"$f":"'CRO2_Crono Simplificado'!QSE4","v":0},{"$f":"'CRO2_Crono Simplificado'!#REF!","v":{"$error":"#REF!"}},{"$f":"'CRO2_Crono Simplificado'!QSG4","v":0},{"$f":"'CRO2_Crono Simplificado'!#REF!","v":{"$error":"#REF!"}},{"$f":"'CRO2_Crono Simplificado'!QSI4","v":0},{"$f":"'CRO2_Crono Simplificado'!#REF!","v":{"$error":"#REF!"}},{"$f":"'CRO2_Crono Simplificado'!QSK4","v":0},{"$f":"'CRO2_Crono Simplificado'!#REF!","v":{"$error":"#REF!"}},{"$f":"'CRO2_Crono Simplificado'!QSM4","v":0},{"$f":"'CRO2_Crono Simplificado'!#REF!","v":{"$error":"#REF!"}},{"$f":"'CRO2_Crono Simplificado'!QSO4","v":0},{"$f":"'CRO2_Crono Simplificado'!#REF!","v":{"$error":"#REF!"}},{"$f":"'CRO2_Crono Simplificado'!QSQ4","v":0},{"$f":"'CRO2_Crono Simplificado'!#REF!","v":{"$error":"#REF!"}},{"$f":"'CRO2_Crono Simplificado'!QSS4","v":0},{"$f":"'CRO2_Crono Simplificado'!#REF!","v":{"$error":"#REF!"}},{"$f":"'CRO2_Crono Simplificado'!QSU4","v":0},{"$f":"'CRO2_Crono Simplificado'!#REF!","v":{"$error":"#REF!"}},{"$f":"'CRO2_Crono Simplificado'!QSW4","v":0},{"$f":"'CRO2_Crono Simplificado'!#REF!","v":{"$error":"#REF!"}},{"$f":"'CRO2_Crono Simplificado'!QSY4","v":0},{"$f":"'CRO2_Crono Simplificado'!#REF!","v":{"$error":"#REF!"}},{"$f":"'CRO2_Crono Simplificado'!QTA4","v":0},{"$f":"'CRO2_Crono Simplificado'!#REF!","v":{"$error":"#REF!"}},{"$f":"'CRO2_Crono Simplificado'!QTC4","v":0},{"$f":"'CRO2_Crono Simplificado'!#REF!","v":{"$error":"#REF!"}},{"$f":"'CRO2_Crono Simplificado'!QTE4","v":0},{"$f":"'CRO2_Crono Simplificado'!#REF!","v":{"$error":"#REF!"}},{"$f":"'CRO2_Crono Simplificado'!QTG4","v":0},{"$f":"'CRO2_Crono Simplificado'!#REF!","v":{"$error":"#REF!"}},{"$f":"'CRO2_Crono Simplificado'!QTI4","v":0},{"$f":"'CRO2_Crono Simplificado'!#REF!","v":{"$error":"#REF!"}},{"$f":"'CRO2_Crono Simplificado'!QTK4","v":0},{"$f":"'CRO2_Crono Simplificado'!#REF!","v":{"$error":"#REF!"}},{"$f":"'CRO2_Crono Simplificado'!QTM4","v":0},{"$f":"'CRO2_Crono Simplificado'!#REF!","v":{"$error":"#REF!"}},{"$f":"'CRO2_Crono Simplificado'!QTO4","v":0},{"$f":"'CRO2_Crono Simplificado'!#REF!","v":{"$error":"#REF!"}},{"$f":"'CRO2_Crono Simplificado'!QTQ4","v":0},{"$f":"'CRO2_Crono Simplificado'!#REF!","v":{"$error":"#REF!"}},{"$f":"'CRO2_Crono Simplificado'!QTS4","v":0},{"$f":"'CRO2_Crono Simplificado'!#REF!","v":{"$error":"#REF!"}},{"$f":"'CRO2_Crono Simplificado'!QTU4","v":0},{"$f":"'CRO2_Crono Simplificado'!#REF!","v":{"$error":"#REF!"}},{"$f":"'CRO2_Crono Simplificado'!QTW4","v":0},{"$f":"'CRO2_Crono Simplificado'!#REF!","v":{"$error":"#REF!"}},{"$f":"'CRO2_Crono Simplificado'!QTY4","v":0},{"$f":"'CRO2_Crono Simplificado'!#REF!","v":{"$error":"#REF!"}},{"$f":"'CRO2_Crono Simplificado'!QUA4","v":0},{"$f":"'CRO2_Crono Simplificado'!#REF!","v":{"$error":"#REF!"}},{"$f":"'CRO2_Crono Simplificado'!QUC4","v":0},{"$f":"'CRO2_Crono Simplificado'!#REF!","v":{"$error":"#REF!"}},{"$f":"'CRO2_Crono Simplificado'!QUE4","v":0},{"$f":"'CRO2_Crono Simplificado'!#REF!","v":{"$error":"#REF!"}},{"$f":"'CRO2_Crono Simplificado'!QUG4","v":0},{"$f":"'CRO2_Crono Simplificado'!#REF!","v":{"$error":"#REF!"}},{"$f":"'CRO2_Crono Simplificado'!QUI4","v":0},{"$f":"'CRO2_Crono Simplificado'!#REF!","v":{"$error":"#REF!"}},{"$f":"'CRO2_Crono Simplificado'!QUK4","v":0},{"$f":"'CRO2_Crono Simplificado'!#REF!","v":{"$error":"#REF!"}},{"$f":"'CRO2_Crono Simplificado'!QUM4","v":0},{"$f":"'CRO2_Crono Simplificado'!#REF!","v":{"$error":"#REF!"}},{"$f":"'CRO2_Crono Simplificado'!QUO4","v":0},{"$f":"'CRO2_Crono Simplificado'!#REF!","v":{"$error":"#REF!"}},{"$f":"'CRO2_Crono Simplificado'!QUQ4","v":0},{"$f":"'CRO2_Crono Simplificado'!#REF!","v":{"$error":"#REF!"}},{"$f":"'CRO2_Crono Simplificado'!QUS4","v":0},{"$f":"'CRO2_Crono Simplificado'!#REF!","v":{"$error":"#REF!"}},{"$f":"'CRO2_Crono Simplificado'!QUU4","v":0},{"$f":"'CRO2_Crono Simplificado'!#REF!","v":{"$error":"#REF!"}},{"$f":"'CRO2_Crono Simplificado'!QUW4","v":0},{"$f":"'CRO2_Crono Simplificado'!#REF!","v":{"$error":"#REF!"}},{"$f":"'CRO2_Crono Simplificado'!QUY4","v":0},{"$f":"'CRO2_Crono Simplificado'!#REF!","v":{"$error":"#REF!"}},{"$f":"'CRO2_Crono Simplificado'!QVA4","v":0},{"$f":"'CRO2_Crono Simplificado'!#REF!","v":{"$error":"#REF!"}},{"$f":"'CRO2_Crono Simplificado'!QVC4","v":0},{"$f":"'CRO2_Crono Simplificado'!#REF!","v":{"$error":"#REF!"}},{"$f":"'CRO2_Crono Simplificado'!QVE4","v":0},{"$f":"'CRO2_Crono Simplificado'!#REF!","v":{"$error":"#REF!"}},{"$f":"'CRO2_Crono Simplificado'!QVG4","v":0},{"$f":"'CRO2_Crono Simplificado'!#REF!","v":{"$error":"#REF!"}},{"$f":"'CRO2_Crono Simplificado'!QVI4","v":0},{"$f":"'CRO2_Crono Simplificado'!#REF!","v":{"$error":"#REF!"}},{"$f":"'CRO2_Crono Simplificado'!QVK4","v":0},{"$f":"'CRO2_Crono Simplificado'!#REF!","v":{"$error":"#REF!"}},{"$f":"'CRO2_Crono Simplificado'!QVM4","v":0},{"$f":"'CRO2_Crono Simplificado'!#REF!","v":{"$error":"#REF!"}},{"$f":"'CRO2_Crono Simplificado'!QVO4","v":0},{"$f":"'CRO2_Crono Simplificado'!#REF!","v":{"$error":"#REF!"}},{"$f":"'CRO2_Crono Simplificado'!QVQ4","v":0},{"$f":"'CRO2_Crono Simplificado'!#REF!","v":{"$error":"#REF!"}},{"$f":"'CRO2_Crono Simplificado'!QVS4","v":0},{"$f":"'CRO2_Crono Simplificado'!#REF!","v":{"$error":"#REF!"}},{"$f":"'CRO2_Crono Simplificado'!QVU4","v":0},{"$f":"'CRO2_Crono Simplificado'!#REF!","v":{"$error":"#REF!"}},{"$f":"'CRO2_Crono Simplificado'!QVW4","v":0},{"$f":"'CRO2_Crono Simplificado'!#REF!","v":{"$error":"#REF!"}},{"$f":"'CRO2_Crono Simplificado'!QVY4","v":0},{"$f":"'CRO2_Crono Simplificado'!#REF!","v":{"$error":"#REF!"}},{"$f":"'CRO2_Crono Simplificado'!QWA4","v":0},{"$f":"'CRO2_Crono Simplificado'!#REF!","v":{"$error":"#REF!"}},{"$f":"'CRO2_Crono Simplificado'!QWC4","v":0},{"$f":"'CRO2_Crono Simplificado'!#REF!","v":{"$error":"#REF!"}},{"$f":"'CRO2_Crono Simplificado'!QWE4","v":0},{"$f":"'CRO2_Crono Simplificado'!#REF!","v":{"$error":"#REF!"}},{"$f":"'CRO2_Crono Simplificado'!QWG4","v":0},{"$f":"'CRO2_Crono Simplificado'!#REF!","v":{"$error":"#REF!"}},{"$f":"'CRO2_Crono Simplificado'!QWI4","v":0},{"$f":"'CRO2_Crono Simplificado'!#REF!","v":{"$error":"#REF!"}},{"$f":"'CRO2_Crono Simplificado'!QWK4","v":0},{"$f":"'CRO2_Crono Simplificado'!#REF!","v":{"$error":"#REF!"}},{"$f":"'CRO2_Crono Simplificado'!QWM4","v":0},{"$f":"'CRO2_Crono Simplificado'!#REF!","v":{"$error":"#REF!"}},{"$f":"'CRO2_Crono Simplificado'!QWO4","v":0},{"$f":"'CRO2_Crono Simplificado'!#REF!","v":{"$error":"#REF!"}},{"$f":"'CRO2_Crono Simplificado'!QWQ4","v":0},{"$f":"'CRO2_Crono Simplificado'!#REF!","v":{"$error":"#REF!"}},{"$f":"'CRO2_Crono Simplificado'!QWS4","v":0},{"$f":"'CRO2_Crono Simplificado'!#REF!","v":{"$error":"#REF!"}},{"$f":"'CRO2_Crono Simplificado'!QWU4","v":0},{"$f":"'CRO2_Crono Simplificado'!#REF!","v":{"$error":"#REF!"}},{"$f":"'CRO2_Crono Simplificado'!QWW4","v":0},{"$f":"'CRO2_Crono Simplificado'!#REF!","v":{"$error":"#REF!"}},{"$f":"'CRO2_Crono Simplificado'!QWY4","v":0},{"$f":"'CRO2_Crono Simplificado'!#REF!","v":{"$error":"#REF!"}},{"$f":"'CRO2_Crono Simplificado'!QXA4","v":0},{"$f":"'CRO2_Crono Simplificado'!#REF!","v":{"$error":"#REF!"}},{"$f":"'CRO2_Crono Simplificado'!QXC4","v":0},{"$f":"'CRO2_Crono Simplificado'!#REF!","v":{"$error":"#REF!"}},{"$f":"'CRO2_Crono Simplificado'!QXE4","v":0},{"$f":"'CRO2_Crono Simplificado'!#REF!","v":{"$error":"#REF!"}},{"$f":"'CRO2_Crono Simplificado'!QXG4","v":0},{"$f":"'CRO2_Crono Simplificado'!#REF!","v":{"$error":"#REF!"}},{"$f":"'CRO2_Crono Simplificado'!QXI4","v":0},{"$f":"'CRO2_Crono Simplificado'!#REF!","v":{"$error":"#REF!"}},{"$f":"'CRO2_Crono Simplificado'!QXK4","v":0},{"$f":"'CRO2_Crono Simplificado'!#REF!","v":{"$error":"#REF!"}},{"$f":"'CRO2_Crono Simplificado'!QXM4","v":0},{"$f":"'CRO2_Crono Simplificado'!#REF!","v":{"$error":"#REF!"}},{"$f":"'CRO2_Crono Simplificado'!QXO4","v":0},{"$f":"'CRO2_Crono Simplificado'!#REF!","v":{"$error":"#REF!"}},{"$f":"'CRO2_Crono Simplificado'!QXQ4","v":0},{"$f":"'CRO2_Crono Simplificado'!#REF!","v":{"$error":"#REF!"}},{"$f":"'CRO2_Crono Simplificado'!QXS4","v":0},{"$f":"'CRO2_Crono Simplificado'!#REF!","v":{"$error":"#REF!"}},{"$f":"'CRO2_Crono Simplificado'!QXU4","v":0},{"$f":"'CRO2_Crono Simplificado'!#REF!","v":{"$error":"#REF!"}},{"$f":"'CRO2_Crono Simplificado'!QXW4","v":0},{"$f":"'CRO2_Crono Simplificado'!#REF!","v":{"$error":"#REF!"}},{"$f":"'CRO2_Crono Simplificado'!QXY4","v":0},{"$f":"'CRO2_Crono Simplificado'!#REF!","v":{"$error":"#REF!"}},{"$f":"'CRO2_Crono Simplificado'!QYA4","v":0},{"$f":"'CRO2_Crono Simplificado'!#REF!","v":{"$error":"#REF!"}},{"$f":"'CRO2_Crono Simplificado'!QYC4","v":0},{"$f":"'CRO2_Crono Simplificado'!#REF!","v":{"$error":"#REF!"}},{"$f":"'CRO2_Crono Simplificado'!QYE4","v":0},{"$f":"'CRO2_Crono Simplificado'!#REF!","v":{"$error":"#REF!"}},{"$f":"'CRO2_Crono Simplificado'!QYG4","v":0},{"$f":"'CRO2_Crono Simplificado'!#REF!","v":{"$error":"#REF!"}},{"$f":"'CRO2_Crono Simplificado'!QYI4","v":0},{"$f":"'CRO2_Crono Simplificado'!#REF!","v":{"$error":"#REF!"}},{"$f":"'CRO2_Crono Simplificado'!QYK4","v":0},{"$f":"'CRO2_Crono Simplificado'!#REF!","v":{"$error":"#REF!"}},{"$f":"'CRO2_Crono Simplificado'!QYM4","v":0},{"$f":"'CRO2_Crono Simplificado'!#REF!","v":{"$error":"#REF!"}},{"$f":"'CRO2_Crono Simplificado'!QYO4","v":0},{"$f":"'CRO2_Crono Simplificado'!#REF!","v":{"$error":"#REF!"}},{"$f":"'CRO2_Crono Simplificado'!QYQ4","v":0},{"$f":"'CRO2_Crono Simplificado'!#REF!","v":{"$error":"#REF!"}},{"$f":"'CRO2_Crono Simplificado'!QYS4","v":0},{"$f":"'CRO2_Crono Simplificado'!#REF!","v":{"$error":"#REF!"}},{"$f":"'CRO2_Crono Simplificado'!QYU4","v":0},{"$f":"'CRO2_Crono Simplificado'!#REF!","v":{"$error":"#REF!"}},{"$f":"'CRO2_Crono Simplificado'!QYW4","v":0},{"$f":"'CRO2_Crono Simplificado'!#REF!","v":{"$error":"#REF!"}},{"$f":"'CRO2_Crono Simplificado'!QYY4","v":0},{"$f":"'CRO2_Crono Simplificado'!#REF!","v":{"$error":"#REF!"}},{"$f":"'CRO2_Crono Simplificado'!QZA4","v":0},{"$f":"'CRO2_Crono Simplificado'!#REF!","v":{"$error":"#REF!"}},{"$f":"'CRO2_Crono Simplificado'!QZC4","v":0},{"$f":"'CRO2_Crono Simplificado'!#REF!","v":{"$error":"#REF!"}},{"$f":"'CRO2_Crono Simplificado'!QZE4","v":0},{"$f":"'CRO2_Crono Simplificado'!#REF!","v":{"$error":"#REF!"}},{"$f":"'CRO2_Crono Simplificado'!QZG4","v":0},{"$f":"'CRO2_Crono Simplificado'!#REF!","v":{"$error":"#REF!"}},{"$f":"'CRO2_Crono Simplificado'!QZI4","v":0},{"$f":"'CRO2_Crono Simplificado'!#REF!","v":{"$error":"#REF!"}},{"$f":"'CRO2_Crono Simplificado'!QZK4","v":0},{"$f":"'CRO2_Crono Simplificado'!#REF!","v":{"$error":"#REF!"}},{"$f":"'CRO2_Crono Simplificado'!QZM4","v":0},{"$f":"'CRO2_Crono Simplificado'!#REF!","v":{"$error":"#REF!"}},{"$f":"'CRO2_Crono Simplificado'!QZO4","v":0},{"$f":"'CRO2_Crono Simplificado'!#REF!","v":{"$error":"#REF!"}},{"$f":"'CRO2_Crono Simplificado'!QZQ4","v":0},{"$f":"'CRO2_Crono Simplificado'!#REF!","v":{"$error":"#REF!"}},{"$f":"'CRO2_Crono Simplificado'!QZS4","v":0},{"$f":"'CRO2_Crono Simplificado'!#REF!","v":{"$error":"#REF!"}},{"$f":"'CRO2_Crono Simplificado'!QZU4","v":0},{"$f":"'CRO2_Crono Simplificado'!#REF!","v":{"$error":"#REF!"}},{"$f":"'CRO2_Crono Simplificado'!QZW4","v":0},{"$f":"'CRO2_Crono Simplificado'!#REF!","v":{"$error":"#REF!"}},{"$f":"'CRO2_Crono Simplificado'!QZY4","v":0},{"$f":"'CRO2_Crono Simplificado'!#REF!","v":{"$error":"#REF!"}},{"$f":"'CRO2_Crono Simplificado'!RAA4","v":0},{"$f":"'CRO2_Crono Simplificado'!#REF!","v":{"$error":"#REF!"}},{"$f":"'CRO2_Crono Simplificado'!RAC4","v":0},{"$f":"'CRO2_Crono Simplificado'!#REF!","v":{"$error":"#REF!"}},{"$f":"'CRO2_Crono Simplificado'!RAE4","v":0},{"$f":"'CRO2_Crono Simplificado'!#REF!","v":{"$error":"#REF!"}},{"$f":"'CRO2_Crono Simplificado'!RAG4","v":0},{"$f":"'CRO2_Crono Simplificado'!#REF!","v":{"$error":"#REF!"}},{"$f":"'CRO2_Crono Simplificado'!RAI4","v":0},{"$f":"'CRO2_Crono Simplificado'!#REF!","v":{"$error":"#REF!"}},{"$f":"'CRO2_Crono Simplificado'!RAK4","v":0},{"$f":"'CRO2_Crono Simplificado'!#REF!","v":{"$error":"#REF!"}},{"$f":"'CRO2_Crono Simplificado'!RAM4","v":0},{"$f":"'CRO2_Crono Simplificado'!#REF!","v":{"$error":"#REF!"}},{"$f":"'CRO2_Crono Simplificado'!RAO4","v":0},{"$f":"'CRO2_Crono Simplificado'!#REF!","v":{"$error":"#REF!"}},{"$f":"'CRO2_Crono Simplificado'!RAQ4","v":0},{"$f":"'CRO2_Crono Simplificado'!#REF!","v":{"$error":"#REF!"}},{"$f":"'CRO2_Crono Simplificado'!RAS4","v":0},{"$f":"'CRO2_Crono Simplificado'!#REF!","v":{"$error":"#REF!"}},{"$f":"'CRO2_Crono Simplificado'!RAU4","v":0},{"$f":"'CRO2_Crono Simplificado'!#REF!","v":{"$error":"#REF!"}},{"$f":"'CRO2_Crono Simplificado'!RAW4","v":0},{"$f":"'CRO2_Crono Simplificado'!#REF!","v":{"$error":"#REF!"}},{"$f":"'CRO2_Crono Simplificado'!RAY4","v":0},{"$f":"'CRO2_Crono Simplificado'!#REF!","v":{"$error":"#REF!"}},{"$f":"'CRO2_Crono Simplificado'!RBA4","v":0},{"$f":"'CRO2_Crono Simplificado'!#REF!","v":{"$error":"#REF!"}},{"$f":"'CRO2_Crono Simplificado'!RBC4","v":0},{"$f":"'CRO2_Crono Simplificado'!#REF!","v":{"$error":"#REF!"}},{"$f":"'CRO2_Crono Simplificado'!RBE4","v":0},{"$f":"'CRO2_Crono Simplificado'!#REF!","v":{"$error":"#REF!"}},{"$f":"'CRO2_Crono Simplificado'!RBG4","v":0},{"$f":"'CRO2_Crono Simplificado'!#REF!","v":{"$error":"#REF!"}},{"$f":"'CRO2_Crono Simplificado'!RBI4","v":0},{"$f":"'CRO2_Crono Simplificado'!#REF!","v":{"$error":"#REF!"}},{"$f":"'CRO2_Crono Simplificado'!RBK4","v":0},{"$f":"'CRO2_Crono Simplificado'!#REF!","v":{"$error":"#REF!"}},{"$f":"'CRO2_Crono Simplificado'!RBM4","v":0},{"$f":"'CRO2_Crono Simplificado'!#REF!","v":{"$error":"#REF!"}},{"$f":"'CRO2_Crono Simplificado'!RBO4","v":0},{"$f":"'CRO2_Crono Simplificado'!#REF!","v":{"$error":"#REF!"}},{"$f":"'CRO2_Crono Simplificado'!RBQ4","v":0},{"$f":"'CRO2_Crono Simplificado'!#REF!","v":{"$error":"#REF!"}},{"$f":"'CRO2_Crono Simplificado'!RBS4","v":0},{"$f":"'CRO2_Crono Simplificado'!#REF!","v":{"$error":"#REF!"}},{"$f":"'CRO2_Crono Simplificado'!RBU4","v":0},{"$f":"'CRO2_Crono Simplificado'!#REF!","v":{"$error":"#REF!"}},{"$f":"'CRO2_Crono Simplificado'!RBW4","v":0},{"$f":"'CRO2_Crono Simplificado'!#REF!","v":{"$error":"#REF!"}},{"$f":"'CRO2_Crono Simplificado'!RBY4","v":0},{"$f":"'CRO2_Crono Simplificado'!#REF!","v":{"$error":"#REF!"}},{"$f":"'CRO2_Crono Simplificado'!RCA4","v":0},{"$f":"'CRO2_Crono Simplificado'!#REF!","v":{"$error":"#REF!"}},{"$f":"'CRO2_Crono Simplificado'!RCC4","v":0},{"$f":"'CRO2_Crono Simplificado'!#REF!","v":{"$error":"#REF!"}},{"$f":"'CRO2_Crono Simplificado'!RCE4","v":0},{"$f":"'CRO2_Crono Simplificado'!#REF!","v":{"$error":"#REF!"}},{"$f":"'CRO2_Crono Simplificado'!RCG4","v":0},{"$f":"'CRO2_Crono Simplificado'!#REF!","v":{"$error":"#REF!"}},{"$f":"'CRO2_Crono Simplificado'!RCI4","v":0},{"$f":"'CRO2_Crono Simplificado'!#REF!","v":{"$error":"#REF!"}},{"$f":"'CRO2_Crono Simplificado'!RCK4","v":0},{"$f":"'CRO2_Crono Simplificado'!#REF!","v":{"$error":"#REF!"}},{"$f":"'CRO2_Crono Simplificado'!RCM4","v":0},{"$f":"'CRO2_Crono Simplificado'!#REF!","v":{"$error":"#REF!"}},{"$f":"'CRO2_Crono Simplificado'!RCO4","v":0},{"$f":"'CRO2_Crono Simplificado'!#REF!","v":{"$error":"#REF!"}},{"$f":"'CRO2_Crono Simplificado'!RCQ4","v":0},{"$f":"'CRO2_Crono Simplificado'!#REF!","v":{"$error":"#REF!"}},{"$f":"'CRO2_Crono Simplificado'!RCS4","v":0},{"$f":"'CRO2_Crono Simplificado'!#REF!","v":{"$error":"#REF!"}},{"$f":"'CRO2_Crono Simplificado'!RCU4","v":0},{"$f":"'CRO2_Crono Simplificado'!#REF!","v":{"$error":"#REF!"}},{"$f":"'CRO2_Crono Simplificado'!RCW4","v":0},{"$f":"'CRO2_Crono Simplificado'!#REF!","v":{"$error":"#REF!"}},{"$f":"'CRO2_Crono Simplificado'!RCY4","v":0},{"$f":"'CRO2_Crono Simplificado'!#REF!","v":{"$error":"#REF!"}},{"$f":"'CRO2_Crono Simplificado'!RDA4","v":0},{"$f":"'CRO2_Crono Simplificado'!#REF!","v":{"$error":"#REF!"}},{"$f":"'CRO2_Crono Simplificado'!RDC4","v":0},{"$f":"'CRO2_Crono Simplificado'!#REF!","v":{"$error":"#REF!"}},{"$f":"'CRO2_Crono Simplificado'!RDE4","v":0},{"$f":"'CRO2_Crono Simplificado'!#REF!","v":{"$error":"#REF!"}},{"$f":"'CRO2_Crono Simplificado'!RDG4","v":0},{"$f":"'CRO2_Crono Simplificado'!#REF!","v":{"$error":"#REF!"}},{"$f":"'CRO2_Crono Simplificado'!RDI4","v":0},{"$f":"'CRO2_Crono Simplificado'!#REF!","v":{"$error":"#REF!"}},{"$f":"'CRO2_Crono Simplificado'!RDK4","v":0},{"$f":"'CRO2_Crono Simplificado'!#REF!","v":{"$error":"#REF!"}},{"$f":"'CRO2_Crono Simplificado'!RDM4","v":0},{"$f":"'CRO2_Crono Simplificado'!#REF!","v":{"$error":"#REF!"}},{"$f":"'CRO2_Crono Simplificado'!RDO4","v":0},{"$f":"'CRO2_Crono Simplificado'!#REF!","v":{"$error":"#REF!"}},{"$f":"'CRO2_Crono Simplificado'!RDQ4","v":0},{"$f":"'CRO2_Crono Simplificado'!#REF!","v":{"$error":"#REF!"}},{"$f":"'CRO2_Crono Simplificado'!RDS4","v":0},{"$f":"'CRO2_Crono Simplificado'!#REF!","v":{"$error":"#REF!"}},{"$f":"'CRO2_Crono Simplificado'!RDU4","v":0},{"$f":"'CRO2_Crono Simplificado'!#REF!","v":{"$error":"#REF!"}},{"$f":"'CRO2_Crono Simplificado'!RDW4","v":0},{"$f":"'CRO2_Crono Simplificado'!#REF!","v":{"$error":"#REF!"}},{"$f":"'CRO2_Crono Simplificado'!RDY4","v":0},{"$f":"'CRO2_Crono Simplificado'!#REF!","v":{"$error":"#REF!"}},{"$f":"'CRO2_Crono Simplificado'!REA4","v":0},{"$f":"'CRO2_Crono Simplificado'!#REF!","v":{"$error":"#REF!"}},{"$f":"'CRO2_Crono Simplificado'!REC4","v":0},{"$f":"'CRO2_Crono Simplificado'!#REF!","v":{"$error":"#REF!"}},{"$f":"'CRO2_Crono Simplificado'!REE4","v":0},{"$f":"'CRO2_Crono Simplificado'!#REF!","v":{"$error":"#REF!"}},{"$f":"'CRO2_Crono Simplificado'!REG4","v":0},{"$f":"'CRO2_Crono Simplificado'!#REF!","v":{"$error":"#REF!"}},{"$f":"'CRO2_Crono Simplificado'!REI4","v":0},{"$f":"'CRO2_Crono Simplificado'!#REF!","v":{"$error":"#REF!"}},{"$f":"'CRO2_Crono Simplificado'!REK4","v":0},{"$f":"'CRO2_Crono Simplificado'!#REF!","v":{"$error":"#REF!"}},{"$f":"'CRO2_Crono Simplificado'!REM4","v":0},{"$f":"'CRO2_Crono Simplificado'!#REF!","v":{"$error":"#REF!"}},{"$f":"'CRO2_Crono Simplificado'!REO4","v":0},{"$f":"'CRO2_Crono Simplificado'!#REF!","v":{"$error":"#REF!"}},{"$f":"'CRO2_Crono Simplificado'!REQ4","v":0},{"$f":"'CRO2_Crono Simplificado'!#REF!","v":{"$error":"#REF!"}},{"$f":"'CRO2_Crono Simplificado'!RES4","v":0},{"$f":"'CRO2_Crono Simplificado'!#REF!","v":{"$error":"#REF!"}},{"$f":"'CRO2_Crono Simplificado'!REU4","v":0},{"$f":"'CRO2_Crono Simplificado'!#REF!","v":{"$error":"#REF!"}},{"$f":"'CRO2_Crono Simplificado'!REW4","v":0},{"$f":"'CRO2_Crono Simplificado'!#REF!","v":{"$error":"#REF!"}},{"$f":"'CRO2_Crono Simplificado'!REY4","v":0},{"$f":"'CRO2_Crono Simplificado'!#REF!","v":{"$error":"#REF!"}},{"$f":"'CRO2_Crono Simplificado'!RFA4","v":0},{"$f":"'CRO2_Crono Simplificado'!#REF!","v":{"$error":"#REF!"}},{"$f":"'CRO2_Crono Simplificado'!RFC4","v":0},{"$f":"'CRO2_Crono Simplificado'!#REF!","v":{"$error":"#REF!"}},{"$f":"'CRO2_Crono Simplificado'!RFE4","v":0},{"$f":"'CRO2_Crono Simplificado'!#REF!","v":{"$error":"#REF!"}},{"$f":"'CRO2_Crono Simplificado'!RFG4","v":0},{"$f":"'CRO2_Crono Simplificado'!#REF!","v":{"$error":"#REF!"}},{"$f":"'CRO2_Crono Simplificado'!RFI4","v":0},{"$f":"'CRO2_Crono Simplificado'!#REF!","v":{"$error":"#REF!"}},{"$f":"'CRO2_Crono Simplificado'!RFK4","v":0},{"$f":"'CRO2_Crono Simplificado'!#REF!","v":{"$error":"#REF!"}},{"$f":"'CRO2_Crono Simplificado'!RFM4","v":0},{"$f":"'CRO2_Crono Simplificado'!#REF!","v":{"$error":"#REF!"}},{"$f":"'CRO2_Crono Simplificado'!RFO4","v":0},{"$f":"'CRO2_Crono Simplificado'!#REF!","v":{"$error":"#REF!"}},{"$f":"'CRO2_Crono Simplificado'!RFQ4","v":0},{"$f":"'CRO2_Crono Simplificado'!#REF!","v":{"$error":"#REF!"}},{"$f":"'CRO2_Crono Simplificado'!RFS4","v":0},{"$f":"'CRO2_Crono Simplificado'!#REF!","v":{"$error":"#REF!"}},{"$f":"'CRO2_Crono Simplificado'!RFU4","v":0},{"$f":"'CRO2_Crono Simplificado'!#REF!","v":{"$error":"#REF!"}},{"$f":"'CRO2_Crono Simplificado'!RFW4","v":0},{"$f":"'CRO2_Crono Simplificado'!#REF!","v":{"$error":"#REF!"}},{"$f":"'CRO2_Crono Simplificado'!RFY4","v":0},{"$f":"'CRO2_Crono Simplificado'!#REF!","v":{"$error":"#REF!"}},{"$f":"'CRO2_Crono Simplificado'!RGA4","v":0},{"$f":"'CRO2_Crono Simplificado'!#REF!","v":{"$error":"#REF!"}},{"$f":"'CRO2_Crono Simplificado'!RGC4","v":0},{"$f":"'CRO2_Crono Simplificado'!#REF!","v":{"$error":"#REF!"}},{"$f":"'CRO2_Crono Simplificado'!RGE4","v":0},{"$f":"'CRO2_Crono Simplificado'!#REF!","v":{"$error":"#REF!"}},{"$f":"'CRO2_Crono Simplificado'!RGG4","v":0},{"$f":"'CRO2_Crono Simplificado'!#REF!","v":{"$error":"#REF!"}},{"$f":"'CRO2_Crono Simplificado'!RGI4","v":0},{"$f":"'CRO2_Crono Simplificado'!#REF!","v":{"$error":"#REF!"}},{"$f":"'CRO2_Crono Simplificado'!RGK4","v":0},{"$f":"'CRO2_Crono Simplificado'!#REF!","v":{"$error":"#REF!"}},{"$f":"'CRO2_Crono Simplificado'!RGM4","v":0},{"$f":"'CRO2_Crono Simplificado'!#REF!","v":{"$error":"#REF!"}},{"$f":"'CRO2_Crono Simplificado'!RGO4","v":0},{"$f":"'CRO2_Crono Simplificado'!#REF!","v":{"$error":"#REF!"}},{"$f":"'CRO2_Crono Simplificado'!RGQ4","v":0},{"$f":"'CRO2_Crono Simplificado'!#REF!","v":{"$error":"#REF!"}},{"$f":"'CRO2_Crono Simplificado'!RGS4","v":0},{"$f":"'CRO2_Crono Simplificado'!#REF!","v":{"$error":"#REF!"}},{"$f":"'CRO2_Crono Simplificado'!RGU4","v":0},{"$f":"'CRO2_Crono Simplificado'!#REF!","v":{"$error":"#REF!"}},{"$f":"'CRO2_Crono Simplificado'!RGW4","v":0},{"$f":"'CRO2_Crono Simplificado'!#REF!","v":{"$error":"#REF!"}},{"$f":"'CRO2_Crono Simplificado'!RGY4","v":0},{"$f":"'CRO2_Crono Simplificado'!#REF!","v":{"$error":"#REF!"}},{"$f":"'CRO2_Crono Simplificado'!RHA4","v":0},{"$f":"'CRO2_Crono Simplificado'!#REF!","v":{"$error":"#REF!"}},{"$f":"'CRO2_Crono Simplificado'!RHC4","v":0},{"$f":"'CRO2_Crono Simplificado'!#REF!","v":{"$error":"#REF!"}},{"$f":"'CRO2_Crono Simplificado'!RHE4","v":0},{"$f":"'CRO2_Crono Simplificado'!#REF!","v":{"$error":"#REF!"}},{"$f":"'CRO2_Crono Simplificado'!RHG4","v":0},{"$f":"'CRO2_Crono Simplificado'!#REF!","v":{"$error":"#REF!"}},{"$f":"'CRO2_Crono Simplificado'!RHI4","v":0},{"$f":"'CRO2_Crono Simplificado'!#REF!","v":{"$error":"#REF!"}},{"$f":"'CRO2_Crono Simplificado'!RHK4","v":0},{"$f":"'CRO2_Crono Simplificado'!#REF!","v":{"$error":"#REF!"}},{"$f":"'CRO2_Crono Simplificado'!RHM4","v":0},{"$f":"'CRO2_Crono Simplificado'!#REF!","v":{"$error":"#REF!"}},{"$f":"'CRO2_Crono Simplificado'!RHO4","v":0},{"$f":"'CRO2_Crono Simplificado'!#REF!","v":{"$error":"#REF!"}},{"$f":"'CRO2_Crono Simplificado'!RHQ4","v":0},{"$f":"'CRO2_Crono Simplificado'!#REF!","v":{"$error":"#REF!"}},{"$f":"'CRO2_Crono Simplificado'!RHS4","v":0},{"$f":"'CRO2_Crono Simplificado'!#REF!","v":{"$error":"#REF!"}},{"$f":"'CRO2_Crono Simplificado'!RHU4","v":0},{"$f":"'CRO2_Crono Simplificado'!#REF!","v":{"$error":"#REF!"}},{"$f":"'CRO2_Crono Simplificado'!RHW4","v":0},{"$f":"'CRO2_Crono Simplificado'!#REF!","v":{"$error":"#REF!"}},{"$f":"'CRO2_Crono Simplificado'!RHY4","v":0},{"$f":"'CRO2_Crono Simplificado'!#REF!","v":{"$error":"#REF!"}},{"$f":"'CRO2_Crono Simplificado'!RIA4","v":0},{"$f":"'CRO2_Crono Simplificado'!#REF!","v":{"$error":"#REF!"}},{"$f":"'CRO2_Crono Simplificado'!RIC4","v":0},{"$f":"'CRO2_Crono Simplificado'!#REF!","v":{"$error":"#REF!"}},{"$f":"'CRO2_Crono Simplificado'!RIE4","v":0},{"$f":"'CRO2_Crono Simplificado'!#REF!","v":{"$error":"#REF!"}},{"$f":"'CRO2_Crono Simplificado'!RIG4","v":0},{"$f":"'CRO2_Crono Simplificado'!#REF!","v":{"$error":"#REF!"}},{"$f":"'CRO2_Crono Simplificado'!RII4","v":0},{"$f":"'CRO2_Crono Simplificado'!#REF!","v":{"$error":"#REF!"}},{"$f":"'CRO2_Crono Simplificado'!RIK4","v":0},{"$f":"'CRO2_Crono Simplificado'!#REF!","v":{"$error":"#REF!"}},{"$f":"'CRO2_Crono Simplificado'!RIM4","v":0},{"$f":"'CRO2_Crono Simplificado'!#REF!","v":{"$error":"#REF!"}},{"$f":"'CRO2_Crono Simplificado'!RIO4","v":0},{"$f":"'CRO2_Crono Simplificado'!#REF!","v":{"$error":"#REF!"}},{"$f":"'CRO2_Crono Simplificado'!RIQ4","v":0},{"$f":"'CRO2_Crono Simplificado'!#REF!","v":{"$error":"#REF!"}},{"$f":"'CRO2_Crono Simplificado'!RIS4","v":0},{"$f":"'CRO2_Crono Simplificado'!#REF!","v":{"$error":"#REF!"}},{"$f":"'CRO2_Crono Simplificado'!RIU4","v":0},{"$f":"'CRO2_Crono Simplificado'!#REF!","v":{"$error":"#REF!"}},{"$f":"'CRO2_Crono Simplificado'!RIW4","v":0},{"$f":"'CRO2_Crono Simplificado'!#REF!","v":{"$error":"#REF!"}},{"$f":"'CRO2_Crono Simplificado'!RIY4","v":0},{"$f":"'CRO2_Crono Simplificado'!#REF!","v":{"$error":"#REF!"}},{"$f":"'CRO2_Crono Simplificado'!RJA4","v":0},{"$f":"'CRO2_Crono Simplificado'!#REF!","v":{"$error":"#REF!"}},{"$f":"'CRO2_Crono Simplificado'!RJC4","v":0},{"$f":"'CRO2_Crono Simplificado'!#REF!","v":{"$error":"#REF!"}},{"$f":"'CRO2_Crono Simplificado'!RJE4","v":0},{"$f":"'CRO2_Crono Simplificado'!#REF!","v":{"$error":"#REF!"}},{"$f":"'CRO2_Crono Simplificado'!RJG4","v":0},{"$f":"'CRO2_Crono Simplificado'!#REF!","v":{"$error":"#REF!"}},{"$f":"'CRO2_Crono Simplificado'!RJI4","v":0},{"$f":"'CRO2_Crono Simplificado'!#REF!","v":{"$error":"#REF!"}},{"$f":"'CRO2_Crono Simplificado'!RJK4","v":0},{"$f":"'CRO2_Crono Simplificado'!#REF!","v":{"$error":"#REF!"}},{"$f":"'CRO2_Crono Simplificado'!RJM4","v":0},{"$f":"'CRO2_Crono Simplificado'!#REF!","v":{"$error":"#REF!"}},{"$f":"'CRO2_Crono Simplificado'!RJO4","v":0},{"$f":"'CRO2_Crono Simplificado'!#REF!","v":{"$error":"#REF!"}},{"$f":"'CRO2_Crono Simplificado'!RJQ4","v":0},{"$f":"'CRO2_Crono Simplificado'!#REF!","v":{"$error":"#REF!"}},{"$f":"'CRO2_Crono Simplificado'!RJS4","v":0},{"$f":"'CRO2_Crono Simplificado'!#REF!","v":{"$error":"#REF!"}},{"$f":"'CRO2_Crono Simplificado'!RJU4","v":0},{"$f":"'CRO2_Crono Simplificado'!#REF!","v":{"$error":"#REF!"}},{"$f":"'CRO2_Crono Simplificado'!RJW4","v":0},{"$f":"'CRO2_Crono Simplificado'!#REF!","v":{"$error":"#REF!"}},{"$f":"'CRO2_Crono Simplificado'!RJY4","v":0},{"$f":"'CRO2_Crono Simplificado'!#REF!","v":{"$error":"#REF!"}},{"$f":"'CRO2_Crono Simplificado'!RKA4","v":0},{"$f":"'CRO2_Crono Simplificado'!#REF!","v":{"$error":"#REF!"}},{"$f":"'CRO2_Crono Simplificado'!RKC4","v":0},{"$f":"'CRO2_Crono Simplificado'!#REF!","v":{"$error":"#REF!"}},{"$f":"'CRO2_Crono Simplificado'!RKE4","v":0},{"$f":"'CRO2_Crono Simplificado'!#REF!","v":{"$error":"#REF!"}},{"$f":"'CRO2_Crono Simplificado'!RKG4","v":0},{"$f":"'CRO2_Crono Simplificado'!#REF!","v":{"$error":"#REF!"}},{"$f":"'CRO2_Crono Simplificado'!RKI4","v":0},{"$f":"'CRO2_Crono Simplificado'!#REF!","v":{"$error":"#REF!"}},{"$f":"'CRO2_Crono Simplificado'!RKK4","v":0},{"$f":"'CRO2_Crono Simplificado'!#REF!","v":{"$error":"#REF!"}},{"$f":"'CRO2_Crono Simplificado'!RKM4","v":0},{"$f":"'CRO2_Crono Simplificado'!#REF!","v":{"$error":"#REF!"}},{"$f":"'CRO2_Crono Simplificado'!RKO4","v":0},{"$f":"'CRO2_Crono Simplificado'!#REF!","v":{"$error":"#REF!"}},{"$f":"'CRO2_Crono Simplificado'!RKQ4","v":0},{"$f":"'CRO2_Crono Simplificado'!#REF!","v":{"$error":"#REF!"}},{"$f":"'CRO2_Crono Simplificado'!RKS4","v":0},{"$f":"'CRO2_Crono Simplificado'!#REF!","v":{"$error":"#REF!"}},{"$f":"'CRO2_Crono Simplificado'!RKU4","v":0},{"$f":"'CRO2_Crono Simplificado'!#REF!","v":{"$error":"#REF!"}},{"$f":"'CRO2_Crono Simplificado'!RKW4","v":0},{"$f":"'CRO2_Crono Simplificado'!#REF!","v":{"$error":"#REF!"}},{"$f":"'CRO2_Crono Simplificado'!RKY4","v":0},{"$f":"'CRO2_Crono Simplificado'!#REF!","v":{"$error":"#REF!"}},{"$f":"'CRO2_Crono Simplificado'!RLA4","v":0},{"$f":"'CRO2_Crono Simplificado'!#REF!","v":{"$error":"#REF!"}},{"$f":"'CRO2_Crono Simplificado'!RLC4","v":0},{"$f":"'CRO2_Crono Simplificado'!#REF!","v":{"$error":"#REF!"}},{"$f":"'CRO2_Crono Simplificado'!RLE4","v":0},{"$f":"'CRO2_Crono Simplificado'!#REF!","v":{"$error":"#REF!"}},{"$f":"'CRO2_Crono Simplificado'!RLG4","v":0},{"$f":"'CRO2_Crono Simplificado'!#REF!","v":{"$error":"#REF!"}},{"$f":"'CRO2_Crono Simplificado'!RLI4","v":0},{"$f":"'CRO2_Crono Simplificado'!#REF!","v":{"$error":"#REF!"}},{"$f":"'CRO2_Crono Simplificado'!RLK4","v":0},{"$f":"'CRO2_Crono Simplificado'!#REF!","v":{"$error":"#REF!"}},{"$f":"'CRO2_Crono Simplificado'!RLM4","v":0},{"$f":"'CRO2_Crono Simplificado'!#REF!","v":{"$error":"#REF!"}},{"$f":"'CRO2_Crono Simplificado'!RLO4","v":0},{"$f":"'CRO2_Crono Simplificado'!#REF!","v":{"$error":"#REF!"}},{"$f":"'CRO2_Crono Simplificado'!RLQ4","v":0},{"$f":"'CRO2_Crono Simplificado'!#REF!","v":{"$error":"#REF!"}},{"$f":"'CRO2_Crono Simplificado'!RLS4","v":0},{"$f":"'CRO2_Crono Simplificado'!#REF!","v":{"$error":"#REF!"}},{"$f":"'CRO2_Crono Simplificado'!RLU4","v":0},{"$f":"'CRO2_Crono Simplificado'!#REF!","v":{"$error":"#REF!"}},{"$f":"'CRO2_Crono Simplificado'!RLW4","v":0},{"$f":"'CRO2_Crono Simplificado'!#REF!","v":{"$error":"#REF!"}},{"$f":"'CRO2_Crono Simplificado'!RLY4","v":0},{"$f":"'CRO2_Crono Simplificado'!#REF!","v":{"$error":"#REF!"}},{"$f":"'CRO2_Crono Simplificado'!RMA4","v":0},{"$f":"'CRO2_Crono Simplificado'!#REF!","v":{"$error":"#REF!"}},{"$f":"'CRO2_Crono Simplificado'!RMC4","v":0},{"$f":"'CRO2_Crono Simplificado'!#REF!","v":{"$error":"#REF!"}},{"$f":"'CRO2_Crono Simplificado'!RME4","v":0},{"$f":"'CRO2_Crono Simplificado'!#REF!","v":{"$error":"#REF!"}},{"$f":"'CRO2_Crono Simplificado'!RMG4","v":0},{"$f":"'CRO2_Crono Simplificado'!#REF!","v":{"$error":"#REF!"}},{"$f":"'CRO2_Crono Simplificado'!RMI4","v":0},{"$f":"'CRO2_Crono Simplificado'!#REF!","v":{"$error":"#REF!"}},{"$f":"'CRO2_Crono Simplificado'!RMK4","v":0},{"$f":"'CRO2_Crono Simplificado'!#REF!","v":{"$error":"#REF!"}},{"$f":"'CRO2_Crono Simplificado'!RMM4","v":0},{"$f":"'CRO2_Crono Simplificado'!#REF!","v":{"$error":"#REF!"}},{"$f":"'CRO2_Crono Simplificado'!RMO4","v":0},{"$f":"'CRO2_Crono Simplificado'!#REF!","v":{"$error":"#REF!"}},{"$f":"'CRO2_Crono Simplificado'!RMQ4","v":0},{"$f":"'CRO2_Crono Simplificado'!#REF!","v":{"$error":"#REF!"}},{"$f":"'CRO2_Crono Simplificado'!RMS4","v":0},{"$f":"'CRO2_Crono Simplificado'!#REF!","v":{"$error":"#REF!"}},{"$f":"'CRO2_Crono Simplificado'!RMU4","v":0},{"$f":"'CRO2_Crono Simplificado'!#REF!","v":{"$error":"#REF!"}},{"$f":"'CRO2_Crono Simplificado'!RMW4","v":0},{"$f":"'CRO2_Crono Simplificado'!#REF!","v":{"$error":"#REF!"}},{"$f":"'CRO2_Crono Simplificado'!RMY4","v":0},{"$f":"'CRO2_Crono Simplificado'!#REF!","v":{"$error":"#REF!"}},{"$f":"'CRO2_Crono Simplificado'!RNA4","v":0},{"$f":"'CRO2_Crono Simplificado'!#REF!","v":{"$error":"#REF!"}},{"$f":"'CRO2_Crono Simplificado'!RNC4","v":0},{"$f":"'CRO2_Crono Simplificado'!#REF!","v":{"$error":"#REF!"}},{"$f":"'CRO2_Crono Simplificado'!RNE4","v":0},{"$f":"'CRO2_Crono Simplificado'!#REF!","v":{"$error":"#REF!"}},{"$f":"'CRO2_Crono Simplificado'!RNG4","v":0},{"$f":"'CRO2_Crono Simplificado'!#REF!","v":{"$error":"#REF!"}},{"$f":"'CRO2_Crono Simplificado'!RNI4","v":0},{"$f":"'CRO2_Crono Simplificado'!#REF!","v":{"$error":"#REF!"}},{"$f":"'CRO2_Crono Simplificado'!RNK4","v":0},{"$f":"'CRO2_Crono Simplificado'!#REF!","v":{"$error":"#REF!"}},{"$f":"'CRO2_Crono Simplificado'!RNM4","v":0},{"$f":"'CRO2_Crono Simplificado'!#REF!","v":{"$error":"#REF!"}},{"$f":"'CRO2_Crono Simplificado'!RNO4","v":0},{"$f":"'CRO2_Crono Simplificado'!#REF!","v":{"$error":"#REF!"}},{"$f":"'CRO2_Crono Simplificado'!RNQ4","v":0},{"$f":"'CRO2_Crono Simplificado'!#REF!","v":{"$error":"#REF!"}},{"$f":"'CRO2_Crono Simplificado'!RNS4","v":0},{"$f":"'CRO2_Crono Simplificado'!#REF!","v":{"$error":"#REF!"}},{"$f":"'CRO2_Crono Simplificado'!RNU4","v":0},{"$f":"'CRO2_Crono Simplificado'!#REF!","v":{"$error":"#REF!"}},{"$f":"'CRO2_Crono Simplificado'!RNW4","v":0},{"$f":"'CRO2_Crono Simplificado'!#REF!","v":{"$error":"#REF!"}},{"$f":"'CRO2_Crono Simplificado'!RNY4","v":0},{"$f":"'CRO2_Crono Simplificado'!#REF!","v":{"$error":"#REF!"}},{"$f":"'CRO2_Crono Simplificado'!ROA4","v":0},{"$f":"'CRO2_Crono Simplificado'!#REF!","v":{"$error":"#REF!"}},{"$f":"'CRO2_Crono Simplificado'!ROC4","v":0},{"$f":"'CRO2_Crono Simplificado'!#REF!","v":{"$error":"#REF!"}},{"$f":"'CRO2_Crono Simplificado'!ROE4","v":0},{"$f":"'CRO2_Crono Simplificado'!#REF!","v":{"$error":"#REF!"}},{"$f":"'CRO2_Crono Simplificado'!ROG4","v":0},{"$f":"'CRO2_Crono Simplificado'!#REF!","v":{"$error":"#REF!"}},{"$f":"'CRO2_Crono Simplificado'!ROI4","v":0},{"$f":"'CRO2_Crono Simplificado'!#REF!","v":{"$error":"#REF!"}},{"$f":"'CRO2_Crono Simplificado'!ROK4","v":0},{"$f":"'CRO2_Crono Simplificado'!#REF!","v":{"$error":"#REF!"}},{"$f":"'CRO2_Crono Simplificado'!ROM4","v":0},{"$f":"'CRO2_Crono Simplificado'!#REF!","v":{"$error":"#REF!"}},{"$f":"'CRO2_Crono Simplificado'!ROO4","v":0},{"$f":"'CRO2_Crono Simplificado'!#REF!","v":{"$error":"#REF!"}},{"$f":"'CRO2_Crono Simplificado'!ROQ4","v":0},{"$f":"'CRO2_Crono Simplificado'!#REF!","v":{"$error":"#REF!"}},{"$f":"'CRO2_Crono Simplificado'!ROS4","v":0},{"$f":"'CRO2_Crono Simplificado'!#REF!","v":{"$error":"#REF!"}},{"$f":"'CRO2_Crono Simplificado'!ROU4","v":0},{"$f":"'CRO2_Crono Simplificado'!#REF!","v":{"$error":"#REF!"}},{"$f":"'CRO2_Crono Simplificado'!ROW4","v":0},{"$f":"'CRO2_Crono Simplificado'!#REF!","v":{"$error":"#REF!"}},{"$f":"'CRO2_Crono Simplificado'!ROY4","v":0},{"$f":"'CRO2_Crono Simplificado'!#REF!","v":{"$error":"#REF!"}},{"$f":"'CRO2_Crono Simplificado'!RPA4","v":0},{"$f":"'CRO2_Crono Simplificado'!#REF!","v":{"$error":"#REF!"}},{"$f":"'CRO2_Crono Simplificado'!RPC4","v":0},{"$f":"'CRO2_Crono Simplificado'!#REF!","v":{"$error":"#REF!"}},{"$f":"'CRO2_Crono Simplificado'!RPE4","v":0},{"$f":"'CRO2_Crono Simplificado'!#REF!","v":{"$error":"#REF!"}},{"$f":"'CRO2_Crono Simplificado'!RPG4","v":0},{"$f":"'CRO2_Crono Simplificado'!#REF!","v":{"$error":"#REF!"}},{"$f":"'CRO2_Crono Simplificado'!RPI4","v":0},{"$f":"'CRO2_Crono Simplificado'!#REF!","v":{"$error":"#REF!"}},{"$f":"'CRO2_Crono Simplificado'!RPK4","v":0},{"$f":"'CRO2_Crono Simplificado'!#REF!","v":{"$error":"#REF!"}},{"$f":"'CRO2_Crono Simplificado'!RPM4","v":0},{"$f":"'CRO2_Crono Simplificado'!#REF!","v":{"$error":"#REF!"}},{"$f":"'CRO2_Crono Simplificado'!RPO4","v":0},{"$f":"'CRO2_Crono Simplificado'!#REF!","v":{"$error":"#REF!"}},{"$f":"'CRO2_Crono Simplificado'!RPQ4","v":0},{"$f":"'CRO2_Crono Simplificado'!#REF!","v":{"$error":"#REF!"}},{"$f":"'CRO2_Crono Simplificado'!RPS4","v":0},{"$f":"'CRO2_Crono Simplificado'!#REF!","v":{"$error":"#REF!"}},{"$f":"'CRO2_Crono Simplificado'!RPU4","v":0},{"$f":"'CRO2_Crono Simplificado'!#REF!","v":{"$error":"#REF!"}},{"$f":"'CRO2_Crono Simplificado'!RPW4","v":0},{"$f":"'CRO2_Crono Simplificado'!#REF!","v":{"$error":"#REF!"}},{"$f":"'CRO2_Crono Simplificado'!RPY4","v":0},{"$f":"'CRO2_Crono Simplificado'!#REF!","v":{"$error":"#REF!"}},{"$f":"'CRO2_Crono Simplificado'!RQA4","v":0},{"$f":"'CRO2_Crono Simplificado'!#REF!","v":{"$error":"#REF!"}},{"$f":"'CRO2_Crono Simplificado'!RQC4","v":0},{"$f":"'CRO2_Crono Simplificado'!#REF!","v":{"$error":"#REF!"}},{"$f":"'CRO2_Crono Simplificado'!RQE4","v":0},{"$f":"'CRO2_Crono Simplificado'!#REF!","v":{"$error":"#REF!"}},{"$f":"'CRO2_Crono Simplificado'!RQG4","v":0},{"$f":"'CRO2_Crono Simplificado'!#REF!","v":{"$error":"#REF!"}},{"$f":"'CRO2_Crono Simplificado'!RQI4","v":0},{"$f":"'CRO2_Crono Simplificado'!#REF!","v":{"$error":"#REF!"}},{"$f":"'CRO2_Crono Simplificado'!RQK4","v":0},{"$f":"'CRO2_Crono Simplificado'!#REF!","v":{"$error":"#REF!"}},{"$f":"'CRO2_Crono Simplificado'!RQM4","v":0},{"$f":"'CRO2_Crono Simplificado'!#REF!","v":{"$error":"#REF!"}},{"$f":"'CRO2_Crono Simplificado'!RQO4","v":0},{"$f":"'CRO2_Crono Simplificado'!#REF!","v":{"$error":"#REF!"}},{"$f":"'CRO2_Crono Simplificado'!RQQ4","v":0},{"$f":"'CRO2_Crono Simplificado'!#REF!","v":{"$error":"#REF!"}},{"$f":"'CRO2_Crono Simplificado'!RQS4","v":0},{"$f":"'CRO2_Crono Simplificado'!#REF!","v":{"$error":"#REF!"}},{"$f":"'CRO2_Crono Simplificado'!RQU4","v":0},{"$f":"'CRO2_Crono Simplificado'!#REF!","v":{"$error":"#REF!"}},{"$f":"'CRO2_Crono Simplificado'!RQW4","v":0},{"$f":"'CRO2_Crono Simplificado'!#REF!","v":{"$error":"#REF!"}},{"$f":"'CRO2_Crono Simplificado'!RQY4","v":0},{"$f":"'CRO2_Crono Simplificado'!#REF!","v":{"$error":"#REF!"}},{"$f":"'CRO2_Crono Simplificado'!RRA4","v":0},{"$f":"'CRO2_Crono Simplificado'!#REF!","v":{"$error":"#REF!"}},{"$f":"'CRO2_Crono Simplificado'!RRC4","v":0},{"$f":"'CRO2_Crono Simplificado'!#REF!","v":{"$error":"#REF!"}},{"$f":"'CRO2_Crono Simplificado'!RRE4","v":0},{"$f":"'CRO2_Crono Simplificado'!#REF!","v":{"$error":"#REF!"}},{"$f":"'CRO2_Crono Simplificado'!RRG4","v":0},{"$f":"'CRO2_Crono Simplificado'!#REF!","v":{"$error":"#REF!"}},{"$f":"'CRO2_Crono Simplificado'!RRI4","v":0},{"$f":"'CRO2_Crono Simplificado'!#REF!","v":{"$error":"#REF!"}},{"$f":"'CRO2_Crono Simplificado'!RRK4","v":0},{"$f":"'CRO2_Crono Simplificado'!#REF!","v":{"$error":"#REF!"}},{"$f":"'CRO2_Crono Simplificado'!RRM4","v":0},{"$f":"'CRO2_Crono Simplificado'!#REF!","v":{"$error":"#REF!"}},{"$f":"'CRO2_Crono Simplificado'!RRO4","v":0},{"$f":"'CRO2_Crono Simplificado'!#REF!","v":{"$error":"#REF!"}},{"$f":"'CRO2_Crono Simplificado'!RRQ4","v":0},{"$f":"'CRO2_Crono Simplificado'!#REF!","v":{"$error":"#REF!"}},{"$f":"'CRO2_Crono Simplificado'!RRS4","v":0},{"$f":"'CRO2_Crono Simplificado'!#REF!","v":{"$error":"#REF!"}},{"$f":"'CRO2_Crono Simplificado'!RRU4","v":0},{"$f":"'CRO2_Crono Simplificado'!#REF!","v":{"$error":"#REF!"}},{"$f":"'CRO2_Crono Simplificado'!RRW4","v":0},{"$f":"'CRO2_Crono Simplificado'!#REF!","v":{"$error":"#REF!"}},{"$f":"'CRO2_Crono Simplificado'!RRY4","v":0},{"$f":"'CRO2_Crono Simplificado'!#REF!","v":{"$error":"#REF!"}},{"$f":"'CRO2_Crono Simplificado'!RSA4","v":0},{"$f":"'CRO2_Crono Simplificado'!#REF!","v":{"$error":"#REF!"}},{"$f":"'CRO2_Crono Simplificado'!RSC4","v":0},{"$f":"'CRO2_Crono Simplificado'!#REF!","v":{"$error":"#REF!"}},{"$f":"'CRO2_Crono Simplificado'!RSE4","v":0},{"$f":"'CRO2_Crono Simplificado'!#REF!","v":{"$error":"#REF!"}},{"$f":"'CRO2_Crono Simplificado'!RSG4","v":0},{"$f":"'CRO2_Crono Simplificado'!#REF!","v":{"$error":"#REF!"}},{"$f":"'CRO2_Crono Simplificado'!RSI4","v":0},{"$f":"'CRO2_Crono Simplificado'!#REF!","v":{"$error":"#REF!"}},{"$f":"'CRO2_Crono Simplificado'!RSK4","v":0},{"$f":"'CRO2_Crono Simplificado'!#REF!","v":{"$error":"#REF!"}},{"$f":"'CRO2_Crono Simplificado'!RSM4","v":0},{"$f":"'CRO2_Crono Simplificado'!#REF!","v":{"$error":"#REF!"}},{"$f":"'CRO2_Crono Simplificado'!RSO4","v":0},{"$f":"'CRO2_Crono Simplificado'!#REF!","v":{"$error":"#REF!"}},{"$f":"'CRO2_Crono Simplificado'!RSQ4","v":0},{"$f":"'CRO2_Crono Simplificado'!#REF!","v":{"$error":"#REF!"}},{"$f":"'CRO2_Crono Simplificado'!RSS4","v":0},{"$f":"'CRO2_Crono Simplificado'!#REF!","v":{"$error":"#REF!"}},{"$f":"'CRO2_Crono Simplificado'!RSU4","v":0},{"$f":"'CRO2_Crono Simplificado'!#REF!","v":{"$error":"#REF!"}},{"$f":"'CRO2_Crono Simplificado'!RSW4","v":0},{"$f":"'CRO2_Crono Simplificado'!#REF!","v":{"$error":"#REF!"}},{"$f":"'CRO2_Crono Simplificado'!RSY4","v":0},{"$f":"'CRO2_Crono Simplificado'!#REF!","v":{"$error":"#REF!"}},{"$f":"'CRO2_Crono Simplificado'!RTA4","v":0},{"$f":"'CRO2_Crono Simplificado'!#REF!","v":{"$error":"#REF!"}},{"$f":"'CRO2_Crono Simplificado'!RTC4","v":0},{"$f":"'CRO2_Crono Simplificado'!#REF!","v":{"$error":"#REF!"}},{"$f":"'CRO2_Crono Simplificado'!RTE4","v":0},{"$f":"'CRO2_Crono Simplificado'!#REF!","v":{"$error":"#REF!"}},{"$f":"'CRO2_Crono Simplificado'!RTG4","v":0},{"$f":"'CRO2_Crono Simplificado'!#REF!","v":{"$error":"#REF!"}},{"$f":"'CRO2_Crono Simplificado'!RTI4","v":0},{"$f":"'CRO2_Crono Simplificado'!#REF!","v":{"$error":"#REF!"}},{"$f":"'CRO2_Crono Simplificado'!RTK4","v":0},{"$f":"'CRO2_Crono Simplificado'!#REF!","v":{"$error":"#REF!"}},{"$f":"'CRO2_Crono Simplificado'!RTM4","v":0},{"$f":"'CRO2_Crono Simplificado'!#REF!","v":{"$error":"#REF!"}},{"$f":"'CRO2_Crono Simplificado'!RTO4","v":0},{"$f":"'CRO2_Crono Simplificado'!#REF!","v":{"$error":"#REF!"}},{"$f":"'CRO2_Crono Simplificado'!RTQ4","v":0},{"$f":"'CRO2_Crono Simplificado'!#REF!","v":{"$error":"#REF!"}},{"$f":"'CRO2_Crono Simplificado'!RTS4","v":0},{"$f":"'CRO2_Crono Simplificado'!#REF!","v":{"$error":"#REF!"}},{"$f":"'CRO2_Crono Simplificado'!RTU4","v":0},{"$f":"'CRO2_Crono Simplificado'!#REF!","v":{"$error":"#REF!"}},{"$f":"'CRO2_Crono Simplificado'!RTW4","v":0},{"$f":"'CRO2_Crono Simplificado'!#REF!","v":{"$error":"#REF!"}},{"$f":"'CRO2_Crono Simplificado'!RTY4","v":0},{"$f":"'CRO2_Crono Simplificado'!#REF!","v":{"$error":"#REF!"}},{"$f":"'CRO2_Crono Simplificado'!RUA4","v":0},{"$f":"'CRO2_Crono Simplificado'!#REF!","v":{"$error":"#REF!"}},{"$f":"'CRO2_Crono Simplificado'!RUC4","v":0},{"$f":"'CRO2_Crono Simplificado'!#REF!","v":{"$error":"#REF!"}},{"$f":"'CRO2_Crono Simplificado'!RUE4","v":0},{"$f":"'CRO2_Crono Simplificado'!#REF!","v":{"$error":"#REF!"}},{"$f":"'CRO2_Crono Simplificado'!RUG4","v":0},{"$f":"'CRO2_Crono Simplificado'!#REF!","v":{"$error":"#REF!"}},{"$f":"'CRO2_Crono Simplificado'!RUI4","v":0},{"$f":"'CRO2_Crono Simplificado'!#REF!","v":{"$error":"#REF!"}},{"$f":"'CRO2_Crono Simplificado'!RUK4","v":0},{"$f":"'CRO2_Crono Simplificado'!#REF!","v":{"$error":"#REF!"}},{"$f":"'CRO2_Crono Simplificado'!RUM4","v":0},{"$f":"'CRO2_Crono Simplificado'!#REF!","v":{"$error":"#REF!"}},{"$f":"'CRO2_Crono Simplificado'!RUO4","v":0},{"$f":"'CRO2_Crono Simplificado'!#REF!","v":{"$error":"#REF!"}},{"$f":"'CRO2_Crono Simplificado'!RUQ4","v":0},{"$f":"'CRO2_Crono Simplificado'!#REF!","v":{"$error":"#REF!"}},{"$f":"'CRO2_Crono Simplificado'!RUS4","v":0},{"$f":"'CRO2_Crono Simplificado'!#REF!","v":{"$error":"#REF!"}},{"$f":"'CRO2_Crono Simplificado'!RUU4","v":0},{"$f":"'CRO2_Crono Simplificado'!#REF!","v":{"$error":"#REF!"}},{"$f":"'CRO2_Crono Simplificado'!RUW4","v":0},{"$f":"'CRO2_Crono Simplificado'!#REF!","v":{"$error":"#REF!"}},{"$f":"'CRO2_Crono Simplificado'!RUY4","v":0},{"$f":"'CRO2_Crono Simplificado'!#REF!","v":{"$error":"#REF!"}},{"$f":"'CRO2_Crono Simplificado'!RVA4","v":0},{"$f":"'CRO2_Crono Simplificado'!#REF!","v":{"$error":"#REF!"}},{"$f":"'CRO2_Crono Simplificado'!RVC4","v":0},{"$f":"'CRO2_Crono Simplificado'!#REF!","v":{"$error":"#REF!"}},{"$f":"'CRO2_Crono Simplificado'!RVE4","v":0},{"$f":"'CRO2_Crono Simplificado'!#REF!","v":{"$error":"#REF!"}},{"$f":"'CRO2_Crono Simplificado'!RVG4","v":0},{"$f":"'CRO2_Crono Simplificado'!#REF!","v":{"$error":"#REF!"}},{"$f":"'CRO2_Crono Simplificado'!RVI4","v":0},{"$f":"'CRO2_Crono Simplificado'!#REF!","v":{"$error":"#REF!"}},{"$f":"'CRO2_Crono Simplificado'!RVK4","v":0},{"$f":"'CRO2_Crono Simplificado'!#REF!","v":{"$error":"#REF!"}},{"$f":"'CRO2_Crono Simplificado'!RVM4","v":0},{"$f":"'CRO2_Crono Simplificado'!#REF!","v":{"$error":"#REF!"}},{"$f":"'CRO2_Crono Simplificado'!RVO4","v":0},{"$f":"'CRO2_Crono Simplificado'!#REF!","v":{"$error":"#REF!"}},{"$f":"'CRO2_Crono Simplificado'!RVQ4","v":0},{"$f":"'CRO2_Crono Simplificado'!#REF!","v":{"$error":"#REF!"}},{"$f":"'CRO2_Crono Simplificado'!RVS4","v":0},{"$f":"'CRO2_Crono Simplificado'!#REF!","v":{"$error":"#REF!"}},{"$f":"'CRO2_Crono Simplificado'!RVU4","v":0},{"$f":"'CRO2_Crono Simplificado'!#REF!","v":{"$error":"#REF!"}},{"$f":"'CRO2_Crono Simplificado'!RVW4","v":0},{"$f":"'CRO2_Crono Simplificado'!#REF!","v":{"$error":"#REF!"}},{"$f":"'CRO2_Crono Simplificado'!RVY4","v":0},{"$f":"'CRO2_Crono Simplificado'!#REF!","v":{"$error":"#REF!"}},{"$f":"'CRO2_Crono Simplificado'!RWA4","v":0},{"$f":"'CRO2_Crono Simplificado'!#REF!","v":{"$error":"#REF!"}},{"$f":"'CRO2_Crono Simplificado'!RWC4","v":0},{"$f":"'CRO2_Crono Simplificado'!#REF!","v":{"$error":"#REF!"}},{"$f":"'CRO2_Crono Simplificado'!RWE4","v":0},{"$f":"'CRO2_Crono Simplificado'!#REF!","v":{"$error":"#REF!"}},{"$f":"'CRO2_Crono Simplificado'!RWG4","v":0},{"$f":"'CRO2_Crono Simplificado'!#REF!","v":{"$error":"#REF!"}},{"$f":"'CRO2_Crono Simplificado'!RWI4","v":0},{"$f":"'CRO2_Crono Simplificado'!#REF!","v":{"$error":"#REF!"}},{"$f":"'CRO2_Crono Simplificado'!RWK4","v":0},{"$f":"'CRO2_Crono Simplificado'!#REF!","v":{"$error":"#REF!"}},{"$f":"'CRO2_Crono Simplificado'!RWM4","v":0},{"$f":"'CRO2_Crono Simplificado'!#REF!","v":{"$error":"#REF!"}},{"$f":"'CRO2_Crono Simplificado'!RWO4","v":0},{"$f":"'CRO2_Crono Simplificado'!#REF!","v":{"$error":"#REF!"}},{"$f":"'CRO2_Crono Simplificado'!RWQ4","v":0},{"$f":"'CRO2_Crono Simplificado'!#REF!","v":{"$error":"#REF!"}},{"$f":"'CRO2_Crono Simplificado'!RWS4","v":0},{"$f":"'CRO2_Crono Simplificado'!#REF!","v":{"$error":"#REF!"}},{"$f":"'CRO2_Crono Simplificado'!RWU4","v":0},{"$f":"'CRO2_Crono Simplificado'!#REF!","v":{"$error":"#REF!"}},{"$f":"'CRO2_Crono Simplificado'!RWW4","v":0},{"$f":"'CRO2_Crono Simplificado'!#REF!","v":{"$error":"#REF!"}},{"$f":"'CRO2_Crono Simplificado'!RWY4","v":0},{"$f":"'CRO2_Crono Simplificado'!#REF!","v":{"$error":"#REF!"}},{"$f":"'CRO2_Crono Simplificado'!RXA4","v":0},{"$f":"'CRO2_Crono Simplificado'!#REF!","v":{"$error":"#REF!"}},{"$f":"'CRO2_Crono Simplificado'!RXC4","v":0},{"$f":"'CRO2_Crono Simplificado'!#REF!","v":{"$error":"#REF!"}},{"$f":"'CRO2_Crono Simplificado'!RXE4","v":0},{"$f":"'CRO2_Crono Simplificado'!#REF!","v":{"$error":"#REF!"}},{"$f":"'CRO2_Crono Simplificado'!RXG4","v":0},{"$f":"'CRO2_Crono Simplificado'!#REF!","v":{"$error":"#REF!"}},{"$f":"'CRO2_Crono Simplificado'!RXI4","v":0},{"$f":"'CRO2_Crono Simplificado'!#REF!","v":{"$error":"#REF!"}},{"$f":"'CRO2_Crono Simplificado'!RXK4","v":0},{"$f":"'CRO2_Crono Simplificado'!#REF!","v":{"$error":"#REF!"}},{"$f":"'CRO2_Crono Simplificado'!RXM4","v":0},{"$f":"'CRO2_Crono Simplificado'!#REF!","v":{"$error":"#REF!"}},{"$f":"'CRO2_Crono Simplificado'!RXO4","v":0},{"$f":"'CRO2_Crono Simplificado'!#REF!","v":{"$error":"#REF!"}},{"$f":"'CRO2_Crono Simplificado'!RXQ4","v":0},{"$f":"'CRO2_Crono Simplificado'!#REF!","v":{"$error":"#REF!"}},{"$f":"'CRO2_Crono Simplificado'!RXS4","v":0},{"$f":"'CRO2_Crono Simplificado'!#REF!","v":{"$error":"#REF!"}},{"$f":"'CRO2_Crono Simplificado'!RXU4","v":0},{"$f":"'CRO2_Crono Simplificado'!#REF!","v":{"$error":"#REF!"}},{"$f":"'CRO2_Crono Simplificado'!RXW4","v":0},{"$f":"'CRO2_Crono Simplificado'!#REF!","v":{"$error":"#REF!"}},{"$f":"'CRO2_Crono Simplificado'!RXY4","v":0},{"$f":"'CRO2_Crono Simplificado'!#REF!","v":{"$error":"#REF!"}},{"$f":"'CRO2_Crono Simplificado'!RYA4","v":0},{"$f":"'CRO2_Crono Simplificado'!#REF!","v":{"$error":"#REF!"}},{"$f":"'CRO2_Crono Simplificado'!RYC4","v":0},{"$f":"'CRO2_Crono Simplificado'!#REF!","v":{"$error":"#REF!"}},{"$f":"'CRO2_Crono Simplificado'!RYE4","v":0},{"$f":"'CRO2_Crono Simplificado'!#REF!","v":{"$error":"#REF!"}},{"$f":"'CRO2_Crono Simplificado'!RYG4","v":0},{"$f":"'CRO2_Crono Simplificado'!#REF!","v":{"$error":"#REF!"}},{"$f":"'CRO2_Crono Simplificado'!RYI4","v":0},{"$f":"'CRO2_Crono Simplificado'!#REF!","v":{"$error":"#REF!"}},{"$f":"'CRO2_Crono Simplificado'!RYK4","v":0},{"$f":"'CRO2_Crono Simplificado'!#REF!","v":{"$error":"#REF!"}},{"$f":"'CRO2_Crono Simplificado'!RYM4","v":0},{"$f":"'CRO2_Crono Simplificado'!#REF!","v":{"$error":"#REF!"}},{"$f":"'CRO2_Crono Simplificado'!RYO4","v":0},{"$f":"'CRO2_Crono Simplificado'!#REF!","v":{"$error":"#REF!"}},{"$f":"'CRO2_Crono Simplificado'!RYQ4","v":0},{"$f":"'CRO2_Crono Simplificado'!#REF!","v":{"$error":"#REF!"}},{"$f":"'CRO2_Crono Simplificado'!RYS4","v":0},{"$f":"'CRO2_Crono Simplificado'!#REF!","v":{"$error":"#REF!"}},{"$f":"'CRO2_Crono Simplificado'!RYU4","v":0},{"$f":"'CRO2_Crono Simplificado'!#REF!","v":{"$error":"#REF!"}},{"$f":"'CRO2_Crono Simplificado'!RYW4","v":0},{"$f":"'CRO2_Crono Simplificado'!#REF!","v":{"$error":"#REF!"}},{"$f":"'CRO2_Crono Simplificado'!RYY4","v":0},{"$f":"'CRO2_Crono Simplificado'!#REF!","v":{"$error":"#REF!"}},{"$f":"'CRO2_Crono Simplificado'!RZA4","v":0},{"$f":"'CRO2_Crono Simplificado'!#REF!","v":{"$error":"#REF!"}},{"$f":"'CRO2_Crono Simplificado'!RZC4","v":0},{"$f":"'CRO2_Crono Simplificado'!#REF!","v":{"$error":"#REF!"}},{"$f":"'CRO2_Crono Simplificado'!RZE4","v":0},{"$f":"'CRO2_Crono Simplificado'!#REF!","v":{"$error":"#REF!"}},{"$f":"'CRO2_Crono Simplificado'!RZG4","v":0},{"$f":"'CRO2_Crono Simplificado'!#REF!","v":{"$error":"#REF!"}},{"$f":"'CRO2_Crono Simplificado'!RZI4","v":0},{"$f":"'CRO2_Crono Simplificado'!#REF!","v":{"$error":"#REF!"}},{"$f":"'CRO2_Crono Simplificado'!RZK4","v":0},{"$f":"'CRO2_Crono Simplificado'!#REF!","v":{"$error":"#REF!"}},{"$f":"'CRO2_Crono Simplificado'!RZM4","v":0},{"$f":"'CRO2_Crono Simplificado'!#REF!","v":{"$error":"#REF!"}},{"$f":"'CRO2_Crono Simplificado'!RZO4","v":0},{"$f":"'CRO2_Crono Simplificado'!#REF!","v":{"$error":"#REF!"}},{"$f":"'CRO2_Crono Simplificado'!RZQ4","v":0},{"$f":"'CRO2_Crono Simplificado'!#REF!","v":{"$error":"#REF!"}},{"$f":"'CRO2_Crono Simplificado'!RZS4","v":0},{"$f":"'CRO2_Crono Simplificado'!#REF!","v":{"$error":"#REF!"}},{"$f":"'CRO2_Crono Simplificado'!RZU4","v":0},{"$f":"'CRO2_Crono Simplificado'!#REF!","v":{"$error":"#REF!"}},{"$f":"'CRO2_Crono Simplificado'!RZW4","v":0},{"$f":"'CRO2_Crono Simplificado'!#REF!","v":{"$error":"#REF!"}},{"$f":"'CRO2_Crono Simplificado'!RZY4","v":0},{"$f":"'CRO2_Crono Simplificado'!#REF!","v":{"$error":"#REF!"}},{"$f":"'CRO2_Crono Simplificado'!SAA4","v":0},{"$f":"'CRO2_Crono Simplificado'!#REF!","v":{"$error":"#REF!"}},{"$f":"'CRO2_Crono Simplificado'!SAC4","v":0},{"$f":"'CRO2_Crono Simplificado'!#REF!","v":{"$error":"#REF!"}},{"$f":"'CRO2_Crono Simplificado'!SAE4","v":0},{"$f":"'CRO2_Crono Simplificado'!#REF!","v":{"$error":"#REF!"}},{"$f":"'CRO2_Crono Simplificado'!SAG4","v":0},{"$f":"'CRO2_Crono Simplificado'!#REF!","v":{"$error":"#REF!"}},{"$f":"'CRO2_Crono Simplificado'!SAI4","v":0},{"$f":"'CRO2_Crono Simplificado'!#REF!","v":{"$error":"#REF!"}},{"$f":"'CRO2_Crono Simplificado'!SAK4","v":0},{"$f":"'CRO2_Crono Simplificado'!#REF!","v":{"$error":"#REF!"}},{"$f":"'CRO2_Crono Simplificado'!SAM4","v":0},{"$f":"'CRO2_Crono Simplificado'!#REF!","v":{"$error":"#REF!"}},{"$f":"'CRO2_Crono Simplificado'!SAO4","v":0},{"$f":"'CRO2_Crono Simplificado'!#REF!","v":{"$error":"#REF!"}},{"$f":"'CRO2_Crono Simplificado'!SAQ4","v":0},{"$f":"'CRO2_Crono Simplificado'!#REF!","v":{"$error":"#REF!"}},{"$f":"'CRO2_Crono Simplificado'!SAS4","v":0},{"$f":"'CRO2_Crono Simplificado'!#REF!","v":{"$error":"#REF!"}},{"$f":"'CRO2_Crono Simplificado'!SAU4","v":0},{"$f":"'CRO2_Crono Simplificado'!#REF!","v":{"$error":"#REF!"}},{"$f":"'CRO2_Crono Simplificado'!SAW4","v":0},{"$f":"'CRO2_Crono Simplificado'!#REF!","v":{"$error":"#REF!"}},{"$f":"'CRO2_Crono Simplificado'!SAY4","v":0},{"$f":"'CRO2_Crono Simplificado'!#REF!","v":{"$error":"#REF!"}},{"$f":"'CRO2_Crono Simplificado'!SBA4","v":0},{"$f":"'CRO2_Crono Simplificado'!#REF!","v":{"$error":"#REF!"}},{"$f":"'CRO2_Crono Simplificado'!SBC4","v":0},{"$f":"'CRO2_Crono Simplificado'!#REF!","v":{"$error":"#REF!"}},{"$f":"'CRO2_Crono Simplificado'!SBE4","v":0},{"$f":"'CRO2_Crono Simplificado'!#REF!","v":{"$error":"#REF!"}},{"$f":"'CRO2_Crono Simplificado'!SBG4","v":0},{"$f":"'CRO2_Crono Simplificado'!#REF!","v":{"$error":"#REF!"}},{"$f":"'CRO2_Crono Simplificado'!SBI4","v":0},{"$f":"'CRO2_Crono Simplificado'!#REF!","v":{"$error":"#REF!"}},{"$f":"'CRO2_Crono Simplificado'!SBK4","v":0},{"$f":"'CRO2_Crono Simplificado'!#REF!","v":{"$error":"#REF!"}},{"$f":"'CRO2_Crono Simplificado'!SBM4","v":0},{"$f":"'CRO2_Crono Simplificado'!#REF!","v":{"$error":"#REF!"}},{"$f":"'CRO2_Crono Simplificado'!SBO4","v":0},{"$f":"'CRO2_Crono Simplificado'!#REF!","v":{"$error":"#REF!"}},{"$f":"'CRO2_Crono Simplificado'!SBQ4","v":0},{"$f":"'CRO2_Crono Simplificado'!#REF!","v":{"$error":"#REF!"}},{"$f":"'CRO2_Crono Simplificado'!SBS4","v":0},{"$f":"'CRO2_Crono Simplificado'!#REF!","v":{"$error":"#REF!"}},{"$f":"'CRO2_Crono Simplificado'!SBU4","v":0},{"$f":"'CRO2_Crono Simplificado'!#REF!","v":{"$error":"#REF!"}},{"$f":"'CRO2_Crono Simplificado'!SBW4","v":0},{"$f":"'CRO2_Crono Simplificado'!#REF!","v":{"$error":"#REF!"}},{"$f":"'CRO2_Crono Simplificado'!SBY4","v":0},{"$f":"'CRO2_Crono Simplificado'!#REF!","v":{"$error":"#REF!"}},{"$f":"'CRO2_Crono Simplificado'!SCA4","v":0},{"$f":"'CRO2_Crono Simplificado'!#REF!","v":{"$error":"#REF!"}},{"$f":"'CRO2_Crono Simplificado'!SCC4","v":0},{"$f":"'CRO2_Crono Simplificado'!#REF!","v":{"$error":"#REF!"}},{"$f":"'CRO2_Crono Simplificado'!SCE4","v":0},{"$f":"'CRO2_Crono Simplificado'!#REF!","v":{"$error":"#REF!"}},{"$f":"'CRO2_Crono Simplificado'!SCG4","v":0},{"$f":"'CRO2_Crono Simplificado'!#REF!","v":{"$error":"#REF!"}},{"$f":"'CRO2_Crono Simplificado'!SCI4","v":0},{"$f":"'CRO2_Crono Simplificado'!#REF!","v":{"$error":"#REF!"}},{"$f":"'CRO2_Crono Simplificado'!SCK4","v":0},{"$f":"'CRO2_Crono Simplificado'!#REF!","v":{"$error":"#REF!"}},{"$f":"'CRO2_Crono Simplificado'!SCM4","v":0},{"$f":"'CRO2_Crono Simplificado'!#REF!","v":{"$error":"#REF!"}},{"$f":"'CRO2_Crono Simplificado'!SCO4","v":0},{"$f":"'CRO2_Crono Simplificado'!#REF!","v":{"$error":"#REF!"}},{"$f":"'CRO2_Crono Simplificado'!SCQ4","v":0},{"$f":"'CRO2_Crono Simplificado'!#REF!","v":{"$error":"#REF!"}},{"$f":"'CRO2_Crono Simplificado'!SCS4","v":0},{"$f":"'CRO2_Crono Simplificado'!#REF!","v":{"$error":"#REF!"}},{"$f":"'CRO2_Crono Simplificado'!SCU4","v":0},{"$f":"'CRO2_Crono Simplificado'!#REF!","v":{"$error":"#REF!"}},{"$f":"'CRO2_Crono Simplificado'!SCW4","v":0},{"$f":"'CRO2_Crono Simplificado'!#REF!","v":{"$error":"#REF!"}},{"$f":"'CRO2_Crono Simplificado'!SCY4","v":0},{"$f":"'CRO2_Crono Simplificado'!#REF!","v":{"$error":"#REF!"}},{"$f":"'CRO2_Crono Simplificado'!SDA4","v":0},{"$f":"'CRO2_Crono Simplificado'!#REF!","v":{"$error":"#REF!"}},{"$f":"'CRO2_Crono Simplificado'!SDC4","v":0},{"$f":"'CRO2_Crono Simplificado'!#REF!","v":{"$error":"#REF!"}},{"$f":"'CRO2_Crono Simplificado'!SDE4","v":0},{"$f":"'CRO2_Crono Simplificado'!#REF!","v":{"$error":"#REF!"}},{"$f":"'CRO2_Crono Simplificado'!SDG4","v":0},{"$f":"'CRO2_Crono Simplificado'!#REF!","v":{"$error":"#REF!"}},{"$f":"'CRO2_Crono Simplificado'!SDI4","v":0},{"$f":"'CRO2_Crono Simplificado'!#REF!","v":{"$error":"#REF!"}},{"$f":"'CRO2_Crono Simplificado'!SDK4","v":0},{"$f":"'CRO2_Crono Simplificado'!#REF!","v":{"$error":"#REF!"}},{"$f":"'CRO2_Crono Simplificado'!SDM4","v":0},{"$f":"'CRO2_Crono Simplificado'!#REF!","v":{"$error":"#REF!"}},{"$f":"'CRO2_Crono Simplificado'!SDO4","v":0},{"$f":"'CRO2_Crono Simplificado'!#REF!","v":{"$error":"#REF!"}},{"$f":"'CRO2_Crono Simplificado'!SDQ4","v":0},{"$f":"'CRO2_Crono Simplificado'!#REF!","v":{"$error":"#REF!"}},{"$f":"'CRO2_Crono Simplificado'!SDS4","v":0},{"$f":"'CRO2_Crono Simplificado'!#REF!","v":{"$error":"#REF!"}},{"$f":"'CRO2_Crono Simplificado'!SDU4","v":0},{"$f":"'CRO2_Crono Simplificado'!#REF!","v":{"$error":"#REF!"}},{"$f":"'CRO2_Crono Simplificado'!SDW4","v":0},{"$f":"'CRO2_Crono Simplificado'!#REF!","v":{"$error":"#REF!"}},{"$f":"'CRO2_Crono Simplificado'!SDY4","v":0},{"$f":"'CRO2_Crono Simplificado'!#REF!","v":{"$error":"#REF!"}},{"$f":"'CRO2_Crono Simplificado'!SEA4","v":0},{"$f":"'CRO2_Crono Simplificado'!#REF!","v":{"$error":"#REF!"}},{"$f":"'CRO2_Crono Simplificado'!SEC4","v":0},{"$f":"'CRO2_Crono Simplificado'!#REF!","v":{"$error":"#REF!"}},{"$f":"'CRO2_Crono Simplificado'!SEE4","v":0},{"$f":"'CRO2_Crono Simplificado'!#REF!","v":{"$error":"#REF!"}},{"$f":"'CRO2_Crono Simplificado'!SEG4","v":0},{"$f":"'CRO2_Crono Simplificado'!#REF!","v":{"$error":"#REF!"}},{"$f":"'CRO2_Crono Simplificado'!SEI4","v":0},{"$f":"'CRO2_Crono Simplificado'!#REF!","v":{"$error":"#REF!"}},{"$f":"'CRO2_Crono Simplificado'!SEK4","v":0},{"$f":"'CRO2_Crono Simplificado'!#REF!","v":{"$error":"#REF!"}},{"$f":"'CRO2_Crono Simplificado'!SEM4","v":0},{"$f":"'CRO2_Crono Simplificado'!#REF!","v":{"$error":"#REF!"}},{"$f":"'CRO2_Crono Simplificado'!SEO4","v":0},{"$f":"'CRO2_Crono Simplificado'!#REF!","v":{"$error":"#REF!"}},{"$f":"'CRO2_Crono Simplificado'!SEQ4","v":0},{"$f":"'CRO2_Crono Simplificado'!#REF!","v":{"$error":"#REF!"}},{"$f":"'CRO2_Crono Simplificado'!SES4","v":0},{"$f":"'CRO2_Crono Simplificado'!#REF!","v":{"$error":"#REF!"}},{"$f":"'CRO2_Crono Simplificado'!SEU4","v":0},{"$f":"'CRO2_Crono Simplificado'!#REF!","v":{"$error":"#REF!"}},{"$f":"'CRO2_Crono Simplificado'!SEW4","v":0},{"$f":"'CRO2_Crono Simplificado'!#REF!","v":{"$error":"#REF!"}},{"$f":"'CRO2_Crono Simplificado'!SEY4","v":0},{"$f":"'CRO2_Crono Simplificado'!#REF!","v":{"$error":"#REF!"}},{"$f":"'CRO2_Crono Simplificado'!SFA4","v":0},{"$f":"'CRO2_Crono Simplificado'!#REF!","v":{"$error":"#REF!"}},{"$f":"'CRO2_Crono Simplificado'!SFC4","v":0},{"$f":"'CRO2_Crono Simplificado'!#REF!","v":{"$error":"#REF!"}},{"$f":"'CRO2_Crono Simplificado'!SFE4","v":0},{"$f":"'CRO2_Crono Simplificado'!#REF!","v":{"$error":"#REF!"}},{"$f":"'CRO2_Crono Simplificado'!SFG4","v":0},{"$f":"'CRO2_Crono Simplificado'!#REF!","v":{"$error":"#REF!"}},{"$f":"'CRO2_Crono Simplificado'!SFI4","v":0},{"$f":"'CRO2_Crono Simplificado'!#REF!","v":{"$error":"#REF!"}},{"$f":"'CRO2_Crono Simplificado'!SFK4","v":0},{"$f":"'CRO2_Crono Simplificado'!#REF!","v":{"$error":"#REF!"}},{"$f":"'CRO2_Crono Simplificado'!SFM4","v":0},{"$f":"'CRO2_Crono Simplificado'!#REF!","v":{"$error":"#REF!"}},{"$f":"'CRO2_Crono Simplificado'!SFO4","v":0},{"$f":"'CRO2_Crono Simplificado'!#REF!","v":{"$error":"#REF!"}},{"$f":"'CRO2_Crono Simplificado'!SFQ4","v":0},{"$f":"'CRO2_Crono Simplificado'!#REF!","v":{"$error":"#REF!"}},{"$f":"'CRO2_Crono Simplificado'!SFS4","v":0},{"$f":"'CRO2_Crono Simplificado'!#REF!","v":{"$error":"#REF!"}},{"$f":"'CRO2_Crono Simplificado'!SFU4","v":0},{"$f":"'CRO2_Crono Simplificado'!#REF!","v":{"$error":"#REF!"}},{"$f":"'CRO2_Crono Simplificado'!SFW4","v":0},{"$f":"'CRO2_Crono Simplificado'!#REF!","v":{"$error":"#REF!"}},{"$f":"'CRO2_Crono Simplificado'!SFY4","v":0},{"$f":"'CRO2_Crono Simplificado'!#REF!","v":{"$error":"#REF!"}},{"$f":"'CRO2_Crono Simplificado'!SGA4","v":0},{"$f":"'CRO2_Crono Simplificado'!#REF!","v":{"$error":"#REF!"}},{"$f":"'CRO2_Crono Simplificado'!SGC4","v":0},{"$f":"'CRO2_Crono Simplificado'!#REF!","v":{"$error":"#REF!"}},{"$f":"'CRO2_Crono Simplificado'!SGE4","v":0},{"$f":"'CRO2_Crono Simplificado'!#REF!","v":{"$error":"#REF!"}},{"$f":"'CRO2_Crono Simplificado'!SGG4","v":0},{"$f":"'CRO2_Crono Simplificado'!#REF!","v":{"$error":"#REF!"}},{"$f":"'CRO2_Crono Simplificado'!SGI4","v":0},{"$f":"'CRO2_Crono Simplificado'!#REF!","v":{"$error":"#REF!"}},{"$f":"'CRO2_Crono Simplificado'!SGK4","v":0},{"$f":"'CRO2_Crono Simplificado'!#REF!","v":{"$error":"#REF!"}},{"$f":"'CRO2_Crono Simplificado'!SGM4","v":0},{"$f":"'CRO2_Crono Simplificado'!#REF!","v":{"$error":"#REF!"}},{"$f":"'CRO2_Crono Simplificado'!SGO4","v":0},{"$f":"'CRO2_Crono Simplificado'!#REF!","v":{"$error":"#REF!"}},{"$f":"'CRO2_Crono Simplificado'!SGQ4","v":0},{"$f":"'CRO2_Crono Simplificado'!#REF!","v":{"$error":"#REF!"}},{"$f":"'CRO2_Crono Simplificado'!SGS4","v":0},{"$f":"'CRO2_Crono Simplificado'!#REF!","v":{"$error":"#REF!"}},{"$f":"'CRO2_Crono Simplificado'!SGU4","v":0},{"$f":"'CRO2_Crono Simplificado'!#REF!","v":{"$error":"#REF!"}},{"$f":"'CRO2_Crono Simplificado'!SGW4","v":0},{"$f":"'CRO2_Crono Simplificado'!#REF!","v":{"$error":"#REF!"}},{"$f":"'CRO2_Crono Simplificado'!SGY4","v":0},{"$f":"'CRO2_Crono Simplificado'!#REF!","v":{"$error":"#REF!"}},{"$f":"'CRO2_Crono Simplificado'!SHA4","v":0},{"$f":"'CRO2_Crono Simplificado'!#REF!","v":{"$error":"#REF!"}},{"$f":"'CRO2_Crono Simplificado'!SHC4","v":0},{"$f":"'CRO2_Crono Simplificado'!#REF!","v":{"$error":"#REF!"}},{"$f":"'CRO2_Crono Simplificado'!SHE4","v":0},{"$f":"'CRO2_Crono Simplificado'!#REF!","v":{"$error":"#REF!"}},{"$f":"'CRO2_Crono Simplificado'!SHG4","v":0},{"$f":"'CRO2_Crono Simplificado'!#REF!","v":{"$error":"#REF!"}},{"$f":"'CRO2_Crono Simplificado'!SHI4","v":0},{"$f":"'CRO2_Crono Simplificado'!#REF!","v":{"$error":"#REF!"}},{"$f":"'CRO2_Crono Simplificado'!SHK4","v":0},{"$f":"'CRO2_Crono Simplificado'!#REF!","v":{"$error":"#REF!"}},{"$f":"'CRO2_Crono Simplificado'!SHM4","v":0},{"$f":"'CRO2_Crono Simplificado'!#REF!","v":{"$error":"#REF!"}},{"$f":"'CRO2_Crono Simplificado'!SHO4","v":0},{"$f":"'CRO2_Crono Simplificado'!#REF!","v":{"$error":"#REF!"}},{"$f":"'CRO2_Crono Simplificado'!SHQ4","v":0},{"$f":"'CRO2_Crono Simplificado'!#REF!","v":{"$error":"#REF!"}},{"$f":"'CRO2_Crono Simplificado'!SHS4","v":0},{"$f":"'CRO2_Crono Simplificado'!#REF!","v":{"$error":"#REF!"}},{"$f":"'CRO2_Crono Simplificado'!SHU4","v":0},{"$f":"'CRO2_Crono Simplificado'!#REF!","v":{"$error":"#REF!"}},{"$f":"'CRO2_Crono Simplificado'!SHW4","v":0},{"$f":"'CRO2_Crono Simplificado'!#REF!","v":{"$error":"#REF!"}},{"$f":"'CRO2_Crono Simplificado'!SHY4","v":0},{"$f":"'CRO2_Crono Simplificado'!#REF!","v":{"$error":"#REF!"}},{"$f":"'CRO2_Crono Simplificado'!SIA4","v":0},{"$f":"'CRO2_Crono Simplificado'!#REF!","v":{"$error":"#REF!"}},{"$f":"'CRO2_Crono Simplificado'!SIC4","v":0},{"$f":"'CRO2_Crono Simplificado'!#REF!","v":{"$error":"#REF!"}},{"$f":"'CRO2_Crono Simplificado'!SIE4","v":0},{"$f":"'CRO2_Crono Simplificado'!#REF!","v":{"$error":"#REF!"}},{"$f":"'CRO2_Crono Simplificado'!SIG4","v":0},{"$f":"'CRO2_Crono Simplificado'!#REF!","v":{"$error":"#REF!"}},{"$f":"'CRO2_Crono Simplificado'!SII4","v":0},{"$f":"'CRO2_Crono Simplificado'!#REF!","v":{"$error":"#REF!"}},{"$f":"'CRO2_Crono Simplificado'!SIK4","v":0},{"$f":"'CRO2_Crono Simplificado'!#REF!","v":{"$error":"#REF!"}},{"$f":"'CRO2_Crono Simplificado'!SIM4","v":0},{"$f":"'CRO2_Crono Simplificado'!#REF!","v":{"$error":"#REF!"}},{"$f":"'CRO2_Crono Simplificado'!SIO4","v":0},{"$f":"'CRO2_Crono Simplificado'!#REF!","v":{"$error":"#REF!"}},{"$f":"'CRO2_Crono Simplificado'!SIQ4","v":0},{"$f":"'CRO2_Crono Simplificado'!#REF!","v":{"$error":"#REF!"}},{"$f":"'CRO2_Crono Simplificado'!SIS4","v":0},{"$f":"'CRO2_Crono Simplificado'!#REF!","v":{"$error":"#REF!"}},{"$f":"'CRO2_Crono Simplificado'!SIU4","v":0},{"$f":"'CRO2_Crono Simplificado'!#REF!","v":{"$error":"#REF!"}},{"$f":"'CRO2_Crono Simplificado'!SIW4","v":0},{"$f":"'CRO2_Crono Simplificado'!#REF!","v":{"$error":"#REF!"}},{"$f":"'CRO2_Crono Simplificado'!SIY4","v":0},{"$f":"'CRO2_Crono Simplificado'!#REF!","v":{"$error":"#REF!"}},{"$f":"'CRO2_Crono Simplificado'!SJA4","v":0},{"$f":"'CRO2_Crono Simplificado'!#REF!","v":{"$error":"#REF!"}},{"$f":"'CRO2_Crono Simplificado'!SJC4","v":0},{"$f":"'CRO2_Crono Simplificado'!#REF!","v":{"$error":"#REF!"}},{"$f":"'CRO2_Crono Simplificado'!SJE4","v":0},{"$f":"'CRO2_Crono Simplificado'!#REF!","v":{"$error":"#REF!"}},{"$f":"'CRO2_Crono Simplificado'!SJG4","v":0},{"$f":"'CRO2_Crono Simplificado'!#REF!","v":{"$error":"#REF!"}},{"$f":"'CRO2_Crono Simplificado'!SJI4","v":0},{"$f":"'CRO2_Crono Simplificado'!#REF!","v":{"$error":"#REF!"}},{"$f":"'CRO2_Crono Simplificado'!SJK4","v":0},{"$f":"'CRO2_Crono Simplificado'!#REF!","v":{"$error":"#REF!"}},{"$f":"'CRO2_Crono Simplificado'!SJM4","v":0},{"$f":"'CRO2_Crono Simplificado'!#REF!","v":{"$error":"#REF!"}},{"$f":"'CRO2_Crono Simplificado'!SJO4","v":0},{"$f":"'CRO2_Crono Simplificado'!#REF!","v":{"$error":"#REF!"}},{"$f":"'CRO2_Crono Simplificado'!SJQ4","v":0},{"$f":"'CRO2_Crono Simplificado'!#REF!","v":{"$error":"#REF!"}},{"$f":"'CRO2_Crono Simplificado'!SJS4","v":0},{"$f":"'CRO2_Crono Simplificado'!#REF!","v":{"$error":"#REF!"}},{"$f":"'CRO2_Crono Simplificado'!SJU4","v":0},{"$f":"'CRO2_Crono Simplificado'!#REF!","v":{"$error":"#REF!"}},{"$f":"'CRO2_Crono Simplificado'!SJW4","v":0},{"$f":"'CRO2_Crono Simplificado'!#REF!","v":{"$error":"#REF!"}},{"$f":"'CRO2_Crono Simplificado'!SJY4","v":0},{"$f":"'CRO2_Crono Simplificado'!#REF!","v":{"$error":"#REF!"}},{"$f":"'CRO2_Crono Simplificado'!SKA4","v":0},{"$f":"'CRO2_Crono Simplificado'!#REF!","v":{"$error":"#REF!"}},{"$f":"'CRO2_Crono Simplificado'!SKC4","v":0},{"$f":"'CRO2_Crono Simplificado'!#REF!","v":{"$error":"#REF!"}},{"$f":"'CRO2_Crono Simplificado'!SKE4","v":0},{"$f":"'CRO2_Crono Simplificado'!#REF!","v":{"$error":"#REF!"}},{"$f":"'CRO2_Crono Simplificado'!SKG4","v":0},{"$f":"'CRO2_Crono Simplificado'!#REF!","v":{"$error":"#REF!"}},{"$f":"'CRO2_Crono Simplificado'!SKI4","v":0},{"$f":"'CRO2_Crono Simplificado'!#REF!","v":{"$error":"#REF!"}},{"$f":"'CRO2_Crono Simplificado'!SKK4","v":0},{"$f":"'CRO2_Crono Simplificado'!#REF!","v":{"$error":"#REF!"}},{"$f":"'CRO2_Crono Simplificado'!SKM4","v":0},{"$f":"'CRO2_Crono Simplificado'!#REF!","v":{"$error":"#REF!"}},{"$f":"'CRO2_Crono Simplificado'!SKO4","v":0},{"$f":"'CRO2_Crono Simplificado'!#REF!","v":{"$error":"#REF!"}},{"$f":"'CRO2_Crono Simplificado'!SKQ4","v":0},{"$f":"'CRO2_Crono Simplificado'!#REF!","v":{"$error":"#REF!"}},{"$f":"'CRO2_Crono Simplificado'!SKS4","v":0},{"$f":"'CRO2_Crono Simplificado'!#REF!","v":{"$error":"#REF!"}},{"$f":"'CRO2_Crono Simplificado'!SKU4","v":0},{"$f":"'CRO2_Crono Simplificado'!#REF!","v":{"$error":"#REF!"}},{"$f":"'CRO2_Crono Simplificado'!SKW4","v":0},{"$f":"'CRO2_Crono Simplificado'!#REF!","v":{"$error":"#REF!"}},{"$f":"'CRO2_Crono Simplificado'!SKY4","v":0},{"$f":"'CRO2_Crono Simplificado'!#REF!","v":{"$error":"#REF!"}},{"$f":"'CRO2_Crono Simplificado'!SLA4","v":0},{"$f":"'CRO2_Crono Simplificado'!#REF!","v":{"$error":"#REF!"}},{"$f":"'CRO2_Crono Simplificado'!SLC4","v":0},{"$f":"'CRO2_Crono Simplificado'!#REF!","v":{"$error":"#REF!"}},{"$f":"'CRO2_Crono Simplificado'!SLE4","v":0},{"$f":"'CRO2_Crono Simplificado'!#REF!","v":{"$error":"#REF!"}},{"$f":"'CRO2_Crono Simplificado'!SLG4","v":0},{"$f":"'CRO2_Crono Simplificado'!#REF!","v":{"$error":"#REF!"}},{"$f":"'CRO2_Crono Simplificado'!SLI4","v":0},{"$f":"'CRO2_Crono Simplificado'!#REF!","v":{"$error":"#REF!"}},{"$f":"'CRO2_Crono Simplificado'!SLK4","v":0},{"$f":"'CRO2_Crono Simplificado'!#REF!","v":{"$error":"#REF!"}},{"$f":"'CRO2_Crono Simplificado'!SLM4","v":0},{"$f":"'CRO2_Crono Simplificado'!#REF!","v":{"$error":"#REF!"}},{"$f":"'CRO2_Crono Simplificado'!SLO4","v":0},{"$f":"'CRO2_Crono Simplificado'!#REF!","v":{"$error":"#REF!"}},{"$f":"'CRO2_Crono Simplificado'!SLQ4","v":0},{"$f":"'CRO2_Crono Simplificado'!#REF!","v":{"$error":"#REF!"}},{"$f":"'CRO2_Crono Simplificado'!SLS4","v":0},{"$f":"'CRO2_Crono Simplificado'!#REF!","v":{"$error":"#REF!"}},{"$f":"'CRO2_Crono Simplificado'!SLU4","v":0},{"$f":"'CRO2_Crono Simplificado'!#REF!","v":{"$error":"#REF!"}},{"$f":"'CRO2_Crono Simplificado'!SLW4","v":0},{"$f":"'CRO2_Crono Simplificado'!#REF!","v":{"$error":"#REF!"}},{"$f":"'CRO2_Crono Simplificado'!SLY4","v":0},{"$f":"'CRO2_Crono Simplificado'!#REF!","v":{"$error":"#REF!"}},{"$f":"'CRO2_Crono Simplificado'!SMA4","v":0},{"$f":"'CRO2_Crono Simplificado'!#REF!","v":{"$error":"#REF!"}},{"$f":"'CRO2_Crono Simplificado'!SMC4","v":0},{"$f":"'CRO2_Crono Simplificado'!#REF!","v":{"$error":"#REF!"}},{"$f":"'CRO2_Crono Simplificado'!SME4","v":0},{"$f":"'CRO2_Crono Simplificado'!#REF!","v":{"$error":"#REF!"}},{"$f":"'CRO2_Crono Simplificado'!SMG4","v":0},{"$f":"'CRO2_Crono Simplificado'!#REF!","v":{"$error":"#REF!"}},{"$f":"'CRO2_Crono Simplificado'!SMI4","v":0},{"$f":"'CRO2_Crono Simplificado'!#REF!","v":{"$error":"#REF!"}},{"$f":"'CRO2_Crono Simplificado'!SMK4","v":0},{"$f":"'CRO2_Crono Simplificado'!#REF!","v":{"$error":"#REF!"}},{"$f":"'CRO2_Crono Simplificado'!SMM4","v":0},{"$f":"'CRO2_Crono Simplificado'!#REF!","v":{"$error":"#REF!"}},{"$f":"'CRO2_Crono Simplificado'!SMO4","v":0},{"$f":"'CRO2_Crono Simplificado'!#REF!","v":{"$error":"#REF!"}},{"$f":"'CRO2_Crono Simplificado'!SMQ4","v":0},{"$f":"'CRO2_Crono Simplificado'!#REF!","v":{"$error":"#REF!"}},{"$f":"'CRO2_Crono Simplificado'!SMS4","v":0},{"$f":"'CRO2_Crono Simplificado'!#REF!","v":{"$error":"#REF!"}},{"$f":"'CRO2_Crono Simplificado'!SMU4","v":0},{"$f":"'CRO2_Crono Simplificado'!#REF!","v":{"$error":"#REF!"}},{"$f":"'CRO2_Crono Simplificado'!SMW4","v":0},{"$f":"'CRO2_Crono Simplificado'!#REF!","v":{"$error":"#REF!"}},{"$f":"'CRO2_Crono Simplificado'!SMY4","v":0},{"$f":"'CRO2_Crono Simplificado'!#REF!","v":{"$error":"#REF!"}},{"$f":"'CRO2_Crono Simplificado'!SNA4","v":0},{"$f":"'CRO2_Crono Simplificado'!#REF!","v":{"$error":"#REF!"}},{"$f":"'CRO2_Crono Simplificado'!SNC4","v":0},{"$f":"'CRO2_Crono Simplificado'!#REF!","v":{"$error":"#REF!"}},{"$f":"'CRO2_Crono Simplificado'!SNE4","v":0},{"$f":"'CRO2_Crono Simplificado'!#REF!","v":{"$error":"#REF!"}},{"$f":"'CRO2_Crono Simplificado'!SNG4","v":0},{"$f":"'CRO2_Crono Simplificado'!#REF!","v":{"$error":"#REF!"}},{"$f":"'CRO2_Crono Simplificado'!SNI4","v":0},{"$f":"'CRO2_Crono Simplificado'!#REF!","v":{"$error":"#REF!"}},{"$f":"'CRO2_Crono Simplificado'!SNK4","v":0},{"$f":"'CRO2_Crono Simplificado'!#REF!","v":{"$error":"#REF!"}},{"$f":"'CRO2_Crono Simplificado'!SNM4","v":0},{"$f":"'CRO2_Crono Simplificado'!#REF!","v":{"$error":"#REF!"}},{"$f":"'CRO2_Crono Simplificado'!SNO4","v":0},{"$f":"'CRO2_Crono Simplificado'!#REF!","v":{"$error":"#REF!"}},{"$f":"'CRO2_Crono Simplificado'!SNQ4","v":0},{"$f":"'CRO2_Crono Simplificado'!#REF!","v":{"$error":"#REF!"}},{"$f":"'CRO2_Crono Simplificado'!SNS4","v":0},{"$f":"'CRO2_Crono Simplificado'!#REF!","v":{"$error":"#REF!"}},{"$f":"'CRO2_Crono Simplificado'!SNU4","v":0},{"$f":"'CRO2_Crono Simplificado'!#REF!","v":{"$error":"#REF!"}},{"$f":"'CRO2_Crono Simplificado'!SNW4","v":0},{"$f":"'CRO2_Crono Simplificado'!#REF!","v":{"$error":"#REF!"}},{"$f":"'CRO2_Crono Simplificado'!SNY4","v":0},{"$f":"'CRO2_Crono Simplificado'!#REF!","v":{"$error":"#REF!"}},{"$f":"'CRO2_Crono Simplificado'!SOA4","v":0},{"$f":"'CRO2_Crono Simplificado'!#REF!","v":{"$error":"#REF!"}},{"$f":"'CRO2_Crono Simplificado'!SOC4","v":0},{"$f":"'CRO2_Crono Simplificado'!#REF!","v":{"$error":"#REF!"}},{"$f":"'CRO2_Crono Simplificado'!SOE4","v":0},{"$f":"'CRO2_Crono Simplificado'!#REF!","v":{"$error":"#REF!"}},{"$f":"'CRO2_Crono Simplificado'!SOG4","v":0},{"$f":"'CRO2_Crono Simplificado'!#REF!","v":{"$error":"#REF!"}},{"$f":"'CRO2_Crono Simplificado'!SOI4","v":0},{"$f":"'CRO2_Crono Simplificado'!#REF!","v":{"$error":"#REF!"}},{"$f":"'CRO2_Crono Simplificado'!SOK4","v":0},{"$f":"'CRO2_Crono Simplificado'!#REF!","v":{"$error":"#REF!"}},{"$f":"'CRO2_Crono Simplificado'!SOM4","v":0},{"$f":"'CRO2_Crono Simplificado'!#REF!","v":{"$error":"#REF!"}},{"$f":"'CRO2_Crono Simplificado'!SOO4","v":0},{"$f":"'CRO2_Crono Simplificado'!#REF!","v":{"$error":"#REF!"}},{"$f":"'CRO2_Crono Simplificado'!SOQ4","v":0},{"$f":"'CRO2_Crono Simplificado'!#REF!","v":{"$error":"#REF!"}},{"$f":"'CRO2_Crono Simplificado'!SOS4","v":0},{"$f":"'CRO2_Crono Simplificado'!#REF!","v":{"$error":"#REF!"}},{"$f":"'CRO2_Crono Simplificado'!SOU4","v":0},{"$f":"'CRO2_Crono Simplificado'!#REF!","v":{"$error":"#REF!"}},{"$f":"'CRO2_Crono Simplificado'!SOW4","v":0},{"$f":"'CRO2_Crono Simplificado'!#REF!","v":{"$error":"#REF!"}},{"$f":"'CRO2_Crono Simplificado'!SOY4","v":0},{"$f":"'CRO2_Crono Simplificado'!#REF!","v":{"$error":"#REF!"}},{"$f":"'CRO2_Crono Simplificado'!SPA4","v":0},{"$f":"'CRO2_Crono Simplificado'!#REF!","v":{"$error":"#REF!"}},{"$f":"'CRO2_Crono Simplificado'!SPC4","v":0},{"$f":"'CRO2_Crono Simplificado'!#REF!","v":{"$error":"#REF!"}},{"$f":"'CRO2_Crono Simplificado'!SPE4","v":0},{"$f":"'CRO2_Crono Simplificado'!#REF!","v":{"$error":"#REF!"}},{"$f":"'CRO2_Crono Simplificado'!SPG4","v":0},{"$f":"'CRO2_Crono Simplificado'!#REF!","v":{"$error":"#REF!"}},{"$f":"'CRO2_Crono Simplificado'!SPI4","v":0},{"$f":"'CRO2_Crono Simplificado'!#REF!","v":{"$error":"#REF!"}},{"$f":"'CRO2_Crono Simplificado'!SPK4","v":0},{"$f":"'CRO2_Crono Simplificado'!#REF!","v":{"$error":"#REF!"}},{"$f":"'CRO2_Crono Simplificado'!SPM4","v":0},{"$f":"'CRO2_Crono Simplificado'!#REF!","v":{"$error":"#REF!"}},{"$f":"'CRO2_Crono Simplificado'!SPO4","v":0},{"$f":"'CRO2_Crono Simplificado'!#REF!","v":{"$error":"#REF!"}},{"$f":"'CRO2_Crono Simplificado'!SPQ4","v":0},{"$f":"'CRO2_Crono Simplificado'!#REF!","v":{"$error":"#REF!"}},{"$f":"'CRO2_Crono Simplificado'!SPS4","v":0},{"$f":"'CRO2_Crono Simplificado'!#REF!","v":{"$error":"#REF!"}},{"$f":"'CRO2_Crono Simplificado'!SPU4","v":0},{"$f":"'CRO2_Crono Simplificado'!#REF!","v":{"$error":"#REF!"}},{"$f":"'CRO2_Crono Simplificado'!SPW4","v":0},{"$f":"'CRO2_Crono Simplificado'!#REF!","v":{"$error":"#REF!"}},{"$f":"'CRO2_Crono Simplificado'!SPY4","v":0},{"$f":"'CRO2_Crono Simplificado'!#REF!","v":{"$error":"#REF!"}},{"$f":"'CRO2_Crono Simplificado'!SQA4","v":0},{"$f":"'CRO2_Crono Simplificado'!#REF!","v":{"$error":"#REF!"}},{"$f":"'CRO2_Crono Simplificado'!SQC4","v":0},{"$f":"'CRO2_Crono Simplificado'!#REF!","v":{"$error":"#REF!"}},{"$f":"'CRO2_Crono Simplificado'!SQE4","v":0},{"$f":"'CRO2_Crono Simplificado'!#REF!","v":{"$error":"#REF!"}},{"$f":"'CRO2_Crono Simplificado'!SQG4","v":0},{"$f":"'CRO2_Crono Simplificado'!#REF!","v":{"$error":"#REF!"}},{"$f":"'CRO2_Crono Simplificado'!SQI4","v":0},{"$f":"'CRO2_Crono Simplificado'!#REF!","v":{"$error":"#REF!"}},{"$f":"'CRO2_Crono Simplificado'!SQK4","v":0},{"$f":"'CRO2_Crono Simplificado'!#REF!","v":{"$error":"#REF!"}},{"$f":"'CRO2_Crono Simplificado'!SQM4","v":0},{"$f":"'CRO2_Crono Simplificado'!#REF!","v":{"$error":"#REF!"}},{"$f":"'CRO2_Crono Simplificado'!SQO4","v":0},{"$f":"'CRO2_Crono Simplificado'!#REF!","v":{"$error":"#REF!"}},{"$f":"'CRO2_Crono Simplificado'!SQQ4","v":0},{"$f":"'CRO2_Crono Simplificado'!#REF!","v":{"$error":"#REF!"}},{"$f":"'CRO2_Crono Simplificado'!SQS4","v":0},{"$f":"'CRO2_Crono Simplificado'!#REF!","v":{"$error":"#REF!"}},{"$f":"'CRO2_Crono Simplificado'!SQU4","v":0},{"$f":"'CRO2_Crono Simplificado'!#REF!","v":{"$error":"#REF!"}},{"$f":"'CRO2_Crono Simplificado'!SQW4","v":0},{"$f":"'CRO2_Crono Simplificado'!#REF!","v":{"$error":"#REF!"}},{"$f":"'CRO2_Crono Simplificado'!SQY4","v":0},{"$f":"'CRO2_Crono Simplificado'!#REF!","v":{"$error":"#REF!"}},{"$f":"'CRO2_Crono Simplificado'!SRA4","v":0},{"$f":"'CRO2_Crono Simplificado'!#REF!","v":{"$error":"#REF!"}},{"$f":"'CRO2_Crono Simplificado'!SRC4","v":0},{"$f":"'CRO2_Crono Simplificado'!#REF!","v":{"$error":"#REF!"}},{"$f":"'CRO2_Crono Simplificado'!SRE4","v":0},{"$f":"'CRO2_Crono Simplificado'!#REF!","v":{"$error":"#REF!"}},{"$f":"'CRO2_Crono Simplificado'!SRG4","v":0},{"$f":"'CRO2_Crono Simplificado'!#REF!","v":{"$error":"#REF!"}},{"$f":"'CRO2_Crono Simplificado'!SRI4","v":0},{"$f":"'CRO2_Crono Simplificado'!#REF!","v":{"$error":"#REF!"}},{"$f":"'CRO2_Crono Simplificado'!SRK4","v":0},{"$f":"'CRO2_Crono Simplificado'!#REF!","v":{"$error":"#REF!"}},{"$f":"'CRO2_Crono Simplificado'!SRM4","v":0},{"$f":"'CRO2_Crono Simplificado'!#REF!","v":{"$error":"#REF!"}},{"$f":"'CRO2_Crono Simplificado'!SRO4","v":0},{"$f":"'CRO2_Crono Simplificado'!#REF!","v":{"$error":"#REF!"}},{"$f":"'CRO2_Crono Simplificado'!SRQ4","v":0},{"$f":"'CRO2_Crono Simplificado'!#REF!","v":{"$error":"#REF!"}},{"$f":"'CRO2_Crono Simplificado'!SRS4","v":0},{"$f":"'CRO2_Crono Simplificado'!#REF!","v":{"$error":"#REF!"}},{"$f":"'CRO2_Crono Simplificado'!SRU4","v":0},{"$f":"'CRO2_Crono Simplificado'!#REF!","v":{"$error":"#REF!"}},{"$f":"'CRO2_Crono Simplificado'!SRW4","v":0},{"$f":"'CRO2_Crono Simplificado'!#REF!","v":{"$error":"#REF!"}},{"$f":"'CRO2_Crono Simplificado'!SRY4","v":0},{"$f":"'CRO2_Crono Simplificado'!#REF!","v":{"$error":"#REF!"}},{"$f":"'CRO2_Crono Simplificado'!SSA4","v":0},{"$f":"'CRO2_Crono Simplificado'!#REF!","v":{"$error":"#REF!"}},{"$f":"'CRO2_Crono Simplificado'!SSC4","v":0},{"$f":"'CRO2_Crono Simplificado'!#REF!","v":{"$error":"#REF!"}},{"$f":"'CRO2_Crono Simplificado'!SSE4","v":0},{"$f":"'CRO2_Crono Simplificado'!#REF!","v":{"$error":"#REF!"}},{"$f":"'CRO2_Crono Simplificado'!SSG4","v":0},{"$f":"'CRO2_Crono Simplificado'!#REF!","v":{"$error":"#REF!"}},{"$f":"'CRO2_Crono Simplificado'!SSI4","v":0},{"$f":"'CRO2_Crono Simplificado'!#REF!","v":{"$error":"#REF!"}},{"$f":"'CRO2_Crono Simplificado'!SSK4","v":0},{"$f":"'CRO2_Crono Simplificado'!#REF!","v":{"$error":"#REF!"}},{"$f":"'CRO2_Crono Simplificado'!SSM4","v":0},{"$f":"'CRO2_Crono Simplificado'!#REF!","v":{"$error":"#REF!"}},{"$f":"'CRO2_Crono Simplificado'!SSO4","v":0},{"$f":"'CRO2_Crono Simplificado'!#REF!","v":{"$error":"#REF!"}},{"$f":"'CRO2_Crono Simplificado'!SSQ4","v":0},{"$f":"'CRO2_Crono Simplificado'!#REF!","v":{"$error":"#REF!"}},{"$f":"'CRO2_Crono Simplificado'!SSS4","v":0},{"$f":"'CRO2_Crono Simplificado'!#REF!","v":{"$error":"#REF!"}},{"$f":"'CRO2_Crono Simplificado'!SSU4","v":0},{"$f":"'CRO2_Crono Simplificado'!#REF!","v":{"$error":"#REF!"}},{"$f":"'CRO2_Crono Simplificado'!SSW4","v":0},{"$f":"'CRO2_Crono Simplificado'!#REF!","v":{"$error":"#REF!"}},{"$f":"'CRO2_Crono Simplificado'!SSY4","v":0},{"$f":"'CRO2_Crono Simplificado'!#REF!","v":{"$error":"#REF!"}},{"$f":"'CRO2_Crono Simplificado'!STA4","v":0},{"$f":"'CRO2_Crono Simplificado'!#REF!","v":{"$error":"#REF!"}},{"$f":"'CRO2_Crono Simplificado'!STC4","v":0},{"$f":"'CRO2_Crono Simplificado'!#REF!","v":{"$error":"#REF!"}},{"$f":"'CRO2_Crono Simplificado'!STE4","v":0},{"$f":"'CRO2_Crono Simplificado'!#REF!","v":{"$error":"#REF!"}},{"$f":"'CRO2_Crono Simplificado'!STG4","v":0},{"$f":"'CRO2_Crono Simplificado'!#REF!","v":{"$error":"#REF!"}},{"$f":"'CRO2_Crono Simplificado'!STI4","v":0},{"$f":"'CRO2_Crono Simplificado'!#REF!","v":{"$error":"#REF!"}},{"$f":"'CRO2_Crono Simplificado'!STK4","v":0},{"$f":"'CRO2_Crono Simplificado'!#REF!","v":{"$error":"#REF!"}},{"$f":"'CRO2_Crono Simplificado'!STM4","v":0},{"$f":"'CRO2_Crono Simplificado'!#REF!","v":{"$error":"#REF!"}},{"$f":"'CRO2_Crono Simplificado'!STO4","v":0},{"$f":"'CRO2_Crono Simplificado'!#REF!","v":{"$error":"#REF!"}},{"$f":"'CRO2_Crono Simplificado'!STQ4","v":0},{"$f":"'CRO2_Crono Simplificado'!#REF!","v":{"$error":"#REF!"}},{"$f":"'CRO2_Crono Simplificado'!STS4","v":0},{"$f":"'CRO2_Crono Simplificado'!#REF!","v":{"$error":"#REF!"}},{"$f":"'CRO2_Crono Simplificado'!STU4","v":0},{"$f":"'CRO2_Crono Simplificado'!#REF!","v":{"$error":"#REF!"}},{"$f":"'CRO2_Crono Simplificado'!STW4","v":0},{"$f":"'CRO2_Crono Simplificado'!#REF!","v":{"$error":"#REF!"}},{"$f":"'CRO2_Crono Simplificado'!STY4","v":0},{"$f":"'CRO2_Crono Simplificado'!#REF!","v":{"$error":"#REF!"}},{"$f":"'CRO2_Crono Simplificado'!SUA4","v":0},{"$f":"'CRO2_Crono Simplificado'!#REF!","v":{"$error":"#REF!"}},{"$f":"'CRO2_Crono Simplificado'!SUC4","v":0},{"$f":"'CRO2_Crono Simplificado'!#REF!","v":{"$error":"#REF!"}},{"$f":"'CRO2_Crono Simplificado'!SUE4","v":0},{"$f":"'CRO2_Crono Simplificado'!#REF!","v":{"$error":"#REF!"}},{"$f":"'CRO2_Crono Simplificado'!SUG4","v":0},{"$f":"'CRO2_Crono Simplificado'!#REF!","v":{"$error":"#REF!"}},{"$f":"'CRO2_Crono Simplificado'!SUI4","v":0},{"$f":"'CRO2_Crono Simplificado'!#REF!","v":{"$error":"#REF!"}},{"$f":"'CRO2_Crono Simplificado'!SUK4","v":0},{"$f":"'CRO2_Crono Simplificado'!#REF!","v":{"$error":"#REF!"}},{"$f":"'CRO2_Crono Simplificado'!SUM4","v":0},{"$f":"'CRO2_Crono Simplificado'!#REF!","v":{"$error":"#REF!"}},{"$f":"'CRO2_Crono Simplificado'!SUO4","v":0},{"$f":"'CRO2_Crono Simplificado'!#REF!","v":{"$error":"#REF!"}},{"$f":"'CRO2_Crono Simplificado'!SUQ4","v":0},{"$f":"'CRO2_Crono Simplificado'!#REF!","v":{"$error":"#REF!"}},{"$f":"'CRO2_Crono Simplificado'!SUS4","v":0},{"$f":"'CRO2_Crono Simplificado'!#REF!","v":{"$error":"#REF!"}},{"$f":"'CRO2_Crono Simplificado'!SUU4","v":0},{"$f":"'CRO2_Crono Simplificado'!#REF!","v":{"$error":"#REF!"}},{"$f":"'CRO2_Crono Simplificado'!SUW4","v":0},{"$f":"'CRO2_Crono Simplificado'!#REF!","v":{"$error":"#REF!"}},{"$f":"'CRO2_Crono Simplificado'!SUY4","v":0},{"$f":"'CRO2_Crono Simplificado'!#REF!","v":{"$error":"#REF!"}},{"$f":"'CRO2_Crono Simplificado'!SVA4","v":0},{"$f":"'CRO2_Crono Simplificado'!#REF!","v":{"$error":"#REF!"}},{"$f":"'CRO2_Crono Simplificado'!SVC4","v":0},{"$f":"'CRO2_Crono Simplificado'!#REF!","v":{"$error":"#REF!"}},{"$f":"'CRO2_Crono Simplificado'!SVE4","v":0},{"$f":"'CRO2_Crono Simplificado'!#REF!","v":{"$error":"#REF!"}},{"$f":"'CRO2_Crono Simplificado'!SVG4","v":0},{"$f":"'CRO2_Crono Simplificado'!#REF!","v":{"$error":"#REF!"}},{"$f":"'CRO2_Crono Simplificado'!SVI4","v":0},{"$f":"'CRO2_Crono Simplificado'!#REF!","v":{"$error":"#REF!"}},{"$f":"'CRO2_Crono Simplificado'!SVK4","v":0},{"$f":"'CRO2_Crono Simplificado'!#REF!","v":{"$error":"#REF!"}},{"$f":"'CRO2_Crono Simplificado'!SVM4","v":0},{"$f":"'CRO2_Crono Simplificado'!#REF!","v":{"$error":"#REF!"}},{"$f":"'CRO2_Crono Simplificado'!SVO4","v":0},{"$f":"'CRO2_Crono Simplificado'!#REF!","v":{"$error":"#REF!"}},{"$f":"'CRO2_Crono Simplificado'!SVQ4","v":0},{"$f":"'CRO2_Crono Simplificado'!#REF!","v":{"$error":"#REF!"}},{"$f":"'CRO2_Crono Simplificado'!SVS4","v":0},{"$f":"'CRO2_Crono Simplificado'!#REF!","v":{"$error":"#REF!"}},{"$f":"'CRO2_Crono Simplificado'!SVU4","v":0},{"$f":"'CRO2_Crono Simplificado'!#REF!","v":{"$error":"#REF!"}},{"$f":"'CRO2_Crono Simplificado'!SVW4","v":0},{"$f":"'CRO2_Crono Simplificado'!#REF!","v":{"$error":"#REF!"}},{"$f":"'CRO2_Crono Simplificado'!SVY4","v":0},{"$f":"'CRO2_Crono Simplificado'!#REF!","v":{"$error":"#REF!"}},{"$f":"'CRO2_Crono Simplificado'!SWA4","v":0},{"$f":"'CRO2_Crono Simplificado'!#REF!","v":{"$error":"#REF!"}},{"$f":"'CRO2_Crono Simplificado'!SWC4","v":0},{"$f":"'CRO2_Crono Simplificado'!#REF!","v":{"$error":"#REF!"}},{"$f":"'CRO2_Crono Simplificado'!SWE4","v":0},{"$f":"'CRO2_Crono Simplificado'!#REF!","v":{"$error":"#REF!"}},{"$f":"'CRO2_Crono Simplificado'!SWG4","v":0},{"$f":"'CRO2_Crono Simplificado'!#REF!","v":{"$error":"#REF!"}},{"$f":"'CRO2_Crono Simplificado'!SWI4","v":0},{"$f":"'CRO2_Crono Simplificado'!#REF!","v":{"$error":"#REF!"}},{"$f":"'CRO2_Crono Simplificado'!SWK4","v":0},{"$f":"'CRO2_Crono Simplificado'!#REF!","v":{"$error":"#REF!"}},{"$f":"'CRO2_Crono Simplificado'!SWM4","v":0},{"$f":"'CRO2_Crono Simplificado'!#REF!","v":{"$error":"#REF!"}},{"$f":"'CRO2_Crono Simplificado'!SWO4","v":0},{"$f":"'CRO2_Crono Simplificado'!#REF!","v":{"$error":"#REF!"}},{"$f":"'CRO2_Crono Simplificado'!SWQ4","v":0},{"$f":"'CRO2_Crono Simplificado'!#REF!","v":{"$error":"#REF!"}},{"$f":"'CRO2_Crono Simplificado'!SWS4","v":0},{"$f":"'CRO2_Crono Simplificado'!#REF!","v":{"$error":"#REF!"}},{"$f":"'CRO2_Crono Simplificado'!SWU4","v":0},{"$f":"'CRO2_Crono Simplificado'!#REF!","v":{"$error":"#REF!"}},{"$f":"'CRO2_Crono Simplificado'!SWW4","v":0},{"$f":"'CRO2_Crono Simplificado'!#REF!","v":{"$error":"#REF!"}},{"$f":"'CRO2_Crono Simplificado'!SWY4","v":0},{"$f":"'CRO2_Crono Simplificado'!#REF!","v":{"$error":"#REF!"}},{"$f":"'CRO2_Crono Simplificado'!SXA4","v":0},{"$f":"'CRO2_Crono Simplificado'!#REF!","v":{"$error":"#REF!"}},{"$f":"'CRO2_Crono Simplificado'!SXC4","v":0},{"$f":"'CRO2_Crono Simplificado'!#REF!","v":{"$error":"#REF!"}},{"$f":"'CRO2_Crono Simplificado'!SXE4","v":0},{"$f":"'CRO2_Crono Simplificado'!#REF!","v":{"$error":"#REF!"}},{"$f":"'CRO2_Crono Simplificado'!SXG4","v":0},{"$f":"'CRO2_Crono Simplificado'!#REF!","v":{"$error":"#REF!"}},{"$f":"'CRO2_Crono Simplificado'!SXI4","v":0},{"$f":"'CRO2_Crono Simplificado'!#REF!","v":{"$error":"#REF!"}},{"$f":"'CRO2_Crono Simplificado'!SXK4","v":0},{"$f":"'CRO2_Crono Simplificado'!#REF!","v":{"$error":"#REF!"}},{"$f":"'CRO2_Crono Simplificado'!SXM4","v":0},{"$f":"'CRO2_Crono Simplificado'!#REF!","v":{"$error":"#REF!"}},{"$f":"'CRO2_Crono Simplificado'!SXO4","v":0},{"$f":"'CRO2_Crono Simplificado'!#REF!","v":{"$error":"#REF!"}},{"$f":"'CRO2_Crono Simplificado'!SXQ4","v":0},{"$f":"'CRO2_Crono Simplificado'!#REF!","v":{"$error":"#REF!"}},{"$f":"'CRO2_Crono Simplificado'!SXS4","v":0},{"$f":"'CRO2_Crono Simplificado'!#REF!","v":{"$error":"#REF!"}},{"$f":"'CRO2_Crono Simplificado'!SXU4","v":0},{"$f":"'CRO2_Crono Simplificado'!#REF!","v":{"$error":"#REF!"}},{"$f":"'CRO2_Crono Simplificado'!SXW4","v":0},{"$f":"'CRO2_Crono Simplificado'!#REF!","v":{"$error":"#REF!"}},{"$f":"'CRO2_Crono Simplificado'!SXY4","v":0},{"$f":"'CRO2_Crono Simplificado'!#REF!","v":{"$error":"#REF!"}},{"$f":"'CRO2_Crono Simplificado'!SYA4","v":0},{"$f":"'CRO2_Crono Simplificado'!#REF!","v":{"$error":"#REF!"}},{"$f":"'CRO2_Crono Simplificado'!SYC4","v":0},{"$f":"'CRO2_Crono Simplificado'!#REF!","v":{"$error":"#REF!"}},{"$f":"'CRO2_Crono Simplificado'!SYE4","v":0},{"$f":"'CRO2_Crono Simplificado'!#REF!","v":{"$error":"#REF!"}},{"$f":"'CRO2_Crono Simplificado'!SYG4","v":0},{"$f":"'CRO2_Crono Simplificado'!#REF!","v":{"$error":"#REF!"}},{"$f":"'CRO2_Crono Simplificado'!SYI4","v":0},{"$f":"'CRO2_Crono Simplificado'!#REF!","v":{"$error":"#REF!"}},{"$f":"'CRO2_Crono Simplificado'!SYK4","v":0},{"$f":"'CRO2_Crono Simplificado'!#REF!","v":{"$error":"#REF!"}},{"$f":"'CRO2_Crono Simplificado'!SYM4","v":0},{"$f":"'CRO2_Crono Simplificado'!#REF!","v":{"$error":"#REF!"}},{"$f":"'CRO2_Crono Simplificado'!SYO4","v":0},{"$f":"'CRO2_Crono Simplificado'!#REF!","v":{"$error":"#REF!"}},{"$f":"'CRO2_Crono Simplificado'!SYQ4","v":0},{"$f":"'CRO2_Crono Simplificado'!#REF!","v":{"$error":"#REF!"}},{"$f":"'CRO2_Crono Simplificado'!SYS4","v":0},{"$f":"'CRO2_Crono Simplificado'!#REF!","v":{"$error":"#REF!"}},{"$f":"'CRO2_Crono Simplificado'!SYU4","v":0},{"$f":"'CRO2_Crono Simplificado'!#REF!","v":{"$error":"#REF!"}},{"$f":"'CRO2_Crono Simplificado'!SYW4","v":0},{"$f":"'CRO2_Crono Simplificado'!#REF!","v":{"$error":"#REF!"}},{"$f":"'CRO2_Crono Simplificado'!SYY4","v":0},{"$f":"'CRO2_Crono Simplificado'!#REF!","v":{"$error":"#REF!"}},{"$f":"'CRO2_Crono Simplificado'!SZA4","v":0},{"$f":"'CRO2_Crono Simplificado'!#REF!","v":{"$error":"#REF!"}},{"$f":"'CRO2_Crono Simplificado'!SZC4","v":0},{"$f":"'CRO2_Crono Simplificado'!#REF!","v":{"$error":"#REF!"}},{"$f":"'CRO2_Crono Simplificado'!SZE4","v":0},{"$f":"'CRO2_Crono Simplificado'!#REF!","v":{"$error":"#REF!"}},{"$f":"'CRO2_Crono Simplificado'!SZG4","v":0},{"$f":"'CRO2_Crono Simplificado'!#REF!","v":{"$error":"#REF!"}},{"$f":"'CRO2_Crono Simplificado'!SZI4","v":0},{"$f":"'CRO2_Crono Simplificado'!#REF!","v":{"$error":"#REF!"}},{"$f":"'CRO2_Crono Simplificado'!SZK4","v":0},{"$f":"'CRO2_Crono Simplificado'!#REF!","v":{"$error":"#REF!"}},{"$f":"'CRO2_Crono Simplificado'!SZM4","v":0},{"$f":"'CRO2_Crono Simplificado'!#REF!","v":{"$error":"#REF!"}},{"$f":"'CRO2_Crono Simplificado'!SZO4","v":0},{"$f":"'CRO2_Crono Simplificado'!#REF!","v":{"$error":"#REF!"}},{"$f":"'CRO2_Crono Simplificado'!SZQ4","v":0},{"$f":"'CRO2_Crono Simplificado'!#REF!","v":{"$error":"#REF!"}},{"$f":"'CRO2_Crono Simplificado'!SZS4","v":0},{"$f":"'CRO2_Crono Simplificado'!#REF!","v":{"$error":"#REF!"}},{"$f":"'CRO2_Crono Simplificado'!SZU4","v":0},{"$f":"'CRO2_Crono Simplificado'!#REF!","v":{"$error":"#REF!"}},{"$f":"'CRO2_Crono Simplificado'!SZW4","v":0},{"$f":"'CRO2_Crono Simplificado'!#REF!","v":{"$error":"#REF!"}},{"$f":"'CRO2_Crono Simplificado'!SZY4","v":0},{"$f":"'CRO2_Crono Simplificado'!#REF!","v":{"$error":"#REF!"}},{"$f":"'CRO2_Crono Simplificado'!TAA4","v":0},{"$f":"'CRO2_Crono Simplificado'!#REF!","v":{"$error":"#REF!"}},{"$f":"'CRO2_Crono Simplificado'!TAC4","v":0},{"$f":"'CRO2_Crono Simplificado'!#REF!","v":{"$error":"#REF!"}},{"$f":"'CRO2_Crono Simplificado'!TAE4","v":0},{"$f":"'CRO2_Crono Simplificado'!#REF!","v":{"$error":"#REF!"}},{"$f":"'CRO2_Crono Simplificado'!TAG4","v":0},{"$f":"'CRO2_Crono Simplificado'!#REF!","v":{"$error":"#REF!"}},{"$f":"'CRO2_Crono Simplificado'!TAI4","v":0},{"$f":"'CRO2_Crono Simplificado'!#REF!","v":{"$error":"#REF!"}},{"$f":"'CRO2_Crono Simplificado'!TAK4","v":0},{"$f":"'CRO2_Crono Simplificado'!#REF!","v":{"$error":"#REF!"}},{"$f":"'CRO2_Crono Simplificado'!TAM4","v":0},{"$f":"'CRO2_Crono Simplificado'!#REF!","v":{"$error":"#REF!"}},{"$f":"'CRO2_Crono Simplificado'!TAO4","v":0},{"$f":"'CRO2_Crono Simplificado'!#REF!","v":{"$error":"#REF!"}},{"$f":"'CRO2_Crono Simplificado'!TAQ4","v":0},{"$f":"'CRO2_Crono Simplificado'!#REF!","v":{"$error":"#REF!"}},{"$f":"'CRO2_Crono Simplificado'!TAS4","v":0},{"$f":"'CRO2_Crono Simplificado'!#REF!","v":{"$error":"#REF!"}},{"$f":"'CRO2_Crono Simplificado'!TAU4","v":0},{"$f":"'CRO2_Crono Simplificado'!#REF!","v":{"$error":"#REF!"}},{"$f":"'CRO2_Crono Simplificado'!TAW4","v":0},{"$f":"'CRO2_Crono Simplificado'!#REF!","v":{"$error":"#REF!"}},{"$f":"'CRO2_Crono Simplificado'!TAY4","v":0},{"$f":"'CRO2_Crono Simplificado'!#REF!","v":{"$error":"#REF!"}},{"$f":"'CRO2_Crono Simplificado'!TBA4","v":0},{"$f":"'CRO2_Crono Simplificado'!#REF!","v":{"$error":"#REF!"}},{"$f":"'CRO2_Crono Simplificado'!TBC4","v":0},{"$f":"'CRO2_Crono Simplificado'!#REF!","v":{"$error":"#REF!"}},{"$f":"'CRO2_Crono Simplificado'!TBE4","v":0},{"$f":"'CRO2_Crono Simplificado'!#REF!","v":{"$error":"#REF!"}},{"$f":"'CRO2_Crono Simplificado'!TBG4","v":0},{"$f":"'CRO2_Crono Simplificado'!#REF!","v":{"$error":"#REF!"}},{"$f":"'CRO2_Crono Simplificado'!TBI4","v":0},{"$f":"'CRO2_Crono Simplificado'!#REF!","v":{"$error":"#REF!"}},{"$f":"'CRO2_Crono Simplificado'!TBK4","v":0},{"$f":"'CRO2_Crono Simplificado'!#REF!","v":{"$error":"#REF!"}},{"$f":"'CRO2_Crono Simplificado'!TBM4","v":0},{"$f":"'CRO2_Crono Simplificado'!#REF!","v":{"$error":"#REF!"}},{"$f":"'CRO2_Crono Simplificado'!TBO4","v":0},{"$f":"'CRO2_Crono Simplificado'!#REF!","v":{"$error":"#REF!"}},{"$f":"'CRO2_Crono Simplificado'!TBQ4","v":0},{"$f":"'CRO2_Crono Simplificado'!#REF!","v":{"$error":"#REF!"}},{"$f":"'CRO2_Crono Simplificado'!TBS4","v":0},{"$f":"'CRO2_Crono Simplificado'!#REF!","v":{"$error":"#REF!"}},{"$f":"'CRO2_Crono Simplificado'!TBU4","v":0},{"$f":"'CRO2_Crono Simplificado'!#REF!","v":{"$error":"#REF!"}},{"$f":"'CRO2_Crono Simplificado'!TBW4","v":0},{"$f":"'CRO2_Crono Simplificado'!#REF!","v":{"$error":"#REF!"}},{"$f":"'CRO2_Crono Simplificado'!TBY4","v":0},{"$f":"'CRO2_Crono Simplificado'!#REF!","v":{"$error":"#REF!"}},{"$f":"'CRO2_Crono Simplificado'!TCA4","v":0},{"$f":"'CRO2_Crono Simplificado'!#REF!","v":{"$error":"#REF!"}},{"$f":"'CRO2_Crono Simplificado'!TCC4","v":0},{"$f":"'CRO2_Crono Simplificado'!#REF!","v":{"$error":"#REF!"}},{"$f":"'CRO2_Crono Simplificado'!TCE4","v":0},{"$f":"'CRO2_Crono Simplificado'!#REF!","v":{"$error":"#REF!"}},{"$f":"'CRO2_Crono Simplificado'!TCG4","v":0},{"$f":"'CRO2_Crono Simplificado'!#REF!","v":{"$error":"#REF!"}},{"$f":"'CRO2_Crono Simplificado'!TCI4","v":0},{"$f":"'CRO2_Crono Simplificado'!#REF!","v":{"$error":"#REF!"}},{"$f":"'CRO2_Crono Simplificado'!TCK4","v":0},{"$f":"'CRO2_Crono Simplificado'!#REF!","v":{"$error":"#REF!"}},{"$f":"'CRO2_Crono Simplificado'!TCM4","v":0},{"$f":"'CRO2_Crono Simplificado'!#REF!","v":{"$error":"#REF!"}},{"$f":"'CRO2_Crono Simplificado'!TCO4","v":0},{"$f":"'CRO2_Crono Simplificado'!#REF!","v":{"$error":"#REF!"}},{"$f":"'CRO2_Crono Simplificado'!TCQ4","v":0},{"$f":"'CRO2_Crono Simplificado'!#REF!","v":{"$error":"#REF!"}},{"$f":"'CRO2_Crono Simplificado'!TCS4","v":0},{"$f":"'CRO2_Crono Simplificado'!#REF!","v":{"$error":"#REF!"}},{"$f":"'CRO2_Crono Simplificado'!TCU4","v":0},{"$f":"'CRO2_Crono Simplificado'!#REF!","v":{"$error":"#REF!"}},{"$f":"'CRO2_Crono Simplificado'!TCW4","v":0},{"$f":"'CRO2_Crono Simplificado'!#REF!","v":{"$error":"#REF!"}},{"$f":"'CRO2_Crono Simplificado'!TCY4","v":0},{"$f":"'CRO2_Crono Simplificado'!#REF!","v":{"$error":"#REF!"}},{"$f":"'CRO2_Crono Simplificado'!TDA4","v":0},{"$f":"'CRO2_Crono Simplificado'!#REF!","v":{"$error":"#REF!"}},{"$f":"'CRO2_Crono Simplificado'!TDC4","v":0},{"$f":"'CRO2_Crono Simplificado'!#REF!","v":{"$error":"#REF!"}},{"$f":"'CRO2_Crono Simplificado'!TDE4","v":0},{"$f":"'CRO2_Crono Simplificado'!#REF!","v":{"$error":"#REF!"}},{"$f":"'CRO2_Crono Simplificado'!TDG4","v":0},{"$f":"'CRO2_Crono Simplificado'!#REF!","v":{"$error":"#REF!"}},{"$f":"'CRO2_Crono Simplificado'!TDI4","v":0},{"$f":"'CRO2_Crono Simplificado'!#REF!","v":{"$error":"#REF!"}},{"$f":"'CRO2_Crono Simplificado'!TDK4","v":0},{"$f":"'CRO2_Crono Simplificado'!#REF!","v":{"$error":"#REF!"}},{"$f":"'CRO2_Crono Simplificado'!TDM4","v":0},{"$f":"'CRO2_Crono Simplificado'!#REF!","v":{"$error":"#REF!"}},{"$f":"'CRO2_Crono Simplificado'!TDO4","v":0},{"$f":"'CRO2_Crono Simplificado'!#REF!","v":{"$error":"#REF!"}},{"$f":"'CRO2_Crono Simplificado'!TDQ4","v":0},{"$f":"'CRO2_Crono Simplificado'!#REF!","v":{"$error":"#REF!"}},{"$f":"'CRO2_Crono Simplificado'!TDS4","v":0},{"$f":"'CRO2_Crono Simplificado'!#REF!","v":{"$error":"#REF!"}},{"$f":"'CRO2_Crono Simplificado'!TDU4","v":0},{"$f":"'CRO2_Crono Simplificado'!#REF!","v":{"$error":"#REF!"}},{"$f":"'CRO2_Crono Simplificado'!TDW4","v":0},{"$f":"'CRO2_Crono Simplificado'!#REF!","v":{"$error":"#REF!"}},{"$f":"'CRO2_Crono Simplificado'!TDY4","v":0},{"$f":"'CRO2_Crono Simplificado'!#REF!","v":{"$error":"#REF!"}},{"$f":"'CRO2_Crono Simplificado'!TEA4","v":0},{"$f":"'CRO2_Crono Simplificado'!#REF!","v":{"$error":"#REF!"}},{"$f":"'CRO2_Crono Simplificado'!TEC4","v":0},{"$f":"'CRO2_Crono Simplificado'!#REF!","v":{"$error":"#REF!"}},{"$f":"'CRO2_Crono Simplificado'!TEE4","v":0},{"$f":"'CRO2_Crono Simplificado'!#REF!","v":{"$error":"#REF!"}},{"$f":"'CRO2_Crono Simplificado'!TEG4","v":0},{"$f":"'CRO2_Crono Simplificado'!#REF!","v":{"$error":"#REF!"}},{"$f":"'CRO2_Crono Simplificado'!TEI4","v":0},{"$f":"'CRO2_Crono Simplificado'!#REF!","v":{"$error":"#REF!"}},{"$f":"'CRO2_Crono Simplificado'!TEK4","v":0},{"$f":"'CRO2_Crono Simplificado'!#REF!","v":{"$error":"#REF!"}},{"$f":"'CRO2_Crono Simplificado'!TEM4","v":0},{"$f":"'CRO2_Crono Simplificado'!#REF!","v":{"$error":"#REF!"}},{"$f":"'CRO2_Crono Simplificado'!TEO4","v":0},{"$f":"'CRO2_Crono Simplificado'!#REF!","v":{"$error":"#REF!"}},{"$f":"'CRO2_Crono Simplificado'!TEQ4","v":0},{"$f":"'CRO2_Crono Simplificado'!#REF!","v":{"$error":"#REF!"}},{"$f":"'CRO2_Crono Simplificado'!TES4","v":0},{"$f":"'CRO2_Crono Simplificado'!#REF!","v":{"$error":"#REF!"}},{"$f":"'CRO2_Crono Simplificado'!TEU4","v":0},{"$f":"'CRO2_Crono Simplificado'!#REF!","v":{"$error":"#REF!"}},{"$f":"'CRO2_Crono Simplificado'!TEW4","v":0},{"$f":"'CRO2_Crono Simplificado'!#REF!","v":{"$error":"#REF!"}},{"$f":"'CRO2_Crono Simplificado'!TEY4","v":0},{"$f":"'CRO2_Crono Simplificado'!#REF!","v":{"$error":"#REF!"}},{"$f":"'CRO2_Crono Simplificado'!TFA4","v":0},{"$f":"'CRO2_Crono Simplificado'!#REF!","v":{"$error":"#REF!"}},{"$f":"'CRO2_Crono Simplificado'!TFC4","v":0},{"$f":"'CRO2_Crono Simplificado'!#REF!","v":{"$error":"#REF!"}},{"$f":"'CRO2_Crono Simplificado'!TFE4","v":0},{"$f":"'CRO2_Crono Simplificado'!#REF!","v":{"$error":"#REF!"}},{"$f":"'CRO2_Crono Simplificado'!TFG4","v":0},{"$f":"'CRO2_Crono Simplificado'!#REF!","v":{"$error":"#REF!"}},{"$f":"'CRO2_Crono Simplificado'!TFI4","v":0},{"$f":"'CRO2_Crono Simplificado'!#REF!","v":{"$error":"#REF!"}},{"$f":"'CRO2_Crono Simplificado'!TFK4","v":0},{"$f":"'CRO2_Crono Simplificado'!#REF!","v":{"$error":"#REF!"}},{"$f":"'CRO2_Crono Simplificado'!TFM4","v":0},{"$f":"'CRO2_Crono Simplificado'!#REF!","v":{"$error":"#REF!"}},{"$f":"'CRO2_Crono Simplificado'!TFO4","v":0},{"$f":"'CRO2_Crono Simplificado'!#REF!","v":{"$error":"#REF!"}},{"$f":"'CRO2_Crono Simplificado'!TFQ4","v":0},{"$f":"'CRO2_Crono Simplificado'!#REF!","v":{"$error":"#REF!"}},{"$f":"'CRO2_Crono Simplificado'!TFS4","v":0},{"$f":"'CRO2_Crono Simplificado'!#REF!","v":{"$error":"#REF!"}},{"$f":"'CRO2_Crono Simplificado'!TFU4","v":0},{"$f":"'CRO2_Crono Simplificado'!#REF!","v":{"$error":"#REF!"}},{"$f":"'CRO2_Crono Simplificado'!TFW4","v":0},{"$f":"'CRO2_Crono Simplificado'!#REF!","v":{"$error":"#REF!"}},{"$f":"'CRO2_Crono Simplificado'!TFY4","v":0},{"$f":"'CRO2_Crono Simplificado'!#REF!","v":{"$error":"#REF!"}},{"$f":"'CRO2_Crono Simplificado'!TGA4","v":0},{"$f":"'CRO2_Crono Simplificado'!#REF!","v":{"$error":"#REF!"}},{"$f":"'CRO2_Crono Simplificado'!TGC4","v":0},{"$f":"'CRO2_Crono Simplificado'!#REF!","v":{"$error":"#REF!"}},{"$f":"'CRO2_Crono Simplificado'!TGE4","v":0},{"$f":"'CRO2_Crono Simplificado'!#REF!","v":{"$error":"#REF!"}},{"$f":"'CRO2_Crono Simplificado'!TGG4","v":0},{"$f":"'CRO2_Crono Simplificado'!#REF!","v":{"$error":"#REF!"}},{"$f":"'CRO2_Crono Simplificado'!TGI4","v":0},{"$f":"'CRO2_Crono Simplificado'!#REF!","v":{"$error":"#REF!"}},{"$f":"'CRO2_Crono Simplificado'!TGK4","v":0},{"$f":"'CRO2_Crono Simplificado'!#REF!","v":{"$error":"#REF!"}},{"$f":"'CRO2_Crono Simplificado'!TGM4","v":0},{"$f":"'CRO2_Crono Simplificado'!#REF!","v":{"$error":"#REF!"}},{"$f":"'CRO2_Crono Simplificado'!TGO4","v":0},{"$f":"'CRO2_Crono Simplificado'!#REF!","v":{"$error":"#REF!"}},{"$f":"'CRO2_Crono Simplificado'!TGQ4","v":0},{"$f":"'CRO2_Crono Simplificado'!#REF!","v":{"$error":"#REF!"}},{"$f":"'CRO2_Crono Simplificado'!TGS4","v":0},{"$f":"'CRO2_Crono Simplificado'!#REF!","v":{"$error":"#REF!"}},{"$f":"'CRO2_Crono Simplificado'!TGU4","v":0},{"$f":"'CRO2_Crono Simplificado'!#REF!","v":{"$error":"#REF!"}},{"$f":"'CRO2_Crono Simplificado'!TGW4","v":0},{"$f":"'CRO2_Crono Simplificado'!#REF!","v":{"$error":"#REF!"}},{"$f":"'CRO2_Crono Simplificado'!TGY4","v":0},{"$f":"'CRO2_Crono Simplificado'!#REF!","v":{"$error":"#REF!"}},{"$f":"'CRO2_Crono Simplificado'!THA4","v":0},{"$f":"'CRO2_Crono Simplificado'!#REF!","v":{"$error":"#REF!"}},{"$f":"'CRO2_Crono Simplificado'!THC4","v":0},{"$f":"'CRO2_Crono Simplificado'!#REF!","v":{"$error":"#REF!"}},{"$f":"'CRO2_Crono Simplificado'!THE4","v":0},{"$f":"'CRO2_Crono Simplificado'!#REF!","v":{"$error":"#REF!"}},{"$f":"'CRO2_Crono Simplificado'!THG4","v":0},{"$f":"'CRO2_Crono Simplificado'!#REF!","v":{"$error":"#REF!"}},{"$f":"'CRO2_Crono Simplificado'!THI4","v":0},{"$f":"'CRO2_Crono Simplificado'!#REF!","v":{"$error":"#REF!"}},{"$f":"'CRO2_Crono Simplificado'!THK4","v":0},{"$f":"'CRO2_Crono Simplificado'!#REF!","v":{"$error":"#REF!"}},{"$f":"'CRO2_Crono Simplificado'!THM4","v":0},{"$f":"'CRO2_Crono Simplificado'!#REF!","v":{"$error":"#REF!"}},{"$f":"'CRO2_Crono Simplificado'!THO4","v":0},{"$f":"'CRO2_Crono Simplificado'!#REF!","v":{"$error":"#REF!"}},{"$f":"'CRO2_Crono Simplificado'!THQ4","v":0},{"$f":"'CRO2_Crono Simplificado'!#REF!","v":{"$error":"#REF!"}},{"$f":"'CRO2_Crono Simplificado'!THS4","v":0},{"$f":"'CRO2_Crono Simplificado'!#REF!","v":{"$error":"#REF!"}},{"$f":"'CRO2_Crono Simplificado'!THU4","v":0},{"$f":"'CRO2_Crono Simplificado'!#REF!","v":{"$error":"#REF!"}},{"$f":"'CRO2_Crono Simplificado'!THW4","v":0},{"$f":"'CRO2_Crono Simplificado'!#REF!","v":{"$error":"#REF!"}},{"$f":"'CRO2_Crono Simplificado'!THY4","v":0},{"$f":"'CRO2_Crono Simplificado'!#REF!","v":{"$error":"#REF!"}},{"$f":"'CRO2_Crono Simplificado'!TIA4","v":0},{"$f":"'CRO2_Crono Simplificado'!#REF!","v":{"$error":"#REF!"}},{"$f":"'CRO2_Crono Simplificado'!TIC4","v":0},{"$f":"'CRO2_Crono Simplificado'!#REF!","v":{"$error":"#REF!"}},{"$f":"'CRO2_Crono Simplificado'!TIE4","v":0},{"$f":"'CRO2_Crono Simplificado'!#REF!","v":{"$error":"#REF!"}},{"$f":"'CRO2_Crono Simplificado'!TIG4","v":0},{"$f":"'CRO2_Crono Simplificado'!#REF!","v":{"$error":"#REF!"}},{"$f":"'CRO2_Crono Simplificado'!TII4","v":0},{"$f":"'CRO2_Crono Simplificado'!#REF!","v":{"$error":"#REF!"}},{"$f":"'CRO2_Crono Simplificado'!TIK4","v":0},{"$f":"'CRO2_Crono Simplificado'!#REF!","v":{"$error":"#REF!"}},{"$f":"'CRO2_Crono Simplificado'!TIM4","v":0},{"$f":"'CRO2_Crono Simplificado'!#REF!","v":{"$error":"#REF!"}},{"$f":"'CRO2_Crono Simplificado'!TIO4","v":0},{"$f":"'CRO2_Crono Simplificado'!#REF!","v":{"$error":"#REF!"}},{"$f":"'CRO2_Crono Simplificado'!TIQ4","v":0},{"$f":"'CRO2_Crono Simplificado'!#REF!","v":{"$error":"#REF!"}},{"$f":"'CRO2_Crono Simplificado'!TIS4","v":0},{"$f":"'CRO2_Crono Simplificado'!#REF!","v":{"$error":"#REF!"}},{"$f":"'CRO2_Crono Simplificado'!TIU4","v":0},{"$f":"'CRO2_Crono Simplificado'!#REF!","v":{"$error":"#REF!"}},{"$f":"'CRO2_Crono Simplificado'!TIW4","v":0},{"$f":"'CRO2_Crono Simplificado'!#REF!","v":{"$error":"#REF!"}},{"$f":"'CRO2_Crono Simplificado'!TIY4","v":0},{"$f":"'CRO2_Crono Simplificado'!#REF!","v":{"$error":"#REF!"}},{"$f":"'CRO2_Crono Simplificado'!TJA4","v":0},{"$f":"'CRO2_Crono Simplificado'!#REF!","v":{"$error":"#REF!"}},{"$f":"'CRO2_Crono Simplificado'!TJC4","v":0},{"$f":"'CRO2_Crono Simplificado'!#REF!","v":{"$error":"#REF!"}},{"$f":"'CRO2_Crono Simplificado'!TJE4","v":0},{"$f":"'CRO2_Crono Simplificado'!#REF!","v":{"$error":"#REF!"}},{"$f":"'CRO2_Crono Simplificado'!TJG4","v":0},{"$f":"'CRO2_Crono Simplificado'!#REF!","v":{"$error":"#REF!"}},{"$f":"'CRO2_Crono Simplificado'!TJI4","v":0},{"$f":"'CRO2_Crono Simplificado'!#REF!","v":{"$error":"#REF!"}},{"$f":"'CRO2_Crono Simplificado'!TJK4","v":0},{"$f":"'CRO2_Crono Simplificado'!#REF!","v":{"$error":"#REF!"}},{"$f":"'CRO2_Crono Simplificado'!TJM4","v":0},{"$f":"'CRO2_Crono Simplificado'!#REF!","v":{"$error":"#REF!"}},{"$f":"'CRO2_Crono Simplificado'!TJO4","v":0},{"$f":"'CRO2_Crono Simplificado'!#REF!","v":{"$error":"#REF!"}},{"$f":"'CRO2_Crono Simplificado'!TJQ4","v":0},{"$f":"'CRO2_Crono Simplificado'!#REF!","v":{"$error":"#REF!"}},{"$f":"'CRO2_Crono Simplificado'!TJS4","v":0},{"$f":"'CRO2_Crono Simplificado'!#REF!","v":{"$error":"#REF!"}},{"$f":"'CRO2_Crono Simplificado'!TJU4","v":0},{"$f":"'CRO2_Crono Simplificado'!#REF!","v":{"$error":"#REF!"}},{"$f":"'CRO2_Crono Simplificado'!TJW4","v":0},{"$f":"'CRO2_Crono Simplificado'!#REF!","v":{"$error":"#REF!"}},{"$f":"'CRO2_Crono Simplificado'!TJY4","v":0},{"$f":"'CRO2_Crono Simplificado'!#REF!","v":{"$error":"#REF!"}},{"$f":"'CRO2_Crono Simplificado'!TKA4","v":0},{"$f":"'CRO2_Crono Simplificado'!#REF!","v":{"$error":"#REF!"}},{"$f":"'CRO2_Crono Simplificado'!TKC4","v":0},{"$f":"'CRO2_Crono Simplificado'!#REF!","v":{"$error":"#REF!"}},{"$f":"'CRO2_Crono Simplificado'!TKE4","v":0},{"$f":"'CRO2_Crono Simplificado'!#REF!","v":{"$error":"#REF!"}},{"$f":"'CRO2_Crono Simplificado'!TKG4","v":0},{"$f":"'CRO2_Crono Simplificado'!#REF!","v":{"$error":"#REF!"}},{"$f":"'CRO2_Crono Simplificado'!TKI4","v":0},{"$f":"'CRO2_Crono Simplificado'!#REF!","v":{"$error":"#REF!"}},{"$f":"'CRO2_Crono Simplificado'!TKK4","v":0},{"$f":"'CRO2_Crono Simplificado'!#REF!","v":{"$error":"#REF!"}},{"$f":"'CRO2_Crono Simplificado'!TKM4","v":0},{"$f":"'CRO2_Crono Simplificado'!#REF!","v":{"$error":"#REF!"}},{"$f":"'CRO2_Crono Simplificado'!TKO4","v":0},{"$f":"'CRO2_Crono Simplificado'!#REF!","v":{"$error":"#REF!"}},{"$f":"'CRO2_Crono Simplificado'!TKQ4","v":0},{"$f":"'CRO2_Crono Simplificado'!#REF!","v":{"$error":"#REF!"}},{"$f":"'CRO2_Crono Simplificado'!TKS4","v":0},{"$f":"'CRO2_Crono Simplificado'!#REF!","v":{"$error":"#REF!"}},{"$f":"'CRO2_Crono Simplificado'!TKU4","v":0},{"$f":"'CRO2_Crono Simplificado'!#REF!","v":{"$error":"#REF!"}},{"$f":"'CRO2_Crono Simplificado'!TKW4","v":0},{"$f":"'CRO2_Crono Simplificado'!#REF!","v":{"$error":"#REF!"}},{"$f":"'CRO2_Crono Simplificado'!TKY4","v":0},{"$f":"'CRO2_Crono Simplificado'!#REF!","v":{"$error":"#REF!"}},{"$f":"'CRO2_Crono Simplificado'!TLA4","v":0},{"$f":"'CRO2_Crono Simplificado'!#REF!","v":{"$error":"#REF!"}},{"$f":"'CRO2_Crono Simplificado'!TLC4","v":0},{"$f":"'CRO2_Crono Simplificado'!#REF!","v":{"$error":"#REF!"}},{"$f":"'CRO2_Crono Simplificado'!TLE4","v":0},{"$f":"'CRO2_Crono Simplificado'!#REF!","v":{"$error":"#REF!"}},{"$f":"'CRO2_Crono Simplificado'!TLG4","v":0},{"$f":"'CRO2_Crono Simplificado'!#REF!","v":{"$error":"#REF!"}},{"$f":"'CRO2_Crono Simplificado'!TLI4","v":0},{"$f":"'CRO2_Crono Simplificado'!#REF!","v":{"$error":"#REF!"}},{"$f":"'CRO2_Crono Simplificado'!TLK4","v":0},{"$f":"'CRO2_Crono Simplificado'!#REF!","v":{"$error":"#REF!"}},{"$f":"'CRO2_Crono Simplificado'!TLM4","v":0},{"$f":"'CRO2_Crono Simplificado'!#REF!","v":{"$error":"#REF!"}},{"$f":"'CRO2_Crono Simplificado'!TLO4","v":0},{"$f":"'CRO2_Crono Simplificado'!#REF!","v":{"$error":"#REF!"}},{"$f":"'CRO2_Crono Simplificado'!TLQ4","v":0},{"$f":"'CRO2_Crono Simplificado'!#REF!","v":{"$error":"#REF!"}},{"$f":"'CRO2_Crono Simplificado'!TLS4","v":0},{"$f":"'CRO2_Crono Simplificado'!#REF!","v":{"$error":"#REF!"}},{"$f":"'CRO2_Crono Simplificado'!TLU4","v":0},{"$f":"'CRO2_Crono Simplificado'!#REF!","v":{"$error":"#REF!"}},{"$f":"'CRO2_Crono Simplificado'!TLW4","v":0},{"$f":"'CRO2_Crono Simplificado'!#REF!","v":{"$error":"#REF!"}},{"$f":"'CRO2_Crono Simplificado'!TLY4","v":0},{"$f":"'CRO2_Crono Simplificado'!#REF!","v":{"$error":"#REF!"}},{"$f":"'CRO2_Crono Simplificado'!TMA4","v":0},{"$f":"'CRO2_Crono Simplificado'!#REF!","v":{"$error":"#REF!"}},{"$f":"'CRO2_Crono Simplificado'!TMC4","v":0},{"$f":"'CRO2_Crono Simplificado'!#REF!","v":{"$error":"#REF!"}},{"$f":"'CRO2_Crono Simplificado'!TME4","v":0},{"$f":"'CRO2_Crono Simplificado'!#REF!","v":{"$error":"#REF!"}},{"$f":"'CRO2_Crono Simplificado'!TMG4","v":0},{"$f":"'CRO2_Crono Simplificado'!#REF!","v":{"$error":"#REF!"}},{"$f":"'CRO2_Crono Simplificado'!TMI4","v":0},{"$f":"'CRO2_Crono Simplificado'!#REF!","v":{"$error":"#REF!"}},{"$f":"'CRO2_Crono Simplificado'!TMK4","v":0},{"$f":"'CRO2_Crono Simplificado'!#REF!","v":{"$error":"#REF!"}},{"$f":"'CRO2_Crono Simplificado'!TMM4","v":0},{"$f":"'CRO2_Crono Simplificado'!#REF!","v":{"$error":"#REF!"}},{"$f":"'CRO2_Crono Simplificado'!TMO4","v":0},{"$f":"'CRO2_Crono Simplificado'!#REF!","v":{"$error":"#REF!"}},{"$f":"'CRO2_Crono Simplificado'!TMQ4","v":0},{"$f":"'CRO2_Crono Simplificado'!#REF!","v":{"$error":"#REF!"}},{"$f":"'CRO2_Crono Simplificado'!TMS4","v":0},{"$f":"'CRO2_Crono Simplificado'!#REF!","v":{"$error":"#REF!"}},{"$f":"'CRO2_Crono Simplificado'!TMU4","v":0},{"$f":"'CRO2_Crono Simplificado'!#REF!","v":{"$error":"#REF!"}},{"$f":"'CRO2_Crono Simplificado'!TMW4","v":0},{"$f":"'CRO2_Crono Simplificado'!#REF!","v":{"$error":"#REF!"}},{"$f":"'CRO2_Crono Simplificado'!TMY4","v":0},{"$f":"'CRO2_Crono Simplificado'!#REF!","v":{"$error":"#REF!"}},{"$f":"'CRO2_Crono Simplificado'!TNA4","v":0},{"$f":"'CRO2_Crono Simplificado'!#REF!","v":{"$error":"#REF!"}},{"$f":"'CRO2_Crono Simplificado'!TNC4","v":0},{"$f":"'CRO2_Crono Simplificado'!#REF!","v":{"$error":"#REF!"}},{"$f":"'CRO2_Crono Simplificado'!TNE4","v":0},{"$f":"'CRO2_Crono Simplificado'!#REF!","v":{"$error":"#REF!"}},{"$f":"'CRO2_Crono Simplificado'!TNG4","v":0},{"$f":"'CRO2_Crono Simplificado'!#REF!","v":{"$error":"#REF!"}},{"$f":"'CRO2_Crono Simplificado'!TNI4","v":0},{"$f":"'CRO2_Crono Simplificado'!#REF!","v":{"$error":"#REF!"}},{"$f":"'CRO2_Crono Simplificado'!TNK4","v":0},{"$f":"'CRO2_Crono Simplificado'!#REF!","v":{"$error":"#REF!"}},{"$f":"'CRO2_Crono Simplificado'!TNM4","v":0},{"$f":"'CRO2_Crono Simplificado'!#REF!","v":{"$error":"#REF!"}},{"$f":"'CRO2_Crono Simplificado'!TNO4","v":0},{"$f":"'CRO2_Crono Simplificado'!#REF!","v":{"$error":"#REF!"}},{"$f":"'CRO2_Crono Simplificado'!TNQ4","v":0},{"$f":"'CRO2_Crono Simplificado'!#REF!","v":{"$error":"#REF!"}},{"$f":"'CRO2_Crono Simplificado'!TNS4","v":0},{"$f":"'CRO2_Crono Simplificado'!#REF!","v":{"$error":"#REF!"}},{"$f":"'CRO2_Crono Simplificado'!TNU4","v":0},{"$f":"'CRO2_Crono Simplificado'!#REF!","v":{"$error":"#REF!"}},{"$f":"'CRO2_Crono Simplificado'!TNW4","v":0},{"$f":"'CRO2_Crono Simplificado'!#REF!","v":{"$error":"#REF!"}},{"$f":"'CRO2_Crono Simplificado'!TNY4","v":0},{"$f":"'CRO2_Crono Simplificado'!#REF!","v":{"$error":"#REF!"}},{"$f":"'CRO2_Crono Simplificado'!TOA4","v":0},{"$f":"'CRO2_Crono Simplificado'!#REF!","v":{"$error":"#REF!"}},{"$f":"'CRO2_Crono Simplificado'!TOC4","v":0},{"$f":"'CRO2_Crono Simplificado'!#REF!","v":{"$error":"#REF!"}},{"$f":"'CRO2_Crono Simplificado'!TOE4","v":0},{"$f":"'CRO2_Crono Simplificado'!#REF!","v":{"$error":"#REF!"}},{"$f":"'CRO2_Crono Simplificado'!TOG4","v":0},{"$f":"'CRO2_Crono Simplificado'!#REF!","v":{"$error":"#REF!"}},{"$f":"'CRO2_Crono Simplificado'!TOI4","v":0},{"$f":"'CRO2_Crono Simplificado'!#REF!","v":{"$error":"#REF!"}},{"$f":"'CRO2_Crono Simplificado'!TOK4","v":0},{"$f":"'CRO2_Crono Simplificado'!#REF!","v":{"$error":"#REF!"}},{"$f":"'CRO2_Crono Simplificado'!TOM4","v":0},{"$f":"'CRO2_Crono Simplificado'!#REF!","v":{"$error":"#REF!"}},{"$f":"'CRO2_Crono Simplificado'!TOO4","v":0},{"$f":"'CRO2_Crono Simplificado'!#REF!","v":{"$error":"#REF!"}},{"$f":"'CRO2_Crono Simplificado'!TOQ4","v":0},{"$f":"'CRO2_Crono Simplificado'!#REF!","v":{"$error":"#REF!"}},{"$f":"'CRO2_Crono Simplificado'!TOS4","v":0},{"$f":"'CRO2_Crono Simplificado'!#REF!","v":{"$error":"#REF!"}},{"$f":"'CRO2_Crono Simplificado'!TOU4","v":0},{"$f":"'CRO2_Crono Simplificado'!#REF!","v":{"$error":"#REF!"}},{"$f":"'CRO2_Crono Simplificado'!TOW4","v":0},{"$f":"'CRO2_Crono Simplificado'!#REF!","v":{"$error":"#REF!"}},{"$f":"'CRO2_Crono Simplificado'!TOY4","v":0},{"$f":"'CRO2_Crono Simplificado'!#REF!","v":{"$error":"#REF!"}},{"$f":"'CRO2_Crono Simplificado'!TPA4","v":0},{"$f":"'CRO2_Crono Simplificado'!#REF!","v":{"$error":"#REF!"}},{"$f":"'CRO2_Crono Simplificado'!TPC4","v":0},{"$f":"'CRO2_Crono Simplificado'!#REF!","v":{"$error":"#REF!"}},{"$f":"'CRO2_Crono Simplificado'!TPE4","v":0},{"$f":"'CRO2_Crono Simplificado'!#REF!","v":{"$error":"#REF!"}},{"$f":"'CRO2_Crono Simplificado'!TPG4","v":0},{"$f":"'CRO2_Crono Simplificado'!#REF!","v":{"$error":"#REF!"}},{"$f":"'CRO2_Crono Simplificado'!TPI4","v":0},{"$f":"'CRO2_Crono Simplificado'!#REF!","v":{"$error":"#REF!"}},{"$f":"'CRO2_Crono Simplificado'!TPK4","v":0},{"$f":"'CRO2_Crono Simplificado'!#REF!","v":{"$error":"#REF!"}},{"$f":"'CRO2_Crono Simplificado'!TPM4","v":0},{"$f":"'CRO2_Crono Simplificado'!#REF!","v":{"$error":"#REF!"}},{"$f":"'CRO2_Crono Simplificado'!TPO4","v":0},{"$f":"'CRO2_Crono Simplificado'!#REF!","v":{"$error":"#REF!"}},{"$f":"'CRO2_Crono Simplificado'!TPQ4","v":0},{"$f":"'CRO2_Crono Simplificado'!#REF!","v":{"$error":"#REF!"}},{"$f":"'CRO2_Crono Simplificado'!TPS4","v":0},{"$f":"'CRO2_Crono Simplificado'!#REF!","v":{"$error":"#REF!"}},{"$f":"'CRO2_Crono Simplificado'!TPU4","v":0},{"$f":"'CRO2_Crono Simplificado'!#REF!","v":{"$error":"#REF!"}},{"$f":"'CRO2_Crono Simplificado'!TPW4","v":0},{"$f":"'CRO2_Crono Simplificado'!#REF!","v":{"$error":"#REF!"}},{"$f":"'CRO2_Crono Simplificado'!TPY4","v":0},{"$f":"'CRO2_Crono Simplificado'!#REF!","v":{"$error":"#REF!"}},{"$f":"'CRO2_Crono Simplificado'!TQA4","v":0},{"$f":"'CRO2_Crono Simplificado'!#REF!","v":{"$error":"#REF!"}},{"$f":"'CRO2_Crono Simplificado'!TQC4","v":0},{"$f":"'CRO2_Crono Simplificado'!#REF!","v":{"$error":"#REF!"}},{"$f":"'CRO2_Crono Simplificado'!TQE4","v":0},{"$f":"'CRO2_Crono Simplificado'!#REF!","v":{"$error":"#REF!"}},{"$f":"'CRO2_Crono Simplificado'!TQG4","v":0},{"$f":"'CRO2_Crono Simplificado'!#REF!","v":{"$error":"#REF!"}},{"$f":"'CRO2_Crono Simplificado'!TQI4","v":0},{"$f":"'CRO2_Crono Simplificado'!#REF!","v":{"$error":"#REF!"}},{"$f":"'CRO2_Crono Simplificado'!TQK4","v":0},{"$f":"'CRO2_Crono Simplificado'!#REF!","v":{"$error":"#REF!"}},{"$f":"'CRO2_Crono Simplificado'!TQM4","v":0},{"$f":"'CRO2_Crono Simplificado'!#REF!","v":{"$error":"#REF!"}},{"$f":"'CRO2_Crono Simplificado'!TQO4","v":0},{"$f":"'CRO2_Crono Simplificado'!#REF!","v":{"$error":"#REF!"}},{"$f":"'CRO2_Crono Simplificado'!TQQ4","v":0},{"$f":"'CRO2_Crono Simplificado'!#REF!","v":{"$error":"#REF!"}},{"$f":"'CRO2_Crono Simplificado'!TQS4","v":0},{"$f":"'CRO2_Crono Simplificado'!#REF!","v":{"$error":"#REF!"}},{"$f":"'CRO2_Crono Simplificado'!TQU4","v":0},{"$f":"'CRO2_Crono Simplificado'!#REF!","v":{"$error":"#REF!"}},{"$f":"'CRO2_Crono Simplificado'!TQW4","v":0},{"$f":"'CRO2_Crono Simplificado'!#REF!","v":{"$error":"#REF!"}},{"$f":"'CRO2_Crono Simplificado'!TQY4","v":0},{"$f":"'CRO2_Crono Simplificado'!#REF!","v":{"$error":"#REF!"}},{"$f":"'CRO2_Crono Simplificado'!TRA4","v":0},{"$f":"'CRO2_Crono Simplificado'!#REF!","v":{"$error":"#REF!"}},{"$f":"'CRO2_Crono Simplificado'!TRC4","v":0},{"$f":"'CRO2_Crono Simplificado'!#REF!","v":{"$error":"#REF!"}},{"$f":"'CRO2_Crono Simplificado'!TRE4","v":0},{"$f":"'CRO2_Crono Simplificado'!#REF!","v":{"$error":"#REF!"}},{"$f":"'CRO2_Crono Simplificado'!TRG4","v":0},{"$f":"'CRO2_Crono Simplificado'!#REF!","v":{"$error":"#REF!"}},{"$f":"'CRO2_Crono Simplificado'!TRI4","v":0},{"$f":"'CRO2_Crono Simplificado'!#REF!","v":{"$error":"#REF!"}},{"$f":"'CRO2_Crono Simplificado'!TRK4","v":0},{"$f":"'CRO2_Crono Simplificado'!#REF!","v":{"$error":"#REF!"}},{"$f":"'CRO2_Crono Simplificado'!TRM4","v":0},{"$f":"'CRO2_Crono Simplificado'!#REF!","v":{"$error":"#REF!"}},{"$f":"'CRO2_Crono Simplificado'!TRO4","v":0},{"$f":"'CRO2_Crono Simplificado'!#REF!","v":{"$error":"#REF!"}},{"$f":"'CRO2_Crono Simplificado'!TRQ4","v":0},{"$f":"'CRO2_Crono Simplificado'!#REF!","v":{"$error":"#REF!"}},{"$f":"'CRO2_Crono Simplificado'!TRS4","v":0},{"$f":"'CRO2_Crono Simplificado'!#REF!","v":{"$error":"#REF!"}},{"$f":"'CRO2_Crono Simplificado'!TRU4","v":0},{"$f":"'CRO2_Crono Simplificado'!#REF!","v":{"$error":"#REF!"}},{"$f":"'CRO2_Crono Simplificado'!TRW4","v":0},{"$f":"'CRO2_Crono Simplificado'!#REF!","v":{"$error":"#REF!"}},{"$f":"'CRO2_Crono Simplificado'!TRY4","v":0},{"$f":"'CRO2_Crono Simplificado'!#REF!","v":{"$error":"#REF!"}},{"$f":"'CRO2_Crono Simplificado'!TSA4","v":0},{"$f":"'CRO2_Crono Simplificado'!#REF!","v":{"$error":"#REF!"}},{"$f":"'CRO2_Crono Simplificado'!TSC4","v":0},{"$f":"'CRO2_Crono Simplificado'!#REF!","v":{"$error":"#REF!"}},{"$f":"'CRO2_Crono Simplificado'!TSE4","v":0},{"$f":"'CRO2_Crono Simplificado'!#REF!","v":{"$error":"#REF!"}},{"$f":"'CRO2_Crono Simplificado'!TSG4","v":0},{"$f":"'CRO2_Crono Simplificado'!#REF!","v":{"$error":"#REF!"}},{"$f":"'CRO2_Crono Simplificado'!TSI4","v":0},{"$f":"'CRO2_Crono Simplificado'!#REF!","v":{"$error":"#REF!"}},{"$f":"'CRO2_Crono Simplificado'!TSK4","v":0},{"$f":"'CRO2_Crono Simplificado'!#REF!","v":{"$error":"#REF!"}},{"$f":"'CRO2_Crono Simplificado'!TSM4","v":0},{"$f":"'CRO2_Crono Simplificado'!#REF!","v":{"$error":"#REF!"}},{"$f":"'CRO2_Crono Simplificado'!TSO4","v":0},{"$f":"'CRO2_Crono Simplificado'!#REF!","v":{"$error":"#REF!"}},{"$f":"'CRO2_Crono Simplificado'!TSQ4","v":0},{"$f":"'CRO2_Crono Simplificado'!#REF!","v":{"$error":"#REF!"}},{"$f":"'CRO2_Crono Simplificado'!TSS4","v":0},{"$f":"'CRO2_Crono Simplificado'!#REF!","v":{"$error":"#REF!"}},{"$f":"'CRO2_Crono Simplificado'!TSU4","v":0},{"$f":"'CRO2_Crono Simplificado'!#REF!","v":{"$error":"#REF!"}},{"$f":"'CRO2_Crono Simplificado'!TSW4","v":0},{"$f":"'CRO2_Crono Simplificado'!#REF!","v":{"$error":"#REF!"}},{"$f":"'CRO2_Crono Simplificado'!TSY4","v":0},{"$f":"'CRO2_Crono Simplificado'!#REF!","v":{"$error":"#REF!"}},{"$f":"'CRO2_Crono Simplificado'!TTA4","v":0},{"$f":"'CRO2_Crono Simplificado'!#REF!","v":{"$error":"#REF!"}},{"$f":"'CRO2_Crono Simplificado'!TTC4","v":0},{"$f":"'CRO2_Crono Simplificado'!#REF!","v":{"$error":"#REF!"}},{"$f":"'CRO2_Crono Simplificado'!TTE4","v":0},{"$f":"'CRO2_Crono Simplificado'!#REF!","v":{"$error":"#REF!"}},{"$f":"'CRO2_Crono Simplificado'!TTG4","v":0},{"$f":"'CRO2_Crono Simplificado'!#REF!","v":{"$error":"#REF!"}},{"$f":"'CRO2_Crono Simplificado'!TTI4","v":0},{"$f":"'CRO2_Crono Simplificado'!#REF!","v":{"$error":"#REF!"}},{"$f":"'CRO2_Crono Simplificado'!TTK4","v":0},{"$f":"'CRO2_Crono Simplificado'!#REF!","v":{"$error":"#REF!"}},{"$f":"'CRO2_Crono Simplificado'!TTM4","v":0},{"$f":"'CRO2_Crono Simplificado'!#REF!","v":{"$error":"#REF!"}},{"$f":"'CRO2_Crono Simplificado'!TTO4","v":0},{"$f":"'CRO2_Crono Simplificado'!#REF!","v":{"$error":"#REF!"}},{"$f":"'CRO2_Crono Simplificado'!TTQ4","v":0},{"$f":"'CRO2_Crono Simplificado'!#REF!","v":{"$error":"#REF!"}},{"$f":"'CRO2_Crono Simplificado'!TTS4","v":0},{"$f":"'CRO2_Crono Simplificado'!#REF!","v":{"$error":"#REF!"}},{"$f":"'CRO2_Crono Simplificado'!TTU4","v":0},{"$f":"'CRO2_Crono Simplificado'!#REF!","v":{"$error":"#REF!"}},{"$f":"'CRO2_Crono Simplificado'!TTW4","v":0},{"$f":"'CRO2_Crono Simplificado'!#REF!","v":{"$error":"#REF!"}},{"$f":"'CRO2_Crono Simplificado'!TTY4","v":0},{"$f":"'CRO2_Crono Simplificado'!#REF!","v":{"$error":"#REF!"}},{"$f":"'CRO2_Crono Simplificado'!TUA4","v":0},{"$f":"'CRO2_Crono Simplificado'!#REF!","v":{"$error":"#REF!"}},{"$f":"'CRO2_Crono Simplificado'!TUC4","v":0},{"$f":"'CRO2_Crono Simplificado'!#REF!","v":{"$error":"#REF!"}},{"$f":"'CRO2_Crono Simplificado'!TUE4","v":0},{"$f":"'CRO2_Crono Simplificado'!#REF!","v":{"$error":"#REF!"}},{"$f":"'CRO2_Crono Simplificado'!TUG4","v":0},{"$f":"'CRO2_Crono Simplificado'!#REF!","v":{"$error":"#REF!"}},{"$f":"'CRO2_Crono Simplificado'!TUI4","v":0},{"$f":"'CRO2_Crono Simplificado'!#REF!","v":{"$error":"#REF!"}},{"$f":"'CRO2_Crono Simplificado'!TUK4","v":0},{"$f":"'CRO2_Crono Simplificado'!#REF!","v":{"$error":"#REF!"}},{"$f":"'CRO2_Crono Simplificado'!TUM4","v":0},{"$f":"'CRO2_Crono Simplificado'!#REF!","v":{"$error":"#REF!"}},{"$f":"'CRO2_Crono Simplificado'!TUO4","v":0},{"$f":"'CRO2_Crono Simplificado'!#REF!","v":{"$error":"#REF!"}},{"$f":"'CRO2_Crono Simplificado'!TUQ4","v":0},{"$f":"'CRO2_Crono Simplificado'!#REF!","v":{"$error":"#REF!"}},{"$f":"'CRO2_Crono Simplificado'!TUS4","v":0},{"$f":"'CRO2_Crono Simplificado'!#REF!","v":{"$error":"#REF!"}},{"$f":"'CRO2_Crono Simplificado'!TUU4","v":0},{"$f":"'CRO2_Crono Simplificado'!#REF!","v":{"$error":"#REF!"}},{"$f":"'CRO2_Crono Simplificado'!TUW4","v":0},{"$f":"'CRO2_Crono Simplificado'!#REF!","v":{"$error":"#REF!"}},{"$f":"'CRO2_Crono Simplificado'!TUY4","v":0},{"$f":"'CRO2_Crono Simplificado'!#REF!","v":{"$error":"#REF!"}},{"$f":"'CRO2_Crono Simplificado'!TVA4","v":0},{"$f":"'CRO2_Crono Simplificado'!#REF!","v":{"$error":"#REF!"}},{"$f":"'CRO2_Crono Simplificado'!TVC4","v":0},{"$f":"'CRO2_Crono Simplificado'!#REF!","v":{"$error":"#REF!"}},{"$f":"'CRO2_Crono Simplificado'!TVE4","v":0},{"$f":"'CRO2_Crono Simplificado'!#REF!","v":{"$error":"#REF!"}},{"$f":"'CRO2_Crono Simplificado'!TVG4","v":0},{"$f":"'CRO2_Crono Simplificado'!#REF!","v":{"$error":"#REF!"}},{"$f":"'CRO2_Crono Simplificado'!TVI4","v":0},{"$f":"'CRO2_Crono Simplificado'!#REF!","v":{"$error":"#REF!"}},{"$f":"'CRO2_Crono Simplificado'!TVK4","v":0},{"$f":"'CRO2_Crono Simplificado'!#REF!","v":{"$error":"#REF!"}},{"$f":"'CRO2_Crono Simplificado'!TVM4","v":0},{"$f":"'CRO2_Crono Simplificado'!#REF!","v":{"$error":"#REF!"}},{"$f":"'CRO2_Crono Simplificado'!TVO4","v":0},{"$f":"'CRO2_Crono Simplificado'!#REF!","v":{"$error":"#REF!"}},{"$f":"'CRO2_Crono Simplificado'!TVQ4","v":0},{"$f":"'CRO2_Crono Simplificado'!#REF!","v":{"$error":"#REF!"}},{"$f":"'CRO2_Crono Simplificado'!TVS4","v":0},{"$f":"'CRO2_Crono Simplificado'!#REF!","v":{"$error":"#REF!"}},{"$f":"'CRO2_Crono Simplificado'!TVU4","v":0},{"$f":"'CRO2_Crono Simplificado'!#REF!","v":{"$error":"#REF!"}},{"$f":"'CRO2_Crono Simplificado'!TVW4","v":0},{"$f":"'CRO2_Crono Simplificado'!#REF!","v":{"$error":"#REF!"}},{"$f":"'CRO2_Crono Simplificado'!TVY4","v":0},{"$f":"'CRO2_Crono Simplificado'!#REF!","v":{"$error":"#REF!"}},{"$f":"'CRO2_Crono Simplificado'!TWA4","v":0},{"$f":"'CRO2_Crono Simplificado'!#REF!","v":{"$error":"#REF!"}},{"$f":"'CRO2_Crono Simplificado'!TWC4","v":0},{"$f":"'CRO2_Crono Simplificado'!#REF!","v":{"$error":"#REF!"}},{"$f":"'CRO2_Crono Simplificado'!TWE4","v":0},{"$f":"'CRO2_Crono Simplificado'!#REF!","v":{"$error":"#REF!"}},{"$f":"'CRO2_Crono Simplificado'!TWG4","v":0},{"$f":"'CRO2_Crono Simplificado'!#REF!","v":{"$error":"#REF!"}},{"$f":"'CRO2_Crono Simplificado'!TWI4","v":0},{"$f":"'CRO2_Crono Simplificado'!#REF!","v":{"$error":"#REF!"}},{"$f":"'CRO2_Crono Simplificado'!TWK4","v":0},{"$f":"'CRO2_Crono Simplificado'!#REF!","v":{"$error":"#REF!"}},{"$f":"'CRO2_Crono Simplificado'!TWM4","v":0},{"$f":"'CRO2_Crono Simplificado'!#REF!","v":{"$error":"#REF!"}},{"$f":"'CRO2_Crono Simplificado'!TWO4","v":0},{"$f":"'CRO2_Crono Simplificado'!#REF!","v":{"$error":"#REF!"}},{"$f":"'CRO2_Crono Simplificado'!TWQ4","v":0},{"$f":"'CRO2_Crono Simplificado'!#REF!","v":{"$error":"#REF!"}},{"$f":"'CRO2_Crono Simplificado'!TWS4","v":0},{"$f":"'CRO2_Crono Simplificado'!#REF!","v":{"$error":"#REF!"}},{"$f":"'CRO2_Crono Simplificado'!TWU4","v":0},{"$f":"'CRO2_Crono Simplificado'!#REF!","v":{"$error":"#REF!"}},{"$f":"'CRO2_Crono Simplificado'!TWW4","v":0},{"$f":"'CRO2_Crono Simplificado'!#REF!","v":{"$error":"#REF!"}},{"$f":"'CRO2_Crono Simplificado'!TWY4","v":0},{"$f":"'CRO2_Crono Simplificado'!#REF!","v":{"$error":"#REF!"}},{"$f":"'CRO2_Crono Simplificado'!TXA4","v":0},{"$f":"'CRO2_Crono Simplificado'!#REF!","v":{"$error":"#REF!"}},{"$f":"'CRO2_Crono Simplificado'!TXC4","v":0},{"$f":"'CRO2_Crono Simplificado'!#REF!","v":{"$error":"#REF!"}},{"$f":"'CRO2_Crono Simplificado'!TXE4","v":0},{"$f":"'CRO2_Crono Simplificado'!#REF!","v":{"$error":"#REF!"}},{"$f":"'CRO2_Crono Simplificado'!TXG4","v":0},{"$f":"'CRO2_Crono Simplificado'!#REF!","v":{"$error":"#REF!"}},{"$f":"'CRO2_Crono Simplificado'!TXI4","v":0},{"$f":"'CRO2_Crono Simplificado'!#REF!","v":{"$error":"#REF!"}},{"$f":"'CRO2_Crono Simplificado'!TXK4","v":0},{"$f":"'CRO2_Crono Simplificado'!#REF!","v":{"$error":"#REF!"}},{"$f":"'CRO2_Crono Simplificado'!TXM4","v":0},{"$f":"'CRO2_Crono Simplificado'!#REF!","v":{"$error":"#REF!"}},{"$f":"'CRO2_Crono Simplificado'!TXO4","v":0},{"$f":"'CRO2_Crono Simplificado'!#REF!","v":{"$error":"#REF!"}},{"$f":"'CRO2_Crono Simplificado'!TXQ4","v":0},{"$f":"'CRO2_Crono Simplificado'!#REF!","v":{"$error":"#REF!"}},{"$f":"'CRO2_Crono Simplificado'!TXS4","v":0},{"$f":"'CRO2_Crono Simplificado'!#REF!","v":{"$error":"#REF!"}},{"$f":"'CRO2_Crono Simplificado'!TXU4","v":0},{"$f":"'CRO2_Crono Simplificado'!#REF!","v":{"$error":"#REF!"}},{"$f":"'CRO2_Crono Simplificado'!TXW4","v":0},{"$f":"'CRO2_Crono Simplificado'!#REF!","v":{"$error":"#REF!"}},{"$f":"'CRO2_Crono Simplificado'!TXY4","v":0},{"$f":"'CRO2_Crono Simplificado'!#REF!","v":{"$error":"#REF!"}},{"$f":"'CRO2_Crono Simplificado'!TYA4","v":0},{"$f":"'CRO2_Crono Simplificado'!#REF!","v":{"$error":"#REF!"}},{"$f":"'CRO2_Crono Simplificado'!TYC4","v":0},{"$f":"'CRO2_Crono Simplificado'!#REF!","v":{"$error":"#REF!"}},{"$f":"'CRO2_Crono Simplificado'!TYE4","v":0},{"$f":"'CRO2_Crono Simplificado'!#REF!","v":{"$error":"#REF!"}},{"$f":"'CRO2_Crono Simplificado'!TYG4","v":0},{"$f":"'CRO2_Crono Simplificado'!#REF!","v":{"$error":"#REF!"}},{"$f":"'CRO2_Crono Simplificado'!TYI4","v":0},{"$f":"'CRO2_Crono Simplificado'!#REF!","v":{"$error":"#REF!"}},{"$f":"'CRO2_Crono Simplificado'!TYK4","v":0},{"$f":"'CRO2_Crono Simplificado'!#REF!","v":{"$error":"#REF!"}},{"$f":"'CRO2_Crono Simplificado'!TYM4","v":0},{"$f":"'CRO2_Crono Simplificado'!#REF!","v":{"$error":"#REF!"}},{"$f":"'CRO2_Crono Simplificado'!TYO4","v":0},{"$f":"'CRO2_Crono Simplificado'!#REF!","v":{"$error":"#REF!"}},{"$f":"'CRO2_Crono Simplificado'!TYQ4","v":0},{"$f":"'CRO2_Crono Simplificado'!#REF!","v":{"$error":"#REF!"}},{"$f":"'CRO2_Crono Simplificado'!TYS4","v":0},{"$f":"'CRO2_Crono Simplificado'!#REF!","v":{"$error":"#REF!"}},{"$f":"'CRO2_Crono Simplificado'!TYU4","v":0},{"$f":"'CRO2_Crono Simplificado'!#REF!","v":{"$error":"#REF!"}},{"$f":"'CRO2_Crono Simplificado'!TYW4","v":0},{"$f":"'CRO2_Crono Simplificado'!#REF!","v":{"$error":"#REF!"}},{"$f":"'CRO2_Crono Simplificado'!TYY4","v":0},{"$f":"'CRO2_Crono Simplificado'!#REF!","v":{"$error":"#REF!"}},{"$f":"'CRO2_Crono Simplificado'!TZA4","v":0},{"$f":"'CRO2_Crono Simplificado'!#REF!","v":{"$error":"#REF!"}},{"$f":"'CRO2_Crono Simplificado'!TZC4","v":0},{"$f":"'CRO2_Crono Simplificado'!#REF!","v":{"$error":"#REF!"}},{"$f":"'CRO2_Crono Simplificado'!TZE4","v":0},{"$f":"'CRO2_Crono Simplificado'!#REF!","v":{"$error":"#REF!"}},{"$f":"'CRO2_Crono Simplificado'!TZG4","v":0},{"$f":"'CRO2_Crono Simplificado'!#REF!","v":{"$error":"#REF!"}},{"$f":"'CRO2_Crono Simplificado'!TZI4","v":0},{"$f":"'CRO2_Crono Simplificado'!#REF!","v":{"$error":"#REF!"}},{"$f":"'CRO2_Crono Simplificado'!TZK4","v":0},{"$f":"'CRO2_Crono Simplificado'!#REF!","v":{"$error":"#REF!"}},{"$f":"'CRO2_Crono Simplificado'!TZM4","v":0},{"$f":"'CRO2_Crono Simplificado'!#REF!","v":{"$error":"#REF!"}},{"$f":"'CRO2_Crono Simplificado'!TZO4","v":0},{"$f":"'CRO2_Crono Simplificado'!#REF!","v":{"$error":"#REF!"}},{"$f":"'CRO2_Crono Simplificado'!TZQ4","v":0},{"$f":"'CRO2_Crono Simplificado'!#REF!","v":{"$error":"#REF!"}},{"$f":"'CRO2_Crono Simplificado'!TZS4","v":0},{"$f":"'CRO2_Crono Simplificado'!#REF!","v":{"$error":"#REF!"}},{"$f":"'CRO2_Crono Simplificado'!TZU4","v":0},{"$f":"'CRO2_Crono Simplificado'!#REF!","v":{"$error":"#REF!"}},{"$f":"'CRO2_Crono Simplificado'!TZW4","v":0},{"$f":"'CRO2_Crono Simplificado'!#REF!","v":{"$error":"#REF!"}},{"$f":"'CRO2_Crono Simplificado'!TZY4","v":0},{"$f":"'CRO2_Crono Simplificado'!#REF!","v":{"$error":"#REF!"}},{"$f":"'CRO2_Crono Simplificado'!UAA4","v":0},{"$f":"'CRO2_Crono Simplificado'!#REF!","v":{"$error":"#REF!"}},{"$f":"'CRO2_Crono Simplificado'!UAC4","v":0},{"$f":"'CRO2_Crono Simplificado'!#REF!","v":{"$error":"#REF!"}},{"$f":"'CRO2_Crono Simplificado'!UAE4","v":0},{"$f":"'CRO2_Crono Simplificado'!#REF!","v":{"$error":"#REF!"}},{"$f":"'CRO2_Crono Simplificado'!UAG4","v":0},{"$f":"'CRO2_Crono Simplificado'!#REF!","v":{"$error":"#REF!"}},{"$f":"'CRO2_Crono Simplificado'!UAI4","v":0},{"$f":"'CRO2_Crono Simplificado'!#REF!","v":{"$error":"#REF!"}},{"$f":"'CRO2_Crono Simplificado'!UAK4","v":0},{"$f":"'CRO2_Crono Simplificado'!#REF!","v":{"$error":"#REF!"}},{"$f":"'CRO2_Crono Simplificado'!UAM4","v":0},{"$f":"'CRO2_Crono Simplificado'!#REF!","v":{"$error":"#REF!"}},{"$f":"'CRO2_Crono Simplificado'!UAO4","v":0},{"$f":"'CRO2_Crono Simplificado'!#REF!","v":{"$error":"#REF!"}},{"$f":"'CRO2_Crono Simplificado'!UAQ4","v":0},{"$f":"'CRO2_Crono Simplificado'!#REF!","v":{"$error":"#REF!"}},{"$f":"'CRO2_Crono Simplificado'!UAS4","v":0},{"$f":"'CRO2_Crono Simplificado'!#REF!","v":{"$error":"#REF!"}},{"$f":"'CRO2_Crono Simplificado'!UAU4","v":0},{"$f":"'CRO2_Crono Simplificado'!#REF!","v":{"$error":"#REF!"}},{"$f":"'CRO2_Crono Simplificado'!UAW4","v":0},{"$f":"'CRO2_Crono Simplificado'!#REF!","v":{"$error":"#REF!"}},{"$f":"'CRO2_Crono Simplificado'!UAY4","v":0},{"$f":"'CRO2_Crono Simplificado'!#REF!","v":{"$error":"#REF!"}},{"$f":"'CRO2_Crono Simplificado'!UBA4","v":0},{"$f":"'CRO2_Crono Simplificado'!#REF!","v":{"$error":"#REF!"}},{"$f":"'CRO2_Crono Simplificado'!UBC4","v":0},{"$f":"'CRO2_Crono Simplificado'!#REF!","v":{"$error":"#REF!"}},{"$f":"'CRO2_Crono Simplificado'!UBE4","v":0},{"$f":"'CRO2_Crono Simplificado'!#REF!","v":{"$error":"#REF!"}},{"$f":"'CRO2_Crono Simplificado'!UBG4","v":0},{"$f":"'CRO2_Crono Simplificado'!#REF!","v":{"$error":"#REF!"}},{"$f":"'CRO2_Crono Simplificado'!UBI4","v":0},{"$f":"'CRO2_Crono Simplificado'!#REF!","v":{"$error":"#REF!"}},{"$f":"'CRO2_Crono Simplificado'!UBK4","v":0},{"$f":"'CRO2_Crono Simplificado'!#REF!","v":{"$error":"#REF!"}},{"$f":"'CRO2_Crono Simplificado'!UBM4","v":0},{"$f":"'CRO2_Crono Simplificado'!#REF!","v":{"$error":"#REF!"}},{"$f":"'CRO2_Crono Simplificado'!UBO4","v":0},{"$f":"'CRO2_Crono Simplificado'!#REF!","v":{"$error":"#REF!"}},{"$f":"'CRO2_Crono Simplificado'!UBQ4","v":0},{"$f":"'CRO2_Crono Simplificado'!#REF!","v":{"$error":"#REF!"}},{"$f":"'CRO2_Crono Simplificado'!UBS4","v":0},{"$f":"'CRO2_Crono Simplificado'!#REF!","v":{"$error":"#REF!"}},{"$f":"'CRO2_Crono Simplificado'!UBU4","v":0},{"$f":"'CRO2_Crono Simplificado'!#REF!","v":{"$error":"#REF!"}},{"$f":"'CRO2_Crono Simplificado'!UBW4","v":0},{"$f":"'CRO2_Crono Simplificado'!#REF!","v":{"$error":"#REF!"}},{"$f":"'CRO2_Crono Simplificado'!UBY4","v":0},{"$f":"'CRO2_Crono Simplificado'!#REF!","v":{"$error":"#REF!"}},{"$f":"'CRO2_Crono Simplificado'!UCA4","v":0},{"$f":"'CRO2_Crono Simplificado'!#REF!","v":{"$error":"#REF!"}},{"$f":"'CRO2_Crono Simplificado'!UCC4","v":0},{"$f":"'CRO2_Crono Simplificado'!#REF!","v":{"$error":"#REF!"}},{"$f":"'CRO2_Crono Simplificado'!UCE4","v":0},{"$f":"'CRO2_Crono Simplificado'!#REF!","v":{"$error":"#REF!"}},{"$f":"'CRO2_Crono Simplificado'!UCG4","v":0},{"$f":"'CRO2_Crono Simplificado'!#REF!","v":{"$error":"#REF!"}},{"$f":"'CRO2_Crono Simplificado'!UCI4","v":0},{"$f":"'CRO2_Crono Simplificado'!#REF!","v":{"$error":"#REF!"}},{"$f":"'CRO2_Crono Simplificado'!UCK4","v":0},{"$f":"'CRO2_Crono Simplificado'!#REF!","v":{"$error":"#REF!"}},{"$f":"'CRO2_Crono Simplificado'!UCM4","v":0},{"$f":"'CRO2_Crono Simplificado'!#REF!","v":{"$error":"#REF!"}},{"$f":"'CRO2_Crono Simplificado'!UCO4","v":0},{"$f":"'CRO2_Crono Simplificado'!#REF!","v":{"$error":"#REF!"}},{"$f":"'CRO2_Crono Simplificado'!UCQ4","v":0},{"$f":"'CRO2_Crono Simplificado'!#REF!","v":{"$error":"#REF!"}},{"$f":"'CRO2_Crono Simplificado'!UCS4","v":0},{"$f":"'CRO2_Crono Simplificado'!#REF!","v":{"$error":"#REF!"}},{"$f":"'CRO2_Crono Simplificado'!UCU4","v":0},{"$f":"'CRO2_Crono Simplificado'!#REF!","v":{"$error":"#REF!"}},{"$f":"'CRO2_Crono Simplificado'!UCW4","v":0},{"$f":"'CRO2_Crono Simplificado'!#REF!","v":{"$error":"#REF!"}},{"$f":"'CRO2_Crono Simplificado'!UCY4","v":0},{"$f":"'CRO2_Crono Simplificado'!#REF!","v":{"$error":"#REF!"}},{"$f":"'CRO2_Crono Simplificado'!UDA4","v":0},{"$f":"'CRO2_Crono Simplificado'!#REF!","v":{"$error":"#REF!"}},{"$f":"'CRO2_Crono Simplificado'!UDC4","v":0},{"$f":"'CRO2_Crono Simplificado'!#REF!","v":{"$error":"#REF!"}},{"$f":"'CRO2_Crono Simplificado'!UDE4","v":0},{"$f":"'CRO2_Crono Simplificado'!#REF!","v":{"$error":"#REF!"}},{"$f":"'CRO2_Crono Simplificado'!UDG4","v":0},{"$f":"'CRO2_Crono Simplificado'!#REF!","v":{"$error":"#REF!"}},{"$f":"'CRO2_Crono Simplificado'!UDI4","v":0},{"$f":"'CRO2_Crono Simplificado'!#REF!","v":{"$error":"#REF!"}},{"$f":"'CRO2_Crono Simplificado'!UDK4","v":0},{"$f":"'CRO2_Crono Simplificado'!#REF!","v":{"$error":"#REF!"}},{"$f":"'CRO2_Crono Simplificado'!UDM4","v":0},{"$f":"'CRO2_Crono Simplificado'!#REF!","v":{"$error":"#REF!"}},{"$f":"'CRO2_Crono Simplificado'!UDO4","v":0},{"$f":"'CRO2_Crono Simplificado'!#REF!","v":{"$error":"#REF!"}},{"$f":"'CRO2_Crono Simplificado'!UDQ4","v":0},{"$f":"'CRO2_Crono Simplificado'!#REF!","v":{"$error":"#REF!"}},{"$f":"'CRO2_Crono Simplificado'!UDS4","v":0},{"$f":"'CRO2_Crono Simplificado'!#REF!","v":{"$error":"#REF!"}},{"$f":"'CRO2_Crono Simplificado'!UDU4","v":0},{"$f":"'CRO2_Crono Simplificado'!#REF!","v":{"$error":"#REF!"}},{"$f":"'CRO2_Crono Simplificado'!UDW4","v":0},{"$f":"'CRO2_Crono Simplificado'!#REF!","v":{"$error":"#REF!"}},{"$f":"'CRO2_Crono Simplificado'!UDY4","v":0},{"$f":"'CRO2_Crono Simplificado'!#REF!","v":{"$error":"#REF!"}},{"$f":"'CRO2_Crono Simplificado'!UEA4","v":0},{"$f":"'CRO2_Crono Simplificado'!#REF!","v":{"$error":"#REF!"}},{"$f":"'CRO2_Crono Simplificado'!UEC4","v":0},{"$f":"'CRO2_Crono Simplificado'!#REF!","v":{"$error":"#REF!"}},{"$f":"'CRO2_Crono Simplificado'!UEE4","v":0},{"$f":"'CRO2_Crono Simplificado'!#REF!","v":{"$error":"#REF!"}},{"$f":"'CRO2_Crono Simplificado'!UEG4","v":0},{"$f":"'CRO2_Crono Simplificado'!#REF!","v":{"$error":"#REF!"}},{"$f":"'CRO2_Crono Simplificado'!UEI4","v":0},{"$f":"'CRO2_Crono Simplificado'!#REF!","v":{"$error":"#REF!"}},{"$f":"'CRO2_Crono Simplificado'!UEK4","v":0},{"$f":"'CRO2_Crono Simplificado'!#REF!","v":{"$error":"#REF!"}},{"$f":"'CRO2_Crono Simplificado'!UEM4","v":0},{"$f":"'CRO2_Crono Simplificado'!#REF!","v":{"$error":"#REF!"}},{"$f":"'CRO2_Crono Simplificado'!UEO4","v":0},{"$f":"'CRO2_Crono Simplificado'!#REF!","v":{"$error":"#REF!"}},{"$f":"'CRO2_Crono Simplificado'!UEQ4","v":0},{"$f":"'CRO2_Crono Simplificado'!#REF!","v":{"$error":"#REF!"}},{"$f":"'CRO2_Crono Simplificado'!UES4","v":0},{"$f":"'CRO2_Crono Simplificado'!#REF!","v":{"$error":"#REF!"}},{"$f":"'CRO2_Crono Simplificado'!UEU4","v":0},{"$f":"'CRO2_Crono Simplificado'!#REF!","v":{"$error":"#REF!"}},{"$f":"'CRO2_Crono Simplificado'!UEW4","v":0},{"$f":"'CRO2_Crono Simplificado'!#REF!","v":{"$error":"#REF!"}},{"$f":"'CRO2_Crono Simplificado'!UEY4","v":0},{"$f":"'CRO2_Crono Simplificado'!#REF!","v":{"$error":"#REF!"}},{"$f":"'CRO2_Crono Simplificado'!UFA4","v":0},{"$f":"'CRO2_Crono Simplificado'!#REF!","v":{"$error":"#REF!"}},{"$f":"'CRO2_Crono Simplificado'!UFC4","v":0},{"$f":"'CRO2_Crono Simplificado'!#REF!","v":{"$error":"#REF!"}},{"$f":"'CRO2_Crono Simplificado'!UFE4","v":0},{"$f":"'CRO2_Crono Simplificado'!#REF!","v":{"$error":"#REF!"}},{"$f":"'CRO2_Crono Simplificado'!UFG4","v":0},{"$f":"'CRO2_Crono Simplificado'!#REF!","v":{"$error":"#REF!"}},{"$f":"'CRO2_Crono Simplificado'!UFI4","v":0},{"$f":"'CRO2_Crono Simplificado'!#REF!","v":{"$error":"#REF!"}},{"$f":"'CRO2_Crono Simplificado'!UFK4","v":0},{"$f":"'CRO2_Crono Simplificado'!#REF!","v":{"$error":"#REF!"}},{"$f":"'CRO2_Crono Simplificado'!UFM4","v":0},{"$f":"'CRO2_Crono Simplificado'!#REF!","v":{"$error":"#REF!"}},{"$f":"'CRO2_Crono Simplificado'!UFO4","v":0},{"$f":"'CRO2_Crono Simplificado'!#REF!","v":{"$error":"#REF!"}},{"$f":"'CRO2_Crono Simplificado'!UFQ4","v":0},{"$f":"'CRO2_Crono Simplificado'!#REF!","v":{"$error":"#REF!"}},{"$f":"'CRO2_Crono Simplificado'!UFS4","v":0},{"$f":"'CRO2_Crono Simplificado'!#REF!","v":{"$error":"#REF!"}},{"$f":"'CRO2_Crono Simplificado'!UFU4","v":0},{"$f":"'CRO2_Crono Simplificado'!#REF!","v":{"$error":"#REF!"}},{"$f":"'CRO2_Crono Simplificado'!UFW4","v":0},{"$f":"'CRO2_Crono Simplificado'!#REF!","v":{"$error":"#REF!"}},{"$f":"'CRO2_Crono Simplificado'!UFY4","v":0},{"$f":"'CRO2_Crono Simplificado'!#REF!","v":{"$error":"#REF!"}},{"$f":"'CRO2_Crono Simplificado'!UGA4","v":0},{"$f":"'CRO2_Crono Simplificado'!#REF!","v":{"$error":"#REF!"}},{"$f":"'CRO2_Crono Simplificado'!UGC4","v":0},{"$f":"'CRO2_Crono Simplificado'!#REF!","v":{"$error":"#REF!"}},{"$f":"'CRO2_Crono Simplificado'!UGE4","v":0},{"$f":"'CRO2_Crono Simplificado'!#REF!","v":{"$error":"#REF!"}},{"$f":"'CRO2_Crono Simplificado'!UGG4","v":0},{"$f":"'CRO2_Crono Simplificado'!#REF!","v":{"$error":"#REF!"}},{"$f":"'CRO2_Crono Simplificado'!UGI4","v":0},{"$f":"'CRO2_Crono Simplificado'!#REF!","v":{"$error":"#REF!"}},{"$f":"'CRO2_Crono Simplificado'!UGK4","v":0},{"$f":"'CRO2_Crono Simplificado'!#REF!","v":{"$error":"#REF!"}},{"$f":"'CRO2_Crono Simplificado'!UGM4","v":0},{"$f":"'CRO2_Crono Simplificado'!#REF!","v":{"$error":"#REF!"}},{"$f":"'CRO2_Crono Simplificado'!UGO4","v":0},{"$f":"'CRO2_Crono Simplificado'!#REF!","v":{"$error":"#REF!"}},{"$f":"'CRO2_Crono Simplificado'!UGQ4","v":0},{"$f":"'CRO2_Crono Simplificado'!#REF!","v":{"$error":"#REF!"}},{"$f":"'CRO2_Crono Simplificado'!UGS4","v":0},{"$f":"'CRO2_Crono Simplificado'!#REF!","v":{"$error":"#REF!"}},{"$f":"'CRO2_Crono Simplificado'!UGU4","v":0},{"$f":"'CRO2_Crono Simplificado'!#REF!","v":{"$error":"#REF!"}},{"$f":"'CRO2_Crono Simplificado'!UGW4","v":0},{"$f":"'CRO2_Crono Simplificado'!#REF!","v":{"$error":"#REF!"}},{"$f":"'CRO2_Crono Simplificado'!UGY4","v":0},{"$f":"'CRO2_Crono Simplificado'!#REF!","v":{"$error":"#REF!"}},{"$f":"'CRO2_Crono Simplificado'!UHA4","v":0},{"$f":"'CRO2_Crono Simplificado'!#REF!","v":{"$error":"#REF!"}},{"$f":"'CRO2_Crono Simplificado'!UHC4","v":0},{"$f":"'CRO2_Crono Simplificado'!#REF!","v":{"$error":"#REF!"}},{"$f":"'CRO2_Crono Simplificado'!UHE4","v":0},{"$f":"'CRO2_Crono Simplificado'!#REF!","v":{"$error":"#REF!"}},{"$f":"'CRO2_Crono Simplificado'!UHG4","v":0},{"$f":"'CRO2_Crono Simplificado'!#REF!","v":{"$error":"#REF!"}},{"$f":"'CRO2_Crono Simplificado'!UHI4","v":0},{"$f":"'CRO2_Crono Simplificado'!#REF!","v":{"$error":"#REF!"}},{"$f":"'CRO2_Crono Simplificado'!UHK4","v":0},{"$f":"'CRO2_Crono Simplificado'!#REF!","v":{"$error":"#REF!"}},{"$f":"'CRO2_Crono Simplificado'!UHM4","v":0},{"$f":"'CRO2_Crono Simplificado'!#REF!","v":{"$error":"#REF!"}},{"$f":"'CRO2_Crono Simplificado'!UHO4","v":0},{"$f":"'CRO2_Crono Simplificado'!#REF!","v":{"$error":"#REF!"}},{"$f":"'CRO2_Crono Simplificado'!UHQ4","v":0},{"$f":"'CRO2_Crono Simplificado'!#REF!","v":{"$error":"#REF!"}},{"$f":"'CRO2_Crono Simplificado'!UHS4","v":0},{"$f":"'CRO2_Crono Simplificado'!#REF!","v":{"$error":"#REF!"}},{"$f":"'CRO2_Crono Simplificado'!UHU4","v":0},{"$f":"'CRO2_Crono Simplificado'!#REF!","v":{"$error":"#REF!"}},{"$f":"'CRO2_Crono Simplificado'!UHW4","v":0},{"$f":"'CRO2_Crono Simplificado'!#REF!","v":{"$error":"#REF!"}},{"$f":"'CRO2_Crono Simplificado'!UHY4","v":0},{"$f":"'CRO2_Crono Simplificado'!#REF!","v":{"$error":"#REF!"}},{"$f":"'CRO2_Crono Simplificado'!UIA4","v":0},{"$f":"'CRO2_Crono Simplificado'!#REF!","v":{"$error":"#REF!"}},{"$f":"'CRO2_Crono Simplificado'!UIC4","v":0},{"$f":"'CRO2_Crono Simplificado'!#REF!","v":{"$error":"#REF!"}},{"$f":"'CRO2_Crono Simplificado'!UIE4","v":0},{"$f":"'CRO2_Crono Simplificado'!#REF!","v":{"$error":"#REF!"}},{"$f":"'CRO2_Crono Simplificado'!UIG4","v":0},{"$f":"'CRO2_Crono Simplificado'!#REF!","v":{"$error":"#REF!"}},{"$f":"'CRO2_Crono Simplificado'!UII4","v":0},{"$f":"'CRO2_Crono Simplificado'!#REF!","v":{"$error":"#REF!"}},{"$f":"'CRO2_Crono Simplificado'!UIK4","v":0},{"$f":"'CRO2_Crono Simplificado'!#REF!","v":{"$error":"#REF!"}},{"$f":"'CRO2_Crono Simplificado'!UIM4","v":0},{"$f":"'CRO2_Crono Simplificado'!#REF!","v":{"$error":"#REF!"}},{"$f":"'CRO2_Crono Simplificado'!UIO4","v":0},{"$f":"'CRO2_Crono Simplificado'!#REF!","v":{"$error":"#REF!"}},{"$f":"'CRO2_Crono Simplificado'!UIQ4","v":0},{"$f":"'CRO2_Crono Simplificado'!#REF!","v":{"$error":"#REF!"}},{"$f":"'CRO2_Crono Simplificado'!UIS4","v":0},{"$f":"'CRO2_Crono Simplificado'!#REF!","v":{"$error":"#REF!"}},{"$f":"'CRO2_Crono Simplificado'!UIU4","v":0},{"$f":"'CRO2_Crono Simplificado'!#REF!","v":{"$error":"#REF!"}},{"$f":"'CRO2_Crono Simplificado'!UIW4","v":0},{"$f":"'CRO2_Crono Simplificado'!#REF!","v":{"$error":"#REF!"}},{"$f":"'CRO2_Crono Simplificado'!UIY4","v":0},{"$f":"'CRO2_Crono Simplificado'!#REF!","v":{"$error":"#REF!"}},{"$f":"'CRO2_Crono Simplificado'!UJA4","v":0},{"$f":"'CRO2_Crono Simplificado'!#REF!","v":{"$error":"#REF!"}},{"$f":"'CRO2_Crono Simplificado'!UJC4","v":0},{"$f":"'CRO2_Crono Simplificado'!#REF!","v":{"$error":"#REF!"}},{"$f":"'CRO2_Crono Simplificado'!UJE4","v":0},{"$f":"'CRO2_Crono Simplificado'!#REF!","v":{"$error":"#REF!"}},{"$f":"'CRO2_Crono Simplificado'!UJG4","v":0},{"$f":"'CRO2_Crono Simplificado'!#REF!","v":{"$error":"#REF!"}},{"$f":"'CRO2_Crono Simplificado'!UJI4","v":0},{"$f":"'CRO2_Crono Simplificado'!#REF!","v":{"$error":"#REF!"}},{"$f":"'CRO2_Crono Simplificado'!UJK4","v":0},{"$f":"'CRO2_Crono Simplificado'!#REF!","v":{"$error":"#REF!"}},{"$f":"'CRO2_Crono Simplificado'!UJM4","v":0},{"$f":"'CRO2_Crono Simplificado'!#REF!","v":{"$error":"#REF!"}},{"$f":"'CRO2_Crono Simplificado'!UJO4","v":0},{"$f":"'CRO2_Crono Simplificado'!#REF!","v":{"$error":"#REF!"}},{"$f":"'CRO2_Crono Simplificado'!UJQ4","v":0},{"$f":"'CRO2_Crono Simplificado'!#REF!","v":{"$error":"#REF!"}},{"$f":"'CRO2_Crono Simplificado'!UJS4","v":0},{"$f":"'CRO2_Crono Simplificado'!#REF!","v":{"$error":"#REF!"}},{"$f":"'CRO2_Crono Simplificado'!UJU4","v":0},{"$f":"'CRO2_Crono Simplificado'!#REF!","v":{"$error":"#REF!"}},{"$f":"'CRO2_Crono Simplificado'!UJW4","v":0},{"$f":"'CRO2_Crono Simplificado'!#REF!","v":{"$error":"#REF!"}},{"$f":"'CRO2_Crono Simplificado'!UJY4","v":0},{"$f":"'CRO2_Crono Simplificado'!#REF!","v":{"$error":"#REF!"}},{"$f":"'CRO2_Crono Simplificado'!UKA4","v":0},{"$f":"'CRO2_Crono Simplificado'!#REF!","v":{"$error":"#REF!"}},{"$f":"'CRO2_Crono Simplificado'!UKC4","v":0},{"$f":"'CRO2_Crono Simplificado'!#REF!","v":{"$error":"#REF!"}},{"$f":"'CRO2_Crono Simplificado'!UKE4","v":0},{"$f":"'CRO2_Crono Simplificado'!#REF!","v":{"$error":"#REF!"}},{"$f":"'CRO2_Crono Simplificado'!UKG4","v":0},{"$f":"'CRO2_Crono Simplificado'!#REF!","v":{"$error":"#REF!"}},{"$f":"'CRO2_Crono Simplificado'!UKI4","v":0},{"$f":"'CRO2_Crono Simplificado'!#REF!","v":{"$error":"#REF!"}},{"$f":"'CRO2_Crono Simplificado'!UKK4","v":0},{"$f":"'CRO2_Crono Simplificado'!#REF!","v":{"$error":"#REF!"}},{"$f":"'CRO2_Crono Simplificado'!UKM4","v":0},{"$f":"'CRO2_Crono Simplificado'!#REF!","v":{"$error":"#REF!"}},{"$f":"'CRO2_Crono Simplificado'!UKO4","v":0},{"$f":"'CRO2_Crono Simplificado'!#REF!","v":{"$error":"#REF!"}},{"$f":"'CRO2_Crono Simplificado'!UKQ4","v":0},{"$f":"'CRO2_Crono Simplificado'!#REF!","v":{"$error":"#REF!"}},{"$f":"'CRO2_Crono Simplificado'!UKS4","v":0},{"$f":"'CRO2_Crono Simplificado'!#REF!","v":{"$error":"#REF!"}},{"$f":"'CRO2_Crono Simplificado'!UKU4","v":0},{"$f":"'CRO2_Crono Simplificado'!#REF!","v":{"$error":"#REF!"}},{"$f":"'CRO2_Crono Simplificado'!UKW4","v":0},{"$f":"'CRO2_Crono Simplificado'!#REF!","v":{"$error":"#REF!"}},{"$f":"'CRO2_Crono Simplificado'!UKY4","v":0},{"$f":"'CRO2_Crono Simplificado'!#REF!","v":{"$error":"#REF!"}},{"$f":"'CRO2_Crono Simplificado'!ULA4","v":0},{"$f":"'CRO2_Crono Simplificado'!#REF!","v":{"$error":"#REF!"}},{"$f":"'CRO2_Crono Simplificado'!ULC4","v":0},{"$f":"'CRO2_Crono Simplificado'!#REF!","v":{"$error":"#REF!"}},{"$f":"'CRO2_Crono Simplificado'!ULE4","v":0},{"$f":"'CRO2_Crono Simplificado'!#REF!","v":{"$error":"#REF!"}},{"$f":"'CRO2_Crono Simplificado'!ULG4","v":0},{"$f":"'CRO2_Crono Simplificado'!#REF!","v":{"$error":"#REF!"}},{"$f":"'CRO2_Crono Simplificado'!ULI4","v":0},{"$f":"'CRO2_Crono Simplificado'!#REF!","v":{"$error":"#REF!"}},{"$f":"'CRO2_Crono Simplificado'!ULK4","v":0},{"$f":"'CRO2_Crono Simplificado'!#REF!","v":{"$error":"#REF!"}},{"$f":"'CRO2_Crono Simplificado'!ULM4","v":0},{"$f":"'CRO2_Crono Simplificado'!#REF!","v":{"$error":"#REF!"}},{"$f":"'CRO2_Crono Simplificado'!ULO4","v":0},{"$f":"'CRO2_Crono Simplificado'!#REF!","v":{"$error":"#REF!"}},{"$f":"'CRO2_Crono Simplificado'!ULQ4","v":0},{"$f":"'CRO2_Crono Simplificado'!#REF!","v":{"$error":"#REF!"}},{"$f":"'CRO2_Crono Simplificado'!ULS4","v":0},{"$f":"'CRO2_Crono Simplificado'!#REF!","v":{"$error":"#REF!"}},{"$f":"'CRO2_Crono Simplificado'!ULU4","v":0},{"$f":"'CRO2_Crono Simplificado'!#REF!","v":{"$error":"#REF!"}},{"$f":"'CRO2_Crono Simplificado'!ULW4","v":0},{"$f":"'CRO2_Crono Simplificado'!#REF!","v":{"$error":"#REF!"}},{"$f":"'CRO2_Crono Simplificado'!ULY4","v":0},{"$f":"'CRO2_Crono Simplificado'!#REF!","v":{"$error":"#REF!"}},{"$f":"'CRO2_Crono Simplificado'!UMA4","v":0},{"$f":"'CRO2_Crono Simplificado'!#REF!","v":{"$error":"#REF!"}},{"$f":"'CRO2_Crono Simplificado'!UMC4","v":0},{"$f":"'CRO2_Crono Simplificado'!#REF!","v":{"$error":"#REF!"}},{"$f":"'CRO2_Crono Simplificado'!UME4","v":0},{"$f":"'CRO2_Crono Simplificado'!#REF!","v":{"$error":"#REF!"}},{"$f":"'CRO2_Crono Simplificado'!UMG4","v":0},{"$f":"'CRO2_Crono Simplificado'!#REF!","v":{"$error":"#REF!"}},{"$f":"'CRO2_Crono Simplificado'!UMI4","v":0},{"$f":"'CRO2_Crono Simplificado'!#REF!","v":{"$error":"#REF!"}},{"$f":"'CRO2_Crono Simplificado'!UMK4","v":0},{"$f":"'CRO2_Crono Simplificado'!#REF!","v":{"$error":"#REF!"}},{"$f":"'CRO2_Crono Simplificado'!UMM4","v":0},{"$f":"'CRO2_Crono Simplificado'!#REF!","v":{"$error":"#REF!"}},{"$f":"'CRO2_Crono Simplificado'!UMO4","v":0},{"$f":"'CRO2_Crono Simplificado'!#REF!","v":{"$error":"#REF!"}},{"$f":"'CRO2_Crono Simplificado'!UMQ4","v":0},{"$f":"'CRO2_Crono Simplificado'!#REF!","v":{"$error":"#REF!"}},{"$f":"'CRO2_Crono Simplificado'!UMS4","v":0},{"$f":"'CRO2_Crono Simplificado'!#REF!","v":{"$error":"#REF!"}},{"$f":"'CRO2_Crono Simplificado'!UMU4","v":0},{"$f":"'CRO2_Crono Simplificado'!#REF!","v":{"$error":"#REF!"}},{"$f":"'CRO2_Crono Simplificado'!UMW4","v":0},{"$f":"'CRO2_Crono Simplificado'!#REF!","v":{"$error":"#REF!"}},{"$f":"'CRO2_Crono Simplificado'!UMY4","v":0},{"$f":"'CRO2_Crono Simplificado'!#REF!","v":{"$error":"#REF!"}},{"$f":"'CRO2_Crono Simplificado'!UNA4","v":0},{"$f":"'CRO2_Crono Simplificado'!#REF!","v":{"$error":"#REF!"}},{"$f":"'CRO2_Crono Simplificado'!UNC4","v":0},{"$f":"'CRO2_Crono Simplificado'!#REF!","v":{"$error":"#REF!"}},{"$f":"'CRO2_Crono Simplificado'!UNE4","v":0},{"$f":"'CRO2_Crono Simplificado'!#REF!","v":{"$error":"#REF!"}},{"$f":"'CRO2_Crono Simplificado'!UNG4","v":0},{"$f":"'CRO2_Crono Simplificado'!#REF!","v":{"$error":"#REF!"}},{"$f":"'CRO2_Crono Simplificado'!UNI4","v":0},{"$f":"'CRO2_Crono Simplificado'!#REF!","v":{"$error":"#REF!"}},{"$f":"'CRO2_Crono Simplificado'!UNK4","v":0},{"$f":"'CRO2_Crono Simplificado'!#REF!","v":{"$error":"#REF!"}},{"$f":"'CRO2_Crono Simplificado'!UNM4","v":0},{"$f":"'CRO2_Crono Simplificado'!#REF!","v":{"$error":"#REF!"}},{"$f":"'CRO2_Crono Simplificado'!UNO4","v":0},{"$f":"'CRO2_Crono Simplificado'!#REF!","v":{"$error":"#REF!"}},{"$f":"'CRO2_Crono Simplificado'!UNQ4","v":0},{"$f":"'CRO2_Crono Simplificado'!#REF!","v":{"$error":"#REF!"}},{"$f":"'CRO2_Crono Simplificado'!UNS4","v":0},{"$f":"'CRO2_Crono Simplificado'!#REF!","v":{"$error":"#REF!"}},{"$f":"'CRO2_Crono Simplificado'!UNU4","v":0},{"$f":"'CRO2_Crono Simplificado'!#REF!","v":{"$error":"#REF!"}},{"$f":"'CRO2_Crono Simplificado'!UNW4","v":0},{"$f":"'CRO2_Crono Simplificado'!#REF!","v":{"$error":"#REF!"}},{"$f":"'CRO2_Crono Simplificado'!UNY4","v":0},{"$f":"'CRO2_Crono Simplificado'!#REF!","v":{"$error":"#REF!"}},{"$f":"'CRO2_Crono Simplificado'!UOA4","v":0},{"$f":"'CRO2_Crono Simplificado'!#REF!","v":{"$error":"#REF!"}},{"$f":"'CRO2_Crono Simplificado'!UOC4","v":0},{"$f":"'CRO2_Crono Simplificado'!#REF!","v":{"$error":"#REF!"}},{"$f":"'CRO2_Crono Simplificado'!UOE4","v":0},{"$f":"'CRO2_Crono Simplificado'!#REF!","v":{"$error":"#REF!"}},{"$f":"'CRO2_Crono Simplificado'!UOG4","v":0},{"$f":"'CRO2_Crono Simplificado'!#REF!","v":{"$error":"#REF!"}},{"$f":"'CRO2_Crono Simplificado'!UOI4","v":0},{"$f":"'CRO2_Crono Simplificado'!#REF!","v":{"$error":"#REF!"}},{"$f":"'CRO2_Crono Simplificado'!UOK4","v":0},{"$f":"'CRO2_Crono Simplificado'!#REF!","v":{"$error":"#REF!"}},{"$f":"'CRO2_Crono Simplificado'!UOM4","v":0},{"$f":"'CRO2_Crono Simplificado'!#REF!","v":{"$error":"#REF!"}},{"$f":"'CRO2_Crono Simplificado'!UOO4","v":0},{"$f":"'CRO2_Crono Simplificado'!#REF!","v":{"$error":"#REF!"}},{"$f":"'CRO2_Crono Simplificado'!UOQ4","v":0},{"$f":"'CRO2_Crono Simplificado'!#REF!","v":{"$error":"#REF!"}},{"$f":"'CRO2_Crono Simplificado'!UOS4","v":0},{"$f":"'CRO2_Crono Simplificado'!#REF!","v":{"$error":"#REF!"}},{"$f":"'CRO2_Crono Simplificado'!UOU4","v":0},{"$f":"'CRO2_Crono Simplificado'!#REF!","v":{"$error":"#REF!"}},{"$f":"'CRO2_Crono Simplificado'!UOW4","v":0},{"$f":"'CRO2_Crono Simplificado'!#REF!","v":{"$error":"#REF!"}},{"$f":"'CRO2_Crono Simplificado'!UOY4","v":0},{"$f":"'CRO2_Crono Simplificado'!#REF!","v":{"$error":"#REF!"}},{"$f":"'CRO2_Crono Simplificado'!UPA4","v":0},{"$f":"'CRO2_Crono Simplificado'!#REF!","v":{"$error":"#REF!"}},{"$f":"'CRO2_Crono Simplificado'!UPC4","v":0},{"$f":"'CRO2_Crono Simplificado'!#REF!","v":{"$error":"#REF!"}},{"$f":"'CRO2_Crono Simplificado'!UPE4","v":0},{"$f":"'CRO2_Crono Simplificado'!#REF!","v":{"$error":"#REF!"}},{"$f":"'CRO2_Crono Simplificado'!UPG4","v":0},{"$f":"'CRO2_Crono Simplificado'!#REF!","v":{"$error":"#REF!"}},{"$f":"'CRO2_Crono Simplificado'!UPI4","v":0},{"$f":"'CRO2_Crono Simplificado'!#REF!","v":{"$error":"#REF!"}},{"$f":"'CRO2_Crono Simplificado'!UPK4","v":0},{"$f":"'CRO2_Crono Simplificado'!#REF!","v":{"$error":"#REF!"}},{"$f":"'CRO2_Crono Simplificado'!UPM4","v":0},{"$f":"'CRO2_Crono Simplificado'!#REF!","v":{"$error":"#REF!"}},{"$f":"'CRO2_Crono Simplificado'!UPO4","v":0},{"$f":"'CRO2_Crono Simplificado'!#REF!","v":{"$error":"#REF!"}},{"$f":"'CRO2_Crono Simplificado'!UPQ4","v":0},{"$f":"'CRO2_Crono Simplificado'!#REF!","v":{"$error":"#REF!"}},{"$f":"'CRO2_Crono Simplificado'!UPS4","v":0},{"$f":"'CRO2_Crono Simplificado'!#REF!","v":{"$error":"#REF!"}},{"$f":"'CRO2_Crono Simplificado'!UPU4","v":0},{"$f":"'CRO2_Crono Simplificado'!#REF!","v":{"$error":"#REF!"}},{"$f":"'CRO2_Crono Simplificado'!UPW4","v":0},{"$f":"'CRO2_Crono Simplificado'!#REF!","v":{"$error":"#REF!"}},{"$f":"'CRO2_Crono Simplificado'!UPY4","v":0},{"$f":"'CRO2_Crono Simplificado'!#REF!","v":{"$error":"#REF!"}},{"$f":"'CRO2_Crono Simplificado'!UQA4","v":0},{"$f":"'CRO2_Crono Simplificado'!#REF!","v":{"$error":"#REF!"}},{"$f":"'CRO2_Crono Simplificado'!UQC4","v":0},{"$f":"'CRO2_Crono Simplificado'!#REF!","v":{"$error":"#REF!"}},{"$f":"'CRO2_Crono Simplificado'!UQE4","v":0},{"$f":"'CRO2_Crono Simplificado'!#REF!","v":{"$error":"#REF!"}},{"$f":"'CRO2_Crono Simplificado'!UQG4","v":0},{"$f":"'CRO2_Crono Simplificado'!#REF!","v":{"$error":"#REF!"}},{"$f":"'CRO2_Crono Simplificado'!UQI4","v":0},{"$f":"'CRO2_Crono Simplificado'!#REF!","v":{"$error":"#REF!"}},{"$f":"'CRO2_Crono Simplificado'!UQK4","v":0},{"$f":"'CRO2_Crono Simplificado'!#REF!","v":{"$error":"#REF!"}},{"$f":"'CRO2_Crono Simplificado'!UQM4","v":0},{"$f":"'CRO2_Crono Simplificado'!#REF!","v":{"$error":"#REF!"}},{"$f":"'CRO2_Crono Simplificado'!UQO4","v":0},{"$f":"'CRO2_Crono Simplificado'!#REF!","v":{"$error":"#REF!"}},{"$f":"'CRO2_Crono Simplificado'!UQQ4","v":0},{"$f":"'CRO2_Crono Simplificado'!#REF!","v":{"$error":"#REF!"}},{"$f":"'CRO2_Crono Simplificado'!UQS4","v":0},{"$f":"'CRO2_Crono Simplificado'!#REF!","v":{"$error":"#REF!"}},{"$f":"'CRO2_Crono Simplificado'!UQU4","v":0},{"$f":"'CRO2_Crono Simplificado'!#REF!","v":{"$error":"#REF!"}},{"$f":"'CRO2_Crono Simplificado'!UQW4","v":0},{"$f":"'CRO2_Crono Simplificado'!#REF!","v":{"$error":"#REF!"}},{"$f":"'CRO2_Crono Simplificado'!UQY4","v":0},{"$f":"'CRO2_Crono Simplificado'!#REF!","v":{"$error":"#REF!"}},{"$f":"'CRO2_Crono Simplificado'!URA4","v":0},{"$f":"'CRO2_Crono Simplificado'!#REF!","v":{"$error":"#REF!"}},{"$f":"'CRO2_Crono Simplificado'!URC4","v":0},{"$f":"'CRO2_Crono Simplificado'!#REF!","v":{"$error":"#REF!"}},{"$f":"'CRO2_Crono Simplificado'!URE4","v":0},{"$f":"'CRO2_Crono Simplificado'!#REF!","v":{"$error":"#REF!"}},{"$f":"'CRO2_Crono Simplificado'!URG4","v":0},{"$f":"'CRO2_Crono Simplificado'!#REF!","v":{"$error":"#REF!"}},{"$f":"'CRO2_Crono Simplificado'!URI4","v":0},{"$f":"'CRO2_Crono Simplificado'!#REF!","v":{"$error":"#REF!"}},{"$f":"'CRO2_Crono Simplificado'!URK4","v":0},{"$f":"'CRO2_Crono Simplificado'!#REF!","v":{"$error":"#REF!"}},{"$f":"'CRO2_Crono Simplificado'!URM4","v":0},{"$f":"'CRO2_Crono Simplificado'!#REF!","v":{"$error":"#REF!"}},{"$f":"'CRO2_Crono Simplificado'!URO4","v":0},{"$f":"'CRO2_Crono Simplificado'!#REF!","v":{"$error":"#REF!"}},{"$f":"'CRO2_Crono Simplificado'!URQ4","v":0},{"$f":"'CRO2_Crono Simplificado'!#REF!","v":{"$error":"#REF!"}},{"$f":"'CRO2_Crono Simplificado'!URS4","v":0},{"$f":"'CRO2_Crono Simplificado'!#REF!","v":{"$error":"#REF!"}},{"$f":"'CRO2_Crono Simplificado'!URU4","v":0},{"$f":"'CRO2_Crono Simplificado'!#REF!","v":{"$error":"#REF!"}},{"$f":"'CRO2_Crono Simplificado'!URW4","v":0},{"$f":"'CRO2_Crono Simplificado'!#REF!","v":{"$error":"#REF!"}},{"$f":"'CRO2_Crono Simplificado'!URY4","v":0},{"$f":"'CRO2_Crono Simplificado'!#REF!","v":{"$error":"#REF!"}},{"$f":"'CRO2_Crono Simplificado'!USA4","v":0},{"$f":"'CRO2_Crono Simplificado'!#REF!","v":{"$error":"#REF!"}},{"$f":"'CRO2_Crono Simplificado'!USC4","v":0},{"$f":"'CRO2_Crono Simplificado'!#REF!","v":{"$error":"#REF!"}},{"$f":"'CRO2_Crono Simplificado'!USE4","v":0},{"$f":"'CRO2_Crono Simplificado'!#REF!","v":{"$error":"#REF!"}},{"$f":"'CRO2_Crono Simplificado'!USG4","v":0},{"$f":"'CRO2_Crono Simplificado'!#REF!","v":{"$error":"#REF!"}},{"$f":"'CRO2_Crono Simplificado'!USI4","v":0},{"$f":"'CRO2_Crono Simplificado'!#REF!","v":{"$error":"#REF!"}},{"$f":"'CRO2_Crono Simplificado'!USK4","v":0},{"$f":"'CRO2_Crono Simplificado'!#REF!","v":{"$error":"#REF!"}},{"$f":"'CRO2_Crono Simplificado'!USM4","v":0},{"$f":"'CRO2_Crono Simplificado'!#REF!","v":{"$error":"#REF!"}},{"$f":"'CRO2_Crono Simplificado'!USO4","v":0},{"$f":"'CRO2_Crono Simplificado'!#REF!","v":{"$error":"#REF!"}},{"$f":"'CRO2_Crono Simplificado'!USQ4","v":0},{"$f":"'CRO2_Crono Simplificado'!#REF!","v":{"$error":"#REF!"}},{"$f":"'CRO2_Crono Simplificado'!USS4","v":0},{"$f":"'CRO2_Crono Simplificado'!#REF!","v":{"$error":"#REF!"}},{"$f":"'CRO2_Crono Simplificado'!USU4","v":0},{"$f":"'CRO2_Crono Simplificado'!#REF!","v":{"$error":"#REF!"}},{"$f":"'CRO2_Crono Simplificado'!USW4","v":0},{"$f":"'CRO2_Crono Simplificado'!#REF!","v":{"$error":"#REF!"}},{"$f":"'CRO2_Crono Simplificado'!USY4","v":0},{"$f":"'CRO2_Crono Simplificado'!#REF!","v":{"$error":"#REF!"}},{"$f":"'CRO2_Crono Simplificado'!UTA4","v":0},{"$f":"'CRO2_Crono Simplificado'!#REF!","v":{"$error":"#REF!"}},{"$f":"'CRO2_Crono Simplificado'!UTC4","v":0},{"$f":"'CRO2_Crono Simplificado'!#REF!","v":{"$error":"#REF!"}},{"$f":"'CRO2_Crono Simplificado'!UTE4","v":0},{"$f":"'CRO2_Crono Simplificado'!#REF!","v":{"$error":"#REF!"}},{"$f":"'CRO2_Crono Simplificado'!UTG4","v":0},{"$f":"'CRO2_Crono Simplificado'!#REF!","v":{"$error":"#REF!"}},{"$f":"'CRO2_Crono Simplificado'!UTI4","v":0},{"$f":"'CRO2_Crono Simplificado'!#REF!","v":{"$error":"#REF!"}},{"$f":"'CRO2_Crono Simplificado'!UTK4","v":0},{"$f":"'CRO2_Crono Simplificado'!#REF!","v":{"$error":"#REF!"}},{"$f":"'CRO2_Crono Simplificado'!UTM4","v":0},{"$f":"'CRO2_Crono Simplificado'!#REF!","v":{"$error":"#REF!"}},{"$f":"'CRO2_Crono Simplificado'!UTO4","v":0},{"$f":"'CRO2_Crono Simplificado'!#REF!","v":{"$error":"#REF!"}},{"$f":"'CRO2_Crono Simplificado'!UTQ4","v":0},{"$f":"'CRO2_Crono Simplificado'!#REF!","v":{"$error":"#REF!"}},{"$f":"'CRO2_Crono Simplificado'!UTS4","v":0},{"$f":"'CRO2_Crono Simplificado'!#REF!","v":{"$error":"#REF!"}},{"$f":"'CRO2_Crono Simplificado'!UTU4","v":0},{"$f":"'CRO2_Crono Simplificado'!#REF!","v":{"$error":"#REF!"}},{"$f":"'CRO2_Crono Simplificado'!UTW4","v":0},{"$f":"'CRO2_Crono Simplificado'!#REF!","v":{"$error":"#REF!"}},{"$f":"'CRO2_Crono Simplificado'!UTY4","v":0},{"$f":"'CRO2_Crono Simplificado'!#REF!","v":{"$error":"#REF!"}},{"$f":"'CRO2_Crono Simplificado'!UUA4","v":0},{"$f":"'CRO2_Crono Simplificado'!#REF!","v":{"$error":"#REF!"}},{"$f":"'CRO2_Crono Simplificado'!UUC4","v":0},{"$f":"'CRO2_Crono Simplificado'!#REF!","v":{"$error":"#REF!"}},{"$f":"'CRO2_Crono Simplificado'!UUE4","v":0},{"$f":"'CRO2_Crono Simplificado'!#REF!","v":{"$error":"#REF!"}},{"$f":"'CRO2_Crono Simplificado'!UUG4","v":0},{"$f":"'CRO2_Crono Simplificado'!#REF!","v":{"$error":"#REF!"}},{"$f":"'CRO2_Crono Simplificado'!UUI4","v":0},{"$f":"'CRO2_Crono Simplificado'!#REF!","v":{"$error":"#REF!"}},{"$f":"'CRO2_Crono Simplificado'!UUK4","v":0},{"$f":"'CRO2_Crono Simplificado'!#REF!","v":{"$error":"#REF!"}},{"$f":"'CRO2_Crono Simplificado'!UUM4","v":0},{"$f":"'CRO2_Crono Simplificado'!#REF!","v":{"$error":"#REF!"}},{"$f":"'CRO2_Crono Simplificado'!UUO4","v":0},{"$f":"'CRO2_Crono Simplificado'!#REF!","v":{"$error":"#REF!"}},{"$f":"'CRO2_Crono Simplificado'!UUQ4","v":0},{"$f":"'CRO2_Crono Simplificado'!#REF!","v":{"$error":"#REF!"}},{"$f":"'CRO2_Crono Simplificado'!UUS4","v":0},{"$f":"'CRO2_Crono Simplificado'!#REF!","v":{"$error":"#REF!"}},{"$f":"'CRO2_Crono Simplificado'!UUU4","v":0},{"$f":"'CRO2_Crono Simplificado'!#REF!","v":{"$error":"#REF!"}},{"$f":"'CRO2_Crono Simplificado'!UUW4","v":0},{"$f":"'CRO2_Crono Simplificado'!#REF!","v":{"$error":"#REF!"}},{"$f":"'CRO2_Crono Simplificado'!UUY4","v":0},{"$f":"'CRO2_Crono Simplificado'!#REF!","v":{"$error":"#REF!"}},{"$f":"'CRO2_Crono Simplificado'!UVA4","v":0},{"$f":"'CRO2_Crono Simplificado'!#REF!","v":{"$error":"#REF!"}},{"$f":"'CRO2_Crono Simplificado'!UVC4","v":0},{"$f":"'CRO2_Crono Simplificado'!#REF!","v":{"$error":"#REF!"}},{"$f":"'CRO2_Crono Simplificado'!UVE4","v":0},{"$f":"'CRO2_Crono Simplificado'!#REF!","v":{"$error":"#REF!"}},{"$f":"'CRO2_Crono Simplificado'!UVG4","v":0},{"$f":"'CRO2_Crono Simplificado'!#REF!","v":{"$error":"#REF!"}},{"$f":"'CRO2_Crono Simplificado'!UVI4","v":0},{"$f":"'CRO2_Crono Simplificado'!#REF!","v":{"$error":"#REF!"}},{"$f":"'CRO2_Crono Simplificado'!UVK4","v":0},{"$f":"'CRO2_Crono Simplificado'!#REF!","v":{"$error":"#REF!"}},{"$f":"'CRO2_Crono Simplificado'!UVM4","v":0},{"$f":"'CRO2_Crono Simplificado'!#REF!","v":{"$error":"#REF!"}},{"$f":"'CRO2_Crono Simplificado'!UVO4","v":0},{"$f":"'CRO2_Crono Simplificado'!#REF!","v":{"$error":"#REF!"}},{"$f":"'CRO2_Crono Simplificado'!UVQ4","v":0},{"$f":"'CRO2_Crono Simplificado'!#REF!","v":{"$error":"#REF!"}},{"$f":"'CRO2_Crono Simplificado'!UVS4","v":0},{"$f":"'CRO2_Crono Simplificado'!#REF!","v":{"$error":"#REF!"}},{"$f":"'CRO2_Crono Simplificado'!UVU4","v":0},{"$f":"'CRO2_Crono Simplificado'!#REF!","v":{"$error":"#REF!"}},{"$f":"'CRO2_Crono Simplificado'!UVW4","v":0},{"$f":"'CRO2_Crono Simplificado'!#REF!","v":{"$error":"#REF!"}},{"$f":"'CRO2_Crono Simplificado'!UVY4","v":0},{"$f":"'CRO2_Crono Simplificado'!#REF!","v":{"$error":"#REF!"}},{"$f":"'CRO2_Crono Simplificado'!UWA4","v":0},{"$f":"'CRO2_Crono Simplificado'!#REF!","v":{"$error":"#REF!"}},{"$f":"'CRO2_Crono Simplificado'!UWC4","v":0},{"$f":"'CRO2_Crono Simplificado'!#REF!","v":{"$error":"#REF!"}},{"$f":"'CRO2_Crono Simplificado'!UWE4","v":0},{"$f":"'CRO2_Crono Simplificado'!#REF!","v":{"$error":"#REF!"}},{"$f":"'CRO2_Crono Simplificado'!UWG4","v":0},{"$f":"'CRO2_Crono Simplificado'!#REF!","v":{"$error":"#REF!"}},{"$f":"'CRO2_Crono Simplificado'!UWI4","v":0},{"$f":"'CRO2_Crono Simplificado'!#REF!","v":{"$error":"#REF!"}},{"$f":"'CRO2_Crono Simplificado'!UWK4","v":0},{"$f":"'CRO2_Crono Simplificado'!#REF!","v":{"$error":"#REF!"}},{"$f":"'CRO2_Crono Simplificado'!UWM4","v":0},{"$f":"'CRO2_Crono Simplificado'!#REF!","v":{"$error":"#REF!"}},{"$f":"'CRO2_Crono Simplificado'!UWO4","v":0},{"$f":"'CRO2_Crono Simplificado'!#REF!","v":{"$error":"#REF!"}},{"$f":"'CRO2_Crono Simplificado'!UWQ4","v":0},{"$f":"'CRO2_Crono Simplificado'!#REF!","v":{"$error":"#REF!"}},{"$f":"'CRO2_Crono Simplificado'!UWS4","v":0},{"$f":"'CRO2_Crono Simplificado'!#REF!","v":{"$error":"#REF!"}},{"$f":"'CRO2_Crono Simplificado'!UWU4","v":0},{"$f":"'CRO2_Crono Simplificado'!#REF!","v":{"$error":"#REF!"}},{"$f":"'CRO2_Crono Simplificado'!UWW4","v":0},{"$f":"'CRO2_Crono Simplificado'!#REF!","v":{"$error":"#REF!"}},{"$f":"'CRO2_Crono Simplificado'!UWY4","v":0},{"$f":"'CRO2_Crono Simplificado'!#REF!","v":{"$error":"#REF!"}},{"$f":"'CRO2_Crono Simplificado'!UXA4","v":0},{"$f":"'CRO2_Crono Simplificado'!#REF!","v":{"$error":"#REF!"}},{"$f":"'CRO2_Crono Simplificado'!UXC4","v":0},{"$f":"'CRO2_Crono Simplificado'!#REF!","v":{"$error":"#REF!"}},{"$f":"'CRO2_Crono Simplificado'!UXE4","v":0},{"$f":"'CRO2_Crono Simplificado'!#REF!","v":{"$error":"#REF!"}},{"$f":"'CRO2_Crono Simplificado'!UXG4","v":0},{"$f":"'CRO2_Crono Simplificado'!#REF!","v":{"$error":"#REF!"}},{"$f":"'CRO2_Crono Simplificado'!UXI4","v":0},{"$f":"'CRO2_Crono Simplificado'!#REF!","v":{"$error":"#REF!"}},{"$f":"'CRO2_Crono Simplificado'!UXK4","v":0},{"$f":"'CRO2_Crono Simplificado'!#REF!","v":{"$error":"#REF!"}},{"$f":"'CRO2_Crono Simplificado'!UXM4","v":0},{"$f":"'CRO2_Crono Simplificado'!#REF!","v":{"$error":"#REF!"}},{"$f":"'CRO2_Crono Simplificado'!UXO4","v":0},{"$f":"'CRO2_Crono Simplificado'!#REF!","v":{"$error":"#REF!"}},{"$f":"'CRO2_Crono Simplificado'!UXQ4","v":0},{"$f":"'CRO2_Crono Simplificado'!#REF!","v":{"$error":"#REF!"}},{"$f":"'CRO2_Crono Simplificado'!UXS4","v":0},{"$f":"'CRO2_Crono Simplificado'!#REF!","v":{"$error":"#REF!"}},{"$f":"'CRO2_Crono Simplificado'!UXU4","v":0},{"$f":"'CRO2_Crono Simplificado'!#REF!","v":{"$error":"#REF!"}},{"$f":"'CRO2_Crono Simplificado'!UXW4","v":0},{"$f":"'CRO2_Crono Simplificado'!#REF!","v":{"$error":"#REF!"}},{"$f":"'CRO2_Crono Simplificado'!UXY4","v":0},{"$f":"'CRO2_Crono Simplificado'!#REF!","v":{"$error":"#REF!"}},{"$f":"'CRO2_Crono Simplificado'!UYA4","v":0},{"$f":"'CRO2_Crono Simplificado'!#REF!","v":{"$error":"#REF!"}},{"$f":"'CRO2_Crono Simplificado'!UYC4","v":0},{"$f":"'CRO2_Crono Simplificado'!#REF!","v":{"$error":"#REF!"}},{"$f":"'CRO2_Crono Simplificado'!UYE4","v":0},{"$f":"'CRO2_Crono Simplificado'!#REF!","v":{"$error":"#REF!"}},{"$f":"'CRO2_Crono Simplificado'!UYG4","v":0},{"$f":"'CRO2_Crono Simplificado'!#REF!","v":{"$error":"#REF!"}},{"$f":"'CRO2_Crono Simplificado'!UYI4","v":0},{"$f":"'CRO2_Crono Simplificado'!#REF!","v":{"$error":"#REF!"}},{"$f":"'CRO2_Crono Simplificado'!UYK4","v":0},{"$f":"'CRO2_Crono Simplificado'!#REF!","v":{"$error":"#REF!"}},{"$f":"'CRO2_Crono Simplificado'!UYM4","v":0},{"$f":"'CRO2_Crono Simplificado'!#REF!","v":{"$error":"#REF!"}},{"$f":"'CRO2_Crono Simplificado'!UYO4","v":0},{"$f":"'CRO2_Crono Simplificado'!#REF!","v":{"$error":"#REF!"}},{"$f":"'CRO2_Crono Simplificado'!UYQ4","v":0},{"$f":"'CRO2_Crono Simplificado'!#REF!","v":{"$error":"#REF!"}},{"$f":"'CRO2_Crono Simplificado'!UYS4","v":0},{"$f":"'CRO2_Crono Simplificado'!#REF!","v":{"$error":"#REF!"}},{"$f":"'CRO2_Crono Simplificado'!UYU4","v":0},{"$f":"'CRO2_Crono Simplificado'!#REF!","v":{"$error":"#REF!"}},{"$f":"'CRO2_Crono Simplificado'!UYW4","v":0},{"$f":"'CRO2_Crono Simplificado'!#REF!","v":{"$error":"#REF!"}},{"$f":"'CRO2_Crono Simplificado'!UYY4","v":0},{"$f":"'CRO2_Crono Simplificado'!#REF!","v":{"$error":"#REF!"}},{"$f":"'CRO2_Crono Simplificado'!UZA4","v":0},{"$f":"'CRO2_Crono Simplificado'!#REF!","v":{"$error":"#REF!"}},{"$f":"'CRO2_Crono Simplificado'!UZC4","v":0},{"$f":"'CRO2_Crono Simplificado'!#REF!","v":{"$error":"#REF!"}},{"$f":"'CRO2_Crono Simplificado'!UZE4","v":0},{"$f":"'CRO2_Crono Simplificado'!#REF!","v":{"$error":"#REF!"}},{"$f":"'CRO2_Crono Simplificado'!UZG4","v":0},{"$f":"'CRO2_Crono Simplificado'!#REF!","v":{"$error":"#REF!"}},{"$f":"'CRO2_Crono Simplificado'!UZI4","v":0},{"$f":"'CRO2_Crono Simplificado'!#REF!","v":{"$error":"#REF!"}},{"$f":"'CRO2_Crono Simplificado'!UZK4","v":0},{"$f":"'CRO2_Crono Simplificado'!#REF!","v":{"$error":"#REF!"}},{"$f":"'CRO2_Crono Simplificado'!UZM4","v":0},{"$f":"'CRO2_Crono Simplificado'!#REF!","v":{"$error":"#REF!"}},{"$f":"'CRO2_Crono Simplificado'!UZO4","v":0},{"$f":"'CRO2_Crono Simplificado'!#REF!","v":{"$error":"#REF!"}},{"$f":"'CRO2_Crono Simplificado'!UZQ4","v":0},{"$f":"'CRO2_Crono Simplificado'!#REF!","v":{"$error":"#REF!"}},{"$f":"'CRO2_Crono Simplificado'!UZS4","v":0},{"$f":"'CRO2_Crono Simplificado'!#REF!","v":{"$error":"#REF!"}},{"$f":"'CRO2_Crono Simplificado'!UZU4","v":0},{"$f":"'CRO2_Crono Simplificado'!#REF!","v":{"$error":"#REF!"}},{"$f":"'CRO2_Crono Simplificado'!UZW4","v":0},{"$f":"'CRO2_Crono Simplificado'!#REF!","v":{"$error":"#REF!"}},{"$f":"'CRO2_Crono Simplificado'!UZY4","v":0},{"$f":"'CRO2_Crono Simplificado'!#REF!","v":{"$error":"#REF!"}},{"$f":"'CRO2_Crono Simplificado'!VAA4","v":0},{"$f":"'CRO2_Crono Simplificado'!#REF!","v":{"$error":"#REF!"}},{"$f":"'CRO2_Crono Simplificado'!VAC4","v":0},{"$f":"'CRO2_Crono Simplificado'!#REF!","v":{"$error":"#REF!"}},{"$f":"'CRO2_Crono Simplificado'!VAE4","v":0},{"$f":"'CRO2_Crono Simplificado'!#REF!","v":{"$error":"#REF!"}},{"$f":"'CRO2_Crono Simplificado'!VAG4","v":0},{"$f":"'CRO2_Crono Simplificado'!#REF!","v":{"$error":"#REF!"}},{"$f":"'CRO2_Crono Simplificado'!VAI4","v":0},{"$f":"'CRO2_Crono Simplificado'!#REF!","v":{"$error":"#REF!"}},{"$f":"'CRO2_Crono Simplificado'!VAK4","v":0},{"$f":"'CRO2_Crono Simplificado'!#REF!","v":{"$error":"#REF!"}},{"$f":"'CRO2_Crono Simplificado'!VAM4","v":0},{"$f":"'CRO2_Crono Simplificado'!#REF!","v":{"$error":"#REF!"}},{"$f":"'CRO2_Crono Simplificado'!VAO4","v":0},{"$f":"'CRO2_Crono Simplificado'!#REF!","v":{"$error":"#REF!"}},{"$f":"'CRO2_Crono Simplificado'!VAQ4","v":0},{"$f":"'CRO2_Crono Simplificado'!#REF!","v":{"$error":"#REF!"}},{"$f":"'CRO2_Crono Simplificado'!VAS4","v":0},{"$f":"'CRO2_Crono Simplificado'!#REF!","v":{"$error":"#REF!"}},{"$f":"'CRO2_Crono Simplificado'!VAU4","v":0},{"$f":"'CRO2_Crono Simplificado'!#REF!","v":{"$error":"#REF!"}},{"$f":"'CRO2_Crono Simplificado'!VAW4","v":0},{"$f":"'CRO2_Crono Simplificado'!#REF!","v":{"$error":"#REF!"}},{"$f":"'CRO2_Crono Simplificado'!VAY4","v":0},{"$f":"'CRO2_Crono Simplificado'!#REF!","v":{"$error":"#REF!"}},{"$f":"'CRO2_Crono Simplificado'!VBA4","v":0},{"$f":"'CRO2_Crono Simplificado'!#REF!","v":{"$error":"#REF!"}},{"$f":"'CRO2_Crono Simplificado'!VBC4","v":0},{"$f":"'CRO2_Crono Simplificado'!#REF!","v":{"$error":"#REF!"}},{"$f":"'CRO2_Crono Simplificado'!VBE4","v":0},{"$f":"'CRO2_Crono Simplificado'!#REF!","v":{"$error":"#REF!"}},{"$f":"'CRO2_Crono Simplificado'!VBG4","v":0},{"$f":"'CRO2_Crono Simplificado'!#REF!","v":{"$error":"#REF!"}},{"$f":"'CRO2_Crono Simplificado'!VBI4","v":0},{"$f":"'CRO2_Crono Simplificado'!#REF!","v":{"$error":"#REF!"}},{"$f":"'CRO2_Crono Simplificado'!VBK4","v":0},{"$f":"'CRO2_Crono Simplificado'!#REF!","v":{"$error":"#REF!"}},{"$f":"'CRO2_Crono Simplificado'!VBM4","v":0},{"$f":"'CRO2_Crono Simplificado'!#REF!","v":{"$error":"#REF!"}},{"$f":"'CRO2_Crono Simplificado'!VBO4","v":0},{"$f":"'CRO2_Crono Simplificado'!#REF!","v":{"$error":"#REF!"}},{"$f":"'CRO2_Crono Simplificado'!VBQ4","v":0},{"$f":"'CRO2_Crono Simplificado'!#REF!","v":{"$error":"#REF!"}},{"$f":"'CRO2_Crono Simplificado'!VBS4","v":0},{"$f":"'CRO2_Crono Simplificado'!#REF!","v":{"$error":"#REF!"}},{"$f":"'CRO2_Crono Simplificado'!VBU4","v":0},{"$f":"'CRO2_Crono Simplificado'!#REF!","v":{"$error":"#REF!"}},{"$f":"'CRO2_Crono Simplificado'!VBW4","v":0},{"$f":"'CRO2_Crono Simplificado'!#REF!","v":{"$error":"#REF!"}},{"$f":"'CRO2_Crono Simplificado'!VBY4","v":0},{"$f":"'CRO2_Crono Simplificado'!#REF!","v":{"$error":"#REF!"}},{"$f":"'CRO2_Crono Simplificado'!VCA4","v":0},{"$f":"'CRO2_Crono Simplificado'!#REF!","v":{"$error":"#REF!"}},{"$f":"'CRO2_Crono Simplificado'!VCC4","v":0},{"$f":"'CRO2_Crono Simplificado'!#REF!","v":{"$error":"#REF!"}},{"$f":"'CRO2_Crono Simplificado'!VCE4","v":0},{"$f":"'CRO2_Crono Simplificado'!#REF!","v":{"$error":"#REF!"}},{"$f":"'CRO2_Crono Simplificado'!VCG4","v":0},{"$f":"'CRO2_Crono Simplificado'!#REF!","v":{"$error":"#REF!"}},{"$f":"'CRO2_Crono Simplificado'!VCI4","v":0},{"$f":"'CRO2_Crono Simplificado'!#REF!","v":{"$error":"#REF!"}},{"$f":"'CRO2_Crono Simplificado'!VCK4","v":0},{"$f":"'CRO2_Crono Simplificado'!#REF!","v":{"$error":"#REF!"}},{"$f":"'CRO2_Crono Simplificado'!VCM4","v":0},{"$f":"'CRO2_Crono Simplificado'!#REF!","v":{"$error":"#REF!"}},{"$f":"'CRO2_Crono Simplificado'!VCO4","v":0},{"$f":"'CRO2_Crono Simplificado'!#REF!","v":{"$error":"#REF!"}},{"$f":"'CRO2_Crono Simplificado'!VCQ4","v":0},{"$f":"'CRO2_Crono Simplificado'!#REF!","v":{"$error":"#REF!"}},{"$f":"'CRO2_Crono Simplificado'!VCS4","v":0},{"$f":"'CRO2_Crono Simplificado'!#REF!","v":{"$error":"#REF!"}},{"$f":"'CRO2_Crono Simplificado'!VCU4","v":0},{"$f":"'CRO2_Crono Simplificado'!#REF!","v":{"$error":"#REF!"}},{"$f":"'CRO2_Crono Simplificado'!VCW4","v":0},{"$f":"'CRO2_Crono Simplificado'!#REF!","v":{"$error":"#REF!"}},{"$f":"'CRO2_Crono Simplificado'!VCY4","v":0},{"$f":"'CRO2_Crono Simplificado'!#REF!","v":{"$error":"#REF!"}},{"$f":"'CRO2_Crono Simplificado'!VDA4","v":0},{"$f":"'CRO2_Crono Simplificado'!#REF!","v":{"$error":"#REF!"}},{"$f":"'CRO2_Crono Simplificado'!VDC4","v":0},{"$f":"'CRO2_Crono Simplificado'!#REF!","v":{"$error":"#REF!"}},{"$f":"'CRO2_Crono Simplificado'!VDE4","v":0},{"$f":"'CRO2_Crono Simplificado'!#REF!","v":{"$error":"#REF!"}},{"$f":"'CRO2_Crono Simplificado'!VDG4","v":0},{"$f":"'CRO2_Crono Simplificado'!#REF!","v":{"$error":"#REF!"}},{"$f":"'CRO2_Crono Simplificado'!VDI4","v":0},{"$f":"'CRO2_Crono Simplificado'!#REF!","v":{"$error":"#REF!"}},{"$f":"'CRO2_Crono Simplificado'!VDK4","v":0},{"$f":"'CRO2_Crono Simplificado'!#REF!","v":{"$error":"#REF!"}},{"$f":"'CRO2_Crono Simplificado'!VDM4","v":0},{"$f":"'CRO2_Crono Simplificado'!#REF!","v":{"$error":"#REF!"}},{"$f":"'CRO2_Crono Simplificado'!VDO4","v":0},{"$f":"'CRO2_Crono Simplificado'!#REF!","v":{"$error":"#REF!"}},{"$f":"'CRO2_Crono Simplificado'!VDQ4","v":0},{"$f":"'CRO2_Crono Simplificado'!#REF!","v":{"$error":"#REF!"}},{"$f":"'CRO2_Crono Simplificado'!VDS4","v":0},{"$f":"'CRO2_Crono Simplificado'!#REF!","v":{"$error":"#REF!"}},{"$f":"'CRO2_Crono Simplificado'!VDU4","v":0},{"$f":"'CRO2_Crono Simplificado'!#REF!","v":{"$error":"#REF!"}},{"$f":"'CRO2_Crono Simplificado'!VDW4","v":0},{"$f":"'CRO2_Crono Simplificado'!#REF!","v":{"$error":"#REF!"}},{"$f":"'CRO2_Crono Simplificado'!VDY4","v":0},{"$f":"'CRO2_Crono Simplificado'!#REF!","v":{"$error":"#REF!"}},{"$f":"'CRO2_Crono Simplificado'!VEA4","v":0},{"$f":"'CRO2_Crono Simplificado'!#REF!","v":{"$error":"#REF!"}},{"$f":"'CRO2_Crono Simplificado'!VEC4","v":0},{"$f":"'CRO2_Crono Simplificado'!#REF!","v":{"$error":"#REF!"}},{"$f":"'CRO2_Crono Simplificado'!VEE4","v":0},{"$f":"'CRO2_Crono Simplificado'!#REF!","v":{"$error":"#REF!"}},{"$f":"'CRO2_Crono Simplificado'!VEG4","v":0},{"$f":"'CRO2_Crono Simplificado'!#REF!","v":{"$error":"#REF!"}},{"$f":"'CRO2_Crono Simplificado'!VEI4","v":0},{"$f":"'CRO2_Crono Simplificado'!#REF!","v":{"$error":"#REF!"}},{"$f":"'CRO2_Crono Simplificado'!VEK4","v":0},{"$f":"'CRO2_Crono Simplificado'!#REF!","v":{"$error":"#REF!"}},{"$f":"'CRO2_Crono Simplificado'!VEM4","v":0},{"$f":"'CRO2_Crono Simplificado'!#REF!","v":{"$error":"#REF!"}},{"$f":"'CRO2_Crono Simplificado'!VEO4","v":0},{"$f":"'CRO2_Crono Simplificado'!#REF!","v":{"$error":"#REF!"}},{"$f":"'CRO2_Crono Simplificado'!VEQ4","v":0},{"$f":"'CRO2_Crono Simplificado'!#REF!","v":{"$error":"#REF!"}},{"$f":"'CRO2_Crono Simplificado'!VES4","v":0},{"$f":"'CRO2_Crono Simplificado'!#REF!","v":{"$error":"#REF!"}},{"$f":"'CRO2_Crono Simplificado'!VEU4","v":0},{"$f":"'CRO2_Crono Simplificado'!#REF!","v":{"$error":"#REF!"}},{"$f":"'CRO2_Crono Simplificado'!VEW4","v":0},{"$f":"'CRO2_Crono Simplificado'!#REF!","v":{"$error":"#REF!"}},{"$f":"'CRO2_Crono Simplificado'!VEY4","v":0},{"$f":"'CRO2_Crono Simplificado'!#REF!","v":{"$error":"#REF!"}},{"$f":"'CRO2_Crono Simplificado'!VFA4","v":0},{"$f":"'CRO2_Crono Simplificado'!#REF!","v":{"$error":"#REF!"}},{"$f":"'CRO2_Crono Simplificado'!VFC4","v":0},{"$f":"'CRO2_Crono Simplificado'!#REF!","v":{"$error":"#REF!"}},{"$f":"'CRO2_Crono Simplificado'!VFE4","v":0},{"$f":"'CRO2_Crono Simplificado'!#REF!","v":{"$error":"#REF!"}},{"$f":"'CRO2_Crono Simplificado'!VFG4","v":0},{"$f":"'CRO2_Crono Simplificado'!#REF!","v":{"$error":"#REF!"}},{"$f":"'CRO2_Crono Simplificado'!VFI4","v":0},{"$f":"'CRO2_Crono Simplificado'!#REF!","v":{"$error":"#REF!"}},{"$f":"'CRO2_Crono Simplificado'!VFK4","v":0},{"$f":"'CRO2_Crono Simplificado'!#REF!","v":{"$error":"#REF!"}},{"$f":"'CRO2_Crono Simplificado'!VFM4","v":0},{"$f":"'CRO2_Crono Simplificado'!#REF!","v":{"$error":"#REF!"}},{"$f":"'CRO2_Crono Simplificado'!VFO4","v":0},{"$f":"'CRO2_Crono Simplificado'!#REF!","v":{"$error":"#REF!"}},{"$f":"'CRO2_Crono Simplificado'!VFQ4","v":0},{"$f":"'CRO2_Crono Simplificado'!#REF!","v":{"$error":"#REF!"}},{"$f":"'CRO2_Crono Simplificado'!VFS4","v":0},{"$f":"'CRO2_Crono Simplificado'!#REF!","v":{"$error":"#REF!"}},{"$f":"'CRO2_Crono Simplificado'!VFU4","v":0},{"$f":"'CRO2_Crono Simplificado'!#REF!","v":{"$error":"#REF!"}},{"$f":"'CRO2_Crono Simplificado'!VFW4","v":0},{"$f":"'CRO2_Crono Simplificado'!#REF!","v":{"$error":"#REF!"}},{"$f":"'CRO2_Crono Simplificado'!VFY4","v":0},{"$f":"'CRO2_Crono Simplificado'!#REF!","v":{"$error":"#REF!"}},{"$f":"'CRO2_Crono Simplificado'!VGA4","v":0},{"$f":"'CRO2_Crono Simplificado'!#REF!","v":{"$error":"#REF!"}},{"$f":"'CRO2_Crono Simplificado'!VGC4","v":0},{"$f":"'CRO2_Crono Simplificado'!#REF!","v":{"$error":"#REF!"}},{"$f":"'CRO2_Crono Simplificado'!VGE4","v":0},{"$f":"'CRO2_Crono Simplificado'!#REF!","v":{"$error":"#REF!"}},{"$f":"'CRO2_Crono Simplificado'!VGG4","v":0},{"$f":"'CRO2_Crono Simplificado'!#REF!","v":{"$error":"#REF!"}},{"$f":"'CRO2_Crono Simplificado'!VGI4","v":0},{"$f":"'CRO2_Crono Simplificado'!#REF!","v":{"$error":"#REF!"}},{"$f":"'CRO2_Crono Simplificado'!VGK4","v":0},{"$f":"'CRO2_Crono Simplificado'!#REF!","v":{"$error":"#REF!"}},{"$f":"'CRO2_Crono Simplificado'!VGM4","v":0},{"$f":"'CRO2_Crono Simplificado'!#REF!","v":{"$error":"#REF!"}},{"$f":"'CRO2_Crono Simplificado'!VGO4","v":0},{"$f":"'CRO2_Crono Simplificado'!#REF!","v":{"$error":"#REF!"}},{"$f":"'CRO2_Crono Simplificado'!VGQ4","v":0},{"$f":"'CRO2_Crono Simplificado'!#REF!","v":{"$error":"#REF!"}},{"$f":"'CRO2_Crono Simplificado'!VGS4","v":0},{"$f":"'CRO2_Crono Simplificado'!#REF!","v":{"$error":"#REF!"}},{"$f":"'CRO2_Crono Simplificado'!VGU4","v":0},{"$f":"'CRO2_Crono Simplificado'!#REF!","v":{"$error":"#REF!"}},{"$f":"'CRO2_Crono Simplificado'!VGW4","v":0},{"$f":"'CRO2_Crono Simplificado'!#REF!","v":{"$error":"#REF!"}},{"$f":"'CRO2_Crono Simplificado'!VGY4","v":0},{"$f":"'CRO2_Crono Simplificado'!#REF!","v":{"$error":"#REF!"}},{"$f":"'CRO2_Crono Simplificado'!VHA4","v":0},{"$f":"'CRO2_Crono Simplificado'!#REF!","v":{"$error":"#REF!"}},{"$f":"'CRO2_Crono Simplificado'!VHC4","v":0},{"$f":"'CRO2_Crono Simplificado'!#REF!","v":{"$error":"#REF!"}},{"$f":"'CRO2_Crono Simplificado'!VHE4","v":0},{"$f":"'CRO2_Crono Simplificado'!#REF!","v":{"$error":"#REF!"}},{"$f":"'CRO2_Crono Simplificado'!VHG4","v":0},{"$f":"'CRO2_Crono Simplificado'!#REF!","v":{"$error":"#REF!"}},{"$f":"'CRO2_Crono Simplificado'!VHI4","v":0},{"$f":"'CRO2_Crono Simplificado'!#REF!","v":{"$error":"#REF!"}},{"$f":"'CRO2_Crono Simplificado'!VHK4","v":0},{"$f":"'CRO2_Crono Simplificado'!#REF!","v":{"$error":"#REF!"}},{"$f":"'CRO2_Crono Simplificado'!VHM4","v":0},{"$f":"'CRO2_Crono Simplificado'!#REF!","v":{"$error":"#REF!"}},{"$f":"'CRO2_Crono Simplificado'!VHO4","v":0},{"$f":"'CRO2_Crono Simplificado'!#REF!","v":{"$error":"#REF!"}},{"$f":"'CRO2_Crono Simplificado'!VHQ4","v":0},{"$f":"'CRO2_Crono Simplificado'!#REF!","v":{"$error":"#REF!"}},{"$f":"'CRO2_Crono Simplificado'!VHS4","v":0},{"$f":"'CRO2_Crono Simplificado'!#REF!","v":{"$error":"#REF!"}},{"$f":"'CRO2_Crono Simplificado'!VHU4","v":0},{"$f":"'CRO2_Crono Simplificado'!#REF!","v":{"$error":"#REF!"}},{"$f":"'CRO2_Crono Simplificado'!VHW4","v":0},{"$f":"'CRO2_Crono Simplificado'!#REF!","v":{"$error":"#REF!"}},{"$f":"'CRO2_Crono Simplificado'!VHY4","v":0},{"$f":"'CRO2_Crono Simplificado'!#REF!","v":{"$error":"#REF!"}},{"$f":"'CRO2_Crono Simplificado'!VIA4","v":0},{"$f":"'CRO2_Crono Simplificado'!#REF!","v":{"$error":"#REF!"}},{"$f":"'CRO2_Crono Simplificado'!VIC4","v":0},{"$f":"'CRO2_Crono Simplificado'!#REF!","v":{"$error":"#REF!"}},{"$f":"'CRO2_Crono Simplificado'!VIE4","v":0},{"$f":"'CRO2_Crono Simplificado'!#REF!","v":{"$error":"#REF!"}},{"$f":"'CRO2_Crono Simplificado'!VIG4","v":0},{"$f":"'CRO2_Crono Simplificado'!#REF!","v":{"$error":"#REF!"}},{"$f":"'CRO2_Crono Simplificado'!VII4","v":0},{"$f":"'CRO2_Crono Simplificado'!#REF!","v":{"$error":"#REF!"}},{"$f":"'CRO2_Crono Simplificado'!VIK4","v":0},{"$f":"'CRO2_Crono Simplificado'!#REF!","v":{"$error":"#REF!"}},{"$f":"'CRO2_Crono Simplificado'!VIM4","v":0},{"$f":"'CRO2_Crono Simplificado'!#REF!","v":{"$error":"#REF!"}},{"$f":"'CRO2_Crono Simplificado'!VIO4","v":0},{"$f":"'CRO2_Crono Simplificado'!#REF!","v":{"$error":"#REF!"}},{"$f":"'CRO2_Crono Simplificado'!VIQ4","v":0},{"$f":"'CRO2_Crono Simplificado'!#REF!","v":{"$error":"#REF!"}},{"$f":"'CRO2_Crono Simplificado'!VIS4","v":0},{"$f":"'CRO2_Crono Simplificado'!#REF!","v":{"$error":"#REF!"}},{"$f":"'CRO2_Crono Simplificado'!VIU4","v":0},{"$f":"'CRO2_Crono Simplificado'!#REF!","v":{"$error":"#REF!"}},{"$f":"'CRO2_Crono Simplificado'!VIW4","v":0},{"$f":"'CRO2_Crono Simplificado'!#REF!","v":{"$error":"#REF!"}},{"$f":"'CRO2_Crono Simplificado'!VIY4","v":0},{"$f":"'CRO2_Crono Simplificado'!#REF!","v":{"$error":"#REF!"}},{"$f":"'CRO2_Crono Simplificado'!VJA4","v":0},{"$f":"'CRO2_Crono Simplificado'!#REF!","v":{"$error":"#REF!"}},{"$f":"'CRO2_Crono Simplificado'!VJC4","v":0},{"$f":"'CRO2_Crono Simplificado'!#REF!","v":{"$error":"#REF!"}},{"$f":"'CRO2_Crono Simplificado'!VJE4","v":0},{"$f":"'CRO2_Crono Simplificado'!#REF!","v":{"$error":"#REF!"}},{"$f":"'CRO2_Crono Simplificado'!VJG4","v":0},{"$f":"'CRO2_Crono Simplificado'!#REF!","v":{"$error":"#REF!"}},{"$f":"'CRO2_Crono Simplificado'!VJI4","v":0},{"$f":"'CRO2_Crono Simplificado'!#REF!","v":{"$error":"#REF!"}},{"$f":"'CRO2_Crono Simplificado'!VJK4","v":0},{"$f":"'CRO2_Crono Simplificado'!#REF!","v":{"$error":"#REF!"}},{"$f":"'CRO2_Crono Simplificado'!VJM4","v":0},{"$f":"'CRO2_Crono Simplificado'!#REF!","v":{"$error":"#REF!"}},{"$f":"'CRO2_Crono Simplificado'!VJO4","v":0},{"$f":"'CRO2_Crono Simplificado'!#REF!","v":{"$error":"#REF!"}},{"$f":"'CRO2_Crono Simplificado'!VJQ4","v":0},{"$f":"'CRO2_Crono Simplificado'!#REF!","v":{"$error":"#REF!"}},{"$f":"'CRO2_Crono Simplificado'!VJS4","v":0},{"$f":"'CRO2_Crono Simplificado'!#REF!","v":{"$error":"#REF!"}},{"$f":"'CRO2_Crono Simplificado'!VJU4","v":0},{"$f":"'CRO2_Crono Simplificado'!#REF!","v":{"$error":"#REF!"}},{"$f":"'CRO2_Crono Simplificado'!VJW4","v":0},{"$f":"'CRO2_Crono Simplificado'!#REF!","v":{"$error":"#REF!"}},{"$f":"'CRO2_Crono Simplificado'!VJY4","v":0},{"$f":"'CRO2_Crono Simplificado'!#REF!","v":{"$error":"#REF!"}},{"$f":"'CRO2_Crono Simplificado'!VKA4","v":0},{"$f":"'CRO2_Crono Simplificado'!#REF!","v":{"$error":"#REF!"}},{"$f":"'CRO2_Crono Simplificado'!VKC4","v":0},{"$f":"'CRO2_Crono Simplificado'!#REF!","v":{"$error":"#REF!"}},{"$f":"'CRO2_Crono Simplificado'!VKE4","v":0},{"$f":"'CRO2_Crono Simplificado'!#REF!","v":{"$error":"#REF!"}},{"$f":"'CRO2_Crono Simplificado'!VKG4","v":0},{"$f":"'CRO2_Crono Simplificado'!#REF!","v":{"$error":"#REF!"}},{"$f":"'CRO2_Crono Simplificado'!VKI4","v":0},{"$f":"'CRO2_Crono Simplificado'!#REF!","v":{"$error":"#REF!"}},{"$f":"'CRO2_Crono Simplificado'!VKK4","v":0},{"$f":"'CRO2_Crono Simplificado'!#REF!","v":{"$error":"#REF!"}},{"$f":"'CRO2_Crono Simplificado'!VKM4","v":0},{"$f":"'CRO2_Crono Simplificado'!#REF!","v":{"$error":"#REF!"}},{"$f":"'CRO2_Crono Simplificado'!VKO4","v":0},{"$f":"'CRO2_Crono Simplificado'!#REF!","v":{"$error":"#REF!"}},{"$f":"'CRO2_Crono Simplificado'!VKQ4","v":0},{"$f":"'CRO2_Crono Simplificado'!#REF!","v":{"$error":"#REF!"}},{"$f":"'CRO2_Crono Simplificado'!VKS4","v":0},{"$f":"'CRO2_Crono Simplificado'!#REF!","v":{"$error":"#REF!"}},{"$f":"'CRO2_Crono Simplificado'!VKU4","v":0},{"$f":"'CRO2_Crono Simplificado'!#REF!","v":{"$error":"#REF!"}},{"$f":"'CRO2_Crono Simplificado'!VKW4","v":0},{"$f":"'CRO2_Crono Simplificado'!#REF!","v":{"$error":"#REF!"}},{"$f":"'CRO2_Crono Simplificado'!VKY4","v":0},{"$f":"'CRO2_Crono Simplificado'!#REF!","v":{"$error":"#REF!"}},{"$f":"'CRO2_Crono Simplificado'!VLA4","v":0},{"$f":"'CRO2_Crono Simplificado'!#REF!","v":{"$error":"#REF!"}},{"$f":"'CRO2_Crono Simplificado'!VLC4","v":0},{"$f":"'CRO2_Crono Simplificado'!#REF!","v":{"$error":"#REF!"}},{"$f":"'CRO2_Crono Simplificado'!VLE4","v":0},{"$f":"'CRO2_Crono Simplificado'!#REF!","v":{"$error":"#REF!"}},{"$f":"'CRO2_Crono Simplificado'!VLG4","v":0},{"$f":"'CRO2_Crono Simplificado'!#REF!","v":{"$error":"#REF!"}},{"$f":"'CRO2_Crono Simplificado'!VLI4","v":0},{"$f":"'CRO2_Crono Simplificado'!#REF!","v":{"$error":"#REF!"}},{"$f":"'CRO2_Crono Simplificado'!VLK4","v":0},{"$f":"'CRO2_Crono Simplificado'!#REF!","v":{"$error":"#REF!"}},{"$f":"'CRO2_Crono Simplificado'!VLM4","v":0},{"$f":"'CRO2_Crono Simplificado'!#REF!","v":{"$error":"#REF!"}},{"$f":"'CRO2_Crono Simplificado'!VLO4","v":0},{"$f":"'CRO2_Crono Simplificado'!#REF!","v":{"$error":"#REF!"}},{"$f":"'CRO2_Crono Simplificado'!VLQ4","v":0},{"$f":"'CRO2_Crono Simplificado'!#REF!","v":{"$error":"#REF!"}},{"$f":"'CRO2_Crono Simplificado'!VLS4","v":0},{"$f":"'CRO2_Crono Simplificado'!#REF!","v":{"$error":"#REF!"}},{"$f":"'CRO2_Crono Simplificado'!VLU4","v":0},{"$f":"'CRO2_Crono Simplificado'!#REF!","v":{"$error":"#REF!"}},{"$f":"'CRO2_Crono Simplificado'!VLW4","v":0},{"$f":"'CRO2_Crono Simplificado'!#REF!","v":{"$error":"#REF!"}},{"$f":"'CRO2_Crono Simplificado'!VLY4","v":0},{"$f":"'CRO2_Crono Simplificado'!#REF!","v":{"$error":"#REF!"}},{"$f":"'CRO2_Crono Simplificado'!VMA4","v":0},{"$f":"'CRO2_Crono Simplificado'!#REF!","v":{"$error":"#REF!"}},{"$f":"'CRO2_Crono Simplificado'!VMC4","v":0},{"$f":"'CRO2_Crono Simplificado'!#REF!","v":{"$error":"#REF!"}},{"$f":"'CRO2_Crono Simplificado'!VME4","v":0},{"$f":"'CRO2_Crono Simplificado'!#REF!","v":{"$error":"#REF!"}},{"$f":"'CRO2_Crono Simplificado'!VMG4","v":0},{"$f":"'CRO2_Crono Simplificado'!#REF!","v":{"$error":"#REF!"}},{"$f":"'CRO2_Crono Simplificado'!VMI4","v":0},{"$f":"'CRO2_Crono Simplificado'!#REF!","v":{"$error":"#REF!"}},{"$f":"'CRO2_Crono Simplificado'!VMK4","v":0},{"$f":"'CRO2_Crono Simplificado'!#REF!","v":{"$error":"#REF!"}},{"$f":"'CRO2_Crono Simplificado'!VMM4","v":0},{"$f":"'CRO2_Crono Simplificado'!#REF!","v":{"$error":"#REF!"}},{"$f":"'CRO2_Crono Simplificado'!VMO4","v":0},{"$f":"'CRO2_Crono Simplificado'!#REF!","v":{"$error":"#REF!"}},{"$f":"'CRO2_Crono Simplificado'!VMQ4","v":0},{"$f":"'CRO2_Crono Simplificado'!#REF!","v":{"$error":"#REF!"}},{"$f":"'CRO2_Crono Simplificado'!VMS4","v":0},{"$f":"'CRO2_Crono Simplificado'!#REF!","v":{"$error":"#REF!"}},{"$f":"'CRO2_Crono Simplificado'!VMU4","v":0},{"$f":"'CRO2_Crono Simplificado'!#REF!","v":{"$error":"#REF!"}},{"$f":"'CRO2_Crono Simplificado'!VMW4","v":0},{"$f":"'CRO2_Crono Simplificado'!#REF!","v":{"$error":"#REF!"}},{"$f":"'CRO2_Crono Simplificado'!VMY4","v":0},{"$f":"'CRO2_Crono Simplificado'!#REF!","v":{"$error":"#REF!"}},{"$f":"'CRO2_Crono Simplificado'!VNA4","v":0},{"$f":"'CRO2_Crono Simplificado'!#REF!","v":{"$error":"#REF!"}},{"$f":"'CRO2_Crono Simplificado'!VNC4","v":0},{"$f":"'CRO2_Crono Simplificado'!#REF!","v":{"$error":"#REF!"}},{"$f":"'CRO2_Crono Simplificado'!VNE4","v":0},{"$f":"'CRO2_Crono Simplificado'!#REF!","v":{"$error":"#REF!"}},{"$f":"'CRO2_Crono Simplificado'!VNG4","v":0},{"$f":"'CRO2_Crono Simplificado'!#REF!","v":{"$error":"#REF!"}},{"$f":"'CRO2_Crono Simplificado'!VNI4","v":0},{"$f":"'CRO2_Crono Simplificado'!#REF!","v":{"$error":"#REF!"}},{"$f":"'CRO2_Crono Simplificado'!VNK4","v":0},{"$f":"'CRO2_Crono Simplificado'!#REF!","v":{"$error":"#REF!"}},{"$f":"'CRO2_Crono Simplificado'!VNM4","v":0},{"$f":"'CRO2_Crono Simplificado'!#REF!","v":{"$error":"#REF!"}},{"$f":"'CRO2_Crono Simplificado'!VNO4","v":0},{"$f":"'CRO2_Crono Simplificado'!#REF!","v":{"$error":"#REF!"}},{"$f":"'CRO2_Crono Simplificado'!VNQ4","v":0},{"$f":"'CRO2_Crono Simplificado'!#REF!","v":{"$error":"#REF!"}},{"$f":"'CRO2_Crono Simplificado'!VNS4","v":0},{"$f":"'CRO2_Crono Simplificado'!#REF!","v":{"$error":"#REF!"}},{"$f":"'CRO2_Crono Simplificado'!VNU4","v":0},{"$f":"'CRO2_Crono Simplificado'!#REF!","v":{"$error":"#REF!"}},{"$f":"'CRO2_Crono Simplificado'!VNW4","v":0},{"$f":"'CRO2_Crono Simplificado'!#REF!","v":{"$error":"#REF!"}},{"$f":"'CRO2_Crono Simplificado'!VNY4","v":0},{"$f":"'CRO2_Crono Simplificado'!#REF!","v":{"$error":"#REF!"}},{"$f":"'CRO2_Crono Simplificado'!VOA4","v":0},{"$f":"'CRO2_Crono Simplificado'!#REF!","v":{"$error":"#REF!"}},{"$f":"'CRO2_Crono Simplificado'!VOC4","v":0},{"$f":"'CRO2_Crono Simplificado'!#REF!","v":{"$error":"#REF!"}},{"$f":"'CRO2_Crono Simplificado'!VOE4","v":0},{"$f":"'CRO2_Crono Simplificado'!#REF!","v":{"$error":"#REF!"}},{"$f":"'CRO2_Crono Simplificado'!VOG4","v":0},{"$f":"'CRO2_Crono Simplificado'!#REF!","v":{"$error":"#REF!"}},{"$f":"'CRO2_Crono Simplificado'!VOI4","v":0},{"$f":"'CRO2_Crono Simplificado'!#REF!","v":{"$error":"#REF!"}},{"$f":"'CRO2_Crono Simplificado'!VOK4","v":0},{"$f":"'CRO2_Crono Simplificado'!#REF!","v":{"$error":"#REF!"}},{"$f":"'CRO2_Crono Simplificado'!VOM4","v":0},{"$f":"'CRO2_Crono Simplificado'!#REF!","v":{"$error":"#REF!"}},{"$f":"'CRO2_Crono Simplificado'!VOO4","v":0},{"$f":"'CRO2_Crono Simplificado'!#REF!","v":{"$error":"#REF!"}},{"$f":"'CRO2_Crono Simplificado'!VOQ4","v":0},{"$f":"'CRO2_Crono Simplificado'!#REF!","v":{"$error":"#REF!"}},{"$f":"'CRO2_Crono Simplificado'!VOS4","v":0},{"$f":"'CRO2_Crono Simplificado'!#REF!","v":{"$error":"#REF!"}},{"$f":"'CRO2_Crono Simplificado'!VOU4","v":0},{"$f":"'CRO2_Crono Simplificado'!#REF!","v":{"$error":"#REF!"}},{"$f":"'CRO2_Crono Simplificado'!VOW4","v":0},{"$f":"'CRO2_Crono Simplificado'!#REF!","v":{"$error":"#REF!"}},{"$f":"'CRO2_Crono Simplificado'!VOY4","v":0},{"$f":"'CRO2_Crono Simplificado'!#REF!","v":{"$error":"#REF!"}},{"$f":"'CRO2_Crono Simplificado'!VPA4","v":0},{"$f":"'CRO2_Crono Simplificado'!#REF!","v":{"$error":"#REF!"}},{"$f":"'CRO2_Crono Simplificado'!VPC4","v":0},{"$f":"'CRO2_Crono Simplificado'!#REF!","v":{"$error":"#REF!"}},{"$f":"'CRO2_Crono Simplificado'!VPE4","v":0},{"$f":"'CRO2_Crono Simplificado'!#REF!","v":{"$error":"#REF!"}},{"$f":"'CRO2_Crono Simplificado'!VPG4","v":0},{"$f":"'CRO2_Crono Simplificado'!#REF!","v":{"$error":"#REF!"}},{"$f":"'CRO2_Crono Simplificado'!VPI4","v":0},{"$f":"'CRO2_Crono Simplificado'!#REF!","v":{"$error":"#REF!"}},{"$f":"'CRO2_Crono Simplificado'!VPK4","v":0},{"$f":"'CRO2_Crono Simplificado'!#REF!","v":{"$error":"#REF!"}},{"$f":"'CRO2_Crono Simplificado'!VPM4","v":0},{"$f":"'CRO2_Crono Simplificado'!#REF!","v":{"$error":"#REF!"}},{"$f":"'CRO2_Crono Simplificado'!VPO4","v":0},{"$f":"'CRO2_Crono Simplificado'!#REF!","v":{"$error":"#REF!"}},{"$f":"'CRO2_Crono Simplificado'!VPQ4","v":0},{"$f":"'CRO2_Crono Simplificado'!#REF!","v":{"$error":"#REF!"}},{"$f":"'CRO2_Crono Simplificado'!VPS4","v":0},{"$f":"'CRO2_Crono Simplificado'!#REF!","v":{"$error":"#REF!"}},{"$f":"'CRO2_Crono Simplificado'!VPU4","v":0},{"$f":"'CRO2_Crono Simplificado'!#REF!","v":{"$error":"#REF!"}},{"$f":"'CRO2_Crono Simplificado'!VPW4","v":0},{"$f":"'CRO2_Crono Simplificado'!#REF!","v":{"$error":"#REF!"}},{"$f":"'CRO2_Crono Simplificado'!VPY4","v":0},{"$f":"'CRO2_Crono Simplificado'!#REF!","v":{"$error":"#REF!"}},{"$f":"'CRO2_Crono Simplificado'!VQA4","v":0},{"$f":"'CRO2_Crono Simplificado'!#REF!","v":{"$error":"#REF!"}},{"$f":"'CRO2_Crono Simplificado'!VQC4","v":0},{"$f":"'CRO2_Crono Simplificado'!#REF!","v":{"$error":"#REF!"}},{"$f":"'CRO2_Crono Simplificado'!VQE4","v":0},{"$f":"'CRO2_Crono Simplificado'!#REF!","v":{"$error":"#REF!"}},{"$f":"'CRO2_Crono Simplificado'!VQG4","v":0},{"$f":"'CRO2_Crono Simplificado'!#REF!","v":{"$error":"#REF!"}},{"$f":"'CRO2_Crono Simplificado'!VQI4","v":0},{"$f":"'CRO2_Crono Simplificado'!#REF!","v":{"$error":"#REF!"}},{"$f":"'CRO2_Crono Simplificado'!VQK4","v":0},{"$f":"'CRO2_Crono Simplificado'!#REF!","v":{"$error":"#REF!"}},{"$f":"'CRO2_Crono Simplificado'!VQM4","v":0},{"$f":"'CRO2_Crono Simplificado'!#REF!","v":{"$error":"#REF!"}},{"$f":"'CRO2_Crono Simplificado'!VQO4","v":0},{"$f":"'CRO2_Crono Simplificado'!#REF!","v":{"$error":"#REF!"}},{"$f":"'CRO2_Crono Simplificado'!VQQ4","v":0},{"$f":"'CRO2_Crono Simplificado'!#REF!","v":{"$error":"#REF!"}},{"$f":"'CRO2_Crono Simplificado'!VQS4","v":0},{"$f":"'CRO2_Crono Simplificado'!#REF!","v":{"$error":"#REF!"}},{"$f":"'CRO2_Crono Simplificado'!VQU4","v":0},{"$f":"'CRO2_Crono Simplificado'!#REF!","v":{"$error":"#REF!"}},{"$f":"'CRO2_Crono Simplificado'!VQW4","v":0},{"$f":"'CRO2_Crono Simplificado'!#REF!","v":{"$error":"#REF!"}},{"$f":"'CRO2_Crono Simplificado'!VQY4","v":0},{"$f":"'CRO2_Crono Simplificado'!#REF!","v":{"$error":"#REF!"}},{"$f":"'CRO2_Crono Simplificado'!VRA4","v":0},{"$f":"'CRO2_Crono Simplificado'!#REF!","v":{"$error":"#REF!"}},{"$f":"'CRO2_Crono Simplificado'!VRC4","v":0},{"$f":"'CRO2_Crono Simplificado'!#REF!","v":{"$error":"#REF!"}},{"$f":"'CRO2_Crono Simplificado'!VRE4","v":0},{"$f":"'CRO2_Crono Simplificado'!#REF!","v":{"$error":"#REF!"}},{"$f":"'CRO2_Crono Simplificado'!VRG4","v":0},{"$f":"'CRO2_Crono Simplificado'!#REF!","v":{"$error":"#REF!"}},{"$f":"'CRO2_Crono Simplificado'!VRI4","v":0},{"$f":"'CRO2_Crono Simplificado'!#REF!","v":{"$error":"#REF!"}},{"$f":"'CRO2_Crono Simplificado'!VRK4","v":0},{"$f":"'CRO2_Crono Simplificado'!#REF!","v":{"$error":"#REF!"}},{"$f":"'CRO2_Crono Simplificado'!VRM4","v":0},{"$f":"'CRO2_Crono Simplificado'!#REF!","v":{"$error":"#REF!"}},{"$f":"'CRO2_Crono Simplificado'!VRO4","v":0},{"$f":"'CRO2_Crono Simplificado'!#REF!","v":{"$error":"#REF!"}},{"$f":"'CRO2_Crono Simplificado'!VRQ4","v":0},{"$f":"'CRO2_Crono Simplificado'!#REF!","v":{"$error":"#REF!"}},{"$f":"'CRO2_Crono Simplificado'!VRS4","v":0},{"$f":"'CRO2_Crono Simplificado'!#REF!","v":{"$error":"#REF!"}},{"$f":"'CRO2_Crono Simplificado'!VRU4","v":0},{"$f":"'CRO2_Crono Simplificado'!#REF!","v":{"$error":"#REF!"}},{"$f":"'CRO2_Crono Simplificado'!VRW4","v":0},{"$f":"'CRO2_Crono Simplificado'!#REF!","v":{"$error":"#REF!"}},{"$f":"'CRO2_Crono Simplificado'!VRY4","v":0},{"$f":"'CRO2_Crono Simplificado'!#REF!","v":{"$error":"#REF!"}},{"$f":"'CRO2_Crono Simplificado'!VSA4","v":0},{"$f":"'CRO2_Crono Simplificado'!#REF!","v":{"$error":"#REF!"}},{"$f":"'CRO2_Crono Simplificado'!VSC4","v":0},{"$f":"'CRO2_Crono Simplificado'!#REF!","v":{"$error":"#REF!"}},{"$f":"'CRO2_Crono Simplificado'!VSE4","v":0},{"$f":"'CRO2_Crono Simplificado'!#REF!","v":{"$error":"#REF!"}},{"$f":"'CRO2_Crono Simplificado'!VSG4","v":0},{"$f":"'CRO2_Crono Simplificado'!#REF!","v":{"$error":"#REF!"}},{"$f":"'CRO2_Crono Simplificado'!VSI4","v":0},{"$f":"'CRO2_Crono Simplificado'!#REF!","v":{"$error":"#REF!"}},{"$f":"'CRO2_Crono Simplificado'!VSK4","v":0},{"$f":"'CRO2_Crono Simplificado'!#REF!","v":{"$error":"#REF!"}},{"$f":"'CRO2_Crono Simplificado'!VSM4","v":0},{"$f":"'CRO2_Crono Simplificado'!#REF!","v":{"$error":"#REF!"}},{"$f":"'CRO2_Crono Simplificado'!VSO4","v":0},{"$f":"'CRO2_Crono Simplificado'!#REF!","v":{"$error":"#REF!"}},{"$f":"'CRO2_Crono Simplificado'!VSQ4","v":0},{"$f":"'CRO2_Crono Simplificado'!#REF!","v":{"$error":"#REF!"}},{"$f":"'CRO2_Crono Simplificado'!VSS4","v":0},{"$f":"'CRO2_Crono Simplificado'!#REF!","v":{"$error":"#REF!"}},{"$f":"'CRO2_Crono Simplificado'!VSU4","v":0},{"$f":"'CRO2_Crono Simplificado'!#REF!","v":{"$error":"#REF!"}},{"$f":"'CRO2_Crono Simplificado'!VSW4","v":0},{"$f":"'CRO2_Crono Simplificado'!#REF!","v":{"$error":"#REF!"}},{"$f":"'CRO2_Crono Simplificado'!VSY4","v":0},{"$f":"'CRO2_Crono Simplificado'!#REF!","v":{"$error":"#REF!"}},{"$f":"'CRO2_Crono Simplificado'!VTA4","v":0},{"$f":"'CRO2_Crono Simplificado'!#REF!","v":{"$error":"#REF!"}},{"$f":"'CRO2_Crono Simplificado'!VTC4","v":0},{"$f":"'CRO2_Crono Simplificado'!#REF!","v":{"$error":"#REF!"}},{"$f":"'CRO2_Crono Simplificado'!VTE4","v":0},{"$f":"'CRO2_Crono Simplificado'!#REF!","v":{"$error":"#REF!"}},{"$f":"'CRO2_Crono Simplificado'!VTG4","v":0},{"$f":"'CRO2_Crono Simplificado'!#REF!","v":{"$error":"#REF!"}},{"$f":"'CRO2_Crono Simplificado'!VTI4","v":0},{"$f":"'CRO2_Crono Simplificado'!#REF!","v":{"$error":"#REF!"}},{"$f":"'CRO2_Crono Simplificado'!VTK4","v":0},{"$f":"'CRO2_Crono Simplificado'!#REF!","v":{"$error":"#REF!"}},{"$f":"'CRO2_Crono Simplificado'!VTM4","v":0},{"$f":"'CRO2_Crono Simplificado'!#REF!","v":{"$error":"#REF!"}},{"$f":"'CRO2_Crono Simplificado'!VTO4","v":0},{"$f":"'CRO2_Crono Simplificado'!#REF!","v":{"$error":"#REF!"}},{"$f":"'CRO2_Crono Simplificado'!VTQ4","v":0},{"$f":"'CRO2_Crono Simplificado'!#REF!","v":{"$error":"#REF!"}},{"$f":"'CRO2_Crono Simplificado'!VTS4","v":0},{"$f":"'CRO2_Crono Simplificado'!#REF!","v":{"$error":"#REF!"}},{"$f":"'CRO2_Crono Simplificado'!VTU4","v":0},{"$f":"'CRO2_Crono Simplificado'!#REF!","v":{"$error":"#REF!"}},{"$f":"'CRO2_Crono Simplificado'!VTW4","v":0},{"$f":"'CRO2_Crono Simplificado'!#REF!","v":{"$error":"#REF!"}},{"$f":"'CRO2_Crono Simplificado'!VTY4","v":0},{"$f":"'CRO2_Crono Simplificado'!#REF!","v":{"$error":"#REF!"}},{"$f":"'CRO2_Crono Simplificado'!VUA4","v":0},{"$f":"'CRO2_Crono Simplificado'!#REF!","v":{"$error":"#REF!"}},{"$f":"'CRO2_Crono Simplificado'!VUC4","v":0},{"$f":"'CRO2_Crono Simplificado'!#REF!","v":{"$error":"#REF!"}},{"$f":"'CRO2_Crono Simplificado'!VUE4","v":0},{"$f":"'CRO2_Crono Simplificado'!#REF!","v":{"$error":"#REF!"}},{"$f":"'CRO2_Crono Simplificado'!VUG4","v":0},{"$f":"'CRO2_Crono Simplificado'!#REF!","v":{"$error":"#REF!"}},{"$f":"'CRO2_Crono Simplificado'!VUI4","v":0},{"$f":"'CRO2_Crono Simplificado'!#REF!","v":{"$error":"#REF!"}},{"$f":"'CRO2_Crono Simplificado'!VUK4","v":0},{"$f":"'CRO2_Crono Simplificado'!#REF!","v":{"$error":"#REF!"}},{"$f":"'CRO2_Crono Simplificado'!VUM4","v":0},{"$f":"'CRO2_Crono Simplificado'!#REF!","v":{"$error":"#REF!"}},{"$f":"'CRO2_Crono Simplificado'!VUO4","v":0},{"$f":"'CRO2_Crono Simplificado'!#REF!","v":{"$error":"#REF!"}},{"$f":"'CRO2_Crono Simplificado'!VUQ4","v":0},{"$f":"'CRO2_Crono Simplificado'!#REF!","v":{"$error":"#REF!"}},{"$f":"'CRO2_Crono Simplificado'!VUS4","v":0},{"$f":"'CRO2_Crono Simplificado'!#REF!","v":{"$error":"#REF!"}},{"$f":"'CRO2_Crono Simplificado'!VUU4","v":0},{"$f":"'CRO2_Crono Simplificado'!#REF!","v":{"$error":"#REF!"}},{"$f":"'CRO2_Crono Simplificado'!VUW4","v":0},{"$f":"'CRO2_Crono Simplificado'!#REF!","v":{"$error":"#REF!"}},{"$f":"'CRO2_Crono Simplificado'!VUY4","v":0},{"$f":"'CRO2_Crono Simplificado'!#REF!","v":{"$error":"#REF!"}},{"$f":"'CRO2_Crono Simplificado'!VVA4","v":0},{"$f":"'CRO2_Crono Simplificado'!#REF!","v":{"$error":"#REF!"}},{"$f":"'CRO2_Crono Simplificado'!VVC4","v":0},{"$f":"'CRO2_Crono Simplificado'!#REF!","v":{"$error":"#REF!"}},{"$f":"'CRO2_Crono Simplificado'!VVE4","v":0},{"$f":"'CRO2_Crono Simplificado'!#REF!","v":{"$error":"#REF!"}},{"$f":"'CRO2_Crono Simplificado'!VVG4","v":0},{"$f":"'CRO2_Crono Simplificado'!#REF!","v":{"$error":"#REF!"}},{"$f":"'CRO2_Crono Simplificado'!VVI4","v":0},{"$f":"'CRO2_Crono Simplificado'!#REF!","v":{"$error":"#REF!"}},{"$f":"'CRO2_Crono Simplificado'!VVK4","v":0},{"$f":"'CRO2_Crono Simplificado'!#REF!","v":{"$error":"#REF!"}},{"$f":"'CRO2_Crono Simplificado'!VVM4","v":0},{"$f":"'CRO2_Crono Simplificado'!#REF!","v":{"$error":"#REF!"}},{"$f":"'CRO2_Crono Simplificado'!VVO4","v":0},{"$f":"'CRO2_Crono Simplificado'!#REF!","v":{"$error":"#REF!"}},{"$f":"'CRO2_Crono Simplificado'!VVQ4","v":0},{"$f":"'CRO2_Crono Simplificado'!#REF!","v":{"$error":"#REF!"}},{"$f":"'CRO2_Crono Simplificado'!VVS4","v":0},{"$f":"'CRO2_Crono Simplificado'!#REF!","v":{"$error":"#REF!"}},{"$f":"'CRO2_Crono Simplificado'!VVU4","v":0},{"$f":"'CRO2_Crono Simplificado'!#REF!","v":{"$error":"#REF!"}},{"$f":"'CRO2_Crono Simplificado'!VVW4","v":0},{"$f":"'CRO2_Crono Simplificado'!#REF!","v":{"$error":"#REF!"}},{"$f":"'CRO2_Crono Simplificado'!VVY4","v":0},{"$f":"'CRO2_Crono Simplificado'!#REF!","v":{"$error":"#REF!"}},{"$f":"'CRO2_Crono Simplificado'!VWA4","v":0},{"$f":"'CRO2_Crono Simplificado'!#REF!","v":{"$error":"#REF!"}},{"$f":"'CRO2_Crono Simplificado'!VWC4","v":0},{"$f":"'CRO2_Crono Simplificado'!#REF!","v":{"$error":"#REF!"}},{"$f":"'CRO2_Crono Simplificado'!VWE4","v":0},{"$f":"'CRO2_Crono Simplificado'!#REF!","v":{"$error":"#REF!"}},{"$f":"'CRO2_Crono Simplificado'!VWG4","v":0},{"$f":"'CRO2_Crono Simplificado'!#REF!","v":{"$error":"#REF!"}},{"$f":"'CRO2_Crono Simplificado'!VWI4","v":0},{"$f":"'CRO2_Crono Simplificado'!#REF!","v":{"$error":"#REF!"}},{"$f":"'CRO2_Crono Simplificado'!VWK4","v":0},{"$f":"'CRO2_Crono Simplificado'!#REF!","v":{"$error":"#REF!"}},{"$f":"'CRO2_Crono Simplificado'!VWM4","v":0},{"$f":"'CRO2_Crono Simplificado'!#REF!","v":{"$error":"#REF!"}},{"$f":"'CRO2_Crono Simplificado'!VWO4","v":0},{"$f":"'CRO2_Crono Simplificado'!#REF!","v":{"$error":"#REF!"}},{"$f":"'CRO2_Crono Simplificado'!VWQ4","v":0},{"$f":"'CRO2_Crono Simplificado'!#REF!","v":{"$error":"#REF!"}},{"$f":"'CRO2_Crono Simplificado'!VWS4","v":0},{"$f":"'CRO2_Crono Simplificado'!#REF!","v":{"$error":"#REF!"}},{"$f":"'CRO2_Crono Simplificado'!VWU4","v":0},{"$f":"'CRO2_Crono Simplificado'!#REF!","v":{"$error":"#REF!"}},{"$f":"'CRO2_Crono Simplificado'!VWW4","v":0},{"$f":"'CRO2_Crono Simplificado'!#REF!","v":{"$error":"#REF!"}},{"$f":"'CRO2_Crono Simplificado'!VWY4","v":0},{"$f":"'CRO2_Crono Simplificado'!#REF!","v":{"$error":"#REF!"}},{"$f":"'CRO2_Crono Simplificado'!VXA4","v":0},{"$f":"'CRO2_Crono Simplificado'!#REF!","v":{"$error":"#REF!"}},{"$f":"'CRO2_Crono Simplificado'!VXC4","v":0},{"$f":"'CRO2_Crono Simplificado'!#REF!","v":{"$error":"#REF!"}},{"$f":"'CRO2_Crono Simplificado'!VXE4","v":0},{"$f":"'CRO2_Crono Simplificado'!#REF!","v":{"$error":"#REF!"}},{"$f":"'CRO2_Crono Simplificado'!VXG4","v":0},{"$f":"'CRO2_Crono Simplificado'!#REF!","v":{"$error":"#REF!"}},{"$f":"'CRO2_Crono Simplificado'!VXI4","v":0},{"$f":"'CRO2_Crono Simplificado'!#REF!","v":{"$error":"#REF!"}},{"$f":"'CRO2_Crono Simplificado'!VXK4","v":0},{"$f":"'CRO2_Crono Simplificado'!#REF!","v":{"$error":"#REF!"}},{"$f":"'CRO2_Crono Simplificado'!VXM4","v":0},{"$f":"'CRO2_Crono Simplificado'!#REF!","v":{"$error":"#REF!"}},{"$f":"'CRO2_Crono Simplificado'!VXO4","v":0},{"$f":"'CRO2_Crono Simplificado'!#REF!","v":{"$error":"#REF!"}},{"$f":"'CRO2_Crono Simplificado'!VXQ4","v":0},{"$f":"'CRO2_Crono Simplificado'!#REF!","v":{"$error":"#REF!"}},{"$f":"'CRO2_Crono Simplificado'!VXS4","v":0},{"$f":"'CRO2_Crono Simplificado'!#REF!","v":{"$error":"#REF!"}},{"$f":"'CRO2_Crono Simplificado'!VXU4","v":0},{"$f":"'CRO2_Crono Simplificado'!#REF!","v":{"$error":"#REF!"}},{"$f":"'CRO2_Crono Simplificado'!VXW4","v":0},{"$f":"'CRO2_Crono Simplificado'!#REF!","v":{"$error":"#REF!"}},{"$f":"'CRO2_Crono Simplificado'!VXY4","v":0},{"$f":"'CRO2_Crono Simplificado'!#REF!","v":{"$error":"#REF!"}},{"$f":"'CRO2_Crono Simplificado'!VYA4","v":0},{"$f":"'CRO2_Crono Simplificado'!#REF!","v":{"$error":"#REF!"}},{"$f":"'CRO2_Crono Simplificado'!VYC4","v":0},{"$f":"'CRO2_Crono Simplificado'!#REF!","v":{"$error":"#REF!"}},{"$f":"'CRO2_Crono Simplificado'!VYE4","v":0},{"$f":"'CRO2_Crono Simplificado'!#REF!","v":{"$error":"#REF!"}},{"$f":"'CRO2_Crono Simplificado'!VYG4","v":0},{"$f":"'CRO2_Crono Simplificado'!#REF!","v":{"$error":"#REF!"}},{"$f":"'CRO2_Crono Simplificado'!VYI4","v":0},{"$f":"'CRO2_Crono Simplificado'!#REF!","v":{"$error":"#REF!"}},{"$f":"'CRO2_Crono Simplificado'!VYK4","v":0},{"$f":"'CRO2_Crono Simplificado'!#REF!","v":{"$error":"#REF!"}},{"$f":"'CRO2_Crono Simplificado'!VYM4","v":0},{"$f":"'CRO2_Crono Simplificado'!#REF!","v":{"$error":"#REF!"}},{"$f":"'CRO2_Crono Simplificado'!VYO4","v":0},{"$f":"'CRO2_Crono Simplificado'!#REF!","v":{"$error":"#REF!"}},{"$f":"'CRO2_Crono Simplificado'!VYQ4","v":0},{"$f":"'CRO2_Crono Simplificado'!#REF!","v":{"$error":"#REF!"}},{"$f":"'CRO2_Crono Simplificado'!VYS4","v":0},{"$f":"'CRO2_Crono Simplificado'!#REF!","v":{"$error":"#REF!"}},{"$f":"'CRO2_Crono Simplificado'!VYU4","v":0},{"$f":"'CRO2_Crono Simplificado'!#REF!","v":{"$error":"#REF!"}},{"$f":"'CRO2_Crono Simplificado'!VYW4","v":0},{"$f":"'CRO2_Crono Simplificado'!#REF!","v":{"$error":"#REF!"}},{"$f":"'CRO2_Crono Simplificado'!VYY4","v":0},{"$f":"'CRO2_Crono Simplificado'!#REF!","v":{"$error":"#REF!"}},{"$f":"'CRO2_Crono Simplificado'!VZA4","v":0},{"$f":"'CRO2_Crono Simplificado'!#REF!","v":{"$error":"#REF!"}},{"$f":"'CRO2_Crono Simplificado'!VZC4","v":0},{"$f":"'CRO2_Crono Simplificado'!#REF!","v":{"$error":"#REF!"}},{"$f":"'CRO2_Crono Simplificado'!VZE4","v":0},{"$f":"'CRO2_Crono Simplificado'!#REF!","v":{"$error":"#REF!"}},{"$f":"'CRO2_Crono Simplificado'!VZG4","v":0},{"$f":"'CRO2_Crono Simplificado'!#REF!","v":{"$error":"#REF!"}},{"$f":"'CRO2_Crono Simplificado'!VZI4","v":0},{"$f":"'CRO2_Crono Simplificado'!#REF!","v":{"$error":"#REF!"}},{"$f":"'CRO2_Crono Simplificado'!VZK4","v":0},{"$f":"'CRO2_Crono Simplificado'!#REF!","v":{"$error":"#REF!"}},{"$f":"'CRO2_Crono Simplificado'!VZM4","v":0},{"$f":"'CRO2_Crono Simplificado'!#REF!","v":{"$error":"#REF!"}},{"$f":"'CRO2_Crono Simplificado'!VZO4","v":0},{"$f":"'CRO2_Crono Simplificado'!#REF!","v":{"$error":"#REF!"}},{"$f":"'CRO2_Crono Simplificado'!VZQ4","v":0},{"$f":"'CRO2_Crono Simplificado'!#REF!","v":{"$error":"#REF!"}},{"$f":"'CRO2_Crono Simplificado'!VZS4","v":0},{"$f":"'CRO2_Crono Simplificado'!#REF!","v":{"$error":"#REF!"}},{"$f":"'CRO2_Crono Simplificado'!VZU4","v":0},{"$f":"'CRO2_Crono Simplificado'!#REF!","v":{"$error":"#REF!"}},{"$f":"'CRO2_Crono Simplificado'!VZW4","v":0},{"$f":"'CRO2_Crono Simplificado'!#REF!","v":{"$error":"#REF!"}},{"$f":"'CRO2_Crono Simplificado'!VZY4","v":0},{"$f":"'CRO2_Crono Simplificado'!#REF!","v":{"$error":"#REF!"}},{"$f":"'CRO2_Crono Simplificado'!WAA4","v":0},{"$f":"'CRO2_Crono Simplificado'!#REF!","v":{"$error":"#REF!"}},{"$f":"'CRO2_Crono Simplificado'!WAC4","v":0},{"$f":"'CRO2_Crono Simplificado'!#REF!","v":{"$error":"#REF!"}},{"$f":"'CRO2_Crono Simplificado'!WAE4","v":0},{"$f":"'CRO2_Crono Simplificado'!#REF!","v":{"$error":"#REF!"}},{"$f":"'CRO2_Crono Simplificado'!WAG4","v":0},{"$f":"'CRO2_Crono Simplificado'!#REF!","v":{"$error":"#REF!"}},{"$f":"'CRO2_Crono Simplificado'!WAI4","v":0},{"$f":"'CRO2_Crono Simplificado'!#REF!","v":{"$error":"#REF!"}},{"$f":"'CRO2_Crono Simplificado'!WAK4","v":0},{"$f":"'CRO2_Crono Simplificado'!#REF!","v":{"$error":"#REF!"}},{"$f":"'CRO2_Crono Simplificado'!WAM4","v":0},{"$f":"'CRO2_Crono Simplificado'!#REF!","v":{"$error":"#REF!"}},{"$f":"'CRO2_Crono Simplificado'!WAO4","v":0},{"$f":"'CRO2_Crono Simplificado'!#REF!","v":{"$error":"#REF!"}},{"$f":"'CRO2_Crono Simplificado'!WAQ4","v":0},{"$f":"'CRO2_Crono Simplificado'!#REF!","v":{"$error":"#REF!"}},{"$f":"'CRO2_Crono Simplificado'!WAS4","v":0},{"$f":"'CRO2_Crono Simplificado'!#REF!","v":{"$error":"#REF!"}},{"$f":"'CRO2_Crono Simplificado'!WAU4","v":0},{"$f":"'CRO2_Crono Simplificado'!#REF!","v":{"$error":"#REF!"}},{"$f":"'CRO2_Crono Simplificado'!WAW4","v":0},{"$f":"'CRO2_Crono Simplificado'!#REF!","v":{"$error":"#REF!"}},{"$f":"'CRO2_Crono Simplificado'!WAY4","v":0},{"$f":"'CRO2_Crono Simplificado'!#REF!","v":{"$error":"#REF!"}},{"$f":"'CRO2_Crono Simplificado'!WBA4","v":0},{"$f":"'CRO2_Crono Simplificado'!#REF!","v":{"$error":"#REF!"}},{"$f":"'CRO2_Crono Simplificado'!WBC4","v":0},{"$f":"'CRO2_Crono Simplificado'!#REF!","v":{"$error":"#REF!"}},{"$f":"'CRO2_Crono Simplificado'!WBE4","v":0},{"$f":"'CRO2_Crono Simplificado'!#REF!","v":{"$error":"#REF!"}},{"$f":"'CRO2_Crono Simplificado'!WBG4","v":0},{"$f":"'CRO2_Crono Simplificado'!#REF!","v":{"$error":"#REF!"}},{"$f":"'CRO2_Crono Simplificado'!WBI4","v":0},{"$f":"'CRO2_Crono Simplificado'!#REF!","v":{"$error":"#REF!"}},{"$f":"'CRO2_Crono Simplificado'!WBK4","v":0},{"$f":"'CRO2_Crono Simplificado'!#REF!","v":{"$error":"#REF!"}},{"$f":"'CRO2_Crono Simplificado'!WBM4","v":0},{"$f":"'CRO2_Crono Simplificado'!#REF!","v":{"$error":"#REF!"}},{"$f":"'CRO2_Crono Simplificado'!WBO4","v":0},{"$f":"'CRO2_Crono Simplificado'!#REF!","v":{"$error":"#REF!"}},{"$f":"'CRO2_Crono Simplificado'!WBQ4","v":0},{"$f":"'CRO2_Crono Simplificado'!#REF!","v":{"$error":"#REF!"}},{"$f":"'CRO2_Crono Simplificado'!WBS4","v":0},{"$f":"'CRO2_Crono Simplificado'!#REF!","v":{"$error":"#REF!"}},{"$f":"'CRO2_Crono Simplificado'!WBU4","v":0},{"$f":"'CRO2_Crono Simplificado'!#REF!","v":{"$error":"#REF!"}},{"$f":"'CRO2_Crono Simplificado'!WBW4","v":0},{"$f":"'CRO2_Crono Simplificado'!#REF!","v":{"$error":"#REF!"}},{"$f":"'CRO2_Crono Simplificado'!WBY4","v":0},{"$f":"'CRO2_Crono Simplificado'!#REF!","v":{"$error":"#REF!"}},{"$f":"'CRO2_Crono Simplificado'!WCA4","v":0},{"$f":"'CRO2_Crono Simplificado'!#REF!","v":{"$error":"#REF!"}},{"$f":"'CRO2_Crono Simplificado'!WCC4","v":0},{"$f":"'CRO2_Crono Simplificado'!#REF!","v":{"$error":"#REF!"}},{"$f":"'CRO2_Crono Simplificado'!WCE4","v":0},{"$f":"'CRO2_Crono Simplificado'!#REF!","v":{"$error":"#REF!"}},{"$f":"'CRO2_Crono Simplificado'!WCG4","v":0},{"$f":"'CRO2_Crono Simplificado'!#REF!","v":{"$error":"#REF!"}},{"$f":"'CRO2_Crono Simplificado'!WCI4","v":0},{"$f":"'CRO2_Crono Simplificado'!#REF!","v":{"$error":"#REF!"}},{"$f":"'CRO2_Crono Simplificado'!WCK4","v":0},{"$f":"'CRO2_Crono Simplificado'!#REF!","v":{"$error":"#REF!"}},{"$f":"'CRO2_Crono Simplificado'!WCM4","v":0},{"$f":"'CRO2_Crono Simplificado'!#REF!","v":{"$error":"#REF!"}},{"$f":"'CRO2_Crono Simplificado'!WCO4","v":0},{"$f":"'CRO2_Crono Simplificado'!#REF!","v":{"$error":"#REF!"}},{"$f":"'CRO2_Crono Simplificado'!WCQ4","v":0},{"$f":"'CRO2_Crono Simplificado'!#REF!","v":{"$error":"#REF!"}},{"$f":"'CRO2_Crono Simplificado'!WCS4","v":0},{"$f":"'CRO2_Crono Simplificado'!#REF!","v":{"$error":"#REF!"}},{"$f":"'CRO2_Crono Simplificado'!WCU4","v":0},{"$f":"'CRO2_Crono Simplificado'!#REF!","v":{"$error":"#REF!"}},{"$f":"'CRO2_Crono Simplificado'!WCW4","v":0},{"$f":"'CRO2_Crono Simplificado'!#REF!","v":{"$error":"#REF!"}},{"$f":"'CRO2_Crono Simplificado'!WCY4","v":0},{"$f":"'CRO2_Crono Simplificado'!#REF!","v":{"$error":"#REF!"}},{"$f":"'CRO2_Crono Simplificado'!WDA4","v":0},{"$f":"'CRO2_Crono Simplificado'!#REF!","v":{"$error":"#REF!"}},{"$f":"'CRO2_Crono Simplificado'!WDC4","v":0},{"$f":"'CRO2_Crono Simplificado'!#REF!","v":{"$error":"#REF!"}},{"$f":"'CRO2_Crono Simplificado'!WDE4","v":0},{"$f":"'CRO2_Crono Simplificado'!#REF!","v":{"$error":"#REF!"}},{"$f":"'CRO2_Crono Simplificado'!WDG4","v":0},{"$f":"'CRO2_Crono Simplificado'!#REF!","v":{"$error":"#REF!"}},{"$f":"'CRO2_Crono Simplificado'!WDI4","v":0},{"$f":"'CRO2_Crono Simplificado'!#REF!","v":{"$error":"#REF!"}},{"$f":"'CRO2_Crono Simplificado'!WDK4","v":0},{"$f":"'CRO2_Crono Simplificado'!#REF!","v":{"$error":"#REF!"}},{"$f":"'CRO2_Crono Simplificado'!WDM4","v":0},{"$f":"'CRO2_Crono Simplificado'!#REF!","v":{"$error":"#REF!"}},{"$f":"'CRO2_Crono Simplificado'!WDO4","v":0},{"$f":"'CRO2_Crono Simplificado'!#REF!","v":{"$error":"#REF!"}},{"$f":"'CRO2_Crono Simplificado'!WDQ4","v":0},{"$f":"'CRO2_Crono Simplificado'!#REF!","v":{"$error":"#REF!"}},{"$f":"'CRO2_Crono Simplificado'!WDS4","v":0},{"$f":"'CRO2_Crono Simplificado'!#REF!","v":{"$error":"#REF!"}},{"$f":"'CRO2_Crono Simplificado'!WDU4","v":0},{"$f":"'CRO2_Crono Simplificado'!#REF!","v":{"$error":"#REF!"}},{"$f":"'CRO2_Crono Simplificado'!WDW4","v":0},{"$f":"'CRO2_Crono Simplificado'!#REF!","v":{"$error":"#REF!"}},{"$f":"'CRO2_Crono Simplificado'!WDY4","v":0},{"$f":"'CRO2_Crono Simplificado'!#REF!","v":{"$error":"#REF!"}},{"$f":"'CRO2_Crono Simplificado'!WEA4","v":0},{"$f":"'CRO2_Crono Simplificado'!#REF!","v":{"$error":"#REF!"}},{"$f":"'CRO2_Crono Simplificado'!WEC4","v":0},{"$f":"'CRO2_Crono Simplificado'!#REF!","v":{"$error":"#REF!"}},{"$f":"'CRO2_Crono Simplificado'!WEE4","v":0},{"$f":"'CRO2_Crono Simplificado'!#REF!","v":{"$error":"#REF!"}},{"$f":"'CRO2_Crono Simplificado'!WEG4","v":0},{"$f":"'CRO2_Crono Simplificado'!#REF!","v":{"$error":"#REF!"}},{"$f":"'CRO2_Crono Simplificado'!WEI4","v":0},{"$f":"'CRO2_Crono Simplificado'!#REF!","v":{"$error":"#REF!"}},{"$f":"'CRO2_Crono Simplificado'!WEK4","v":0},{"$f":"'CRO2_Crono Simplificado'!#REF!","v":{"$error":"#REF!"}},{"$f":"'CRO2_Crono Simplificado'!WEM4","v":0},{"$f":"'CRO2_Crono Simplificado'!#REF!","v":{"$error":"#REF!"}},{"$f":"'CRO2_Crono Simplificado'!WEO4","v":0},{"$f":"'CRO2_Crono Simplificado'!#REF!","v":{"$error":"#REF!"}},{"$f":"'CRO2_Crono Simplificado'!WEQ4","v":0},{"$f":"'CRO2_Crono Simplificado'!#REF!","v":{"$error":"#REF!"}},{"$f":"'CRO2_Crono Simplificado'!WES4","v":0},{"$f":"'CRO2_Crono Simplificado'!#REF!","v":{"$error":"#REF!"}},{"$f":"'CRO2_Crono Simplificado'!WEU4","v":0},{"$f":"'CRO2_Crono Simplificado'!#REF!","v":{"$error":"#REF!"}},{"$f":"'CRO2_Crono Simplificado'!WEW4","v":0},{"$f":"'CRO2_Crono Simplificado'!#REF!","v":{"$error":"#REF!"}},{"$f":"'CRO2_Crono Simplificado'!WEY4","v":0},{"$f":"'CRO2_Crono Simplificado'!#REF!","v":{"$error":"#REF!"}},{"$f":"'CRO2_Crono Simplificado'!WFA4","v":0},{"$f":"'CRO2_Crono Simplificado'!#REF!","v":{"$error":"#REF!"}},{"$f":"'CRO2_Crono Simplificado'!WFC4","v":0},{"$f":"'CRO2_Crono Simplificado'!#REF!","v":{"$error":"#REF!"}},{"$f":"'CRO2_Crono Simplificado'!WFE4","v":0},{"$f":"'CRO2_Crono Simplificado'!#REF!","v":{"$error":"#REF!"}},{"$f":"'CRO2_Crono Simplificado'!WFG4","v":0},{"$f":"'CRO2_Crono Simplificado'!#REF!","v":{"$error":"#REF!"}},{"$f":"'CRO2_Crono Simplificado'!WFI4","v":0},{"$f":"'CRO2_Crono Simplificado'!#REF!","v":{"$error":"#REF!"}},{"$f":"'CRO2_Crono Simplificado'!WFK4","v":0},{"$f":"'CRO2_Crono Simplificado'!#REF!","v":{"$error":"#REF!"}},{"$f":"'CRO2_Crono Simplificado'!WFM4","v":0},{"$f":"'CRO2_Crono Simplificado'!#REF!","v":{"$error":"#REF!"}},{"$f":"'CRO2_Crono Simplificado'!WFO4","v":0},{"$f":"'CRO2_Crono Simplificado'!#REF!","v":{"$error":"#REF!"}},{"$f":"'CRO2_Crono Simplificado'!WFQ4","v":0},{"$f":"'CRO2_Crono Simplificado'!#REF!","v":{"$error":"#REF!"}},{"$f":"'CRO2_Crono Simplificado'!WFS4","v":0},{"$f":"'CRO2_Crono Simplificado'!#REF!","v":{"$error":"#REF!"}},{"$f":"'CRO2_Crono Simplificado'!WFU4","v":0},{"$f":"'CRO2_Crono Simplificado'!#REF!","v":{"$error":"#REF!"}},{"$f":"'CRO2_Crono Simplificado'!WFW4","v":0},{"$f":"'CRO2_Crono Simplificado'!#REF!","v":{"$error":"#REF!"}},{"$f":"'CRO2_Crono Simplificado'!WFY4","v":0},{"$f":"'CRO2_Crono Simplificado'!#REF!","v":{"$error":"#REF!"}},{"$f":"'CRO2_Crono Simplificado'!WGA4","v":0},{"$f":"'CRO2_Crono Simplificado'!#REF!","v":{"$error":"#REF!"}},{"$f":"'CRO2_Crono Simplificado'!WGC4","v":0},{"$f":"'CRO2_Crono Simplificado'!#REF!","v":{"$error":"#REF!"}},{"$f":"'CRO2_Crono Simplificado'!WGE4","v":0},{"$f":"'CRO2_Crono Simplificado'!#REF!","v":{"$error":"#REF!"}},{"$f":"'CRO2_Crono Simplificado'!WGG4","v":0},{"$f":"'CRO2_Crono Simplificado'!#REF!","v":{"$error":"#REF!"}},{"$f":"'CRO2_Crono Simplificado'!WGI4","v":0},{"$f":"'CRO2_Crono Simplificado'!#REF!","v":{"$error":"#REF!"}},{"$f":"'CRO2_Crono Simplificado'!WGK4","v":0},{"$f":"'CRO2_Crono Simplificado'!#REF!","v":{"$error":"#REF!"}},{"$f":"'CRO2_Crono Simplificado'!WGM4","v":0},{"$f":"'CRO2_Crono Simplificado'!#REF!","v":{"$error":"#REF!"}},{"$f":"'CRO2_Crono Simplificado'!WGO4","v":0},{"$f":"'CRO2_Crono Simplificado'!#REF!","v":{"$error":"#REF!"}},{"$f":"'CRO2_Crono Simplificado'!WGQ4","v":0},{"$f":"'CRO2_Crono Simplificado'!#REF!","v":{"$error":"#REF!"}},{"$f":"'CRO2_Crono Simplificado'!WGS4","v":0},{"$f":"'CRO2_Crono Simplificado'!#REF!","v":{"$error":"#REF!"}},{"$f":"'CRO2_Crono Simplificado'!WGU4","v":0},{"$f":"'CRO2_Crono Simplificado'!#REF!","v":{"$error":"#REF!"}},{"$f":"'CRO2_Crono Simplificado'!WGW4","v":0},{"$f":"'CRO2_Crono Simplificado'!#REF!","v":{"$error":"#REF!"}},{"$f":"'CRO2_Crono Simplificado'!WGY4","v":0},{"$f":"'CRO2_Crono Simplificado'!#REF!","v":{"$error":"#REF!"}},{"$f":"'CRO2_Crono Simplificado'!WHA4","v":0},{"$f":"'CRO2_Crono Simplificado'!#REF!","v":{"$error":"#REF!"}},{"$f":"'CRO2_Crono Simplificado'!WHC4","v":0},{"$f":"'CRO2_Crono Simplificado'!#REF!","v":{"$error":"#REF!"}},{"$f":"'CRO2_Crono Simplificado'!WHE4","v":0},{"$f":"'CRO2_Crono Simplificado'!#REF!","v":{"$error":"#REF!"}},{"$f":"'CRO2_Crono Simplificado'!WHG4","v":0},{"$f":"'CRO2_Crono Simplificado'!#REF!","v":{"$error":"#REF!"}},{"$f":"'CRO2_Crono Simplificado'!WHI4","v":0},{"$f":"'CRO2_Crono Simplificado'!#REF!","v":{"$error":"#REF!"}},{"$f":"'CRO2_Crono Simplificado'!WHK4","v":0},{"$f":"'CRO2_Crono Simplificado'!#REF!","v":{"$error":"#REF!"}},{"$f":"'CRO2_Crono Simplificado'!WHM4","v":0},{"$f":"'CRO2_Crono Simplificado'!#REF!","v":{"$error":"#REF!"}},{"$f":"'CRO2_Crono Simplificado'!WHO4","v":0},{"$f":"'CRO2_Crono Simplificado'!#REF!","v":{"$error":"#REF!"}},{"$f":"'CRO2_Crono Simplificado'!WHQ4","v":0},{"$f":"'CRO2_Crono Simplificado'!#REF!","v":{"$error":"#REF!"}},{"$f":"'CRO2_Crono Simplificado'!WHS4","v":0},{"$f":"'CRO2_Crono Simplificado'!#REF!","v":{"$error":"#REF!"}},{"$f":"'CRO2_Crono Simplificado'!WHU4","v":0},{"$f":"'CRO2_Crono Simplificado'!#REF!","v":{"$error":"#REF!"}},{"$f":"'CRO2_Crono Simplificado'!WHW4","v":0},{"$f":"'CRO2_Crono Simplificado'!#REF!","v":{"$error":"#REF!"}},{"$f":"'CRO2_Crono Simplificado'!WHY4","v":0},{"$f":"'CRO2_Crono Simplificado'!#REF!","v":{"$error":"#REF!"}},{"$f":"'CRO2_Crono Simplificado'!WIA4","v":0},{"$f":"'CRO2_Crono Simplificado'!#REF!","v":{"$error":"#REF!"}},{"$f":"'CRO2_Crono Simplificado'!WIC4","v":0},{"$f":"'CRO2_Crono Simplificado'!#REF!","v":{"$error":"#REF!"}},{"$f":"'CRO2_Crono Simplificado'!WIE4","v":0},{"$f":"'CRO2_Crono Simplificado'!#REF!","v":{"$error":"#REF!"}},{"$f":"'CRO2_Crono Simplificado'!WIG4","v":0},{"$f":"'CRO2_Crono Simplificado'!#REF!","v":{"$error":"#REF!"}},{"$f":"'CRO2_Crono Simplificado'!WII4","v":0},{"$f":"'CRO2_Crono Simplificado'!#REF!","v":{"$error":"#REF!"}},{"$f":"'CRO2_Crono Simplificado'!WIK4","v":0},{"$f":"'CRO2_Crono Simplificado'!#REF!","v":{"$error":"#REF!"}},{"$f":"'CRO2_Crono Simplificado'!WIM4","v":0},{"$f":"'CRO2_Crono Simplificado'!#REF!","v":{"$error":"#REF!"}},{"$f":"'CRO2_Crono Simplificado'!WIO4","v":0},{"$f":"'CRO2_Crono Simplificado'!#REF!","v":{"$error":"#REF!"}},{"$f":"'CRO2_Crono Simplificado'!WIQ4","v":0},{"$f":"'CRO2_Crono Simplificado'!#REF!","v":{"$error":"#REF!"}},{"$f":"'CRO2_Crono Simplificado'!WIS4","v":0},{"$f":"'CRO2_Crono Simplificado'!#REF!","v":{"$error":"#REF!"}},{"$f":"'CRO2_Crono Simplificado'!WIU4","v":0},{"$f":"'CRO2_Crono Simplificado'!#REF!","v":{"$error":"#REF!"}},{"$f":"'CRO2_Crono Simplificado'!WIW4","v":0},{"$f":"'CRO2_Crono Simplificado'!#REF!","v":{"$error":"#REF!"}},{"$f":"'CRO2_Crono Simplificado'!WIY4","v":0},{"$f":"'CRO2_Crono Simplificado'!#REF!","v":{"$error":"#REF!"}},{"$f":"'CRO2_Crono Simplificado'!WJA4","v":0},{"$f":"'CRO2_Crono Simplificado'!#REF!","v":{"$error":"#REF!"}},{"$f":"'CRO2_Crono Simplificado'!WJC4","v":0},{"$f":"'CRO2_Crono Simplificado'!#REF!","v":{"$error":"#REF!"}},{"$f":"'CRO2_Crono Simplificado'!WJE4","v":0},{"$f":"'CRO2_Crono Simplificado'!#REF!","v":{"$error":"#REF!"}},{"$f":"'CRO2_Crono Simplificado'!WJG4","v":0},{"$f":"'CRO2_Crono Simplificado'!#REF!","v":{"$error":"#REF!"}},{"$f":"'CRO2_Crono Simplificado'!WJI4","v":0},{"$f":"'CRO2_Crono Simplificado'!#REF!","v":{"$error":"#REF!"}},{"$f":"'CRO2_Crono Simplificado'!WJK4","v":0},{"$f":"'CRO2_Crono Simplificado'!#REF!","v":{"$error":"#REF!"}},{"$f":"'CRO2_Crono Simplificado'!WJM4","v":0},{"$f":"'CRO2_Crono Simplificado'!#REF!","v":{"$error":"#REF!"}},{"$f":"'CRO2_Crono Simplificado'!WJO4","v":0},{"$f":"'CRO2_Crono Simplificado'!#REF!","v":{"$error":"#REF!"}},{"$f":"'CRO2_Crono Simplificado'!WJQ4","v":0},{"$f":"'CRO2_Crono Simplificado'!#REF!","v":{"$error":"#REF!"}},{"$f":"'CRO2_Crono Simplificado'!WJS4","v":0},{"$f":"'CRO2_Crono Simplificado'!#REF!","v":{"$error":"#REF!"}},{"$f":"'CRO2_Crono Simplificado'!WJU4","v":0},{"$f":"'CRO2_Crono Simplificado'!#REF!","v":{"$error":"#REF!"}},{"$f":"'CRO2_Crono Simplificado'!WJW4","v":0},{"$f":"'CRO2_Crono Simplificado'!#REF!","v":{"$error":"#REF!"}},{"$f":"'CRO2_Crono Simplificado'!WJY4","v":0},{"$f":"'CRO2_Crono Simplificado'!#REF!","v":{"$error":"#REF!"}},{"$f":"'CRO2_Crono Simplificado'!WKA4","v":0},{"$f":"'CRO2_Crono Simplificado'!#REF!","v":{"$error":"#REF!"}},{"$f":"'CRO2_Crono Simplificado'!WKC4","v":0},{"$f":"'CRO2_Crono Simplificado'!#REF!","v":{"$error":"#REF!"}},{"$f":"'CRO2_Crono Simplificado'!WKE4","v":0},{"$f":"'CRO2_Crono Simplificado'!#REF!","v":{"$error":"#REF!"}},{"$f":"'CRO2_Crono Simplificado'!WKG4","v":0},{"$f":"'CRO2_Crono Simplificado'!#REF!","v":{"$error":"#REF!"}},{"$f":"'CRO2_Crono Simplificado'!WKI4","v":0},{"$f":"'CRO2_Crono Simplificado'!#REF!","v":{"$error":"#REF!"}},{"$f":"'CRO2_Crono Simplificado'!WKK4","v":0},{"$f":"'CRO2_Crono Simplificado'!#REF!","v":{"$error":"#REF!"}},{"$f":"'CRO2_Crono Simplificado'!WKM4","v":0},{"$f":"'CRO2_Crono Simplificado'!#REF!","v":{"$error":"#REF!"}},{"$f":"'CRO2_Crono Simplificado'!WKO4","v":0},{"$f":"'CRO2_Crono Simplificado'!#REF!","v":{"$error":"#REF!"}},{"$f":"'CRO2_Crono Simplificado'!WKQ4","v":0},{"$f":"'CRO2_Crono Simplificado'!#REF!","v":{"$error":"#REF!"}},{"$f":"'CRO2_Crono Simplificado'!WKS4","v":0},{"$f":"'CRO2_Crono Simplificado'!#REF!","v":{"$error":"#REF!"}},{"$f":"'CRO2_Crono Simplificado'!WKU4","v":0},{"$f":"'CRO2_Crono Simplificado'!#REF!","v":{"$error":"#REF!"}},{"$f":"'CRO2_Crono Simplificado'!WKW4","v":0},{"$f":"'CRO2_Crono Simplificado'!#REF!","v":{"$error":"#REF!"}},{"$f":"'CRO2_Crono Simplificado'!WKY4","v":0},{"$f":"'CRO2_Crono Simplificado'!#REF!","v":{"$error":"#REF!"}},{"$f":"'CRO2_Crono Simplificado'!WLA4","v":0},{"$f":"'CRO2_Crono Simplificado'!#REF!","v":{"$error":"#REF!"}},{"$f":"'CRO2_Crono Simplificado'!WLC4","v":0},{"$f":"'CRO2_Crono Simplificado'!#REF!","v":{"$error":"#REF!"}},{"$f":"'CRO2_Crono Simplificado'!WLE4","v":0},{"$f":"'CRO2_Crono Simplificado'!#REF!","v":{"$error":"#REF!"}},{"$f":"'CRO2_Crono Simplificado'!WLG4","v":0},{"$f":"'CRO2_Crono Simplificado'!#REF!","v":{"$error":"#REF!"}},{"$f":"'CRO2_Crono Simplificado'!WLI4","v":0},{"$f":"'CRO2_Crono Simplificado'!#REF!","v":{"$error":"#REF!"}},{"$f":"'CRO2_Crono Simplificado'!WLK4","v":0},{"$f":"'CRO2_Crono Simplificado'!#REF!","v":{"$error":"#REF!"}},{"$f":"'CRO2_Crono Simplificado'!WLM4","v":0},{"$f":"'CRO2_Crono Simplificado'!#REF!","v":{"$error":"#REF!"}},{"$f":"'CRO2_Crono Simplificado'!WLO4","v":0},{"$f":"'CRO2_Crono Simplificado'!#REF!","v":{"$error":"#REF!"}},{"$f":"'CRO2_Crono Simplificado'!WLQ4","v":0},{"$f":"'CRO2_Crono Simplificado'!#REF!","v":{"$error":"#REF!"}},{"$f":"'CRO2_Crono Simplificado'!WLS4","v":0},{"$f":"'CRO2_Crono Simplificado'!#REF!","v":{"$error":"#REF!"}},{"$f":"'CRO2_Crono Simplificado'!WLU4","v":0},{"$f":"'CRO2_Crono Simplificado'!#REF!","v":{"$error":"#REF!"}},{"$f":"'CRO2_Crono Simplificado'!WLW4","v":0},{"$f":"'CRO2_Crono Simplificado'!#REF!","v":{"$error":"#REF!"}},{"$f":"'CRO2_Crono Simplificado'!WLY4","v":0},{"$f":"'CRO2_Crono Simplificado'!#REF!","v":{"$error":"#REF!"}},{"$f":"'CRO2_Crono Simplificado'!WMA4","v":0},{"$f":"'CRO2_Crono Simplificado'!#REF!","v":{"$error":"#REF!"}},{"$f":"'CRO2_Crono Simplificado'!WMC4","v":0},{"$f":"'CRO2_Crono Simplificado'!#REF!","v":{"$error":"#REF!"}},{"$f":"'CRO2_Crono Simplificado'!WME4","v":0},{"$f":"'CRO2_Crono Simplificado'!#REF!","v":{"$error":"#REF!"}},{"$f":"'CRO2_Crono Simplificado'!WMG4","v":0},{"$f":"'CRO2_Crono Simplificado'!#REF!","v":{"$error":"#REF!"}},{"$f":"'CRO2_Crono Simplificado'!WMI4","v":0},{"$f":"'CRO2_Crono Simplificado'!#REF!","v":{"$error":"#REF!"}},{"$f":"'CRO2_Crono Simplificado'!WMK4","v":0},{"$f":"'CRO2_Crono Simplificado'!#REF!","v":{"$error":"#REF!"}},{"$f":"'CRO2_Crono Simplificado'!WMM4","v":0},{"$f":"'CRO2_Crono Simplificado'!#REF!","v":{"$error":"#REF!"}},{"$f":"'CRO2_Crono Simplificado'!WMO4","v":0},{"$f":"'CRO2_Crono Simplificado'!#REF!","v":{"$error":"#REF!"}},{"$f":"'CRO2_Crono Simplificado'!WMQ4","v":0},{"$f":"'CRO2_Crono Simplificado'!#REF!","v":{"$error":"#REF!"}},{"$f":"'CRO2_Crono Simplificado'!WMS4","v":0},{"$f":"'CRO2_Crono Simplificado'!#REF!","v":{"$error":"#REF!"}},{"$f":"'CRO2_Crono Simplificado'!WMU4","v":0},{"$f":"'CRO2_Crono Simplificado'!#REF!","v":{"$error":"#REF!"}},{"$f":"'CRO2_Crono Simplificado'!WMW4","v":0},{"$f":"'CRO2_Crono Simplificado'!#REF!","v":{"$error":"#REF!"}},{"$f":"'CRO2_Crono Simplificado'!WMY4","v":0},{"$f":"'CRO2_Crono Simplificado'!#REF!","v":{"$error":"#REF!"}},{"$f":"'CRO2_Crono Simplificado'!WNA4","v":0},{"$f":"'CRO2_Crono Simplificado'!#REF!","v":{"$error":"#REF!"}},{"$f":"'CRO2_Crono Simplificado'!WNC4","v":0},{"$f":"'CRO2_Crono Simplificado'!#REF!","v":{"$error":"#REF!"}},{"$f":"'CRO2_Crono Simplificado'!WNE4","v":0},{"$f":"'CRO2_Crono Simplificado'!#REF!","v":{"$error":"#REF!"}},{"$f":"'CRO2_Crono Simplificado'!WNG4","v":0},{"$f":"'CRO2_Crono Simplificado'!#REF!","v":{"$error":"#REF!"}},{"$f":"'CRO2_Crono Simplificado'!WNI4","v":0},{"$f":"'CRO2_Crono Simplificado'!#REF!","v":{"$error":"#REF!"}},{"$f":"'CRO2_Crono Simplificado'!WNK4","v":0},{"$f":"'CRO2_Crono Simplificado'!#REF!","v":{"$error":"#REF!"}},{"$f":"'CRO2_Crono Simplificado'!WNM4","v":0},{"$f":"'CRO2_Crono Simplificado'!#REF!","v":{"$error":"#REF!"}},{"$f":"'CRO2_Crono Simplificado'!WNO4","v":0},{"$f":"'CRO2_Crono Simplificado'!#REF!","v":{"$error":"#REF!"}},{"$f":"'CRO2_Crono Simplificado'!WNQ4","v":0},{"$f":"'CRO2_Crono Simplificado'!#REF!","v":{"$error":"#REF!"}},{"$f":"'CRO2_Crono Simplificado'!WNS4","v":0},{"$f":"'CRO2_Crono Simplificado'!#REF!","v":{"$error":"#REF!"}},{"$f":"'CRO2_Crono Simplificado'!WNU4","v":0},{"$f":"'CRO2_Crono Simplificado'!#REF!","v":{"$error":"#REF!"}},{"$f":"'CRO2_Crono Simplificado'!WNW4","v":0},{"$f":"'CRO2_Crono Simplificado'!#REF!","v":{"$error":"#REF!"}},{"$f":"'CRO2_Crono Simplificado'!WNY4","v":0},{"$f":"'CRO2_Crono Simplificado'!#REF!","v":{"$error":"#REF!"}},{"$f":"'CRO2_Crono Simplificado'!WOA4","v":0},{"$f":"'CRO2_Crono Simplificado'!#REF!","v":{"$error":"#REF!"}},{"$f":"'CRO2_Crono Simplificado'!WOC4","v":0},{"$f":"'CRO2_Crono Simplificado'!#REF!","v":{"$error":"#REF!"}},{"$f":"'CRO2_Crono Simplificado'!WOE4","v":0},{"$f":"'CRO2_Crono Simplificado'!#REF!","v":{"$error":"#REF!"}},{"$f":"'CRO2_Crono Simplificado'!WOG4","v":0},{"$f":"'CRO2_Crono Simplificado'!#REF!","v":{"$error":"#REF!"}},{"$f":"'CRO2_Crono Simplificado'!WOI4","v":0},{"$f":"'CRO2_Crono Simplificado'!#REF!","v":{"$error":"#REF!"}},{"$f":"'CRO2_Crono Simplificado'!WOK4","v":0},{"$f":"'CRO2_Crono Simplificado'!#REF!","v":{"$error":"#REF!"}},{"$f":"'CRO2_Crono Simplificado'!WOM4","v":0},{"$f":"'CRO2_Crono Simplificado'!#REF!","v":{"$error":"#REF!"}},{"$f":"'CRO2_Crono Simplificado'!WOO4","v":0},{"$f":"'CRO2_Crono Simplificado'!#REF!","v":{"$error":"#REF!"}},{"$f":"'CRO2_Crono Simplificado'!WOQ4","v":0},{"$f":"'CRO2_Crono Simplificado'!#REF!","v":{"$error":"#REF!"}},{"$f":"'CRO2_Crono Simplificado'!WOS4","v":0},{"$f":"'CRO2_Crono Simplificado'!#REF!","v":{"$error":"#REF!"}},{"$f":"'CRO2_Crono Simplificado'!WOU4","v":0},{"$f":"'CRO2_Crono Simplificado'!#REF!","v":{"$error":"#REF!"}},{"$f":"'CRO2_Crono Simplificado'!WOW4","v":0},{"$f":"'CRO2_Crono Simplificado'!#REF!","v":{"$error":"#REF!"}},{"$f":"'CRO2_Crono Simplificado'!WOY4","v":0},{"$f":"'CRO2_Crono Simplificado'!#REF!","v":{"$error":"#REF!"}},{"$f":"'CRO2_Crono Simplificado'!WPA4","v":0},{"$f":"'CRO2_Crono Simplificado'!#REF!","v":{"$error":"#REF!"}},{"$f":"'CRO2_Crono Simplificado'!WPC4","v":0},{"$f":"'CRO2_Crono Simplificado'!#REF!","v":{"$error":"#REF!"}},{"$f":"'CRO2_Crono Simplificado'!WPE4","v":0},{"$f":"'CRO2_Crono Simplificado'!#REF!","v":{"$error":"#REF!"}},{"$f":"'CRO2_Crono Simplificado'!WPG4","v":0},{"$f":"'CRO2_Crono Simplificado'!#REF!","v":{"$error":"#REF!"}},{"$f":"'CRO2_Crono Simplificado'!WPI4","v":0},{"$f":"'CRO2_Crono Simplificado'!#REF!","v":{"$error":"#REF!"}},{"$f":"'CRO2_Crono Simplificado'!WPK4","v":0},{"$f":"'CRO2_Crono Simplificado'!#REF!","v":{"$error":"#REF!"}},{"$f":"'CRO2_Crono Simplificado'!WPM4","v":0},{"$f":"'CRO2_Crono Simplificado'!#REF!","v":{"$error":"#REF!"}},{"$f":"'CRO2_Crono Simplificado'!WPO4","v":0},{"$f":"'CRO2_Crono Simplificado'!#REF!","v":{"$error":"#REF!"}},{"$f":"'CRO2_Crono Simplificado'!WPQ4","v":0},{"$f":"'CRO2_Crono Simplificado'!#REF!","v":{"$error":"#REF!"}},{"$f":"'CRO2_Crono Simplificado'!WPS4","v":0},{"$f":"'CRO2_Crono Simplificado'!#REF!","v":{"$error":"#REF!"}},{"$f":"'CRO2_Crono Simplificado'!WPU4","v":0},{"$f":"'CRO2_Crono Simplificado'!#REF!","v":{"$error":"#REF!"}},{"$f":"'CRO2_Crono Simplificado'!WPW4","v":0},{"$f":"'CRO2_Crono Simplificado'!#REF!","v":{"$error":"#REF!"}},{"$f":"'CRO2_Crono Simplificado'!WPY4","v":0},{"$f":"'CRO2_Crono Simplificado'!#REF!","v":{"$error":"#REF!"}},{"$f":"'CRO2_Crono Simplificado'!WQA4","v":0},{"$f":"'CRO2_Crono Simplificado'!#REF!","v":{"$error":"#REF!"}},{"$f":"'CRO2_Crono Simplificado'!WQC4","v":0},{"$f":"'CRO2_Crono Simplificado'!#REF!","v":{"$error":"#REF!"}},{"$f":"'CRO2_Crono Simplificado'!WQE4","v":0},{"$f":"'CRO2_Crono Simplificado'!#REF!","v":{"$error":"#REF!"}},{"$f":"'CRO2_Crono Simplificado'!WQG4","v":0},{"$f":"'CRO2_Crono Simplificado'!#REF!","v":{"$error":"#REF!"}},{"$f":"'CRO2_Crono Simplificado'!WQI4","v":0},{"$f":"'CRO2_Crono Simplificado'!#REF!","v":{"$error":"#REF!"}},{"$f":"'CRO2_Crono Simplificado'!WQK4","v":0},{"$f":"'CRO2_Crono Simplificado'!#REF!","v":{"$error":"#REF!"}},{"$f":"'CRO2_Crono Simplificado'!WQM4","v":0},{"$f":"'CRO2_Crono Simplificado'!#REF!","v":{"$error":"#REF!"}},{"$f":"'CRO2_Crono Simplificado'!WQO4","v":0},{"$f":"'CRO2_Crono Simplificado'!#REF!","v":{"$error":"#REF!"}},{"$f":"'CRO2_Crono Simplificado'!WQQ4","v":0},{"$f":"'CRO2_Crono Simplificado'!#REF!","v":{"$error":"#REF!"}},{"$f":"'CRO2_Crono Simplificado'!WQS4","v":0},{"$f":"'CRO2_Crono Simplificado'!#REF!","v":{"$error":"#REF!"}},{"$f":"'CRO2_Crono Simplificado'!WQU4","v":0},{"$f":"'CRO2_Crono Simplificado'!#REF!","v":{"$error":"#REF!"}},{"$f":"'CRO2_Crono Simplificado'!WQW4","v":0},{"$f":"'CRO2_Crono Simplificado'!#REF!","v":{"$error":"#REF!"}},{"$f":"'CRO2_Crono Simplificado'!WQY4","v":0},{"$f":"'CRO2_Crono Simplificado'!#REF!","v":{"$error":"#REF!"}},{"$f":"'CRO2_Crono Simplificado'!WRA4","v":0},{"$f":"'CRO2_Crono Simplificado'!#REF!","v":{"$error":"#REF!"}},{"$f":"'CRO2_Crono Simplificado'!WRC4","v":0},{"$f":"'CRO2_Crono Simplificado'!#REF!","v":{"$error":"#REF!"}},{"$f":"'CRO2_Crono Simplificado'!WRE4","v":0},{"$f":"'CRO2_Crono Simplificado'!#REF!","v":{"$error":"#REF!"}},{"$f":"'CRO2_Crono Simplificado'!WRG4","v":0},{"$f":"'CRO2_Crono Simplificado'!#REF!","v":{"$error":"#REF!"}},{"$f":"'CRO2_Crono Simplificado'!WRI4","v":0},{"$f":"'CRO2_Crono Simplificado'!#REF!","v":{"$error":"#REF!"}},{"$f":"'CRO2_Crono Simplificado'!WRK4","v":0},{"$f":"'CRO2_Crono Simplificado'!#REF!","v":{"$error":"#REF!"}},{"$f":"'CRO2_Crono Simplificado'!WRM4","v":0},{"$f":"'CRO2_Crono Simplificado'!#REF!","v":{"$error":"#REF!"}},{"$f":"'CRO2_Crono Simplificado'!WRO4","v":0},{"$f":"'CRO2_Crono Simplificado'!#REF!","v":{"$error":"#REF!"}},{"$f":"'CRO2_Crono Simplificado'!WRQ4","v":0},{"$f":"'CRO2_Crono Simplificado'!#REF!","v":{"$error":"#REF!"}},{"$f":"'CRO2_Crono Simplificado'!WRS4","v":0},{"$f":"'CRO2_Crono Simplificado'!#REF!","v":{"$error":"#REF!"}},{"$f":"'CRO2_Crono Simplificado'!WRU4","v":0},{"$f":"'CRO2_Crono Simplificado'!#REF!","v":{"$error":"#REF!"}},{"$f":"'CRO2_Crono Simplificado'!WRW4","v":0},{"$f":"'CRO2_Crono Simplificado'!#REF!","v":{"$error":"#REF!"}},{"$f":"'CRO2_Crono Simplificado'!WRY4","v":0},{"$f":"'CRO2_Crono Simplificado'!#REF!","v":{"$error":"#REF!"}},{"$f":"'CRO2_Crono Simplificado'!WSA4","v":0},{"$f":"'CRO2_Crono Simplificado'!#REF!","v":{"$error":"#REF!"}},{"$f":"'CRO2_Crono Simplificado'!WSC4","v":0},{"$f":"'CRO2_Crono Simplificado'!#REF!","v":{"$error":"#REF!"}},{"$f":"'CRO2_Crono Simplificado'!WSE4","v":0},{"$f":"'CRO2_Crono Simplificado'!#REF!","v":{"$error":"#REF!"}},{"$f":"'CRO2_Crono Simplificado'!WSG4","v":0},{"$f":"'CRO2_Crono Simplificado'!#REF!","v":{"$error":"#REF!"}},{"$f":"'CRO2_Crono Simplificado'!WSI4","v":0},{"$f":"'CRO2_Crono Simplificado'!#REF!","v":{"$error":"#REF!"}},{"$f":"'CRO2_Crono Simplificado'!WSK4","v":0},{"$f":"'CRO2_Crono Simplificado'!#REF!","v":{"$error":"#REF!"}},{"$f":"'CRO2_Crono Simplificado'!WSM4","v":0},{"$f":"'CRO2_Crono Simplificado'!#REF!","v":{"$error":"#REF!"}},{"$f":"'CRO2_Crono Simplificado'!WSO4","v":0},{"$f":"'CRO2_Crono Simplificado'!#REF!","v":{"$error":"#REF!"}},{"$f":"'CRO2_Crono Simplificado'!WSQ4","v":0},{"$f":"'CRO2_Crono Simplificado'!#REF!","v":{"$error":"#REF!"}},{"$f":"'CRO2_Crono Simplificado'!WSS4","v":0},{"$f":"'CRO2_Crono Simplificado'!#REF!","v":{"$error":"#REF!"}},{"$f":"'CRO2_Crono Simplificado'!WSU4","v":0},{"$f":"'CRO2_Crono Simplificado'!#REF!","v":{"$error":"#REF!"}},{"$f":"'CRO2_Crono Simplificado'!WSW4","v":0},{"$f":"'CRO2_Crono Simplificado'!#REF!","v":{"$error":"#REF!"}},{"$f":"'CRO2_Crono Simplificado'!WSY4","v":0},{"$f":"'CRO2_Crono Simplificado'!#REF!","v":{"$error":"#REF!"}},{"$f":"'CRO2_Crono Simplificado'!WTA4","v":0},{"$f":"'CRO2_Crono Simplificado'!#REF!","v":{"$error":"#REF!"}},{"$f":"'CRO2_Crono Simplificado'!WTC4","v":0},{"$f":"'CRO2_Crono Simplificado'!#REF!","v":{"$error":"#REF!"}},{"$f":"'CRO2_Crono Simplificado'!WTE4","v":0},{"$f":"'CRO2_Crono Simplificado'!#REF!","v":{"$error":"#REF!"}},{"$f":"'CRO2_Crono Simplificado'!WTG4","v":0},{"$f":"'CRO2_Crono Simplificado'!#REF!","v":{"$error":"#REF!"}},{"$f":"'CRO2_Crono Simplificado'!WTI4","v":0},{"$f":"'CRO2_Crono Simplificado'!#REF!","v":{"$error":"#REF!"}},{"$f":"'CRO2_Crono Simplificado'!WTK4","v":0},{"$f":"'CRO2_Crono Simplificado'!#REF!","v":{"$error":"#REF!"}},{"$f":"'CRO2_Crono Simplificado'!WTM4","v":0},{"$f":"'CRO2_Crono Simplificado'!#REF!","v":{"$error":"#REF!"}},{"$f":"'CRO2_Crono Simplificado'!WTO4","v":0},{"$f":"'CRO2_Crono Simplificado'!#REF!","v":{"$error":"#REF!"}},{"$f":"'CRO2_Crono Simplificado'!WTQ4","v":0},{"$f":"'CRO2_Crono Simplificado'!#REF!","v":{"$error":"#REF!"}},{"$f":"'CRO2_Crono Simplificado'!WTS4","v":0},{"$f":"'CRO2_Crono Simplificado'!#REF!","v":{"$error":"#REF!"}},{"$f":"'CRO2_Crono Simplificado'!WTU4","v":0},{"$f":"'CRO2_Crono Simplificado'!#REF!","v":{"$error":"#REF!"}},{"$f":"'CRO2_Crono Simplificado'!WTW4","v":0},{"$f":"'CRO2_Crono Simplificado'!#REF!","v":{"$error":"#REF!"}},{"$f":"'CRO2_Crono Simplificado'!WTY4","v":0},{"$f":"'CRO2_Crono Simplificado'!#REF!","v":{"$error":"#REF!"}},{"$f":"'CRO2_Crono Simplificado'!WUA4","v":0},{"$f":"'CRO2_Crono Simplificado'!#REF!","v":{"$error":"#REF!"}},{"$f":"'CRO2_Crono Simplificado'!WUC4","v":0},{"$f":"'CRO2_Crono Simplificado'!#REF!","v":{"$error":"#REF!"}},{"$f":"'CRO2_Crono Simplificado'!WUE4","v":0},{"$f":"'CRO2_Crono Simplificado'!#REF!","v":{"$error":"#REF!"}},{"$f":"'CRO2_Crono Simplificado'!WUG4","v":0},{"$f":"'CRO2_Crono Simplificado'!#REF!","v":{"$error":"#REF!"}},{"$f":"'CRO2_Crono Simplificado'!WUI4","v":0},{"$f":"'CRO2_Crono Simplificado'!#REF!","v":{"$error":"#REF!"}},{"$f":"'CRO2_Crono Simplificado'!WUK4","v":0},{"$f":"'CRO2_Crono Simplificado'!#REF!","v":{"$error":"#REF!"}},{"$f":"'CRO2_Crono Simplificado'!WUM4","v":0},{"$f":"'CRO2_Crono Simplificado'!#REF!","v":{"$error":"#REF!"}},{"$f":"'CRO2_Crono Simplificado'!WUO4","v":0},{"$f":"'CRO2_Crono Simplificado'!#REF!","v":{"$error":"#REF!"}},{"$f":"'CRO2_Crono Simplificado'!WUQ4","v":0},{"$f":"'CRO2_Crono Simplificado'!#REF!","v":{"$error":"#REF!"}},{"$f":"'CRO2_Crono Simplificado'!WUS4","v":0},{"$f":"'CRO2_Crono Simplificado'!#REF!","v":{"$error":"#REF!"}},{"$f":"'CRO2_Crono Simplificado'!WUU4","v":0},{"$f":"'CRO2_Crono Simplificado'!#REF!","v":{"$error":"#REF!"}},{"$f":"'CRO2_Crono Simplificado'!WUW4","v":0},{"$f":"'CRO2_Crono Simplificado'!#REF!","v":{"$error":"#REF!"}},{"$f":"'CRO2_Crono Simplificado'!WUY4","v":0},{"$f":"'CRO2_Crono Simplificado'!#REF!","v":{"$error":"#REF!"}},{"$f":"'CRO2_Crono Simplificado'!WVA4","v":0},{"$f":"'CRO2_Crono Simplificado'!#REF!","v":{"$error":"#REF!"}},{"$f":"'CRO2_Crono Simplificado'!WVC4","v":0},{"$f":"'CRO2_Crono Simplificado'!#REF!","v":{"$error":"#REF!"}},{"$f":"'CRO2_Crono Simplificado'!WVE4","v":0},{"$f":"'CRO2_Crono Simplificado'!#REF!","v":{"$error":"#REF!"}},{"$f":"'CRO2_Crono Simplificado'!WVG4","v":0},{"$f":"'CRO2_Crono Simplificado'!#REF!","v":{"$error":"#REF!"}},{"$f":"'CRO2_Crono Simplificado'!WVI4","v":0},{"$f":"'CRO2_Crono Simplificado'!#REF!","v":{"$error":"#REF!"}},{"$f":"'CRO2_Crono Simplificado'!WVK4","v":0},{"$f":"'CRO2_Crono Simplificado'!#REF!","v":{"$error":"#REF!"}},{"$f":"'CRO2_Crono Simplificado'!WVM4","v":0},{"$f":"'CRO2_Crono Simplificado'!#REF!","v":{"$error":"#REF!"}},{"$f":"'CRO2_Crono Simplificado'!WVO4","v":0},{"$f":"'CRO2_Crono Simplificado'!#REF!","v":{"$error":"#REF!"}},{"$f":"'CRO2_Crono Simplificado'!WVQ4","v":0},{"$f":"'CRO2_Crono Simplificado'!#REF!","v":{"$error":"#REF!"}},{"$f":"'CRO2_Crono Simplificado'!WVS4","v":0},{"$f":"'CRO2_Crono Simplificado'!#REF!","v":{"$error":"#REF!"}},{"$f":"'CRO2_Crono Simplificado'!WVU4","v":0},{"$f":"'CRO2_Crono Simplificado'!#REF!","v":{"$error":"#REF!"}},{"$f":"'CRO2_Crono Simplificado'!WVW4","v":0},{"$f":"'CRO2_Crono Simplificado'!#REF!","v":{"$error":"#REF!"}},{"$f":"'CRO2_Crono Simplificado'!WVY4","v":0},{"$f":"'CRO2_Crono Simplificado'!#REF!","v":{"$error":"#REF!"}},{"$f":"'CRO2_Crono Simplificado'!WWA4","v":0},{"$f":"'CRO2_Crono Simplificado'!#REF!","v":{"$error":"#REF!"}},{"$f":"'CRO2_Crono Simplificado'!WWC4","v":0},{"$f":"'CRO2_Crono Simplificado'!#REF!","v":{"$error":"#REF!"}},{"$f":"'CRO2_Crono Simplificado'!WWE4","v":0},{"$f":"'CRO2_Crono Simplificado'!#REF!","v":{"$error":"#REF!"}},{"$f":"'CRO2_Crono Simplificado'!WWG4","v":0},{"$f":"'CRO2_Crono Simplificado'!#REF!","v":{"$error":"#REF!"}},{"$f":"'CRO2_Crono Simplificado'!WWI4","v":0},{"$f":"'CRO2_Crono Simplificado'!#REF!","v":{"$error":"#REF!"}},{"$f":"'CRO2_Crono Simplificado'!WWK4","v":0},{"$f":"'CRO2_Crono Simplificado'!#REF!","v":{"$error":"#REF!"}},{"$f":"'CRO2_Crono Simplificado'!WWM4","v":0},{"$f":"'CRO2_Crono Simplificado'!#REF!","v":{"$error":"#REF!"}},{"$f":"'CRO2_Crono Simplificado'!WWO4","v":0},{"$f":"'CRO2_Crono Simplificado'!#REF!","v":{"$error":"#REF!"}},{"$f":"'CRO2_Crono Simplificado'!WWQ4","v":0},{"$f":"'CRO2_Crono Simplificado'!#REF!","v":{"$error":"#REF!"}},{"$f":"'CRO2_Crono Simplificado'!WWS4","v":0},{"$f":"'CRO2_Crono Simplificado'!#REF!","v":{"$error":"#REF!"}},{"$f":"'CRO2_Crono Simplificado'!WWU4","v":0},{"$f":"'CRO2_Crono Simplificado'!#REF!","v":{"$error":"#REF!"}},{"$f":"'CRO2_Crono Simplificado'!WWW4","v":0},{"$f":"'CRO2_Crono Simplificado'!#REF!","v":{"$error":"#REF!"}},{"$f":"'CRO2_Crono Simplificado'!WWY4","v":0},{"$f":"'CRO2_Crono Simplificado'!#REF!","v":{"$error":"#REF!"}},{"$f":"'CRO2_Crono Simplificado'!WXA4","v":0},{"$f":"'CRO2_Crono Simplificado'!#REF!","v":{"$error":"#REF!"}},{"$f":"'CRO2_Crono Simplificado'!WXC4","v":0},{"$f":"'CRO2_Crono Simplificado'!#REF!","v":{"$error":"#REF!"}},{"$f":"'CRO2_Crono Simplificado'!WXE4","v":0},{"$f":"'CRO2_Crono Simplificado'!#REF!","v":{"$error":"#REF!"}},{"$f":"'CRO2_Crono Simplificado'!WXG4","v":0},{"$f":"'CRO2_Crono Simplificado'!#REF!","v":{"$error":"#REF!"}},{"$f":"'CRO2_Crono Simplificado'!WXI4","v":0},{"$f":"'CRO2_Crono Simplificado'!#REF!","v":{"$error":"#REF!"}},{"$f":"'CRO2_Crono Simplificado'!WXK4","v":0},{"$f":"'CRO2_Crono Simplificado'!#REF!","v":{"$error":"#REF!"}},{"$f":"'CRO2_Crono Simplificado'!WXM4","v":0},{"$f":"'CRO2_Crono Simplificado'!#REF!","v":{"$error":"#REF!"}},{"$f":"'CRO2_Crono Simplificado'!WXO4","v":0},{"$f":"'CRO2_Crono Simplificado'!#REF!","v":{"$error":"#REF!"}},{"$f":"'CRO2_Crono Simplificado'!WXQ4","v":0},{"$f":"'CRO2_Crono Simplificado'!#REF!","v":{"$error":"#REF!"}},{"$f":"'CRO2_Crono Simplificado'!WXS4","v":0},{"$f":"'CRO2_Crono Simplificado'!#REF!","v":{"$error":"#REF!"}},{"$f":"'CRO2_Crono Simplificado'!WXU4","v":0},{"$f":"'CRO2_Crono Simplificado'!#REF!","v":{"$error":"#REF!"}},{"$f":"'CRO2_Crono Simplificado'!WXW4","v":0},{"$f":"'CRO2_Crono Simplificado'!#REF!","v":{"$error":"#REF!"}},{"$f":"'CRO2_Crono Simplificado'!WXY4","v":0},{"$f":"'CRO2_Crono Simplificado'!#REF!","v":{"$error":"#REF!"}},{"$f":"'CRO2_Crono Simplificado'!WYA4","v":0},{"$f":"'CRO2_Crono Simplificado'!#REF!","v":{"$error":"#REF!"}},{"$f":"'CRO2_Crono Simplificado'!WYC4","v":0},{"$f":"'CRO2_Crono Simplificado'!#REF!","v":{"$error":"#REF!"}},{"$f":"'CRO2_Crono Simplificado'!WYE4","v":0},{"$f":"'CRO2_Crono Simplificado'!#REF!","v":{"$error":"#REF!"}},{"$f":"'CRO2_Crono Simplificado'!WYG4","v":0},{"$f":"'CRO2_Crono Simplificado'!#REF!","v":{"$error":"#REF!"}},{"$f":"'CRO2_Crono Simplificado'!WYI4","v":0},{"$f":"'CRO2_Crono Simplificado'!#REF!","v":{"$error":"#REF!"}},{"$f":"'CRO2_Crono Simplificado'!WYK4","v":0},{"$f":"'CRO2_Crono Simplificado'!#REF!","v":{"$error":"#REF!"}},{"$f":"'CRO2_Crono Simplificado'!WYM4","v":0},{"$f":"'CRO2_Crono Simplificado'!#REF!","v":{"$error":"#REF!"}},{"$f":"'CRO2_Crono Simplificado'!WYO4","v":0},{"$f":"'CRO2_Crono Simplificado'!#REF!","v":{"$error":"#REF!"}},{"$f":"'CRO2_Crono Simplificado'!WYQ4","v":0},{"$f":"'CRO2_Crono Simplificado'!#REF!","v":{"$error":"#REF!"}},{"$f":"'CRO2_Crono Simplificado'!WYS4","v":0},{"$f":"'CRO2_Crono Simplificado'!#REF!","v":{"$error":"#REF!"}},{"$f":"'CRO2_Crono Simplificado'!WYU4","v":0},{"$f":"'CRO2_Crono Simplificado'!#REF!","v":{"$error":"#REF!"}},{"$f":"'CRO2_Crono Simplificado'!WYW4","v":0},{"$f":"'CRO2_Crono Simplificado'!#REF!","v":{"$error":"#REF!"}},{"$f":"'CRO2_Crono Simplificado'!WYY4","v":0},{"$f":"'CRO2_Crono Simplificado'!#REF!","v":{"$error":"#REF!"}},{"$f":"'CRO2_Crono Simplificado'!WZA4","v":0},{"$f":"'CRO2_Crono Simplificado'!#REF!","v":{"$error":"#REF!"}},{"$f":"'CRO2_Crono Simplificado'!WZC4","v":0},{"$f":"'CRO2_Crono Simplificado'!#REF!","v":{"$error":"#REF!"}},{"$f":"'CRO2_Crono Simplificado'!WZE4","v":0},{"$f":"'CRO2_Crono Simplificado'!#REF!","v":{"$error":"#REF!"}},{"$f":"'CRO2_Crono Simplificado'!WZG4","v":0},{"$f":"'CRO2_Crono Simplificado'!#REF!","v":{"$error":"#REF!"}},{"$f":"'CRO2_Crono Simplificado'!WZI4","v":0},{"$f":"'CRO2_Crono Simplificado'!#REF!","v":{"$error":"#REF!"}},{"$f":"'CRO2_Crono Simplificado'!WZK4","v":0},{"$f":"'CRO2_Crono Simplificado'!#REF!","v":{"$error":"#REF!"}},{"$f":"'CRO2_Crono Simplificado'!WZM4","v":0},{"$f":"'CRO2_Crono Simplificado'!#REF!","v":{"$error":"#REF!"}},{"$f":"'CRO2_Crono Simplificado'!WZO4","v":0},{"$f":"'CRO2_Crono Simplificado'!#REF!","v":{"$error":"#REF!"}},{"$f":"'CRO2_Crono Simplificado'!WZQ4","v":0},{"$f":"'CRO2_Crono Simplificado'!#REF!","v":{"$error":"#REF!"}},{"$f":"'CRO2_Crono Simplificado'!WZS4","v":0},{"$f":"'CRO2_Crono Simplificado'!#REF!","v":{"$error":"#REF!"}},{"$f":"'CRO2_Crono Simplificado'!WZU4","v":0},{"$f":"'CRO2_Crono Simplificado'!#REF!","v":{"$error":"#REF!"}},{"$f":"'CRO2_Crono Simplificado'!WZW4","v":0},{"$f":"'CRO2_Crono Simplificado'!#REF!","v":{"$error":"#REF!"}},{"$f":"'CRO2_Crono Simplificado'!WZY4","v":0},{"$f":"'CRO2_Crono Simplificado'!#REF!","v":{"$error":"#REF!"}},{"$f":"'CRO2_Crono Simplificado'!XAA4","v":0},{"$f":"'CRO2_Crono Simplificado'!#REF!","v":{"$error":"#REF!"}},{"$f":"'CRO2_Crono Simplificado'!XAC4","v":0},{"$f":"'CRO2_Crono Simplificado'!#REF!","v":{"$error":"#REF!"}},{"$f":"'CRO2_Crono Simplificado'!XAE4","v":0},{"$f":"'CRO2_Crono Simplificado'!#REF!","v":{"$error":"#REF!"}},{"$f":"'CRO2_Crono Simplificado'!XAG4","v":0},{"$f":"'CRO2_Crono Simplificado'!#REF!","v":{"$error":"#REF!"}},{"$f":"'CRO2_Crono Simplificado'!XAI4","v":0},{"$f":"'CRO2_Crono Simplificado'!#REF!","v":{"$error":"#REF!"}},{"$f":"'CRO2_Crono Simplificado'!XAK4","v":0},{"$f":"'CRO2_Crono Simplificado'!#REF!","v":{"$error":"#REF!"}},{"$f":"'CRO2_Crono Simplificado'!XAM4","v":0},{"$f":"'CRO2_Crono Simplificado'!#REF!","v":{"$error":"#REF!"}},{"$f":"'CRO2_Crono Simplificado'!XAO4","v":0},{"$f":"'CRO2_Crono Simplificado'!#REF!","v":{"$error":"#REF!"}},{"$f":"'CRO2_Crono Simplificado'!XAQ4","v":0},{"$f":"'CRO2_Crono Simplificado'!#REF!","v":{"$error":"#REF!"}},{"$f":"'CRO2_Crono Simplificado'!XAS4","v":0},{"$f":"'CRO2_Crono Simplificado'!#REF!","v":{"$error":"#REF!"}},{"$f":"'CRO2_Crono Simplificado'!XAU4","v":0},{"$f":"'CRO2_Crono Simplificado'!#REF!","v":{"$error":"#REF!"}},{"$f":"'CRO2_Crono Simplificado'!XAW4","v":0},{"$f":"'CRO2_Crono Simplificado'!#REF!","v":{"$error":"#REF!"}},{"$f":"'CRO2_Crono Simplificado'!XAY4","v":0},{"$f":"'CRO2_Crono Simplificado'!#REF!","v":{"$error":"#REF!"}},{"$f":"'CRO2_Crono Simplificado'!XBA4","v":0},{"$f":"'CRO2_Crono Simplificado'!#REF!","v":{"$error":"#REF!"}},{"$f":"'CRO2_Crono Simplificado'!XBC4","v":0},{"$f":"'CRO2_Crono Simplificado'!#REF!","v":{"$error":"#REF!"}},{"$f":"'CRO2_Crono Simplificado'!XBE4","v":0},{"$f":"'CRO2_Crono Simplificado'!#REF!","v":{"$error":"#REF!"}},{"$f":"'CRO2_Crono Simplificado'!XBG4","v":0},{"$f":"'CRO2_Crono Simplificado'!#REF!","v":{"$error":"#REF!"}},{"$f":"'CRO2_Crono Simplificado'!XBI4","v":0},{"$f":"'CRO2_Crono Simplificado'!#REF!","v":{"$error":"#REF!"}},{"$f":"'CRO2_Crono Simplificado'!XBK4","v":0},{"$f":"'CRO2_Crono Simplificado'!#REF!","v":{"$error":"#REF!"}},{"$f":"'CRO2_Crono Simplificado'!XBM4","v":0},{"$f":"'CRO2_Crono Simplificado'!#REF!","v":{"$error":"#REF!"}},{"$f":"'CRO2_Crono Simplificado'!XBO4","v":0},{"$f":"'CRO2_Crono Simplificado'!#REF!","v":{"$error":"#REF!"}},{"$f":"'CRO2_Crono Simplificado'!XBQ4","v":0},{"$f":"'CRO2_Crono Simplificado'!#REF!","v":{"$error":"#REF!"}},{"$f":"'CRO2_Crono Simplificado'!XBS4","v":0},{"$f":"'CRO2_Crono Simplificado'!#REF!","v":{"$error":"#REF!"}},{"$f":"'CRO2_Crono Simplificado'!XBU4","v":0},{"$f":"'CRO2_Crono Simplificado'!#REF!","v":{"$error":"#REF!"}},{"$f":"'CRO2_Crono Simplificado'!XBW4","v":0},{"$f":"'CRO2_Crono Simplificado'!#REF!","v":{"$error":"#REF!"}},{"$f":"'CRO2_Crono Simplificado'!XBY4","v":0},{"$f":"'CRO2_Crono Simplificado'!#REF!","v":{"$error":"#REF!"}},{"$f":"'CRO2_Crono Simplificado'!XCA4","v":0},{"$f":"'CRO2_Crono Simplificado'!#REF!","v":{"$error":"#REF!"}},{"$f":"'CRO2_Crono Simplificado'!XCC4","v":0},{"$f":"'CRO2_Crono Simplificado'!#REF!","v":{"$error":"#REF!"}},{"$f":"'CRO2_Crono Simplificado'!XCE4","v":0},{"$f":"'CRO2_Crono Simplificado'!#REF!","v":{"$error":"#REF!"}},{"$f":"'CRO2_Crono Simplificado'!XCG4","v":0},{"$f":"'CRO2_Crono Simplificado'!#REF!","v":{"$error":"#REF!"}},{"$f":"'CRO2_Crono Simplificado'!XCI4","v":0},{"$f":"'CRO2_Crono Simplificado'!#REF!","v":{"$error":"#REF!"}},{"$f":"'CRO2_Crono Simplificado'!XCK4","v":0},{"$f":"'CRO2_Crono Simplificado'!#REF!","v":{"$error":"#REF!"}},{"$f":"'CRO2_Crono Simplificado'!XCM4","v":0},{"$f":"'CRO2_Crono Simplificado'!#REF!","v":{"$error":"#REF!"}},{"$f":"'CRO2_Crono Simplificado'!XCO4","v":0},{"$f":"'CRO2_Crono Simplificado'!#REF!","v":{"$error":"#REF!"}},{"$f":"'CRO2_Crono Simplificado'!XCQ4","v":0},{"$f":"'CRO2_Crono Simplificado'!#REF!","v":{"$error":"#REF!"}},{"$f":"'CRO2_Crono Simplificado'!XCS4","v":0},{"$f":"'CRO2_Crono Simplificado'!#REF!","v":{"$error":"#REF!"}},{"$f":"'CRO2_Crono Simplificado'!XCU4","v":0},{"$f":"'CRO2_Crono Simplificado'!#REF!","v":{"$error":"#REF!"}},{"$f":"'CRO2_Crono Simplificado'!XCW4","v":0},{"$f":"'CRO2_Crono Simplificado'!#REF!","v":{"$error":"#REF!"}},{"$f":"'CRO2_Crono Simplificado'!XCY4","v":0},{"$f":"'CRO2_Crono Simplificado'!#REF!","v":{"$error":"#REF!"}},{"$f":"'CRO2_Crono Simplificado'!XDA4","v":0},{"$f":"'CRO2_Crono Simplificado'!#REF!","v":{"$error":"#REF!"}},{"$f":"'CRO2_Crono Simplificado'!XDC4","v":0},{"$f":"'CRO2_Crono Simplificado'!#REF!","v":{"$error":"#REF!"}},{"$f":"'CRO2_Crono Simplificado'!XDE4","v":0},{"$f":"'CRO2_Crono Simplificado'!#REF!","v":{"$error":"#REF!"}},{"$f":"'CRO2_Crono Simplificado'!XDG4","v":0},{"$f":"'CRO2_Crono Simplificado'!#REF!","v":{"$error":"#REF!"}},{"$f":"'CRO2_Crono Simplificado'!XDI4","v":0},{"$f":"'CRO2_Crono Simplificado'!#REF!","v":{"$error":"#REF!"}},{"$f":"'CRO2_Crono Simplificado'!XDK4","v":0},{"$f":"'CRO2_Crono Simplificado'!#REF!","v":{"$error":"#REF!"}},{"$f":"'CRO2_Crono Simplificado'!XDM4","v":0},{"$f":"'CRO2_Crono Simplificado'!#REF!","v":{"$error":"#REF!"}},{"$f":"'CRO2_Crono Simplificado'!XDO4","v":0},{"$f":"'CRO2_Crono Simplificado'!#REF!","v":{"$error":"#REF!"}},{"$f":"'CRO2_Crono Simplificado'!XDQ4","v":0},{"$f":"'CRO2_Crono Simplificado'!#REF!","v":{"$error":"#REF!"}},{"$f":"'CRO2_Crono Simplificado'!XDS4","v":0},{"$f":"'CRO2_Crono Simplificado'!#REF!","v":{"$error":"#REF!"}},{"$f":"'CRO2_Crono Simplificado'!XDU4","v":0},{"$f":"'CRO2_Crono Simplificado'!#REF!","v":{"$error":"#REF!"}},{"$f":"'CRO2_Crono Simplificado'!XDW4","v":0},{"$f":"'CRO2_Crono Simplificado'!#REF!","v":{"$error":"#REF!"}},{"$f":"'CRO2_Crono Simplificado'!XDY4","v":0},{"$f":"'CRO2_Crono Simplificado'!#REF!","v":{"$error":"#REF!"}},{"$f":"'CRO2_Crono Simplificado'!XEA4","v":0},{"$f":"'CRO2_Crono Simplificado'!#REF!","v":{"$error":"#REF!"}},{"$f":"'CRO2_Crono Simplificado'!XEC4","v":0},{"$f":"'CRO2_Crono Simplificado'!#REF!","v":{"$error":"#REF!"}},{"$f":"'CRO2_Crono Simplificado'!XEE4","v":0},{"$f":"'CRO2_Crono Simplificado'!#REF!","v":{"$error":"#REF!"}},{"$f":"'CRO2_Crono Simplificado'!XEG4","v":0},{"$f":"'CRO2_Crono Simplificado'!#REF!","v":{"$error":"#REF!"}},{"$f":"'CRO2_Crono Simplificado'!XEI4","v":0},{"$f":"'CRO2_Crono Simplificado'!#REF!","v":{"$error":"#REF!"}},{"$f":"'CRO2_Crono Simplificado'!XEK4","v":0},{"$f":"'CRO2_Crono Simplificado'!#REF!","v":{"$error":"#REF!"}},{"$f":"'CRO2_Crono Simplificado'!XEM4","v":0},{"$f":"'CRO2_Crono Simplificado'!#REF!","v":{"$error":"#REF!"}},{"$f":"'CRO2_Crono Simplificado'!XEO4","v":0},{"$f":"'CRO2_Crono Simplificado'!#REF!","v":{"$error":"#REF!"}},{"$f":"'CRO2_Crono Simplificado'!XEQ4","v":0},{"$f":"'CRO2_Crono Simplificado'!#REF!","v":{"$error":"#REF!"}},{"$f":"'CRO2_Crono Simplificado'!XES4","v":0},{"$f":"'CRO2_Crono Simplificado'!#REF!","v":{"$error":"#REF!"}},{"$f":"'CRO2_Crono Simplificado'!XEU4","v":0},null,{"$f":"'CRO2_Crono Simplificado'!XEW4","v":0},{"$f":"'CRO2_Crono Simplificado'!#REF!","v":{"$error":"#REF!"}}]
[{"$f":"PFP!C13","v":"C"},{"$f":"PFP!D13","v":"Engenheiro Coordenados"},"mês",{"$f":"SUM(H10:L10)","v":0.69},{"$f":"PFP!G13","v":18189.93},{"$f":"PFP!H13","v":30837.39},{"$f":"PFP!I13","v":1.6953},0.03,0.03,0.03,0.3,0.3]
[{"$f":"PFP!C14","v":"P0"},{"$f":"PFP!D14","v":"Engenheiro de projetos senior"},"mês",{"$f":"SUM(H11:L11)","v":0.7},{"$f":"PFP!G14","v":15877.29},{"$f":"PFP!H14","v":26916.77},{"$f":"PFP!I14","v":1.6953},0.03,0.03,0.04,0.3,0.3]
[{"$f":"PFP!C15","v":"P1"},{"$f":"PFP!D15","v":"Engenheiro de projetos pleno (CUD = salário + encargos complementares)"},"mês",0.94000000000000006,{"$f":"PFP!G15","v":13395.84},{"$f":"PFP!H15","v":31158.720000000001},{"$f":"PFP!I15","v":2.3260000000000001},0.05,0.05,0.04,0.4,0.4]
[]
[{"$f":"[43]PFP!C23","v":"T3"},{"$f":"PFP!D17","v":"Engenheiro ambiental júnior (CUD = salário + encargos complementares)"},"mês",0.55000000000000004,{"$f":"PFP!G17","v":12768.6},{"$f":"PFP!H17","v":29699.759999999998},{"$f":"PFP!I17","v":2.3260000000000001},null,0.05,0.5]
[{"$f":"[43]PFP!C23","v":"T3"},{"$f":"PFP!D18","v":"Laboratorista"},"mês",1,{"$f":"PFP!G18","v":3185.91},{"$f":"PFP!H18","v":7410.43},{"$f":"PFP!I18","v":2.3260000000000001},null,1]
[{"$f":"[43]PFP!C24","v":"T2"},{"$f":"PFP!D19","v":"Auxiliar de laboratorio"},"mês",1,{"$f":"PFP!G19","v":2638.99},{"$f":"PFP!H19","v":6138.29},{"$f":"PFP!I19","v":2.3260000000000001},null,1]
[{"$f":"[43]PFP!C25","v":"T3"},{"$f":"PFP!D20","v":"Topógrafo"},"mês",1,{"$f":"PFP!G20","v":3271.6200000000003},{"$f":"PFP!H20","v":7609.79},{"$f":"PFP!I20","v":2.3260000000000001},null,1]
[{"$f":"[43]PFP!C26","v":"V1"},{"$f":"PFP!D21","v":"Auxiliar de topografo"},"mês",1,{"$f":"PFP!G21","v":2638.99},{"$f":"PFP!H21","v":6138.29},{"$f":"PFP!I21","v":2.3260000000000001},null,1]
[{"$f":"PFP!C22","v":"T2"},{"$f":"PFP!D22","v":"Chefe de escritório (CUD = salário + encargos complementares)"},"mês",1,{"$f":"PFP!G22","v":4096.08},{"$f":"PFP!H22","v":9527.48},{"$f":"PFP!I22","v":2.3260000000000001},0.2,0.2,0.2,0.2,0.2]
[{"$f":"PFP!C23","v":"T3"},{"$f":"PFP!D23","v":"Auxiliar administrativo (CUD = salário + encargos complementares)"},"mês",1,{"$f":"PFP!G23","v":2726.98},{"$f":"PFP!H23","v":6342.96},{"$f":"PFP!I23","v":2.3260000000000001},0.2,0.2,0.2,0.2,0.2]
[{"$f":"PFP!C24","v":"V1"},{"$f":"PFP!D24","v":"Diárias"},"dias",5,{"$f":"PFP!G24","v":353.39},{"$f":"PFP!H24","v":443.79},{"$f":"PFP!I24","v":1.2558},2,3]
[{"$f":"PFP!C25","v":"V3"},{"$f":"PFP!D25","v":"Fornecimento de veículo leve  1.0 ou superior, com ar-condicionado, incluindo despasas com combustível, óleos, conservação e manutenção."},"dias",5,{"$f":"PFP!G25","v":156.04210438080241},{"$f":"PFP!H25","v":195.96},{"$f":"PFP!I25","v":1.2558},2,3]
["TP",{"$f":"PFP!D26","v":"Total Serviços Topografia"},"Uni",1,{"$f":"PFP!G26","v":"-"},{"$f":"PFP!H26","v":19251.870000000003},{"$f":"PFP!I26","v":"-"},null,1]
["GT",{"$f":"PFP!D27","v":"Total Serviços Geotécnicos"},"Uni",1,{"$f":"PFP!G27","v":"-"},{"$f":"PFP!H27","v":102394.59999999999},{"$f":"PFP!I27","v":"-"},null,1]
[]
["TOTAL","VALOR TOTAL POR PRODUTO","R$",{"$f":"TRUNC(ROUND(SUM(H26:O26),2),2)","v":253756.06},null,null,null,{"$f":"SUMPRODUCT(H10:H24,$F$10:$F$24)","v":7744.1488000000008},{"$f":"SUMPRODUCT(I10:I24,$F$10:$F$24)","v":158812.1568},{"$f":"SUMPRODUCT(J10:J24,$F$10:$F$24)","v":21272.1093},{"$f":"SUMPRODUCT(K10:K24,$F$10:$F$24)","v":32963.824000000001},{"$f":"SUMPRODUCT(L10:L24,$F$10:$F$24)","v":32963.824000000001}]
[null,null,"%",{"$f":"SUM(H27:O27)","v":1},null,null,null,{"$f":"ROUND(H26/$D$26,5)","v":3.0519999999999999E-2},{"$f":"ROUND(I26/$D$26,5)","v":0.62585000000000002},8.3830000000000002E-2,0.12989999999999999,0.12989999999999999]
["TOTAL","VALOR DOS SUBPRODUTOS","R$",{"$f":"SUM(H28:O28)","v":152253.63773999998},null,null,null,{"$f":"H26*0.6","v":4646.4892800000007},{"$f":"I26*0.6","v":95287.294079999992},12763.265579999999,19778.294399999999,19778.294399999999]
[null,"VALOR DO PRODUTO CONSOLIDADO","R$",{"$f":"SUM(H29:O29)","v":101502.42516000001},null,null,null,{"$f":"H26*0.4","v":3097.6595200000006},{"$f":"I26*0.4","v":63524.862720000005},8508.8437200000008,13185.529600000002,13185.529600000002]
[]
[{"$nulls":15},{"$f":"V10*T10","v":0},0,0,0,0,0,0,0,0,0,0,0,0,0,0,0,0,0,0,0,0,0,0,0,0,0,0,0,0,0,0,0,0,0,0,0,0,0,0,0,0,0,0,0,0,0,0,0,0,0,0,0,0,0,0,0,0,0,0,0,0,0,0,0,{"$f":"CH10*CF10","v":0},0,0,0,0,0,0,0,0,0,0,0,0,0,0,0,0,0,0,0,0,0,0,0,0,0,0,0,0,0,0,0,0,0,0,0,0,0,0,0,0,0,0,0,0,0,0,0,0,0,0,0,0,0,0,0,0,0,0,0,0,0,0,0,{"$f":"ET10*ER10","v":0},0,0,0,0,0,0,0,0,0,0,0,0,0,0,0,0,0,0,0,0,0,0,0,0,0,0,0,0,0,0,0,0,0,0,0,0,0,0,0,0,0,0,0,0,0,0,0,0,0,0,0,0,0,0,0,0,0,0,0,0,0,0,0,{"$f":"HF10*HD10","v":0},0,0,0,0,0,0,0,0,0,0,0,0,0,0,0,0,0,0,0,0,0,0,0,0,0,0,0,0,0,0,0,0,0,0,0,0,0,0,0,0,0,0,0,0,0,0,0,0,0,0,0,0,0,0,0,0,0,0,0,0,0,0,0,{"$f":"JR10*JP10","v":0},0,0,0,0,0,0,0,0,0,0,0,0,0,0,0,0,0,0,0,0,0,0,0,0,0,0,0,0,0,0,0,0,0,0,0,0,0,0,0,0,0,0,0,0,0,0,0,0,0,0,0,0,0,0,0,0,0,0,0,0,0,0,0,{"$f":"MD10*MB10","v":0},0,0,0,0,0,0,0,0,0,0,0,0,0,0,0,0,0,0,0,0,0,0,0,0,0,0,0,0,0,0,0,0,0,0,0,0,0,0,0,0,0,0,0,0,0,0,0,0,0,0,0,0,0,0,0,0,0,0,0,0,0,0,0,{"$f":"OP10*ON10","v":0},0,0,0,0,0,0,0,0,0,0,0,0,0,0,0,0,0,0,0,0,0,0,0,0,0,0,0,0,0,0,0,0,0,0,0,0,0,0,0,0,0,0,0,0,0,0,0,0,0,0,0,0,0,0,0,0,0,0,0,0,0,0,0,{"$f":"RB10*QZ10","v":0},0,0,0,0,0,0,0,0,0,0,0,0,0,0,0,0,0,0,0,0,0,0,0,0,0,0,0,0,0,0,0,0,0,0,0,0,0,0,0,0,0,0,0,0,0,0,0,0,0,0,0,0,0,0,0,0,0,0,0,0,0,0,0,{"$f":"TN10*TL10","v":0},0,0,0,0,0,0,0,0,0,0,0,0,0,0,0,0,0,0,0,0,0,0,0,0,0,0,0,0,0,0,0,0,0,0,0,0,0,0,0,0,0,0,0,0,0,0,0,0,0,0,0,0,0,0,0,0,0,0,0,0,0,0,0,{"$f":"VZ10*VX10","v":0},0,0,0,0,0,0,0,0,0,0,0,0,0,0,0,0,0,0,0,0,0,0,0,0,0,0,0,0,0,0,0,0,0,0,0,0,0,0,0,0,0,0,0,0,0,0,0,0,0,0,0,0,0,0,0,0,0,0,0,0,0,0,0,{"$f":"YL10*YJ10","v":0},0,0,0,0,0,0,0,0,0,0,0,0,0,0,0,0,0,0,0,0,0,0,0,0,0,0,0,0,0,0,0,0,0,0,0,0,0,0,0,0,0,0,0,0,0,0,0,0,0,0,0,0,0,0,0,0,0,0,0,0,0,0,0,{"$f":"AAX10*AAV10","v":0},0,0,0,0,0,0,0,0,0,0,0,0,0,0,0,0,0,0,0,0,0,0,0,0,0,0,0,0,0,0,0,0,0,0,0,0,0,0,0,0,0,0,0,0,0,0,0,0,0,0,0,0,0,0,0,0,0,0,0,0,0,0,0,{"$f":"ADJ10*ADH10","v":0},0,0,0,0,0,0,0,0,0,0,0,0,0,0,0,0,0,0,0,0,0,0,0,0,0,0,0,0,0,0,0,0,0,0,0,0,0,0,0,0,0,0,0,0,0,0,0,0,0,0,0,0,0,0,0,0,0,0,0,0,0,0,0,{"$f":"AFV10*AFT10","v":0},0,0,0,0,0,0,0,0,0,0,0,0,0,0,0,0,0,0,0,0,0,0,0,0,0,0,0,0,0,0,0,0,0,0,0,0,0,0,0,0,0,0,0,0,0,0,0,0,0,0,0,0,0,0,0,0,0,0,0,0,0,0,0,{"$f":"AIH10*AIF10","v":0},0,0,0,0,0,0,0,0,0,0,0,0,0,0,0,0,0,0,0,0,0,0,0,0,0,0,0,0,0,0,0,0,0,0,0,0,0,0,0,0,0,0,0,0,0,0,0,0,0,0,0,0,0,0,0,0,0,0,0,0,0,0,0,{"$f":"AKT10*AKR10","v":0},0,0,0,0,0,0,0,0,0,0,0,0,0,0,0,0,0,0,0,0,0,0,0,0,0,0,0,0,0,0,0,0,0,0,0,0,0,0,0,0,0,0,0,0,0,0,0,0,0,0,0,0,0,0,0,0,0,0,0,0,0,0,0,{"$f":"ANF10*AND10","v":0},0,0,0,0,0,0,0,0,0,0,0,0,0,0,0,0,0,0,0,0,0,0,0,0,0,0,0,0,0,0,0,0,0,0,0,0,0,0,0,0,0,0,0,0,0,0,0,0,0,0,0,0,0,0,0,0,0,0,0,0,0,0,0,{"$f":"APR10*APP10","v":0},0,0,0,0,0,0,0,0,0,0,0,0,0,0,0,0,0,0,0,0,0,0,0,0,0,0,0,0,0,0,0,0,0,0,0,0,0,0,0,0,0,0,0,0,0,0,0,0,0,0,0,0,0,0,0,0,0,0,0,0,0,0,0,{"$f":"ASD10*ASB10","v":0},0,0,0,0,0,0,0,0,0,0,0,0,0,0,0,0,0,0,0,0,0,0,0,0,0,0,0,0,0,0,0,0,0,0,0,0,0,0,0,0,0,0,0,0,0,0,0,0,0,0,0,0,0,0,0,0,0,0,0,0,0,0,0,{"$f":"AUP10*AUN10","v":0},0,0,0,0,0,0,0,0,0,0,0,0,0,0,0,0,0,0,0,0,0,0,0,0,0,0,0,0,0,0,0,0,0,0,0,0,0,0,0,0,0,0,0,0,0,0,0,0,0,0,0,0,0,0,0,0,0,0,0,0,0,0,0,{"$f":"AXB10*AWZ10","v":0},0,0,0,0,0,0,0,0,0,0,0,0,0,0,0,0,0,0,0,0,0,0,0,0,0,0,0,0,0,0,0,0,0,0,0,0,0,0,0,0,0,0,0,0,0,0,0,0,0,0,0,0,0,0,0,0,0,0,0,0,0,0,0,{"$f":"AZN10*AZL10","v":0},0,0,0,0,0,0,0,0,0,0,0,0,0,0,0,0,0,0,0,0,0,0,0,0,0,0,0,0,0,0,0,0,0,0,0,0,0,0,0,0,0,0,0,0,0,0,0,0,0,0,0,0,0,0,0,0,0,0,0,0,0,0,0,{"$f":"BBZ10*BBX10","v":0},0,0,0,0,0,0,0,0,0,0,0,0,0,0,0,0,0,0,0,0,0,0,0,0,0,0,0,0,0,0,0,0,0,0,0,0,0,0,0,0,0,0,0,0,0,0,0,0,0,0,0,0,0,0,0,0,0,0,0,0,0,0,0,{"$f":"BEL10*BEJ10","v":0},0,0,0,0,0,0,0,0,0,0,0,0,0,0,0,0,0,0,0,0,0,0,0,0,0,0,0,0,0,0,0,0,0,0,0,0,0,0,0,0,0,0,0,0,0,0,0,0,0,0,0,0,0,0,0,0,0,0,0,0,0,0,0,{"$f":"BGX10*BGV10","v":0},0,0,0,0,0,0,0,0,0,0,0,0,0,0,0,0,0,0,0,0,0,0,0,0,0,0,0,0,0,0,0,0,0,0,0,0,0,0,0,0,0,0,0,0,0,0,0,0,0,0,0,0,0,0,0,0,0,0,0,0,0,0,0,{"$f":"BJJ10*BJH10","v":0},0,0,0,0,0,0,0,0,0,0,0,0,0,0,0,0,0,0,0,0,0,0,0,0,0,0,0,0,0,0,0,0,0,0,0,0,0,0,0,0,0,0,0,0,0,0,0,0,0,0,0,0,0,0,0,0,0,0,0,0,0,0,0,{"$f":"BLV10*BLT10","v":0},0,0,0,0,0,0,0,0,0,0,0,0,0,0,0,0,0,0,0,0,0,0,0,0,0,0,0,0,0,0,0,0,0,0,0,0,0,0,0,0,0,0,0,0,0,0,0,0,0,0,0,0,0,0,0,0,0,0,0,0,0,0,0,{"$f":"BOH10*BOF10","v":0},0,0,0,0,0,0,0,0,0,0,0,0,0,0,0,0,0,0,0,0,0,0,0,0,0,0,0,0,0,0,0,0,0,0,0,0,0,0,0,0,0,0,0,0,0,0,0,0,0,0,0,0,0,0,0,0,0,0,0,0,0,0,0,{"$f":"BQT10*BQR10","v":0},0,0,0,0,0,0,0,0,0,0,0,0,0,0,0,0,0,0,0,0,0,0,0,0,0,0,0,0,0,0,0,0,0,0,0,0,0,0,0,0,0,0,0,0,0,0,0,0,0,0,0,0,0,0,0,0,0,0,0,0,0,0,0,{"$f":"BTF10*BTD10","v":0},0,0,0,0,0,0,0,0,0,0,0,0,0,0,0,0,0,0,0,0,0,0,0,0,0,0,0,0,0,0,0,0,0,0,0,0,0,0,0,0,0,0,0,0,0,0,0,0,0,0,0,0,0,0,0,0,0,0,0,0,0,0,0,{"$f":"BVR10*BVP10","v":0},0,0,0,0,0,0,0,0,0,0,0,0,0,0,0,0,0,0,0,0,0,0,0,0,0,0,0,0,0,0,0,0,0,0,0,0,0,0,0,0,0,0,0,0,0,0,0,0,0,0,0,0,0,0,0,0,0,0,0,0,0,0,0,{"$f":"BYD10*BYB10","v":0},0,0,0,0,0,0,0,0,0,0,0,0,0,0,0,0,0,0,0,0,0,0,0,0,0,0,0,0,0,0,0,0,0,0,0,0,0,0,0,0,0,0,0,0,0,0,0,0,0,0,0,0,0,0,0,0,0,0,0,0,0,0,0,{"$f":"CAP10*CAN10","v":0},0,0,0,0,0,0,0,0,0,0,0,0,0,0,0,0,0,0,0,0,0,0,0,0,0,0,0,0,0,0,0,0,0,0,0,0,0,0,0,0,0,0,0,0,0,0,0,0,0,0,0,0,0,0,0,0,0,0,0,0,0,0,0,{"$f":"CDB10*CCZ10","v":0},0,0,0,0,0,0,0,0,0,0,0,0,0,0,0,0,0,0,0,0,0,0,0,0,0,0,0,0,0,0,0,0,0,0,0,0,0,0,0,0,0,0,0,0,0,0,0,0,0,0,0,0,0,0,0,0,0,0,0,0,0,0,0,{"$f":"CFN10*CFL10","v":0},0,0,0,0,0,0,0,0,0,0,0,0,0,0,0,0,0,0,0,0,0,0,0,0,0,0,0,0,0,0,0,0,0,0,0,0,0,0,0,0,0,0,0,0,0,0,0,0,0,0,0,0,0,0,0,0,0,0,0,0,0,0,0,{"$f":"CHZ10*CHX10","v":0},0,0,0,0,0,0,0,0,0,0,0,0,0,0,0,0,0,0,0,0,0,0,0,0,0,0,0,0,0,0,0,0,0,0,0,0,0,0,0,0,0,0,0,0,0,0,0,0,0,0,0,0,0,0,0,0,0,0,0,0,0,0,0,{"$f":"CKL10*CKJ10","v":0},0,0,0,0,0,0,0,0,0,0,0,0,0,0,0,0,0,0,0,0,0,0,0,0,0,0,0,0,0,0,0,0,0,0,0,0,0,0,0,0,0,0,0,0,0,0,0,0,0,0,0,0,0,0,0,0,0,0,0,0,0,0,0,{"$f":"CMX10*CMV10","v":0},0,0,0,0,0,0,0,0,0,0,0,0,0,0,0,0,0,0,0,0,0,0,0,0,0,0,0,0,0,0,0,0,0,0,0,0,0,0,0,0,0,0,0,0,0,0,0,0,0,0,0,0,0,0,0,0,0,0,0,0,0,0,0,{"$f":"CPJ10*CPH10","v":0},0,0,0,0,0,0,0,0,0,0,0,0,0,0,0,0,0,0,0,0,0,0,0,0,0,0,0,0,0,0,0,0,0,0,0,0,0,0,0,0,0,0,0,0,0,0,0,0,0,0,0,0,0,0,0,0,0,0,0,0,0,0,0,{"$f":"CRV10*CRT10","v":0},0,0,0,0,0,0,0,0,0,0,0,0,0,0,0,0,0,0,0,0,0,0,0,0,0,0,0,0,0,0,0,0,0,0,0,0,0,0,0,0,0,0,0,0,0,0,0,0,0,0,0,0,0,0,0,0,0,0,0,0,0,0,0,{"$f":"CUH10*CUF10","v":0},0,0,0,0,0,0,0,0,0,0,0,0,0,0,0,0,0,0,0,0,0,0,0,0,0,0,0,0,0,0,0,0,0,0,0,0,0,0,0,0,0,0,0,0,0,0,0,0,0,0,0,0,0,0,0,0,0,0,0,0,0,0,0,{"$f":"CWT10*CWR10","v":0},0,0,0,0,0,0,0,0,0,0,0,0,0,0,0,0,0,0,0,0,0,0,0,0,0,0,0,0,0,0,0,0,0,0,0,0,0,0,0,0,0,0,0,0,0,0,0,0,0,0,0,0,0,0,0,0,0,0,0,0,0,0,0,{"$f":"CZF10*CZD10","v":0},0,0,0,0,0,0,0,0,0,0,0,0,0,0,0,0,0,0,0,0,0,0,0,0,0,0,0,0,0,0,0,0,0,0,0,0,0,0,0,0,0,0,0,0,0,0,0,0,0,0,0,0,0,0,0,0,0,0,0,0,0,0,0,{"$f":"DBR10*DBP10","v":0},0,0,0,0,0,0,0,0,0,0,0,0,0,0,0,0,0,0,0,0,0,0,0,0,0,0,0,0,0,0,0,0,0,0,0,0,0,0,0,0,0,0,0,0,0,0,0,0,0,0,0,0,0,0,0,0,0,0,0,0,0,0,0,{"$f":"DED10*DEB10","v":0},0,0,0,0,0,0,0,0,0,0,0,0,0,0,0,0,0,0,0,0,0,0,0,0,0,0,0,0,0,0,0,0,0,0,0,0,0,0,0,0,0,0,0,0,0,0,0,0,0,0,0,0,0,0,0,0,0,0,0,0,0,0,0,{"$f":"DGP10*DGN10","v":0},0,0,0,0,0,0,0,0,0,0,0,0,0,0,0,0,0,0,0,0,0,0,0,0,0,0,0,0,0,0,0,0,0,0,0,0,0,0,0,0,0,0,0,0,0,0,0,0,0,0,0,0,0,0,0,0,0,0,0,0,0,0,0,{"$f":"DJB10*DIZ10","v":0},0,0,0,0,0,0,0,0,0,0,0,0,0,0,0,0,0,0,0,0,0,0,0,0,0,0,0,0,0,0,0,0,0,0,0,0,0,0,0,0,0,0,0,0,0,0,0,0,0,0,0,0,0,0,0,0,0,0,0,0,0,0,0,{"$f":"DLN10*DLL10","v":0},0,0,0,0,0,0,0,0,0,0,0,0,0,0,0,0,0,0,0,0,0,0,0,0,0,0,0,0,0,0,0,0,0,0,0,0,0,0,0,0,0,0,0,0,0,0,0,0,0,0,0,0,0,0,0,0,0,0,0,0,0,0,0,{"$f":"DNZ10*DNX10","v":0},0,0,0,0,0,0,0,0,0,0,0,0,0,0,0,0,0,0,0,0,0,0,0,0,0,0,0,0,0,0,0,0,0,0,0,0,0,0,0,0,0,0,0,0,0,0,0,0,0,0,0,0,0,0,0,0,0,0,0,0,0,0,0,{"$f":"DQL10*DQJ10","v":0},0,0,0,0,0,0,0,0,0,0,0,0,0,0,0,0,0,0,0,0,0,0,0,0,0,0,0,0,0,0,0,0,0,0,0,0,0,0,0,0,0,0,0,0,0,0,0,0,0,0,0,0,0,0,0,0,0,0,0,0,0,0,0,{"$f":"DSX10*DSV10","v":0},0,0,0,0,0,0,0,0,0,0,0,0,0,0,0,0,0,0,0,0,0,0,0,0,0,0,0,0,0,0,0,0,0,0,0,0,0,0,0,0,0,0,0,0,0,0,0,0,0,0,0,0,0,0,0,0,0,0,0,0,0,0,0,{"$f":"DVJ10*DVH10","v":0},0,0,0,0,0,0,0,0,0,0,0,0,0,0,0,0,0,0,0,0,0,0,0,0,0,0,0,0,0,0,0,0,0,0,0,0,0,0,0,0,0,0,0,0,0,0,0,0,0,0,0,0,0,0,0,0,0,0,0,0,0,0,0,{"$f":"DXV10*DXT10","v":0},0,0,0,0,0,0,0,0,0,0,0,0,0,0,0,0,0,0,0,0,0,0,0,0,0,0,0,0,0,0,0,0,0,0,0,0,0,0,0,0,0,0,0,0,0,0,0,0,0,0,0,0,0,0,0,0,0,0,0,0,0,0,0,{"$f":"EAH10*EAF10","v":0},0,0,0,0,0,0,0,0,0,0,0,0,0,0,0,0,0,0,0,0,0,0,0,0,0,0,0,0,0,0,0,0,0,0,0,0,0,0,0,0,0,0,0,0,0,0,0,0,0,0,0,0,0,0,0,0,0,0,0,0,0,0,0,{"$f":"ECT10*ECR10","v":0},0,0,0,0,0,0,0,0,0,0,0,0,0,0,0,0,0,0,0,0,0,0,0,0,0,0,0,0,0,0,0,0,0,0,0,0,0,0,0,0,0,0,0,0,0,0,0,0,0,0,0,0,0,0,0,0,0,0,0,0,0,0,0,{"$f":"EFF10*EFD10","v":0},0,0,0,0,0,0,0,0,0,0,0,0,0,0,0,0,0,0,0,0,0,0,0,0,0,0,0,0,0,0,0,0,0,0,0,0,0,0,0,0,0,0,0,0,0,0,0,0,0,0,0,0,0,0,0,0,0,0,0,0,0,0,0,{"$f":"EHR10*EHP10","v":0},0,0,0,0,0,0,0,0,0,0,0,0,0,0,0,0,0,0,0,0,0,0,0,0,0,0,0,0,0,0,0,0,0,0,0,0,0,0,0,0,0,0,0,0,0,0,0,0,0,0,0,0,0,0,0,0,0,0,0,0,0,0,0,{"$f":"EKD10*EKB10","v":0},0,0,0,0,0,0,0,0,0,0,0,0,0,0,0,0,0,0,0,0,0,0,0,0,0,0,0,0,0,0,0,0,0,0,0,0,0,0,0,0,0,0,0,0,0,0,0,0,0,0,0,0,0,0,0,0,0,0,0,0,0,0,0,{"$f":"EMP10*EMN10","v":0},0,0,0,0,0,0,0,0,0,0,0,0,0,0,0,0,0,0,0,0,0,0,0,0,0,0,0,0,0,0,0,0,0,0,0,0,0,0,0,0,0,0,0,0,0,0,0,0,0,0,0,0,0,0,0,0,0,0,0,0,0,0,0,{"$f":"EPB10*EOZ10","v":0},0,0,0,0,0,0,0,0,0,0,0,0,0,0,0,0,0,0,0,0,0,0,0,0,0,0,0,0,0,0,0,0,0,0,0,0,0,0,0,0,0,0,0,0,0,0,0,0,0,0,0,0,0,0,0,0,0,0,0,0,0,0,0,{"$f":"ERN10*ERL10","v":0},0,0,0,0,0,0,0,0,0,0,0,0,0,0,0,0,0,0,0,0,0,0,0,0,0,0,0,0,0,0,0,0,0,0,0,0,0,0,0,0,0,0,0,0,0,0,0,0,0,0,0,0,0,0,0,0,0,0,0,0,0,0,0,{"$f":"ETZ10*ETX10","v":0},0,0,0,0,0,0,0,0,0,0,0,0,0,0,0,0,0,0,0,0,0,0,0,0,0,0,0,0,0,0,0,0,0,0,0,0,0,0,0,0,0,0,0,0,0,0,0,0,0,0,0,0,0,0,0,0,0,0,0,0,0,0,0,{"$f":"EWL10*EWJ10","v":0},0,0,0,0,0,0,0,0,0,0,0,0,0,0,0,0,0,0,0,0,0,0,0,0,0,0,0,0,0,0,0,0,0,0,0,0,0,0,0,0,0,0,0,0,0,0,0,0,0,0,0,0,0,0,0,0,0,0,0,0,0,0,0,{"$f":"EYX10*EYV10","v":0},0,0,0,0,0,0,0,0,0,0,0,0,0,0,0,0,0,0,0,0,0,0,0,0,0,0,0,0,0,0,0,0,0,0,0,0,0,0,0,0,0,0,0,0,0,0,0,0,0,0,0,0,0,0,0,0,0,0,0,0,0,0,0,{"$f":"FBJ10*FBH10","v":0},0,0,0,0,0,0,0,0,0,0,0,0,0,0,0,0,0,0,0,0,0,0,0,0,0,0,0,0,0,0,0,0,0,0,0,0,0,0,0,0,0,0,0,0,0,0,0,0,0,0,0,0,0,0,0,0,0,0,0,0,0,0,0,{"$f":"FDV10*FDT10","v":0},0,0,0,0,0,0,0,0,0,0,0,0,0,0,0,0,0,0,0,0,0,0,0,0,0,0,0,0,0,0,0,0,0,0,0,0,0,0,0,0,0,0,0,0,0,0,0,0,0,0,0,0,0,0,0,0,0,0,0,0,0,0,0,{"$f":"FGH10*FGF10","v":0},0,0,0,0,0,0,0,0,0,0,0,0,0,0,0,0,0,0,0,0,0,0,0,0,0,0,0,0,0,0,0,0,0,0,0,0,0,0,0,0,0,0,0,0,0,0,0,0,0,0,0,0,0,0,0,0,0,0,0,0,0,0,0,{"$f":"FIT10*FIR10","v":0},0,0,0,0,0,0,0,0,0,0,0,0,0,0,0,0,0,0,0,0,0,0,0,0,0,0,0,0,0,0,0,0,0,0,0,0,0,0,0,0,0,0,0,0,0,0,0,0,0,0,0,0,0,0,0,0,0,0,0,0,0,0,0,{"$f":"FLF10*FLD10","v":0},0,0,0,0,0,0,0,0,0,0,0,0,0,0,0,0,0,0,0,0,0,0,0,0,0,0,0,0,0,0,0,0,0,0,0,0,0,0,0,0,0,0,0,0,0,0,0,0,0,0,0,0,0,0,0,0,0,0,0,0,0,0,0,{"$f":"FNR10*FNP10","v":0},0,0,0,0,0,0,0,0,0,0,0,0,0,0,0,0,0,0,0,0,0,0,0,0,0,0,0,0,0,0,0,0,0,0,0,0,0,0,0,0,0,0,0,0,0,0,0,0,0,0,0,0,0,0,0,0,0,0,0,0,0,0,0,{"$f":"FQD10*FQB10","v":0},0,0,0,0,0,0,0,0,0,0,0,0,0,0,0,0,0,0,0,0,0,0,0,0,0,0,0,0,0,0,0,0,0,0,0,0,0,0,0,0,0,0,0,0,0,0,0,0,0,0,0,0,0,0,0,0,0,0,0,0,0,0,0,{"$f":"FSP10*FSN10","v":0},0,0,0,0,0,0,0,0,0,0,0,0,0,0,0,0,0,0,0,0,0,0,0,0,0,0,0,0,0,0,0,0,0,0,0,0,0,0,0,0,0,0,0,0,0,0,0,0,0,0,0,0,0,0,0,0,0,0,0,0,0,0,0,{"$f":"FVB10*FUZ10","v":0},0,0,0,0,0,0,0,0,0,0,0,0,0,0,0,0,0,0,0,0,0,0,0,0,0,0,0,0,0,0,0,0,0,0,0,0,0,0,0,0,0,0,0,0,0,0,0,0,0,0,0,0,0,0,0,0,0,0,0,0,0,0,0,{"$f":"FXN10*FXL10","v":0},0,0,0,0,0,0,0,0,0,0,0,0,0,0,0,0,0,0,0,0,0,0,0,0,0,0,0,0,0,0,0,0,0,0,0,0,0,0,0,0,0,0,0,0,0,0,0,0,0,0,0,0,0,0,0,0,0,0,0,0,0,0,0,{"$f":"FZZ10*FZX10","v":0},0,0,0,0,0,0,0,0,0,0,0,0,0,0,0,0,0,0,0,0,0,0,0,0,0,0,0,0,0,0,0,0,0,0,0,0,0,0,0,0,0,0,0,0,0,0,0,0,0,0,0,0,0,0,0,0,0,0,0,0,0,0,0,{"$f":"GCL10*GCJ10","v":0},0,0,0,0,0,0,0,0,0,0,0,0,0,0,0,0,0,0,0,0,0,0,0,0,0,0,0,0,0,0,0,0,0,0,0,0,0,0,0,0,0,0,0,0,0,0,0,0,0,0,0,0,0,0,0,0,0,0,0,0,0,0,0,{"$f":"GEX10*GEV10","v":0},0,0,0,0,0,0,0,0,0,0,0,0,0,0,0,0,0,0,0,0,0,0,0,0,0,0,0,0,0,0,0,0,0,0,0,0,0,0,0,0,0,0,0,0,0,0,0,0,0,0,0,0,0,0,0,0,0,0,0,0,0,0,0,{"$f":"GHJ10*GHH10","v":0},0,0,0,0,0,0,0,0,0,0,0,0,0,0,0,0,0,0,0,0,0,0,0,0,0,0,0,0,0,0,0,0,0,0,0,0,0,0,0,0,0,0,0,0,0,0,0,0,0,0,0,0,0,0,0,0,0,0,0,0,0,0,0,{"$f":"GJV10*GJT10","v":0},0,0,0,0,0,0,0,0,0,0,0,0,0,0,0,0,0,0,0,0,0,0,0,0,0,0,0,0,0,0,0,0,0,0,0,0,0,0,0,0,0,0,0,0,0,0,0,0,0,0,0,0,0,0,0,0,0,0,0,0,0,0,0,{"$f":"GMH10*GMF10","v":0},0,0,0,0,0,0,0,0,0,0,0,0,0,0,0,0,0,0,0,0,0,0,0,0,0,0,0,0,0,0,0,0,0,0,0,0,0,0,0,0,0,0,0,0,0,0,0,0,0,0,0,0,0,0,0,0,0,0,0,0,0,0,0,{"$f":"GOT10*GOR10","v":0},0,0,0,0,0,0,0,0,0,0,0,0,0,0,0,0,0,0,0,0,0,0,0,0,0,0,0,0,0,0,0,0,0,0,0,0,0,0,0,0,0,0,0,0,0,0,0,0,0,0,0,0,0,0,0,0,0,0,0,0,0,0,0,{"$f":"GRF10*GRD10","v":0},0,0,0,0,0,0,0,0,0,0,0,0,0,0,0,0,0,0,0,0,0,0,0,0,0,0,0,0,0,0,0,0,0,0,0,0,0,0,0,0,0,0,0,0,0,0,0,0,0,0,0,0,0,0,0,0,0,0,0,0,0,0,0,{"$f":"GTR10*GTP10","v":0},0,0,0,0,0,0,0,0,0,0,0,0,0,0,0,0,0,0,0,0,0,0,0,0,0,0,0,0,0,0,0,0,0,0,0,0,0,0,0,0,0,0,0,0,0,0,0,0,0,0,0,0,0,0,0,0,0,0,0,0,0,0,0,{"$f":"GWD10*GWB10","v":0},0,0,0,0,0,0,0,0,0,0,0,0,0,0,0,0,0,0,0,0,0,0,0,0,0,0,0,0,0,0,0,0,0,0,0,0,0,0,0,0,0,0,0,0,0,0,0,0,0,0,0,0,0,0,0,0,0,0,0,0,0,0,0,{"$f":"GYP10*GYN10","v":0},0,0,0,0,0,0,0,0,0,0,0,0,0,0,0,0,0,0,0,0,0,0,0,0,0,0,0,0,0,0,0,0,0,0,0,0,0,0,0,0,0,0,0,0,0,0,0,0,0,0,0,0,0,0,0,0,0,0,0,0,0,0,0,{"$f":"HBB10*HAZ10","v":0},0,0,0,0,0,0,0,0,0,0,0,0,0,0,0,0,0,0,0,0,0,0,0,0,0,0,0,0,0,0,0,0,0,0,0,0,0,0,0,0,0,0,0,0,0,0,0,0,0,0,0,0,0,0,0,0,0,0,0,0,0,0,0,{"$f":"HDN10*HDL10","v":0},0,0,0,0,0,0,0,0,0,0,0,0,0,0,0,0,0,0,0,0,0,0,0,0,0,0,0,0,0,0,0,0,0,0,0,0,0,0,0,0,0,0,0,0,0,0,0,0,0,0,0,0,0,0,0,0,0,0,0,0,0,0,0,{"$f":"HFZ10*HFX10","v":0},0,0,0,0,0,0,0,0,0,0,0,0,0,0,0,0,0,0,0,0,0,0,0,0,0,0,0,0,0,0,0,0,0,0,0,0,0,0,0,0,0,0,0,0,0,0,0,0,0,0,0,0,0,0,0,0,0,0,0,0,0,0,0,{"$f":"HIL10*HIJ10","v":0},0,0,0,0,0,0,0,0,0,0,0,0,0,0,0,0,0,0,0,0,0,0,0,0,0,0,0,0,0,0,0,0,0,0,0,0,0,0,0,0,0,0,0,0,0,0,0,0,0,0,0,0,0,0,0,0,0,0,0,0,0,0,0,{"$f":"HKX10*HKV10","v":0},0,0,0,0,0,0,0,0,0,0,0,0,0,0,0,0,0,0,0,0,0,0,0,0,0,0,0,0,0,0,0,0,0,0,0,0,0,0,0,0,0,0,0,0,0,0,0,0,0,0,0,0,0,0,0,0,0,0,0,0,0,0,0,{"$f":"HNJ10*HNH10","v":0},0,0,0,0,0,0,0,0,0,0,0,0,0,0,0,0,0,0,0,0,0,0,0,0,0,0,0,0,0,0,0,0,0,0,0,0,0,0,0,0,0,0,0,0,0,0,0,0,0,0,0,0,0,0,0,0,0,0,0,0,0,0,0,{"$f":"HPV10*HPT10","v":0},0,0,0,0,0,0,0,0,0,0,0,0,0,0,0,0,0,0,0,0,0,0,0,0,0,0,0,0,0,0,0,0,0,0,0,0,0,0,0,0,0,0,0,0,0,0,0,0,0,0,0,0,0,0,0,0,0,0,0,0,0,0,0,{"$f":"HSH10*HSF10","v":0},0,0,0,0,0,0,0,0,0,0,0,0,0,0,0,0,0,0,0,0,0,0,0,0,0,0,0,0,0,0,0,0,0,0,0,0,0,0,0,0,0,0,0,0,0,0,0,0,0,0,0,0,0,0,0,0,0,0,0,0,0,0,0,{"$f":"HUT10*HUR10","v":0},0,0,0,0,0,0,0,0,0,0,0,0,0,0,0,0,0,0,0,0,0,0,0,0,0,0,0,0,0,0,0,0,0,0,0,0,0,0,0,0,0,0,0,0,0,0,0,0,0,0,0,0,0,0,0,0,0,0,0,0,0,0,0,{"$f":"HXF10*HXD10","v":0},0,0,0,0,0,0,0,0,0,0,0,0,0,0,0,0,0,0,0,0,0,0,0,0,0,0,0,0,0,0,0,0,0,0,0,0,0,0,0,0,0,0,0,0,0,0,0,0,0,0,0,0,0,0,0,0,0,0,0,0,0,0,0,{"$f":"HZR10*HZP10","v":0},0,0,0,0,0,0,0,0,0,0,0,0,0,0,0,0,0,0,0,0,0,0,0,0,0,0,0,0,0,0,0,0,0,0,0,0,0,0,0,0,0,0,0,0,0,0,0,0,0,0,0,0,0,0,0,0,0,0,0,0,0,0,0,{"$f":"ICD10*ICB10","v":0},0,0,0,0,0,0,0,0,0,0,0,0,0,0,0,0,0,0,0,0,0,0,0,0,0,0,0,0,0,0,0,0,0,0,0,0,0,0,0,0,0,0,0,0,0,0,0,0,0,0,0,0,0,0,0,0,0,0,0,0,0,0,0,{"$f":"IEP10*IEN10","v":0},0,0,0,0,0,0,0,0,0,0,0,0,0,0,0,0,0,0,0,0,0,0,0,0,0,0,0,0,0,0,0,0,0,0,0,0,0,0,0,0,0,0,0,0,0,0,0,0,0,0,0,0,0,0,0,0,0,0,0,0,0,0,0,{"$f":"IHB10*IGZ10","v":0},0,0,0,0,0,0,0,0,0,0,0,0,0,0,0,0,0,0,0,0,0,0,0,0,0,0,0,0,0,0,0,0,0,0,0,0,0,0,0,0,0,0,0,0,0,0,0,0,0,0,0,0,0,0,0,0,0,0,0,0,0,0,0,{"$f":"IJN10*IJL10","v":0},0,0,0,0,0,0,0,0,0,0,0,0,0,0,0,0,0,0,0,0,0,0,0,0,0,0,0,0,0,0,0,0,0,0,0,0,0,0,0,0,0,0,0,0,0,0,0,0,0,0,0,0,0,0,0,0,0,0,0,0,0,0,0,{"$f":"ILZ10*ILX10","v":0},0,0,0,0,0,0,0,0,0,0,0,0,0,0,0,0,0,0,0,0,0,0,0,0,0,0,0,0,0,0,0,0,0,0,0,0,0,0,0,0,0,0,0,0,0,0,0,0,0,0,0,0,0,0,0,0,0,0,0,0,0,0,0,{"$f":"IOL10*IOJ10","v":0},0,0,0,0,0,0,0,0,0,0,0,0,0,0,0,0,0,0,0,0,0,0,0,0,0,0,0,0,0,0,0,0,0,0,0,0,0,0,0,0,0,0,0,0,0,0,0,0,0,0,0,0,0,0,0,0,0,0,0,0,0,0,0,{"$f":"IQX10*IQV10","v":0},0,0,0,0,0,0,0,0,0,0,0,0,0,0,0,0,0,0,0,0,0,0,0,0,0,0,0,0,0,0,0,0,0,0,0,0,0,0,0,0,0,0,0,0,0,0,0,0,0,0,0,0,0,0,0,0,0,0,0,0,0,0,0,{"$f":"ITJ10*ITH10","v":0},0,0,0,0,0,0,0,0,0,0,0,0,0,0,0,0,0,0,0,0,0,0,0,0,0,0,0,0,0,0,0,0,0,0,0,0,0,0,0,0,0,0,0,0,0,0,0,0,0,0,0,0,0,0,0,0,0,0,0,0,0,0,0,{"$f":"IVV10*IVT10","v":0},0,0,0,0,0,0,0,0,0,0,0,0,0,0,0,0,0,0,0,0,0,0,0,0,0,0,0,0,0,0,0,0,0,0,0,0,0,0,0,0,0,0,0,0,0,0,0,0,0,0,0,0,0,0,0,0,0,0,0,0,0,0,0,{"$f":"IYH10*IYF10","v":0},0,0,0,0,0,0,0,0,0,0,0,0,0,0,0,0,0,0,0,0,0,0,0,0,0,0,0,0,0,0,0,0,0,0,0,0,0,0,0,0,0,0,0,0,0,0,0,0,0,0,0,0,0,0,0,0,0,0,0,0,0,0,0,{"$f":"JAT10*JAR10","v":0},0,0,0,0,0,0,0,0,0,0,0,0,0,0,0,0,0,0,0,0,0,0,0,0,0,0,0,0,0,0,0,0,0,0,0,0,0,0,0,0,0,0,0,0,0,0,0,0,0,0,0,0,0,0,0,0,0,0,0,0,0,0,0,{"$f":"JDF10*JDD10","v":0},0,0,0,0,0,0,0,0,0,0,0,0,0,0,0,0,0,0,0,0,0,0,0,0,0,0,0,0,0,0,0,0,0,0,0,0,0,0,0,0,0,0,0,0,0,0,0,0,0,0,0,0,0,0,0,0,0,0,0,0,0,0,0,{"$f":"JFR10*JFP10","v":0},0,0,0,0,0,0,0,0,0,0,0,0,0,0,0,0,0,0,0,0,0,0,0,0,0,0,0,0,0,0,0,0,0,0,0,0,0,0,0,0,0,0,0,0,0,0,0,0,0,0,0,0,0,0,0,0,0,0,0,0,0,0,0,{"$f":"JID10*JIB10","v":0},0,0,0,0,0,0,0,0,0,0,0,0,0,0,0,0,0,0,0,0,0,0,0,0,0,0,0,0,0,0,0,0,0,0,0,0,0,0,0,0,0,0,0,0,0,0,0,0,0,0,0,0,0,0,0,0,0,0,0,0,0,0,0,{"$f":"JKP10*JKN10","v":0},0,0,0,0,0,0,0,0,0,0,0,0,0,0,0,0,0,0,0,0,0,0,0,0,0,0,0,0,0,0,0,0,0,0,0,0,0,0,0,0,0,0,0,0,0,0,0,0,0,0,0,0,0,0,0,0,0,0,0,0,0,0,0,{"$f":"JNB10*JMZ10","v":0},0,0,0,0,0,0,0,0,0,0,0,0,0,0,0,0,0,0,0,0,0,0,0,0,0,0,0,0,0,0,0,0,0,0,0,0,0,0,0,0,0,0,0,0,0,0,0,0,0,0,0,0,0,0,0,0,0,0,0,0,0,0,0,{"$f":"JPN10*JPL10","v":0},0,0,0,0,0,0,0,0,0,0,0,0,0,0,0,0,0,0,0,0,0,0,0,0,0,0,0,0,0,0,0,0,0,0,0,0,0,0,0,0,0,0,0,0,0,0,0,0,0,0,0,0,0,0,0,0,0,0,0,0,0,0,0,{"$f":"JRZ10*JRX10","v":0},0,0,0,0,0,0,0,0,0,0,0,0,0,0,0,0,0,0,0,0,0,0,0,0,0,0,0,0,0,0,0,0,0,0,0,0,0,0,0,0,0,0,0,0,0,0,0,0,0,0,0,0,0,0,0,0,0,0,0,0,0,0,0,{"$f":"JUL10*JUJ10","v":0},0,0,0,0,0,0,0,0,0,0,0,0,0,0,0,0,0,0,0,0,0,0,0,0,0,0,0,0,0,0,0,0,0,0,0,0,0,0,0,0,0,0,0,0,0,0,0,0,0,0,0,0,0,0,0,0,0,0,0,0,0,0,0,{"$f":"JWX10*JWV10","v":0},0,0,0,0,0,0,0,0,0,0,0,0,0,0,0,0,0,0,0,0,0,0,0,0,0,0,0,0,0,0,0,0,0,0,0,0,0,0,0,0,0,0,0,0,0,0,0,0,0,0,0,0,0,0,0,0,0,0,0,0,0,0,0,{"$f":"JZJ10*JZH10","v":0},0,0,0,0,0,0,0,0,0,0,0,0,0,0,0,0,0,0,0,0,0,0,0,0,0,0,0,0,0,0,0,0,0,0,0,0,0,0,0,0,0,0,0,0,0,0,0,0,0,0,0,0,0,0,0,0,0,0,0,0,0,0,0,{"$f":"KBV10*KBT10","v":0},0,0,0,0,0,0,0,0,0,0,0,0,0,0,0,0,0,0,0,0,0,0,0,0,0,0,0,0,0,0,0,0,0,0,0,0,0,0,0,0,0,0,0,0,0,0,0,0,0,0,0,0,0,0,0,0,0,0,0,0,0,0,0,{"$f":"KEH10*KEF10","v":0},0,0,0,0,0,0,0,0,0,0,0,0,0,0,0,0,0,0,0,0,0,0,0,0,0,0,0,0,0,0,0,0,0,0,0,0,0,0,0,0,0,0,0,0,0,0,0,0,0,0,0,0,0,0,0,0,0,0,0,0,0,0,0,{"$f":"KGT10*KGR10","v":0},0,0,0,0,0,0,0,0,0,0,0,0,0,0,0,0,0,0,0,0,0,0,0,0,0,0,0,0,0,0,0,0,0,0,0,0,0,0,0,0,0,0,0,0,0,0,0,0,0,0,0,0,0,0,0,0,0,0,0,0,0,0,0,{"$f":"KJF10*KJD10","v":0},0,0,0,0,0,0,0,0,0,0,0,0,0,0,0,0,0,0,0,0,0,0,0,0,0,0,0,0,0,0,0,0,0,0,0,0,0,0,0,0,0,0,0,0,0,0,0,0,0,0,0,0,0,0,0,0,0,0,0,0,0,0,0,{"$f":"KLR10*KLP10","v":0},0,0,0,0,0,0,0,0,0,0,0,0,0,0,0,0,0,0,0,0,0,0,0,0,0,0,0,0,0,0,0,0,0,0,0,0,0,0,0,0,0,0,0,0,0,0,0,0,0,0,0,0,0,0,0,0,0,0,0,0,0,0,0,{"$f":"KOD10*KOB10","v":0},0,0,0,0,0,0,0,0,0,0,0,0,0,0,0,0,0,0,0,0,0,0,0,0,0,0,0,0,0,0,0,0,0,0,0,0,0,0,0,0,0,0,0,0,0,0,0,0,0,0,0,0,0,0,0,0,0,0,0,0,0,0,0,{"$f":"KQP10*KQN10","v":0},0,0,0,0,0,0,0,0,0,0,0,0,0,0,0,0,0,0,0,0,0,0,0,0,0,0,0,0,0,0,0,0,0,0,0,0,0,0,0,0,0,0,0,0,0,0,0,0,0,0,0,0,0,0,0,0,0,0,0,0,0,0,0,{"$f":"KTB10*KSZ10","v":0},0,0,0,0,0,0,0,0,0,0,0,0,0,0,0,0,0,0,0,0,0,0,0,0,0,0,0,0,0,0,0,0,0,0,0,0,0,0,0,0,0,0,0,0,0,0,0,0,0,0,0,0,0,0,0,0,0,0,0,0,0,0,0,{"$f":"KVN10*KVL10","v":0},0,0,0,0,0,0,0,0,0,0,0,0,0,0,0,0,0,0,0,0,0,0,0,0,0,0,0,0,0,0,0,0,0,0,0,0,0,0,0,0,0,0,0,0,0,0,0,0,0,0,0,0,0,0,0,0,0,0,0,0,0,0,0,{"$f":"KXZ10*KXX10","v":0},0,0,0,0,0,0,0,0,0,0,0,0,0,0,0,0,0,0,0,0,0,0,0,0,0,0,0,0,0,0,0,0,0,0,0,0,0,0,0,0,0,0,0,0,0,0,0,0,0,0,0,0,0,0,0,0,0,0,0,0,0,0,0,{"$f":"LAL10*LAJ10","v":0},0,0,0,0,0,0,0,0,0,0,0,0,0,0,0,0,0,0,0,0,0,0,0,0,0,0,0,0,0,0,0,0,0,0,0,0,0,0,0,0,0,0,0,0,0,0,0,0,0,0,0,0,0,0,0,0,0,0,0,0,0,0,0,{"$f":"LCX10*LCV10","v":0},0,0,0,0,0,0,0,0,0,0,0,0,0,0,0,0,0,0,0,0,0,0,0,0,0,0,0,0,0,0,0,0,0,0,0,0,0,0,0,0,0,0,0,0,0,0,0,0,0,0,0,0,0,0,0,0,0,0,0,0,0,0,0,{"$f":"LFJ10*LFH10","v":0},0,0,0,0,0,0,0,0,0,0,0,0,0,0,0,0,0,0,0,0,0,0,0,0,0,0,0,0,0,0,0,0,0,0,0,0,0,0,0,0,0,0,0,0,0,0,0,0,0,0,0,0,0,0,0,0,0,0,0,0,0,0,0,{"$f":"LHV10*LHT10","v":0},0,0,0,0,0,0,0,0,0,0,0,0,0,0,0,0,0,0,0,0,0,0,0,0,0,0,0,0,0,0,0,0,0,0,0,0,0,0,0,0,0,0,0,0,0,0,0,0,0,0,0,0,0,0,0,0,0,0,0,0,0,0,0,{"$f":"LKH10*LKF10","v":0},0,0,0,0,0,0,0,0,0,0,0,0,0,0,0,0,0,0,0,0,0,0,0,0,0,0,0,0,0,0,0,0,0,0,0,0,0,0,0,0,0,0,0,0,0,0,0,0,0,0,0,0,0,0,0,0,0,0,0,0,0,0,0,{"$f":"LMT10*LMR10","v":0},0,0,0,0,0,0,0,0,0,0,0,0,0,0,0,0,0,0,0,0,0,0,0,0,0,0,0,0,0,0,0,0,0,0,0,0,0,0,0,0,0,0,0,0,0,0,0,0,0,0,0,0,0,0,0,0,0,0,0,0,0,0,0,{"$f":"LPF10*LPD10","v":0},0,0,0,0,0,0,0,0,0,0,0,0,0,0,0,0,0,0,0,0,0,0,0,0,0,0,0,0,0,0,0,0,0,0,0,0,0,0,0,0,0,0,0,0,0,0,0,0,0,0,0,0,0,0,0,0,0,0,0,0,0,0,0,{"$f":"LRR10*LRP10","v":0},0,0,0,0,0,0,0,0,0,0,0,0,0,0,0,0,0,0,0,0,0,0,0,0,0,0,0,0,0,0,0,0,0,0,0,0,0,0,0,0,0,0,0,0,0,0,0,0,0,0,0,0,0,0,0,0,0,0,0,0,0,0,0,{"$f":"LUD10*LUB10","v":0},0,0,0,0,0,0,0,0,0,0,0,0,0,0,0,0,0,0,0,0,0,0,0,0,0,0,0,0,0,0,0,0,0,0,0,0,0,0,0,0,0,0,0,0,0,0,0,0,0,0,0,0,0,0,0,0,0,0,0,0,0,0,0,{"$f":"LWP10*LWN10","v":0},0,0,0,0,0,0,0,0,0,0,0,0,0,0,0,0,0,0,0,0,0,0,0,0,0,0,0,0,0,0,0,0,0,0,0,0,0,0,0,0,0,0,0,0,0,0,0,0,0,0,0,0,0,0,0,0,0,0,0,0,0,0,0,{"$f":"LZB10*LYZ10","v":0},0,0,0,0,0,0,0,0,0,0,0,0,0,0,0,0,0,0,0,0,0,0,0,0,0,0,0,0,0,0,0,0,0,0,0,0,0,0,0,0,0,0,0,0,0,0,0,0,0,0,0,0,0,0,0,0,0,0,0,0,0,0,0,{"$f":"MBN10*MBL10","v":0},0,0,0,0,0,0,0,0,0,0,0,0,0,0,0,0,0,0,0,0,0,0,0,0,0,0,0,0,0,0,0,0,0,0,0,0,0,0,0,0,0,0,0,0,0,0,0,0,0,0,0,0,0,0,0,0,0,0,0,0,0,0,0,{"$f":"MDZ10*MDX10","v":0},0,0,0,0,0,0,0,0,0,0,0,0,0,0,0,0,0,0,0,0,0,0,0,0,0,0,0,0,0,0,0,0,0,0,0,0,0,0,0,0,0,0,0,0,0,0,0,0,0,0,0,0,0,0,0,0,0,0,0,0,0,0,0,{"$f":"MGL10*MGJ10","v":0},0,0,0,0,0,0,0,0,0,0,0,0,0,0,0,0,0,0,0,0,0,0,0,0,0,0,0,0,0,0,0,0,0,0,0,0,0,0,0,0,0,0,0,0,0,0,0,0,0,0,0,0,0,0,0,0,0,0,0,0,0,0,0,{"$f":"MIX10*MIV10","v":0},0,0,0,0,0,0,0,0,0,0,0,0,0,0,0,0,0,0,0,0,0,0,0,0,0,0,0,0,0,0,0,0,0,0,0,0,0,0,0,0,0,0,0,0,0,0,0,0,0,0,0,0,0,0,0,0,0,0,0,0,0,0,0,{"$f":"MLJ10*MLH10","v":0},0,0,0,0,0,0,0,0,0,0,0,0,0,0,0,0,0,0,0,0,0,0,0,0,0,0,0,0,0,0,0,0,0,0,0,0,0,0,0,0,0,0,0,0,0,0,0,0,0,0,0,0,0,0,0,0,0,0,0,0,0,0,0,{"$f":"MNV10*MNT10","v":0},0,0,0,0,0,0,0,0,0,0,0,0,0,0,0,0,0,0,0,0,0,0,0,0,0,0,0,0,0,0,0,0,0,0,0,0,0,0,0,0,0,0,0,0,0,0,0,0,0,0,0,0,0,0,0,0,0,0,0,0,0,0,0,{"$f":"MQH10*MQF10","v":0},0,0,0,0,0,0,0,0,0,0,0,0,0,0,0,0,0,0,0,0,0,0,0,0,0,0,0,0,0,0,0,0,0,0,0,0,0,0,0,0,0,0,0,0,0,0,0,0,0,0,0,0,0,0,0,0,0,0,0,0,0,0,0,{"$f":"MST10*MSR10","v":0},0,0,0,0,0,0,0,0,0,0,0,0,0,0,0,0,0,0,0,0,0,0,0,0,0,0,0,0,0,0,0,0,0,0,0,0,0,0,0,0,0,0,0,0,0,0,0,0,0,0,0,0,0,0,0,0,0,0,0,0,0,0,0,{"$f":"MVF10*MVD10","v":0},0,0,0,0,0,0,0,0,0,0,0,0,0,0,0,0,0,0,0,0,0,0,0,0,0,0,0,0,0,0,0,0,0,0,0,0,0,0,0,0,0,0,0,0,0,0,0,0,0,0,0,0,0,0,0,0,0,0,0,0,0,0,0,{"$f":"MXR10*MXP10","v":0},0,0,0,0,0,0,0,0,0,0,0,0,0,0,0,0,0,0,0,0,0,0,0,0,0,0,0,0,0,0,0,0,0,0,0,0,0,0,0,0,0,0,0,0,0,0,0,0,0,0,0,0,0,0,0,0,0,0,0,0,0,0,0,{"$f":"NAD10*NAB10","v":0},0,0,0,0,0,0,0,0,0,0,0,0,0,0,0,0,0,0,0,0,0,0,0,0,0,0,0,0,0,0,0,0,0,0,0,0,0,0,0,0,0,0,0,0,0,0,0,0,0,0,0,0,0,0,0,0,0,0,0,0,0,0,0,{"$f":"NCP10*NCN10","v":0},0,0,0,0,0,0,0,0,0,0,0,0,0,0,0,0,0,0,0,0,0,0,0,0,0,0,0,0,0,0,0,0,0,0,0,0,0,0,0,0,0,0,0,0,0,0,0,0,0,0,0,0,0,0,0,0,0,0,0,0,0,0,0,{"$f":"NFB10*NEZ10","v":0},0,0,0,0,0,0,0,0,0,0,0,0,0,0,0,0,0,0,0,0,0,0,0,0,0,0,0,0,0,0,0,0,0,0,0,0,0,0,0,0,0,0,0,0,0,0,0,0,0,0,0,0,0,0,0,0,0,0,0,0,0,0,0,{"$f":"NHN10*NHL10","v":0},0,0,0,0,0,0,0,0,0,0,0,0,0,0,0,0,0,0,0,0,0,0,0,0,0,0,0,0,0,0,0,0,0,0,0,0,0,0,0,0,0,0,0,0,0,0,0,0,0,0,0,0,0,0,0,0,0,0,0,0,0,0,0,{"$f":"NJZ10*NJX10","v":0},0,0,0,0,0,0,0,0,0,0,0,0,0,0,0,0,0,0,0,0,0,0,0,0,0,0,0,0,0,0,0,0,0,0,0,0,0,0,0,0,0,0,0,0,0,0,0,0,0,0,0,0,0,0,0,0,0,0,0,0,0,0,0,{"$f":"NML10*NMJ10","v":0},0,0,0,0,0,0,0,0,0,0,0,0,0,0,0,0,0,0,0,0,0,0,0,0,0,0,0,0,0,0,0,0,0,0,0,0,0,0,0,0,0,0,0,0,0,0,0,0,0,0,0,0,0,0,0,0,0,0,0,0,0,0,0,{"$f":"NOX10*NOV10","v":0},0,0,0,0,0,0,0,0,0,0,0,0,0,0,0,0,0,0,0,0,0,0,0,0,0,0,0,0,0,0,0,0,0,0,0,0,0,0,0,0,0,0,0,0,0,0,0,0,0,0,0,0,0,0,0,0,0,0,0,0,0,0,0,{"$f":"NRJ10*NRH10","v":0},0,0,0,0,0,0,0,0,0,0,0,0,0,0,0,0,0,0,0,0,0,0,0,0,0,0,0,0,0,0,0,0,0,0,0,0,0,0,0,0,0,0,0,0,0,0,0,0,0,0,0,0,0,0,0,0,0,0,0,0,0,0,0,{"$f":"NTV10*NTT10","v":0},0,0,0,0,0,0,0,0,0,0,0,0,0,0,0,0,0,0,0,0,0,0,0,0,0,0,0,0,0,0,0,0,0,0,0,0,0,0,0,0,0,0,0,0,0,0,0,0,0,0,0,0,0,0,0,0,0,0,0,0,0,0,0,{"$f":"NWH10*NWF10","v":0},0,0,0,0,0,0,0,0,0,0,0,0,0,0,0,0,0,0,0,0,0,0,0,0,0,0,0,0,0,0,0,0,0,0,0,0,0,0,0,0,0,0,0,0,0,0,0,0,0,0,0,0,0,0,0,0,0,0,0,0,0,0,0,{"$f":"NYT10*NYR10","v":0},0,0,0,0,0,0,0,0,0,0,0,0,0,0,0,0,0,0,0,0,0,0,0,0,0,0,0,0,0,0,0,0,0,0,0,0,0,0,0,0,0,0,0,0,0,0,0,0,0,0,0,0,0,0,0,0,0,0,0,0,0,0,0,{"$f":"OBF10*OBD10","v":0},0,0,0,0,0,0,0,0,0,0,0,0,0,0,0,0,0,0,0,0,0,0,0,0,0,0,0,0,0,0,0,0,0,0,0,0,0,0,0,0,0,0,0,0,0,0,0,0,0,0,0,0,0,0,0,0,0,0,0,0,0,0,0,{"$f":"ODR10*ODP10","v":0},0,0,0,0,0,0,0,0,0,0,0,0,0,0,0,0,0,0,0,0,0,0,0,0,0,0,0,0,0,0,0,0,0,0,0,0,0,0,0,0,0,0,0,0,0,0,0,0,0,0,0,0,0,0,0,0,0,0,0,0,0,0,0,{"$f":"OGD10*OGB10","v":0},0,0,0,0,0,0,0,0,0,0,0,0,0,0,0,0,0,0,0,0,0,0,0,0,0,0,0,0,0,0,0,0,0,0,0,0,0,0,0,0,0,0,0,0,0,0,0,0,0,0,0,0,0,0,0,0,0,0,0,0,0,0,0,{"$f":"OIP10*OIN10","v":0},0,0,0,0,0,0,0,0,0,0,0,0,0,0,0,0,0,0,0,0,0,0,0,0,0,0,0,0,0,0,0,0,0,0,0,0,0,0,0,0,0,0,0,0,0,0,0,0,0,0,0,0,0,0,0,0,0,0,0,0,0,0,0,{"$f":"OLB10*OKZ10","v":0},0,0,0,0,0,0,0,0,0,0,0,0,0,0,0,0,0,0,0,0,0,0,0,0,0,0,0,0,0,0,0,0,0,0,0,0,0,0,0,0,0,0,0,0,0,0,0,0,0,0,0,0,0,0,0,0,0,0,0,0,0,0,0,{"$f":"ONN10*ONL10","v":0},0,0,0,0,0,0,0,0,0,0,0,0,0,0,0,0,0,0,0,0,0,0,0,0,0,0,0,0,0,0,0,0,0,0,0,0,0,0,0,0,0,0,0,0,0,0,0,0,0,0,0,0,0,0,0,0,0,0,0,0,0,0,0,{"$f":"OPZ10*OPX10","v":0},0,0,0,0,0,0,0,0,0,0,0,0,0,0,0,0,0,0,0,0,0,0,0,0,0,0,0,0,0,0,0,0,0,0,0,0,0,0,0,0,0,0,0,0,0,0,0,0,0,0,0,0,0,0,0,0,0,0,0,0,0,0,0,{"$f":"OSL10*OSJ10","v":0},0,0,0,0,0,0,0,0,0,0,0,0,0,0,0,0,0,0,0,0,0,0,0,0,0,0,0,0,0,0,0,0,0,0,0,0,0,0,0,0,0,0,0,0,0,0,0,0,0,0,0,0,0,0,0,0,0,0,0,0,0,0,0,{"$f":"OUX10*OUV10","v":0},0,0,0,0,0,0,0,0,0,0,0,0,0,0,0,0,0,0,0,0,0,0,0,0,0,0,0,0,0,0,0,0,0,0,0,0,0,0,0,0,0,0,0,0,0,0,0,0,0,0,0,0,0,0,0,0,0,0,0,0,0,0,0,{"$f":"OXJ10*OXH10","v":0},0,0,0,0,0,0,0,0,0,0,0,0,0,0,0,0,0,0,0,0,0,0,0,0,0,0,0,0,0,0,0,0,0,0,0,0,0,0,0,0,0,0,0,0,0,0,0,0,0,0,0,0,0,0,0,0,0,0,0,0,0,0,0,{"$f":"OZV10*OZT10","v":0},0,0,0,0,0,0,0,0,0,0,0,0,0,0,0,0,0,0,0,0,0,0,0,0,0,0,0,0,0,0,0,0,0,0,0,0,0,0,0,0,0,0,0,0,0,0,0,0,0,0,0,0,0,0,0,0,0,0,0,0,0,0,0,{"$f":"PCH10*PCF10","v":0},0,0,0,0,0,0,0,0,0,0,0,0,0,0,0,0,0,0,0,0,0,0,0,0,0,0,0,0,0,0,0,0,0,0,0,0,0,0,0,0,0,0,0,0,0,0,0,0,0,0,0,0,0,0,0,0,0,0,0,0,0,0,0,{"$f":"PET10*PER10","v":0},0,0,0,0,0,0,0,0,0,0,0,0,0,0,0,0,0,0,0,0,0,0,0,0,0,0,0,0,0,0,0,0,0,0,0,0,0,0,0,0,0,0,0,0,0,0,0,0,0,0,0,0,0,0,0,0,0,0,0,0,0,0,0,{"$f":"PHF10*PHD10","v":0},0,0,0,0,0,0,0,0,0,0,0,0,0,0,0,0,0,0,0,0,0,0,0,0,0,0,0,0,0,0,0,0,0,0,0,0,0,0,0,0,0,0,0,0,0,0,0,0,0,0,0,0,0,0,0,0,0,0,0,0,0,0,0,{"$f":"PJR10*PJP10","v":0},0,0,0,0,0,0,0,0,0,0,0,0,0,0,0,0,0,0,0,0,0,0,0,0,0,0,0,0,0,0,0,0,0,0,0,0,0,0,0,0,0,0,0,0,0,0,0,0,0,0,0,0,0,0,0,0,0,0,0,0,0,0,0,{"$f":"PMD10*PMB10","v":0},0,0,0,0,0,0,0,0,0,0,0,0,0,0,0,0,0,0,0,0,0,0,0,0,0,0,0,0,0,0,0,0,0,0,0,0,0,0,0,0,0,0,0,0,0,0,0,0,0,0,0,0,0,0,0,0,0,0,0,0,0,0,0,{"$f":"POP10*PON10","v":0},0,0,0,0,0,0,0,0,0,0,0,0,0,0,0,0,0,0,0,0,0,0,0,0,0,0,0,0,0,0,0,0,0,0,0,0,0,0,0,0,0,0,0,0,0,0,0,0,0,0,0,0,0,0,0,0,0,0,0,0,0,0,0,{"$f":"PRB10*PQZ10","v":0},0,0,0,0,0,0,0,0,0,0,0,0,0,0,0,0,0,0,0,0,0,0,0,0,0,0,0,0,0,0,0,0,0,0,0,0,0,0,0,0,0,0,0,0,0,0,0,0,0,0,0,0,0,0,0,0,0,0,0,0,0,0,0,{"$f":"PTN10*PTL10","v":0},0,0,0,0,0,0,0,0,0,0,0,0,0,0,0,0,0,0,0,0,0,0,0,0,0,0,0,0,0,0,0,0,0,0,0,0,0,0,0,0,0,0,0,0,0,0,0,0,0,0,0,0,0,0,0,0,0,0,0,0,0,0,0,{"$f":"PVZ10*PVX10","v":0},0,0,0,0,0,0,0,0,0,0,0,0,0,0,0,0,0,0,0,0,0,0,0,0,0,0,0,0,0,0,0,0,0,0,0,0,0,0,0,0,0,0,0,0,0,0,0,0,0,0,0,0,0,0,0,0,0,0,0,0,0,0,0,{"$f":"PYL10*PYJ10","v":0},0,0,0,0,0,0,0,0,0,0,0,0,0,0,0,0,0,0,0,0,0,0,0,0,0,0,0,0,0,0,0,0,0,0,0,0,0,0,0,0,0,0,0,0,0,0,0,0,0,0,0,0,0,0,0,0,0,0,0,0,0,0,0,{"$f":"QAX10*QAV10","v":0},0,0,0,0,0,0,0,0,0,0,0,0,0,0,0,0,0,0,0,0,0,0,0,0,0,0,0,0,0,0,0,0,0,0,0,0,0,0,0,0,0,0,0,0,0,0,0,0,0,0,0,0,0,0,0,0,0,0,0,0,0,0,0,{"$f":"QDJ10*QDH10","v":0},0,0,0,0,0,0,0,0,0,0,0,0,0,0,0,0,0,0,0,0,0,0,0,0,0,0,0,0,0,0,0,0,0,0,0,0,0,0,0,0,0,0,0,0,0,0,0,0,0,0,0,0,0,0,0,0,0,0,0,0,0,0,0,{"$f":"QFV10*QFT10","v":0},0,0,0,0,0,0,0,0,0,0,0,0,0,0,0,0,0,0,0,0,0,0,0,0,0,0,0,0,0,0,0,0,0,0,0,0,0,0,0,0,0,0,0,0,0,0,0,0,0,0,0,0,0,0,0,0,0,0,0,0,0,0,0,{"$f":"QIH10*QIF10","v":0},0,0,0,0,0,0,0,0,0,0,0,0,0,0,0,0,0,0,0,0,0,0,0,0,0,0,0,0,0,0,0,0,0,0,0,0,0,0,0,0,0,0,0,0,0,0,0,0,0,0,0,0,0,0,0,0,0,0,0,0,0,0,0,{"$f":"QKT10*QKR10","v":0},0,0,0,0,0,0,0,0,0,0,0,0,0,0,0,0,0,0,0,0,0,0,0,0,0,0,0,0,0,0,0,0,0,0,0,0,0,0,0,0,0,0,0,0,0,0,0,0,0,0,0,0,0,0,0,0,0,0,0,0,0,0,0,{"$f":"QNF10*QND10","v":0},0,0,0,0,0,0,0,0,0,0,0,0,0,0,0,0,0,0,0,0,0,0,0,0,0,0,0,0,0,0,0,0,0,0,0,0,0,0,0,0,0,0,0,0,0,0,0,0,0,0,0,0,0,0,0,0,0,0,0,0,0,0,0,{"$f":"QPR10*QPP10","v":0},0,0,0,0,0,0,0,0,0,0,0,0,0,0,0,0,0,0,0,0,0,0,0,0,0,0,0,0,0,0,0,0,0,0,0,0,0,0,0,0,0,0,0,0,0,0,0,0,0,0,0,0,0,0,0,0,0,0,0,0,0,0,0,{"$f":"QSD10*QSB10","v":0},0,0,0,0,0,0,0,0,0,0,0,0,0,0,0,0,0,0,0,0,0,0,0,0,0,0,0,0,0,0,0,0,0,0,0,0,0,0,0,0,0,0,0,0,0,0,0,0,0,0,0,0,0,0,0,0,0,0,0,0,0,0,0,{"$f":"QUP10*QUN10","v":0},0,0,0,0,0,0,0,0,0,0,0,0,0,0,0,0,0,0,0,0,0,0,0,0,0,0,0,0,0,0,0,0,0,0,0,0,0,0,0,0,0,0,0,0,0,0,0,0,0,0,0,0,0,0,0,0,0,0,0,0,0,0,0,{"$f":"QXB10*QWZ10","v":0},0,0,0,0,0,0,0,0,0,0,0,0,0,0,0,0,0,0,0,0,0,0,0,0,0,0,0,0,0,0,0,0,0,0,0,0,0,0,0,0,0,0,0,0,0,0,0,0,0,0,0,0,0,0,0,0,0,0,0,0,0,0,0,{"$f":"QZN10*QZL10","v":0},0,0,0,0,0,0,0,0,0,0,0,0,0,0,0,0,0,0,0,0,0,0,0,0,0,0,0,0,0,0,0,0,0,0,0,0,0,0,0,0,0,0,0,0,0,0,0,0,0,0,0,0,0,0,0,0,0,0,0,0,0,0,0,{"$f":"RBZ10*RBX10","v":0},0,0,0,0,0,0,0,0,0,0,0,0,0,0,0,0,0,0,0,0,0,0,0,0,0,0,0,0,0,0,0,0,0,0,0,0,0,0,0,0,0,0,0,0,0,0,0,0,0,0,0,0,0,0,0,0,0,0,0,0,0,0,0,{"$f":"REL10*REJ10","v":0},0,0,0,0,0,0,0,0,0,0,0,0,0,0,0,0,0,0,0,0,0,0,0,0,0,0,0,0,0,0,0,0,0,0,0,0,0,0,0,0,0,0,0,0,0,0,0,0,0,0,0,0,0,0,0,0,0,0,0,0,0,0,0,{"$f":"RGX10*RGV10","v":0},0,0,0,0,0,0,0,0,0,0,0,0,0,0,0,0,0,0,0,0,0,0,0,0,0,0,0,0,0,0,0,0,0,0,0,0,0,0,0,0,0,0,0,0,0,0,0,0,0,0,0,0,0,0,0,0,0,0,0,0,0,0,0,{"$f":"RJJ10*RJH10","v":0},0,0,0,0,0,0,0,0,0,0,0,0,0,0,0,0,0,0,0,0,0,0,0,0,0,0,0,0,0,0,0,0,0,0,0,0,0,0,0,0,0,0,0,0,0,0,0,0,0,0,0,0,0,0,0,0,0,0,0,0,0,0,0,{"$f":"RLV10*RLT10","v":0},0,0,0,0,0,0,0,0,0,0,0,0,0,0,0,0,0,0,0,0,0,0,0,0,0,0,0,0,0,0,0,0,0,0,0,0,0,0,0,0,0,0,0,0,0,0,0,0,0,0,0,0,0,0,0,0,0,0,0,0,0,0,0,{"$f":"ROH10*ROF10","v":0},0,0,0,0,0,0,0,0,0,0,0,0,0,0,0,0,0,0,0,0,0,0,0,0,0,0,0,0,0,0,0,0,0,0,0,0,0,0,0,0,0,0,0,0,0,0,0,0,0,0,0,0,0,0,0,0,0,0,0,0,0,0,0,{"$f":"RQT10*RQR10","v":0},0,0,0,0,0,0,0,0,0,0,0,0,0,0,0,0,0,0,0,0,0,0,0,0,0,0,0,0,0,0,0,0,0,0,0,0,0,0,0,0,0,0,0,0,0,0,0,0,0,0,0,0,0,0,0,0,0,0,0,0,0,0,0,{"$f":"RTF10*RTD10","v":0},0,0,0,0,0,0,0,0,0,0,0,0,0,0,0,0,0,0,0,0,0,0,0,0,0,0,0,0,0,0,0,0,0,0,0,0,0,0,0,0,0,0,0,0,0,0,0,0,0,0,0,0,0,0,0,0,0,0,0,0,0,0,0,{"$f":"RVR10*RVP10","v":0},0,0,0,0,0,0,0,0,0,0,0,0,0,0,0,0,0,0,0,0,0,0,0,0,0,0,0,0,0,0,0,0,0,0,0,0,0,0,0,0,0,0,0,0,0,0,0,0,0,0,0,0,0,0,0,0,0,0,0,0,0,0,0,{"$f":"RYD10*RYB10","v":0},0,0,0,0,0,0,0,0,0,0,0,0,0,0,0,0,0,0,0,0,0,0,0,0,0,0,0,0,0,0,0,0,0,0,0,0,0,0,0,0,0,0,0,0,0,0,0,0,0,0,0,0,0,0,0,0,0,0,0,0,0,0,0,{"$f":"SAP10*SAN10","v":0},0,0,0,0,0,0,0,0,0,0,0,0,0,0,0,0,0,0,0,0,0,0,0,0,0,0,0,0,0,0,0,0,0,0,0,0,0,0,0,0,0,0,0,0,0,0,0,0,0,0,0,0,0,0,0,0,0,0,0,0,0,0,0,{"$f":"SDB10*SCZ10","v":0},0,0,0,0,0,0,0,0,0,0,0,0,0,0,0,0,0,0,0,0,0,0,0,0,0,0,0,0,0,0,0,0,0,0,0,0,0,0,0,0,0,0,0,0,0,0,0,0,0,0,0,0,0,0,0,0,0,0,0,0,0,0,0,{"$f":"SFN10*SFL10","v":0},0,0,0,0,0,0,0,0,0,0,0,0,0,0,0,0,0,0,0,0,0,0,0,0,0,0,0,0,0,0,0,0,0,0,0,0,0,0,0,0,0,0,0,0,0,0,0,0,0,0,0,0,0,0,0,0,0,0,0,0,0,0,0,{"$f":"SHZ10*SHX10","v":0},0,0,0,0,0,0,0,0,0,0,0,0,0,0,0,0,0,0,0,0,0,0,0,0,0,0,0,0,0,0,0,0,0,0,0,0,0,0,0,0,0,0,0,0,0,0,0,0,0,0,0,0,0,0,0,0,0,0,0,0,0,0,0,{"$f":"SKL10*SKJ10","v":0},0,0,0,0,0,0,0,0,0,0,0,0,0,0,0,0,0,0,0,0,0,0,0,0,0,0,0,0,0,0,0,0,0,0,0,0,0,0,0,0,0,0,0,0,0,0,0,0,0,0,0,0,0,0,0,0,0,0,0,0,0,0,0,{"$f":"SMX10*SMV10","v":0},0,0,0,0,0,0,0,0,0,0,0,0,0,0,0,0,0,0,0,0,0,0,0,0,0,0,0,0,0,0,0,0,0,0,0,0,0,0,0,0,0,0,0,0,0,0,0,0,0,0,0,0,0,0,0,0,0,0,0,0,0,0,0,{"$f":"SPJ10*SPH10","v":0},0,0,0,0,0,0,0,0,0,0,0,0,0,0,0,0,0,0,0,0,0,0,0,0,0,0,0,0,0,0,0,0,0,0,0,0,0,0,0,0,0,0,0,0,0,0,0,0,0,0,0,0,0,0,0,0,0,0,0,0,0,0,0,{"$f":"SRV10*SRT10","v":0},0,0,0,0,0,0,0,0,0,0,0,0,0,0,0,0,0,0,0,0,0,0,0,0,0,0,0,0,0,0,0,0,0,0,0,0,0,0,0,0,0,0,0,0,0,0,0,0,0,0,0,0,0,0,0,0,0,0,0,0,0,0,0,{"$f":"SUH10*SUF10","v":0},0,0,0,0,0,0,0,0,0,0,0,0,0,0,0,0,0,0,0,0,0,0,0,0,0,0,0,0,0,0,0,0,0,0,0,0,0,0,0,0,0,0,0,0,0,0,0,0,0,0,0,0,0,0,0,0,0,0,0,0,0,0,0,{"$f":"SWT10*SWR10","v":0},0,0,0,0,0,0,0,0,0,0,0,0,0,0,0,0,0,0,0,0,0,0,0,0,0,0,0,0,0,0,0,0,0,0,0,0,0,0,0,0,0,0,0,0,0,0,0,0,0,0,0,0,0,0,0,0,0,0,0,0,0,0,0,{"$f":"SZF10*SZD10","v":0},0,0,0,0,0,0,0,0,0,0,0,0,0,0,0,0,0,0,0,0,0,0,0,0,0,0,0,0,0,0,0,0,0,0,0,0,0,0,0,0,0,0,0,0,0,0,0,0,0,0,0,0,0,0,0,0,0,0,0,0,0,0,0,{"$f":"TBR10*TBP10","v":0},0,0,0,0,0,0,0,0,0,0,0,0,0,0,0,0,0,0,0,0,0,0,0,0,0,0,0,0,0,0,0,0,0,0,0,0,0,0,0,0,0,0,0,0,0,0,0,0,0,0,0,0,0,0,0,0,0,0,0,0,0,0,0,{"$f":"TED10*TEB10","v":0},0,0,0,0,0,0,0,0,0,0,0,0,0,0,0,0,0,0,0,0,0,0,0,0,0,0,0,0,0,0,0,0,0,0,0,0,0,0,0,0,0,0,0,0,0,0,0,0,0,0,0,0,0,0,0,0,0,0,0,0,0,0,0,{"$f":"TGP10*TGN10","v":0},0,0,0,0,0,0,0,0,0,0,0,0,0,0,0,0,0,0,0,0,0,0,0,0,0,0,0,0,0,0,0,0,0,0,0,0,0,0,0,0,0,0,0,0,0,0,0,0,0,0,0,0,0,0,0,0,0,0,0,0,0,0,0,{"$f":"TJB10*TIZ10","v":0},0,0,0,0,0,0,0,0,0,0,0,0,0,0,0,0,0,0,0,0,0,0,0,0,0,0,0,0,0,0,0,0,0,0,0,0,0,0,0,0,0,0,0,0,0,0,0,0,0,0,0,0,0,0,0,0,0,0,0,0,0,0,0,{"$f":"TLN10*TLL10","v":0},0,0,0,0,0,0,0,0,0,0,0,0,0,0,0,0,0,0,0,0,0,0,0,0,0,0,0,0,0,0,0,0,0,0,0,0,0,0,0,0,0,0,0,0,0,0,0,0,0,0,0,0,0,0,0,0,0,0,0,0,0,0,0,{"$f":"TNZ10*TNX10","v":0},0,0,0,0,0,0,0,0,0,0,0,0,0,0,0,0,0,0,0,0,0,0,0,0,0,0,0,0,0,0,0,0,0,0,0,0,0,0,0,0,0,0,0,0,0,0,0,0,0,0,0,0,0,0,0,0,0,0,0,0,0,0,0,{"$f":"TQL10*TQJ10","v":0},0,0,0,0,0,0,0,0,0,0,0,0,0,0,0,0,0,0,0,0,0,0,0,0,0,0,0,0,0,0,0,0,0,0,0,0,0,0,0,0,0,0,0,0,0,0,0,0,0,0,0,0,0,0,0,0,0,0,0,0,0,0,0,{"$f":"TSX10*TSV10","v":0},0,0,0,0,0,0,0,0,0,0,0,0,0,0,0,0,0,0,0,0,0,0,0,0,0,0,0,0,0,0,0,0,0,0,0,0,0,0,0,0,0,0,0,0,0,0,0,0,0,0,0,0,0,0,0,0,0,0,0,0,0,0,0,{"$f":"TVJ10*TVH10","v":0},0,0,0,0,0,0,0,0,0,0,0,0,0,0,0,0,0,0,0,0,0,0,0,0,0,0,0,0,0,0,0,0,0,0,0,0,0,0,0,0,0,0,0,0,0,0,0,0,0,0,0,0,0,0,0,0,0,0,0,0,0,0,0,{"$f":"TXV10*TXT10","v":0},0,0,0,0,0,0,0,0,0,0,0,0,0,0,0,0,0,0,0,0,0,0,0,0,0,0,0,0,0,0,0,0,0,0,0,0,0,0,0,0,0,0,0,0,0,0,0,0,0,0,0,0,0,0,0,0,0,0,0,0,0,0,0,{"$f":"UAH10*UAF10","v":0},0,0,0,0,0,0,0,0,0,0,0,0,0,0,0,0,0,0,0,0,0,0,0,0,0,0,0,0,0,0,0,0,0,0,0,0,0,0,0,0,0,0,0,0,0,0,0,0,0,0,0,0,0,0,0,0,0,0,0,0,0,0,0,{"$f":"UCT10*UCR10","v":0},0,0,0,0,0,0,0,0,0,0,0,0,0,0,0,0,0,0,0,0,0,0,0,0,0,0,0,0,0,0,0,0,0,0,0,0,0,0,0,0,0,0,0,0,0,0,0,0,0,0,0,0,0,0,0,0,0,0,0,0,0,0,0,{"$f":"UFF10*UFD10","v":0},0,0,0,0,0,0,0,0,0,0,0,0,0,0,0,0,0,0,0,0,0,0,0,0,0,0,0,0,0,0,0,0,0,0,0,0,0,0,0,0,0,0,0,0,0,0,0,0,0,0,0,0,0,0,0,0,0,0,0,0,0,0,0,{"$f":"UHR10*UHP10","v":0},0,0,0,0,0,0,0,0,0,0,0,0,0,0,0,0,0,0,0,0,0,0,0,0,0,0,0,0,0,0,0,0,0,0,0,0,0,0,0,0,0,0,0,0,0,0,0,0,0,0,0,0,0,0,0,0,0,0,0,0,0,0,0,{"$f":"UKD10*UKB10","v":0},0,0,0,0,0,0,0,0,0,0,0,0,0,0,0,0,0,0,0,0,0,0,0,0,0,0,0,0,0,0,0,0,0,0,0,0,0,0,0,0,0,0,0,0,0,0,0,0,0,0,0,0,0,0,0,0,0,0,0,0,0,0,0,{"$f":"UMP10*UMN10","v":0},0,0,0,0,0,0,0,0,0,0,0,0,0,0,0,0,0,0,0,0,0,0,0,0,0,0,0,0,0,0,0,0,0,0,0,0,0,0,0,0,0,0,0,0,0,0,0,0,0,0,0,0,0,0,0,0,0,0,0,0,0,0,0,{"$f":"UPB10*UOZ10","v":0},0,0,0,0,0,0,0,0,0,0,0,0,0,0,0,0,0,0,0,0,0,0,0,0,0,0,0,0,0,0,0,0,0,0,0,0,0,0,0,0,0,0,0,0,0,0,0,0,0,0,0,0,0,0,0,0,0,0,0,0,0,0,0,{"$f":"URN10*URL10","v":0},0,0,0,0,0,0,0,0,0,0,0,0,0,0,0,0,0,0,0,0,0,0,0,0,0,0,0,0,0,0,0,0,0,0,0,0,0,0,0,0,0,0,0,0,0,0,0,0,0,0,0,0,0,0,0,0,0,0,0,0,0,0,0,{"$f":"UTZ10*UTX10","v":0},0,0,0,0,0,0,0,0,0,0,0,0,0,0,0,0,0,0,0,0,0,0,0,0,0,0,0,0,0,0,0,0,0,0,0,0,0,0,0,0,0,0,0,0,0,0,0,0,0,0,0,0,0,0,0,0,0,0,0,0,0,0,0,{"$f":"UWL10*UWJ10","v":0},0,0,0,0,0,0,0,0,0,0,0,0,0,0,0,0,0,0,0,0,0,0,0,0,0,0,0,0,0,0,0,0,0,0,0,0,0,0,0,0,0,0,0,0,0,0,0,0,0,0,0,0,0,0,0,0,0,0,0,0,0,0,0,{"$f":"UYX10*UYV10","v":0},0,0,0,0,0,0,0,0,0,0,0,0,0,0,0,0,0,0,0,0,0,0,0,0,0,0,0,0,0,0,0,0,0,0,0,0,0,0,0,0,0,0,0,0,0,0,0,0,0,0,0,0,0,0,0,0,0,0,0,0,0,0,0,{"$f":"VBJ10*VBH10","v":0},0,0,0,0,0,0,0,0,0,0,0,0,0,0,0,0,0,0,0,0,0,0,0,0,0,0,0,0,0,0,0,0,0,0,0,0,0,0,0,0,0,0,0,0,0,0,0,0,0,0,0,0,0,0,0,0,0,0,0,0,0,0,0,{"$f":"VDV10*VDT10","v":0},0,0,0,0,0,0,0,0,0,0,0,0,0,0,0,0,0,0,0,0,0,0,0,0,0,0,0,0,0,0,0,0,0,0,0,0,0,0,0,0,0,0,0,0,0,0,0,0,0,0,0,0,0,0,0,0,0,0,0,0,0,0,0,{"$f":"VGH10*VGF10","v":0},0,0,0,0,0,0,0,0,0,0,0,0,0,0,0,0,0,0,0,0,0,0,0,0,0,0,0,0,0,0,0,0,0,0,0,0,0,0,0,0,0,0,0,0,0,0,0,0,0,0,0,0,0,0,0,0,0,0,0,0,0,0,0,{"$f":"VIT10*VIR10","v":0},0,0,0,0,0,0,0,0,0,0,0,0,0,0,0,0,0,0,0,0,0,0,0,0,0,0,0,0,0,0,0,0,0,0,0,0,0,0,0,0,0,0,0,0,0,0,0,0,0,0,0,0,0,0,0,0,0,0,0,0,0,0,0,{"$f":"VLF10*VLD10","v":0},0,0,0,0,0,0,0,0,0,0,0,0,0,0,0,0,0,0,0,0,0,0,0,0,0,0,0,0,0,0,0,0,0,0,0,0,0,0,0,0,0,0,0,0,0,0,0,0,0,0,0,0,0,0,0,0,0,0,0,0,0,0,0,{"$f":"VNR10*VNP10","v":0},0,0,0,0,0,0,0,0,0,0,0,0,0,0,0,0,0,0,0,0,0,0,0,0,0,0,0,0,0,0,0,0,0,0,0,0,0,0,0,0,0,0,0,0,0,0,0,0,0,0,0,0,0,0,0,0,0,0,0,0,0,0,0,{"$f":"VQD10*VQB10","v":0},0,0,0,0,0,0,0,0,0,0,0,0,0,0,0,0,0,0,0,0,0,0,0,0,0,0,0,0,0,0,0,0,0,0,0,0,0,0,0,0,0,0,0,0,0,0,0,0,0,0,0,0,0,0,0,0,0,0,0,0,0,0,0,{"$f":"VSP10*VSN10","v":0},0,0,0,0,0,0,0,0,0,0,0,0,0,0,0,0,0,0,0,0,0,0,0,0,0,0,0,0,0,0,0,0,0,0,0,0,0,0,0,0,0,0,0,0,0,0,0,0,0,0,0,0,0,0,0,0,0,0,0,0,0,0,0,{"$f":"VVB10*VUZ10","v":0},0,0,0,0,0,0,0,0,0,0,0,0,0,0,0,0,0,0,0,0,0,0,0,0,0,0,0,0,0,0,0,0,0,0,0,0,0,0,0,0,0,0,0,0,0,0,0,0,0,0,0,0,0,0,0,0,0,0,0,0,0,0,0,{"$f":"VXN10*VXL10","v":0},0,0,0,0,0,0,0,0,0,0,0,0,0,0,0,0,0,0,0,0,0,0,0,0,0,0,0,0,0,0,0,0,0,0,0,0,0,0,0,0,0,0,0,0,0,0,0,0,0,0,0,0,0,0,0,0,0,0,0,0,0,0,0,{"$f":"VZZ10*VZX10","v":0},0,0,0,0,0,0,0,0,0,0,0,0,0,0,0,0,0,0,0,0,0,0,0,0,0,0,0,0,0,0,0,0,0,0,0,0,0,0,0,0,0,0,0,0,0,0,0,0,0,0,0,0,0,0,0,0,0,0,0,0,0,0,0,{"$f":"WCL10*WCJ10","v":0},0,0,0,0,0,0,0,0,0,0,0,0,0,0,0,0,0,0,0,0,0,0,0,0,0,0,0,0,0,0,0,0,0,0,0,0,0,0,0,0,0,0,0,0,0,0,0,0,0,0,0,0,0,0,0,0,0,0,0,0,0,0,0,{"$f":"WEX10*WEV10","v":0},0,0,0,0,0,0,0,0,0,0,0,0,0,0,0,0,0,0,0,0,0,0,0,0,0,0,0,0,0,0,0,0,0,0,0,0,0,0,0,0,0,0,0,0,0,0,0,0,0,0,0,0,0,0,0,0,0,0,0,0,0,0,0,{"$f":"WHJ10*WHH10","v":0},0,0,0,0,0,0,0,0,0,0,0,0,0,0,0,0,0,0,0,0,0,0,0,0,0,0,0,0,0,0,0,0,0,0,0,0,0,0,0,0,0,0,0,0,0,0,0,0,0,0,0,0,0,0,0,0,0,0,0,0,0,0,0,{"$f":"WJV10*WJT10","v":0},0,0,0,0,0,0,0,0,0,0,0,0,0,0,0,0,0,0,0,0,0,0,0,0,0,0,0,0,0,0,0,0,0,0,0,0,0,0,0,0,0,0,0,0,0,0,0,0,0,0,0,0,0,0,0,0,0,0,0,0,0,0,0,{"$f":"WMH10*WMF10","v":0},0,0,0,0,0,0,0,0,0,0,0,0,0,0,0,0,0,0,0,0,0,0,0,0,0,0,0,0,0,0,0,0,0,0,0,0,0,0,0,0,0,0,0,0,0,0,0,0,0,0,0,0,0,0,0,0,0,0,0,0,0,0,0,{"$f":"WOT10*WOR10","v":0},0,0,0,0,0,0,0,0,0,0,0,0,0,0,0,0,0,0,0,0,0,0,0,0,0,0,0,0,0,0,0,0,0,0,0,0,0,0,0,0,0,0,0,0,0,0,0,0,0,0,0,0,0,0,0,0,0,0,0,0,0,0,0,{"$f":"WRF10*WRD10","v":0},0,0,0,0,0,0,0,0,0,0,0,0,0,0,0,0,0,0,0,0,0,0,0,0,0,0,0,0,0,0,0,0,0,0,0,0,0,0,0,0,0,0,0,0,0,0,0,0,0,0,0,0,0,0,0,0,0,0,0,0,0,0,0,{"$f":"WTR10*WTP10","v":0},0,0,0,0,0,0,0,0,0,0,0,0,0,0,0,0,0,0,0,0,0,0,0,0,0,0,0,0,0,0,0,0,0,0,0,0,0,0,0,0,0,0,0,0,0,0,0,0,0,0,0,0,0,0,0,0,0,0,0,0,0,0,0,{"$f":"WWD10*WWB10","v":0},0,0,0,0,0,0,0,0,0,0,0,0,0,0,0,0,0,0,0,0,0,0,0,0,0,0,0,0,0,0,0,0,0,0,0,0,0,0,0,0,0,0,0,0,0,0,0,0,0,0,0,0,0,0,0,0,0,0,0,0,0,0,0,{"$f":"WYP10*WYN10","v":0},0,0,0,0,0,0,0,0,0,0,0,0,0,0,0,0,0,0,0,0,0,0,0,0,0,0,0,0,0,0,0,0,0,0,0,0,0,0,0,0,0,0,0,0,0,0,0,0,0,0,0,0,0,0,0,0,0,0,0,0,0,0,0,{"$f":"XBB10*XAZ10","v":0},0,0,0,0,0,0,0,0,0,0,0,0,0,0,0,0,0,0,0,0,0,0,0,0,0,0,0,0,0,0,0,0,0,0,0,0,0,0,0,0,0,0,0,0,0,0,0,0,0,0,0,0,0,0,0,0,0,0,0,0,0,0,0,{"$f":"XDN10*XDL10","v":0},0,0,0,0,0,0,0,0,0,0,0,0,0,0,0,0,0,0,0,0,0,0,0,0,0,0,0,0,0,0,0,0,0,0,0,0,0,0,0,0,0]

{"sheet":"CRO2_Crono Simplificado","index":7,"n_rows":8,"n_cols":15,"rows_kept":8,"cut":false,"hidden":false,"merged":[[1,0,1,14]]}
[]
["CRONOGRAMA SIMPLIFICADO"]
["Cod.","Produto/ Mês","Soma",1,2,3,4,5,6,7,8,9,10,11,12]
["E1","Revisão Estudos Preliminares",{"$f":"SUM(D4:O4)","v":1},1]
["E2","Estudos e Inspeção de Campo",1,null,1]
["E3","Estudos Ambientais",1,null,null,1]
["E4","Estudo de Alternativas",2,null,null,null,1,1]
["E5","Projeto Final",3,{"$nulls":5},1,1,1]

{"sheet":"Cron_Físico Financeiro","index":8,"n_rows":15,"n_cols":8,"rows_kept":15,"cut":false,"hidden":false,"merged":[]}
{"$rows_empty":8}
[null,"CÓDIGO","ETAPA","RELATÓRIOS","VALOR TOTAL \nPOR PRODUTO","% DO RELATÓRIO EM RELAÇÃO AO TOTAL GERAL","INÍCIO \nA PARTIR DA O.S","DURAÇÃO\n(Dias)"]
[null,"E1","ETAPA 01","Revisão Estudos Preliminares",{"$f":"'CRO-1 - INSUMO ETAPA.PRODUTO'!H26","v":7744.1488000000008},{"$f":"E10/$E$15","v":3.0518083830185408E-2},0,30]
[null,"E2","ETAPA 01","Estudos e Inspeção de Campo",{"$f":"'CRO-1 - INSUMO ETAPA.PRODUTO'!I26","v":158812.1568},{"$f":"E11/$E$15","v":0.62584576299398442},{"$f":"G10+H10","v":30},30]
[null,"E3","ETAPA 01","Estudos Ambientais",{"$f":"'CRO-1 - INSUMO ETAPA.PRODUTO'!J26","v":21272.1093},{"$f":"E12/$E$15","v":8.3828969668334183E-2},{"$f":"G11+H11","v":60},30]
[null,"E4","ETAPA 02","Estudo de Alternativas",{"$f":"'CRO-1 - INSUMO ETAPA.PRODUTO'!K26","v":32963.824000000001},{"$f":"E13/$E$15","v":0.12990359175374802},90,60]
[null,"E5","ETAPA 02","Projeto Final",{"$f":"'CRO-1 - INSUMO ETAPA.PRODUTO'!L26","v":32963.824000000001},{"$f":"E14/$E$15","v":0.12990359175374802},150,90]
[null,null,null,"TOTAL",{"$f":"SUM(E10:E14)","v":253756.06289999999}]

{"sheet":"CPU VEICULO_Pequeno","index":9,"n_rows":84,"n_cols":33,"rows_kept":84,"cut":false,"hidden":false,"merged":[[37,10,37,12],[37,22,37,25],[48,9,48,20],[48,21,48,28],[1,0,1,3],[2,0,2,2],[3,0,3,3],[4,0,4,2],[4,5,4,8],[5,0,5,3]]}
[]
["Composição de Preços de Locação de Veículos"]
["Data de atualização:",null,null,{"$f":"TODAY()","v":"2025-01-06"},null,"CV","Média","Mediana",null,null,null,"CV","Média","Mediana",{"$nulls":9},"CV","Média","Mediana"]
["CODEVASF ",{"$nulls":4},{"$f":"_xlfn.STDEV.S(F7:I7)/AVERAGE(F7:I7)","v":8.321072938502716E-2},{"$f":"AVERAGE(F7:I7)","v":73090.5},{"$f":"MEDIAN(F7:I7)","v":73562},null,null,null,{"$f":"_xlfn.STDEV.S(M6:T6)/AVERAGE(M6:T6)","v":0.11778290989816323},{"$f":"AVERAGE(M6:T6)","v":17.102499999999999},{"$f":"MEDIAN(M6:T6)","v":17.600000000000001},{"$nulls":9},{"$f":"_xlfn.STDEV.S(Y6:AF6)/AVERAGE(Y6:AF6)","v":0.20056540123916217},{"$f":"AVERAGE(Y6:AF6)","v":302.32333333333332},{"$f":"MEDIAN(Y6:AF6)","v":294}]
["OBS:               Preço sem BDI e sem motorista                                                           BDI=",{"$nulls":4},"Preço FIPE - dezembro/2024",{"$nulls":4},"PRODUTO - Pesquisa maio/2024","MENOR","COT. 1","COT. 2","COT. 3","COT. 4","COT. 5","COT. 6","COT. 7","COT. 8","COT. 9",null,"PRODUTO - Pesquisa maio/2024","MENOR","COT. 1","COT. 2","COT. 3","COT. 4","COT. 5","COT. 6","COT. 7","COT. 8","COT. 9"]
["(B2) Gol 1.0 T. Flex 12V 5p",{"$nulls":4},"Polo 1.0 MPI Flex 12V 5p","HB20 Comfort 1.0 TB Flex 12V Mec","ONIX HATCH 1.0 12V Flex 5p Mec.","MOBI TREKKING 1.0 Flex 5p.",null,"LUBRIFICANTE 15W40",{"$f":"SMALL(M4:N4,1)","v":17.102499999999999},13.26,15.3,16.63,17,18.2,18.440000000000001,18.989999999999998,19,null,null,"Pneu 185/65 R14",{"$f":"SMALL(Y4:Z4,1)","v":294},299,329.9,279.89999999999998,289,216.24,399.9]
[null,null,"Mensal (R$):",{"$f":"D47","v":3432.9262963776532},null,77902,69222,78636,66602]
[null,null,"Diária (R$):",{"$f":"D7/22","v":156.04210438080241}]
["A",null,"Depreciação mensal do equipamento"]
["A1",null,"Preço de Aquisição ",{"$f":"SMALL(G4:H4,1)","v":73090.5}]
["A2",null,"Tempo previsto de vida útil (meses)",36]
["A3",null,"Previsão de recup. Na venda do bem usado",0.4]
["A4",null,"Custo mensal [A1-(A3xA1)]/A2",{"$f":"(D10-(D12*D10))/D11","v":1218.1750000000002}]
["B",null,"Juros pelo Capital empregado"]
["B1",null,"Taxa mensal de Juros *",{"$f":"POWER(1+D53,1/12)-1","v":8.355155683635207E-3}]
["B2",null,"Juros s/depreciação/aluguel (B1xA4)",{"$f":"D15*D13","v":10.17804177491232}]
["C",null,"Conservação e manutenção **",0.75]
["C1",null,"Taxa de gastos s/a deprec. Inc. seguros (%)",{"$f":"D17","v":0.75}]
["C2",null,"Incidência mensal (C1xA4)",{"$f":"D18*D13","v":913.63125000000014}]
["D",null,"Combustível"]
["D1",null,"Média mensal de quilômetro por veículo",{"$f":"(164*6)*2","v":1968}]
["D2",null,"Preço do litro de combustível - gasolina",6.17]
["D3",null,"Quilômetros rodados com um litro combustivel",10]
["D4",null,"Combustivel    (D1/D3)*D2",{"$f":"(D21/D23)*D22","v":1214.2560000000001}]
["E",null,"Lubrificantes"]
["E1",null,"Quilometragem do Contrato (D1*12)",{"$f":"D21*12","v":23616}]
["E2",null,"Franquia por troca de óleo (km)",10000]
["E3",null,"Preço do litro de óleo",{"$f":"L6","v":17.102499999999999}]
["E4",null,"Quantidade de litros de óleo por troca",4]
["E5",null,"Quantidade de dias do Contrato",{"$f":"365*1","v":365}]
["E6",null,"Lubrificantes  E = (E1*E3*E4*30)/E2*E5",{"$f":"(D26*D28*D29*30)/(D27*D30)","v":13.2786621369863}]
["F",null,"Pneus"]
["F1",null,"Quilometragem do Contrato ",{"$f":"D26","v":23616}]
["F2",null,"Vida do Pneu em quilômetros",45000]
["F3",null,"Quantidade de pneus",5]
["F4",null,"Preço do Pneu",{"$f":"X6","v":294}]
["F5",null,"Quantidade de dias do contrato ",{"$f":"D30","v":365}]
["F6",null,"Pneus = (F1*F3*F4*30)/(F2*F5)",{"$f":"(D33*D35*D36*30)/(D34*D37)","v":63.407342465753423},{"$nulls":18},"Link - Pesquisa Preço Pneus"]
["G",null,"Motorista",{"$nulls":7},"Link Pesquisa Óleo Lubrificante"]
["G1",null,"Salário com encargos sociais",4185.1099999999997]
["H",null,"Custo Mensal"," "]
[null,null,"Sem Motorista (A4+B2+C2+D4+E6+F6)",{"$f":"D13+D16+D19+D24+D31+D38","v":3432.9262963776532}]
[null,null,"Com Motorista (A4+B2+C2+D4+E6+F6+G1)",{"$f":"D13+D16+D19+D24+D31+D38+D40","v":7618.0362963776533}]
["I",null,"Custo Direto p/ km Rodado"]
[null,null,"Sem Motorista",{"$f":"D42/D21","v":1.7443731180780757}]
[null,null,"Com Motorista",{"$f":"D43/D21","v":3.8709534026309216}]
["J",null,"Preço cobrado sem BDI",{"$f":"D42*(1+D5)","v":3432.9262963776532}]
["J1",null,"Sem Motorista",{"$f":"D47","v":3432.9262963776532}]
["J2",null,"Com Motorista",{"$f":"D43","v":7618.0362963776533}]
[]
[]
["*",null,"Calculado com base na taxa SELIC maio/2024 - 10,50 % a.a"]
[null,null,"https://www.bcb.gov.br/detalhenoticia/18160/nota#:~:text=Copom%20reduz%20a%20taxa%20Selic%20para%2010,50%25%20a.a.",0.105]
[]
["**",null,"Conservação e manutenção - é calculado com o uso de um coeficiente multiplicador \"k\", conforme tabela abaixo, sobre a "]
[null,null,"depreciação mensal do equipamento (Item A da planilha de composição de preços). Os valores de K são fornecidos por"]
[null,null," fabricantes. "]
[null,null,"Metodologia conforme a bibliografia \"Como Preparar Orçamentos de Obras\", 3 edição, Aldo Dórea Mattos, 2019."]
[]
[null,null,"Preço calculado sem BDI"]
{"$rows_empty":23}
[{"$nulls":5},"https://precos.petrobras.com.br/web/precos-dos-combustiveis/w/gasolina/al"]

{"sheet":"Tabela Consultiva Julho 2024","index":10,"n_rows":103,"n_cols":26,"rows_kept":103,"cut":false,"hidden":false,"merged":[[1,21,1,22],[0,17,0,22],[0,23,1,24],[0,25,1,25],[1,7,1,8],[1,9,1,10],[1,11,1,12],[1,13,1,14],[1,15,1,16],[1,17,1,18],[1,19,1,20],[0,7,0,16],[0,1,2,1],[0,2,2,2],[0,3,2,3],[0,4,1,4],[0,5,1,6]]}
[null,"Código","Categoria","Unid.","Salário","Encargos Sociais",null,"Encargos Complementares",{"$nulls":9},"Encargos Adicionais",{"$nulls":5},"Encargos Totais",null,"Valor Total"]
[{"$nulls":7},"Alimentação",null,"EPI",null,"Ferramenta",null,"Transporte",null,"Exame Ocupacional",null,"Cesta Básica",null,"Assistência Médica",null,"Seguro de Vida"]
[{"$nulls":4},"R$","%","R$","%","R$","%","R$","%","R$","%","R$","%","R$","%","R$","%","R$","%","R$","%","R$","R$"]
[null,"P8001","Advogado júnior","mês",4616.38,0.79300000000000004,3660.79,0.15959999999999999,736.74,5.4999999999999997E-3,25.51,0,0,0,0,5.9999999999999995E-4,2.95,0,0,6.4000000000000001E-2,295.48,2.2000000000000001E-3,9.98,1.0248999999999999,4731.45,9347.83]
[null,"P8002","Advogado pleno","mês",6155.17,0.79300000000000004,4881.05,0.1197,736.74,4.1000000000000003E-3,25.51,0,0,0,0,5.0000000000000001E-4,2.95,0,0,4.8000000000000001E-2,295.48,1.6000000000000001E-3,9.98,0.96689999999999998,5951.71,12106.89]
[null,"P8003","Advogado sênior","mês",11441.04,0.79300000000000004,9072.75,6.4399999999999999E-2,736.74,2.2000000000000001E-3,25.51,0,0,0,0,2.9999999999999997E-4,2.95,0,0,2.58E-2,295.48,8.9999999999999998E-4,9.98,0.88660000000000005,10143.41,21584.45]
[null,"P8007","Analista de desenvolvimento de sistemas júnior","mês",4690.87,0.79630000000000001,3735.34,0.15709999999999999,736.74,0,0,0,0,0,0,8.0000000000000004E-4,3.74,0,0,6.3E-2,295.48,2.0999999999999999E-3,9.98,1.0193000000000001,4781.28,9472.16]
[null,"P8008","Analista de desenvolvimento de sistemas pleno","mês",5657.08,0.79630000000000001,4504.74,0.13020000000000001,736.74,0,0,0,0,0,0,6.9999999999999999E-4,3.74,0,0,5.2200000000000003E-2,295.48,1.8E-3,9.98,0.98119999999999996,5550.68,11207.76]
[null,"P8009","Analista de desenvolvimento de sistemas sênior","mês",9897.56,0.79630000000000001,7881.43,7.4399999999999994E-2,736.74,0,0,0,0,0,0,4.0000000000000002E-4,3.74,0,0,2.9899999999999999E-2,295.48,1E-3,9.98,0.90200000000000002,8927.3700000000008,18824.919999999998]
[null,"P8013","Arquiteto júnior","mês",12002,0.79320000000000002,9519.99,6.1400000000000003E-2,736.74,2.0999999999999999E-3,25.51,0,0,0,0,2.0000000000000001E-4,2.61,0,0,2.46E-2,295.48,8.0000000000000004E-4,9.98,0.88239999999999996,10590.31,22592.31]
[null,"P8014","Arquiteto pleno","mês",12521.12,0.79320000000000002,9931.75,5.8799999999999998E-2,736.74,2E-3,25.51,0,0,0,0,2.0000000000000001E-4,2.61,0,0,2.3599999999999999E-2,295.48,8.0000000000000004E-4,9.98,0.87870000000000004,11002.08,23523.200000000001]
[null,"P8015","Arquiteto sênior","mês",15280.37,0.79320000000000002,12120.39,4.82E-2,736.74,1.6999999999999999E-3,25.51,0,0,0,0,2.0000000000000001E-4,2.61,0,0,1.9300000000000001E-2,295.48,6.9999999999999999E-4,9.98,0.86319999999999997,13190.72,28471.09]
[null,"P8019","Assistente social júnior","mês",3264.91,0.80159999999999998,2617.15,0.22570000000000001,736.74,7.7999999999999996E-3,25.51,0,0,7.1000000000000004E-3,23.14,1.2999999999999999E-3,4.29,0,0,9.0499999999999997E-2,295.48,3.0999999999999999E-3,9.98,1.137,3712.3,6977.21]
[null,"P8020","Assistente social pleno","mês",4353.21,0.80159999999999998,3489.54,0.16919999999999999,736.74,5.8999999999999999E-3,25.51,0,0,0,0,1E-3,4.29,0,0,6.7900000000000002E-2,295.48,2.3E-3,9.98,1.0479000000000001,4561.55,8914.76]
[null,"P8021","Assistente social sênior","mês",7202.11,0.80159999999999998,5773.22,0.1023,736.74,3.5000000000000001E-3,25.51,0,0,0,0,5.9999999999999995E-4,4.29,0,0,4.1000000000000002E-2,295.48,1.4E-3,9.98,0.95040000000000002,6845.22,14047.34]
[null,"P8025","Auxiliar","mês",1583.76,0.81559999999999999,1291.72,0.4652,736.74,1.9599999999999999E-2,31.06,1E-3,1.59,7.8299999999999995E-2,124.01,3.8999999999999998E-3,6.15,0,0,0.18659999999999999,295.48,6.3E-3,9.98,1.5765,2496.73,4080.5]
[null,"P8026","Auxiliar administrativo","mês",1880.26,0.80169999999999997,1507.4,0.39179999999999998,736.74,0,0,0,0,5.6500000000000002E-2,106.22,2E-3,3.76,0,0,0.15709999999999999,295.48,5.3E-3,9.98,1.4145000000000001,2659.59,4539.8500000000004]
[null,"P8027","Auxiliar de laboratório","mês",1753.34,0.80359999999999998,1408.99,0.42020000000000002,736.74,1.77E-2,31.06,1.9E-3,3.28,6.4899999999999999E-2,113.83,2.3E-3,4.0199999999999996,0,0,0.16850000000000001,295.48,5.7000000000000002E-3,9.98,1.4847999999999999,2603.38,4356.7299999999996]
[null,"P8028","Auxiliar de topografia","mês",1583.76,0.80620000000000003,1276.83,0.4652,736.74,1.9599999999999999E-2,31.06,8.9999999999999998E-4,1.39,7.8299999999999995E-2,124.01,2.8E-3,4.3899999999999997,0,0,0.18659999999999999,295.48,6.3E-3,9.98,1.5658000000000001,2479.88,4063.64]
[null,"P8032","Biólogo júnior","mês",3224.68,0.79700000000000004,2570.0700000000002,0.22850000000000001,736.74,7.9000000000000008E-3,25.51,0,0,7.9000000000000008E-3,25.55,1.1000000000000001E-3,3.6,0,0,9.1600000000000001E-2,295.48,3.0999999999999999E-3,9.98,1.1371,3666.94,6891.62]
[null,"P8033","Biólogo pleno","mês",4299.57,0.79700000000000004,3426.76,0.1714,736.74,5.8999999999999999E-3,25.51,0,0,0,0,8.0000000000000004E-4,3.6,0,0,6.8699999999999997E-2,295.48,2.3E-3,9.98,1.0462,4498.08,8797.65]
[null,"P8034","Biólogo sênior","mês",7659.98,0.79700000000000004,6105.01,9.6199999999999994E-2,736.74,3.3E-3,25.51,0,0,0,0,5.0000000000000001E-4,3.6,0,0,3.8600000000000002E-2,295.48,1.2999999999999999E-3,9.98,0.93689999999999996,7176.33,14836.31]
[null,"P8038","Chefe de escritório","mês",3337.76,0.79390000000000005,2649.85,0.22070000000000001,736.74,0,0,0,0,5.5999999999999999E-3,18.77,8.0000000000000004E-4,2.81,0,0,8.8499999999999995E-2,295.48,3.0000000000000001E-3,9.98,1.1126,3713.63,7051.4]
[null,"P8040","Contador júnior","mês",4191.21,0.79359999999999997,3326.15,0.17580000000000001,736.74,0,0,0,0,0,0,5.9999999999999995E-4,2.69,0,0,7.0499999999999993E-2,295.48,2.3999999999999998E-3,9.98,1.0428999999999999,4371.04,8562.25]
[null,"P8041","Contador pleno","mês",5588.28,0.79359999999999997,4434.8599999999997,0.1318,736.74,0,0,0,0,0,0,5.0000000000000001E-4,2.69,0,0,5.2900000000000003E-2,295.48,1.8E-3,9.98,0.98060000000000003,5479.76,11068.04]
[null,"P8042","Contador sênior","mês",10788.12,0.79359999999999997,8561.4500000000007,6.83E-2,736.74,0,0,0,0,0,0,2.0000000000000001E-4,2.69,0,0,2.7400000000000001E-2,295.48,8.9999999999999998E-4,9.98,0.89049999999999996,9606.34,20394.46]
[null,"P8044","Coordenador ambiental","mês",18689.66,0.79679999999999995,14891.92,3.9399999999999998E-2,736.74,1.1999999999999999E-3,23.3,0,0,0,0,2.0000000000000001E-4,3.98,0,0,1.5800000000000002E-2,295.48,5.0000000000000001E-4,9.98,0.85399999999999998,15961.41,34651.08]
[null,"P8045","Economista júnior","mês",4750.1000000000004,0.78610000000000002,3734.05,0.15509999999999999,736.74,0,0,0,0,0,0,4.0000000000000002E-4,1.9,0,0,6.2199999999999998E-2,295.48,2.0999999999999999E-3,9.98,1.0059,4778.1499999999996,9528.25]
[null,"P8046","Economista pleno","mês",6333.46,0.78610000000000002,4978.74,0.1163,736.74,0,0,0,0,0,0,2.9999999999999997E-4,1.9,0,0,4.6699999999999998E-2,295.48,1.6000000000000001E-3,9.98,0.95099999999999996,6022.84,12356.3]
[null,"P8047","Economista sênior","mês",10433.39,0.78610000000000002,8201.69,7.0599999999999996E-2,736.74,0,0,0,0,0,0,2.0000000000000001E-4,1.9,0,0,2.8299999999999999E-2,295.48,1E-3,9.98,0.88619999999999999,9245.7900000000009,19679.189999999999]
[null,"P8054","Engenheiro agrônomo júnior","mês",12002,0.79079999999999995,9491.18,6.1400000000000003E-2,736.74,2.0999999999999999E-3,25.51,0,0,0,0,2.0000000000000001E-4,2.5,0,0,2.46E-2,295.48,8.0000000000000004E-4,9.98,0.88,10561.4,22563.4]
[null,"P8055","Engenheiro agrônomo pleno","mês",12380.97,0.79079999999999995,9790.8700000000008,5.9499999999999997E-2,736.74,2.0999999999999999E-3,25.51,0,0,0,0,2.0000000000000001E-4,2.5,0,0,2.3900000000000001E-2,295.48,8.0000000000000004E-4,9.98,0.87719999999999998,10861.09,23242.06]
[null,"P8056","Engenheiro agrônomo sênior","mês",13631.64,0.79079999999999995,10779.9,5.3999999999999999E-2,736.74,1.9E-3,25.51,0,0,0,0,2.0000000000000001E-4,2.5,0,0,2.1700000000000001E-2,295.48,6.9999999999999999E-4,9.98,0.86929999999999996,11850.12,25481.759999999998]
[null,"P8057","Engenheiro ambiental júnior","mês",12002,0.79820000000000002,9580,6.1400000000000003E-2,736.74,2.0999999999999999E-3,25.51,0,0,0,0,4.0000000000000002E-4,4.3499999999999996,0,0,2.46E-2,295.48,8.0000000000000004E-4,9.98,0.88749999999999996,10652.07,22654.07]
[null,"P8058","Engenheiro ambiental pleno","mês",12193.36,0.79820000000000002,9732.74,6.0400000000000002E-2,736.74,2.0999999999999999E-3,25.51,0,0,0,0,4.0000000000000002E-4,4.3499999999999996,0,0,2.4199999999999999E-2,295.48,8.0000000000000004E-4,9.98,0.8861,10804.81,22998.17]
[null,"P8059","Engenheiro ambiental sênior","mês",14759.24,0.79820000000000002,11780.83,4.99E-2,736.74,1.6999999999999999E-3,25.51,0,0,0,0,2.9999999999999997E-4,4.3499999999999996,0,0,0.02,295.48,6.9999999999999999E-4,9.98,0.87080000000000002,12852.9,27612.14]
[null,"P8060","Engenheiro consultor especial","mês",21827.91,0.79759999999999998,17409.939999999999,3.3799999999999997E-2,736.74,1.1000000000000001E-3,23.3,0,0,0,0,2.0000000000000001E-4,3.99,0,0,1.35E-2,295.48,5.0000000000000001E-4,9.98,0.84660000000000002,18479.439999999999,40307.360000000001]
[null,"P8061","Engenheiro coordenador","mês",18189.93,0.79759999999999998,14508.29,4.0500000000000001E-2,736.74,1.2999999999999999E-3,23.3,0,0,0,0,2.0000000000000001E-4,3.99,0,0,1.6199999999999999E-2,295.48,5.0000000000000001E-4,9.98,0.85640000000000005,15577.78,33767.71]
[null,"P8062","Engenheiro de pesca júnior","mês",12002,0.80130000000000001,9617.2000000000007,6.1400000000000003E-2,736.74,2.0999999999999999E-3,25.51,0,0,0,0,4.0000000000000002E-4,4.74,0,0,2.46E-2,295.48,8.0000000000000004E-4,9.98,0.89070000000000005,10689.66,22691.66]
[null,"P8063","Engenheiro de pesca pleno","mês",12714.67,0.80130000000000001,10188.27,5.79E-2,736.74,2E-3,25.51,0,0,0,0,4.0000000000000002E-4,4.74,0,0,2.3199999999999998E-2,295.48,8.0000000000000004E-4,9.98,0.88560000000000005,11260.73,23975.4]
[null,"P8064","Engenheiro de pesca sênior","mês",16261.81,0.80130000000000001,13030.59,4.53E-2,736.74,1.6000000000000001E-3,25.51,0,0,0,0,2.9999999999999997E-4,4.74,0,0,1.8200000000000001E-2,295.48,5.9999999999999995E-4,9.98,0.86729999999999996,14103.05,30364.86]
[null,"P8065","Engenheiro de projetos júnior","mês",12002,0.79759999999999998,9572.7999999999993,6.1400000000000003E-2,736.74,2.0999999999999999E-3,25.51,0,0,0,0,2.9999999999999997E-4,3.99,0,0,2.46E-2,295.48,8.0000000000000004E-4,9.98,0.88690000000000002,10644.5,22646.5]
[null,"P8066","Engenheiro de projetos pleno","mês",12629.6,0.79759999999999998,10073.370000000001,5.8299999999999998E-2,736.74,2E-3,25.51,0,0,0,0,2.9999999999999997E-4,3.99,0,0,2.3400000000000001E-2,295.48,8.0000000000000004E-4,9.98,0.88249999999999995,11145.08,23774.68]
[null,"P8067","Engenheiro de projetos sênior","mês",15877.29,0.79759999999999998,12663.73,4.6399999999999997E-2,736.74,1.6000000000000001E-3,25.51,0,0,0,0,2.9999999999999997E-4,3.99,0,0,1.8599999999999998E-2,295.48,5.9999999999999995E-4,9.98,0.86509999999999998,13735.44,29612.73]
[null,"P8068","Engenheiro florestal júnior","mês",12002,0.80130000000000001,9617.2000000000007,6.1400000000000003E-2,736.74,2.0999999999999999E-3,25.51,0,0,0,0,4.0000000000000002E-4,4.74,0,0,2.46E-2,295.48,8.0000000000000004E-4,9.98,0.89070000000000005,10689.66,22691.66]
[null,"P8069","Engenheiro florestal pleno","mês",12714.67,0.80130000000000001,10188.27,5.79E-2,736.74,2E-3,25.51,0,0,0,0,4.0000000000000002E-4,4.74,0,0,2.3199999999999998E-2,295.48,8.0000000000000004E-4,9.98,0.88560000000000005,11260.73,23975.4]
[null,"P8070","Engenheiro florestal sênior","mês",16261.81,0.80130000000000001,13030.59,4.53E-2,736.74,1.6000000000000001E-3,25.51,0,0,0,0,2.9999999999999997E-4,4.74,0,0,1.8200000000000001E-2,295.48,5.9999999999999995E-4,9.98,0.86729999999999996,14103.05,30364.86]
[null,"P8080","Geólogo júnior","mês",10004.5,0.80079999999999996,8011.6,6.7699999999999996E-2,677.01,2.5999999999999999E-3,25.51,0,0,0,0,2.9999999999999997E-4,3.42,0,0,2.9499999999999998E-2,295.48,1E-3,9.98,0.90190000000000003,9023.01,19027.509999999998]
[null,"P8081","Geólogo pleno","mês",11911.59,0.80079999999999996,9538.7999999999993,5.6800000000000003E-2,677.01,2.0999999999999999E-3,25.51,0,0,0,0,2.9999999999999997E-4,3.42,0,0,2.4799999999999999E-2,295.48,8.0000000000000004E-4,9.98,0.88570000000000004,10550.2,22461.79]
[null,"P8082","Geólogo sênior","mês",13818.68,0.80079999999999996,11066,4.9000000000000002E-2,677.01,1.8E-3,25.51,0,0,0,0,2.0000000000000001E-4,3.42,0,0,2.1399999999999999E-2,295.48,6.9999999999999999E-4,9.98,0.874,12077.4,25896.07]
[null,"P8092","Jornalista júnior","mês",3073.16,0.79549999999999998,2444.6999999999998,0.2397,736.74,8.3000000000000001E-3,25.51,0,0,1.1299999999999999E-2,34.64,8.9999999999999998E-4,2.68,0,0,9.6100000000000005E-2,295.48,3.2000000000000002E-3,9.98,1.1551,3549.74,6622.9]
[null,"P8093","Jornalista pleno","mês",4097.55,0.79549999999999998,3259.6,0.17979999999999999,736.74,6.1999999999999998E-3,25.51,0,0,0,0,6.9999999999999999E-4,2.68,0,0,7.2099999999999997E-2,295.48,2.3999999999999998E-3,9.98,1.0567,4330,8427.5499999999993]
[null,"P8094","Jornalista sênior","mês",7891.46,0.79549999999999998,6277.65,9.3399999999999997E-2,736.74,3.2000000000000002E-3,25.51,0,0,0,0,2.9999999999999997E-4,2.68,0,0,3.7400000000000003E-2,295.48,1.2999999999999999E-3,9.98,0.93110000000000004,7348.05,15239.51]
[null,"P8098","Laboratorista","mês",2337.79,0.80359999999999998,1878.65,0.31509999999999999,736.74,1.2200000000000001E-2,28.6,0,0,3.3700000000000001E-2,78.760000000000005,1.6999999999999999E-3,4.0199999999999996,0,0,0.12640000000000001,295.48,4.3E-3,9.98,1.2970999999999999,3032.24,5370.03]
[null,"P8102","Médico veterinário","mês",12002,0.79079999999999995,9491.18,6.1400000000000003E-2,736.74,2.0999999999999999E-3,25.51,0,0,0,0,2.0000000000000001E-4,2.2599999999999998,0,0,2.46E-2,295.48,8.0000000000000004E-4,9.98,0.88,10561.16,22563.16]
[null,"P8106","Meteorologista júnior","mês",5253.81,0.79330000000000001,4167.84,0.14019999999999999,736.74,4.8999999999999998E-3,25.51,0,0,0,0,5.0000000000000001E-4,2.63,0,0,5.62E-2,295.48,1.9E-3,9.98,0.997,5238.1899999999996,10491.99]
[null,"P8107","Meteorologista pleno","mês",7005.07,0.79330000000000001,5557.12,0.1052,736.74,3.5999999999999999E-3,25.51,0,0,0,0,4.0000000000000002E-4,2.63,0,0,4.2200000000000001E-2,295.48,1.4E-3,9.98,0.94610000000000005,6627.47,13632.54]
[null,"P8108","Meteorologista sênior","mês",11774.37,0.79330000000000001,9340.61,6.2600000000000003E-2,736.74,2.2000000000000001E-3,25.51,0,0,0,0,2.0000000000000001E-4,2.63,0,0,2.5100000000000001E-2,295.48,8.0000000000000004E-4,9.98,0.88419999999999999,10410.950000000001,22185.32]
[null,"P8112","Motorista de caminhão","mês",2332.4,0.80569999999999997,1879.21,0.3014,702.89,1.3299999999999999E-2,31.06,0,0,3.39E-2,79.09,1.8E-3,4.24,0,0,0.12670000000000001,295.48,4.3E-3,9.98,1.2870999999999999,3001.96,5334.36]
[null,"P8113","Motorista de veículo leve","mês",2065.77,0.80130000000000001,1655.3,0.34029999999999999,702.89,1.4999999999999999E-2,31.06,0,0,4.5999999999999999E-2,95.09,1.9E-3,3.85,0,0,0.14299999999999999,295.48,4.7999999999999996E-3,9.98,1.3524,2793.65,4859.42]
[null,"P8117","Oceanógrafo júnior","mês",4510.24,0.80300000000000005,3621.72,0.1633,736.74,5.7000000000000002E-3,25.51,0,0,0,0,8.0000000000000004E-4,3.57,0,0,6.5500000000000003E-2,295.48,2.2000000000000001E-3,9.98,1.0405,4693.01,9203.25]
[null,"P8118","Oceanógrafo pleno","mês",6013.65,0.80300000000000005,4828.96,0.1225,736.74,4.1999999999999997E-3,25.51,0,0,0,0,5.9999999999999995E-4,3.57,0,0,4.9099999999999998E-2,295.48,1.6999999999999999E-3,9.98,0.98109999999999997,5900.25,11913.9]
[null,"P8119","Oceanógrafo sênior","mês",10872.11,0.80300000000000005,8730.2999999999993,6.7799999999999999E-2,736.74,2.3E-3,25.51,0,0,0,0,2.9999999999999997E-4,3.57,0,0,2.7199999999999998E-2,295.48,8.9999999999999998E-4,9.98,0.90149999999999997,9801.59,20673.689999999999]
[null,"P8129","Pedagogo júnior","mês",2507.29,0.92379999999999995,2316.2399999999998,0.29380000000000001,736.74,1.0200000000000001E-2,25.51,0,0,2.7400000000000001E-2,68.59,1.04E-2,26,0,0,0.1178,295.48,4.0000000000000001E-3,9.98,1.3874,3478.55,5985.84]
[null,"P8130","Pedagogo pleno","mês",3343.06,0.92379999999999995,3088.31,0.22040000000000001,736.74,7.6E-3,25.51,0,0,5.4999999999999997E-3,18.45,7.7999999999999996E-3,26,0,0,8.8400000000000006E-2,295.48,3.0000000000000001E-3,9.98,1.2565,4200.4799999999996,7543.53]
[null,"P8131","Pedagogo sênior","mês",4715.72,0.92379999999999995,4356.38,0.15620000000000001,736.74,5.4000000000000003E-3,25.51,0,0,0,0,5.4999999999999997E-3,26,0,0,6.2700000000000006E-2,295.48,2.0999999999999999E-3,9.98,1.1556999999999999,5450.1,10165.82]
[null,"P8135","Secretária","mês",2697.38,0.7984,2153.59,0.27310000000000001,736.74,0,0,0,0,2.12E-2,57.19,1.4E-3,3.87,0,0,0.1095,295.48,3.7000000000000002E-3,9.98,1.2074,3256.85,5954.23]
[null,"P8139","Sondador","mês",2017.39,0.8004,1614.72,0.36520000000000002,736.74,1.4200000000000001E-2,28.6,0,0,4.8599999999999997E-2,97.99,2.2000000000000001E-3,4.51,0,0,0.14649999999999999,295.48,4.8999999999999998E-3,9.98,1.3819999999999999,2788.02,4805.42]
[null,"P8143","Técnico ambiental","mês",2911.08,0.80640000000000001,2347.4899999999998,0.25309999999999999,736.74,9.7999999999999997E-3,28.6,0,0,1.52E-2,44.37,1.4E-3,4.05,0,0,0.10150000000000001,295.48,3.3999999999999998E-3,9.98,1.1909000000000001,3466.71,6377.79]
[null,"P8147","Técnico de obras","mês",3184.9,0.80210000000000004,2554.61,0.23130000000000001,736.74,8.9999999999999993E-3,28.6,0,0,8.8000000000000005E-3,27.94,1.1999999999999999E-3,3.8,0,0,9.2799999999999994E-2,295.48,3.0999999999999999E-3,9.98,1.1483000000000001,3657.15,6842.04]
[null,"P8151","Técnico de segurança do trabalho","mês",4601.83,0.80920000000000003,3723.8,0.16009999999999999,736.74,6.1999999999999998E-3,28.6,0,0,0,0,1E-3,4.67,0,0,6.4199999999999993E-2,295.48,2.2000000000000001E-3,9.98,1.0428999999999999,4799.28,9401.11]
[null,"P8155","Técnico em geoprocessamento","mês",2879.59,0.79610000000000003,2292.44,0.25580000000000003,736.74,9.9000000000000008E-3,28.6,0,0,1.61E-2,46.26,1.1999999999999999E-3,3.53,0,0,0.1026,295.48,3.5000000000000001E-3,9.98,1.1853,3413.04,6292.64]
[null,"P8159","Técnico em informática - programador","mês",4690.87,0.80079999999999996,3756.45,0.15709999999999999,736.74,0,0,0,0,0,0,6.9999999999999999E-4,3.45,0,0,6.3E-2,295.48,2.0999999999999999E-3,9.98,1.0237000000000001,4802.1000000000004,9492.98]
[null,"P8163","Topógrafo","mês",2428.5700000000002,0.80620000000000003,1957.92,0.3034,736.74,1.18E-2,28.6,0,0,3.0200000000000001E-2,73.319999999999993,1.8E-3,4.3899999999999997,0,0,0.1217,295.48,4.1000000000000003E-3,9.98,1.2790999999999999,3106.43,5535]
[null,"P8167","Arquivista júnior","mês",2411.9299999999998,0.79959999999999998,1928.58,0.30549999999999999,736.74,0,0,0,0,3.0800000000000001E-2,74.319999999999993,1.2999999999999999E-3,3.15,0,0,0.1225,295.48,4.1000000000000003E-3,9.98,1.2638,3048.25,5460.17]
[null,"P8168","Arquivista pleno","mês",3215.9,0.79959999999999998,2571.4299999999998,0.2291,736.74,0,0,0,0,8.0999999999999996E-3,26.08,1E-3,3.15,0,0,9.1899999999999996E-2,295.48,3.0999999999999999E-3,9.98,1.1328,3642.87,6858.77]
[null,"P8169","Arquivista sênior","mês",5113.29,0.79959999999999998,4088.59,0.14410000000000001,736.74,0,0,0,0,0,0,5.9999999999999995E-4,3.15,0,0,5.7799999999999997E-2,295.48,2E-3,9.98,1.004,5133.95,10247.24]
[null,"P8173","Administrador júnior","mês",3341.1,0.7974,2664.19,0.2205,736.74,0,0,0,0,5.5999999999999999E-3,18.57,1.1000000000000001E-3,3.58,0,0,8.8400000000000006E-2,295.48,3.0000000000000001E-3,9.98,1.1160000000000001,3728.54,7069.64]
[null,"P8174","Administrador pleno","mês",4454.8,0.7974,3552.26,0.16539999999999999,736.74,0,0,0,0,0,0,8.0000000000000004E-4,3.58,0,0,6.6299999999999998E-2,295.48,2.2000000000000001E-3,9.98,1.0322,4598.04,9052.84]
[null,"P8175","Administrador sênior","mês",7993.16,0.7974,6373.75,9.2200000000000004E-2,736.74,0,0,0,0,0,0,4.0000000000000002E-4,3.58,0,0,3.6999999999999998E-2,295.48,1.1999999999999999E-3,9.98,0.92820000000000003,7419.53,15412.69]
[null,"P8180","Engenheiro agrimensor júnior","mês",12002,0.7984,9582.4,6.1400000000000003E-2,736.74,2.0999999999999999E-3,25.51,0,0,0,0,4.0000000000000002E-4,4.3899999999999997,0,0,2.46E-2,295.48,8.0000000000000004E-4,9.98,0.88770000000000004,10654.5,22656.5]
[null,"P8181","Engenheiro agrimensor pleno","mês",12338.1,0.7984,9850.74,5.9700000000000003E-2,736.74,2.0999999999999999E-3,25.51,0,0,0,0,4.0000000000000002E-4,4.3899999999999997,0,0,2.3900000000000001E-2,295.48,8.0000000000000004E-4,9.98,0.88529999999999998,10922.84,23260.94]
[null,"P8182","Engenheiro agrimensor sênior","mês",14173.3,0.7984,11315.96,5.1999999999999998E-2,736.74,1.8E-3,25.51,0,0,0,0,2.9999999999999997E-4,4.3899999999999997,0,0,2.0799999999999999E-2,295.48,6.9999999999999999E-4,9.98,0.874,12388.07,26561.37]
[null,"P8183","Geógrafo júnior","mês",3904.44,0.79620000000000002,3108.72,0.18870000000000001,736.74,6.4999999999999997E-3,25.51,0,0,0,0,8.0000000000000004E-4,3.29,0,0,7.5700000000000003E-2,295.48,2.5999999999999999E-3,9.98,1.0705,4179.72,8084.16]
[null,"P8184","Geógrafo pleno","mês",5205.92,0.79620000000000002,4144.96,0.14149999999999999,736.74,4.8999999999999998E-3,25.51,0,0,0,0,5.9999999999999995E-4,3.29,0,0,5.6800000000000003E-2,295.48,1.9E-3,9.98,1.0019,5215.96,10421.879999999999]
[null,"P8185","Geógrafo sênior","mês",10039.58,0.79620000000000002,7993.51,7.3400000000000007E-2,736.74,2.5000000000000001E-3,25.51,0,0,0,0,2.9999999999999997E-4,3.29,0,0,2.9399999999999999E-2,295.48,1E-3,9.98,0.90290000000000004,9064.52,19104.099999999999]
[null,"P8186","Antropólogo júnior","mês",3075.8,0.82050000000000001,2523.6999999999998,0.23949999999999999,736.74,8.3000000000000001E-3,25.51,0,0,1.12E-2,34.479999999999997,2E-3,6.14,0,0,9.6100000000000005E-2,295.48,3.2000000000000002E-3,9.98,1.1808000000000001,3632.03,6707.84]
[null,"P8187","Antropólogo pleno","mês",4101.07,0.82050000000000001,3364.93,0.17960000000000001,736.74,6.1999999999999998E-3,25.51,0,0,0,0,1.5E-3,6.14,0,0,7.1999999999999995E-2,295.48,2.3999999999999998E-3,9.98,1.0823,4438.78,8539.85]
[null,"P8188","Antropólogo sênior","mês",6246.53,0.82050000000000001,5125.28,0.1179,736.74,4.1000000000000003E-3,25.51,0,0,0,0,1E-3,6.14,0,0,4.7300000000000002E-2,295.48,1.6000000000000001E-3,9.98,0.99239999999999995,6199.13,12445.66]
[null,"P8189","Arqueólogo júnior","mês",2815.27,0.80889999999999995,2277.27,0.26169999999999999,736.74,9.1000000000000004E-3,25.51,0,0,1.78E-2,50.12,1.9E-3,5.28,0,0,0.105,295.48,3.5000000000000001E-3,9.98,1.2078,3400.38,6215.65]
[null,"P8190","Arqueólogo pleno","mês",3753.69,0.80889999999999995,3036.36,0.1963,736.74,6.7999999999999996E-3,25.51,0,0,0,0,1.4E-3,5.28,0,0,7.8700000000000006E-2,295.48,2.7000000000000001E-3,9.98,1.0948,4109.3599999999997,7863.04]
[null,"P8191","Arqueólogo sênior","mês",5706.15,0.80889999999999995,4615.71,0.12909999999999999,736.74,4.4999999999999997E-3,25.51,0,0,0,0,8.9999999999999998E-4,5.28,0,0,5.1799999999999999E-2,295.48,1.6999999999999999E-3,9.98,0.99690000000000001,5688.71,11394.86]
[null,"P8192","Historiador júnior","mês",3885.3,0.8367,3250.83,0.18959999999999999,736.74,6.6E-3,25.51,0,0,0,0,1.8E-3,6.99,0,0,7.6100000000000001E-2,295.48,2.5999999999999999E-3,9.98,1.1133,4325.53,8210.84]
[null,"P8193","Historiador pleno","mês",5180.3999999999996,0.8367,4334.4399999999996,0.14219999999999999,736.74,4.8999999999999998E-3,25.51,0,0,0,0,1.2999999999999999E-3,6.99,0,0,5.7000000000000002E-2,295.48,1.9E-3,9.98,1.0442,5409.15,10589.55]
[null,"P8194","Historiador sênior","mês",8013.69,0.8367,6705.05,9.1899999999999996E-2,736.74,3.2000000000000002E-3,25.51,0,0,0,0,8.9999999999999998E-4,6.99,0,0,3.6900000000000002E-2,295.48,1.1999999999999999E-3,9.98,0.9708,7779.76,15793.45]
[null,"P8195","Paleontólogo júnior","mês",3075.8,0.82050000000000001,2523.6999999999998,0.23949999999999999,736.74,8.3000000000000001E-3,25.51,0,0,1.12E-2,34.479999999999997,2E-3,6.14,0,0,9.6100000000000005E-2,295.48,3.2000000000000002E-3,9.98,1.1808000000000001,3632.03,6707.84]
[null,"P8196","Paleontólogo pleno","mês",4101.07,0.82050000000000001,3364.93,0.17960000000000001,736.74,6.1999999999999998E-3,25.51,0,0,0,0,1.5E-3,6.14,0,0,7.1999999999999995E-2,295.48,2.3999999999999998E-3,9.98,1.0823,4438.78,8539.85]
[null,"P8197","Paleontólogo sênior","mês",6246.53,0.82050000000000001,5125.28,0.1179,736.74,4.1000000000000003E-3,25.51,0,0,0,0,1E-3,6.14,0,0,4.7300000000000002E-2,295.48,1.6000000000000001E-3,9.98,0.99239999999999995,6199.13,12445.66]
[null,"P8198","Sociólogo júnior","mês",4027.98,0.83889999999999998,3379.07,0.18290000000000001,736.74,6.3E-3,25.51,0,0,0,0,1.8E-3,7.17,0,0,7.3400000000000007E-2,295.48,2.5000000000000001E-3,9.98,1.1057999999999999,4453.96,8481.94]
[null,"P8199","Sociólogo pleno","mês",5370.64,0.83889999999999998,4505.43,0.13719999999999999,736.74,4.7999999999999996E-3,25.51,0,0,0,0,1.2999999999999999E-3,7.17,0,0,5.5E-2,295.48,1.9E-3,9.98,1.0389999999999999,5580.31,10950.95]
[null,"P8200","Sociólogo sênior","mês",8040.47,0.83889999999999998,6745.15,9.1600000000000001E-2,736.74,3.2000000000000002E-3,25.51,0,0,0,0,8.9999999999999998E-4,7.17,0,0,3.6700000000000003E-2,295.48,1.1999999999999999E-3,9.98,0.97260000000000002,7820.04,15860.51]
[null,"P8264","Motorista de veículo leve - horista","h",9.39,1.1315999999999999,10.63,0.41020000000000001,3.85,1.8100000000000002E-2,0.17,0,0,5.5500000000000001E-2,0.52,2.2000000000000001E-3,0.02,0,0,0.1724,1.62,5.7999999999999996E-3,0.05,1.7959000000000001,16.86,26.25]
[null,"Fonte: FGV IBRE"]